{"text_format":"1","workbook":"xlsx","n_sheets":19,"sheets":["Capa","Memorial","Anotações","Resumo","Orçamento","Curva ABC","Cronograma","BDI","Composições","Cotação","Suporte","Imagens","Banco_Servico","Planilha5","SETOP PREDIAL","Planilha6","SETOP INFRA","Banco_Insumo","Curva_Servico"],"not_rendered":{"charts":1,"images":131,"macros":1,"external_links":2,"defined_names":87,"comments":0,"pivot_tables":1},"unopened":[],"bounds":{"document_bytes":16777216,"sheet_cells":100000,"rows_first":2000,"rows_last":500,"rows_between":2000,"halvings":0,"cell_chars":16384,"cell_head_chars":4096},"cells_cut":0,"cells_raw":0,"read":"whole","date_system":"1900"}

{"sheet":"Capa","index":0,"n_rows":0,"n_cols":0,"rows_kept":0,"cut":false,"hidden":false,"merged":[]}

{"sheet":"Memorial","index":1,"n_rows":247,"n_cols":10,"rows_kept":247,"cut":false,"hidden":false,"merged":[[0,0,0,9],[1,0,1,9],[3,0,3,9],[4,0,4,9],[5,0,5,9],[6,3,6,4],[6,5,6,6],[6,7,6,8],[7,3,7,4],[7,5,7,6],[7,7,7,8],[10,3,10,4],[10,5,10,6],[10,7,10,8],[11,3,11,4],[11,5,11,6],[11,7,11,8],[12,3,12,4],[12,5,12,6],[12,7,12,8],[13,3,13,4],[13,5,13,6],[13,7,13,8],[14,3,14,4],[14,5,14,6],[14,7,14,8],[15,0,15,9],[16,3,16,4],[16,5,16,6],[16,7,16,8],[17,3,17,4],[17,5,17,6],[17,7,17,8],[18,0,18,9],[19,0,19,9],[20,0,20,9],[21,0,21,9],[22,0,22,9],[23,0,23,9],[24,0,24,9],[25,0,25,9],[26,0,26,9],[27,0,27,9],[28,0,28,9],[29,0,29,9],[30,0,30,9],[31,0,31,9],[32,0,32,9],[33,0,33,9],[34,0,34,9],[37,0,37,9],[38,0,38,9],[39,0,39,9],[40,0,40,9],[41,0,41,9],[42,0,42,9],[44,0,44,9],[91,0,91,9],[92,0,92,9],[93,0,93,9],[94,0,94,9],[96,0,96,9],[98,0,98,9],[103,0,103,9],[143,0,143,9],[144,0,144,9],[145,0,145,9],[146,0,146,9],[148,0,148,9],[151,0,151,9],[152,0,152,3],[152,4,152,9],[153,0,153,3],[153,4,153,9],[154,0,154,3],[154,4,154,9],[155,0,155,3],[155,4,155,9],[156,0,156,3],[156,4,156,9],[157,0,157,3],[157,4,157,9],[158,0,158,3],[158,4,158,9],[159,0,159,3],[159,4,159,9],[160,0,160,3],[160,4,160,9],[161,0,161,3],[161,4,161,9],[162,0,162,3],[162,4,162,9],[163,0,163,3],[163,4,163,9],[164,0,164,3],[164,4,164,9],[165,0,165,3],[165,4,165,9],[166,0,166,3],[166,4,166,9],[167,0,167,3],[167,4,167,9],[173,0,173,9],[174,0,174,9],[175,0,175,9],[176,0,176,9],[178,0,178,9],[180,0,180,9],[186,0,186,9],[188,0,188,9],[190,0,190,9],[192,0,192,9],[194,0,194,9],[196,0,196,9],[198,0,198,9],[200,0,200,9],[204,0,204,9],[205,0,205,9],[206,0,206,9],[207,0,207,9],[209,0,209,9],[211,0,211,9],[213,0,213,9],[215,0,215,9],[217,0,217,9],[219,0,219,9],[223,0,223,9],[224,0,224,9],[225,0,225,9],[226,0,226,9],[245,0,245,9],[246,0,246,9],[104,0,122,1],[104,2,122,9],[16,0,17,2],[100,0,101,9],[182,1,185,9]]}
[{"$f":"UPPER(Resumo!$B$2)","v":"PREFEITURA MUNICIPAL DE JOÃO MONLEVADE-MG"}]
["ORÇAMENTO E CRONOGRAMA DE OBRA"]
[]
[{"$f":"Resumo!$B$3","v":"CONSÓRCIO PITÁGORAS"}]
["RESUMO:"]
["Este arquivo contém a Memória descritiva, Memória de Cálculo e Anexos do Orçamento do projeto supramencionado."]
[]
[]
[]
[]
[]
[]
[]
[0,"2023-04-20","DKA","KVS",null,"SHN",null,"MCFN",null,"A"]
["REV","DATA","POR","VERIFICADO",null,"AUTORIZADO",null,"APROVADO",null,"TIPO"]
["EMISSÕES"]
["TIPOS",null,null,"A – PARA APROVAÇÃO",null,"C – ORIGINAL",null,"C – ORIGINAL"]
[null,null,null,"B – REVISÃO",null,"D - CÓPIA",null,"D - CÓPIA"]
["EMPRESA CONTRATADA:"]
[{"$f":"Resumo!B3","v":"CONSÓRCIO PITÁGORAS"}]
["Alameda Oscar Niemeyer, nº 500, Salas 503/507 – Vale do Sereno"]
["34000-000 – Nova Lima – MG"]
["Tel.: (31) 3347-4405 // (31) 3347-7079"]
["RESPONSÁVEIS TÉCNICOS:"]
[]
["·        Matheus Comanduci Fernandes Neto - Engenheiro Civil – CREA 94.896/D"]
["·        Juliana Gonçalves Oliveira - Engenheira Civil – CREA 239.787/D"]
[]
[]
[]
[]
[]
[]
["VOLUME:"]
["ORÇAMENTO E CRONOGRAMA DE OBRA"]
[null,null,null,null,null,null,null,null,null,"REFERÊNCIA:   "]
[null,null,null,null,null,null,null,null,null,{"$f":"Resumo!D4","v":"2023-04-20"}]
[]
[]
[{"$f":"Resumo!$B$3","v":"CONSÓRCIO PITÁGORAS"}]
[{"$f":"MID(CELL(\"filename\",$A$6),SEARCH(\"[\",CELL(\"filename\",$A$6))+1,SEARCH(\"]\",CELL(\"filename\",$A$6))-SEARCH(\"[\",CELL(\"filename\",$A$6))-1)","v":"PLN-EXE-ORC-JMV-CRAS-0101-REV00.xlsm"}]
[{"$f":"UPPER(Resumo!$B$2)","v":"PREFEITURA MUNICIPAL DE JOÃO MONLEVADE-MG"}]
["ORÇAMENTO E CRONOGRAMA DE OBRA"]
[]
["ÍNDICE"]
[]
[]
[{"$f":"$A$97","v":"1. APRESENTAÇÃO"},null,null,null,null,null,null,null,4]
[null,{"$f":"$A$99","v":"1.1. EQUIPE TÉCNICA"},null,null,null,null,null,null,4]
[{"$f":"$A$149","v":"2. LISTA DE ANEXOS\n\n"},null,null,null,null,null,null,null,5]
[{"$f":"A179","v":"3. ESTRUTURA ORÇAMENTÁRIA\n\n"},null,null,null,null,null,null,null,6]
[null,{"$f":"$A$181","v":"3.1. BASES APLICADAS"},null,null,null,null,null,null,6]
[null,{"$f":"$A$187","v":"3.2. CONDIÇÕES TÉCNICAS"},null,null,null,null,null,null,6]
[null,{"$f":"$A$191","v":"3.3. PLANILHA RESUMO"},null,null,null,null,null,null,6]
[null,{"$f":"$A$195","v":"3.4. PLANILHA ORÇAMENTÁRIA"},null,null,null,null,null,null,6]
[null,{"$f":"$A$199","v":"3.5. PLANILHA DE CRONOGRAMA FÍSICO-FINANCEIRO"},null,null,null,null,null,null,6]
[null,{"$f":"$A$210","v":"3.6. BENEFÍCIOS E DESPESAS INDIRETAS (BDI)"},null,null,null,null,null,null,7]
[null,{"$f":"$A$214","v":"3.7. PLANILHA DE COMPOSIÇÃO DE PREÇOS"},null,null,null,null,null,null,7]
[null,{"$f":"$A$218","v":"3.8. MEMORIAL DE CÁLCULO"},null,null,null,null,null,null,7]
["4. ANEXOS",null,null,null,null,null,null,null,8]
[]
[]
[]
[]
[]
[]
[]
[]
[]
[]
[]
[]
[]
[]
[]
[]
[]
[]
[]
[]
[]
[]
[]
[]
[]
[]
[]
[]
[]
[]
[]
[{"$f":"Resumo!$B$3","v":"CONSÓRCIO PITÁGORAS"}]
[{"$f":"MID(CELL(\"filename\",$A$6),SEARCH(\"[\",CELL(\"filename\",$A$6))+1,SEARCH(\"]\",CELL(\"filename\",$A$6))-SEARCH(\"[\",CELL(\"filename\",$A$6))-1)","v":"PLN-EXE-ORC-JMV-CRAS-0101-REV00.xlsm"}]
[{"$f":"UPPER(Resumo!$B$2)","v":"PREFEITURA MUNICIPAL DE JOÃO MONLEVADE-MG"}]
["ORÇAMENTO E CRONOGRAMA DE OBRA"]
[]
["1. APRESENTAÇÃO"]
[]
["1.1. EQUIPE TÉCNICA"]
[]
[{"$f":"\"A \"&A40&\" apresenta a seguir a equipe técnica envolvida no presente trabalho:\"","v":"A CONSÓRCIO PITÁGORAS apresenta a seguir a equipe técnica envolvida no presente trabalho:"}]
[]
[]
["Quadro 1.1 – Equipe Técnica"]
["EQUIPE TÉCNICA:",null,"1-Responsável Técnica Geral\n-Juliana Gonçalves Oliveira (Engenheira Civil)\n\n2-Gerência\n-Matheus Comanduci Fernandes Neto (Engenheiro Civil)\n\n3-Responsáveis pelo Setor de Orçamentos\n-Kênia Vanessa de Souza (Coordenadora de Orçamentos)\n-Tayna Michaele Campos Diniz (Supervisor de Orçamentos)\n-Victor Belloni de Melo Alves (Supervisor de Orçamentos)\n\n4-Orçamentista(s) Responsável(is)\n-Débora Karine Alves (Engenheira Civil)"]
[]
[]
[]
[]
[]
[]
[]
[]
[]
[]
[]
[]
[]
[]
[]
[]
[]
[]
[]
[]
[]
[]
[]
[]
[]
[]
[]
[]
[]
[]
[]
[]
[]
[]
[]
[]
[]
[]
[{"$f":"Resumo!$B$3","v":"CONSÓRCIO PITÁGORAS"}]
[{"$f":"MID(CELL(\"filename\",$A$6),SEARCH(\"[\",CELL(\"filename\",$A$6))+1,SEARCH(\"]\",CELL(\"filename\",$A$6))-SEARCH(\"[\",CELL(\"filename\",$A$6))-1)","v":"PLN-EXE-ORC-JMV-CRAS-0101-REV00.xlsm"}]
[{"$f":"UPPER(Resumo!$B$2)","v":"PREFEITURA MUNICIPAL DE JOÃO MONLEVADE-MG"}]
["ORÇAMENTO E CRONOGRAMA DE OBRA"]
[]
["2. LISTA DE ANEXOS\n\n"]
[]
[]
["Quadro 2.1 – Lista de Anexos"]
["Nº",null,null,null,"TÍTULO"]
["ANEXO I",null,null,null,"PLANILHA DE ANOTAÇÕES, REGISTROS  E REVISÕES"]
["ANEXO II",null,null,null,{"$f":"Resumo!A1","v":"PLANILHA RESUMO"}]
["ANEXO III",null,null,null,{"$f":"Orçamento!A2","v":"PLANILHA ORÇAMENTÁRIA"}]
["ANEXO IV",null,null,null,{"$f":"'Curva ABC'!A1","v":"PLANILHA DE CURVA ABC"}]
["ANEXO V",null,null,null,{"$f":"Cronograma!A1","v":"CRONOGRAMA FÍSICO-FINANCEIRO"}]
["ANEXO VI",null,null,null,{"$f":"BDI!A1","v":"BDI"}]
["ANEXO VII",null,null,null,{"$f":"Composições!A2","v":"COMPOSIÇÃO DE PREÇOS"}]
["ANEXO VIII",null,null,null,{"$f":"Cotação!A2","v":"COTAÇÃO DE PREÇOS"}]
[]
[]
[]
[]
[]
[]
[]
[]
[]
[]
[]
[]
[{"$f":"Resumo!$B$3","v":"CONSÓRCIO PITÁGORAS"}]
[{"$f":"MID(CELL(\"filename\",$A$6),SEARCH(\"[\",CELL(\"filename\",$A$6))+1,SEARCH(\"]\",CELL(\"filename\",$A$6))-SEARCH(\"[\",CELL(\"filename\",$A$6))-1)","v":"PLN-EXE-ORC-JMV-CRAS-0101-REV00.xlsm"}]
[{"$f":"UPPER(Resumo!$B$2)","v":"PREFEITURA MUNICIPAL DE JOÃO MONLEVADE-MG"}]
["ORÇAMENTO E CRONOGRAMA DE OBRA"]
[]
["3. ESTRUTURA ORÇAMENTÁRIA\n\n"]
[]
["3.1. BASES APLICADAS"]
[]
["•",{"$f":"Resumo!B5","v":"SINAPI MG 02/2023 / SICRO MG (DNIT) 10/2022 / SETOP CENTRAL 10/2022 / SUDECAP 12/2022"}]
[]
[]
[]
["3.2. CONDIÇÕES TÉCNICAS"]
[]
["O presente Memorial Descritivo tem por finalidade definir as condições técnicas ideais/específicas a serem obedecidas na execução dos levantamentos e orçamento dos serviços orçados, fixando os parâmetros mínimos a serem atendidos e constituirá parte integrante do contrato destes serviços.\nTodas as obras e serviços deverão ser executados rigorosamente de acordo com as normas técnicas pertinentes. As prescrições contidas no presente memorial e demais memoriais específicos de projetos, serão executadas em conformidade com as normas técnicas da ABNT e legislações Federais, Estaduais e Municipais vigentes."]
[]
["3.3. PLANILHA RESUMO"]
[]
["A “Planilha – Resumo”, apresenta os valores orçados de cada grupo de serviços e materiais, não levando em consideração os serviços e materiais unitários.\nA divisão é feita por grupos de serviços, englobando todos os serviços necessários para a execução dos projetos apresentados pela contratada. \nEsta divisão também é ferramenta para a análise do Cronograma Físico-Financeiro conforme detalhado adiante."]
[]
["3.4. PLANILHA ORÇAMENTÁRIA"]
[]
["A “Planilha Orçamentária”, apresenta detalhadamente os serviços unitários que compõem a planilha orçamentária. Esta planilha define as bases de preços utilizadas, resumo dos serviços, unidades, quantitativos, custo unitário e custos totais. \nA planilha é dividida em grupos, conforme descrito anteriormente, que são subdivididas em etapas, que por sua vez são divididas em áreas de atuação e por fim serviços unitários. Estas divisões facilitam as análises dos projetos, conferências de quantitativos, organização da estrutura orçamentária dos serviços e na execução da obra."]
[]
["3.5. PLANILHA DE CRONOGRAMA FÍSICO-FINANCEIRO"]
[]
["A “Planilha de Cronograma Físico-Financeiro”, define o cronograma físico-financeiro da Planilha Orçamentária, levando em consideração apenas os grupos de serviços, e não suas subdivisões.\nEsta planilha é um orientador da evolução e valores a serem seguidos por período, devendo ser respeitada, salvo em situações justificáveis, para que não haja aumento de custos para os envolvidos."]
[]
[]
[]
[{"$f":"Resumo!$B$3","v":"CONSÓRCIO PITÁGORAS"}]
[{"$f":"MID(CELL(\"filename\",$A$6),SEARCH(\"[\",CELL(\"filename\",$A$6))+1,SEARCH(\"]\",CELL(\"filename\",$A$6))-SEARCH(\"[\",CELL(\"filename\",$A$6))-1)","v":"PLN-EXE-ORC-JMV-CRAS-0101-REV00.xlsm"}]
[{"$f":"UPPER(Resumo!$B$2)","v":"PREFEITURA MUNICIPAL DE JOÃO MONLEVADE-MG"}]
["ORÇAMENTO E CRONOGRAMA DE OBRA"]
[]
["3.6. BENEFÍCIOS E DESPESAS INDIRETAS (BDI)"]
[]
["O índice BDI, ou Benefícios e Despesas Indiretas é um elemento orçamentário que compõem o preço de venda adequado levando em conta os custos indiretos da obra, ou seja, custos que não incidem nas composições de preço unitária. Os valores foram calculados conforme acordão nº 2622/2013 TCU – PLENÁRIO."]
[]
["3.7. PLANILHA DE COMPOSIÇÃO DE PREÇOS"]
[]
["A “Planilha de Composição de Preços”, apresenta as composições de serviços que não se encontram disponíveis nas bases de preços oficiais.\nOs índices utilizados nas composições são de serviços equivalentes, e que passam por análise técnica pela equipe responsável da contratada e aos de bancos oficiais conforme descritos no item 3.1 deste memorial."]
[]
["3.8. MEMORIAL DE CÁLCULO"]
[]
["As “Memórias de Cálculos” definem os parâmetros e ações tomadas para o levantamento dos quantitativos de todos os serviços e materiais envolvidos nos projetos apresentados."]
[]
[]
[]
["_______________________________________ "]
["JULIANA GONÇALVES OLIVEIRA"]
["ENGENHEIRA CIVIL"]
[{"$f":"PROCURA_ART","v":"CREA MG: 239.787/D"}]
[]
[]
[]
[]
[]
[]
[]
[]
[]
[]
[]
[]
[]
[]
[]
[]
[]
[]
[{"$f":"Resumo!$B$3","v":"CONSÓRCIO PITÁGORAS"}]
[{"$f":"MID(CELL(\"filename\",$A$6),SEARCH(\"[\",CELL(\"filename\",$A$6))+1,SEARCH(\"]\",CELL(\"filename\",$A$6))-SEARCH(\"[\",CELL(\"filename\",$A$6))-1)","v":"PLN-EXE-ORC-JMV-CRAS-0101-REV00.xlsm"}]

{"sheet":"Anotações","index":2,"n_rows":84,"n_cols":10,"rows_kept":84,"cut":false,"hidden":true,"merged":[[0,0,0,9],[1,0,1,9],[3,0,3,9],[4,0,4,9],[5,0,5,9],[36,0,36,9],[37,0,37,9],[38,0,38,9],[39,0,39,9],[40,0,40,9],[41,0,41,9],[42,0,42,9],[43,0,43,9],[45,0,45,9],[46,0,46,9],[47,0,47,9],[78,0,78,9],[79,0,79,9],[80,0,80,9],[81,0,81,9],[82,0,82,9],[83,0,83,9],[8,0,34,9],[50,0,76,9]]}
[{"$f":"UPPER(Resumo!$B$2)","v":"PREFEITURA MUNICIPAL DE JOÃO MONLEVADE-MG"}]
["ORÇAMENTO E CRONOGRAMA DE OBRA"]
[]
[{"$f":"Resumo!$B$3","v":"CONSÓRCIO PITÁGORAS"}]
["VOLUME:"]
["ANOTAÇÕES / REGISTROS / REVISÕES:"]
[null,null,null,null,null,null,null,null,null,"REFERÊNCIA:   "]
[null,null,null,null,null,null,null,null,null,{"$f":"Resumo!D4","v":"2023-04-20"}]
["\nConsiderações realizadas para elaboração deste orçamento, de acordo com orientação do setor de arquitetura:\n\n- Na demolição 07 e 10 foi adotada uma espessura de 12cm e 10cm respectivamente.\n- A tag de teto 04 na varanda do pavimento superior esta equivocada. Foi considerado teto 02.\n- Para o piso 05 foi adotada uma espessura de 10cm.\n- Embora presente nas especificações, o piso 03 não é aplicado em nenhum dos cômodos.\n- Para o piso 04 foi considerado reaterro de aproximadamente 20cm de espessura e aplicação de areia. O quantitativo desse serviço será alterado de acordo com avaliação mais precisa do local.\n- Para o piso 06 foi adotada uma espessura de 10cm.\n- Embora presente nas especificações, a soleira em granito (SO) não é aplicada em nenhum dos cômodos.\n\n\nAterro sanitário utilizado para cálculo de DMT de bota fora (15KM): Aterro Sanitário, Unnamed Road, João Monlevade - MG\n\nPedreira utilizada para cálculo de DMT de material granular (5KM): Pedreira Um Valemix, Av. Cabo Frio, S/N - Sion, João Monlevade - MG, 35931-210"]
[]
[]
[]
[]
[]
[]
[]
[]
[]
[]
[]
[]
[]
[]
[]
[]
[]
[]
[]
[]
[]
[]
[]
[]
[]
[]
[]
["_______________________________________ "]
["JULIANA GONÇALVES OLIVEIRA"]
[{"$f":"IF(A38=\"JULIANA GONÇALVES OLIVEIRA\",\"ENGENHEIRA CIVIL\",\"ENGENHEIRO CIVIL\")","v":"ENGENHEIRA CIVIL"}]
[{"$f":"PROCURA_ART","v":"CREA MG: 239.787/D"}]
[{"$f":"Resumo!$B$3","v":"CONSÓRCIO PITÁGORAS"}]
[{"$f":"MID(CELL(\"filename\",$A$48),SEARCH(\"[\",CELL(\"filename\",$A$48))+1,SEARCH(\"]\",CELL(\"filename\",$A$48))-SEARCH(\"[\",CELL(\"filename\",$A$48))-1)","v":"PLN-EXE-ORC-JMV-CRAS-0101-REV00.xlsm"}]
[{"$f":"UPPER(Resumo!$B$2)","v":"PREFEITURA MUNICIPAL DE JOÃO MONLEVADE-MG"}]
["ORÇAMENTO E CRONOGRAMA DE OBRA"]
[]
[{"$f":"Resumo!$B$3","v":"CONSÓRCIO PITÁGORAS"}]
["VOLUME:"]
["ANOTAÇÕES / REGISTROS / REVISÕES:"]
[null,null,null,null,null,null,null,null,null,"REFERÊNCIA:   "]
[null,null,null,null,null,null,null,null,null,{"$f":"Resumo!D4","v":"2023-04-20"}]
[]
[]
[]
[]
[]
[]
[]
[]
[]
[]
[]
[]
[]
[]
[]
[]
[]
[]
[]
[]
[]
[]
[]
[]
[]
[]
[]
[]
["_______________________________________ "]
["JULIANA GONÇALVES OLIVEIRA"]
["ENGENHEIRA CIVIL"]
[{"$f":"PROCURA_ART","v":"CREA MG: 239.787/D"}]
[{"$f":"Resumo!$B$3","v":"CONSÓRCIO PITÁGORAS"}]
[{"$f":"MID(CELL(\"filename\",$A$48),SEARCH(\"[\",CELL(\"filename\",$A$48))+1,SEARCH(\"]\",CELL(\"filename\",$A$48))-SEARCH(\"[\",CELL(\"filename\",$A$48))-1)","v":"PLN-EXE-ORC-JMV-CRAS-0101-REV00.xlsm"}]

{"sheet":"Resumo","index":3,"n_rows":86,"n_cols":14,"rows_kept":86,"cut":false,"hidden":false,"merged":[[0,0,0,3]]}
["PLANILHA RESUMO",null,null,null,null,null,null,null,null,null,null,null,null,"NÃO DESONERADA"]
["CONTRATANTE:","PREFEITURA MUNICIPAL DE JOÃO MONLEVADE-MG","PLANILHA MODELO:",{"$f":"BDI!$Z$21","v":0.2624},null,null,null,null,null,null,null,null,null,"DESONERADA"]
["CONTRATADA:","CONSÓRCIO PITÁGORAS","NÃO DESONERADA","REV_00"]
["PROJETO:","CRAS III BEM VIVER","PRAZO DA OBRA:","2023-04-20"]
["BASES:","SINAPI MG 02/2023 / SICRO MG (DNIT) 10/2022 / SETOP CENTRAL 10/2022 / SUDECAP 12/2022",6]
["ITEM","DESCRIÇÃO",null,"PREÇO","%"]
[]
[{"$f":"Orçamento!$AD$8","v":1},{"$f":"Orçamento!$AG$8","v":"MOBILIZAÇÃO E DESMOBILIZAÇÃO"},{"$f":"\"TOTAL DO ITEM - \"&A8&\"      :\"","v":"TOTAL DO ITEM - 1      :"},{"$f":"Orçamento!$AH$8","v":28816.45},{"$f":"D8/D86","v":0.0147783206263009}]
[]
[]
[{"$f":"Orçamento!$AD$22","v":2},{"$f":"Orçamento!$AG$22","v":"ADMINISTRAÇÃO LOCAL"},{"$f":"\"TOTAL DO ITEM - \"&A11&\"      :\"","v":"TOTAL DO ITEM - 2      :"},{"$f":"Orçamento!$AH$22","v":132257},{"$f":"D11/D86","v":0.0678271040004124}]
[]
[]
[{"$f":"Orçamento!$AD$50","v":3},{"$f":"Orçamento!$AG$50","v":"SERVIÇOS PRELIMINARES"},{"$f":"\"TOTAL DO ITEM - \"&A14&\"      :\"","v":"TOTAL DO ITEM - 3      :"},{"$f":"Orçamento!$AH$50","v":52283.19},{"$f":"D14/D86","v":0.0268130788208059}]
[]
[]
[{"$f":"Orçamento!$AD$111","v":4},{"$f":"Orçamento!$AG$111","v":"DEMOLIÇÕES E REMOÇÕES"},{"$f":"\"TOTAL DO ITEM - \"&A17&\"      :\"","v":"TOTAL DO ITEM - 4      :"},{"$f":"Orçamento!$AH$111","v":101744.26},{"$f":"D17/D86","v":0.0521788525708658}]
[]
[]
[{"$f":"Orçamento!$AD$208","v":5},{"$f":"Orçamento!$AG$208","v":"INFRAESTRUTURA (FUNDAÇÕES)"},{"$f":"\"TOTAL DO ITEM - \"&A20&\"      :\"","v":"TOTAL DO ITEM - 5      :"},{"$f":"Orçamento!$AH$208","v":47959.45},{"$f":"D20/D86","v":0.0245956781338801}]
[]
[]
[{"$f":"Orçamento!$AD$328","v":6},{"$f":"Orçamento!$AG$328","v":"SUPERESTRUTURAS EM CONCRETO ARMADO (VIGAS / PILARES / LAJES)"},{"$f":"\"TOTAL DO ITEM - \"&A23&\"      :\"","v":"TOTAL DO ITEM - 6      :"},{"$f":"Orçamento!$AH$328","v":90132.45},{"$f":"D23/D86","v":0.0462238146938307}]
[]
[]
[{"$f":"Orçamento!$AD$449","v":7},{"$f":"Orçamento!$AG$449","v":"ALVENARIAS"},{"$f":"\"TOTAL DO ITEM - \"&A26&\"      :\"","v":"TOTAL DO ITEM - 7      :"},{"$f":"Orçamento!$AH$449","v":36874.68},{"$f":"D26/D86","v":0.0189109291405516}]
[]
[]
[{"$f":"Orçamento!$AD$485","v":8},{"$f":"Orçamento!$AG$485","v":"ACABAMENTO GROSSO (CHAPISCO, EMBOÇO, REBOCO E CONTRAPISO)"},{"$f":"\"TOTAL DO ITEM - \"&A29&\"      :\"","v":"TOTAL DO ITEM - 8      :"},{"$f":"Orçamento!$AH$485","v":96945.5},{"$f":"D29/D86","v":0.0497178411038507}]
[]
[]
[{"$f":"Orçamento!$AD$516","v":9},{"$f":"Orçamento!$AG$516","v":"REVESTIMENTOS E ACABAMENTOS"},{"$f":"\"TOTAL DO ITEM - \"&A32&\"      :\"","v":"TOTAL DO ITEM - 9      :"},{"$f":"Orçamento!$AH$516","v":166793.59},{"$f":"D32/D86","v":0.0855389595676005}]
[]
[]
[{"$f":"Orçamento!$AD$554","v":10},{"$f":"Orçamento!$AG$554","v":"PINTURA (SELADOR, EMASSAMENTO, TINTA E GESSO)"},{"$f":"\"TOTAL DO ITEM - \"&A35&\"      :\"","v":"TOTAL DO ITEM - 10      :"},{"$f":"Orçamento!$AH$554","v":95070.04},{"$f":"D35/D86","v":0.0487560241832445}]
[]
[]
[{"$f":"Orçamento!$AD$583","v":11},{"$f":"Orçamento!$AG$583","v":"FORROS"},{"$f":"\"TOTAL DO ITEM - \"&A38&\"      :\"","v":"TOTAL DO ITEM - 11      :"},{"$f":"Orçamento!$AH$583","v":10150.3},{"$f":"D38/D86","v":0.00520551240187957}]
[]
[]
[{"$f":"Orçamento!$AD$597","v":12},{"$f":"Orçamento!$AG$597","v":"ESQUADRIAS"},{"$f":"\"TOTAL DO ITEM - \"&A41&\"      :\"","v":"TOTAL DO ITEM - 12      :"},{"$f":"Orçamento!$AH$597","v":120306.98},{"$f":"D41/D86","v":0.0616986174224089}]
[]
[]
[{"$f":"Orçamento!$AD$641","v":13},{"$f":"Orçamento!$AG$641","v":"INSTALAÇÕES DE CABEAMENTO ESTRUTURADO"},{"$f":"\"TOTAL DO ITEM - \"&A44&\"      :\"","v":"TOTAL DO ITEM - 13      :"},{"$f":"Orçamento!$AH$641","v":35999.13},{"$f":"D44/D86","v":0.0184619092708467}]
[]
[]
[{"$f":"Orçamento!$AD$710","v":14},{"$f":"Orçamento!$AG$710","v":"INSTALAÇÕES ELÉTRICAS"},{"$f":"\"TOTAL DO ITEM - \"&A47&\"      :\"","v":"TOTAL DO ITEM - 14      :"},{"$f":"Orçamento!$AH$710","v":210359.76},{"$f":"D47/D86","v":0.107881573897955}]
[]
[]
[{"$f":"Orçamento!$AD$820","v":15},{"$f":"Orçamento!$AG$820","v":"INSTALAÇÕES HIDROSSANITÁRIAS"},{"$f":"\"TOTAL DO ITEM - \"&A50&\"      :\"","v":"TOTAL DO ITEM - 15      :"},{"$f":"Orçamento!$AH$820","v":60434.06},{"$f":"D50/D86","v":0.0309931971297335}]
[]
[]
[{"$f":"Orçamento!$AD$1079","v":16},{"$f":"Orçamento!$AG$1079","v":"INSTALAÇÕES DE SPDA (SISTEMA DE PROTEÇÃO CONTRA DESCARGAS ATMOSFÉRICAS)"},{"$f":"\"TOTAL DO ITEM - \"&A53&\"      :\"","v":"TOTAL DO ITEM - 16      :"},{"$f":"Orçamento!$AH$1079","v":54327.05},{"$f":"D53/D86","v":0.0278612585374355}]
[]
[]
[{"$f":"Orçamento!$AD$1136","v":17},{"$f":"Orçamento!$AG$1136","v":"DRENAGEM"},{"$f":"\"TOTAL DO ITEM - \"&A56&\"      :\"","v":"TOTAL DO ITEM - 17      :"},{"$f":"Orçamento!$AH$1136","v":95829.84},{"$f":"D56/D86","v":0.0491456824517635}]
[]
[]
[{"$f":"Orçamento!$AD$1191","v":18},{"$f":"Orçamento!$AG$1191","v":"ACESSÓRIOS , LOUÇAS, METAIS E VIDROS"},{"$f":"\"TOTAL DO ITEM - \"&A59&\"      :\"","v":"TOTAL DO ITEM - 18      :"},{"$f":"Orçamento!$AH$1191","v":18153.34},{"$f":"D59/D86","v":0.00930981709954745}]
[]
[]
[{"$f":"Orçamento!$AD$1246","v":19},{"$f":"Orçamento!$AG$1246","v":"PEDRAS ( BANCADAS, PEITORIS, SOLEIRAS E DIVERSOS)"},{"$f":"\"TOTAL DO ITEM - \"&A62&\"      :\"","v":"TOTAL DO ITEM - 19      :"},{"$f":"Orçamento!$AH$1246","v":19349.58},{"$f":"D62/D86","v":0.0099233006572378}]
[]
[]
[{"$f":"Orçamento!$AD$1274","v":20},{"$f":"Orçamento!$AG$1274","v":"ESTRUTURA METALICA"},{"$f":"\"TOTAL DO ITEM - \"&A65&\"      :\"","v":"TOTAL DO ITEM - 20      :"},{"$f":"Orçamento!$AH$1274","v":66056.01},{"$f":"D65/D86","v":0.033876375996146}]
[]
[]
[{"$f":"Orçamento!$AD$1294","v":21},{"$f":"Orçamento!$AG$1294","v":"TELHAMENTO E COBERTURA"},{"$f":"\"TOTAL DO ITEM - \"&A68&\"      :\"","v":"TOTAL DO ITEM - 21      :"},{"$f":"Orçamento!$AH$1294","v":264189.89},{"$f":"D68/D86","v":0.135487990389072}]
[]
[]
[{"$f":"Orçamento!$AD$1319","v":22},{"$f":"Orçamento!$AG$1319","v":"PAISAGISMO , EQUIPAMENTOS, MOBILIÁRIOS E DIVERSOS"},{"$f":"\"TOTAL DO ITEM - \"&A71&\"      :\"","v":"TOTAL DO ITEM - 22      :"},{"$f":"Orçamento!$AH$1319","v":110934.63},{"$f":"D71/D86","v":0.0568920713932515}]
[]
[]
[{"$f":"Orçamento!$AD$1346","v":23},{"$f":"Orçamento!$AG$1346","v":"IMPERMEABILIZAÇÃO"},{"$f":"\"TOTAL DO ITEM - \"&A74&\"      :\"","v":"TOTAL DO ITEM - 23      :"},{"$f":"Orçamento!$AH$1346","v":28735.13},{"$f":"D74/D86","v":0.0147366162167248}]
[]
[]
[{"$f":"Orçamento!$AD$1360","v":24},{"$f":"Orçamento!$AG$1360","v":"LIMPEZA FINAL DE OBRA"},{"$f":"\"TOTAL DO ITEM - \"&A77&\"      :\"","v":"TOTAL DO ITEM - 24      :"},{"$f":"Orçamento!$AH$1360","v":6211.4},{"$f":"D77/D86","v":0.00318547429465481}]
[]
[]
[]
[]
[]
[]
[]
[]
[null,null,"TOTAL DO ORÇAMENTO:",{"$f":"SUBTOTAL(9,OFFSET(D6,1,0):OFFSET(D86,-1,0))","v":1949913.71},{"$f":"SUBTOTAL(9,OFFSET(E6,1,0):OFFSET(E86,-1,0))","v":1}]

{"sheet":"Orçamento","index":4,"n_rows":2147,"n_cols":55,"rows_kept":2147,"cut":false,"hidden":false,"merged":[[1,0,1,8]]}
[]
["PLANILHA ORÇAMENTÁRIA",null,null,null,null,null,null,null,null,null,null,null,null,null,null,null,null,"NUMERAÇÃO AUTOMÁTICA"]
[{"$f":"Resumo!$A$2","v":"CONTRATANTE:"},{"$f":"Resumo!B2","v":"PREFEITURA MUNICIPAL DE JOÃO MONLEVADE-MG"},null,null,null,null,null,null,{"$f":"Resumo!$D$2","v":0.2624}]
[{"$f":"Resumo!$A$3","v":"CONTRATADA:"},{"$f":"Resumo!B3","v":"CONSÓRCIO PITÁGORAS"},null,null,null,null,null,null,{"$f":"Resumo!$D$3","v":"REV_00"}]
[{"$f":"Resumo!$A$4","v":"PROJETO:"},{"$f":"Resumo!B4","v":"CRAS III BEM VIVER"},null,null,null,null,null,null,{"$f":"Resumo!$D$4","v":"2023-04-20"}]
["ITEM","BASE","CÓDIGO  ","RESUMO DOS SERVIÇOS","UNID.","QUANT.","PREÇO UNITÁRIO","CUSTO UNITÁRIO","CUSTO TOTAL"]
[null,null,null,null,null,null,null,{"$f":"TRUNC(G7*(1+$I$3),2)","v":0},null,null,null,null,null,null,null,null,null,null,null,null,null,null,null,null,null,null,null,null,null,null,null,null,null,null,null,null,null,null,null,null,null,null,null,null,null,null,null,null,null,null,null,null,null,null,{"$f":"PROCURA_PRECO_SERVICO","v":0}]
[{"$f":"V8","v":1},null,null,"MOBILIZAÇÃO E DESMOBILIZAÇÃO",null,null,null,null,null,null,null,null,null,"ITEM_INICIO",null,null,null,"NIVEL 1",null,null,null,{"$f":"COUNTIF($R$2:$R8,\"NIVEL 1\")","v":1},{"$f":"IFERROR(COUNTIF(INDIRECT(Z8):S8,\"NIVEL 2\"),0)","v":0},{"$f":"COUNTIF(INDIRECT(AB8):T8,\"NIVEL 3\")","v":0},{"$f":"IF(U8=\"NIVEL 4\",OFFSET(Y8,-1,0)+1,0)","v":0},{"$f":"ADDRESS(MATCH(COUNTIF($R$2:$R8,\"NIVEL 1\"),V:V,0),COLUMN(S8))","v":"$S$8"},{"$f":"ADDRESS(MATCH(COUNTIF($R$2:$R8,\"NIVEL 1\"),V:V,0),COLUMN(W8))","v":"$W$8"},{"$f":"ADDRESS((MATCH(COUNTIF(INDIRECT(Z8):$S8,\"NIVEL 2\"),INDIRECT(AA8):W8,0)+(MATCH(COUNTIF($R$2:$R8,\"NIVEL 1\"),V:V,0)-1)),COLUMN(T8))","v":"$T$8"},null,{"$f":"A8","v":1},null,null,{"$f":"D8","v":"MOBILIZAÇÃO E DESMOBILIZAÇÃO"},{"$f":"I20","v":28816.45},{"$f":"AH8/$I$1374","v":0.014778320626301},null,null,null,null,null,null,null,null,null,null,null,null,null,null,null,null,null,null,null,{"$f":"PROCURA_PRECO_SERVICO","v":0}]
[null,null,null,null,null,null,null,null,null,null,null,null,null,null,null,null,null,null,null,null,null,{"$f":"COUNTIF($R$2:$R9,\"NIVEL 1\")","v":1},0,0,0,{"$f":"ADDRESS(MATCH(COUNTIF($R$2:$R9,\"NIVEL 1\"),V:V,0),COLUMN(S9))","v":"$S$8"},{"$f":"ADDRESS(MATCH(COUNTIF($R$2:$R9,\"NIVEL 1\"),V:V,0),COLUMN(W9))","v":"$W$8"},{"$f":"ADDRESS((MATCH(COUNTIF(INDIRECT(Z9):$S9,\"NIVEL 2\"),INDIRECT(AA9):W9,0)+(MATCH(COUNTIF($R$2:$R9,\"NIVEL 1\"),V:V,0)-1)),COLUMN(T9))","v":"$T$8"},null,null,null,null,null,null,null,null,null,null,null,null,null,null,null,null,null,null,null,null,null,null,null,null,null,null,{"$f":"PROCURA_PRECO_SERVICO","v":0}]
[{"$f":"V10&\".\"&W10","v":"1.1"},null,null,"MOBILIZAÇÃO E DESMOBILIZAÇÃO",null,null,null,null,null,null,null,null,null,"SUBITEM_INICIO",null,null,null,"NIVEL 2","NIVEL 2",null,null,{"$f":"COUNTIF($R$2:$R10,\"NIVEL 1\")","v":1},1,0,0,{"$f":"ADDRESS(MATCH(COUNTIF($R$2:$R10,\"NIVEL 1\"),V:V,0),COLUMN(S10))","v":"$S$8"},{"$f":"ADDRESS(MATCH(COUNTIF($R$2:$R10,\"NIVEL 1\"),V:V,0),COLUMN(W10))","v":"$W$8"},{"$f":"ADDRESS((MATCH(COUNTIF(INDIRECT(Z10):$S10,\"NIVEL 2\"),INDIRECT(AA10):W10,0)+(MATCH(COUNTIF($R$2:$R10,\"NIVEL 1\"),V:V,0)-1)),COLUMN(T10))","v":"$T$10"},null,null,null,null,null,null,null,null,null,null,null,null,null,null,null,null,null,null,null,null,null,null,null,null,null,null,{"$f":"PROCURA_PRECO_SERVICO","v":0}]
[null,null,null,null,null,null,null,null,null,null,null,null,null,null,null,null,null,null,null,null,null,{"$f":"COUNTIF($R$2:$R11,\"NIVEL 1\")","v":1},1,0,{"$f":"IF(U11=\"NIVEL 4\",OFFSET(Y11,-1,0)+1,0)","v":0},{"$f":"ADDRESS(MATCH(COUNTIF($R$2:$R11,\"NIVEL 1\"),V:V,0),COLUMN(S11))","v":"$S$8"},{"$f":"ADDRESS(MATCH(COUNTIF($R$2:$R11,\"NIVEL 1\"),V:V,0),COLUMN(W11))","v":"$W$8"},{"$f":"ADDRESS((MATCH(COUNTIF(INDIRECT(Z11):$S11,\"NIVEL 2\"),INDIRECT(AA11):W11,0)+(MATCH(COUNTIF($R$2:$R11,\"NIVEL 1\"),V:V,0)-1)),COLUMN(T11))","v":"$T$10"},null,null,null,null,null,null,null,null,null,null,null,null,null,null,null,null,null,null,null,null,null,null,null,null,null,null,{"$f":"PROCURA_PRECO_SERVICO","v":0}]
[{"$f":"V12&\".\"&W12&\".\"&X12","v":"1.1.1"},null,null,"MOBILIZAÇÃO E DESMOBILIZAÇÃO",null,null,null,null,null,null,null,null,null,"SUBSUBITEM_INICIO",null,null,null,"NIVEL 3","NIVEL 3","NIVEL 3",null,{"$f":"COUNTIF($R$2:$R12,\"NIVEL 1\")","v":1},1,1,0,{"$f":"ADDRESS(MATCH(COUNTIF($R$2:$R12,\"NIVEL 1\"),V:V,0),COLUMN(S12))","v":"$S$8"},{"$f":"ADDRESS(MATCH(COUNTIF($R$2:$R12,\"NIVEL 1\"),V:V,0),COLUMN(W12))","v":"$W$8"},{"$f":"ADDRESS((MATCH(COUNTIF(INDIRECT(Z12):$S12,\"NIVEL 2\"),INDIRECT(AA12):W12,0)+(MATCH(COUNTIF($R$2:$R12,\"NIVEL 1\"),V:V,0)-1)),COLUMN(T12))","v":"$T$10"},null,null,null,null,null,null,null,null,null,null,null,null,null,null,null,null,null,null,null,null,null,null,null,null,null,null,{"$f":"PROCURA_PRECO_SERVICO","v":0}]
[null,null,null,null,null,null,null,null,null,null,null,null,null,null,null,null,null,null,null,null,null,{"$f":"COUNTIF($R$2:$R13,\"NIVEL 1\")","v":1},1,1,0,{"$f":"ADDRESS(MATCH(COUNTIF($R$2:$R13,\"NIVEL 1\"),V:V,0),COLUMN(S13))","v":"$S$8"},{"$f":"ADDRESS(MATCH(COUNTIF($R$2:$R13,\"NIVEL 1\"),V:V,0),COLUMN(W13))","v":"$W$8"},{"$f":"ADDRESS((MATCH(COUNTIF(INDIRECT(Z13):$S13,\"NIVEL 2\"),INDIRECT(AA13):W13,0)+(MATCH(COUNTIF($R$2:$R13,\"NIVEL 1\"),V:V,0)-1)),COLUMN(T13))","v":"$T$10"},null,null,null,null,null,null,null,null,null,null,null,null,null,null,null,null,null,null,null,null,null,null,null,null,null,null,{"$f":"PROCURA_PRECO_SERVICO","v":0}]
[{"$f":"V14&\".\"&W14&\".\"&X14&\".\"&Y14","v":"1.1.1.1"},"SETOP","ED-50390",{"$f":"PROCURA_DESCRICAO_SERVICO","v":"MOBILIZAÇÃO E DESMOBILIZAÇÃO OBRA DISTANTE DE CENTRO URBANO COM ENTRE 1.000.000,01 E 3.000.000,00"},{"$f":"PROCURA_UNIDADE_SERVICO","v":"%"},0.015,{"$f":"H14/(1+$I$3)","v":1521781.73320659},{"$f":"SUBTOTAL(9,OFFSET(I20,1,0):OFFSET(I1374,-1,0))","v":1921097.26},{"$f":"CUSTO_TOTAL_SERVICO","v":28816.45},null,null,null,null,"SERVIÇO",null,null,null,"NIVEL 4","NIVEL 4","NIVEL 4","NIVEL 4",{"$f":"COUNTIF($R$1:$R14,\"NIVEL 1\")","v":1},1,1,1,{"$f":"ADDRESS(MATCH(COUNTIF($R$1:$R14,\"NIVEL 1\"),V:V,0),COLUMN(S14))","v":"$S$8"},{"$f":"ADDRESS(MATCH(COUNTIF($R$1:$R14,\"NIVEL 1\"),V:V,0),COLUMN(W14))","v":"$W$8"},{"$f":"ADDRESS((MATCH(COUNTIF(INDIRECT(Z14):$S14,\"NIVEL 2\"),INDIRECT(AA14):W14,0)+(MATCH(COUNTIF($R$1:$R14,\"NIVEL 1\"),V:V,0)-1)),COLUMN(T14))","v":"$T$10"},null,null,null,null,null,null,null,null,null,null,null,null,null,null,null,null,null,null,null,null,null,null,null,null,null,null,{"$f":"PROCURA_PRECO_SERVICO","v":1.5}]
[null,null,null,null,null,null,null,null,null,null,null,null,null,null,null,null,null,null,null,null,null,{"$f":"COUNTIF($R$2:$R15,\"NIVEL 1\")","v":1},1,1,0,{"$f":"ADDRESS(MATCH(COUNTIF($R$2:$R15,\"NIVEL 1\"),V:V,0),COLUMN(S15))","v":"$S$8"},{"$f":"ADDRESS(MATCH(COUNTIF($R$2:$R15,\"NIVEL 1\"),V:V,0),COLUMN(W15))","v":"$W$8"},{"$f":"ADDRESS((MATCH(COUNTIF(INDIRECT(Z15):$S15,\"NIVEL 2\"),INDIRECT(AA15):W15,0)+(MATCH(COUNTIF($R$2:$R15,\"NIVEL 1\"),V:V,0)-1)),COLUMN(T15))","v":"$T$10"},null,null,null,null,null,null,null,null,null,null,null,null,null,null,null,null,null,null,null,null,null,null,null,null,null,null,{"$f":"PROCURA_PRECO_SERVICO","v":0}]
[null,null,null,{"$f":"\"SUBTOTAL DO ITEM - \"&A12","v":"SUBTOTAL DO ITEM - 1.1.1"},null,null,null,null,{"$f":"SUBTOTAL(9,OFFSET(I12,1,0):OFFSET(I16,-1,0))","v":28816.45},null,null,null,null,"SUBSUBITEM_FIM",null,null,null,null,null,null,null,{"$f":"COUNTIF($R$2:$R16,\"NIVEL 1\")","v":1},1,1,0,{"$f":"ADDRESS(MATCH(COUNTIF($R$2:$R16,\"NIVEL 1\"),V:V,0),COLUMN(S16))","v":"$S$8"},{"$f":"ADDRESS(MATCH(COUNTIF($R$2:$R16,\"NIVEL 1\"),V:V,0),COLUMN(W16))","v":"$W$8"},{"$f":"ADDRESS((MATCH(COUNTIF(INDIRECT(Z16):$S16,\"NIVEL 2\"),INDIRECT(AA16):W16,0)+(MATCH(COUNTIF($R$2:$R16,\"NIVEL 1\"),V:V,0)-1)),COLUMN(T16))","v":"$T$10"},null,null,null,null,null,null,null,null,null,null,null,null,null,null,null,null,null,null,null,null,null,null,null,null,null,null,{"$f":"PROCURA_PRECO_SERVICO","v":0}]
[null,null,null,null,null,null,null,null,null,null,null,null,null,null,null,null,null,null,null,null,null,{"$f":"COUNTIF($R$2:$R17,\"NIVEL 1\")","v":1},1,1,0,{"$f":"ADDRESS(MATCH(COUNTIF($R$2:$R17,\"NIVEL 1\"),V:V,0),COLUMN(S17))","v":"$S$8"},{"$f":"ADDRESS(MATCH(COUNTIF($R$2:$R17,\"NIVEL 1\"),V:V,0),COLUMN(W17))","v":"$W$8"},{"$f":"ADDRESS((MATCH(COUNTIF(INDIRECT(Z17):$S17,\"NIVEL 2\"),INDIRECT(AA17):W17,0)+(MATCH(COUNTIF($R$2:$R17,\"NIVEL 1\"),V:V,0)-1)),COLUMN(T17))","v":"$T$10"},null,null,null,null,null,null,null,null,null,null,null,null,null,null,null,null,null,null,null,null,null,null,null,null,null,null,{"$f":"PROCURA_PRECO_SERVICO","v":0}]
[null,null,null,{"$f":"\"SUBTOTAL DO ITEM  - \"&A10","v":"SUBTOTAL DO ITEM  - 1.1"},null,null,null,null,{"$f":"SUBTOTAL(9,OFFSET(I10,1,0):OFFSET(I18,-1,0))","v":28816.45},null,null,null,null,"SUBITEM_FIM",null,null,null,null,null,null,null,{"$f":"COUNTIF($R$2:$R18,\"NIVEL 1\")","v":1},1,1,0,{"$f":"ADDRESS(MATCH(COUNTIF($R$2:$R18,\"NIVEL 1\"),V:V,0),COLUMN(S18))","v":"$S$8"},{"$f":"ADDRESS(MATCH(COUNTIF($R$2:$R18,\"NIVEL 1\"),V:V,0),COLUMN(W18))","v":"$W$8"},{"$f":"ADDRESS((MATCH(COUNTIF(INDIRECT(Z18):$S18,\"NIVEL 2\"),INDIRECT(AA18):W18,0)+(MATCH(COUNTIF($R$2:$R18,\"NIVEL 1\"),V:V,0)-1)),COLUMN(T18))","v":"$T$10"},null,null,null,null,null,null,null,null,null,null,null,null,null,null,null,null,null,null,null,null,null,null,null,null,null,null,{"$f":"PROCURA_PRECO_SERVICO","v":0}]
[null,null,null,null,null,null,null,null,null,null,null,null,null,null,null,null,null,null,null,null,null,{"$f":"COUNTIF($R$2:$R19,\"NIVEL 1\")","v":1},1,1,0,{"$f":"ADDRESS(MATCH(COUNTIF($R$2:$R19,\"NIVEL 1\"),V:V,0),COLUMN(S19))","v":"$S$8"},{"$f":"ADDRESS(MATCH(COUNTIF($R$2:$R19,\"NIVEL 1\"),V:V,0),COLUMN(W19))","v":"$W$8"},{"$f":"ADDRESS((MATCH(COUNTIF(INDIRECT(Z19):$S19,\"NIVEL 2\"),INDIRECT(AA19):W19,0)+(MATCH(COUNTIF($R$2:$R19,\"NIVEL 1\"),V:V,0)-1)),COLUMN(T19))","v":"$T$10"},null,null,null,null,null,null,null,null,null,null,null,null,null,null,null,null,null,null,null,null,null,null,null,null,null,null,{"$f":"PROCURA_PRECO_SERVICO","v":0}]
[null,null,null,{"$f":"\"TOTAL DO ITEM - \"&A8","v":"TOTAL DO ITEM - 1"},null,null,null,null,{"$f":"SUBTOTAL(9,OFFSET(I8,1,0):OFFSET(I20,-1,0))","v":28816.45},null,null,null,null,"ITEM_FIM",null,null,null,null,null,null,null,{"$f":"COUNTIF($R$2:$R20,\"NIVEL 1\")","v":1},1,1,0,{"$f":"ADDRESS(MATCH(COUNTIF($R$2:$R20,\"NIVEL 1\"),V:V,0),COLUMN(S20))","v":"$S$8"},{"$f":"ADDRESS(MATCH(COUNTIF($R$2:$R20,\"NIVEL 1\"),V:V,0),COLUMN(W20))","v":"$W$8"},{"$f":"ADDRESS((MATCH(COUNTIF(INDIRECT(Z20):$S20,\"NIVEL 2\"),INDIRECT(AA20):W20,0)+(MATCH(COUNTIF($R$2:$R20,\"NIVEL 1\"),V:V,0)-1)),COLUMN(T20))","v":"$T$10"},null,null,null,null,null,null,null,null,null,null,null,null,null,null,null,null,null,null,null,null,null,null,null,null,null,null,{"$f":"PROCURA_PRECO_SERVICO","v":0}]
[null,null,null,null,null,null,null,{"$f":"TRUNC(G21*(1+$I$3),2)","v":0},null,null,null,null,null,null,null,null,null,null,null,null,null,{"$f":"COUNTIF($R$2:$R21,\"NIVEL 1\")","v":1},1,1,0,{"$f":"ADDRESS(MATCH(COUNTIF($R$2:$R21,\"NIVEL 1\"),V:V,0),COLUMN(S21))","v":"$S$8"},{"$f":"ADDRESS(MATCH(COUNTIF($R$2:$R21,\"NIVEL 1\"),V:V,0),COLUMN(W21))","v":"$W$8"},{"$f":"ADDRESS((MATCH(COUNTIF(INDIRECT(Z21):$S21,\"NIVEL 2\"),INDIRECT(AA21):W21,0)+(MATCH(COUNTIF($R$2:$R21,\"NIVEL 1\"),V:V,0)-1)),COLUMN(T21))","v":"$T$10"},null,null,null,null,null,null,null,null,null,null,null,null,null,null,null,null,null,null,null,null,null,null,null,null,null,null,{"$f":"PROCURA_PRECO_SERVICO","v":0}]
[{"$f":"V22","v":2},null,null,"ADMINISTRAÇÃO LOCAL",null,null,null,null,null,null,null,null,null,"ITEM_INICIO",null,null,null,"NIVEL 1",null,null,null,{"$f":"COUNTIF($R$2:$R22,\"NIVEL 1\")","v":2},0,0,{"$f":"IF(U22=\"NIVEL 4\",OFFSET(Y22,-1,0)+1,0)","v":0},{"$f":"ADDRESS(MATCH(COUNTIF($R$2:$R22,\"NIVEL 1\"),V:V,0),COLUMN(S22))","v":"$S$22"},{"$f":"ADDRESS(MATCH(COUNTIF($R$2:$R22,\"NIVEL 1\"),V:V,0),COLUMN(W22))","v":"$W$22"},{"$f":"ADDRESS((MATCH(COUNTIF(INDIRECT(Z22):$S22,\"NIVEL 2\"),INDIRECT(AA22):W22,0)+(MATCH(COUNTIF($R$2:$R22,\"NIVEL 1\"),V:V,0)-1)),COLUMN(T22))","v":"$T$22"},null,{"$f":"A22","v":2},null,null,{"$f":"D22","v":"ADMINISTRAÇÃO LOCAL"},{"$f":"I48","v":132257},{"$f":"AH22/$I$1374","v":0.0678271040004124},null,null,null,null,null,null,null,null,null,null,null,null,null,null,null,null,null,null,null,{"$f":"PROCURA_PRECO_SERVICO","v":0}]
[null,null,null,null,null,null,null,null,null,null,null,null,null,null,null,null,null,null,null,null,null,{"$f":"COUNTIF($R$2:$R23,\"NIVEL 1\")","v":2},0,0,{"$f":"IF(U23=\"NIVEL 4\",OFFSET(Y23,-1,0)+1,0)","v":0},{"$f":"ADDRESS(MATCH(COUNTIF($R$2:$R23,\"NIVEL 1\"),V:V,0),COLUMN(S23))","v":"$S$22"},{"$f":"ADDRESS(MATCH(COUNTIF($R$2:$R23,\"NIVEL 1\"),V:V,0),COLUMN(W23))","v":"$W$22"},{"$f":"ADDRESS((MATCH(COUNTIF(INDIRECT(Z23):$S23,\"NIVEL 2\"),INDIRECT(AA23):W23,0)+(MATCH(COUNTIF($R$2:$R23,\"NIVEL 1\"),V:V,0)-1)),COLUMN(T23))","v":"$T$22"},null,null,null,null,null,null,null,null,null,null,null,null,null,null,null,null,null,null,null,null,null,null,null,null,null,null,{"$f":"PROCURA_PRECO_SERVICO","v":0}]
[{"$f":"V24&\".\"&W24","v":"2.1"},null,null,"DOCUMENTAÇÃO",null,null,null,null,null,null,null,null,null,"SUBITEM_INICIO",null,null,null,"NIVEL 2","NIVEL 2",null,null,{"$f":"COUNTIF($R$2:$R24,\"NIVEL 1\")","v":2},1,0,0,{"$f":"ADDRESS(MATCH(COUNTIF($R$2:$R24,\"NIVEL 1\"),V:V,0),COLUMN(S24))","v":"$S$22"},{"$f":"ADDRESS(MATCH(COUNTIF($R$2:$R24,\"NIVEL 1\"),V:V,0),COLUMN(W24))","v":"$W$22"},{"$f":"ADDRESS((MATCH(COUNTIF(INDIRECT(Z24):$S24,\"NIVEL 2\"),INDIRECT(AA24):W24,0)+(MATCH(COUNTIF($R$2:$R24,\"NIVEL 1\"),V:V,0)-1)),COLUMN(T24))","v":"$T$24"},null,null,null,null,null,null,null,null,null,null,null,null,null,null,null,null,null,null,null,null,null,null,null,null,null,null,{"$f":"PROCURA_PRECO_SERVICO","v":0}]
[null,null,null,null,null,null,null,null,null,null,null,null,null,null,null,null,null,null,null,null,null,{"$f":"COUNTIF($R$2:$R25,\"NIVEL 1\")","v":2},1,0,0,{"$f":"ADDRESS(MATCH(COUNTIF($R$2:$R25,\"NIVEL 1\"),V:V,0),COLUMN(S25))","v":"$S$22"},{"$f":"ADDRESS(MATCH(COUNTIF($R$2:$R25,\"NIVEL 1\"),V:V,0),COLUMN(W25))","v":"$W$22"},{"$f":"ADDRESS((MATCH(COUNTIF(INDIRECT(Z25):$S25,\"NIVEL 2\"),INDIRECT(AA25):W25,0)+(MATCH(COUNTIF($R$2:$R25,\"NIVEL 1\"),V:V,0)-1)),COLUMN(T25))","v":"$T$24"},null,null,null,null,null,null,null,null,null,null,null,null,null,null,null,null,null,null,null,null,null,null,null,null,null,null,{"$f":"PROCURA_PRECO_SERVICO","v":0}]
[{"$f":"V26&\".\"&W26&\".\"&X26","v":"2.1.1"},null,null,"ART, AS BUILT E VISTORIA",null,null,null,null,null,null,null,null,null,"SUBSUBITEM_INICIO",null,null,null,"NIVEL 3","NIVEL 3","NIVEL 3",null,{"$f":"COUNTIF($R$2:$R26,\"NIVEL 1\")","v":2},1,1,0,{"$f":"ADDRESS(MATCH(COUNTIF($R$2:$R26,\"NIVEL 1\"),V:V,0),COLUMN(S26))","v":"$S$22"},{"$f":"ADDRESS(MATCH(COUNTIF($R$2:$R26,\"NIVEL 1\"),V:V,0),COLUMN(W26))","v":"$W$22"},{"$f":"ADDRESS((MATCH(COUNTIF(INDIRECT(Z26):$S26,\"NIVEL 2\"),INDIRECT(AA26):W26,0)+(MATCH(COUNTIF($R$2:$R26,\"NIVEL 1\"),V:V,0)-1)),COLUMN(T26))","v":"$T$24"},null,null,null,null,null,null,null,null,null,null,null,null,null,null,null,null,null,null,null,null,null,null,null,null,null,null,{"$f":"PROCURA_PRECO_SERVICO","v":0}]
[null,null,null,null,null,null,null,null,null,null,null,null,null,null,null,null,null,null,null,null,null,{"$f":"COUNTIF($R$2:$R27,\"NIVEL 1\")","v":2},1,1,0,{"$f":"ADDRESS(MATCH(COUNTIF($R$2:$R27,\"NIVEL 1\"),V:V,0),COLUMN(S27))","v":"$S$22"},{"$f":"ADDRESS(MATCH(COUNTIF($R$2:$R27,\"NIVEL 1\"),V:V,0),COLUMN(W27))","v":"$W$22"},{"$f":"ADDRESS((MATCH(COUNTIF(INDIRECT(Z27):$S27,\"NIVEL 2\"),INDIRECT(AA27):W27,0)+(MATCH(COUNTIF($R$2:$R27,\"NIVEL 1\"),V:V,0)-1)),COLUMN(T27))","v":"$T$24"},null,null,null,null,null,null,null,null,null,null,null,null,null,null,null,null,null,null,null,null,null,null,null,null,null,null,{"$f":"PROCURA_PRECO_SERVICO","v":0}]
[{"$f":"V28&\".\"&W28&\".\"&X28&\".\"&Y28","v":"2.1.1.1"},"SUDECAP","01.12.02",{"$f":"PROCURA_DESCRICAO_SERVICO","v":"VISTORIA CAUTELAR - VISTORIA CAUTELAR - 101M2 < ÁREA CONSTRUÍDA <= 200M2"},{"$f":"PROCURA_UNIDADE_SERVICO","v":"UN"},5,{"$f":"PROCURA_PRECO_SERVICO","v":410.62},{"$f":"CUSTO_BDI_SERVICO","v":518.36},{"$f":"CUSTO_TOTAL_SERVICO","v":2591.8},null,null,null,null,"SERVIÇO",null,null,null,"NIVEL 4","NIVEL 4","NIVEL 4","NIVEL 4",{"$f":"COUNTIF($R$2:$R28,\"NIVEL 1\")","v":2},1,1,{"$f":"IF(U28=\"NIVEL 4\",OFFSET(Y28,-1,0)+1,0)","v":1},{"$f":"ADDRESS(MATCH(COUNTIF($R$2:$R28,\"NIVEL 1\"),V:V,0),COLUMN(S28))","v":"$S$22"},{"$f":"ADDRESS(MATCH(COUNTIF($R$2:$R28,\"NIVEL 1\"),V:V,0),COLUMN(W28))","v":"$W$22"},{"$f":"ADDRESS((MATCH(COUNTIF(INDIRECT(Z28):$S28,\"NIVEL 2\"),INDIRECT(AA28):W28,0)+(MATCH(COUNTIF($R$2:$R28,\"NIVEL 1\"),V:V,0)-1)),COLUMN(T28))","v":"$T$24"},null,null,null,null,null,null,null,null,null,null,null,null,null,null,null,null,null,null,null,null,null,null,null,null,null,null,{"$f":"PROCURA_PRECO_SERVICO","v":410.62}]
["2.1.1.2","SETOP","CO-27389",{"$f":"PROCURA_DESCRICAO_SERVICO","v":"COMO CONSTRUÍDO (\"AS BUILT\") DE PROJETOS COM ÁREA ATÉ 10.000 M2"},{"$f":"PROCURA_UNIDADE_SERVICO","v":"M2"},759.34,{"$f":"PROCURA_PRECO_SERVICO","v":0.67},0.84,637.84,null,null,null,null,"SERVIÇO",null,null,null,"NIVEL 4","NIVEL 4","NIVEL 4","NIVEL 4",{"$f":"COUNTIF($R$2:$R29,\"NIVEL 1\")","v":2},1,1,2,{"$f":"ADDRESS(MATCH(COUNTIF($R$2:$R29,\"NIVEL 1\"),V:V,0),COLUMN(S29))","v":"$S$22"},{"$f":"ADDRESS(MATCH(COUNTIF($R$2:$R29,\"NIVEL 1\"),V:V,0),COLUMN(W29))","v":"$W$22"},{"$f":"ADDRESS((MATCH(COUNTIF(INDIRECT(Z29):$S29,\"NIVEL 2\"),INDIRECT(AA29):W29,0)+(MATCH(COUNTIF($R$2:$R29,\"NIVEL 1\"),V:V,0)-1)),COLUMN(T29))","v":"$T$24"},null,null,null,null,null,null,null,null,null,null,null,null,null,null,null,null,null,null,null,null,null,null,null,null,null,null,{"$f":"PROCURA_PRECO_SERVICO","v":0.67}]
[{"$f":"V30&\".\"&W30&\".\"&X30&\".\"&Y30","v":"2.1.1.3"},"COMPOSIÇÃO","ART-OBRA-002",{"$f":"PROCURA_DESCRICAO_SERVICO","v":"ART DE OBRAS PARA CONTRATOS ACIMA DE R$15.000,00"},{"$f":"PROCURA_UNIDADE_SERVICO","v":"UN"},1,{"$f":"PROCURA_PRECO_SERVICO","v":254.59},321.39,321.39,null,null,null,null,"SERVIÇO",null,null,null,"NIVEL 4","NIVEL 4","NIVEL 4","NIVEL 4",{"$f":"COUNTIF($R$2:$R30,\"NIVEL 1\")","v":2},1,1,3,{"$f":"ADDRESS(MATCH(COUNTIF($R$2:$R30,\"NIVEL 1\"),V:V,0),COLUMN(S30))","v":"$S$22"},{"$f":"ADDRESS(MATCH(COUNTIF($R$2:$R30,\"NIVEL 1\"),V:V,0),COLUMN(W30))","v":"$W$22"},{"$f":"ADDRESS((MATCH(COUNTIF(INDIRECT(Z30):$S30,\"NIVEL 2\"),INDIRECT(AA30):W30,0)+(MATCH(COUNTIF($R$2:$R30,\"NIVEL 1\"),V:V,0)-1)),COLUMN(T30))","v":"$T$24"},null,null,null,null,null,null,null,null,null,null,null,null,null,null,null,null,null,null,null,null,null,null,null,null,null,null,{"$f":"PROCURA_PRECO_SERVICO","v":254.59}]
["2.1.1.4","COMPOSIÇÃO","ART-OBRA-003",{"$f":"PROCURA_DESCRICAO_SERVICO","v":"ART DE OBRAS REFERENTE À AS BUILT"},{"$f":"PROCURA_UNIDADE_SERVICO","v":"UN"},1,{"$f":"PROCURA_PRECO_SERVICO","v":254.59},321.39,321.39,null,null,null,null,"SERVIÇO",null,null,null,"NIVEL 4","NIVEL 4","NIVEL 4","NIVEL 4",{"$f":"COUNTIF($R$2:$R31,\"NIVEL 1\")","v":2},1,1,4,{"$f":"ADDRESS(MATCH(COUNTIF($R$2:$R31,\"NIVEL 1\"),V:V,0),COLUMN(S31))","v":"$S$22"},{"$f":"ADDRESS(MATCH(COUNTIF($R$2:$R31,\"NIVEL 1\"),V:V,0),COLUMN(W31))","v":"$W$22"},{"$f":"ADDRESS((MATCH(COUNTIF(INDIRECT(Z31):$S31,\"NIVEL 2\"),INDIRECT(AA31):W31,0)+(MATCH(COUNTIF($R$2:$R31,\"NIVEL 1\"),V:V,0)-1)),COLUMN(T31))","v":"$T$24"},null,null,null,null,null,null,null,null,null,null,null,null,null,null,null,null,null,null,null,null,null,null,null,null,null,null,{"$f":"PROCURA_PRECO_SERVICO","v":254.59}]
[null,null,null,null,null,null,null,null,null,null,null,null,null,null,null,null,null,null,null,null,null,{"$f":"COUNTIF($R$2:$R32,\"NIVEL 1\")","v":2},1,1,0,{"$f":"ADDRESS(MATCH(COUNTIF($R$2:$R32,\"NIVEL 1\"),V:V,0),COLUMN(S32))","v":"$S$22"},{"$f":"ADDRESS(MATCH(COUNTIF($R$2:$R32,\"NIVEL 1\"),V:V,0),COLUMN(W32))","v":"$W$22"},{"$f":"ADDRESS((MATCH(COUNTIF(INDIRECT(Z32):$S32,\"NIVEL 2\"),INDIRECT(AA32):W32,0)+(MATCH(COUNTIF($R$2:$R32,\"NIVEL 1\"),V:V,0)-1)),COLUMN(T32))","v":"$T$24"},null,null,null,null,null,null,null,null,null,null,null,null,null,null,null,null,null,null,null,null,null,null,null,null,null,null,{"$f":"PROCURA_PRECO_SERVICO","v":0}]
[null,null,null,{"$f":"\"SUBTOTAL DO ITEM - \"&A26","v":"SUBTOTAL DO ITEM - 2.1.1"},null,null,null,null,{"$f":"SUBTOTAL(9,OFFSET(I26,1,0):OFFSET(I33,-1,0))","v":3872.42},null,null,null,null,"SUBSUBITEM_FIM",null,null,null,null,null,null,null,{"$f":"COUNTIF($R$2:$R33,\"NIVEL 1\")","v":2},1,1,0,{"$f":"ADDRESS(MATCH(COUNTIF($R$2:$R33,\"NIVEL 1\"),V:V,0),COLUMN(S33))","v":"$S$22"},{"$f":"ADDRESS(MATCH(COUNTIF($R$2:$R33,\"NIVEL 1\"),V:V,0),COLUMN(W33))","v":"$W$22"},{"$f":"ADDRESS((MATCH(COUNTIF(INDIRECT(Z33):$S33,\"NIVEL 2\"),INDIRECT(AA33):W33,0)+(MATCH(COUNTIF($R$2:$R33,\"NIVEL 1\"),V:V,0)-1)),COLUMN(T33))","v":"$T$24"},null,null,null,null,null,null,null,null,null,null,null,null,null,null,null,null,null,null,null,null,null,null,null,null,null,null,{"$f":"PROCURA_PRECO_SERVICO","v":0}]
[null,null,null,null,null,null,null,null,null,null,null,null,null,null,null,null,null,null,null,null,null,{"$f":"COUNTIF($R$2:$R34,\"NIVEL 1\")","v":2},1,1,0,{"$f":"ADDRESS(MATCH(COUNTIF($R$2:$R34,\"NIVEL 1\"),V:V,0),COLUMN(S34))","v":"$S$22"},{"$f":"ADDRESS(MATCH(COUNTIF($R$2:$R34,\"NIVEL 1\"),V:V,0),COLUMN(W34))","v":"$W$22"},{"$f":"ADDRESS((MATCH(COUNTIF(INDIRECT(Z34):$S34,\"NIVEL 2\"),INDIRECT(AA34):W34,0)+(MATCH(COUNTIF($R$2:$R34,\"NIVEL 1\"),V:V,0)-1)),COLUMN(T34))","v":"$T$24"},null,null,null,null,null,null,null,null,null,null,null,null,null,null,null,null,null,null,null,null,null,null,null,null,null,null,{"$f":"PROCURA_PRECO_SERVICO","v":0}]
[null,null,null,{"$f":"\"SUBTOTAL DO ITEM  - \"&A24","v":"SUBTOTAL DO ITEM  - 2.1"},null,null,null,null,{"$f":"SUBTOTAL(9,OFFSET(I24,1,0):OFFSET(I35,-1,0))","v":3872.42},null,null,null,null,"SUBITEM_FIM",null,null,null,null,null,null,null,{"$f":"COUNTIF($R$2:$R35,\"NIVEL 1\")","v":2},1,1,0,{"$f":"ADDRESS(MATCH(COUNTIF($R$2:$R35,\"NIVEL 1\"),V:V,0),COLUMN(S35))","v":"$S$22"},{"$f":"ADDRESS(MATCH(COUNTIF($R$2:$R35,\"NIVEL 1\"),V:V,0),COLUMN(W35))","v":"$W$22"},{"$f":"ADDRESS((MATCH(COUNTIF(INDIRECT(Z35):$S35,\"NIVEL 2\"),INDIRECT(AA35):W35,0)+(MATCH(COUNTIF($R$2:$R35,\"NIVEL 1\"),V:V,0)-1)),COLUMN(T35))","v":"$T$24"},null,null,null,null,null,null,null,null,null,null,null,null,null,null,null,null,null,null,null,null,null,null,null,null,null,null,{"$f":"PROCURA_PRECO_SERVICO","v":0}]
[null,null,null,null,null,null,null,null,null,null,null,null,null,null,null,null,null,null,null,null,null,{"$f":"COUNTIF($R$2:$R36,\"NIVEL 1\")","v":2},1,1,0,{"$f":"ADDRESS(MATCH(COUNTIF($R$2:$R36,\"NIVEL 1\"),V:V,0),COLUMN(S36))","v":"$S$22"},{"$f":"ADDRESS(MATCH(COUNTIF($R$2:$R36,\"NIVEL 1\"),V:V,0),COLUMN(W36))","v":"$W$22"},{"$f":"ADDRESS((MATCH(COUNTIF(INDIRECT(Z36):$S36,\"NIVEL 2\"),INDIRECT(AA36):W36,0)+(MATCH(COUNTIF($R$2:$R36,\"NIVEL 1\"),V:V,0)-1)),COLUMN(T36))","v":"$T$24"},null,null,null,null,null,null,null,null,null,null,null,null,null,null,null,null,null,null,null,null,null,null,null,null,null,null,{"$f":"PROCURA_PRECO_SERVICO","v":0}]
[{"$f":"V37&\".\"&W37","v":"2.2"},null,null,"ADMINISTRAÇÃO DA OBRA",null,null,null,null,null,null,null,null,null,"SUBITEM_INICIO",null,null,null,"NIVEL 2","NIVEL 2",null,null,{"$f":"COUNTIF($R$2:$R37,\"NIVEL 1\")","v":2},2,0,0,{"$f":"ADDRESS(MATCH(COUNTIF($R$2:$R37,\"NIVEL 1\"),V:V,0),COLUMN(S37))","v":"$S$22"},{"$f":"ADDRESS(MATCH(COUNTIF($R$2:$R37,\"NIVEL 1\"),V:V,0),COLUMN(W37))","v":"$W$22"},{"$f":"ADDRESS((MATCH(COUNTIF(INDIRECT(Z37):$S37,\"NIVEL 2\"),INDIRECT(AA37):W37,0)+(MATCH(COUNTIF($R$2:$R37,\"NIVEL 1\"),V:V,0)-1)),COLUMN(T37))","v":"$T$37"},null,null,null,null,null,null,null,null,null,null,null,null,null,null,null,null,null,null,null,null,null,null,null,null,null,null,{"$f":"PROCURA_PRECO_SERVICO","v":0}]
[null,null,null,null,null,null,null,null,null,null,null,null,null,null,null,null,null,null,null,null,null,{"$f":"COUNTIF($R$2:$R38,\"NIVEL 1\")","v":2},2,0,0,{"$f":"ADDRESS(MATCH(COUNTIF($R$2:$R38,\"NIVEL 1\"),V:V,0),COLUMN(S38))","v":"$S$22"},{"$f":"ADDRESS(MATCH(COUNTIF($R$2:$R38,\"NIVEL 1\"),V:V,0),COLUMN(W38))","v":"$W$22"},{"$f":"ADDRESS((MATCH(COUNTIF(INDIRECT(Z38):$S38,\"NIVEL 2\"),INDIRECT(AA38):W38,0)+(MATCH(COUNTIF($R$2:$R38,\"NIVEL 1\"),V:V,0)-1)),COLUMN(T38))","v":"$T$37"},null,null,null,null,null,null,null,null,null,null,null,null,null,null,null,null,null,null,null,null,null,null,null,null,null,null,{"$f":"PROCURA_PRECO_SERVICO","v":0}]
[{"$f":"V39&\".\"&W39&\".\"&X39","v":"2.2.1"},null,null,"ADMINISTRAÇÃO DA OBRA",null,null,null,null,null,null,null,null,null,"SUBSUBITEM_INICIO",null,null,null,"NIVEL 3","NIVEL 3","NIVEL 3",null,{"$f":"COUNTIF($R$2:$R39,\"NIVEL 1\")","v":2},2,1,0,{"$f":"ADDRESS(MATCH(COUNTIF($R$2:$R39,\"NIVEL 1\"),V:V,0),COLUMN(S39))","v":"$S$22"},{"$f":"ADDRESS(MATCH(COUNTIF($R$2:$R39,\"NIVEL 1\"),V:V,0),COLUMN(W39))","v":"$W$22"},{"$f":"ADDRESS((MATCH(COUNTIF(INDIRECT(Z39):$S39,\"NIVEL 2\"),INDIRECT(AA39):W39,0)+(MATCH(COUNTIF($R$2:$R39,\"NIVEL 1\"),V:V,0)-1)),COLUMN(T39))","v":"$T$37"},null,null,null,null,null,null,null,null,null,null,null,null,null,null,null,null,null,null,null,null,null,null,null,null,null,null,{"$f":"PROCURA_PRECO_SERVICO","v":0}]
[null,null,null,null,null,null,null,null,null,null,null,null,null,null,null,null,null,null,null,null,null,{"$f":"COUNTIF($R$2:$R40,\"NIVEL 1\")","v":2},2,1,0,{"$f":"ADDRESS(MATCH(COUNTIF($R$2:$R40,\"NIVEL 1\"),V:V,0),COLUMN(S40))","v":"$S$22"},{"$f":"ADDRESS(MATCH(COUNTIF($R$2:$R40,\"NIVEL 1\"),V:V,0),COLUMN(W40))","v":"$W$22"},{"$f":"ADDRESS((MATCH(COUNTIF(INDIRECT(Z40):$S40,\"NIVEL 2\"),INDIRECT(AA40):W40,0)+(MATCH(COUNTIF($R$2:$R40,\"NIVEL 1\"),V:V,0)-1)),COLUMN(T40))","v":"$T$37"},null,null,null,null,null,null,null,null,null,null,null,null,null,null,null,null,null,null,null,null,null,null,null,null,null,null,{"$f":"PROCURA_PRECO_SERVICO","v":0}]
[{"$f":"V41&\".\"&W41&\".\"&X41&\".\"&Y41","v":"2.2.1.1"},"SINAPI","90777",{"$f":"PROCURA_DESCRICAO_SERVICO","v":"ENGENHEIRO CIVIL DE OBRA JUNIOR COM ENCARGOS COMPLEMENTARES"},{"$f":"PROCURA_UNIDADE_SERVICO","v":"H"},{"$f":"Resumo!C5*8*9","v":432},{"$f":"PROCURA_PRECO_SERVICO","v":"112,59"},{"$f":"CUSTO_BDI_SERVICO","v":142.13},{"$f":"CUSTO_TOTAL_SERVICO","v":61400.16},null,null,null,null,"SERVIÇO",null,null,null,"NIVEL 4","NIVEL 4","NIVEL 4","NIVEL 4",{"$f":"COUNTIF($R$2:$R41,\"NIVEL 1\")","v":2},2,1,{"$f":"IF(U41=\"NIVEL 4\",OFFSET(Y41,-1,0)+1,0)","v":1},{"$f":"ADDRESS(MATCH(COUNTIF($R$2:$R41,\"NIVEL 1\"),V:V,0),COLUMN(S41))","v":"$S$22"},{"$f":"ADDRESS(MATCH(COUNTIF($R$2:$R41,\"NIVEL 1\"),V:V,0),COLUMN(W41))","v":"$W$22"},{"$f":"ADDRESS((MATCH(COUNTIF(INDIRECT(Z41):$S41,\"NIVEL 2\"),INDIRECT(AA41):W41,0)+(MATCH(COUNTIF($R$2:$R41,\"NIVEL 1\"),V:V,0)-1)),COLUMN(T41))","v":"$T$37"},null,null,null,null,null,null,null,null,null,null,null,null,null,null,null,null,null,null,null,null,null,null,null,null,null,null,{"$f":"PROCURA_PRECO_SERVICO","v":"112,59"}]
["2.2.1.2","SINAPI","93572",{"$f":"PROCURA_DESCRICAO_SERVICO","v":"ENCARREGADO GERAL DE OBRAS COM ENCARGOS COMPLEMENTARES"},{"$f":"PROCURA_UNIDADE_SERVICO","v":"MES"},{"$f":"Resumo!C5","v":6},{"$f":"PROCURA_PRECO_SERVICO","v":"8.843,53"},11164.07,66984.42,null,null,null,null,"SERVIÇO",null,null,null,"NIVEL 4","NIVEL 4","NIVEL 4","NIVEL 4",{"$f":"COUNTIF($R$2:$R42,\"NIVEL 1\")","v":2},2,1,2,{"$f":"ADDRESS(MATCH(COUNTIF($R$2:$R42,\"NIVEL 1\"),V:V,0),COLUMN(S42))","v":"$S$22"},{"$f":"ADDRESS(MATCH(COUNTIF($R$2:$R42,\"NIVEL 1\"),V:V,0),COLUMN(W42))","v":"$W$22"},{"$f":"ADDRESS((MATCH(COUNTIF(INDIRECT(Z42):$S42,\"NIVEL 2\"),INDIRECT(AA42):W42,0)+(MATCH(COUNTIF($R$2:$R42,\"NIVEL 1\"),V:V,0)-1)),COLUMN(T42))","v":"$T$37"},null,null,null,null,null,null,null,null,null,null,null,null,null,null,null,null,null,null,null,null,null,null,null,null,null,null,{"$f":"PROCURA_PRECO_SERVICO","v":"8.843,53"}]
[null,null,null,null,null,null,null,null,null,null,null,null,null,null,null,null,null,null,null,null,null,{"$f":"COUNTIF($R$2:$R43,\"NIVEL 1\")","v":2},2,1,0,{"$f":"ADDRESS(MATCH(COUNTIF($R$2:$R43,\"NIVEL 1\"),V:V,0),COLUMN(S43))","v":"$S$22"},{"$f":"ADDRESS(MATCH(COUNTIF($R$2:$R43,\"NIVEL 1\"),V:V,0),COLUMN(W43))","v":"$W$22"},{"$f":"ADDRESS((MATCH(COUNTIF(INDIRECT(Z43):$S43,\"NIVEL 2\"),INDIRECT(AA43):W43,0)+(MATCH(COUNTIF($R$2:$R43,\"NIVEL 1\"),V:V,0)-1)),COLUMN(T43))","v":"$T$37"},null,null,null,null,null,null,null,null,null,null,null,null,null,null,null,null,null,null,null,null,null,null,null,null,null,null,{"$f":"PROCURA_PRECO_SERVICO","v":0}]
[null,null,null,{"$f":"\"SUBTOTAL DO ITEM - \"&A39","v":"SUBTOTAL DO ITEM - 2.2.1"},null,null,null,null,{"$f":"SUBTOTAL(9,OFFSET(I39,1,0):OFFSET(I44,-1,0))","v":128384.58},null,null,null,null,"SUBSUBITEM_FIM",null,null,null,null,null,null,null,{"$f":"COUNTIF($R$2:$R44,\"NIVEL 1\")","v":2},2,1,0,{"$f":"ADDRESS(MATCH(COUNTIF($R$2:$R44,\"NIVEL 1\"),V:V,0),COLUMN(S44))","v":"$S$22"},{"$f":"ADDRESS(MATCH(COUNTIF($R$2:$R44,\"NIVEL 1\"),V:V,0),COLUMN(W44))","v":"$W$22"},{"$f":"ADDRESS((MATCH(COUNTIF(INDIRECT(Z44):$S44,\"NIVEL 2\"),INDIRECT(AA44):W44,0)+(MATCH(COUNTIF($R$2:$R44,\"NIVEL 1\"),V:V,0)-1)),COLUMN(T44))","v":"$T$37"},null,null,null,null,null,null,null,null,null,null,null,null,null,null,null,null,null,null,null,null,null,null,null,null,null,null,{"$f":"PROCURA_PRECO_SERVICO","v":0}]
[null,null,null,null,null,null,null,null,null,null,null,null,null,null,null,null,null,null,null,null,null,{"$f":"COUNTIF($R$2:$R45,\"NIVEL 1\")","v":2},2,1,0,{"$f":"ADDRESS(MATCH(COUNTIF($R$2:$R45,\"NIVEL 1\"),V:V,0),COLUMN(S45))","v":"$S$22"},{"$f":"ADDRESS(MATCH(COUNTIF($R$2:$R45,\"NIVEL 1\"),V:V,0),COLUMN(W45))","v":"$W$22"},{"$f":"ADDRESS((MATCH(COUNTIF(INDIRECT(Z45):$S45,\"NIVEL 2\"),INDIRECT(AA45):W45,0)+(MATCH(COUNTIF($R$2:$R45,\"NIVEL 1\"),V:V,0)-1)),COLUMN(T45))","v":"$T$37"},null,null,null,null,null,null,null,null,null,null,null,null,null,null,null,null,null,null,null,null,null,null,null,null,null,null,{"$f":"PROCURA_PRECO_SERVICO","v":0}]
[null,null,null,{"$f":"\"SUBTOTAL DO ITEM  - \"&A37","v":"SUBTOTAL DO ITEM  - 2.2"},null,null,null,null,{"$f":"SUBTOTAL(9,OFFSET(I37,1,0):OFFSET(I46,-1,0))","v":128384.58},{"$f":"I46/I1374","v":0.0658411597095751},null,null,null,"SUBITEM_FIM",null,null,null,null,null,null,null,{"$f":"COUNTIF($R$2:$R46,\"NIVEL 1\")","v":2},2,1,0,{"$f":"ADDRESS(MATCH(COUNTIF($R$2:$R46,\"NIVEL 1\"),V:V,0),COLUMN(S46))","v":"$S$22"},{"$f":"ADDRESS(MATCH(COUNTIF($R$2:$R46,\"NIVEL 1\"),V:V,0),COLUMN(W46))","v":"$W$22"},{"$f":"ADDRESS((MATCH(COUNTIF(INDIRECT(Z46):$S46,\"NIVEL 2\"),INDIRECT(AA46):W46,0)+(MATCH(COUNTIF($R$2:$R46,\"NIVEL 1\"),V:V,0)-1)),COLUMN(T46))","v":"$T$37"},null,null,null,null,null,null,null,null,null,null,null,null,null,null,null,null,null,null,null,null,null,null,null,null,null,null,{"$f":"PROCURA_PRECO_SERVICO","v":0}]
[null,null,null,null,null,null,null,null,null,null,null,null,null,null,null,null,null,null,null,null,null,{"$f":"COUNTIF($R$2:$R47,\"NIVEL 1\")","v":2},2,1,0,{"$f":"ADDRESS(MATCH(COUNTIF($R$2:$R47,\"NIVEL 1\"),V:V,0),COLUMN(S47))","v":"$S$22"},{"$f":"ADDRESS(MATCH(COUNTIF($R$2:$R47,\"NIVEL 1\"),V:V,0),COLUMN(W47))","v":"$W$22"},{"$f":"ADDRESS((MATCH(COUNTIF(INDIRECT(Z47):$S47,\"NIVEL 2\"),INDIRECT(AA47):W47,0)+(MATCH(COUNTIF($R$2:$R47,\"NIVEL 1\"),V:V,0)-1)),COLUMN(T47))","v":"$T$37"},null,null,null,null,null,null,null,null,null,null,null,null,null,null,null,null,null,null,null,null,null,null,null,null,null,null,{"$f":"PROCURA_PRECO_SERVICO","v":0}]
[null,null,null,{"$f":"\"TOTAL DO ITEM - \"&A22","v":"TOTAL DO ITEM - 2"},null,null,null,null,{"$f":"SUBTOTAL(9,OFFSET(I22,1,0):OFFSET(I48,-1,0))","v":132257},null,null,null,null,"ITEM_FIM",null,null,null,null,null,null,null,{"$f":"COUNTIF($R$2:$R48,\"NIVEL 1\")","v":2},2,1,0,{"$f":"ADDRESS(MATCH(COUNTIF($R$2:$R48,\"NIVEL 1\"),V:V,0),COLUMN(S48))","v":"$S$22"},{"$f":"ADDRESS(MATCH(COUNTIF($R$2:$R48,\"NIVEL 1\"),V:V,0),COLUMN(W48))","v":"$W$22"},{"$f":"ADDRESS((MATCH(COUNTIF(INDIRECT(Z48):$S48,\"NIVEL 2\"),INDIRECT(AA48):W48,0)+(MATCH(COUNTIF($R$2:$R48,\"NIVEL 1\"),V:V,0)-1)),COLUMN(T48))","v":"$T$37"},null,null,null,null,null,null,null,null,null,null,null,null,null,null,null,null,null,null,null,null,null,null,null,null,null,null,{"$f":"PROCURA_PRECO_SERVICO","v":0}]
[null,null,null,null,null,null,null,{"$f":"TRUNC(G49*(1+$I$3),2)","v":0},null,null,null,null,null,null,null,null,null,null,null,null,null,{"$f":"COUNTIF($R$2:$R49,\"NIVEL 1\")","v":2},2,1,{"$f":"IF(U49=\"NIVEL 4\",OFFSET(Y49,-1,0)+1,0)","v":0},{"$f":"ADDRESS(MATCH(COUNTIF($R$2:$R49,\"NIVEL 1\"),V:V,0),COLUMN(S49))","v":"$S$22"},{"$f":"ADDRESS(MATCH(COUNTIF($R$2:$R49,\"NIVEL 1\"),V:V,0),COLUMN(W49))","v":"$W$22"},{"$f":"ADDRESS((MATCH(COUNTIF(INDIRECT(Z49):$S49,\"NIVEL 2\"),INDIRECT(AA49):W49,0)+(MATCH(COUNTIF($R$2:$R49,\"NIVEL 1\"),V:V,0)-1)),COLUMN(T49))","v":"$T$37"},null,null,null,null,null,null,null,null,null,null,null,null,null,null,null,null,null,null,null,null,null,null,null,null,null,null,{"$f":"PROCURA_PRECO_SERVICO","v":0}]
[{"$f":"V50","v":3},null,null,"SERVIÇOS PRELIMINARES",null,null,null,null,null,null,null,null,null,"ITEM_INICIO",null,null,null,"NIVEL 1",null,null,null,{"$f":"COUNTIF($R$2:$R50,\"NIVEL 1\")","v":3},0,0,0,{"$f":"ADDRESS(MATCH(COUNTIF($R$2:$R50,\"NIVEL 1\"),V:V,0),COLUMN(S50))","v":"$S$50"},{"$f":"ADDRESS(MATCH(COUNTIF($R$2:$R50,\"NIVEL 1\"),V:V,0),COLUMN(W50))","v":"$W$50"},{"$f":"ADDRESS((MATCH(COUNTIF(INDIRECT(Z50):$S50,\"NIVEL 2\"),INDIRECT(AA50):W50,0)+(MATCH(COUNTIF($R$2:$R50,\"NIVEL 1\"),V:V,0)-1)),COLUMN(T50))","v":"$T$50"},null,{"$f":"A50","v":3},null,null,{"$f":"D50","v":"SERVIÇOS PRELIMINARES"},{"$f":"I109","v":52283.19},{"$f":"AH50/$I$1374","v":0.0268130788208059},null,null,null,null,null,null,null,null,null,null,null,null,null,null,null,null,null,null,null,{"$f":"PROCURA_PRECO_SERVICO","v":0}]
[null,null,null,null,null,null,null,null,null,null,null,null,null,null,null,null,null,null,null,null,null,{"$f":"COUNTIF($R$2:$R51,\"NIVEL 1\")","v":3},0,0,0,{"$f":"ADDRESS(MATCH(COUNTIF($R$2:$R51,\"NIVEL 1\"),V:V,0),COLUMN(S51))","v":"$S$50"},{"$f":"ADDRESS(MATCH(COUNTIF($R$2:$R51,\"NIVEL 1\"),V:V,0),COLUMN(W51))","v":"$W$50"},{"$f":"ADDRESS((MATCH(COUNTIF(INDIRECT(Z51):$S51,\"NIVEL 2\"),INDIRECT(AA51):W51,0)+(MATCH(COUNTIF($R$2:$R51,\"NIVEL 1\"),V:V,0)-1)),COLUMN(T51))","v":"$T$50"},null,null,null,null,null,null,null,null,null,null,null,null,null,null,null,null,null,null,null,null,null,null,null,null,null,null,{"$f":"PROCURA_PRECO_SERVICO","v":0}]
[{"$f":"V52&\".\"&W52","v":"3.1"},null,null,"IDENTIFICAÇÃO DA OBRA",null,null,null,null,null,null,null,null,null,"SUBITEM_INICIO",null,null,null,"NIVEL 2","NIVEL 2",null,null,{"$f":"COUNTIF($R$2:$R52,\"NIVEL 1\")","v":3},1,0,0,{"$f":"ADDRESS(MATCH(COUNTIF($R$2:$R52,\"NIVEL 1\"),V:V,0),COLUMN(S52))","v":"$S$50"},{"$f":"ADDRESS(MATCH(COUNTIF($R$2:$R52,\"NIVEL 1\"),V:V,0),COLUMN(W52))","v":"$W$50"},{"$f":"ADDRESS((MATCH(COUNTIF(INDIRECT(Z52):$S52,\"NIVEL 2\"),INDIRECT(AA52):W52,0)+(MATCH(COUNTIF($R$2:$R52,\"NIVEL 1\"),V:V,0)-1)),COLUMN(T52))","v":"$T$52"},null,null,null,null,null,null,null,null,null,null,null,null,null,null,null,null,null,null,null,null,null,null,null,null,null,null,{"$f":"PROCURA_PRECO_SERVICO","v":0}]
[null,null,null,null,null,null,null,null,null,null,null,null,null,null,null,null,null,null,null,null,null,{"$f":"COUNTIF($R$2:$R53,\"NIVEL 1\")","v":3},1,0,0,{"$f":"ADDRESS(MATCH(COUNTIF($R$2:$R53,\"NIVEL 1\"),V:V,0),COLUMN(S53))","v":"$S$50"},{"$f":"ADDRESS(MATCH(COUNTIF($R$2:$R53,\"NIVEL 1\"),V:V,0),COLUMN(W53))","v":"$W$50"},{"$f":"ADDRESS((MATCH(COUNTIF(INDIRECT(Z53):$S53,\"NIVEL 2\"),INDIRECT(AA53):W53,0)+(MATCH(COUNTIF($R$2:$R53,\"NIVEL 1\"),V:V,0)-1)),COLUMN(T53))","v":"$T$52"},null,null,null,null,null,null,null,null,null,null,null,null,null,null,null,null,null,null,null,null,null,null,null,null,null,null,{"$f":"PROCURA_PRECO_SERVICO","v":0}]
[{"$f":"V54&\".\"&W54&\".\"&X54","v":"3.1.1"},null,null,"IDENTIFICAÇÃO DA OBRA",null,null,null,null,null,null,null,null,null,"SUBSUBITEM_INICIO",null,null,null,"NIVEL 3","NIVEL 3","NIVEL 3",null,{"$f":"COUNTIF($R$2:$R54,\"NIVEL 1\")","v":3},1,1,0,{"$f":"ADDRESS(MATCH(COUNTIF($R$2:$R54,\"NIVEL 1\"),V:V,0),COLUMN(S54))","v":"$S$50"},{"$f":"ADDRESS(MATCH(COUNTIF($R$2:$R54,\"NIVEL 1\"),V:V,0),COLUMN(W54))","v":"$W$50"},{"$f":"ADDRESS((MATCH(COUNTIF(INDIRECT(Z54):$S54,\"NIVEL 2\"),INDIRECT(AA54):W54,0)+(MATCH(COUNTIF($R$2:$R54,\"NIVEL 1\"),V:V,0)-1)),COLUMN(T54))","v":"$T$52"},null,null,null,null,null,null,null,null,null,null,null,null,null,null,null,null,null,null,null,null,null,null,null,null,null,null,{"$f":"PROCURA_PRECO_SERVICO","v":0}]
[null,null,null,null,null,null,null,null,null,null,null,null,null,null,null,null,null,null,null,null,null,{"$f":"COUNTIF($R$2:$R55,\"NIVEL 1\")","v":3},1,1,0,{"$f":"ADDRESS(MATCH(COUNTIF($R$2:$R55,\"NIVEL 1\"),V:V,0),COLUMN(S55))","v":"$S$50"},{"$f":"ADDRESS(MATCH(COUNTIF($R$2:$R55,\"NIVEL 1\"),V:V,0),COLUMN(W55))","v":"$W$50"},{"$f":"ADDRESS((MATCH(COUNTIF(INDIRECT(Z55):$S55,\"NIVEL 2\"),INDIRECT(AA55):W55,0)+(MATCH(COUNTIF($R$2:$R55,\"NIVEL 1\"),V:V,0)-1)),COLUMN(T55))","v":"$T$52"},null,null,null,null,null,null,null,null,null,null,null,null,null,null,null,null,null,null,null,null,null,null,null,null,null,null,{"$f":"PROCURA_PRECO_SERVICO","v":0}]
[{"$f":"V56&\".\"&W56&\".\"&X56&\".\"&Y56","v":"3.1.1.1"},"SETOP","ED-28427",{"$f":"PROCURA_DESCRICAO_SERVICO","v":"FORNECIMENTO E COLOCAÇÃO DE PLACA DE OBRA EM CHAPA GALVANIZADA #26, ESP. 0,45MM, DIMENSÃO (3X1,5)M, PLOTADA COM ADESIVO VINÍLICO, AFIXADA COM REBITES 4,8X40MM, EM ESTRUTURA METÁLICA DE METALON 20X20MM, ESP. 1,25MM, INCLUSIVE SUPORTE EM EUCALIPTO AUTOCLAVADO PINTADO COM TINTA PVA DUAS (2) DEMÃOS"},{"$f":"PROCURA_UNIDADE_SERVICO","v":"UN"},1,{"$f":"PROCURA_PRECO_SERVICO","v":1340.46},{"$f":"CUSTO_BDI_SERVICO","v":1692.19},{"$f":"CUSTO_TOTAL_SERVICO","v":1692.19},null,null,null,null,"SERVIÇO",null,null,null,"NIVEL 4","NIVEL 4","NIVEL 4","NIVEL 4",{"$f":"COUNTIF($R$2:$R56,\"NIVEL 1\")","v":3},1,1,1,{"$f":"ADDRESS(MATCH(COUNTIF($R$2:$R56,\"NIVEL 1\"),V:V,0),COLUMN(S56))","v":"$S$50"},{"$f":"ADDRESS(MATCH(COUNTIF($R$2:$R56,\"NIVEL 1\"),V:V,0),COLUMN(W56))","v":"$W$50"},{"$f":"ADDRESS((MATCH(COUNTIF(INDIRECT(Z56):$S56,\"NIVEL 2\"),INDIRECT(AA56):W56,0)+(MATCH(COUNTIF($R$2:$R56,\"NIVEL 1\"),V:V,0)-1)),COLUMN(T56))","v":"$T$52"},null,null,null,null,null,null,null,null,null,null,null,null,null,null,null,null,null,null,null,null,null,null,null,null,null,null,{"$f":"PROCURA_PRECO_SERVICO","v":1340.46}]
[null,null,null,null,null,null,null,null,null,null,null,null,null,null,null,null,null,null,null,null,null,{"$f":"COUNTIF($R$2:$R57,\"NIVEL 1\")","v":3},1,1,0,{"$f":"ADDRESS(MATCH(COUNTIF($R$2:$R57,\"NIVEL 1\"),V:V,0),COLUMN(S57))","v":"$S$50"},{"$f":"ADDRESS(MATCH(COUNTIF($R$2:$R57,\"NIVEL 1\"),V:V,0),COLUMN(W57))","v":"$W$50"},{"$f":"ADDRESS((MATCH(COUNTIF(INDIRECT(Z57):$S57,\"NIVEL 2\"),INDIRECT(AA57):W57,0)+(MATCH(COUNTIF($R$2:$R57,\"NIVEL 1\"),V:V,0)-1)),COLUMN(T57))","v":"$T$52"},null,null,null,null,null,null,null,null,null,null,null,null,null,null,null,null,null,null,null,null,null,null,null,null,null,null,{"$f":"PROCURA_PRECO_SERVICO","v":0}]
[null,null,null,{"$f":"\"SUBTOTAL DO ITEM - \"&A54","v":"SUBTOTAL DO ITEM - 3.1.1"},null,null,null,null,{"$f":"SUBTOTAL(9,OFFSET(I54,1,0):OFFSET(I58,-1,0))","v":1692.19},null,null,null,null,"SUBSUBITEM_FIM",null,null,null,null,null,null,null,{"$f":"COUNTIF($R$2:$R58,\"NIVEL 1\")","v":3},1,1,0,{"$f":"ADDRESS(MATCH(COUNTIF($R$2:$R58,\"NIVEL 1\"),V:V,0),COLUMN(S58))","v":"$S$50"},{"$f":"ADDRESS(MATCH(COUNTIF($R$2:$R58,\"NIVEL 1\"),V:V,0),COLUMN(W58))","v":"$W$50"},{"$f":"ADDRESS((MATCH(COUNTIF(INDIRECT(Z58):$S58,\"NIVEL 2\"),INDIRECT(AA58):W58,0)+(MATCH(COUNTIF($R$2:$R58,\"NIVEL 1\"),V:V,0)-1)),COLUMN(T58))","v":"$T$52"},null,null,null,null,null,null,null,null,null,null,null,null,null,null,null,null,null,null,null,null,null,null,null,null,null,null,{"$f":"PROCURA_PRECO_SERVICO","v":0}]
[null,null,null,null,null,null,null,null,null,null,null,null,null,null,null,null,null,null,null,null,null,{"$f":"COUNTIF($R$2:$R59,\"NIVEL 1\")","v":3},1,1,0,{"$f":"ADDRESS(MATCH(COUNTIF($R$2:$R59,\"NIVEL 1\"),V:V,0),COLUMN(S59))","v":"$S$50"},{"$f":"ADDRESS(MATCH(COUNTIF($R$2:$R59,\"NIVEL 1\"),V:V,0),COLUMN(W59))","v":"$W$50"},{"$f":"ADDRESS((MATCH(COUNTIF(INDIRECT(Z59):$S59,\"NIVEL 2\"),INDIRECT(AA59):W59,0)+(MATCH(COUNTIF($R$2:$R59,\"NIVEL 1\"),V:V,0)-1)),COLUMN(T59))","v":"$T$52"},null,null,null,null,null,null,null,null,null,null,null,null,null,null,null,null,null,null,null,null,null,null,null,null,null,null,{"$f":"PROCURA_PRECO_SERVICO","v":0}]
[null,null,null,{"$f":"\"SUBTOTAL DO ITEM  - \"&A52","v":"SUBTOTAL DO ITEM  - 3.1"},null,null,null,null,{"$f":"SUBTOTAL(9,OFFSET(I52,1,0):OFFSET(I60,-1,0))","v":1692.19},null,null,null,null,"SUBITEM_FIM",null,null,null,null,null,null,null,{"$f":"COUNTIF($R$2:$R60,\"NIVEL 1\")","v":3},1,1,0,{"$f":"ADDRESS(MATCH(COUNTIF($R$2:$R60,\"NIVEL 1\"),V:V,0),COLUMN(S60))","v":"$S$50"},{"$f":"ADDRESS(MATCH(COUNTIF($R$2:$R60,\"NIVEL 1\"),V:V,0),COLUMN(W60))","v":"$W$50"},{"$f":"ADDRESS((MATCH(COUNTIF(INDIRECT(Z60):$S60,\"NIVEL 2\"),INDIRECT(AA60):W60,0)+(MATCH(COUNTIF($R$2:$R60,\"NIVEL 1\"),V:V,0)-1)),COLUMN(T60))","v":"$T$52"},null,null,null,null,null,null,null,null,null,null,null,null,null,null,null,null,null,null,null,null,null,null,null,null,null,null,{"$f":"PROCURA_PRECO_SERVICO","v":0}]
[null,null,null,null,null,null,null,null,null,null,null,null,null,null,null,null,null,null,null,null,null,{"$f":"COUNTIF($R$2:$R61,\"NIVEL 1\")","v":3},1,1,0,{"$f":"ADDRESS(MATCH(COUNTIF($R$2:$R61,\"NIVEL 1\"),V:V,0),COLUMN(S61))","v":"$S$50"},{"$f":"ADDRESS(MATCH(COUNTIF($R$2:$R61,\"NIVEL 1\"),V:V,0),COLUMN(W61))","v":"$W$50"},{"$f":"ADDRESS((MATCH(COUNTIF(INDIRECT(Z61):$S61,\"NIVEL 2\"),INDIRECT(AA61):W61,0)+(MATCH(COUNTIF($R$2:$R61,\"NIVEL 1\"),V:V,0)-1)),COLUMN(T61))","v":"$T$52"},null,null,null,null,null,null,null,null,null,null,null,null,null,null,null,null,null,null,null,null,null,null,null,null,null,null,{"$f":"PROCURA_PRECO_SERVICO","v":0}]
[{"$f":"V62&\".\"&W62","v":"3.2"},null,null,"LOCAÇÃO DE OBRA",null,null,null,null,null,null,null,null,null,"SUBITEM_INICIO",null,null,null,"NIVEL 2","NIVEL 2",null,null,{"$f":"COUNTIF($R$2:$R62,\"NIVEL 1\")","v":3},2,0,0,{"$f":"ADDRESS(MATCH(COUNTIF($R$2:$R62,\"NIVEL 1\"),V:V,0),COLUMN(S62))","v":"$S$50"},{"$f":"ADDRESS(MATCH(COUNTIF($R$2:$R62,\"NIVEL 1\"),V:V,0),COLUMN(W62))","v":"$W$50"},{"$f":"ADDRESS((MATCH(COUNTIF(INDIRECT(Z62):$S62,\"NIVEL 2\"),INDIRECT(AA62):W62,0)+(MATCH(COUNTIF($R$2:$R62,\"NIVEL 1\"),V:V,0)-1)),COLUMN(T62))","v":"$T$62"},null,null,null,null,null,null,null,null,null,null,null,null,null,null,null,null,null,null,null,null,null,null,null,null,null,null,{"$f":"PROCURA_PRECO_SERVICO","v":0}]
[null,null,null,null,null,null,null,null,null,null,null,null,null,null,null,null,null,null,null,null,null,{"$f":"COUNTIF($R$2:$R63,\"NIVEL 1\")","v":3},2,0,0,{"$f":"ADDRESS(MATCH(COUNTIF($R$2:$R63,\"NIVEL 1\"),V:V,0),COLUMN(S63))","v":"$S$50"},{"$f":"ADDRESS(MATCH(COUNTIF($R$2:$R63,\"NIVEL 1\"),V:V,0),COLUMN(W63))","v":"$W$50"},{"$f":"ADDRESS((MATCH(COUNTIF(INDIRECT(Z63):$S63,\"NIVEL 2\"),INDIRECT(AA63):W63,0)+(MATCH(COUNTIF($R$2:$R63,\"NIVEL 1\"),V:V,0)-1)),COLUMN(T63))","v":"$T$62"},null,null,null,null,null,null,null,null,null,null,null,null,null,null,null,null,null,null,null,null,null,null,null,null,null,null,{"$f":"PROCURA_PRECO_SERVICO","v":0}]
[{"$f":"V64&\".\"&W64&\".\"&X64","v":"3.2.1"},null,null,"LOCAÇÃO DE OBRA",null,null,null,null,null,null,null,null,null,"SUBSUBITEM_INICIO",null,null,null,"NIVEL 3","NIVEL 3","NIVEL 3",null,{"$f":"COUNTIF($R$2:$R64,\"NIVEL 1\")","v":3},2,1,0,{"$f":"ADDRESS(MATCH(COUNTIF($R$2:$R64,\"NIVEL 1\"),V:V,0),COLUMN(S64))","v":"$S$50"},{"$f":"ADDRESS(MATCH(COUNTIF($R$2:$R64,\"NIVEL 1\"),V:V,0),COLUMN(W64))","v":"$W$50"},{"$f":"ADDRESS((MATCH(COUNTIF(INDIRECT(Z64):$S64,\"NIVEL 2\"),INDIRECT(AA64):W64,0)+(MATCH(COUNTIF($R$2:$R64,\"NIVEL 1\"),V:V,0)-1)),COLUMN(T64))","v":"$T$62"},null,null,null,null,null,null,null,null,null,null,null,null,null,null,null,null,null,null,null,null,null,null,null,null,null,null,{"$f":"PROCURA_PRECO_SERVICO","v":0}]
[null,null,null,null,null,null,null,null,null,null,null,null,null,null,null,null,null,null,null,null,null,{"$f":"COUNTIF($R$2:$R65,\"NIVEL 1\")","v":3},2,1,0,{"$f":"ADDRESS(MATCH(COUNTIF($R$2:$R65,\"NIVEL 1\"),V:V,0),COLUMN(S65))","v":"$S$50"},{"$f":"ADDRESS(MATCH(COUNTIF($R$2:$R65,\"NIVEL 1\"),V:V,0),COLUMN(W65))","v":"$W$50"},{"$f":"ADDRESS((MATCH(COUNTIF(INDIRECT(Z65):$S65,\"NIVEL 2\"),INDIRECT(AA65):W65,0)+(MATCH(COUNTIF($R$2:$R65,\"NIVEL 1\"),V:V,0)-1)),COLUMN(T65))","v":"$T$62"},null,null,null,null,null,null,null,null,null,null,null,null,null,null,null,null,null,null,null,null,null,null,null,null,null,null,{"$f":"PROCURA_PRECO_SERVICO","v":0}]
[{"$f":"V66&\".\"&W66&\".\"&X66&\".\"&Y66","v":"3.2.1.1"},"SETOP","ED-17989",{"$f":"PROCURA_DESCRICAO_SERVICO","v":"LOCAÇÃO DE OBRA COM GABARITO DE TÁBUAS CORRIDAS PONTALETADAS A CADA 2,00M, REAPROVEITAMENTO (2X), INCLUSIVE ACOMPANHAMENTO DE EQUIPE TOPOGRÁFICA PARA MARCAÇÃO DE PONTO TOPOGRÁFICO"},{"$f":"PROCURA_UNIDADE_SERVICO","v":"M"},109.32,{"$f":"PROCURA_PRECO_SERVICO","v":58.85},{"$f":"CUSTO_BDI_SERVICO","v":74.29},{"$f":"CUSTO_TOTAL_SERVICO","v":8121.38},null,null,null,null,"SERVIÇO",null,null,null,"NIVEL 4","NIVEL 4","NIVEL 4","NIVEL 4",{"$f":"COUNTIF($R$2:$R66,\"NIVEL 1\")","v":3},2,1,1,{"$f":"ADDRESS(MATCH(COUNTIF($R$2:$R66,\"NIVEL 1\"),V:V,0),COLUMN(S66))","v":"$S$50"},{"$f":"ADDRESS(MATCH(COUNTIF($R$2:$R66,\"NIVEL 1\"),V:V,0),COLUMN(W66))","v":"$W$50"},{"$f":"ADDRESS((MATCH(COUNTIF(INDIRECT(Z66):$S66,\"NIVEL 2\"),INDIRECT(AA66):W66,0)+(MATCH(COUNTIF($R$2:$R66,\"NIVEL 1\"),V:V,0)-1)),COLUMN(T66))","v":"$T$62"},null,null,null,null,null,null,null,null,null,null,null,null,null,null,null,null,null,null,null,null,null,null,null,null,null,null,{"$f":"PROCURA_PRECO_SERVICO","v":58.85}]
[null,null,null,null,null,null,null,null,null,null,null,null,null,null,null,null,null,null,null,null,null,{"$f":"COUNTIF($R$2:$R67,\"NIVEL 1\")","v":3},2,1,0,{"$f":"ADDRESS(MATCH(COUNTIF($R$2:$R67,\"NIVEL 1\"),V:V,0),COLUMN(S67))","v":"$S$50"},{"$f":"ADDRESS(MATCH(COUNTIF($R$2:$R67,\"NIVEL 1\"),V:V,0),COLUMN(W67))","v":"$W$50"},{"$f":"ADDRESS((MATCH(COUNTIF(INDIRECT(Z67):$S67,\"NIVEL 2\"),INDIRECT(AA67):W67,0)+(MATCH(COUNTIF($R$2:$R67,\"NIVEL 1\"),V:V,0)-1)),COLUMN(T67))","v":"$T$62"},null,null,null,null,null,null,null,null,null,null,null,null,null,null,null,null,null,null,null,null,null,null,null,null,null,null,{"$f":"PROCURA_PRECO_SERVICO","v":0}]
[null,null,null,{"$f":"\"SUBTOTAL DO ITEM - \"&A64","v":"SUBTOTAL DO ITEM - 3.2.1"},null,null,null,null,{"$f":"SUBTOTAL(9,OFFSET(I64,1,0):OFFSET(I68,-1,0))","v":8121.38},null,null,null,null,"SUBSUBITEM_FIM",null,null,null,null,null,null,null,{"$f":"COUNTIF($R$2:$R68,\"NIVEL 1\")","v":3},2,1,0,{"$f":"ADDRESS(MATCH(COUNTIF($R$2:$R68,\"NIVEL 1\"),V:V,0),COLUMN(S68))","v":"$S$50"},{"$f":"ADDRESS(MATCH(COUNTIF($R$2:$R68,\"NIVEL 1\"),V:V,0),COLUMN(W68))","v":"$W$50"},{"$f":"ADDRESS((MATCH(COUNTIF(INDIRECT(Z68):$S68,\"NIVEL 2\"),INDIRECT(AA68):W68,0)+(MATCH(COUNTIF($R$2:$R68,\"NIVEL 1\"),V:V,0)-1)),COLUMN(T68))","v":"$T$62"},null,null,null,null,null,null,null,null,null,null,null,null,null,null,null,null,null,null,null,null,null,null,null,null,null,null,{"$f":"PROCURA_PRECO_SERVICO","v":0}]
[null,null,null,null,null,null,null,null,null,null,null,null,null,null,null,null,null,null,null,null,null,{"$f":"COUNTIF($R$2:$R69,\"NIVEL 1\")","v":3},2,1,0,{"$f":"ADDRESS(MATCH(COUNTIF($R$2:$R69,\"NIVEL 1\"),V:V,0),COLUMN(S69))","v":"$S$50"},{"$f":"ADDRESS(MATCH(COUNTIF($R$2:$R69,\"NIVEL 1\"),V:V,0),COLUMN(W69))","v":"$W$50"},{"$f":"ADDRESS((MATCH(COUNTIF(INDIRECT(Z69):$S69,\"NIVEL 2\"),INDIRECT(AA69):W69,0)+(MATCH(COUNTIF($R$2:$R69,\"NIVEL 1\"),V:V,0)-1)),COLUMN(T69))","v":"$T$62"},null,null,null,null,null,null,null,null,null,null,null,null,null,null,null,null,null,null,null,null,null,null,null,null,null,null,{"$f":"PROCURA_PRECO_SERVICO","v":0}]
[null,null,null,{"$f":"\"SUBTOTAL DO ITEM  - \"&A62","v":"SUBTOTAL DO ITEM  - 3.2"},null,null,null,null,{"$f":"SUBTOTAL(9,OFFSET(I62,1,0):OFFSET(I70,-1,0))","v":8121.38},null,null,null,null,"SUBITEM_FIM",null,null,null,null,null,null,null,{"$f":"COUNTIF($R$2:$R70,\"NIVEL 1\")","v":3},2,1,0,{"$f":"ADDRESS(MATCH(COUNTIF($R$2:$R70,\"NIVEL 1\"),V:V,0),COLUMN(S70))","v":"$S$50"},{"$f":"ADDRESS(MATCH(COUNTIF($R$2:$R70,\"NIVEL 1\"),V:V,0),COLUMN(W70))","v":"$W$50"},{"$f":"ADDRESS((MATCH(COUNTIF(INDIRECT(Z70):$S70,\"NIVEL 2\"),INDIRECT(AA70):W70,0)+(MATCH(COUNTIF($R$2:$R70,\"NIVEL 1\"),V:V,0)-1)),COLUMN(T70))","v":"$T$62"},null,null,null,null,null,null,null,null,null,null,null,null,null,null,null,null,null,null,null,null,null,null,null,null,null,null,{"$f":"PROCURA_PRECO_SERVICO","v":0}]
[null,null,null,null,null,null,null,null,null,null,null,null,null,null,null,null,null,null,null,null,null,{"$f":"COUNTIF($R$2:$R71,\"NIVEL 1\")","v":3},2,1,0,{"$f":"ADDRESS(MATCH(COUNTIF($R$2:$R71,\"NIVEL 1\"),V:V,0),COLUMN(S71))","v":"$S$50"},{"$f":"ADDRESS(MATCH(COUNTIF($R$2:$R71,\"NIVEL 1\"),V:V,0),COLUMN(W71))","v":"$W$50"},{"$f":"ADDRESS((MATCH(COUNTIF(INDIRECT(Z71):$S71,\"NIVEL 2\"),INDIRECT(AA71):W71,0)+(MATCH(COUNTIF($R$2:$R71,\"NIVEL 1\"),V:V,0)-1)),COLUMN(T71))","v":"$T$62"},null,null,null,null,null,null,null,null,null,null,null,null,null,null,null,null,null,null,null,null,null,null,null,null,null,null,{"$f":"PROCURA_PRECO_SERVICO","v":0}]
[{"$f":"V72&\".\"&W72","v":"3.3"},null,null,"CANTEIRO DE OBRAS",null,null,null,null,null,null,null,null,null,"SUBITEM_INICIO",null,null,null,"NIVEL 2","NIVEL 2",null,null,{"$f":"COUNTIF($R$2:$R72,\"NIVEL 1\")","v":3},{"$f":"IFERROR(COUNTIF(INDIRECT(Z72):S72,\"NIVEL 2\"),0)","v":3},{"$f":"COUNTIF(INDIRECT(AB72):T72,\"NIVEL 3\")","v":0},0,{"$f":"ADDRESS(MATCH(COUNTIF($R$2:$R72,\"NIVEL 1\"),V:V,0),COLUMN(S72))","v":"$S$50"},{"$f":"ADDRESS(MATCH(COUNTIF($R$2:$R72,\"NIVEL 1\"),V:V,0),COLUMN(W72))","v":"$W$50"},{"$f":"ADDRESS((MATCH(COUNTIF(INDIRECT(Z72):$S72,\"NIVEL 2\"),INDIRECT(AA72):W72,0)+(MATCH(COUNTIF($R$2:$R72,\"NIVEL 1\"),V:V,0)-1)),COLUMN(T72))","v":"$T$72"},null,null,null,null,null,null,null,null,null,null,null,null,null,null,null,null,null,null,null,null,null,null,null,null,null,null,{"$f":"PROCURA_PRECO_SERVICO","v":0}]
[null,null,null,null,null,null,null,null,null,null,null,null,null,null,null,null,null,null,null,null,null,{"$f":"COUNTIF($R$2:$R73,\"NIVEL 1\")","v":3},3,0,0,{"$f":"ADDRESS(MATCH(COUNTIF($R$2:$R73,\"NIVEL 1\"),V:V,0),COLUMN(S73))","v":"$S$50"},{"$f":"ADDRESS(MATCH(COUNTIF($R$2:$R73,\"NIVEL 1\"),V:V,0),COLUMN(W73))","v":"$W$50"},{"$f":"ADDRESS((MATCH(COUNTIF(INDIRECT(Z73):$S73,\"NIVEL 2\"),INDIRECT(AA73):W73,0)+(MATCH(COUNTIF($R$2:$R73,\"NIVEL 1\"),V:V,0)-1)),COLUMN(T73))","v":"$T$72"},null,null,null,null,null,null,null,null,null,null,null,null,null,null,null,null,null,null,null,null,null,null,null,null,null,null,{"$f":"PROCURA_PRECO_SERVICO","v":0}]
[{"$f":"V74&\".\"&W74&\".\"&X74","v":"3.3.1"},null,null,"CANTEIRO DE OBRAS",null,null,null,null,null,null,null,null,null,"SUBSUBITEM_INICIO",null,null,null,"NIVEL 3","NIVEL 3","NIVEL 3",null,{"$f":"COUNTIF($R$2:$R74,\"NIVEL 1\")","v":3},3,1,0,{"$f":"ADDRESS(MATCH(COUNTIF($R$2:$R74,\"NIVEL 1\"),V:V,0),COLUMN(S74))","v":"$S$50"},{"$f":"ADDRESS(MATCH(COUNTIF($R$2:$R74,\"NIVEL 1\"),V:V,0),COLUMN(W74))","v":"$W$50"},{"$f":"ADDRESS((MATCH(COUNTIF(INDIRECT(Z74):$S74,\"NIVEL 2\"),INDIRECT(AA74):W74,0)+(MATCH(COUNTIF($R$2:$R74,\"NIVEL 1\"),V:V,0)-1)),COLUMN(T74))","v":"$T$72"},null,null,null,null,null,null,null,null,null,null,null,null,null,null,null,null,null,null,null,null,null,null,null,null,null,null,{"$f":"PROCURA_PRECO_SERVICO","v":0}]
[null,null,null,null,null,null,null,null,null,null,null,null,null,null,null,null,null,null,null,null,null,{"$f":"COUNTIF($R$2:$R75,\"NIVEL 1\")","v":3},3,1,0,{"$f":"ADDRESS(MATCH(COUNTIF($R$2:$R75,\"NIVEL 1\"),V:V,0),COLUMN(S75))","v":"$S$50"},{"$f":"ADDRESS(MATCH(COUNTIF($R$2:$R75,\"NIVEL 1\"),V:V,0),COLUMN(W75))","v":"$W$50"},{"$f":"ADDRESS((MATCH(COUNTIF(INDIRECT(Z75):$S75,\"NIVEL 2\"),INDIRECT(AA75):W75,0)+(MATCH(COUNTIF($R$2:$R75,\"NIVEL 1\"),V:V,0)-1)),COLUMN(T75))","v":"$T$72"},null,null,null,null,null,null,null,null,null,null,null,null,null,null,null,null,null,null,null,null,null,null,null,null,null,null,{"$f":"PROCURA_PRECO_SERVICO","v":0}]
[{"$f":"V76&\".\"&W76&\".\"&X76&\".\"&Y76","v":"3.3.1.1"},"SETOP","ED-50137",{"$f":"PROCURA_DESCRICAO_SERVICO","v":"MOBILIZAÇÃO E DESMOBILIZAÇÃO DE CONTAINER, INCLUSIVE CARGA, DESCARGA E TRANSPORTE EM CAMINHÃO CARROCERIA COM GUINDAUTO (MUNCK), EXCLUSIVE LOCAÇÃO DO CONTAINER"},{"$f":"PROCURA_UNIDADE_SERVICO","v":"UN"},4,{"$f":"PROCURA_PRECO_SERVICO","v":686.28},{"$f":"CUSTO_BDI_SERVICO","v":866.35},{"$f":"CUSTO_TOTAL_SERVICO","v":3465.4},null,null,null,null,"SERVIÇO",null,null,null,"NIVEL 4","NIVEL 4","NIVEL 4","NIVEL 4",{"$f":"COUNTIF($R$1:$R76,\"NIVEL 1\")","v":3},3,1,1,{"$f":"ADDRESS(MATCH(COUNTIF($R$1:$R76,\"NIVEL 1\"),V:V,0),COLUMN(S76))","v":"$S$50"},{"$f":"ADDRESS(MATCH(COUNTIF($R$1:$R76,\"NIVEL 1\"),V:V,0),COLUMN(W76))","v":"$W$50"},{"$f":"ADDRESS((MATCH(COUNTIF(INDIRECT(Z76):$S76,\"NIVEL 2\"),INDIRECT(AA76):W76,0)+(MATCH(COUNTIF($R$1:$R76,\"NIVEL 1\"),V:V,0)-1)),COLUMN(T76))","v":"$T$72"},null,null,null,null,null,null,null,null,null,null,null,null,null,null,null,null,null,null,null,null,null,null,null,null,null,null,{"$f":"PROCURA_PRECO_SERVICO","v":686.28}]
["3.3.1.2","SETOP","ED-16348",{"$f":"PROCURA_DESCRICAO_SERVICO","v":"LOCAÇÃO DE CONTAINER COM ISOLAMENTO TÉRMICO, TIPO 1, PARA ESCRITÓRIO DE OBRA, COM MEDIDAS REFERENCIAIS DE (6) METROS COMPRIMENTO, (2,3) METROS LARGURA E (2,5) METROS ALTURA ÚTIL INTERNA, INCLUSIVE AR CONDICIONADO E LIGAÇÕES ELÉTRICAS INTERNAS, EXCLUSIVE MOBILIZAÇÃO/DESMOBILIZAÇÃO E LIGAÇÕES PROVISÓRIAS EXTERNAS"},{"$f":"PROCURA_UNIDADE_SERVICO","v":"MÊS"},{"$f":"Resumo!C5","v":6},{"$f":"PROCURA_PRECO_SERVICO","v":784.6},990.47,5942.82,null,null,null,null,"SERVIÇO",null,null,null,"NIVEL 4","NIVEL 4","NIVEL 4","NIVEL 4",{"$f":"COUNTIF($R$1:$R77,\"NIVEL 1\")","v":3},3,1,2,{"$f":"ADDRESS(MATCH(COUNTIF($R$1:$R77,\"NIVEL 1\"),V:V,0),COLUMN(S77))","v":"$S$50"},{"$f":"ADDRESS(MATCH(COUNTIF($R$1:$R77,\"NIVEL 1\"),V:V,0),COLUMN(W77))","v":"$W$50"},{"$f":"ADDRESS((MATCH(COUNTIF(INDIRECT(Z77):$S77,\"NIVEL 2\"),INDIRECT(AA77):W77,0)+(MATCH(COUNTIF($R$1:$R77,\"NIVEL 1\"),V:V,0)-1)),COLUMN(T77))","v":"$T$72"},null,null,null,null,null,null,null,null,null,null,null,null,null,null,null,null,null,null,null,null,null,null,null,null,null,null,{"$f":"PROCURA_PRECO_SERVICO","v":784.6}]
["3.3.1.3","SETOP","ED-16350",{"$f":"PROCURA_DESCRICAO_SERVICO","v":"LOCAÇÃO DE CONTAINER COM ISOLAMENTO TÉRMICO, TIPO 3, PARA DEPÓSITO/FERRAMENTARIA DE OBRA, COM MEDIDAS REFERENCIAIS DE (6) METROS COMPRIMENTO, (2,3) METROS LARGURA E (2,5) METROS ALTURA ÚTIL INTERNA, INCLUSIVE LIGAÇÕES ELÉTRICAS INTERNAS, EXCLUSIVE MOBILIZAÇÃO/DESMOBILIZAÇÃO E LIGAÇÕES PROVISÓRIAS EXTERNAS"},{"$f":"PROCURA_UNIDADE_SERVICO","v":"MÊS"},{"$f":"Resumo!C5","v":6},{"$f":"PROCURA_PRECO_SERVICO","v":676.39},853.87,5123.22,null,null,null,null,"SERVIÇO",null,null,null,"NIVEL 4","NIVEL 4","NIVEL 4","NIVEL 4",{"$f":"COUNTIF($R$1:$R78,\"NIVEL 1\")","v":3},3,1,3,{"$f":"ADDRESS(MATCH(COUNTIF($R$1:$R78,\"NIVEL 1\"),V:V,0),COLUMN(S78))","v":"$S$50"},{"$f":"ADDRESS(MATCH(COUNTIF($R$1:$R78,\"NIVEL 1\"),V:V,0),COLUMN(W78))","v":"$W$50"},{"$f":"ADDRESS((MATCH(COUNTIF(INDIRECT(Z78):$S78,\"NIVEL 2\"),INDIRECT(AA78):W78,0)+(MATCH(COUNTIF($R$1:$R78,\"NIVEL 1\"),V:V,0)-1)),COLUMN(T78))","v":"$T$72"},null,null,null,null,null,null,null,null,null,null,null,null,null,null,null,null,null,null,null,null,null,null,null,null,null,null,{"$f":"PROCURA_PRECO_SERVICO","v":676.39}]
["3.3.1.4","SETOP","ED-16351",{"$f":"PROCURA_DESCRICAO_SERVICO","v":"LOCAÇÃO DE CONTAINER COM ISOLAMENTO TÉRMICO, TIPO 4, PARA REFEITÓRIO DE OBRA, COM MEDIDAS REFERENCIAIS DE (6) METROS COMPRIMENTO, (2,3) METROS LARGURA E (2,5) METROS ALTURA ÚTIL INTERNA, INCLUSIVE LIGAÇÕES ELÉTRICAS INTERNAS, EXCLUSIVE MOBILIZAÇÃO/DESMOBILIZAÇÃO E LIGAÇÕES PROVISÓRIAS EXTERNAS"},{"$f":"PROCURA_UNIDADE_SERVICO","v":"MÊS"},{"$f":"Resumo!C5","v":6},{"$f":"PROCURA_PRECO_SERVICO","v":601.9},759.83,4558.98,null,null,null,null,"SERVIÇO",null,null,null,"NIVEL 4","NIVEL 4","NIVEL 4","NIVEL 4",{"$f":"COUNTIF($R$1:$R79,\"NIVEL 1\")","v":3},3,1,4,{"$f":"ADDRESS(MATCH(COUNTIF($R$1:$R79,\"NIVEL 1\"),V:V,0),COLUMN(S79))","v":"$S$50"},{"$f":"ADDRESS(MATCH(COUNTIF($R$1:$R79,\"NIVEL 1\"),V:V,0),COLUMN(W79))","v":"$W$50"},{"$f":"ADDRESS((MATCH(COUNTIF(INDIRECT(Z79):$S79,\"NIVEL 2\"),INDIRECT(AA79):W79,0)+(MATCH(COUNTIF($R$1:$R79,\"NIVEL 1\"),V:V,0)-1)),COLUMN(T79))","v":"$T$72"},null,null,null,null,null,null,null,null,null,null,null,null,null,null,null,null,null,null,null,null,null,null,null,null,null,null,{"$f":"PROCURA_PRECO_SERVICO","v":601.9}]
["3.3.1.5","SETOP","ED-16354",{"$f":"PROCURA_DESCRICAO_SERVICO","v":"LOCAÇÃO DE CONTAINER COM ISOLAMENTO TÉRMICO, TIPO 7, PARA VESTIÁRIO DE OBRA COM QUATRO (4) CHUVEIROS, TRÊS (3) VASOS SANITÁRIOS, UM (1) MICTÓRIO E UM (1) LAVATÓRIO, COM MEDIDAS REFERENCIAIS DE (6) METROS COMPRIMENTO, (2,3) METROS LARGURA E (2,5) METROS ALTURA ÚTIL INTERNA, INCLUSIVE LIGAÇÕES ELÉTRICAS E HIDROSSANITÁRIAS INTERNAS, EXCLUSIVE MOBILIZAÇÃO/DESMOBILIZAÇÃO E LIGAÇÕES PROVISÓRIAS EXTERNAS"},{"$f":"PROCURA_UNIDADE_SERVICO","v":"MÊS"},{"$f":"Resumo!C5","v":6},{"$f":"PROCURA_PRECO_SERVICO","v":787.91},{"$f":"CUSTO_BDI_SERVICO","v":994.65},{"$f":"CUSTO_TOTAL_SERVICO","v":5967.9},null,null,null,null,"SERVIÇO",null,null,null,"NIVEL 4","NIVEL 4","NIVEL 4","NIVEL 4",{"$f":"COUNTIF($R$2:$R80,\"NIVEL 1\")","v":3},3,1,5,{"$f":"ADDRESS(MATCH(COUNTIF($R$2:$R80,\"NIVEL 1\"),V:V,0),COLUMN(S80))","v":"$S$50"},{"$f":"ADDRESS(MATCH(COUNTIF($R$2:$R80,\"NIVEL 1\"),V:V,0),COLUMN(W80))","v":"$W$50"},{"$f":"ADDRESS((MATCH(COUNTIF(INDIRECT(Z80):$S80,\"NIVEL 2\"),INDIRECT(AA80):W80,0)+(MATCH(COUNTIF($R$2:$R80,\"NIVEL 1\"),V:V,0)-1)),COLUMN(T80))","v":"$T$72"},null,null,null,null,null,null,null,null,null,null,null,null,null,null,null,null,null,null,null,null,null,null,null,null,null,null,{"$f":"PROCURA_PRECO_SERVICO","v":787.91}]
[{"$f":"V81&\".\"&W81&\".\"&X81&\".\"&Y81","v":"3.3.1.6"},"SETOP","ED-16341",{"$f":"PROCURA_DESCRICAO_SERVICO","v":"LIGAÇÃO PROVISÓRIA DE ÁGUA E ESGOTO PARA CONTAINER (ESCRITÓRIO DE OBRA)"},{"$f":"PROCURA_UNIDADE_SERVICO","v":"UN"},1,{"$f":"PROCURA_PRECO_SERVICO","v":295.77},{"$f":"CUSTO_BDI_SERVICO","v":373.38},{"$f":"CUSTO_TOTAL_SERVICO","v":373.38},null,null,null,null,"SERVIÇO",null,null,null,"NIVEL 4","NIVEL 4","NIVEL 4","NIVEL 4",{"$f":"COUNTIF($R$1:$R81,\"NIVEL 1\")","v":3},3,1,{"$f":"IF(U81=\"NIVEL 4\",OFFSET(Y81,-1,0)+1,0)","v":6},{"$f":"ADDRESS(MATCH(COUNTIF($R$1:$R81,\"NIVEL 1\"),V:V,0),COLUMN(S81))","v":"$S$50"},{"$f":"ADDRESS(MATCH(COUNTIF($R$1:$R81,\"NIVEL 1\"),V:V,0),COLUMN(W81))","v":"$W$50"},{"$f":"ADDRESS((MATCH(COUNTIF(INDIRECT(Z81):$S81,\"NIVEL 2\"),INDIRECT(AA81):W81,0)+(MATCH(COUNTIF($R$1:$R81,\"NIVEL 1\"),V:V,0)-1)),COLUMN(T81))","v":"$T$72"},null,null,null,null,null,null,null,null,null,null,null,null,null,null,null,null,null,null,null,null,null,null,null,null,null,null,{"$f":"PROCURA_PRECO_SERVICO","v":295.77}]
["3.3.1.7","SETOP","ED-16342",{"$f":"PROCURA_DESCRICAO_SERVICO","v":"LIGAÇÃO PROVISÓRIA DE ENERGIA ELÉTRICA PARA CONTAINER"},{"$f":"PROCURA_UNIDADE_SERVICO","v":"UN"},4,{"$f":"PROCURA_PRECO_SERVICO","v":327.92},413.96,1655.84,null,null,null,null,"SERVIÇO",null,null,null,"NIVEL 4","NIVEL 4","NIVEL 4","NIVEL 4",{"$f":"COUNTIF($R$1:$R82,\"NIVEL 1\")","v":3},3,1,7,{"$f":"ADDRESS(MATCH(COUNTIF($R$1:$R82,\"NIVEL 1\"),V:V,0),COLUMN(S82))","v":"$S$50"},{"$f":"ADDRESS(MATCH(COUNTIF($R$1:$R82,\"NIVEL 1\"),V:V,0),COLUMN(W82))","v":"$W$50"},{"$f":"ADDRESS((MATCH(COUNTIF(INDIRECT(Z82):$S82,\"NIVEL 2\"),INDIRECT(AA82):W82,0)+(MATCH(COUNTIF($R$1:$R82,\"NIVEL 1\"),V:V,0)-1)),COLUMN(T82))","v":"$T$72"},null,null,null,null,null,null,null,null,null,null,null,null,null,null,null,null,null,null,null,null,null,null,null,null,null,null,{"$f":"PROCURA_PRECO_SERVICO","v":327.92}]
[{"$f":"V83&\".\"&W83&\".\"&X83&\".\"&Y83","v":"3.3.1.8"},"SETOP","ED-16343",{"$f":"PROCURA_DESCRICAO_SERVICO","v":"LIGAÇÃO PROVISÓRIA DE ÁGUA E ESGOTO PARA CONTAINER (VESTIÁRIO DE OBRA), EXCLUSIVE CHUVEIRO ELÉTRICO"},{"$f":"PROCURA_UNIDADE_SERVICO","v":"UN"},1,{"$f":"PROCURA_PRECO_SERVICO","v":348.87},{"$f":"CUSTO_BDI_SERVICO","v":440.41},{"$f":"CUSTO_TOTAL_SERVICO","v":440.41},null,null,null,null,"SERVIÇO",null,null,null,"NIVEL 4","NIVEL 4","NIVEL 4","NIVEL 4",{"$f":"COUNTIF($R$1:$R83,\"NIVEL 1\")","v":3},3,1,8,{"$f":"ADDRESS(MATCH(COUNTIF($R$1:$R83,\"NIVEL 1\"),V:V,0),COLUMN(S83))","v":"$S$50"},{"$f":"ADDRESS(MATCH(COUNTIF($R$1:$R83,\"NIVEL 1\"),V:V,0),COLUMN(W83))","v":"$W$50"},{"$f":"ADDRESS((MATCH(COUNTIF(INDIRECT(Z83):$S83,\"NIVEL 2\"),INDIRECT(AA83):W83,0)+(MATCH(COUNTIF($R$1:$R83,\"NIVEL 1\"),V:V,0)-1)),COLUMN(T83))","v":"$T$72"},null,null,null,null,null,null,null,null,null,null,null,null,null,null,null,null,null,null,null,null,null,null,null,null,null,null,{"$f":"PROCURA_PRECO_SERVICO","v":348.87}]
["3.3.1.9","SETOP","ED-50150",{"$f":"PROCURA_DESCRICAO_SERVICO","v":"LIGAÇÃO DE ÁGUA PROVISÓRIA PARA CANTEIRO,  INCLUSIVE HIDRÔMETRO E CAVALETE PARA MEDIÇÃO DE ÁGUA - ENTRADA PRINCIPAL, EM AÇO GALVANIZADO DN 20MM (1/2\") - PADRÃO CONCESSIONÁRIA"},{"$f":"PROCURA_UNIDADE_SERVICO","v":"UN"},1,{"$f":"PROCURA_PRECO_SERVICO","v":376.36},475.11,475.11,null,null,null,null,"SERVIÇO",null,null,null,"NIVEL 4","NIVEL 4","NIVEL 4","NIVEL 4",{"$f":"COUNTIF($R$1:$R84,\"NIVEL 1\")","v":3},3,1,9,{"$f":"ADDRESS(MATCH(COUNTIF($R$1:$R84,\"NIVEL 1\"),V:V,0),COLUMN(S84))","v":"$S$50"},{"$f":"ADDRESS(MATCH(COUNTIF($R$1:$R84,\"NIVEL 1\"),V:V,0),COLUMN(W84))","v":"$W$50"},{"$f":"ADDRESS((MATCH(COUNTIF(INDIRECT(Z84):$S84,\"NIVEL 2\"),INDIRECT(AA84):W84,0)+(MATCH(COUNTIF($R$1:$R84,\"NIVEL 1\"),V:V,0)-1)),COLUMN(T84))","v":"$T$72"},null,null,null,null,null,null,null,null,null,null,null,null,null,null,null,null,null,null,null,null,null,null,null,null,null,null,{"$f":"PROCURA_PRECO_SERVICO","v":376.36}]
["3.3.1.10","SETOP","ED-50151",{"$f":"PROCURA_DESCRICAO_SERVICO","v":"LIGAÇÃO PROVISÓRIA COM ENTRADA DE ENERGIA AÉREA, PADRÃO CEMIG, CARGA INSTALADA DE 15,1KVA ATÉ 30KVA, TRIFÁSICO, COM SAÍDA SUBTERRÂNEA, INCLUSIVE POSTE, CAIXA PARA MEDIDOR, DISJUNTOR, BARRAMENTO, ATERRAMENTO E ACESSÓRIOS"},{"$f":"PROCURA_UNIDADE_SERVICO","v":"UN"},1,{"$f":"PROCURA_PRECO_SERVICO","v":1148.59},1449.98,1449.98,null,null,null,null,"SERVIÇO",null,null,null,"NIVEL 4","NIVEL 4","NIVEL 4","NIVEL 4",{"$f":"COUNTIF($R$1:$R85,\"NIVEL 1\")","v":3},3,1,10,{"$f":"ADDRESS(MATCH(COUNTIF($R$1:$R85,\"NIVEL 1\"),V:V,0),COLUMN(S85))","v":"$S$50"},{"$f":"ADDRESS(MATCH(COUNTIF($R$1:$R85,\"NIVEL 1\"),V:V,0),COLUMN(W85))","v":"$W$50"},{"$f":"ADDRESS((MATCH(COUNTIF(INDIRECT(Z85):$S85,\"NIVEL 2\"),INDIRECT(AA85):W85,0)+(MATCH(COUNTIF($R$1:$R85,\"NIVEL 1\"),V:V,0)-1)),COLUMN(T85))","v":"$T$72"},null,null,null,null,null,null,null,null,null,null,null,null,null,null,null,null,null,null,null,null,null,null,null,null,null,null,{"$f":"PROCURA_PRECO_SERVICO","v":1148.59}]
[null,null,null,null,null,null,null,null,null,null,null,null,null,null,null,null,null,null,null,null,null,{"$f":"COUNTIF($R$2:$R86,\"NIVEL 1\")","v":3},3,1,0,{"$f":"ADDRESS(MATCH(COUNTIF($R$2:$R86,\"NIVEL 1\"),V:V,0),COLUMN(S86))","v":"$S$50"},{"$f":"ADDRESS(MATCH(COUNTIF($R$2:$R86,\"NIVEL 1\"),V:V,0),COLUMN(W86))","v":"$W$50"},{"$f":"ADDRESS((MATCH(COUNTIF(INDIRECT(Z86):$S86,\"NIVEL 2\"),INDIRECT(AA86):W86,0)+(MATCH(COUNTIF($R$2:$R86,\"NIVEL 1\"),V:V,0)-1)),COLUMN(T86))","v":"$T$72"},null,null,null,null,null,null,null,null,null,null,null,null,null,null,null,null,null,null,null,null,null,null,null,null,null,null,{"$f":"PROCURA_PRECO_SERVICO","v":0}]
[null,null,null,{"$f":"\"SUBTOTAL DO ITEM - \"&A74","v":"SUBTOTAL DO ITEM - 3.3.1"},null,null,null,null,{"$f":"SUBTOTAL(9,OFFSET(I74,1,0):OFFSET(I87,-1,0))","v":29453.04},null,null,null,null,"SUBSUBITEM_FIM",null,null,null,null,null,null,null,{"$f":"COUNTIF($R$2:$R87,\"NIVEL 1\")","v":3},3,1,0,{"$f":"ADDRESS(MATCH(COUNTIF($R$2:$R87,\"NIVEL 1\"),V:V,0),COLUMN(S87))","v":"$S$50"},{"$f":"ADDRESS(MATCH(COUNTIF($R$2:$R87,\"NIVEL 1\"),V:V,0),COLUMN(W87))","v":"$W$50"},{"$f":"ADDRESS((MATCH(COUNTIF(INDIRECT(Z87):$S87,\"NIVEL 2\"),INDIRECT(AA87):W87,0)+(MATCH(COUNTIF($R$2:$R87,\"NIVEL 1\"),V:V,0)-1)),COLUMN(T87))","v":"$T$72"},null,null,null,null,null,null,null,null,null,null,null,null,null,null,null,null,null,null,null,null,null,null,null,null,null,null,{"$f":"PROCURA_PRECO_SERVICO","v":0}]
[null,null,null,null,null,null,null,null,null,null,null,null,null,null,null,null,null,null,null,null,null,{"$f":"COUNTIF($R$2:$R88,\"NIVEL 1\")","v":3},3,1,0,{"$f":"ADDRESS(MATCH(COUNTIF($R$2:$R88,\"NIVEL 1\"),V:V,0),COLUMN(S88))","v":"$S$50"},{"$f":"ADDRESS(MATCH(COUNTIF($R$2:$R88,\"NIVEL 1\"),V:V,0),COLUMN(W88))","v":"$W$50"},{"$f":"ADDRESS((MATCH(COUNTIF(INDIRECT(Z88):$S88,\"NIVEL 2\"),INDIRECT(AA88):W88,0)+(MATCH(COUNTIF($R$2:$R88,\"NIVEL 1\"),V:V,0)-1)),COLUMN(T88))","v":"$T$72"},null,null,null,null,null,null,null,null,null,null,null,null,null,null,null,null,null,null,null,null,null,null,null,null,null,null,{"$f":"PROCURA_PRECO_SERVICO","v":0}]
[null,null,null,{"$f":"\"SUBTOTAL DO ITEM  - \"&A72","v":"SUBTOTAL DO ITEM  - 3.3"},null,null,null,null,{"$f":"SUBTOTAL(9,OFFSET(I72,1,0):OFFSET(I89,-1,0))","v":29453.04},null,null,null,null,"SUBITEM_FIM",null,null,null,null,null,null,null,{"$f":"COUNTIF($R$2:$R89,\"NIVEL 1\")","v":3},3,1,0,{"$f":"ADDRESS(MATCH(COUNTIF($R$2:$R89,\"NIVEL 1\"),V:V,0),COLUMN(S89))","v":"$S$50"},{"$f":"ADDRESS(MATCH(COUNTIF($R$2:$R89,\"NIVEL 1\"),V:V,0),COLUMN(W89))","v":"$W$50"},{"$f":"ADDRESS((MATCH(COUNTIF(INDIRECT(Z89):$S89,\"NIVEL 2\"),INDIRECT(AA89):W89,0)+(MATCH(COUNTIF($R$2:$R89,\"NIVEL 1\"),V:V,0)-1)),COLUMN(T89))","v":"$T$72"},null,null,null,null,null,null,null,null,null,null,null,null,null,null,null,null,null,null,null,null,null,null,null,null,null,null,{"$f":"PROCURA_PRECO_SERVICO","v":0}]
[null,null,null,null,null,null,null,null,null,null,null,null,null,null,null,null,null,null,null,null,null,{"$f":"COUNTIF($R$2:$R90,\"NIVEL 1\")","v":3},3,1,0,{"$f":"ADDRESS(MATCH(COUNTIF($R$2:$R90,\"NIVEL 1\"),V:V,0),COLUMN(S90))","v":"$S$50"},{"$f":"ADDRESS(MATCH(COUNTIF($R$2:$R90,\"NIVEL 1\"),V:V,0),COLUMN(W90))","v":"$W$50"},{"$f":"ADDRESS((MATCH(COUNTIF(INDIRECT(Z90):$S90,\"NIVEL 2\"),INDIRECT(AA90):W90,0)+(MATCH(COUNTIF($R$2:$R90,\"NIVEL 1\"),V:V,0)-1)),COLUMN(T90))","v":"$T$72"},null,null,null,null,null,null,null,null,null,null,null,null,null,null,null,null,null,null,null,null,null,null,null,null,null,null,{"$f":"PROCURA_PRECO_SERVICO","v":0}]
[{"$f":"V91&\".\"&W91","v":"3.4"},null,null,"ANDAIMES",null,null,null,null,null,null,null,null,null,"SUBITEM_INICIO",null,null,null,"NIVEL 2","NIVEL 2",null,null,{"$f":"COUNTIF($R$2:$R91,\"NIVEL 1\")","v":3},4,0,0,{"$f":"ADDRESS(MATCH(COUNTIF($R$2:$R91,\"NIVEL 1\"),V:V,0),COLUMN(S91))","v":"$S$50"},{"$f":"ADDRESS(MATCH(COUNTIF($R$2:$R91,\"NIVEL 1\"),V:V,0),COLUMN(W91))","v":"$W$50"},{"$f":"ADDRESS((MATCH(COUNTIF(INDIRECT(Z91):$S91,\"NIVEL 2\"),INDIRECT(AA91):W91,0)+(MATCH(COUNTIF($R$2:$R91,\"NIVEL 1\"),V:V,0)-1)),COLUMN(T91))","v":"$T$91"},null,null,null,null,null,null,null,null,null,null,null,null,null,null,null,null,null,null,null,null,null,null,null,null,null,null,{"$f":"PROCURA_PRECO_SERVICO","v":0}]
[null,null,null,null,null,null,null,null,null,null,null,null,null,null,null,null,null,null,null,null,null,{"$f":"COUNTIF($R$2:$R92,\"NIVEL 1\")","v":3},4,0,0,{"$f":"ADDRESS(MATCH(COUNTIF($R$2:$R92,\"NIVEL 1\"),V:V,0),COLUMN(S92))","v":"$S$50"},{"$f":"ADDRESS(MATCH(COUNTIF($R$2:$R92,\"NIVEL 1\"),V:V,0),COLUMN(W92))","v":"$W$50"},{"$f":"ADDRESS((MATCH(COUNTIF(INDIRECT(Z92):$S92,\"NIVEL 2\"),INDIRECT(AA92):W92,0)+(MATCH(COUNTIF($R$2:$R92,\"NIVEL 1\"),V:V,0)-1)),COLUMN(T92))","v":"$T$91"},null,null,null,null,null,null,null,null,null,null,null,null,null,null,null,null,null,null,null,null,null,null,null,null,null,null,{"$f":"PROCURA_PRECO_SERVICO","v":0}]
[{"$f":"V93&\".\"&W93&\".\"&X93","v":"3.4.1"},null,null,"ANDAIMES INTERNOS",null,null,null,null,null,null,null,null,null,"SUBSUBITEM_INICIO",null,null,null,"NIVEL 3","NIVEL 3","NIVEL 3",null,{"$f":"COUNTIF($R$2:$R93,\"NIVEL 1\")","v":3},4,1,0,{"$f":"ADDRESS(MATCH(COUNTIF($R$2:$R93,\"NIVEL 1\"),V:V,0),COLUMN(S93))","v":"$S$50"},{"$f":"ADDRESS(MATCH(COUNTIF($R$2:$R93,\"NIVEL 1\"),V:V,0),COLUMN(W93))","v":"$W$50"},{"$f":"ADDRESS((MATCH(COUNTIF(INDIRECT(Z93):$S93,\"NIVEL 2\"),INDIRECT(AA93):W93,0)+(MATCH(COUNTIF($R$2:$R93,\"NIVEL 1\"),V:V,0)-1)),COLUMN(T93))","v":"$T$91"},null,null,null,null,null,null,null,null,null,null,null,null,null,null,null,null,null,null,null,null,null,null,null,null,null,null,{"$f":"PROCURA_PRECO_SERVICO","v":0}]
[null,null,null,null,null,null,null,null,null,null,null,null,null,null,null,null,null,null,null,null,null,{"$f":"COUNTIF($R$2:$R94,\"NIVEL 1\")","v":3},4,1,0,{"$f":"ADDRESS(MATCH(COUNTIF($R$2:$R94,\"NIVEL 1\"),V:V,0),COLUMN(S94))","v":"$S$50"},{"$f":"ADDRESS(MATCH(COUNTIF($R$2:$R94,\"NIVEL 1\"),V:V,0),COLUMN(W94))","v":"$W$50"},{"$f":"ADDRESS((MATCH(COUNTIF(INDIRECT(Z94):$S94,\"NIVEL 2\"),INDIRECT(AA94):W94,0)+(MATCH(COUNTIF($R$2:$R94,\"NIVEL 1\"),V:V,0)-1)),COLUMN(T94))","v":"$T$91"},null,null,null,null,null,null,null,null,null,null,null,null,null,null,null,null,null,null,null,null,null,null,null,null,null,null,{"$f":"PROCURA_PRECO_SERVICO","v":0}]
[{"$f":"V95&\".\"&W95&\".\"&X95&\".\"&Y95","v":"3.4.1.1"},"SETOP","ED-28533",{"$f":"PROCURA_DESCRICAO_SERVICO","v":"ANDAIME EM CAVALETE METÁLICO PARA FORRO DE GESSO, COM CHAPA DE COMPENSADO E TÁBUA, COM REAPROVEITAMENTO, INCLUSIVE MONTAGEM/DESMONTAGEM E REMANEJAMENTO"},{"$f":"PROCURA_UNIDADE_SERVICO","v":"M2"},443.21,{"$f":"PROCURA_PRECO_SERVICO","v":1.37},{"$f":"CUSTO_BDI_SERVICO","v":1.72},{"$f":"CUSTO_TOTAL_SERVICO","v":762.32},null,null,null,null,"SERVIÇO",null,null,null,"NIVEL 4","NIVEL 4","NIVEL 4","NIVEL 4",{"$f":"COUNTIF($R$1:$R95,\"NIVEL 1\")","v":3},4,1,1,{"$f":"ADDRESS(MATCH(COUNTIF($R$1:$R95,\"NIVEL 1\"),V:V,0),COLUMN(S95))","v":"$S$50"},{"$f":"ADDRESS(MATCH(COUNTIF($R$1:$R95,\"NIVEL 1\"),V:V,0),COLUMN(W95))","v":"$W$50"},{"$f":"ADDRESS((MATCH(COUNTIF(INDIRECT(Z95):$S95,\"NIVEL 2\"),INDIRECT(AA95):W95,0)+(MATCH(COUNTIF($R$1:$R95,\"NIVEL 1\"),V:V,0)-1)),COLUMN(T95))","v":"$T$91"},null,null,null,null,null,null,null,null,null,null,null,null,null,null,null,null,null,null,null,null,null,null,null,null,null,null,{"$f":"PROCURA_PRECO_SERVICO","v":1.37}]
[null,null,null,null,null,null,null,null,null,null,null,null,null,null,null,null,null,null,null,null,null,{"$f":"COUNTIF($R$2:$R96,\"NIVEL 1\")","v":3},4,1,0,{"$f":"ADDRESS(MATCH(COUNTIF($R$2:$R96,\"NIVEL 1\"),V:V,0),COLUMN(S96))","v":"$S$50"},{"$f":"ADDRESS(MATCH(COUNTIF($R$2:$R96,\"NIVEL 1\"),V:V,0),COLUMN(W96))","v":"$W$50"},{"$f":"ADDRESS((MATCH(COUNTIF(INDIRECT(Z96):$S96,\"NIVEL 2\"),INDIRECT(AA96):W96,0)+(MATCH(COUNTIF($R$2:$R96,\"NIVEL 1\"),V:V,0)-1)),COLUMN(T96))","v":"$T$91"},null,null,null,null,null,null,null,null,null,null,null,null,null,null,null,null,null,null,null,null,null,null,null,null,null,null,{"$f":"PROCURA_PRECO_SERVICO","v":0}]
[null,null,null,{"$f":"\"SUBTOTAL DO ITEM - \"&A93","v":"SUBTOTAL DO ITEM - 3.4.1"},null,null,null,null,{"$f":"SUBTOTAL(9,OFFSET(I93,1,0):OFFSET(I97,-1,0))","v":762.32},null,null,null,null,"SUBSUBITEM_FIM",null,null,null,null,null,null,null,{"$f":"COUNTIF($R$2:$R97,\"NIVEL 1\")","v":3},4,1,0,{"$f":"ADDRESS(MATCH(COUNTIF($R$2:$R97,\"NIVEL 1\"),V:V,0),COLUMN(S97))","v":"$S$50"},{"$f":"ADDRESS(MATCH(COUNTIF($R$2:$R97,\"NIVEL 1\"),V:V,0),COLUMN(W97))","v":"$W$50"},{"$f":"ADDRESS((MATCH(COUNTIF(INDIRECT(Z97):$S97,\"NIVEL 2\"),INDIRECT(AA97):W97,0)+(MATCH(COUNTIF($R$2:$R97,\"NIVEL 1\"),V:V,0)-1)),COLUMN(T97))","v":"$T$91"},null,null,null,null,null,null,null,null,null,null,null,null,null,null,null,null,null,null,null,null,null,null,null,null,null,null,{"$f":"PROCURA_PRECO_SERVICO","v":0}]
[null,null,null,null,null,null,null,null,null,null,null,null,null,null,null,null,null,null,null,null,null,{"$f":"COUNTIF($R$2:$R98,\"NIVEL 1\")","v":3},4,1,0,{"$f":"ADDRESS(MATCH(COUNTIF($R$2:$R98,\"NIVEL 1\"),V:V,0),COLUMN(S98))","v":"$S$50"},{"$f":"ADDRESS(MATCH(COUNTIF($R$2:$R98,\"NIVEL 1\"),V:V,0),COLUMN(W98))","v":"$W$50"},{"$f":"ADDRESS((MATCH(COUNTIF(INDIRECT(Z98):$S98,\"NIVEL 2\"),INDIRECT(AA98):W98,0)+(MATCH(COUNTIF($R$2:$R98,\"NIVEL 1\"),V:V,0)-1)),COLUMN(T98))","v":"$T$91"},null,null,null,null,null,null,null,null,null,null,null,null,null,null,null,null,null,null,null,null,null,null,null,null,null,null,{"$f":"PROCURA_PRECO_SERVICO","v":0}]
[{"$f":"V99&\".\"&W99&\".\"&X99","v":"3.4.2"},null,null,"ANDAIMES EXTERNOS",null,null,null,null,null,null,null,null,null,"SUBSUBITEM_INICIO",null,null,null,"NIVEL 3","NIVEL 3","NIVEL 3",null,{"$f":"COUNTIF($R$2:$R99,\"NIVEL 1\")","v":3},4,2,0,{"$f":"ADDRESS(MATCH(COUNTIF($R$2:$R99,\"NIVEL 1\"),V:V,0),COLUMN(S99))","v":"$S$50"},{"$f":"ADDRESS(MATCH(COUNTIF($R$2:$R99,\"NIVEL 1\"),V:V,0),COLUMN(W99))","v":"$W$50"},{"$f":"ADDRESS((MATCH(COUNTIF(INDIRECT(Z99):$S99,\"NIVEL 2\"),INDIRECT(AA99):W99,0)+(MATCH(COUNTIF($R$2:$R99,\"NIVEL 1\"),V:V,0)-1)),COLUMN(T99))","v":"$T$91"},null,null,null,null,null,null,null,null,null,null,null,null,null,null,null,null,null,null,null,null,null,null,null,null,null,null,{"$f":"PROCURA_PRECO_SERVICO","v":0}]
[null,null,null,null,null,null,null,null,null,null,null,null,null,null,null,null,null,null,null,null,null,{"$f":"COUNTIF($R$2:$R100,\"NIVEL 1\")","v":3},4,2,0,{"$f":"ADDRESS(MATCH(COUNTIF($R$2:$R100,\"NIVEL 1\"),V:V,0),COLUMN(S100))","v":"$S$50"},{"$f":"ADDRESS(MATCH(COUNTIF($R$2:$R100,\"NIVEL 1\"),V:V,0),COLUMN(W100))","v":"$W$50"},{"$f":"ADDRESS((MATCH(COUNTIF(INDIRECT(Z100):$S100,\"NIVEL 2\"),INDIRECT(AA100):W100,0)+(MATCH(COUNTIF($R$2:$R100,\"NIVEL 1\"),V:V,0)-1)),COLUMN(T100))","v":"$T$91"},null,null,null,null,null,null,null,null,null,null,null,null,null,null,null,null,null,null,null,null,null,null,null,null,null,null,{"$f":"PROCURA_PRECO_SERVICO","v":0}]
[{"$f":"V101&\".\"&W101&\".\"&X101&\".\"&Y101","v":"3.4.2.1"},"SETOP","ED-48245",{"$f":"PROCURA_DESCRICAO_SERVICO","v":"MONTAGEM E DESMONTAGEM DE ANDAIME METÁLICO PARA FACHADA COM PISO METÁLICO, INCLUSIVE RODAPÉ/GUARDA-CORPO EM MADEIRA, EXCLUSIVE FORNECIMENTO DO ANDAIME"},{"$f":"PROCURA_UNIDADE_SERVICO","v":"M2"},151.59,{"$f":"PROCURA_PRECO_SERVICO","v":15.61},{"$f":"CUSTO_BDI_SERVICO","v":19.7},{"$f":"CUSTO_TOTAL_SERVICO","v":2986.32},null,null,null,null,"SERVIÇO",null,null,null,"NIVEL 4","NIVEL 4","NIVEL 4","NIVEL 4",{"$f":"COUNTIF($R$1:$R101,\"NIVEL 1\")","v":3},4,2,1,{"$f":"ADDRESS(MATCH(COUNTIF($R$1:$R101,\"NIVEL 1\"),V:V,0),COLUMN(S101))","v":"$S$50"},{"$f":"ADDRESS(MATCH(COUNTIF($R$1:$R101,\"NIVEL 1\"),V:V,0),COLUMN(W101))","v":"$W$50"},{"$f":"ADDRESS((MATCH(COUNTIF(INDIRECT(Z101):$S101,\"NIVEL 2\"),INDIRECT(AA101):W101,0)+(MATCH(COUNTIF($R$1:$R101,\"NIVEL 1\"),V:V,0)-1)),COLUMN(T101))","v":"$T$91"},null,null,null,null,null,null,null,null,null,null,null,null,null,null,null,null,null,null,null,null,null,null,null,null,null,null,{"$f":"PROCURA_PRECO_SERVICO","v":15.61}]
[{"$f":"V102&\".\"&W102&\".\"&X102&\".\"&Y102","v":"3.4.2.2"},"SETOP","ED-9075",{"$f":"PROCURA_DESCRICAO_SERVICO","v":"FORNECIMENTO DE ANDAIME METÁLICO PARA FACHADA (LOCAÇÃO), INCLUSIVE PISO METÁLICO E SAPATAS, EXCLUSIVE MONTAGEM E DESMONTAGEM"},{"$f":"PROCURA_UNIDADE_SERVICO","v":"M2XMÊS"},{"$f":"151.59*Resumo!C5","v":909.54},{"$f":"PROCURA_PRECO_SERVICO","v":6.66},8.4,7640.13,null,null,null,null,"SERVIÇO",null,null,null,"NIVEL 4","NIVEL 4","NIVEL 4","NIVEL 4",{"$f":"COUNTIF($R$1:$R102,\"NIVEL 1\")","v":3},4,2,{"$f":"IF(U102=\"NIVEL 4\",OFFSET(Y102,-1,0)+1,0)","v":2},{"$f":"ADDRESS(MATCH(COUNTIF($R$1:$R102,\"NIVEL 1\"),V:V,0),COLUMN(S102))","v":"$S$50"},{"$f":"ADDRESS(MATCH(COUNTIF($R$1:$R102,\"NIVEL 1\"),V:V,0),COLUMN(W102))","v":"$W$50"},{"$f":"ADDRESS((MATCH(COUNTIF(INDIRECT(Z102):$S102,\"NIVEL 2\"),INDIRECT(AA102):W102,0)+(MATCH(COUNTIF($R$1:$R102,\"NIVEL 1\"),V:V,0)-1)),COLUMN(T102))","v":"$T$91"},null,null,null,null,null,null,null,null,null,null,null,null,null,null,null,null,null,null,null,null,null,null,null,null,null,null,{"$f":"PROCURA_PRECO_SERVICO","v":6.66}]
["3.4.2.3","SETOP","ED-48249",{"$f":"PROCURA_DESCRICAO_SERVICO","v":"TELA DE PROTEÇÃO, TIPO FACHADEIRA, INSTALADA EM ANDAIME METÁLICO PARA FACHADA, EXCLUSIVE ANDAIME METÁLICO, INCLUSIVE ACESSÓRIOS DE FIXAÇÃO\n"},{"$f":"PROCURA_UNIDADE_SERVICO","v":"M2"},209.5,{"$f":"PROCURA_PRECO_SERVICO","v":6.16},7.77,1627.81,null,null,null,null,"SERVIÇO",null,null,null,"NIVEL 4","NIVEL 4","NIVEL 4","NIVEL 4",{"$f":"COUNTIF($R$1:$R103,\"NIVEL 1\")","v":3},4,2,3,{"$f":"ADDRESS(MATCH(COUNTIF($R$1:$R103,\"NIVEL 1\"),V:V,0),COLUMN(S103))","v":"$S$50"},{"$f":"ADDRESS(MATCH(COUNTIF($R$1:$R103,\"NIVEL 1\"),V:V,0),COLUMN(W103))","v":"$W$50"},{"$f":"ADDRESS((MATCH(COUNTIF(INDIRECT(Z103):$S103,\"NIVEL 2\"),INDIRECT(AA103):W103,0)+(MATCH(COUNTIF($R$1:$R103,\"NIVEL 1\"),V:V,0)-1)),COLUMN(T103))","v":"$T$91"},null,null,null,null,null,null,null,null,null,null,null,null,null,null,null,null,null,null,null,null,null,null,null,null,null,null,{"$f":"PROCURA_PRECO_SERVICO","v":6.16}]
[null,null,null,null,null,null,null,null,null,null,null,null,null,null,null,null,null,null,null,null,null,{"$f":"COUNTIF($R$2:$R104,\"NIVEL 1\")","v":3},4,2,0,{"$f":"ADDRESS(MATCH(COUNTIF($R$2:$R104,\"NIVEL 1\"),V:V,0),COLUMN(S104))","v":"$S$50"},{"$f":"ADDRESS(MATCH(COUNTIF($R$2:$R104,\"NIVEL 1\"),V:V,0),COLUMN(W104))","v":"$W$50"},{"$f":"ADDRESS((MATCH(COUNTIF(INDIRECT(Z104):$S104,\"NIVEL 2\"),INDIRECT(AA104):W104,0)+(MATCH(COUNTIF($R$2:$R104,\"NIVEL 1\"),V:V,0)-1)),COLUMN(T104))","v":"$T$91"},null,null,null,null,null,null,null,null,null,null,null,null,null,null,null,null,null,null,null,null,null,null,null,null,null,null,{"$f":"PROCURA_PRECO_SERVICO","v":0}]
[null,null,null,{"$f":"\"SUBTOTAL DO ITEM - \"&A99","v":"SUBTOTAL DO ITEM - 3.4.2"},null,null,null,null,{"$f":"SUBTOTAL(9,OFFSET(I99,1,0):OFFSET(I105,-1,0))","v":12254.26},null,null,null,null,"SUBSUBITEM_FIM",null,null,null,null,null,null,null,{"$f":"COUNTIF($R$2:$R105,\"NIVEL 1\")","v":3},4,2,0,{"$f":"ADDRESS(MATCH(COUNTIF($R$2:$R105,\"NIVEL 1\"),V:V,0),COLUMN(S105))","v":"$S$50"},{"$f":"ADDRESS(MATCH(COUNTIF($R$2:$R105,\"NIVEL 1\"),V:V,0),COLUMN(W105))","v":"$W$50"},{"$f":"ADDRESS((MATCH(COUNTIF(INDIRECT(Z105):$S105,\"NIVEL 2\"),INDIRECT(AA105):W105,0)+(MATCH(COUNTIF($R$2:$R105,\"NIVEL 1\"),V:V,0)-1)),COLUMN(T105))","v":"$T$91"},null,null,null,null,null,null,null,null,null,null,null,null,null,null,null,null,null,null,null,null,null,null,null,null,null,null,{"$f":"PROCURA_PRECO_SERVICO","v":0}]
[null,null,null,null,null,null,null,null,null,null,null,null,null,null,null,null,null,null,null,null,null,{"$f":"COUNTIF($R$2:$R106,\"NIVEL 1\")","v":3},4,2,0,{"$f":"ADDRESS(MATCH(COUNTIF($R$2:$R106,\"NIVEL 1\"),V:V,0),COLUMN(S106))","v":"$S$50"},{"$f":"ADDRESS(MATCH(COUNTIF($R$2:$R106,\"NIVEL 1\"),V:V,0),COLUMN(W106))","v":"$W$50"},{"$f":"ADDRESS((MATCH(COUNTIF(INDIRECT(Z106):$S106,\"NIVEL 2\"),INDIRECT(AA106):W106,0)+(MATCH(COUNTIF($R$2:$R106,\"NIVEL 1\"),V:V,0)-1)),COLUMN(T106))","v":"$T$91"},null,null,null,null,null,null,null,null,null,null,null,null,null,null,null,null,null,null,null,null,null,null,null,null,null,null,{"$f":"PROCURA_PRECO_SERVICO","v":0}]
[null,null,null,{"$f":"\"SUBTOTAL DO ITEM  - \"&A91","v":"SUBTOTAL DO ITEM  - 3.4"},null,null,null,null,{"$f":"SUBTOTAL(9,OFFSET(I91,1,0):OFFSET(I107,-1,0))","v":13016.58},null,null,null,null,"SUBITEM_FIM",null,null,null,null,null,null,null,{"$f":"COUNTIF($R$2:$R107,\"NIVEL 1\")","v":3},4,2,0,{"$f":"ADDRESS(MATCH(COUNTIF($R$2:$R107,\"NIVEL 1\"),V:V,0),COLUMN(S107))","v":"$S$50"},{"$f":"ADDRESS(MATCH(COUNTIF($R$2:$R107,\"NIVEL 1\"),V:V,0),COLUMN(W107))","v":"$W$50"},{"$f":"ADDRESS((MATCH(COUNTIF(INDIRECT(Z107):$S107,\"NIVEL 2\"),INDIRECT(AA107):W107,0)+(MATCH(COUNTIF($R$2:$R107,\"NIVEL 1\"),V:V,0)-1)),COLUMN(T107))","v":"$T$91"},null,null,null,null,null,null,null,null,null,null,null,null,null,null,null,null,null,null,null,null,null,null,null,null,null,null,{"$f":"PROCURA_PRECO_SERVICO","v":0}]
[null,null,null,null,null,null,null,null,null,null,null,null,null,null,null,null,null,null,null,null,null,{"$f":"COUNTIF($R$2:$R108,\"NIVEL 1\")","v":3},4,2,0,{"$f":"ADDRESS(MATCH(COUNTIF($R$2:$R108,\"NIVEL 1\"),V:V,0),COLUMN(S108))","v":"$S$50"},{"$f":"ADDRESS(MATCH(COUNTIF($R$2:$R108,\"NIVEL 1\"),V:V,0),COLUMN(W108))","v":"$W$50"},{"$f":"ADDRESS((MATCH(COUNTIF(INDIRECT(Z108):$S108,\"NIVEL 2\"),INDIRECT(AA108):W108,0)+(MATCH(COUNTIF($R$2:$R108,\"NIVEL 1\"),V:V,0)-1)),COLUMN(T108))","v":"$T$91"},null,null,null,null,null,null,null,null,null,null,null,null,null,null,null,null,null,null,null,null,null,null,null,null,null,null,{"$f":"PROCURA_PRECO_SERVICO","v":0}]
[null,null,null,{"$f":"\"TOTAL DO ITEM - \"&A50","v":"TOTAL DO ITEM - 3"},null,null,null,null,{"$f":"SUBTOTAL(9,OFFSET(I50,1,0):OFFSET(I109,-1,0))","v":52283.19},null,null,null,null,"ITEM_FIM",null,null,null,null,null,null,null,{"$f":"COUNTIF($R$2:$R109,\"NIVEL 1\")","v":3},4,2,0,{"$f":"ADDRESS(MATCH(COUNTIF($R$2:$R109,\"NIVEL 1\"),V:V,0),COLUMN(S109))","v":"$S$50"},{"$f":"ADDRESS(MATCH(COUNTIF($R$2:$R109,\"NIVEL 1\"),V:V,0),COLUMN(W109))","v":"$W$50"},{"$f":"ADDRESS((MATCH(COUNTIF(INDIRECT(Z109):$S109,\"NIVEL 2\"),INDIRECT(AA109):W109,0)+(MATCH(COUNTIF($R$2:$R109,\"NIVEL 1\"),V:V,0)-1)),COLUMN(T109))","v":"$T$91"},null,null,null,null,null,null,null,null,null,null,null,null,null,null,null,null,null,null,null,null,null,null,null,null,null,null,{"$f":"PROCURA_PRECO_SERVICO","v":0}]
[null,null,null,null,null,null,null,{"$f":"TRUNC(G110*(1+$I$3),2)","v":0},null,null,null,null,null,null,null,null,null,null,null,null,null,{"$f":"COUNTIF($R$2:$R110,\"NIVEL 1\")","v":3},4,2,{"$f":"IF(U110=\"NIVEL 4\",OFFSET(Y110,-1,0)+1,0)","v":0},{"$f":"ADDRESS(MATCH(COUNTIF($R$2:$R110,\"NIVEL 1\"),V:V,0),COLUMN(S110))","v":"$S$50"},{"$f":"ADDRESS(MATCH(COUNTIF($R$2:$R110,\"NIVEL 1\"),V:V,0),COLUMN(W110))","v":"$W$50"},{"$f":"ADDRESS((MATCH(COUNTIF(INDIRECT(Z110):$S110,\"NIVEL 2\"),INDIRECT(AA110):W110,0)+(MATCH(COUNTIF($R$2:$R110,\"NIVEL 1\"),V:V,0)-1)),COLUMN(T110))","v":"$T$91"},null,null,null,null,null,null,null,null,null,null,null,null,null,null,null,null,null,null,null,null,null,null,null,null,null,null,{"$f":"PROCURA_PRECO_SERVICO","v":0}]
[{"$f":"V111","v":4},null,null,"DEMOLIÇÕES E REMOÇÕES",null,null,null,null,null,null,null,null,null,"ITEM_INICIO",null,null,null,"NIVEL 1",null,null,null,{"$f":"COUNTIF($R$2:$R111,\"NIVEL 1\")","v":4},0,0,0,{"$f":"ADDRESS(MATCH(COUNTIF($R$2:$R111,\"NIVEL 1\"),V:V,0),COLUMN(S111))","v":"$S$111"},{"$f":"ADDRESS(MATCH(COUNTIF($R$2:$R111,\"NIVEL 1\"),V:V,0),COLUMN(W111))","v":"$W$111"},{"$f":"ADDRESS((MATCH(COUNTIF(INDIRECT(Z111):$S111,\"NIVEL 2\"),INDIRECT(AA111):W111,0)+(MATCH(COUNTIF($R$2:$R111,\"NIVEL 1\"),V:V,0)-1)),COLUMN(T111))","v":"$T$111"},null,{"$f":"A111","v":4},null,null,{"$f":"D111","v":"DEMOLIÇÕES E REMOÇÕES"},{"$f":"I206","v":101744.26},{"$f":"AH111/$I$1374","v":0.0521788525708658},null,null,null,null,null,null,null,null,null,null,null,null,null,null,null,null,null,null,null,{"$f":"PROCURA_PRECO_SERVICO","v":0}]
[null,null,null,null,null,null,null,null,null,null,null,null,null,null,null,null,null,null,null,null,null,{"$f":"COUNTIF($R$2:$R112,\"NIVEL 1\")","v":4},0,0,0,{"$f":"ADDRESS(MATCH(COUNTIF($R$2:$R112,\"NIVEL 1\"),V:V,0),COLUMN(S112))","v":"$S$111"},{"$f":"ADDRESS(MATCH(COUNTIF($R$2:$R112,\"NIVEL 1\"),V:V,0),COLUMN(W112))","v":"$W$111"},{"$f":"ADDRESS((MATCH(COUNTIF(INDIRECT(Z112):$S112,\"NIVEL 2\"),INDIRECT(AA112):W112,0)+(MATCH(COUNTIF($R$2:$R112,\"NIVEL 1\"),V:V,0)-1)),COLUMN(T112))","v":"$T$111"},null,null,null,null,null,null,null,null,null,null,null,null,null,null,null,null,null,null,null,null,null,null,null,null,null,null,{"$f":"PROCURA_PRECO_SERVICO","v":0}]
[{"$f":"V113&\".\"&W113","v":"4.1"},null,null,"DEMOLIÇÕES/REMOÇÕES",null,null,null,null,null,null,null,null,null,"SUBITEM_INICIO",null,null,null,"NIVEL 2","NIVEL 2",null,null,{"$f":"COUNTIF($R$2:$R113,\"NIVEL 1\")","v":4},1,0,0,{"$f":"ADDRESS(MATCH(COUNTIF($R$2:$R113,\"NIVEL 1\"),V:V,0),COLUMN(S113))","v":"$S$111"},{"$f":"ADDRESS(MATCH(COUNTIF($R$2:$R113,\"NIVEL 1\"),V:V,0),COLUMN(W113))","v":"$W$111"},{"$f":"ADDRESS((MATCH(COUNTIF(INDIRECT(Z113):$S113,\"NIVEL 2\"),INDIRECT(AA113):W113,0)+(MATCH(COUNTIF($R$2:$R113,\"NIVEL 1\"),V:V,0)-1)),COLUMN(T113))","v":"$T$113"},null,null,null,null,null,null,null,null,null,null,null,null,null,null,null,null,null,null,null,null,null,null,null,null,null,null,{"$f":"PROCURA_PRECO_SERVICO","v":0}]
[null,null,null,null,null,null,null,null,null,null,null,null,null,null,null,null,null,null,null,null,null,{"$f":"COUNTIF($R$2:$R114,\"NIVEL 1\")","v":4},1,0,0,{"$f":"ADDRESS(MATCH(COUNTIF($R$2:$R114,\"NIVEL 1\"),V:V,0),COLUMN(S114))","v":"$S$111"},{"$f":"ADDRESS(MATCH(COUNTIF($R$2:$R114,\"NIVEL 1\"),V:V,0),COLUMN(W114))","v":"$W$111"},{"$f":"ADDRESS((MATCH(COUNTIF(INDIRECT(Z114):$S114,\"NIVEL 2\"),INDIRECT(AA114):W114,0)+(MATCH(COUNTIF($R$2:$R114,\"NIVEL 1\"),V:V,0)-1)),COLUMN(T114))","v":"$T$113"},null,null,null,null,null,null,null,null,null,null,null,null,null,null,null,null,null,null,null,null,null,null,null,null,null,null,{"$f":"PROCURA_PRECO_SERVICO","v":0}]
[{"$f":"V115&\".\"&W115&\".\"&X115","v":"4.1.1"},null,null,"ALVENARIA",null,null,null,null,null,null,null,null,null,"SUBSUBITEM_INICIO",null,null,null,"NIVEL 3","NIVEL 3","NIVEL 3",null,{"$f":"COUNTIF($R$2:$R115,\"NIVEL 1\")","v":4},1,1,0,{"$f":"ADDRESS(MATCH(COUNTIF($R$2:$R115,\"NIVEL 1\"),V:V,0),COLUMN(S115))","v":"$S$111"},{"$f":"ADDRESS(MATCH(COUNTIF($R$2:$R115,\"NIVEL 1\"),V:V,0),COLUMN(W115))","v":"$W$111"},{"$f":"ADDRESS((MATCH(COUNTIF(INDIRECT(Z115):$S115,\"NIVEL 2\"),INDIRECT(AA115):W115,0)+(MATCH(COUNTIF($R$2:$R115,\"NIVEL 1\"),V:V,0)-1)),COLUMN(T115))","v":"$T$113"},null,null,null,null,null,null,null,null,null,null,null,null,null,null,null,null,null,null,null,null,null,null,null,null,null,null,{"$f":"PROCURA_PRECO_SERVICO","v":0}]
[null,null,null,null,null,null,null,null,null,null,null,null,null,null,null,null,null,null,null,null,null,{"$f":"COUNTIF($R$2:$R116,\"NIVEL 1\")","v":4},1,1,0,{"$f":"ADDRESS(MATCH(COUNTIF($R$2:$R116,\"NIVEL 1\"),V:V,0),COLUMN(S116))","v":"$S$111"},{"$f":"ADDRESS(MATCH(COUNTIF($R$2:$R116,\"NIVEL 1\"),V:V,0),COLUMN(W116))","v":"$W$111"},{"$f":"ADDRESS((MATCH(COUNTIF(INDIRECT(Z116):$S116,\"NIVEL 2\"),INDIRECT(AA116):W116,0)+(MATCH(COUNTIF($R$2:$R116,\"NIVEL 1\"),V:V,0)-1)),COLUMN(T116))","v":"$T$113"},null,null,null,null,null,null,null,null,null,null,null,null,null,null,null,null,null,null,null,null,null,null,null,null,null,null,{"$f":"PROCURA_PRECO_SERVICO","v":0}]
[{"$f":"V117&\".\"&W117&\".\"&X117&\".\"&Y117","v":"4.1.1.1"},"SINAPI","97622",{"$f":"PROCURA_DESCRICAO_SERVICO","v":"DEMOLIÇÃO DE ALVENARIA DE BLOCO FURADO, DE FORMA MANUAL, SEM REAPROVEITAMENTO. AF_12/2017"},{"$f":"PROCURA_UNIDADE_SERVICO","v":"M3"},30.65842,{"$f":"PROCURA_PRECO_SERVICO","v":"52,10"},{"$f":"CUSTO_BDI_SERVICO","v":65.77},{"$f":"CUSTO_TOTAL_SERVICO","v":2016.4},null,null,null,null,"SERVIÇO",null,null,null,"NIVEL 4","NIVEL 4","NIVEL 4","NIVEL 4",{"$f":"COUNTIF($R$2:$R117,\"NIVEL 1\")","v":4},1,1,1,{"$f":"ADDRESS(MATCH(COUNTIF($R$2:$R117,\"NIVEL 1\"),V:V,0),COLUMN(S117))","v":"$S$111"},{"$f":"ADDRESS(MATCH(COUNTIF($R$2:$R117,\"NIVEL 1\"),V:V,0),COLUMN(W117))","v":"$W$111"},{"$f":"ADDRESS((MATCH(COUNTIF(INDIRECT(Z117):$S117,\"NIVEL 2\"),INDIRECT(AA117):W117,0)+(MATCH(COUNTIF($R$2:$R117,\"NIVEL 1\"),V:V,0)-1)),COLUMN(T117))","v":"$T$113"},null,null,null,null,null,null,null,null,null,null,null,null,null,null,null,null,null,null,null,null,null,null,null,null,null,null,{"$f":"PROCURA_PRECO_SERVICO","v":"52,10"}]
[null,null,null,null,null,null,null,null,null,null,null,null,null,null,null,null,null,null,null,null,null,{"$f":"COUNTIF($R$2:$R118,\"NIVEL 1\")","v":4},1,1,0,{"$f":"ADDRESS(MATCH(COUNTIF($R$2:$R118,\"NIVEL 1\"),V:V,0),COLUMN(S118))","v":"$S$111"},{"$f":"ADDRESS(MATCH(COUNTIF($R$2:$R118,\"NIVEL 1\"),V:V,0),COLUMN(W118))","v":"$W$111"},{"$f":"ADDRESS((MATCH(COUNTIF(INDIRECT(Z118):$S118,\"NIVEL 2\"),INDIRECT(AA118):W118,0)+(MATCH(COUNTIF($R$2:$R118,\"NIVEL 1\"),V:V,0)-1)),COLUMN(T118))","v":"$T$113"},null,null,null,null,null,null,null,null,null,null,null,null,null,null,null,null,null,null,null,null,null,null,null,null,null,null,{"$f":"PROCURA_PRECO_SERVICO","v":0}]
[null,null,null,{"$f":"\"SUBTOTAL DO ITEM - \"&A115","v":"SUBTOTAL DO ITEM - 4.1.1"},null,null,null,null,{"$f":"SUBTOTAL(9,OFFSET(I115,1,0):OFFSET(I119,-1,0))","v":2016.4},null,null,null,null,"SUBSUBITEM_FIM",null,null,null,null,null,null,null,{"$f":"COUNTIF($R$2:$R119,\"NIVEL 1\")","v":4},1,1,0,{"$f":"ADDRESS(MATCH(COUNTIF($R$2:$R119,\"NIVEL 1\"),V:V,0),COLUMN(S119))","v":"$S$111"},{"$f":"ADDRESS(MATCH(COUNTIF($R$2:$R119,\"NIVEL 1\"),V:V,0),COLUMN(W119))","v":"$W$111"},{"$f":"ADDRESS((MATCH(COUNTIF(INDIRECT(Z119):$S119,\"NIVEL 2\"),INDIRECT(AA119):W119,0)+(MATCH(COUNTIF($R$2:$R119,\"NIVEL 1\"),V:V,0)-1)),COLUMN(T119))","v":"$T$113"},null,null,null,null,null,null,null,null,null,null,null,null,null,null,null,null,null,null,null,null,null,null,null,null,null,null,{"$f":"PROCURA_PRECO_SERVICO","v":0}]
[null,null,null,null,null,null,null,null,null,null,null,null,null,null,null,null,null,null,null,null,null,{"$f":"COUNTIF($R$2:$R120,\"NIVEL 1\")","v":4},1,1,{"$f":"IF(U120=\"NIVEL 4\",OFFSET(Y120,-1,0)+1,0)","v":0},{"$f":"ADDRESS(MATCH(COUNTIF($R$2:$R120,\"NIVEL 1\"),V:V,0),COLUMN(S120))","v":"$S$111"},{"$f":"ADDRESS(MATCH(COUNTIF($R$2:$R120,\"NIVEL 1\"),V:V,0),COLUMN(W120))","v":"$W$111"},{"$f":"ADDRESS((MATCH(COUNTIF(INDIRECT(Z120):$S120,\"NIVEL 2\"),INDIRECT(AA120):W120,0)+(MATCH(COUNTIF($R$2:$R120,\"NIVEL 1\"),V:V,0)-1)),COLUMN(T120))","v":"$T$113"},null,null,null,null,null,null,null,null,null,null,null,null,null,null,null,null,null,null,null,null,null,null,null,null,null,null,{"$f":"PROCURA_PRECO_SERVICO","v":0}]
[{"$f":"V121&\".\"&W121&\".\"&X121","v":"4.1.2"},null,null,"ESQUADRIAS",null,null,null,null,null,null,null,null,null,"SUBSUBITEM_INICIO",null,null,null,"NIVEL 3","NIVEL 3","NIVEL 3",null,{"$f":"COUNTIF($R$2:$R121,\"NIVEL 1\")","v":4},1,2,0,{"$f":"ADDRESS(MATCH(COUNTIF($R$2:$R121,\"NIVEL 1\"),V:V,0),COLUMN(S121))","v":"$S$111"},{"$f":"ADDRESS(MATCH(COUNTIF($R$2:$R121,\"NIVEL 1\"),V:V,0),COLUMN(W121))","v":"$W$111"},{"$f":"ADDRESS((MATCH(COUNTIF(INDIRECT(Z121):$S121,\"NIVEL 2\"),INDIRECT(AA121):W121,0)+(MATCH(COUNTIF($R$2:$R121,\"NIVEL 1\"),V:V,0)-1)),COLUMN(T121))","v":"$T$113"},null,null,null,null,null,null,null,null,null,null,null,null,null,null,null,null,null,null,null,null,null,null,null,null,null,null,{"$f":"PROCURA_PRECO_SERVICO","v":0}]
[null,null,null,null,null,null,null,null,null,null,null,null,null,null,null,null,null,null,null,null,null,{"$f":"COUNTIF($R$2:$R122,\"NIVEL 1\")","v":4},1,2,0,{"$f":"ADDRESS(MATCH(COUNTIF($R$2:$R122,\"NIVEL 1\"),V:V,0),COLUMN(S122))","v":"$S$111"},{"$f":"ADDRESS(MATCH(COUNTIF($R$2:$R122,\"NIVEL 1\"),V:V,0),COLUMN(W122))","v":"$W$111"},{"$f":"ADDRESS((MATCH(COUNTIF(INDIRECT(Z122):$S122,\"NIVEL 2\"),INDIRECT(AA122):W122,0)+(MATCH(COUNTIF($R$2:$R122,\"NIVEL 1\"),V:V,0)-1)),COLUMN(T122))","v":"$T$113"},null,null,null,null,null,null,null,null,null,null,null,null,null,null,null,null,null,null,null,null,null,null,null,null,null,null,{"$f":"PROCURA_PRECO_SERVICO","v":0}]
[{"$f":"V123&\".\"&W123&\".\"&X123&\".\"&Y123","v":"4.1.2.1"},"SINAPI","97644",{"$f":"PROCURA_DESCRICAO_SERVICO","v":"REMOÇÃO DE PORTAS, DE FORMA MANUAL, SEM REAPROVEITAMENTO. AF_12/2017"},{"$f":"PROCURA_UNIDADE_SERVICO","v":"M2"},45.57,{"$f":"PROCURA_PRECO_SERVICO","v":"8,70"},{"$f":"CUSTO_BDI_SERVICO","v":10.98},{"$f":"CUSTO_TOTAL_SERVICO","v":500.35},null,null,null,null,"SERVIÇO",null,null,null,"NIVEL 4","NIVEL 4","NIVEL 4","NIVEL 4",{"$f":"COUNTIF($R$2:$R123,\"NIVEL 1\")","v":4},1,2,1,{"$f":"ADDRESS(MATCH(COUNTIF($R$2:$R123,\"NIVEL 1\"),V:V,0),COLUMN(S123))","v":"$S$111"},{"$f":"ADDRESS(MATCH(COUNTIF($R$2:$R123,\"NIVEL 1\"),V:V,0),COLUMN(W123))","v":"$W$111"},{"$f":"ADDRESS((MATCH(COUNTIF(INDIRECT(Z123):$S123,\"NIVEL 2\"),INDIRECT(AA123):W123,0)+(MATCH(COUNTIF($R$2:$R123,\"NIVEL 1\"),V:V,0)-1)),COLUMN(T123))","v":"$T$113"},null,null,null,null,null,null,null,null,null,null,null,null,null,null,null,null,null,null,null,null,null,null,null,null,null,null,{"$f":"PROCURA_PRECO_SERVICO","v":"8,70"}]
[{"$f":"V124&\".\"&W124&\".\"&X124&\".\"&Y124","v":"4.1.2.2"},"SINAPI","97645",{"$f":"PROCURA_DESCRICAO_SERVICO","v":"REMOÇÃO DE JANELAS, DE FORMA MANUAL, SEM REAPROVEITAMENTO. AF_12/2017"},{"$f":"PROCURA_UNIDADE_SERVICO","v":"M2"},22.08,{"$f":"PROCURA_PRECO_SERVICO","v":"32,20"},{"$f":"CUSTO_BDI_SERVICO","v":40.64},{"$f":"CUSTO_TOTAL_SERVICO","v":897.33},null,null,null,null,"SERVIÇO",null,null,null,"NIVEL 4","NIVEL 4","NIVEL 4","NIVEL 4",{"$f":"COUNTIF($R$2:$R124,\"NIVEL 1\")","v":4},1,2,{"$f":"IF(U124=\"NIVEL 4\",OFFSET(Y124,-1,0)+1,0)","v":2},{"$f":"ADDRESS(MATCH(COUNTIF($R$2:$R124,\"NIVEL 1\"),V:V,0),COLUMN(S124))","v":"$S$111"},{"$f":"ADDRESS(MATCH(COUNTIF($R$2:$R124,\"NIVEL 1\"),V:V,0),COLUMN(W124))","v":"$W$111"},{"$f":"ADDRESS((MATCH(COUNTIF(INDIRECT(Z124):$S124,\"NIVEL 2\"),INDIRECT(AA124):W124,0)+(MATCH(COUNTIF($R$2:$R124,\"NIVEL 1\"),V:V,0)-1)),COLUMN(T124))","v":"$T$113"},null,null,null,null,null,null,null,null,null,null,null,null,null,null,null,null,null,null,null,null,null,null,null,null,null,null,{"$f":"PROCURA_PRECO_SERVICO","v":"32,20"}]
[{"$f":"V125&\".\"&W125&\".\"&X125&\".\"&Y125","v":"4.1.2.3"},"SINAPI","102191",{"$f":"PROCURA_DESCRICAO_SERVICO","v":"REMOÇÃO DE VIDRO LISO COMUM DE ESQUADRIA COM BAGUETE DE ALUMÍNIO OU PVC. AF_01/2021"},{"$f":"PROCURA_UNIDADE_SERVICO","v":"M2"},2.8,{"$f":"PROCURA_PRECO_SERVICO","v":"20,06"},{"$f":"CUSTO_BDI_SERVICO","v":25.32},{"$f":"CUSTO_TOTAL_SERVICO","v":70.89},null,null,null,null,"SERVIÇO",null,null,null,"NIVEL 4","NIVEL 4","NIVEL 4","NIVEL 4",{"$f":"COUNTIF($R$2:$R125,\"NIVEL 1\")","v":4},1,2,3,{"$f":"ADDRESS(MATCH(COUNTIF($R$2:$R125,\"NIVEL 1\"),V:V,0),COLUMN(S125))","v":"$S$111"},{"$f":"ADDRESS(MATCH(COUNTIF($R$2:$R125,\"NIVEL 1\"),V:V,0),COLUMN(W125))","v":"$W$111"},{"$f":"ADDRESS((MATCH(COUNTIF(INDIRECT(Z125):$S125,\"NIVEL 2\"),INDIRECT(AA125):W125,0)+(MATCH(COUNTIF($R$2:$R125,\"NIVEL 1\"),V:V,0)-1)),COLUMN(T125))","v":"$T$113"},null,null,null,null,null,null,null,null,null,null,null,null,null,null,null,null,null,null,null,null,null,null,null,null,null,null,{"$f":"PROCURA_PRECO_SERVICO","v":"20,06"}]
[null,null,null,null,null,null,null,null,null,null,null,null,null,null,null,null,null,null,null,null,null,{"$f":"COUNTIF($R$2:$R126,\"NIVEL 1\")","v":4},1,2,0,{"$f":"ADDRESS(MATCH(COUNTIF($R$2:$R126,\"NIVEL 1\"),V:V,0),COLUMN(S126))","v":"$S$111"},{"$f":"ADDRESS(MATCH(COUNTIF($R$2:$R126,\"NIVEL 1\"),V:V,0),COLUMN(W126))","v":"$W$111"},{"$f":"ADDRESS((MATCH(COUNTIF(INDIRECT(Z126):$S126,\"NIVEL 2\"),INDIRECT(AA126):W126,0)+(MATCH(COUNTIF($R$2:$R126,\"NIVEL 1\"),V:V,0)-1)),COLUMN(T126))","v":"$T$113"},null,null,null,null,null,null,null,null,null,null,null,null,null,null,null,null,null,null,null,null,null,null,null,null,null,null,{"$f":"PROCURA_PRECO_SERVICO","v":0}]
[null,null,null,{"$f":"\"SUBTOTAL DO ITEM - \"&A121","v":"SUBTOTAL DO ITEM - 4.1.2"},null,null,null,null,{"$f":"SUBTOTAL(9,OFFSET(I121,1,0):OFFSET(I127,-1,0))","v":1468.57},null,null,null,null,"SUBSUBITEM_FIM",null,null,null,null,null,null,null,{"$f":"COUNTIF($R$2:$R127,\"NIVEL 1\")","v":4},1,2,0,{"$f":"ADDRESS(MATCH(COUNTIF($R$2:$R127,\"NIVEL 1\"),V:V,0),COLUMN(S127))","v":"$S$111"},{"$f":"ADDRESS(MATCH(COUNTIF($R$2:$R127,\"NIVEL 1\"),V:V,0),COLUMN(W127))","v":"$W$111"},{"$f":"ADDRESS((MATCH(COUNTIF(INDIRECT(Z127):$S127,\"NIVEL 2\"),INDIRECT(AA127):W127,0)+(MATCH(COUNTIF($R$2:$R127,\"NIVEL 1\"),V:V,0)-1)),COLUMN(T127))","v":"$T$113"},null,null,null,null,null,null,null,null,null,null,null,null,null,null,null,null,null,null,null,null,null,null,null,null,null,null,{"$f":"PROCURA_PRECO_SERVICO","v":0}]
[null,null,null,null,null,null,null,null,null,null,null,null,null,null,null,null,null,null,null,null,null,{"$f":"COUNTIF($R$2:$R128,\"NIVEL 1\")","v":4},1,2,0,{"$f":"ADDRESS(MATCH(COUNTIF($R$2:$R128,\"NIVEL 1\"),V:V,0),COLUMN(S128))","v":"$S$111"},{"$f":"ADDRESS(MATCH(COUNTIF($R$2:$R128,\"NIVEL 1\"),V:V,0),COLUMN(W128))","v":"$W$111"},{"$f":"ADDRESS((MATCH(COUNTIF(INDIRECT(Z128):$S128,\"NIVEL 2\"),INDIRECT(AA128):W128,0)+(MATCH(COUNTIF($R$2:$R128,\"NIVEL 1\"),V:V,0)-1)),COLUMN(T128))","v":"$T$113"},null,null,null,null,null,null,null,null,null,null,null,null,null,null,null,null,null,null,null,null,null,null,null,null,null,null,{"$f":"PROCURA_PRECO_SERVICO","v":0}]
[{"$f":"V129&\".\"&W129&\".\"&X129","v":"4.1.3"},null,null,"PISOS/RODAPÉ",null,null,null,null,null,null,null,null,null,"SUBSUBITEM_INICIO",null,null,null,"NIVEL 3","NIVEL 3","NIVEL 3",null,{"$f":"COUNTIF($R$2:$R129,\"NIVEL 1\")","v":4},1,3,0,{"$f":"ADDRESS(MATCH(COUNTIF($R$2:$R129,\"NIVEL 1\"),V:V,0),COLUMN(S129))","v":"$S$111"},{"$f":"ADDRESS(MATCH(COUNTIF($R$2:$R129,\"NIVEL 1\"),V:V,0),COLUMN(W129))","v":"$W$111"},{"$f":"ADDRESS((MATCH(COUNTIF(INDIRECT(Z129):$S129,\"NIVEL 2\"),INDIRECT(AA129):W129,0)+(MATCH(COUNTIF($R$2:$R129,\"NIVEL 1\"),V:V,0)-1)),COLUMN(T129))","v":"$T$113"},null,null,null,null,null,null,null,null,null,null,null,null,null,null,null,null,null,null,null,null,null,null,null,null,null,null,{"$f":"PROCURA_PRECO_SERVICO","v":0}]
[null,null,null,null,null,null,null,null,null,null,null,null,null,null,null,null,null,null,null,null,null,{"$f":"COUNTIF($R$2:$R130,\"NIVEL 1\")","v":4},1,3,0,{"$f":"ADDRESS(MATCH(COUNTIF($R$2:$R130,\"NIVEL 1\"),V:V,0),COLUMN(S130))","v":"$S$111"},{"$f":"ADDRESS(MATCH(COUNTIF($R$2:$R130,\"NIVEL 1\"),V:V,0),COLUMN(W130))","v":"$W$111"},{"$f":"ADDRESS((MATCH(COUNTIF(INDIRECT(Z130):$S130,\"NIVEL 2\"),INDIRECT(AA130):W130,0)+(MATCH(COUNTIF($R$2:$R130,\"NIVEL 1\"),V:V,0)-1)),COLUMN(T130))","v":"$T$113"},null,null,null,null,null,null,null,null,null,null,null,null,null,null,null,null,null,null,null,null,null,null,null,null,null,null,{"$f":"PROCURA_PRECO_SERVICO","v":0}]
[{"$f":"V131&\".\"&W131&\".\"&X131&\".\"&Y131","v":"4.1.3.1"},"SETOP","ED-48479",{"$f":"PROCURA_DESCRICAO_SERVICO","v":"DEMOLIÇÃO MANUAL DE PISO CIMENTADO OU CONTRAPISO DE ARGAMASSA, COM ESPESSURA MÁXIMA DE 10CM, INCLUSIVE AFASTAMENTO E EMPILHAMENTO, EXCLUSIVE TRANSPORTE E RETIRADA DO MATERIAL DEMOLIDO"},{"$f":"PROCURA_UNIDADE_SERVICO","v":"M2"},587.9,{"$f":"PROCURA_PRECO_SERVICO","v":16.01},{"$f":"CUSTO_BDI_SERVICO","v":20.21},{"$f":"CUSTO_TOTAL_SERVICO","v":11881.45},null,null,null,null,"SERVIÇO",null,null,null,"NIVEL 4","NIVEL 4","NIVEL 4","NIVEL 4",{"$f":"COUNTIF($R$2:$R131,\"NIVEL 1\")","v":4},1,3,{"$f":"IF(U131=\"NIVEL 4\",OFFSET(Y131,-1,0)+1,0)","v":1},{"$f":"ADDRESS(MATCH(COUNTIF($R$2:$R131,\"NIVEL 1\"),V:V,0),COLUMN(S131))","v":"$S$111"},{"$f":"ADDRESS(MATCH(COUNTIF($R$2:$R131,\"NIVEL 1\"),V:V,0),COLUMN(W131))","v":"$W$111"},{"$f":"ADDRESS((MATCH(COUNTIF(INDIRECT(Z131):$S131,\"NIVEL 2\"),INDIRECT(AA131):W131,0)+(MATCH(COUNTIF($R$2:$R131,\"NIVEL 1\"),V:V,0)-1)),COLUMN(T131))","v":"$T$113"},null,null,null,null,null,null,null,null,null,null,null,null,null,null,null,null,null,null,null,null,null,null,null,null,null,null,{"$f":"PROCURA_PRECO_SERVICO","v":16.01}]
[{"$f":"V132&\".\"&W132&\".\"&X132&\".\"&Y132","v":"4.1.3.2"},"SINAPI","97633",{"$f":"PROCURA_DESCRICAO_SERVICO","v":"DEMOLIÇÃO DE REVESTIMENTO CERÂMICO, DE FORMA MANUAL, SEM REAPROVEITAMENTO. AF_12/2017"},{"$f":"PROCURA_UNIDADE_SERVICO","v":"M2"},587.9,{"$f":"PROCURA_PRECO_SERVICO","v":"21,64"},{"$f":"CUSTO_BDI_SERVICO","v":27.31},{"$f":"CUSTO_TOTAL_SERVICO","v":16055.54},null,null,null,null,"SERVIÇO",null,null,null,"NIVEL 4","NIVEL 4","NIVEL 4","NIVEL 4",{"$f":"COUNTIF($R$2:$R132,\"NIVEL 1\")","v":4},1,3,2,{"$f":"ADDRESS(MATCH(COUNTIF($R$2:$R132,\"NIVEL 1\"),V:V,0),COLUMN(S132))","v":"$S$111"},{"$f":"ADDRESS(MATCH(COUNTIF($R$2:$R132,\"NIVEL 1\"),V:V,0),COLUMN(W132))","v":"$W$111"},{"$f":"ADDRESS((MATCH(COUNTIF(INDIRECT(Z132):$S132,\"NIVEL 2\"),INDIRECT(AA132):W132,0)+(MATCH(COUNTIF($R$2:$R132,\"NIVEL 1\"),V:V,0)-1)),COLUMN(T132))","v":"$T$113"},null,null,null,null,null,null,null,null,null,null,null,null,null,null,null,null,null,null,null,null,null,null,null,null,null,null,{"$f":"PROCURA_PRECO_SERVICO","v":"21,64"}]
[{"$f":"V133&\".\"&W133&\".\"&X133&\".\"&Y133","v":"4.1.3.3"},"SINAPI","97632",{"$f":"PROCURA_DESCRICAO_SERVICO","v":"DEMOLIÇÃO DE RODAPÉ CERÂMICO, DE FORMA MANUAL, SEM REAPROVEITAMENTO. AF_12/2017"},{"$f":"PROCURA_UNIDADE_SERVICO","v":"M"},603.23,{"$f":"PROCURA_PRECO_SERVICO","v":"2,48"},{"$f":"CUSTO_BDI_SERVICO","v":3.13},{"$f":"CUSTO_TOTAL_SERVICO","v":1888.1},null,null,null,null,"SERVIÇO",null,null,null,"NIVEL 4","NIVEL 4","NIVEL 4","NIVEL 4",{"$f":"COUNTIF($R$2:$R133,\"NIVEL 1\")","v":4},1,3,{"$f":"IF(U133=\"NIVEL 4\",OFFSET(Y133,-1,0)+1,0)","v":3},{"$f":"ADDRESS(MATCH(COUNTIF($R$2:$R133,\"NIVEL 1\"),V:V,0),COLUMN(S133))","v":"$S$111"},{"$f":"ADDRESS(MATCH(COUNTIF($R$2:$R133,\"NIVEL 1\"),V:V,0),COLUMN(W133))","v":"$W$111"},{"$f":"ADDRESS((MATCH(COUNTIF(INDIRECT(Z133):$S133,\"NIVEL 2\"),INDIRECT(AA133):W133,0)+(MATCH(COUNTIF($R$2:$R133,\"NIVEL 1\"),V:V,0)-1)),COLUMN(T133))","v":"$T$113"},null,null,null,null,null,null,null,null,null,null,null,null,null,null,null,null,null,null,null,null,null,null,null,null,null,null,{"$f":"PROCURA_PRECO_SERVICO","v":"2,48"}]
[{"$f":"V134&\".\"&W134&\".\"&X134&\".\"&Y134","v":"4.1.3.4"},"SINAPI","97635",{"$f":"PROCURA_DESCRICAO_SERVICO","v":"DEMOLIÇÃO DE PAVIMENTO INTERTRAVADO, DE FORMA MANUAL, COM REAPROVEITAMENTO. AF_12/2017"},{"$f":"PROCURA_UNIDADE_SERVICO","v":"M2"},312.9,{"$f":"PROCURA_PRECO_SERVICO","v":"12,78"},{"$f":"CUSTO_BDI_SERVICO","v":16.13},{"$f":"CUSTO_TOTAL_SERVICO","v":5047.07},null,null,null,null,"SERVIÇO",null,null,null,"NIVEL 4","NIVEL 4","NIVEL 4","NIVEL 4",{"$f":"COUNTIF($R$2:$R134,\"NIVEL 1\")","v":4},1,3,4,{"$f":"ADDRESS(MATCH(COUNTIF($R$2:$R134,\"NIVEL 1\"),V:V,0),COLUMN(S134))","v":"$S$111"},{"$f":"ADDRESS(MATCH(COUNTIF($R$2:$R134,\"NIVEL 1\"),V:V,0),COLUMN(W134))","v":"$W$111"},{"$f":"ADDRESS((MATCH(COUNTIF(INDIRECT(Z134):$S134,\"NIVEL 2\"),INDIRECT(AA134):W134,0)+(MATCH(COUNTIF($R$2:$R134,\"NIVEL 1\"),V:V,0)-1)),COLUMN(T134))","v":"$T$113"},null,null,null,null,null,null,null,null,null,null,null,null,null,null,null,null,null,null,null,null,null,null,null,null,null,null,{"$f":"PROCURA_PRECO_SERVICO","v":"12,78"}]
[null,null,null,null,null,null,null,null,null,null,null,null,null,null,null,null,null,null,null,null,null,{"$f":"COUNTIF($R$2:$R135,\"NIVEL 1\")","v":4},1,3,0,{"$f":"ADDRESS(MATCH(COUNTIF($R$2:$R135,\"NIVEL 1\"),V:V,0),COLUMN(S135))","v":"$S$111"},{"$f":"ADDRESS(MATCH(COUNTIF($R$2:$R135,\"NIVEL 1\"),V:V,0),COLUMN(W135))","v":"$W$111"},{"$f":"ADDRESS((MATCH(COUNTIF(INDIRECT(Z135):$S135,\"NIVEL 2\"),INDIRECT(AA135):W135,0)+(MATCH(COUNTIF($R$2:$R135,\"NIVEL 1\"),V:V,0)-1)),COLUMN(T135))","v":"$T$113"},null,null,null,null,null,null,null,null,null,null,null,null,null,null,null,null,null,null,null,null,null,null,null,null,null,null,{"$f":"PROCURA_PRECO_SERVICO","v":0}]
[null,null,null,{"$f":"\"SUBTOTAL DO ITEM - \"&A129","v":"SUBTOTAL DO ITEM - 4.1.3"},null,null,null,null,{"$f":"SUBTOTAL(9,OFFSET(I129,1,0):OFFSET(I136,-1,0))","v":34872.16},null,null,null,null,"SUBSUBITEM_FIM",null,null,null,null,null,null,null,{"$f":"COUNTIF($R$2:$R136,\"NIVEL 1\")","v":4},{"$f":"IFERROR(COUNTIF(INDIRECT(Z136):S136,\"NIVEL 2\"),0)","v":1},{"$f":"COUNTIF(INDIRECT(AB136):T136,\"NIVEL 3\")","v":3},0,{"$f":"ADDRESS(MATCH(COUNTIF($R$2:$R136,\"NIVEL 1\"),V:V,0),COLUMN(S136))","v":"$S$111"},{"$f":"ADDRESS(MATCH(COUNTIF($R$2:$R136,\"NIVEL 1\"),V:V,0),COLUMN(W136))","v":"$W$111"},{"$f":"ADDRESS((MATCH(COUNTIF(INDIRECT(Z136):$S136,\"NIVEL 2\"),INDIRECT(AA136):W136,0)+(MATCH(COUNTIF($R$2:$R136,\"NIVEL 1\"),V:V,0)-1)),COLUMN(T136))","v":"$T$113"},null,null,null,null,null,null,null,null,null,null,null,null,null,null,null,null,null,null,null,null,null,null,null,null,null,null,{"$f":"PROCURA_PRECO_SERVICO","v":0}]
[null,null,null,null,null,null,null,null,null,null,null,null,null,null,null,null,null,null,null,null,null,{"$f":"COUNTIF($R$2:$R137,\"NIVEL 1\")","v":4},1,3,{"$f":"IF(U137=\"NIVEL 4\",OFFSET(Y137,-1,0)+1,0)","v":0},{"$f":"ADDRESS(MATCH(COUNTIF($R$2:$R137,\"NIVEL 1\"),V:V,0),COLUMN(S137))","v":"$S$111"},{"$f":"ADDRESS(MATCH(COUNTIF($R$2:$R137,\"NIVEL 1\"),V:V,0),COLUMN(W137))","v":"$W$111"},{"$f":"ADDRESS((MATCH(COUNTIF(INDIRECT(Z137):$S137,\"NIVEL 2\"),INDIRECT(AA137):W137,0)+(MATCH(COUNTIF($R$2:$R137,\"NIVEL 1\"),V:V,0)-1)),COLUMN(T137))","v":"$T$113"},null,null,null,null,null,null,null,null,null,null,null,null,null,null,null,null,null,null,null,null,null,null,null,null,null,null,{"$f":"PROCURA_PRECO_SERVICO","v":0}]
[{"$f":"V138&\".\"&W138&\".\"&X138","v":"4.1.4"},null,null,"REVESTIMENTO DE PAREDE",null,null,null,null,null,null,null,null,null,"SUBSUBITEM_INICIO",null,null,null,"NIVEL 3","NIVEL 3","NIVEL 3",null,{"$f":"COUNTIF($R$2:$R138,\"NIVEL 1\")","v":4},1,4,0,{"$f":"ADDRESS(MATCH(COUNTIF($R$2:$R138,\"NIVEL 1\"),V:V,0),COLUMN(S138))","v":"$S$111"},{"$f":"ADDRESS(MATCH(COUNTIF($R$2:$R138,\"NIVEL 1\"),V:V,0),COLUMN(W138))","v":"$W$111"},{"$f":"ADDRESS((MATCH(COUNTIF(INDIRECT(Z138):$S138,\"NIVEL 2\"),INDIRECT(AA138):W138,0)+(MATCH(COUNTIF($R$2:$R138,\"NIVEL 1\"),V:V,0)-1)),COLUMN(T138))","v":"$T$113"},null,null,null,null,null,null,null,null,null,null,null,null,null,null,null,null,null,null,null,null,null,null,null,null,null,null,{"$f":"PROCURA_PRECO_SERVICO","v":0}]
[null,null,null,null,null,null,null,null,null,null,null,null,null,null,null,null,null,null,null,null,null,{"$f":"COUNTIF($R$2:$R139,\"NIVEL 1\")","v":4},1,4,0,{"$f":"ADDRESS(MATCH(COUNTIF($R$2:$R139,\"NIVEL 1\"),V:V,0),COLUMN(S139))","v":"$S$111"},{"$f":"ADDRESS(MATCH(COUNTIF($R$2:$R139,\"NIVEL 1\"),V:V,0),COLUMN(W139))","v":"$W$111"},{"$f":"ADDRESS((MATCH(COUNTIF(INDIRECT(Z139):$S139,\"NIVEL 2\"),INDIRECT(AA139):W139,0)+(MATCH(COUNTIF($R$2:$R139,\"NIVEL 1\"),V:V,0)-1)),COLUMN(T139))","v":"$T$113"},null,null,null,null,null,null,null,null,null,null,null,null,null,null,null,null,null,null,null,null,null,null,null,null,null,null,{"$f":"PROCURA_PRECO_SERVICO","v":0}]
[{"$f":"V140&\".\"&W140&\".\"&X140&\".\"&Y140","v":"4.1.4.1"},"SINAPI","97633",{"$f":"PROCURA_DESCRICAO_SERVICO","v":"DEMOLIÇÃO DE REVESTIMENTO CERÂMICO, DE FORMA MANUAL, SEM REAPROVEITAMENTO. AF_12/2017"},{"$f":"PROCURA_UNIDADE_SERVICO","v":"M2"},451.3234,{"$f":"PROCURA_PRECO_SERVICO","v":"21,64"},{"$f":"CUSTO_BDI_SERVICO","v":27.31},{"$f":"CUSTO_TOTAL_SERVICO","v":12325.64},null,null,null,null,"SERVIÇO",null,null,null,"NIVEL 4","NIVEL 4","NIVEL 4","NIVEL 4",{"$f":"COUNTIF($R$2:$R140,\"NIVEL 1\")","v":4},1,4,1,{"$f":"ADDRESS(MATCH(COUNTIF($R$2:$R140,\"NIVEL 1\"),V:V,0),COLUMN(S140))","v":"$S$111"},{"$f":"ADDRESS(MATCH(COUNTIF($R$2:$R140,\"NIVEL 1\"),V:V,0),COLUMN(W140))","v":"$W$111"},{"$f":"ADDRESS((MATCH(COUNTIF(INDIRECT(Z140):$S140,\"NIVEL 2\"),INDIRECT(AA140):W140,0)+(MATCH(COUNTIF($R$2:$R140,\"NIVEL 1\"),V:V,0)-1)),COLUMN(T140))","v":"$T$113"},null,null,null,null,null,null,null,null,null,null,null,null,null,null,null,null,null,null,null,null,null,null,null,null,null,null,{"$f":"PROCURA_PRECO_SERVICO","v":"21,64"}]
[null,null,null,null,null,null,null,null,null,null,null,null,null,null,null,null,null,null,null,null,null,{"$f":"COUNTIF($R$2:$R141,\"NIVEL 1\")","v":4},1,4,0,{"$f":"ADDRESS(MATCH(COUNTIF($R$2:$R141,\"NIVEL 1\"),V:V,0),COLUMN(S141))","v":"$S$111"},{"$f":"ADDRESS(MATCH(COUNTIF($R$2:$R141,\"NIVEL 1\"),V:V,0),COLUMN(W141))","v":"$W$111"},{"$f":"ADDRESS((MATCH(COUNTIF(INDIRECT(Z141):$S141,\"NIVEL 2\"),INDIRECT(AA141):W141,0)+(MATCH(COUNTIF($R$2:$R141,\"NIVEL 1\"),V:V,0)-1)),COLUMN(T141))","v":"$T$113"},null,null,null,null,null,null,null,null,null,null,null,null,null,null,null,null,null,null,null,null,null,null,null,null,null,null,{"$f":"PROCURA_PRECO_SERVICO","v":0}]
[null,null,null,{"$f":"\"SUBTOTAL DO ITEM - \"&A138","v":"SUBTOTAL DO ITEM - 4.1.4"},null,null,null,null,{"$f":"SUBTOTAL(9,OFFSET(I138,1,0):OFFSET(I142,-1,0))","v":12325.64},null,null,null,null,"SUBSUBITEM_FIM",null,null,null,null,null,null,null,{"$f":"COUNTIF($R$2:$R142,\"NIVEL 1\")","v":4},1,4,0,{"$f":"ADDRESS(MATCH(COUNTIF($R$2:$R142,\"NIVEL 1\"),V:V,0),COLUMN(S142))","v":"$S$111"},{"$f":"ADDRESS(MATCH(COUNTIF($R$2:$R142,\"NIVEL 1\"),V:V,0),COLUMN(W142))","v":"$W$111"},{"$f":"ADDRESS((MATCH(COUNTIF(INDIRECT(Z142):$S142,\"NIVEL 2\"),INDIRECT(AA142):W142,0)+(MATCH(COUNTIF($R$2:$R142,\"NIVEL 1\"),V:V,0)-1)),COLUMN(T142))","v":"$T$113"},null,null,null,null,null,null,null,null,null,null,null,null,null,null,null,null,null,null,null,null,null,null,null,null,null,null,{"$f":"PROCURA_PRECO_SERVICO","v":0}]
[null,null,null,null,null,null,null,null,null,null,null,null,null,null,null,null,null,null,null,null,null,{"$f":"COUNTIF($R$2:$R143,\"NIVEL 1\")","v":4},1,4,{"$f":"IF(U143=\"NIVEL 4\",OFFSET(Y143,-1,0)+1,0)","v":0},{"$f":"ADDRESS(MATCH(COUNTIF($R$2:$R143,\"NIVEL 1\"),V:V,0),COLUMN(S143))","v":"$S$111"},{"$f":"ADDRESS(MATCH(COUNTIF($R$2:$R143,\"NIVEL 1\"),V:V,0),COLUMN(W143))","v":"$W$111"},{"$f":"ADDRESS((MATCH(COUNTIF(INDIRECT(Z143):$S143,\"NIVEL 2\"),INDIRECT(AA143):W143,0)+(MATCH(COUNTIF($R$2:$R143,\"NIVEL 1\"),V:V,0)-1)),COLUMN(T143))","v":"$T$113"},null,null,null,null,null,null,null,null,null,null,null,null,null,null,null,null,null,null,null,null,null,null,null,null,null,null,{"$f":"PROCURA_PRECO_SERVICO","v":0}]
[{"$f":"V144&\".\"&W144&\".\"&X144","v":"4.1.5"},null,null,"ARMÁRIO",null,null,null,null,null,null,null,null,null,"SUBSUBITEM_INICIO",null,null,null,"NIVEL 3","NIVEL 3","NIVEL 3",null,{"$f":"COUNTIF($R$2:$R144,\"NIVEL 1\")","v":4},1,5,0,{"$f":"ADDRESS(MATCH(COUNTIF($R$2:$R144,\"NIVEL 1\"),V:V,0),COLUMN(S144))","v":"$S$111"},{"$f":"ADDRESS(MATCH(COUNTIF($R$2:$R144,\"NIVEL 1\"),V:V,0),COLUMN(W144))","v":"$W$111"},{"$f":"ADDRESS((MATCH(COUNTIF(INDIRECT(Z144):$S144,\"NIVEL 2\"),INDIRECT(AA144):W144,0)+(MATCH(COUNTIF($R$2:$R144,\"NIVEL 1\"),V:V,0)-1)),COLUMN(T144))","v":"$T$113"},null,null,null,null,null,null,null,null,null,null,null,null,null,null,null,null,null,null,null,null,null,null,null,null,null,null,{"$f":"PROCURA_PRECO_SERVICO","v":0}]
[null,null,null,null,null,null,null,null,null,null,null,null,null,null,null,null,null,null,null,null,null,{"$f":"COUNTIF($R$2:$R145,\"NIVEL 1\")","v":4},1,5,0,{"$f":"ADDRESS(MATCH(COUNTIF($R$2:$R145,\"NIVEL 1\"),V:V,0),COLUMN(S145))","v":"$S$111"},{"$f":"ADDRESS(MATCH(COUNTIF($R$2:$R145,\"NIVEL 1\"),V:V,0),COLUMN(W145))","v":"$W$111"},{"$f":"ADDRESS((MATCH(COUNTIF(INDIRECT(Z145):$S145,\"NIVEL 2\"),INDIRECT(AA145):W145,0)+(MATCH(COUNTIF($R$2:$R145,\"NIVEL 1\"),V:V,0)-1)),COLUMN(T145))","v":"$T$113"},null,null,null,null,null,null,null,null,null,null,null,null,null,null,null,null,null,null,null,null,null,null,null,null,null,null,{"$f":"PROCURA_PRECO_SERVICO","v":0}]
[{"$f":"V146&\".\"&W146&\".\"&X146&\".\"&Y146","v":"4.1.5.1"},"COMPOSIÇÃO","JMV-CRAS-066",{"$f":"PROCURA_DESCRICAO_SERVICO","v":"RETIRADA ARMARIOS EMBUTIDOS - BASEADA DA SBC (022904)"},{"$f":"PROCURA_UNIDADE_SERVICO","v":"M²"},63,{"$f":"PROCURA_PRECO_SERVICO","v":81.03},{"$f":"CUSTO_BDI_SERVICO","v":102.29},{"$f":"CUSTO_TOTAL_SERVICO","v":6444.27},null,null,null,null,"SERVIÇO",null,null,null,"NIVEL 4","NIVEL 4","NIVEL 4","NIVEL 4",{"$f":"COUNTIF($R$2:$R146,\"NIVEL 1\")","v":4},1,5,1,{"$f":"ADDRESS(MATCH(COUNTIF($R$2:$R146,\"NIVEL 1\"),V:V,0),COLUMN(S146))","v":"$S$111"},{"$f":"ADDRESS(MATCH(COUNTIF($R$2:$R146,\"NIVEL 1\"),V:V,0),COLUMN(W146))","v":"$W$111"},{"$f":"ADDRESS((MATCH(COUNTIF(INDIRECT(Z146):$S146,\"NIVEL 2\"),INDIRECT(AA146):W146,0)+(MATCH(COUNTIF($R$2:$R146,\"NIVEL 1\"),V:V,0)-1)),COLUMN(T146))","v":"$T$113"},null,null,null,null,null,null,null,null,null,null,null,null,null,null,null,null,null,null,null,null,null,null,null,null,null,null,{"$f":"PROCURA_PRECO_SERVICO","v":81.03}]
[null,null,null,null,null,null,null,null,null,null,null,null,null,null,null,null,null,null,null,null,null,{"$f":"COUNTIF($R$2:$R147,\"NIVEL 1\")","v":4},1,5,0,{"$f":"ADDRESS(MATCH(COUNTIF($R$2:$R147,\"NIVEL 1\"),V:V,0),COLUMN(S147))","v":"$S$111"},{"$f":"ADDRESS(MATCH(COUNTIF($R$2:$R147,\"NIVEL 1\"),V:V,0),COLUMN(W147))","v":"$W$111"},{"$f":"ADDRESS((MATCH(COUNTIF(INDIRECT(Z147):$S147,\"NIVEL 2\"),INDIRECT(AA147):W147,0)+(MATCH(COUNTIF($R$2:$R147,\"NIVEL 1\"),V:V,0)-1)),COLUMN(T147))","v":"$T$113"},null,null,null,null,null,null,null,null,null,null,null,null,null,null,null,null,null,null,null,null,null,null,null,null,null,null,{"$f":"PROCURA_PRECO_SERVICO","v":0}]
[null,null,null,{"$f":"\"SUBTOTAL DO ITEM - \"&A144","v":"SUBTOTAL DO ITEM - 4.1.5"},null,null,null,null,{"$f":"SUBTOTAL(9,OFFSET(I144,1,0):OFFSET(I148,-1,0))","v":6444.27},null,null,null,null,"SUBSUBITEM_FIM",null,null,null,null,null,null,null,{"$f":"COUNTIF($R$2:$R148,\"NIVEL 1\")","v":4},1,5,0,{"$f":"ADDRESS(MATCH(COUNTIF($R$2:$R148,\"NIVEL 1\"),V:V,0),COLUMN(S148))","v":"$S$111"},{"$f":"ADDRESS(MATCH(COUNTIF($R$2:$R148,\"NIVEL 1\"),V:V,0),COLUMN(W148))","v":"$W$111"},{"$f":"ADDRESS((MATCH(COUNTIF(INDIRECT(Z148):$S148,\"NIVEL 2\"),INDIRECT(AA148):W148,0)+(MATCH(COUNTIF($R$2:$R148,\"NIVEL 1\"),V:V,0)-1)),COLUMN(T148))","v":"$T$113"},null,null,null,null,null,null,null,null,null,null,null,null,null,null,null,null,null,null,null,null,null,null,null,null,null,null,{"$f":"PROCURA_PRECO_SERVICO","v":0}]
[null,null,null,null,null,null,null,null,null,null,null,null,null,null,null,null,null,null,null,null,null,{"$f":"COUNTIF($R$2:$R149,\"NIVEL 1\")","v":4},1,5,0,{"$f":"ADDRESS(MATCH(COUNTIF($R$2:$R149,\"NIVEL 1\"),V:V,0),COLUMN(S149))","v":"$S$111"},{"$f":"ADDRESS(MATCH(COUNTIF($R$2:$R149,\"NIVEL 1\"),V:V,0),COLUMN(W149))","v":"$W$111"},{"$f":"ADDRESS((MATCH(COUNTIF(INDIRECT(Z149):$S149,\"NIVEL 2\"),INDIRECT(AA149):W149,0)+(MATCH(COUNTIF($R$2:$R149,\"NIVEL 1\"),V:V,0)-1)),COLUMN(T149))","v":"$T$113"},null,null,null,null,null,null,null,null,null,null,null,null,null,null,null,null,null,null,null,null,null,null,null,null,null,null,{"$f":"PROCURA_PRECO_SERVICO","v":0}]
[{"$f":"V150&\".\"&W150&\".\"&X150","v":"4.1.6"},null,null,"BANCADA",null,null,null,null,null,null,null,null,null,"SUBSUBITEM_INICIO",null,null,null,"NIVEL 3","NIVEL 3","NIVEL 3",null,{"$f":"COUNTIF($R$2:$R150,\"NIVEL 1\")","v":4},1,6,0,{"$f":"ADDRESS(MATCH(COUNTIF($R$2:$R150,\"NIVEL 1\"),V:V,0),COLUMN(S150))","v":"$S$111"},{"$f":"ADDRESS(MATCH(COUNTIF($R$2:$R150,\"NIVEL 1\"),V:V,0),COLUMN(W150))","v":"$W$111"},{"$f":"ADDRESS((MATCH(COUNTIF(INDIRECT(Z150):$S150,\"NIVEL 2\"),INDIRECT(AA150):W150,0)+(MATCH(COUNTIF($R$2:$R150,\"NIVEL 1\"),V:V,0)-1)),COLUMN(T150))","v":"$T$113"},null,null,null,null,null,null,null,null,null,null,null,null,null,null,null,null,null,null,null,null,null,null,null,null,null,null,{"$f":"PROCURA_PRECO_SERVICO","v":0}]
[null,null,null,null,null,null,null,null,null,null,null,null,null,null,null,null,null,null,null,null,null,{"$f":"COUNTIF($R$2:$R151,\"NIVEL 1\")","v":4},1,6,0,{"$f":"ADDRESS(MATCH(COUNTIF($R$2:$R151,\"NIVEL 1\"),V:V,0),COLUMN(S151))","v":"$S$111"},{"$f":"ADDRESS(MATCH(COUNTIF($R$2:$R151,\"NIVEL 1\"),V:V,0),COLUMN(W151))","v":"$W$111"},{"$f":"ADDRESS((MATCH(COUNTIF(INDIRECT(Z151):$S151,\"NIVEL 2\"),INDIRECT(AA151):W151,0)+(MATCH(COUNTIF($R$2:$R151,\"NIVEL 1\"),V:V,0)-1)),COLUMN(T151))","v":"$T$113"},null,null,null,null,null,null,null,null,null,null,null,null,null,null,null,null,null,null,null,null,null,null,null,null,null,null,{"$f":"PROCURA_PRECO_SERVICO","v":0}]
[{"$f":"V152&\".\"&W152&\".\"&X152&\".\"&Y152","v":"4.1.6.1"},"SETOP","ED-48437",{"$f":"PROCURA_DESCRICAO_SERVICO","v":"REMOÇÃO MANUAL DE BANCADA DE PEDRA (MÁRMORE, GRANITO, ARDÓSIA, MARMORITE, ETC.), COM REAPROVEITAMENTO, INCLUSIVE RASGO EM ALVENARIA, REMOÇÃO DE ACESSÓRIOS DE FIXAÇÃO, AFASTAMENTO E EMPILHAMENTO, EXCLUSIVE TRANSPORTE E RETIRADA DO MATERIAL REMOVIDO NÃO REAPROVEITÁVEL"},{"$f":"PROCURA_UNIDADE_SERVICO","v":"M2"},4.536,{"$f":"PROCURA_PRECO_SERVICO","v":48.55},{"$f":"CUSTO_BDI_SERVICO","v":61.28},{"$f":"CUSTO_TOTAL_SERVICO","v":277.96},null,null,null,null,"SERVIÇO",null,null,null,"NIVEL 4","NIVEL 4","NIVEL 4","NIVEL 4",{"$f":"COUNTIF($R$2:$R152,\"NIVEL 1\")","v":4},1,6,1,{"$f":"ADDRESS(MATCH(COUNTIF($R$2:$R152,\"NIVEL 1\"),V:V,0),COLUMN(S152))","v":"$S$111"},{"$f":"ADDRESS(MATCH(COUNTIF($R$2:$R152,\"NIVEL 1\"),V:V,0),COLUMN(W152))","v":"$W$111"},{"$f":"ADDRESS((MATCH(COUNTIF(INDIRECT(Z152):$S152,\"NIVEL 2\"),INDIRECT(AA152):W152,0)+(MATCH(COUNTIF($R$2:$R152,\"NIVEL 1\"),V:V,0)-1)),COLUMN(T152))","v":"$T$113"},null,null,null,null,null,null,null,null,null,null,null,null,null,null,null,null,null,null,null,null,null,null,null,null,null,null,{"$f":"PROCURA_PRECO_SERVICO","v":48.55}]
[null,null,null,null,null,null,null,null,null,null,null,null,null,null,null,null,null,null,null,null,null,{"$f":"COUNTIF($R$2:$R153,\"NIVEL 1\")","v":4},1,6,0,{"$f":"ADDRESS(MATCH(COUNTIF($R$2:$R153,\"NIVEL 1\"),V:V,0),COLUMN(S153))","v":"$S$111"},{"$f":"ADDRESS(MATCH(COUNTIF($R$2:$R153,\"NIVEL 1\"),V:V,0),COLUMN(W153))","v":"$W$111"},{"$f":"ADDRESS((MATCH(COUNTIF(INDIRECT(Z153):$S153,\"NIVEL 2\"),INDIRECT(AA153):W153,0)+(MATCH(COUNTIF($R$2:$R153,\"NIVEL 1\"),V:V,0)-1)),COLUMN(T153))","v":"$T$113"},null,null,null,null,null,null,null,null,null,null,null,null,null,null,null,null,null,null,null,null,null,null,null,null,null,null,{"$f":"PROCURA_PRECO_SERVICO","v":0}]
[null,null,null,{"$f":"\"SUBTOTAL DO ITEM - \"&A150","v":"SUBTOTAL DO ITEM - 4.1.6"},null,null,null,null,{"$f":"SUBTOTAL(9,OFFSET(I150,1,0):OFFSET(I154,-1,0))","v":277.96},null,null,null,null,"SUBSUBITEM_FIM",null,null,null,null,null,null,null,{"$f":"COUNTIF($R$2:$R154,\"NIVEL 1\")","v":4},1,6,0,{"$f":"ADDRESS(MATCH(COUNTIF($R$2:$R154,\"NIVEL 1\"),V:V,0),COLUMN(S154))","v":"$S$111"},{"$f":"ADDRESS(MATCH(COUNTIF($R$2:$R154,\"NIVEL 1\"),V:V,0),COLUMN(W154))","v":"$W$111"},{"$f":"ADDRESS((MATCH(COUNTIF(INDIRECT(Z154):$S154,\"NIVEL 2\"),INDIRECT(AA154):W154,0)+(MATCH(COUNTIF($R$2:$R154,\"NIVEL 1\"),V:V,0)-1)),COLUMN(T154))","v":"$T$113"},null,null,null,null,null,null,null,null,null,null,null,null,null,null,null,null,null,null,null,null,null,null,null,null,null,null,{"$f":"PROCURA_PRECO_SERVICO","v":0}]
[null,null,null,null,null,null,null,null,null,null,null,null,null,null,null,null,null,null,null,null,null,{"$f":"COUNTIF($R$2:$R155,\"NIVEL 1\")","v":4},1,6,{"$f":"IF(U155=\"NIVEL 4\",OFFSET(Y155,-1,0)+1,0)","v":0},{"$f":"ADDRESS(MATCH(COUNTIF($R$2:$R155,\"NIVEL 1\"),V:V,0),COLUMN(S155))","v":"$S$111"},{"$f":"ADDRESS(MATCH(COUNTIF($R$2:$R155,\"NIVEL 1\"),V:V,0),COLUMN(W155))","v":"$W$111"},{"$f":"ADDRESS((MATCH(COUNTIF(INDIRECT(Z155):$S155,\"NIVEL 2\"),INDIRECT(AA155):W155,0)+(MATCH(COUNTIF($R$2:$R155,\"NIVEL 1\"),V:V,0)-1)),COLUMN(T155))","v":"$T$113"},null,null,null,null,null,null,null,null,null,null,null,null,null,null,null,null,null,null,null,null,null,null,null,null,null,null,{"$f":"PROCURA_PRECO_SERVICO","v":0}]
[{"$f":"V156&\".\"&W156&\".\"&X156","v":"4.1.7"},null,null,"PORTÃO",null,null,null,null,null,null,null,null,null,"SUBSUBITEM_INICIO",null,null,null,"NIVEL 3","NIVEL 3","NIVEL 3",null,{"$f":"COUNTIF($R$2:$R156,\"NIVEL 1\")","v":4},1,7,0,{"$f":"ADDRESS(MATCH(COUNTIF($R$2:$R156,\"NIVEL 1\"),V:V,0),COLUMN(S156))","v":"$S$111"},{"$f":"ADDRESS(MATCH(COUNTIF($R$2:$R156,\"NIVEL 1\"),V:V,0),COLUMN(W156))","v":"$W$111"},{"$f":"ADDRESS((MATCH(COUNTIF(INDIRECT(Z156):$S156,\"NIVEL 2\"),INDIRECT(AA156):W156,0)+(MATCH(COUNTIF($R$2:$R156,\"NIVEL 1\"),V:V,0)-1)),COLUMN(T156))","v":"$T$113"},null,null,null,null,null,null,null,null,null,null,null,null,null,null,null,null,null,null,null,null,null,null,null,null,null,null,{"$f":"PROCURA_PRECO_SERVICO","v":0}]
[null,null,null,null,null,null,null,null,null,null,null,null,null,null,null,null,null,null,null,null,null,{"$f":"COUNTIF($R$2:$R157,\"NIVEL 1\")","v":4},1,7,0,{"$f":"ADDRESS(MATCH(COUNTIF($R$2:$R157,\"NIVEL 1\"),V:V,0),COLUMN(S157))","v":"$S$111"},{"$f":"ADDRESS(MATCH(COUNTIF($R$2:$R157,\"NIVEL 1\"),V:V,0),COLUMN(W157))","v":"$W$111"},{"$f":"ADDRESS((MATCH(COUNTIF(INDIRECT(Z157):$S157,\"NIVEL 2\"),INDIRECT(AA157):W157,0)+(MATCH(COUNTIF($R$2:$R157,\"NIVEL 1\"),V:V,0)-1)),COLUMN(T157))","v":"$T$113"},null,null,null,null,null,null,null,null,null,null,null,null,null,null,null,null,null,null,null,null,null,null,null,null,null,null,{"$f":"PROCURA_PRECO_SERVICO","v":0}]
[{"$f":"V158&\".\"&W158&\".\"&X158&\".\"&Y158","v":"4.1.7.1"},"SINAPI","97644",{"$f":"PROCURA_DESCRICAO_SERVICO","v":"REMOÇÃO DE PORTAS, DE FORMA MANUAL, SEM REAPROVEITAMENTO. AF_12/2017"},{"$f":"PROCURA_UNIDADE_SERVICO","v":"M2"},18.2,{"$f":"PROCURA_PRECO_SERVICO","v":"8,70"},{"$f":"CUSTO_BDI_SERVICO","v":10.98},{"$f":"CUSTO_TOTAL_SERVICO","v":199.83},null,null,null,null,"SERVIÇO",null,null,null,"NIVEL 4","NIVEL 4","NIVEL 4","NIVEL 4",{"$f":"COUNTIF($R$2:$R158,\"NIVEL 1\")","v":4},1,7,1,{"$f":"ADDRESS(MATCH(COUNTIF($R$2:$R158,\"NIVEL 1\"),V:V,0),COLUMN(S158))","v":"$S$111"},{"$f":"ADDRESS(MATCH(COUNTIF($R$2:$R158,\"NIVEL 1\"),V:V,0),COLUMN(W158))","v":"$W$111"},{"$f":"ADDRESS((MATCH(COUNTIF(INDIRECT(Z158):$S158,\"NIVEL 2\"),INDIRECT(AA158):W158,0)+(MATCH(COUNTIF($R$2:$R158,\"NIVEL 1\"),V:V,0)-1)),COLUMN(T158))","v":"$T$113"},null,null,null,null,null,null,null,null,null,null,null,null,null,null,null,null,null,null,null,null,null,null,null,null,null,null,{"$f":"PROCURA_PRECO_SERVICO","v":"8,70"}]
[null,null,null,null,null,null,null,null,null,null,null,null,null,null,null,null,null,null,null,null,null,{"$f":"COUNTIF($R$2:$R159,\"NIVEL 1\")","v":4},1,7,0,{"$f":"ADDRESS(MATCH(COUNTIF($R$2:$R159,\"NIVEL 1\"),V:V,0),COLUMN(S159))","v":"$S$111"},{"$f":"ADDRESS(MATCH(COUNTIF($R$2:$R159,\"NIVEL 1\"),V:V,0),COLUMN(W159))","v":"$W$111"},{"$f":"ADDRESS((MATCH(COUNTIF(INDIRECT(Z159):$S159,\"NIVEL 2\"),INDIRECT(AA159):W159,0)+(MATCH(COUNTIF($R$2:$R159,\"NIVEL 1\"),V:V,0)-1)),COLUMN(T159))","v":"$T$113"},null,null,null,null,null,null,null,null,null,null,null,null,null,null,null,null,null,null,null,null,null,null,null,null,null,null,{"$f":"PROCURA_PRECO_SERVICO","v":0}]
[null,null,null,{"$f":"\"SUBTOTAL DO ITEM - \"&A156","v":"SUBTOTAL DO ITEM - 4.1.7"},null,null,null,null,{"$f":"SUBTOTAL(9,OFFSET(I156,1,0):OFFSET(I160,-1,0))","v":199.83},null,null,null,null,"SUBSUBITEM_FIM",null,null,null,null,null,null,null,{"$f":"COUNTIF($R$2:$R160,\"NIVEL 1\")","v":4},1,7,0,{"$f":"ADDRESS(MATCH(COUNTIF($R$2:$R160,\"NIVEL 1\"),V:V,0),COLUMN(S160))","v":"$S$111"},{"$f":"ADDRESS(MATCH(COUNTIF($R$2:$R160,\"NIVEL 1\"),V:V,0),COLUMN(W160))","v":"$W$111"},{"$f":"ADDRESS((MATCH(COUNTIF(INDIRECT(Z160):$S160,\"NIVEL 2\"),INDIRECT(AA160):W160,0)+(MATCH(COUNTIF($R$2:$R160,\"NIVEL 1\"),V:V,0)-1)),COLUMN(T160))","v":"$T$113"},null,null,null,null,null,null,null,null,null,null,null,null,null,null,null,null,null,null,null,null,null,null,null,null,null,null,{"$f":"PROCURA_PRECO_SERVICO","v":0}]
[null,null,null,null,null,null,null,null,null,null,null,null,null,null,null,null,null,null,null,null,null,{"$f":"COUNTIF($R$2:$R161,\"NIVEL 1\")","v":4},1,7,0,{"$f":"ADDRESS(MATCH(COUNTIF($R$2:$R161,\"NIVEL 1\"),V:V,0),COLUMN(S161))","v":"$S$111"},{"$f":"ADDRESS(MATCH(COUNTIF($R$2:$R161,\"NIVEL 1\"),V:V,0),COLUMN(W161))","v":"$W$111"},{"$f":"ADDRESS((MATCH(COUNTIF(INDIRECT(Z161):$S161,\"NIVEL 2\"),INDIRECT(AA161):W161,0)+(MATCH(COUNTIF($R$2:$R161,\"NIVEL 1\"),V:V,0)-1)),COLUMN(T161))","v":"$T$113"},null,null,null,null,null,null,null,null,null,null,null,null,null,null,null,null,null,null,null,null,null,null,null,null,null,null,{"$f":"PROCURA_PRECO_SERVICO","v":0}]
[{"$f":"V162&\".\"&W162&\".\"&X162","v":"4.1.8"},null,null,"RAMPA",null,null,null,null,null,null,null,null,null,"SUBSUBITEM_INICIO",null,null,null,"NIVEL 3","NIVEL 3","NIVEL 3",null,{"$f":"COUNTIF($R$2:$R162,\"NIVEL 1\")","v":4},1,8,0,{"$f":"ADDRESS(MATCH(COUNTIF($R$2:$R162,\"NIVEL 1\"),V:V,0),COLUMN(S162))","v":"$S$111"},{"$f":"ADDRESS(MATCH(COUNTIF($R$2:$R162,\"NIVEL 1\"),V:V,0),COLUMN(W162))","v":"$W$111"},{"$f":"ADDRESS((MATCH(COUNTIF(INDIRECT(Z162):$S162,\"NIVEL 2\"),INDIRECT(AA162):W162,0)+(MATCH(COUNTIF($R$2:$R162,\"NIVEL 1\"),V:V,0)-1)),COLUMN(T162))","v":"$T$113"},null,null,null,null,null,null,null,null,null,null,null,null,null,null,null,null,null,null,null,null,null,null,null,null,null,null,{"$f":"PROCURA_PRECO_SERVICO","v":0}]
[null,null,null,null,null,null,null,null,null,null,null,null,null,null,null,null,null,null,null,null,null,{"$f":"COUNTIF($R$2:$R163,\"NIVEL 1\")","v":4},1,8,0,{"$f":"ADDRESS(MATCH(COUNTIF($R$2:$R163,\"NIVEL 1\"),V:V,0),COLUMN(S163))","v":"$S$111"},{"$f":"ADDRESS(MATCH(COUNTIF($R$2:$R163,\"NIVEL 1\"),V:V,0),COLUMN(W163))","v":"$W$111"},{"$f":"ADDRESS((MATCH(COUNTIF(INDIRECT(Z163):$S163,\"NIVEL 2\"),INDIRECT(AA163):W163,0)+(MATCH(COUNTIF($R$2:$R163,\"NIVEL 1\"),V:V,0)-1)),COLUMN(T163))","v":"$T$113"},null,null,null,null,null,null,null,null,null,null,null,null,null,null,null,null,null,null,null,null,null,null,null,null,null,null,{"$f":"PROCURA_PRECO_SERVICO","v":0}]
[{"$f":"V164&\".\"&W164&\".\"&X164&\".\"&Y164","v":"4.1.8.1"},"SETOP","ED-48443",{"$f":"PROCURA_DESCRICAO_SERVICO","v":"DEMOLIÇÃO MECANIZADA DE CONCRETO ARMADO, COM EQUIPAMENTO ELÉTRICO, INCLUSIVE AFASTAMENTO E EMPILHAMENTO, EXCLUSIVE TRANSPORTE E RETIRADA DO MATERIAL DEMOLIDO"},{"$f":"PROCURA_UNIDADE_SERVICO","v":"M3"},2.736,{"$f":"PROCURA_PRECO_SERVICO","v":142.52},{"$f":"CUSTO_BDI_SERVICO","v":179.91},{"$f":"CUSTO_TOTAL_SERVICO","v":492.23},null,null,null,null,"SERVIÇO",null,null,null,"NIVEL 4","NIVEL 4","NIVEL 4","NIVEL 4",{"$f":"COUNTIF($R$2:$R164,\"NIVEL 1\")","v":4},1,8,1,{"$f":"ADDRESS(MATCH(COUNTIF($R$2:$R164,\"NIVEL 1\"),V:V,0),COLUMN(S164))","v":"$S$111"},{"$f":"ADDRESS(MATCH(COUNTIF($R$2:$R164,\"NIVEL 1\"),V:V,0),COLUMN(W164))","v":"$W$111"},{"$f":"ADDRESS((MATCH(COUNTIF(INDIRECT(Z164):$S164,\"NIVEL 2\"),INDIRECT(AA164):W164,0)+(MATCH(COUNTIF($R$2:$R164,\"NIVEL 1\"),V:V,0)-1)),COLUMN(T164))","v":"$T$113"},null,null,null,null,null,null,null,null,null,null,null,null,null,null,null,null,null,null,null,null,null,null,null,null,null,null,{"$f":"PROCURA_PRECO_SERVICO","v":142.52}]
[null,null,null,null,null,null,null,null,null,null,null,null,null,null,null,null,null,null,null,null,null,{"$f":"COUNTIF($R$2:$R165,\"NIVEL 1\")","v":4},1,8,0,{"$f":"ADDRESS(MATCH(COUNTIF($R$2:$R165,\"NIVEL 1\"),V:V,0),COLUMN(S165))","v":"$S$111"},{"$f":"ADDRESS(MATCH(COUNTIF($R$2:$R165,\"NIVEL 1\"),V:V,0),COLUMN(W165))","v":"$W$111"},{"$f":"ADDRESS((MATCH(COUNTIF(INDIRECT(Z165):$S165,\"NIVEL 2\"),INDIRECT(AA165):W165,0)+(MATCH(COUNTIF($R$2:$R165,\"NIVEL 1\"),V:V,0)-1)),COLUMN(T165))","v":"$T$113"},null,null,null,null,null,null,null,null,null,null,null,null,null,null,null,null,null,null,null,null,null,null,null,null,null,null,{"$f":"PROCURA_PRECO_SERVICO","v":0}]
[null,null,null,{"$f":"\"SUBTOTAL DO ITEM - \"&A162","v":"SUBTOTAL DO ITEM - 4.1.8"},null,null,null,null,{"$f":"SUBTOTAL(9,OFFSET(I162,1,0):OFFSET(I166,-1,0))","v":492.23},null,null,null,null,"SUBSUBITEM_FIM",null,null,null,null,null,null,null,{"$f":"COUNTIF($R$2:$R166,\"NIVEL 1\")","v":4},1,8,0,{"$f":"ADDRESS(MATCH(COUNTIF($R$2:$R166,\"NIVEL 1\"),V:V,0),COLUMN(S166))","v":"$S$111"},{"$f":"ADDRESS(MATCH(COUNTIF($R$2:$R166,\"NIVEL 1\"),V:V,0),COLUMN(W166))","v":"$W$111"},{"$f":"ADDRESS((MATCH(COUNTIF(INDIRECT(Z166):$S166,\"NIVEL 2\"),INDIRECT(AA166):W166,0)+(MATCH(COUNTIF($R$2:$R166,\"NIVEL 1\"),V:V,0)-1)),COLUMN(T166))","v":"$T$113"},null,null,null,null,null,null,null,null,null,null,null,null,null,null,null,null,null,null,null,null,null,null,null,null,null,null,{"$f":"PROCURA_PRECO_SERVICO","v":0}]
[null,null,null,null,null,null,null,null,null,null,null,null,null,null,null,null,null,null,null,null,null,{"$f":"COUNTIF($R$2:$R167,\"NIVEL 1\")","v":4},1,8,0,{"$f":"ADDRESS(MATCH(COUNTIF($R$2:$R167,\"NIVEL 1\"),V:V,0),COLUMN(S167))","v":"$S$111"},{"$f":"ADDRESS(MATCH(COUNTIF($R$2:$R167,\"NIVEL 1\"),V:V,0),COLUMN(W167))","v":"$W$111"},{"$f":"ADDRESS((MATCH(COUNTIF(INDIRECT(Z167):$S167,\"NIVEL 2\"),INDIRECT(AA167):W167,0)+(MATCH(COUNTIF($R$2:$R167,\"NIVEL 1\"),V:V,0)-1)),COLUMN(T167))","v":"$T$113"},null,null,null,null,null,null,null,null,null,null,null,null,null,null,null,null,null,null,null,null,null,null,null,null,null,null,{"$f":"PROCURA_PRECO_SERVICO","v":0}]
[{"$f":"V168&\".\"&W168&\".\"&X168","v":"4.1.9"},null,null,"PINTURA",null,null,null,null,null,null,null,null,null,"SUBSUBITEM_INICIO",null,null,null,"NIVEL 3","NIVEL 3","NIVEL 3",null,{"$f":"COUNTIF($R$2:$R168,\"NIVEL 1\")","v":4},1,9,0,{"$f":"ADDRESS(MATCH(COUNTIF($R$2:$R168,\"NIVEL 1\"),V:V,0),COLUMN(S168))","v":"$S$111"},{"$f":"ADDRESS(MATCH(COUNTIF($R$2:$R168,\"NIVEL 1\"),V:V,0),COLUMN(W168))","v":"$W$111"},{"$f":"ADDRESS((MATCH(COUNTIF(INDIRECT(Z168):$S168,\"NIVEL 2\"),INDIRECT(AA168):W168,0)+(MATCH(COUNTIF($R$2:$R168,\"NIVEL 1\"),V:V,0)-1)),COLUMN(T168))","v":"$T$113"},null,null,null,null,null,null,null,null,null,null,null,null,null,null,null,null,null,null,null,null,null,null,null,null,null,null,{"$f":"PROCURA_PRECO_SERVICO","v":0}]
[null,null,null,null,null,null,null,null,null,null,null,null,null,null,null,null,null,null,null,null,null,{"$f":"COUNTIF($R$2:$R169,\"NIVEL 1\")","v":4},1,9,0,{"$f":"ADDRESS(MATCH(COUNTIF($R$2:$R169,\"NIVEL 1\"),V:V,0),COLUMN(S169))","v":"$S$111"},{"$f":"ADDRESS(MATCH(COUNTIF($R$2:$R169,\"NIVEL 1\"),V:V,0),COLUMN(W169))","v":"$W$111"},{"$f":"ADDRESS((MATCH(COUNTIF(INDIRECT(Z169):$S169,\"NIVEL 2\"),INDIRECT(AA169):W169,0)+(MATCH(COUNTIF($R$2:$R169,\"NIVEL 1\"),V:V,0)-1)),COLUMN(T169))","v":"$T$113"},null,null,null,null,null,null,null,null,null,null,null,null,null,null,null,null,null,null,null,null,null,null,null,null,null,null,{"$f":"PROCURA_PRECO_SERVICO","v":0}]
[{"$f":"V170&\".\"&W170&\".\"&X170&\".\"&Y170","v":"4.1.9.1"},"SETOP","ED-50505",{"$f":"PROCURA_DESCRICAO_SERVICO","v":"LIXAMENTO MANUAL EM PAREDE PARA REMOÇÃO DE TINTA"},{"$f":"PROCURA_UNIDADE_SERVICO","v":"M2"},2131.2997,{"$f":"PROCURA_PRECO_SERVICO","v":2.72},{"$f":"CUSTO_BDI_SERVICO","v":3.43},{"$f":"CUSTO_TOTAL_SERVICO","v":7310.35},null,null,null,null,"SERVIÇO",null,null,null,"NIVEL 4","NIVEL 4","NIVEL 4","NIVEL 4",{"$f":"COUNTIF($R$2:$R170,\"NIVEL 1\")","v":4},1,9,1,{"$f":"ADDRESS(MATCH(COUNTIF($R$2:$R170,\"NIVEL 1\"),V:V,0),COLUMN(S170))","v":"$S$111"},{"$f":"ADDRESS(MATCH(COUNTIF($R$2:$R170,\"NIVEL 1\"),V:V,0),COLUMN(W170))","v":"$W$111"},{"$f":"ADDRESS((MATCH(COUNTIF(INDIRECT(Z170):$S170,\"NIVEL 2\"),INDIRECT(AA170):W170,0)+(MATCH(COUNTIF($R$2:$R170,\"NIVEL 1\"),V:V,0)-1)),COLUMN(T170))","v":"$T$113"},null,null,null,null,null,null,null,null,null,null,null,null,null,null,null,null,null,null,null,null,null,null,null,null,null,null,{"$f":"PROCURA_PRECO_SERVICO","v":2.72}]
[null,null,null,null,null,null,null,null,null,null,null,null,null,null,null,null,null,null,null,null,null,{"$f":"COUNTIF($R$2:$R171,\"NIVEL 1\")","v":4},1,9,0,{"$f":"ADDRESS(MATCH(COUNTIF($R$2:$R171,\"NIVEL 1\"),V:V,0),COLUMN(S171))","v":"$S$111"},{"$f":"ADDRESS(MATCH(COUNTIF($R$2:$R171,\"NIVEL 1\"),V:V,0),COLUMN(W171))","v":"$W$111"},{"$f":"ADDRESS((MATCH(COUNTIF(INDIRECT(Z171):$S171,\"NIVEL 2\"),INDIRECT(AA171):W171,0)+(MATCH(COUNTIF($R$2:$R171,\"NIVEL 1\"),V:V,0)-1)),COLUMN(T171))","v":"$T$113"},null,null,null,null,null,null,null,null,null,null,null,null,null,null,null,null,null,null,null,null,null,null,null,null,null,null,{"$f":"PROCURA_PRECO_SERVICO","v":0}]
[null,null,null,{"$f":"\"SUBTOTAL DO ITEM - \"&A168","v":"SUBTOTAL DO ITEM - 4.1.9"},null,null,null,null,{"$f":"SUBTOTAL(9,OFFSET(I168,1,0):OFFSET(I172,-1,0))","v":7310.35},null,null,null,null,"SUBSUBITEM_FIM",null,null,null,null,null,null,null,{"$f":"COUNTIF($R$2:$R172,\"NIVEL 1\")","v":4},1,9,0,{"$f":"ADDRESS(MATCH(COUNTIF($R$2:$R172,\"NIVEL 1\"),V:V,0),COLUMN(S172))","v":"$S$111"},{"$f":"ADDRESS(MATCH(COUNTIF($R$2:$R172,\"NIVEL 1\"),V:V,0),COLUMN(W172))","v":"$W$111"},{"$f":"ADDRESS((MATCH(COUNTIF(INDIRECT(Z172):$S172,\"NIVEL 2\"),INDIRECT(AA172):W172,0)+(MATCH(COUNTIF($R$2:$R172,\"NIVEL 1\"),V:V,0)-1)),COLUMN(T172))","v":"$T$113"},null,null,null,null,null,null,null,null,null,null,null,null,null,null,null,null,null,null,null,null,null,null,null,null,null,null,{"$f":"PROCURA_PRECO_SERVICO","v":0}]
[null,null,null,null,null,null,null,null,null,null,null,null,null,null,null,null,null,null,null,null,null,{"$f":"COUNTIF($R$2:$R173,\"NIVEL 1\")","v":4},1,9,{"$f":"IF(U173=\"NIVEL 4\",OFFSET(Y173,-1,0)+1,0)","v":0},{"$f":"ADDRESS(MATCH(COUNTIF($R$2:$R173,\"NIVEL 1\"),V:V,0),COLUMN(S173))","v":"$S$111"},{"$f":"ADDRESS(MATCH(COUNTIF($R$2:$R173,\"NIVEL 1\"),V:V,0),COLUMN(W173))","v":"$W$111"},{"$f":"ADDRESS((MATCH(COUNTIF(INDIRECT(Z173):$S173,\"NIVEL 2\"),INDIRECT(AA173):W173,0)+(MATCH(COUNTIF($R$2:$R173,\"NIVEL 1\"),V:V,0)-1)),COLUMN(T173))","v":"$T$113"},null,null,null,null,null,null,null,null,null,null,null,null,null,null,null,null,null,null,null,null,null,null,null,null,null,null,{"$f":"PROCURA_PRECO_SERVICO","v":0}]
[{"$f":"V174&\".\"&W174&\".\"&X174","v":"4.1.10"},null,null,"CALÇADA",null,null,null,null,null,null,null,null,null,"SUBSUBITEM_INICIO",null,null,null,"NIVEL 3","NIVEL 3","NIVEL 3",null,{"$f":"COUNTIF($R$2:$R174,\"NIVEL 1\")","v":4},1,10,0,{"$f":"ADDRESS(MATCH(COUNTIF($R$2:$R174,\"NIVEL 1\"),V:V,0),COLUMN(S174))","v":"$S$111"},{"$f":"ADDRESS(MATCH(COUNTIF($R$2:$R174,\"NIVEL 1\"),V:V,0),COLUMN(W174))","v":"$W$111"},{"$f":"ADDRESS((MATCH(COUNTIF(INDIRECT(Z174):$S174,\"NIVEL 2\"),INDIRECT(AA174):W174,0)+(MATCH(COUNTIF($R$2:$R174,\"NIVEL 1\"),V:V,0)-1)),COLUMN(T174))","v":"$T$113"},null,null,null,null,null,null,null,null,null,null,null,null,null,null,null,null,null,null,null,null,null,null,null,null,null,null,{"$f":"PROCURA_PRECO_SERVICO","v":0}]
[null,null,null,null,null,null,null,null,null,null,null,null,null,null,null,null,null,null,null,null,null,{"$f":"COUNTIF($R$2:$R175,\"NIVEL 1\")","v":4},1,10,0,{"$f":"ADDRESS(MATCH(COUNTIF($R$2:$R175,\"NIVEL 1\"),V:V,0),COLUMN(S175))","v":"$S$111"},{"$f":"ADDRESS(MATCH(COUNTIF($R$2:$R175,\"NIVEL 1\"),V:V,0),COLUMN(W175))","v":"$W$111"},{"$f":"ADDRESS((MATCH(COUNTIF(INDIRECT(Z175):$S175,\"NIVEL 2\"),INDIRECT(AA175):W175,0)+(MATCH(COUNTIF($R$2:$R175,\"NIVEL 1\"),V:V,0)-1)),COLUMN(T175))","v":"$T$113"},null,null,null,null,null,null,null,null,null,null,null,null,null,null,null,null,null,null,null,null,null,null,null,null,null,null,{"$f":"PROCURA_PRECO_SERVICO","v":0}]
[{"$f":"V176&\".\"&W176&\".\"&X176&\".\"&Y176","v":"4.1.10.1"},"SETOP","ED-48443",{"$f":"PROCURA_DESCRICAO_SERVICO","v":"DEMOLIÇÃO MECANIZADA DE CONCRETO ARMADO, COM EQUIPAMENTO ELÉTRICO, INCLUSIVE AFASTAMENTO E EMPILHAMENTO, EXCLUSIVE TRANSPORTE E RETIRADA DO MATERIAL DEMOLIDO"},{"$f":"PROCURA_UNIDADE_SERVICO","v":"M3"},2.22,{"$f":"PROCURA_PRECO_SERVICO","v":142.52},{"$f":"CUSTO_BDI_SERVICO","v":179.91},{"$f":"CUSTO_TOTAL_SERVICO","v":399.4},null,null,null,null,"SERVIÇO",null,null,null,"NIVEL 4","NIVEL 4","NIVEL 4","NIVEL 4",{"$f":"COUNTIF($R$2:$R176,\"NIVEL 1\")","v":4},1,10,1,{"$f":"ADDRESS(MATCH(COUNTIF($R$2:$R176,\"NIVEL 1\"),V:V,0),COLUMN(S176))","v":"$S$111"},{"$f":"ADDRESS(MATCH(COUNTIF($R$2:$R176,\"NIVEL 1\"),V:V,0),COLUMN(W176))","v":"$W$111"},{"$f":"ADDRESS((MATCH(COUNTIF(INDIRECT(Z176):$S176,\"NIVEL 2\"),INDIRECT(AA176):W176,0)+(MATCH(COUNTIF($R$2:$R176,\"NIVEL 1\"),V:V,0)-1)),COLUMN(T176))","v":"$T$113"},null,null,null,null,null,null,null,null,null,null,null,null,null,null,null,null,null,null,null,null,null,null,null,null,null,null,{"$f":"PROCURA_PRECO_SERVICO","v":142.52}]
[null,null,null,null,null,null,null,null,null,null,null,null,null,null,null,null,null,null,null,null,null,{"$f":"COUNTIF($R$2:$R177,\"NIVEL 1\")","v":4},1,10,0,{"$f":"ADDRESS(MATCH(COUNTIF($R$2:$R177,\"NIVEL 1\"),V:V,0),COLUMN(S177))","v":"$S$111"},{"$f":"ADDRESS(MATCH(COUNTIF($R$2:$R177,\"NIVEL 1\"),V:V,0),COLUMN(W177))","v":"$W$111"},{"$f":"ADDRESS((MATCH(COUNTIF(INDIRECT(Z177):$S177,\"NIVEL 2\"),INDIRECT(AA177):W177,0)+(MATCH(COUNTIF($R$2:$R177,\"NIVEL 1\"),V:V,0)-1)),COLUMN(T177))","v":"$T$113"},null,null,null,null,null,null,null,null,null,null,null,null,null,null,null,null,null,null,null,null,null,null,null,null,null,null,{"$f":"PROCURA_PRECO_SERVICO","v":0}]
[null,null,null,{"$f":"\"SUBTOTAL DO ITEM - \"&A174","v":"SUBTOTAL DO ITEM - 4.1.10"},null,null,null,null,{"$f":"SUBTOTAL(9,OFFSET(I174,1,0):OFFSET(I178,-1,0))","v":399.4},null,null,null,null,"SUBSUBITEM_FIM",null,null,null,null,null,null,null,{"$f":"COUNTIF($R$2:$R178,\"NIVEL 1\")","v":4},1,10,0,{"$f":"ADDRESS(MATCH(COUNTIF($R$2:$R178,\"NIVEL 1\"),V:V,0),COLUMN(S178))","v":"$S$111"},{"$f":"ADDRESS(MATCH(COUNTIF($R$2:$R178,\"NIVEL 1\"),V:V,0),COLUMN(W178))","v":"$W$111"},{"$f":"ADDRESS((MATCH(COUNTIF(INDIRECT(Z178):$S178,\"NIVEL 2\"),INDIRECT(AA178):W178,0)+(MATCH(COUNTIF($R$2:$R178,\"NIVEL 1\"),V:V,0)-1)),COLUMN(T178))","v":"$T$113"},null,null,null,null,null,null,null,null,null,null,null,null,null,null,null,null,null,null,null,null,null,null,null,null,null,null,{"$f":"PROCURA_PRECO_SERVICO","v":0}]
[null,null,null,null,null,null,null,null,null,null,null,null,null,null,null,null,null,null,null,null,null,{"$f":"COUNTIF($R$2:$R179,\"NIVEL 1\")","v":4},1,10,0,{"$f":"ADDRESS(MATCH(COUNTIF($R$2:$R179,\"NIVEL 1\"),V:V,0),COLUMN(S179))","v":"$S$111"},{"$f":"ADDRESS(MATCH(COUNTIF($R$2:$R179,\"NIVEL 1\"),V:V,0),COLUMN(W179))","v":"$W$111"},{"$f":"ADDRESS((MATCH(COUNTIF(INDIRECT(Z179):$S179,\"NIVEL 2\"),INDIRECT(AA179):W179,0)+(MATCH(COUNTIF($R$2:$R179,\"NIVEL 1\"),V:V,0)-1)),COLUMN(T179))","v":"$T$113"},null,null,null,null,null,null,null,null,null,null,null,null,null,null,null,null,null,null,null,null,null,null,null,null,null,null,{"$f":"PROCURA_PRECO_SERVICO","v":0}]
[{"$f":"V180&\".\"&W180&\".\"&X180","v":"4.1.11"},null,null,"LOUÇAS, METAIS E ACESSÓRIOS",null,null,null,null,null,null,null,null,null,"SUBSUBITEM_INICIO",null,null,null,"NIVEL 3","NIVEL 3","NIVEL 3",null,{"$f":"COUNTIF($R$2:$R180,\"NIVEL 1\")","v":4},1,11,0,{"$f":"ADDRESS(MATCH(COUNTIF($R$2:$R180,\"NIVEL 1\"),V:V,0),COLUMN(S180))","v":"$S$111"},{"$f":"ADDRESS(MATCH(COUNTIF($R$2:$R180,\"NIVEL 1\"),V:V,0),COLUMN(W180))","v":"$W$111"},{"$f":"ADDRESS((MATCH(COUNTIF(INDIRECT(Z180):$S180,\"NIVEL 2\"),INDIRECT(AA180):W180,0)+(MATCH(COUNTIF($R$2:$R180,\"NIVEL 1\"),V:V,0)-1)),COLUMN(T180))","v":"$T$113"},null,null,null,null,null,null,null,null,null,null,null,null,null,null,null,null,null,null,null,null,null,null,null,null,null,null,{"$f":"PROCURA_PRECO_SERVICO","v":0}]
[null,null,null,null,null,null,null,null,null,null,null,null,null,null,null,null,null,null,null,null,null,{"$f":"COUNTIF($R$2:$R181,\"NIVEL 1\")","v":4},1,11,0,{"$f":"ADDRESS(MATCH(COUNTIF($R$2:$R181,\"NIVEL 1\"),V:V,0),COLUMN(S181))","v":"$S$111"},{"$f":"ADDRESS(MATCH(COUNTIF($R$2:$R181,\"NIVEL 1\"),V:V,0),COLUMN(W181))","v":"$W$111"},{"$f":"ADDRESS((MATCH(COUNTIF(INDIRECT(Z181):$S181,\"NIVEL 2\"),INDIRECT(AA181):W181,0)+(MATCH(COUNTIF($R$2:$R181,\"NIVEL 1\"),V:V,0)-1)),COLUMN(T181))","v":"$T$113"},null,null,null,null,null,null,null,null,null,null,null,null,null,null,null,null,null,null,null,null,null,null,null,null,null,null,{"$f":"PROCURA_PRECO_SERVICO","v":0}]
[{"$f":"V182&\".\"&W182&\".\"&X182&\".\"&Y182","v":"4.1.11.1"},"SINAPI","97663",{"$f":"PROCURA_DESCRICAO_SERVICO","v":"REMOÇÃO DE LOUÇAS, DE FORMA MANUAL, SEM REAPROVEITAMENTO. AF_12/2017"},{"$f":"PROCURA_UNIDADE_SERVICO","v":"UN"},22,{"$f":"PROCURA_PRECO_SERVICO","v":"11,49"},{"$f":"CUSTO_BDI_SERVICO","v":14.5},{"$f":"CUSTO_TOTAL_SERVICO","v":319},null,null,null,null,"SERVIÇO",null,null,null,"NIVEL 4","NIVEL 4","NIVEL 4","NIVEL 4",{"$f":"COUNTIF($R$2:$R182,\"NIVEL 1\")","v":4},1,11,1,{"$f":"ADDRESS(MATCH(COUNTIF($R$2:$R182,\"NIVEL 1\"),V:V,0),COLUMN(S182))","v":"$S$111"},{"$f":"ADDRESS(MATCH(COUNTIF($R$2:$R182,\"NIVEL 1\"),V:V,0),COLUMN(W182))","v":"$W$111"},{"$f":"ADDRESS((MATCH(COUNTIF(INDIRECT(Z182):$S182,\"NIVEL 2\"),INDIRECT(AA182):W182,0)+(MATCH(COUNTIF($R$2:$R182,\"NIVEL 1\"),V:V,0)-1)),COLUMN(T182))","v":"$T$113"},null,null,null,null,null,null,null,null,null,null,null,null,null,null,null,null,null,null,null,null,null,null,null,null,null,null,{"$f":"PROCURA_PRECO_SERVICO","v":"11,49"}]
[null,null,null,null,null,null,null,null,null,null,null,null,null,null,null,null,null,null,null,null,null,{"$f":"COUNTIF($R$2:$R183,\"NIVEL 1\")","v":4},1,11,0,{"$f":"ADDRESS(MATCH(COUNTIF($R$2:$R183,\"NIVEL 1\"),V:V,0),COLUMN(S183))","v":"$S$111"},{"$f":"ADDRESS(MATCH(COUNTIF($R$2:$R183,\"NIVEL 1\"),V:V,0),COLUMN(W183))","v":"$W$111"},{"$f":"ADDRESS((MATCH(COUNTIF(INDIRECT(Z183):$S183,\"NIVEL 2\"),INDIRECT(AA183):W183,0)+(MATCH(COUNTIF($R$2:$R183,\"NIVEL 1\"),V:V,0)-1)),COLUMN(T183))","v":"$T$113"},null,null,null,null,null,null,null,null,null,null,null,null,null,null,null,null,null,null,null,null,null,null,null,null,null,null,{"$f":"PROCURA_PRECO_SERVICO","v":0}]
[null,null,null,{"$f":"\"SUBTOTAL DO ITEM - \"&A180","v":"SUBTOTAL DO ITEM - 4.1.11"},null,null,null,null,{"$f":"SUBTOTAL(9,OFFSET(I180,1,0):OFFSET(I184,-1,0))","v":319},null,null,null,null,"SUBSUBITEM_FIM",null,null,null,null,null,null,null,{"$f":"COUNTIF($R$2:$R184,\"NIVEL 1\")","v":4},1,11,0,{"$f":"ADDRESS(MATCH(COUNTIF($R$2:$R184,\"NIVEL 1\"),V:V,0),COLUMN(S184))","v":"$S$111"},{"$f":"ADDRESS(MATCH(COUNTIF($R$2:$R184,\"NIVEL 1\"),V:V,0),COLUMN(W184))","v":"$W$111"},{"$f":"ADDRESS((MATCH(COUNTIF(INDIRECT(Z184):$S184,\"NIVEL 2\"),INDIRECT(AA184):W184,0)+(MATCH(COUNTIF($R$2:$R184,\"NIVEL 1\"),V:V,0)-1)),COLUMN(T184))","v":"$T$113"},null,null,null,null,null,null,null,null,null,null,null,null,null,null,null,null,null,null,null,null,null,null,null,null,null,null,{"$f":"PROCURA_PRECO_SERVICO","v":0}]
[null,null,null,null,null,null,null,null,null,null,null,null,null,null,null,null,null,null,null,null,null,{"$f":"COUNTIF($R$2:$R185,\"NIVEL 1\")","v":4},1,11,0,{"$f":"ADDRESS(MATCH(COUNTIF($R$2:$R185,\"NIVEL 1\"),V:V,0),COLUMN(S185))","v":"$S$111"},{"$f":"ADDRESS(MATCH(COUNTIF($R$2:$R185,\"NIVEL 1\"),V:V,0),COLUMN(W185))","v":"$W$111"},{"$f":"ADDRESS((MATCH(COUNTIF(INDIRECT(Z185):$S185,\"NIVEL 2\"),INDIRECT(AA185):W185,0)+(MATCH(COUNTIF($R$2:$R185,\"NIVEL 1\"),V:V,0)-1)),COLUMN(T185))","v":"$T$113"},null,null,null,null,null,null,null,null,null,null,null,null,null,null,null,null,null,null,null,null,null,null,null,null,null,null,{"$f":"PROCURA_PRECO_SERVICO","v":0}]
[{"$f":"V186&\".\"&W186&\".\"&X186","v":"4.1.12"},null,null,"TELHADO",null,null,null,null,null,null,null,null,null,"SUBSUBITEM_INICIO",null,null,null,"NIVEL 3","NIVEL 3","NIVEL 3",null,{"$f":"COUNTIF($R$2:$R186,\"NIVEL 1\")","v":4},1,12,0,{"$f":"ADDRESS(MATCH(COUNTIF($R$2:$R186,\"NIVEL 1\"),V:V,0),COLUMN(S186))","v":"$S$111"},{"$f":"ADDRESS(MATCH(COUNTIF($R$2:$R186,\"NIVEL 1\"),V:V,0),COLUMN(W186))","v":"$W$111"},{"$f":"ADDRESS((MATCH(COUNTIF(INDIRECT(Z186):$S186,\"NIVEL 2\"),INDIRECT(AA186):W186,0)+(MATCH(COUNTIF($R$2:$R186,\"NIVEL 1\"),V:V,0)-1)),COLUMN(T186))","v":"$T$113"},null,null,null,null,null,null,null,null,null,null,null,null,null,null,null,null,null,null,null,null,null,null,null,null,null,null,{"$f":"PROCURA_PRECO_SERVICO","v":0}]
[null,null,null,null,null,null,null,null,null,null,null,null,null,null,null,null,null,null,null,null,null,{"$f":"COUNTIF($R$2:$R187,\"NIVEL 1\")","v":4},1,12,0,{"$f":"ADDRESS(MATCH(COUNTIF($R$2:$R187,\"NIVEL 1\"),V:V,0),COLUMN(S187))","v":"$S$111"},{"$f":"ADDRESS(MATCH(COUNTIF($R$2:$R187,\"NIVEL 1\"),V:V,0),COLUMN(W187))","v":"$W$111"},{"$f":"ADDRESS((MATCH(COUNTIF(INDIRECT(Z187):$S187,\"NIVEL 2\"),INDIRECT(AA187):W187,0)+(MATCH(COUNTIF($R$2:$R187,\"NIVEL 1\"),V:V,0)-1)),COLUMN(T187))","v":"$T$113"},null,null,null,null,null,null,null,null,null,null,null,null,null,null,null,null,null,null,null,null,null,null,null,null,null,null,{"$f":"PROCURA_PRECO_SERVICO","v":0}]
[{"$f":"V188&\".\"&W188&\".\"&X188&\".\"&Y188","v":"4.1.12.1"},"SETOP","ED-48514",{"$f":"PROCURA_DESCRICAO_SERVICO","v":"REMOÇÃO MANUAL DE TELHA CERÂMICA, COM REAPROVEITAMENTO, INCLUSIVE AFASTAMENTO E EMPILHAMENTO, EXCLUSIVE TRANSPORTE E RETIRADA DO MATERIAL REMOVIDO NÃO REAPROVEITÁVEL"},{"$f":"PROCURA_UNIDADE_SERVICO","v":"M2"},599.4,{"$f":"PROCURA_PRECO_SERVICO","v":21.91},{"$f":"CUSTO_BDI_SERVICO","v":27.65},{"$f":"CUSTO_TOTAL_SERVICO","v":16573.41},null,null,null,null,"SERVIÇO",null,null,null,"NIVEL 4","NIVEL 4","NIVEL 4","NIVEL 4",{"$f":"COUNTIF($R$2:$R188,\"NIVEL 1\")","v":4},1,12,1,{"$f":"ADDRESS(MATCH(COUNTIF($R$2:$R188,\"NIVEL 1\"),V:V,0),COLUMN(S188))","v":"$S$111"},{"$f":"ADDRESS(MATCH(COUNTIF($R$2:$R188,\"NIVEL 1\"),V:V,0),COLUMN(W188))","v":"$W$111"},{"$f":"ADDRESS((MATCH(COUNTIF(INDIRECT(Z188):$S188,\"NIVEL 2\"),INDIRECT(AA188):W188,0)+(MATCH(COUNTIF($R$2:$R188,\"NIVEL 1\"),V:V,0)-1)),COLUMN(T188))","v":"$T$113"},null,null,null,null,null,null,null,null,null,null,null,null,null,null,null,null,null,null,null,null,null,null,null,null,null,null,{"$f":"PROCURA_PRECO_SERVICO","v":21.91}]
[null,null,null,null,null,null,null,null,null,null,null,null,null,null,null,null,null,null,null,null,null,{"$f":"COUNTIF($R$2:$R189,\"NIVEL 1\")","v":4},1,12,0,{"$f":"ADDRESS(MATCH(COUNTIF($R$2:$R189,\"NIVEL 1\"),V:V,0),COLUMN(S189))","v":"$S$111"},{"$f":"ADDRESS(MATCH(COUNTIF($R$2:$R189,\"NIVEL 1\"),V:V,0),COLUMN(W189))","v":"$W$111"},{"$f":"ADDRESS((MATCH(COUNTIF(INDIRECT(Z189):$S189,\"NIVEL 2\"),INDIRECT(AA189):W189,0)+(MATCH(COUNTIF($R$2:$R189,\"NIVEL 1\"),V:V,0)-1)),COLUMN(T189))","v":"$T$113"},null,null,null,null,null,null,null,null,null,null,null,null,null,null,null,null,null,null,null,null,null,null,null,null,null,null,{"$f":"PROCURA_PRECO_SERVICO","v":0}]
[null,null,null,{"$f":"\"SUBTOTAL DO ITEM - \"&A186","v":"SUBTOTAL DO ITEM - 4.1.12"},null,null,null,null,{"$f":"SUBTOTAL(9,OFFSET(I186,1,0):OFFSET(I190,-1,0))","v":16573.41},null,null,null,null,"SUBSUBITEM_FIM",null,null,null,null,null,null,null,{"$f":"COUNTIF($R$2:$R190,\"NIVEL 1\")","v":4},1,12,0,{"$f":"ADDRESS(MATCH(COUNTIF($R$2:$R190,\"NIVEL 1\"),V:V,0),COLUMN(S190))","v":"$S$111"},{"$f":"ADDRESS(MATCH(COUNTIF($R$2:$R190,\"NIVEL 1\"),V:V,0),COLUMN(W190))","v":"$W$111"},{"$f":"ADDRESS((MATCH(COUNTIF(INDIRECT(Z190):$S190,\"NIVEL 2\"),INDIRECT(AA190):W190,0)+(MATCH(COUNTIF($R$2:$R190,\"NIVEL 1\"),V:V,0)-1)),COLUMN(T190))","v":"$T$113"},null,null,null,null,null,null,null,null,null,null,null,null,null,null,null,null,null,null,null,null,null,null,null,null,null,null,{"$f":"PROCURA_PRECO_SERVICO","v":0}]
[null,null,null,null,null,null,null,null,null,null,null,null,null,null,null,null,null,null,null,null,null,{"$f":"COUNTIF($R$2:$R191,\"NIVEL 1\")","v":4},1,12,0,{"$f":"ADDRESS(MATCH(COUNTIF($R$2:$R191,\"NIVEL 1\"),V:V,0),COLUMN(S191))","v":"$S$111"},{"$f":"ADDRESS(MATCH(COUNTIF($R$2:$R191,\"NIVEL 1\"),V:V,0),COLUMN(W191))","v":"$W$111"},{"$f":"ADDRESS((MATCH(COUNTIF(INDIRECT(Z191):$S191,\"NIVEL 2\"),INDIRECT(AA191):W191,0)+(MATCH(COUNTIF($R$2:$R191,\"NIVEL 1\"),V:V,0)-1)),COLUMN(T191))","v":"$T$113"},null,null,null,null,null,null,null,null,null,null,null,null,null,null,null,null,null,null,null,null,null,null,null,null,null,null,{"$f":"PROCURA_PRECO_SERVICO","v":0}]
[null,null,null,{"$f":"\"SUBTOTAL DO ITEM  - \"&A113","v":"SUBTOTAL DO ITEM  - 4.1"},null,null,null,null,{"$f":"SUBTOTAL(9,OFFSET(I113,1,0):OFFSET(I192,-1,0))","v":82699.22},null,null,null,null,"SUBITEM_FIM",null,null,null,null,null,null,null,{"$f":"COUNTIF($R$2:$R192,\"NIVEL 1\")","v":4},1,12,0,{"$f":"ADDRESS(MATCH(COUNTIF($R$2:$R192,\"NIVEL 1\"),V:V,0),COLUMN(S192))","v":"$S$111"},{"$f":"ADDRESS(MATCH(COUNTIF($R$2:$R192,\"NIVEL 1\"),V:V,0),COLUMN(W192))","v":"$W$111"},{"$f":"ADDRESS((MATCH(COUNTIF(INDIRECT(Z192):$S192,\"NIVEL 2\"),INDIRECT(AA192):W192,0)+(MATCH(COUNTIF($R$2:$R192,\"NIVEL 1\"),V:V,0)-1)),COLUMN(T192))","v":"$T$113"},null,null,null,null,null,null,null,null,null,null,null,null,null,null,null,null,null,null,null,null,null,null,null,null,null,null,{"$f":"PROCURA_PRECO_SERVICO","v":0}]
[null,null,null,null,null,null,null,null,null,null,null,null,null,null,null,null,null,null,null,null,null,{"$f":"COUNTIF($R$2:$R193,\"NIVEL 1\")","v":4},1,12,0,{"$f":"ADDRESS(MATCH(COUNTIF($R$2:$R193,\"NIVEL 1\"),V:V,0),COLUMN(S193))","v":"$S$111"},{"$f":"ADDRESS(MATCH(COUNTIF($R$2:$R193,\"NIVEL 1\"),V:V,0),COLUMN(W193))","v":"$W$111"},{"$f":"ADDRESS((MATCH(COUNTIF(INDIRECT(Z193):$S193,\"NIVEL 2\"),INDIRECT(AA193):W193,0)+(MATCH(COUNTIF($R$2:$R193,\"NIVEL 1\"),V:V,0)-1)),COLUMN(T193))","v":"$T$113"},null,null,null,null,null,null,null,null,null,null,null,null,null,null,null,null,null,null,null,null,null,null,null,null,null,null,{"$f":"PROCURA_PRECO_SERVICO","v":0}]
[{"$f":"V194&\".\"&W194","v":"4.2"},null,null,"BOTA FORA",null,null,null,null,null,null,null,null,null,"SUBITEM_INICIO",null,null,null,"NIVEL 2","NIVEL 2",null,null,{"$f":"COUNTIF($R$2:$R194,\"NIVEL 1\")","v":4},2,0,0,{"$f":"ADDRESS(MATCH(COUNTIF($R$2:$R194,\"NIVEL 1\"),V:V,0),COLUMN(S194))","v":"$S$111"},{"$f":"ADDRESS(MATCH(COUNTIF($R$2:$R194,\"NIVEL 1\"),V:V,0),COLUMN(W194))","v":"$W$111"},{"$f":"ADDRESS((MATCH(COUNTIF(INDIRECT(Z194):$S194,\"NIVEL 2\"),INDIRECT(AA194):W194,0)+(MATCH(COUNTIF($R$2:$R194,\"NIVEL 1\"),V:V,0)-1)),COLUMN(T194))","v":"$T$194"},null,null,null,null,null,null,null,null,null,null,null,null,null,null,null,null,null,null,null,null,null,null,null,null,null,null,{"$f":"PROCURA_PRECO_SERVICO","v":0}]
[null,null,null,null,null,null,null,null,null,null,null,null,null,null,null,null,null,null,null,null,null,{"$f":"COUNTIF($R$2:$R195,\"NIVEL 1\")","v":4},2,0,0,{"$f":"ADDRESS(MATCH(COUNTIF($R$2:$R195,\"NIVEL 1\"),V:V,0),COLUMN(S195))","v":"$S$111"},{"$f":"ADDRESS(MATCH(COUNTIF($R$2:$R195,\"NIVEL 1\"),V:V,0),COLUMN(W195))","v":"$W$111"},{"$f":"ADDRESS((MATCH(COUNTIF(INDIRECT(Z195):$S195,\"NIVEL 2\"),INDIRECT(AA195):W195,0)+(MATCH(COUNTIF($R$2:$R195,\"NIVEL 1\"),V:V,0)-1)),COLUMN(T195))","v":"$T$194"},null,null,null,null,null,null,null,null,null,null,null,null,null,null,null,null,null,null,null,null,null,null,null,null,null,null,{"$f":"PROCURA_PRECO_SERVICO","v":0}]
[{"$f":"V196&\".\"&W196&\".\"&X196","v":"4.2.1"},null,null,"BOTA FORA",null,null,null,null,null,null,null,null,null,"SUBSUBITEM_INICIO",null,null,null,"NIVEL 3","NIVEL 3","NIVEL 3",null,{"$f":"COUNTIF($R$2:$R196,\"NIVEL 1\")","v":4},2,1,0,{"$f":"ADDRESS(MATCH(COUNTIF($R$2:$R196,\"NIVEL 1\"),V:V,0),COLUMN(S196))","v":"$S$111"},{"$f":"ADDRESS(MATCH(COUNTIF($R$2:$R196,\"NIVEL 1\"),V:V,0),COLUMN(W196))","v":"$W$111"},{"$f":"ADDRESS((MATCH(COUNTIF(INDIRECT(Z196):$S196,\"NIVEL 2\"),INDIRECT(AA196):W196,0)+(MATCH(COUNTIF($R$2:$R196,\"NIVEL 1\"),V:V,0)-1)),COLUMN(T196))","v":"$T$194"},null,null,null,null,null,null,null,null,null,null,null,null,null,null,null,null,null,null,null,null,null,null,null,null,null,null,{"$f":"PROCURA_PRECO_SERVICO","v":0}]
[null,null,null,null,null,null,null,null,null,null,null,null,null,null,null,null,null,null,null,null,null,{"$f":"COUNTIF($R$2:$R197,\"NIVEL 1\")","v":4},2,1,0,{"$f":"ADDRESS(MATCH(COUNTIF($R$2:$R197,\"NIVEL 1\"),V:V,0),COLUMN(S197))","v":"$S$111"},{"$f":"ADDRESS(MATCH(COUNTIF($R$2:$R197,\"NIVEL 1\"),V:V,0),COLUMN(W197))","v":"$W$111"},{"$f":"ADDRESS((MATCH(COUNTIF(INDIRECT(Z197):$S197,\"NIVEL 2\"),INDIRECT(AA197):W197,0)+(MATCH(COUNTIF($R$2:$R197,\"NIVEL 1\"),V:V,0)-1)),COLUMN(T197))","v":"$T$194"},null,null,null,null,null,null,null,null,null,null,null,null,null,null,null,null,null,null,null,null,null,null,null,null,null,null,{"$f":"PROCURA_PRECO_SERVICO","v":0}]
[{"$f":"V198&\".\"&W198&\".\"&X198&\".\"&Y198","v":"4.2.1.1"},"SINAPI","100982",{"$f":"PROCURA_DESCRICAO_SERVICO","v":"CARGA, MANOBRA E DESCARGA DE ENTULHO EM CAMINHÃO BASCULANTE 10 M³ - CARGA COM ESCAVADEIRA HIDRÁULICA  (CAÇAMBA DE 0,80 M³ / 111 HP) E DESCARGA LIVRE (UNIDADE: M3). AF_07/2020"},{"$f":"PROCURA_UNIDADE_SERVICO","v":"M3"},339.0645349,{"$f":"PROCURA_PRECO_SERVICO","v":"8,57"},{"$f":"CUSTO_BDI_SERVICO","v":10.81},{"$f":"CUSTO_TOTAL_SERVICO","v":3665.28},null,null,null,null,"SERVIÇO",null,null,null,"NIVEL 4","NIVEL 4","NIVEL 4","NIVEL 4",{"$f":"COUNTIF($R$2:$R198,\"NIVEL 1\")","v":4},2,1,{"$f":"IF(U198=\"NIVEL 4\",OFFSET(Y198,-1,0)+1,0)","v":1},{"$f":"ADDRESS(MATCH(COUNTIF($R$2:$R198,\"NIVEL 1\"),V:V,0),COLUMN(S198))","v":"$S$111"},{"$f":"ADDRESS(MATCH(COUNTIF($R$2:$R198,\"NIVEL 1\"),V:V,0),COLUMN(W198))","v":"$W$111"},{"$f":"ADDRESS((MATCH(COUNTIF(INDIRECT(Z198):$S198,\"NIVEL 2\"),INDIRECT(AA198):W198,0)+(MATCH(COUNTIF($R$2:$R198,\"NIVEL 1\"),V:V,0)-1)),COLUMN(T198))","v":"$T$194"},null,null,null,null,null,null,null,null,null,null,null,null,null,null,null,null,null,null,null,null,null,null,null,null,null,null,{"$f":"PROCURA_PRECO_SERVICO","v":"8,57"}]
[{"$f":"V199&\".\"&W199&\".\"&X199&\".\"&Y199","v":"4.2.1.2"},"SINAPI","95875",{"$f":"PROCURA_DESCRICAO_SERVICO","v":"TRANSPORTE COM CAMINHÃO BASCULANTE DE 10 M³, EM VIA URBANA PAVIMENTADA, DMT ATÉ 30 KM (UNIDADE: M3XKM). AF_07/2020"},{"$f":"PROCURA_UNIDADE_SERVICO","v":"M3XKM"},{"$f":"339.06*15","v":5085.9},{"$f":"PROCURA_PRECO_SERVICO","v":"2,31"},{"$f":"CUSTO_BDI_SERVICO","v":2.91},{"$f":"CUSTO_TOTAL_SERVICO","v":14799.96},null,null,null,null,"SERVIÇO",null,null,null,"NIVEL 4","NIVEL 4","NIVEL 4","NIVEL 4",{"$f":"COUNTIF($R$2:$R199,\"NIVEL 1\")","v":4},2,1,2,{"$f":"ADDRESS(MATCH(COUNTIF($R$2:$R199,\"NIVEL 1\"),V:V,0),COLUMN(S199))","v":"$S$111"},{"$f":"ADDRESS(MATCH(COUNTIF($R$2:$R199,\"NIVEL 1\"),V:V,0),COLUMN(W199))","v":"$W$111"},{"$f":"ADDRESS((MATCH(COUNTIF(INDIRECT(Z199):$S199,\"NIVEL 2\"),INDIRECT(AA199):W199,0)+(MATCH(COUNTIF($R$2:$R199,\"NIVEL 1\"),V:V,0)-1)),COLUMN(T199))","v":"$T$194"},null,null,null,null,null,null,null,null,null,null,null,null,null,null,null,null,null,null,null,null,null,null,null,null,null,null,{"$f":"PROCURA_PRECO_SERVICO","v":"2,31"}]
[{"$f":"V200&\".\"&W200&\".\"&X200&\".\"&Y200","v":"4.2.1.3"},"SINAPI","100574",{"$f":"PROCURA_DESCRICAO_SERVICO","v":"ESPALHAMENTO DE MATERIAL COM TRATOR DE ESTEIRAS. AF_11/2019"},{"$f":"PROCURA_UNIDADE_SERVICO","v":"M3"},339.0645349,{"$f":"PROCURA_PRECO_SERVICO","v":"1,36"},{"$f":"CUSTO_BDI_SERVICO","v":1.71},{"$f":"CUSTO_TOTAL_SERVICO","v":579.8},null,null,null,null,"SERVIÇO",null,null,null,"NIVEL 4","NIVEL 4","NIVEL 4","NIVEL 4",{"$f":"COUNTIF($R$2:$R200,\"NIVEL 1\")","v":4},{"$f":"IFERROR(COUNTIF(INDIRECT(Z200):S200,\"NIVEL 2\"),0)","v":2},{"$f":"COUNTIF(INDIRECT(AB200):T200,\"NIVEL 3\")","v":1},3,{"$f":"ADDRESS(MATCH(COUNTIF($R$2:$R200,\"NIVEL 1\"),V:V,0),COLUMN(S200))","v":"$S$111"},{"$f":"ADDRESS(MATCH(COUNTIF($R$2:$R200,\"NIVEL 1\"),V:V,0),COLUMN(W200))","v":"$W$111"},{"$f":"ADDRESS((MATCH(COUNTIF(INDIRECT(Z200):$S200,\"NIVEL 2\"),INDIRECT(AA200):W200,0)+(MATCH(COUNTIF($R$2:$R200,\"NIVEL 1\"),V:V,0)-1)),COLUMN(T200))","v":"$T$194"},null,null,null,null,null,null,null,null,null,null,null,null,null,null,null,null,null,null,null,null,null,null,null,null,null,null,{"$f":"PROCURA_PRECO_SERVICO","v":"1,36"}]
[null,null,null,null,null,null,null,null,null,null,null,null,null,null,null,null,null,null,null,null,null,{"$f":"COUNTIF($R$2:$R201,\"NIVEL 1\")","v":4},2,1,0,{"$f":"ADDRESS(MATCH(COUNTIF($R$2:$R201,\"NIVEL 1\"),V:V,0),COLUMN(S201))","v":"$S$111"},{"$f":"ADDRESS(MATCH(COUNTIF($R$2:$R201,\"NIVEL 1\"),V:V,0),COLUMN(W201))","v":"$W$111"},{"$f":"ADDRESS((MATCH(COUNTIF(INDIRECT(Z201):$S201,\"NIVEL 2\"),INDIRECT(AA201):W201,0)+(MATCH(COUNTIF($R$2:$R201,\"NIVEL 1\"),V:V,0)-1)),COLUMN(T201))","v":"$T$194"},null,null,null,null,null,null,null,null,null,null,null,null,null,null,null,null,null,null,null,null,null,null,null,null,null,null,{"$f":"PROCURA_PRECO_SERVICO","v":0}]
[null,null,null,{"$f":"\"SUBTOTAL DO ITEM - \"&A196","v":"SUBTOTAL DO ITEM - 4.2.1"},null,null,null,null,{"$f":"SUBTOTAL(9,OFFSET(I196,1,0):OFFSET(I202,-1,0))","v":19045.04},null,null,null,null,"SUBSUBITEM_FIM",null,null,null,null,null,null,null,{"$f":"COUNTIF($R$2:$R202,\"NIVEL 1\")","v":4},2,1,0,{"$f":"ADDRESS(MATCH(COUNTIF($R$2:$R202,\"NIVEL 1\"),V:V,0),COLUMN(S202))","v":"$S$111"},{"$f":"ADDRESS(MATCH(COUNTIF($R$2:$R202,\"NIVEL 1\"),V:V,0),COLUMN(W202))","v":"$W$111"},{"$f":"ADDRESS((MATCH(COUNTIF(INDIRECT(Z202):$S202,\"NIVEL 2\"),INDIRECT(AA202):W202,0)+(MATCH(COUNTIF($R$2:$R202,\"NIVEL 1\"),V:V,0)-1)),COLUMN(T202))","v":"$T$194"},null,null,null,null,null,null,null,null,null,null,null,null,null,null,null,null,null,null,null,null,null,null,null,null,null,null,{"$f":"PROCURA_PRECO_SERVICO","v":0}]
[null,null,null,null,null,null,null,null,null,null,null,null,null,null,null,null,null,null,null,null,null,{"$f":"COUNTIF($R$2:$R203,\"NIVEL 1\")","v":4},2,1,0,{"$f":"ADDRESS(MATCH(COUNTIF($R$2:$R203,\"NIVEL 1\"),V:V,0),COLUMN(S203))","v":"$S$111"},{"$f":"ADDRESS(MATCH(COUNTIF($R$2:$R203,\"NIVEL 1\"),V:V,0),COLUMN(W203))","v":"$W$111"},{"$f":"ADDRESS((MATCH(COUNTIF(INDIRECT(Z203):$S203,\"NIVEL 2\"),INDIRECT(AA203):W203,0)+(MATCH(COUNTIF($R$2:$R203,\"NIVEL 1\"),V:V,0)-1)),COLUMN(T203))","v":"$T$194"},null,null,null,null,null,null,null,null,null,null,null,null,null,null,null,null,null,null,null,null,null,null,null,null,null,null,{"$f":"PROCURA_PRECO_SERVICO","v":0}]
[null,null,null,{"$f":"\"SUBTOTAL DO ITEM  - \"&A194","v":"SUBTOTAL DO ITEM  - 4.2"},null,null,null,null,{"$f":"SUBTOTAL(9,OFFSET(I194,1,0):OFFSET(I204,-1,0))","v":19045.04},null,null,null,null,"SUBITEM_FIM",null,null,null,null,null,null,null,{"$f":"COUNTIF($R$2:$R204,\"NIVEL 1\")","v":4},2,1,0,{"$f":"ADDRESS(MATCH(COUNTIF($R$2:$R204,\"NIVEL 1\"),V:V,0),COLUMN(S204))","v":"$S$111"},{"$f":"ADDRESS(MATCH(COUNTIF($R$2:$R204,\"NIVEL 1\"),V:V,0),COLUMN(W204))","v":"$W$111"},{"$f":"ADDRESS((MATCH(COUNTIF(INDIRECT(Z204):$S204,\"NIVEL 2\"),INDIRECT(AA204):W204,0)+(MATCH(COUNTIF($R$2:$R204,\"NIVEL 1\"),V:V,0)-1)),COLUMN(T204))","v":"$T$194"},null,null,null,null,null,null,null,null,null,null,null,null,null,null,null,null,null,null,null,null,null,null,null,null,null,null,{"$f":"PROCURA_PRECO_SERVICO","v":0}]
[null,null,null,null,null,null,null,null,null,null,null,null,null,null,null,null,null,null,null,null,null,{"$f":"COUNTIF($R$2:$R205,\"NIVEL 1\")","v":4},2,1,0,{"$f":"ADDRESS(MATCH(COUNTIF($R$2:$R205,\"NIVEL 1\"),V:V,0),COLUMN(S205))","v":"$S$111"},{"$f":"ADDRESS(MATCH(COUNTIF($R$2:$R205,\"NIVEL 1\"),V:V,0),COLUMN(W205))","v":"$W$111"},{"$f":"ADDRESS((MATCH(COUNTIF(INDIRECT(Z205):$S205,\"NIVEL 2\"),INDIRECT(AA205):W205,0)+(MATCH(COUNTIF($R$2:$R205,\"NIVEL 1\"),V:V,0)-1)),COLUMN(T205))","v":"$T$194"},null,null,null,null,null,null,null,null,null,null,null,null,null,null,null,null,null,null,null,null,null,null,null,null,null,null,{"$f":"PROCURA_PRECO_SERVICO","v":0}]
[null,null,null,{"$f":"\"TOTAL DO ITEM - \"&A111","v":"TOTAL DO ITEM - 4"},null,null,null,null,{"$f":"SUBTOTAL(9,OFFSET(I111,1,0):OFFSET(I206,-1,0))","v":101744.26},null,null,null,null,"ITEM_FIM",null,null,null,null,null,null,null,{"$f":"COUNTIF($R$2:$R206,\"NIVEL 1\")","v":4},2,1,0,{"$f":"ADDRESS(MATCH(COUNTIF($R$2:$R206,\"NIVEL 1\"),V:V,0),COLUMN(S206))","v":"$S$111"},{"$f":"ADDRESS(MATCH(COUNTIF($R$2:$R206,\"NIVEL 1\"),V:V,0),COLUMN(W206))","v":"$W$111"},{"$f":"ADDRESS((MATCH(COUNTIF(INDIRECT(Z206):$S206,\"NIVEL 2\"),INDIRECT(AA206):W206,0)+(MATCH(COUNTIF($R$2:$R206,\"NIVEL 1\"),V:V,0)-1)),COLUMN(T206))","v":"$T$194"},null,null,null,null,null,null,null,null,null,null,null,null,null,null,null,null,null,null,null,null,null,null,null,null,null,null,{"$f":"PROCURA_PRECO_SERVICO","v":0}]
[null,null,null,null,null,null,null,{"$f":"TRUNC(G207*(1+$I$3),2)","v":0},null,null,null,null,null,null,null,null,null,null,null,null,null,{"$f":"COUNTIF($R$2:$R207,\"NIVEL 1\")","v":4},2,1,{"$f":"IF(U207=\"NIVEL 4\",OFFSET(Y207,-1,0)+1,0)","v":0},{"$f":"ADDRESS(MATCH(COUNTIF($R$2:$R207,\"NIVEL 1\"),V:V,0),COLUMN(S207))","v":"$S$111"},{"$f":"ADDRESS(MATCH(COUNTIF($R$2:$R207,\"NIVEL 1\"),V:V,0),COLUMN(W207))","v":"$W$111"},{"$f":"ADDRESS((MATCH(COUNTIF(INDIRECT(Z207):$S207,\"NIVEL 2\"),INDIRECT(AA207):W207,0)+(MATCH(COUNTIF($R$2:$R207,\"NIVEL 1\"),V:V,0)-1)),COLUMN(T207))","v":"$T$194"},null,null,null,null,null,null,null,null,null,null,null,null,null,null,null,null,null,null,null,null,null,null,null,null,null,null,{"$f":"PROCURA_PRECO_SERVICO","v":0}]
[{"$f":"V208","v":5},null,null,"INFRAESTRUTURA (FUNDAÇÕES)",null,null,null,null,null,null,null,null,null,"ITEM_INICIO",null,null,null,"NIVEL 1",null,null,null,{"$f":"COUNTIF($R$2:$R208,\"NIVEL 1\")","v":5},0,0,0,{"$f":"ADDRESS(MATCH(COUNTIF($R$2:$R208,\"NIVEL 1\"),V:V,0),COLUMN(S208))","v":"$S$208"},{"$f":"ADDRESS(MATCH(COUNTIF($R$2:$R208,\"NIVEL 1\"),V:V,0),COLUMN(W208))","v":"$W$208"},{"$f":"ADDRESS((MATCH(COUNTIF(INDIRECT(Z208):$S208,\"NIVEL 2\"),INDIRECT(AA208):W208,0)+(MATCH(COUNTIF($R$2:$R208,\"NIVEL 1\"),V:V,0)-1)),COLUMN(T208))","v":"$T$208"},null,{"$f":"A208","v":5},null,null,{"$f":"D208","v":"INFRAESTRUTURA (FUNDAÇÕES)"},{"$f":"I326","v":47959.45},{"$f":"AH208/$I$1374","v":0.0245956781338801},null,null,null,null,null,null,null,null,null,null,null,null,null,null,null,null,null,null,null,{"$f":"PROCURA_PRECO_SERVICO","v":0}]
[null,null,null,null,null,null,null,null,null,null,null,null,null,null,null,null,null,null,null,null,null,{"$f":"COUNTIF($R$2:$R209,\"NIVEL 1\")","v":5},0,0,{"$f":"IF(U209=\"NIVEL 4\",OFFSET(Y209,-1,0)+1,0)","v":0},{"$f":"ADDRESS(MATCH(COUNTIF($R$2:$R209,\"NIVEL 1\"),V:V,0),COLUMN(S209))","v":"$S$208"},{"$f":"ADDRESS(MATCH(COUNTIF($R$2:$R209,\"NIVEL 1\"),V:V,0),COLUMN(W209))","v":"$W$208"},{"$f":"ADDRESS((MATCH(COUNTIF(INDIRECT(Z209):$S209,\"NIVEL 2\"),INDIRECT(AA209):W209,0)+(MATCH(COUNTIF($R$2:$R209,\"NIVEL 1\"),V:V,0)-1)),COLUMN(T209))","v":"$T$208"},null,null,null,null,null,null,null,null,null,null,null,null,null,null,null,null,null,null,null,null,null,null,null,null,null,null,{"$f":"PROCURA_PRECO_SERVICO","v":0}]
[{"$f":"V210&\".\"&W210","v":"5.1"},null,null,"FUNDAÇÃO ÁREA 01",null,null,null,null,null,null,null,null,null,"SUBITEM_INICIO",null,null,null,"NIVEL 2","NIVEL 2",null,null,{"$f":"COUNTIF($R$2:$R210,\"NIVEL 1\")","v":5},1,0,0,{"$f":"ADDRESS(MATCH(COUNTIF($R$2:$R210,\"NIVEL 1\"),V:V,0),COLUMN(S210))","v":"$S$208"},{"$f":"ADDRESS(MATCH(COUNTIF($R$2:$R210,\"NIVEL 1\"),V:V,0),COLUMN(W210))","v":"$W$208"},{"$f":"ADDRESS((MATCH(COUNTIF(INDIRECT(Z210):$S210,\"NIVEL 2\"),INDIRECT(AA210):W210,0)+(MATCH(COUNTIF($R$2:$R210,\"NIVEL 1\"),V:V,0)-1)),COLUMN(T210))","v":"$T$210"},null,null,null,null,null,null,null,null,null,null,null,null,null,null,null,null,null,null,null,null,null,null,null,null,null,null,{"$f":"PROCURA_PRECO_SERVICO","v":0}]
[null,null,null,null,null,null,null,null,null,null,null,null,null,null,null,null,null,null,null,null,null,{"$f":"COUNTIF($R$2:$R211,\"NIVEL 1\")","v":5},1,0,0,{"$f":"ADDRESS(MATCH(COUNTIF($R$2:$R211,\"NIVEL 1\"),V:V,0),COLUMN(S211))","v":"$S$208"},{"$f":"ADDRESS(MATCH(COUNTIF($R$2:$R211,\"NIVEL 1\"),V:V,0),COLUMN(W211))","v":"$W$208"},{"$f":"ADDRESS((MATCH(COUNTIF(INDIRECT(Z211):$S211,\"NIVEL 2\"),INDIRECT(AA211):W211,0)+(MATCH(COUNTIF($R$2:$R211,\"NIVEL 1\"),V:V,0)-1)),COLUMN(T211))","v":"$T$210"},null,null,null,null,null,null,null,null,null,null,null,null,null,null,null,null,null,null,null,null,null,null,null,null,null,null,{"$f":"PROCURA_PRECO_SERVICO","v":0}]
[{"$f":"V212&\".\"&W212&\".\"&X212","v":"5.1.1"},null,null,"ESTACA",null,null,null,null,null,null,null,null,null,"SUBSUBITEM_INICIO",null,null,null,"NIVEL 3","NIVEL 3","NIVEL 3",null,{"$f":"COUNTIF($R$2:$R212,\"NIVEL 1\")","v":5},1,1,0,{"$f":"ADDRESS(MATCH(COUNTIF($R$2:$R212,\"NIVEL 1\"),V:V,0),COLUMN(S212))","v":"$S$208"},{"$f":"ADDRESS(MATCH(COUNTIF($R$2:$R212,\"NIVEL 1\"),V:V,0),COLUMN(W212))","v":"$W$208"},{"$f":"ADDRESS((MATCH(COUNTIF(INDIRECT(Z212):$S212,\"NIVEL 2\"),INDIRECT(AA212):W212,0)+(MATCH(COUNTIF($R$2:$R212,\"NIVEL 1\"),V:V,0)-1)),COLUMN(T212))","v":"$T$210"},null,null,null,null,null,null,null,null,null,null,null,null,null,null,null,null,null,null,null,null,null,null,null,null,null,null,{"$f":"PROCURA_PRECO_SERVICO","v":0}]
[null,null,null,null,null,null,null,null,null,null,null,null,null,null,null,null,null,null,null,null,null,{"$f":"COUNTIF($R$2:$R213,\"NIVEL 1\")","v":5},1,1,0,{"$f":"ADDRESS(MATCH(COUNTIF($R$2:$R213,\"NIVEL 1\"),V:V,0),COLUMN(S213))","v":"$S$208"},{"$f":"ADDRESS(MATCH(COUNTIF($R$2:$R213,\"NIVEL 1\"),V:V,0),COLUMN(W213))","v":"$W$208"},{"$f":"ADDRESS((MATCH(COUNTIF(INDIRECT(Z213):$S213,\"NIVEL 2\"),INDIRECT(AA213):W213,0)+(MATCH(COUNTIF($R$2:$R213,\"NIVEL 1\"),V:V,0)-1)),COLUMN(T213))","v":"$T$210"},null,null,null,null,null,null,null,null,null,null,null,null,null,null,null,null,null,null,null,null,null,null,null,null,null,null,{"$f":"PROCURA_PRECO_SERVICO","v":0}]
[{"$f":"V214&\".\"&W214&\".\"&X214&\".\"&Y214","v":"5.1.1.1"},"SETOP","ED-49747",{"$f":"PROCURA_DESCRICAO_SERVICO","v":"PERFURAÇÃO DE ESTACA BROCA A TRADO MANUAL D = 200 MM"},{"$f":"PROCURA_UNIDADE_SERVICO","v":"M"},58.9,{"$f":"PROCURA_PRECO_SERVICO","v":27.03},{"$f":"CUSTO_BDI_SERVICO","v":34.12},{"$f":"CUSTO_TOTAL_SERVICO","v":2009.66},null,null,null,null,"SERVIÇO",null,null,null,"NIVEL 4","NIVEL 4","NIVEL 4","NIVEL 4",{"$f":"COUNTIF($R$2:$R214,\"NIVEL 1\")","v":5},1,1,1,{"$f":"ADDRESS(MATCH(COUNTIF($R$2:$R214,\"NIVEL 1\"),V:V,0),COLUMN(S214))","v":"$S$208"},{"$f":"ADDRESS(MATCH(COUNTIF($R$2:$R214,\"NIVEL 1\"),V:V,0),COLUMN(W214))","v":"$W$208"},{"$f":"ADDRESS((MATCH(COUNTIF(INDIRECT(Z214):$S214,\"NIVEL 2\"),INDIRECT(AA214):W214,0)+(MATCH(COUNTIF($R$2:$R214,\"NIVEL 1\"),V:V,0)-1)),COLUMN(T214))","v":"$T$210"},null,null,null,null,null,null,null,null,null,null,null,null,null,null,null,null,null,null,null,null,null,null,null,null,null,null,{"$f":"PROCURA_PRECO_SERVICO","v":27.03}]
["5.1.1.2","SETOP","ED-49805",{"$f":"PROCURA_DESCRICAO_SERVICO","v":"FORNECIMENTO DE CONCRETO ESTRUTURAL, USINADO BOMBEADO, COM FCK 25 MPA, INCLUSIVE LANÇAMENTO, ADENSAMENTO E ACABAMENTO (FUNDAÇÃO)"},{"$f":"PROCURA_UNIDADE_SERVICO","v":"M3"},1.85,{"$f":"PROCURA_PRECO_SERVICO","v":683.31},862.61,1595.82,null,null,null,null,"SERVIÇO",null,null,null,"NIVEL 4","NIVEL 4","NIVEL 4","NIVEL 4",{"$f":"COUNTIF($R$2:$R215,\"NIVEL 1\")","v":5},1,1,2,{"$f":"ADDRESS(MATCH(COUNTIF($R$2:$R215,\"NIVEL 1\"),V:V,0),COLUMN(S215))","v":"$S$208"},{"$f":"ADDRESS(MATCH(COUNTIF($R$2:$R215,\"NIVEL 1\"),V:V,0),COLUMN(W215))","v":"$W$208"},{"$f":"ADDRESS((MATCH(COUNTIF(INDIRECT(Z215):$S215,\"NIVEL 2\"),INDIRECT(AA215):W215,0)+(MATCH(COUNTIF($R$2:$R215,\"NIVEL 1\"),V:V,0)-1)),COLUMN(T215))","v":"$T$210"},null,null,null,null,null,null,null,null,null,null,null,null,null,null,null,null,null,null,null,null,null,null,null,null,null,null,{"$f":"PROCURA_PRECO_SERVICO","v":683.31}]
["5.1.1.3","SETOP","ED-48298",{"$f":"PROCURA_DESCRICAO_SERVICO","v":"CORTE, DOBRA E MONTAGEM DE AÇO CA-50/60"},{"$f":"PROCURA_UNIDADE_SERVICO","v":"KG"},70.34,{"$f":"PROCURA_PRECO_SERVICO","v":13.42},16.94,1191.55,null,null,null,null,"SERVIÇO",null,null,null,"NIVEL 4","NIVEL 4","NIVEL 4","NIVEL 4",{"$f":"COUNTIF($R$2:$R216,\"NIVEL 1\")","v":5},1,1,3,{"$f":"ADDRESS(MATCH(COUNTIF($R$2:$R216,\"NIVEL 1\"),V:V,0),COLUMN(S216))","v":"$S$208"},{"$f":"ADDRESS(MATCH(COUNTIF($R$2:$R216,\"NIVEL 1\"),V:V,0),COLUMN(W216))","v":"$W$208"},{"$f":"ADDRESS((MATCH(COUNTIF(INDIRECT(Z216):$S216,\"NIVEL 2\"),INDIRECT(AA216):W216,0)+(MATCH(COUNTIF($R$2:$R216,\"NIVEL 1\"),V:V,0)-1)),COLUMN(T216))","v":"$T$210"},null,null,null,null,null,null,null,null,null,null,null,null,null,null,null,null,null,null,null,null,null,null,null,null,null,null,{"$f":"PROCURA_PRECO_SERVICO","v":13.42}]
["5.1.1.4","SINAPI","100974",{"$f":"PROCURA_DESCRICAO_SERVICO","v":"CARGA, MANOBRA E DESCARGA DE SOLOS E MATERIAIS GRANULARES EM CAMINHÃO BASCULANTE 10 M³ - CARGA COM PÁ CARREGADEIRA (CAÇAMBA DE 1,7 A 2,8 M³ / 128 HP) E DESCARGA LIVRE (UNIDADE: M3). AF_07/2020"},{"$f":"PROCURA_UNIDADE_SERVICO","v":"M3"},2.41,{"$f":"PROCURA_PRECO_SERVICO","v":"8,49"},10.71,25.81,null,null,null,null,"SERVIÇO",null,null,null,"NIVEL 4","NIVEL 4","NIVEL 4","NIVEL 4",{"$f":"COUNTIF($R$2:$R217,\"NIVEL 1\")","v":5},1,1,4,{"$f":"ADDRESS(MATCH(COUNTIF($R$2:$R217,\"NIVEL 1\"),V:V,0),COLUMN(S217))","v":"$S$208"},{"$f":"ADDRESS(MATCH(COUNTIF($R$2:$R217,\"NIVEL 1\"),V:V,0),COLUMN(W217))","v":"$W$208"},{"$f":"ADDRESS((MATCH(COUNTIF(INDIRECT(Z217):$S217,\"NIVEL 2\"),INDIRECT(AA217):W217,0)+(MATCH(COUNTIF($R$2:$R217,\"NIVEL 1\"),V:V,0)-1)),COLUMN(T217))","v":"$T$210"},null,null,null,null,null,null,null,null,null,null,null,null,null,null,null,null,null,null,null,null,null,null,null,null,null,null,{"$f":"PROCURA_PRECO_SERVICO","v":"8,49"}]
["5.1.1.5","SINAPI","95875",{"$f":"PROCURA_DESCRICAO_SERVICO","v":"TRANSPORTE COM CAMINHÃO BASCULANTE DE 10 M³, EM VIA URBANA PAVIMENTADA, DMT ATÉ 30 KM (UNIDADE: M3XKM). AF_07/2020"},{"$f":"PROCURA_UNIDADE_SERVICO","v":"M3XKM"},36.08,{"$f":"PROCURA_PRECO_SERVICO","v":"2,31"},2.91,104.99,null,null,null,null,"SERVIÇO",null,null,null,"NIVEL 4","NIVEL 4","NIVEL 4","NIVEL 4",{"$f":"COUNTIF($R$2:$R218,\"NIVEL 1\")","v":5},1,1,5,{"$f":"ADDRESS(MATCH(COUNTIF($R$2:$R218,\"NIVEL 1\"),V:V,0),COLUMN(S218))","v":"$S$208"},{"$f":"ADDRESS(MATCH(COUNTIF($R$2:$R218,\"NIVEL 1\"),V:V,0),COLUMN(W218))","v":"$W$208"},{"$f":"ADDRESS((MATCH(COUNTIF(INDIRECT(Z218):$S218,\"NIVEL 2\"),INDIRECT(AA218):W218,0)+(MATCH(COUNTIF($R$2:$R218,\"NIVEL 1\"),V:V,0)-1)),COLUMN(T218))","v":"$T$210"},null,null,null,null,null,null,null,null,null,null,null,null,null,null,null,null,null,null,null,null,null,null,null,null,null,null,{"$f":"PROCURA_PRECO_SERVICO","v":"2,31"}]
["5.1.1.6","SINAPI","100574",{"$f":"PROCURA_DESCRICAO_SERVICO","v":"ESPALHAMENTO DE MATERIAL COM TRATOR DE ESTEIRAS. AF_11/2019"},{"$f":"PROCURA_UNIDADE_SERVICO","v":"M3"},2.41,{"$f":"PROCURA_PRECO_SERVICO","v":"1,36"},1.71,4.12,null,null,null,null,"SERVIÇO",null,null,null,"NIVEL 4","NIVEL 4","NIVEL 4","NIVEL 4",{"$f":"COUNTIF($R$2:$R219,\"NIVEL 1\")","v":5},1,1,6,{"$f":"ADDRESS(MATCH(COUNTIF($R$2:$R219,\"NIVEL 1\"),V:V,0),COLUMN(S219))","v":"$S$208"},{"$f":"ADDRESS(MATCH(COUNTIF($R$2:$R219,\"NIVEL 1\"),V:V,0),COLUMN(W219))","v":"$W$208"},{"$f":"ADDRESS((MATCH(COUNTIF(INDIRECT(Z219):$S219,\"NIVEL 2\"),INDIRECT(AA219):W219,0)+(MATCH(COUNTIF($R$2:$R219,\"NIVEL 1\"),V:V,0)-1)),COLUMN(T219))","v":"$T$210"},null,null,null,null,null,null,null,null,null,null,null,null,null,null,null,null,null,null,null,null,null,null,null,null,null,null,{"$f":"PROCURA_PRECO_SERVICO","v":"1,36"}]
["5.1.1.7","SINAPI","95601",{"$f":"PROCURA_DESCRICAO_SERVICO","v":"ARRASAMENTO MECANICO DE ESTACA DE CONCRETO ARMADO, DIAMETROS DE ATÉ 40 CM. AF_05/2021"},{"$f":"PROCURA_UNIDADE_SERVICO","v":"UN"},19,{"$f":"PROCURA_PRECO_SERVICO","v":"16,78"},21.18,402.42,null,null,null,null,"SERVIÇO",null,null,null,"NIVEL 4","NIVEL 4","NIVEL 4","NIVEL 4",{"$f":"COUNTIF($R$2:$R220,\"NIVEL 1\")","v":5},1,1,7,{"$f":"ADDRESS(MATCH(COUNTIF($R$2:$R220,\"NIVEL 1\"),V:V,0),COLUMN(S220))","v":"$S$208"},{"$f":"ADDRESS(MATCH(COUNTIF($R$2:$R220,\"NIVEL 1\"),V:V,0),COLUMN(W220))","v":"$W$208"},{"$f":"ADDRESS((MATCH(COUNTIF(INDIRECT(Z220):$S220,\"NIVEL 2\"),INDIRECT(AA220):W220,0)+(MATCH(COUNTIF($R$2:$R220,\"NIVEL 1\"),V:V,0)-1)),COLUMN(T220))","v":"$T$210"},null,null,null,null,null,null,null,null,null,null,null,null,null,null,null,null,null,null,null,null,null,null,null,null,null,null,{"$f":"PROCURA_PRECO_SERVICO","v":"16,78"}]
[null,null,null,null,null,null,null,null,null,null,null,null,null,null,null,null,null,null,null,null,null,{"$f":"COUNTIF($R$2:$R221,\"NIVEL 1\")","v":5},1,1,0,{"$f":"ADDRESS(MATCH(COUNTIF($R$2:$R221,\"NIVEL 1\"),V:V,0),COLUMN(S221))","v":"$S$208"},{"$f":"ADDRESS(MATCH(COUNTIF($R$2:$R221,\"NIVEL 1\"),V:V,0),COLUMN(W221))","v":"$W$208"},{"$f":"ADDRESS((MATCH(COUNTIF(INDIRECT(Z221):$S221,\"NIVEL 2\"),INDIRECT(AA221):W221,0)+(MATCH(COUNTIF($R$2:$R221,\"NIVEL 1\"),V:V,0)-1)),COLUMN(T221))","v":"$T$210"},null,null,null,null,null,null,null,null,null,null,null,null,null,null,null,null,null,null,null,null,null,null,null,null,null,null,{"$f":"PROCURA_PRECO_SERVICO","v":0}]
[null,null,null,{"$f":"\"SUBTOTAL DO ITEM - \"&A212","v":"SUBTOTAL DO ITEM - 5.1.1"},null,null,null,null,{"$f":"SUBTOTAL(9,OFFSET(I212,1,0):OFFSET(I222,-1,0))","v":5334.37},null,null,null,null,"SUBSUBITEM_FIM",null,null,null,null,null,null,null,{"$f":"COUNTIF($R$2:$R222,\"NIVEL 1\")","v":5},1,1,0,{"$f":"ADDRESS(MATCH(COUNTIF($R$2:$R222,\"NIVEL 1\"),V:V,0),COLUMN(S222))","v":"$S$208"},{"$f":"ADDRESS(MATCH(COUNTIF($R$2:$R222,\"NIVEL 1\"),V:V,0),COLUMN(W222))","v":"$W$208"},{"$f":"ADDRESS((MATCH(COUNTIF(INDIRECT(Z222):$S222,\"NIVEL 2\"),INDIRECT(AA222):W222,0)+(MATCH(COUNTIF($R$2:$R222,\"NIVEL 1\"),V:V,0)-1)),COLUMN(T222))","v":"$T$210"},null,null,null,null,null,null,null,null,null,null,null,null,null,null,null,null,null,null,null,null,null,null,null,null,null,null,{"$f":"PROCURA_PRECO_SERVICO","v":0}]
[null,null,null,null,null,null,null,null,null,null,null,null,null,null,null,null,null,null,null,null,null,{"$f":"COUNTIF($R$2:$R223,\"NIVEL 1\")","v":5},1,1,0,{"$f":"ADDRESS(MATCH(COUNTIF($R$2:$R223,\"NIVEL 1\"),V:V,0),COLUMN(S223))","v":"$S$208"},{"$f":"ADDRESS(MATCH(COUNTIF($R$2:$R223,\"NIVEL 1\"),V:V,0),COLUMN(W223))","v":"$W$208"},{"$f":"ADDRESS((MATCH(COUNTIF(INDIRECT(Z223):$S223,\"NIVEL 2\"),INDIRECT(AA223):W223,0)+(MATCH(COUNTIF($R$2:$R223,\"NIVEL 1\"),V:V,0)-1)),COLUMN(T223))","v":"$T$210"},null,null,null,null,null,null,null,null,null,null,null,null,null,null,null,null,null,null,null,null,null,null,null,null,null,null,{"$f":"PROCURA_PRECO_SERVICO","v":0}]
[{"$f":"V224&\".\"&W224&\".\"&X224","v":"5.1.2"},null,null,"SAPATA",null,null,null,null,null,null,null,null,null,"SUBSUBITEM_INICIO",null,null,null,"NIVEL 3","NIVEL 3","NIVEL 3",null,{"$f":"COUNTIF($R$2:$R224,\"NIVEL 1\")","v":5},1,2,0,{"$f":"ADDRESS(MATCH(COUNTIF($R$2:$R224,\"NIVEL 1\"),V:V,0),COLUMN(S224))","v":"$S$208"},{"$f":"ADDRESS(MATCH(COUNTIF($R$2:$R224,\"NIVEL 1\"),V:V,0),COLUMN(W224))","v":"$W$208"},{"$f":"ADDRESS((MATCH(COUNTIF(INDIRECT(Z224):$S224,\"NIVEL 2\"),INDIRECT(AA224):W224,0)+(MATCH(COUNTIF($R$2:$R224,\"NIVEL 1\"),V:V,0)-1)),COLUMN(T224))","v":"$T$210"},null,null,null,null,null,null,null,null,null,null,null,null,null,null,null,null,null,null,null,null,null,null,null,null,null,null,{"$f":"PROCURA_PRECO_SERVICO","v":0}]
[null,null,null,null,null,null,null,null,null,null,null,null,null,null,null,null,null,null,null,null,null,{"$f":"COUNTIF($R$2:$R225,\"NIVEL 1\")","v":5},1,2,0,{"$f":"ADDRESS(MATCH(COUNTIF($R$2:$R225,\"NIVEL 1\"),V:V,0),COLUMN(S225))","v":"$S$208"},{"$f":"ADDRESS(MATCH(COUNTIF($R$2:$R225,\"NIVEL 1\"),V:V,0),COLUMN(W225))","v":"$W$208"},{"$f":"ADDRESS((MATCH(COUNTIF(INDIRECT(Z225):$S225,\"NIVEL 2\"),INDIRECT(AA225):W225,0)+(MATCH(COUNTIF($R$2:$R225,\"NIVEL 1\"),V:V,0)-1)),COLUMN(T225))","v":"$T$210"},null,null,null,null,null,null,null,null,null,null,null,null,null,null,null,null,null,null,null,null,null,null,null,null,null,null,{"$f":"PROCURA_PRECO_SERVICO","v":0}]
[{"$f":"V226&\".\"&W226&\".\"&X226&\".\"&Y226","v":"5.1.2.1"},"SINAPI","96523",{"$f":"PROCURA_DESCRICAO_SERVICO","v":"ESCAVAÇÃO MANUAL PARA BLOCO DE COROAMENTO OU SAPATA (INCLUINDO ESCAVAÇÃO PARA COLOCAÇÃO DE FÔRMAS). AF_06/2017"},{"$f":"PROCURA_UNIDADE_SERVICO","v":"M3"},16.7,{"$f":"PROCURA_PRECO_SERVICO","v":"92,95"},{"$f":"CUSTO_BDI_SERVICO","v":117.34},{"$f":"CUSTO_TOTAL_SERVICO","v":1959.57},null,null,null,null,"SERVIÇO",null,null,null,"NIVEL 4","NIVEL 4","NIVEL 4","NIVEL 4",{"$f":"COUNTIF($R$2:$R226,\"NIVEL 1\")","v":5},1,2,1,{"$f":"ADDRESS(MATCH(COUNTIF($R$2:$R226,\"NIVEL 1\"),V:V,0),COLUMN(S226))","v":"$S$208"},{"$f":"ADDRESS(MATCH(COUNTIF($R$2:$R226,\"NIVEL 1\"),V:V,0),COLUMN(W226))","v":"$W$208"},{"$f":"ADDRESS((MATCH(COUNTIF(INDIRECT(Z226):$S226,\"NIVEL 2\"),INDIRECT(AA226):W226,0)+(MATCH(COUNTIF($R$2:$R226,\"NIVEL 1\"),V:V,0)-1)),COLUMN(T226))","v":"$T$210"},null,null,null,null,null,null,null,null,null,null,null,null,null,null,null,null,null,null,null,null,null,null,null,null,null,null,{"$f":"PROCURA_PRECO_SERVICO","v":"92,95"}]
["5.1.2.2","SINAPI","101616",{"$f":"PROCURA_DESCRICAO_SERVICO","v":"PREPARO DE FUNDO DE VALA COM LARGURA MENOR QUE 1,5 M (ACERTO DO SOLO NATURAL). AF_08/2020"},{"$f":"PROCURA_UNIDADE_SERVICO","v":"M2"},5.12,{"$f":"PROCURA_PRECO_SERVICO","v":"6,03"},7.61,38.96,null,null,null,null,"SERVIÇO",null,null,null,"NIVEL 4","NIVEL 4","NIVEL 4","NIVEL 4",{"$f":"COUNTIF($R$2:$R227,\"NIVEL 1\")","v":5},1,2,2,{"$f":"ADDRESS(MATCH(COUNTIF($R$2:$R227,\"NIVEL 1\"),V:V,0),COLUMN(S227))","v":"$S$208"},{"$f":"ADDRESS(MATCH(COUNTIF($R$2:$R227,\"NIVEL 1\"),V:V,0),COLUMN(W227))","v":"$W$208"},{"$f":"ADDRESS((MATCH(COUNTIF(INDIRECT(Z227):$S227,\"NIVEL 2\"),INDIRECT(AA227):W227,0)+(MATCH(COUNTIF($R$2:$R227,\"NIVEL 1\"),V:V,0)-1)),COLUMN(T227))","v":"$T$210"},null,null,null,null,null,null,null,null,null,null,null,null,null,null,null,null,null,null,null,null,null,null,null,null,null,null,{"$f":"PROCURA_PRECO_SERVICO","v":"6,03"}]
["5.1.2.3","SETOP","ED-48298",{"$f":"PROCURA_DESCRICAO_SERVICO","v":"CORTE, DOBRA E MONTAGEM DE AÇO CA-50/60"},{"$f":"PROCURA_UNIDADE_SERVICO","v":"KG"},43.2,{"$f":"PROCURA_PRECO_SERVICO","v":13.42},16.94,731.8,null,null,null,null,"SERVIÇO",null,null,null,"NIVEL 4","NIVEL 4","NIVEL 4","NIVEL 4",{"$f":"COUNTIF($R$2:$R228,\"NIVEL 1\")","v":5},1,2,3,{"$f":"ADDRESS(MATCH(COUNTIF($R$2:$R228,\"NIVEL 1\"),V:V,0),COLUMN(S228))","v":"$S$208"},{"$f":"ADDRESS(MATCH(COUNTIF($R$2:$R228,\"NIVEL 1\"),V:V,0),COLUMN(W228))","v":"$W$208"},{"$f":"ADDRESS((MATCH(COUNTIF(INDIRECT(Z228):$S228,\"NIVEL 2\"),INDIRECT(AA228):W228,0)+(MATCH(COUNTIF($R$2:$R228,\"NIVEL 1\"),V:V,0)-1)),COLUMN(T228))","v":"$T$210"},null,null,null,null,null,null,null,null,null,null,null,null,null,null,null,null,null,null,null,null,null,null,null,null,null,null,{"$f":"PROCURA_PRECO_SERVICO","v":13.42}]
["5.1.2.4","SETOP","ED-8571",{"$f":"PROCURA_DESCRICAO_SERVICO","v":"FORMA E DESFORMA DE COMPENSADO PLASTIFICADO, ESP. 12MM, REAPROVEITAMENTO (3X) (FUNDAÇÃO)"},{"$f":"PROCURA_UNIDADE_SERVICO","v":"M2"},7.68,{"$f":"PROCURA_PRECO_SERVICO","v":73.31},92.54,710.7,null,null,null,null,"SERVIÇO",null,null,null,"NIVEL 4","NIVEL 4","NIVEL 4","NIVEL 4",{"$f":"COUNTIF($R$2:$R229,\"NIVEL 1\")","v":5},1,2,4,{"$f":"ADDRESS(MATCH(COUNTIF($R$2:$R229,\"NIVEL 1\"),V:V,0),COLUMN(S229))","v":"$S$208"},{"$f":"ADDRESS(MATCH(COUNTIF($R$2:$R229,\"NIVEL 1\"),V:V,0),COLUMN(W229))","v":"$W$208"},{"$f":"ADDRESS((MATCH(COUNTIF(INDIRECT(Z229):$S229,\"NIVEL 2\"),INDIRECT(AA229):W229,0)+(MATCH(COUNTIF($R$2:$R229,\"NIVEL 1\"),V:V,0)-1)),COLUMN(T229))","v":"$T$210"},null,null,null,null,null,null,null,null,null,null,null,null,null,null,null,null,null,null,null,null,null,null,null,null,null,null,{"$f":"PROCURA_PRECO_SERVICO","v":73.31}]
["5.1.2.5","SETOP","ED-49812",{"$f":"PROCURA_DESCRICAO_SERVICO","v":"LASTRO DE CONCRETO MAGRO, INCLUSIVE TRANSPORTE, LANÇAMENTO E ADENSAMENTO "},{"$f":"PROCURA_UNIDADE_SERVICO","v":"M3"},0.26,{"$f":"PROCURA_PRECO_SERVICO","v":505.88},638.62,166.04,null,null,null,null,"SERVIÇO",null,null,null,"NIVEL 4","NIVEL 4","NIVEL 4","NIVEL 4",{"$f":"COUNTIF($R$2:$R230,\"NIVEL 1\")","v":5},1,2,5,{"$f":"ADDRESS(MATCH(COUNTIF($R$2:$R230,\"NIVEL 1\"),V:V,0),COLUMN(S230))","v":"$S$208"},{"$f":"ADDRESS(MATCH(COUNTIF($R$2:$R230,\"NIVEL 1\"),V:V,0),COLUMN(W230))","v":"$W$208"},{"$f":"ADDRESS((MATCH(COUNTIF(INDIRECT(Z230):$S230,\"NIVEL 2\"),INDIRECT(AA230):W230,0)+(MATCH(COUNTIF($R$2:$R230,\"NIVEL 1\"),V:V,0)-1)),COLUMN(T230))","v":"$T$210"},null,null,null,null,null,null,null,null,null,null,null,null,null,null,null,null,null,null,null,null,null,null,null,null,null,null,{"$f":"PROCURA_PRECO_SERVICO","v":505.88}]
["5.1.2.6","SETOP","ED-50174",{"$f":"PROCURA_DESCRICAO_SERVICO","v":"PINTURA COM EMULSÃO ASFÁLTICA, DUAS (2) DEMÃOS"},{"$f":"PROCURA_UNIDADE_SERVICO","v":"M2"},17.87,{"$f":"PROCURA_PRECO_SERVICO","v":23.69},29.9,534.31,null,null,null,null,"SERVIÇO",null,null,null,"NIVEL 4","NIVEL 4","NIVEL 4","NIVEL 4",{"$f":"COUNTIF($R$2:$R231,\"NIVEL 1\")","v":5},1,2,6,{"$f":"ADDRESS(MATCH(COUNTIF($R$2:$R231,\"NIVEL 1\"),V:V,0),COLUMN(S231))","v":"$S$208"},{"$f":"ADDRESS(MATCH(COUNTIF($R$2:$R231,\"NIVEL 1\"),V:V,0),COLUMN(W231))","v":"$W$208"},{"$f":"ADDRESS((MATCH(COUNTIF(INDIRECT(Z231):$S231,\"NIVEL 2\"),INDIRECT(AA231):W231,0)+(MATCH(COUNTIF($R$2:$R231,\"NIVEL 1\"),V:V,0)-1)),COLUMN(T231))","v":"$T$210"},null,null,null,null,null,null,null,null,null,null,null,null,null,null,null,null,null,null,null,null,null,null,null,null,null,null,{"$f":"PROCURA_PRECO_SERVICO","v":23.69}]
["5.1.2.7","SETOP","ED-49805",{"$f":"PROCURA_DESCRICAO_SERVICO","v":"FORNECIMENTO DE CONCRETO ESTRUTURAL, USINADO BOMBEADO, COM FCK 25 MPA, INCLUSIVE LANÇAMENTO, ADENSAMENTO E ACABAMENTO (FUNDAÇÃO)"},{"$f":"PROCURA_UNIDADE_SERVICO","v":"M3"},1.536,{"$f":"PROCURA_PRECO_SERVICO","v":683.31},862.61,1324.96,null,null,null,null,"SERVIÇO",null,null,null,"NIVEL 4","NIVEL 4","NIVEL 4","NIVEL 4",{"$f":"COUNTIF($R$2:$R232,\"NIVEL 1\")","v":5},1,2,7,{"$f":"ADDRESS(MATCH(COUNTIF($R$2:$R232,\"NIVEL 1\"),V:V,0),COLUMN(S232))","v":"$S$208"},{"$f":"ADDRESS(MATCH(COUNTIF($R$2:$R232,\"NIVEL 1\"),V:V,0),COLUMN(W232))","v":"$W$208"},{"$f":"ADDRESS((MATCH(COUNTIF(INDIRECT(Z232):$S232,\"NIVEL 2\"),INDIRECT(AA232):W232,0)+(MATCH(COUNTIF($R$2:$R232,\"NIVEL 1\"),V:V,0)-1)),COLUMN(T232))","v":"$T$210"},null,null,null,null,null,null,null,null,null,null,null,null,null,null,null,null,null,null,null,null,null,null,null,null,null,null,{"$f":"PROCURA_PRECO_SERVICO","v":683.31}]
["5.1.2.8","SINAPI","93382",{"$f":"PROCURA_DESCRICAO_SERVICO","v":"REATERRO MANUAL DE VALAS COM COMPACTAÇÃO MECANIZADA. AF_04/2016"},{"$f":"PROCURA_UNIDADE_SERVICO","v":"M3"},14.67,{"$f":"PROCURA_PRECO_SERVICO","v":"32,23"},40.68,596.77,null,null,null,null,"SERVIÇO",null,null,null,"NIVEL 4","NIVEL 4","NIVEL 4","NIVEL 4",{"$f":"COUNTIF($R$2:$R233,\"NIVEL 1\")","v":5},1,2,8,{"$f":"ADDRESS(MATCH(COUNTIF($R$2:$R233,\"NIVEL 1\"),V:V,0),COLUMN(S233))","v":"$S$208"},{"$f":"ADDRESS(MATCH(COUNTIF($R$2:$R233,\"NIVEL 1\"),V:V,0),COLUMN(W233))","v":"$W$208"},{"$f":"ADDRESS((MATCH(COUNTIF(INDIRECT(Z233):$S233,\"NIVEL 2\"),INDIRECT(AA233):W233,0)+(MATCH(COUNTIF($R$2:$R233,\"NIVEL 1\"),V:V,0)-1)),COLUMN(T233))","v":"$T$210"},null,null,null,null,null,null,null,null,null,null,null,null,null,null,null,null,null,null,null,null,null,null,null,null,null,null,{"$f":"PROCURA_PRECO_SERVICO","v":"32,23"}]
["5.1.2.9","SINAPI","100974",{"$f":"PROCURA_DESCRICAO_SERVICO","v":"CARGA, MANOBRA E DESCARGA DE SOLOS E MATERIAIS GRANULARES EM CAMINHÃO BASCULANTE 10 M³ - CARGA COM PÁ CARREGADEIRA (CAÇAMBA DE 1,7 A 2,8 M³ / 128 HP) E DESCARGA LIVRE (UNIDADE: M3). AF_07/2020"},{"$f":"PROCURA_UNIDADE_SERVICO","v":"M3"},2.64,{"$f":"PROCURA_PRECO_SERVICO","v":"8,49"},10.71,28.27,null,null,null,null,"SERVIÇO",null,null,null,"NIVEL 4","NIVEL 4","NIVEL 4","NIVEL 4",{"$f":"COUNTIF($R$2:$R234,\"NIVEL 1\")","v":5},1,2,9,{"$f":"ADDRESS(MATCH(COUNTIF($R$2:$R234,\"NIVEL 1\"),V:V,0),COLUMN(S234))","v":"$S$208"},{"$f":"ADDRESS(MATCH(COUNTIF($R$2:$R234,\"NIVEL 1\"),V:V,0),COLUMN(W234))","v":"$W$208"},{"$f":"ADDRESS((MATCH(COUNTIF(INDIRECT(Z234):$S234,\"NIVEL 2\"),INDIRECT(AA234):W234,0)+(MATCH(COUNTIF($R$2:$R234,\"NIVEL 1\"),V:V,0)-1)),COLUMN(T234))","v":"$T$210"},null,null,null,null,null,null,null,null,null,null,null,null,null,null,null,null,null,null,null,null,null,null,null,null,null,null,{"$f":"PROCURA_PRECO_SERVICO","v":"8,49"}]
["5.1.2.10","SINAPI","95875",{"$f":"PROCURA_DESCRICAO_SERVICO","v":"TRANSPORTE COM CAMINHÃO BASCULANTE DE 10 M³, EM VIA URBANA PAVIMENTADA, DMT ATÉ 30 KM (UNIDADE: M3XKM). AF_07/2020"},{"$f":"PROCURA_UNIDADE_SERVICO","v":"M3XKM"},39.66,{"$f":"PROCURA_PRECO_SERVICO","v":"2,31"},2.91,115.41,null,null,null,null,"SERVIÇO",null,null,null,"NIVEL 4","NIVEL 4","NIVEL 4","NIVEL 4",{"$f":"COUNTIF($R$2:$R235,\"NIVEL 1\")","v":5},1,2,10,{"$f":"ADDRESS(MATCH(COUNTIF($R$2:$R235,\"NIVEL 1\"),V:V,0),COLUMN(S235))","v":"$S$208"},{"$f":"ADDRESS(MATCH(COUNTIF($R$2:$R235,\"NIVEL 1\"),V:V,0),COLUMN(W235))","v":"$W$208"},{"$f":"ADDRESS((MATCH(COUNTIF(INDIRECT(Z235):$S235,\"NIVEL 2\"),INDIRECT(AA235):W235,0)+(MATCH(COUNTIF($R$2:$R235,\"NIVEL 1\"),V:V,0)-1)),COLUMN(T235))","v":"$T$210"},null,null,null,null,null,null,null,null,null,null,null,null,null,null,null,null,null,null,null,null,null,null,null,null,null,null,{"$f":"PROCURA_PRECO_SERVICO","v":"2,31"}]
["5.1.2.11","SINAPI","100574",{"$f":"PROCURA_DESCRICAO_SERVICO","v":"ESPALHAMENTO DE MATERIAL COM TRATOR DE ESTEIRAS. AF_11/2019"},{"$f":"PROCURA_UNIDADE_SERVICO","v":"M3"},2.64,{"$f":"PROCURA_PRECO_SERVICO","v":"1,36"},1.71,4.51,null,null,null,null,"SERVIÇO",null,null,null,"NIVEL 4","NIVEL 4","NIVEL 4","NIVEL 4",{"$f":"COUNTIF($R$2:$R236,\"NIVEL 1\")","v":5},1,2,11,{"$f":"ADDRESS(MATCH(COUNTIF($R$2:$R236,\"NIVEL 1\"),V:V,0),COLUMN(S236))","v":"$S$208"},{"$f":"ADDRESS(MATCH(COUNTIF($R$2:$R236,\"NIVEL 1\"),V:V,0),COLUMN(W236))","v":"$W$208"},{"$f":"ADDRESS((MATCH(COUNTIF(INDIRECT(Z236):$S236,\"NIVEL 2\"),INDIRECT(AA236):W236,0)+(MATCH(COUNTIF($R$2:$R236,\"NIVEL 1\"),V:V,0)-1)),COLUMN(T236))","v":"$T$210"},null,null,null,null,null,null,null,null,null,null,null,null,null,null,null,null,null,null,null,null,null,null,null,null,null,null,{"$f":"PROCURA_PRECO_SERVICO","v":"1,36"}]
[null,null,null,null,null,null,null,null,null,null,null,null,null,null,null,null,null,null,null,null,null,{"$f":"COUNTIF($R$2:$R237,\"NIVEL 1\")","v":5},1,2,0,{"$f":"ADDRESS(MATCH(COUNTIF($R$2:$R237,\"NIVEL 1\"),V:V,0),COLUMN(S237))","v":"$S$208"},{"$f":"ADDRESS(MATCH(COUNTIF($R$2:$R237,\"NIVEL 1\"),V:V,0),COLUMN(W237))","v":"$W$208"},{"$f":"ADDRESS((MATCH(COUNTIF(INDIRECT(Z237):$S237,\"NIVEL 2\"),INDIRECT(AA237):W237,0)+(MATCH(COUNTIF($R$2:$R237,\"NIVEL 1\"),V:V,0)-1)),COLUMN(T237))","v":"$T$210"},null,null,null,null,null,null,null,null,null,null,null,null,null,null,null,null,null,null,null,null,null,null,null,null,null,null,{"$f":"PROCURA_PRECO_SERVICO","v":0}]
[null,null,null,{"$f":"\"SUBTOTAL DO ITEM - \"&A224","v":"SUBTOTAL DO ITEM - 5.1.2"},null,null,null,null,{"$f":"SUBTOTAL(9,OFFSET(I224,1,0):OFFSET(I238,-1,0))","v":6211.3},null,null,null,null,"SUBSUBITEM_FIM",null,null,null,null,null,null,null,{"$f":"COUNTIF($R$2:$R238,\"NIVEL 1\")","v":5},1,2,0,{"$f":"ADDRESS(MATCH(COUNTIF($R$2:$R238,\"NIVEL 1\"),V:V,0),COLUMN(S238))","v":"$S$208"},{"$f":"ADDRESS(MATCH(COUNTIF($R$2:$R238,\"NIVEL 1\"),V:V,0),COLUMN(W238))","v":"$W$208"},{"$f":"ADDRESS((MATCH(COUNTIF(INDIRECT(Z238):$S238,\"NIVEL 2\"),INDIRECT(AA238):W238,0)+(MATCH(COUNTIF($R$2:$R238,\"NIVEL 1\"),V:V,0)-1)),COLUMN(T238))","v":"$T$210"},null,null,null,null,null,null,null,null,null,null,null,null,null,null,null,null,null,null,null,null,null,null,null,null,null,null,{"$f":"PROCURA_PRECO_SERVICO","v":0}]
[null,null,null,null,null,null,null,null,null,null,null,null,null,null,null,null,null,null,null,null,null,{"$f":"COUNTIF($R$2:$R239,\"NIVEL 1\")","v":5},1,2,0,{"$f":"ADDRESS(MATCH(COUNTIF($R$2:$R239,\"NIVEL 1\"),V:V,0),COLUMN(S239))","v":"$S$208"},{"$f":"ADDRESS(MATCH(COUNTIF($R$2:$R239,\"NIVEL 1\"),V:V,0),COLUMN(W239))","v":"$W$208"},{"$f":"ADDRESS((MATCH(COUNTIF(INDIRECT(Z239):$S239,\"NIVEL 2\"),INDIRECT(AA239):W239,0)+(MATCH(COUNTIF($R$2:$R239,\"NIVEL 1\"),V:V,0)-1)),COLUMN(T239))","v":"$T$210"},null,null,null,null,null,null,null,null,null,null,null,null,null,null,null,null,null,null,null,null,null,null,null,null,null,null,{"$f":"PROCURA_PRECO_SERVICO","v":0}]
[{"$f":"V240&\".\"&W240&\".\"&X240","v":"5.1.3"},null,null,"BALDRAME",null,null,null,null,null,null,null,null,null,"SUBSUBITEM_INICIO",null,null,null,"NIVEL 3","NIVEL 3","NIVEL 3",null,{"$f":"COUNTIF($R$2:$R240,\"NIVEL 1\")","v":5},1,3,0,{"$f":"ADDRESS(MATCH(COUNTIF($R$2:$R240,\"NIVEL 1\"),V:V,0),COLUMN(S240))","v":"$S$208"},{"$f":"ADDRESS(MATCH(COUNTIF($R$2:$R240,\"NIVEL 1\"),V:V,0),COLUMN(W240))","v":"$W$208"},{"$f":"ADDRESS((MATCH(COUNTIF(INDIRECT(Z240):$S240,\"NIVEL 2\"),INDIRECT(AA240):W240,0)+(MATCH(COUNTIF($R$2:$R240,\"NIVEL 1\"),V:V,0)-1)),COLUMN(T240))","v":"$T$210"},null,null,null,null,null,null,null,null,null,null,null,null,null,null,null,null,null,null,null,null,null,null,null,null,null,null,{"$f":"PROCURA_PRECO_SERVICO","v":0}]
[null,null,null,null,null,null,null,null,null,null,null,null,null,null,null,null,null,null,null,null,null,{"$f":"COUNTIF($R$2:$R241,\"NIVEL 1\")","v":5},1,3,0,{"$f":"ADDRESS(MATCH(COUNTIF($R$2:$R241,\"NIVEL 1\"),V:V,0),COLUMN(S241))","v":"$S$208"},{"$f":"ADDRESS(MATCH(COUNTIF($R$2:$R241,\"NIVEL 1\"),V:V,0),COLUMN(W241))","v":"$W$208"},{"$f":"ADDRESS((MATCH(COUNTIF(INDIRECT(Z241):$S241,\"NIVEL 2\"),INDIRECT(AA241):W241,0)+(MATCH(COUNTIF($R$2:$R241,\"NIVEL 1\"),V:V,0)-1)),COLUMN(T241))","v":"$T$210"},null,null,null,null,null,null,null,null,null,null,null,null,null,null,null,null,null,null,null,null,null,null,null,null,null,null,{"$f":"PROCURA_PRECO_SERVICO","v":0}]
[{"$f":"V242&\".\"&W242&\".\"&X242&\".\"&Y242","v":"5.1.3.1"},"SETOP","ED-51107",{"$f":"PROCURA_DESCRICAO_SERVICO","v":"ESCAVAÇÃO MANUAL DE VALA COM PROFUNDIDADE MENOR OU IGUAL A 1,5M"},{"$f":"PROCURA_UNIDADE_SERVICO","v":"M3"},12.32,{"$f":"PROCURA_PRECO_SERVICO","v":61.26},{"$f":"CUSTO_BDI_SERVICO","v":77.33},{"$f":"CUSTO_TOTAL_SERVICO","v":952.7},null,null,null,null,"SERVIÇO",null,null,null,"NIVEL 4","NIVEL 4","NIVEL 4","NIVEL 4",{"$f":"COUNTIF($R$2:$R242,\"NIVEL 1\")","v":5},1,3,1,{"$f":"ADDRESS(MATCH(COUNTIF($R$2:$R242,\"NIVEL 1\"),V:V,0),COLUMN(S242))","v":"$S$208"},{"$f":"ADDRESS(MATCH(COUNTIF($R$2:$R242,\"NIVEL 1\"),V:V,0),COLUMN(W242))","v":"$W$208"},{"$f":"ADDRESS((MATCH(COUNTIF(INDIRECT(Z242):$S242,\"NIVEL 2\"),INDIRECT(AA242):W242,0)+(MATCH(COUNTIF($R$2:$R242,\"NIVEL 1\"),V:V,0)-1)),COLUMN(T242))","v":"$T$210"},null,null,null,null,null,null,null,null,null,null,null,null,null,null,null,null,null,null,null,null,null,null,null,null,null,null,{"$f":"PROCURA_PRECO_SERVICO","v":61.26}]
["5.1.3.2","SINAPI","101616",{"$f":"PROCURA_DESCRICAO_SERVICO","v":"PREPARO DE FUNDO DE VALA COM LARGURA MENOR QUE 1,5 M (ACERTO DO SOLO NATURAL). AF_08/2020"},{"$f":"PROCURA_UNIDADE_SERVICO","v":"M2"},9.58,{"$f":"PROCURA_PRECO_SERVICO","v":"6,03"},7.61,72.9,null,null,null,null,"SERVIÇO",null,null,null,"NIVEL 4","NIVEL 4","NIVEL 4","NIVEL 4",{"$f":"COUNTIF($R$2:$R243,\"NIVEL 1\")","v":5},1,3,2,{"$f":"ADDRESS(MATCH(COUNTIF($R$2:$R243,\"NIVEL 1\"),V:V,0),COLUMN(S243))","v":"$S$208"},{"$f":"ADDRESS(MATCH(COUNTIF($R$2:$R243,\"NIVEL 1\"),V:V,0),COLUMN(W243))","v":"$W$208"},{"$f":"ADDRESS((MATCH(COUNTIF(INDIRECT(Z243):$S243,\"NIVEL 2\"),INDIRECT(AA243):W243,0)+(MATCH(COUNTIF($R$2:$R243,\"NIVEL 1\"),V:V,0)-1)),COLUMN(T243))","v":"$T$210"},null,null,null,null,null,null,null,null,null,null,null,null,null,null,null,null,null,null,null,null,null,null,null,null,null,null,{"$f":"PROCURA_PRECO_SERVICO","v":"6,03"}]
["5.1.3.3","SETOP","ED-8571",{"$f":"PROCURA_DESCRICAO_SERVICO","v":"FORMA E DESFORMA DE COMPENSADO PLASTIFICADO, ESP. 12MM, REAPROVEITAMENTO (3X) (FUNDAÇÃO)"},{"$f":"PROCURA_UNIDADE_SERVICO","v":"M2"},35.05,{"$f":"PROCURA_PRECO_SERVICO","v":73.31},92.54,3243.52,null,null,null,null,"SERVIÇO",null,null,null,"NIVEL 4","NIVEL 4","NIVEL 4","NIVEL 4",{"$f":"COUNTIF($R$2:$R244,\"NIVEL 1\")","v":5},1,3,3,{"$f":"ADDRESS(MATCH(COUNTIF($R$2:$R244,\"NIVEL 1\"),V:V,0),COLUMN(S244))","v":"$S$208"},{"$f":"ADDRESS(MATCH(COUNTIF($R$2:$R244,\"NIVEL 1\"),V:V,0),COLUMN(W244))","v":"$W$208"},{"$f":"ADDRESS((MATCH(COUNTIF(INDIRECT(Z244):$S244,\"NIVEL 2\"),INDIRECT(AA244):W244,0)+(MATCH(COUNTIF($R$2:$R244,\"NIVEL 1\"),V:V,0)-1)),COLUMN(T244))","v":"$T$210"},null,null,null,null,null,null,null,null,null,null,null,null,null,null,null,null,null,null,null,null,null,null,null,null,null,null,{"$f":"PROCURA_PRECO_SERVICO","v":73.31}]
["5.1.3.4","SETOP","ED-49812",{"$f":"PROCURA_DESCRICAO_SERVICO","v":"LASTRO DE CONCRETO MAGRO, INCLUSIVE TRANSPORTE, LANÇAMENTO E ADENSAMENTO "},{"$f":"PROCURA_UNIDADE_SERVICO","v":"M3"},0.48,{"$f":"PROCURA_PRECO_SERVICO","v":505.88},638.62,306.53,null,null,null,null,"SERVIÇO",null,null,null,"NIVEL 4","NIVEL 4","NIVEL 4","NIVEL 4",{"$f":"COUNTIF($R$2:$R245,\"NIVEL 1\")","v":5},1,3,4,{"$f":"ADDRESS(MATCH(COUNTIF($R$2:$R245,\"NIVEL 1\"),V:V,0),COLUMN(S245))","v":"$S$208"},{"$f":"ADDRESS(MATCH(COUNTIF($R$2:$R245,\"NIVEL 1\"),V:V,0),COLUMN(W245))","v":"$W$208"},{"$f":"ADDRESS((MATCH(COUNTIF(INDIRECT(Z245):$S245,\"NIVEL 2\"),INDIRECT(AA245):W245,0)+(MATCH(COUNTIF($R$2:$R245,\"NIVEL 1\"),V:V,0)-1)),COLUMN(T245))","v":"$T$210"},null,null,null,null,null,null,null,null,null,null,null,null,null,null,null,null,null,null,null,null,null,null,null,null,null,null,{"$f":"PROCURA_PRECO_SERVICO","v":505.88}]
["5.1.3.5","SETOP","ED-50174",{"$f":"PROCURA_DESCRICAO_SERVICO","v":"PINTURA COM EMULSÃO ASFÁLTICA, DUAS (2) DEMÃOS"},{"$f":"PROCURA_UNIDADE_SERVICO","v":"M2"},48.03,{"$f":"PROCURA_PRECO_SERVICO","v":23.69},29.9,1436.09,null,null,null,null,"SERVIÇO",null,null,null,"NIVEL 4","NIVEL 4","NIVEL 4","NIVEL 4",{"$f":"COUNTIF($R$2:$R246,\"NIVEL 1\")","v":5},1,3,5,{"$f":"ADDRESS(MATCH(COUNTIF($R$2:$R246,\"NIVEL 1\"),V:V,0),COLUMN(S246))","v":"$S$208"},{"$f":"ADDRESS(MATCH(COUNTIF($R$2:$R246,\"NIVEL 1\"),V:V,0),COLUMN(W246))","v":"$W$208"},{"$f":"ADDRESS((MATCH(COUNTIF(INDIRECT(Z246):$S246,\"NIVEL 2\"),INDIRECT(AA246):W246,0)+(MATCH(COUNTIF($R$2:$R246,\"NIVEL 1\"),V:V,0)-1)),COLUMN(T246))","v":"$T$210"},null,null,null,null,null,null,null,null,null,null,null,null,null,null,null,null,null,null,null,null,null,null,null,null,null,null,{"$f":"PROCURA_PRECO_SERVICO","v":23.69}]
["5.1.3.6","SETOP","ED-48298",{"$f":"PROCURA_DESCRICAO_SERVICO","v":"CORTE, DOBRA E MONTAGEM DE AÇO CA-50/60"},{"$f":"PROCURA_UNIDADE_SERVICO","v":"KG"},217.1,{"$f":"PROCURA_PRECO_SERVICO","v":13.42},16.94,3677.67,null,null,null,null,"SERVIÇO",null,null,null,"NIVEL 4","NIVEL 4","NIVEL 4","NIVEL 4",{"$f":"COUNTIF($R$2:$R247,\"NIVEL 1\")","v":5},1,3,6,{"$f":"ADDRESS(MATCH(COUNTIF($R$2:$R247,\"NIVEL 1\"),V:V,0),COLUMN(S247))","v":"$S$208"},{"$f":"ADDRESS(MATCH(COUNTIF($R$2:$R247,\"NIVEL 1\"),V:V,0),COLUMN(W247))","v":"$W$208"},{"$f":"ADDRESS((MATCH(COUNTIF(INDIRECT(Z247):$S247,\"NIVEL 2\"),INDIRECT(AA247):W247,0)+(MATCH(COUNTIF($R$2:$R247,\"NIVEL 1\"),V:V,0)-1)),COLUMN(T247))","v":"$T$210"},null,null,null,null,null,null,null,null,null,null,null,null,null,null,null,null,null,null,null,null,null,null,null,null,null,null,{"$f":"PROCURA_PRECO_SERVICO","v":13.42}]
["5.1.3.7","SETOP","ED-49805",{"$f":"PROCURA_DESCRICAO_SERVICO","v":"FORNECIMENTO DE CONCRETO ESTRUTURAL, USINADO BOMBEADO, COM FCK 25 MPA, INCLUSIVE LANÇAMENTO, ADENSAMENTO E ACABAMENTO (FUNDAÇÃO)"},{"$f":"PROCURA_UNIDADE_SERVICO","v":"M3"},2.85,{"$f":"PROCURA_PRECO_SERVICO","v":683.31},862.61,2458.43,null,null,null,null,"SERVIÇO",null,null,null,"NIVEL 4","NIVEL 4","NIVEL 4","NIVEL 4",{"$f":"COUNTIF($R$2:$R248,\"NIVEL 1\")","v":5},1,3,7,{"$f":"ADDRESS(MATCH(COUNTIF($R$2:$R248,\"NIVEL 1\"),V:V,0),COLUMN(S248))","v":"$S$208"},{"$f":"ADDRESS(MATCH(COUNTIF($R$2:$R248,\"NIVEL 1\"),V:V,0),COLUMN(W248))","v":"$W$208"},{"$f":"ADDRESS((MATCH(COUNTIF(INDIRECT(Z248):$S248,\"NIVEL 2\"),INDIRECT(AA248):W248,0)+(MATCH(COUNTIF($R$2:$R248,\"NIVEL 1\"),V:V,0)-1)),COLUMN(T248))","v":"$T$210"},null,null,null,null,null,null,null,null,null,null,null,null,null,null,null,null,null,null,null,null,null,null,null,null,null,null,{"$f":"PROCURA_PRECO_SERVICO","v":683.31}]
["5.1.3.8","SINAPI","93382",{"$f":"PROCURA_DESCRICAO_SERVICO","v":"REATERRO MANUAL DE VALAS COM COMPACTAÇÃO MECANIZADA. AF_04/2016"},{"$f":"PROCURA_UNIDADE_SERVICO","v":"M3"},8.97,{"$f":"PROCURA_PRECO_SERVICO","v":"32,23"},40.68,364.89,null,null,null,null,"SERVIÇO",null,null,null,"NIVEL 4","NIVEL 4","NIVEL 4","NIVEL 4",{"$f":"COUNTIF($R$2:$R249,\"NIVEL 1\")","v":5},1,3,8,{"$f":"ADDRESS(MATCH(COUNTIF($R$2:$R249,\"NIVEL 1\"),V:V,0),COLUMN(S249))","v":"$S$208"},{"$f":"ADDRESS(MATCH(COUNTIF($R$2:$R249,\"NIVEL 1\"),V:V,0),COLUMN(W249))","v":"$W$208"},{"$f":"ADDRESS((MATCH(COUNTIF(INDIRECT(Z249):$S249,\"NIVEL 2\"),INDIRECT(AA249):W249,0)+(MATCH(COUNTIF($R$2:$R249,\"NIVEL 1\"),V:V,0)-1)),COLUMN(T249))","v":"$T$210"},null,null,null,null,null,null,null,null,null,null,null,null,null,null,null,null,null,null,null,null,null,null,null,null,null,null,{"$f":"PROCURA_PRECO_SERVICO","v":"32,23"}]
["5.1.3.9","SINAPI","100974",{"$f":"PROCURA_DESCRICAO_SERVICO","v":"CARGA, MANOBRA E DESCARGA DE SOLOS E MATERIAIS GRANULARES EM CAMINHÃO BASCULANTE 10 M³ - CARGA COM PÁ CARREGADEIRA (CAÇAMBA DE 1,7 A 2,8 M³ / 128 HP) E DESCARGA LIVRE (UNIDADE: M3). AF_07/2020"},{"$f":"PROCURA_UNIDADE_SERVICO","v":"M3"},4.36,{"$f":"PROCURA_PRECO_SERVICO","v":"8,49"},10.71,46.69,null,null,null,null,"SERVIÇO",null,null,null,"NIVEL 4","NIVEL 4","NIVEL 4","NIVEL 4",{"$f":"COUNTIF($R$2:$R250,\"NIVEL 1\")","v":5},1,3,9,{"$f":"ADDRESS(MATCH(COUNTIF($R$2:$R250,\"NIVEL 1\"),V:V,0),COLUMN(S250))","v":"$S$208"},{"$f":"ADDRESS(MATCH(COUNTIF($R$2:$R250,\"NIVEL 1\"),V:V,0),COLUMN(W250))","v":"$W$208"},{"$f":"ADDRESS((MATCH(COUNTIF(INDIRECT(Z250):$S250,\"NIVEL 2\"),INDIRECT(AA250):W250,0)+(MATCH(COUNTIF($R$2:$R250,\"NIVEL 1\"),V:V,0)-1)),COLUMN(T250))","v":"$T$210"},null,null,null,null,null,null,null,null,null,null,null,null,null,null,null,null,null,null,null,null,null,null,null,null,null,null,{"$f":"PROCURA_PRECO_SERVICO","v":"8,49"}]
["5.1.3.10","SINAPI","95875",{"$f":"PROCURA_DESCRICAO_SERVICO","v":"TRANSPORTE COM CAMINHÃO BASCULANTE DE 10 M³, EM VIA URBANA PAVIMENTADA, DMT ATÉ 30 KM (UNIDADE: M3XKM). AF_07/2020"},{"$f":"PROCURA_UNIDADE_SERVICO","v":"M3XKM"},65.4,{"$f":"PROCURA_PRECO_SERVICO","v":"2,31"},2.91,190.31,null,null,null,null,"SERVIÇO",null,null,null,"NIVEL 4","NIVEL 4","NIVEL 4","NIVEL 4",{"$f":"COUNTIF($R$2:$R251,\"NIVEL 1\")","v":5},1,3,10,{"$f":"ADDRESS(MATCH(COUNTIF($R$2:$R251,\"NIVEL 1\"),V:V,0),COLUMN(S251))","v":"$S$208"},{"$f":"ADDRESS(MATCH(COUNTIF($R$2:$R251,\"NIVEL 1\"),V:V,0),COLUMN(W251))","v":"$W$208"},{"$f":"ADDRESS((MATCH(COUNTIF(INDIRECT(Z251):$S251,\"NIVEL 2\"),INDIRECT(AA251):W251,0)+(MATCH(COUNTIF($R$2:$R251,\"NIVEL 1\"),V:V,0)-1)),COLUMN(T251))","v":"$T$210"},null,null,null,null,null,null,null,null,null,null,null,null,null,null,null,null,null,null,null,null,null,null,null,null,null,null,{"$f":"PROCURA_PRECO_SERVICO","v":"2,31"}]
["5.1.3.11","SINAPI","100574",{"$f":"PROCURA_DESCRICAO_SERVICO","v":"ESPALHAMENTO DE MATERIAL COM TRATOR DE ESTEIRAS. AF_11/2019"},{"$f":"PROCURA_UNIDADE_SERVICO","v":"M3"},4.36,{"$f":"PROCURA_PRECO_SERVICO","v":"1,36"},1.71,7.45,null,null,null,null,"SERVIÇO",null,null,null,"NIVEL 4","NIVEL 4","NIVEL 4","NIVEL 4",{"$f":"COUNTIF($R$2:$R252,\"NIVEL 1\")","v":5},1,3,11,{"$f":"ADDRESS(MATCH(COUNTIF($R$2:$R252,\"NIVEL 1\"),V:V,0),COLUMN(S252))","v":"$S$208"},{"$f":"ADDRESS(MATCH(COUNTIF($R$2:$R252,\"NIVEL 1\"),V:V,0),COLUMN(W252))","v":"$W$208"},{"$f":"ADDRESS((MATCH(COUNTIF(INDIRECT(Z252):$S252,\"NIVEL 2\"),INDIRECT(AA252):W252,0)+(MATCH(COUNTIF($R$2:$R252,\"NIVEL 1\"),V:V,0)-1)),COLUMN(T252))","v":"$T$210"},null,null,null,null,null,null,null,null,null,null,null,null,null,null,null,null,null,null,null,null,null,null,null,null,null,null,{"$f":"PROCURA_PRECO_SERVICO","v":"1,36"}]
[null,null,null,null,null,null,null,null,null,null,null,null,null,null,null,null,null,null,null,null,null,{"$f":"COUNTIF($R$2:$R253,\"NIVEL 1\")","v":5},1,3,0,{"$f":"ADDRESS(MATCH(COUNTIF($R$2:$R253,\"NIVEL 1\"),V:V,0),COLUMN(S253))","v":"$S$208"},{"$f":"ADDRESS(MATCH(COUNTIF($R$2:$R253,\"NIVEL 1\"),V:V,0),COLUMN(W253))","v":"$W$208"},{"$f":"ADDRESS((MATCH(COUNTIF(INDIRECT(Z253):$S253,\"NIVEL 2\"),INDIRECT(AA253):W253,0)+(MATCH(COUNTIF($R$2:$R253,\"NIVEL 1\"),V:V,0)-1)),COLUMN(T253))","v":"$T$210"},null,null,null,null,null,null,null,null,null,null,null,null,null,null,null,null,null,null,null,null,null,null,null,null,null,null,{"$f":"PROCURA_PRECO_SERVICO","v":0}]
[null,null,null,{"$f":"\"SUBTOTAL DO ITEM - \"&A240","v":"SUBTOTAL DO ITEM - 5.1.3"},null,null,null,null,{"$f":"SUBTOTAL(9,OFFSET(I240,1,0):OFFSET(I254,-1,0))","v":12757.18},null,null,null,null,"SUBSUBITEM_FIM",null,null,null,null,null,null,null,{"$f":"COUNTIF($R$2:$R254,\"NIVEL 1\")","v":5},1,3,0,{"$f":"ADDRESS(MATCH(COUNTIF($R$2:$R254,\"NIVEL 1\"),V:V,0),COLUMN(S254))","v":"$S$208"},{"$f":"ADDRESS(MATCH(COUNTIF($R$2:$R254,\"NIVEL 1\"),V:V,0),COLUMN(W254))","v":"$W$208"},{"$f":"ADDRESS((MATCH(COUNTIF(INDIRECT(Z254):$S254,\"NIVEL 2\"),INDIRECT(AA254):W254,0)+(MATCH(COUNTIF($R$2:$R254,\"NIVEL 1\"),V:V,0)-1)),COLUMN(T254))","v":"$T$210"},null,null,null,null,null,null,null,null,null,null,null,null,null,null,null,null,null,null,null,null,null,null,null,null,null,null,{"$f":"PROCURA_PRECO_SERVICO","v":0}]
[null,null,null,null,null,null,null,null,null,null,null,null,null,null,null,null,null,null,null,null,null,{"$f":"COUNTIF($R$2:$R255,\"NIVEL 1\")","v":5},1,3,0,{"$f":"ADDRESS(MATCH(COUNTIF($R$2:$R255,\"NIVEL 1\"),V:V,0),COLUMN(S255))","v":"$S$208"},{"$f":"ADDRESS(MATCH(COUNTIF($R$2:$R255,\"NIVEL 1\"),V:V,0),COLUMN(W255))","v":"$W$208"},{"$f":"ADDRESS((MATCH(COUNTIF(INDIRECT(Z255):$S255,\"NIVEL 2\"),INDIRECT(AA255):W255,0)+(MATCH(COUNTIF($R$2:$R255,\"NIVEL 1\"),V:V,0)-1)),COLUMN(T255))","v":"$T$210"},null,null,null,null,null,null,null,null,null,null,null,null,null,null,null,null,null,null,null,null,null,null,null,null,null,null,{"$f":"PROCURA_PRECO_SERVICO","v":0}]
[null,null,null,{"$f":"\"SUBTOTAL DO ITEM  - \"&A210","v":"SUBTOTAL DO ITEM  - 5.1"},null,null,null,null,{"$f":"SUBTOTAL(9,OFFSET(I210,1,0):OFFSET(I256,-1,0))","v":24302.85},null,null,null,null,"SUBITEM_FIM",null,null,null,null,null,null,null,{"$f":"COUNTIF($R$2:$R256,\"NIVEL 1\")","v":5},1,3,0,{"$f":"ADDRESS(MATCH(COUNTIF($R$2:$R256,\"NIVEL 1\"),V:V,0),COLUMN(S256))","v":"$S$208"},{"$f":"ADDRESS(MATCH(COUNTIF($R$2:$R256,\"NIVEL 1\"),V:V,0),COLUMN(W256))","v":"$W$208"},{"$f":"ADDRESS((MATCH(COUNTIF(INDIRECT(Z256):$S256,\"NIVEL 2\"),INDIRECT(AA256):W256,0)+(MATCH(COUNTIF($R$2:$R256,\"NIVEL 1\"),V:V,0)-1)),COLUMN(T256))","v":"$T$210"},null,null,null,null,null,null,null,null,null,null,null,null,null,null,null,null,null,null,null,null,null,null,null,null,null,null,{"$f":"PROCURA_PRECO_SERVICO","v":0}]
[null,null,null,null,null,null,null,null,null,null,null,null,null,null,null,null,null,null,null,null,null,{"$f":"COUNTIF($R$2:$R257,\"NIVEL 1\")","v":5},1,3,0,{"$f":"ADDRESS(MATCH(COUNTIF($R$2:$R257,\"NIVEL 1\"),V:V,0),COLUMN(S257))","v":"$S$208"},{"$f":"ADDRESS(MATCH(COUNTIF($R$2:$R257,\"NIVEL 1\"),V:V,0),COLUMN(W257))","v":"$W$208"},{"$f":"ADDRESS((MATCH(COUNTIF(INDIRECT(Z257):$S257,\"NIVEL 2\"),INDIRECT(AA257):W257,0)+(MATCH(COUNTIF($R$2:$R257,\"NIVEL 1\"),V:V,0)-1)),COLUMN(T257))","v":"$T$210"},null,null,null,null,null,null,null,null,null,null,null,null,null,null,null,null,null,null,null,null,null,null,null,null,null,null,{"$f":"PROCURA_PRECO_SERVICO","v":0}]
[{"$f":"V258&\".\"&W258","v":"5.2"},null,null,"FUNDAÇÃO ÁREA 02",null,null,null,null,null,null,null,null,null,"SUBITEM_INICIO",null,null,null,"NIVEL 2","NIVEL 2",null,null,{"$f":"COUNTIF($R$2:$R258,\"NIVEL 1\")","v":5},2,0,0,{"$f":"ADDRESS(MATCH(COUNTIF($R$2:$R258,\"NIVEL 1\"),V:V,0),COLUMN(S258))","v":"$S$208"},{"$f":"ADDRESS(MATCH(COUNTIF($R$2:$R258,\"NIVEL 1\"),V:V,0),COLUMN(W258))","v":"$W$208"},{"$f":"ADDRESS((MATCH(COUNTIF(INDIRECT(Z258):$S258,\"NIVEL 2\"),INDIRECT(AA258):W258,0)+(MATCH(COUNTIF($R$2:$R258,\"NIVEL 1\"),V:V,0)-1)),COLUMN(T258))","v":"$T$258"},null,null,null,null,null,null,null,null,null,null,null,null,null,null,null,null,null,null,null,null,null,null,null,null,null,null,{"$f":"PROCURA_PRECO_SERVICO","v":0}]
[null,null,null,null,null,null,null,null,null,null,null,null,null,null,null,null,null,null,null,null,null,{"$f":"COUNTIF($R$2:$R259,\"NIVEL 1\")","v":5},2,0,{"$f":"IF(U259=\"NIVEL 4\",OFFSET(Y259,-1,0)+1,0)","v":0},{"$f":"ADDRESS(MATCH(COUNTIF($R$2:$R259,\"NIVEL 1\"),V:V,0),COLUMN(S259))","v":"$S$208"},{"$f":"ADDRESS(MATCH(COUNTIF($R$2:$R259,\"NIVEL 1\"),V:V,0),COLUMN(W259))","v":"$W$208"},{"$f":"ADDRESS((MATCH(COUNTIF(INDIRECT(Z259):$S259,\"NIVEL 2\"),INDIRECT(AA259):W259,0)+(MATCH(COUNTIF($R$2:$R259,\"NIVEL 1\"),V:V,0)-1)),COLUMN(T259))","v":"$T$258"},null,null,null,null,null,null,null,null,null,null,null,null,null,null,null,null,null,null,null,null,null,null,null,null,null,null,{"$f":"PROCURA_PRECO_SERVICO","v":0}]
[{"$f":"V260&\".\"&W260&\".\"&X260","v":"5.2.1"},null,null,"ESTACA",null,null,null,null,null,null,null,null,null,"SUBSUBITEM_INICIO",null,null,null,"NIVEL 3","NIVEL 3","NIVEL 3",null,{"$f":"COUNTIF($R$2:$R260,\"NIVEL 1\")","v":5},2,1,0,{"$f":"ADDRESS(MATCH(COUNTIF($R$2:$R260,\"NIVEL 1\"),V:V,0),COLUMN(S260))","v":"$S$208"},{"$f":"ADDRESS(MATCH(COUNTIF($R$2:$R260,\"NIVEL 1\"),V:V,0),COLUMN(W260))","v":"$W$208"},{"$f":"ADDRESS((MATCH(COUNTIF(INDIRECT(Z260):$S260,\"NIVEL 2\"),INDIRECT(AA260):W260,0)+(MATCH(COUNTIF($R$2:$R260,\"NIVEL 1\"),V:V,0)-1)),COLUMN(T260))","v":"$T$258"},null,null,null,null,null,null,null,null,null,null,null,null,null,null,null,null,null,null,null,null,null,null,null,null,null,null,{"$f":"PROCURA_PRECO_SERVICO","v":0}]
[null,null,null,null,null,null,null,null,null,null,null,null,null,null,null,null,null,null,null,null,null,{"$f":"COUNTIF($R$2:$R261,\"NIVEL 1\")","v":5},2,1,0,{"$f":"ADDRESS(MATCH(COUNTIF($R$2:$R261,\"NIVEL 1\"),V:V,0),COLUMN(S261))","v":"$S$208"},{"$f":"ADDRESS(MATCH(COUNTIF($R$2:$R261,\"NIVEL 1\"),V:V,0),COLUMN(W261))","v":"$W$208"},{"$f":"ADDRESS((MATCH(COUNTIF(INDIRECT(Z261):$S261,\"NIVEL 2\"),INDIRECT(AA261):W261,0)+(MATCH(COUNTIF($R$2:$R261,\"NIVEL 1\"),V:V,0)-1)),COLUMN(T261))","v":"$T$258"},null,null,null,null,null,null,null,null,null,null,null,null,null,null,null,null,null,null,null,null,null,null,null,null,null,null,{"$f":"PROCURA_PRECO_SERVICO","v":0}]
[{"$f":"V262&\".\"&W262&\".\"&X262&\".\"&Y262","v":"5.2.1.1"},"SETOP","ED-49747",{"$f":"PROCURA_DESCRICAO_SERVICO","v":"PERFURAÇÃO DE ESTACA BROCA A TRADO MANUAL D = 200 MM"},{"$f":"PROCURA_UNIDADE_SERVICO","v":"M"},21.7,{"$f":"PROCURA_PRECO_SERVICO","v":27.03},{"$f":"CUSTO_BDI_SERVICO","v":34.12},{"$f":"CUSTO_TOTAL_SERVICO","v":740.4},null,null,null,null,"SERVIÇO",null,null,null,"NIVEL 4","NIVEL 4","NIVEL 4","NIVEL 4",{"$f":"COUNTIF($R$2:$R262,\"NIVEL 1\")","v":5},2,1,1,{"$f":"ADDRESS(MATCH(COUNTIF($R$2:$R262,\"NIVEL 1\"),V:V,0),COLUMN(S262))","v":"$S$208"},{"$f":"ADDRESS(MATCH(COUNTIF($R$2:$R262,\"NIVEL 1\"),V:V,0),COLUMN(W262))","v":"$W$208"},{"$f":"ADDRESS((MATCH(COUNTIF(INDIRECT(Z262):$S262,\"NIVEL 2\"),INDIRECT(AA262):W262,0)+(MATCH(COUNTIF($R$2:$R262,\"NIVEL 1\"),V:V,0)-1)),COLUMN(T262))","v":"$T$258"},null,null,null,null,null,null,null,null,null,null,null,null,null,null,null,null,null,null,null,null,null,null,null,null,null,null,{"$f":"PROCURA_PRECO_SERVICO","v":27.03}]
["5.2.1.2","SETOP","ED-49805",{"$f":"PROCURA_DESCRICAO_SERVICO","v":"FORNECIMENTO DE CONCRETO ESTRUTURAL, USINADO BOMBEADO, COM FCK 25 MPA, INCLUSIVE LANÇAMENTO, ADENSAMENTO E ACABAMENTO (FUNDAÇÃO)"},{"$f":"PROCURA_UNIDADE_SERVICO","v":"M3"},0.68,{"$f":"PROCURA_PRECO_SERVICO","v":683.31},862.61,586.57,null,null,null,null,"SERVIÇO",null,null,null,"NIVEL 4","NIVEL 4","NIVEL 4","NIVEL 4",{"$f":"COUNTIF($R$2:$R263,\"NIVEL 1\")","v":5},2,1,2,{"$f":"ADDRESS(MATCH(COUNTIF($R$2:$R263,\"NIVEL 1\"),V:V,0),COLUMN(S263))","v":"$S$208"},{"$f":"ADDRESS(MATCH(COUNTIF($R$2:$R263,\"NIVEL 1\"),V:V,0),COLUMN(W263))","v":"$W$208"},{"$f":"ADDRESS((MATCH(COUNTIF(INDIRECT(Z263):$S263,\"NIVEL 2\"),INDIRECT(AA263):W263,0)+(MATCH(COUNTIF($R$2:$R263,\"NIVEL 1\"),V:V,0)-1)),COLUMN(T263))","v":"$T$258"},null,null,null,null,null,null,null,null,null,null,null,null,null,null,null,null,null,null,null,null,null,null,null,null,null,null,{"$f":"PROCURA_PRECO_SERVICO","v":683.31}]
["5.2.1.3","SETOP","ED-48298",{"$f":"PROCURA_DESCRICAO_SERVICO","v":"CORTE, DOBRA E MONTAGEM DE AÇO CA-50/60"},{"$f":"PROCURA_UNIDADE_SERVICO","v":"KG"},25.91,{"$f":"PROCURA_PRECO_SERVICO","v":13.42},16.94,438.91,null,null,null,null,"SERVIÇO",null,null,null,"NIVEL 4","NIVEL 4","NIVEL 4","NIVEL 4",{"$f":"COUNTIF($R$2:$R264,\"NIVEL 1\")","v":5},{"$f":"IFERROR(COUNTIF(INDIRECT(Z264):S264,\"NIVEL 2\"),0)","v":2},{"$f":"COUNTIF(INDIRECT(AB264):T264,\"NIVEL 3\")","v":1},3,{"$f":"ADDRESS(MATCH(COUNTIF($R$2:$R264,\"NIVEL 1\"),V:V,0),COLUMN(S264))","v":"$S$208"},{"$f":"ADDRESS(MATCH(COUNTIF($R$2:$R264,\"NIVEL 1\"),V:V,0),COLUMN(W264))","v":"$W$208"},{"$f":"ADDRESS((MATCH(COUNTIF(INDIRECT(Z264):$S264,\"NIVEL 2\"),INDIRECT(AA264):W264,0)+(MATCH(COUNTIF($R$2:$R264,\"NIVEL 1\"),V:V,0)-1)),COLUMN(T264))","v":"$T$258"},null,null,null,null,null,null,null,null,null,null,null,null,null,null,null,null,null,null,null,null,null,null,null,null,null,null,{"$f":"PROCURA_PRECO_SERVICO","v":13.42}]
["5.2.1.4","SINAPI","100974",{"$f":"PROCURA_DESCRICAO_SERVICO","v":"CARGA, MANOBRA E DESCARGA DE SOLOS E MATERIAIS GRANULARES EM CAMINHÃO BASCULANTE 10 M³ - CARGA COM PÁ CARREGADEIRA (CAÇAMBA DE 1,7 A 2,8 M³ / 128 HP) E DESCARGA LIVRE (UNIDADE: M3). AF_07/2020"},{"$f":"PROCURA_UNIDADE_SERVICO","v":"M3"},0.89,{"$f":"PROCURA_PRECO_SERVICO","v":"8,49"},10.71,9.53,null,null,null,null,"SERVIÇO",null,null,null,"NIVEL 4","NIVEL 4","NIVEL 4","NIVEL 4",{"$f":"COUNTIF($R$2:$R265,\"NIVEL 1\")","v":5},2,1,4,{"$f":"ADDRESS(MATCH(COUNTIF($R$2:$R265,\"NIVEL 1\"),V:V,0),COLUMN(S265))","v":"$S$208"},{"$f":"ADDRESS(MATCH(COUNTIF($R$2:$R265,\"NIVEL 1\"),V:V,0),COLUMN(W265))","v":"$W$208"},{"$f":"ADDRESS((MATCH(COUNTIF(INDIRECT(Z265):$S265,\"NIVEL 2\"),INDIRECT(AA265):W265,0)+(MATCH(COUNTIF($R$2:$R265,\"NIVEL 1\"),V:V,0)-1)),COLUMN(T265))","v":"$T$258"},null,null,null,null,null,null,null,null,null,null,null,null,null,null,null,null,null,null,null,null,null,null,null,null,null,null,{"$f":"PROCURA_PRECO_SERVICO","v":"8,49"}]
["5.2.1.5","SINAPI","95875",{"$f":"PROCURA_DESCRICAO_SERVICO","v":"TRANSPORTE COM CAMINHÃO BASCULANTE DE 10 M³, EM VIA URBANA PAVIMENTADA, DMT ATÉ 30 KM (UNIDADE: M3XKM). AF_07/2020"},{"$f":"PROCURA_UNIDADE_SERVICO","v":"M3XKM"},13.29,{"$f":"PROCURA_PRECO_SERVICO","v":"2,31"},2.91,38.67,null,null,null,null,"SERVIÇO",null,null,null,"NIVEL 4","NIVEL 4","NIVEL 4","NIVEL 4",{"$f":"COUNTIF($R$2:$R266,\"NIVEL 1\")","v":5},2,1,5,{"$f":"ADDRESS(MATCH(COUNTIF($R$2:$R266,\"NIVEL 1\"),V:V,0),COLUMN(S266))","v":"$S$208"},{"$f":"ADDRESS(MATCH(COUNTIF($R$2:$R266,\"NIVEL 1\"),V:V,0),COLUMN(W266))","v":"$W$208"},{"$f":"ADDRESS((MATCH(COUNTIF(INDIRECT(Z266):$S266,\"NIVEL 2\"),INDIRECT(AA266):W266,0)+(MATCH(COUNTIF($R$2:$R266,\"NIVEL 1\"),V:V,0)-1)),COLUMN(T266))","v":"$T$258"},null,null,null,null,null,null,null,null,null,null,null,null,null,null,null,null,null,null,null,null,null,null,null,null,null,null,{"$f":"PROCURA_PRECO_SERVICO","v":"2,31"}]
["5.2.1.6","SINAPI","100574",{"$f":"PROCURA_DESCRICAO_SERVICO","v":"ESPALHAMENTO DE MATERIAL COM TRATOR DE ESTEIRAS. AF_11/2019"},{"$f":"PROCURA_UNIDADE_SERVICO","v":"M3"},0.89,{"$f":"PROCURA_PRECO_SERVICO","v":"1,36"},1.71,1.52,null,null,null,null,"SERVIÇO",null,null,null,"NIVEL 4","NIVEL 4","NIVEL 4","NIVEL 4",{"$f":"COUNTIF($R$2:$R267,\"NIVEL 1\")","v":5},2,1,6,{"$f":"ADDRESS(MATCH(COUNTIF($R$2:$R267,\"NIVEL 1\"),V:V,0),COLUMN(S267))","v":"$S$208"},{"$f":"ADDRESS(MATCH(COUNTIF($R$2:$R267,\"NIVEL 1\"),V:V,0),COLUMN(W267))","v":"$W$208"},{"$f":"ADDRESS((MATCH(COUNTIF(INDIRECT(Z267):$S267,\"NIVEL 2\"),INDIRECT(AA267):W267,0)+(MATCH(COUNTIF($R$2:$R267,\"NIVEL 1\"),V:V,0)-1)),COLUMN(T267))","v":"$T$258"},null,null,null,null,null,null,null,null,null,null,null,null,null,null,null,null,null,null,null,null,null,null,null,null,null,null,{"$f":"PROCURA_PRECO_SERVICO","v":"1,36"}]
["5.2.1.7","SINAPI","95601",{"$f":"PROCURA_DESCRICAO_SERVICO","v":"ARRASAMENTO MECANICO DE ESTACA DE CONCRETO ARMADO, DIAMETROS DE ATÉ 40 CM. AF_05/2021"},{"$f":"PROCURA_UNIDADE_SERVICO","v":"UN"},7,{"$f":"PROCURA_PRECO_SERVICO","v":"16,78"},21.18,148.26,null,null,null,null,"SERVIÇO",null,null,null,"NIVEL 4","NIVEL 4","NIVEL 4","NIVEL 4",{"$f":"COUNTIF($R$2:$R268,\"NIVEL 1\")","v":5},2,1,7,{"$f":"ADDRESS(MATCH(COUNTIF($R$2:$R268,\"NIVEL 1\"),V:V,0),COLUMN(S268))","v":"$S$208"},{"$f":"ADDRESS(MATCH(COUNTIF($R$2:$R268,\"NIVEL 1\"),V:V,0),COLUMN(W268))","v":"$W$208"},{"$f":"ADDRESS((MATCH(COUNTIF(INDIRECT(Z268):$S268,\"NIVEL 2\"),INDIRECT(AA268):W268,0)+(MATCH(COUNTIF($R$2:$R268,\"NIVEL 1\"),V:V,0)-1)),COLUMN(T268))","v":"$T$258"},null,null,null,null,null,null,null,null,null,null,null,null,null,null,null,null,null,null,null,null,null,null,null,null,null,null,{"$f":"PROCURA_PRECO_SERVICO","v":"16,78"}]
[null,null,null,null,null,null,null,null,null,null,null,null,null,null,null,null,null,null,null,null,null,{"$f":"COUNTIF($R$2:$R269,\"NIVEL 1\")","v":5},2,1,0,{"$f":"ADDRESS(MATCH(COUNTIF($R$2:$R269,\"NIVEL 1\"),V:V,0),COLUMN(S269))","v":"$S$208"},{"$f":"ADDRESS(MATCH(COUNTIF($R$2:$R269,\"NIVEL 1\"),V:V,0),COLUMN(W269))","v":"$W$208"},{"$f":"ADDRESS((MATCH(COUNTIF(INDIRECT(Z269):$S269,\"NIVEL 2\"),INDIRECT(AA269):W269,0)+(MATCH(COUNTIF($R$2:$R269,\"NIVEL 1\"),V:V,0)-1)),COLUMN(T269))","v":"$T$258"},null,null,null,null,null,null,null,null,null,null,null,null,null,null,null,null,null,null,null,null,null,null,null,null,null,null,{"$f":"PROCURA_PRECO_SERVICO","v":0}]
[null,null,null,{"$f":"\"SUBTOTAL DO ITEM - \"&A260","v":"SUBTOTAL DO ITEM - 5.2.1"},null,null,null,null,{"$f":"SUBTOTAL(9,OFFSET(I260,1,0):OFFSET(I270,-1,0))","v":1963.86},null,null,null,null,"SUBSUBITEM_FIM",null,null,null,null,null,null,null,{"$f":"COUNTIF($R$2:$R270,\"NIVEL 1\")","v":5},2,1,0,{"$f":"ADDRESS(MATCH(COUNTIF($R$2:$R270,\"NIVEL 1\"),V:V,0),COLUMN(S270))","v":"$S$208"},{"$f":"ADDRESS(MATCH(COUNTIF($R$2:$R270,\"NIVEL 1\"),V:V,0),COLUMN(W270))","v":"$W$208"},{"$f":"ADDRESS((MATCH(COUNTIF(INDIRECT(Z270):$S270,\"NIVEL 2\"),INDIRECT(AA270):W270,0)+(MATCH(COUNTIF($R$2:$R270,\"NIVEL 1\"),V:V,0)-1)),COLUMN(T270))","v":"$T$258"},null,null,null,null,null,null,null,null,null,null,null,null,null,null,null,null,null,null,null,null,null,null,null,null,null,null,{"$f":"PROCURA_PRECO_SERVICO","v":0}]
[null,null,null,null,null,null,null,null,null,null,null,null,null,null,null,null,null,null,null,null,null,{"$f":"COUNTIF($R$2:$R271,\"NIVEL 1\")","v":5},2,1,0,{"$f":"ADDRESS(MATCH(COUNTIF($R$2:$R271,\"NIVEL 1\"),V:V,0),COLUMN(S271))","v":"$S$208"},{"$f":"ADDRESS(MATCH(COUNTIF($R$2:$R271,\"NIVEL 1\"),V:V,0),COLUMN(W271))","v":"$W$208"},{"$f":"ADDRESS((MATCH(COUNTIF(INDIRECT(Z271):$S271,\"NIVEL 2\"),INDIRECT(AA271):W271,0)+(MATCH(COUNTIF($R$2:$R271,\"NIVEL 1\"),V:V,0)-1)),COLUMN(T271))","v":"$T$258"},null,null,null,null,null,null,null,null,null,null,null,null,null,null,null,null,null,null,null,null,null,null,null,null,null,null,{"$f":"PROCURA_PRECO_SERVICO","v":0}]
[{"$f":"V272&\".\"&W272&\".\"&X272","v":"5.2.2"},null,null,"SAPATA",null,null,null,null,null,null,null,null,null,"SUBSUBITEM_INICIO",null,null,null,"NIVEL 3","NIVEL 3","NIVEL 3",null,{"$f":"COUNTIF($R$2:$R272,\"NIVEL 1\")","v":5},2,2,0,{"$f":"ADDRESS(MATCH(COUNTIF($R$2:$R272,\"NIVEL 1\"),V:V,0),COLUMN(S272))","v":"$S$208"},{"$f":"ADDRESS(MATCH(COUNTIF($R$2:$R272,\"NIVEL 1\"),V:V,0),COLUMN(W272))","v":"$W$208"},{"$f":"ADDRESS((MATCH(COUNTIF(INDIRECT(Z272):$S272,\"NIVEL 2\"),INDIRECT(AA272):W272,0)+(MATCH(COUNTIF($R$2:$R272,\"NIVEL 1\"),V:V,0)-1)),COLUMN(T272))","v":"$T$258"},null,null,null,null,null,null,null,null,null,null,null,null,null,null,null,null,null,null,null,null,null,null,null,null,null,null,{"$f":"PROCURA_PRECO_SERVICO","v":0}]
[null,null,null,null,null,null,null,null,null,null,null,null,null,null,null,null,null,null,null,null,null,{"$f":"COUNTIF($R$2:$R273,\"NIVEL 1\")","v":5},2,2,0,{"$f":"ADDRESS(MATCH(COUNTIF($R$2:$R273,\"NIVEL 1\"),V:V,0),COLUMN(S273))","v":"$S$208"},{"$f":"ADDRESS(MATCH(COUNTIF($R$2:$R273,\"NIVEL 1\"),V:V,0),COLUMN(W273))","v":"$W$208"},{"$f":"ADDRESS((MATCH(COUNTIF(INDIRECT(Z273):$S273,\"NIVEL 2\"),INDIRECT(AA273):W273,0)+(MATCH(COUNTIF($R$2:$R273,\"NIVEL 1\"),V:V,0)-1)),COLUMN(T273))","v":"$T$258"},null,null,null,null,null,null,null,null,null,null,null,null,null,null,null,null,null,null,null,null,null,null,null,null,null,null,{"$f":"PROCURA_PRECO_SERVICO","v":0}]
[{"$f":"V274&\".\"&W274&\".\"&X274&\".\"&Y274","v":"5.2.2.1"},"SINAPI","96523",{"$f":"PROCURA_DESCRICAO_SERVICO","v":"ESCAVAÇÃO MANUAL PARA BLOCO DE COROAMENTO OU SAPATA (INCLUINDO ESCAVAÇÃO PARA COLOCAÇÃO DE FÔRMAS). AF_06/2017"},{"$f":"PROCURA_UNIDADE_SERVICO","v":"M3"},2.88,{"$f":"PROCURA_PRECO_SERVICO","v":"92,95"},{"$f":"CUSTO_BDI_SERVICO","v":117.34},{"$f":"CUSTO_TOTAL_SERVICO","v":337.93},null,null,null,null,"SERVIÇO",null,null,null,"NIVEL 4","NIVEL 4","NIVEL 4","NIVEL 4",{"$f":"COUNTIF($R$2:$R274,\"NIVEL 1\")","v":5},2,2,1,{"$f":"ADDRESS(MATCH(COUNTIF($R$2:$R274,\"NIVEL 1\"),V:V,0),COLUMN(S274))","v":"$S$208"},{"$f":"ADDRESS(MATCH(COUNTIF($R$2:$R274,\"NIVEL 1\"),V:V,0),COLUMN(W274))","v":"$W$208"},{"$f":"ADDRESS((MATCH(COUNTIF(INDIRECT(Z274):$S274,\"NIVEL 2\"),INDIRECT(AA274):W274,0)+(MATCH(COUNTIF($R$2:$R274,\"NIVEL 1\"),V:V,0)-1)),COLUMN(T274))","v":"$T$258"},null,null,null,null,null,null,null,null,null,null,null,null,null,null,null,null,null,null,null,null,null,null,null,null,null,null,{"$f":"PROCURA_PRECO_SERVICO","v":"92,95"}]
["5.2.2.2","SINAPI","101616",{"$f":"PROCURA_DESCRICAO_SERVICO","v":"PREPARO DE FUNDO DE VALA COM LARGURA MENOR QUE 1,5 M (ACERTO DO SOLO NATURAL). AF_08/2020"},{"$f":"PROCURA_UNIDADE_SERVICO","v":"M2"},1.28,{"$f":"PROCURA_PRECO_SERVICO","v":"6,03"},7.61,9.74,null,null,null,null,"SERVIÇO",null,null,null,"NIVEL 4","NIVEL 4","NIVEL 4","NIVEL 4",{"$f":"COUNTIF($R$2:$R275,\"NIVEL 1\")","v":5},2,2,2,{"$f":"ADDRESS(MATCH(COUNTIF($R$2:$R275,\"NIVEL 1\"),V:V,0),COLUMN(S275))","v":"$S$208"},{"$f":"ADDRESS(MATCH(COUNTIF($R$2:$R275,\"NIVEL 1\"),V:V,0),COLUMN(W275))","v":"$W$208"},{"$f":"ADDRESS((MATCH(COUNTIF(INDIRECT(Z275):$S275,\"NIVEL 2\"),INDIRECT(AA275):W275,0)+(MATCH(COUNTIF($R$2:$R275,\"NIVEL 1\"),V:V,0)-1)),COLUMN(T275))","v":"$T$258"},null,null,null,null,null,null,null,null,null,null,null,null,null,null,null,null,null,null,null,null,null,null,null,null,null,null,{"$f":"PROCURA_PRECO_SERVICO","v":"6,03"}]
["5.2.2.3","SETOP","ED-48298",{"$f":"PROCURA_DESCRICAO_SERVICO","v":"CORTE, DOBRA E MONTAGEM DE AÇO CA-50/60"},{"$f":"PROCURA_UNIDADE_SERVICO","v":"KG"},11.2,{"$f":"PROCURA_PRECO_SERVICO","v":13.42},16.94,189.72,null,null,null,null,"SERVIÇO",null,null,null,"NIVEL 4","NIVEL 4","NIVEL 4","NIVEL 4",{"$f":"COUNTIF($R$2:$R276,\"NIVEL 1\")","v":5},2,2,3,{"$f":"ADDRESS(MATCH(COUNTIF($R$2:$R276,\"NIVEL 1\"),V:V,0),COLUMN(S276))","v":"$S$208"},{"$f":"ADDRESS(MATCH(COUNTIF($R$2:$R276,\"NIVEL 1\"),V:V,0),COLUMN(W276))","v":"$W$208"},{"$f":"ADDRESS((MATCH(COUNTIF(INDIRECT(Z276):$S276,\"NIVEL 2\"),INDIRECT(AA276):W276,0)+(MATCH(COUNTIF($R$2:$R276,\"NIVEL 1\"),V:V,0)-1)),COLUMN(T276))","v":"$T$258"},null,null,null,null,null,null,null,null,null,null,null,null,null,null,null,null,null,null,null,null,null,null,null,null,null,null,{"$f":"PROCURA_PRECO_SERVICO","v":13.42}]
[{"$f":"V277&\".\"&W277&\".\"&X277&\".\"&Y277","v":"5.2.2.4"},"SETOP","ED-8571",{"$f":"PROCURA_DESCRICAO_SERVICO","v":"FORMA E DESFORMA DE COMPENSADO PLASTIFICADO, ESP. 12MM, REAPROVEITAMENTO (3X) (FUNDAÇÃO)"},{"$f":"PROCURA_UNIDADE_SERVICO","v":"M2"},1.92,{"$f":"PROCURA_PRECO_SERVICO","v":73.31},92.54,177.67,null,null,null,null,"SERVIÇO",null,null,null,"NIVEL 4","NIVEL 4","NIVEL 4","NIVEL 4",{"$f":"COUNTIF($R$2:$R277,\"NIVEL 1\")","v":5},2,2,{"$f":"IF(U277=\"NIVEL 4\",OFFSET(Y277,-1,0)+1,0)","v":4},{"$f":"ADDRESS(MATCH(COUNTIF($R$2:$R277,\"NIVEL 1\"),V:V,0),COLUMN(S277))","v":"$S$208"},{"$f":"ADDRESS(MATCH(COUNTIF($R$2:$R277,\"NIVEL 1\"),V:V,0),COLUMN(W277))","v":"$W$208"},{"$f":"ADDRESS((MATCH(COUNTIF(INDIRECT(Z277):$S277,\"NIVEL 2\"),INDIRECT(AA277):W277,0)+(MATCH(COUNTIF($R$2:$R277,\"NIVEL 1\"),V:V,0)-1)),COLUMN(T277))","v":"$T$258"},null,null,null,null,null,null,null,null,null,null,null,null,null,null,null,null,null,null,null,null,null,null,null,null,null,null,{"$f":"PROCURA_PRECO_SERVICO","v":73.31}]
["5.2.2.5","SETOP","ED-49812",{"$f":"PROCURA_DESCRICAO_SERVICO","v":"LASTRO DE CONCRETO MAGRO, INCLUSIVE TRANSPORTE, LANÇAMENTO E ADENSAMENTO "},{"$f":"PROCURA_UNIDADE_SERVICO","v":"M3"},0.06,{"$f":"PROCURA_PRECO_SERVICO","v":505.88},638.62,38.31,null,null,null,null,"SERVIÇO",null,null,null,"NIVEL 4","NIVEL 4","NIVEL 4","NIVEL 4",{"$f":"COUNTIF($R$2:$R278,\"NIVEL 1\")","v":5},2,2,5,{"$f":"ADDRESS(MATCH(COUNTIF($R$2:$R278,\"NIVEL 1\"),V:V,0),COLUMN(S278))","v":"$S$208"},{"$f":"ADDRESS(MATCH(COUNTIF($R$2:$R278,\"NIVEL 1\"),V:V,0),COLUMN(W278))","v":"$W$208"},{"$f":"ADDRESS((MATCH(COUNTIF(INDIRECT(Z278):$S278,\"NIVEL 2\"),INDIRECT(AA278):W278,0)+(MATCH(COUNTIF($R$2:$R278,\"NIVEL 1\"),V:V,0)-1)),COLUMN(T278))","v":"$T$258"},null,null,null,null,null,null,null,null,null,null,null,null,null,null,null,null,null,null,null,null,null,null,null,null,null,null,{"$f":"PROCURA_PRECO_SERVICO","v":505.88}]
["5.2.2.6","SETOP","ED-50174",{"$f":"PROCURA_DESCRICAO_SERVICO","v":"PINTURA COM EMULSÃO ASFÁLTICA, DUAS (2) DEMÃOS"},{"$f":"PROCURA_UNIDADE_SERVICO","v":"M2"},4.34,{"$f":"PROCURA_PRECO_SERVICO","v":23.69},29.9,129.76,null,null,null,null,"SERVIÇO",null,null,null,"NIVEL 4","NIVEL 4","NIVEL 4","NIVEL 4",{"$f":"COUNTIF($R$2:$R279,\"NIVEL 1\")","v":5},2,2,6,{"$f":"ADDRESS(MATCH(COUNTIF($R$2:$R279,\"NIVEL 1\"),V:V,0),COLUMN(S279))","v":"$S$208"},{"$f":"ADDRESS(MATCH(COUNTIF($R$2:$R279,\"NIVEL 1\"),V:V,0),COLUMN(W279))","v":"$W$208"},{"$f":"ADDRESS((MATCH(COUNTIF(INDIRECT(Z279):$S279,\"NIVEL 2\"),INDIRECT(AA279):W279,0)+(MATCH(COUNTIF($R$2:$R279,\"NIVEL 1\"),V:V,0)-1)),COLUMN(T279))","v":"$T$258"},null,null,null,null,null,null,null,null,null,null,null,null,null,null,null,null,null,null,null,null,null,null,null,null,null,null,{"$f":"PROCURA_PRECO_SERVICO","v":23.69}]
["5.2.2.7","SETOP","ED-49805",{"$f":"PROCURA_DESCRICAO_SERVICO","v":"FORNECIMENTO DE CONCRETO ESTRUTURAL, USINADO BOMBEADO, COM FCK 25 MPA, INCLUSIVE LANÇAMENTO, ADENSAMENTO E ACABAMENTO (FUNDAÇÃO)"},{"$f":"PROCURA_UNIDADE_SERVICO","v":"M3"},0.384,{"$f":"PROCURA_PRECO_SERVICO","v":683.31},862.61,331.24,null,null,null,null,"SERVIÇO",null,null,null,"NIVEL 4","NIVEL 4","NIVEL 4","NIVEL 4",{"$f":"COUNTIF($R$2:$R280,\"NIVEL 1\")","v":5},2,2,7,{"$f":"ADDRESS(MATCH(COUNTIF($R$2:$R280,\"NIVEL 1\"),V:V,0),COLUMN(S280))","v":"$S$208"},{"$f":"ADDRESS(MATCH(COUNTIF($R$2:$R280,\"NIVEL 1\"),V:V,0),COLUMN(W280))","v":"$W$208"},{"$f":"ADDRESS((MATCH(COUNTIF(INDIRECT(Z280):$S280,\"NIVEL 2\"),INDIRECT(AA280):W280,0)+(MATCH(COUNTIF($R$2:$R280,\"NIVEL 1\"),V:V,0)-1)),COLUMN(T280))","v":"$T$258"},null,null,null,null,null,null,null,null,null,null,null,null,null,null,null,null,null,null,null,null,null,null,null,null,null,null,{"$f":"PROCURA_PRECO_SERVICO","v":683.31}]
["5.2.2.8","SINAPI","93382",{"$f":"PROCURA_DESCRICAO_SERVICO","v":"REATERRO MANUAL DE VALAS COM COMPACTAÇÃO MECANIZADA. AF_04/2016"},{"$f":"PROCURA_UNIDADE_SERVICO","v":"M3"},2.38,{"$f":"PROCURA_PRECO_SERVICO","v":"32,23"},40.68,96.81,null,null,null,null,"SERVIÇO",null,null,null,"NIVEL 4","NIVEL 4","NIVEL 4","NIVEL 4",{"$f":"COUNTIF($R$2:$R281,\"NIVEL 1\")","v":5},2,2,8,{"$f":"ADDRESS(MATCH(COUNTIF($R$2:$R281,\"NIVEL 1\"),V:V,0),COLUMN(S281))","v":"$S$208"},{"$f":"ADDRESS(MATCH(COUNTIF($R$2:$R281,\"NIVEL 1\"),V:V,0),COLUMN(W281))","v":"$W$208"},{"$f":"ADDRESS((MATCH(COUNTIF(INDIRECT(Z281):$S281,\"NIVEL 2\"),INDIRECT(AA281):W281,0)+(MATCH(COUNTIF($R$2:$R281,\"NIVEL 1\"),V:V,0)-1)),COLUMN(T281))","v":"$T$258"},null,null,null,null,null,null,null,null,null,null,null,null,null,null,null,null,null,null,null,null,null,null,null,null,null,null,{"$f":"PROCURA_PRECO_SERVICO","v":"32,23"}]
["5.2.2.9","SINAPI","100974",{"$f":"PROCURA_DESCRICAO_SERVICO","v":"CARGA, MANOBRA E DESCARGA DE SOLOS E MATERIAIS GRANULARES EM CAMINHÃO BASCULANTE 10 M³ - CARGA COM PÁ CARREGADEIRA (CAÇAMBA DE 1,7 A 2,8 M³ / 128 HP) E DESCARGA LIVRE (UNIDADE: M3). AF_07/2020"},{"$f":"PROCURA_UNIDADE_SERVICO","v":"M3"},0.65,{"$f":"PROCURA_PRECO_SERVICO","v":"8,49"},10.71,6.96,null,null,null,null,"SERVIÇO",null,null,null,"NIVEL 4","NIVEL 4","NIVEL 4","NIVEL 4",{"$f":"COUNTIF($R$2:$R282,\"NIVEL 1\")","v":5},2,2,9,{"$f":"ADDRESS(MATCH(COUNTIF($R$2:$R282,\"NIVEL 1\"),V:V,0),COLUMN(S282))","v":"$S$208"},{"$f":"ADDRESS(MATCH(COUNTIF($R$2:$R282,\"NIVEL 1\"),V:V,0),COLUMN(W282))","v":"$W$208"},{"$f":"ADDRESS((MATCH(COUNTIF(INDIRECT(Z282):$S282,\"NIVEL 2\"),INDIRECT(AA282):W282,0)+(MATCH(COUNTIF($R$2:$R282,\"NIVEL 1\"),V:V,0)-1)),COLUMN(T282))","v":"$T$258"},null,null,null,null,null,null,null,null,null,null,null,null,null,null,null,null,null,null,null,null,null,null,null,null,null,null,{"$f":"PROCURA_PRECO_SERVICO","v":"8,49"}]
["5.2.2.10","SINAPI","95875",{"$f":"PROCURA_DESCRICAO_SERVICO","v":"TRANSPORTE COM CAMINHÃO BASCULANTE DE 10 M³, EM VIA URBANA PAVIMENTADA, DMT ATÉ 30 KM (UNIDADE: M3XKM). AF_07/2020"},{"$f":"PROCURA_UNIDADE_SERVICO","v":"M3XKM"},9.8,{"$f":"PROCURA_PRECO_SERVICO","v":"2,31"},2.91,28.51,null,null,null,null,"SERVIÇO",null,null,null,"NIVEL 4","NIVEL 4","NIVEL 4","NIVEL 4",{"$f":"COUNTIF($R$2:$R283,\"NIVEL 1\")","v":5},2,2,10,{"$f":"ADDRESS(MATCH(COUNTIF($R$2:$R283,\"NIVEL 1\"),V:V,0),COLUMN(S283))","v":"$S$208"},{"$f":"ADDRESS(MATCH(COUNTIF($R$2:$R283,\"NIVEL 1\"),V:V,0),COLUMN(W283))","v":"$W$208"},{"$f":"ADDRESS((MATCH(COUNTIF(INDIRECT(Z283):$S283,\"NIVEL 2\"),INDIRECT(AA283):W283,0)+(MATCH(COUNTIF($R$2:$R283,\"NIVEL 1\"),V:V,0)-1)),COLUMN(T283))","v":"$T$258"},null,null,null,null,null,null,null,null,null,null,null,null,null,null,null,null,null,null,null,null,null,null,null,null,null,null,{"$f":"PROCURA_PRECO_SERVICO","v":"2,31"}]
["5.2.2.11","SINAPI","100574",{"$f":"PROCURA_DESCRICAO_SERVICO","v":"ESPALHAMENTO DE MATERIAL COM TRATOR DE ESTEIRAS. AF_11/2019"},{"$f":"PROCURA_UNIDADE_SERVICO","v":"M3"},0.65,{"$f":"PROCURA_PRECO_SERVICO","v":"1,36"},1.71,1.11,null,null,null,null,"SERVIÇO",null,null,null,"NIVEL 4","NIVEL 4","NIVEL 4","NIVEL 4",{"$f":"COUNTIF($R$2:$R284,\"NIVEL 1\")","v":5},2,2,11,{"$f":"ADDRESS(MATCH(COUNTIF($R$2:$R284,\"NIVEL 1\"),V:V,0),COLUMN(S284))","v":"$S$208"},{"$f":"ADDRESS(MATCH(COUNTIF($R$2:$R284,\"NIVEL 1\"),V:V,0),COLUMN(W284))","v":"$W$208"},{"$f":"ADDRESS((MATCH(COUNTIF(INDIRECT(Z284):$S284,\"NIVEL 2\"),INDIRECT(AA284):W284,0)+(MATCH(COUNTIF($R$2:$R284,\"NIVEL 1\"),V:V,0)-1)),COLUMN(T284))","v":"$T$258"},null,null,null,null,null,null,null,null,null,null,null,null,null,null,null,null,null,null,null,null,null,null,null,null,null,null,{"$f":"PROCURA_PRECO_SERVICO","v":"1,36"}]
[null,null,null,null,null,null,null,null,null,null,null,null,null,null,null,null,null,null,null,null,null,{"$f":"COUNTIF($R$2:$R285,\"NIVEL 1\")","v":5},2,2,0,{"$f":"ADDRESS(MATCH(COUNTIF($R$2:$R285,\"NIVEL 1\"),V:V,0),COLUMN(S285))","v":"$S$208"},{"$f":"ADDRESS(MATCH(COUNTIF($R$2:$R285,\"NIVEL 1\"),V:V,0),COLUMN(W285))","v":"$W$208"},{"$f":"ADDRESS((MATCH(COUNTIF(INDIRECT(Z285):$S285,\"NIVEL 2\"),INDIRECT(AA285):W285,0)+(MATCH(COUNTIF($R$2:$R285,\"NIVEL 1\"),V:V,0)-1)),COLUMN(T285))","v":"$T$258"},null,null,null,null,null,null,null,null,null,null,null,null,null,null,null,null,null,null,null,null,null,null,null,null,null,null,{"$f":"PROCURA_PRECO_SERVICO","v":0}]
[null,null,null,{"$f":"\"SUBTOTAL DO ITEM - \"&A272","v":"SUBTOTAL DO ITEM - 5.2.2"},null,null,null,null,{"$f":"SUBTOTAL(9,OFFSET(I272,1,0):OFFSET(I286,-1,0))","v":1347.76},null,null,null,null,"SUBSUBITEM_FIM",null,null,null,null,null,null,null,{"$f":"COUNTIF($R$2:$R286,\"NIVEL 1\")","v":5},2,2,0,{"$f":"ADDRESS(MATCH(COUNTIF($R$2:$R286,\"NIVEL 1\"),V:V,0),COLUMN(S286))","v":"$S$208"},{"$f":"ADDRESS(MATCH(COUNTIF($R$2:$R286,\"NIVEL 1\"),V:V,0),COLUMN(W286))","v":"$W$208"},{"$f":"ADDRESS((MATCH(COUNTIF(INDIRECT(Z286):$S286,\"NIVEL 2\"),INDIRECT(AA286):W286,0)+(MATCH(COUNTIF($R$2:$R286,\"NIVEL 1\"),V:V,0)-1)),COLUMN(T286))","v":"$T$258"},null,null,null,null,null,null,null,null,null,null,null,null,null,null,null,null,null,null,null,null,null,null,null,null,null,null,{"$f":"PROCURA_PRECO_SERVICO","v":0}]
[null,null,null,null,null,null,null,null,null,null,null,null,null,null,null,null,null,null,null,null,null,{"$f":"COUNTIF($R$2:$R287,\"NIVEL 1\")","v":5},2,2,{"$f":"IF(U287=\"NIVEL 4\",OFFSET(Y287,-1,0)+1,0)","v":0},{"$f":"ADDRESS(MATCH(COUNTIF($R$2:$R287,\"NIVEL 1\"),V:V,0),COLUMN(S287))","v":"$S$208"},{"$f":"ADDRESS(MATCH(COUNTIF($R$2:$R287,\"NIVEL 1\"),V:V,0),COLUMN(W287))","v":"$W$208"},{"$f":"ADDRESS((MATCH(COUNTIF(INDIRECT(Z287):$S287,\"NIVEL 2\"),INDIRECT(AA287):W287,0)+(MATCH(COUNTIF($R$2:$R287,\"NIVEL 1\"),V:V,0)-1)),COLUMN(T287))","v":"$T$258"},null,null,null,null,null,null,null,null,null,null,null,null,null,null,null,null,null,null,null,null,null,null,null,null,null,null,{"$f":"PROCURA_PRECO_SERVICO","v":0}]
[{"$f":"V288&\".\"&W288&\".\"&X288","v":"5.2.3"},null,null,"BALDRAME",null,null,null,null,null,null,null,null,null,"SUBSUBITEM_INICIO",null,null,null,"NIVEL 3","NIVEL 3","NIVEL 3",null,{"$f":"COUNTIF($R$2:$R288,\"NIVEL 1\")","v":5},2,3,0,{"$f":"ADDRESS(MATCH(COUNTIF($R$2:$R288,\"NIVEL 1\"),V:V,0),COLUMN(S288))","v":"$S$208"},{"$f":"ADDRESS(MATCH(COUNTIF($R$2:$R288,\"NIVEL 1\"),V:V,0),COLUMN(W288))","v":"$W$208"},{"$f":"ADDRESS((MATCH(COUNTIF(INDIRECT(Z288):$S288,\"NIVEL 2\"),INDIRECT(AA288):W288,0)+(MATCH(COUNTIF($R$2:$R288,\"NIVEL 1\"),V:V,0)-1)),COLUMN(T288))","v":"$T$258"},null,null,null,null,null,null,null,null,null,null,null,null,null,null,null,null,null,null,null,null,null,null,null,null,null,null,{"$f":"PROCURA_PRECO_SERVICO","v":0}]
[null,null,null,null,null,null,null,null,null,null,null,null,null,null,null,null,null,null,null,null,null,{"$f":"COUNTIF($R$2:$R289,\"NIVEL 1\")","v":5},2,3,0,{"$f":"ADDRESS(MATCH(COUNTIF($R$2:$R289,\"NIVEL 1\"),V:V,0),COLUMN(S289))","v":"$S$208"},{"$f":"ADDRESS(MATCH(COUNTIF($R$2:$R289,\"NIVEL 1\"),V:V,0),COLUMN(W289))","v":"$W$208"},{"$f":"ADDRESS((MATCH(COUNTIF(INDIRECT(Z289):$S289,\"NIVEL 2\"),INDIRECT(AA289):W289,0)+(MATCH(COUNTIF($R$2:$R289,\"NIVEL 1\"),V:V,0)-1)),COLUMN(T289))","v":"$T$258"},null,null,null,null,null,null,null,null,null,null,null,null,null,null,null,null,null,null,null,null,null,null,null,null,null,null,{"$f":"PROCURA_PRECO_SERVICO","v":0}]
[{"$f":"V290&\".\"&W290&\".\"&X290&\".\"&Y290","v":"5.2.3.1"},"SETOP","ED-51107",{"$f":"PROCURA_DESCRICAO_SERVICO","v":"ESCAVAÇÃO MANUAL DE VALA COM PROFUNDIDADE MENOR OU IGUAL A 1,5M"},{"$f":"PROCURA_UNIDADE_SERVICO","v":"M3"},3.03,{"$f":"PROCURA_PRECO_SERVICO","v":61.26},{"$f":"CUSTO_BDI_SERVICO","v":77.33},{"$f":"CUSTO_TOTAL_SERVICO","v":234.3},null,null,null,null,"SERVIÇO",null,null,null,"NIVEL 4","NIVEL 4","NIVEL 4","NIVEL 4",{"$f":"COUNTIF($R$2:$R290,\"NIVEL 1\")","v":5},2,3,1,{"$f":"ADDRESS(MATCH(COUNTIF($R$2:$R290,\"NIVEL 1\"),V:V,0),COLUMN(S290))","v":"$S$208"},{"$f":"ADDRESS(MATCH(COUNTIF($R$2:$R290,\"NIVEL 1\"),V:V,0),COLUMN(W290))","v":"$W$208"},{"$f":"ADDRESS((MATCH(COUNTIF(INDIRECT(Z290):$S290,\"NIVEL 2\"),INDIRECT(AA290):W290,0)+(MATCH(COUNTIF($R$2:$R290,\"NIVEL 1\"),V:V,0)-1)),COLUMN(T290))","v":"$T$258"},null,null,null,null,null,null,null,null,null,null,null,null,null,null,null,null,null,null,null,null,null,null,null,null,null,null,{"$f":"PROCURA_PRECO_SERVICO","v":61.26}]
["5.2.3.2","SINAPI","101616",{"$f":"PROCURA_DESCRICAO_SERVICO","v":"PREPARO DE FUNDO DE VALA COM LARGURA MENOR QUE 1,5 M (ACERTO DO SOLO NATURAL). AF_08/2020"},{"$f":"PROCURA_UNIDADE_SERVICO","v":"M2"},2.24,{"$f":"PROCURA_PRECO_SERVICO","v":"6,03"},7.61,17.04,null,null,null,null,"SERVIÇO",null,null,null,"NIVEL 4","NIVEL 4","NIVEL 4","NIVEL 4",{"$f":"COUNTIF($R$2:$R291,\"NIVEL 1\")","v":5},2,3,2,{"$f":"ADDRESS(MATCH(COUNTIF($R$2:$R291,\"NIVEL 1\"),V:V,0),COLUMN(S291))","v":"$S$208"},{"$f":"ADDRESS(MATCH(COUNTIF($R$2:$R291,\"NIVEL 1\"),V:V,0),COLUMN(W291))","v":"$W$208"},{"$f":"ADDRESS((MATCH(COUNTIF(INDIRECT(Z291):$S291,\"NIVEL 2\"),INDIRECT(AA291):W291,0)+(MATCH(COUNTIF($R$2:$R291,\"NIVEL 1\"),V:V,0)-1)),COLUMN(T291))","v":"$T$258"},null,null,null,null,null,null,null,null,null,null,null,null,null,null,null,null,null,null,null,null,null,null,null,null,null,null,{"$f":"PROCURA_PRECO_SERVICO","v":"6,03"}]
["5.2.3.3","SETOP","ED-8571",{"$f":"PROCURA_DESCRICAO_SERVICO","v":"FORMA E DESFORMA DE COMPENSADO PLASTIFICADO, ESP. 12MM, REAPROVEITAMENTO (3X) (FUNDAÇÃO)"},{"$f":"PROCURA_UNIDADE_SERVICO","v":"M2"},8.63,{"$f":"PROCURA_PRECO_SERVICO","v":73.31},92.54,798.62,null,null,null,null,"SERVIÇO",null,null,null,"NIVEL 4","NIVEL 4","NIVEL 4","NIVEL 4",{"$f":"COUNTIF($R$2:$R292,\"NIVEL 1\")","v":5},2,3,3,{"$f":"ADDRESS(MATCH(COUNTIF($R$2:$R292,\"NIVEL 1\"),V:V,0),COLUMN(S292))","v":"$S$208"},{"$f":"ADDRESS(MATCH(COUNTIF($R$2:$R292,\"NIVEL 1\"),V:V,0),COLUMN(W292))","v":"$W$208"},{"$f":"ADDRESS((MATCH(COUNTIF(INDIRECT(Z292):$S292,\"NIVEL 2\"),INDIRECT(AA292):W292,0)+(MATCH(COUNTIF($R$2:$R292,\"NIVEL 1\"),V:V,0)-1)),COLUMN(T292))","v":"$T$258"},null,null,null,null,null,null,null,null,null,null,null,null,null,null,null,null,null,null,null,null,null,null,null,null,null,null,{"$f":"PROCURA_PRECO_SERVICO","v":73.31}]
[{"$f":"V293&\".\"&W293&\".\"&X293&\".\"&Y293","v":"5.2.3.4"},"SETOP","ED-49812",{"$f":"PROCURA_DESCRICAO_SERVICO","v":"LASTRO DE CONCRETO MAGRO, INCLUSIVE TRANSPORTE, LANÇAMENTO E ADENSAMENTO "},{"$f":"PROCURA_UNIDADE_SERVICO","v":"M3"},0.11,{"$f":"PROCURA_PRECO_SERVICO","v":505.88},638.62,70.24,null,null,null,null,"SERVIÇO",null,null,null,"NIVEL 4","NIVEL 4","NIVEL 4","NIVEL 4",{"$f":"COUNTIF($R$2:$R293,\"NIVEL 1\")","v":5},2,3,{"$f":"IF(U293=\"NIVEL 4\",OFFSET(Y293,-1,0)+1,0)","v":4},{"$f":"ADDRESS(MATCH(COUNTIF($R$2:$R293,\"NIVEL 1\"),V:V,0),COLUMN(S293))","v":"$S$208"},{"$f":"ADDRESS(MATCH(COUNTIF($R$2:$R293,\"NIVEL 1\"),V:V,0),COLUMN(W293))","v":"$W$208"},{"$f":"ADDRESS((MATCH(COUNTIF(INDIRECT(Z293):$S293,\"NIVEL 2\"),INDIRECT(AA293):W293,0)+(MATCH(COUNTIF($R$2:$R293,\"NIVEL 1\"),V:V,0)-1)),COLUMN(T293))","v":"$T$258"},null,null,null,null,null,null,null,null,null,null,null,null,null,null,null,null,null,null,null,null,null,null,null,null,null,null,{"$f":"PROCURA_PRECO_SERVICO","v":505.88}]
["5.2.3.5","SETOP","ED-50174",{"$f":"PROCURA_DESCRICAO_SERVICO","v":"PINTURA COM EMULSÃO ASFÁLTICA, DUAS (2) DEMÃOS"},{"$f":"PROCURA_UNIDADE_SERVICO","v":"M2"},11.85,{"$f":"PROCURA_PRECO_SERVICO","v":23.69},29.9,354.31,null,null,null,null,"SERVIÇO",null,null,null,"NIVEL 4","NIVEL 4","NIVEL 4","NIVEL 4",{"$f":"COUNTIF($R$2:$R294,\"NIVEL 1\")","v":5},2,3,5,{"$f":"ADDRESS(MATCH(COUNTIF($R$2:$R294,\"NIVEL 1\"),V:V,0),COLUMN(S294))","v":"$S$208"},{"$f":"ADDRESS(MATCH(COUNTIF($R$2:$R294,\"NIVEL 1\"),V:V,0),COLUMN(W294))","v":"$W$208"},{"$f":"ADDRESS((MATCH(COUNTIF(INDIRECT(Z294):$S294,\"NIVEL 2\"),INDIRECT(AA294):W294,0)+(MATCH(COUNTIF($R$2:$R294,\"NIVEL 1\"),V:V,0)-1)),COLUMN(T294))","v":"$T$258"},null,null,null,null,null,null,null,null,null,null,null,null,null,null,null,null,null,null,null,null,null,null,null,null,null,null,{"$f":"PROCURA_PRECO_SERVICO","v":23.69}]
["5.2.3.6","SETOP","ED-48298",{"$f":"PROCURA_DESCRICAO_SERVICO","v":"CORTE, DOBRA E MONTAGEM DE AÇO CA-50/60"},{"$f":"PROCURA_UNIDADE_SERVICO","v":"KG"},54.8,{"$f":"PROCURA_PRECO_SERVICO","v":13.42},16.94,928.31,null,null,null,null,"SERVIÇO",null,null,null,"NIVEL 4","NIVEL 4","NIVEL 4","NIVEL 4",{"$f":"COUNTIF($R$2:$R295,\"NIVEL 1\")","v":5},2,3,6,{"$f":"ADDRESS(MATCH(COUNTIF($R$2:$R295,\"NIVEL 1\"),V:V,0),COLUMN(S295))","v":"$S$208"},{"$f":"ADDRESS(MATCH(COUNTIF($R$2:$R295,\"NIVEL 1\"),V:V,0),COLUMN(W295))","v":"$W$208"},{"$f":"ADDRESS((MATCH(COUNTIF(INDIRECT(Z295):$S295,\"NIVEL 2\"),INDIRECT(AA295):W295,0)+(MATCH(COUNTIF($R$2:$R295,\"NIVEL 1\"),V:V,0)-1)),COLUMN(T295))","v":"$T$258"},null,null,null,null,null,null,null,null,null,null,null,null,null,null,null,null,null,null,null,null,null,null,null,null,null,null,{"$f":"PROCURA_PRECO_SERVICO","v":13.42}]
["5.2.3.7","SETOP","ED-49805",{"$f":"PROCURA_DESCRICAO_SERVICO","v":"FORNECIMENTO DE CONCRETO ESTRUTURAL, USINADO BOMBEADO, COM FCK 25 MPA, INCLUSIVE LANÇAMENTO, ADENSAMENTO E ACABAMENTO (FUNDAÇÃO)"},{"$f":"PROCURA_UNIDADE_SERVICO","v":"M3"},0.67,{"$f":"PROCURA_PRECO_SERVICO","v":683.31},862.61,577.94,null,null,null,null,"SERVIÇO",null,null,null,"NIVEL 4","NIVEL 4","NIVEL 4","NIVEL 4",{"$f":"COUNTIF($R$2:$R296,\"NIVEL 1\")","v":5},2,3,7,{"$f":"ADDRESS(MATCH(COUNTIF($R$2:$R296,\"NIVEL 1\"),V:V,0),COLUMN(S296))","v":"$S$208"},{"$f":"ADDRESS(MATCH(COUNTIF($R$2:$R296,\"NIVEL 1\"),V:V,0),COLUMN(W296))","v":"$W$208"},{"$f":"ADDRESS((MATCH(COUNTIF(INDIRECT(Z296):$S296,\"NIVEL 2\"),INDIRECT(AA296):W296,0)+(MATCH(COUNTIF($R$2:$R296,\"NIVEL 1\"),V:V,0)-1)),COLUMN(T296))","v":"$T$258"},null,null,null,null,null,null,null,null,null,null,null,null,null,null,null,null,null,null,null,null,null,null,null,null,null,null,{"$f":"PROCURA_PRECO_SERVICO","v":683.31}]
["5.2.3.8","SINAPI","93382",{"$f":"PROCURA_DESCRICAO_SERVICO","v":"REATERRO MANUAL DE VALAS COM COMPACTAÇÃO MECANIZADA. AF_04/2016"},{"$f":"PROCURA_UNIDADE_SERVICO","v":"M3"},2.24,{"$f":"PROCURA_PRECO_SERVICO","v":"32,23"},40.68,91.12,null,null,null,null,"SERVIÇO",null,null,null,"NIVEL 4","NIVEL 4","NIVEL 4","NIVEL 4",{"$f":"COUNTIF($R$2:$R297,\"NIVEL 1\")","v":5},2,3,8,{"$f":"ADDRESS(MATCH(COUNTIF($R$2:$R297,\"NIVEL 1\"),V:V,0),COLUMN(S297))","v":"$S$208"},{"$f":"ADDRESS(MATCH(COUNTIF($R$2:$R297,\"NIVEL 1\"),V:V,0),COLUMN(W297))","v":"$W$208"},{"$f":"ADDRESS((MATCH(COUNTIF(INDIRECT(Z297):$S297,\"NIVEL 2\"),INDIRECT(AA297):W297,0)+(MATCH(COUNTIF($R$2:$R297,\"NIVEL 1\"),V:V,0)-1)),COLUMN(T297))","v":"$T$258"},null,null,null,null,null,null,null,null,null,null,null,null,null,null,null,null,null,null,null,null,null,null,null,null,null,null,{"$f":"PROCURA_PRECO_SERVICO","v":"32,23"}]
["5.2.3.9","SINAPI","100974",{"$f":"PROCURA_DESCRICAO_SERVICO","v":"CARGA, MANOBRA E DESCARGA DE SOLOS E MATERIAIS GRANULARES EM CAMINHÃO BASCULANTE 10 M³ - CARGA COM PÁ CARREGADEIRA (CAÇAMBA DE 1,7 A 2,8 M³ / 128 HP) E DESCARGA LIVRE (UNIDADE: M3). AF_07/2020"},{"$f":"PROCURA_UNIDADE_SERVICO","v":"M3"},1.02,{"$f":"PROCURA_PRECO_SERVICO","v":"8,49"},10.71,10.92,null,null,null,null,"SERVIÇO",null,null,null,"NIVEL 4","NIVEL 4","NIVEL 4","NIVEL 4",{"$f":"COUNTIF($R$2:$R298,\"NIVEL 1\")","v":5},2,3,9,{"$f":"ADDRESS(MATCH(COUNTIF($R$2:$R298,\"NIVEL 1\"),V:V,0),COLUMN(S298))","v":"$S$208"},{"$f":"ADDRESS(MATCH(COUNTIF($R$2:$R298,\"NIVEL 1\"),V:V,0),COLUMN(W298))","v":"$W$208"},{"$f":"ADDRESS((MATCH(COUNTIF(INDIRECT(Z298):$S298,\"NIVEL 2\"),INDIRECT(AA298):W298,0)+(MATCH(COUNTIF($R$2:$R298,\"NIVEL 1\"),V:V,0)-1)),COLUMN(T298))","v":"$T$258"},null,null,null,null,null,null,null,null,null,null,null,null,null,null,null,null,null,null,null,null,null,null,null,null,null,null,{"$f":"PROCURA_PRECO_SERVICO","v":"8,49"}]
["5.2.3.10","SINAPI","95875",{"$f":"PROCURA_DESCRICAO_SERVICO","v":"TRANSPORTE COM CAMINHÃO BASCULANTE DE 10 M³, EM VIA URBANA PAVIMENTADA, DMT ATÉ 30 KM (UNIDADE: M3XKM). AF_07/2020"},{"$f":"PROCURA_UNIDADE_SERVICO","v":"M3XKM"},15.3,{"$f":"PROCURA_PRECO_SERVICO","v":"2,31"},2.91,44.52,null,null,null,null,"SERVIÇO",null,null,null,"NIVEL 4","NIVEL 4","NIVEL 4","NIVEL 4",{"$f":"COUNTIF($R$2:$R299,\"NIVEL 1\")","v":5},2,3,10,{"$f":"ADDRESS(MATCH(COUNTIF($R$2:$R299,\"NIVEL 1\"),V:V,0),COLUMN(S299))","v":"$S$208"},{"$f":"ADDRESS(MATCH(COUNTIF($R$2:$R299,\"NIVEL 1\"),V:V,0),COLUMN(W299))","v":"$W$208"},{"$f":"ADDRESS((MATCH(COUNTIF(INDIRECT(Z299):$S299,\"NIVEL 2\"),INDIRECT(AA299):W299,0)+(MATCH(COUNTIF($R$2:$R299,\"NIVEL 1\"),V:V,0)-1)),COLUMN(T299))","v":"$T$258"},null,null,null,null,null,null,null,null,null,null,null,null,null,null,null,null,null,null,null,null,null,null,null,null,null,null,{"$f":"PROCURA_PRECO_SERVICO","v":"2,31"}]
["5.2.3.11","SINAPI","100574",{"$f":"PROCURA_DESCRICAO_SERVICO","v":"ESPALHAMENTO DE MATERIAL COM TRATOR DE ESTEIRAS. AF_11/2019"},{"$f":"PROCURA_UNIDADE_SERVICO","v":"M3"},1.02,{"$f":"PROCURA_PRECO_SERVICO","v":"1,36"},1.71,1.74,null,null,null,null,"SERVIÇO",null,null,null,"NIVEL 4","NIVEL 4","NIVEL 4","NIVEL 4",{"$f":"COUNTIF($R$2:$R300,\"NIVEL 1\")","v":5},2,3,11,{"$f":"ADDRESS(MATCH(COUNTIF($R$2:$R300,\"NIVEL 1\"),V:V,0),COLUMN(S300))","v":"$S$208"},{"$f":"ADDRESS(MATCH(COUNTIF($R$2:$R300,\"NIVEL 1\"),V:V,0),COLUMN(W300))","v":"$W$208"},{"$f":"ADDRESS((MATCH(COUNTIF(INDIRECT(Z300):$S300,\"NIVEL 2\"),INDIRECT(AA300):W300,0)+(MATCH(COUNTIF($R$2:$R300,\"NIVEL 1\"),V:V,0)-1)),COLUMN(T300))","v":"$T$258"},null,null,null,null,null,null,null,null,null,null,null,null,null,null,null,null,null,null,null,null,null,null,null,null,null,null,{"$f":"PROCURA_PRECO_SERVICO","v":"1,36"}]
[null,null,null,null,null,null,null,null,null,null,null,null,null,null,null,null,null,null,null,null,null,{"$f":"COUNTIF($R$2:$R301,\"NIVEL 1\")","v":5},2,3,0,{"$f":"ADDRESS(MATCH(COUNTIF($R$2:$R301,\"NIVEL 1\"),V:V,0),COLUMN(S301))","v":"$S$208"},{"$f":"ADDRESS(MATCH(COUNTIF($R$2:$R301,\"NIVEL 1\"),V:V,0),COLUMN(W301))","v":"$W$208"},{"$f":"ADDRESS((MATCH(COUNTIF(INDIRECT(Z301):$S301,\"NIVEL 2\"),INDIRECT(AA301):W301,0)+(MATCH(COUNTIF($R$2:$R301,\"NIVEL 1\"),V:V,0)-1)),COLUMN(T301))","v":"$T$258"},null,null,null,null,null,null,null,null,null,null,null,null,null,null,null,null,null,null,null,null,null,null,null,null,null,null,{"$f":"PROCURA_PRECO_SERVICO","v":0}]
[null,null,null,{"$f":"\"SUBTOTAL DO ITEM - \"&A288","v":"SUBTOTAL DO ITEM - 5.2.3"},null,null,null,null,{"$f":"SUBTOTAL(9,OFFSET(I288,1,0):OFFSET(I302,-1,0))","v":3129.06},null,null,null,null,"SUBSUBITEM_FIM",null,null,null,null,null,null,null,{"$f":"COUNTIF($R$2:$R302,\"NIVEL 1\")","v":5},2,3,0,{"$f":"ADDRESS(MATCH(COUNTIF($R$2:$R302,\"NIVEL 1\"),V:V,0),COLUMN(S302))","v":"$S$208"},{"$f":"ADDRESS(MATCH(COUNTIF($R$2:$R302,\"NIVEL 1\"),V:V,0),COLUMN(W302))","v":"$W$208"},{"$f":"ADDRESS((MATCH(COUNTIF(INDIRECT(Z302):$S302,\"NIVEL 2\"),INDIRECT(AA302):W302,0)+(MATCH(COUNTIF($R$2:$R302,\"NIVEL 1\"),V:V,0)-1)),COLUMN(T302))","v":"$T$258"},null,null,null,null,null,null,null,null,null,null,null,null,null,null,null,null,null,null,null,null,null,null,null,null,null,null,{"$f":"PROCURA_PRECO_SERVICO","v":0}]
[null,null,null,null,null,null,null,null,null,null,null,null,null,null,null,null,null,null,null,null,null,{"$f":"COUNTIF($R$2:$R303,\"NIVEL 1\")","v":5},2,3,0,{"$f":"ADDRESS(MATCH(COUNTIF($R$2:$R303,\"NIVEL 1\"),V:V,0),COLUMN(S303))","v":"$S$208"},{"$f":"ADDRESS(MATCH(COUNTIF($R$2:$R303,\"NIVEL 1\"),V:V,0),COLUMN(W303))","v":"$W$208"},{"$f":"ADDRESS((MATCH(COUNTIF(INDIRECT(Z303):$S303,\"NIVEL 2\"),INDIRECT(AA303):W303,0)+(MATCH(COUNTIF($R$2:$R303,\"NIVEL 1\"),V:V,0)-1)),COLUMN(T303))","v":"$T$258"},null,null,null,null,null,null,null,null,null,null,null,null,null,null,null,null,null,null,null,null,null,null,null,null,null,null,{"$f":"PROCURA_PRECO_SERVICO","v":0}]
[null,null,null,{"$f":"\"SUBTOTAL DO ITEM  - \"&A258","v":"SUBTOTAL DO ITEM  - 5.2"},null,null,null,null,{"$f":"SUBTOTAL(9,OFFSET(I258,1,0):OFFSET(I304,-1,0))","v":6440.68},null,null,null,null,"SUBITEM_FIM",null,null,null,null,null,null,null,{"$f":"COUNTIF($R$2:$R304,\"NIVEL 1\")","v":5},2,3,0,{"$f":"ADDRESS(MATCH(COUNTIF($R$2:$R304,\"NIVEL 1\"),V:V,0),COLUMN(S304))","v":"$S$208"},{"$f":"ADDRESS(MATCH(COUNTIF($R$2:$R304,\"NIVEL 1\"),V:V,0),COLUMN(W304))","v":"$W$208"},{"$f":"ADDRESS((MATCH(COUNTIF(INDIRECT(Z304):$S304,\"NIVEL 2\"),INDIRECT(AA304):W304,0)+(MATCH(COUNTIF($R$2:$R304,\"NIVEL 1\"),V:V,0)-1)),COLUMN(T304))","v":"$T$258"},null,null,null,null,null,null,null,null,null,null,null,null,null,null,null,null,null,null,null,null,null,null,null,null,null,null,{"$f":"PROCURA_PRECO_SERVICO","v":0}]
[null,null,null,null,null,null,null,null,null,null,null,null,null,null,null,null,null,null,null,null,null,{"$f":"COUNTIF($R$2:$R305,\"NIVEL 1\")","v":5},2,3,0,{"$f":"ADDRESS(MATCH(COUNTIF($R$2:$R305,\"NIVEL 1\"),V:V,0),COLUMN(S305))","v":"$S$208"},{"$f":"ADDRESS(MATCH(COUNTIF($R$2:$R305,\"NIVEL 1\"),V:V,0),COLUMN(W305))","v":"$W$208"},{"$f":"ADDRESS((MATCH(COUNTIF(INDIRECT(Z305):$S305,\"NIVEL 2\"),INDIRECT(AA305):W305,0)+(MATCH(COUNTIF($R$2:$R305,\"NIVEL 1\"),V:V,0)-1)),COLUMN(T305))","v":"$T$258"},null,null,null,null,null,null,null,null,null,null,null,null,null,null,null,null,null,null,null,null,null,null,null,null,null,null,{"$f":"PROCURA_PRECO_SERVICO","v":0}]
[{"$f":"V306&\".\"&W306","v":"5.3"},null,null,"FUNDAÇÃO ÁREA EXTERNA",null,null,null,null,null,null,null,null,null,"SUBITEM_INICIO",null,null,null,"NIVEL 2","NIVEL 2",null,null,{"$f":"COUNTIF($R$2:$R306,\"NIVEL 1\")","v":5},3,0,0,{"$f":"ADDRESS(MATCH(COUNTIF($R$2:$R306,\"NIVEL 1\"),V:V,0),COLUMN(S306))","v":"$S$208"},{"$f":"ADDRESS(MATCH(COUNTIF($R$2:$R306,\"NIVEL 1\"),V:V,0),COLUMN(W306))","v":"$W$208"},{"$f":"ADDRESS((MATCH(COUNTIF(INDIRECT(Z306):$S306,\"NIVEL 2\"),INDIRECT(AA306):W306,0)+(MATCH(COUNTIF($R$2:$R306,\"NIVEL 1\"),V:V,0)-1)),COLUMN(T306))","v":"$T$306"},null,null,null,null,null,null,null,null,null,null,null,null,null,null,null,null,null,null,null,null,null,null,null,null,null,null,{"$f":"PROCURA_PRECO_SERVICO","v":0}]
[null,null,null,null,null,null,null,null,null,null,null,null,null,null,null,null,null,null,null,null,null,{"$f":"COUNTIF($R$2:$R307,\"NIVEL 1\")","v":5},3,0,{"$f":"IF(U307=\"NIVEL 4\",OFFSET(Y307,-1,0)+1,0)","v":0},{"$f":"ADDRESS(MATCH(COUNTIF($R$2:$R307,\"NIVEL 1\"),V:V,0),COLUMN(S307))","v":"$S$208"},{"$f":"ADDRESS(MATCH(COUNTIF($R$2:$R307,\"NIVEL 1\"),V:V,0),COLUMN(W307))","v":"$W$208"},{"$f":"ADDRESS((MATCH(COUNTIF(INDIRECT(Z307):$S307,\"NIVEL 2\"),INDIRECT(AA307):W307,0)+(MATCH(COUNTIF($R$2:$R307,\"NIVEL 1\"),V:V,0)-1)),COLUMN(T307))","v":"$T$306"},null,null,null,null,null,null,null,null,null,null,null,null,null,null,null,null,null,null,null,null,null,null,null,null,null,null,{"$f":"PROCURA_PRECO_SERVICO","v":0}]
[{"$f":"V308&\".\"&W308&\".\"&X308","v":"5.3.1"},null,null,"SAPATAS",null,null,null,null,null,null,null,null,null,"SUBSUBITEM_INICIO",null,null,null,"NIVEL 3","NIVEL 3","NIVEL 3",null,{"$f":"COUNTIF($R$2:$R308,\"NIVEL 1\")","v":5},3,1,0,{"$f":"ADDRESS(MATCH(COUNTIF($R$2:$R308,\"NIVEL 1\"),V:V,0),COLUMN(S308))","v":"$S$208"},{"$f":"ADDRESS(MATCH(COUNTIF($R$2:$R308,\"NIVEL 1\"),V:V,0),COLUMN(W308))","v":"$W$208"},{"$f":"ADDRESS((MATCH(COUNTIF(INDIRECT(Z308):$S308,\"NIVEL 2\"),INDIRECT(AA308):W308,0)+(MATCH(COUNTIF($R$2:$R308,\"NIVEL 1\"),V:V,0)-1)),COLUMN(T308))","v":"$T$306"},null,null,null,null,null,null,null,null,null,null,null,null,null,null,null,null,null,null,null,null,null,null,null,null,null,null,{"$f":"PROCURA_PRECO_SERVICO","v":0}]
[null,null,null,null,null,null,null,null,null,null,null,null,null,null,null,null,null,null,null,null,null,{"$f":"COUNTIF($R$2:$R309,\"NIVEL 1\")","v":5},3,1,0,{"$f":"ADDRESS(MATCH(COUNTIF($R$2:$R309,\"NIVEL 1\"),V:V,0),COLUMN(S309))","v":"$S$208"},{"$f":"ADDRESS(MATCH(COUNTIF($R$2:$R309,\"NIVEL 1\"),V:V,0),COLUMN(W309))","v":"$W$208"},{"$f":"ADDRESS((MATCH(COUNTIF(INDIRECT(Z309):$S309,\"NIVEL 2\"),INDIRECT(AA309):W309,0)+(MATCH(COUNTIF($R$2:$R309,\"NIVEL 1\"),V:V,0)-1)),COLUMN(T309))","v":"$T$306"},null,null,null,null,null,null,null,null,null,null,null,null,null,null,null,null,null,null,null,null,null,null,null,null,null,null,{"$f":"PROCURA_PRECO_SERVICO","v":0}]
[{"$f":"V310&\".\"&W310&\".\"&X310&\".\"&Y310","v":"5.3.1.1"},"SINAPI","96523",{"$f":"PROCURA_DESCRICAO_SERVICO","v":"ESCAVAÇÃO MANUAL PARA BLOCO DE COROAMENTO OU SAPATA (INCLUINDO ESCAVAÇÃO PARA COLOCAÇÃO DE FÔRMAS). AF_06/2017"},{"$f":"PROCURA_UNIDADE_SERVICO","v":"M3"},35.19,{"$f":"PROCURA_PRECO_SERVICO","v":"92,95"},{"$f":"CUSTO_BDI_SERVICO","v":117.34},{"$f":"CUSTO_TOTAL_SERVICO","v":4129.19},null,null,null,null,"SERVIÇO",null,null,null,"NIVEL 4","NIVEL 4","NIVEL 4","NIVEL 4",{"$f":"COUNTIF($R$1:$R310,\"NIVEL 1\")","v":5},3,1,1,{"$f":"ADDRESS(MATCH(COUNTIF($R$1:$R310,\"NIVEL 1\"),V:V,0),COLUMN(S310))","v":"$S$208"},{"$f":"ADDRESS(MATCH(COUNTIF($R$1:$R310,\"NIVEL 1\"),V:V,0),COLUMN(W310))","v":"$W$208"},{"$f":"ADDRESS((MATCH(COUNTIF(INDIRECT(Z310):$S310,\"NIVEL 2\"),INDIRECT(AA310):W310,0)+(MATCH(COUNTIF($R$1:$R310,\"NIVEL 1\"),V:V,0)-1)),COLUMN(T310))","v":"$T$306"},null,null,null,null,null,null,null,null,null,null,null,null,null,null,null,null,null,null,null,null,null,null,null,null,null,null,{"$f":"PROCURA_PRECO_SERVICO","v":"92,95"}]
["5.3.1.2","SINAPI","101616",{"$f":"PROCURA_DESCRICAO_SERVICO","v":"PREPARO DE FUNDO DE VALA COM LARGURA MENOR QUE 1,5 M (ACERTO DO SOLO NATURAL). AF_08/2020"},{"$f":"PROCURA_UNIDADE_SERVICO","v":"M2"},11.85,{"$f":"PROCURA_PRECO_SERVICO","v":"6,03"},7.61,90.17,null,null,null,null,"SERVIÇO",null,null,null,"NIVEL 4","NIVEL 4","NIVEL 4","NIVEL 4",{"$f":"COUNTIF($R$1:$R311,\"NIVEL 1\")","v":5},3,1,2,{"$f":"ADDRESS(MATCH(COUNTIF($R$1:$R311,\"NIVEL 1\"),V:V,0),COLUMN(S311))","v":"$S$208"},{"$f":"ADDRESS(MATCH(COUNTIF($R$1:$R311,\"NIVEL 1\"),V:V,0),COLUMN(W311))","v":"$W$208"},{"$f":"ADDRESS((MATCH(COUNTIF(INDIRECT(Z311):$S311,\"NIVEL 2\"),INDIRECT(AA311):W311,0)+(MATCH(COUNTIF($R$1:$R311,\"NIVEL 1\"),V:V,0)-1)),COLUMN(T311))","v":"$T$306"},null,null,null,null,null,null,null,null,null,null,null,null,null,null,null,null,null,null,null,null,null,null,null,null,null,null,{"$f":"PROCURA_PRECO_SERVICO","v":"6,03"}]
["5.3.1.3","SETOP","ED-48298",{"$f":"PROCURA_DESCRICAO_SERVICO","v":"CORTE, DOBRA E MONTAGEM DE AÇO CA-50/60"},{"$f":"PROCURA_UNIDADE_SERVICO","v":"KG"},224.6,{"$f":"PROCURA_PRECO_SERVICO","v":13.42},16.94,3804.72,null,null,null,null,"SERVIÇO",null,null,null,"NIVEL 4","NIVEL 4","NIVEL 4","NIVEL 4",{"$f":"COUNTIF($R$1:$R312,\"NIVEL 1\")","v":5},3,1,3,{"$f":"ADDRESS(MATCH(COUNTIF($R$1:$R312,\"NIVEL 1\"),V:V,0),COLUMN(S312))","v":"$S$208"},{"$f":"ADDRESS(MATCH(COUNTIF($R$1:$R312,\"NIVEL 1\"),V:V,0),COLUMN(W312))","v":"$W$208"},{"$f":"ADDRESS((MATCH(COUNTIF(INDIRECT(Z312):$S312,\"NIVEL 2\"),INDIRECT(AA312):W312,0)+(MATCH(COUNTIF($R$1:$R312,\"NIVEL 1\"),V:V,0)-1)),COLUMN(T312))","v":"$T$306"},null,null,null,null,null,null,null,null,null,null,null,null,null,null,null,null,null,null,null,null,null,null,null,null,null,null,{"$f":"PROCURA_PRECO_SERVICO","v":13.42}]
["5.3.1.4","SETOP","ED-8571",{"$f":"PROCURA_DESCRICAO_SERVICO","v":"FORMA E DESFORMA DE COMPENSADO PLASTIFICADO, ESP. 12MM, REAPROVEITAMENTO (3X) (FUNDAÇÃO)"},{"$f":"PROCURA_UNIDADE_SERVICO","v":"M2"},18.08,{"$f":"PROCURA_PRECO_SERVICO","v":73.31},92.54,1673.12,null,null,null,null,"SERVIÇO",null,null,null,"NIVEL 4","NIVEL 4","NIVEL 4","NIVEL 4",{"$f":"COUNTIF($R$1:$R313,\"NIVEL 1\")","v":5},3,1,4,{"$f":"ADDRESS(MATCH(COUNTIF($R$1:$R313,\"NIVEL 1\"),V:V,0),COLUMN(S313))","v":"$S$208"},{"$f":"ADDRESS(MATCH(COUNTIF($R$1:$R313,\"NIVEL 1\"),V:V,0),COLUMN(W313))","v":"$W$208"},{"$f":"ADDRESS((MATCH(COUNTIF(INDIRECT(Z313):$S313,\"NIVEL 2\"),INDIRECT(AA313):W313,0)+(MATCH(COUNTIF($R$1:$R313,\"NIVEL 1\"),V:V,0)-1)),COLUMN(T313))","v":"$T$306"},null,null,null,null,null,null,null,null,null,null,null,null,null,null,null,null,null,null,null,null,null,null,null,null,null,null,{"$f":"PROCURA_PRECO_SERVICO","v":73.31}]
["5.3.1.5","SETOP","ED-49812",{"$f":"PROCURA_DESCRICAO_SERVICO","v":"LASTRO DE CONCRETO MAGRO, INCLUSIVE TRANSPORTE, LANÇAMENTO E ADENSAMENTO "},{"$f":"PROCURA_UNIDADE_SERVICO","v":"M3"},0.59,{"$f":"PROCURA_PRECO_SERVICO","v":505.88},638.62,376.78,null,null,null,null,"SERVIÇO",null,null,null,"NIVEL 4","NIVEL 4","NIVEL 4","NIVEL 4",{"$f":"COUNTIF($R$1:$R314,\"NIVEL 1\")","v":5},3,1,5,{"$f":"ADDRESS(MATCH(COUNTIF($R$1:$R314,\"NIVEL 1\"),V:V,0),COLUMN(S314))","v":"$S$208"},{"$f":"ADDRESS(MATCH(COUNTIF($R$1:$R314,\"NIVEL 1\"),V:V,0),COLUMN(W314))","v":"$W$208"},{"$f":"ADDRESS((MATCH(COUNTIF(INDIRECT(Z314):$S314,\"NIVEL 2\"),INDIRECT(AA314):W314,0)+(MATCH(COUNTIF($R$1:$R314,\"NIVEL 1\"),V:V,0)-1)),COLUMN(T314))","v":"$T$306"},null,null,null,null,null,null,null,null,null,null,null,null,null,null,null,null,null,null,null,null,null,null,null,null,null,null,{"$f":"PROCURA_PRECO_SERVICO","v":505.88}]
["5.3.1.6","SETOP","ED-50174",{"$f":"PROCURA_DESCRICAO_SERVICO","v":"PINTURA COM EMULSÃO ASFÁLTICA, DUAS (2) DEMÃOS"},{"$f":"PROCURA_UNIDADE_SERVICO","v":"M2"},44.45,{"$f":"PROCURA_PRECO_SERVICO","v":23.69},29.9,1329.05,null,null,null,null,"SERVIÇO",null,null,null,"NIVEL 4","NIVEL 4","NIVEL 4","NIVEL 4",{"$f":"COUNTIF($R$1:$R315,\"NIVEL 1\")","v":5},3,1,6,{"$f":"ADDRESS(MATCH(COUNTIF($R$1:$R315,\"NIVEL 1\"),V:V,0),COLUMN(S315))","v":"$S$208"},{"$f":"ADDRESS(MATCH(COUNTIF($R$1:$R315,\"NIVEL 1\"),V:V,0),COLUMN(W315))","v":"$W$208"},{"$f":"ADDRESS((MATCH(COUNTIF(INDIRECT(Z315):$S315,\"NIVEL 2\"),INDIRECT(AA315):W315,0)+(MATCH(COUNTIF($R$1:$R315,\"NIVEL 1\"),V:V,0)-1)),COLUMN(T315))","v":"$T$306"},null,null,null,null,null,null,null,null,null,null,null,null,null,null,null,null,null,null,null,null,null,null,null,null,null,null,{"$f":"PROCURA_PRECO_SERVICO","v":23.69}]
["5.3.1.7","SETOP","ED-49805",{"$f":"PROCURA_DESCRICAO_SERVICO","v":"FORNECIMENTO DE CONCRETO ESTRUTURAL, USINADO BOMBEADO, COM FCK 25 MPA, INCLUSIVE LANÇAMENTO, ADENSAMENTO E ACABAMENTO (FUNDAÇÃO)"},{"$f":"PROCURA_UNIDADE_SERVICO","v":"M3"},4.836,{"$f":"PROCURA_PRECO_SERVICO","v":683.31},862.61,4171.58,null,null,null,null,"SERVIÇO",null,null,null,"NIVEL 4","NIVEL 4","NIVEL 4","NIVEL 4",{"$f":"COUNTIF($R$1:$R316,\"NIVEL 1\")","v":5},3,1,7,{"$f":"ADDRESS(MATCH(COUNTIF($R$1:$R316,\"NIVEL 1\"),V:V,0),COLUMN(S316))","v":"$S$208"},{"$f":"ADDRESS(MATCH(COUNTIF($R$1:$R316,\"NIVEL 1\"),V:V,0),COLUMN(W316))","v":"$W$208"},{"$f":"ADDRESS((MATCH(COUNTIF(INDIRECT(Z316):$S316,\"NIVEL 2\"),INDIRECT(AA316):W316,0)+(MATCH(COUNTIF($R$1:$R316,\"NIVEL 1\"),V:V,0)-1)),COLUMN(T316))","v":"$T$306"},null,null,null,null,null,null,null,null,null,null,null,null,null,null,null,null,null,null,null,null,null,null,null,null,null,null,{"$f":"PROCURA_PRECO_SERVICO","v":683.31}]
["5.3.1.8","SINAPI","93382",{"$f":"PROCURA_DESCRICAO_SERVICO","v":"REATERRO MANUAL DE VALAS COM COMPACTAÇÃO MECANIZADA. AF_04/2016"},{"$f":"PROCURA_UNIDADE_SERVICO","v":"M3"},28.67,{"$f":"PROCURA_PRECO_SERVICO","v":"32,23"},40.68,1166.29,null,null,null,null,"SERVIÇO",null,null,null,"NIVEL 4","NIVEL 4","NIVEL 4","NIVEL 4",{"$f":"COUNTIF($R$1:$R317,\"NIVEL 1\")","v":5},3,1,8,{"$f":"ADDRESS(MATCH(COUNTIF($R$1:$R317,\"NIVEL 1\"),V:V,0),COLUMN(S317))","v":"$S$208"},{"$f":"ADDRESS(MATCH(COUNTIF($R$1:$R317,\"NIVEL 1\"),V:V,0),COLUMN(W317))","v":"$W$208"},{"$f":"ADDRESS((MATCH(COUNTIF(INDIRECT(Z317):$S317,\"NIVEL 2\"),INDIRECT(AA317):W317,0)+(MATCH(COUNTIF($R$1:$R317,\"NIVEL 1\"),V:V,0)-1)),COLUMN(T317))","v":"$T$306"},null,null,null,null,null,null,null,null,null,null,null,null,null,null,null,null,null,null,null,null,null,null,null,null,null,null,{"$f":"PROCURA_PRECO_SERVICO","v":"32,23"}]
["5.3.1.9","SINAPI","100974",{"$f":"PROCURA_DESCRICAO_SERVICO","v":"CARGA, MANOBRA E DESCARGA DE SOLOS E MATERIAIS GRANULARES EM CAMINHÃO BASCULANTE 10 M³ - CARGA COM PÁ CARREGADEIRA (CAÇAMBA DE 1,7 A 2,8 M³ / 128 HP) E DESCARGA LIVRE (UNIDADE: M3). AF_07/2020"},{"$f":"PROCURA_UNIDADE_SERVICO","v":"M3"},8.47,{"$f":"PROCURA_PRECO_SERVICO","v":"8,49"},10.71,90.71,null,null,null,null,"SERVIÇO",null,null,null,"NIVEL 4","NIVEL 4","NIVEL 4","NIVEL 4",{"$f":"COUNTIF($R$1:$R318,\"NIVEL 1\")","v":5},3,1,9,{"$f":"ADDRESS(MATCH(COUNTIF($R$1:$R318,\"NIVEL 1\"),V:V,0),COLUMN(S318))","v":"$S$208"},{"$f":"ADDRESS(MATCH(COUNTIF($R$1:$R318,\"NIVEL 1\"),V:V,0),COLUMN(W318))","v":"$W$208"},{"$f":"ADDRESS((MATCH(COUNTIF(INDIRECT(Z318):$S318,\"NIVEL 2\"),INDIRECT(AA318):W318,0)+(MATCH(COUNTIF($R$1:$R318,\"NIVEL 1\"),V:V,0)-1)),COLUMN(T318))","v":"$T$306"},null,null,null,null,null,null,null,null,null,null,null,null,null,null,null,null,null,null,null,null,null,null,null,null,null,null,{"$f":"PROCURA_PRECO_SERVICO","v":"8,49"}]
["5.3.1.10","SINAPI","95875",{"$f":"PROCURA_DESCRICAO_SERVICO","v":"TRANSPORTE COM CAMINHÃO BASCULANTE DE 10 M³, EM VIA URBANA PAVIMENTADA, DMT ATÉ 30 KM (UNIDADE: M3XKM). AF_07/2020"},{"$f":"PROCURA_UNIDADE_SERVICO","v":"M3XKM"},127.09,{"$f":"PROCURA_PRECO_SERVICO","v":"2,31"},2.91,369.83,null,null,null,null,"SERVIÇO",null,null,null,"NIVEL 4","NIVEL 4","NIVEL 4","NIVEL 4",{"$f":"COUNTIF($R$1:$R319,\"NIVEL 1\")","v":5},3,1,10,{"$f":"ADDRESS(MATCH(COUNTIF($R$1:$R319,\"NIVEL 1\"),V:V,0),COLUMN(S319))","v":"$S$208"},{"$f":"ADDRESS(MATCH(COUNTIF($R$1:$R319,\"NIVEL 1\"),V:V,0),COLUMN(W319))","v":"$W$208"},{"$f":"ADDRESS((MATCH(COUNTIF(INDIRECT(Z319):$S319,\"NIVEL 2\"),INDIRECT(AA319):W319,0)+(MATCH(COUNTIF($R$1:$R319,\"NIVEL 1\"),V:V,0)-1)),COLUMN(T319))","v":"$T$306"},null,null,null,null,null,null,null,null,null,null,null,null,null,null,null,null,null,null,null,null,null,null,null,null,null,null,{"$f":"PROCURA_PRECO_SERVICO","v":"2,31"}]
["5.3.1.11","SINAPI","100574",{"$f":"PROCURA_DESCRICAO_SERVICO","v":"ESPALHAMENTO DE MATERIAL COM TRATOR DE ESTEIRAS. AF_11/2019"},{"$f":"PROCURA_UNIDADE_SERVICO","v":"M3"},8.47,{"$f":"PROCURA_PRECO_SERVICO","v":"1,36"},1.71,14.48,null,null,null,null,"SERVIÇO",null,null,null,"NIVEL 4","NIVEL 4","NIVEL 4","NIVEL 4",{"$f":"COUNTIF($R$1:$R320,\"NIVEL 1\")","v":5},3,1,11,{"$f":"ADDRESS(MATCH(COUNTIF($R$1:$R320,\"NIVEL 1\"),V:V,0),COLUMN(S320))","v":"$S$208"},{"$f":"ADDRESS(MATCH(COUNTIF($R$1:$R320,\"NIVEL 1\"),V:V,0),COLUMN(W320))","v":"$W$208"},{"$f":"ADDRESS((MATCH(COUNTIF(INDIRECT(Z320):$S320,\"NIVEL 2\"),INDIRECT(AA320):W320,0)+(MATCH(COUNTIF($R$1:$R320,\"NIVEL 1\"),V:V,0)-1)),COLUMN(T320))","v":"$T$306"},null,null,null,null,null,null,null,null,null,null,null,null,null,null,null,null,null,null,null,null,null,null,null,null,null,null,{"$f":"PROCURA_PRECO_SERVICO","v":"1,36"}]
[null,null,null,null,null,null,null,null,null,null,null,null,null,null,null,null,null,null,null,null,null,{"$f":"COUNTIF($R$2:$R321,\"NIVEL 1\")","v":5},3,1,0,{"$f":"ADDRESS(MATCH(COUNTIF($R$2:$R321,\"NIVEL 1\"),V:V,0),COLUMN(S321))","v":"$S$208"},{"$f":"ADDRESS(MATCH(COUNTIF($R$2:$R321,\"NIVEL 1\"),V:V,0),COLUMN(W321))","v":"$W$208"},{"$f":"ADDRESS((MATCH(COUNTIF(INDIRECT(Z321):$S321,\"NIVEL 2\"),INDIRECT(AA321):W321,0)+(MATCH(COUNTIF($R$2:$R321,\"NIVEL 1\"),V:V,0)-1)),COLUMN(T321))","v":"$T$306"},null,null,null,null,null,null,null,null,null,null,null,null,null,null,null,null,null,null,null,null,null,null,null,null,null,null,{"$f":"PROCURA_PRECO_SERVICO","v":0}]
[null,null,null,{"$f":"\"SUBTOTAL DO ITEM - \"&A308","v":"SUBTOTAL DO ITEM - 5.3.1"},null,null,null,null,{"$f":"SUBTOTAL(9,OFFSET(I308,1,0):OFFSET(I322,-1,0))","v":17215.92},null,null,null,null,"SUBSUBITEM_FIM",null,null,null,null,null,null,null,{"$f":"COUNTIF($R$2:$R322,\"NIVEL 1\")","v":5},3,1,0,{"$f":"ADDRESS(MATCH(COUNTIF($R$2:$R322,\"NIVEL 1\"),V:V,0),COLUMN(S322))","v":"$S$208"},{"$f":"ADDRESS(MATCH(COUNTIF($R$2:$R322,\"NIVEL 1\"),V:V,0),COLUMN(W322))","v":"$W$208"},{"$f":"ADDRESS((MATCH(COUNTIF(INDIRECT(Z322):$S322,\"NIVEL 2\"),INDIRECT(AA322):W322,0)+(MATCH(COUNTIF($R$2:$R322,\"NIVEL 1\"),V:V,0)-1)),COLUMN(T322))","v":"$T$306"},null,null,null,null,null,null,null,null,null,null,null,null,null,null,null,null,null,null,null,null,null,null,null,null,null,null,{"$f":"PROCURA_PRECO_SERVICO","v":0}]
[null,null,null,null,null,null,null,null,null,null,null,null,null,null,null,null,null,null,null,null,null,{"$f":"COUNTIF($R$2:$R323,\"NIVEL 1\")","v":5},3,1,0,{"$f":"ADDRESS(MATCH(COUNTIF($R$2:$R323,\"NIVEL 1\"),V:V,0),COLUMN(S323))","v":"$S$208"},{"$f":"ADDRESS(MATCH(COUNTIF($R$2:$R323,\"NIVEL 1\"),V:V,0),COLUMN(W323))","v":"$W$208"},{"$f":"ADDRESS((MATCH(COUNTIF(INDIRECT(Z323):$S323,\"NIVEL 2\"),INDIRECT(AA323):W323,0)+(MATCH(COUNTIF($R$2:$R323,\"NIVEL 1\"),V:V,0)-1)),COLUMN(T323))","v":"$T$306"},null,null,null,null,null,null,null,null,null,null,null,null,null,null,null,null,null,null,null,null,null,null,null,null,null,null,{"$f":"PROCURA_PRECO_SERVICO","v":0}]
[null,null,null,{"$f":"\"SUBTOTAL DO ITEM  - \"&A306","v":"SUBTOTAL DO ITEM  - 5.3"},null,null,null,null,{"$f":"SUBTOTAL(9,OFFSET(I306,1,0):OFFSET(I324,-1,0))","v":17215.92},null,null,null,null,"SUBITEM_FIM",null,null,null,null,null,null,null,{"$f":"COUNTIF($R$2:$R324,\"NIVEL 1\")","v":5},3,1,0,{"$f":"ADDRESS(MATCH(COUNTIF($R$2:$R324,\"NIVEL 1\"),V:V,0),COLUMN(S324))","v":"$S$208"},{"$f":"ADDRESS(MATCH(COUNTIF($R$2:$R324,\"NIVEL 1\"),V:V,0),COLUMN(W324))","v":"$W$208"},{"$f":"ADDRESS((MATCH(COUNTIF(INDIRECT(Z324):$S324,\"NIVEL 2\"),INDIRECT(AA324):W324,0)+(MATCH(COUNTIF($R$2:$R324,\"NIVEL 1\"),V:V,0)-1)),COLUMN(T324))","v":"$T$306"},null,null,null,null,null,null,null,null,null,null,null,null,null,null,null,null,null,null,null,null,null,null,null,null,null,null,{"$f":"PROCURA_PRECO_SERVICO","v":0}]
[null,null,null,null,null,null,null,null,null,null,null,null,null,null,null,null,null,null,null,null,null,{"$f":"COUNTIF($R$2:$R325,\"NIVEL 1\")","v":5},3,1,0,{"$f":"ADDRESS(MATCH(COUNTIF($R$2:$R325,\"NIVEL 1\"),V:V,0),COLUMN(S325))","v":"$S$208"},{"$f":"ADDRESS(MATCH(COUNTIF($R$2:$R325,\"NIVEL 1\"),V:V,0),COLUMN(W325))","v":"$W$208"},{"$f":"ADDRESS((MATCH(COUNTIF(INDIRECT(Z325):$S325,\"NIVEL 2\"),INDIRECT(AA325):W325,0)+(MATCH(COUNTIF($R$2:$R325,\"NIVEL 1\"),V:V,0)-1)),COLUMN(T325))","v":"$T$306"},null,null,null,null,null,null,null,null,null,null,null,null,null,null,null,null,null,null,null,null,null,null,null,null,null,null,{"$f":"PROCURA_PRECO_SERVICO","v":0}]
[null,null,null,{"$f":"\"TOTAL DO ITEM - \"&A208","v":"TOTAL DO ITEM - 5"},null,null,null,null,{"$f":"SUBTOTAL(9,OFFSET(I208,1,0):OFFSET(I326,-1,0))","v":47959.45},null,null,null,null,"ITEM_FIM",null,null,null,null,null,null,null,{"$f":"COUNTIF($R$2:$R326,\"NIVEL 1\")","v":5},3,1,0,{"$f":"ADDRESS(MATCH(COUNTIF($R$2:$R326,\"NIVEL 1\"),V:V,0),COLUMN(S326))","v":"$S$208"},{"$f":"ADDRESS(MATCH(COUNTIF($R$2:$R326,\"NIVEL 1\"),V:V,0),COLUMN(W326))","v":"$W$208"},{"$f":"ADDRESS((MATCH(COUNTIF(INDIRECT(Z326):$S326,\"NIVEL 2\"),INDIRECT(AA326):W326,0)+(MATCH(COUNTIF($R$2:$R326,\"NIVEL 1\"),V:V,0)-1)),COLUMN(T326))","v":"$T$306"},null,null,null,null,null,null,null,null,null,null,null,null,null,null,null,null,null,null,null,null,null,null,null,null,null,null,{"$f":"PROCURA_PRECO_SERVICO","v":0}]
[null,null,null,null,null,null,null,{"$f":"TRUNC(G327*(1+$I$3),2)","v":0},null,null,null,null,null,null,null,null,null,null,null,null,null,{"$f":"COUNTIF($R$2:$R327,\"NIVEL 1\")","v":5},3,1,0,{"$f":"ADDRESS(MATCH(COUNTIF($R$2:$R327,\"NIVEL 1\"),V:V,0),COLUMN(S327))","v":"$S$208"},{"$f":"ADDRESS(MATCH(COUNTIF($R$2:$R327,\"NIVEL 1\"),V:V,0),COLUMN(W327))","v":"$W$208"},{"$f":"ADDRESS((MATCH(COUNTIF(INDIRECT(Z327):$S327,\"NIVEL 2\"),INDIRECT(AA327):W327,0)+(MATCH(COUNTIF($R$2:$R327,\"NIVEL 1\"),V:V,0)-1)),COLUMN(T327))","v":"$T$306"},null,null,null,null,null,null,null,null,null,null,null,null,null,null,null,null,null,null,null,null,null,null,null,null,null,null,{"$f":"PROCURA_PRECO_SERVICO","v":0}]
[{"$f":"V328","v":6},null,null,"SUPERESTRUTURAS EM CONCRETO ARMADO (VIGAS / PILARES / LAJES)",null,null,null,null,null,null,null,null,null,"ITEM_INICIO",null,null,null,"NIVEL 1",null,null,null,{"$f":"COUNTIF($R$2:$R328,\"NIVEL 1\")","v":6},{"$f":"IFERROR(COUNTIF(INDIRECT(Z328):S328,\"NIVEL 2\"),0)","v":0},{"$f":"COUNTIF(INDIRECT(AB328):T328,\"NIVEL 3\")","v":0},0,{"$f":"ADDRESS(MATCH(COUNTIF($R$2:$R328,\"NIVEL 1\"),V:V,0),COLUMN(S328))","v":"$S$328"},{"$f":"ADDRESS(MATCH(COUNTIF($R$2:$R328,\"NIVEL 1\"),V:V,0),COLUMN(W328))","v":"$W$328"},{"$f":"ADDRESS((MATCH(COUNTIF(INDIRECT(Z328):$S328,\"NIVEL 2\"),INDIRECT(AA328):W328,0)+(MATCH(COUNTIF($R$2:$R328,\"NIVEL 1\"),V:V,0)-1)),COLUMN(T328))","v":"$T$328"},null,{"$f":"A328","v":6},null,null,{"$f":"D328","v":"SUPERESTRUTURAS EM CONCRETO ARMADO (VIGAS / PILARES / LAJES)"},{"$f":"I447","v":90132.45},{"$f":"AH328/$I$1374","v":0.0462238146938307},null,null,null,null,null,null,null,null,null,null,null,null,null,null,null,null,null,null,null,{"$f":"PROCURA_PRECO_SERVICO","v":0}]
[null,null,null,null,null,null,null,null,null,null,null,null,null,null,null,null,null,null,null,null,null,{"$f":"COUNTIF($R$2:$R329,\"NIVEL 1\")","v":6},0,0,0,{"$f":"ADDRESS(MATCH(COUNTIF($R$2:$R329,\"NIVEL 1\"),V:V,0),COLUMN(S329))","v":"$S$328"},{"$f":"ADDRESS(MATCH(COUNTIF($R$2:$R329,\"NIVEL 1\"),V:V,0),COLUMN(W329))","v":"$W$328"},{"$f":"ADDRESS((MATCH(COUNTIF(INDIRECT(Z329):$S329,\"NIVEL 2\"),INDIRECT(AA329):W329,0)+(MATCH(COUNTIF($R$2:$R329,\"NIVEL 1\"),V:V,0)-1)),COLUMN(T329))","v":"$T$328"},null,null,null,null,null,null,null,null,null,null,null,null,null,null,null,null,null,null,null,null,null,null,null,null,null,null,{"$f":"PROCURA_PRECO_SERVICO","v":0}]
[{"$f":"V330&\".\"&W330","v":"6.1"},null,null,"SUPERESTRUTURA ÁREA 01",null,null,null,null,null,null,null,null,null,"SUBITEM_INICIO",null,null,null,"NIVEL 2","NIVEL 2",null,null,{"$f":"COUNTIF($R$2:$R330,\"NIVEL 1\")","v":6},1,0,0,{"$f":"ADDRESS(MATCH(COUNTIF($R$2:$R330,\"NIVEL 1\"),V:V,0),COLUMN(S330))","v":"$S$328"},{"$f":"ADDRESS(MATCH(COUNTIF($R$2:$R330,\"NIVEL 1\"),V:V,0),COLUMN(W330))","v":"$W$328"},{"$f":"ADDRESS((MATCH(COUNTIF(INDIRECT(Z330):$S330,\"NIVEL 2\"),INDIRECT(AA330):W330,0)+(MATCH(COUNTIF($R$2:$R330,\"NIVEL 1\"),V:V,0)-1)),COLUMN(T330))","v":"$T$330"},null,null,null,null,null,null,null,null,null,null,null,null,null,null,null,null,null,null,null,null,null,null,null,null,null,null,{"$f":"PROCURA_PRECO_SERVICO","v":0}]
[null,null,null,null,null,null,null,null,null,null,null,null,null,null,null,null,null,null,null,null,null,{"$f":"COUNTIF($R$2:$R331,\"NIVEL 1\")","v":6},1,0,0,{"$f":"ADDRESS(MATCH(COUNTIF($R$2:$R331,\"NIVEL 1\"),V:V,0),COLUMN(S331))","v":"$S$328"},{"$f":"ADDRESS(MATCH(COUNTIF($R$2:$R331,\"NIVEL 1\"),V:V,0),COLUMN(W331))","v":"$W$328"},{"$f":"ADDRESS((MATCH(COUNTIF(INDIRECT(Z331):$S331,\"NIVEL 2\"),INDIRECT(AA331):W331,0)+(MATCH(COUNTIF($R$2:$R331,\"NIVEL 1\"),V:V,0)-1)),COLUMN(T331))","v":"$T$330"},null,null,null,null,null,null,null,null,null,null,null,null,null,null,null,null,null,null,null,null,null,null,null,null,null,null,{"$f":"PROCURA_PRECO_SERVICO","v":0}]
[{"$f":"V332&\".\"&W332&\".\"&X332","v":"6.1.1"},null,null,"PILAR",null,null,null,null,null,null,null,null,null,"SUBSUBITEM_INICIO",null,null,null,"NIVEL 3","NIVEL 3","NIVEL 3",null,{"$f":"COUNTIF($R$2:$R332,\"NIVEL 1\")","v":6},1,1,0,{"$f":"ADDRESS(MATCH(COUNTIF($R$2:$R332,\"NIVEL 1\"),V:V,0),COLUMN(S332))","v":"$S$328"},{"$f":"ADDRESS(MATCH(COUNTIF($R$2:$R332,\"NIVEL 1\"),V:V,0),COLUMN(W332))","v":"$W$328"},{"$f":"ADDRESS((MATCH(COUNTIF(INDIRECT(Z332):$S332,\"NIVEL 2\"),INDIRECT(AA332):W332,0)+(MATCH(COUNTIF($R$2:$R332,\"NIVEL 1\"),V:V,0)-1)),COLUMN(T332))","v":"$T$330"},null,null,null,null,null,null,null,null,null,null,null,null,null,null,null,null,null,null,null,null,null,null,null,null,null,null,{"$f":"PROCURA_PRECO_SERVICO","v":0}]
[null,null,null,null,null,null,null,null,null,null,null,null,null,null,null,null,null,null,null,null,null,{"$f":"COUNTIF($R$2:$R333,\"NIVEL 1\")","v":6},1,1,0,{"$f":"ADDRESS(MATCH(COUNTIF($R$2:$R333,\"NIVEL 1\"),V:V,0),COLUMN(S333))","v":"$S$328"},{"$f":"ADDRESS(MATCH(COUNTIF($R$2:$R333,\"NIVEL 1\"),V:V,0),COLUMN(W333))","v":"$W$328"},{"$f":"ADDRESS((MATCH(COUNTIF(INDIRECT(Z333):$S333,\"NIVEL 2\"),INDIRECT(AA333):W333,0)+(MATCH(COUNTIF($R$2:$R333,\"NIVEL 1\"),V:V,0)-1)),COLUMN(T333))","v":"$T$330"},null,null,null,null,null,null,null,null,null,null,null,null,null,null,null,null,null,null,null,null,null,null,null,null,null,null,{"$f":"PROCURA_PRECO_SERVICO","v":0}]
[{"$f":"V334&\".\"&W334&\".\"&X334&\".\"&Y334","v":"6.1.1.1"},"SETOP","ED-49638",{"$f":"PROCURA_DESCRICAO_SERVICO","v":"FORNECIMENTO DE CONCRETO ESTRUTURAL, USINADO BOMBEADO, COM FCK 25 MPA, INCLUSIVE LANÇAMENTO, ADENSAMENTO E ACABAMENTO"},{"$f":"PROCURA_UNIDADE_SERVICO","v":"M3"},1.6,{"$f":"PROCURA_PRECO_SERVICO","v":696.13},{"$f":"CUSTO_BDI_SERVICO","v":878.79},{"$f":"CUSTO_TOTAL_SERVICO","v":1406.06},null,null,null,null,"SERVIÇO",null,null,null,"NIVEL 4","NIVEL 4","NIVEL 4","NIVEL 4",{"$f":"COUNTIF($R$2:$R334,\"NIVEL 1\")","v":6},1,1,1,{"$f":"ADDRESS(MATCH(COUNTIF($R$2:$R334,\"NIVEL 1\"),V:V,0),COLUMN(S334))","v":"$S$328"},{"$f":"ADDRESS(MATCH(COUNTIF($R$2:$R334,\"NIVEL 1\"),V:V,0),COLUMN(W334))","v":"$W$328"},{"$f":"ADDRESS((MATCH(COUNTIF(INDIRECT(Z334):$S334,\"NIVEL 2\"),INDIRECT(AA334):W334,0)+(MATCH(COUNTIF($R$2:$R334,\"NIVEL 1\"),V:V,0)-1)),COLUMN(T334))","v":"$T$330"},null,null,null,null,null,null,null,null,null,null,null,null,null,null,null,null,null,null,null,null,null,null,null,null,null,null,{"$f":"PROCURA_PRECO_SERVICO","v":696.13}]
[{"$f":"V335&\".\"&W335&\".\"&X335&\".\"&Y335","v":"6.1.1.2"},"SETOP","ED-48298",{"$f":"PROCURA_DESCRICAO_SERVICO","v":"CORTE, DOBRA E MONTAGEM DE AÇO CA-50/60"},{"$f":"PROCURA_UNIDADE_SERVICO","v":"KG"},130.4,{"$f":"PROCURA_PRECO_SERVICO","v":13.42},{"$f":"CUSTO_BDI_SERVICO","v":16.94},{"$f":"CUSTO_TOTAL_SERVICO","v":2208.97},null,null,null,null,"SERVIÇO",null,null,null,"NIVEL 4","NIVEL 4","NIVEL 4","NIVEL 4",{"$f":"COUNTIF($R$2:$R335,\"NIVEL 1\")","v":6},1,1,{"$f":"IF(U335=\"NIVEL 4\",OFFSET(Y335,-1,0)+1,0)","v":2},{"$f":"ADDRESS(MATCH(COUNTIF($R$2:$R335,\"NIVEL 1\"),V:V,0),COLUMN(S335))","v":"$S$328"},{"$f":"ADDRESS(MATCH(COUNTIF($R$2:$R335,\"NIVEL 1\"),V:V,0),COLUMN(W335))","v":"$W$328"},{"$f":"ADDRESS((MATCH(COUNTIF(INDIRECT(Z335):$S335,\"NIVEL 2\"),INDIRECT(AA335):W335,0)+(MATCH(COUNTIF($R$2:$R335,\"NIVEL 1\"),V:V,0)-1)),COLUMN(T335))","v":"$T$330"},null,null,null,null,null,null,null,null,null,null,null,null,null,null,null,null,null,null,null,null,null,null,null,null,null,null,{"$f":"PROCURA_PRECO_SERVICO","v":13.42}]
[{"$f":"V336&\".\"&W336&\".\"&X336&\".\"&Y336","v":"6.1.1.3"},"SINAPI","92419",{"$f":"PROCURA_DESCRICAO_SERVICO","v":"MONTAGEM E DESMONTAGEM DE FÔRMA DE PILARES RETANGULARES E ESTRUTURAS SIMILARES, PÉ-DIREITO SIMPLES, EM CHAPA DE MADEIRA COMPENSADA RESINADA, 4 UTILIZAÇÕES. AF_09/2020"},{"$f":"PROCURA_UNIDADE_SERVICO","v":"M2"},33.21,{"$f":"PROCURA_PRECO_SERVICO","v":"84,10"},{"$f":"CUSTO_BDI_SERVICO","v":106.16},{"$f":"CUSTO_TOTAL_SERVICO","v":3525.57},null,null,null,null,"SERVIÇO",null,null,null,"NIVEL 4","NIVEL 4","NIVEL 4","NIVEL 4",{"$f":"COUNTIF($R$2:$R336,\"NIVEL 1\")","v":6},1,1,3,{"$f":"ADDRESS(MATCH(COUNTIF($R$2:$R336,\"NIVEL 1\"),V:V,0),COLUMN(S336))","v":"$S$328"},{"$f":"ADDRESS(MATCH(COUNTIF($R$2:$R336,\"NIVEL 1\"),V:V,0),COLUMN(W336))","v":"$W$328"},{"$f":"ADDRESS((MATCH(COUNTIF(INDIRECT(Z336):$S336,\"NIVEL 2\"),INDIRECT(AA336):W336,0)+(MATCH(COUNTIF($R$2:$R336,\"NIVEL 1\"),V:V,0)-1)),COLUMN(T336))","v":"$T$330"},null,null,null,null,null,null,null,null,null,null,null,null,null,null,null,null,null,null,null,null,null,null,null,null,null,null,{"$f":"PROCURA_PRECO_SERVICO","v":"84,10"}]
[null,null,null,null,null,null,null,null,null,null,null,null,null,null,null,null,null,null,null,null,null,{"$f":"COUNTIF($R$2:$R337,\"NIVEL 1\")","v":6},1,1,0,{"$f":"ADDRESS(MATCH(COUNTIF($R$2:$R337,\"NIVEL 1\"),V:V,0),COLUMN(S337))","v":"$S$328"},{"$f":"ADDRESS(MATCH(COUNTIF($R$2:$R337,\"NIVEL 1\"),V:V,0),COLUMN(W337))","v":"$W$328"},{"$f":"ADDRESS((MATCH(COUNTIF(INDIRECT(Z337):$S337,\"NIVEL 2\"),INDIRECT(AA337):W337,0)+(MATCH(COUNTIF($R$2:$R337,\"NIVEL 1\"),V:V,0)-1)),COLUMN(T337))","v":"$T$330"},null,null,null,null,null,null,null,null,null,null,null,null,null,null,null,null,null,null,null,null,null,null,null,null,null,null,{"$f":"PROCURA_PRECO_SERVICO","v":0}]
[null,null,null,{"$f":"\"SUBTOTAL DO ITEM - \"&A332","v":"SUBTOTAL DO ITEM - 6.1.1"},null,null,null,null,{"$f":"SUBTOTAL(9,OFFSET(I332,1,0):OFFSET(I338,-1,0))","v":7140.6},null,null,null,null,"SUBSUBITEM_FIM",null,null,null,null,null,null,null,{"$f":"COUNTIF($R$2:$R338,\"NIVEL 1\")","v":6},1,1,0,{"$f":"ADDRESS(MATCH(COUNTIF($R$2:$R338,\"NIVEL 1\"),V:V,0),COLUMN(S338))","v":"$S$328"},{"$f":"ADDRESS(MATCH(COUNTIF($R$2:$R338,\"NIVEL 1\"),V:V,0),COLUMN(W338))","v":"$W$328"},{"$f":"ADDRESS((MATCH(COUNTIF(INDIRECT(Z338):$S338,\"NIVEL 2\"),INDIRECT(AA338):W338,0)+(MATCH(COUNTIF($R$2:$R338,\"NIVEL 1\"),V:V,0)-1)),COLUMN(T338))","v":"$T$330"},null,null,null,null,null,null,null,null,null,null,null,null,null,null,null,null,null,null,null,null,null,null,null,null,null,null,{"$f":"PROCURA_PRECO_SERVICO","v":0}]
[null,null,null,null,null,null,null,null,null,null,null,null,null,null,null,null,null,null,null,null,null,{"$f":"COUNTIF($R$2:$R339,\"NIVEL 1\")","v":6},1,1,0,{"$f":"ADDRESS(MATCH(COUNTIF($R$2:$R339,\"NIVEL 1\"),V:V,0),COLUMN(S339))","v":"$S$328"},{"$f":"ADDRESS(MATCH(COUNTIF($R$2:$R339,\"NIVEL 1\"),V:V,0),COLUMN(W339))","v":"$W$328"},{"$f":"ADDRESS((MATCH(COUNTIF(INDIRECT(Z339):$S339,\"NIVEL 2\"),INDIRECT(AA339):W339,0)+(MATCH(COUNTIF($R$2:$R339,\"NIVEL 1\"),V:V,0)-1)),COLUMN(T339))","v":"$T$330"},null,null,null,null,null,null,null,null,null,null,null,null,null,null,null,null,null,null,null,null,null,null,null,null,null,null,{"$f":"PROCURA_PRECO_SERVICO","v":0}]
[null,null,null,{"$f":"\"SUBTOTAL DO ITEM  - \"&A330","v":"SUBTOTAL DO ITEM  - 6.1"},null,null,null,null,{"$f":"SUBTOTAL(9,OFFSET(I330,1,0):OFFSET(I340,-1,0))","v":7140.6},null,null,null,null,"SUBITEM_FIM",null,null,null,null,null,null,null,{"$f":"COUNTIF($R$2:$R340,\"NIVEL 1\")","v":6},1,1,0,{"$f":"ADDRESS(MATCH(COUNTIF($R$2:$R340,\"NIVEL 1\"),V:V,0),COLUMN(S340))","v":"$S$328"},{"$f":"ADDRESS(MATCH(COUNTIF($R$2:$R340,\"NIVEL 1\"),V:V,0),COLUMN(W340))","v":"$W$328"},{"$f":"ADDRESS((MATCH(COUNTIF(INDIRECT(Z340):$S340,\"NIVEL 2\"),INDIRECT(AA340):W340,0)+(MATCH(COUNTIF($R$2:$R340,\"NIVEL 1\"),V:V,0)-1)),COLUMN(T340))","v":"$T$330"},null,null,null,null,null,null,null,null,null,null,null,null,null,null,null,null,null,null,null,null,null,null,null,null,null,null,{"$f":"PROCURA_PRECO_SERVICO","v":0}]
[null,null,null,null,null,null,null,null,null,null,null,null,null,null,null,null,null,null,null,null,null,{"$f":"COUNTIF($R$2:$R341,\"NIVEL 1\")","v":6},1,1,{"$f":"IF(U341=\"NIVEL 4\",OFFSET(Y341,-1,0)+1,0)","v":0},{"$f":"ADDRESS(MATCH(COUNTIF($R$2:$R341,\"NIVEL 1\"),V:V,0),COLUMN(S341))","v":"$S$328"},{"$f":"ADDRESS(MATCH(COUNTIF($R$2:$R341,\"NIVEL 1\"),V:V,0),COLUMN(W341))","v":"$W$328"},{"$f":"ADDRESS((MATCH(COUNTIF(INDIRECT(Z341):$S341,\"NIVEL 2\"),INDIRECT(AA341):W341,0)+(MATCH(COUNTIF($R$2:$R341,\"NIVEL 1\"),V:V,0)-1)),COLUMN(T341))","v":"$T$330"},null,null,null,null,null,null,null,null,null,null,null,null,null,null,null,null,null,null,null,null,null,null,null,null,null,null,{"$f":"PROCURA_PRECO_SERVICO","v":0}]
[{"$f":"V342&\".\"&W342","v":"6.2"},null,null,"SUPERESTRUTURA ÁREA 02",null,null,null,null,null,null,null,null,null,"SUBITEM_INICIO",null,null,null,"NIVEL 2","NIVEL 2",null,null,{"$f":"COUNTIF($R$2:$R342,\"NIVEL 1\")","v":6},2,0,0,{"$f":"ADDRESS(MATCH(COUNTIF($R$2:$R342,\"NIVEL 1\"),V:V,0),COLUMN(S342))","v":"$S$328"},{"$f":"ADDRESS(MATCH(COUNTIF($R$2:$R342,\"NIVEL 1\"),V:V,0),COLUMN(W342))","v":"$W$328"},{"$f":"ADDRESS((MATCH(COUNTIF(INDIRECT(Z342):$S342,\"NIVEL 2\"),INDIRECT(AA342):W342,0)+(MATCH(COUNTIF($R$2:$R342,\"NIVEL 1\"),V:V,0)-1)),COLUMN(T342))","v":"$T$342"},null,null,null,null,null,null,null,null,null,null,null,null,null,null,null,null,null,null,null,null,null,null,null,null,null,null,{"$f":"PROCURA_PRECO_SERVICO","v":0}]
[null,null,null,null,null,null,null,null,null,null,null,null,null,null,null,null,null,null,null,null,null,{"$f":"COUNTIF($R$2:$R343,\"NIVEL 1\")","v":6},2,0,0,{"$f":"ADDRESS(MATCH(COUNTIF($R$2:$R343,\"NIVEL 1\"),V:V,0),COLUMN(S343))","v":"$S$328"},{"$f":"ADDRESS(MATCH(COUNTIF($R$2:$R343,\"NIVEL 1\"),V:V,0),COLUMN(W343))","v":"$W$328"},{"$f":"ADDRESS((MATCH(COUNTIF(INDIRECT(Z343):$S343,\"NIVEL 2\"),INDIRECT(AA343):W343,0)+(MATCH(COUNTIF($R$2:$R343,\"NIVEL 1\"),V:V,0)-1)),COLUMN(T343))","v":"$T$342"},null,null,null,null,null,null,null,null,null,null,null,null,null,null,null,null,null,null,null,null,null,null,null,null,null,null,{"$f":"PROCURA_PRECO_SERVICO","v":0}]
[{"$f":"V344&\".\"&W344&\".\"&X344","v":"6.2.1"},null,null,"PILAR",null,null,null,null,null,null,null,null,null,"SUBSUBITEM_INICIO",null,null,null,"NIVEL 3","NIVEL 3","NIVEL 3",null,{"$f":"COUNTIF($R$2:$R344,\"NIVEL 1\")","v":6},2,1,0,{"$f":"ADDRESS(MATCH(COUNTIF($R$2:$R344,\"NIVEL 1\"),V:V,0),COLUMN(S344))","v":"$S$328"},{"$f":"ADDRESS(MATCH(COUNTIF($R$2:$R344,\"NIVEL 1\"),V:V,0),COLUMN(W344))","v":"$W$328"},{"$f":"ADDRESS((MATCH(COUNTIF(INDIRECT(Z344):$S344,\"NIVEL 2\"),INDIRECT(AA344):W344,0)+(MATCH(COUNTIF($R$2:$R344,\"NIVEL 1\"),V:V,0)-1)),COLUMN(T344))","v":"$T$342"},null,null,null,null,null,null,null,null,null,null,null,null,null,null,null,null,null,null,null,null,null,null,null,null,null,null,{"$f":"PROCURA_PRECO_SERVICO","v":0}]
[null,null,null,null,null,null,null,null,null,null,null,null,null,null,null,null,null,null,null,null,null,{"$f":"COUNTIF($R$2:$R345,\"NIVEL 1\")","v":6},2,1,0,{"$f":"ADDRESS(MATCH(COUNTIF($R$2:$R345,\"NIVEL 1\"),V:V,0),COLUMN(S345))","v":"$S$328"},{"$f":"ADDRESS(MATCH(COUNTIF($R$2:$R345,\"NIVEL 1\"),V:V,0),COLUMN(W345))","v":"$W$328"},{"$f":"ADDRESS((MATCH(COUNTIF(INDIRECT(Z345):$S345,\"NIVEL 2\"),INDIRECT(AA345):W345,0)+(MATCH(COUNTIF($R$2:$R345,\"NIVEL 1\"),V:V,0)-1)),COLUMN(T345))","v":"$T$342"},null,null,null,null,null,null,null,null,null,null,null,null,null,null,null,null,null,null,null,null,null,null,null,null,null,null,{"$f":"PROCURA_PRECO_SERVICO","v":0}]
[{"$f":"V346&\".\"&W346&\".\"&X346&\".\"&Y346","v":"6.2.1.1"},"SETOP","ED-49638",{"$f":"PROCURA_DESCRICAO_SERVICO","v":"FORNECIMENTO DE CONCRETO ESTRUTURAL, USINADO BOMBEADO, COM FCK 25 MPA, INCLUSIVE LANÇAMENTO, ADENSAMENTO E ACABAMENTO"},{"$f":"PROCURA_UNIDADE_SERVICO","v":"M3"},0.37,{"$f":"PROCURA_PRECO_SERVICO","v":696.13},{"$f":"CUSTO_BDI_SERVICO","v":878.79},{"$f":"CUSTO_TOTAL_SERVICO","v":325.15},null,null,null,null,"SERVIÇO",null,null,null,"NIVEL 4","NIVEL 4","NIVEL 4","NIVEL 4",{"$f":"COUNTIF($R$1:$R346,\"NIVEL 1\")","v":6},2,1,1,{"$f":"ADDRESS(MATCH(COUNTIF($R$1:$R346,\"NIVEL 1\"),V:V,0),COLUMN(S346))","v":"$S$328"},{"$f":"ADDRESS(MATCH(COUNTIF($R$1:$R346,\"NIVEL 1\"),V:V,0),COLUMN(W346))","v":"$W$328"},{"$f":"ADDRESS((MATCH(COUNTIF(INDIRECT(Z346):$S346,\"NIVEL 2\"),INDIRECT(AA346):W346,0)+(MATCH(COUNTIF($R$1:$R346,\"NIVEL 1\"),V:V,0)-1)),COLUMN(T346))","v":"$T$342"},null,null,null,null,null,null,null,null,null,null,null,null,null,null,null,null,null,null,null,null,null,null,null,null,null,null,{"$f":"PROCURA_PRECO_SERVICO","v":696.13}]
[{"$f":"V347&\".\"&W347&\".\"&X347&\".\"&Y347","v":"6.2.1.2"},"SETOP","ED-48298",{"$f":"PROCURA_DESCRICAO_SERVICO","v":"CORTE, DOBRA E MONTAGEM DE AÇO CA-50/60"},{"$f":"PROCURA_UNIDADE_SERVICO","v":"KG"},33.8,{"$f":"PROCURA_PRECO_SERVICO","v":13.42},16.94,572.57,null,null,null,null,"SERVIÇO",null,null,null,"NIVEL 4","NIVEL 4","NIVEL 4","NIVEL 4",{"$f":"COUNTIF($R$1:$R347,\"NIVEL 1\")","v":6},2,1,{"$f":"IF(U347=\"NIVEL 4\",OFFSET(Y347,-1,0)+1,0)","v":2},{"$f":"ADDRESS(MATCH(COUNTIF($R$1:$R347,\"NIVEL 1\"),V:V,0),COLUMN(S347))","v":"$S$328"},{"$f":"ADDRESS(MATCH(COUNTIF($R$1:$R347,\"NIVEL 1\"),V:V,0),COLUMN(W347))","v":"$W$328"},{"$f":"ADDRESS((MATCH(COUNTIF(INDIRECT(Z347):$S347,\"NIVEL 2\"),INDIRECT(AA347):W347,0)+(MATCH(COUNTIF($R$1:$R347,\"NIVEL 1\"),V:V,0)-1)),COLUMN(T347))","v":"$T$342"},null,null,null,null,null,null,null,null,null,null,null,null,null,null,null,null,null,null,null,null,null,null,null,null,null,null,{"$f":"PROCURA_PRECO_SERVICO","v":13.42}]
[{"$f":"V348&\".\"&W348&\".\"&X348&\".\"&Y348","v":"6.2.1.3"},"SINAPI","92419",{"$f":"PROCURA_DESCRICAO_SERVICO","v":"MONTAGEM E DESMONTAGEM DE FÔRMA DE PILARES RETANGULARES E ESTRUTURAS SIMILARES, PÉ-DIREITO SIMPLES, EM CHAPA DE MADEIRA COMPENSADA RESINADA, 4 UTILIZAÇÕES. AF_09/2020"},{"$f":"PROCURA_UNIDADE_SERVICO","v":"M2"},8.24,{"$f":"PROCURA_PRECO_SERVICO","v":"84,10"},106.16,874.75,null,null,null,null,"SERVIÇO",null,null,null,"NIVEL 4","NIVEL 4","NIVEL 4","NIVEL 4",{"$f":"COUNTIF($R$1:$R348,\"NIVEL 1\")","v":6},2,1,3,{"$f":"ADDRESS(MATCH(COUNTIF($R$1:$R348,\"NIVEL 1\"),V:V,0),COLUMN(S348))","v":"$S$328"},{"$f":"ADDRESS(MATCH(COUNTIF($R$1:$R348,\"NIVEL 1\"),V:V,0),COLUMN(W348))","v":"$W$328"},{"$f":"ADDRESS((MATCH(COUNTIF(INDIRECT(Z348):$S348,\"NIVEL 2\"),INDIRECT(AA348):W348,0)+(MATCH(COUNTIF($R$1:$R348,\"NIVEL 1\"),V:V,0)-1)),COLUMN(T348))","v":"$T$342"},null,null,null,null,null,null,null,null,null,null,null,null,null,null,null,null,null,null,null,null,null,null,null,null,null,null,{"$f":"PROCURA_PRECO_SERVICO","v":"84,10"}]
[null,null,null,null,null,null,null,null,null,null,null,null,null,null,null,null,null,null,null,null,null,{"$f":"COUNTIF($R$2:$R349,\"NIVEL 1\")","v":6},2,1,0,{"$f":"ADDRESS(MATCH(COUNTIF($R$2:$R349,\"NIVEL 1\"),V:V,0),COLUMN(S349))","v":"$S$328"},{"$f":"ADDRESS(MATCH(COUNTIF($R$2:$R349,\"NIVEL 1\"),V:V,0),COLUMN(W349))","v":"$W$328"},{"$f":"ADDRESS((MATCH(COUNTIF(INDIRECT(Z349):$S349,\"NIVEL 2\"),INDIRECT(AA349):W349,0)+(MATCH(COUNTIF($R$2:$R349,\"NIVEL 1\"),V:V,0)-1)),COLUMN(T349))","v":"$T$342"},null,null,null,null,null,null,null,null,null,null,null,null,null,null,null,null,null,null,null,null,null,null,null,null,null,null,{"$f":"PROCURA_PRECO_SERVICO","v":0}]
[null,null,null,{"$f":"\"SUBTOTAL DO ITEM - \"&A344","v":"SUBTOTAL DO ITEM - 6.2.1"},null,null,null,null,{"$f":"SUBTOTAL(9,OFFSET(I344,1,0):OFFSET(I350,-1,0))","v":1772.47},null,null,null,null,"SUBSUBITEM_FIM",null,null,null,null,null,null,null,{"$f":"COUNTIF($R$2:$R350,\"NIVEL 1\")","v":6},2,1,0,{"$f":"ADDRESS(MATCH(COUNTIF($R$2:$R350,\"NIVEL 1\"),V:V,0),COLUMN(S350))","v":"$S$328"},{"$f":"ADDRESS(MATCH(COUNTIF($R$2:$R350,\"NIVEL 1\"),V:V,0),COLUMN(W350))","v":"$W$328"},{"$f":"ADDRESS((MATCH(COUNTIF(INDIRECT(Z350):$S350,\"NIVEL 2\"),INDIRECT(AA350):W350,0)+(MATCH(COUNTIF($R$2:$R350,\"NIVEL 1\"),V:V,0)-1)),COLUMN(T350))","v":"$T$342"},null,null,null,null,null,null,null,null,null,null,null,null,null,null,null,null,null,null,null,null,null,null,null,null,null,null,{"$f":"PROCURA_PRECO_SERVICO","v":0}]
[null,null,null,null,null,null,null,null,null,null,null,null,null,null,null,null,null,null,null,null,null,{"$f":"COUNTIF($R$2:$R351,\"NIVEL 1\")","v":6},2,1,0,{"$f":"ADDRESS(MATCH(COUNTIF($R$2:$R351,\"NIVEL 1\"),V:V,0),COLUMN(S351))","v":"$S$328"},{"$f":"ADDRESS(MATCH(COUNTIF($R$2:$R351,\"NIVEL 1\"),V:V,0),COLUMN(W351))","v":"$W$328"},{"$f":"ADDRESS((MATCH(COUNTIF(INDIRECT(Z351):$S351,\"NIVEL 2\"),INDIRECT(AA351):W351,0)+(MATCH(COUNTIF($R$2:$R351,\"NIVEL 1\"),V:V,0)-1)),COLUMN(T351))","v":"$T$342"},null,null,null,null,null,null,null,null,null,null,null,null,null,null,null,null,null,null,null,null,null,null,null,null,null,null,{"$f":"PROCURA_PRECO_SERVICO","v":0}]
[null,null,null,{"$f":"\"SUBTOTAL DO ITEM  - \"&A342","v":"SUBTOTAL DO ITEM  - 6.2"},null,null,null,null,{"$f":"SUBTOTAL(9,OFFSET(I342,1,0):OFFSET(I352,-1,0))","v":1772.47},null,null,null,null,"SUBITEM_FIM",null,null,null,null,null,null,null,{"$f":"COUNTIF($R$2:$R352,\"NIVEL 1\")","v":6},2,1,0,{"$f":"ADDRESS(MATCH(COUNTIF($R$2:$R352,\"NIVEL 1\"),V:V,0),COLUMN(S352))","v":"$S$328"},{"$f":"ADDRESS(MATCH(COUNTIF($R$2:$R352,\"NIVEL 1\"),V:V,0),COLUMN(W352))","v":"$W$328"},{"$f":"ADDRESS((MATCH(COUNTIF(INDIRECT(Z352):$S352,\"NIVEL 2\"),INDIRECT(AA352):W352,0)+(MATCH(COUNTIF($R$2:$R352,\"NIVEL 1\"),V:V,0)-1)),COLUMN(T352))","v":"$T$342"},null,null,null,null,null,null,null,null,null,null,null,null,null,null,null,null,null,null,null,null,null,null,null,null,null,null,{"$f":"PROCURA_PRECO_SERVICO","v":0}]
[null,null,null,null,null,null,null,null,null,null,null,null,null,null,null,null,null,null,null,null,null,{"$f":"COUNTIF($R$2:$R353,\"NIVEL 1\")","v":6},2,1,0,{"$f":"ADDRESS(MATCH(COUNTIF($R$2:$R353,\"NIVEL 1\"),V:V,0),COLUMN(S353))","v":"$S$328"},{"$f":"ADDRESS(MATCH(COUNTIF($R$2:$R353,\"NIVEL 1\"),V:V,0),COLUMN(W353))","v":"$W$328"},{"$f":"ADDRESS((MATCH(COUNTIF(INDIRECT(Z353):$S353,\"NIVEL 2\"),INDIRECT(AA353):W353,0)+(MATCH(COUNTIF($R$2:$R353,\"NIVEL 1\"),V:V,0)-1)),COLUMN(T353))","v":"$T$342"},null,null,null,null,null,null,null,null,null,null,null,null,null,null,null,null,null,null,null,null,null,null,null,null,null,null,{"$f":"PROCURA_PRECO_SERVICO","v":0}]
[{"$f":"V354&\".\"&W354","v":"6.3"},null,null,"SUPERESTRUTURA ÁREA EXTERNA - AUDITÓRIO",null,null,null,null,null,null,null,null,null,"SUBITEM_INICIO",null,null,null,"NIVEL 2","NIVEL 2",null,null,{"$f":"COUNTIF($R$2:$R354,\"NIVEL 1\")","v":6},3,0,0,{"$f":"ADDRESS(MATCH(COUNTIF($R$2:$R354,\"NIVEL 1\"),V:V,0),COLUMN(S354))","v":"$S$328"},{"$f":"ADDRESS(MATCH(COUNTIF($R$2:$R354,\"NIVEL 1\"),V:V,0),COLUMN(W354))","v":"$W$328"},{"$f":"ADDRESS((MATCH(COUNTIF(INDIRECT(Z354):$S354,\"NIVEL 2\"),INDIRECT(AA354):W354,0)+(MATCH(COUNTIF($R$2:$R354,\"NIVEL 1\"),V:V,0)-1)),COLUMN(T354))","v":"$T$354"},null,null,null,null,null,null,null,null,null,null,null,null,null,null,null,null,null,null,null,null,null,null,null,null,null,null,{"$f":"PROCURA_PRECO_SERVICO","v":0}]
[null,null,null,null,null,null,null,null,null,null,null,null,null,null,null,null,null,null,null,null,null,{"$f":"COUNTIF($R$2:$R355,\"NIVEL 1\")","v":6},3,0,0,{"$f":"ADDRESS(MATCH(COUNTIF($R$2:$R355,\"NIVEL 1\"),V:V,0),COLUMN(S355))","v":"$S$328"},{"$f":"ADDRESS(MATCH(COUNTIF($R$2:$R355,\"NIVEL 1\"),V:V,0),COLUMN(W355))","v":"$W$328"},{"$f":"ADDRESS((MATCH(COUNTIF(INDIRECT(Z355):$S355,\"NIVEL 2\"),INDIRECT(AA355):W355,0)+(MATCH(COUNTIF($R$2:$R355,\"NIVEL 1\"),V:V,0)-1)),COLUMN(T355))","v":"$T$354"},null,null,null,null,null,null,null,null,null,null,null,null,null,null,null,null,null,null,null,null,null,null,null,null,null,null,{"$f":"PROCURA_PRECO_SERVICO","v":0}]
[{"$f":"V356&\".\"&W356&\".\"&X356","v":"6.3.1"},null,null,"MURETA",null,null,null,null,null,null,null,null,null,"SUBSUBITEM_INICIO",null,null,null,"NIVEL 3","NIVEL 3","NIVEL 3",null,{"$f":"COUNTIF($R$2:$R356,\"NIVEL 1\")","v":6},3,1,0,{"$f":"ADDRESS(MATCH(COUNTIF($R$2:$R356,\"NIVEL 1\"),V:V,0),COLUMN(S356))","v":"$S$328"},{"$f":"ADDRESS(MATCH(COUNTIF($R$2:$R356,\"NIVEL 1\"),V:V,0),COLUMN(W356))","v":"$W$328"},{"$f":"ADDRESS((MATCH(COUNTIF(INDIRECT(Z356):$S356,\"NIVEL 2\"),INDIRECT(AA356):W356,0)+(MATCH(COUNTIF($R$2:$R356,\"NIVEL 1\"),V:V,0)-1)),COLUMN(T356))","v":"$T$354"},null,null,null,null,null,null,null,null,null,null,null,null,null,null,null,null,null,null,null,null,null,null,null,null,null,null,{"$f":"PROCURA_PRECO_SERVICO","v":0}]
[null,null,null,null,null,null,null,null,null,null,null,null,null,null,null,null,null,null,null,null,null,{"$f":"COUNTIF($R$2:$R357,\"NIVEL 1\")","v":6},3,1,0,{"$f":"ADDRESS(MATCH(COUNTIF($R$2:$R357,\"NIVEL 1\"),V:V,0),COLUMN(S357))","v":"$S$328"},{"$f":"ADDRESS(MATCH(COUNTIF($R$2:$R357,\"NIVEL 1\"),V:V,0),COLUMN(W357))","v":"$W$328"},{"$f":"ADDRESS((MATCH(COUNTIF(INDIRECT(Z357):$S357,\"NIVEL 2\"),INDIRECT(AA357):W357,0)+(MATCH(COUNTIF($R$2:$R357,\"NIVEL 1\"),V:V,0)-1)),COLUMN(T357))","v":"$T$354"},null,null,null,null,null,null,null,null,null,null,null,null,null,null,null,null,null,null,null,null,null,null,null,null,null,null,{"$f":"PROCURA_PRECO_SERVICO","v":0}]
[{"$f":"V358&\".\"&W358&\".\"&X358&\".\"&Y358","v":"6.3.1.1"},"SETOP","ED-49812",{"$f":"PROCURA_DESCRICAO_SERVICO","v":"LASTRO DE CONCRETO MAGRO, INCLUSIVE TRANSPORTE, LANÇAMENTO E ADENSAMENTO "},{"$f":"PROCURA_UNIDADE_SERVICO","v":"M3"},0.2,{"$f":"PROCURA_PRECO_SERVICO","v":505.88},{"$f":"CUSTO_BDI_SERVICO","v":638.62},{"$f":"CUSTO_TOTAL_SERVICO","v":127.72},null,null,null,null,"SERVIÇO",null,null,null,"NIVEL 4","NIVEL 4","NIVEL 4","NIVEL 4",{"$f":"COUNTIF($R$1:$R358,\"NIVEL 1\")","v":6},3,1,1,{"$f":"ADDRESS(MATCH(COUNTIF($R$1:$R358,\"NIVEL 1\"),V:V,0),COLUMN(S358))","v":"$S$328"},{"$f":"ADDRESS(MATCH(COUNTIF($R$1:$R358,\"NIVEL 1\"),V:V,0),COLUMN(W358))","v":"$W$328"},{"$f":"ADDRESS((MATCH(COUNTIF(INDIRECT(Z358):$S358,\"NIVEL 2\"),INDIRECT(AA358):W358,0)+(MATCH(COUNTIF($R$1:$R358,\"NIVEL 1\"),V:V,0)-1)),COLUMN(T358))","v":"$T$354"},null,null,null,null,null,null,null,null,null,null,null,null,null,null,null,null,null,null,null,null,null,null,null,null,null,null,{"$f":"PROCURA_PRECO_SERVICO","v":505.88}]
["6.3.1.2","SETOP","ED-48215",{"$f":"PROCURA_DESCRICAO_SERVICO","v":"ALVENARIA DE BLOCO DE CONCRETO CHEIO SEM ARMAÇÃO, EM CONCRETO COM FCK 15MPA , ESP. 9CM, PARA REVESTIMENTO, INCLUSIVE ARGAMASSA PARA ASSENTAMENTO (DETALHE D - CADERNO SEDS)"},{"$f":"PROCURA_UNIDADE_SERVICO","v":"M2"},10.18,{"$f":"PROCURA_PRECO_SERVICO","v":91.12},115.02,1170.9,null,null,null,null,"SERVIÇO",null,null,null,"NIVEL 4","NIVEL 4","NIVEL 4","NIVEL 4",{"$f":"COUNTIF($R$1:$R359,\"NIVEL 1\")","v":6},3,1,2,{"$f":"ADDRESS(MATCH(COUNTIF($R$1:$R359,\"NIVEL 1\"),V:V,0),COLUMN(S359))","v":"$S$328"},{"$f":"ADDRESS(MATCH(COUNTIF($R$1:$R359,\"NIVEL 1\"),V:V,0),COLUMN(W359))","v":"$W$328"},{"$f":"ADDRESS((MATCH(COUNTIF(INDIRECT(Z359):$S359,\"NIVEL 2\"),INDIRECT(AA359):W359,0)+(MATCH(COUNTIF($R$1:$R359,\"NIVEL 1\"),V:V,0)-1)),COLUMN(T359))","v":"$T$354"},null,null,null,null,null,null,null,null,null,null,null,null,null,null,null,null,null,null,null,null,null,null,null,null,null,null,{"$f":"PROCURA_PRECO_SERVICO","v":91.12}]
[null,null,null,null,null,null,null,null,null,null,null,null,null,null,null,null,null,null,null,null,null,{"$f":"COUNTIF($R$2:$R360,\"NIVEL 1\")","v":6},3,1,0,{"$f":"ADDRESS(MATCH(COUNTIF($R$2:$R360,\"NIVEL 1\"),V:V,0),COLUMN(S360))","v":"$S$328"},{"$f":"ADDRESS(MATCH(COUNTIF($R$2:$R360,\"NIVEL 1\"),V:V,0),COLUMN(W360))","v":"$W$328"},{"$f":"ADDRESS((MATCH(COUNTIF(INDIRECT(Z360):$S360,\"NIVEL 2\"),INDIRECT(AA360):W360,0)+(MATCH(COUNTIF($R$2:$R360,\"NIVEL 1\"),V:V,0)-1)),COLUMN(T360))","v":"$T$354"},null,null,null,null,null,null,null,null,null,null,null,null,null,null,null,null,null,null,null,null,null,null,null,null,null,null,{"$f":"PROCURA_PRECO_SERVICO","v":0}]
[null,null,null,{"$f":"\"SUBTOTAL DO ITEM - \"&A356","v":"SUBTOTAL DO ITEM - 6.3.1"},null,null,null,null,{"$f":"SUBTOTAL(9,OFFSET(I356,1,0):OFFSET(I361,-1,0))","v":1298.62},null,null,null,null,"SUBSUBITEM_FIM",null,null,null,null,null,null,null,{"$f":"COUNTIF($R$2:$R361,\"NIVEL 1\")","v":6},3,1,0,{"$f":"ADDRESS(MATCH(COUNTIF($R$2:$R361,\"NIVEL 1\"),V:V,0),COLUMN(S361))","v":"$S$328"},{"$f":"ADDRESS(MATCH(COUNTIF($R$2:$R361,\"NIVEL 1\"),V:V,0),COLUMN(W361))","v":"$W$328"},{"$f":"ADDRESS((MATCH(COUNTIF(INDIRECT(Z361):$S361,\"NIVEL 2\"),INDIRECT(AA361):W361,0)+(MATCH(COUNTIF($R$2:$R361,\"NIVEL 1\"),V:V,0)-1)),COLUMN(T361))","v":"$T$354"},null,null,null,null,null,null,null,null,null,null,null,null,null,null,null,null,null,null,null,null,null,null,null,null,null,null,{"$f":"PROCURA_PRECO_SERVICO","v":0}]
[null,null,null,null,null,null,null,null,null,null,null,null,null,null,null,null,null,null,null,null,null,{"$f":"COUNTIF($R$2:$R362,\"NIVEL 1\")","v":6},3,1,0,{"$f":"ADDRESS(MATCH(COUNTIF($R$2:$R362,\"NIVEL 1\"),V:V,0),COLUMN(S362))","v":"$S$328"},{"$f":"ADDRESS(MATCH(COUNTIF($R$2:$R362,\"NIVEL 1\"),V:V,0),COLUMN(W362))","v":"$W$328"},{"$f":"ADDRESS((MATCH(COUNTIF(INDIRECT(Z362):$S362,\"NIVEL 2\"),INDIRECT(AA362):W362,0)+(MATCH(COUNTIF($R$2:$R362,\"NIVEL 1\"),V:V,0)-1)),COLUMN(T362))","v":"$T$354"},null,null,null,null,null,null,null,null,null,null,null,null,null,null,null,null,null,null,null,null,null,null,null,null,null,null,{"$f":"PROCURA_PRECO_SERVICO","v":0}]
[{"$f":"V363&\".\"&W363&\".\"&X363","v":"6.3.2"},null,null,"PILAR",null,null,null,null,null,null,null,null,null,"SUBSUBITEM_INICIO",null,null,null,"NIVEL 3","NIVEL 3","NIVEL 3",null,{"$f":"COUNTIF($R$2:$R363,\"NIVEL 1\")","v":6},3,2,0,{"$f":"ADDRESS(MATCH(COUNTIF($R$2:$R363,\"NIVEL 1\"),V:V,0),COLUMN(S363))","v":"$S$328"},{"$f":"ADDRESS(MATCH(COUNTIF($R$2:$R363,\"NIVEL 1\"),V:V,0),COLUMN(W363))","v":"$W$328"},{"$f":"ADDRESS((MATCH(COUNTIF(INDIRECT(Z363):$S363,\"NIVEL 2\"),INDIRECT(AA363):W363,0)+(MATCH(COUNTIF($R$2:$R363,\"NIVEL 1\"),V:V,0)-1)),COLUMN(T363))","v":"$T$354"},null,null,null,null,null,null,null,null,null,null,null,null,null,null,null,null,null,null,null,null,null,null,null,null,null,null,{"$f":"PROCURA_PRECO_SERVICO","v":0}]
[null,null,null,null,null,null,null,null,null,null,null,null,null,null,null,null,null,null,null,null,null,{"$f":"COUNTIF($R$2:$R364,\"NIVEL 1\")","v":6},3,2,0,{"$f":"ADDRESS(MATCH(COUNTIF($R$2:$R364,\"NIVEL 1\"),V:V,0),COLUMN(S364))","v":"$S$328"},{"$f":"ADDRESS(MATCH(COUNTIF($R$2:$R364,\"NIVEL 1\"),V:V,0),COLUMN(W364))","v":"$W$328"},{"$f":"ADDRESS((MATCH(COUNTIF(INDIRECT(Z364):$S364,\"NIVEL 2\"),INDIRECT(AA364):W364,0)+(MATCH(COUNTIF($R$2:$R364,\"NIVEL 1\"),V:V,0)-1)),COLUMN(T364))","v":"$T$354"},null,null,null,null,null,null,null,null,null,null,null,null,null,null,null,null,null,null,null,null,null,null,null,null,null,null,{"$f":"PROCURA_PRECO_SERVICO","v":0}]
[{"$f":"V365&\".\"&W365&\".\"&X365&\".\"&Y365","v":"6.3.2.1"},"SETOP","ED-49638",{"$f":"PROCURA_DESCRICAO_SERVICO","v":"FORNECIMENTO DE CONCRETO ESTRUTURAL, USINADO BOMBEADO, COM FCK 25 MPA, INCLUSIVE LANÇAMENTO, ADENSAMENTO E ACABAMENTO"},{"$f":"PROCURA_UNIDADE_SERVICO","v":"M3"},1.09,{"$f":"PROCURA_PRECO_SERVICO","v":696.13},{"$f":"CUSTO_BDI_SERVICO","v":878.79},{"$f":"CUSTO_TOTAL_SERVICO","v":957.88},null,null,null,null,"SERVIÇO",null,null,null,"NIVEL 4","NIVEL 4","NIVEL 4","NIVEL 4",{"$f":"COUNTIF($R$1:$R365,\"NIVEL 1\")","v":6},3,2,1,{"$f":"ADDRESS(MATCH(COUNTIF($R$1:$R365,\"NIVEL 1\"),V:V,0),COLUMN(S365))","v":"$S$328"},{"$f":"ADDRESS(MATCH(COUNTIF($R$1:$R365,\"NIVEL 1\"),V:V,0),COLUMN(W365))","v":"$W$328"},{"$f":"ADDRESS((MATCH(COUNTIF(INDIRECT(Z365):$S365,\"NIVEL 2\"),INDIRECT(AA365):W365,0)+(MATCH(COUNTIF($R$1:$R365,\"NIVEL 1\"),V:V,0)-1)),COLUMN(T365))","v":"$T$354"},null,null,null,null,null,null,null,null,null,null,null,null,null,null,null,null,null,null,null,null,null,null,null,null,null,null,{"$f":"PROCURA_PRECO_SERVICO","v":696.13}]
["6.3.2.2","SETOP","ED-48298",{"$f":"PROCURA_DESCRICAO_SERVICO","v":"CORTE, DOBRA E MONTAGEM DE AÇO CA-50/60"},{"$f":"PROCURA_UNIDADE_SERVICO","v":"KG"},101.9,{"$f":"PROCURA_PRECO_SERVICO","v":13.42},16.94,1726.18,null,null,null,null,"SERVIÇO",null,null,null,"NIVEL 4","NIVEL 4","NIVEL 4","NIVEL 4",{"$f":"COUNTIF($R$1:$R366,\"NIVEL 1\")","v":6},3,2,2,{"$f":"ADDRESS(MATCH(COUNTIF($R$1:$R366,\"NIVEL 1\"),V:V,0),COLUMN(S366))","v":"$S$328"},{"$f":"ADDRESS(MATCH(COUNTIF($R$1:$R366,\"NIVEL 1\"),V:V,0),COLUMN(W366))","v":"$W$328"},{"$f":"ADDRESS((MATCH(COUNTIF(INDIRECT(Z366):$S366,\"NIVEL 2\"),INDIRECT(AA366):W366,0)+(MATCH(COUNTIF($R$1:$R366,\"NIVEL 1\"),V:V,0)-1)),COLUMN(T366))","v":"$T$354"},null,null,null,null,null,null,null,null,null,null,null,null,null,null,null,null,null,null,null,null,null,null,null,null,null,null,{"$f":"PROCURA_PRECO_SERVICO","v":13.42}]
["6.3.2.3","SINAPI","92419",{"$f":"PROCURA_DESCRICAO_SERVICO","v":"MONTAGEM E DESMONTAGEM DE FÔRMA DE PILARES RETANGULARES E ESTRUTURAS SIMILARES, PÉ-DIREITO SIMPLES, EM CHAPA DE MADEIRA COMPENSADA RESINADA, 4 UTILIZAÇÕES. AF_09/2020"},{"$f":"PROCURA_UNIDADE_SERVICO","v":"M2"},14.52,{"$f":"PROCURA_PRECO_SERVICO","v":"84,10"},106.16,1541.44,null,null,null,null,"SERVIÇO",null,null,null,"NIVEL 4","NIVEL 4","NIVEL 4","NIVEL 4",{"$f":"COUNTIF($R$1:$R367,\"NIVEL 1\")","v":6},3,2,3,{"$f":"ADDRESS(MATCH(COUNTIF($R$1:$R367,\"NIVEL 1\"),V:V,0),COLUMN(S367))","v":"$S$328"},{"$f":"ADDRESS(MATCH(COUNTIF($R$1:$R367,\"NIVEL 1\"),V:V,0),COLUMN(W367))","v":"$W$328"},{"$f":"ADDRESS((MATCH(COUNTIF(INDIRECT(Z367):$S367,\"NIVEL 2\"),INDIRECT(AA367):W367,0)+(MATCH(COUNTIF($R$1:$R367,\"NIVEL 1\"),V:V,0)-1)),COLUMN(T367))","v":"$T$354"},null,null,null,null,null,null,null,null,null,null,null,null,null,null,null,null,null,null,null,null,null,null,null,null,null,null,{"$f":"PROCURA_PRECO_SERVICO","v":"84,10"}]
[null,null,null,null,null,null,null,null,null,null,null,null,null,null,null,null,null,null,null,null,null,{"$f":"COUNTIF($R$2:$R368,\"NIVEL 1\")","v":6},3,2,0,{"$f":"ADDRESS(MATCH(COUNTIF($R$2:$R368,\"NIVEL 1\"),V:V,0),COLUMN(S368))","v":"$S$328"},{"$f":"ADDRESS(MATCH(COUNTIF($R$2:$R368,\"NIVEL 1\"),V:V,0),COLUMN(W368))","v":"$W$328"},{"$f":"ADDRESS((MATCH(COUNTIF(INDIRECT(Z368):$S368,\"NIVEL 2\"),INDIRECT(AA368):W368,0)+(MATCH(COUNTIF($R$2:$R368,\"NIVEL 1\"),V:V,0)-1)),COLUMN(T368))","v":"$T$354"},null,null,null,null,null,null,null,null,null,null,null,null,null,null,null,null,null,null,null,null,null,null,null,null,null,null,{"$f":"PROCURA_PRECO_SERVICO","v":0}]
[null,null,null,{"$f":"\"SUBTOTAL DO ITEM - \"&A363","v":"SUBTOTAL DO ITEM - 6.3.2"},null,null,null,null,{"$f":"SUBTOTAL(9,OFFSET(I363,1,0):OFFSET(I369,-1,0))","v":4225.5},null,null,null,null,"SUBSUBITEM_FIM",null,null,null,null,null,null,null,{"$f":"COUNTIF($R$2:$R369,\"NIVEL 1\")","v":6},3,2,0,{"$f":"ADDRESS(MATCH(COUNTIF($R$2:$R369,\"NIVEL 1\"),V:V,0),COLUMN(S369))","v":"$S$328"},{"$f":"ADDRESS(MATCH(COUNTIF($R$2:$R369,\"NIVEL 1\"),V:V,0),COLUMN(W369))","v":"$W$328"},{"$f":"ADDRESS((MATCH(COUNTIF(INDIRECT(Z369):$S369,\"NIVEL 2\"),INDIRECT(AA369):W369,0)+(MATCH(COUNTIF($R$2:$R369,\"NIVEL 1\"),V:V,0)-1)),COLUMN(T369))","v":"$T$354"},null,null,null,null,null,null,null,null,null,null,null,null,null,null,null,null,null,null,null,null,null,null,null,null,null,null,{"$f":"PROCURA_PRECO_SERVICO","v":0}]
[null,null,null,null,null,null,null,null,null,null,null,null,null,null,null,null,null,null,null,null,null,{"$f":"COUNTIF($R$2:$R370,\"NIVEL 1\")","v":6},3,2,0,{"$f":"ADDRESS(MATCH(COUNTIF($R$2:$R370,\"NIVEL 1\"),V:V,0),COLUMN(S370))","v":"$S$328"},{"$f":"ADDRESS(MATCH(COUNTIF($R$2:$R370,\"NIVEL 1\"),V:V,0),COLUMN(W370))","v":"$W$328"},{"$f":"ADDRESS((MATCH(COUNTIF(INDIRECT(Z370):$S370,\"NIVEL 2\"),INDIRECT(AA370):W370,0)+(MATCH(COUNTIF($R$2:$R370,\"NIVEL 1\"),V:V,0)-1)),COLUMN(T370))","v":"$T$354"},null,null,null,null,null,null,null,null,null,null,null,null,null,null,null,null,null,null,null,null,null,null,null,null,null,null,{"$f":"PROCURA_PRECO_SERVICO","v":0}]
[{"$f":"V371&\".\"&W371&\".\"&X371","v":"6.3.3"},null,null,"PISO ARMADO",null,null,null,null,null,null,null,null,null,"SUBSUBITEM_INICIO",null,null,null,"NIVEL 3","NIVEL 3","NIVEL 3",null,{"$f":"COUNTIF($R$2:$R371,\"NIVEL 1\")","v":6},3,3,0,{"$f":"ADDRESS(MATCH(COUNTIF($R$2:$R371,\"NIVEL 1\"),V:V,0),COLUMN(S371))","v":"$S$328"},{"$f":"ADDRESS(MATCH(COUNTIF($R$2:$R371,\"NIVEL 1\"),V:V,0),COLUMN(W371))","v":"$W$328"},{"$f":"ADDRESS((MATCH(COUNTIF(INDIRECT(Z371):$S371,\"NIVEL 2\"),INDIRECT(AA371):W371,0)+(MATCH(COUNTIF($R$2:$R371,\"NIVEL 1\"),V:V,0)-1)),COLUMN(T371))","v":"$T$354"},null,null,null,null,null,null,null,null,null,null,null,null,null,null,null,null,null,null,null,null,null,null,null,null,null,null,{"$f":"PROCURA_PRECO_SERVICO","v":0}]
[null,null,null,null,null,null,null,null,null,null,null,null,null,null,null,null,null,null,null,null,null,{"$f":"COUNTIF($R$2:$R372,\"NIVEL 1\")","v":6},3,3,0,{"$f":"ADDRESS(MATCH(COUNTIF($R$2:$R372,\"NIVEL 1\"),V:V,0),COLUMN(S372))","v":"$S$328"},{"$f":"ADDRESS(MATCH(COUNTIF($R$2:$R372,\"NIVEL 1\"),V:V,0),COLUMN(W372))","v":"$W$328"},{"$f":"ADDRESS((MATCH(COUNTIF(INDIRECT(Z372):$S372,\"NIVEL 2\"),INDIRECT(AA372):W372,0)+(MATCH(COUNTIF($R$2:$R372,\"NIVEL 1\"),V:V,0)-1)),COLUMN(T372))","v":"$T$354"},null,null,null,null,null,null,null,null,null,null,null,null,null,null,null,null,null,null,null,null,null,null,null,null,null,null,{"$f":"PROCURA_PRECO_SERVICO","v":0}]
[{"$f":"V373&\".\"&W373&\".\"&X373&\".\"&Y373","v":"6.3.3.1"},"SETOP","ED-49638",{"$f":"PROCURA_DESCRICAO_SERVICO","v":"FORNECIMENTO DE CONCRETO ESTRUTURAL, USINADO BOMBEADO, COM FCK 25 MPA, INCLUSIVE LANÇAMENTO, ADENSAMENTO E ACABAMENTO"},{"$f":"PROCURA_UNIDADE_SERVICO","v":"M3"},18.54,{"$f":"PROCURA_PRECO_SERVICO","v":696.13},{"$f":"CUSTO_BDI_SERVICO","v":878.79},{"$f":"CUSTO_TOTAL_SERVICO","v":16292.76},null,null,null,null,"SERVIÇO",null,null,null,"NIVEL 4","NIVEL 4","NIVEL 4","NIVEL 4",{"$f":"COUNTIF($R$1:$R373,\"NIVEL 1\")","v":6},3,3,1,{"$f":"ADDRESS(MATCH(COUNTIF($R$1:$R373,\"NIVEL 1\"),V:V,0),COLUMN(S373))","v":"$S$328"},{"$f":"ADDRESS(MATCH(COUNTIF($R$1:$R373,\"NIVEL 1\"),V:V,0),COLUMN(W373))","v":"$W$328"},{"$f":"ADDRESS((MATCH(COUNTIF(INDIRECT(Z373):$S373,\"NIVEL 2\"),INDIRECT(AA373):W373,0)+(MATCH(COUNTIF($R$1:$R373,\"NIVEL 1\"),V:V,0)-1)),COLUMN(T373))","v":"$T$354"},null,null,null,null,null,null,null,null,null,null,null,null,null,null,null,null,null,null,null,null,null,null,null,null,null,null,{"$f":"PROCURA_PRECO_SERVICO","v":696.13}]
[{"$f":"V374&\".\"&W374&\".\"&X374&\".\"&Y374","v":"6.3.3.2"},"SINAPI","97088",{"$f":"PROCURA_DESCRICAO_SERVICO","v":"ARMAÇÃO PARA EXECUÇÃO DE RADIER, PISO DE CONCRETO OU LAJE SOBRE SOLO, COM USO DE TELA Q-92. AF_09/2021"},{"$f":"PROCURA_UNIDADE_SERVICO","v":"KG"},15.72,{"$f":"PROCURA_PRECO_SERVICO","v":"19,93"},25.15,395.35,null,null,null,null,"SERVIÇO",null,null,null,"NIVEL 4","NIVEL 4","NIVEL 4","NIVEL 4",{"$f":"COUNTIF($R$1:$R374,\"NIVEL 1\")","v":6},3,3,{"$f":"IF(U374=\"NIVEL 4\",OFFSET(Y374,-1,0)+1,0)","v":2},{"$f":"ADDRESS(MATCH(COUNTIF($R$1:$R374,\"NIVEL 1\"),V:V,0),COLUMN(S374))","v":"$S$328"},{"$f":"ADDRESS(MATCH(COUNTIF($R$1:$R374,\"NIVEL 1\"),V:V,0),COLUMN(W374))","v":"$W$328"},{"$f":"ADDRESS((MATCH(COUNTIF(INDIRECT(Z374):$S374,\"NIVEL 2\"),INDIRECT(AA374):W374,0)+(MATCH(COUNTIF($R$1:$R374,\"NIVEL 1\"),V:V,0)-1)),COLUMN(T374))","v":"$T$354"},null,null,null,null,null,null,null,null,null,null,null,null,null,null,null,null,null,null,null,null,null,null,null,null,null,null,{"$f":"PROCURA_PRECO_SERVICO","v":"19,93"}]
["6.3.3.3","SETOP","ED-51099",{"$f":"PROCURA_DESCRICAO_SERVICO","v":"COMPACTAÇÃO DE VALAS OU ÁREAS, MANUALMENTE A 95% DO PN, COM PLACA VIBRATÓRIA"},{"$f":"PROCURA_UNIDADE_SERVICO","v":"M3"},185.38,{"$f":"PROCURA_PRECO_SERVICO","v":50.85},64.19,11899.54,null,null,null,null,"SERVIÇO",null,null,null,"NIVEL 4","NIVEL 4","NIVEL 4","NIVEL 4",{"$f":"COUNTIF($R$1:$R375,\"NIVEL 1\")","v":6},3,3,3,{"$f":"ADDRESS(MATCH(COUNTIF($R$1:$R375,\"NIVEL 1\"),V:V,0),COLUMN(S375))","v":"$S$328"},{"$f":"ADDRESS(MATCH(COUNTIF($R$1:$R375,\"NIVEL 1\"),V:V,0),COLUMN(W375))","v":"$W$328"},{"$f":"ADDRESS((MATCH(COUNTIF(INDIRECT(Z375):$S375,\"NIVEL 2\"),INDIRECT(AA375):W375,0)+(MATCH(COUNTIF($R$1:$R375,\"NIVEL 1\"),V:V,0)-1)),COLUMN(T375))","v":"$T$354"},null,null,null,null,null,null,null,null,null,null,null,null,null,null,null,null,null,null,null,null,null,null,null,null,null,null,{"$f":"PROCURA_PRECO_SERVICO","v":50.85}]
["6.3.3.4","SICRO",4011278,{"$f":"PROCURA_DESCRICAO_SERVICO","v":"BASE OU SUB-BASE DE BRITA      GRADUADA TRATADA COM CIMENTO  "},{"$f":"PROCURA_UNIDADE_SERVICO","v":"M³    "},18.538,{"$f":"PROCURA_PRECO_SERVICO","v":277.12},349.83,6485.14,null,null,null,null,"SERVIÇO",null,null,null,"NIVEL 4","NIVEL 4","NIVEL 4","NIVEL 4",{"$f":"COUNTIF($R$1:$R376,\"NIVEL 1\")","v":6},3,3,4,{"$f":"ADDRESS(MATCH(COUNTIF($R$1:$R376,\"NIVEL 1\"),V:V,0),COLUMN(S376))","v":"$S$328"},{"$f":"ADDRESS(MATCH(COUNTIF($R$1:$R376,\"NIVEL 1\"),V:V,0),COLUMN(W376))","v":"$W$328"},{"$f":"ADDRESS((MATCH(COUNTIF(INDIRECT(Z376):$S376,\"NIVEL 2\"),INDIRECT(AA376):W376,0)+(MATCH(COUNTIF($R$1:$R376,\"NIVEL 1\"),V:V,0)-1)),COLUMN(T376))","v":"$T$354"},null,null,null,null,null,null,null,null,null,null,null,null,null,null,null,null,null,null,null,null,null,null,null,null,null,null,{"$f":"PROCURA_PRECO_SERVICO","v":277.12}]
["6.3.3.5","SINAPI","97087",{"$f":"PROCURA_DESCRICAO_SERVICO","v":"CAMADA SEPARADORA PARA EXECUÇÃO DE RADIER, PISO DE CONCRETO OU LAJE SOBRE SOLO, EM LONA PLÁSTICA. AF_09/2021"},{"$f":"PROCURA_UNIDADE_SERVICO","v":"M2"},185.38,{"$f":"PROCURA_PRECO_SERVICO","v":"2,71"},3.42,633.99,null,null,null,null,"SERVIÇO",null,null,null,"NIVEL 4","NIVEL 4","NIVEL 4","NIVEL 4",{"$f":"COUNTIF($R$1:$R377,\"NIVEL 1\")","v":6},3,3,5,{"$f":"ADDRESS(MATCH(COUNTIF($R$1:$R377,\"NIVEL 1\"),V:V,0),COLUMN(S377))","v":"$S$328"},{"$f":"ADDRESS(MATCH(COUNTIF($R$1:$R377,\"NIVEL 1\"),V:V,0),COLUMN(W377))","v":"$W$328"},{"$f":"ADDRESS((MATCH(COUNTIF(INDIRECT(Z377):$S377,\"NIVEL 2\"),INDIRECT(AA377):W377,0)+(MATCH(COUNTIF($R$1:$R377,\"NIVEL 1\"),V:V,0)-1)),COLUMN(T377))","v":"$T$354"},null,null,null,null,null,null,null,null,null,null,null,null,null,null,null,null,null,null,null,null,null,null,null,null,null,null,{"$f":"PROCURA_PRECO_SERVICO","v":"2,71"}]
["6.3.3.6","COMPOSIÇÃO","JMV-CRAS-001",{"$f":"PROCURA_DESCRICAO_SERVICO","v":"JUNTA SERRADA SECA, SEÇÃO TRANSVERSAL - BASEADA DA ORSE (12800)"},{"$f":"PROCURA_UNIDADE_SERVICO","v":"M"},110.85,{"$f":"PROCURA_PRECO_SERVICO","v":11.89},15,1662.75,null,null,null,null,"SERVIÇO",null,null,null,"NIVEL 4","NIVEL 4","NIVEL 4","NIVEL 4",{"$f":"COUNTIF($R$1:$R378,\"NIVEL 1\")","v":6},3,3,6,{"$f":"ADDRESS(MATCH(COUNTIF($R$1:$R378,\"NIVEL 1\"),V:V,0),COLUMN(S378))","v":"$S$328"},{"$f":"ADDRESS(MATCH(COUNTIF($R$1:$R378,\"NIVEL 1\"),V:V,0),COLUMN(W378))","v":"$W$328"},{"$f":"ADDRESS((MATCH(COUNTIF(INDIRECT(Z378):$S378,\"NIVEL 2\"),INDIRECT(AA378):W378,0)+(MATCH(COUNTIF($R$1:$R378,\"NIVEL 1\"),V:V,0)-1)),COLUMN(T378))","v":"$T$354"},null,null,null,null,null,null,null,null,null,null,null,null,null,null,null,null,null,null,null,null,null,null,null,null,null,null,{"$f":"PROCURA_PRECO_SERVICO","v":11.89}]
["6.3.3.7","SINAPI","97086",{"$f":"PROCURA_DESCRICAO_SERVICO","v":"FABRICAÇÃO, MONTAGEM E DESMONTAGEM DE FORMA PARA RADIER, PISO DE CONCRETO OU LAJE SOBRE SOLO, EM MADEIRA SERRADA, 4 UTILIZAÇÕES. AF_09/2021"},{"$f":"PROCURA_UNIDADE_SERVICO","v":"M2"},1.2,{"$f":"PROCURA_PRECO_SERVICO","v":"144,51"},182.42,218.9,null,null,null,null,"SERVIÇO",null,null,null,"NIVEL 4","NIVEL 4","NIVEL 4","NIVEL 4",{"$f":"COUNTIF($R$1:$R379,\"NIVEL 1\")","v":6},3,3,7,{"$f":"ADDRESS(MATCH(COUNTIF($R$1:$R379,\"NIVEL 1\"),V:V,0),COLUMN(S379))","v":"$S$328"},{"$f":"ADDRESS(MATCH(COUNTIF($R$1:$R379,\"NIVEL 1\"),V:V,0),COLUMN(W379))","v":"$W$328"},{"$f":"ADDRESS((MATCH(COUNTIF(INDIRECT(Z379):$S379,\"NIVEL 2\"),INDIRECT(AA379):W379,0)+(MATCH(COUNTIF($R$1:$R379,\"NIVEL 1\"),V:V,0)-1)),COLUMN(T379))","v":"$T$354"},null,null,null,null,null,null,null,null,null,null,null,null,null,null,null,null,null,null,null,null,null,null,null,null,null,null,{"$f":"PROCURA_PRECO_SERVICO","v":"144,51"}]
[null,null,null,null,null,null,null,null,null,null,null,null,null,null,null,null,null,null,null,null,null,{"$f":"COUNTIF($R$2:$R380,\"NIVEL 1\")","v":6},3,3,0,{"$f":"ADDRESS(MATCH(COUNTIF($R$2:$R380,\"NIVEL 1\"),V:V,0),COLUMN(S380))","v":"$S$328"},{"$f":"ADDRESS(MATCH(COUNTIF($R$2:$R380,\"NIVEL 1\"),V:V,0),COLUMN(W380))","v":"$W$328"},{"$f":"ADDRESS((MATCH(COUNTIF(INDIRECT(Z380):$S380,\"NIVEL 2\"),INDIRECT(AA380):W380,0)+(MATCH(COUNTIF($R$2:$R380,\"NIVEL 1\"),V:V,0)-1)),COLUMN(T380))","v":"$T$354"},null,null,null,null,null,null,null,null,null,null,null,null,null,null,null,null,null,null,null,null,null,null,null,null,null,null,{"$f":"PROCURA_PRECO_SERVICO","v":0}]
[null,null,null,{"$f":"\"SUBTOTAL DO ITEM - \"&A371","v":"SUBTOTAL DO ITEM - 6.3.3"},null,null,null,null,{"$f":"SUBTOTAL(9,OFFSET(I371,1,0):OFFSET(I381,-1,0))","v":37588.43},null,null,null,null,"SUBSUBITEM_FIM",null,null,null,null,null,null,null,{"$f":"COUNTIF($R$2:$R381,\"NIVEL 1\")","v":6},3,3,0,{"$f":"ADDRESS(MATCH(COUNTIF($R$2:$R381,\"NIVEL 1\"),V:V,0),COLUMN(S381))","v":"$S$328"},{"$f":"ADDRESS(MATCH(COUNTIF($R$2:$R381,\"NIVEL 1\"),V:V,0),COLUMN(W381))","v":"$W$328"},{"$f":"ADDRESS((MATCH(COUNTIF(INDIRECT(Z381):$S381,\"NIVEL 2\"),INDIRECT(AA381):W381,0)+(MATCH(COUNTIF($R$2:$R381,\"NIVEL 1\"),V:V,0)-1)),COLUMN(T381))","v":"$T$354"},null,null,null,null,null,null,null,null,null,null,null,null,null,null,null,null,null,null,null,null,null,null,null,null,null,null,{"$f":"PROCURA_PRECO_SERVICO","v":0}]
[null,null,null,null,null,null,null,null,null,null,null,null,null,null,null,null,null,null,null,null,null,{"$f":"COUNTIF($R$2:$R382,\"NIVEL 1\")","v":6},3,3,0,{"$f":"ADDRESS(MATCH(COUNTIF($R$2:$R382,\"NIVEL 1\"),V:V,0),COLUMN(S382))","v":"$S$328"},{"$f":"ADDRESS(MATCH(COUNTIF($R$2:$R382,\"NIVEL 1\"),V:V,0),COLUMN(W382))","v":"$W$328"},{"$f":"ADDRESS((MATCH(COUNTIF(INDIRECT(Z382):$S382,\"NIVEL 2\"),INDIRECT(AA382):W382,0)+(MATCH(COUNTIF($R$2:$R382,\"NIVEL 1\"),V:V,0)-1)),COLUMN(T382))","v":"$T$354"},null,null,null,null,null,null,null,null,null,null,null,null,null,null,null,null,null,null,null,null,null,null,null,null,null,null,{"$f":"PROCURA_PRECO_SERVICO","v":0}]
[null,null,null,{"$f":"\"SUBTOTAL DO ITEM  - \"&A354","v":"SUBTOTAL DO ITEM  - 6.3"},null,null,null,null,{"$f":"SUBTOTAL(9,OFFSET(I354,1,0):OFFSET(I383,-1,0))","v":43112.55},null,null,null,null,"SUBITEM_FIM",null,null,null,null,null,null,null,{"$f":"COUNTIF($R$2:$R383,\"NIVEL 1\")","v":6},3,3,0,{"$f":"ADDRESS(MATCH(COUNTIF($R$2:$R383,\"NIVEL 1\"),V:V,0),COLUMN(S383))","v":"$S$328"},{"$f":"ADDRESS(MATCH(COUNTIF($R$2:$R383,\"NIVEL 1\"),V:V,0),COLUMN(W383))","v":"$W$328"},{"$f":"ADDRESS((MATCH(COUNTIF(INDIRECT(Z383):$S383,\"NIVEL 2\"),INDIRECT(AA383):W383,0)+(MATCH(COUNTIF($R$2:$R383,\"NIVEL 1\"),V:V,0)-1)),COLUMN(T383))","v":"$T$354"},null,null,null,null,null,null,null,null,null,null,null,null,null,null,null,null,null,null,null,null,null,null,null,null,null,null,{"$f":"PROCURA_PRECO_SERVICO","v":0}]
[null,null,null,null,null,null,null,null,null,null,null,null,null,null,null,null,null,null,null,null,null,{"$f":"COUNTIF($R$2:$R384,\"NIVEL 1\")","v":6},3,3,{"$f":"IF(U384=\"NIVEL 4\",OFFSET(Y384,-1,0)+1,0)","v":0},{"$f":"ADDRESS(MATCH(COUNTIF($R$2:$R384,\"NIVEL 1\"),V:V,0),COLUMN(S384))","v":"$S$328"},{"$f":"ADDRESS(MATCH(COUNTIF($R$2:$R384,\"NIVEL 1\"),V:V,0),COLUMN(W384))","v":"$W$328"},{"$f":"ADDRESS((MATCH(COUNTIF(INDIRECT(Z384):$S384,\"NIVEL 2\"),INDIRECT(AA384):W384,0)+(MATCH(COUNTIF($R$2:$R384,\"NIVEL 1\"),V:V,0)-1)),COLUMN(T384))","v":"$T$354"},null,null,null,null,null,null,null,null,null,null,null,null,null,null,null,null,null,null,null,null,null,null,null,null,null,null,{"$f":"PROCURA_PRECO_SERVICO","v":0}]
[{"$f":"V385&\".\"&W385","v":"6.4"},null,null,"SUPERESTRUTURA ÁREA EXTERNA - RAMPAS",null,null,null,null,null,null,null,null,null,"SUBITEM_INICIO",null,null,null,"NIVEL 2","NIVEL 2",null,null,{"$f":"COUNTIF($R$2:$R385,\"NIVEL 1\")","v":6},4,0,0,{"$f":"ADDRESS(MATCH(COUNTIF($R$2:$R385,\"NIVEL 1\"),V:V,0),COLUMN(S385))","v":"$S$328"},{"$f":"ADDRESS(MATCH(COUNTIF($R$2:$R385,\"NIVEL 1\"),V:V,0),COLUMN(W385))","v":"$W$328"},{"$f":"ADDRESS((MATCH(COUNTIF(INDIRECT(Z385):$S385,\"NIVEL 2\"),INDIRECT(AA385):W385,0)+(MATCH(COUNTIF($R$2:$R385,\"NIVEL 1\"),V:V,0)-1)),COLUMN(T385))","v":"$T$385"},null,null,null,null,null,null,null,null,null,null,null,null,null,null,null,null,null,null,null,null,null,null,null,null,null,null,{"$f":"PROCURA_PRECO_SERVICO","v":0}]
[null,null,null,null,null,null,null,null,null,null,null,null,null,null,null,null,null,null,null,null,null,{"$f":"COUNTIF($R$2:$R386,\"NIVEL 1\")","v":6},4,0,{"$f":"IF(U386=\"NIVEL 4\",OFFSET(Y386,-1,0)+1,0)","v":0},{"$f":"ADDRESS(MATCH(COUNTIF($R$2:$R386,\"NIVEL 1\"),V:V,0),COLUMN(S386))","v":"$S$328"},{"$f":"ADDRESS(MATCH(COUNTIF($R$2:$R386,\"NIVEL 1\"),V:V,0),COLUMN(W386))","v":"$W$328"},{"$f":"ADDRESS((MATCH(COUNTIF(INDIRECT(Z386):$S386,\"NIVEL 2\"),INDIRECT(AA386):W386,0)+(MATCH(COUNTIF($R$2:$R386,\"NIVEL 1\"),V:V,0)-1)),COLUMN(T386))","v":"$T$385"},null,null,null,null,null,null,null,null,null,null,null,null,null,null,null,null,null,null,null,null,null,null,null,null,null,null,{"$f":"PROCURA_PRECO_SERVICO","v":0}]
[{"$f":"V387&\".\"&W387&\".\"&X387","v":"6.4.1"},null,null,"MURETA RAMPA 1, 2, 3 E 4",null,null,null,null,null,null,null,null,null,"SUBSUBITEM_INICIO",null,null,null,"NIVEL 3","NIVEL 3","NIVEL 3",null,{"$f":"COUNTIF($R$2:$R387,\"NIVEL 1\")","v":6},4,1,0,{"$f":"ADDRESS(MATCH(COUNTIF($R$2:$R387,\"NIVEL 1\"),V:V,0),COLUMN(S387))","v":"$S$328"},{"$f":"ADDRESS(MATCH(COUNTIF($R$2:$R387,\"NIVEL 1\"),V:V,0),COLUMN(W387))","v":"$W$328"},{"$f":"ADDRESS((MATCH(COUNTIF(INDIRECT(Z387):$S387,\"NIVEL 2\"),INDIRECT(AA387):W387,0)+(MATCH(COUNTIF($R$2:$R387,\"NIVEL 1\"),V:V,0)-1)),COLUMN(T387))","v":"$T$385"},null,null,null,null,null,null,null,null,null,null,null,null,null,null,null,null,null,null,null,null,null,null,null,null,null,null,{"$f":"PROCURA_PRECO_SERVICO","v":0}]
[null,null,null,null,null,null,null,null,null,null,null,null,null,null,null,null,null,null,null,null,null,{"$f":"COUNTIF($R$2:$R388,\"NIVEL 1\")","v":6},4,1,0,{"$f":"ADDRESS(MATCH(COUNTIF($R$2:$R388,\"NIVEL 1\"),V:V,0),COLUMN(S388))","v":"$S$328"},{"$f":"ADDRESS(MATCH(COUNTIF($R$2:$R388,\"NIVEL 1\"),V:V,0),COLUMN(W388))","v":"$W$328"},{"$f":"ADDRESS((MATCH(COUNTIF(INDIRECT(Z388):$S388,\"NIVEL 2\"),INDIRECT(AA388):W388,0)+(MATCH(COUNTIF($R$2:$R388,\"NIVEL 1\"),V:V,0)-1)),COLUMN(T388))","v":"$T$385"},null,null,null,null,null,null,null,null,null,null,null,null,null,null,null,null,null,null,null,null,null,null,null,null,null,null,{"$f":"PROCURA_PRECO_SERVICO","v":0}]
[{"$f":"V389&\".\"&W389&\".\"&X389&\".\"&Y389","v":"6.4.1.1"},"SETOP","ED-49812",{"$f":"PROCURA_DESCRICAO_SERVICO","v":"LASTRO DE CONCRETO MAGRO, INCLUSIVE TRANSPORTE, LANÇAMENTO E ADENSAMENTO "},{"$f":"PROCURA_UNIDADE_SERVICO","v":"M3"},1.69,{"$f":"PROCURA_PRECO_SERVICO","v":505.88},{"$f":"CUSTO_BDI_SERVICO","v":638.62},{"$f":"CUSTO_TOTAL_SERVICO","v":1079.26},null,null,null,null,"SERVIÇO",null,null,null,"NIVEL 4","NIVEL 4","NIVEL 4","NIVEL 4",{"$f":"COUNTIF($R$1:$R389,\"NIVEL 1\")","v":6},4,1,1,{"$f":"ADDRESS(MATCH(COUNTIF($R$1:$R389,\"NIVEL 1\"),V:V,0),COLUMN(S389))","v":"$S$328"},{"$f":"ADDRESS(MATCH(COUNTIF($R$1:$R389,\"NIVEL 1\"),V:V,0),COLUMN(W389))","v":"$W$328"},{"$f":"ADDRESS((MATCH(COUNTIF(INDIRECT(Z389):$S389,\"NIVEL 2\"),INDIRECT(AA389):W389,0)+(MATCH(COUNTIF($R$1:$R389,\"NIVEL 1\"),V:V,0)-1)),COLUMN(T389))","v":"$T$385"},null,null,null,null,null,null,null,null,null,null,null,null,null,null,null,null,null,null,null,null,null,null,null,null,null,null,{"$f":"PROCURA_PRECO_SERVICO","v":505.88}]
["6.4.1.2","SETOP","ED-48217",{"$f":"PROCURA_DESCRICAO_SERVICO","v":"ALVENARIA DE BLOCO DE CONCRETO CHEIO SEM ARMAÇÃO, EM CONCRETO COM FCK 15MPA , ESP. 19CM, PARA REVESTIMENTO, INCLUSIVE ARGAMASSA PARA ASSENTAMENTO (DETALHE D - CADERNO SEDS)"},{"$f":"PROCURA_UNIDADE_SERVICO","v":"M2"},14.84,{"$f":"PROCURA_PRECO_SERVICO","v":178.89},225.83,3351.31,null,null,null,null,"SERVIÇO",null,null,null,"NIVEL 4","NIVEL 4","NIVEL 4","NIVEL 4",{"$f":"COUNTIF($R$1:$R390,\"NIVEL 1\")","v":6},4,1,2,{"$f":"ADDRESS(MATCH(COUNTIF($R$1:$R390,\"NIVEL 1\"),V:V,0),COLUMN(S390))","v":"$S$328"},{"$f":"ADDRESS(MATCH(COUNTIF($R$1:$R390,\"NIVEL 1\"),V:V,0),COLUMN(W390))","v":"$W$328"},{"$f":"ADDRESS((MATCH(COUNTIF(INDIRECT(Z390):$S390,\"NIVEL 2\"),INDIRECT(AA390):W390,0)+(MATCH(COUNTIF($R$1:$R390,\"NIVEL 1\"),V:V,0)-1)),COLUMN(T390))","v":"$T$385"},null,null,null,null,null,null,null,null,null,null,null,null,null,null,null,null,null,null,null,null,null,null,null,null,null,null,{"$f":"PROCURA_PRECO_SERVICO","v":178.89}]
[null,null,null,null,null,null,null,null,null,null,null,null,null,null,null,null,null,null,null,null,null,{"$f":"COUNTIF($R$2:$R391,\"NIVEL 1\")","v":6},4,1,0,{"$f":"ADDRESS(MATCH(COUNTIF($R$2:$R391,\"NIVEL 1\"),V:V,0),COLUMN(S391))","v":"$S$328"},{"$f":"ADDRESS(MATCH(COUNTIF($R$2:$R391,\"NIVEL 1\"),V:V,0),COLUMN(W391))","v":"$W$328"},{"$f":"ADDRESS((MATCH(COUNTIF(INDIRECT(Z391):$S391,\"NIVEL 2\"),INDIRECT(AA391):W391,0)+(MATCH(COUNTIF($R$2:$R391,\"NIVEL 1\"),V:V,0)-1)),COLUMN(T391))","v":"$T$385"},null,null,null,null,null,null,null,null,null,null,null,null,null,null,null,null,null,null,null,null,null,null,null,null,null,null,{"$f":"PROCURA_PRECO_SERVICO","v":0}]
[null,null,null,{"$f":"\"SUBTOTAL DO ITEM - \"&A387","v":"SUBTOTAL DO ITEM - 6.4.1"},null,null,null,null,{"$f":"SUBTOTAL(9,OFFSET(I387,1,0):OFFSET(I392,-1,0))","v":4430.57},null,null,null,null,"SUBSUBITEM_FIM",null,null,null,null,null,null,null,{"$f":"COUNTIF($R$2:$R392,\"NIVEL 1\")","v":6},{"$f":"IFERROR(COUNTIF(INDIRECT(Z392):S392,\"NIVEL 2\"),0)","v":4},{"$f":"COUNTIF(INDIRECT(AB392):T392,\"NIVEL 3\")","v":1},0,{"$f":"ADDRESS(MATCH(COUNTIF($R$2:$R392,\"NIVEL 1\"),V:V,0),COLUMN(S392))","v":"$S$328"},{"$f":"ADDRESS(MATCH(COUNTIF($R$2:$R392,\"NIVEL 1\"),V:V,0),COLUMN(W392))","v":"$W$328"},{"$f":"ADDRESS((MATCH(COUNTIF(INDIRECT(Z392):$S392,\"NIVEL 2\"),INDIRECT(AA392):W392,0)+(MATCH(COUNTIF($R$2:$R392,\"NIVEL 1\"),V:V,0)-1)),COLUMN(T392))","v":"$T$385"},null,null,null,null,null,null,null,null,null,null,null,null,null,null,null,null,null,null,null,null,null,null,null,null,null,null,{"$f":"PROCURA_PRECO_SERVICO","v":0}]
[null,null,null,null,null,null,null,null,null,null,null,null,null,null,null,null,null,null,null,null,null,{"$f":"COUNTIF($R$2:$R393,\"NIVEL 1\")","v":6},4,1,0,{"$f":"ADDRESS(MATCH(COUNTIF($R$2:$R393,\"NIVEL 1\"),V:V,0),COLUMN(S393))","v":"$S$328"},{"$f":"ADDRESS(MATCH(COUNTIF($R$2:$R393,\"NIVEL 1\"),V:V,0),COLUMN(W393))","v":"$W$328"},{"$f":"ADDRESS((MATCH(COUNTIF(INDIRECT(Z393):$S393,\"NIVEL 2\"),INDIRECT(AA393):W393,0)+(MATCH(COUNTIF($R$2:$R393,\"NIVEL 1\"),V:V,0)-1)),COLUMN(T393))","v":"$T$385"},null,null,null,null,null,null,null,null,null,null,null,null,null,null,null,null,null,null,null,null,null,null,null,null,null,null,{"$f":"PROCURA_PRECO_SERVICO","v":0}]
[{"$f":"V394&\".\"&W394&\".\"&X394","v":"6.4.2"},null,null,"PISO ARMADO RAMPA 1, 2, 3 E 4",null,null,null,null,null,null,null,null,null,"SUBSUBITEM_INICIO",null,null,null,"NIVEL 3","NIVEL 3","NIVEL 3",null,{"$f":"COUNTIF($R$2:$R394,\"NIVEL 1\")","v":6},4,2,0,{"$f":"ADDRESS(MATCH(COUNTIF($R$2:$R394,\"NIVEL 1\"),V:V,0),COLUMN(S394))","v":"$S$328"},{"$f":"ADDRESS(MATCH(COUNTIF($R$2:$R394,\"NIVEL 1\"),V:V,0),COLUMN(W394))","v":"$W$328"},{"$f":"ADDRESS((MATCH(COUNTIF(INDIRECT(Z394):$S394,\"NIVEL 2\"),INDIRECT(AA394):W394,0)+(MATCH(COUNTIF($R$2:$R394,\"NIVEL 1\"),V:V,0)-1)),COLUMN(T394))","v":"$T$385"},null,null,null,null,null,null,null,null,null,null,null,null,null,null,null,null,null,null,null,null,null,null,null,null,null,null,{"$f":"PROCURA_PRECO_SERVICO","v":0}]
[null,null,null,null,null,null,null,null,null,null,null,null,null,null,null,null,null,null,null,null,null,{"$f":"COUNTIF($R$2:$R395,\"NIVEL 1\")","v":6},4,2,0,{"$f":"ADDRESS(MATCH(COUNTIF($R$2:$R395,\"NIVEL 1\"),V:V,0),COLUMN(S395))","v":"$S$328"},{"$f":"ADDRESS(MATCH(COUNTIF($R$2:$R395,\"NIVEL 1\"),V:V,0),COLUMN(W395))","v":"$W$328"},{"$f":"ADDRESS((MATCH(COUNTIF(INDIRECT(Z395):$S395,\"NIVEL 2\"),INDIRECT(AA395):W395,0)+(MATCH(COUNTIF($R$2:$R395,\"NIVEL 1\"),V:V,0)-1)),COLUMN(T395))","v":"$T$385"},null,null,null,null,null,null,null,null,null,null,null,null,null,null,null,null,null,null,null,null,null,null,null,null,null,null,{"$f":"PROCURA_PRECO_SERVICO","v":0}]
[{"$f":"V396&\".\"&W396&\".\"&X396&\".\"&Y396","v":"6.4.2.1"},"SETOP","ED-49638",{"$f":"PROCURA_DESCRICAO_SERVICO","v":"FORNECIMENTO DE CONCRETO ESTRUTURAL, USINADO BOMBEADO, COM FCK 25 MPA, INCLUSIVE LANÇAMENTO, ADENSAMENTO E ACABAMENTO"},{"$f":"PROCURA_UNIDADE_SERVICO","v":"M3"},3.68,{"$f":"PROCURA_PRECO_SERVICO","v":696.13},{"$f":"CUSTO_BDI_SERVICO","v":878.79},{"$f":"CUSTO_TOTAL_SERVICO","v":3233.94},null,null,null,null,"SERVIÇO",null,null,null,"NIVEL 4","NIVEL 4","NIVEL 4","NIVEL 4",{"$f":"COUNTIF($R$1:$R396,\"NIVEL 1\")","v":6},4,2,1,{"$f":"ADDRESS(MATCH(COUNTIF($R$1:$R396,\"NIVEL 1\"),V:V,0),COLUMN(S396))","v":"$S$328"},{"$f":"ADDRESS(MATCH(COUNTIF($R$1:$R396,\"NIVEL 1\"),V:V,0),COLUMN(W396))","v":"$W$328"},{"$f":"ADDRESS((MATCH(COUNTIF(INDIRECT(Z396):$S396,\"NIVEL 2\"),INDIRECT(AA396):W396,0)+(MATCH(COUNTIF($R$1:$R396,\"NIVEL 1\"),V:V,0)-1)),COLUMN(T396))","v":"$T$385"},null,null,null,null,null,null,null,null,null,null,null,null,null,null,null,null,null,null,null,null,null,null,null,null,null,null,{"$f":"PROCURA_PRECO_SERVICO","v":696.13}]
["6.4.2.2","SINAPI","97088",{"$f":"PROCURA_DESCRICAO_SERVICO","v":"ARMAÇÃO PARA EXECUÇÃO DE RADIER, PISO DE CONCRETO OU LAJE SOBRE SOLO, COM USO DE TELA Q-92. AF_09/2021"},{"$f":"PROCURA_UNIDADE_SERVICO","v":"KG"},54.74,{"$f":"PROCURA_PRECO_SERVICO","v":"19,93"},25.15,1376.71,null,null,null,null,"SERVIÇO",null,null,null,"NIVEL 4","NIVEL 4","NIVEL 4","NIVEL 4",{"$f":"COUNTIF($R$1:$R397,\"NIVEL 1\")","v":6},4,2,2,{"$f":"ADDRESS(MATCH(COUNTIF($R$1:$R397,\"NIVEL 1\"),V:V,0),COLUMN(S397))","v":"$S$328"},{"$f":"ADDRESS(MATCH(COUNTIF($R$1:$R397,\"NIVEL 1\"),V:V,0),COLUMN(W397))","v":"$W$328"},{"$f":"ADDRESS((MATCH(COUNTIF(INDIRECT(Z397):$S397,\"NIVEL 2\"),INDIRECT(AA397):W397,0)+(MATCH(COUNTIF($R$1:$R397,\"NIVEL 1\"),V:V,0)-1)),COLUMN(T397))","v":"$T$385"},null,null,null,null,null,null,null,null,null,null,null,null,null,null,null,null,null,null,null,null,null,null,null,null,null,null,{"$f":"PROCURA_PRECO_SERVICO","v":"19,93"}]
["6.4.2.3","SETOP","ED-51099",{"$f":"PROCURA_DESCRICAO_SERVICO","v":"COMPACTAÇÃO DE VALAS OU ÁREAS, MANUALMENTE A 95% DO PN, COM PLACA VIBRATÓRIA"},{"$f":"PROCURA_UNIDADE_SERVICO","v":"M3"},36.8,{"$f":"PROCURA_PRECO_SERVICO","v":50.85},64.19,2362.19,null,null,null,null,"SERVIÇO",null,null,null,"NIVEL 4","NIVEL 4","NIVEL 4","NIVEL 4",{"$f":"COUNTIF($R$1:$R398,\"NIVEL 1\")","v":6},4,2,3,{"$f":"ADDRESS(MATCH(COUNTIF($R$1:$R398,\"NIVEL 1\"),V:V,0),COLUMN(S398))","v":"$S$328"},{"$f":"ADDRESS(MATCH(COUNTIF($R$1:$R398,\"NIVEL 1\"),V:V,0),COLUMN(W398))","v":"$W$328"},{"$f":"ADDRESS((MATCH(COUNTIF(INDIRECT(Z398):$S398,\"NIVEL 2\"),INDIRECT(AA398):W398,0)+(MATCH(COUNTIF($R$1:$R398,\"NIVEL 1\"),V:V,0)-1)),COLUMN(T398))","v":"$T$385"},null,null,null,null,null,null,null,null,null,null,null,null,null,null,null,null,null,null,null,null,null,null,null,null,null,null,{"$f":"PROCURA_PRECO_SERVICO","v":50.85}]
["6.4.2.4","SICRO",4011278,{"$f":"PROCURA_DESCRICAO_SERVICO","v":"BASE OU SUB-BASE DE BRITA      GRADUADA TRATADA COM CIMENTO  "},{"$f":"PROCURA_UNIDADE_SERVICO","v":"M³    "},3.68,{"$f":"PROCURA_PRECO_SERVICO","v":277.12},349.83,1287.37,null,null,null,null,"SERVIÇO",null,null,null,"NIVEL 4","NIVEL 4","NIVEL 4","NIVEL 4",{"$f":"COUNTIF($R$1:$R399,\"NIVEL 1\")","v":6},4,2,4,{"$f":"ADDRESS(MATCH(COUNTIF($R$1:$R399,\"NIVEL 1\"),V:V,0),COLUMN(S399))","v":"$S$328"},{"$f":"ADDRESS(MATCH(COUNTIF($R$1:$R399,\"NIVEL 1\"),V:V,0),COLUMN(W399))","v":"$W$328"},{"$f":"ADDRESS((MATCH(COUNTIF(INDIRECT(Z399):$S399,\"NIVEL 2\"),INDIRECT(AA399):W399,0)+(MATCH(COUNTIF($R$1:$R399,\"NIVEL 1\"),V:V,0)-1)),COLUMN(T399))","v":"$T$385"},null,null,null,null,null,null,null,null,null,null,null,null,null,null,null,null,null,null,null,null,null,null,null,null,null,null,{"$f":"PROCURA_PRECO_SERVICO","v":277.12}]
["6.4.2.5","SINAPI","97087",{"$f":"PROCURA_DESCRICAO_SERVICO","v":"CAMADA SEPARADORA PARA EXECUÇÃO DE RADIER, PISO DE CONCRETO OU LAJE SOBRE SOLO, EM LONA PLÁSTICA. AF_09/2021"},{"$f":"PROCURA_UNIDADE_SERVICO","v":"M2"},36.8,{"$f":"PROCURA_PRECO_SERVICO","v":"2,71"},3.42,125.85,null,null,null,null,"SERVIÇO",null,null,null,"NIVEL 4","NIVEL 4","NIVEL 4","NIVEL 4",{"$f":"COUNTIF($R$1:$R400,\"NIVEL 1\")","v":6},4,2,5,{"$f":"ADDRESS(MATCH(COUNTIF($R$1:$R400,\"NIVEL 1\"),V:V,0),COLUMN(S400))","v":"$S$328"},{"$f":"ADDRESS(MATCH(COUNTIF($R$1:$R400,\"NIVEL 1\"),V:V,0),COLUMN(W400))","v":"$W$328"},{"$f":"ADDRESS((MATCH(COUNTIF(INDIRECT(Z400):$S400,\"NIVEL 2\"),INDIRECT(AA400):W400,0)+(MATCH(COUNTIF($R$1:$R400,\"NIVEL 1\"),V:V,0)-1)),COLUMN(T400))","v":"$T$385"},null,null,null,null,null,null,null,null,null,null,null,null,null,null,null,null,null,null,null,null,null,null,null,null,null,null,{"$f":"PROCURA_PRECO_SERVICO","v":"2,71"}]
["6.4.2.6","SINAPI","97086",{"$f":"PROCURA_DESCRICAO_SERVICO","v":"FABRICAÇÃO, MONTAGEM E DESMONTAGEM DE FORMA PARA RADIER, PISO DE CONCRETO OU LAJE SOBRE SOLO, EM MADEIRA SERRADA, 4 UTILIZAÇÕES. AF_09/2021"},{"$f":"PROCURA_UNIDADE_SERVICO","v":"M2"},3.73,{"$f":"PROCURA_PRECO_SERVICO","v":"144,51"},182.42,680.42,null,null,null,null,"SERVIÇO",null,null,null,"NIVEL 4","NIVEL 4","NIVEL 4","NIVEL 4",{"$f":"COUNTIF($R$1:$R401,\"NIVEL 1\")","v":6},4,2,6,{"$f":"ADDRESS(MATCH(COUNTIF($R$1:$R401,\"NIVEL 1\"),V:V,0),COLUMN(S401))","v":"$S$328"},{"$f":"ADDRESS(MATCH(COUNTIF($R$1:$R401,\"NIVEL 1\"),V:V,0),COLUMN(W401))","v":"$W$328"},{"$f":"ADDRESS((MATCH(COUNTIF(INDIRECT(Z401):$S401,\"NIVEL 2\"),INDIRECT(AA401):W401,0)+(MATCH(COUNTIF($R$1:$R401,\"NIVEL 1\"),V:V,0)-1)),COLUMN(T401))","v":"$T$385"},null,null,null,null,null,null,null,null,null,null,null,null,null,null,null,null,null,null,null,null,null,null,null,null,null,null,{"$f":"PROCURA_PRECO_SERVICO","v":"144,51"}]
[null,null,null,null,null,null,null,null,null,null,null,null,null,null,null,null,null,null,null,null,null,{"$f":"COUNTIF($R$2:$R402,\"NIVEL 1\")","v":6},4,2,0,{"$f":"ADDRESS(MATCH(COUNTIF($R$2:$R402,\"NIVEL 1\"),V:V,0),COLUMN(S402))","v":"$S$328"},{"$f":"ADDRESS(MATCH(COUNTIF($R$2:$R402,\"NIVEL 1\"),V:V,0),COLUMN(W402))","v":"$W$328"},{"$f":"ADDRESS((MATCH(COUNTIF(INDIRECT(Z402):$S402,\"NIVEL 2\"),INDIRECT(AA402):W402,0)+(MATCH(COUNTIF($R$2:$R402,\"NIVEL 1\"),V:V,0)-1)),COLUMN(T402))","v":"$T$385"},null,null,null,null,null,null,null,null,null,null,null,null,null,null,null,null,null,null,null,null,null,null,null,null,null,null,{"$f":"PROCURA_PRECO_SERVICO","v":0}]
[null,null,null,{"$f":"\"SUBTOTAL DO ITEM - \"&A394","v":"SUBTOTAL DO ITEM - 6.4.2"},null,null,null,null,{"$f":"SUBTOTAL(9,OFFSET(I394,1,0):OFFSET(I403,-1,0))","v":9066.48},null,null,null,null,"SUBSUBITEM_FIM",null,null,null,null,null,null,null,{"$f":"COUNTIF($R$2:$R403,\"NIVEL 1\")","v":6},4,2,0,{"$f":"ADDRESS(MATCH(COUNTIF($R$2:$R403,\"NIVEL 1\"),V:V,0),COLUMN(S403))","v":"$S$328"},{"$f":"ADDRESS(MATCH(COUNTIF($R$2:$R403,\"NIVEL 1\"),V:V,0),COLUMN(W403))","v":"$W$328"},{"$f":"ADDRESS((MATCH(COUNTIF(INDIRECT(Z403):$S403,\"NIVEL 2\"),INDIRECT(AA403):W403,0)+(MATCH(COUNTIF($R$2:$R403,\"NIVEL 1\"),V:V,0)-1)),COLUMN(T403))","v":"$T$385"},null,null,null,null,null,null,null,null,null,null,null,null,null,null,null,null,null,null,null,null,null,null,null,null,null,null,{"$f":"PROCURA_PRECO_SERVICO","v":0}]
[null,null,null,null,null,null,null,null,null,null,null,null,null,null,null,null,null,null,null,null,null,{"$f":"COUNTIF($R$2:$R404,\"NIVEL 1\")","v":6},4,2,0,{"$f":"ADDRESS(MATCH(COUNTIF($R$2:$R404,\"NIVEL 1\"),V:V,0),COLUMN(S404))","v":"$S$328"},{"$f":"ADDRESS(MATCH(COUNTIF($R$2:$R404,\"NIVEL 1\"),V:V,0),COLUMN(W404))","v":"$W$328"},{"$f":"ADDRESS((MATCH(COUNTIF(INDIRECT(Z404):$S404,\"NIVEL 2\"),INDIRECT(AA404):W404,0)+(MATCH(COUNTIF($R$2:$R404,\"NIVEL 1\"),V:V,0)-1)),COLUMN(T404))","v":"$T$385"},null,null,null,null,null,null,null,null,null,null,null,null,null,null,null,null,null,null,null,null,null,null,null,null,null,null,{"$f":"PROCURA_PRECO_SERVICO","v":0}]
[{"$f":"V405&\".\"&W405&\".\"&X405","v":"6.4.3"},null,null,"MURETA RAMPA 5 E 6 / ESCADA 1, 2 E 3",null,null,null,null,null,null,null,null,null,"SUBSUBITEM_INICIO",null,null,null,"NIVEL 3","NIVEL 3","NIVEL 3",null,{"$f":"COUNTIF($R$2:$R405,\"NIVEL 1\")","v":6},4,3,0,{"$f":"ADDRESS(MATCH(COUNTIF($R$2:$R405,\"NIVEL 1\"),V:V,0),COLUMN(S405))","v":"$S$328"},{"$f":"ADDRESS(MATCH(COUNTIF($R$2:$R405,\"NIVEL 1\"),V:V,0),COLUMN(W405))","v":"$W$328"},{"$f":"ADDRESS((MATCH(COUNTIF(INDIRECT(Z405):$S405,\"NIVEL 2\"),INDIRECT(AA405):W405,0)+(MATCH(COUNTIF($R$2:$R405,\"NIVEL 1\"),V:V,0)-1)),COLUMN(T405))","v":"$T$385"},null,null,null,null,null,null,null,null,null,null,null,null,null,null,null,null,null,null,null,null,null,null,null,null,null,null,{"$f":"PROCURA_PRECO_SERVICO","v":0}]
[null,null,null,null,null,null,null,null,null,null,null,null,null,null,null,null,null,null,null,null,null,{"$f":"COUNTIF($R$2:$R406,\"NIVEL 1\")","v":6},4,3,0,{"$f":"ADDRESS(MATCH(COUNTIF($R$2:$R406,\"NIVEL 1\"),V:V,0),COLUMN(S406))","v":"$S$328"},{"$f":"ADDRESS(MATCH(COUNTIF($R$2:$R406,\"NIVEL 1\"),V:V,0),COLUMN(W406))","v":"$W$328"},{"$f":"ADDRESS((MATCH(COUNTIF(INDIRECT(Z406):$S406,\"NIVEL 2\"),INDIRECT(AA406):W406,0)+(MATCH(COUNTIF($R$2:$R406,\"NIVEL 1\"),V:V,0)-1)),COLUMN(T406))","v":"$T$385"},null,null,null,null,null,null,null,null,null,null,null,null,null,null,null,null,null,null,null,null,null,null,null,null,null,null,{"$f":"PROCURA_PRECO_SERVICO","v":0}]
[{"$f":"V407&\".\"&W407&\".\"&X407&\".\"&Y407","v":"6.4.3.1"},"SETOP","ED-49812",{"$f":"PROCURA_DESCRICAO_SERVICO","v":"LASTRO DE CONCRETO MAGRO, INCLUSIVE TRANSPORTE, LANÇAMENTO E ADENSAMENTO "},{"$f":"PROCURA_UNIDADE_SERVICO","v":"M3"},0.98,{"$f":"PROCURA_PRECO_SERVICO","v":505.88},{"$f":"CUSTO_BDI_SERVICO","v":638.62},{"$f":"CUSTO_TOTAL_SERVICO","v":625.84},null,null,null,null,"SERVIÇO",null,null,null,"NIVEL 4","NIVEL 4","NIVEL 4","NIVEL 4",{"$f":"COUNTIF($R$1:$R407,\"NIVEL 1\")","v":6},4,3,1,{"$f":"ADDRESS(MATCH(COUNTIF($R$1:$R407,\"NIVEL 1\"),V:V,0),COLUMN(S407))","v":"$S$328"},{"$f":"ADDRESS(MATCH(COUNTIF($R$1:$R407,\"NIVEL 1\"),V:V,0),COLUMN(W407))","v":"$W$328"},{"$f":"ADDRESS((MATCH(COUNTIF(INDIRECT(Z407):$S407,\"NIVEL 2\"),INDIRECT(AA407):W407,0)+(MATCH(COUNTIF($R$1:$R407,\"NIVEL 1\"),V:V,0)-1)),COLUMN(T407))","v":"$T$385"},null,null,null,null,null,null,null,null,null,null,null,null,null,null,null,null,null,null,null,null,null,null,null,null,null,null,{"$f":"PROCURA_PRECO_SERVICO","v":505.88}]
["6.4.3.2","SETOP","ED-48217",{"$f":"PROCURA_DESCRICAO_SERVICO","v":"ALVENARIA DE BLOCO DE CONCRETO CHEIO SEM ARMAÇÃO, EM CONCRETO COM FCK 15MPA , ESP. 19CM, PARA REVESTIMENTO, INCLUSIVE ARGAMASSA PARA ASSENTAMENTO (DETALHE D - CADERNO SEDS)"},{"$f":"PROCURA_UNIDADE_SERVICO","v":"M2"},8.64,{"$f":"PROCURA_PRECO_SERVICO","v":178.89},225.83,1951.17,null,null,null,null,"SERVIÇO",null,null,null,"NIVEL 4","NIVEL 4","NIVEL 4","NIVEL 4",{"$f":"COUNTIF($R$1:$R408,\"NIVEL 1\")","v":6},4,3,2,{"$f":"ADDRESS(MATCH(COUNTIF($R$1:$R408,\"NIVEL 1\"),V:V,0),COLUMN(S408))","v":"$S$328"},{"$f":"ADDRESS(MATCH(COUNTIF($R$1:$R408,\"NIVEL 1\"),V:V,0),COLUMN(W408))","v":"$W$328"},{"$f":"ADDRESS((MATCH(COUNTIF(INDIRECT(Z408):$S408,\"NIVEL 2\"),INDIRECT(AA408):W408,0)+(MATCH(COUNTIF($R$1:$R408,\"NIVEL 1\"),V:V,0)-1)),COLUMN(T408))","v":"$T$385"},null,null,null,null,null,null,null,null,null,null,null,null,null,null,null,null,null,null,null,null,null,null,null,null,null,null,{"$f":"PROCURA_PRECO_SERVICO","v":178.89}]
[null,null,null,null,null,null,null,null,null,null,null,null,null,null,null,null,null,null,null,null,null,{"$f":"COUNTIF($R$2:$R409,\"NIVEL 1\")","v":6},4,3,0,{"$f":"ADDRESS(MATCH(COUNTIF($R$2:$R409,\"NIVEL 1\"),V:V,0),COLUMN(S409))","v":"$S$328"},{"$f":"ADDRESS(MATCH(COUNTIF($R$2:$R409,\"NIVEL 1\"),V:V,0),COLUMN(W409))","v":"$W$328"},{"$f":"ADDRESS((MATCH(COUNTIF(INDIRECT(Z409):$S409,\"NIVEL 2\"),INDIRECT(AA409):W409,0)+(MATCH(COUNTIF($R$2:$R409,\"NIVEL 1\"),V:V,0)-1)),COLUMN(T409))","v":"$T$385"},null,null,null,null,null,null,null,null,null,null,null,null,null,null,null,null,null,null,null,null,null,null,null,null,null,null,{"$f":"PROCURA_PRECO_SERVICO","v":0}]
[null,null,null,{"$f":"\"SUBTOTAL DO ITEM - \"&A405","v":"SUBTOTAL DO ITEM - 6.4.3"},null,null,null,null,{"$f":"SUBTOTAL(9,OFFSET(I405,1,0):OFFSET(I410,-1,0))","v":2577.01},null,null,null,null,"SUBSUBITEM_FIM",null,null,null,null,null,null,null,{"$f":"COUNTIF($R$2:$R410,\"NIVEL 1\")","v":6},4,3,0,{"$f":"ADDRESS(MATCH(COUNTIF($R$2:$R410,\"NIVEL 1\"),V:V,0),COLUMN(S410))","v":"$S$328"},{"$f":"ADDRESS(MATCH(COUNTIF($R$2:$R410,\"NIVEL 1\"),V:V,0),COLUMN(W410))","v":"$W$328"},{"$f":"ADDRESS((MATCH(COUNTIF(INDIRECT(Z410):$S410,\"NIVEL 2\"),INDIRECT(AA410):W410,0)+(MATCH(COUNTIF($R$2:$R410,\"NIVEL 1\"),V:V,0)-1)),COLUMN(T410))","v":"$T$385"},null,null,null,null,null,null,null,null,null,null,null,null,null,null,null,null,null,null,null,null,null,null,null,null,null,null,{"$f":"PROCURA_PRECO_SERVICO","v":0}]
[null,null,null,null,null,null,null,null,null,null,null,null,null,null,null,null,null,null,null,null,null,{"$f":"COUNTIF($R$2:$R411,\"NIVEL 1\")","v":6},4,3,0,{"$f":"ADDRESS(MATCH(COUNTIF($R$2:$R411,\"NIVEL 1\"),V:V,0),COLUMN(S411))","v":"$S$328"},{"$f":"ADDRESS(MATCH(COUNTIF($R$2:$R411,\"NIVEL 1\"),V:V,0),COLUMN(W411))","v":"$W$328"},{"$f":"ADDRESS((MATCH(COUNTIF(INDIRECT(Z411):$S411,\"NIVEL 2\"),INDIRECT(AA411):W411,0)+(MATCH(COUNTIF($R$2:$R411,\"NIVEL 1\"),V:V,0)-1)),COLUMN(T411))","v":"$T$385"},null,null,null,null,null,null,null,null,null,null,null,null,null,null,null,null,null,null,null,null,null,null,null,null,null,null,{"$f":"PROCURA_PRECO_SERVICO","v":0}]
[{"$f":"V412&\".\"&W412&\".\"&X412","v":"6.4.4"},null,null,"PISO ARMADO RAMPA 5 E 6 / ESCADA 1, 2 E 3",null,null,null,null,null,null,null,null,null,"SUBSUBITEM_INICIO",null,null,null,"NIVEL 3","NIVEL 3","NIVEL 3",null,{"$f":"COUNTIF($R$2:$R412,\"NIVEL 1\")","v":6},4,4,0,{"$f":"ADDRESS(MATCH(COUNTIF($R$2:$R412,\"NIVEL 1\"),V:V,0),COLUMN(S412))","v":"$S$328"},{"$f":"ADDRESS(MATCH(COUNTIF($R$2:$R412,\"NIVEL 1\"),V:V,0),COLUMN(W412))","v":"$W$328"},{"$f":"ADDRESS((MATCH(COUNTIF(INDIRECT(Z412):$S412,\"NIVEL 2\"),INDIRECT(AA412):W412,0)+(MATCH(COUNTIF($R$2:$R412,\"NIVEL 1\"),V:V,0)-1)),COLUMN(T412))","v":"$T$385"},null,null,null,null,null,null,null,null,null,null,null,null,null,null,null,null,null,null,null,null,null,null,null,null,null,null,{"$f":"PROCURA_PRECO_SERVICO","v":0}]
[null,null,null,null,null,null,null,null,null,null,null,null,null,null,null,null,null,null,null,null,null,{"$f":"COUNTIF($R$2:$R413,\"NIVEL 1\")","v":6},4,4,0,{"$f":"ADDRESS(MATCH(COUNTIF($R$2:$R413,\"NIVEL 1\"),V:V,0),COLUMN(S413))","v":"$S$328"},{"$f":"ADDRESS(MATCH(COUNTIF($R$2:$R413,\"NIVEL 1\"),V:V,0),COLUMN(W413))","v":"$W$328"},{"$f":"ADDRESS((MATCH(COUNTIF(INDIRECT(Z413):$S413,\"NIVEL 2\"),INDIRECT(AA413):W413,0)+(MATCH(COUNTIF($R$2:$R413,\"NIVEL 1\"),V:V,0)-1)),COLUMN(T413))","v":"$T$385"},null,null,null,null,null,null,null,null,null,null,null,null,null,null,null,null,null,null,null,null,null,null,null,null,null,null,{"$f":"PROCURA_PRECO_SERVICO","v":0}]
[{"$f":"V414&\".\"&W414&\".\"&X414&\".\"&Y414","v":"6.4.4.1"},"SETOP","ED-49638",{"$f":"PROCURA_DESCRICAO_SERVICO","v":"FORNECIMENTO DE CONCRETO ESTRUTURAL, USINADO BOMBEADO, COM FCK 25 MPA, INCLUSIVE LANÇAMENTO, ADENSAMENTO E ACABAMENTO"},{"$f":"PROCURA_UNIDADE_SERVICO","v":"M3"},6.29,{"$f":"PROCURA_PRECO_SERVICO","v":696.13},{"$f":"CUSTO_BDI_SERVICO","v":878.79},{"$f":"CUSTO_TOTAL_SERVICO","v":5527.58},null,null,null,null,"SERVIÇO",null,null,null,"NIVEL 4","NIVEL 4","NIVEL 4","NIVEL 4",{"$f":"COUNTIF($R$1:$R414,\"NIVEL 1\")","v":6},4,4,1,{"$f":"ADDRESS(MATCH(COUNTIF($R$1:$R414,\"NIVEL 1\"),V:V,0),COLUMN(S414))","v":"$S$328"},{"$f":"ADDRESS(MATCH(COUNTIF($R$1:$R414,\"NIVEL 1\"),V:V,0),COLUMN(W414))","v":"$W$328"},{"$f":"ADDRESS((MATCH(COUNTIF(INDIRECT(Z414):$S414,\"NIVEL 2\"),INDIRECT(AA414):W414,0)+(MATCH(COUNTIF($R$1:$R414,\"NIVEL 1\"),V:V,0)-1)),COLUMN(T414))","v":"$T$385"},null,null,null,null,null,null,null,null,null,null,null,null,null,null,null,null,null,null,null,null,null,null,null,null,null,null,{"$f":"PROCURA_PRECO_SERVICO","v":696.13}]
["6.4.4.2","SINAPI","97088",{"$f":"PROCURA_DESCRICAO_SERVICO","v":"ARMAÇÃO PARA EXECUÇÃO DE RADIER, PISO DE CONCRETO OU LAJE SOBRE SOLO, COM USO DE TELA Q-92. AF_09/2021"},{"$f":"PROCURA_UNIDADE_SERVICO","v":"KG"},93.15,{"$f":"PROCURA_PRECO_SERVICO","v":"19,93"},25.15,2342.72,null,null,null,null,"SERVIÇO",null,null,null,"NIVEL 4","NIVEL 4","NIVEL 4","NIVEL 4",{"$f":"COUNTIF($R$1:$R415,\"NIVEL 1\")","v":6},4,4,2,{"$f":"ADDRESS(MATCH(COUNTIF($R$1:$R415,\"NIVEL 1\"),V:V,0),COLUMN(S415))","v":"$S$328"},{"$f":"ADDRESS(MATCH(COUNTIF($R$1:$R415,\"NIVEL 1\"),V:V,0),COLUMN(W415))","v":"$W$328"},{"$f":"ADDRESS((MATCH(COUNTIF(INDIRECT(Z415):$S415,\"NIVEL 2\"),INDIRECT(AA415):W415,0)+(MATCH(COUNTIF($R$1:$R415,\"NIVEL 1\"),V:V,0)-1)),COLUMN(T415))","v":"$T$385"},null,null,null,null,null,null,null,null,null,null,null,null,null,null,null,null,null,null,null,null,null,null,null,null,null,null,{"$f":"PROCURA_PRECO_SERVICO","v":"19,93"}]
[{"$f":"V416&\".\"&W416&\".\"&X416&\".\"&Y416","v":"6.4.4.3"},"SETOP","ED-51099",{"$f":"PROCURA_DESCRICAO_SERVICO","v":"COMPACTAÇÃO DE VALAS OU ÁREAS, MANUALMENTE A 95% DO PN, COM PLACA VIBRATÓRIA"},{"$f":"PROCURA_UNIDADE_SERVICO","v":"M3"},62.9,{"$f":"PROCURA_PRECO_SERVICO","v":50.85},64.19,4037.55,null,null,null,null,"SERVIÇO",null,null,null,"NIVEL 4","NIVEL 4","NIVEL 4","NIVEL 4",{"$f":"COUNTIF($R$1:$R416,\"NIVEL 1\")","v":6},4,4,{"$f":"IF(U416=\"NIVEL 4\",OFFSET(Y416,-1,0)+1,0)","v":3},{"$f":"ADDRESS(MATCH(COUNTIF($R$1:$R416,\"NIVEL 1\"),V:V,0),COLUMN(S416))","v":"$S$328"},{"$f":"ADDRESS(MATCH(COUNTIF($R$1:$R416,\"NIVEL 1\"),V:V,0),COLUMN(W416))","v":"$W$328"},{"$f":"ADDRESS((MATCH(COUNTIF(INDIRECT(Z416):$S416,\"NIVEL 2\"),INDIRECT(AA416):W416,0)+(MATCH(COUNTIF($R$1:$R416,\"NIVEL 1\"),V:V,0)-1)),COLUMN(T416))","v":"$T$385"},null,null,null,null,null,null,null,null,null,null,null,null,null,null,null,null,null,null,null,null,null,null,null,null,null,null,{"$f":"PROCURA_PRECO_SERVICO","v":50.85}]
["6.4.4.4","SICRO",4011278,{"$f":"PROCURA_DESCRICAO_SERVICO","v":"BASE OU SUB-BASE DE BRITA      GRADUADA TRATADA COM CIMENTO  "},{"$f":"PROCURA_UNIDADE_SERVICO","v":"M³    "},6.29,{"$f":"PROCURA_PRECO_SERVICO","v":277.12},349.83,2200.43,null,null,null,null,"SERVIÇO",null,null,null,"NIVEL 4","NIVEL 4","NIVEL 4","NIVEL 4",{"$f":"COUNTIF($R$1:$R417,\"NIVEL 1\")","v":6},4,4,4,{"$f":"ADDRESS(MATCH(COUNTIF($R$1:$R417,\"NIVEL 1\"),V:V,0),COLUMN(S417))","v":"$S$328"},{"$f":"ADDRESS(MATCH(COUNTIF($R$1:$R417,\"NIVEL 1\"),V:V,0),COLUMN(W417))","v":"$W$328"},{"$f":"ADDRESS((MATCH(COUNTIF(INDIRECT(Z417):$S417,\"NIVEL 2\"),INDIRECT(AA417):W417,0)+(MATCH(COUNTIF($R$1:$R417,\"NIVEL 1\"),V:V,0)-1)),COLUMN(T417))","v":"$T$385"},null,null,null,null,null,null,null,null,null,null,null,null,null,null,null,null,null,null,null,null,null,null,null,null,null,null,{"$f":"PROCURA_PRECO_SERVICO","v":277.12}]
["6.4.4.5","SINAPI","97087",{"$f":"PROCURA_DESCRICAO_SERVICO","v":"CAMADA SEPARADORA PARA EXECUÇÃO DE RADIER, PISO DE CONCRETO OU LAJE SOBRE SOLO, EM LONA PLÁSTICA. AF_09/2021"},{"$f":"PROCURA_UNIDADE_SERVICO","v":"M2"},62.9,{"$f":"PROCURA_PRECO_SERVICO","v":"2,71"},3.42,215.11,null,null,null,null,"SERVIÇO",null,null,null,"NIVEL 4","NIVEL 4","NIVEL 4","NIVEL 4",{"$f":"COUNTIF($R$1:$R418,\"NIVEL 1\")","v":6},4,4,5,{"$f":"ADDRESS(MATCH(COUNTIF($R$1:$R418,\"NIVEL 1\"),V:V,0),COLUMN(S418))","v":"$S$328"},{"$f":"ADDRESS(MATCH(COUNTIF($R$1:$R418,\"NIVEL 1\"),V:V,0),COLUMN(W418))","v":"$W$328"},{"$f":"ADDRESS((MATCH(COUNTIF(INDIRECT(Z418):$S418,\"NIVEL 2\"),INDIRECT(AA418):W418,0)+(MATCH(COUNTIF($R$1:$R418,\"NIVEL 1\"),V:V,0)-1)),COLUMN(T418))","v":"$T$385"},null,null,null,null,null,null,null,null,null,null,null,null,null,null,null,null,null,null,null,null,null,null,null,null,null,null,{"$f":"PROCURA_PRECO_SERVICO","v":"2,71"}]
["6.4.4.6","SINAPI","97086",{"$f":"PROCURA_DESCRICAO_SERVICO","v":"FABRICAÇÃO, MONTAGEM E DESMONTAGEM DE FORMA PARA RADIER, PISO DE CONCRETO OU LAJE SOBRE SOLO, EM MADEIRA SERRADA, 4 UTILIZAÇÕES. AF_09/2021"},{"$f":"PROCURA_UNIDADE_SERVICO","v":"M2"},11.1,{"$f":"PROCURA_PRECO_SERVICO","v":"144,51"},182.42,2024.86,null,null,null,null,"SERVIÇO",null,null,null,"NIVEL 4","NIVEL 4","NIVEL 4","NIVEL 4",{"$f":"COUNTIF($R$1:$R419,\"NIVEL 1\")","v":6},4,4,6,{"$f":"ADDRESS(MATCH(COUNTIF($R$1:$R419,\"NIVEL 1\"),V:V,0),COLUMN(S419))","v":"$S$328"},{"$f":"ADDRESS(MATCH(COUNTIF($R$1:$R419,\"NIVEL 1\"),V:V,0),COLUMN(W419))","v":"$W$328"},{"$f":"ADDRESS((MATCH(COUNTIF(INDIRECT(Z419):$S419,\"NIVEL 2\"),INDIRECT(AA419):W419,0)+(MATCH(COUNTIF($R$1:$R419,\"NIVEL 1\"),V:V,0)-1)),COLUMN(T419))","v":"$T$385"},null,null,null,null,null,null,null,null,null,null,null,null,null,null,null,null,null,null,null,null,null,null,null,null,null,null,{"$f":"PROCURA_PRECO_SERVICO","v":"144,51"}]
[null,null,null,null,null,null,null,null,null,null,null,null,null,null,null,null,null,null,null,null,null,{"$f":"COUNTIF($R$2:$R420,\"NIVEL 1\")","v":6},4,4,0,{"$f":"ADDRESS(MATCH(COUNTIF($R$2:$R420,\"NIVEL 1\"),V:V,0),COLUMN(S420))","v":"$S$328"},{"$f":"ADDRESS(MATCH(COUNTIF($R$2:$R420,\"NIVEL 1\"),V:V,0),COLUMN(W420))","v":"$W$328"},{"$f":"ADDRESS((MATCH(COUNTIF(INDIRECT(Z420):$S420,\"NIVEL 2\"),INDIRECT(AA420):W420,0)+(MATCH(COUNTIF($R$2:$R420,\"NIVEL 1\"),V:V,0)-1)),COLUMN(T420))","v":"$T$385"},null,null,null,null,null,null,null,null,null,null,null,null,null,null,null,null,null,null,null,null,null,null,null,null,null,null,{"$f":"PROCURA_PRECO_SERVICO","v":0}]
[null,null,null,{"$f":"\"SUBTOTAL DO ITEM - \"&A412","v":"SUBTOTAL DO ITEM - 6.4.4"},null,null,null,null,{"$f":"SUBTOTAL(9,OFFSET(I412,1,0):OFFSET(I421,-1,0))","v":16348.25},null,null,null,null,"SUBSUBITEM_FIM",null,null,null,null,null,null,null,{"$f":"COUNTIF($R$2:$R421,\"NIVEL 1\")","v":6},4,4,0,{"$f":"ADDRESS(MATCH(COUNTIF($R$2:$R421,\"NIVEL 1\"),V:V,0),COLUMN(S421))","v":"$S$328"},{"$f":"ADDRESS(MATCH(COUNTIF($R$2:$R421,\"NIVEL 1\"),V:V,0),COLUMN(W421))","v":"$W$328"},{"$f":"ADDRESS((MATCH(COUNTIF(INDIRECT(Z421):$S421,\"NIVEL 2\"),INDIRECT(AA421):W421,0)+(MATCH(COUNTIF($R$2:$R421,\"NIVEL 1\"),V:V,0)-1)),COLUMN(T421))","v":"$T$385"},null,null,null,null,null,null,null,null,null,null,null,null,null,null,null,null,null,null,null,null,null,null,null,null,null,null,{"$f":"PROCURA_PRECO_SERVICO","v":0}]
[null,null,null,null,null,null,null,null,null,null,null,null,null,null,null,null,null,null,null,null,null,{"$f":"COUNTIF($R$2:$R422,\"NIVEL 1\")","v":6},4,4,0,{"$f":"ADDRESS(MATCH(COUNTIF($R$2:$R422,\"NIVEL 1\"),V:V,0),COLUMN(S422))","v":"$S$328"},{"$f":"ADDRESS(MATCH(COUNTIF($R$2:$R422,\"NIVEL 1\"),V:V,0),COLUMN(W422))","v":"$W$328"},{"$f":"ADDRESS((MATCH(COUNTIF(INDIRECT(Z422):$S422,\"NIVEL 2\"),INDIRECT(AA422):W422,0)+(MATCH(COUNTIF($R$2:$R422,\"NIVEL 1\"),V:V,0)-1)),COLUMN(T422))","v":"$T$385"},null,null,null,null,null,null,null,null,null,null,null,null,null,null,null,null,null,null,null,null,null,null,null,null,null,null,{"$f":"PROCURA_PRECO_SERVICO","v":0}]
[null,null,null,{"$f":"\"SUBTOTAL DO ITEM  - \"&A385","v":"SUBTOTAL DO ITEM  - 6.4"},null,null,null,null,{"$f":"SUBTOTAL(9,OFFSET(I385,1,0):OFFSET(I423,-1,0))","v":32422.31},null,null,null,null,"SUBITEM_FIM",null,null,null,null,null,null,null,{"$f":"COUNTIF($R$2:$R423,\"NIVEL 1\")","v":6},4,4,0,{"$f":"ADDRESS(MATCH(COUNTIF($R$2:$R423,\"NIVEL 1\"),V:V,0),COLUMN(S423))","v":"$S$328"},{"$f":"ADDRESS(MATCH(COUNTIF($R$2:$R423,\"NIVEL 1\"),V:V,0),COLUMN(W423))","v":"$W$328"},{"$f":"ADDRESS((MATCH(COUNTIF(INDIRECT(Z423):$S423,\"NIVEL 2\"),INDIRECT(AA423):W423,0)+(MATCH(COUNTIF($R$2:$R423,\"NIVEL 1\"),V:V,0)-1)),COLUMN(T423))","v":"$T$385"},null,null,null,null,null,null,null,null,null,null,null,null,null,null,null,null,null,null,null,null,null,null,null,null,null,null,{"$f":"PROCURA_PRECO_SERVICO","v":0}]
[null,null,null,null,null,null,null,null,null,null,null,null,null,null,null,null,null,null,null,null,null,{"$f":"COUNTIF($R$2:$R424,\"NIVEL 1\")","v":6},4,4,0,{"$f":"ADDRESS(MATCH(COUNTIF($R$2:$R424,\"NIVEL 1\"),V:V,0),COLUMN(S424))","v":"$S$328"},{"$f":"ADDRESS(MATCH(COUNTIF($R$2:$R424,\"NIVEL 1\"),V:V,0),COLUMN(W424))","v":"$W$328"},{"$f":"ADDRESS((MATCH(COUNTIF(INDIRECT(Z424):$S424,\"NIVEL 2\"),INDIRECT(AA424):W424,0)+(MATCH(COUNTIF($R$2:$R424,\"NIVEL 1\"),V:V,0)-1)),COLUMN(T424))","v":"$T$385"},null,null,null,null,null,null,null,null,null,null,null,null,null,null,null,null,null,null,null,null,null,null,null,null,null,null,{"$f":"PROCURA_PRECO_SERVICO","v":0}]
[{"$f":"V425&\".\"&W425","v":"6.5"},null,null,"SUPERESTRUTURA ÁREA EXTERNA - PALCO",null,null,null,null,null,null,null,null,null,"SUBITEM_INICIO",null,null,null,"NIVEL 2","NIVEL 2",null,null,{"$f":"COUNTIF($R$2:$R425,\"NIVEL 1\")","v":6},5,0,0,{"$f":"ADDRESS(MATCH(COUNTIF($R$2:$R425,\"NIVEL 1\"),V:V,0),COLUMN(S425))","v":"$S$328"},{"$f":"ADDRESS(MATCH(COUNTIF($R$2:$R425,\"NIVEL 1\"),V:V,0),COLUMN(W425))","v":"$W$328"},{"$f":"ADDRESS((MATCH(COUNTIF(INDIRECT(Z425):$S425,\"NIVEL 2\"),INDIRECT(AA425):W425,0)+(MATCH(COUNTIF($R$2:$R425,\"NIVEL 1\"),V:V,0)-1)),COLUMN(T425))","v":"$T$425"},null,null,null,null,null,null,null,null,null,null,null,null,null,null,null,null,null,null,null,null,null,null,null,null,null,null,{"$f":"PROCURA_PRECO_SERVICO","v":0}]
[null,null,null,null,null,null,null,null,null,null,null,null,null,null,null,null,null,null,null,null,null,{"$f":"COUNTIF($R$2:$R426,\"NIVEL 1\")","v":6},5,0,0,{"$f":"ADDRESS(MATCH(COUNTIF($R$2:$R426,\"NIVEL 1\"),V:V,0),COLUMN(S426))","v":"$S$328"},{"$f":"ADDRESS(MATCH(COUNTIF($R$2:$R426,\"NIVEL 1\"),V:V,0),COLUMN(W426))","v":"$W$328"},{"$f":"ADDRESS((MATCH(COUNTIF(INDIRECT(Z426):$S426,\"NIVEL 2\"),INDIRECT(AA426):W426,0)+(MATCH(COUNTIF($R$2:$R426,\"NIVEL 1\"),V:V,0)-1)),COLUMN(T426))","v":"$T$425"},null,null,null,null,null,null,null,null,null,null,null,null,null,null,null,null,null,null,null,null,null,null,null,null,null,null,{"$f":"PROCURA_PRECO_SERVICO","v":0}]
[{"$f":"V427&\".\"&W427&\".\"&X427","v":"6.5.1"},null,null,"MURETA PALCO",null,null,null,null,null,null,null,null,null,"SUBSUBITEM_INICIO",null,null,null,"NIVEL 3","NIVEL 3","NIVEL 3",null,{"$f":"COUNTIF($R$2:$R427,\"NIVEL 1\")","v":6},5,1,0,{"$f":"ADDRESS(MATCH(COUNTIF($R$2:$R427,\"NIVEL 1\"),V:V,0),COLUMN(S427))","v":"$S$328"},{"$f":"ADDRESS(MATCH(COUNTIF($R$2:$R427,\"NIVEL 1\"),V:V,0),COLUMN(W427))","v":"$W$328"},{"$f":"ADDRESS((MATCH(COUNTIF(INDIRECT(Z427):$S427,\"NIVEL 2\"),INDIRECT(AA427):W427,0)+(MATCH(COUNTIF($R$2:$R427,\"NIVEL 1\"),V:V,0)-1)),COLUMN(T427))","v":"$T$425"},null,null,null,null,null,null,null,null,null,null,null,null,null,null,null,null,null,null,null,null,null,null,null,null,null,null,{"$f":"PROCURA_PRECO_SERVICO","v":0}]
[null,null,null,null,null,null,null,null,null,null,null,null,null,null,null,null,null,null,null,null,null,{"$f":"COUNTIF($R$2:$R428,\"NIVEL 1\")","v":6},5,1,0,{"$f":"ADDRESS(MATCH(COUNTIF($R$2:$R428,\"NIVEL 1\"),V:V,0),COLUMN(S428))","v":"$S$328"},{"$f":"ADDRESS(MATCH(COUNTIF($R$2:$R428,\"NIVEL 1\"),V:V,0),COLUMN(W428))","v":"$W$328"},{"$f":"ADDRESS((MATCH(COUNTIF(INDIRECT(Z428):$S428,\"NIVEL 2\"),INDIRECT(AA428):W428,0)+(MATCH(COUNTIF($R$2:$R428,\"NIVEL 1\"),V:V,0)-1)),COLUMN(T428))","v":"$T$425"},null,null,null,null,null,null,null,null,null,null,null,null,null,null,null,null,null,null,null,null,null,null,null,null,null,null,{"$f":"PROCURA_PRECO_SERVICO","v":0}]
[{"$f":"V429&\".\"&W429&\".\"&X429&\".\"&Y429","v":"6.5.1.1"},"SETOP","ED-49812",{"$f":"PROCURA_DESCRICAO_SERVICO","v":"LASTRO DE CONCRETO MAGRO, INCLUSIVE TRANSPORTE, LANÇAMENTO E ADENSAMENTO "},{"$f":"PROCURA_UNIDADE_SERVICO","v":"M3"},0.68,{"$f":"PROCURA_PRECO_SERVICO","v":505.88},{"$f":"CUSTO_BDI_SERVICO","v":638.62},{"$f":"CUSTO_TOTAL_SERVICO","v":434.26},null,null,null,null,"SERVIÇO",null,null,null,"NIVEL 4","NIVEL 4","NIVEL 4","NIVEL 4",{"$f":"COUNTIF($R$1:$R429,\"NIVEL 1\")","v":6},5,1,1,{"$f":"ADDRESS(MATCH(COUNTIF($R$1:$R429,\"NIVEL 1\"),V:V,0),COLUMN(S429))","v":"$S$328"},{"$f":"ADDRESS(MATCH(COUNTIF($R$1:$R429,\"NIVEL 1\"),V:V,0),COLUMN(W429))","v":"$W$328"},{"$f":"ADDRESS((MATCH(COUNTIF(INDIRECT(Z429):$S429,\"NIVEL 2\"),INDIRECT(AA429):W429,0)+(MATCH(COUNTIF($R$1:$R429,\"NIVEL 1\"),V:V,0)-1)),COLUMN(T429))","v":"$T$425"},null,null,null,null,null,null,null,null,null,null,null,null,null,null,null,null,null,null,null,null,null,null,null,null,null,null,{"$f":"PROCURA_PRECO_SERVICO","v":505.88}]
["6.5.1.2","SETOP","ED-48217",{"$f":"PROCURA_DESCRICAO_SERVICO","v":"ALVENARIA DE BLOCO DE CONCRETO CHEIO SEM ARMAÇÃO, EM CONCRETO COM FCK 15MPA , ESP. 19CM, PARA REVESTIMENTO, INCLUSIVE ARGAMASSA PARA ASSENTAMENTO (DETALHE D - CADERNO SEDS)"},{"$f":"PROCURA_UNIDADE_SERVICO","v":"M2"},5.93,{"$f":"PROCURA_PRECO_SERVICO","v":178.89},225.83,1339.17,null,null,null,null,"SERVIÇO",null,null,null,"NIVEL 4","NIVEL 4","NIVEL 4","NIVEL 4",{"$f":"COUNTIF($R$1:$R430,\"NIVEL 1\")","v":6},5,1,2,{"$f":"ADDRESS(MATCH(COUNTIF($R$1:$R430,\"NIVEL 1\"),V:V,0),COLUMN(S430))","v":"$S$328"},{"$f":"ADDRESS(MATCH(COUNTIF($R$1:$R430,\"NIVEL 1\"),V:V,0),COLUMN(W430))","v":"$W$328"},{"$f":"ADDRESS((MATCH(COUNTIF(INDIRECT(Z430):$S430,\"NIVEL 2\"),INDIRECT(AA430):W430,0)+(MATCH(COUNTIF($R$1:$R430,\"NIVEL 1\"),V:V,0)-1)),COLUMN(T430))","v":"$T$425"},null,null,null,null,null,null,null,null,null,null,null,null,null,null,null,null,null,null,null,null,null,null,null,null,null,null,{"$f":"PROCURA_PRECO_SERVICO","v":178.89}]
[null,null,null,null,null,null,null,null,null,null,null,null,null,null,null,null,null,null,null,null,null,{"$f":"COUNTIF($R$2:$R431,\"NIVEL 1\")","v":6},5,1,0,{"$f":"ADDRESS(MATCH(COUNTIF($R$2:$R431,\"NIVEL 1\"),V:V,0),COLUMN(S431))","v":"$S$328"},{"$f":"ADDRESS(MATCH(COUNTIF($R$2:$R431,\"NIVEL 1\"),V:V,0),COLUMN(W431))","v":"$W$328"},{"$f":"ADDRESS((MATCH(COUNTIF(INDIRECT(Z431):$S431,\"NIVEL 2\"),INDIRECT(AA431):W431,0)+(MATCH(COUNTIF($R$2:$R431,\"NIVEL 1\"),V:V,0)-1)),COLUMN(T431))","v":"$T$425"},null,null,null,null,null,null,null,null,null,null,null,null,null,null,null,null,null,null,null,null,null,null,null,null,null,null,{"$f":"PROCURA_PRECO_SERVICO","v":0}]
[null,null,null,{"$f":"\"SUBTOTAL DO ITEM - \"&A427","v":"SUBTOTAL DO ITEM - 6.5.1"},null,null,null,null,{"$f":"SUBTOTAL(9,OFFSET(I427,1,0):OFFSET(I432,-1,0))","v":1773.43},null,null,null,null,"SUBSUBITEM_FIM",null,null,null,null,null,null,null,{"$f":"COUNTIF($R$2:$R432,\"NIVEL 1\")","v":6},5,1,0,{"$f":"ADDRESS(MATCH(COUNTIF($R$2:$R432,\"NIVEL 1\"),V:V,0),COLUMN(S432))","v":"$S$328"},{"$f":"ADDRESS(MATCH(COUNTIF($R$2:$R432,\"NIVEL 1\"),V:V,0),COLUMN(W432))","v":"$W$328"},{"$f":"ADDRESS((MATCH(COUNTIF(INDIRECT(Z432):$S432,\"NIVEL 2\"),INDIRECT(AA432):W432,0)+(MATCH(COUNTIF($R$2:$R432,\"NIVEL 1\"),V:V,0)-1)),COLUMN(T432))","v":"$T$425"},null,null,null,null,null,null,null,null,null,null,null,null,null,null,null,null,null,null,null,null,null,null,null,null,null,null,{"$f":"PROCURA_PRECO_SERVICO","v":0}]
[null,null,null,null,null,null,null,null,null,null,null,null,null,null,null,null,null,null,null,null,null,{"$f":"COUNTIF($R$2:$R433,\"NIVEL 1\")","v":6},5,1,{"$f":"IF(U433=\"NIVEL 4\",OFFSET(Y433,-1,0)+1,0)","v":0},{"$f":"ADDRESS(MATCH(COUNTIF($R$2:$R433,\"NIVEL 1\"),V:V,0),COLUMN(S433))","v":"$S$328"},{"$f":"ADDRESS(MATCH(COUNTIF($R$2:$R433,\"NIVEL 1\"),V:V,0),COLUMN(W433))","v":"$W$328"},{"$f":"ADDRESS((MATCH(COUNTIF(INDIRECT(Z433):$S433,\"NIVEL 2\"),INDIRECT(AA433):W433,0)+(MATCH(COUNTIF($R$2:$R433,\"NIVEL 1\"),V:V,0)-1)),COLUMN(T433))","v":"$T$425"},null,null,null,null,null,null,null,null,null,null,null,null,null,null,null,null,null,null,null,null,null,null,null,null,null,null,{"$f":"PROCURA_PRECO_SERVICO","v":0}]
[{"$f":"V434&\".\"&W434&\".\"&X434","v":"6.5.2"},null,null,"PISO ARMADO PALCO",null,null,null,null,null,null,null,null,null,"SUBSUBITEM_INICIO",null,null,null,"NIVEL 3","NIVEL 3","NIVEL 3",null,{"$f":"COUNTIF($R$2:$R434,\"NIVEL 1\")","v":6},5,2,0,{"$f":"ADDRESS(MATCH(COUNTIF($R$2:$R434,\"NIVEL 1\"),V:V,0),COLUMN(S434))","v":"$S$328"},{"$f":"ADDRESS(MATCH(COUNTIF($R$2:$R434,\"NIVEL 1\"),V:V,0),COLUMN(W434))","v":"$W$328"},{"$f":"ADDRESS((MATCH(COUNTIF(INDIRECT(Z434):$S434,\"NIVEL 2\"),INDIRECT(AA434):W434,0)+(MATCH(COUNTIF($R$2:$R434,\"NIVEL 1\"),V:V,0)-1)),COLUMN(T434))","v":"$T$425"},null,null,null,null,null,null,null,null,null,null,null,null,null,null,null,null,null,null,null,null,null,null,null,null,null,null,{"$f":"PROCURA_PRECO_SERVICO","v":0}]
[null,null,null,null,null,null,null,null,null,null,null,null,null,null,null,null,null,null,null,null,null,{"$f":"COUNTIF($R$2:$R435,\"NIVEL 1\")","v":6},5,2,0,{"$f":"ADDRESS(MATCH(COUNTIF($R$2:$R435,\"NIVEL 1\"),V:V,0),COLUMN(S435))","v":"$S$328"},{"$f":"ADDRESS(MATCH(COUNTIF($R$2:$R435,\"NIVEL 1\"),V:V,0),COLUMN(W435))","v":"$W$328"},{"$f":"ADDRESS((MATCH(COUNTIF(INDIRECT(Z435):$S435,\"NIVEL 2\"),INDIRECT(AA435):W435,0)+(MATCH(COUNTIF($R$2:$R435,\"NIVEL 1\"),V:V,0)-1)),COLUMN(T435))","v":"$T$425"},null,null,null,null,null,null,null,null,null,null,null,null,null,null,null,null,null,null,null,null,null,null,null,null,null,null,{"$f":"PROCURA_PRECO_SERVICO","v":0}]
[{"$f":"V436&\".\"&W436&\".\"&X436&\".\"&Y436","v":"6.5.2.1"},"SETOP","ED-49638",{"$f":"PROCURA_DESCRICAO_SERVICO","v":"FORNECIMENTO DE CONCRETO ESTRUTURAL, USINADO BOMBEADO, COM FCK 25 MPA, INCLUSIVE LANÇAMENTO, ADENSAMENTO E ACABAMENTO"},{"$f":"PROCURA_UNIDADE_SERVICO","v":"M3"},1.66,{"$f":"PROCURA_PRECO_SERVICO","v":696.13},{"$f":"CUSTO_BDI_SERVICO","v":878.79},{"$f":"CUSTO_TOTAL_SERVICO","v":1458.79},null,null,null,null,"SERVIÇO",null,null,null,"NIVEL 4","NIVEL 4","NIVEL 4","NIVEL 4",{"$f":"COUNTIF($R$1:$R436,\"NIVEL 1\")","v":6},5,2,1,{"$f":"ADDRESS(MATCH(COUNTIF($R$1:$R436,\"NIVEL 1\"),V:V,0),COLUMN(S436))","v":"$S$328"},{"$f":"ADDRESS(MATCH(COUNTIF($R$1:$R436,\"NIVEL 1\"),V:V,0),COLUMN(W436))","v":"$W$328"},{"$f":"ADDRESS((MATCH(COUNTIF(INDIRECT(Z436):$S436,\"NIVEL 2\"),INDIRECT(AA436):W436,0)+(MATCH(COUNTIF($R$1:$R436,\"NIVEL 1\"),V:V,0)-1)),COLUMN(T436))","v":"$T$425"},null,null,null,null,null,null,null,null,null,null,null,null,null,null,null,null,null,null,null,null,null,null,null,null,null,null,{"$f":"PROCURA_PRECO_SERVICO","v":696.13}]
["6.5.2.2","SINAPI","97088",{"$f":"PROCURA_DESCRICAO_SERVICO","v":"ARMAÇÃO PARA EXECUÇÃO DE RADIER, PISO DE CONCRETO OU LAJE SOBRE SOLO, COM USO DE TELA Q-92. AF_09/2021"},{"$f":"PROCURA_UNIDADE_SERVICO","v":"KG"},24.57,{"$f":"PROCURA_PRECO_SERVICO","v":"19,93"},25.15,617.93,null,null,null,null,"SERVIÇO",null,null,null,"NIVEL 4","NIVEL 4","NIVEL 4","NIVEL 4",{"$f":"COUNTIF($R$1:$R437,\"NIVEL 1\")","v":6},5,2,2,{"$f":"ADDRESS(MATCH(COUNTIF($R$1:$R437,\"NIVEL 1\"),V:V,0),COLUMN(S437))","v":"$S$328"},{"$f":"ADDRESS(MATCH(COUNTIF($R$1:$R437,\"NIVEL 1\"),V:V,0),COLUMN(W437))","v":"$W$328"},{"$f":"ADDRESS((MATCH(COUNTIF(INDIRECT(Z437):$S437,\"NIVEL 2\"),INDIRECT(AA437):W437,0)+(MATCH(COUNTIF($R$1:$R437,\"NIVEL 1\"),V:V,0)-1)),COLUMN(T437))","v":"$T$425"},null,null,null,null,null,null,null,null,null,null,null,null,null,null,null,null,null,null,null,null,null,null,null,null,null,null,{"$f":"PROCURA_PRECO_SERVICO","v":"19,93"}]
[{"$f":"V438&\".\"&W438&\".\"&X438&\".\"&Y438","v":"6.5.2.3"},"SETOP","ED-51099",{"$f":"PROCURA_DESCRICAO_SERVICO","v":"COMPACTAÇÃO DE VALAS OU ÁREAS, MANUALMENTE A 95% DO PN, COM PLACA VIBRATÓRIA"},{"$f":"PROCURA_UNIDADE_SERVICO","v":"M3"},16.6,{"$f":"PROCURA_PRECO_SERVICO","v":50.85},64.19,1065.55,null,null,null,null,"SERVIÇO",null,null,null,"NIVEL 4","NIVEL 4","NIVEL 4","NIVEL 4",{"$f":"COUNTIF($R$1:$R438,\"NIVEL 1\")","v":6},5,2,{"$f":"IF(U438=\"NIVEL 4\",OFFSET(Y438,-1,0)+1,0)","v":3},{"$f":"ADDRESS(MATCH(COUNTIF($R$1:$R438,\"NIVEL 1\"),V:V,0),COLUMN(S438))","v":"$S$328"},{"$f":"ADDRESS(MATCH(COUNTIF($R$1:$R438,\"NIVEL 1\"),V:V,0),COLUMN(W438))","v":"$W$328"},{"$f":"ADDRESS((MATCH(COUNTIF(INDIRECT(Z438):$S438,\"NIVEL 2\"),INDIRECT(AA438):W438,0)+(MATCH(COUNTIF($R$1:$R438,\"NIVEL 1\"),V:V,0)-1)),COLUMN(T438))","v":"$T$425"},null,null,null,null,null,null,null,null,null,null,null,null,null,null,null,null,null,null,null,null,null,null,null,null,null,null,{"$f":"PROCURA_PRECO_SERVICO","v":50.85}]
["6.5.2.4","SICRO",4011278,{"$f":"PROCURA_DESCRICAO_SERVICO","v":"BASE OU SUB-BASE DE BRITA      GRADUADA TRATADA COM CIMENTO  "},{"$f":"PROCURA_UNIDADE_SERVICO","v":"M³    "},1.66,{"$f":"PROCURA_PRECO_SERVICO","v":277.12},349.83,580.71,null,null,null,null,"SERVIÇO",null,null,null,"NIVEL 4","NIVEL 4","NIVEL 4","NIVEL 4",{"$f":"COUNTIF($R$1:$R439,\"NIVEL 1\")","v":6},5,2,4,{"$f":"ADDRESS(MATCH(COUNTIF($R$1:$R439,\"NIVEL 1\"),V:V,0),COLUMN(S439))","v":"$S$328"},{"$f":"ADDRESS(MATCH(COUNTIF($R$1:$R439,\"NIVEL 1\"),V:V,0),COLUMN(W439))","v":"$W$328"},{"$f":"ADDRESS((MATCH(COUNTIF(INDIRECT(Z439):$S439,\"NIVEL 2\"),INDIRECT(AA439):W439,0)+(MATCH(COUNTIF($R$1:$R439,\"NIVEL 1\"),V:V,0)-1)),COLUMN(T439))","v":"$T$425"},null,null,null,null,null,null,null,null,null,null,null,null,null,null,null,null,null,null,null,null,null,null,null,null,null,null,{"$f":"PROCURA_PRECO_SERVICO","v":277.12}]
["6.5.2.5","SINAPI","97087",{"$f":"PROCURA_DESCRICAO_SERVICO","v":"CAMADA SEPARADORA PARA EXECUÇÃO DE RADIER, PISO DE CONCRETO OU LAJE SOBRE SOLO, EM LONA PLÁSTICA. AF_09/2021"},{"$f":"PROCURA_UNIDADE_SERVICO","v":"M2"},16.6,{"$f":"PROCURA_PRECO_SERVICO","v":"2,71"},3.42,56.77,null,null,null,null,"SERVIÇO",null,null,null,"NIVEL 4","NIVEL 4","NIVEL 4","NIVEL 4",{"$f":"COUNTIF($R$1:$R440,\"NIVEL 1\")","v":6},5,2,5,{"$f":"ADDRESS(MATCH(COUNTIF($R$1:$R440,\"NIVEL 1\"),V:V,0),COLUMN(S440))","v":"$S$328"},{"$f":"ADDRESS(MATCH(COUNTIF($R$1:$R440,\"NIVEL 1\"),V:V,0),COLUMN(W440))","v":"$W$328"},{"$f":"ADDRESS((MATCH(COUNTIF(INDIRECT(Z440):$S440,\"NIVEL 2\"),INDIRECT(AA440):W440,0)+(MATCH(COUNTIF($R$1:$R440,\"NIVEL 1\"),V:V,0)-1)),COLUMN(T440))","v":"$T$425"},null,null,null,null,null,null,null,null,null,null,null,null,null,null,null,null,null,null,null,null,null,null,null,null,null,null,{"$f":"PROCURA_PRECO_SERVICO","v":"2,71"}]
["6.5.2.6","SINAPI","97086",{"$f":"PROCURA_DESCRICAO_SERVICO","v":"FABRICAÇÃO, MONTAGEM E DESMONTAGEM DE FORMA PARA RADIER, PISO DE CONCRETO OU LAJE SOBRE SOLO, EM MADEIRA SERRADA, 4 UTILIZAÇÕES. AF_09/2021"},{"$f":"PROCURA_UNIDADE_SERVICO","v":"M2"},0.72,{"$f":"PROCURA_PRECO_SERVICO","v":"144,51"},182.42,131.34,null,null,null,null,"SERVIÇO",null,null,null,"NIVEL 4","NIVEL 4","NIVEL 4","NIVEL 4",{"$f":"COUNTIF($R$1:$R441,\"NIVEL 1\")","v":6},5,2,6,{"$f":"ADDRESS(MATCH(COUNTIF($R$1:$R441,\"NIVEL 1\"),V:V,0),COLUMN(S441))","v":"$S$328"},{"$f":"ADDRESS(MATCH(COUNTIF($R$1:$R441,\"NIVEL 1\"),V:V,0),COLUMN(W441))","v":"$W$328"},{"$f":"ADDRESS((MATCH(COUNTIF(INDIRECT(Z441):$S441,\"NIVEL 2\"),INDIRECT(AA441):W441,0)+(MATCH(COUNTIF($R$1:$R441,\"NIVEL 1\"),V:V,0)-1)),COLUMN(T441))","v":"$T$425"},null,null,null,null,null,null,null,null,null,null,null,null,null,null,null,null,null,null,null,null,null,null,null,null,null,null,{"$f":"PROCURA_PRECO_SERVICO","v":"144,51"}]
[null,null,null,null,null,null,null,null,null,null,null,null,null,null,null,null,null,null,null,null,null,{"$f":"COUNTIF($R$2:$R442,\"NIVEL 1\")","v":6},5,2,0,{"$f":"ADDRESS(MATCH(COUNTIF($R$2:$R442,\"NIVEL 1\"),V:V,0),COLUMN(S442))","v":"$S$328"},{"$f":"ADDRESS(MATCH(COUNTIF($R$2:$R442,\"NIVEL 1\"),V:V,0),COLUMN(W442))","v":"$W$328"},{"$f":"ADDRESS((MATCH(COUNTIF(INDIRECT(Z442):$S442,\"NIVEL 2\"),INDIRECT(AA442):W442,0)+(MATCH(COUNTIF($R$2:$R442,\"NIVEL 1\"),V:V,0)-1)),COLUMN(T442))","v":"$T$425"},null,null,null,null,null,null,null,null,null,null,null,null,null,null,null,null,null,null,null,null,null,null,null,null,null,null,{"$f":"PROCURA_PRECO_SERVICO","v":0}]
[null,null,null,{"$f":"\"SUBTOTAL DO ITEM - \"&A434","v":"SUBTOTAL DO ITEM - 6.5.2"},null,null,null,null,{"$f":"SUBTOTAL(9,OFFSET(I434,1,0):OFFSET(I443,-1,0))","v":3911.09},null,null,null,null,"SUBSUBITEM_FIM",null,null,null,null,null,null,null,{"$f":"COUNTIF($R$2:$R443,\"NIVEL 1\")","v":6},5,2,0,{"$f":"ADDRESS(MATCH(COUNTIF($R$2:$R443,\"NIVEL 1\"),V:V,0),COLUMN(S443))","v":"$S$328"},{"$f":"ADDRESS(MATCH(COUNTIF($R$2:$R443,\"NIVEL 1\"),V:V,0),COLUMN(W443))","v":"$W$328"},{"$f":"ADDRESS((MATCH(COUNTIF(INDIRECT(Z443):$S443,\"NIVEL 2\"),INDIRECT(AA443):W443,0)+(MATCH(COUNTIF($R$2:$R443,\"NIVEL 1\"),V:V,0)-1)),COLUMN(T443))","v":"$T$425"},null,null,null,null,null,null,null,null,null,null,null,null,null,null,null,null,null,null,null,null,null,null,null,null,null,null,{"$f":"PROCURA_PRECO_SERVICO","v":0}]
[null,null,null,null,null,null,null,null,null,null,null,null,null,null,null,null,null,null,null,null,null,{"$f":"COUNTIF($R$2:$R444,\"NIVEL 1\")","v":6},5,2,0,{"$f":"ADDRESS(MATCH(COUNTIF($R$2:$R444,\"NIVEL 1\"),V:V,0),COLUMN(S444))","v":"$S$328"},{"$f":"ADDRESS(MATCH(COUNTIF($R$2:$R444,\"NIVEL 1\"),V:V,0),COLUMN(W444))","v":"$W$328"},{"$f":"ADDRESS((MATCH(COUNTIF(INDIRECT(Z444):$S444,\"NIVEL 2\"),INDIRECT(AA444):W444,0)+(MATCH(COUNTIF($R$2:$R444,\"NIVEL 1\"),V:V,0)-1)),COLUMN(T444))","v":"$T$425"},null,null,null,null,null,null,null,null,null,null,null,null,null,null,null,null,null,null,null,null,null,null,null,null,null,null,{"$f":"PROCURA_PRECO_SERVICO","v":0}]
[null,null,null,{"$f":"\"SUBTOTAL DO ITEM  - \"&A425","v":"SUBTOTAL DO ITEM  - 6.5"},null,null,null,null,{"$f":"SUBTOTAL(9,OFFSET(I425,1,0):OFFSET(I445,-1,0))","v":5684.52},null,null,null,null,"SUBITEM_FIM",null,null,null,null,null,null,null,{"$f":"COUNTIF($R$2:$R445,\"NIVEL 1\")","v":6},5,2,0,{"$f":"ADDRESS(MATCH(COUNTIF($R$2:$R445,\"NIVEL 1\"),V:V,0),COLUMN(S445))","v":"$S$328"},{"$f":"ADDRESS(MATCH(COUNTIF($R$2:$R445,\"NIVEL 1\"),V:V,0),COLUMN(W445))","v":"$W$328"},{"$f":"ADDRESS((MATCH(COUNTIF(INDIRECT(Z445):$S445,\"NIVEL 2\"),INDIRECT(AA445):W445,0)+(MATCH(COUNTIF($R$2:$R445,\"NIVEL 1\"),V:V,0)-1)),COLUMN(T445))","v":"$T$425"},null,null,null,null,null,null,null,null,null,null,null,null,null,null,null,null,null,null,null,null,null,null,null,null,null,null,{"$f":"PROCURA_PRECO_SERVICO","v":0}]
[null,null,null,null,null,null,null,null,null,null,null,null,null,null,null,null,null,null,null,null,null,{"$f":"COUNTIF($R$2:$R446,\"NIVEL 1\")","v":6},5,2,0,{"$f":"ADDRESS(MATCH(COUNTIF($R$2:$R446,\"NIVEL 1\"),V:V,0),COLUMN(S446))","v":"$S$328"},{"$f":"ADDRESS(MATCH(COUNTIF($R$2:$R446,\"NIVEL 1\"),V:V,0),COLUMN(W446))","v":"$W$328"},{"$f":"ADDRESS((MATCH(COUNTIF(INDIRECT(Z446):$S446,\"NIVEL 2\"),INDIRECT(AA446):W446,0)+(MATCH(COUNTIF($R$2:$R446,\"NIVEL 1\"),V:V,0)-1)),COLUMN(T446))","v":"$T$425"},null,null,null,null,null,null,null,null,null,null,null,null,null,null,null,null,null,null,null,null,null,null,null,null,null,null,{"$f":"PROCURA_PRECO_SERVICO","v":0}]
[null,null,null,{"$f":"\"TOTAL DO ITEM - \"&A328","v":"TOTAL DO ITEM - 6"},null,null,null,null,{"$f":"SUBTOTAL(9,OFFSET(I328,1,0):OFFSET(I447,-1,0))","v":90132.45},null,null,null,null,"ITEM_FIM",null,null,null,null,null,null,null,{"$f":"COUNTIF($R$2:$R447,\"NIVEL 1\")","v":6},5,2,0,{"$f":"ADDRESS(MATCH(COUNTIF($R$2:$R447,\"NIVEL 1\"),V:V,0),COLUMN(S447))","v":"$S$328"},{"$f":"ADDRESS(MATCH(COUNTIF($R$2:$R447,\"NIVEL 1\"),V:V,0),COLUMN(W447))","v":"$W$328"},{"$f":"ADDRESS((MATCH(COUNTIF(INDIRECT(Z447):$S447,\"NIVEL 2\"),INDIRECT(AA447):W447,0)+(MATCH(COUNTIF($R$2:$R447,\"NIVEL 1\"),V:V,0)-1)),COLUMN(T447))","v":"$T$425"},null,null,null,null,null,null,null,null,null,null,null,null,null,null,null,null,null,null,null,null,null,null,null,null,null,null,{"$f":"PROCURA_PRECO_SERVICO","v":0}]
[null,null,null,null,null,null,null,{"$f":"TRUNC(G448*(1+$I$3),2)","v":0},null,null,null,null,null,null,null,null,null,null,null,null,null,{"$f":"COUNTIF($R$2:$R448,\"NIVEL 1\")","v":6},5,2,0,{"$f":"ADDRESS(MATCH(COUNTIF($R$2:$R448,\"NIVEL 1\"),V:V,0),COLUMN(S448))","v":"$S$328"},{"$f":"ADDRESS(MATCH(COUNTIF($R$2:$R448,\"NIVEL 1\"),V:V,0),COLUMN(W448))","v":"$W$328"},{"$f":"ADDRESS((MATCH(COUNTIF(INDIRECT(Z448):$S448,\"NIVEL 2\"),INDIRECT(AA448):W448,0)+(MATCH(COUNTIF($R$2:$R448,\"NIVEL 1\"),V:V,0)-1)),COLUMN(T448))","v":"$T$425"},null,null,null,null,null,null,null,null,null,null,null,null,null,null,null,null,null,null,null,null,null,null,null,null,null,null,{"$f":"PROCURA_PRECO_SERVICO","v":0}]
[{"$f":"V449","v":7},null,null,"ALVENARIAS",null,null,null,null,null,null,null,null,null,"ITEM_INICIO",null,null,null,"NIVEL 1",null,null,null,{"$f":"COUNTIF($R$2:$R449,\"NIVEL 1\")","v":7},0,0,0,{"$f":"ADDRESS(MATCH(COUNTIF($R$2:$R449,\"NIVEL 1\"),V:V,0),COLUMN(S449))","v":"$S$449"},{"$f":"ADDRESS(MATCH(COUNTIF($R$2:$R449,\"NIVEL 1\"),V:V,0),COLUMN(W449))","v":"$W$449"},{"$f":"ADDRESS((MATCH(COUNTIF(INDIRECT(Z449):$S449,\"NIVEL 2\"),INDIRECT(AA449):W449,0)+(MATCH(COUNTIF($R$2:$R449,\"NIVEL 1\"),V:V,0)-1)),COLUMN(T449))","v":"$T$449"},null,{"$f":"A449","v":7},null,null,{"$f":"D449","v":"ALVENARIAS"},{"$f":"I483","v":36874.68},{"$f":"AH449/$I$1374","v":0.0189109291405516},null,null,null,null,null,null,null,null,null,null,null,null,null,null,null,null,null,null,null,{"$f":"PROCURA_PRECO_SERVICO","v":0}]
[null,null,null,null,null,null,null,null,null,null,null,null,null,null,null,null,null,null,null,null,null,{"$f":"COUNTIF($R$2:$R450,\"NIVEL 1\")","v":7},0,0,0,{"$f":"ADDRESS(MATCH(COUNTIF($R$2:$R450,\"NIVEL 1\"),V:V,0),COLUMN(S450))","v":"$S$449"},{"$f":"ADDRESS(MATCH(COUNTIF($R$2:$R450,\"NIVEL 1\"),V:V,0),COLUMN(W450))","v":"$W$449"},{"$f":"ADDRESS((MATCH(COUNTIF(INDIRECT(Z450):$S450,\"NIVEL 2\"),INDIRECT(AA450):W450,0)+(MATCH(COUNTIF($R$2:$R450,\"NIVEL 1\"),V:V,0)-1)),COLUMN(T450))","v":"$T$449"},null,null,null,null,null,null,null,null,null,null,null,null,null,null,null,null,null,null,null,null,null,null,null,null,null,null,{"$f":"PROCURA_PRECO_SERVICO","v":0}]
[{"$f":"V451&\".\"&W451","v":"7.1"},null,null,"ALVENARIAS",null,null,null,null,null,null,null,null,null,"SUBITEM_INICIO",null,null,null,"NIVEL 2","NIVEL 2",null,null,{"$f":"COUNTIF($R$2:$R451,\"NIVEL 1\")","v":7},1,0,0,{"$f":"ADDRESS(MATCH(COUNTIF($R$2:$R451,\"NIVEL 1\"),V:V,0),COLUMN(S451))","v":"$S$449"},{"$f":"ADDRESS(MATCH(COUNTIF($R$2:$R451,\"NIVEL 1\"),V:V,0),COLUMN(W451))","v":"$W$449"},{"$f":"ADDRESS((MATCH(COUNTIF(INDIRECT(Z451):$S451,\"NIVEL 2\"),INDIRECT(AA451):W451,0)+(MATCH(COUNTIF($R$2:$R451,\"NIVEL 1\"),V:V,0)-1)),COLUMN(T451))","v":"$T$451"},null,null,null,null,null,null,null,null,null,null,null,null,null,null,null,null,null,null,null,null,null,null,null,null,null,null,{"$f":"PROCURA_PRECO_SERVICO","v":0}]
[null,null,null,null,null,null,null,null,null,null,null,null,null,null,null,null,null,null,null,null,null,{"$f":"COUNTIF($R$2:$R452,\"NIVEL 1\")","v":7},1,0,0,{"$f":"ADDRESS(MATCH(COUNTIF($R$2:$R452,\"NIVEL 1\"),V:V,0),COLUMN(S452))","v":"$S$449"},{"$f":"ADDRESS(MATCH(COUNTIF($R$2:$R452,\"NIVEL 1\"),V:V,0),COLUMN(W452))","v":"$W$449"},{"$f":"ADDRESS((MATCH(COUNTIF(INDIRECT(Z452):$S452,\"NIVEL 2\"),INDIRECT(AA452):W452,0)+(MATCH(COUNTIF($R$2:$R452,\"NIVEL 1\"),V:V,0)-1)),COLUMN(T452))","v":"$T$451"},null,null,null,null,null,null,null,null,null,null,null,null,null,null,null,null,null,null,null,null,null,null,null,null,null,null,{"$f":"PROCURA_PRECO_SERVICO","v":0}]
[{"$f":"V453&\".\"&W453&\".\"&X453","v":"7.1.1"},null,null,"ALVENARIAS",null,null,null,null,null,null,null,null,null,"SUBSUBITEM_INICIO",null,null,null,"NIVEL 3","NIVEL 3","NIVEL 3",null,{"$f":"COUNTIF($R$2:$R453,\"NIVEL 1\")","v":7},1,1,0,{"$f":"ADDRESS(MATCH(COUNTIF($R$2:$R453,\"NIVEL 1\"),V:V,0),COLUMN(S453))","v":"$S$449"},{"$f":"ADDRESS(MATCH(COUNTIF($R$2:$R453,\"NIVEL 1\"),V:V,0),COLUMN(W453))","v":"$W$449"},{"$f":"ADDRESS((MATCH(COUNTIF(INDIRECT(Z453):$S453,\"NIVEL 2\"),INDIRECT(AA453):W453,0)+(MATCH(COUNTIF($R$2:$R453,\"NIVEL 1\"),V:V,0)-1)),COLUMN(T453))","v":"$T$451"},null,null,null,null,null,null,null,null,null,null,null,null,null,null,null,null,null,null,null,null,null,null,null,null,null,null,{"$f":"PROCURA_PRECO_SERVICO","v":0}]
[null,null,null,null,null,null,null,null,null,null,null,null,null,null,null,null,null,null,null,null,null,{"$f":"COUNTIF($R$2:$R454,\"NIVEL 1\")","v":7},1,1,0,{"$f":"ADDRESS(MATCH(COUNTIF($R$2:$R454,\"NIVEL 1\"),V:V,0),COLUMN(S454))","v":"$S$449"},{"$f":"ADDRESS(MATCH(COUNTIF($R$2:$R454,\"NIVEL 1\"),V:V,0),COLUMN(W454))","v":"$W$449"},{"$f":"ADDRESS((MATCH(COUNTIF(INDIRECT(Z454):$S454,\"NIVEL 2\"),INDIRECT(AA454):W454,0)+(MATCH(COUNTIF($R$2:$R454,\"NIVEL 1\"),V:V,0)-1)),COLUMN(T454))","v":"$T$451"},null,null,null,null,null,null,null,null,null,null,null,null,null,null,null,null,null,null,null,null,null,null,null,null,null,null,{"$f":"PROCURA_PRECO_SERVICO","v":0}]
[{"$f":"V455&\".\"&W455&\".\"&X455&\".\"&Y455","v":"7.1.1.1"},"SINAPI","103334",{"$f":"PROCURA_DESCRICAO_SERVICO","v":"ALVENARIA DE VEDAÇÃO DE BLOCOS CERÂMICOS FURADOS NA HORIZONTAL DE 14X9X19 CM (ESPESSURA 14 CM, BLOCO DEITADO) E ARGAMASSA DE ASSENTAMENTO COM PREPARO EM BETONEIRA. AF_12/2021"},{"$f":"PROCURA_UNIDADE_SERVICO","v":"M2"},40.8,{"$f":"PROCURA_PRECO_SERVICO","v":"141,79"},{"$f":"CUSTO_BDI_SERVICO","v":178.99},{"$f":"CUSTO_TOTAL_SERVICO","v":7302.79},null,null,null,null,"SERVIÇO",null,null,null,"NIVEL 4","NIVEL 4","NIVEL 4","NIVEL 4",{"$f":"COUNTIF($R$2:$R455,\"NIVEL 1\")","v":7},1,1,{"$f":"IF(U455=\"NIVEL 4\",OFFSET(Y455,-1,0)+1,0)","v":1},{"$f":"ADDRESS(MATCH(COUNTIF($R$2:$R455,\"NIVEL 1\"),V:V,0),COLUMN(S455))","v":"$S$449"},{"$f":"ADDRESS(MATCH(COUNTIF($R$2:$R455,\"NIVEL 1\"),V:V,0),COLUMN(W455))","v":"$W$449"},{"$f":"ADDRESS((MATCH(COUNTIF(INDIRECT(Z455):$S455,\"NIVEL 2\"),INDIRECT(AA455):W455,0)+(MATCH(COUNTIF($R$2:$R455,\"NIVEL 1\"),V:V,0)-1)),COLUMN(T455))","v":"$T$451"},null,null,null,null,null,null,null,null,null,null,null,null,null,null,null,null,null,null,null,null,null,null,null,null,null,null,{"$f":"PROCURA_PRECO_SERVICO","v":"141,79"}]
[{"$f":"V456&\".\"&W456&\".\"&X456&\".\"&Y456","v":"7.1.1.2"},"SINAPI","103326",{"$f":"PROCURA_DESCRICAO_SERVICO","v":"ALVENARIA DE VEDAÇÃO DE BLOCOS CERÂMICOS FURADOS NA VERTICAL DE 19X19X39 CM (ESPESSURA 19 CM) E ARGAMASSA DE ASSENTAMENTO COM PREPARO EM BETONEIRA. AF_12/2021"},{"$f":"PROCURA_UNIDADE_SERVICO","v":"M2"},167.48,{"$f":"PROCURA_PRECO_SERVICO","v":"91,44"},{"$f":"CUSTO_BDI_SERVICO","v":115.43},{"$f":"CUSTO_TOTAL_SERVICO","v":19332.21},null,null,null,null,"SERVIÇO",null,null,null,"NIVEL 4","NIVEL 4","NIVEL 4","NIVEL 4",{"$f":"COUNTIF($R$2:$R456,\"NIVEL 1\")","v":7},{"$f":"IFERROR(COUNTIF(INDIRECT(Z456):S456,\"NIVEL 2\"),0)","v":1},{"$f":"COUNTIF(INDIRECT(AB456):T456,\"NIVEL 3\")","v":1},2,{"$f":"ADDRESS(MATCH(COUNTIF($R$2:$R456,\"NIVEL 1\"),V:V,0),COLUMN(S456))","v":"$S$449"},{"$f":"ADDRESS(MATCH(COUNTIF($R$2:$R456,\"NIVEL 1\"),V:V,0),COLUMN(W456))","v":"$W$449"},{"$f":"ADDRESS((MATCH(COUNTIF(INDIRECT(Z456):$S456,\"NIVEL 2\"),INDIRECT(AA456):W456,0)+(MATCH(COUNTIF($R$2:$R456,\"NIVEL 1\"),V:V,0)-1)),COLUMN(T456))","v":"$T$451"},null,null,null,null,null,null,null,null,null,null,null,null,null,null,null,null,null,null,null,null,null,null,null,null,null,null,{"$f":"PROCURA_PRECO_SERVICO","v":"91,44"}]
[{"$f":"V457&\".\"&W457&\".\"&X457&\".\"&Y457","v":"7.1.1.3"},"SETOP","ED-8346",{"$f":"PROCURA_DESCRICAO_SERVICO","v":"ENCUNHAMENTO DE ALVENARIA DE VEDAÇÃO COM ARGAMASSA, INCLUSIVE ADITIVO EXPANSOR PARA ENCUNHAMENTO"},{"$f":"PROCURA_UNIDADE_SERVICO","v":"M"},70.74,{"$f":"PROCURA_PRECO_SERVICO","v":6.17},{"$f":"CUSTO_BDI_SERVICO","v":7.78},{"$f":"CUSTO_TOTAL_SERVICO","v":550.35},null,null,null,null,"SERVIÇO",null,null,null,"NIVEL 4","NIVEL 4","NIVEL 4","NIVEL 4",{"$f":"COUNTIF($R$2:$R457,\"NIVEL 1\")","v":7},1,1,3,{"$f":"ADDRESS(MATCH(COUNTIF($R$2:$R457,\"NIVEL 1\"),V:V,0),COLUMN(S457))","v":"$S$449"},{"$f":"ADDRESS(MATCH(COUNTIF($R$2:$R457,\"NIVEL 1\"),V:V,0),COLUMN(W457))","v":"$W$449"},{"$f":"ADDRESS((MATCH(COUNTIF(INDIRECT(Z457):$S457,\"NIVEL 2\"),INDIRECT(AA457):W457,0)+(MATCH(COUNTIF($R$2:$R457,\"NIVEL 1\"),V:V,0)-1)),COLUMN(T457))","v":"$T$451"},null,null,null,null,null,null,null,null,null,null,null,null,null,null,null,null,null,null,null,null,null,null,null,null,null,null,{"$f":"PROCURA_PRECO_SERVICO","v":6.17}]
[null,null,null,null,null,null,null,null,null,null,null,null,null,null,null,null,null,null,null,null,null,{"$f":"COUNTIF($R$2:$R458,\"NIVEL 1\")","v":7},1,1,0,{"$f":"ADDRESS(MATCH(COUNTIF($R$2:$R458,\"NIVEL 1\"),V:V,0),COLUMN(S458))","v":"$S$449"},{"$f":"ADDRESS(MATCH(COUNTIF($R$2:$R458,\"NIVEL 1\"),V:V,0),COLUMN(W458))","v":"$W$449"},{"$f":"ADDRESS((MATCH(COUNTIF(INDIRECT(Z458):$S458,\"NIVEL 2\"),INDIRECT(AA458):W458,0)+(MATCH(COUNTIF($R$2:$R458,\"NIVEL 1\"),V:V,0)-1)),COLUMN(T458))","v":"$T$451"},null,null,null,null,null,null,null,null,null,null,null,null,null,null,null,null,null,null,null,null,null,null,null,null,null,null,{"$f":"PROCURA_PRECO_SERVICO","v":0}]
[null,null,null,{"$f":"\"SUBTOTAL DO ITEM - \"&A453","v":"SUBTOTAL DO ITEM - 7.1.1"},null,null,null,null,{"$f":"SUBTOTAL(9,OFFSET(I453,1,0):OFFSET(I459,-1,0))","v":27185.35},null,null,null,null,"SUBSUBITEM_FIM",null,null,null,null,null,null,null,{"$f":"COUNTIF($R$2:$R459,\"NIVEL 1\")","v":7},1,1,0,{"$f":"ADDRESS(MATCH(COUNTIF($R$2:$R459,\"NIVEL 1\"),V:V,0),COLUMN(S459))","v":"$S$449"},{"$f":"ADDRESS(MATCH(COUNTIF($R$2:$R459,\"NIVEL 1\"),V:V,0),COLUMN(W459))","v":"$W$449"},{"$f":"ADDRESS((MATCH(COUNTIF(INDIRECT(Z459):$S459,\"NIVEL 2\"),INDIRECT(AA459):W459,0)+(MATCH(COUNTIF($R$2:$R459,\"NIVEL 1\"),V:V,0)-1)),COLUMN(T459))","v":"$T$451"},null,null,null,null,null,null,null,null,null,null,null,null,null,null,null,null,null,null,null,null,null,null,null,null,null,null,{"$f":"PROCURA_PRECO_SERVICO","v":0}]
[null,null,null,null,null,null,null,null,null,null,null,null,null,null,null,null,null,null,null,null,null,{"$f":"COUNTIF($R$2:$R460,\"NIVEL 1\")","v":7},1,1,0,{"$f":"ADDRESS(MATCH(COUNTIF($R$2:$R460,\"NIVEL 1\"),V:V,0),COLUMN(S460))","v":"$S$449"},{"$f":"ADDRESS(MATCH(COUNTIF($R$2:$R460,\"NIVEL 1\"),V:V,0),COLUMN(W460))","v":"$W$449"},{"$f":"ADDRESS((MATCH(COUNTIF(INDIRECT(Z460):$S460,\"NIVEL 2\"),INDIRECT(AA460):W460,0)+(MATCH(COUNTIF($R$2:$R460,\"NIVEL 1\"),V:V,0)-1)),COLUMN(T460))","v":"$T$451"},null,null,null,null,null,null,null,null,null,null,null,null,null,null,null,null,null,null,null,null,null,null,null,null,null,null,{"$f":"PROCURA_PRECO_SERVICO","v":0}]
[null,null,null,{"$f":"\"SUBTOTAL DO ITEM  - \"&A451","v":"SUBTOTAL DO ITEM  - 7.1"},null,null,null,null,{"$f":"SUBTOTAL(9,OFFSET(I451,1,0):OFFSET(I461,-1,0))","v":27185.35},null,null,null,null,"SUBITEM_FIM",null,null,null,null,null,null,null,{"$f":"COUNTIF($R$2:$R461,\"NIVEL 1\")","v":7},1,1,0,{"$f":"ADDRESS(MATCH(COUNTIF($R$2:$R461,\"NIVEL 1\"),V:V,0),COLUMN(S461))","v":"$S$449"},{"$f":"ADDRESS(MATCH(COUNTIF($R$2:$R461,\"NIVEL 1\"),V:V,0),COLUMN(W461))","v":"$W$449"},{"$f":"ADDRESS((MATCH(COUNTIF(INDIRECT(Z461):$S461,\"NIVEL 2\"),INDIRECT(AA461):W461,0)+(MATCH(COUNTIF($R$2:$R461,\"NIVEL 1\"),V:V,0)-1)),COLUMN(T461))","v":"$T$451"},null,null,null,null,null,null,null,null,null,null,null,null,null,null,null,null,null,null,null,null,null,null,null,null,null,null,{"$f":"PROCURA_PRECO_SERVICO","v":0}]
[null,null,null,null,null,null,null,null,null,null,null,null,null,null,null,null,null,null,null,null,null,{"$f":"COUNTIF($R$2:$R462,\"NIVEL 1\")","v":7},1,1,0,{"$f":"ADDRESS(MATCH(COUNTIF($R$2:$R462,\"NIVEL 1\"),V:V,0),COLUMN(S462))","v":"$S$449"},{"$f":"ADDRESS(MATCH(COUNTIF($R$2:$R462,\"NIVEL 1\"),V:V,0),COLUMN(W462))","v":"$W$449"},{"$f":"ADDRESS((MATCH(COUNTIF(INDIRECT(Z462):$S462,\"NIVEL 2\"),INDIRECT(AA462):W462,0)+(MATCH(COUNTIF($R$2:$R462,\"NIVEL 1\"),V:V,0)-1)),COLUMN(T462))","v":"$T$451"},null,null,null,null,null,null,null,null,null,null,null,null,null,null,null,null,null,null,null,null,null,null,null,null,null,null,{"$f":"PROCURA_PRECO_SERVICO","v":0}]
[{"$f":"V463&\".\"&W463","v":"7.2"},null,null,"VERGA E CONTRAVERGA",null,null,null,null,null,null,null,null,null,"SUBITEM_INICIO",null,null,null,"NIVEL 2","NIVEL 2",null,null,{"$f":"COUNTIF($R$2:$R463,\"NIVEL 1\")","v":7},2,0,0,{"$f":"ADDRESS(MATCH(COUNTIF($R$2:$R463,\"NIVEL 1\"),V:V,0),COLUMN(S463))","v":"$S$449"},{"$f":"ADDRESS(MATCH(COUNTIF($R$2:$R463,\"NIVEL 1\"),V:V,0),COLUMN(W463))","v":"$W$449"},{"$f":"ADDRESS((MATCH(COUNTIF(INDIRECT(Z463):$S463,\"NIVEL 2\"),INDIRECT(AA463):W463,0)+(MATCH(COUNTIF($R$2:$R463,\"NIVEL 1\"),V:V,0)-1)),COLUMN(T463))","v":"$T$463"},null,null,null,null,null,null,null,null,null,null,null,null,null,null,null,null,null,null,null,null,null,null,null,null,null,null,{"$f":"PROCURA_PRECO_SERVICO","v":0}]
[null,null,null,null,null,null,null,null,null,null,null,null,null,null,null,null,null,null,null,null,null,{"$f":"COUNTIF($R$2:$R464,\"NIVEL 1\")","v":7},2,0,{"$f":"IF(U464=\"NIVEL 4\",OFFSET(Y464,-1,0)+1,0)","v":0},{"$f":"ADDRESS(MATCH(COUNTIF($R$2:$R464,\"NIVEL 1\"),V:V,0),COLUMN(S464))","v":"$S$449"},{"$f":"ADDRESS(MATCH(COUNTIF($R$2:$R464,\"NIVEL 1\"),V:V,0),COLUMN(W464))","v":"$W$449"},{"$f":"ADDRESS((MATCH(COUNTIF(INDIRECT(Z464):$S464,\"NIVEL 2\"),INDIRECT(AA464):W464,0)+(MATCH(COUNTIF($R$2:$R464,\"NIVEL 1\"),V:V,0)-1)),COLUMN(T464))","v":"$T$463"},null,null,null,null,null,null,null,null,null,null,null,null,null,null,null,null,null,null,null,null,null,null,null,null,null,null,{"$f":"PROCURA_PRECO_SERVICO","v":0}]
[{"$f":"V465&\".\"&W465&\".\"&X465","v":"7.2.1"},null,null,"JANELAS",null,null,null,null,null,null,null,null,null,"SUBSUBITEM_INICIO",null,null,null,"NIVEL 3","NIVEL 3","NIVEL 3",null,{"$f":"COUNTIF($R$2:$R465,\"NIVEL 1\")","v":7},2,1,0,{"$f":"ADDRESS(MATCH(COUNTIF($R$2:$R465,\"NIVEL 1\"),V:V,0),COLUMN(S465))","v":"$S$449"},{"$f":"ADDRESS(MATCH(COUNTIF($R$2:$R465,\"NIVEL 1\"),V:V,0),COLUMN(W465))","v":"$W$449"},{"$f":"ADDRESS((MATCH(COUNTIF(INDIRECT(Z465):$S465,\"NIVEL 2\"),INDIRECT(AA465):W465,0)+(MATCH(COUNTIF($R$2:$R465,\"NIVEL 1\"),V:V,0)-1)),COLUMN(T465))","v":"$T$463"},null,null,null,null,null,null,null,null,null,null,null,null,null,null,null,null,null,null,null,null,null,null,null,null,null,null,{"$f":"PROCURA_PRECO_SERVICO","v":0}]
[null,null,null,null,null,null,null,null,null,null,null,null,null,null,null,null,null,null,null,null,null,{"$f":"COUNTIF($R$2:$R466,\"NIVEL 1\")","v":7},2,1,0,{"$f":"ADDRESS(MATCH(COUNTIF($R$2:$R466,\"NIVEL 1\"),V:V,0),COLUMN(S466))","v":"$S$449"},{"$f":"ADDRESS(MATCH(COUNTIF($R$2:$R466,\"NIVEL 1\"),V:V,0),COLUMN(W466))","v":"$W$449"},{"$f":"ADDRESS((MATCH(COUNTIF(INDIRECT(Z466):$S466,\"NIVEL 2\"),INDIRECT(AA466):W466,0)+(MATCH(COUNTIF($R$2:$R466,\"NIVEL 1\"),V:V,0)-1)),COLUMN(T466))","v":"$T$463"},null,null,null,null,null,null,null,null,null,null,null,null,null,null,null,null,null,null,null,null,null,null,null,null,null,null,{"$f":"PROCURA_PRECO_SERVICO","v":0}]
[{"$f":"V467&\".\"&W467&\".\"&X467&\".\"&Y467","v":"7.2.1.1"},"SINAPI","93190",{"$f":"PROCURA_DESCRICAO_SERVICO","v":"VERGA MOLDADA IN LOCO COM UTILIZAÇÃO DE BLOCOS CANALETA PARA JANELAS COM ATÉ 1,5 M DE VÃO. AF_03/2016"},{"$f":"PROCURA_UNIDADE_SERVICO","v":"M"},8.4,{"$f":"PROCURA_PRECO_SERVICO","v":"48,67"},{"$f":"CUSTO_BDI_SERVICO","v":61.44},{"$f":"CUSTO_TOTAL_SERVICO","v":516.09},null,null,null,null,"SERVIÇO",null,null,null,"NIVEL 4","NIVEL 4","NIVEL 4","NIVEL 4",{"$f":"COUNTIF($R$1:$R467,\"NIVEL 1\")","v":7},2,1,1,{"$f":"ADDRESS(MATCH(COUNTIF($R$1:$R467,\"NIVEL 1\"),V:V,0),COLUMN(S467))","v":"$S$449"},{"$f":"ADDRESS(MATCH(COUNTIF($R$1:$R467,\"NIVEL 1\"),V:V,0),COLUMN(W467))","v":"$W$449"},{"$f":"ADDRESS((MATCH(COUNTIF(INDIRECT(Z467):$S467,\"NIVEL 2\"),INDIRECT(AA467):W467,0)+(MATCH(COUNTIF($R$1:$R467,\"NIVEL 1\"),V:V,0)-1)),COLUMN(T467))","v":"$T$463"},null,null,null,null,null,null,null,null,null,null,null,null,null,null,null,null,null,null,null,null,null,null,null,null,null,null,{"$f":"PROCURA_PRECO_SERVICO","v":"48,67"}]
["7.2.1.2","SINAPI","93191",{"$f":"PROCURA_DESCRICAO_SERVICO","v":"VERGA MOLDADA IN LOCO COM UTILIZAÇÃO DE BLOCOS CANALETA PARA JANELAS COM MAIS DE 1,5 M DE VÃO. AF_03/2016"},{"$f":"PROCURA_UNIDADE_SERVICO","v":"M"},48.42,{"$f":"PROCURA_PRECO_SERVICO","v":"50,22"},63.39,3069.34,null,null,null,null,"SERVIÇO",null,null,null,"NIVEL 4","NIVEL 4","NIVEL 4","NIVEL 4",{"$f":"COUNTIF($R$1:$R468,\"NIVEL 1\")","v":7},2,1,2,{"$f":"ADDRESS(MATCH(COUNTIF($R$1:$R468,\"NIVEL 1\"),V:V,0),COLUMN(S468))","v":"$S$449"},{"$f":"ADDRESS(MATCH(COUNTIF($R$1:$R468,\"NIVEL 1\"),V:V,0),COLUMN(W468))","v":"$W$449"},{"$f":"ADDRESS((MATCH(COUNTIF(INDIRECT(Z468):$S468,\"NIVEL 2\"),INDIRECT(AA468):W468,0)+(MATCH(COUNTIF($R$1:$R468,\"NIVEL 1\"),V:V,0)-1)),COLUMN(T468))","v":"$T$463"},null,null,null,null,null,null,null,null,null,null,null,null,null,null,null,null,null,null,null,null,null,null,null,null,null,null,{"$f":"PROCURA_PRECO_SERVICO","v":"50,22"}]
["7.2.1.3","SINAPI","93198",{"$f":"PROCURA_DESCRICAO_SERVICO","v":"CONTRAVERGA MOLDADA IN LOCO COM UTILIZAÇÃO DE BLOCOS CANALETA PARA VÃOS DE ATÉ 1,5 M DE COMPRIMENTO. AF_03/2016"},{"$f":"PROCURA_UNIDADE_SERVICO","v":"M"},8.4,{"$f":"PROCURA_PRECO_SERVICO","v":"40,23"},50.78,426.55,null,null,null,null,"SERVIÇO",null,null,null,"NIVEL 4","NIVEL 4","NIVEL 4","NIVEL 4",{"$f":"COUNTIF($R$1:$R469,\"NIVEL 1\")","v":7},2,1,3,{"$f":"ADDRESS(MATCH(COUNTIF($R$1:$R469,\"NIVEL 1\"),V:V,0),COLUMN(S469))","v":"$S$449"},{"$f":"ADDRESS(MATCH(COUNTIF($R$1:$R469,\"NIVEL 1\"),V:V,0),COLUMN(W469))","v":"$W$449"},{"$f":"ADDRESS((MATCH(COUNTIF(INDIRECT(Z469):$S469,\"NIVEL 2\"),INDIRECT(AA469):W469,0)+(MATCH(COUNTIF($R$1:$R469,\"NIVEL 1\"),V:V,0)-1)),COLUMN(T469))","v":"$T$463"},null,null,null,null,null,null,null,null,null,null,null,null,null,null,null,null,null,null,null,null,null,null,null,null,null,null,{"$f":"PROCURA_PRECO_SERVICO","v":"40,23"}]
[{"$f":"V470&\".\"&W470&\".\"&X470&\".\"&Y470","v":"7.2.1.4"},"SINAPI","93199",{"$f":"PROCURA_DESCRICAO_SERVICO","v":"CONTRAVERGA MOLDADA IN LOCO COM UTILIZAÇÃO DE BLOCOS CANALETA PARA VÃOS DE MAIS DE 1,5 M DE COMPRIMENTO. AF_03/2016"},{"$f":"PROCURA_UNIDADE_SERVICO","v":"M"},48.42,{"$f":"PROCURA_PRECO_SERVICO","v":"39,63"},50.02,2421.96,null,null,null,null,"SERVIÇO",null,null,null,"NIVEL 4","NIVEL 4","NIVEL 4","NIVEL 4",{"$f":"COUNTIF($R$1:$R470,\"NIVEL 1\")","v":7},2,1,{"$f":"IF(U470=\"NIVEL 4\",OFFSET(Y470,-1,0)+1,0)","v":4},{"$f":"ADDRESS(MATCH(COUNTIF($R$1:$R470,\"NIVEL 1\"),V:V,0),COLUMN(S470))","v":"$S$449"},{"$f":"ADDRESS(MATCH(COUNTIF($R$1:$R470,\"NIVEL 1\"),V:V,0),COLUMN(W470))","v":"$W$449"},{"$f":"ADDRESS((MATCH(COUNTIF(INDIRECT(Z470):$S470,\"NIVEL 2\"),INDIRECT(AA470):W470,0)+(MATCH(COUNTIF($R$1:$R470,\"NIVEL 1\"),V:V,0)-1)),COLUMN(T470))","v":"$T$463"},null,null,null,null,null,null,null,null,null,null,null,null,null,null,null,null,null,null,null,null,null,null,null,null,null,null,{"$f":"PROCURA_PRECO_SERVICO","v":"39,63"}]
[null,null,null,null,null,null,null,null,null,null,null,null,null,null,null,null,null,null,null,null,null,{"$f":"COUNTIF($R$2:$R471,\"NIVEL 1\")","v":7},2,1,0,{"$f":"ADDRESS(MATCH(COUNTIF($R$2:$R471,\"NIVEL 1\"),V:V,0),COLUMN(S471))","v":"$S$449"},{"$f":"ADDRESS(MATCH(COUNTIF($R$2:$R471,\"NIVEL 1\"),V:V,0),COLUMN(W471))","v":"$W$449"},{"$f":"ADDRESS((MATCH(COUNTIF(INDIRECT(Z471):$S471,\"NIVEL 2\"),INDIRECT(AA471):W471,0)+(MATCH(COUNTIF($R$2:$R471,\"NIVEL 1\"),V:V,0)-1)),COLUMN(T471))","v":"$T$463"},null,null,null,null,null,null,null,null,null,null,null,null,null,null,null,null,null,null,null,null,null,null,null,null,null,null,{"$f":"PROCURA_PRECO_SERVICO","v":0}]
[null,null,null,{"$f":"\"SUBTOTAL DO ITEM - \"&A465","v":"SUBTOTAL DO ITEM - 7.2.1"},null,null,null,null,{"$f":"SUBTOTAL(9,OFFSET(I465,1,0):OFFSET(I472,-1,0))","v":6433.94},null,null,null,null,"SUBSUBITEM_FIM",null,null,null,null,null,null,null,{"$f":"COUNTIF($R$2:$R472,\"NIVEL 1\")","v":7},2,1,0,{"$f":"ADDRESS(MATCH(COUNTIF($R$2:$R472,\"NIVEL 1\"),V:V,0),COLUMN(S472))","v":"$S$449"},{"$f":"ADDRESS(MATCH(COUNTIF($R$2:$R472,\"NIVEL 1\"),V:V,0),COLUMN(W472))","v":"$W$449"},{"$f":"ADDRESS((MATCH(COUNTIF(INDIRECT(Z472):$S472,\"NIVEL 2\"),INDIRECT(AA472):W472,0)+(MATCH(COUNTIF($R$2:$R472,\"NIVEL 1\"),V:V,0)-1)),COLUMN(T472))","v":"$T$463"},null,null,null,null,null,null,null,null,null,null,null,null,null,null,null,null,null,null,null,null,null,null,null,null,null,null,{"$f":"PROCURA_PRECO_SERVICO","v":0}]
[null,null,null,null,null,null,null,null,null,null,null,null,null,null,null,null,null,null,null,null,null,{"$f":"COUNTIF($R$2:$R473,\"NIVEL 1\")","v":7},2,1,0,{"$f":"ADDRESS(MATCH(COUNTIF($R$2:$R473,\"NIVEL 1\"),V:V,0),COLUMN(S473))","v":"$S$449"},{"$f":"ADDRESS(MATCH(COUNTIF($R$2:$R473,\"NIVEL 1\"),V:V,0),COLUMN(W473))","v":"$W$449"},{"$f":"ADDRESS((MATCH(COUNTIF(INDIRECT(Z473):$S473,\"NIVEL 2\"),INDIRECT(AA473):W473,0)+(MATCH(COUNTIF($R$2:$R473,\"NIVEL 1\"),V:V,0)-1)),COLUMN(T473))","v":"$T$463"},null,null,null,null,null,null,null,null,null,null,null,null,null,null,null,null,null,null,null,null,null,null,null,null,null,null,{"$f":"PROCURA_PRECO_SERVICO","v":0}]
[{"$f":"V474&\".\"&W474&\".\"&X474","v":"7.2.2"},null,null,"PORTAS",null,null,null,null,null,null,null,null,null,"SUBSUBITEM_INICIO",null,null,null,"NIVEL 3","NIVEL 3","NIVEL 3",null,{"$f":"COUNTIF($R$2:$R474,\"NIVEL 1\")","v":7},2,2,0,{"$f":"ADDRESS(MATCH(COUNTIF($R$2:$R474,\"NIVEL 1\"),V:V,0),COLUMN(S474))","v":"$S$449"},{"$f":"ADDRESS(MATCH(COUNTIF($R$2:$R474,\"NIVEL 1\"),V:V,0),COLUMN(W474))","v":"$W$449"},{"$f":"ADDRESS((MATCH(COUNTIF(INDIRECT(Z474):$S474,\"NIVEL 2\"),INDIRECT(AA474):W474,0)+(MATCH(COUNTIF($R$2:$R474,\"NIVEL 1\"),V:V,0)-1)),COLUMN(T474))","v":"$T$463"},null,null,null,null,null,null,null,null,null,null,null,null,null,null,null,null,null,null,null,null,null,null,null,null,null,null,{"$f":"PROCURA_PRECO_SERVICO","v":0}]
[null,null,null,null,null,null,null,null,null,null,null,null,null,null,null,null,null,null,null,null,null,{"$f":"COUNTIF($R$2:$R475,\"NIVEL 1\")","v":7},2,2,0,{"$f":"ADDRESS(MATCH(COUNTIF($R$2:$R475,\"NIVEL 1\"),V:V,0),COLUMN(S475))","v":"$S$449"},{"$f":"ADDRESS(MATCH(COUNTIF($R$2:$R475,\"NIVEL 1\"),V:V,0),COLUMN(W475))","v":"$W$449"},{"$f":"ADDRESS((MATCH(COUNTIF(INDIRECT(Z475):$S475,\"NIVEL 2\"),INDIRECT(AA475):W475,0)+(MATCH(COUNTIF($R$2:$R475,\"NIVEL 1\"),V:V,0)-1)),COLUMN(T475))","v":"$T$463"},null,null,null,null,null,null,null,null,null,null,null,null,null,null,null,null,null,null,null,null,null,null,null,null,null,null,{"$f":"PROCURA_PRECO_SERVICO","v":0}]
[{"$f":"V476&\".\"&W476&\".\"&X476&\".\"&Y476","v":"7.2.2.1"},"SINAPI","93192",{"$f":"PROCURA_DESCRICAO_SERVICO","v":"VERGA MOLDADA IN LOCO COM UTILIZAÇÃO DE BLOCOS CANALETA PARA PORTAS COM ATÉ 1,5 M DE VÃO. AF_03/2016"},{"$f":"PROCURA_UNIDADE_SERVICO","v":"M"},42.1,{"$f":"PROCURA_PRECO_SERVICO","v":"54,42"},{"$f":"CUSTO_BDI_SERVICO","v":68.69},{"$f":"CUSTO_TOTAL_SERVICO","v":2891.84},null,null,null,null,"SERVIÇO",null,null,null,"NIVEL 4","NIVEL 4","NIVEL 4","NIVEL 4",{"$f":"COUNTIF($R$1:$R476,\"NIVEL 1\")","v":7},2,2,{"$f":"IF(U476=\"NIVEL 4\",OFFSET(Y476,-1,0)+1,0)","v":1},{"$f":"ADDRESS(MATCH(COUNTIF($R$1:$R476,\"NIVEL 1\"),V:V,0),COLUMN(S476))","v":"$S$449"},{"$f":"ADDRESS(MATCH(COUNTIF($R$1:$R476,\"NIVEL 1\"),V:V,0),COLUMN(W476))","v":"$W$449"},{"$f":"ADDRESS((MATCH(COUNTIF(INDIRECT(Z476):$S476,\"NIVEL 2\"),INDIRECT(AA476):W476,0)+(MATCH(COUNTIF($R$1:$R476,\"NIVEL 1\"),V:V,0)-1)),COLUMN(T476))","v":"$T$463"},null,null,null,null,null,null,null,null,null,null,null,null,null,null,null,null,null,null,null,null,null,null,null,null,null,null,{"$f":"PROCURA_PRECO_SERVICO","v":"54,42"}]
[{"$f":"V477&\".\"&W477&\".\"&X477&\".\"&Y477","v":"7.2.2.2"},"SINAPI","93193",{"$f":"PROCURA_DESCRICAO_SERVICO","v":"VERGA MOLDADA IN LOCO COM UTILIZAÇÃO DE BLOCOS CANALETA PARA PORTAS COM MAIS DE 1,5 M DE VÃO. AF_03/2016"},{"$f":"PROCURA_UNIDADE_SERVICO","v":"M"},5.6,{"$f":"PROCURA_PRECO_SERVICO","v":"51,43"},64.92,363.55,null,null,null,null,"SERVIÇO",null,null,null,"NIVEL 4","NIVEL 4","NIVEL 4","NIVEL 4",{"$f":"COUNTIF($R$1:$R477,\"NIVEL 1\")","v":7},2,2,2,{"$f":"ADDRESS(MATCH(COUNTIF($R$1:$R477,\"NIVEL 1\"),V:V,0),COLUMN(S477))","v":"$S$449"},{"$f":"ADDRESS(MATCH(COUNTIF($R$1:$R477,\"NIVEL 1\"),V:V,0),COLUMN(W477))","v":"$W$449"},{"$f":"ADDRESS((MATCH(COUNTIF(INDIRECT(Z477):$S477,\"NIVEL 2\"),INDIRECT(AA477):W477,0)+(MATCH(COUNTIF($R$1:$R477,\"NIVEL 1\"),V:V,0)-1)),COLUMN(T477))","v":"$T$463"},null,null,null,null,null,null,null,null,null,null,null,null,null,null,null,null,null,null,null,null,null,null,null,null,null,null,{"$f":"PROCURA_PRECO_SERVICO","v":"51,43"}]
[null,null,null,null,null,null,null,null,null,null,null,null,null,null,null,null,null,null,null,null,null,{"$f":"COUNTIF($R$2:$R478,\"NIVEL 1\")","v":7},2,2,0,{"$f":"ADDRESS(MATCH(COUNTIF($R$2:$R478,\"NIVEL 1\"),V:V,0),COLUMN(S478))","v":"$S$449"},{"$f":"ADDRESS(MATCH(COUNTIF($R$2:$R478,\"NIVEL 1\"),V:V,0),COLUMN(W478))","v":"$W$449"},{"$f":"ADDRESS((MATCH(COUNTIF(INDIRECT(Z478):$S478,\"NIVEL 2\"),INDIRECT(AA478):W478,0)+(MATCH(COUNTIF($R$2:$R478,\"NIVEL 1\"),V:V,0)-1)),COLUMN(T478))","v":"$T$463"},null,null,null,null,null,null,null,null,null,null,null,null,null,null,null,null,null,null,null,null,null,null,null,null,null,null,{"$f":"PROCURA_PRECO_SERVICO","v":0}]
[null,null,null,{"$f":"\"SUBTOTAL DO ITEM - \"&A474","v":"SUBTOTAL DO ITEM - 7.2.2"},null,null,null,null,{"$f":"SUBTOTAL(9,OFFSET(I474,1,0):OFFSET(I479,-1,0))","v":3255.39},null,null,null,null,"SUBSUBITEM_FIM",null,null,null,null,null,null,null,{"$f":"COUNTIF($R$2:$R479,\"NIVEL 1\")","v":7},2,2,0,{"$f":"ADDRESS(MATCH(COUNTIF($R$2:$R479,\"NIVEL 1\"),V:V,0),COLUMN(S479))","v":"$S$449"},{"$f":"ADDRESS(MATCH(COUNTIF($R$2:$R479,\"NIVEL 1\"),V:V,0),COLUMN(W479))","v":"$W$449"},{"$f":"ADDRESS((MATCH(COUNTIF(INDIRECT(Z479):$S479,\"NIVEL 2\"),INDIRECT(AA479):W479,0)+(MATCH(COUNTIF($R$2:$R479,\"NIVEL 1\"),V:V,0)-1)),COLUMN(T479))","v":"$T$463"},null,null,null,null,null,null,null,null,null,null,null,null,null,null,null,null,null,null,null,null,null,null,null,null,null,null,{"$f":"PROCURA_PRECO_SERVICO","v":0}]
[null,null,null,null,null,null,null,null,null,null,null,null,null,null,null,null,null,null,null,null,null,{"$f":"COUNTIF($R$2:$R480,\"NIVEL 1\")","v":7},2,2,0,{"$f":"ADDRESS(MATCH(COUNTIF($R$2:$R480,\"NIVEL 1\"),V:V,0),COLUMN(S480))","v":"$S$449"},{"$f":"ADDRESS(MATCH(COUNTIF($R$2:$R480,\"NIVEL 1\"),V:V,0),COLUMN(W480))","v":"$W$449"},{"$f":"ADDRESS((MATCH(COUNTIF(INDIRECT(Z480):$S480,\"NIVEL 2\"),INDIRECT(AA480):W480,0)+(MATCH(COUNTIF($R$2:$R480,\"NIVEL 1\"),V:V,0)-1)),COLUMN(T480))","v":"$T$463"},null,null,null,null,null,null,null,null,null,null,null,null,null,null,null,null,null,null,null,null,null,null,null,null,null,null,{"$f":"PROCURA_PRECO_SERVICO","v":0}]
[null,null,null,{"$f":"\"SUBTOTAL DO ITEM  - \"&A463","v":"SUBTOTAL DO ITEM  - 7.2"},null,null,null,null,{"$f":"SUBTOTAL(9,OFFSET(I463,1,0):OFFSET(I481,-1,0))","v":9689.33},null,null,null,null,"SUBITEM_FIM",null,null,null,null,null,null,null,{"$f":"COUNTIF($R$2:$R481,\"NIVEL 1\")","v":7},2,2,0,{"$f":"ADDRESS(MATCH(COUNTIF($R$2:$R481,\"NIVEL 1\"),V:V,0),COLUMN(S481))","v":"$S$449"},{"$f":"ADDRESS(MATCH(COUNTIF($R$2:$R481,\"NIVEL 1\"),V:V,0),COLUMN(W481))","v":"$W$449"},{"$f":"ADDRESS((MATCH(COUNTIF(INDIRECT(Z481):$S481,\"NIVEL 2\"),INDIRECT(AA481):W481,0)+(MATCH(COUNTIF($R$2:$R481,\"NIVEL 1\"),V:V,0)-1)),COLUMN(T481))","v":"$T$463"},null,null,null,null,null,null,null,null,null,null,null,null,null,null,null,null,null,null,null,null,null,null,null,null,null,null,{"$f":"PROCURA_PRECO_SERVICO","v":0}]
[null,null,null,null,null,null,null,null,null,null,null,null,null,null,null,null,null,null,null,null,null,{"$f":"COUNTIF($R$2:$R482,\"NIVEL 1\")","v":7},2,2,0,{"$f":"ADDRESS(MATCH(COUNTIF($R$2:$R482,\"NIVEL 1\"),V:V,0),COLUMN(S482))","v":"$S$449"},{"$f":"ADDRESS(MATCH(COUNTIF($R$2:$R482,\"NIVEL 1\"),V:V,0),COLUMN(W482))","v":"$W$449"},{"$f":"ADDRESS((MATCH(COUNTIF(INDIRECT(Z482):$S482,\"NIVEL 2\"),INDIRECT(AA482):W482,0)+(MATCH(COUNTIF($R$2:$R482,\"NIVEL 1\"),V:V,0)-1)),COLUMN(T482))","v":"$T$463"},null,null,null,null,null,null,null,null,null,null,null,null,null,null,null,null,null,null,null,null,null,null,null,null,null,null,{"$f":"PROCURA_PRECO_SERVICO","v":0}]
[null,null,null,{"$f":"\"TOTAL DO ITEM - \"&A449","v":"TOTAL DO ITEM - 7"},null,null,null,null,{"$f":"SUBTOTAL(9,OFFSET(I449,1,0):OFFSET(I483,-1,0))","v":36874.68},null,null,null,null,"ITEM_FIM",null,null,null,null,null,null,null,{"$f":"COUNTIF($R$2:$R483,\"NIVEL 1\")","v":7},2,2,0,{"$f":"ADDRESS(MATCH(COUNTIF($R$2:$R483,\"NIVEL 1\"),V:V,0),COLUMN(S483))","v":"$S$449"},{"$f":"ADDRESS(MATCH(COUNTIF($R$2:$R483,\"NIVEL 1\"),V:V,0),COLUMN(W483))","v":"$W$449"},{"$f":"ADDRESS((MATCH(COUNTIF(INDIRECT(Z483):$S483,\"NIVEL 2\"),INDIRECT(AA483):W483,0)+(MATCH(COUNTIF($R$2:$R483,\"NIVEL 1\"),V:V,0)-1)),COLUMN(T483))","v":"$T$463"},null,null,null,null,null,null,null,null,null,null,null,null,null,null,null,null,null,null,null,null,null,null,null,null,null,null,{"$f":"PROCURA_PRECO_SERVICO","v":0}]
[null,null,null,null,null,null,null,{"$f":"TRUNC(G484*(1+$I$3),2)","v":0},null,null,null,null,null,null,null,null,null,null,null,null,null,{"$f":"COUNTIF($R$2:$R484,\"NIVEL 1\")","v":7},2,2,{"$f":"IF(U484=\"NIVEL 4\",OFFSET(Y484,-1,0)+1,0)","v":0},{"$f":"ADDRESS(MATCH(COUNTIF($R$2:$R484,\"NIVEL 1\"),V:V,0),COLUMN(S484))","v":"$S$449"},{"$f":"ADDRESS(MATCH(COUNTIF($R$2:$R484,\"NIVEL 1\"),V:V,0),COLUMN(W484))","v":"$W$449"},{"$f":"ADDRESS((MATCH(COUNTIF(INDIRECT(Z484):$S484,\"NIVEL 2\"),INDIRECT(AA484):W484,0)+(MATCH(COUNTIF($R$2:$R484,\"NIVEL 1\"),V:V,0)-1)),COLUMN(T484))","v":"$T$463"},null,null,null,null,null,null,null,null,null,null,null,null,null,null,null,null,null,null,null,null,null,null,null,null,null,null,{"$f":"PROCURA_PRECO_SERVICO","v":0}]
[{"$f":"V485","v":8},null,null,"ACABAMENTO GROSSO (CHAPISCO, EMBOÇO, REBOCO E CONTRAPISO)",null,null,null,null,null,null,null,null,null,"ITEM_INICIO",null,null,null,"NIVEL 1",null,null,null,{"$f":"COUNTIF($R$2:$R485,\"NIVEL 1\")","v":8},0,0,0,{"$f":"ADDRESS(MATCH(COUNTIF($R$2:$R485,\"NIVEL 1\"),V:V,0),COLUMN(S485))","v":"$S$485"},{"$f":"ADDRESS(MATCH(COUNTIF($R$2:$R485,\"NIVEL 1\"),V:V,0),COLUMN(W485))","v":"$W$485"},{"$f":"ADDRESS((MATCH(COUNTIF(INDIRECT(Z485):$S485,\"NIVEL 2\"),INDIRECT(AA485):W485,0)+(MATCH(COUNTIF($R$2:$R485,\"NIVEL 1\"),V:V,0)-1)),COLUMN(T485))","v":"$T$485"},null,{"$f":"A485","v":8},null,null,{"$f":"D485","v":"ACABAMENTO GROSSO (CHAPISCO, EMBOÇO, REBOCO E CONTRAPISO)"},{"$f":"I514","v":96945.5},{"$f":"AH485/$I$1374","v":0.0497178411038507},null,null,null,null,null,null,null,null,null,null,null,null,null,null,null,null,null,null,null,{"$f":"PROCURA_PRECO_SERVICO","v":0}]
[null,null,null,null,null,null,null,null,null,null,null,null,null,null,null,null,null,null,null,null,null,{"$f":"COUNTIF($R$2:$R486,\"NIVEL 1\")","v":8},0,0,0,{"$f":"ADDRESS(MATCH(COUNTIF($R$2:$R486,\"NIVEL 1\"),V:V,0),COLUMN(S486))","v":"$S$485"},{"$f":"ADDRESS(MATCH(COUNTIF($R$2:$R486,\"NIVEL 1\"),V:V,0),COLUMN(W486))","v":"$W$485"},{"$f":"ADDRESS((MATCH(COUNTIF(INDIRECT(Z486):$S486,\"NIVEL 2\"),INDIRECT(AA486):W486,0)+(MATCH(COUNTIF($R$2:$R486,\"NIVEL 1\"),V:V,0)-1)),COLUMN(T486))","v":"$T$485"},null,null,null,null,null,null,null,null,null,null,null,null,null,null,null,null,null,null,null,null,null,null,null,null,null,null,{"$f":"PROCURA_PRECO_SERVICO","v":0}]
[{"$f":"V487&\".\"&W487","v":"8.1"},null,null,"PAREDES",null,null,null,null,null,null,null,null,null,"SUBITEM_INICIO",null,null,null,"NIVEL 2","NIVEL 2",null,null,{"$f":"COUNTIF($R$2:$R487,\"NIVEL 1\")","v":8},1,0,0,{"$f":"ADDRESS(MATCH(COUNTIF($R$2:$R487,\"NIVEL 1\"),V:V,0),COLUMN(S487))","v":"$S$485"},{"$f":"ADDRESS(MATCH(COUNTIF($R$2:$R487,\"NIVEL 1\"),V:V,0),COLUMN(W487))","v":"$W$485"},{"$f":"ADDRESS((MATCH(COUNTIF(INDIRECT(Z487):$S487,\"NIVEL 2\"),INDIRECT(AA487):W487,0)+(MATCH(COUNTIF($R$2:$R487,\"NIVEL 1\"),V:V,0)-1)),COLUMN(T487))","v":"$T$487"},null,null,null,null,null,null,null,null,null,null,null,null,null,null,null,null,null,null,null,null,null,null,null,null,null,null,{"$f":"PROCURA_PRECO_SERVICO","v":0}]
[null,null,null,null,null,null,null,null,null,null,null,null,null,null,null,null,null,null,null,null,null,{"$f":"COUNTIF($R$2:$R488,\"NIVEL 1\")","v":8},1,0,{"$f":"IF(U488=\"NIVEL 4\",OFFSET(Y488,-1,0)+1,0)","v":0},{"$f":"ADDRESS(MATCH(COUNTIF($R$2:$R488,\"NIVEL 1\"),V:V,0),COLUMN(S488))","v":"$S$485"},{"$f":"ADDRESS(MATCH(COUNTIF($R$2:$R488,\"NIVEL 1\"),V:V,0),COLUMN(W488))","v":"$W$485"},{"$f":"ADDRESS((MATCH(COUNTIF(INDIRECT(Z488):$S488,\"NIVEL 2\"),INDIRECT(AA488):W488,0)+(MATCH(COUNTIF($R$2:$R488,\"NIVEL 1\"),V:V,0)-1)),COLUMN(T488))","v":"$T$487"},null,null,null,null,null,null,null,null,null,null,null,null,null,null,null,null,null,null,null,null,null,null,null,null,null,null,{"$f":"PROCURA_PRECO_SERVICO","v":0}]
[{"$f":"V489&\".\"&W489&\".\"&X489","v":"8.1.1"},null,null,"PAREDES INTERNAS E EXTERNAS",null,null,null,null,null,null,null,null,null,"SUBSUBITEM_INICIO",null,null,null,"NIVEL 3","NIVEL 3","NIVEL 3",null,{"$f":"COUNTIF($R$2:$R489,\"NIVEL 1\")","v":8},1,1,0,{"$f":"ADDRESS(MATCH(COUNTIF($R$2:$R489,\"NIVEL 1\"),V:V,0),COLUMN(S489))","v":"$S$485"},{"$f":"ADDRESS(MATCH(COUNTIF($R$2:$R489,\"NIVEL 1\"),V:V,0),COLUMN(W489))","v":"$W$485"},{"$f":"ADDRESS((MATCH(COUNTIF(INDIRECT(Z489):$S489,\"NIVEL 2\"),INDIRECT(AA489):W489,0)+(MATCH(COUNTIF($R$2:$R489,\"NIVEL 1\"),V:V,0)-1)),COLUMN(T489))","v":"$T$487"},null,null,null,null,null,null,null,null,null,null,null,null,null,null,null,null,null,null,null,null,null,null,null,null,null,null,{"$f":"PROCURA_PRECO_SERVICO","v":0}]
[null,null,null,null,null,null,null,null,null,null,null,null,null,null,null,null,null,null,null,null,null,{"$f":"COUNTIF($R$2:$R490,\"NIVEL 1\")","v":8},1,1,0,{"$f":"ADDRESS(MATCH(COUNTIF($R$2:$R490,\"NIVEL 1\"),V:V,0),COLUMN(S490))","v":"$S$485"},{"$f":"ADDRESS(MATCH(COUNTIF($R$2:$R490,\"NIVEL 1\"),V:V,0),COLUMN(W490))","v":"$W$485"},{"$f":"ADDRESS((MATCH(COUNTIF(INDIRECT(Z490):$S490,\"NIVEL 2\"),INDIRECT(AA490):W490,0)+(MATCH(COUNTIF($R$2:$R490,\"NIVEL 1\"),V:V,0)-1)),COLUMN(T490))","v":"$T$487"},null,null,null,null,null,null,null,null,null,null,null,null,null,null,null,null,null,null,null,null,null,null,null,null,null,null,{"$f":"PROCURA_PRECO_SERVICO","v":0}]
[{"$f":"V491&\".\"&W491&\".\"&X491&\".\"&Y491","v":"8.1.1.1"},"SETOP","ED-50727",{"$f":"PROCURA_DESCRICAO_SERVICO","v":"CHAPISCO COM ARGAMASSA, TRAÇO 1:3 (CIMENTO E AREIA), ESP. 5MM, APLICADO EM ALVENARIA/ESTRUTURA DE CONCRETO COM COLHER, PREPARO MECÂNICO"},{"$f":"PROCURA_UNIDADE_SERVICO","v":"M2"},208.28,{"$f":"PROCURA_PRECO_SERVICO","v":8.58},{"$f":"CUSTO_BDI_SERVICO","v":10.83},{"$f":"CUSTO_TOTAL_SERVICO","v":2255.67},null,null,null,null,"SERVIÇO",null,null,null,"NIVEL 4","NIVEL 4","NIVEL 4","NIVEL 4",{"$f":"COUNTIF($R$2:$R491,\"NIVEL 1\")","v":8},1,1,1,{"$f":"ADDRESS(MATCH(COUNTIF($R$2:$R491,\"NIVEL 1\"),V:V,0),COLUMN(S491))","v":"$S$485"},{"$f":"ADDRESS(MATCH(COUNTIF($R$2:$R491,\"NIVEL 1\"),V:V,0),COLUMN(W491))","v":"$W$485"},{"$f":"ADDRESS((MATCH(COUNTIF(INDIRECT(Z491):$S491,\"NIVEL 2\"),INDIRECT(AA491):W491,0)+(MATCH(COUNTIF($R$2:$R491,\"NIVEL 1\"),V:V,0)-1)),COLUMN(T491))","v":"$T$487"},null,null,null,null,null,null,null,null,null,null,null,null,null,null,null,null,null,null,null,null,null,null,null,null,null,null,{"$f":"PROCURA_PRECO_SERVICO","v":8.58}]
[{"$f":"V492&\".\"&W492&\".\"&X492&\".\"&Y492","v":"8.1.1.2"},"SETOP","ED-50732",{"$f":"PROCURA_DESCRICAO_SERVICO","v":"EMBOÇO COM ARGAMASSA, TRAÇO 1:6 (CIMENTO E AREIA), ESP. 20MM, APLICAÇÃO MANUAL, PREPARO MECÂNICO"},{"$f":"PROCURA_UNIDADE_SERVICO","v":"M2"},82.82,{"$f":"PROCURA_PRECO_SERVICO","v":30.58},{"$f":"CUSTO_BDI_SERVICO","v":38.6},{"$f":"CUSTO_TOTAL_SERVICO","v":3196.85},null,null,null,null,"SERVIÇO",null,null,null,"NIVEL 4","NIVEL 4","NIVEL 4","NIVEL 4",{"$f":"COUNTIF($R$2:$R492,\"NIVEL 1\")","v":8},1,1,2,{"$f":"ADDRESS(MATCH(COUNTIF($R$2:$R492,\"NIVEL 1\"),V:V,0),COLUMN(S492))","v":"$S$485"},{"$f":"ADDRESS(MATCH(COUNTIF($R$2:$R492,\"NIVEL 1\"),V:V,0),COLUMN(W492))","v":"$W$485"},{"$f":"ADDRESS((MATCH(COUNTIF(INDIRECT(Z492):$S492,\"NIVEL 2\"),INDIRECT(AA492):W492,0)+(MATCH(COUNTIF($R$2:$R492,\"NIVEL 1\"),V:V,0)-1)),COLUMN(T492))","v":"$T$487"},null,null,null,null,null,null,null,null,null,null,null,null,null,null,null,null,null,null,null,null,null,null,null,null,null,null,{"$f":"PROCURA_PRECO_SERVICO","v":30.58}]
[{"$f":"V493&\".\"&W493&\".\"&X493&\".\"&Y493","v":"8.1.1.3"},"SETOP","ED-50761",{"$f":"PROCURA_DESCRICAO_SERVICO","v":"REBOCO COM ARGAMASSA, TRAÇO 1:2:8 (CIMENTO, CAL E AREIA), ESP. 20MM, APLICAÇÃO MANUAL, PREPARO MECÂNICO"},{"$f":"PROCURA_UNIDADE_SERVICO","v":"M2"},125.46,{"$f":"PROCURA_PRECO_SERVICO","v":32.33},{"$f":"CUSTO_BDI_SERVICO","v":40.81},{"$f":"CUSTO_TOTAL_SERVICO","v":5120.02},null,null,null,null,"SERVIÇO",null,null,null,"NIVEL 4","NIVEL 4","NIVEL 4","NIVEL 4",{"$f":"COUNTIF($R$2:$R493,\"NIVEL 1\")","v":8},1,1,3,{"$f":"ADDRESS(MATCH(COUNTIF($R$2:$R493,\"NIVEL 1\"),V:V,0),COLUMN(S493))","v":"$S$485"},{"$f":"ADDRESS(MATCH(COUNTIF($R$2:$R493,\"NIVEL 1\"),V:V,0),COLUMN(W493))","v":"$W$485"},{"$f":"ADDRESS((MATCH(COUNTIF(INDIRECT(Z493):$S493,\"NIVEL 2\"),INDIRECT(AA493):W493,0)+(MATCH(COUNTIF($R$2:$R493,\"NIVEL 1\"),V:V,0)-1)),COLUMN(T493))","v":"$T$487"},null,null,null,null,null,null,null,null,null,null,null,null,null,null,null,null,null,null,null,null,null,null,null,null,null,null,{"$f":"PROCURA_PRECO_SERVICO","v":32.33}]
[null,null,null,null,null,null,null,null,null,null,null,null,null,null,null,null,null,null,null,null,null,{"$f":"COUNTIF($R$2:$R494,\"NIVEL 1\")","v":8},1,1,0,{"$f":"ADDRESS(MATCH(COUNTIF($R$2:$R494,\"NIVEL 1\"),V:V,0),COLUMN(S494))","v":"$S$485"},{"$f":"ADDRESS(MATCH(COUNTIF($R$2:$R494,\"NIVEL 1\"),V:V,0),COLUMN(W494))","v":"$W$485"},{"$f":"ADDRESS((MATCH(COUNTIF(INDIRECT(Z494):$S494,\"NIVEL 2\"),INDIRECT(AA494):W494,0)+(MATCH(COUNTIF($R$2:$R494,\"NIVEL 1\"),V:V,0)-1)),COLUMN(T494))","v":"$T$487"},null,null,null,null,null,null,null,null,null,null,null,null,null,null,null,null,null,null,null,null,null,null,null,null,null,null,{"$f":"PROCURA_PRECO_SERVICO","v":0}]
[null,null,null,{"$f":"\"SUBTOTAL DO ITEM - \"&A489","v":"SUBTOTAL DO ITEM - 8.1.1"},null,null,null,null,{"$f":"SUBTOTAL(9,OFFSET(I489,1,0):OFFSET(I495,-1,0))","v":10572.54},null,null,null,null,"SUBSUBITEM_FIM",null,null,null,null,null,null,null,{"$f":"COUNTIF($R$2:$R495,\"NIVEL 1\")","v":8},1,1,0,{"$f":"ADDRESS(MATCH(COUNTIF($R$2:$R495,\"NIVEL 1\"),V:V,0),COLUMN(S495))","v":"$S$485"},{"$f":"ADDRESS(MATCH(COUNTIF($R$2:$R495,\"NIVEL 1\"),V:V,0),COLUMN(W495))","v":"$W$485"},{"$f":"ADDRESS((MATCH(COUNTIF(INDIRECT(Z495):$S495,\"NIVEL 2\"),INDIRECT(AA495):W495,0)+(MATCH(COUNTIF($R$2:$R495,\"NIVEL 1\"),V:V,0)-1)),COLUMN(T495))","v":"$T$487"},null,null,null,null,null,null,null,null,null,null,null,null,null,null,null,null,null,null,null,null,null,null,null,null,null,null,{"$f":"PROCURA_PRECO_SERVICO","v":0}]
[null,null,null,null,null,null,null,null,null,null,null,null,null,null,null,null,null,null,null,null,null,{"$f":"COUNTIF($R$2:$R496,\"NIVEL 1\")","v":8},1,1,0,{"$f":"ADDRESS(MATCH(COUNTIF($R$2:$R496,\"NIVEL 1\"),V:V,0),COLUMN(S496))","v":"$S$485"},{"$f":"ADDRESS(MATCH(COUNTIF($R$2:$R496,\"NIVEL 1\"),V:V,0),COLUMN(W496))","v":"$W$485"},{"$f":"ADDRESS((MATCH(COUNTIF(INDIRECT(Z496):$S496,\"NIVEL 2\"),INDIRECT(AA496):W496,0)+(MATCH(COUNTIF($R$2:$R496,\"NIVEL 1\"),V:V,0)-1)),COLUMN(T496))","v":"$T$487"},null,null,null,null,null,null,null,null,null,null,null,null,null,null,null,null,null,null,null,null,null,null,null,null,null,null,{"$f":"PROCURA_PRECO_SERVICO","v":0}]
[null,null,null,{"$f":"\"SUBTOTAL DO ITEM  - \"&A487","v":"SUBTOTAL DO ITEM  - 8.1"},null,null,null,null,{"$f":"SUBTOTAL(9,OFFSET(I487,1,0):OFFSET(I497,-1,0))","v":10572.54},null,null,null,null,"SUBITEM_FIM",null,null,null,null,null,null,null,{"$f":"COUNTIF($R$2:$R497,\"NIVEL 1\")","v":8},1,1,0,{"$f":"ADDRESS(MATCH(COUNTIF($R$2:$R497,\"NIVEL 1\"),V:V,0),COLUMN(S497))","v":"$S$485"},{"$f":"ADDRESS(MATCH(COUNTIF($R$2:$R497,\"NIVEL 1\"),V:V,0),COLUMN(W497))","v":"$W$485"},{"$f":"ADDRESS((MATCH(COUNTIF(INDIRECT(Z497):$S497,\"NIVEL 2\"),INDIRECT(AA497):W497,0)+(MATCH(COUNTIF($R$2:$R497,\"NIVEL 1\"),V:V,0)-1)),COLUMN(T497))","v":"$T$487"},null,null,null,null,null,null,null,null,null,null,null,null,null,null,null,null,null,null,null,null,null,null,null,null,null,null,{"$f":"PROCURA_PRECO_SERVICO","v":0}]
[null,null,null,null,null,null,null,null,null,null,null,null,null,null,null,null,null,null,null,null,null,{"$f":"COUNTIF($R$2:$R498,\"NIVEL 1\")","v":8},1,1,0,{"$f":"ADDRESS(MATCH(COUNTIF($R$2:$R498,\"NIVEL 1\"),V:V,0),COLUMN(S498))","v":"$S$485"},{"$f":"ADDRESS(MATCH(COUNTIF($R$2:$R498,\"NIVEL 1\"),V:V,0),COLUMN(W498))","v":"$W$485"},{"$f":"ADDRESS((MATCH(COUNTIF(INDIRECT(Z498):$S498,\"NIVEL 2\"),INDIRECT(AA498):W498,0)+(MATCH(COUNTIF($R$2:$R498,\"NIVEL 1\"),V:V,0)-1)),COLUMN(T498))","v":"$T$487"},null,null,null,null,null,null,null,null,null,null,null,null,null,null,null,null,null,null,null,null,null,null,null,null,null,null,{"$f":"PROCURA_PRECO_SERVICO","v":0}]
[{"$f":"V499&\".\"&W499","v":"8.2"},null,null,"PISOS",null,null,null,null,null,null,null,null,null,"SUBITEM_INICIO",null,null,null,"NIVEL 2","NIVEL 2",null,null,{"$f":"COUNTIF($R$2:$R499,\"NIVEL 1\")","v":8},2,0,0,{"$f":"ADDRESS(MATCH(COUNTIF($R$2:$R499,\"NIVEL 1\"),V:V,0),COLUMN(S499))","v":"$S$485"},{"$f":"ADDRESS(MATCH(COUNTIF($R$2:$R499,\"NIVEL 1\"),V:V,0),COLUMN(W499))","v":"$W$485"},{"$f":"ADDRESS((MATCH(COUNTIF(INDIRECT(Z499):$S499,\"NIVEL 2\"),INDIRECT(AA499):W499,0)+(MATCH(COUNTIF($R$2:$R499,\"NIVEL 1\"),V:V,0)-1)),COLUMN(T499))","v":"$T$499"},null,null,null,null,null,null,null,null,null,null,null,null,null,null,null,null,null,null,null,null,null,null,null,null,null,null,{"$f":"PROCURA_PRECO_SERVICO","v":0}]
[null,null,null,null,null,null,null,null,null,null,null,null,null,null,null,null,null,null,null,null,null,{"$f":"COUNTIF($R$2:$R500,\"NIVEL 1\")","v":8},2,0,{"$f":"IF(U500=\"NIVEL 4\",OFFSET(Y500,-1,0)+1,0)","v":0},{"$f":"ADDRESS(MATCH(COUNTIF($R$2:$R500,\"NIVEL 1\"),V:V,0),COLUMN(S500))","v":"$S$485"},{"$f":"ADDRESS(MATCH(COUNTIF($R$2:$R500,\"NIVEL 1\"),V:V,0),COLUMN(W500))","v":"$W$485"},{"$f":"ADDRESS((MATCH(COUNTIF(INDIRECT(Z500):$S500,\"NIVEL 2\"),INDIRECT(AA500):W500,0)+(MATCH(COUNTIF($R$2:$R500,\"NIVEL 1\"),V:V,0)-1)),COLUMN(T500))","v":"$T$499"},null,null,null,null,null,null,null,null,null,null,null,null,null,null,null,null,null,null,null,null,null,null,null,null,null,null,{"$f":"PROCURA_PRECO_SERVICO","v":0}]
[{"$f":"V501&\".\"&W501&\".\"&X501","v":"8.2.1"},null,null,"PISOS",null,null,null,null,null,null,null,null,null,"SUBSUBITEM_INICIO",null,null,null,"NIVEL 3","NIVEL 3","NIVEL 3",null,{"$f":"COUNTIF($R$2:$R501,\"NIVEL 1\")","v":8},2,1,0,{"$f":"ADDRESS(MATCH(COUNTIF($R$2:$R501,\"NIVEL 1\"),V:V,0),COLUMN(S501))","v":"$S$485"},{"$f":"ADDRESS(MATCH(COUNTIF($R$2:$R501,\"NIVEL 1\"),V:V,0),COLUMN(W501))","v":"$W$485"},{"$f":"ADDRESS((MATCH(COUNTIF(INDIRECT(Z501):$S501,\"NIVEL 2\"),INDIRECT(AA501):W501,0)+(MATCH(COUNTIF($R$2:$R501,\"NIVEL 1\"),V:V,0)-1)),COLUMN(T501))","v":"$T$499"},null,null,null,null,null,null,null,null,null,null,null,null,null,null,null,null,null,null,null,null,null,null,null,null,null,null,{"$f":"PROCURA_PRECO_SERVICO","v":0}]
[null,null,null,null,null,null,null,null,null,null,null,null,null,null,null,null,null,null,null,null,null,{"$f":"COUNTIF($R$2:$R502,\"NIVEL 1\")","v":8},2,1,0,{"$f":"ADDRESS(MATCH(COUNTIF($R$2:$R502,\"NIVEL 1\"),V:V,0),COLUMN(S502))","v":"$S$485"},{"$f":"ADDRESS(MATCH(COUNTIF($R$2:$R502,\"NIVEL 1\"),V:V,0),COLUMN(W502))","v":"$W$485"},{"$f":"ADDRESS((MATCH(COUNTIF(INDIRECT(Z502):$S502,\"NIVEL 2\"),INDIRECT(AA502):W502,0)+(MATCH(COUNTIF($R$2:$R502,\"NIVEL 1\"),V:V,0)-1)),COLUMN(T502))","v":"$T$499"},null,null,null,null,null,null,null,null,null,null,null,null,null,null,null,null,null,null,null,null,null,null,null,null,null,null,{"$f":"PROCURA_PRECO_SERVICO","v":0}]
[{"$f":"V503&\".\"&W503&\".\"&X503&\".\"&Y503","v":"8.2.1.1"},"SETOP","ED-50567",{"$f":"PROCURA_DESCRICAO_SERVICO","v":"CONTRAPISO DESEMPENADO COM ARGAMASSA, TRAÇO 1:3 (CIMENTO E AREIA), ESP. 25MM"},{"$f":"PROCURA_UNIDADE_SERVICO","v":"M2"},633.71,{"$f":"PROCURA_PRECO_SERVICO","v":36.77},{"$f":"CUSTO_BDI_SERVICO","v":46.41},{"$f":"CUSTO_TOTAL_SERVICO","v":29410.48},null,null,null,null,"SERVIÇO",null,null,null,"NIVEL 4","NIVEL 4","NIVEL 4","NIVEL 4",{"$f":"COUNTIF($R$2:$R503,\"NIVEL 1\")","v":8},2,1,1,{"$f":"ADDRESS(MATCH(COUNTIF($R$2:$R503,\"NIVEL 1\"),V:V,0),COLUMN(S503))","v":"$S$485"},{"$f":"ADDRESS(MATCH(COUNTIF($R$2:$R503,\"NIVEL 1\"),V:V,0),COLUMN(W503))","v":"$W$485"},{"$f":"ADDRESS((MATCH(COUNTIF(INDIRECT(Z503):$S503,\"NIVEL 2\"),INDIRECT(AA503):W503,0)+(MATCH(COUNTIF($R$2:$R503,\"NIVEL 1\"),V:V,0)-1)),COLUMN(T503))","v":"$T$499"},null,null,null,null,null,null,null,null,null,null,null,null,null,null,null,null,null,null,null,null,null,null,null,null,null,null,{"$f":"PROCURA_PRECO_SERVICO","v":36.77}]
["8.2.1.2","SICRO",4815671,{"$f":"PROCURA_DESCRICAO_SERVICO","v":"REATERRO E COMPACTAÇÃO COM     SOQUETE VIBRATÓRIO            "},{"$f":"PROCURA_UNIDADE_SERVICO","v":"M³    "},46.88,{"$f":"PROCURA_PRECO_SERVICO","v":14.61},18.44,864.46,null,null,null,null,"SERVIÇO",null,null,null,"NIVEL 4","NIVEL 4","NIVEL 4","NIVEL 4",{"$f":"COUNTIF($R$2:$R504,\"NIVEL 1\")","v":8},2,1,{"$f":"IF(U504=\"NIVEL 4\",OFFSET(Y504,-1,0)+1,0)","v":2},{"$f":"ADDRESS(MATCH(COUNTIF($R$2:$R504,\"NIVEL 1\"),V:V,0),COLUMN(S504))","v":"$S$485"},{"$f":"ADDRESS(MATCH(COUNTIF($R$2:$R504,\"NIVEL 1\"),V:V,0),COLUMN(W504))","v":"$W$485"},{"$f":"ADDRESS((MATCH(COUNTIF(INDIRECT(Z504):$S504,\"NIVEL 2\"),INDIRECT(AA504):W504,0)+(MATCH(COUNTIF($R$2:$R504,\"NIVEL 1\"),V:V,0)-1)),COLUMN(T504))","v":"$T$499"},null,null,null,null,null,null,null,null,null,null,null,null,null,null,null,null,null,null,null,null,null,null,null,null,null,null,{"$f":"PROCURA_PRECO_SERVICO","v":14.61}]
["8.2.1.3","SETOP","ED-51132",{"$f":"PROCURA_DESCRICAO_SERVICO","v":"CARGA DE MATERIAL DE QUALQUER NATUREZA SOBRE CAMINHÃO - MECÂNICA"},{"$f":"PROCURA_UNIDADE_SERVICO","v":"M3"},56.256,{"$f":"PROCURA_PRECO_SERVICO","v":2.96},3.73,209.83,null,null,null,null,"SERVIÇO",null,null,null,"NIVEL 4","NIVEL 4","NIVEL 4","NIVEL 4",{"$f":"COUNTIF($R$2:$R505,\"NIVEL 1\")","v":8},2,1,3,{"$f":"ADDRESS(MATCH(COUNTIF($R$2:$R505,\"NIVEL 1\"),V:V,0),COLUMN(S505))","v":"$S$485"},{"$f":"ADDRESS(MATCH(COUNTIF($R$2:$R505,\"NIVEL 1\"),V:V,0),COLUMN(W505))","v":"$W$485"},{"$f":"ADDRESS((MATCH(COUNTIF(INDIRECT(Z505):$S505,\"NIVEL 2\"),INDIRECT(AA505):W505,0)+(MATCH(COUNTIF($R$2:$R505,\"NIVEL 1\"),V:V,0)-1)),COLUMN(T505))","v":"$T$499"},null,null,null,null,null,null,null,null,null,null,null,null,null,null,null,null,null,null,null,null,null,null,null,null,null,null,{"$f":"PROCURA_PRECO_SERVICO","v":2.96}]
["8.2.1.4","SINAPI","95875",{"$f":"PROCURA_DESCRICAO_SERVICO","v":"TRANSPORTE COM CAMINHÃO BASCULANTE DE 10 M³, EM VIA URBANA PAVIMENTADA, DMT ATÉ 30 KM (UNIDADE: M3XKM). AF_07/2020"},{"$f":"PROCURA_UNIDADE_SERVICO","v":"M3XKM"},281.28,{"$f":"PROCURA_PRECO_SERVICO","v":"2,31"},2.91,818.52,null,null,null,null,"SERVIÇO",null,null,null,"NIVEL 4","NIVEL 4","NIVEL 4","NIVEL 4",{"$f":"COUNTIF($R$2:$R506,\"NIVEL 1\")","v":8},2,1,4,{"$f":"ADDRESS(MATCH(COUNTIF($R$2:$R506,\"NIVEL 1\"),V:V,0),COLUMN(S506))","v":"$S$485"},{"$f":"ADDRESS(MATCH(COUNTIF($R$2:$R506,\"NIVEL 1\"),V:V,0),COLUMN(W506))","v":"$W$485"},{"$f":"ADDRESS((MATCH(COUNTIF(INDIRECT(Z506):$S506,\"NIVEL 2\"),INDIRECT(AA506):W506,0)+(MATCH(COUNTIF($R$2:$R506,\"NIVEL 1\"),V:V,0)-1)),COLUMN(T506))","v":"$T$499"},null,null,null,null,null,null,null,null,null,null,null,null,null,null,null,null,null,null,null,null,null,null,null,null,null,null,{"$f":"PROCURA_PRECO_SERVICO","v":"2,31"}]
["8.2.1.5","SETOP","ED-9320",{"$f":"PROCURA_DESCRICAO_SERVICO","v":"PISO EM CONCRETO, USINADO CONVENCIONAL, FCK 15MPA, COM TELA SOLDADA NERVURADA TIPO Q-138, ACABAMENTO POLÍDO EM NÍVEL ZERO, ESP. 10CM, INCLUSIVE FORNECIMENTO, LANÇAMENTO, ADENSAMENTO, EXCLUSIVE JUNTA DE DILATAÇÃO"},{"$f":"PROCURA_UNIDADE_SERVICO","v":"M2"},275.3,{"$f":"PROCURA_PRECO_SERVICO","v":155.25},195.98,53953.29,null,null,null,null,"SERVIÇO",null,null,null,"NIVEL 4","NIVEL 4","NIVEL 4","NIVEL 4",{"$f":"COUNTIF($R$2:$R507,\"NIVEL 1\")","v":8},2,1,5,{"$f":"ADDRESS(MATCH(COUNTIF($R$2:$R507,\"NIVEL 1\"),V:V,0),COLUMN(S507))","v":"$S$485"},{"$f":"ADDRESS(MATCH(COUNTIF($R$2:$R507,\"NIVEL 1\"),V:V,0),COLUMN(W507))","v":"$W$485"},{"$f":"ADDRESS((MATCH(COUNTIF(INDIRECT(Z507):$S507,\"NIVEL 2\"),INDIRECT(AA507):W507,0)+(MATCH(COUNTIF($R$2:$R507,\"NIVEL 1\"),V:V,0)-1)),COLUMN(T507))","v":"$T$499"},null,null,null,null,null,null,null,null,null,null,null,null,null,null,null,null,null,null,null,null,null,null,null,null,null,null,{"$f":"PROCURA_PRECO_SERVICO","v":155.25}]
["8.2.1.6","SINAPI","97096",{"$f":"PROCURA_DESCRICAO_SERVICO","v":"CONCRETAGEM DE RADIER, PISO DE CONCRETO OU LAJE SOBRE SOLO, FCK 30 MPA - LANÇAMENTO, ADENSAMENTO E ACABAMENTO. AF_09/2021"},{"$f":"PROCURA_UNIDADE_SERVICO","v":"M3"},1.24,{"$f":"PROCURA_PRECO_SERVICO","v":"713,18"},900.31,1116.38,null,null,null,null,"SERVIÇO",null,null,null,"NIVEL 4","NIVEL 4","NIVEL 4","NIVEL 4",{"$f":"COUNTIF($R$2:$R508,\"NIVEL 1\")","v":8},2,1,{"$f":"IF(U508=\"NIVEL 4\",OFFSET(Y508,-1,0)+1,0)","v":6},{"$f":"ADDRESS(MATCH(COUNTIF($R$2:$R508,\"NIVEL 1\"),V:V,0),COLUMN(S508))","v":"$S$485"},{"$f":"ADDRESS(MATCH(COUNTIF($R$2:$R508,\"NIVEL 1\"),V:V,0),COLUMN(W508))","v":"$W$485"},{"$f":"ADDRESS((MATCH(COUNTIF(INDIRECT(Z508):$S508,\"NIVEL 2\"),INDIRECT(AA508):W508,0)+(MATCH(COUNTIF($R$2:$R508,\"NIVEL 1\"),V:V,0)-1)),COLUMN(T508))","v":"$T$499"},null,null,null,null,null,null,null,null,null,null,null,null,null,null,null,null,null,null,null,null,null,null,null,null,null,null,{"$f":"PROCURA_PRECO_SERVICO","v":"713,18"}]
[null,null,null,null,null,null,null,null,null,null,null,null,null,null,null,null,null,null,null,null,null,{"$f":"COUNTIF($R$2:$R509,\"NIVEL 1\")","v":8},2,1,0,{"$f":"ADDRESS(MATCH(COUNTIF($R$2:$R509,\"NIVEL 1\"),V:V,0),COLUMN(S509))","v":"$S$485"},{"$f":"ADDRESS(MATCH(COUNTIF($R$2:$R509,\"NIVEL 1\"),V:V,0),COLUMN(W509))","v":"$W$485"},{"$f":"ADDRESS((MATCH(COUNTIF(INDIRECT(Z509):$S509,\"NIVEL 2\"),INDIRECT(AA509):W509,0)+(MATCH(COUNTIF($R$2:$R509,\"NIVEL 1\"),V:V,0)-1)),COLUMN(T509))","v":"$T$499"},null,null,null,null,null,null,null,null,null,null,null,null,null,null,null,null,null,null,null,null,null,null,null,null,null,null,{"$f":"PROCURA_PRECO_SERVICO","v":0}]
[null,null,null,{"$f":"\"SUBTOTAL DO ITEM - \"&A501","v":"SUBTOTAL DO ITEM - 8.2.1"},null,null,null,null,{"$f":"SUBTOTAL(9,OFFSET(I501,1,0):OFFSET(I510,-1,0))","v":86372.96},null,null,null,null,"SUBSUBITEM_FIM",null,null,null,null,null,null,null,{"$f":"COUNTIF($R$2:$R510,\"NIVEL 1\")","v":8},2,1,0,{"$f":"ADDRESS(MATCH(COUNTIF($R$2:$R510,\"NIVEL 1\"),V:V,0),COLUMN(S510))","v":"$S$485"},{"$f":"ADDRESS(MATCH(COUNTIF($R$2:$R510,\"NIVEL 1\"),V:V,0),COLUMN(W510))","v":"$W$485"},{"$f":"ADDRESS((MATCH(COUNTIF(INDIRECT(Z510):$S510,\"NIVEL 2\"),INDIRECT(AA510):W510,0)+(MATCH(COUNTIF($R$2:$R510,\"NIVEL 1\"),V:V,0)-1)),COLUMN(T510))","v":"$T$499"},null,null,null,null,null,null,null,null,null,null,null,null,null,null,null,null,null,null,null,null,null,null,null,null,null,null,{"$f":"PROCURA_PRECO_SERVICO","v":0}]
[null,null,null,null,null,null,null,null,null,null,null,null,null,null,null,null,null,null,null,null,null,{"$f":"COUNTIF($R$2:$R511,\"NIVEL 1\")","v":8},2,1,0,{"$f":"ADDRESS(MATCH(COUNTIF($R$2:$R511,\"NIVEL 1\"),V:V,0),COLUMN(S511))","v":"$S$485"},{"$f":"ADDRESS(MATCH(COUNTIF($R$2:$R511,\"NIVEL 1\"),V:V,0),COLUMN(W511))","v":"$W$485"},{"$f":"ADDRESS((MATCH(COUNTIF(INDIRECT(Z511):$S511,\"NIVEL 2\"),INDIRECT(AA511):W511,0)+(MATCH(COUNTIF($R$2:$R511,\"NIVEL 1\"),V:V,0)-1)),COLUMN(T511))","v":"$T$499"},null,null,null,null,null,null,null,null,null,null,null,null,null,null,null,null,null,null,null,null,null,null,null,null,null,null,{"$f":"PROCURA_PRECO_SERVICO","v":0}]
[null,null,null,{"$f":"\"SUBTOTAL DO ITEM  - \"&A499","v":"SUBTOTAL DO ITEM  - 8.2"},null,null,null,null,{"$f":"SUBTOTAL(9,OFFSET(I499,1,0):OFFSET(I512,-1,0))","v":86372.96},null,null,null,null,"SUBITEM_FIM",null,null,null,null,null,null,null,{"$f":"COUNTIF($R$2:$R512,\"NIVEL 1\")","v":8},2,1,0,{"$f":"ADDRESS(MATCH(COUNTIF($R$2:$R512,\"NIVEL 1\"),V:V,0),COLUMN(S512))","v":"$S$485"},{"$f":"ADDRESS(MATCH(COUNTIF($R$2:$R512,\"NIVEL 1\"),V:V,0),COLUMN(W512))","v":"$W$485"},{"$f":"ADDRESS((MATCH(COUNTIF(INDIRECT(Z512):$S512,\"NIVEL 2\"),INDIRECT(AA512):W512,0)+(MATCH(COUNTIF($R$2:$R512,\"NIVEL 1\"),V:V,0)-1)),COLUMN(T512))","v":"$T$499"},null,null,null,null,null,null,null,null,null,null,null,null,null,null,null,null,null,null,null,null,null,null,null,null,null,null,{"$f":"PROCURA_PRECO_SERVICO","v":0}]
[null,null,null,null,null,null,null,null,null,null,null,null,null,null,null,null,null,null,null,null,null,{"$f":"COUNTIF($R$2:$R513,\"NIVEL 1\")","v":8},2,1,0,{"$f":"ADDRESS(MATCH(COUNTIF($R$2:$R513,\"NIVEL 1\"),V:V,0),COLUMN(S513))","v":"$S$485"},{"$f":"ADDRESS(MATCH(COUNTIF($R$2:$R513,\"NIVEL 1\"),V:V,0),COLUMN(W513))","v":"$W$485"},{"$f":"ADDRESS((MATCH(COUNTIF(INDIRECT(Z513):$S513,\"NIVEL 2\"),INDIRECT(AA513):W513,0)+(MATCH(COUNTIF($R$2:$R513,\"NIVEL 1\"),V:V,0)-1)),COLUMN(T513))","v":"$T$499"},null,null,null,null,null,null,null,null,null,null,null,null,null,null,null,null,null,null,null,null,null,null,null,null,null,null,{"$f":"PROCURA_PRECO_SERVICO","v":0}]
[null,null,null,{"$f":"\"TOTAL DO ITEM - \"&A485","v":"TOTAL DO ITEM - 8"},null,null,null,null,{"$f":"SUBTOTAL(9,OFFSET(I485,1,0):OFFSET(I514,-1,0))","v":96945.5},null,null,null,null,"ITEM_FIM",null,null,null,null,null,null,null,{"$f":"COUNTIF($R$2:$R514,\"NIVEL 1\")","v":8},2,1,0,{"$f":"ADDRESS(MATCH(COUNTIF($R$2:$R514,\"NIVEL 1\"),V:V,0),COLUMN(S514))","v":"$S$485"},{"$f":"ADDRESS(MATCH(COUNTIF($R$2:$R514,\"NIVEL 1\"),V:V,0),COLUMN(W514))","v":"$W$485"},{"$f":"ADDRESS((MATCH(COUNTIF(INDIRECT(Z514):$S514,\"NIVEL 2\"),INDIRECT(AA514):W514,0)+(MATCH(COUNTIF($R$2:$R514,\"NIVEL 1\"),V:V,0)-1)),COLUMN(T514))","v":"$T$499"},null,null,null,null,null,null,null,null,null,null,null,null,null,null,null,null,null,null,null,null,null,null,null,null,null,null,{"$f":"PROCURA_PRECO_SERVICO","v":0}]
[null,null,null,null,null,null,null,{"$f":"TRUNC(G515*(1+$I$3),2)","v":0},null,null,null,null,null,null,null,null,null,null,null,null,null,{"$f":"COUNTIF($R$2:$R515,\"NIVEL 1\")","v":8},2,1,{"$f":"IF(U515=\"NIVEL 4\",OFFSET(Y515,-1,0)+1,0)","v":0},{"$f":"ADDRESS(MATCH(COUNTIF($R$2:$R515,\"NIVEL 1\"),V:V,0),COLUMN(S515))","v":"$S$485"},{"$f":"ADDRESS(MATCH(COUNTIF($R$2:$R515,\"NIVEL 1\"),V:V,0),COLUMN(W515))","v":"$W$485"},{"$f":"ADDRESS((MATCH(COUNTIF(INDIRECT(Z515):$S515,\"NIVEL 2\"),INDIRECT(AA515):W515,0)+(MATCH(COUNTIF($R$2:$R515,\"NIVEL 1\"),V:V,0)-1)),COLUMN(T515))","v":"$T$499"},null,null,null,null,null,null,null,null,null,null,null,null,null,null,null,null,null,null,null,null,null,null,null,null,null,null,{"$f":"PROCURA_PRECO_SERVICO","v":0}]
[{"$f":"V516","v":9},null,null,"REVESTIMENTOS E ACABAMENTOS",null,null,null,null,null,null,null,null,null,"ITEM_INICIO",null,null,null,"NIVEL 1",null,null,null,{"$f":"COUNTIF($R$2:$R516,\"NIVEL 1\")","v":9},0,0,0,{"$f":"ADDRESS(MATCH(COUNTIF($R$2:$R516,\"NIVEL 1\"),V:V,0),COLUMN(S516))","v":"$S$516"},{"$f":"ADDRESS(MATCH(COUNTIF($R$2:$R516,\"NIVEL 1\"),V:V,0),COLUMN(W516))","v":"$W$516"},{"$f":"ADDRESS((MATCH(COUNTIF(INDIRECT(Z516):$S516,\"NIVEL 2\"),INDIRECT(AA516):W516,0)+(MATCH(COUNTIF($R$2:$R516,\"NIVEL 1\"),V:V,0)-1)),COLUMN(T516))","v":"$T$516"},null,{"$f":"A516","v":9},null,null,{"$f":"D516","v":"REVESTIMENTOS E ACABAMENTOS"},{"$f":"I552","v":166793.59},{"$f":"AH516/$I$1374","v":0.0855389595676006},null,null,null,null,null,null,null,null,null,null,null,null,null,null,null,null,null,null,null,{"$f":"PROCURA_PRECO_SERVICO","v":0}]
[null,null,null,null,null,null,null,null,null,null,null,null,null,null,null,null,null,null,null,null,null,{"$f":"COUNTIF($R$2:$R517,\"NIVEL 1\")","v":9},0,0,0,{"$f":"ADDRESS(MATCH(COUNTIF($R$2:$R517,\"NIVEL 1\"),V:V,0),COLUMN(S517))","v":"$S$516"},{"$f":"ADDRESS(MATCH(COUNTIF($R$2:$R517,\"NIVEL 1\"),V:V,0),COLUMN(W517))","v":"$W$516"},{"$f":"ADDRESS((MATCH(COUNTIF(INDIRECT(Z517):$S517,\"NIVEL 2\"),INDIRECT(AA517):W517,0)+(MATCH(COUNTIF($R$2:$R517,\"NIVEL 1\"),V:V,0)-1)),COLUMN(T517))","v":"$T$516"},null,null,null,null,null,null,null,null,null,null,null,null,null,null,null,null,null,null,null,null,null,null,null,null,null,null,{"$f":"PROCURA_PRECO_SERVICO","v":0}]
[{"$f":"V518&\".\"&W518","v":"9.1"},null,null,"PAREDES",null,null,null,null,null,null,null,null,null,"SUBITEM_INICIO",null,null,null,"NIVEL 2","NIVEL 2",null,null,{"$f":"COUNTIF($R$2:$R518,\"NIVEL 1\")","v":9},1,0,0,{"$f":"ADDRESS(MATCH(COUNTIF($R$2:$R518,\"NIVEL 1\"),V:V,0),COLUMN(S518))","v":"$S$516"},{"$f":"ADDRESS(MATCH(COUNTIF($R$2:$R518,\"NIVEL 1\"),V:V,0),COLUMN(W518))","v":"$W$516"},{"$f":"ADDRESS((MATCH(COUNTIF(INDIRECT(Z518):$S518,\"NIVEL 2\"),INDIRECT(AA518):W518,0)+(MATCH(COUNTIF($R$2:$R518,\"NIVEL 1\"),V:V,0)-1)),COLUMN(T518))","v":"$T$518"},null,null,null,null,null,null,null,null,null,null,null,null,null,null,null,null,null,null,null,null,null,null,null,null,null,null,{"$f":"PROCURA_PRECO_SERVICO","v":0}]
[null,null,null,null,null,null,null,null,null,null,null,null,null,null,null,null,null,null,null,null,null,{"$f":"COUNTIF($R$2:$R519,\"NIVEL 1\")","v":9},1,0,{"$f":"IF(U519=\"NIVEL 4\",OFFSET(Y519,-1,0)+1,0)","v":0},{"$f":"ADDRESS(MATCH(COUNTIF($R$2:$R519,\"NIVEL 1\"),V:V,0),COLUMN(S519))","v":"$S$516"},{"$f":"ADDRESS(MATCH(COUNTIF($R$2:$R519,\"NIVEL 1\"),V:V,0),COLUMN(W519))","v":"$W$516"},{"$f":"ADDRESS((MATCH(COUNTIF(INDIRECT(Z519):$S519,\"NIVEL 2\"),INDIRECT(AA519):W519,0)+(MATCH(COUNTIF($R$2:$R519,\"NIVEL 1\"),V:V,0)-1)),COLUMN(T519))","v":"$T$518"},null,null,null,null,null,null,null,null,null,null,null,null,null,null,null,null,null,null,null,null,null,null,null,null,null,null,{"$f":"PROCURA_PRECO_SERVICO","v":0}]
[{"$f":"V520&\".\"&W520&\".\"&X520","v":"9.1.1"},null,null,"PAREDES",null,null,null,null,null,null,null,null,null,"SUBSUBITEM_INICIO",null,null,null,"NIVEL 3","NIVEL 3","NIVEL 3",null,{"$f":"COUNTIF($R$2:$R520,\"NIVEL 1\")","v":9},{"$f":"IFERROR(COUNTIF(INDIRECT(Z520):S520,\"NIVEL 2\"),0)","v":1},{"$f":"COUNTIF(INDIRECT(AB520):T520,\"NIVEL 3\")","v":1},0,{"$f":"ADDRESS(MATCH(COUNTIF($R$2:$R520,\"NIVEL 1\"),V:V,0),COLUMN(S520))","v":"$S$516"},{"$f":"ADDRESS(MATCH(COUNTIF($R$2:$R520,\"NIVEL 1\"),V:V,0),COLUMN(W520))","v":"$W$516"},{"$f":"ADDRESS((MATCH(COUNTIF(INDIRECT(Z520):$S520,\"NIVEL 2\"),INDIRECT(AA520):W520,0)+(MATCH(COUNTIF($R$2:$R520,\"NIVEL 1\"),V:V,0)-1)),COLUMN(T520))","v":"$T$518"},null,null,null,null,null,null,null,null,null,null,null,null,null,null,null,null,null,null,null,null,null,null,null,null,null,null,{"$f":"PROCURA_PRECO_SERVICO","v":0}]
[null,null,null,null,null,null,null,null,null,null,null,null,null,null,null,null,null,null,null,null,null,{"$f":"COUNTIF($R$2:$R521,\"NIVEL 1\")","v":9},1,1,0,{"$f":"ADDRESS(MATCH(COUNTIF($R$2:$R521,\"NIVEL 1\"),V:V,0),COLUMN(S521))","v":"$S$516"},{"$f":"ADDRESS(MATCH(COUNTIF($R$2:$R521,\"NIVEL 1\"),V:V,0),COLUMN(W521))","v":"$W$516"},{"$f":"ADDRESS((MATCH(COUNTIF(INDIRECT(Z521):$S521,\"NIVEL 2\"),INDIRECT(AA521):W521,0)+(MATCH(COUNTIF($R$2:$R521,\"NIVEL 1\"),V:V,0)-1)),COLUMN(T521))","v":"$T$518"},null,null,null,null,null,null,null,null,null,null,null,null,null,null,null,null,null,null,null,null,null,null,null,null,null,null,{"$f":"PROCURA_PRECO_SERVICO","v":0}]
[{"$f":"V522&\".\"&W522&\".\"&X522&\".\"&Y522","v":"9.1.1.1"},"SETOP","ED-9081",{"$f":"PROCURA_DESCRICAO_SERVICO","v":"REVESTIMENTO COM CERÂMICA APLICADO EM PAREDE, ACABAMENTO ESMALTADO, AMBIENTE INTERNO/EXTERNO, PADRÃO EXTRA, DIMENSÃO DA PEÇA ATÉ 2025 CM2, PEI III, ASSENTAMENTO COM ARGAMASSA INDUSTRIALIZADA, INCLUSIVE REJUNTAMENTO"},{"$f":"PROCURA_UNIDADE_SERVICO","v":"M2"},471.4483,{"$f":"PROCURA_PRECO_SERVICO","v":69},{"$f":"CUSTO_BDI_SERVICO","v":87.1},{"$f":"CUSTO_TOTAL_SERVICO","v":41063.14},null,null,null,null,"SERVIÇO",null,null,null,"NIVEL 4","NIVEL 4","NIVEL 4","NIVEL 4",{"$f":"COUNTIF($R$2:$R522,\"NIVEL 1\")","v":9},1,1,1,{"$f":"ADDRESS(MATCH(COUNTIF($R$2:$R522,\"NIVEL 1\"),V:V,0),COLUMN(S522))","v":"$S$516"},{"$f":"ADDRESS(MATCH(COUNTIF($R$2:$R522,\"NIVEL 1\"),V:V,0),COLUMN(W522))","v":"$W$516"},{"$f":"ADDRESS((MATCH(COUNTIF(INDIRECT(Z522):$S522,\"NIVEL 2\"),INDIRECT(AA522):W522,0)+(MATCH(COUNTIF($R$2:$R522,\"NIVEL 1\"),V:V,0)-1)),COLUMN(T522))","v":"$T$518"},null,null,null,null,null,null,null,null,null,null,null,null,null,null,null,null,null,null,null,null,null,null,null,null,null,null,{"$f":"PROCURA_PRECO_SERVICO","v":69}]
[null,null,null,null,null,null,null,null,null,null,null,null,null,null,null,null,null,null,null,null,null,{"$f":"COUNTIF($R$2:$R523,\"NIVEL 1\")","v":9},1,1,0,{"$f":"ADDRESS(MATCH(COUNTIF($R$2:$R523,\"NIVEL 1\"),V:V,0),COLUMN(S523))","v":"$S$516"},{"$f":"ADDRESS(MATCH(COUNTIF($R$2:$R523,\"NIVEL 1\"),V:V,0),COLUMN(W523))","v":"$W$516"},{"$f":"ADDRESS((MATCH(COUNTIF(INDIRECT(Z523):$S523,\"NIVEL 2\"),INDIRECT(AA523):W523,0)+(MATCH(COUNTIF($R$2:$R523,\"NIVEL 1\"),V:V,0)-1)),COLUMN(T523))","v":"$T$518"},null,null,null,null,null,null,null,null,null,null,null,null,null,null,null,null,null,null,null,null,null,null,null,null,null,null,{"$f":"PROCURA_PRECO_SERVICO","v":0}]
[null,null,null,{"$f":"\"SUBTOTAL DO ITEM - \"&A520","v":"SUBTOTAL DO ITEM - 9.1.1"},null,null,null,null,{"$f":"SUBTOTAL(9,OFFSET(I520,1,0):OFFSET(I524,-1,0))","v":41063.14},null,null,null,null,"SUBSUBITEM_FIM",null,null,null,null,null,null,null,{"$f":"COUNTIF($R$2:$R524,\"NIVEL 1\")","v":9},1,1,0,{"$f":"ADDRESS(MATCH(COUNTIF($R$2:$R524,\"NIVEL 1\"),V:V,0),COLUMN(S524))","v":"$S$516"},{"$f":"ADDRESS(MATCH(COUNTIF($R$2:$R524,\"NIVEL 1\"),V:V,0),COLUMN(W524))","v":"$W$516"},{"$f":"ADDRESS((MATCH(COUNTIF(INDIRECT(Z524):$S524,\"NIVEL 2\"),INDIRECT(AA524):W524,0)+(MATCH(COUNTIF($R$2:$R524,\"NIVEL 1\"),V:V,0)-1)),COLUMN(T524))","v":"$T$518"},null,null,null,null,null,null,null,null,null,null,null,null,null,null,null,null,null,null,null,null,null,null,null,null,null,null,{"$f":"PROCURA_PRECO_SERVICO","v":0}]
[null,null,null,null,null,null,null,null,null,null,null,null,null,null,null,null,null,null,null,null,null,{"$f":"COUNTIF($R$2:$R525,\"NIVEL 1\")","v":9},1,1,0,{"$f":"ADDRESS(MATCH(COUNTIF($R$2:$R525,\"NIVEL 1\"),V:V,0),COLUMN(S525))","v":"$S$516"},{"$f":"ADDRESS(MATCH(COUNTIF($R$2:$R525,\"NIVEL 1\"),V:V,0),COLUMN(W525))","v":"$W$516"},{"$f":"ADDRESS((MATCH(COUNTIF(INDIRECT(Z525):$S525,\"NIVEL 2\"),INDIRECT(AA525):W525,0)+(MATCH(COUNTIF($R$2:$R525,\"NIVEL 1\"),V:V,0)-1)),COLUMN(T525))","v":"$T$518"},null,null,null,null,null,null,null,null,null,null,null,null,null,null,null,null,null,null,null,null,null,null,null,null,null,null,{"$f":"PROCURA_PRECO_SERVICO","v":0}]
[null,null,null,{"$f":"\"SUBTOTAL DO ITEM  - \"&A518","v":"SUBTOTAL DO ITEM  - 9.1"},null,null,null,null,{"$f":"SUBTOTAL(9,OFFSET(I518,1,0):OFFSET(I526,-1,0))","v":41063.14},null,null,null,null,"SUBITEM_FIM",null,null,null,null,null,null,null,{"$f":"COUNTIF($R$2:$R526,\"NIVEL 1\")","v":9},1,1,0,{"$f":"ADDRESS(MATCH(COUNTIF($R$2:$R526,\"NIVEL 1\"),V:V,0),COLUMN(S526))","v":"$S$516"},{"$f":"ADDRESS(MATCH(COUNTIF($R$2:$R526,\"NIVEL 1\"),V:V,0),COLUMN(W526))","v":"$W$516"},{"$f":"ADDRESS((MATCH(COUNTIF(INDIRECT(Z526):$S526,\"NIVEL 2\"),INDIRECT(AA526):W526,0)+(MATCH(COUNTIF($R$2:$R526,\"NIVEL 1\"),V:V,0)-1)),COLUMN(T526))","v":"$T$518"},null,null,null,null,null,null,null,null,null,null,null,null,null,null,null,null,null,null,null,null,null,null,null,null,null,null,{"$f":"PROCURA_PRECO_SERVICO","v":0}]
[null,null,null,null,null,null,null,null,null,null,null,null,null,null,null,null,null,null,null,null,null,{"$f":"COUNTIF($R$2:$R527,\"NIVEL 1\")","v":9},1,1,0,{"$f":"ADDRESS(MATCH(COUNTIF($R$2:$R527,\"NIVEL 1\"),V:V,0),COLUMN(S527))","v":"$S$516"},{"$f":"ADDRESS(MATCH(COUNTIF($R$2:$R527,\"NIVEL 1\"),V:V,0),COLUMN(W527))","v":"$W$516"},{"$f":"ADDRESS((MATCH(COUNTIF(INDIRECT(Z527):$S527,\"NIVEL 2\"),INDIRECT(AA527):W527,0)+(MATCH(COUNTIF($R$2:$R527,\"NIVEL 1\"),V:V,0)-1)),COLUMN(T527))","v":"$T$518"},null,null,null,null,null,null,null,null,null,null,null,null,null,null,null,null,null,null,null,null,null,null,null,null,null,null,{"$f":"PROCURA_PRECO_SERVICO","v":0}]
[{"$f":"V528&\".\"&W528","v":"9.2"},null,null,"PISOS",null,null,null,null,null,null,null,null,null,"SUBITEM_INICIO",null,null,null,"NIVEL 2","NIVEL 2",null,null,{"$f":"COUNTIF($R$2:$R528,\"NIVEL 1\")","v":9},2,0,0,{"$f":"ADDRESS(MATCH(COUNTIF($R$2:$R528,\"NIVEL 1\"),V:V,0),COLUMN(S528))","v":"$S$516"},{"$f":"ADDRESS(MATCH(COUNTIF($R$2:$R528,\"NIVEL 1\"),V:V,0),COLUMN(W528))","v":"$W$516"},{"$f":"ADDRESS((MATCH(COUNTIF(INDIRECT(Z528):$S528,\"NIVEL 2\"),INDIRECT(AA528):W528,0)+(MATCH(COUNTIF($R$2:$R528,\"NIVEL 1\"),V:V,0)-1)),COLUMN(T528))","v":"$T$528"},null,null,null,null,null,null,null,null,null,null,null,null,null,null,null,null,null,null,null,null,null,null,null,null,null,null,{"$f":"PROCURA_PRECO_SERVICO","v":0}]
[null,null,null,null,null,null,null,null,null,null,null,null,null,null,null,null,null,null,null,null,null,{"$f":"COUNTIF($R$2:$R529,\"NIVEL 1\")","v":9},2,0,0,{"$f":"ADDRESS(MATCH(COUNTIF($R$2:$R529,\"NIVEL 1\"),V:V,0),COLUMN(S529))","v":"$S$516"},{"$f":"ADDRESS(MATCH(COUNTIF($R$2:$R529,\"NIVEL 1\"),V:V,0),COLUMN(W529))","v":"$W$516"},{"$f":"ADDRESS((MATCH(COUNTIF(INDIRECT(Z529):$S529,\"NIVEL 2\"),INDIRECT(AA529):W529,0)+(MATCH(COUNTIF($R$2:$R529,\"NIVEL 1\"),V:V,0)-1)),COLUMN(T529))","v":"$T$528"},null,null,null,null,null,null,null,null,null,null,null,null,null,null,null,null,null,null,null,null,null,null,null,null,null,null,{"$f":"PROCURA_PRECO_SERVICO","v":0}]
[{"$f":"V530&\".\"&W530&\".\"&X530","v":"9.2.1"},null,null,"PISOS INTERNO",null,null,null,null,null,null,null,null,null,"SUBSUBITEM_INICIO",null,null,null,"NIVEL 3","NIVEL 3","NIVEL 3",null,{"$f":"COUNTIF($R$2:$R530,\"NIVEL 1\")","v":9},2,1,0,{"$f":"ADDRESS(MATCH(COUNTIF($R$2:$R530,\"NIVEL 1\"),V:V,0),COLUMN(S530))","v":"$S$516"},{"$f":"ADDRESS(MATCH(COUNTIF($R$2:$R530,\"NIVEL 1\"),V:V,0),COLUMN(W530))","v":"$W$516"},{"$f":"ADDRESS((MATCH(COUNTIF(INDIRECT(Z530):$S530,\"NIVEL 2\"),INDIRECT(AA530):W530,0)+(MATCH(COUNTIF($R$2:$R530,\"NIVEL 1\"),V:V,0)-1)),COLUMN(T530))","v":"$T$528"},null,null,null,null,null,null,null,null,null,null,null,null,null,null,null,null,null,null,null,null,null,null,null,null,null,null,{"$f":"PROCURA_PRECO_SERVICO","v":0}]
[null,null,null,null,null,null,null,null,null,null,null,null,null,null,null,null,null,null,null,null,null,{"$f":"COUNTIF($R$2:$R531,\"NIVEL 1\")","v":9},2,1,0,{"$f":"ADDRESS(MATCH(COUNTIF($R$2:$R531,\"NIVEL 1\"),V:V,0),COLUMN(S531))","v":"$S$516"},{"$f":"ADDRESS(MATCH(COUNTIF($R$2:$R531,\"NIVEL 1\"),V:V,0),COLUMN(W531))","v":"$W$516"},{"$f":"ADDRESS((MATCH(COUNTIF(INDIRECT(Z531):$S531,\"NIVEL 2\"),INDIRECT(AA531):W531,0)+(MATCH(COUNTIF($R$2:$R531,\"NIVEL 1\"),V:V,0)-1)),COLUMN(T531))","v":"$T$528"},null,null,null,null,null,null,null,null,null,null,null,null,null,null,null,null,null,null,null,null,null,null,null,null,null,null,{"$f":"PROCURA_PRECO_SERVICO","v":0}]
[{"$f":"V532&\".\"&W532&\".\"&X532&\".\"&Y532","v":"9.2.1.1"},"SINAPI","87249",{"$f":"PROCURA_DESCRICAO_SERVICO","v":"REVESTIMENTO CERÂMICO PARA PISO COM PLACAS TIPO ESMALTADA EXTRA DE DIMENSÕES 45X45 CM APLICADA EM AMBIENTES DE ÁREA MENOR QUE 5 M2. AF_02/2023_PE"},{"$f":"PROCURA_UNIDADE_SERVICO","v":"M2"},15.98,{"$f":"PROCURA_PRECO_SERVICO","v":"71,36"},{"$f":"CUSTO_BDI_SERVICO","v":90.08},{"$f":"CUSTO_TOTAL_SERVICO","v":1439.47},null,null,null,null,"SERVIÇO",null,null,null,"NIVEL 4","NIVEL 4","NIVEL 4","NIVEL 4",{"$f":"COUNTIF($R$2:$R532,\"NIVEL 1\")","v":9},2,1,{"$f":"IF(U532=\"NIVEL 4\",OFFSET(Y532,-1,0)+1,0)","v":1},{"$f":"ADDRESS(MATCH(COUNTIF($R$2:$R532,\"NIVEL 1\"),V:V,0),COLUMN(S532))","v":"$S$516"},{"$f":"ADDRESS(MATCH(COUNTIF($R$2:$R532,\"NIVEL 1\"),V:V,0),COLUMN(W532))","v":"$W$516"},{"$f":"ADDRESS((MATCH(COUNTIF(INDIRECT(Z532):$S532,\"NIVEL 2\"),INDIRECT(AA532):W532,0)+(MATCH(COUNTIF($R$2:$R532,\"NIVEL 1\"),V:V,0)-1)),COLUMN(T532))","v":"$T$528"},null,null,null,null,null,null,null,null,null,null,null,null,null,null,null,null,null,null,null,null,null,null,null,null,null,null,{"$f":"PROCURA_PRECO_SERVICO","v":"71,36"}]
["9.2.1.2","SINAPI","87250",{"$f":"PROCURA_DESCRICAO_SERVICO","v":"REVESTIMENTO CERÂMICO PARA PISO COM PLACAS TIPO ESMALTADA EXTRA DE DIMENSÕES 45X45 CM APLICADA EM AMBIENTES DE ÁREA ENTRE 5 M2 E 10 M2. AF_02/2023_PE"},{"$f":"PROCURA_UNIDADE_SERVICO","v":"M2"},43.27,{"$f":"PROCURA_PRECO_SERVICO","v":"60,66"},76.57,3313.18,null,null,null,null,"SERVIÇO",null,null,null,"NIVEL 4","NIVEL 4","NIVEL 4","NIVEL 4",{"$f":"COUNTIF($R$2:$R533,\"NIVEL 1\")","v":9},2,1,2,{"$f":"ADDRESS(MATCH(COUNTIF($R$2:$R533,\"NIVEL 1\"),V:V,0),COLUMN(S533))","v":"$S$516"},{"$f":"ADDRESS(MATCH(COUNTIF($R$2:$R533,\"NIVEL 1\"),V:V,0),COLUMN(W533))","v":"$W$516"},{"$f":"ADDRESS((MATCH(COUNTIF(INDIRECT(Z533):$S533,\"NIVEL 2\"),INDIRECT(AA533):W533,0)+(MATCH(COUNTIF($R$2:$R533,\"NIVEL 1\"),V:V,0)-1)),COLUMN(T533))","v":"$T$528"},null,null,null,null,null,null,null,null,null,null,null,null,null,null,null,null,null,null,null,null,null,null,null,null,null,null,{"$f":"PROCURA_PRECO_SERVICO","v":"60,66"}]
["9.2.1.3","SINAPI","87251",{"$f":"PROCURA_DESCRICAO_SERVICO","v":"REVESTIMENTO CERÂMICO PARA PISO COM PLACAS TIPO ESMALTADA EXTRA DE DIMENSÕES 45X45 CM APLICADA EM AMBIENTES DE ÁREA MAIOR QUE 10 M2. AF_02/2023_PE"},{"$f":"PROCURA_UNIDADE_SERVICO","v":"M2"},274.96,{"$f":"PROCURA_PRECO_SERVICO","v":"52,00"},65.64,18048.37,null,null,null,null,"SERVIÇO",null,null,null,"NIVEL 4","NIVEL 4","NIVEL 4","NIVEL 4",{"$f":"COUNTIF($R$2:$R534,\"NIVEL 1\")","v":9},2,1,3,{"$f":"ADDRESS(MATCH(COUNTIF($R$2:$R534,\"NIVEL 1\"),V:V,0),COLUMN(S534))","v":"$S$516"},{"$f":"ADDRESS(MATCH(COUNTIF($R$2:$R534,\"NIVEL 1\"),V:V,0),COLUMN(W534))","v":"$W$516"},{"$f":"ADDRESS((MATCH(COUNTIF(INDIRECT(Z534):$S534,\"NIVEL 2\"),INDIRECT(AA534):W534,0)+(MATCH(COUNTIF($R$2:$R534,\"NIVEL 1\"),V:V,0)-1)),COLUMN(T534))","v":"$T$528"},null,null,null,null,null,null,null,null,null,null,null,null,null,null,null,null,null,null,null,null,null,null,null,null,null,null,{"$f":"PROCURA_PRECO_SERVICO","v":"52,00"}]
[{"$f":"V535&\".\"&W535&\".\"&X535&\".\"&Y535","v":"9.2.1.4"},"SINAPI","87261",{"$f":"PROCURA_DESCRICAO_SERVICO","v":"REVESTIMENTO CERÂMICO PARA PISO COM PLACAS TIPO PORCELANATO DE DIMENSÕES 60X60 CM APLICADA EM AMBIENTES DE ÁREA MENOR QUE 5 M². AF_02/2023_PE"},{"$f":"PROCURA_UNIDADE_SERVICO","v":"M2"},1.4,{"$f":"PROCURA_PRECO_SERVICO","v":"177,11"},{"$f":"CUSTO_BDI_SERVICO","v":223.58},{"$f":"CUSTO_TOTAL_SERVICO","v":313.01},null,null,null,null,"SERVIÇO",null,null,null,"NIVEL 4","NIVEL 4","NIVEL 4","NIVEL 4",{"$f":"COUNTIF($R$2:$R535,\"NIVEL 1\")","v":9},2,1,4,{"$f":"ADDRESS(MATCH(COUNTIF($R$2:$R535,\"NIVEL 1\"),V:V,0),COLUMN(S535))","v":"$S$516"},{"$f":"ADDRESS(MATCH(COUNTIF($R$2:$R535,\"NIVEL 1\"),V:V,0),COLUMN(W535))","v":"$W$516"},{"$f":"ADDRESS((MATCH(COUNTIF(INDIRECT(Z535):$S535,\"NIVEL 2\"),INDIRECT(AA535):W535,0)+(MATCH(COUNTIF($R$2:$R535,\"NIVEL 1\"),V:V,0)-1)),COLUMN(T535))","v":"$T$528"},null,null,null,null,null,null,null,null,null,null,null,null,null,null,null,null,null,null,null,null,null,null,null,null,null,null,{"$f":"PROCURA_PRECO_SERVICO","v":"177,11"}]
[{"$f":"V536&\".\"&W536&\".\"&X536&\".\"&Y536","v":"9.2.1.5"},"SINAPI","87262",{"$f":"PROCURA_DESCRICAO_SERVICO","v":"REVESTIMENTO CERÂMICO PARA PISO COM PLACAS TIPO PORCELANATO DE DIMENSÕES 60X60 CM APLICADA EM AMBIENTES DE ÁREA ENTRE 5 M² E 10 M². AF_02/2023_PE"},{"$f":"PROCURA_UNIDADE_SERVICO","v":"M2"},7.2,{"$f":"PROCURA_PRECO_SERVICO","v":"162,36"},204.96,1475.71,null,null,null,null,"SERVIÇO",null,null,null,"NIVEL 4","NIVEL 4","NIVEL 4","NIVEL 4",{"$f":"COUNTIF($R$2:$R536,\"NIVEL 1\")","v":9},2,1,{"$f":"IF(U536=\"NIVEL 4\",OFFSET(Y536,-1,0)+1,0)","v":5},{"$f":"ADDRESS(MATCH(COUNTIF($R$2:$R536,\"NIVEL 1\"),V:V,0),COLUMN(S536))","v":"$S$516"},{"$f":"ADDRESS(MATCH(COUNTIF($R$2:$R536,\"NIVEL 1\"),V:V,0),COLUMN(W536))","v":"$W$516"},{"$f":"ADDRESS((MATCH(COUNTIF(INDIRECT(Z536):$S536,\"NIVEL 2\"),INDIRECT(AA536):W536,0)+(MATCH(COUNTIF($R$2:$R536,\"NIVEL 1\"),V:V,0)-1)),COLUMN(T536))","v":"$T$528"},null,null,null,null,null,null,null,null,null,null,null,null,null,null,null,null,null,null,null,null,null,null,null,null,null,null,{"$f":"PROCURA_PRECO_SERVICO","v":"162,36"}]
["9.2.1.6","SINAPI","87263",{"$f":"PROCURA_DESCRICAO_SERVICO","v":"REVESTIMENTO CERÂMICO PARA PISO COM PLACAS TIPO PORCELANATO DE DIMENSÕES 60X60 CM APLICADA EM AMBIENTES DE ÁREA MAIOR QUE 10 M². AF_02/2023_PE"},{"$f":"PROCURA_UNIDADE_SERVICO","v":"M2"},303.3,{"$f":"PROCURA_PRECO_SERVICO","v":"151,49"},191.24,58003.09,null,null,null,null,"SERVIÇO",null,null,null,"NIVEL 4","NIVEL 4","NIVEL 4","NIVEL 4",{"$f":"COUNTIF($R$2:$R537,\"NIVEL 1\")","v":9},2,1,6,{"$f":"ADDRESS(MATCH(COUNTIF($R$2:$R537,\"NIVEL 1\"),V:V,0),COLUMN(S537))","v":"$S$516"},{"$f":"ADDRESS(MATCH(COUNTIF($R$2:$R537,\"NIVEL 1\"),V:V,0),COLUMN(W537))","v":"$W$516"},{"$f":"ADDRESS((MATCH(COUNTIF(INDIRECT(Z537):$S537,\"NIVEL 2\"),INDIRECT(AA537):W537,0)+(MATCH(COUNTIF($R$2:$R537,\"NIVEL 1\"),V:V,0)-1)),COLUMN(T537))","v":"$T$528"},null,null,null,null,null,null,null,null,null,null,null,null,null,null,null,null,null,null,null,null,null,null,null,null,null,null,{"$f":"PROCURA_PRECO_SERVICO","v":"151,49"}]
["9.2.1.7","SINAPI","101857",{"$f":"PROCURA_DESCRICAO_SERVICO","v":"REASSENTAMENTO DE BLOCOS SEXTAVADO PARA PISO INTERTRAVADO, ESPESSURA DE 6 CM, EM CALÇADA, COM REAPROVEITAMENTO DOS BLOCOS SEXTAVADOS - INCLUSO RETIRADA E COLOCAÇÃO DO MATERIAL. AF_12/2020"},{"$f":"PROCURA_UNIDADE_SERVICO","v":"M2"},234.4,{"$f":"PROCURA_PRECO_SERVICO","v":"28,55"},36.04,8447.77,null,null,null,null,"SERVIÇO",null,null,null,"NIVEL 4","NIVEL 4","NIVEL 4","NIVEL 4",{"$f":"COUNTIF($R$2:$R538,\"NIVEL 1\")","v":9},2,1,7,{"$f":"ADDRESS(MATCH(COUNTIF($R$2:$R538,\"NIVEL 1\"),V:V,0),COLUMN(S538))","v":"$S$516"},{"$f":"ADDRESS(MATCH(COUNTIF($R$2:$R538,\"NIVEL 1\"),V:V,0),COLUMN(W538))","v":"$W$516"},{"$f":"ADDRESS((MATCH(COUNTIF(INDIRECT(Z538):$S538,\"NIVEL 2\"),INDIRECT(AA538):W538,0)+(MATCH(COUNTIF($R$2:$R538,\"NIVEL 1\"),V:V,0)-1)),COLUMN(T538))","v":"$T$528"},null,null,null,null,null,null,null,null,null,null,null,null,null,null,null,null,null,null,null,null,null,null,null,null,null,null,{"$f":"PROCURA_PRECO_SERVICO","v":"28,55"}]
["9.2.1.8","COMPOSIÇÃO","JMV-CRAS-090",{"$f":"PROCURA_DESCRICAO_SERVICO","v":"ACABAMENTO CAMURÇADO PARA PISO DE CONCRETO ARMADO OU LAJE SOBRE SOLO DE ALTA RESISTÊNCIA. AF_09/2021 - BASEADO EM SINAPI (97097)"},{"$f":"PROCURA_UNIDADE_SERVICO","v":"M²"},240.2,{"$f":"PROCURA_PRECO_SERVICO","v":33.21},41.92,10069.18,null,null,null,null,"SERVIÇO",null,null,null,"NIVEL 4","NIVEL 4","NIVEL 4","NIVEL 4",{"$f":"COUNTIF($R$2:$R539,\"NIVEL 1\")","v":9},2,1,8,{"$f":"ADDRESS(MATCH(COUNTIF($R$2:$R539,\"NIVEL 1\"),V:V,0),COLUMN(S539))","v":"$S$516"},{"$f":"ADDRESS(MATCH(COUNTIF($R$2:$R539,\"NIVEL 1\"),V:V,0),COLUMN(W539))","v":"$W$516"},{"$f":"ADDRESS((MATCH(COUNTIF(INDIRECT(Z539):$S539,\"NIVEL 2\"),INDIRECT(AA539):W539,0)+(MATCH(COUNTIF($R$2:$R539,\"NIVEL 1\"),V:V,0)-1)),COLUMN(T539))","v":"$T$528"},null,null,null,null,null,null,null,null,null,null,null,null,null,null,null,null,null,null,null,null,null,null,null,null,null,null,{"$f":"PROCURA_PRECO_SERVICO","v":33.21}]
[null,null,null,null,null,null,null,null,null,null,null,null,null,null,null,null,null,null,null,null,null,{"$f":"COUNTIF($R$2:$R540,\"NIVEL 1\")","v":9},2,1,0,{"$f":"ADDRESS(MATCH(COUNTIF($R$2:$R540,\"NIVEL 1\"),V:V,0),COLUMN(S540))","v":"$S$516"},{"$f":"ADDRESS(MATCH(COUNTIF($R$2:$R540,\"NIVEL 1\"),V:V,0),COLUMN(W540))","v":"$W$516"},{"$f":"ADDRESS((MATCH(COUNTIF(INDIRECT(Z540):$S540,\"NIVEL 2\"),INDIRECT(AA540):W540,0)+(MATCH(COUNTIF($R$2:$R540,\"NIVEL 1\"),V:V,0)-1)),COLUMN(T540))","v":"$T$528"},null,null,null,null,null,null,null,null,null,null,null,null,null,null,null,null,null,null,null,null,null,null,null,null,null,null,{"$f":"PROCURA_PRECO_SERVICO","v":0}]
[null,null,null,{"$f":"\"SUBTOTAL DO ITEM - \"&A530","v":"SUBTOTAL DO ITEM - 9.2.1"},null,null,null,null,{"$f":"SUBTOTAL(9,OFFSET(I530,1,0):OFFSET(I541,-1,0))","v":101109.78},null,null,null,null,"SUBSUBITEM_FIM",null,null,null,null,null,null,null,{"$f":"COUNTIF($R$2:$R541,\"NIVEL 1\")","v":9},2,1,0,{"$f":"ADDRESS(MATCH(COUNTIF($R$2:$R541,\"NIVEL 1\"),V:V,0),COLUMN(S541))","v":"$S$516"},{"$f":"ADDRESS(MATCH(COUNTIF($R$2:$R541,\"NIVEL 1\"),V:V,0),COLUMN(W541))","v":"$W$516"},{"$f":"ADDRESS((MATCH(COUNTIF(INDIRECT(Z541):$S541,\"NIVEL 2\"),INDIRECT(AA541):W541,0)+(MATCH(COUNTIF($R$2:$R541,\"NIVEL 1\"),V:V,0)-1)),COLUMN(T541))","v":"$T$528"},null,null,null,null,null,null,null,null,null,null,null,null,null,null,null,null,null,null,null,null,null,null,null,null,null,null,{"$f":"PROCURA_PRECO_SERVICO","v":0}]
[null,null,null,null,null,null,null,null,null,null,null,null,null,null,null,null,null,null,null,null,null,{"$f":"COUNTIF($R$2:$R542,\"NIVEL 1\")","v":9},2,1,{"$f":"IF(U542=\"NIVEL 4\",OFFSET(Y542,-1,0)+1,0)","v":0},{"$f":"ADDRESS(MATCH(COUNTIF($R$2:$R542,\"NIVEL 1\"),V:V,0),COLUMN(S542))","v":"$S$516"},{"$f":"ADDRESS(MATCH(COUNTIF($R$2:$R542,\"NIVEL 1\"),V:V,0),COLUMN(W542))","v":"$W$516"},{"$f":"ADDRESS((MATCH(COUNTIF(INDIRECT(Z542):$S542,\"NIVEL 2\"),INDIRECT(AA542):W542,0)+(MATCH(COUNTIF($R$2:$R542,\"NIVEL 1\"),V:V,0)-1)),COLUMN(T542))","v":"$T$528"},null,null,null,null,null,null,null,null,null,null,null,null,null,null,null,null,null,null,null,null,null,null,null,null,null,null,{"$f":"PROCURA_PRECO_SERVICO","v":0}]
[{"$f":"V543&\".\"&W543&\".\"&X543","v":"9.2.2"},null,null,"RODAPÉ",null,null,null,null,null,null,null,null,null,"SUBSUBITEM_INICIO",null,null,null,"NIVEL 3","NIVEL 3","NIVEL 3",null,{"$f":"COUNTIF($R$2:$R543,\"NIVEL 1\")","v":9},2,2,0,{"$f":"ADDRESS(MATCH(COUNTIF($R$2:$R543,\"NIVEL 1\"),V:V,0),COLUMN(S543))","v":"$S$516"},{"$f":"ADDRESS(MATCH(COUNTIF($R$2:$R543,\"NIVEL 1\"),V:V,0),COLUMN(W543))","v":"$W$516"},{"$f":"ADDRESS((MATCH(COUNTIF(INDIRECT(Z543):$S543,\"NIVEL 2\"),INDIRECT(AA543):W543,0)+(MATCH(COUNTIF($R$2:$R543,\"NIVEL 1\"),V:V,0)-1)),COLUMN(T543))","v":"$T$528"},null,null,null,null,null,null,null,null,null,null,null,null,null,null,null,null,null,null,null,null,null,null,null,null,null,null,{"$f":"PROCURA_PRECO_SERVICO","v":0}]
[null,null,null,null,null,null,null,null,null,null,null,null,null,null,null,null,null,null,null,null,null,{"$f":"COUNTIF($R$2:$R544,\"NIVEL 1\")","v":9},2,2,0,{"$f":"ADDRESS(MATCH(COUNTIF($R$2:$R544,\"NIVEL 1\"),V:V,0),COLUMN(S544))","v":"$S$516"},{"$f":"ADDRESS(MATCH(COUNTIF($R$2:$R544,\"NIVEL 1\"),V:V,0),COLUMN(W544))","v":"$W$516"},{"$f":"ADDRESS((MATCH(COUNTIF(INDIRECT(Z544):$S544,\"NIVEL 2\"),INDIRECT(AA544):W544,0)+(MATCH(COUNTIF($R$2:$R544,\"NIVEL 1\"),V:V,0)-1)),COLUMN(T544))","v":"$T$528"},null,null,null,null,null,null,null,null,null,null,null,null,null,null,null,null,null,null,null,null,null,null,null,null,null,null,{"$f":"PROCURA_PRECO_SERVICO","v":0}]
[{"$f":"V545&\".\"&W545&\".\"&X545&\".\"&Y545","v":"9.2.2.1"},"COMPOSIÇÃO","JMV-CRAS-023",{"$f":"PROCURA_DESCRICAO_SERVICO","v":"RODAPÉ EM GRANITO BRANCO SIENA, H=7CM, E=2CM, APLICADO COM ARGAMASSA INDUSTRIALIZADA AC-I - BASEADA DA ORSE (7652)"},{"$f":"PROCURA_UNIDADE_SERVICO","v":"M"},305.42,{"$f":"PROCURA_PRECO_SERVICO","v":58.55},{"$f":"CUSTO_BDI_SERVICO","v":73.91},{"$f":"CUSTO_TOTAL_SERVICO","v":22573.59},null,null,null,null,"SERVIÇO",null,null,null,"NIVEL 4","NIVEL 4","NIVEL 4","NIVEL 4",{"$f":"COUNTIF($R$2:$R545,\"NIVEL 1\")","v":9},2,2,1,{"$f":"ADDRESS(MATCH(COUNTIF($R$2:$R545,\"NIVEL 1\"),V:V,0),COLUMN(S545))","v":"$S$516"},{"$f":"ADDRESS(MATCH(COUNTIF($R$2:$R545,\"NIVEL 1\"),V:V,0),COLUMN(W545))","v":"$W$516"},{"$f":"ADDRESS((MATCH(COUNTIF(INDIRECT(Z545):$S545,\"NIVEL 2\"),INDIRECT(AA545):W545,0)+(MATCH(COUNTIF($R$2:$R545,\"NIVEL 1\"),V:V,0)-1)),COLUMN(T545))","v":"$T$528"},null,null,null,null,null,null,null,null,null,null,null,null,null,null,null,null,null,null,null,null,null,null,null,null,null,null,{"$f":"PROCURA_PRECO_SERVICO","v":58.55}]
["9.2.2.2","COMPOSIÇÃO","JMV-CRAS-024",{"$f":"PROCURA_DESCRICAO_SERVICO","v":"RODAPÉ COM REVESTIMENTO EM CERÂMICA ESMALTADA COMERCIAL, ALTURA 7CM, PEI IV, ASSENTAMENTO COM ARGAMASSA INDUSTRIALIZADA, INCLUSIVE REJUNTAMENTO - BASEADA DA SETOP (ED-50771)"},{"$f":"PROCURA_UNIDADE_SERVICO","v":"M"},151.3,{"$f":"PROCURA_PRECO_SERVICO","v":10.72},13.53,2047.08,null,null,null,null,"SERVIÇO",null,null,null,"NIVEL 4","NIVEL 4","NIVEL 4","NIVEL 4",{"$f":"COUNTIF($R$2:$R546,\"NIVEL 1\")","v":9},2,2,2,{"$f":"ADDRESS(MATCH(COUNTIF($R$2:$R546,\"NIVEL 1\"),V:V,0),COLUMN(S546))","v":"$S$516"},{"$f":"ADDRESS(MATCH(COUNTIF($R$2:$R546,\"NIVEL 1\"),V:V,0),COLUMN(W546))","v":"$W$516"},{"$f":"ADDRESS((MATCH(COUNTIF(INDIRECT(Z546):$S546,\"NIVEL 2\"),INDIRECT(AA546):W546,0)+(MATCH(COUNTIF($R$2:$R546,\"NIVEL 1\"),V:V,0)-1)),COLUMN(T546))","v":"$T$528"},null,null,null,null,null,null,null,null,null,null,null,null,null,null,null,null,null,null,null,null,null,null,null,null,null,null,{"$f":"PROCURA_PRECO_SERVICO","v":10.72}]
[null,null,null,null,null,null,null,null,null,null,null,null,null,null,null,null,null,null,null,null,null,{"$f":"COUNTIF($R$2:$R547,\"NIVEL 1\")","v":9},2,2,0,{"$f":"ADDRESS(MATCH(COUNTIF($R$2:$R547,\"NIVEL 1\"),V:V,0),COLUMN(S547))","v":"$S$516"},{"$f":"ADDRESS(MATCH(COUNTIF($R$2:$R547,\"NIVEL 1\"),V:V,0),COLUMN(W547))","v":"$W$516"},{"$f":"ADDRESS((MATCH(COUNTIF(INDIRECT(Z547):$S547,\"NIVEL 2\"),INDIRECT(AA547):W547,0)+(MATCH(COUNTIF($R$2:$R547,\"NIVEL 1\"),V:V,0)-1)),COLUMN(T547))","v":"$T$528"},null,null,null,null,null,null,null,null,null,null,null,null,null,null,null,null,null,null,null,null,null,null,null,null,null,null,{"$f":"PROCURA_PRECO_SERVICO","v":0}]
[null,null,null,{"$f":"\"SUBTOTAL DO ITEM - \"&A543","v":"SUBTOTAL DO ITEM - 9.2.2"},null,null,null,null,{"$f":"SUBTOTAL(9,OFFSET(I543,1,0):OFFSET(I548,-1,0))","v":24620.67},null,null,null,null,"SUBSUBITEM_FIM",null,null,null,null,null,null,null,{"$f":"COUNTIF($R$2:$R548,\"NIVEL 1\")","v":9},2,2,0,{"$f":"ADDRESS(MATCH(COUNTIF($R$2:$R548,\"NIVEL 1\"),V:V,0),COLUMN(S548))","v":"$S$516"},{"$f":"ADDRESS(MATCH(COUNTIF($R$2:$R548,\"NIVEL 1\"),V:V,0),COLUMN(W548))","v":"$W$516"},{"$f":"ADDRESS((MATCH(COUNTIF(INDIRECT(Z548):$S548,\"NIVEL 2\"),INDIRECT(AA548):W548,0)+(MATCH(COUNTIF($R$2:$R548,\"NIVEL 1\"),V:V,0)-1)),COLUMN(T548))","v":"$T$528"},null,null,null,null,null,null,null,null,null,null,null,null,null,null,null,null,null,null,null,null,null,null,null,null,null,null,{"$f":"PROCURA_PRECO_SERVICO","v":0}]
[null,null,null,null,null,null,null,null,null,null,null,null,null,null,null,null,null,null,null,null,null,{"$f":"COUNTIF($R$2:$R549,\"NIVEL 1\")","v":9},2,2,0,{"$f":"ADDRESS(MATCH(COUNTIF($R$2:$R549,\"NIVEL 1\"),V:V,0),COLUMN(S549))","v":"$S$516"},{"$f":"ADDRESS(MATCH(COUNTIF($R$2:$R549,\"NIVEL 1\"),V:V,0),COLUMN(W549))","v":"$W$516"},{"$f":"ADDRESS((MATCH(COUNTIF(INDIRECT(Z549):$S549,\"NIVEL 2\"),INDIRECT(AA549):W549,0)+(MATCH(COUNTIF($R$2:$R549,\"NIVEL 1\"),V:V,0)-1)),COLUMN(T549))","v":"$T$528"},null,null,null,null,null,null,null,null,null,null,null,null,null,null,null,null,null,null,null,null,null,null,null,null,null,null,{"$f":"PROCURA_PRECO_SERVICO","v":0}]
[null,null,null,{"$f":"\"SUBTOTAL DO ITEM  - \"&A528","v":"SUBTOTAL DO ITEM  - 9.2"},null,null,null,null,{"$f":"SUBTOTAL(9,OFFSET(I528,1,0):OFFSET(I550,-1,0))","v":125730.45},null,null,null,null,"SUBITEM_FIM",null,null,null,null,null,null,null,{"$f":"COUNTIF($R$2:$R550,\"NIVEL 1\")","v":9},2,2,0,{"$f":"ADDRESS(MATCH(COUNTIF($R$2:$R550,\"NIVEL 1\"),V:V,0),COLUMN(S550))","v":"$S$516"},{"$f":"ADDRESS(MATCH(COUNTIF($R$2:$R550,\"NIVEL 1\"),V:V,0),COLUMN(W550))","v":"$W$516"},{"$f":"ADDRESS((MATCH(COUNTIF(INDIRECT(Z550):$S550,\"NIVEL 2\"),INDIRECT(AA550):W550,0)+(MATCH(COUNTIF($R$2:$R550,\"NIVEL 1\"),V:V,0)-1)),COLUMN(T550))","v":"$T$528"},null,null,null,null,null,null,null,null,null,null,null,null,null,null,null,null,null,null,null,null,null,null,null,null,null,null,{"$f":"PROCURA_PRECO_SERVICO","v":0}]
[null,null,null,null,null,null,null,null,null,null,null,null,null,null,null,null,null,null,null,null,null,{"$f":"COUNTIF($R$2:$R551,\"NIVEL 1\")","v":9},2,2,0,{"$f":"ADDRESS(MATCH(COUNTIF($R$2:$R551,\"NIVEL 1\"),V:V,0),COLUMN(S551))","v":"$S$516"},{"$f":"ADDRESS(MATCH(COUNTIF($R$2:$R551,\"NIVEL 1\"),V:V,0),COLUMN(W551))","v":"$W$516"},{"$f":"ADDRESS((MATCH(COUNTIF(INDIRECT(Z551):$S551,\"NIVEL 2\"),INDIRECT(AA551):W551,0)+(MATCH(COUNTIF($R$2:$R551,\"NIVEL 1\"),V:V,0)-1)),COLUMN(T551))","v":"$T$528"},null,null,null,null,null,null,null,null,null,null,null,null,null,null,null,null,null,null,null,null,null,null,null,null,null,null,{"$f":"PROCURA_PRECO_SERVICO","v":0}]
[null,null,null,{"$f":"\"TOTAL DO ITEM - \"&A516","v":"TOTAL DO ITEM - 9"},null,null,null,null,{"$f":"SUBTOTAL(9,OFFSET(I516,1,0):OFFSET(I552,-1,0))","v":166793.59},null,null,null,null,"ITEM_FIM",null,null,null,null,null,null,null,{"$f":"COUNTIF($R$2:$R552,\"NIVEL 1\")","v":9},2,2,0,{"$f":"ADDRESS(MATCH(COUNTIF($R$2:$R552,\"NIVEL 1\"),V:V,0),COLUMN(S552))","v":"$S$516"},{"$f":"ADDRESS(MATCH(COUNTIF($R$2:$R552,\"NIVEL 1\"),V:V,0),COLUMN(W552))","v":"$W$516"},{"$f":"ADDRESS((MATCH(COUNTIF(INDIRECT(Z552):$S552,\"NIVEL 2\"),INDIRECT(AA552):W552,0)+(MATCH(COUNTIF($R$2:$R552,\"NIVEL 1\"),V:V,0)-1)),COLUMN(T552))","v":"$T$528"},null,null,null,null,null,null,null,null,null,null,null,null,null,null,null,null,null,null,null,null,null,null,null,null,null,null,{"$f":"PROCURA_PRECO_SERVICO","v":0}]
[null,null,null,null,null,null,null,{"$f":"TRUNC(G553*(1+$I$3),2)","v":0},null,null,null,null,null,null,null,null,null,null,null,null,null,{"$f":"COUNTIF($R$2:$R553,\"NIVEL 1\")","v":9},2,2,0,{"$f":"ADDRESS(MATCH(COUNTIF($R$2:$R553,\"NIVEL 1\"),V:V,0),COLUMN(S553))","v":"$S$516"},{"$f":"ADDRESS(MATCH(COUNTIF($R$2:$R553,\"NIVEL 1\"),V:V,0),COLUMN(W553))","v":"$W$516"},{"$f":"ADDRESS((MATCH(COUNTIF(INDIRECT(Z553):$S553,\"NIVEL 2\"),INDIRECT(AA553):W553,0)+(MATCH(COUNTIF($R$2:$R553,\"NIVEL 1\"),V:V,0)-1)),COLUMN(T553))","v":"$T$528"},null,null,null,null,null,null,null,null,null,null,null,null,null,null,null,null,null,null,null,null,null,null,null,null,null,null,{"$f":"PROCURA_PRECO_SERVICO","v":0}]
[{"$f":"V554","v":10},null,null,"PINTURA (SELADOR, EMASSAMENTO, TINTA E GESSO)",null,null,null,null,null,null,null,null,null,"ITEM_INICIO",null,null,null,"NIVEL 1",null,null,null,{"$f":"COUNTIF($R$2:$R554,\"NIVEL 1\")","v":10},0,0,0,{"$f":"ADDRESS(MATCH(COUNTIF($R$2:$R554,\"NIVEL 1\"),V:V,0),COLUMN(S554))","v":"$S$554"},{"$f":"ADDRESS(MATCH(COUNTIF($R$2:$R554,\"NIVEL 1\"),V:V,0),COLUMN(W554))","v":"$W$554"},{"$f":"ADDRESS((MATCH(COUNTIF(INDIRECT(Z554):$S554,\"NIVEL 2\"),INDIRECT(AA554):W554,0)+(MATCH(COUNTIF($R$2:$R554,\"NIVEL 1\"),V:V,0)-1)),COLUMN(T554))","v":"$T$554"},null,{"$f":"A554","v":10},null,null,{"$f":"D554","v":"PINTURA (SELADOR, EMASSAMENTO, TINTA E GESSO)"},{"$f":"I581","v":95070.04},{"$f":"AH554/$I$1374","v":0.0487560241832445},null,null,null,null,null,null,null,null,null,null,null,null,null,null,null,null,null,null,null,{"$f":"PROCURA_PRECO_SERVICO","v":0}]
[null,null,null,null,null,null,null,null,null,null,null,null,null,null,null,null,null,null,null,null,null,{"$f":"COUNTIF($R$2:$R555,\"NIVEL 1\")","v":10},0,0,0,{"$f":"ADDRESS(MATCH(COUNTIF($R$2:$R555,\"NIVEL 1\"),V:V,0),COLUMN(S555))","v":"$S$554"},{"$f":"ADDRESS(MATCH(COUNTIF($R$2:$R555,\"NIVEL 1\"),V:V,0),COLUMN(W555))","v":"$W$554"},{"$f":"ADDRESS((MATCH(COUNTIF(INDIRECT(Z555):$S555,\"NIVEL 2\"),INDIRECT(AA555):W555,0)+(MATCH(COUNTIF($R$2:$R555,\"NIVEL 1\"),V:V,0)-1)),COLUMN(T555))","v":"$T$554"},null,null,null,null,null,null,null,null,null,null,null,null,null,null,null,null,null,null,null,null,null,null,null,null,null,null,{"$f":"PROCURA_PRECO_SERVICO","v":0}]
[{"$f":"V556&\".\"&W556","v":"10.1"},null,null,"PAREDE",null,null,null,null,null,null,null,null,null,"SUBITEM_INICIO",null,null,null,"NIVEL 2","NIVEL 2",null,null,{"$f":"COUNTIF($R$2:$R556,\"NIVEL 1\")","v":10},1,0,0,{"$f":"ADDRESS(MATCH(COUNTIF($R$2:$R556,\"NIVEL 1\"),V:V,0),COLUMN(S556))","v":"$S$554"},{"$f":"ADDRESS(MATCH(COUNTIF($R$2:$R556,\"NIVEL 1\"),V:V,0),COLUMN(W556))","v":"$W$554"},{"$f":"ADDRESS((MATCH(COUNTIF(INDIRECT(Z556):$S556,\"NIVEL 2\"),INDIRECT(AA556):W556,0)+(MATCH(COUNTIF($R$2:$R556,\"NIVEL 1\"),V:V,0)-1)),COLUMN(T556))","v":"$T$556"},null,null,null,null,null,null,null,null,null,null,null,null,null,null,null,null,null,null,null,null,null,null,null,null,null,null,{"$f":"PROCURA_PRECO_SERVICO","v":0}]
[null,null,null,null,null,null,null,null,null,null,null,null,null,null,null,null,null,null,null,null,null,{"$f":"COUNTIF($R$2:$R557,\"NIVEL 1\")","v":10},1,0,0,{"$f":"ADDRESS(MATCH(COUNTIF($R$2:$R557,\"NIVEL 1\"),V:V,0),COLUMN(S557))","v":"$S$554"},{"$f":"ADDRESS(MATCH(COUNTIF($R$2:$R557,\"NIVEL 1\"),V:V,0),COLUMN(W557))","v":"$W$554"},{"$f":"ADDRESS((MATCH(COUNTIF(INDIRECT(Z557):$S557,\"NIVEL 2\"),INDIRECT(AA557):W557,0)+(MATCH(COUNTIF($R$2:$R557,\"NIVEL 1\"),V:V,0)-1)),COLUMN(T557))","v":"$T$556"},null,null,null,null,null,null,null,null,null,null,null,null,null,null,null,null,null,null,null,null,null,null,null,null,null,null,{"$f":"PROCURA_PRECO_SERVICO","v":0}]
[{"$f":"V558&\".\"&W558&\".\"&X558","v":"10.1.1"},null,null,"PAREDE INTERNA E EXTERNA",null,null,null,null,null,null,null,null,null,"SUBSUBITEM_INICIO",null,null,null,"NIVEL 3","NIVEL 3","NIVEL 3",null,{"$f":"COUNTIF($R$2:$R558,\"NIVEL 1\")","v":10},1,1,0,{"$f":"ADDRESS(MATCH(COUNTIF($R$2:$R558,\"NIVEL 1\"),V:V,0),COLUMN(S558))","v":"$S$554"},{"$f":"ADDRESS(MATCH(COUNTIF($R$2:$R558,\"NIVEL 1\"),V:V,0),COLUMN(W558))","v":"$W$554"},{"$f":"ADDRESS((MATCH(COUNTIF(INDIRECT(Z558):$S558,\"NIVEL 2\"),INDIRECT(AA558):W558,0)+(MATCH(COUNTIF($R$2:$R558,\"NIVEL 1\"),V:V,0)-1)),COLUMN(T558))","v":"$T$556"},null,null,null,null,null,null,null,null,null,null,null,null,null,null,null,null,null,null,null,null,null,null,null,null,null,null,{"$f":"PROCURA_PRECO_SERVICO","v":0}]
[null,null,null,null,null,null,null,null,null,null,null,null,null,null,null,null,null,null,null,null,null,{"$f":"COUNTIF($R$2:$R559,\"NIVEL 1\")","v":10},1,1,0,{"$f":"ADDRESS(MATCH(COUNTIF($R$2:$R559,\"NIVEL 1\"),V:V,0),COLUMN(S559))","v":"$S$554"},{"$f":"ADDRESS(MATCH(COUNTIF($R$2:$R559,\"NIVEL 1\"),V:V,0),COLUMN(W559))","v":"$W$554"},{"$f":"ADDRESS((MATCH(COUNTIF(INDIRECT(Z559):$S559,\"NIVEL 2\"),INDIRECT(AA559):W559,0)+(MATCH(COUNTIF($R$2:$R559,\"NIVEL 1\"),V:V,0)-1)),COLUMN(T559))","v":"$T$556"},null,null,null,null,null,null,null,null,null,null,null,null,null,null,null,null,null,null,null,null,null,null,null,null,null,null,{"$f":"PROCURA_PRECO_SERVICO","v":0}]
[{"$f":"V560&\".\"&W560&\".\"&X560&\".\"&Y560","v":"10.1.1.1"},"SETOP","ED-50473",{"$f":"PROCURA_DESCRICAO_SERVICO","v":"EMASSAMENTO EM PAREDE COM MASSA ACRÍLICA, UMA (1) DEMÃO, INCLUSIVE LIXAMENTO PARA PINTURA"},{"$f":"PROCURA_UNIDADE_SERVICO","v":"M2"},1881.03,{"$f":"PROCURA_PRECO_SERVICO","v":12.8},{"$f":"CUSTO_BDI_SERVICO","v":16.15},{"$f":"CUSTO_TOTAL_SERVICO","v":30378.63},null,null,null,null,"SERVIÇO",null,null,null,"NIVEL 4","NIVEL 4","NIVEL 4","NIVEL 4",{"$f":"COUNTIF($R$2:$R560,\"NIVEL 1\")","v":10},1,1,1,{"$f":"ADDRESS(MATCH(COUNTIF($R$2:$R560,\"NIVEL 1\"),V:V,0),COLUMN(S560))","v":"$S$554"},{"$f":"ADDRESS(MATCH(COUNTIF($R$2:$R560,\"NIVEL 1\"),V:V,0),COLUMN(W560))","v":"$W$554"},{"$f":"ADDRESS((MATCH(COUNTIF(INDIRECT(Z560):$S560,\"NIVEL 2\"),INDIRECT(AA560):W560,0)+(MATCH(COUNTIF($R$2:$R560,\"NIVEL 1\"),V:V,0)-1)),COLUMN(T560))","v":"$T$556"},null,null,null,null,null,null,null,null,null,null,null,null,null,null,null,null,null,null,null,null,null,null,null,null,null,null,{"$f":"PROCURA_PRECO_SERVICO","v":12.8}]
[{"$f":"V561&\".\"&W561&\".\"&X561&\".\"&Y561","v":"10.1.1.2"},"SINAPI","88485",{"$f":"PROCURA_DESCRICAO_SERVICO","v":"APLICAÇÃO DE FUNDO SELADOR ACRÍLICO EM PAREDES, UMA DEMÃO. AF_06/2014"},{"$f":"PROCURA_UNIDADE_SERVICO","v":"M2"},1881.03,{"$f":"PROCURA_PRECO_SERVICO","v":"3,14"},{"$f":"CUSTO_BDI_SERVICO","v":3.96},{"$f":"CUSTO_TOTAL_SERVICO","v":7448.87},null,null,null,null,"SERVIÇO",null,null,null,"NIVEL 4","NIVEL 4","NIVEL 4","NIVEL 4",{"$f":"COUNTIF($R$2:$R561,\"NIVEL 1\")","v":10},1,1,2,{"$f":"ADDRESS(MATCH(COUNTIF($R$2:$R561,\"NIVEL 1\"),V:V,0),COLUMN(S561))","v":"$S$554"},{"$f":"ADDRESS(MATCH(COUNTIF($R$2:$R561,\"NIVEL 1\"),V:V,0),COLUMN(W561))","v":"$W$554"},{"$f":"ADDRESS((MATCH(COUNTIF(INDIRECT(Z561):$S561,\"NIVEL 2\"),INDIRECT(AA561):W561,0)+(MATCH(COUNTIF($R$2:$R561,\"NIVEL 1\"),V:V,0)-1)),COLUMN(T561))","v":"$T$556"},null,null,null,null,null,null,null,null,null,null,null,null,null,null,null,null,null,null,null,null,null,null,null,null,null,null,{"$f":"PROCURA_PRECO_SERVICO","v":"3,14"}]
[{"$f":"V562&\".\"&W562&\".\"&X562&\".\"&Y562","v":"10.1.1.3"},"SINAPI","88489",{"$f":"PROCURA_DESCRICAO_SERVICO","v":"APLICAÇÃO MANUAL DE PINTURA COM TINTA LÁTEX ACRÍLICA EM PAREDES, DUAS DEMÃOS. AF_06/2014"},{"$f":"PROCURA_UNIDADE_SERVICO","v":"M2"},1881.03,{"$f":"PROCURA_PRECO_SERVICO","v":"14,38"},{"$f":"CUSTO_BDI_SERVICO","v":18.15},{"$f":"CUSTO_TOTAL_SERVICO","v":34140.69},null,null,null,null,"SERVIÇO",null,null,null,"NIVEL 4","NIVEL 4","NIVEL 4","NIVEL 4",{"$f":"COUNTIF($R$2:$R562,\"NIVEL 1\")","v":10},1,1,3,{"$f":"ADDRESS(MATCH(COUNTIF($R$2:$R562,\"NIVEL 1\"),V:V,0),COLUMN(S562))","v":"$S$554"},{"$f":"ADDRESS(MATCH(COUNTIF($R$2:$R562,\"NIVEL 1\"),V:V,0),COLUMN(W562))","v":"$W$554"},{"$f":"ADDRESS((MATCH(COUNTIF(INDIRECT(Z562):$S562,\"NIVEL 2\"),INDIRECT(AA562):W562,0)+(MATCH(COUNTIF($R$2:$R562,\"NIVEL 1\"),V:V,0)-1)),COLUMN(T562))","v":"$T$556"},null,null,null,null,null,null,null,null,null,null,null,null,null,null,null,null,null,null,null,null,null,null,null,null,null,null,{"$f":"PROCURA_PRECO_SERVICO","v":"14,38"}]
[null,null,null,null,null,null,null,null,null,null,null,null,null,null,null,null,null,null,null,null,null,{"$f":"COUNTIF($R$2:$R563,\"NIVEL 1\")","v":10},1,1,0,{"$f":"ADDRESS(MATCH(COUNTIF($R$2:$R563,\"NIVEL 1\"),V:V,0),COLUMN(S563))","v":"$S$554"},{"$f":"ADDRESS(MATCH(COUNTIF($R$2:$R563,\"NIVEL 1\"),V:V,0),COLUMN(W563))","v":"$W$554"},{"$f":"ADDRESS((MATCH(COUNTIF(INDIRECT(Z563):$S563,\"NIVEL 2\"),INDIRECT(AA563):W563,0)+(MATCH(COUNTIF($R$2:$R563,\"NIVEL 1\"),V:V,0)-1)),COLUMN(T563))","v":"$T$556"},null,null,null,null,null,null,null,null,null,null,null,null,null,null,null,null,null,null,null,null,null,null,null,null,null,null,{"$f":"PROCURA_PRECO_SERVICO","v":0}]
[null,null,null,{"$f":"\"SUBTOTAL DO ITEM - \"&A558","v":"SUBTOTAL DO ITEM - 10.1.1"},null,null,null,null,{"$f":"SUBTOTAL(9,OFFSET(I558,1,0):OFFSET(I564,-1,0))","v":71968.19},null,null,null,null,"SUBSUBITEM_FIM",null,null,null,null,null,null,null,{"$f":"COUNTIF($R$2:$R564,\"NIVEL 1\")","v":10},1,1,0,{"$f":"ADDRESS(MATCH(COUNTIF($R$2:$R564,\"NIVEL 1\"),V:V,0),COLUMN(S564))","v":"$S$554"},{"$f":"ADDRESS(MATCH(COUNTIF($R$2:$R564,\"NIVEL 1\"),V:V,0),COLUMN(W564))","v":"$W$554"},{"$f":"ADDRESS((MATCH(COUNTIF(INDIRECT(Z564):$S564,\"NIVEL 2\"),INDIRECT(AA564):W564,0)+(MATCH(COUNTIF($R$2:$R564,\"NIVEL 1\"),V:V,0)-1)),COLUMN(T564))","v":"$T$556"},null,null,null,null,null,null,null,null,null,null,null,null,null,null,null,null,null,null,null,null,null,null,null,null,null,null,{"$f":"PROCURA_PRECO_SERVICO","v":0}]
[null,null,null,null,null,null,null,null,null,null,null,null,null,null,null,null,null,null,null,null,null,{"$f":"COUNTIF($R$2:$R565,\"NIVEL 1\")","v":10},1,1,{"$f":"IF(U565=\"NIVEL 4\",OFFSET(Y565,-1,0)+1,0)","v":0},{"$f":"ADDRESS(MATCH(COUNTIF($R$2:$R565,\"NIVEL 1\"),V:V,0),COLUMN(S565))","v":"$S$554"},{"$f":"ADDRESS(MATCH(COUNTIF($R$2:$R565,\"NIVEL 1\"),V:V,0),COLUMN(W565))","v":"$W$554"},{"$f":"ADDRESS((MATCH(COUNTIF(INDIRECT(Z565):$S565,\"NIVEL 2\"),INDIRECT(AA565):W565,0)+(MATCH(COUNTIF($R$2:$R565,\"NIVEL 1\"),V:V,0)-1)),COLUMN(T565))","v":"$T$556"},null,null,null,null,null,null,null,null,null,null,null,null,null,null,null,null,null,null,null,null,null,null,null,null,null,null,{"$f":"PROCURA_PRECO_SERVICO","v":0}]
[null,null,null,{"$f":"\"SUBTOTAL DO ITEM  - \"&A556","v":"SUBTOTAL DO ITEM  - 10.1"},null,null,null,null,{"$f":"SUBTOTAL(9,OFFSET(I556,1,0):OFFSET(I566,-1,0))","v":71968.19},null,null,null,null,"SUBITEM_FIM",null,null,null,null,null,null,null,{"$f":"COUNTIF($R$2:$R566,\"NIVEL 1\")","v":10},1,1,0,{"$f":"ADDRESS(MATCH(COUNTIF($R$2:$R566,\"NIVEL 1\"),V:V,0),COLUMN(S566))","v":"$S$554"},{"$f":"ADDRESS(MATCH(COUNTIF($R$2:$R566,\"NIVEL 1\"),V:V,0),COLUMN(W566))","v":"$W$554"},{"$f":"ADDRESS((MATCH(COUNTIF(INDIRECT(Z566):$S566,\"NIVEL 2\"),INDIRECT(AA566):W566,0)+(MATCH(COUNTIF($R$2:$R566,\"NIVEL 1\"),V:V,0)-1)),COLUMN(T566))","v":"$T$556"},null,null,null,null,null,null,null,null,null,null,null,null,null,null,null,null,null,null,null,null,null,null,null,null,null,null,{"$f":"PROCURA_PRECO_SERVICO","v":0}]
[null,null,null,null,null,null,null,null,null,null,null,null,null,null,null,null,null,null,null,null,null,{"$f":"COUNTIF($R$2:$R567,\"NIVEL 1\")","v":10},1,1,0,{"$f":"ADDRESS(MATCH(COUNTIF($R$2:$R567,\"NIVEL 1\"),V:V,0),COLUMN(S567))","v":"$S$554"},{"$f":"ADDRESS(MATCH(COUNTIF($R$2:$R567,\"NIVEL 1\"),V:V,0),COLUMN(W567))","v":"$W$554"},{"$f":"ADDRESS((MATCH(COUNTIF(INDIRECT(Z567):$S567,\"NIVEL 2\"),INDIRECT(AA567):W567,0)+(MATCH(COUNTIF($R$2:$R567,\"NIVEL 1\"),V:V,0)-1)),COLUMN(T567))","v":"$T$556"},null,null,null,null,null,null,null,null,null,null,null,null,null,null,null,null,null,null,null,null,null,null,null,null,null,null,{"$f":"PROCURA_PRECO_SERVICO","v":0}]
[{"$f":"V568&\".\"&W568","v":"10.2"},null,null,"TETO",null,null,null,null,null,null,null,null,null,"SUBITEM_INICIO",null,null,null,"NIVEL 2","NIVEL 2",null,null,{"$f":"COUNTIF($R$2:$R568,\"NIVEL 1\")","v":10},2,0,0,{"$f":"ADDRESS(MATCH(COUNTIF($R$2:$R568,\"NIVEL 1\"),V:V,0),COLUMN(S568))","v":"$S$554"},{"$f":"ADDRESS(MATCH(COUNTIF($R$2:$R568,\"NIVEL 1\"),V:V,0),COLUMN(W568))","v":"$W$554"},{"$f":"ADDRESS((MATCH(COUNTIF(INDIRECT(Z568):$S568,\"NIVEL 2\"),INDIRECT(AA568):W568,0)+(MATCH(COUNTIF($R$2:$R568,\"NIVEL 1\"),V:V,0)-1)),COLUMN(T568))","v":"$T$568"},null,null,null,null,null,null,null,null,null,null,null,null,null,null,null,null,null,null,null,null,null,null,null,null,null,null,{"$f":"PROCURA_PRECO_SERVICO","v":0}]
[null,null,null,null,null,null,null,null,null,null,null,null,null,null,null,null,null,null,null,null,null,{"$f":"COUNTIF($R$2:$R569,\"NIVEL 1\")","v":10},2,0,0,{"$f":"ADDRESS(MATCH(COUNTIF($R$2:$R569,\"NIVEL 1\"),V:V,0),COLUMN(S569))","v":"$S$554"},{"$f":"ADDRESS(MATCH(COUNTIF($R$2:$R569,\"NIVEL 1\"),V:V,0),COLUMN(W569))","v":"$W$554"},{"$f":"ADDRESS((MATCH(COUNTIF(INDIRECT(Z569):$S569,\"NIVEL 2\"),INDIRECT(AA569):W569,0)+(MATCH(COUNTIF($R$2:$R569,\"NIVEL 1\"),V:V,0)-1)),COLUMN(T569))","v":"$T$568"},null,null,null,null,null,null,null,null,null,null,null,null,null,null,null,null,null,null,null,null,null,null,null,null,null,null,{"$f":"PROCURA_PRECO_SERVICO","v":0}]
[{"$f":"V570&\".\"&W570&\".\"&X570","v":"10.2.1"},null,null,"TETO INTERNO",null,null,null,null,null,null,null,null,null,"SUBSUBITEM_INICIO",null,null,null,"NIVEL 3","NIVEL 3","NIVEL 3",null,{"$f":"COUNTIF($R$2:$R570,\"NIVEL 1\")","v":10},2,1,0,{"$f":"ADDRESS(MATCH(COUNTIF($R$2:$R570,\"NIVEL 1\"),V:V,0),COLUMN(S570))","v":"$S$554"},{"$f":"ADDRESS(MATCH(COUNTIF($R$2:$R570,\"NIVEL 1\"),V:V,0),COLUMN(W570))","v":"$W$554"},{"$f":"ADDRESS((MATCH(COUNTIF(INDIRECT(Z570):$S570,\"NIVEL 2\"),INDIRECT(AA570):W570,0)+(MATCH(COUNTIF($R$2:$R570,\"NIVEL 1\"),V:V,0)-1)),COLUMN(T570))","v":"$T$568"},null,null,null,null,null,null,null,null,null,null,null,null,null,null,null,null,null,null,null,null,null,null,null,null,null,null,{"$f":"PROCURA_PRECO_SERVICO","v":0}]
[null,null,null,null,null,null,null,null,null,null,null,null,null,null,null,null,null,null,null,null,null,{"$f":"COUNTIF($R$2:$R571,\"NIVEL 1\")","v":10},2,1,0,{"$f":"ADDRESS(MATCH(COUNTIF($R$2:$R571,\"NIVEL 1\"),V:V,0),COLUMN(S571))","v":"$S$554"},{"$f":"ADDRESS(MATCH(COUNTIF($R$2:$R571,\"NIVEL 1\"),V:V,0),COLUMN(W571))","v":"$W$554"},{"$f":"ADDRESS((MATCH(COUNTIF(INDIRECT(Z571):$S571,\"NIVEL 2\"),INDIRECT(AA571):W571,0)+(MATCH(COUNTIF($R$2:$R571,\"NIVEL 1\"),V:V,0)-1)),COLUMN(T571))","v":"$T$568"},null,null,null,null,null,null,null,null,null,null,null,null,null,null,null,null,null,null,null,null,null,null,null,null,null,null,{"$f":"PROCURA_PRECO_SERVICO","v":0}]
[{"$f":"V572&\".\"&W572&\".\"&X572&\".\"&Y572","v":"10.2.1.1"},"SETOP","ED-50506",{"$f":"PROCURA_DESCRICAO_SERVICO","v":"LIXAMENTO MANUAL EM TETO PARA REMOÇÃO DE TINTA"},{"$f":"PROCURA_UNIDADE_SERVICO","v":"M2"},437.95,{"$f":"PROCURA_PRECO_SERVICO","v":3.08},{"$f":"CUSTO_BDI_SERVICO","v":3.88},{"$f":"CUSTO_TOTAL_SERVICO","v":1699.24},null,null,null,null,"SERVIÇO",null,null,null,"NIVEL 4","NIVEL 4","NIVEL 4","NIVEL 4",{"$f":"COUNTIF($R$1:$R572,\"NIVEL 1\")","v":10},2,1,1,{"$f":"ADDRESS(MATCH(COUNTIF($R$1:$R572,\"NIVEL 1\"),V:V,0),COLUMN(S572))","v":"$S$554"},{"$f":"ADDRESS(MATCH(COUNTIF($R$1:$R572,\"NIVEL 1\"),V:V,0),COLUMN(W572))","v":"$W$554"},{"$f":"ADDRESS((MATCH(COUNTIF(INDIRECT(Z572):$S572,\"NIVEL 2\"),INDIRECT(AA572):W572,0)+(MATCH(COUNTIF($R$1:$R572,\"NIVEL 1\"),V:V,0)-1)),COLUMN(T572))","v":"$T$568"},null,null,null,null,null,null,null,null,null,null,null,null,null,null,null,null,null,null,null,null,null,null,null,null,null,null,{"$f":"PROCURA_PRECO_SERVICO","v":3.08}]
["10.2.1.2","SETOP","ED-50479",{"$f":"PROCURA_DESCRICAO_SERVICO","v":"EMASSAMENTO EM TETO COM MASSA CORRIDA (PVA), UMA (1) DEMÃO, INCLUSIVE LIXAMENTO PARA PINTURA"},{"$f":"PROCURA_UNIDADE_SERVICO","v":"M2"},437.95,{"$f":"PROCURA_PRECO_SERVICO","v":19.49},24.6,10773.57,null,null,null,null,"SERVIÇO",null,null,null,"NIVEL 4","NIVEL 4","NIVEL 4","NIVEL 4",{"$f":"COUNTIF($R$1:$R573,\"NIVEL 1\")","v":10},2,1,2,{"$f":"ADDRESS(MATCH(COUNTIF($R$1:$R573,\"NIVEL 1\"),V:V,0),COLUMN(S573))","v":"$S$554"},{"$f":"ADDRESS(MATCH(COUNTIF($R$1:$R573,\"NIVEL 1\"),V:V,0),COLUMN(W573))","v":"$W$554"},{"$f":"ADDRESS((MATCH(COUNTIF(INDIRECT(Z573):$S573,\"NIVEL 2\"),INDIRECT(AA573):W573,0)+(MATCH(COUNTIF($R$1:$R573,\"NIVEL 1\"),V:V,0)-1)),COLUMN(T573))","v":"$T$568"},null,null,null,null,null,null,null,null,null,null,null,null,null,null,null,null,null,null,null,null,null,null,null,null,null,null,{"$f":"PROCURA_PRECO_SERVICO","v":19.49}]
[{"$f":"V574&\".\"&W574&\".\"&X574&\".\"&Y574","v":"10.2.1.3"},"SETOP","ED-50452",{"$f":"PROCURA_DESCRICAO_SERVICO","v":"PINTURA ACRÍLICA EM TETO, DUAS (2) DEMÃOS, EXCLUSIVE SELADOR ACRÍLICO E MASSA ACRÍLICA/CORRIDA (PVA)"},{"$f":"PROCURA_UNIDADE_SERVICO","v":"M2"},437.95,{"$f":"PROCURA_PRECO_SERVICO","v":15.64},19.74,8645.13,null,null,null,null,"SERVIÇO",null,null,null,"NIVEL 4","NIVEL 4","NIVEL 4","NIVEL 4",{"$f":"COUNTIF($R$1:$R574,\"NIVEL 1\")","v":10},2,1,{"$f":"IF(U574=\"NIVEL 4\",OFFSET(Y574,-1,0)+1,0)","v":3},{"$f":"ADDRESS(MATCH(COUNTIF($R$1:$R574,\"NIVEL 1\"),V:V,0),COLUMN(S574))","v":"$S$554"},{"$f":"ADDRESS(MATCH(COUNTIF($R$1:$R574,\"NIVEL 1\"),V:V,0),COLUMN(W574))","v":"$W$554"},{"$f":"ADDRESS((MATCH(COUNTIF(INDIRECT(Z574):$S574,\"NIVEL 2\"),INDIRECT(AA574):W574,0)+(MATCH(COUNTIF($R$1:$R574,\"NIVEL 1\"),V:V,0)-1)),COLUMN(T574))","v":"$T$568"},null,null,null,null,null,null,null,null,null,null,null,null,null,null,null,null,null,null,null,null,null,null,null,null,null,null,{"$f":"PROCURA_PRECO_SERVICO","v":15.64}]
["10.2.1.4","SINAPI","88484",{"$f":"PROCURA_DESCRICAO_SERVICO","v":"APLICAÇÃO DE FUNDO SELADOR ACRÍLICO EM TETO, UMA DEMÃO. AF_06/2014"},{"$f":"PROCURA_UNIDADE_SERVICO","v":"M2"},437.95,{"$f":"PROCURA_PRECO_SERVICO","v":"3,59"},4.53,1983.91,null,null,null,null,"SERVIÇO",null,null,null,"NIVEL 4","NIVEL 4","NIVEL 4","NIVEL 4",{"$f":"COUNTIF($R$1:$R575,\"NIVEL 1\")","v":10},2,1,4,{"$f":"ADDRESS(MATCH(COUNTIF($R$1:$R575,\"NIVEL 1\"),V:V,0),COLUMN(S575))","v":"$S$554"},{"$f":"ADDRESS(MATCH(COUNTIF($R$1:$R575,\"NIVEL 1\"),V:V,0),COLUMN(W575))","v":"$W$554"},{"$f":"ADDRESS((MATCH(COUNTIF(INDIRECT(Z575):$S575,\"NIVEL 2\"),INDIRECT(AA575):W575,0)+(MATCH(COUNTIF($R$1:$R575,\"NIVEL 1\"),V:V,0)-1)),COLUMN(T575))","v":"$T$568"},null,null,null,null,null,null,null,null,null,null,null,null,null,null,null,null,null,null,null,null,null,null,null,null,null,null,{"$f":"PROCURA_PRECO_SERVICO","v":"3,59"}]
[null,null,null,null,null,null,null,null,null,null,null,null,null,null,null,null,null,null,null,null,null,{"$f":"COUNTIF($R$2:$R576,\"NIVEL 1\")","v":10},2,1,0,{"$f":"ADDRESS(MATCH(COUNTIF($R$2:$R576,\"NIVEL 1\"),V:V,0),COLUMN(S576))","v":"$S$554"},{"$f":"ADDRESS(MATCH(COUNTIF($R$2:$R576,\"NIVEL 1\"),V:V,0),COLUMN(W576))","v":"$W$554"},{"$f":"ADDRESS((MATCH(COUNTIF(INDIRECT(Z576):$S576,\"NIVEL 2\"),INDIRECT(AA576):W576,0)+(MATCH(COUNTIF($R$2:$R576,\"NIVEL 1\"),V:V,0)-1)),COLUMN(T576))","v":"$T$568"},null,null,null,null,null,null,null,null,null,null,null,null,null,null,null,null,null,null,null,null,null,null,null,null,null,null,{"$f":"PROCURA_PRECO_SERVICO","v":0}]
[null,null,null,{"$f":"\"SUBTOTAL DO ITEM - \"&A570","v":"SUBTOTAL DO ITEM - 10.2.1"},null,null,null,null,{"$f":"SUBTOTAL(9,OFFSET(I570,1,0):OFFSET(I577,-1,0))","v":23101.85},null,null,null,null,"SUBSUBITEM_FIM",null,null,null,null,null,null,null,{"$f":"COUNTIF($R$2:$R577,\"NIVEL 1\")","v":10},2,1,0,{"$f":"ADDRESS(MATCH(COUNTIF($R$2:$R577,\"NIVEL 1\"),V:V,0),COLUMN(S577))","v":"$S$554"},{"$f":"ADDRESS(MATCH(COUNTIF($R$2:$R577,\"NIVEL 1\"),V:V,0),COLUMN(W577))","v":"$W$554"},{"$f":"ADDRESS((MATCH(COUNTIF(INDIRECT(Z577):$S577,\"NIVEL 2\"),INDIRECT(AA577):W577,0)+(MATCH(COUNTIF($R$2:$R577,\"NIVEL 1\"),V:V,0)-1)),COLUMN(T577))","v":"$T$568"},null,null,null,null,null,null,null,null,null,null,null,null,null,null,null,null,null,null,null,null,null,null,null,null,null,null,{"$f":"PROCURA_PRECO_SERVICO","v":0}]
[null,null,null,null,null,null,null,null,null,null,null,null,null,null,null,null,null,null,null,null,null,{"$f":"COUNTIF($R$2:$R578,\"NIVEL 1\")","v":10},2,1,0,{"$f":"ADDRESS(MATCH(COUNTIF($R$2:$R578,\"NIVEL 1\"),V:V,0),COLUMN(S578))","v":"$S$554"},{"$f":"ADDRESS(MATCH(COUNTIF($R$2:$R578,\"NIVEL 1\"),V:V,0),COLUMN(W578))","v":"$W$554"},{"$f":"ADDRESS((MATCH(COUNTIF(INDIRECT(Z578):$S578,\"NIVEL 2\"),INDIRECT(AA578):W578,0)+(MATCH(COUNTIF($R$2:$R578,\"NIVEL 1\"),V:V,0)-1)),COLUMN(T578))","v":"$T$568"},null,null,null,null,null,null,null,null,null,null,null,null,null,null,null,null,null,null,null,null,null,null,null,null,null,null,{"$f":"PROCURA_PRECO_SERVICO","v":0}]
[null,null,null,{"$f":"\"SUBTOTAL DO ITEM  - \"&A568","v":"SUBTOTAL DO ITEM  - 10.2"},null,null,null,null,{"$f":"SUBTOTAL(9,OFFSET(I568,1,0):OFFSET(I579,-1,0))","v":23101.85},null,null,null,null,"SUBITEM_FIM",null,null,null,null,null,null,null,{"$f":"COUNTIF($R$2:$R579,\"NIVEL 1\")","v":10},2,1,0,{"$f":"ADDRESS(MATCH(COUNTIF($R$2:$R579,\"NIVEL 1\"),V:V,0),COLUMN(S579))","v":"$S$554"},{"$f":"ADDRESS(MATCH(COUNTIF($R$2:$R579,\"NIVEL 1\"),V:V,0),COLUMN(W579))","v":"$W$554"},{"$f":"ADDRESS((MATCH(COUNTIF(INDIRECT(Z579):$S579,\"NIVEL 2\"),INDIRECT(AA579):W579,0)+(MATCH(COUNTIF($R$2:$R579,\"NIVEL 1\"),V:V,0)-1)),COLUMN(T579))","v":"$T$568"},null,null,null,null,null,null,null,null,null,null,null,null,null,null,null,null,null,null,null,null,null,null,null,null,null,null,{"$f":"PROCURA_PRECO_SERVICO","v":0}]
[null,null,null,null,null,null,null,null,null,null,null,null,null,null,null,null,null,null,null,null,null,{"$f":"COUNTIF($R$2:$R580,\"NIVEL 1\")","v":10},2,1,0,{"$f":"ADDRESS(MATCH(COUNTIF($R$2:$R580,\"NIVEL 1\"),V:V,0),COLUMN(S580))","v":"$S$554"},{"$f":"ADDRESS(MATCH(COUNTIF($R$2:$R580,\"NIVEL 1\"),V:V,0),COLUMN(W580))","v":"$W$554"},{"$f":"ADDRESS((MATCH(COUNTIF(INDIRECT(Z580):$S580,\"NIVEL 2\"),INDIRECT(AA580):W580,0)+(MATCH(COUNTIF($R$2:$R580,\"NIVEL 1\"),V:V,0)-1)),COLUMN(T580))","v":"$T$568"},null,null,null,null,null,null,null,null,null,null,null,null,null,null,null,null,null,null,null,null,null,null,null,null,null,null,{"$f":"PROCURA_PRECO_SERVICO","v":0}]
[null,null,null,{"$f":"\"TOTAL DO ITEM - \"&A554","v":"TOTAL DO ITEM - 10"},null,null,null,null,{"$f":"SUBTOTAL(9,OFFSET(I554,1,0):OFFSET(I581,-1,0))","v":95070.04},null,null,null,null,"ITEM_FIM",null,null,null,null,null,null,null,{"$f":"COUNTIF($R$2:$R581,\"NIVEL 1\")","v":10},2,1,0,{"$f":"ADDRESS(MATCH(COUNTIF($R$2:$R581,\"NIVEL 1\"),V:V,0),COLUMN(S581))","v":"$S$554"},{"$f":"ADDRESS(MATCH(COUNTIF($R$2:$R581,\"NIVEL 1\"),V:V,0),COLUMN(W581))","v":"$W$554"},{"$f":"ADDRESS((MATCH(COUNTIF(INDIRECT(Z581):$S581,\"NIVEL 2\"),INDIRECT(AA581):W581,0)+(MATCH(COUNTIF($R$2:$R581,\"NIVEL 1\"),V:V,0)-1)),COLUMN(T581))","v":"$T$568"},null,null,null,null,null,null,null,null,null,null,null,null,null,null,null,null,null,null,null,null,null,null,null,null,null,null,{"$f":"PROCURA_PRECO_SERVICO","v":0}]
[null,null,null,null,null,null,null,{"$f":"TRUNC(G582*(1+$I$3),2)","v":0},null,null,null,null,null,null,null,null,null,null,null,null,null,{"$f":"COUNTIF($R$2:$R582,\"NIVEL 1\")","v":10},2,1,{"$f":"IF(U582=\"NIVEL 4\",OFFSET(Y582,-1,0)+1,0)","v":0},{"$f":"ADDRESS(MATCH(COUNTIF($R$2:$R582,\"NIVEL 1\"),V:V,0),COLUMN(S582))","v":"$S$554"},{"$f":"ADDRESS(MATCH(COUNTIF($R$2:$R582,\"NIVEL 1\"),V:V,0),COLUMN(W582))","v":"$W$554"},{"$f":"ADDRESS((MATCH(COUNTIF(INDIRECT(Z582):$S582,\"NIVEL 2\"),INDIRECT(AA582):W582,0)+(MATCH(COUNTIF($R$2:$R582,\"NIVEL 1\"),V:V,0)-1)),COLUMN(T582))","v":"$T$568"},null,null,null,null,null,null,null,null,null,null,null,null,null,null,null,null,null,null,null,null,null,null,null,null,null,null,{"$f":"PROCURA_PRECO_SERVICO","v":0}]
[{"$f":"V583","v":11},null,null,"FORROS",null,null,null,null,null,null,null,null,null,"ITEM_INICIO",null,null,null,"NIVEL 1",null,null,null,{"$f":"COUNTIF($R$2:$R583,\"NIVEL 1\")","v":11},0,0,0,{"$f":"ADDRESS(MATCH(COUNTIF($R$2:$R583,\"NIVEL 1\"),V:V,0),COLUMN(S583))","v":"$S$583"},{"$f":"ADDRESS(MATCH(COUNTIF($R$2:$R583,\"NIVEL 1\"),V:V,0),COLUMN(W583))","v":"$W$583"},{"$f":"ADDRESS((MATCH(COUNTIF(INDIRECT(Z583):$S583,\"NIVEL 2\"),INDIRECT(AA583):W583,0)+(MATCH(COUNTIF($R$2:$R583,\"NIVEL 1\"),V:V,0)-1)),COLUMN(T583))","v":"$T$583"},null,{"$f":"A583","v":11},null,null,{"$f":"D583","v":"FORROS"},{"$f":"I595","v":10150.3},{"$f":"AH583/$I$1374","v":0.00520551240187957},null,null,null,null,null,null,null,null,null,null,null,null,null,null,null,null,null,null,null,{"$f":"PROCURA_PRECO_SERVICO","v":0}]
[null,null,null,null,null,null,null,null,null,null,null,null,null,null,null,null,null,null,null,null,null,{"$f":"COUNTIF($R$2:$R584,\"NIVEL 1\")","v":11},{"$f":"IFERROR(COUNTIF(INDIRECT(Z584):S584,\"NIVEL 2\"),0)","v":0},{"$f":"COUNTIF(INDIRECT(AB584):T584,\"NIVEL 3\")","v":0},0,{"$f":"ADDRESS(MATCH(COUNTIF($R$2:$R584,\"NIVEL 1\"),V:V,0),COLUMN(S584))","v":"$S$583"},{"$f":"ADDRESS(MATCH(COUNTIF($R$2:$R584,\"NIVEL 1\"),V:V,0),COLUMN(W584))","v":"$W$583"},{"$f":"ADDRESS((MATCH(COUNTIF(INDIRECT(Z584):$S584,\"NIVEL 2\"),INDIRECT(AA584):W584,0)+(MATCH(COUNTIF($R$2:$R584,\"NIVEL 1\"),V:V,0)-1)),COLUMN(T584))","v":"$T$583"},null,null,null,null,null,null,null,null,null,null,null,null,null,null,null,null,null,null,null,null,null,null,null,null,null,null,{"$f":"PROCURA_PRECO_SERVICO","v":0}]
[{"$f":"V585&\".\"&W585","v":"11.1"},null,null,"FORRO EM GESSO",null,null,null,null,null,null,null,null,null,"SUBITEM_INICIO",null,null,null,"NIVEL 2","NIVEL 2",null,null,{"$f":"COUNTIF($R$2:$R585,\"NIVEL 1\")","v":11},1,0,0,{"$f":"ADDRESS(MATCH(COUNTIF($R$2:$R585,\"NIVEL 1\"),V:V,0),COLUMN(S585))","v":"$S$583"},{"$f":"ADDRESS(MATCH(COUNTIF($R$2:$R585,\"NIVEL 1\"),V:V,0),COLUMN(W585))","v":"$W$583"},{"$f":"ADDRESS((MATCH(COUNTIF(INDIRECT(Z585):$S585,\"NIVEL 2\"),INDIRECT(AA585):W585,0)+(MATCH(COUNTIF($R$2:$R585,\"NIVEL 1\"),V:V,0)-1)),COLUMN(T585))","v":"$T$585"},null,null,null,null,null,null,null,null,null,null,null,null,null,null,null,null,null,null,null,null,null,null,null,null,null,null,{"$f":"PROCURA_PRECO_SERVICO","v":0}]
[null,null,null,null,null,null,null,null,null,null,null,null,null,null,null,null,null,null,null,null,null,{"$f":"COUNTIF($R$2:$R586,\"NIVEL 1\")","v":11},1,0,0,{"$f":"ADDRESS(MATCH(COUNTIF($R$2:$R586,\"NIVEL 1\"),V:V,0),COLUMN(S586))","v":"$S$583"},{"$f":"ADDRESS(MATCH(COUNTIF($R$2:$R586,\"NIVEL 1\"),V:V,0),COLUMN(W586))","v":"$W$583"},{"$f":"ADDRESS((MATCH(COUNTIF(INDIRECT(Z586):$S586,\"NIVEL 2\"),INDIRECT(AA586):W586,0)+(MATCH(COUNTIF($R$2:$R586,\"NIVEL 1\"),V:V,0)-1)),COLUMN(T586))","v":"$T$585"},null,null,null,null,null,null,null,null,null,null,null,null,null,null,null,null,null,null,null,null,null,null,null,null,null,null,{"$f":"PROCURA_PRECO_SERVICO","v":0}]
[{"$f":"V587&\".\"&W587&\".\"&X587","v":"11.1.1"},null,null,"FORRO EM GESSO ",null,null,null,null,null,null,null,null,null,"SUBSUBITEM_INICIO",null,null,null,"NIVEL 3","NIVEL 3","NIVEL 3",null,{"$f":"COUNTIF($R$2:$R587,\"NIVEL 1\")","v":11},1,1,0,{"$f":"ADDRESS(MATCH(COUNTIF($R$2:$R587,\"NIVEL 1\"),V:V,0),COLUMN(S587))","v":"$S$583"},{"$f":"ADDRESS(MATCH(COUNTIF($R$2:$R587,\"NIVEL 1\"),V:V,0),COLUMN(W587))","v":"$W$583"},{"$f":"ADDRESS((MATCH(COUNTIF(INDIRECT(Z587):$S587,\"NIVEL 2\"),INDIRECT(AA587):W587,0)+(MATCH(COUNTIF($R$2:$R587,\"NIVEL 1\"),V:V,0)-1)),COLUMN(T587))","v":"$T$585"},null,null,null,null,null,null,null,null,null,null,null,null,null,null,null,null,null,null,null,null,null,null,null,null,null,null,{"$f":"PROCURA_PRECO_SERVICO","v":0}]
[null,null,null,null,null,null,null,null,null,null,null,null,null,null,null,null,null,null,null,null,null,{"$f":"COUNTIF($R$2:$R588,\"NIVEL 1\")","v":11},1,1,0,{"$f":"ADDRESS(MATCH(COUNTIF($R$2:$R588,\"NIVEL 1\"),V:V,0),COLUMN(S588))","v":"$S$583"},{"$f":"ADDRESS(MATCH(COUNTIF($R$2:$R588,\"NIVEL 1\"),V:V,0),COLUMN(W588))","v":"$W$583"},{"$f":"ADDRESS((MATCH(COUNTIF(INDIRECT(Z588):$S588,\"NIVEL 2\"),INDIRECT(AA588):W588,0)+(MATCH(COUNTIF($R$2:$R588,\"NIVEL 1\"),V:V,0)-1)),COLUMN(T588))","v":"$T$585"},null,null,null,null,null,null,null,null,null,null,null,null,null,null,null,null,null,null,null,null,null,null,null,null,null,null,{"$f":"PROCURA_PRECO_SERVICO","v":0}]
[{"$f":"V589&\".\"&W589&\".\"&X589&\".\"&Y589","v":"11.1.1.1"},"SETOP","ED-49687",{"$f":"PROCURA_DESCRICAO_SERVICO","v":"FORRO EM CHAPA DE GESSO ACARTONADO, ESP. 12,5MM, COM FIXAÇÃO DO TIPO ARAMADO, EXCLUSIVE PERFIL TABICA, SANCA E MOLDURA, INCLUSIVE ACESSÓRIOS E FIXAÇÃO"},{"$f":"PROCURA_UNIDADE_SERVICO","v":"M2"},144.16,{"$f":"PROCURA_PRECO_SERVICO","v":55.78},{"$f":"CUSTO_BDI_SERVICO","v":70.41},{"$f":"CUSTO_TOTAL_SERVICO","v":10150.3},null,null,null,null,"SERVIÇO",null,null,null,"NIVEL 4","NIVEL 4","NIVEL 4","NIVEL 4",{"$f":"COUNTIF($R$2:$R589,\"NIVEL 1\")","v":11},1,1,1,{"$f":"ADDRESS(MATCH(COUNTIF($R$2:$R589,\"NIVEL 1\"),V:V,0),COLUMN(S589))","v":"$S$583"},{"$f":"ADDRESS(MATCH(COUNTIF($R$2:$R589,\"NIVEL 1\"),V:V,0),COLUMN(W589))","v":"$W$583"},{"$f":"ADDRESS((MATCH(COUNTIF(INDIRECT(Z589):$S589,\"NIVEL 2\"),INDIRECT(AA589):W589,0)+(MATCH(COUNTIF($R$2:$R589,\"NIVEL 1\"),V:V,0)-1)),COLUMN(T589))","v":"$T$585"},null,null,null,null,null,null,null,null,null,null,null,null,null,null,null,null,null,null,null,null,null,null,null,null,null,null,{"$f":"PROCURA_PRECO_SERVICO","v":55.78}]
[null,null,null,null,null,null,null,null,null,null,null,null,null,null,null,null,null,null,null,null,null,{"$f":"COUNTIF($R$2:$R590,\"NIVEL 1\")","v":11},1,1,0,{"$f":"ADDRESS(MATCH(COUNTIF($R$2:$R590,\"NIVEL 1\"),V:V,0),COLUMN(S590))","v":"$S$583"},{"$f":"ADDRESS(MATCH(COUNTIF($R$2:$R590,\"NIVEL 1\"),V:V,0),COLUMN(W590))","v":"$W$583"},{"$f":"ADDRESS((MATCH(COUNTIF(INDIRECT(Z590):$S590,\"NIVEL 2\"),INDIRECT(AA590):W590,0)+(MATCH(COUNTIF($R$2:$R590,\"NIVEL 1\"),V:V,0)-1)),COLUMN(T590))","v":"$T$585"},null,null,null,null,null,null,null,null,null,null,null,null,null,null,null,null,null,null,null,null,null,null,null,null,null,null,{"$f":"PROCURA_PRECO_SERVICO","v":0}]
[null,null,null,{"$f":"\"SUBTOTAL DO ITEM - \"&A587","v":"SUBTOTAL DO ITEM - 11.1.1"},null,null,null,null,{"$f":"SUBTOTAL(9,OFFSET(I587,1,0):OFFSET(I591,-1,0))","v":10150.3},null,null,null,null,"SUBSUBITEM_FIM",null,null,null,null,null,null,null,{"$f":"COUNTIF($R$2:$R591,\"NIVEL 1\")","v":11},1,1,0,{"$f":"ADDRESS(MATCH(COUNTIF($R$2:$R591,\"NIVEL 1\"),V:V,0),COLUMN(S591))","v":"$S$583"},{"$f":"ADDRESS(MATCH(COUNTIF($R$2:$R591,\"NIVEL 1\"),V:V,0),COLUMN(W591))","v":"$W$583"},{"$f":"ADDRESS((MATCH(COUNTIF(INDIRECT(Z591):$S591,\"NIVEL 2\"),INDIRECT(AA591):W591,0)+(MATCH(COUNTIF($R$2:$R591,\"NIVEL 1\"),V:V,0)-1)),COLUMN(T591))","v":"$T$585"},null,null,null,null,null,null,null,null,null,null,null,null,null,null,null,null,null,null,null,null,null,null,null,null,null,null,{"$f":"PROCURA_PRECO_SERVICO","v":0}]
[null,null,null,null,null,null,null,null,null,null,null,null,null,null,null,null,null,null,null,null,null,{"$f":"COUNTIF($R$2:$R592,\"NIVEL 1\")","v":11},1,1,0,{"$f":"ADDRESS(MATCH(COUNTIF($R$2:$R592,\"NIVEL 1\"),V:V,0),COLUMN(S592))","v":"$S$583"},{"$f":"ADDRESS(MATCH(COUNTIF($R$2:$R592,\"NIVEL 1\"),V:V,0),COLUMN(W592))","v":"$W$583"},{"$f":"ADDRESS((MATCH(COUNTIF(INDIRECT(Z592):$S592,\"NIVEL 2\"),INDIRECT(AA592):W592,0)+(MATCH(COUNTIF($R$2:$R592,\"NIVEL 1\"),V:V,0)-1)),COLUMN(T592))","v":"$T$585"},null,null,null,null,null,null,null,null,null,null,null,null,null,null,null,null,null,null,null,null,null,null,null,null,null,null,{"$f":"PROCURA_PRECO_SERVICO","v":0}]
[null,null,null,{"$f":"\"SUBTOTAL DO ITEM  - \"&A585","v":"SUBTOTAL DO ITEM  - 11.1"},null,null,null,null,{"$f":"SUBTOTAL(9,OFFSET(I585,1,0):OFFSET(I593,-1,0))","v":10150.3},null,null,null,null,"SUBITEM_FIM",null,null,null,null,null,null,null,{"$f":"COUNTIF($R$2:$R593,\"NIVEL 1\")","v":11},1,1,0,{"$f":"ADDRESS(MATCH(COUNTIF($R$2:$R593,\"NIVEL 1\"),V:V,0),COLUMN(S593))","v":"$S$583"},{"$f":"ADDRESS(MATCH(COUNTIF($R$2:$R593,\"NIVEL 1\"),V:V,0),COLUMN(W593))","v":"$W$583"},{"$f":"ADDRESS((MATCH(COUNTIF(INDIRECT(Z593):$S593,\"NIVEL 2\"),INDIRECT(AA593):W593,0)+(MATCH(COUNTIF($R$2:$R593,\"NIVEL 1\"),V:V,0)-1)),COLUMN(T593))","v":"$T$585"},null,null,null,null,null,null,null,null,null,null,null,null,null,null,null,null,null,null,null,null,null,null,null,null,null,null,{"$f":"PROCURA_PRECO_SERVICO","v":0}]
[null,null,null,null,null,null,null,null,null,null,null,null,null,null,null,null,null,null,null,null,null,{"$f":"COUNTIF($R$2:$R594,\"NIVEL 1\")","v":11},1,1,0,{"$f":"ADDRESS(MATCH(COUNTIF($R$2:$R594,\"NIVEL 1\"),V:V,0),COLUMN(S594))","v":"$S$583"},{"$f":"ADDRESS(MATCH(COUNTIF($R$2:$R594,\"NIVEL 1\"),V:V,0),COLUMN(W594))","v":"$W$583"},{"$f":"ADDRESS((MATCH(COUNTIF(INDIRECT(Z594):$S594,\"NIVEL 2\"),INDIRECT(AA594):W594,0)+(MATCH(COUNTIF($R$2:$R594,\"NIVEL 1\"),V:V,0)-1)),COLUMN(T594))","v":"$T$585"},null,null,null,null,null,null,null,null,null,null,null,null,null,null,null,null,null,null,null,null,null,null,null,null,null,null,{"$f":"PROCURA_PRECO_SERVICO","v":0}]
[null,null,null,{"$f":"\"TOTAL DO ITEM - \"&A583","v":"TOTAL DO ITEM - 11"},null,null,null,null,{"$f":"SUBTOTAL(9,OFFSET(I583,1,0):OFFSET(I595,-1,0))","v":10150.3},null,null,null,null,"ITEM_FIM",null,null,null,null,null,null,null,{"$f":"COUNTIF($R$2:$R595,\"NIVEL 1\")","v":11},1,1,0,{"$f":"ADDRESS(MATCH(COUNTIF($R$2:$R595,\"NIVEL 1\"),V:V,0),COLUMN(S595))","v":"$S$583"},{"$f":"ADDRESS(MATCH(COUNTIF($R$2:$R595,\"NIVEL 1\"),V:V,0),COLUMN(W595))","v":"$W$583"},{"$f":"ADDRESS((MATCH(COUNTIF(INDIRECT(Z595):$S595,\"NIVEL 2\"),INDIRECT(AA595):W595,0)+(MATCH(COUNTIF($R$2:$R595,\"NIVEL 1\"),V:V,0)-1)),COLUMN(T595))","v":"$T$585"},null,null,null,null,null,null,null,null,null,null,null,null,null,null,null,null,null,null,null,null,null,null,null,null,null,null,{"$f":"PROCURA_PRECO_SERVICO","v":0}]
[null,null,null,null,null,null,null,{"$f":"TRUNC(G596*(1+$I$3),2)","v":0},null,null,null,null,null,null,null,null,null,null,null,null,null,{"$f":"COUNTIF($R$2:$R596,\"NIVEL 1\")","v":11},1,1,0,{"$f":"ADDRESS(MATCH(COUNTIF($R$2:$R596,\"NIVEL 1\"),V:V,0),COLUMN(S596))","v":"$S$583"},{"$f":"ADDRESS(MATCH(COUNTIF($R$2:$R596,\"NIVEL 1\"),V:V,0),COLUMN(W596))","v":"$W$583"},{"$f":"ADDRESS((MATCH(COUNTIF(INDIRECT(Z596):$S596,\"NIVEL 2\"),INDIRECT(AA596):W596,0)+(MATCH(COUNTIF($R$2:$R596,\"NIVEL 1\"),V:V,0)-1)),COLUMN(T596))","v":"$T$585"},null,null,null,null,null,null,null,null,null,null,null,null,null,null,null,null,null,null,null,null,null,null,null,null,null,null,{"$f":"PROCURA_PRECO_SERVICO","v":0}]
[{"$f":"V597","v":12},null,null,"ESQUADRIAS",null,null,null,null,null,null,null,null,null,"ITEM_INICIO",null,null,null,"NIVEL 1",null,null,null,{"$f":"COUNTIF($R$2:$R597,\"NIVEL 1\")","v":12},0,0,0,{"$f":"ADDRESS(MATCH(COUNTIF($R$2:$R597,\"NIVEL 1\"),V:V,0),COLUMN(S597))","v":"$S$597"},{"$f":"ADDRESS(MATCH(COUNTIF($R$2:$R597,\"NIVEL 1\"),V:V,0),COLUMN(W597))","v":"$W$597"},{"$f":"ADDRESS((MATCH(COUNTIF(INDIRECT(Z597):$S597,\"NIVEL 2\"),INDIRECT(AA597):W597,0)+(MATCH(COUNTIF($R$2:$R597,\"NIVEL 1\"),V:V,0)-1)),COLUMN(T597))","v":"$T$597"},null,{"$f":"A597","v":12},null,null,{"$f":"D597","v":"ESQUADRIAS"},{"$f":"I639","v":120306.98},{"$f":"AH597/$I$1374","v":0.0616986174224089},null,null,null,null,null,null,null,null,null,null,null,null,null,null,null,null,null,null,null,{"$f":"PROCURA_PRECO_SERVICO","v":0}]
[null,null,null,null,null,null,null,null,null,null,null,null,null,null,null,null,null,null,null,null,null,{"$f":"COUNTIF($R$2:$R598,\"NIVEL 1\")","v":12},0,0,0,{"$f":"ADDRESS(MATCH(COUNTIF($R$2:$R598,\"NIVEL 1\"),V:V,0),COLUMN(S598))","v":"$S$597"},{"$f":"ADDRESS(MATCH(COUNTIF($R$2:$R598,\"NIVEL 1\"),V:V,0),COLUMN(W598))","v":"$W$597"},{"$f":"ADDRESS((MATCH(COUNTIF(INDIRECT(Z598):$S598,\"NIVEL 2\"),INDIRECT(AA598):W598,0)+(MATCH(COUNTIF($R$2:$R598,\"NIVEL 1\"),V:V,0)-1)),COLUMN(T598))","v":"$T$597"},null,null,null,null,null,null,null,null,null,null,null,null,null,null,null,null,null,null,null,null,null,null,null,null,null,null,{"$f":"PROCURA_PRECO_SERVICO","v":0}]
[{"$f":"V599&\".\"&W599","v":"12.1"},null,null,"JANELAS",null,null,null,null,null,null,null,null,null,"SUBITEM_INICIO",null,null,null,"NIVEL 2","NIVEL 2",null,null,{"$f":"COUNTIF($R$2:$R599,\"NIVEL 1\")","v":12},1,0,0,{"$f":"ADDRESS(MATCH(COUNTIF($R$2:$R599,\"NIVEL 1\"),V:V,0),COLUMN(S599))","v":"$S$597"},{"$f":"ADDRESS(MATCH(COUNTIF($R$2:$R599,\"NIVEL 1\"),V:V,0),COLUMN(W599))","v":"$W$597"},{"$f":"ADDRESS((MATCH(COUNTIF(INDIRECT(Z599):$S599,\"NIVEL 2\"),INDIRECT(AA599):W599,0)+(MATCH(COUNTIF($R$2:$R599,\"NIVEL 1\"),V:V,0)-1)),COLUMN(T599))","v":"$T$599"},null,null,null,null,null,null,null,null,null,null,null,null,null,null,null,null,null,null,null,null,null,null,null,null,null,null,{"$f":"PROCURA_PRECO_SERVICO","v":0}]
[null,null,null,null,null,null,null,null,null,null,null,null,null,null,null,null,null,null,null,null,null,{"$f":"COUNTIF($R$2:$R600,\"NIVEL 1\")","v":12},1,0,0,{"$f":"ADDRESS(MATCH(COUNTIF($R$2:$R600,\"NIVEL 1\"),V:V,0),COLUMN(S600))","v":"$S$597"},{"$f":"ADDRESS(MATCH(COUNTIF($R$2:$R600,\"NIVEL 1\"),V:V,0),COLUMN(W600))","v":"$W$597"},{"$f":"ADDRESS((MATCH(COUNTIF(INDIRECT(Z600):$S600,\"NIVEL 2\"),INDIRECT(AA600):W600,0)+(MATCH(COUNTIF($R$2:$R600,\"NIVEL 1\"),V:V,0)-1)),COLUMN(T600))","v":"$T$599"},null,null,null,null,null,null,null,null,null,null,null,null,null,null,null,null,null,null,null,null,null,null,null,null,null,null,{"$f":"PROCURA_PRECO_SERVICO","v":0}]
[{"$f":"V601&\".\"&W601&\".\"&X601","v":"12.1.1"},null,null,"JANELAS",null,null,null,null,null,null,null,null,null,"SUBSUBITEM_INICIO",null,null,null,"NIVEL 3","NIVEL 3","NIVEL 3",null,{"$f":"COUNTIF($R$2:$R601,\"NIVEL 1\")","v":12},1,1,0,{"$f":"ADDRESS(MATCH(COUNTIF($R$2:$R601,\"NIVEL 1\"),V:V,0),COLUMN(S601))","v":"$S$597"},{"$f":"ADDRESS(MATCH(COUNTIF($R$2:$R601,\"NIVEL 1\"),V:V,0),COLUMN(W601))","v":"$W$597"},{"$f":"ADDRESS((MATCH(COUNTIF(INDIRECT(Z601):$S601,\"NIVEL 2\"),INDIRECT(AA601):W601,0)+(MATCH(COUNTIF($R$2:$R601,\"NIVEL 1\"),V:V,0)-1)),COLUMN(T601))","v":"$T$599"},null,null,null,null,null,null,null,null,null,null,null,null,null,null,null,null,null,null,null,null,null,null,null,null,null,null,{"$f":"PROCURA_PRECO_SERVICO","v":0}]
[null,null,null,null,null,null,null,null,null,null,null,null,null,null,null,null,null,null,null,null,null,{"$f":"COUNTIF($R$2:$R602,\"NIVEL 1\")","v":12},1,1,0,{"$f":"ADDRESS(MATCH(COUNTIF($R$2:$R602,\"NIVEL 1\"),V:V,0),COLUMN(S602))","v":"$S$597"},{"$f":"ADDRESS(MATCH(COUNTIF($R$2:$R602,\"NIVEL 1\"),V:V,0),COLUMN(W602))","v":"$W$597"},{"$f":"ADDRESS((MATCH(COUNTIF(INDIRECT(Z602):$S602,\"NIVEL 2\"),INDIRECT(AA602):W602,0)+(MATCH(COUNTIF($R$2:$R602,\"NIVEL 1\"),V:V,0)-1)),COLUMN(T602))","v":"$T$599"},null,null,null,null,null,null,null,null,null,null,null,null,null,null,null,null,null,null,null,null,null,null,null,null,null,null,{"$f":"PROCURA_PRECO_SERVICO","v":0}]
[{"$f":"V603&\".\"&W603&\".\"&X603&\".\"&Y603","v":"12.1.1.1"},"COMPOSIÇÃO","JMV-CRAS-151",{"$f":"PROCURA_DESCRICAO_SERVICO","v":"JANELA EM ALUMÍNIO, COR NATURAL, PRETA OU BRANCA, 2 FOLHAS TIPO VENEZIANA DE ABRIR , COMPLETA INCLUSIVE CAIXILHOS, 2 FOLHAS DE ALUMINIO COM VIDROS INCLUSIVE DOBRADIÇAS OU ROLDANAS E FECHADURA. R_11/2019 - BASEADO EM CAERN (1090050)"},{"$f":"PROCURA_UNIDADE_SERVICO","v":"M²"},4.8,{"$f":"PROCURA_PRECO_SERVICO","v":1011.32},{"$f":"CUSTO_BDI_SERVICO","v":1276.69},{"$f":"CUSTO_TOTAL_SERVICO","v":6128.11},null,null,null,null,"SERVIÇO",null,null,null,"NIVEL 4","NIVEL 4","NIVEL 4","NIVEL 4",{"$f":"COUNTIF($R$2:$R603,\"NIVEL 1\")","v":12},1,1,{"$f":"IF(U603=\"NIVEL 4\",OFFSET(Y603,-1,0)+1,0)","v":1},{"$f":"ADDRESS(MATCH(COUNTIF($R$2:$R603,\"NIVEL 1\"),V:V,0),COLUMN(S603))","v":"$S$597"},{"$f":"ADDRESS(MATCH(COUNTIF($R$2:$R603,\"NIVEL 1\"),V:V,0),COLUMN(W603))","v":"$W$597"},{"$f":"ADDRESS((MATCH(COUNTIF(INDIRECT(Z603):$S603,\"NIVEL 2\"),INDIRECT(AA603):W603,0)+(MATCH(COUNTIF($R$2:$R603,\"NIVEL 1\"),V:V,0)-1)),COLUMN(T603))","v":"$T$599"},null,null,null,null,null,null,null,null,null,null,null,null,null,null,null,null,null,null,null,null,null,null,null,null,null,null,{"$f":"PROCURA_PRECO_SERVICO","v":1011.32}]
["12.1.1.2","SETOP","ED-50532",{"$f":"PROCURA_DESCRICAO_SERVICO","v":"PINTURA ANTICORROSIVA A BASE DE ÓXIDO DE FERRO (ZARCÃO) EM ESQUADRIA E SUPERFÍCIE METÁLICA, UMA (1) DEMÃO"},{"$f":"PROCURA_UNIDADE_SERVICO","v":"M2"},74.48,{"$f":"PROCURA_PRECO_SERVICO","v":11.21},14.15,1053.89,null,null,null,null,"SERVIÇO",null,null,null,"NIVEL 4","NIVEL 4","NIVEL 4","NIVEL 4",{"$f":"COUNTIF($R$2:$R604,\"NIVEL 1\")","v":12},1,1,2,{"$f":"ADDRESS(MATCH(COUNTIF($R$2:$R604,\"NIVEL 1\"),V:V,0),COLUMN(S604))","v":"$S$597"},{"$f":"ADDRESS(MATCH(COUNTIF($R$2:$R604,\"NIVEL 1\"),V:V,0),COLUMN(W604))","v":"$W$597"},{"$f":"ADDRESS((MATCH(COUNTIF(INDIRECT(Z604):$S604,\"NIVEL 2\"),INDIRECT(AA604):W604,0)+(MATCH(COUNTIF($R$2:$R604,\"NIVEL 1\"),V:V,0)-1)),COLUMN(T604))","v":"$T$599"},null,null,null,null,null,null,null,null,null,null,null,null,null,null,null,null,null,null,null,null,null,null,null,null,null,null,{"$f":"PROCURA_PRECO_SERVICO","v":11.21}]
["12.1.1.3","SETOP","ED-50964",{"$f":"PROCURA_DESCRICAO_SERVICO","v":"FORNECIMENTO E ASSENTAMENTO DE JANELA DE ALUMÍNIO, LINHA SUPREMA ACABAMENTO ANODIZADO, TIPO MAXIM-AR COM CONTRAMARCO, INCLUSIVE FORNECIMENTO DE VIDRO LISO DE 4MM, FERRAGENS E ACESSÓRIOS"},{"$f":"PROCURA_UNIDADE_SERVICO","v":"M2"},18.64,{"$f":"PROCURA_PRECO_SERVICO","v":752.61},950.09,17709.67,null,null,null,null,"SERVIÇO",null,null,null,"NIVEL 4","NIVEL 4","NIVEL 4","NIVEL 4",{"$f":"COUNTIF($R$2:$R605,\"NIVEL 1\")","v":12},1,1,3,{"$f":"ADDRESS(MATCH(COUNTIF($R$2:$R605,\"NIVEL 1\"),V:V,0),COLUMN(S605))","v":"$S$597"},{"$f":"ADDRESS(MATCH(COUNTIF($R$2:$R605,\"NIVEL 1\"),V:V,0),COLUMN(W605))","v":"$W$597"},{"$f":"ADDRESS((MATCH(COUNTIF(INDIRECT(Z605):$S605,\"NIVEL 2\"),INDIRECT(AA605):W605,0)+(MATCH(COUNTIF($R$2:$R605,\"NIVEL 1\"),V:V,0)-1)),COLUMN(T605))","v":"$T$599"},null,null,null,null,null,null,null,null,null,null,null,null,null,null,null,null,null,null,null,null,null,null,null,null,null,null,{"$f":"PROCURA_PRECO_SERVICO","v":752.61}]
["12.1.1.4","SETOP","ED-50508",{"$f":"PROCURA_DESCRICAO_SERVICO","v":"LIXAMENTO MANUAL EM SUPERFÍCIE METÁLICA PARA REMOÇÃO DE TINTA"},{"$f":"PROCURA_UNIDADE_SERVICO","v":"M2"},28.64,{"$f":"PROCURA_PRECO_SERVICO","v":4.63},5.84,167.25,null,null,null,null,"SERVIÇO",null,null,null,"NIVEL 4","NIVEL 4","NIVEL 4","NIVEL 4",{"$f":"COUNTIF($R$2:$R606,\"NIVEL 1\")","v":12},1,1,{"$f":"IF(U606=\"NIVEL 4\",OFFSET(Y606,-1,0)+1,0)","v":4},{"$f":"ADDRESS(MATCH(COUNTIF($R$2:$R606,\"NIVEL 1\"),V:V,0),COLUMN(S606))","v":"$S$597"},{"$f":"ADDRESS(MATCH(COUNTIF($R$2:$R606,\"NIVEL 1\"),V:V,0),COLUMN(W606))","v":"$W$597"},{"$f":"ADDRESS((MATCH(COUNTIF(INDIRECT(Z606):$S606,\"NIVEL 2\"),INDIRECT(AA606):W606,0)+(MATCH(COUNTIF($R$2:$R606,\"NIVEL 1\"),V:V,0)-1)),COLUMN(T606))","v":"$T$599"},null,null,null,null,null,null,null,null,null,null,null,null,null,null,null,null,null,null,null,null,null,null,null,null,null,null,{"$f":"PROCURA_PRECO_SERVICO","v":4.63}]
["12.1.1.5","SINAPI","100758",{"$f":"PROCURA_DESCRICAO_SERVICO","v":"PINTURA COM TINTA ALQUÍDICA DE ACABAMENTO (ESMALTE SINTÉTICO ACETINADO) APLICADA A ROLO OU PINCEL SOBRE SUPERFÍCIES METÁLICAS (EXCETO PERFIL) EXECUTADO EM OBRA (02 DEMÃOS). AF_01/2020"},{"$f":"PROCURA_UNIDADE_SERVICO","v":"M2"},29.36,{"$f":"PROCURA_PRECO_SERVICO","v":"49,77"},62.82,1844.39,null,null,null,null,"SERVIÇO",null,null,null,"NIVEL 4","NIVEL 4","NIVEL 4","NIVEL 4",{"$f":"COUNTIF($R$2:$R607,\"NIVEL 1\")","v":12},1,1,5,{"$f":"ADDRESS(MATCH(COUNTIF($R$2:$R607,\"NIVEL 1\"),V:V,0),COLUMN(S607))","v":"$S$597"},{"$f":"ADDRESS(MATCH(COUNTIF($R$2:$R607,\"NIVEL 1\"),V:V,0),COLUMN(W607))","v":"$W$597"},{"$f":"ADDRESS((MATCH(COUNTIF(INDIRECT(Z607):$S607,\"NIVEL 2\"),INDIRECT(AA607):W607,0)+(MATCH(COUNTIF($R$2:$R607,\"NIVEL 1\"),V:V,0)-1)),COLUMN(T607))","v":"$T$599"},null,null,null,null,null,null,null,null,null,null,null,null,null,null,null,null,null,null,null,null,null,null,null,null,null,null,{"$f":"PROCURA_PRECO_SERVICO","v":"49,77"}]
["12.1.1.6","SINAPI","100674",{"$f":"PROCURA_DESCRICAO_SERVICO","v":"JANELA FIXA DE ALUMÍNIO PARA VIDRO, COM VIDRO, BATENTE E FERRAGENS. EXCLUSIVE ACABAMENTO, ALIZAR E CONTRAMARCO. FORNECIMENTO E INSTALAÇÃO. AF_12/2019"},{"$f":"PROCURA_UNIDADE_SERVICO","v":"M2"},13.8,{"$f":"PROCURA_PRECO_SERVICO","v":"553,26"},698.43,9638.33,null,null,null,null,"SERVIÇO",null,null,null,"NIVEL 4","NIVEL 4","NIVEL 4","NIVEL 4",{"$f":"COUNTIF($R$2:$R608,\"NIVEL 1\")","v":12},1,1,6,{"$f":"ADDRESS(MATCH(COUNTIF($R$2:$R608,\"NIVEL 1\"),V:V,0),COLUMN(S608))","v":"$S$597"},{"$f":"ADDRESS(MATCH(COUNTIF($R$2:$R608,\"NIVEL 1\"),V:V,0),COLUMN(W608))","v":"$W$597"},{"$f":"ADDRESS((MATCH(COUNTIF(INDIRECT(Z608):$S608,\"NIVEL 2\"),INDIRECT(AA608):W608,0)+(MATCH(COUNTIF($R$2:$R608,\"NIVEL 1\"),V:V,0)-1)),COLUMN(T608))","v":"$T$599"},null,null,null,null,null,null,null,null,null,null,null,null,null,null,null,null,null,null,null,null,null,null,null,null,null,null,{"$f":"PROCURA_PRECO_SERVICO","v":"553,26"}]
["12.1.1.7","SINAPI","94589",{"$f":"PROCURA_DESCRICAO_SERVICO","v":"CONTRAMARCO DE ALUMÍNIO, FIXAÇÃO COM ARGAMASSA - FORNECIMENTO E INSTALAÇÃO. AF_12/2019"},{"$f":"PROCURA_UNIDADE_SERVICO","v":"M"},20.54,{"$f":"PROCURA_PRECO_SERVICO","v":"19,66"},24.81,509.59,null,null,null,null,"SERVIÇO",null,null,null,"NIVEL 4","NIVEL 4","NIVEL 4","NIVEL 4",{"$f":"COUNTIF($R$2:$R609,\"NIVEL 1\")","v":12},1,1,7,{"$f":"ADDRESS(MATCH(COUNTIF($R$2:$R609,\"NIVEL 1\"),V:V,0),COLUMN(S609))","v":"$S$597"},{"$f":"ADDRESS(MATCH(COUNTIF($R$2:$R609,\"NIVEL 1\"),V:V,0),COLUMN(W609))","v":"$W$597"},{"$f":"ADDRESS((MATCH(COUNTIF(INDIRECT(Z609):$S609,\"NIVEL 2\"),INDIRECT(AA609):W609,0)+(MATCH(COUNTIF($R$2:$R609,\"NIVEL 1\"),V:V,0)-1)),COLUMN(T609))","v":"$T$599"},null,null,null,null,null,null,null,null,null,null,null,null,null,null,null,null,null,null,null,null,null,null,null,null,null,null,{"$f":"PROCURA_PRECO_SERVICO","v":"19,66"}]
["12.1.1.8","SETOP","ED-50956",{"$f":"PROCURA_DESCRICAO_SERVICO","v":"FORNECIMENTO E ASSENTAMENTO DE JANELA EM FERRO, TIPO MAXIM-AR, INCLUSIVE FERRAGENS E ACESSÓRIOS"},{"$f":"PROCURA_UNIDADE_SERVICO","v":"M2"},4.48,{"$f":"PROCURA_PRECO_SERVICO","v":376.25},474.97,2127.86,null,null,null,null,"SERVIÇO",null,null,null,"NIVEL 4","NIVEL 4","NIVEL 4","NIVEL 4",{"$f":"COUNTIF($R$2:$R610,\"NIVEL 1\")","v":12},1,1,8,{"$f":"ADDRESS(MATCH(COUNTIF($R$2:$R610,\"NIVEL 1\"),V:V,0),COLUMN(S610))","v":"$S$597"},{"$f":"ADDRESS(MATCH(COUNTIF($R$2:$R610,\"NIVEL 1\"),V:V,0),COLUMN(W610))","v":"$W$597"},{"$f":"ADDRESS((MATCH(COUNTIF(INDIRECT(Z610):$S610,\"NIVEL 2\"),INDIRECT(AA610):W610,0)+(MATCH(COUNTIF($R$2:$R610,\"NIVEL 1\"),V:V,0)-1)),COLUMN(T610))","v":"$T$599"},null,null,null,null,null,null,null,null,null,null,null,null,null,null,null,null,null,null,null,null,null,null,null,null,null,null,{"$f":"PROCURA_PRECO_SERVICO","v":376.25}]
["12.1.1.9","SETOP","ED-50491",{"$f":"PROCURA_DESCRICAO_SERVICO","v":"PINTURA ESMALTE EM ESQUADRIAS DE FERRO, DUAS (2) DEMÃOS, INCLUSIVE UMA (1) DEMÃO DE FUNDO ANTICORROSIVO"},{"$f":"PROCURA_UNIDADE_SERVICO","v":"M2"},36.96,{"$f":"PROCURA_PRECO_SERVICO","v":31.98},40.37,1492.07,null,null,null,null,"SERVIÇO",null,null,null,"NIVEL 4","NIVEL 4","NIVEL 4","NIVEL 4",{"$f":"COUNTIF($R$2:$R611,\"NIVEL 1\")","v":12},1,1,9,{"$f":"ADDRESS(MATCH(COUNTIF($R$2:$R611,\"NIVEL 1\"),V:V,0),COLUMN(S611))","v":"$S$597"},{"$f":"ADDRESS(MATCH(COUNTIF($R$2:$R611,\"NIVEL 1\"),V:V,0),COLUMN(W611))","v":"$W$597"},{"$f":"ADDRESS((MATCH(COUNTIF(INDIRECT(Z611):$S611,\"NIVEL 2\"),INDIRECT(AA611):W611,0)+(MATCH(COUNTIF($R$2:$R611,\"NIVEL 1\"),V:V,0)-1)),COLUMN(T611))","v":"$T$599"},null,null,null,null,null,null,null,null,null,null,null,null,null,null,null,null,null,null,null,null,null,null,null,null,null,null,{"$f":"PROCURA_PRECO_SERVICO","v":31.98}]
["12.1.1.10","SETOP","ED-50955",{"$f":"PROCURA_DESCRICAO_SERVICO","v":"FORNECIMENTO E ASSENTAMENTO DE JANELA DE CORRER EM FERRO"},{"$f":"PROCURA_UNIDADE_SERVICO","v":"M2"},14,{"$f":"PROCURA_PRECO_SERVICO","v":535.73},676.3,9468.2,null,null,null,null,"SERVIÇO",null,null,null,"NIVEL 4","NIVEL 4","NIVEL 4","NIVEL 4",{"$f":"COUNTIF($R$2:$R612,\"NIVEL 1\")","v":12},1,1,10,{"$f":"ADDRESS(MATCH(COUNTIF($R$2:$R612,\"NIVEL 1\"),V:V,0),COLUMN(S612))","v":"$S$597"},{"$f":"ADDRESS(MATCH(COUNTIF($R$2:$R612,\"NIVEL 1\"),V:V,0),COLUMN(W612))","v":"$W$597"},{"$f":"ADDRESS((MATCH(COUNTIF(INDIRECT(Z612):$S612,\"NIVEL 2\"),INDIRECT(AA612):W612,0)+(MATCH(COUNTIF($R$2:$R612,\"NIVEL 1\"),V:V,0)-1)),COLUMN(T612))","v":"$T$599"},null,null,null,null,null,null,null,null,null,null,null,null,null,null,null,null,null,null,null,null,null,null,null,null,null,null,{"$f":"PROCURA_PRECO_SERVICO","v":535.73}]
["12.1.1.11","SETOP","ED-50951",{"$f":"PROCURA_DESCRICAO_SERVICO","v":"FORNECIMENTO E ASSENTAMENTO DE GRADE FIXA DE FERRO, PARA PROTEÇÃO DE JANELAS"},{"$f":"PROCURA_UNIDADE_SERVICO","v":"M2"},14,{"$f":"PROCURA_PRECO_SERVICO","v":341.45},431.04,6034.56,null,null,null,null,"SERVIÇO",null,null,null,"NIVEL 4","NIVEL 4","NIVEL 4","NIVEL 4",{"$f":"COUNTIF($R$2:$R613,\"NIVEL 1\")","v":12},1,1,{"$f":"IF(U613=\"NIVEL 4\",OFFSET(Y613,-1,0)+1,0)","v":11},{"$f":"ADDRESS(MATCH(COUNTIF($R$2:$R613,\"NIVEL 1\"),V:V,0),COLUMN(S613))","v":"$S$597"},{"$f":"ADDRESS(MATCH(COUNTIF($R$2:$R613,\"NIVEL 1\"),V:V,0),COLUMN(W613))","v":"$W$597"},{"$f":"ADDRESS((MATCH(COUNTIF(INDIRECT(Z613):$S613,\"NIVEL 2\"),INDIRECT(AA613):W613,0)+(MATCH(COUNTIF($R$2:$R613,\"NIVEL 1\"),V:V,0)-1)),COLUMN(T613))","v":"$T$599"},null,null,null,null,null,null,null,null,null,null,null,null,null,null,null,null,null,null,null,null,null,null,null,null,null,null,{"$f":"PROCURA_PRECO_SERVICO","v":341.45}]
["12.1.1.12","COMPOSIÇÃO","JMV-CRAS-056",{"$f":"PROCURA_DESCRICAO_SERVICO","v":"FECHAMENTO EM VIDRO TEMPERADO INCOLOR 10MM FIXO - BASEADA DA SBC (090412)"},{"$f":"PROCURA_UNIDADE_SERVICO","v":"M²"},6.463,{"$f":"PROCURA_PRECO_SERVICO","v":664.14},838.41,5418.64,null,null,null,null,"SERVIÇO",null,null,null,"NIVEL 4","NIVEL 4","NIVEL 4","NIVEL 4",{"$f":"COUNTIF($R$2:$R614,\"NIVEL 1\")","v":12},1,1,12,{"$f":"ADDRESS(MATCH(COUNTIF($R$2:$R614,\"NIVEL 1\"),V:V,0),COLUMN(S614))","v":"$S$597"},{"$f":"ADDRESS(MATCH(COUNTIF($R$2:$R614,\"NIVEL 1\"),V:V,0),COLUMN(W614))","v":"$W$597"},{"$f":"ADDRESS((MATCH(COUNTIF(INDIRECT(Z614):$S614,\"NIVEL 2\"),INDIRECT(AA614):W614,0)+(MATCH(COUNTIF($R$2:$R614,\"NIVEL 1\"),V:V,0)-1)),COLUMN(T614))","v":"$T$599"},null,null,null,null,null,null,null,null,null,null,null,null,null,null,null,null,null,null,null,null,null,null,null,null,null,null,{"$f":"PROCURA_PRECO_SERVICO","v":664.14}]
["12.1.1.13","COMPOSIÇÃO","JMV-CRAS-055",{"$f":"PROCURA_DESCRICAO_SERVICO","v":"JANELA BASCULANTE EM FERRO COM VIDRO 4MM - BASEADA DA SBC (111650)"},{"$f":"PROCURA_UNIDADE_SERVICO","v":"M²"},0.36,{"$f":"PROCURA_PRECO_SERVICO","v":699.51},883.06,317.9,null,null,null,null,"SERVIÇO",null,null,null,"NIVEL 4","NIVEL 4","NIVEL 4","NIVEL 4",{"$f":"COUNTIF($R$2:$R615,\"NIVEL 1\")","v":12},1,1,13,{"$f":"ADDRESS(MATCH(COUNTIF($R$2:$R615,\"NIVEL 1\"),V:V,0),COLUMN(S615))","v":"$S$597"},{"$f":"ADDRESS(MATCH(COUNTIF($R$2:$R615,\"NIVEL 1\"),V:V,0),COLUMN(W615))","v":"$W$597"},{"$f":"ADDRESS((MATCH(COUNTIF(INDIRECT(Z615):$S615,\"NIVEL 2\"),INDIRECT(AA615):W615,0)+(MATCH(COUNTIF($R$2:$R615,\"NIVEL 1\"),V:V,0)-1)),COLUMN(T615))","v":"$T$599"},null,null,null,null,null,null,null,null,null,null,null,null,null,null,null,null,null,null,null,null,null,null,null,null,null,null,{"$f":"PROCURA_PRECO_SERVICO","v":699.51}]
[null,null,null,null,null,null,null,null,null,null,null,null,null,null,null,null,null,null,null,null,null,{"$f":"COUNTIF($R$2:$R616,\"NIVEL 1\")","v":12},1,1,0,{"$f":"ADDRESS(MATCH(COUNTIF($R$2:$R616,\"NIVEL 1\"),V:V,0),COLUMN(S616))","v":"$S$597"},{"$f":"ADDRESS(MATCH(COUNTIF($R$2:$R616,\"NIVEL 1\"),V:V,0),COLUMN(W616))","v":"$W$597"},{"$f":"ADDRESS((MATCH(COUNTIF(INDIRECT(Z616):$S616,\"NIVEL 2\"),INDIRECT(AA616):W616,0)+(MATCH(COUNTIF($R$2:$R616,\"NIVEL 1\"),V:V,0)-1)),COLUMN(T616))","v":"$T$599"},null,null,null,null,null,null,null,null,null,null,null,null,null,null,null,null,null,null,null,null,null,null,null,null,null,null,{"$f":"PROCURA_PRECO_SERVICO","v":0}]
[null,null,null,{"$f":"\"SUBTOTAL DO ITEM - \"&A601","v":"SUBTOTAL DO ITEM - 12.1.1"},null,null,null,null,{"$f":"SUBTOTAL(9,OFFSET(I601,1,0):OFFSET(I617,-1,0))","v":61910.46},null,null,null,null,"SUBSUBITEM_FIM",null,null,null,null,null,null,null,{"$f":"COUNTIF($R$2:$R617,\"NIVEL 1\")","v":12},1,1,0,{"$f":"ADDRESS(MATCH(COUNTIF($R$2:$R617,\"NIVEL 1\"),V:V,0),COLUMN(S617))","v":"$S$597"},{"$f":"ADDRESS(MATCH(COUNTIF($R$2:$R617,\"NIVEL 1\"),V:V,0),COLUMN(W617))","v":"$W$597"},{"$f":"ADDRESS((MATCH(COUNTIF(INDIRECT(Z617):$S617,\"NIVEL 2\"),INDIRECT(AA617):W617,0)+(MATCH(COUNTIF($R$2:$R617,\"NIVEL 1\"),V:V,0)-1)),COLUMN(T617))","v":"$T$599"},null,null,null,null,null,null,null,null,null,null,null,null,null,null,null,null,null,null,null,null,null,null,null,null,null,null,{"$f":"PROCURA_PRECO_SERVICO","v":0}]
[null,null,null,null,null,null,null,null,null,null,null,null,null,null,null,null,null,null,null,null,null,{"$f":"COUNTIF($R$2:$R618,\"NIVEL 1\")","v":12},1,1,0,{"$f":"ADDRESS(MATCH(COUNTIF($R$2:$R618,\"NIVEL 1\"),V:V,0),COLUMN(S618))","v":"$S$597"},{"$f":"ADDRESS(MATCH(COUNTIF($R$2:$R618,\"NIVEL 1\"),V:V,0),COLUMN(W618))","v":"$W$597"},{"$f":"ADDRESS((MATCH(COUNTIF(INDIRECT(Z618):$S618,\"NIVEL 2\"),INDIRECT(AA618):W618,0)+(MATCH(COUNTIF($R$2:$R618,\"NIVEL 1\"),V:V,0)-1)),COLUMN(T618))","v":"$T$599"},null,null,null,null,null,null,null,null,null,null,null,null,null,null,null,null,null,null,null,null,null,null,null,null,null,null,{"$f":"PROCURA_PRECO_SERVICO","v":0}]
[null,null,null,{"$f":"\"SUBTOTAL DO ITEM  - \"&A599","v":"SUBTOTAL DO ITEM  - 12.1"},null,null,null,null,{"$f":"SUBTOTAL(9,OFFSET(I599,1,0):OFFSET(I619,-1,0))","v":61910.46},null,null,null,null,"SUBITEM_FIM",null,null,null,null,null,null,null,{"$f":"COUNTIF($R$2:$R619,\"NIVEL 1\")","v":12},1,1,0,{"$f":"ADDRESS(MATCH(COUNTIF($R$2:$R619,\"NIVEL 1\"),V:V,0),COLUMN(S619))","v":"$S$597"},{"$f":"ADDRESS(MATCH(COUNTIF($R$2:$R619,\"NIVEL 1\"),V:V,0),COLUMN(W619))","v":"$W$597"},{"$f":"ADDRESS((MATCH(COUNTIF(INDIRECT(Z619):$S619,\"NIVEL 2\"),INDIRECT(AA619):W619,0)+(MATCH(COUNTIF($R$2:$R619,\"NIVEL 1\"),V:V,0)-1)),COLUMN(T619))","v":"$T$599"},null,null,null,null,null,null,null,null,null,null,null,null,null,null,null,null,null,null,null,null,null,null,null,null,null,null,{"$f":"PROCURA_PRECO_SERVICO","v":0}]
[null,null,null,null,null,null,null,null,null,null,null,null,null,null,null,null,null,null,null,null,null,{"$f":"COUNTIF($R$2:$R620,\"NIVEL 1\")","v":12},1,1,0,{"$f":"ADDRESS(MATCH(COUNTIF($R$2:$R620,\"NIVEL 1\"),V:V,0),COLUMN(S620))","v":"$S$597"},{"$f":"ADDRESS(MATCH(COUNTIF($R$2:$R620,\"NIVEL 1\"),V:V,0),COLUMN(W620))","v":"$W$597"},{"$f":"ADDRESS((MATCH(COUNTIF(INDIRECT(Z620):$S620,\"NIVEL 2\"),INDIRECT(AA620):W620,0)+(MATCH(COUNTIF($R$2:$R620,\"NIVEL 1\"),V:V,0)-1)),COLUMN(T620))","v":"$T$599"},null,null,null,null,null,null,null,null,null,null,null,null,null,null,null,null,null,null,null,null,null,null,null,null,null,null,{"$f":"PROCURA_PRECO_SERVICO","v":0}]
[{"$f":"V621&\".\"&W621","v":"12.2"},null,null,"PORTAS",null,null,null,null,null,null,null,null,null,"SUBITEM_INICIO",null,null,null,"NIVEL 2","NIVEL 2",null,null,{"$f":"COUNTIF($R$2:$R621,\"NIVEL 1\")","v":12},2,0,0,{"$f":"ADDRESS(MATCH(COUNTIF($R$2:$R621,\"NIVEL 1\"),V:V,0),COLUMN(S621))","v":"$S$597"},{"$f":"ADDRESS(MATCH(COUNTIF($R$2:$R621,\"NIVEL 1\"),V:V,0),COLUMN(W621))","v":"$W$597"},{"$f":"ADDRESS((MATCH(COUNTIF(INDIRECT(Z621):$S621,\"NIVEL 2\"),INDIRECT(AA621):W621,0)+(MATCH(COUNTIF($R$2:$R621,\"NIVEL 1\"),V:V,0)-1)),COLUMN(T621))","v":"$T$621"},null,null,null,null,null,null,null,null,null,null,null,null,null,null,null,null,null,null,null,null,null,null,null,null,null,null,{"$f":"PROCURA_PRECO_SERVICO","v":0}]
[null,null,null,null,null,null,null,null,null,null,null,null,null,null,null,null,null,null,null,null,null,{"$f":"COUNTIF($R$2:$R622,\"NIVEL 1\")","v":12},2,0,0,{"$f":"ADDRESS(MATCH(COUNTIF($R$2:$R622,\"NIVEL 1\"),V:V,0),COLUMN(S622))","v":"$S$597"},{"$f":"ADDRESS(MATCH(COUNTIF($R$2:$R622,\"NIVEL 1\"),V:V,0),COLUMN(W622))","v":"$W$597"},{"$f":"ADDRESS((MATCH(COUNTIF(INDIRECT(Z622):$S622,\"NIVEL 2\"),INDIRECT(AA622):W622,0)+(MATCH(COUNTIF($R$2:$R622,\"NIVEL 1\"),V:V,0)-1)),COLUMN(T622))","v":"$T$621"},null,null,null,null,null,null,null,null,null,null,null,null,null,null,null,null,null,null,null,null,null,null,null,null,null,null,{"$f":"PROCURA_PRECO_SERVICO","v":0}]
[{"$f":"V623&\".\"&W623&\".\"&X623","v":"12.2.1"},null,null,"PORTAS",null,null,null,null,null,null,null,null,null,"SUBSUBITEM_INICIO",null,null,null,"NIVEL 3","NIVEL 3","NIVEL 3",null,{"$f":"COUNTIF($R$2:$R623,\"NIVEL 1\")","v":12},2,1,0,{"$f":"ADDRESS(MATCH(COUNTIF($R$2:$R623,\"NIVEL 1\"),V:V,0),COLUMN(S623))","v":"$S$597"},{"$f":"ADDRESS(MATCH(COUNTIF($R$2:$R623,\"NIVEL 1\"),V:V,0),COLUMN(W623))","v":"$W$597"},{"$f":"ADDRESS((MATCH(COUNTIF(INDIRECT(Z623):$S623,\"NIVEL 2\"),INDIRECT(AA623):W623,0)+(MATCH(COUNTIF($R$2:$R623,\"NIVEL 1\"),V:V,0)-1)),COLUMN(T623))","v":"$T$621"},null,null,null,null,null,null,null,null,null,null,null,null,null,null,null,null,null,null,null,null,null,null,null,null,null,null,{"$f":"PROCURA_PRECO_SERVICO","v":0}]
[null,null,null,null,null,null,null,null,null,null,null,null,null,null,null,null,null,null,null,null,null,{"$f":"COUNTIF($R$2:$R624,\"NIVEL 1\")","v":12},2,1,0,{"$f":"ADDRESS(MATCH(COUNTIF($R$2:$R624,\"NIVEL 1\"),V:V,0),COLUMN(S624))","v":"$S$597"},{"$f":"ADDRESS(MATCH(COUNTIF($R$2:$R624,\"NIVEL 1\"),V:V,0),COLUMN(W624))","v":"$W$597"},{"$f":"ADDRESS((MATCH(COUNTIF(INDIRECT(Z624):$S624,\"NIVEL 2\"),INDIRECT(AA624):W624,0)+(MATCH(COUNTIF($R$2:$R624,\"NIVEL 1\"),V:V,0)-1)),COLUMN(T624))","v":"$T$621"},null,null,null,null,null,null,null,null,null,null,null,null,null,null,null,null,null,null,null,null,null,null,null,null,null,null,{"$f":"PROCURA_PRECO_SERVICO","v":0}]
[{"$f":"V625&\".\"&W625&\".\"&X625&\".\"&Y625","v":"12.2.1.1"},"COMPOSIÇÃO","JMV-CRAS-050",{"$f":"PROCURA_DESCRICAO_SERVICO","v":"PORTA EM ALUMÍNIO LAMBRIL, COR BRANCA OU BRONZE, DE ABRIR OU CORRER, COMPLETA, INCLUSIVE CAIXILHOS, DOBRADIÇAS OU ROLDANAS E FECHADURA - BASEADA DA ORSE (13049)"},{"$f":"PROCURA_UNIDADE_SERVICO","v":"M²"},38.64,{"$f":"PROCURA_PRECO_SERVICO","v":604.35},{"$f":"CUSTO_BDI_SERVICO","v":762.93},{"$f":"CUSTO_TOTAL_SERVICO","v":29479.61},null,null,null,null,"SERVIÇO",null,null,null,"NIVEL 4","NIVEL 4","NIVEL 4","NIVEL 4",{"$f":"COUNTIF($R$2:$R625,\"NIVEL 1\")","v":12},2,1,{"$f":"IF(U625=\"NIVEL 4\",OFFSET(Y625,-1,0)+1,0)","v":1},{"$f":"ADDRESS(MATCH(COUNTIF($R$2:$R625,\"NIVEL 1\"),V:V,0),COLUMN(S625))","v":"$S$597"},{"$f":"ADDRESS(MATCH(COUNTIF($R$2:$R625,\"NIVEL 1\"),V:V,0),COLUMN(W625))","v":"$W$597"},{"$f":"ADDRESS((MATCH(COUNTIF(INDIRECT(Z625):$S625,\"NIVEL 2\"),INDIRECT(AA625):W625,0)+(MATCH(COUNTIF($R$2:$R625,\"NIVEL 1\"),V:V,0)-1)),COLUMN(T625))","v":"$T$621"},null,null,null,null,null,null,null,null,null,null,null,null,null,null,null,null,null,null,null,null,null,null,null,null,null,null,{"$f":"PROCURA_PRECO_SERVICO","v":604.35}]
["12.2.1.2","SETOP","ED-50532",{"$f":"PROCURA_DESCRICAO_SERVICO","v":"PINTURA ANTICORROSIVA A BASE DE ÓXIDO DE FERRO (ZARCÃO) EM ESQUADRIA E SUPERFÍCIE METÁLICA, UMA (1) DEMÃO"},{"$f":"PROCURA_UNIDADE_SERVICO","v":"M2"},125.5,{"$f":"PROCURA_PRECO_SERVICO","v":11.21},14.15,1775.82,null,null,null,null,"SERVIÇO",null,null,null,"NIVEL 4","NIVEL 4","NIVEL 4","NIVEL 4",{"$f":"COUNTIF($R$2:$R626,\"NIVEL 1\")","v":12},2,1,2,{"$f":"ADDRESS(MATCH(COUNTIF($R$2:$R626,\"NIVEL 1\"),V:V,0),COLUMN(S626))","v":"$S$597"},{"$f":"ADDRESS(MATCH(COUNTIF($R$2:$R626,\"NIVEL 1\"),V:V,0),COLUMN(W626))","v":"$W$597"},{"$f":"ADDRESS((MATCH(COUNTIF(INDIRECT(Z626):$S626,\"NIVEL 2\"),INDIRECT(AA626):W626,0)+(MATCH(COUNTIF($R$2:$R626,\"NIVEL 1\"),V:V,0)-1)),COLUMN(T626))","v":"$T$621"},null,null,null,null,null,null,null,null,null,null,null,null,null,null,null,null,null,null,null,null,null,null,null,null,null,null,{"$f":"PROCURA_PRECO_SERVICO","v":11.21}]
["12.2.1.3","COMPOSIÇÃO","JMV-CRAS-051",{"$f":"PROCURA_DESCRICAO_SERVICO","v":"PORTA EM ALUMÍNIO LAMBRIL PNE, COR BRANCA OU BRONZE, DE ABRIR OU CORRER, COMPLETA, INCLUSIVE CAIXILHOS, DOBRADIÇAS OU ROLDANAS E FECHADURA - BASEADA DA ORSE (13049)"},{"$f":"PROCURA_UNIDADE_SERVICO","v":"M²"},5.67,{"$f":"PROCURA_PRECO_SERVICO","v":740.21},934.44,5298.27,null,null,null,null,"SERVIÇO",null,null,null,"NIVEL 4","NIVEL 4","NIVEL 4","NIVEL 4",{"$f":"COUNTIF($R$2:$R627,\"NIVEL 1\")","v":12},2,1,3,{"$f":"ADDRESS(MATCH(COUNTIF($R$2:$R627,\"NIVEL 1\"),V:V,0),COLUMN(S627))","v":"$S$597"},{"$f":"ADDRESS(MATCH(COUNTIF($R$2:$R627,\"NIVEL 1\"),V:V,0),COLUMN(W627))","v":"$W$597"},{"$f":"ADDRESS((MATCH(COUNTIF(INDIRECT(Z627):$S627,\"NIVEL 2\"),INDIRECT(AA627):W627,0)+(MATCH(COUNTIF($R$2:$R627,\"NIVEL 1\"),V:V,0)-1)),COLUMN(T627))","v":"$T$621"},null,null,null,null,null,null,null,null,null,null,null,null,null,null,null,null,null,null,null,null,null,null,null,null,null,null,{"$f":"PROCURA_PRECO_SERVICO","v":740.21}]
[{"$f":"V628&\".\"&W628&\".\"&X628&\".\"&Y628","v":"12.2.1.4"},"SINAPI","91341",{"$f":"PROCURA_DESCRICAO_SERVICO","v":"PORTA EM ALUMÍNIO DE ABRIR TIPO VENEZIANA COM GUARNIÇÃO, FIXAÇÃO COM PARAFUSOS - FORNECIMENTO E INSTALAÇÃO. AF_12/2019"},{"$f":"PROCURA_UNIDADE_SERVICO","v":"M2"},13.44,{"$f":"PROCURA_PRECO_SERVICO","v":"613,06"},773.92,10401.48,null,null,null,null,"SERVIÇO",null,null,null,"NIVEL 4","NIVEL 4","NIVEL 4","NIVEL 4",{"$f":"COUNTIF($R$2:$R628,\"NIVEL 1\")","v":12},2,1,{"$f":"IF(U628=\"NIVEL 4\",OFFSET(Y628,-1,0)+1,0)","v":4},{"$f":"ADDRESS(MATCH(COUNTIF($R$2:$R628,\"NIVEL 1\"),V:V,0),COLUMN(S628))","v":"$S$597"},{"$f":"ADDRESS(MATCH(COUNTIF($R$2:$R628,\"NIVEL 1\"),V:V,0),COLUMN(W628))","v":"$W$597"},{"$f":"ADDRESS((MATCH(COUNTIF(INDIRECT(Z628):$S628,\"NIVEL 2\"),INDIRECT(AA628):W628,0)+(MATCH(COUNTIF($R$2:$R628,\"NIVEL 1\"),V:V,0)-1)),COLUMN(T628))","v":"$T$621"},null,null,null,null,null,null,null,null,null,null,null,null,null,null,null,null,null,null,null,null,null,null,null,null,null,null,{"$f":"PROCURA_PRECO_SERVICO","v":"613,06"}]
["12.2.1.5","COMPOSIÇÃO","JMV-CRAS-052",{"$f":"PROCURA_DESCRICAO_SERVICO","v":"PORTA PARA DIVISORIA NAVAL SIMPLES, INCLUSIVE FECHADURA E DOBRADICAS - FORNECIMENTO E INSTALACAO - BASEADA DA AGESUL (2001003002)"},{"$f":"PROCURA_UNIDADE_SERVICO","v":"M²"},1.26,{"$f":"PROCURA_PRECO_SERVICO","v":416.5},525.78,662.48,null,null,null,null,"SERVIÇO",null,null,null,"NIVEL 4","NIVEL 4","NIVEL 4","NIVEL 4",{"$f":"COUNTIF($R$2:$R629,\"NIVEL 1\")","v":12},2,1,5,{"$f":"ADDRESS(MATCH(COUNTIF($R$2:$R629,\"NIVEL 1\"),V:V,0),COLUMN(S629))","v":"$S$597"},{"$f":"ADDRESS(MATCH(COUNTIF($R$2:$R629,\"NIVEL 1\"),V:V,0),COLUMN(W629))","v":"$W$597"},{"$f":"ADDRESS((MATCH(COUNTIF(INDIRECT(Z629):$S629,\"NIVEL 2\"),INDIRECT(AA629):W629,0)+(MATCH(COUNTIF($R$2:$R629,\"NIVEL 1\"),V:V,0)-1)),COLUMN(T629))","v":"$T$621"},null,null,null,null,null,null,null,null,null,null,null,null,null,null,null,null,null,null,null,null,null,null,null,null,null,null,{"$f":"PROCURA_PRECO_SERVICO","v":416.5}]
["12.2.1.6","COMPOSIÇÃO","JMV-CRAS-053",{"$f":"PROCURA_DESCRICAO_SERVICO","v":"PORTA OU JANELA EM ALUMÍNIO, COR N/P/B,TIPO VENEZIANA, DE ABRIR OU CORRER, COMPLETA INCLUSIVE CAIXILHOS, DOBRADIÇAS OU ROLDANAS E FECHADURA - BASEADA DA ORSE (11948)"},{"$f":"PROCURA_UNIDADE_SERVICO","v":"M²"},5,{"$f":"PROCURA_PRECO_SERVICO","v":328.8},415.07,2075.35,null,null,null,null,"SERVIÇO",null,null,null,"NIVEL 4","NIVEL 4","NIVEL 4","NIVEL 4",{"$f":"COUNTIF($R$2:$R630,\"NIVEL 1\")","v":12},2,1,6,{"$f":"ADDRESS(MATCH(COUNTIF($R$2:$R630,\"NIVEL 1\"),V:V,0),COLUMN(S630))","v":"$S$597"},{"$f":"ADDRESS(MATCH(COUNTIF($R$2:$R630,\"NIVEL 1\"),V:V,0),COLUMN(W630))","v":"$W$597"},{"$f":"ADDRESS((MATCH(COUNTIF(INDIRECT(Z630):$S630,\"NIVEL 2\"),INDIRECT(AA630):W630,0)+(MATCH(COUNTIF($R$2:$R630,\"NIVEL 1\"),V:V,0)-1)),COLUMN(T630))","v":"$T$621"},null,null,null,null,null,null,null,null,null,null,null,null,null,null,null,null,null,null,null,null,null,null,null,null,null,null,{"$f":"PROCURA_PRECO_SERVICO","v":328.8}]
["12.2.1.7","SETOP","ED-50508",{"$f":"PROCURA_DESCRICAO_SERVICO","v":"LIXAMENTO MANUAL EM SUPERFÍCIE METÁLICA PARA REMOÇÃO DE TINTA"},{"$f":"PROCURA_UNIDADE_SERVICO","v":"M2"},47.18,{"$f":"PROCURA_PRECO_SERVICO","v":4.63},5.84,275.53,null,null,null,null,"SERVIÇO",null,null,null,"NIVEL 4","NIVEL 4","NIVEL 4","NIVEL 4",{"$f":"COUNTIF($R$2:$R631,\"NIVEL 1\")","v":12},2,1,7,{"$f":"ADDRESS(MATCH(COUNTIF($R$2:$R631,\"NIVEL 1\"),V:V,0),COLUMN(S631))","v":"$S$597"},{"$f":"ADDRESS(MATCH(COUNTIF($R$2:$R631,\"NIVEL 1\"),V:V,0),COLUMN(W631))","v":"$W$597"},{"$f":"ADDRESS((MATCH(COUNTIF(INDIRECT(Z631):$S631,\"NIVEL 2\"),INDIRECT(AA631):W631,0)+(MATCH(COUNTIF($R$2:$R631,\"NIVEL 1\"),V:V,0)-1)),COLUMN(T631))","v":"$T$621"},null,null,null,null,null,null,null,null,null,null,null,null,null,null,null,null,null,null,null,null,null,null,null,null,null,null,{"$f":"PROCURA_PRECO_SERVICO","v":4.63}]
["12.2.1.8","SINAPI","100758",{"$f":"PROCURA_DESCRICAO_SERVICO","v":"PINTURA COM TINTA ALQUÍDICA DE ACABAMENTO (ESMALTE SINTÉTICO ACETINADO) APLICADA A ROLO OU PINCEL SOBRE SUPERFÍCIES METÁLICAS (EXCETO PERFIL) EXECUTADO EM OBRA (02 DEMÃOS). AF_01/2020"},{"$f":"PROCURA_UNIDADE_SERVICO","v":"M2"},47.18,{"$f":"PROCURA_PRECO_SERVICO","v":"49,77"},62.82,2963.84,null,null,null,null,"SERVIÇO",null,null,null,"NIVEL 4","NIVEL 4","NIVEL 4","NIVEL 4",{"$f":"COUNTIF($R$2:$R632,\"NIVEL 1\")","v":12},2,1,8,{"$f":"ADDRESS(MATCH(COUNTIF($R$2:$R632,\"NIVEL 1\"),V:V,0),COLUMN(S632))","v":"$S$597"},{"$f":"ADDRESS(MATCH(COUNTIF($R$2:$R632,\"NIVEL 1\"),V:V,0),COLUMN(W632))","v":"$W$597"},{"$f":"ADDRESS((MATCH(COUNTIF(INDIRECT(Z632):$S632,\"NIVEL 2\"),INDIRECT(AA632):W632,0)+(MATCH(COUNTIF($R$2:$R632,\"NIVEL 1\"),V:V,0)-1)),COLUMN(T632))","v":"$T$621"},null,null,null,null,null,null,null,null,null,null,null,null,null,null,null,null,null,null,null,null,null,null,null,null,null,null,{"$f":"PROCURA_PRECO_SERVICO","v":"49,77"}]
["12.2.1.9","COMPOSIÇÃO","JMV-CRAS-054",{"$f":"PROCURA_DESCRICAO_SERVICO","v":"PORTAO DE 2 FOLHAS DE TUBO E TELA GALVANIZADOS COM PORTA CADEADO - BASEADA DA FDE (06.80.025)"},{"$f":"PROCURA_UNIDADE_SERVICO","v":"M²"},6,{"$f":"PROCURA_PRECO_SERVICO","v":721.4},910.69,5464.14,null,null,null,null,"SERVIÇO",null,null,null,"NIVEL 4","NIVEL 4","NIVEL 4","NIVEL 4",{"$f":"COUNTIF($R$2:$R633,\"NIVEL 1\")","v":12},2,1,9,{"$f":"ADDRESS(MATCH(COUNTIF($R$2:$R633,\"NIVEL 1\"),V:V,0),COLUMN(S633))","v":"$S$597"},{"$f":"ADDRESS(MATCH(COUNTIF($R$2:$R633,\"NIVEL 1\"),V:V,0),COLUMN(W633))","v":"$W$597"},{"$f":"ADDRESS((MATCH(COUNTIF(INDIRECT(Z633):$S633,\"NIVEL 2\"),INDIRECT(AA633):W633,0)+(MATCH(COUNTIF($R$2:$R633,\"NIVEL 1\"),V:V,0)-1)),COLUMN(T633))","v":"$T$621"},null,null,null,null,null,null,null,null,null,null,null,null,null,null,null,null,null,null,null,null,null,null,null,null,null,null,{"$f":"PROCURA_PRECO_SERVICO","v":721.4}]
[null,null,null,null,null,null,null,null,null,null,null,null,null,null,null,null,null,null,null,null,null,{"$f":"COUNTIF($R$2:$R634,\"NIVEL 1\")","v":12},2,1,0,{"$f":"ADDRESS(MATCH(COUNTIF($R$2:$R634,\"NIVEL 1\"),V:V,0),COLUMN(S634))","v":"$S$597"},{"$f":"ADDRESS(MATCH(COUNTIF($R$2:$R634,\"NIVEL 1\"),V:V,0),COLUMN(W634))","v":"$W$597"},{"$f":"ADDRESS((MATCH(COUNTIF(INDIRECT(Z634):$S634,\"NIVEL 2\"),INDIRECT(AA634):W634,0)+(MATCH(COUNTIF($R$2:$R634,\"NIVEL 1\"),V:V,0)-1)),COLUMN(T634))","v":"$T$621"},null,null,null,null,null,null,null,null,null,null,null,null,null,null,null,null,null,null,null,null,null,null,null,null,null,null,{"$f":"PROCURA_PRECO_SERVICO","v":0}]
[null,null,null,{"$f":"\"SUBTOTAL DO ITEM - \"&A623","v":"SUBTOTAL DO ITEM - 12.2.1"},null,null,null,null,{"$f":"SUBTOTAL(9,OFFSET(I623,1,0):OFFSET(I635,-1,0))","v":58396.52},null,null,null,null,"SUBSUBITEM_FIM",null,null,null,null,null,null,null,{"$f":"COUNTIF($R$2:$R635,\"NIVEL 1\")","v":12},2,1,0,{"$f":"ADDRESS(MATCH(COUNTIF($R$2:$R635,\"NIVEL 1\"),V:V,0),COLUMN(S635))","v":"$S$597"},{"$f":"ADDRESS(MATCH(COUNTIF($R$2:$R635,\"NIVEL 1\"),V:V,0),COLUMN(W635))","v":"$W$597"},{"$f":"ADDRESS((MATCH(COUNTIF(INDIRECT(Z635):$S635,\"NIVEL 2\"),INDIRECT(AA635):W635,0)+(MATCH(COUNTIF($R$2:$R635,\"NIVEL 1\"),V:V,0)-1)),COLUMN(T635))","v":"$T$621"},null,null,null,null,null,null,null,null,null,null,null,null,null,null,null,null,null,null,null,null,null,null,null,null,null,null,{"$f":"PROCURA_PRECO_SERVICO","v":0}]
[null,null,null,null,null,null,null,null,null,null,null,null,null,null,null,null,null,null,null,null,null,{"$f":"COUNTIF($R$2:$R636,\"NIVEL 1\")","v":12},2,1,0,{"$f":"ADDRESS(MATCH(COUNTIF($R$2:$R636,\"NIVEL 1\"),V:V,0),COLUMN(S636))","v":"$S$597"},{"$f":"ADDRESS(MATCH(COUNTIF($R$2:$R636,\"NIVEL 1\"),V:V,0),COLUMN(W636))","v":"$W$597"},{"$f":"ADDRESS((MATCH(COUNTIF(INDIRECT(Z636):$S636,\"NIVEL 2\"),INDIRECT(AA636):W636,0)+(MATCH(COUNTIF($R$2:$R636,\"NIVEL 1\"),V:V,0)-1)),COLUMN(T636))","v":"$T$621"},null,null,null,null,null,null,null,null,null,null,null,null,null,null,null,null,null,null,null,null,null,null,null,null,null,null,{"$f":"PROCURA_PRECO_SERVICO","v":0}]
[null,null,null,{"$f":"\"SUBTOTAL DO ITEM  - \"&A621","v":"SUBTOTAL DO ITEM  - 12.2"},null,null,null,null,{"$f":"SUBTOTAL(9,OFFSET(I621,1,0):OFFSET(I637,-1,0))","v":58396.52},null,null,null,null,"SUBITEM_FIM",null,null,null,null,null,null,null,{"$f":"COUNTIF($R$2:$R637,\"NIVEL 1\")","v":12},2,1,0,{"$f":"ADDRESS(MATCH(COUNTIF($R$2:$R637,\"NIVEL 1\"),V:V,0),COLUMN(S637))","v":"$S$597"},{"$f":"ADDRESS(MATCH(COUNTIF($R$2:$R637,\"NIVEL 1\"),V:V,0),COLUMN(W637))","v":"$W$597"},{"$f":"ADDRESS((MATCH(COUNTIF(INDIRECT(Z637):$S637,\"NIVEL 2\"),INDIRECT(AA637):W637,0)+(MATCH(COUNTIF($R$2:$R637,\"NIVEL 1\"),V:V,0)-1)),COLUMN(T637))","v":"$T$621"},null,null,null,null,null,null,null,null,null,null,null,null,null,null,null,null,null,null,null,null,null,null,null,null,null,null,{"$f":"PROCURA_PRECO_SERVICO","v":0}]
[null,null,null,null,null,null,null,null,null,null,null,null,null,null,null,null,null,null,null,null,null,{"$f":"COUNTIF($R$2:$R638,\"NIVEL 1\")","v":12},2,1,{"$f":"IF(U638=\"NIVEL 4\",OFFSET(Y638,-1,0)+1,0)","v":0},{"$f":"ADDRESS(MATCH(COUNTIF($R$2:$R638,\"NIVEL 1\"),V:V,0),COLUMN(S638))","v":"$S$597"},{"$f":"ADDRESS(MATCH(COUNTIF($R$2:$R638,\"NIVEL 1\"),V:V,0),COLUMN(W638))","v":"$W$597"},{"$f":"ADDRESS((MATCH(COUNTIF(INDIRECT(Z638):$S638,\"NIVEL 2\"),INDIRECT(AA638):W638,0)+(MATCH(COUNTIF($R$2:$R638,\"NIVEL 1\"),V:V,0)-1)),COLUMN(T638))","v":"$T$621"},null,null,null,null,null,null,null,null,null,null,null,null,null,null,null,null,null,null,null,null,null,null,null,null,null,null,{"$f":"PROCURA_PRECO_SERVICO","v":0}]
[null,null,null,{"$f":"\"TOTAL DO ITEM - \"&A597","v":"TOTAL DO ITEM - 12"},null,null,null,null,{"$f":"SUBTOTAL(9,OFFSET(I597,1,0):OFFSET(I639,-1,0))","v":120306.98},null,null,null,null,"ITEM_FIM",null,null,null,null,null,null,null,{"$f":"COUNTIF($R$2:$R639,\"NIVEL 1\")","v":12},2,1,0,{"$f":"ADDRESS(MATCH(COUNTIF($R$2:$R639,\"NIVEL 1\"),V:V,0),COLUMN(S639))","v":"$S$597"},{"$f":"ADDRESS(MATCH(COUNTIF($R$2:$R639,\"NIVEL 1\"),V:V,0),COLUMN(W639))","v":"$W$597"},{"$f":"ADDRESS((MATCH(COUNTIF(INDIRECT(Z639):$S639,\"NIVEL 2\"),INDIRECT(AA639):W639,0)+(MATCH(COUNTIF($R$2:$R639,\"NIVEL 1\"),V:V,0)-1)),COLUMN(T639))","v":"$T$621"},null,null,null,null,null,null,null,null,null,null,null,null,null,null,null,null,null,null,null,null,null,null,null,null,null,null,{"$f":"PROCURA_PRECO_SERVICO","v":0}]
[null,null,null,null,null,null,null,{"$f":"TRUNC(G640*(1+$I$3),2)","v":0},null,null,null,null,null,null,null,null,null,null,null,null,null,{"$f":"COUNTIF($R$2:$R640,\"NIVEL 1\")","v":12},2,1,{"$f":"IF(U640=\"NIVEL 4\",OFFSET(Y640,-1,0)+1,0)","v":0},{"$f":"ADDRESS(MATCH(COUNTIF($R$2:$R640,\"NIVEL 1\"),V:V,0),COLUMN(S640))","v":"$S$597"},{"$f":"ADDRESS(MATCH(COUNTIF($R$2:$R640,\"NIVEL 1\"),V:V,0),COLUMN(W640))","v":"$W$597"},{"$f":"ADDRESS((MATCH(COUNTIF(INDIRECT(Z640):$S640,\"NIVEL 2\"),INDIRECT(AA640):W640,0)+(MATCH(COUNTIF($R$2:$R640,\"NIVEL 1\"),V:V,0)-1)),COLUMN(T640))","v":"$T$621"},null,null,null,null,null,null,null,null,null,null,null,null,null,null,null,null,null,null,null,null,null,null,null,null,null,null,{"$f":"PROCURA_PRECO_SERVICO","v":0}]
[{"$f":"V641","v":13},null,null,"INSTALAÇÕES DE CABEAMENTO ESTRUTURADO",null,null,null,null,null,null,null,null,null,"ITEM_INICIO",null,null,null,"NIVEL 1",null,null,null,{"$f":"COUNTIF($R$2:$R641,\"NIVEL 1\")","v":13},0,0,0,{"$f":"ADDRESS(MATCH(COUNTIF($R$2:$R641,\"NIVEL 1\"),V:V,0),COLUMN(S641))","v":"$S$641"},{"$f":"ADDRESS(MATCH(COUNTIF($R$2:$R641,\"NIVEL 1\"),V:V,0),COLUMN(W641))","v":"$W$641"},{"$f":"ADDRESS((MATCH(COUNTIF(INDIRECT(Z641):$S641,\"NIVEL 2\"),INDIRECT(AA641):W641,0)+(MATCH(COUNTIF($R$2:$R641,\"NIVEL 1\"),V:V,0)-1)),COLUMN(T641))","v":"$T$641"},null,{"$f":"A641","v":13},null,null,{"$f":"D641","v":"INSTALAÇÕES DE CABEAMENTO ESTRUTURADO"},{"$f":"I708","v":35999.13},{"$f":"AH641/$I$1374","v":0.0184619092708467},null,null,null,null,null,null,null,null,null,null,null,null,null,null,null,null,null,null,null,{"$f":"PROCURA_PRECO_SERVICO","v":0}]
[null,null,null,null,null,null,null,null,null,null,null,null,null,null,null,null,null,null,null,null,null,{"$f":"COUNTIF($R$2:$R642,\"NIVEL 1\")","v":13},0,0,0,{"$f":"ADDRESS(MATCH(COUNTIF($R$2:$R642,\"NIVEL 1\"),V:V,0),COLUMN(S642))","v":"$S$641"},{"$f":"ADDRESS(MATCH(COUNTIF($R$2:$R642,\"NIVEL 1\"),V:V,0),COLUMN(W642))","v":"$W$641"},{"$f":"ADDRESS((MATCH(COUNTIF(INDIRECT(Z642):$S642,\"NIVEL 2\"),INDIRECT(AA642):W642,0)+(MATCH(COUNTIF($R$2:$R642,\"NIVEL 1\"),V:V,0)-1)),COLUMN(T642))","v":"$T$641"},null,null,null,null,null,null,null,null,null,null,null,null,null,null,null,null,null,null,null,null,null,null,null,null,null,null,{"$f":"PROCURA_PRECO_SERVICO","v":0}]
[{"$f":"V643&\".\"&W643","v":"13.1"},null,null,"CABEAMENTO ESTRUTURADO",null,null,null,null,null,null,null,null,null,"SUBITEM_INICIO",null,null,null,"NIVEL 2","NIVEL 2",null,null,{"$f":"COUNTIF($R$2:$R643,\"NIVEL 1\")","v":13},1,0,0,{"$f":"ADDRESS(MATCH(COUNTIF($R$2:$R643,\"NIVEL 1\"),V:V,0),COLUMN(S643))","v":"$S$641"},{"$f":"ADDRESS(MATCH(COUNTIF($R$2:$R643,\"NIVEL 1\"),V:V,0),COLUMN(W643))","v":"$W$641"},{"$f":"ADDRESS((MATCH(COUNTIF(INDIRECT(Z643):$S643,\"NIVEL 2\"),INDIRECT(AA643):W643,0)+(MATCH(COUNTIF($R$2:$R643,\"NIVEL 1\"),V:V,0)-1)),COLUMN(T643))","v":"$T$643"},null,null,null,null,null,null,null,null,null,null,null,null,null,null,null,null,null,null,null,null,null,null,null,null,null,null,{"$f":"PROCURA_PRECO_SERVICO","v":0}]
[null,null,null,null,null,null,null,null,null,null,null,null,null,null,null,null,null,null,null,null,null,{"$f":"COUNTIF($R$2:$R644,\"NIVEL 1\")","v":13},1,0,{"$f":"IF(U644=\"NIVEL 4\",OFFSET(Y644,-1,0)+1,0)","v":0},{"$f":"ADDRESS(MATCH(COUNTIF($R$2:$R644,\"NIVEL 1\"),V:V,0),COLUMN(S644))","v":"$S$641"},{"$f":"ADDRESS(MATCH(COUNTIF($R$2:$R644,\"NIVEL 1\"),V:V,0),COLUMN(W644))","v":"$W$641"},{"$f":"ADDRESS((MATCH(COUNTIF(INDIRECT(Z644):$S644,\"NIVEL 2\"),INDIRECT(AA644):W644,0)+(MATCH(COUNTIF($R$2:$R644,\"NIVEL 1\"),V:V,0)-1)),COLUMN(T644))","v":"$T$643"},null,null,null,null,null,null,null,null,null,null,null,null,null,null,null,null,null,null,null,null,null,null,null,null,null,null,{"$f":"PROCURA_PRECO_SERVICO","v":0}]
[{"$f":"V645&\".\"&W645&\".\"&X645","v":"13.1.1"},null,null,"INFRAESTRUTURA",null,null,null,null,null,null,null,null,null,"SUBSUBITEM_INICIO",null,null,null,"NIVEL 3","NIVEL 3","NIVEL 3",null,{"$f":"COUNTIF($R$2:$R645,\"NIVEL 1\")","v":13},1,1,0,{"$f":"ADDRESS(MATCH(COUNTIF($R$2:$R645,\"NIVEL 1\"),V:V,0),COLUMN(S645))","v":"$S$641"},{"$f":"ADDRESS(MATCH(COUNTIF($R$2:$R645,\"NIVEL 1\"),V:V,0),COLUMN(W645))","v":"$W$641"},{"$f":"ADDRESS((MATCH(COUNTIF(INDIRECT(Z645):$S645,\"NIVEL 2\"),INDIRECT(AA645):W645,0)+(MATCH(COUNTIF($R$2:$R645,\"NIVEL 1\"),V:V,0)-1)),COLUMN(T645))","v":"$T$643"},null,null,null,null,null,null,null,null,null,null,null,null,null,null,null,null,null,null,null,null,null,null,null,null,null,null,{"$f":"PROCURA_PRECO_SERVICO","v":0}]
[null,null,null,null,null,null,null,null,null,null,null,null,null,null,null,null,null,null,null,null,null,{"$f":"COUNTIF($R$2:$R646,\"NIVEL 1\")","v":13},1,1,0,{"$f":"ADDRESS(MATCH(COUNTIF($R$2:$R646,\"NIVEL 1\"),V:V,0),COLUMN(S646))","v":"$S$641"},{"$f":"ADDRESS(MATCH(COUNTIF($R$2:$R646,\"NIVEL 1\"),V:V,0),COLUMN(W646))","v":"$W$641"},{"$f":"ADDRESS((MATCH(COUNTIF(INDIRECT(Z646):$S646,\"NIVEL 2\"),INDIRECT(AA646):W646,0)+(MATCH(COUNTIF($R$2:$R646,\"NIVEL 1\"),V:V,0)-1)),COLUMN(T646))","v":"$T$643"},null,null,null,null,null,null,null,null,null,null,null,null,null,null,null,null,null,null,null,null,null,null,null,null,null,null,{"$f":"PROCURA_PRECO_SERVICO","v":0}]
[{"$f":"V647&\".\"&W647&\".\"&X647&\".\"&Y647","v":"13.1.1.1"},"SETOP","ED-49318",{"$f":"PROCURA_DESCRICAO_SERVICO","v":"ELETRODUTO DE AÇO GALVANIZADO LEVE, INCLUSIVE CONEXÕES, SUPORTES E FIXAÇÃO DN 25 (1\")"},{"$f":"PROCURA_UNIDADE_SERVICO","v":"M"},100,{"$f":"PROCURA_PRECO_SERVICO","v":27.28},{"$f":"CUSTO_BDI_SERVICO","v":34.43},{"$f":"CUSTO_TOTAL_SERVICO","v":3443},null,null,null,null,"SERVIÇO",null,null,null,"NIVEL 4","NIVEL 4","NIVEL 4","NIVEL 4",{"$f":"COUNTIF($R$2:$R647,\"NIVEL 1\")","v":13},1,1,{"$f":"IF(U647=\"NIVEL 4\",OFFSET(Y647,-1,0)+1,0)","v":1},{"$f":"ADDRESS(MATCH(COUNTIF($R$2:$R647,\"NIVEL 1\"),V:V,0),COLUMN(S647))","v":"$S$641"},{"$f":"ADDRESS(MATCH(COUNTIF($R$2:$R647,\"NIVEL 1\"),V:V,0),COLUMN(W647))","v":"$W$641"},{"$f":"ADDRESS((MATCH(COUNTIF(INDIRECT(Z647):$S647,\"NIVEL 2\"),INDIRECT(AA647):W647,0)+(MATCH(COUNTIF($R$2:$R647,\"NIVEL 1\"),V:V,0)-1)),COLUMN(T647))","v":"$T$643"},null,null,null,null,null,null,null,null,null,null,null,null,null,null,null,null,null,null,null,null,null,null,null,null,null,null,{"$f":"PROCURA_PRECO_SERVICO","v":27.28}]
["13.1.1.2","SETOP","ED-49319",{"$f":"PROCURA_DESCRICAO_SERVICO","v":"ELETRODUTO DE AÇO GALVANIZADO MÉDIO, INCLUSIVE CONEXÕES, SUPORTES E FIXAÇÃO DN 32 (1.1/4\")"},{"$f":"PROCURA_UNIDADE_SERVICO","v":"M"},10,{"$f":"PROCURA_PRECO_SERVICO","v":41.09},51.87,518.7,null,null,null,null,"SERVIÇO",null,null,null,"NIVEL 4","NIVEL 4","NIVEL 4","NIVEL 4",{"$f":"COUNTIF($R$2:$R648,\"NIVEL 1\")","v":13},{"$f":"IFERROR(COUNTIF(INDIRECT(Z648):S648,\"NIVEL 2\"),0)","v":1},{"$f":"COUNTIF(INDIRECT(AB648):T648,\"NIVEL 3\")","v":1},2,{"$f":"ADDRESS(MATCH(COUNTIF($R$2:$R648,\"NIVEL 1\"),V:V,0),COLUMN(S648))","v":"$S$641"},{"$f":"ADDRESS(MATCH(COUNTIF($R$2:$R648,\"NIVEL 1\"),V:V,0),COLUMN(W648))","v":"$W$641"},{"$f":"ADDRESS((MATCH(COUNTIF(INDIRECT(Z648):$S648,\"NIVEL 2\"),INDIRECT(AA648):W648,0)+(MATCH(COUNTIF($R$2:$R648,\"NIVEL 1\"),V:V,0)-1)),COLUMN(T648))","v":"$T$643"},null,null,null,null,null,null,null,null,null,null,null,null,null,null,null,null,null,null,null,null,null,null,null,null,null,null,{"$f":"PROCURA_PRECO_SERVICO","v":41.09}]
["13.1.1.3","SETOP","ED-49320",{"$f":"PROCURA_DESCRICAO_SERVICO","v":"ELETRODUTO DE AÇO GALVANIZADO MÉDIO, INCLUSIVE CONEXÕES, SUPORTES E FIXAÇÃO DN 40 (1.1/2\")"},{"$f":"PROCURA_UNIDADE_SERVICO","v":"M"},13,{"$f":"PROCURA_PRECO_SERVICO","v":46.47},58.66,762.58,null,null,null,null,"SERVIÇO",null,null,null,"NIVEL 4","NIVEL 4","NIVEL 4","NIVEL 4",{"$f":"COUNTIF($R$2:$R649,\"NIVEL 1\")","v":13},1,1,3,{"$f":"ADDRESS(MATCH(COUNTIF($R$2:$R649,\"NIVEL 1\"),V:V,0),COLUMN(S649))","v":"$S$641"},{"$f":"ADDRESS(MATCH(COUNTIF($R$2:$R649,\"NIVEL 1\"),V:V,0),COLUMN(W649))","v":"$W$641"},{"$f":"ADDRESS((MATCH(COUNTIF(INDIRECT(Z649):$S649,\"NIVEL 2\"),INDIRECT(AA649):W649,0)+(MATCH(COUNTIF($R$2:$R649,\"NIVEL 1\"),V:V,0)-1)),COLUMN(T649))","v":"$T$643"},null,null,null,null,null,null,null,null,null,null,null,null,null,null,null,null,null,null,null,null,null,null,null,null,null,null,{"$f":"PROCURA_PRECO_SERVICO","v":46.47}]
["13.1.1.4","SETOP","ED-49321",{"$f":"PROCURA_DESCRICAO_SERVICO","v":"ELETRODUTO DE AÇO GALVANIZADO MÉDIO, INCLUSIVE CONEXÕES, SUPORTES E FIXAÇÃO DN 50 (2\")"},{"$f":"PROCURA_UNIDADE_SERVICO","v":"M"},7,{"$f":"PROCURA_PRECO_SERVICO","v":52.18},65.87,461.09,null,null,null,null,"SERVIÇO",null,null,null,"NIVEL 4","NIVEL 4","NIVEL 4","NIVEL 4",{"$f":"COUNTIF($R$2:$R650,\"NIVEL 1\")","v":13},1,1,4,{"$f":"ADDRESS(MATCH(COUNTIF($R$2:$R650,\"NIVEL 1\"),V:V,0),COLUMN(S650))","v":"$S$641"},{"$f":"ADDRESS(MATCH(COUNTIF($R$2:$R650,\"NIVEL 1\"),V:V,0),COLUMN(W650))","v":"$W$641"},{"$f":"ADDRESS((MATCH(COUNTIF(INDIRECT(Z650):$S650,\"NIVEL 2\"),INDIRECT(AA650):W650,0)+(MATCH(COUNTIF($R$2:$R650,\"NIVEL 1\"),V:V,0)-1)),COLUMN(T650))","v":"$T$643"},null,null,null,null,null,null,null,null,null,null,null,null,null,null,null,null,null,null,null,null,null,null,null,null,null,null,{"$f":"PROCURA_PRECO_SERVICO","v":52.18}]
[{"$f":"V651&\".\"&W651&\".\"&X651&\".\"&Y651","v":"13.1.1.5"},"SETOP","ED-49297",{"$f":"PROCURA_DESCRICAO_SERVICO","v":"DUTO CORRUGADO EM PEAD (POLIETILENO DE ALTA DENSIDADE), PARA PROTEÇÃO DE CABOS SUBTERRÂNEOS DN 75 MM (3\")"},{"$f":"PROCURA_UNIDADE_SERVICO","v":"M"},44,{"$f":"PROCURA_PRECO_SERVICO","v":40.76},{"$f":"CUSTO_BDI_SERVICO","v":51.45},{"$f":"CUSTO_TOTAL_SERVICO","v":2263.8},null,null,null,null,"SERVIÇO",null,null,null,"NIVEL 4","NIVEL 4","NIVEL 4","NIVEL 4",{"$f":"COUNTIF($R$2:$R651,\"NIVEL 1\")","v":13},1,1,5,{"$f":"ADDRESS(MATCH(COUNTIF($R$2:$R651,\"NIVEL 1\"),V:V,0),COLUMN(S651))","v":"$S$641"},{"$f":"ADDRESS(MATCH(COUNTIF($R$2:$R651,\"NIVEL 1\"),V:V,0),COLUMN(W651))","v":"$W$641"},{"$f":"ADDRESS((MATCH(COUNTIF(INDIRECT(Z651):$S651,\"NIVEL 2\"),INDIRECT(AA651):W651,0)+(MATCH(COUNTIF($R$2:$R651,\"NIVEL 1\"),V:V,0)-1)),COLUMN(T651))","v":"$T$643"},null,null,null,null,null,null,null,null,null,null,null,null,null,null,null,null,null,null,null,null,null,null,null,null,null,null,{"$f":"PROCURA_PRECO_SERVICO","v":40.76}]
["13.1.1.6","SINAPI","95796",{"$f":"PROCURA_DESCRICAO_SERVICO","v":"CONDULETE DE ALUMÍNIO, TIPO T, PARA ELETRODUTO DE AÇO GALVANIZADO DN 25 MM (1''), APARENTE - FORNECIMENTO E INSTALAÇÃO. AF_10/2022"},{"$f":"PROCURA_UNIDADE_SERVICO","v":"UN"},4,{"$f":"PROCURA_PRECO_SERVICO","v":"46,58"},58.8,235.2,null,null,null,null,"SERVIÇO",null,null,null,"NIVEL 4","NIVEL 4","NIVEL 4","NIVEL 4",{"$f":"COUNTIF($R$2:$R652,\"NIVEL 1\")","v":13},1,1,6,{"$f":"ADDRESS(MATCH(COUNTIF($R$2:$R652,\"NIVEL 1\"),V:V,0),COLUMN(S652))","v":"$S$641"},{"$f":"ADDRESS(MATCH(COUNTIF($R$2:$R652,\"NIVEL 1\"),V:V,0),COLUMN(W652))","v":"$W$641"},{"$f":"ADDRESS((MATCH(COUNTIF(INDIRECT(Z652):$S652,\"NIVEL 2\"),INDIRECT(AA652):W652,0)+(MATCH(COUNTIF($R$2:$R652,\"NIVEL 1\"),V:V,0)-1)),COLUMN(T652))","v":"$T$643"},null,null,null,null,null,null,null,null,null,null,null,null,null,null,null,null,null,null,null,null,null,null,null,null,null,null,{"$f":"PROCURA_PRECO_SERVICO","v":"46,58"}]
["13.1.1.7","SINAPI","95797",{"$f":"PROCURA_DESCRICAO_SERVICO","v":"CONDULETE DE ALUMÍNIO, TIPO T, PARA ELETRODUTO DE AÇO GALVANIZADO DN 32 MM (1 1/4''), APARENTE - FORNECIMENTO E INSTALAÇÃO. AF_10/2022"},{"$f":"PROCURA_UNIDADE_SERVICO","v":"UN"},2,{"$f":"PROCURA_PRECO_SERVICO","v":"64,83"},81.84,163.68,null,null,null,null,"SERVIÇO",null,null,null,"NIVEL 4","NIVEL 4","NIVEL 4","NIVEL 4",{"$f":"COUNTIF($R$2:$R653,\"NIVEL 1\")","v":13},1,1,7,{"$f":"ADDRESS(MATCH(COUNTIF($R$2:$R653,\"NIVEL 1\"),V:V,0),COLUMN(S653))","v":"$S$641"},{"$f":"ADDRESS(MATCH(COUNTIF($R$2:$R653,\"NIVEL 1\"),V:V,0),COLUMN(W653))","v":"$W$641"},{"$f":"ADDRESS((MATCH(COUNTIF(INDIRECT(Z653):$S653,\"NIVEL 2\"),INDIRECT(AA653):W653,0)+(MATCH(COUNTIF($R$2:$R653,\"NIVEL 1\"),V:V,0)-1)),COLUMN(T653))","v":"$T$643"},null,null,null,null,null,null,null,null,null,null,null,null,null,null,null,null,null,null,null,null,null,null,null,null,null,null,{"$f":"PROCURA_PRECO_SERVICO","v":"64,83"}]
["13.1.1.8","SETOP","ED-17972",{"$f":"PROCURA_DESCRICAO_SERVICO","v":"CONDULETE DE ALUMÍNIO, TIPO \"T\" OU \"TB\", DIÂMETRO DE SAÍDA 2\" (50MM), EXCLUSIVE INSTALAÇÃO, MÓDULO E PLACA (FORNECIMENTO)"},{"$f":"PROCURA_UNIDADE_SERVICO","v":"UN"},1,{"$f":"PROCURA_PRECO_SERVICO","v":66.26},83.64,83.64,null,null,null,null,"SERVIÇO",null,null,null,"NIVEL 4","NIVEL 4","NIVEL 4","NIVEL 4",{"$f":"COUNTIF($R$2:$R654,\"NIVEL 1\")","v":13},1,1,8,{"$f":"ADDRESS(MATCH(COUNTIF($R$2:$R654,\"NIVEL 1\"),V:V,0),COLUMN(S654))","v":"$S$641"},{"$f":"ADDRESS(MATCH(COUNTIF($R$2:$R654,\"NIVEL 1\"),V:V,0),COLUMN(W654))","v":"$W$641"},{"$f":"ADDRESS((MATCH(COUNTIF(INDIRECT(Z654):$S654,\"NIVEL 2\"),INDIRECT(AA654):W654,0)+(MATCH(COUNTIF($R$2:$R654,\"NIVEL 1\"),V:V,0)-1)),COLUMN(T654))","v":"$T$643"},null,null,null,null,null,null,null,null,null,null,null,null,null,null,null,null,null,null,null,null,null,null,null,null,null,null,{"$f":"PROCURA_PRECO_SERVICO","v":66.26}]
[{"$f":"V655&\".\"&W655&\".\"&X655&\".\"&Y655","v":"13.1.1.9"},"SETOP","ED-17994",{"$f":"PROCURA_DESCRICAO_SERVICO","v":"PLACA CEGA PARA CONDULETE, COM DIÂMETRO DE SAÍDA 2\" (50MM), EXCLUSIVE CONDULETE"},{"$f":"PROCURA_UNIDADE_SERVICO","v":"UN"},1,{"$f":"PROCURA_PRECO_SERVICO","v":14.95},18.87,18.87,null,null,null,null,"SERVIÇO",null,null,null,"NIVEL 4","NIVEL 4","NIVEL 4","NIVEL 4",{"$f":"COUNTIF($R$2:$R655,\"NIVEL 1\")","v":13},1,1,{"$f":"IF(U655=\"NIVEL 4\",OFFSET(Y655,-1,0)+1,0)","v":9},{"$f":"ADDRESS(MATCH(COUNTIF($R$2:$R655,\"NIVEL 1\"),V:V,0),COLUMN(S655))","v":"$S$641"},{"$f":"ADDRESS(MATCH(COUNTIF($R$2:$R655,\"NIVEL 1\"),V:V,0),COLUMN(W655))","v":"$W$641"},{"$f":"ADDRESS((MATCH(COUNTIF(INDIRECT(Z655):$S655,\"NIVEL 2\"),INDIRECT(AA655):W655,0)+(MATCH(COUNTIF($R$2:$R655,\"NIVEL 1\"),V:V,0)-1)),COLUMN(T655))","v":"$T$643"},null,null,null,null,null,null,null,null,null,null,null,null,null,null,null,null,null,null,null,null,null,null,null,null,null,null,{"$f":"PROCURA_PRECO_SERVICO","v":14.95}]
["13.1.1.10","SINAPI","95782",{"$f":"PROCURA_DESCRICAO_SERVICO","v":"CONDULETE DE ALUMÍNIO, TIPO E, ELETRODUTO DE AÇO GALVANIZADO DN 25 MM (1''), APARENTE - FORNECIMENTO E INSTALAÇÃO. AF_10/2022"},{"$f":"PROCURA_UNIDADE_SERVICO","v":"UN"},4,{"$f":"PROCURA_PRECO_SERVICO","v":"33,52"},42.31,169.24,null,null,null,null,"SERVIÇO",null,null,null,"NIVEL 4","NIVEL 4","NIVEL 4","NIVEL 4",{"$f":"COUNTIF($R$2:$R656,\"NIVEL 1\")","v":13},1,1,10,{"$f":"ADDRESS(MATCH(COUNTIF($R$2:$R656,\"NIVEL 1\"),V:V,0),COLUMN(S656))","v":"$S$641"},{"$f":"ADDRESS(MATCH(COUNTIF($R$2:$R656,\"NIVEL 1\"),V:V,0),COLUMN(W656))","v":"$W$641"},{"$f":"ADDRESS((MATCH(COUNTIF(INDIRECT(Z656):$S656,\"NIVEL 2\"),INDIRECT(AA656):W656,0)+(MATCH(COUNTIF($R$2:$R656,\"NIVEL 1\"),V:V,0)-1)),COLUMN(T656))","v":"$T$643"},null,null,null,null,null,null,null,null,null,null,null,null,null,null,null,null,null,null,null,null,null,null,null,null,null,null,{"$f":"PROCURA_PRECO_SERVICO","v":"33,52"}]
["13.1.1.11","SINAPI","95785",{"$f":"PROCURA_DESCRICAO_SERVICO","v":"CONDULETE DE ALUMÍNIO, TIPO E, PARA ELETRODUTO DE AÇO GALVANIZADO DN 32 MM (1 1/4''), APARENTE - FORNECIMENTO E INSTALAÇÃO. AF_10/2022"},{"$f":"PROCURA_UNIDADE_SERVICO","v":"UN"},3,{"$f":"PROCURA_PRECO_SERVICO","v":"39,86"},50.31,150.93,null,null,null,null,"SERVIÇO",null,null,null,"NIVEL 4","NIVEL 4","NIVEL 4","NIVEL 4",{"$f":"COUNTIF($R$2:$R657,\"NIVEL 1\")","v":13},1,1,11,{"$f":"ADDRESS(MATCH(COUNTIF($R$2:$R657,\"NIVEL 1\"),V:V,0),COLUMN(S657))","v":"$S$641"},{"$f":"ADDRESS(MATCH(COUNTIF($R$2:$R657,\"NIVEL 1\"),V:V,0),COLUMN(W657))","v":"$W$641"},{"$f":"ADDRESS((MATCH(COUNTIF(INDIRECT(Z657):$S657,\"NIVEL 2\"),INDIRECT(AA657):W657,0)+(MATCH(COUNTIF($R$2:$R657,\"NIVEL 1\"),V:V,0)-1)),COLUMN(T657))","v":"$T$643"},null,null,null,null,null,null,null,null,null,null,null,null,null,null,null,null,null,null,null,null,null,null,null,null,null,null,{"$f":"PROCURA_PRECO_SERVICO","v":"39,86"}]
["13.1.1.12","SINAPI","95789",{"$f":"PROCURA_DESCRICAO_SERVICO","v":"CONDULETE DE ALUMÍNIO, TIPO LR, PARA ELETRODUTO DE AÇO GALVANIZADO DN 25 MM (1''), APARENTE - FORNECIMENTO E INSTALAÇÃO. AF_10/2022"},{"$f":"PROCURA_UNIDADE_SERVICO","v":"UN"},8,{"$f":"PROCURA_PRECO_SERVICO","v":"39,63"},50.02,400.16,null,null,null,null,"SERVIÇO",null,null,null,"NIVEL 4","NIVEL 4","NIVEL 4","NIVEL 4",{"$f":"COUNTIF($R$2:$R658,\"NIVEL 1\")","v":13},1,1,12,{"$f":"ADDRESS(MATCH(COUNTIF($R$2:$R658,\"NIVEL 1\"),V:V,0),COLUMN(S658))","v":"$S$641"},{"$f":"ADDRESS(MATCH(COUNTIF($R$2:$R658,\"NIVEL 1\"),V:V,0),COLUMN(W658))","v":"$W$641"},{"$f":"ADDRESS((MATCH(COUNTIF(INDIRECT(Z658):$S658,\"NIVEL 2\"),INDIRECT(AA658):W658,0)+(MATCH(COUNTIF($R$2:$R658,\"NIVEL 1\"),V:V,0)-1)),COLUMN(T658))","v":"$T$643"},null,null,null,null,null,null,null,null,null,null,null,null,null,null,null,null,null,null,null,null,null,null,null,null,null,null,{"$f":"PROCURA_PRECO_SERVICO","v":"39,63"}]
["13.1.1.13","SINAPI","95791",{"$f":"PROCURA_DESCRICAO_SERVICO","v":"CONDULETE DE ALUMÍNIO, TIPO LR, PARA ELETRODUTO DE AÇO GALVANIZADO DN 32 MM (1 1/4''), APARENTE - FORNECIMENTO E INSTALAÇÃO. AF_10/2022"},{"$f":"PROCURA_UNIDADE_SERVICO","v":"UN"},2,{"$f":"PROCURA_PRECO_SERVICO","v":"55,63"},70.22,140.44,null,null,null,null,"SERVIÇO",null,null,null,"NIVEL 4","NIVEL 4","NIVEL 4","NIVEL 4",{"$f":"COUNTIF($R$2:$R659,\"NIVEL 1\")","v":13},1,1,13,{"$f":"ADDRESS(MATCH(COUNTIF($R$2:$R659,\"NIVEL 1\"),V:V,0),COLUMN(S659))","v":"$S$641"},{"$f":"ADDRESS(MATCH(COUNTIF($R$2:$R659,\"NIVEL 1\"),V:V,0),COLUMN(W659))","v":"$W$641"},{"$f":"ADDRESS((MATCH(COUNTIF(INDIRECT(Z659):$S659,\"NIVEL 2\"),INDIRECT(AA659):W659,0)+(MATCH(COUNTIF($R$2:$R659,\"NIVEL 1\"),V:V,0)-1)),COLUMN(T659))","v":"$T$643"},null,null,null,null,null,null,null,null,null,null,null,null,null,null,null,null,null,null,null,null,null,null,null,null,null,null,{"$f":"PROCURA_PRECO_SERVICO","v":"55,63"}]
["13.1.1.14","SETOP","ED-49109",{"$f":"PROCURA_DESCRICAO_SERVICO","v":"CONDULETE DE ALUMÍNIO, TIPO \"LR\", DIÂMETRO DE SAÍDA 1.1/2\" (40MM), EXCLUSIVE MÓDULO E PLACA, INCLUSIVE FIXAÇÃO"},{"$f":"PROCURA_UNIDADE_SERVICO","v":"UN"},2,{"$f":"PROCURA_PRECO_SERVICO","v":58.92},74.38,148.76,null,null,null,null,"SERVIÇO",null,null,null,"NIVEL 4","NIVEL 4","NIVEL 4","NIVEL 4",{"$f":"COUNTIF($R$2:$R660,\"NIVEL 1\")","v":13},1,1,14,{"$f":"ADDRESS(MATCH(COUNTIF($R$2:$R660,\"NIVEL 1\"),V:V,0),COLUMN(S660))","v":"$S$641"},{"$f":"ADDRESS(MATCH(COUNTIF($R$2:$R660,\"NIVEL 1\"),V:V,0),COLUMN(W660))","v":"$W$641"},{"$f":"ADDRESS((MATCH(COUNTIF(INDIRECT(Z660):$S660,\"NIVEL 2\"),INDIRECT(AA660):W660,0)+(MATCH(COUNTIF($R$2:$R660,\"NIVEL 1\"),V:V,0)-1)),COLUMN(T660))","v":"$T$643"},null,null,null,null,null,null,null,null,null,null,null,null,null,null,null,null,null,null,null,null,null,null,null,null,null,null,{"$f":"PROCURA_PRECO_SERVICO","v":58.92}]
[{"$f":"V661&\".\"&W661&\".\"&X661&\".\"&Y661","v":"13.1.1.15"},"SETOP","ED-17993",{"$f":"PROCURA_DESCRICAO_SERVICO","v":"PLACA CEGA PARA CONDULETE, COM DIÂMETRO DE SAÍDA 1.1/2\" (40MM), EXCLUSIVE CONDULETE"},{"$f":"PROCURA_UNIDADE_SERVICO","v":"UN"},2,{"$f":"PROCURA_PRECO_SERVICO","v":11.52},14.54,29.08,null,null,null,null,"SERVIÇO",null,null,null,"NIVEL 4","NIVEL 4","NIVEL 4","NIVEL 4",{"$f":"COUNTIF($R$2:$R661,\"NIVEL 1\")","v":13},1,1,{"$f":"IF(U661=\"NIVEL 4\",OFFSET(Y661,-1,0)+1,0)","v":15},{"$f":"ADDRESS(MATCH(COUNTIF($R$2:$R661,\"NIVEL 1\"),V:V,0),COLUMN(S661))","v":"$S$641"},{"$f":"ADDRESS(MATCH(COUNTIF($R$2:$R661,\"NIVEL 1\"),V:V,0),COLUMN(W661))","v":"$W$641"},{"$f":"ADDRESS((MATCH(COUNTIF(INDIRECT(Z661):$S661,\"NIVEL 2\"),INDIRECT(AA661):W661,0)+(MATCH(COUNTIF($R$2:$R661,\"NIVEL 1\"),V:V,0)-1)),COLUMN(T661))","v":"$T$643"},null,null,null,null,null,null,null,null,null,null,null,null,null,null,null,null,null,null,null,null,null,null,null,null,null,null,{"$f":"PROCURA_PRECO_SERVICO","v":11.52}]
["13.1.1.16","SETOP","ED-49098",{"$f":"PROCURA_DESCRICAO_SERVICO","v":"CONDULETE DE ALUMÍNIO, TIPO \"X\", DIÂMETRO DE SAÍDA 1\" (25MM), EXCLUSIVE MÓDULO E PLACA, INCLUSIVE FIXAÇÃO"},{"$f":"PROCURA_UNIDADE_SERVICO","v":"UN"},17,{"$f":"PROCURA_PRECO_SERVICO","v":38.96},49.18,836.06,null,null,null,null,"SERVIÇO",null,null,null,"NIVEL 4","NIVEL 4","NIVEL 4","NIVEL 4",{"$f":"COUNTIF($R$2:$R662,\"NIVEL 1\")","v":13},1,1,16,{"$f":"ADDRESS(MATCH(COUNTIF($R$2:$R662,\"NIVEL 1\"),V:V,0),COLUMN(S662))","v":"$S$641"},{"$f":"ADDRESS(MATCH(COUNTIF($R$2:$R662,\"NIVEL 1\"),V:V,0),COLUMN(W662))","v":"$W$641"},{"$f":"ADDRESS((MATCH(COUNTIF(INDIRECT(Z662):$S662,\"NIVEL 2\"),INDIRECT(AA662):W662,0)+(MATCH(COUNTIF($R$2:$R662,\"NIVEL 1\"),V:V,0)-1)),COLUMN(T662))","v":"$T$643"},null,null,null,null,null,null,null,null,null,null,null,null,null,null,null,null,null,null,null,null,null,null,null,null,null,null,{"$f":"PROCURA_PRECO_SERVICO","v":38.96}]
["13.1.1.17","SINAPI","91940",{"$f":"PROCURA_DESCRICAO_SERVICO","v":"CAIXA RETANGULAR 4\" X 2\" MÉDIA (1,30 M DO PISO), PVC, INSTALADA EM PAREDE - FORNECIMENTO E INSTALAÇÃO. AF_12/2015"},{"$f":"PROCURA_UNIDADE_SERVICO","v":"UN"},7,{"$f":"PROCURA_PRECO_SERVICO","v":"15,88"},20.04,140.28,null,null,null,null,"SERVIÇO",null,null,null,"NIVEL 4","NIVEL 4","NIVEL 4","NIVEL 4",{"$f":"COUNTIF($R$2:$R663,\"NIVEL 1\")","v":13},1,1,17,{"$f":"ADDRESS(MATCH(COUNTIF($R$2:$R663,\"NIVEL 1\"),V:V,0),COLUMN(S663))","v":"$S$641"},{"$f":"ADDRESS(MATCH(COUNTIF($R$2:$R663,\"NIVEL 1\"),V:V,0),COLUMN(W663))","v":"$W$641"},{"$f":"ADDRESS((MATCH(COUNTIF(INDIRECT(Z663):$S663,\"NIVEL 2\"),INDIRECT(AA663):W663,0)+(MATCH(COUNTIF($R$2:$R663,\"NIVEL 1\"),V:V,0)-1)),COLUMN(T663))","v":"$T$643"},null,null,null,null,null,null,null,null,null,null,null,null,null,null,null,null,null,null,null,null,null,null,null,null,null,null,{"$f":"PROCURA_PRECO_SERVICO","v":"15,88"}]
["13.1.1.18","COMPOSIÇÃO","JMV-CRA-100",{"$f":"PROCURA_DESCRICAO_SERVICO","v":"CANALETA EVOLUTIVA APARENTE COM TAMPA EM PVC, DIM.:80X35 MM - BASEADO EM CPOS 38.07.700"},{"$f":"PROCURA_UNIDADE_SERVICO","v":"M"},4,{"$f":"PROCURA_PRECO_SERVICO","v":148.4},187.34,749.36,null,null,null,null,"SERVIÇO",null,null,null,"NIVEL 4","NIVEL 4","NIVEL 4","NIVEL 4",{"$f":"COUNTIF($R$2:$R664,\"NIVEL 1\")","v":13},1,1,18,{"$f":"ADDRESS(MATCH(COUNTIF($R$2:$R664,\"NIVEL 1\"),V:V,0),COLUMN(S664))","v":"$S$641"},{"$f":"ADDRESS(MATCH(COUNTIF($R$2:$R664,\"NIVEL 1\"),V:V,0),COLUMN(W664))","v":"$W$641"},{"$f":"ADDRESS((MATCH(COUNTIF(INDIRECT(Z664):$S664,\"NIVEL 2\"),INDIRECT(AA664):W664,0)+(MATCH(COUNTIF($R$2:$R664,\"NIVEL 1\"),V:V,0)-1)),COLUMN(T664))","v":"$T$643"},null,null,null,null,null,null,null,null,null,null,null,null,null,null,null,null,null,null,null,null,null,null,null,null,null,null,{"$f":"PROCURA_PRECO_SERVICO","v":148.4}]
["13.1.1.19","SINAPI","91854",{"$f":"PROCURA_DESCRICAO_SERVICO","v":"ELETRODUTO FLEXÍVEL CORRUGADO, PVC, DN 25 MM (3/4\"), PARA CIRCUITOS TERMINAIS, INSTALADO EM PAREDE - FORNECIMENTO E INSTALAÇÃO. AF_12/2015"},{"$f":"PROCURA_UNIDADE_SERVICO","v":"M"},25,{"$f":"PROCURA_PRECO_SERVICO","v":"10,03"},12.66,316.5,null,null,null,null,"SERVIÇO",null,null,null,"NIVEL 4","NIVEL 4","NIVEL 4","NIVEL 4",{"$f":"COUNTIF($R$2:$R665,\"NIVEL 1\")","v":13},1,1,19,{"$f":"ADDRESS(MATCH(COUNTIF($R$2:$R665,\"NIVEL 1\"),V:V,0),COLUMN(S665))","v":"$S$641"},{"$f":"ADDRESS(MATCH(COUNTIF($R$2:$R665,\"NIVEL 1\"),V:V,0),COLUMN(W665))","v":"$W$641"},{"$f":"ADDRESS((MATCH(COUNTIF(INDIRECT(Z665):$S665,\"NIVEL 2\"),INDIRECT(AA665):W665,0)+(MATCH(COUNTIF($R$2:$R665,\"NIVEL 1\"),V:V,0)-1)),COLUMN(T665))","v":"$T$643"},null,null,null,null,null,null,null,null,null,null,null,null,null,null,null,null,null,null,null,null,null,null,null,null,null,null,{"$f":"PROCURA_PRECO_SERVICO","v":"10,03"}]
["13.1.1.20","SINAPI","91856",{"$f":"PROCURA_DESCRICAO_SERVICO","v":"ELETRODUTO FLEXÍVEL CORRUGADO, PVC, DN 32 MM (1\"), PARA CIRCUITOS TERMINAIS, INSTALADO EM PAREDE - FORNECIMENTO E INSTALAÇÃO. AF_12/2015"},{"$f":"PROCURA_UNIDADE_SERVICO","v":"M"},16,{"$f":"PROCURA_PRECO_SERVICO","v":"13,05"},16.47,263.52,null,null,null,null,"SERVIÇO",null,null,null,"NIVEL 4","NIVEL 4","NIVEL 4","NIVEL 4",{"$f":"COUNTIF($R$2:$R666,\"NIVEL 1\")","v":13},1,1,20,{"$f":"ADDRESS(MATCH(COUNTIF($R$2:$R666,\"NIVEL 1\"),V:V,0),COLUMN(S666))","v":"$S$641"},{"$f":"ADDRESS(MATCH(COUNTIF($R$2:$R666,\"NIVEL 1\"),V:V,0),COLUMN(W666))","v":"$W$641"},{"$f":"ADDRESS((MATCH(COUNTIF(INDIRECT(Z666):$S666,\"NIVEL 2\"),INDIRECT(AA666):W666,0)+(MATCH(COUNTIF($R$2:$R666,\"NIVEL 1\"),V:V,0)-1)),COLUMN(T666))","v":"$T$643"},null,null,null,null,null,null,null,null,null,null,null,null,null,null,null,null,null,null,null,null,null,null,null,null,null,null,{"$f":"PROCURA_PRECO_SERVICO","v":"13,05"}]
["13.1.1.21","SINAPI","90447",{"$f":"PROCURA_DESCRICAO_SERVICO","v":"RASGO EM ALVENARIA PARA ELETRODUTOS COM DIAMETROS MENORES OU IGUAIS A 40 MM. AF_05/2015"},{"$f":"PROCURA_UNIDADE_SERVICO","v":"M"},41,{"$f":"PROCURA_PRECO_SERVICO","v":"6,75"},8.52,349.32,null,null,null,null,"SERVIÇO",null,null,null,"NIVEL 4","NIVEL 4","NIVEL 4","NIVEL 4",{"$f":"COUNTIF($R$2:$R667,\"NIVEL 1\")","v":13},1,1,21,{"$f":"ADDRESS(MATCH(COUNTIF($R$2:$R667,\"NIVEL 1\"),V:V,0),COLUMN(S667))","v":"$S$641"},{"$f":"ADDRESS(MATCH(COUNTIF($R$2:$R667,\"NIVEL 1\"),V:V,0),COLUMN(W667))","v":"$W$641"},{"$f":"ADDRESS((MATCH(COUNTIF(INDIRECT(Z667):$S667,\"NIVEL 2\"),INDIRECT(AA667):W667,0)+(MATCH(COUNTIF($R$2:$R667,\"NIVEL 1\"),V:V,0)-1)),COLUMN(T667))","v":"$T$643"},null,null,null,null,null,null,null,null,null,null,null,null,null,null,null,null,null,null,null,null,null,null,null,null,null,null,{"$f":"PROCURA_PRECO_SERVICO","v":"6,75"}]
[{"$f":"V668&\".\"&W668&\".\"&X668&\".\"&Y668","v":"13.1.1.22"},"SETOP","ED-50704",{"$f":"PROCURA_DESCRICAO_SERVICO","v":"ENCHIMENTO DE RASGO EM ALVENARIA/CONCRETO COM ARGAMASSA, DIÂMETROS DE 15MM A 25MM (1/2\" A 1\"), INCLUSIVE ARGAMASSA, TRAÇO 1:2:8 (CIMENTO, CAL E AREIA), PREPARO MECÂNICO"},{"$f":"PROCURA_UNIDADE_SERVICO","v":"M"},25,{"$f":"PROCURA_PRECO_SERVICO","v":2.39},3.01,75.25,null,null,null,null,"SERVIÇO",null,null,null,"NIVEL 4","NIVEL 4","NIVEL 4","NIVEL 4",{"$f":"COUNTIF($R$2:$R668,\"NIVEL 1\")","v":13},1,1,{"$f":"IF(U668=\"NIVEL 4\",OFFSET(Y668,-1,0)+1,0)","v":22},{"$f":"ADDRESS(MATCH(COUNTIF($R$2:$R668,\"NIVEL 1\"),V:V,0),COLUMN(S668))","v":"$S$641"},{"$f":"ADDRESS(MATCH(COUNTIF($R$2:$R668,\"NIVEL 1\"),V:V,0),COLUMN(W668))","v":"$W$641"},{"$f":"ADDRESS((MATCH(COUNTIF(INDIRECT(Z668):$S668,\"NIVEL 2\"),INDIRECT(AA668):W668,0)+(MATCH(COUNTIF($R$2:$R668,\"NIVEL 1\"),V:V,0)-1)),COLUMN(T668))","v":"$T$643"},null,null,null,null,null,null,null,null,null,null,null,null,null,null,null,null,null,null,null,null,null,null,null,null,null,null,{"$f":"PROCURA_PRECO_SERVICO","v":2.39}]
["13.1.1.23","SETOP","ED-50705",{"$f":"PROCURA_DESCRICAO_SERVICO","v":"ENCHIMENTO DE RASGO EM ALVENARIA/CONCRETO COM ARGAMASSA, DIÂMETROS DE 32MM A 50MM (1.1/4\" A 2\"), INCLUSIVE ARGAMASSA, TRAÇO 1:2:8 (CIMENTO, CAL E AREIA), PREPARO MECÂNICO"},{"$f":"PROCURA_UNIDADE_SERVICO","v":"M"},16,{"$f":"PROCURA_PRECO_SERVICO","v":3.12},3.93,62.88,null,null,null,null,"SERVIÇO",null,null,null,"NIVEL 4","NIVEL 4","NIVEL 4","NIVEL 4",{"$f":"COUNTIF($R$2:$R669,\"NIVEL 1\")","v":13},1,1,23,{"$f":"ADDRESS(MATCH(COUNTIF($R$2:$R669,\"NIVEL 1\"),V:V,0),COLUMN(S669))","v":"$S$641"},{"$f":"ADDRESS(MATCH(COUNTIF($R$2:$R669,\"NIVEL 1\"),V:V,0),COLUMN(W669))","v":"$W$641"},{"$f":"ADDRESS((MATCH(COUNTIF(INDIRECT(Z669):$S669,\"NIVEL 2\"),INDIRECT(AA669):W669,0)+(MATCH(COUNTIF($R$2:$R669,\"NIVEL 1\"),V:V,0)-1)),COLUMN(T669))","v":"$T$643"},null,null,null,null,null,null,null,null,null,null,null,null,null,null,null,null,null,null,null,null,null,null,null,null,null,null,{"$f":"PROCURA_PRECO_SERVICO","v":3.12}]
["13.1.1.24","SETOP","ED-29066",{"$f":"PROCURA_DESCRICAO_SERVICO","v":"CAIXA DE TELEFONIA, NÚMERO 7, DIMENSÃO (120X120)CM, EM CHAPA DE AÇO GALVANIZADO, TIPO EMBUTIR COM FECHO, INCLUSIVE ACESSÓRIOS E INSTALAÇÃO"},{"$f":"PROCURA_UNIDADE_SERVICO","v":"UN"},1,{"$f":"PROCURA_PRECO_SERVICO","v":1166.52},1472.61,1472.61,null,null,null,null,"SERVIÇO",null,null,null,"NIVEL 4","NIVEL 4","NIVEL 4","NIVEL 4",{"$f":"COUNTIF($R$2:$R670,\"NIVEL 1\")","v":13},1,1,24,{"$f":"ADDRESS(MATCH(COUNTIF($R$2:$R670,\"NIVEL 1\"),V:V,0),COLUMN(S670))","v":"$S$641"},{"$f":"ADDRESS(MATCH(COUNTIF($R$2:$R670,\"NIVEL 1\"),V:V,0),COLUMN(W670))","v":"$W$641"},{"$f":"ADDRESS((MATCH(COUNTIF(INDIRECT(Z670):$S670,\"NIVEL 2\"),INDIRECT(AA670):W670,0)+(MATCH(COUNTIF($R$2:$R670,\"NIVEL 1\"),V:V,0)-1)),COLUMN(T670))","v":"$T$643"},null,null,null,null,null,null,null,null,null,null,null,null,null,null,null,null,null,null,null,null,null,null,null,null,null,null,{"$f":"PROCURA_PRECO_SERVICO","v":1166.52}]
["13.1.1.25","SETOP","ED-27189",{"$f":"PROCURA_DESCRICAO_SERVICO","v":"CAIXA PRÉ-MOLDADA PARA ENTRADA TELEFÔNICA SUBTERRÂNEA, TIPO R1, MEDIDAS INTERNAS (60X35X50)CM, INCLUSIVE ESCAVAÇÃO, APILOAMENTO, LASTRO DE BRITA, REATERRO E TRANSPORTE E RETIRADA DO MATERIAL ESCAVADO (EM CAÇAMBA)"},{"$f":"PROCURA_UNIDADE_SERVICO","v":"UN"},1,{"$f":"PROCURA_PRECO_SERVICO","v":528.51},667.19,667.19,null,null,null,null,"SERVIÇO",null,null,null,"NIVEL 4","NIVEL 4","NIVEL 4","NIVEL 4",{"$f":"COUNTIF($R$2:$R671,\"NIVEL 1\")","v":13},1,1,25,{"$f":"ADDRESS(MATCH(COUNTIF($R$2:$R671,\"NIVEL 1\"),V:V,0),COLUMN(S671))","v":"$S$641"},{"$f":"ADDRESS(MATCH(COUNTIF($R$2:$R671,\"NIVEL 1\"),V:V,0),COLUMN(W671))","v":"$W$641"},{"$f":"ADDRESS((MATCH(COUNTIF(INDIRECT(Z671):$S671,\"NIVEL 2\"),INDIRECT(AA671):W671,0)+(MATCH(COUNTIF($R$2:$R671,\"NIVEL 1\"),V:V,0)-1)),COLUMN(T671))","v":"$T$643"},null,null,null,null,null,null,null,null,null,null,null,null,null,null,null,null,null,null,null,null,null,null,null,null,null,null,{"$f":"PROCURA_PRECO_SERVICO","v":528.51}]
[null,null,null,null,null,null,null,null,null,null,null,null,null,null,null,null,null,null,null,null,null,{"$f":"COUNTIF($R$2:$R672,\"NIVEL 1\")","v":13},1,1,0,{"$f":"ADDRESS(MATCH(COUNTIF($R$2:$R672,\"NIVEL 1\"),V:V,0),COLUMN(S672))","v":"$S$641"},{"$f":"ADDRESS(MATCH(COUNTIF($R$2:$R672,\"NIVEL 1\"),V:V,0),COLUMN(W672))","v":"$W$641"},{"$f":"ADDRESS((MATCH(COUNTIF(INDIRECT(Z672):$S672,\"NIVEL 2\"),INDIRECT(AA672):W672,0)+(MATCH(COUNTIF($R$2:$R672,\"NIVEL 1\"),V:V,0)-1)),COLUMN(T672))","v":"$T$643"},null,null,null,null,null,null,null,null,null,null,null,null,null,null,null,null,null,null,null,null,null,null,null,null,null,null,{"$f":"PROCURA_PRECO_SERVICO","v":0}]
[null,null,null,{"$f":"\"SUBTOTAL DO ITEM - \"&A645","v":"SUBTOTAL DO ITEM - 13.1.1"},null,null,null,null,{"$f":"SUBTOTAL(9,OFFSET(I645,1,0):OFFSET(I673,-1,0))","v":13922.14},null,null,null,null,"SUBSUBITEM_FIM",null,null,null,null,null,null,null,{"$f":"COUNTIF($R$2:$R673,\"NIVEL 1\")","v":13},1,1,0,{"$f":"ADDRESS(MATCH(COUNTIF($R$2:$R673,\"NIVEL 1\"),V:V,0),COLUMN(S673))","v":"$S$641"},{"$f":"ADDRESS(MATCH(COUNTIF($R$2:$R673,\"NIVEL 1\"),V:V,0),COLUMN(W673))","v":"$W$641"},{"$f":"ADDRESS((MATCH(COUNTIF(INDIRECT(Z673):$S673,\"NIVEL 2\"),INDIRECT(AA673):W673,0)+(MATCH(COUNTIF($R$2:$R673,\"NIVEL 1\"),V:V,0)-1)),COLUMN(T673))","v":"$T$643"},null,null,null,null,null,null,null,null,null,null,null,null,null,null,null,null,null,null,null,null,null,null,null,null,null,null,{"$f":"PROCURA_PRECO_SERVICO","v":0}]
[null,null,null,null,null,null,null,null,null,null,null,null,null,null,null,null,null,null,null,null,null,{"$f":"COUNTIF($R$2:$R674,\"NIVEL 1\")","v":13},1,1,0,{"$f":"ADDRESS(MATCH(COUNTIF($R$2:$R674,\"NIVEL 1\"),V:V,0),COLUMN(S674))","v":"$S$641"},{"$f":"ADDRESS(MATCH(COUNTIF($R$2:$R674,\"NIVEL 1\"),V:V,0),COLUMN(W674))","v":"$W$641"},{"$f":"ADDRESS((MATCH(COUNTIF(INDIRECT(Z674):$S674,\"NIVEL 2\"),INDIRECT(AA674):W674,0)+(MATCH(COUNTIF($R$2:$R674,\"NIVEL 1\"),V:V,0)-1)),COLUMN(T674))","v":"$T$643"},null,null,null,null,null,null,null,null,null,null,null,null,null,null,null,null,null,null,null,null,null,null,null,null,null,null,{"$f":"PROCURA_PRECO_SERVICO","v":0}]
[{"$f":"V675&\".\"&W675&\".\"&X675","v":"13.1.2"},null,null,"TOMADAS",null,null,null,null,null,null,null,null,null,"SUBSUBITEM_INICIO",null,null,null,"NIVEL 3","NIVEL 3","NIVEL 3",null,{"$f":"COUNTIF($R$2:$R675,\"NIVEL 1\")","v":13},1,2,0,{"$f":"ADDRESS(MATCH(COUNTIF($R$2:$R675,\"NIVEL 1\"),V:V,0),COLUMN(S675))","v":"$S$641"},{"$f":"ADDRESS(MATCH(COUNTIF($R$2:$R675,\"NIVEL 1\"),V:V,0),COLUMN(W675))","v":"$W$641"},{"$f":"ADDRESS((MATCH(COUNTIF(INDIRECT(Z675):$S675,\"NIVEL 2\"),INDIRECT(AA675):W675,0)+(MATCH(COUNTIF($R$2:$R675,\"NIVEL 1\"),V:V,0)-1)),COLUMN(T675))","v":"$T$643"},null,null,null,null,null,null,null,null,null,null,null,null,null,null,null,null,null,null,null,null,null,null,null,null,null,null,{"$f":"PROCURA_PRECO_SERVICO","v":0}]
[null,null,null,null,null,null,null,null,null,null,null,null,null,null,null,null,null,null,null,null,null,{"$f":"COUNTIF($R$2:$R676,\"NIVEL 1\")","v":13},1,2,0,{"$f":"ADDRESS(MATCH(COUNTIF($R$2:$R676,\"NIVEL 1\"),V:V,0),COLUMN(S676))","v":"$S$641"},{"$f":"ADDRESS(MATCH(COUNTIF($R$2:$R676,\"NIVEL 1\"),V:V,0),COLUMN(W676))","v":"$W$641"},{"$f":"ADDRESS((MATCH(COUNTIF(INDIRECT(Z676):$S676,\"NIVEL 2\"),INDIRECT(AA676):W676,0)+(MATCH(COUNTIF($R$2:$R676,\"NIVEL 1\"),V:V,0)-1)),COLUMN(T676))","v":"$T$643"},null,null,null,null,null,null,null,null,null,null,null,null,null,null,null,null,null,null,null,null,null,null,null,null,null,null,{"$f":"PROCURA_PRECO_SERVICO","v":0}]
[{"$f":"V677&\".\"&W677&\".\"&X677&\".\"&Y677","v":"13.1.2.1"},"COMPOSIÇÃO","JMV-CRA-101",{"$f":"PROCURA_DESCRICAO_SERVICO","v":"CONJUNTO DE UMA (1) TOMADA HDMI, COM PLACA 4\"X2\" - BASEADO EM SETOP (ED-15752)"},{"$f":"PROCURA_UNIDADE_SERVICO","v":"UN"},1,{"$f":"PROCURA_PRECO_SERVICO","v":167.14},{"$f":"CUSTO_BDI_SERVICO","v":210.99},{"$f":"CUSTO_TOTAL_SERVICO","v":210.99},null,null,null,null,"SERVIÇO",null,null,null,"NIVEL 4","NIVEL 4","NIVEL 4","NIVEL 4",{"$f":"COUNTIF($R$2:$R677,\"NIVEL 1\")","v":13},1,2,{"$f":"IF(U677=\"NIVEL 4\",OFFSET(Y677,-1,0)+1,0)","v":1},{"$f":"ADDRESS(MATCH(COUNTIF($R$2:$R677,\"NIVEL 1\"),V:V,0),COLUMN(S677))","v":"$S$641"},{"$f":"ADDRESS(MATCH(COUNTIF($R$2:$R677,\"NIVEL 1\"),V:V,0),COLUMN(W677))","v":"$W$641"},{"$f":"ADDRESS((MATCH(COUNTIF(INDIRECT(Z677):$S677,\"NIVEL 2\"),INDIRECT(AA677):W677,0)+(MATCH(COUNTIF($R$2:$R677,\"NIVEL 1\"),V:V,0)-1)),COLUMN(T677))","v":"$T$643"},null,null,null,null,null,null,null,null,null,null,null,null,null,null,null,null,null,null,null,null,null,null,null,null,null,null,{"$f":"PROCURA_PRECO_SERVICO","v":167.14}]
["13.1.2.2","SETOP","ED-15752",{"$f":"PROCURA_DESCRICAO_SERVICO","v":"CONJUNTO DE UMA (1) TOMADA DE DADOS (CONECTOR RJ45 CAT.6E), COM PLACA 4\"X2\" DE UM (1) POSTO, INCLUSIVE FORNECIMENTO, INSTALAÇÃO, SUPORTE, MÓDULO E PLACA"},{"$f":"PROCURA_UNIDADE_SERVICO","v":"UN"},6,{"$f":"PROCURA_PRECO_SERVICO","v":36.45},46.01,276.06,null,null,null,null,"SERVIÇO",null,null,null,"NIVEL 4","NIVEL 4","NIVEL 4","NIVEL 4",{"$f":"COUNTIF($R$2:$R678,\"NIVEL 1\")","v":13},1,2,2,{"$f":"ADDRESS(MATCH(COUNTIF($R$2:$R678,\"NIVEL 1\"),V:V,0),COLUMN(S678))","v":"$S$641"},{"$f":"ADDRESS(MATCH(COUNTIF($R$2:$R678,\"NIVEL 1\"),V:V,0),COLUMN(W678))","v":"$W$641"},{"$f":"ADDRESS((MATCH(COUNTIF(INDIRECT(Z678):$S678,\"NIVEL 2\"),INDIRECT(AA678):W678,0)+(MATCH(COUNTIF($R$2:$R678,\"NIVEL 1\"),V:V,0)-1)),COLUMN(T678))","v":"$T$643"},null,null,null,null,null,null,null,null,null,null,null,null,null,null,null,null,null,null,null,null,null,null,null,null,null,null,{"$f":"PROCURA_PRECO_SERVICO","v":36.45}]
["13.1.2.3","SETOP","ED-17983",{"$f":"PROCURA_DESCRICAO_SERVICO","v":"CONJUNTO PARA CONDULETE DE 1\" (25MM) COM UMA (1) TOMADA DE DADOS OU TELEFONIA (CONECTOR RJ45 CAT.6E OU RJ11) E PLACA DE UM (1) POSTO, INCLUSIVE FORNECIMENTO, INSTALAÇÃO, SUPORTE, MÓDULO E PLACA, EXCLUSIVE CONDULETE"},{"$f":"PROCURA_UNIDADE_SERVICO","v":"UN"},10,{"$f":"PROCURA_PRECO_SERVICO","v":36.87},46.54,465.4,null,null,null,null,"SERVIÇO",null,null,null,"NIVEL 4","NIVEL 4","NIVEL 4","NIVEL 4",{"$f":"COUNTIF($R$2:$R679,\"NIVEL 1\")","v":13},1,2,{"$f":"IF(U679=\"NIVEL 4\",OFFSET(Y679,-1,0)+1,0)","v":3},{"$f":"ADDRESS(MATCH(COUNTIF($R$2:$R679,\"NIVEL 1\"),V:V,0),COLUMN(S679))","v":"$S$641"},{"$f":"ADDRESS(MATCH(COUNTIF($R$2:$R679,\"NIVEL 1\"),V:V,0),COLUMN(W679))","v":"$W$641"},{"$f":"ADDRESS((MATCH(COUNTIF(INDIRECT(Z679):$S679,\"NIVEL 2\"),INDIRECT(AA679):W679,0)+(MATCH(COUNTIF($R$2:$R679,\"NIVEL 1\"),V:V,0)-1)),COLUMN(T679))","v":"$T$643"},null,null,null,null,null,null,null,null,null,null,null,null,null,null,null,null,null,null,null,null,null,null,null,null,null,null,{"$f":"PROCURA_PRECO_SERVICO","v":36.87}]
["13.1.2.4","SETOP","ED-17985",{"$f":"PROCURA_DESCRICAO_SERVICO","v":"CONJUNTO PARA CONDULETE DE 1\" (25MM) COM DUAS (2) TOMADA DE DADOS OU TELEFONIA (CONECTOR RJ45 CAT.6E OU RJ11) E PLACA DE DOIS (2) POSTOS, INCLUSIVE FORNECIMENTO, INSTALAÇÃO, SUPORTE, MÓDULO E PLACA, EXCLUSIVE CONDULETE"},{"$f":"PROCURA_UNIDADE_SERVICO","v":"UN"},5,{"$f":"PROCURA_PRECO_SERVICO","v":56.81},71.71,358.55,null,null,null,null,"SERVIÇO",null,null,null,"NIVEL 4","NIVEL 4","NIVEL 4","NIVEL 4",{"$f":"COUNTIF($R$2:$R680,\"NIVEL 1\")","v":13},1,2,4,{"$f":"ADDRESS(MATCH(COUNTIF($R$2:$R680,\"NIVEL 1\"),V:V,0),COLUMN(S680))","v":"$S$641"},{"$f":"ADDRESS(MATCH(COUNTIF($R$2:$R680,\"NIVEL 1\"),V:V,0),COLUMN(W680))","v":"$W$641"},{"$f":"ADDRESS((MATCH(COUNTIF(INDIRECT(Z680):$S680,\"NIVEL 2\"),INDIRECT(AA680):W680,0)+(MATCH(COUNTIF($R$2:$R680,\"NIVEL 1\"),V:V,0)-1)),COLUMN(T680))","v":"$T$643"},null,null,null,null,null,null,null,null,null,null,null,null,null,null,null,null,null,null,null,null,null,null,null,null,null,null,{"$f":"PROCURA_PRECO_SERVICO","v":56.81}]
["13.1.2.5","COMPOSIÇÃO","JMV-CRA-109",{"$f":"PROCURA_DESCRICAO_SERVICO","v":"CAIXA DE TOMADAS ABS DE MESA, PARA 3 BLOCOS: 2 MÓDULOS DE TOMADA + 1 TOMADA RJ-45 - BASEADA DA SBC (062564)"},{"$f":"PROCURA_UNIDADE_SERVICO","v":"UN"},1,{"$f":"PROCURA_PRECO_SERVICO","v":446.52},563.68,563.68,null,null,null,null,"SERVIÇO",null,null,null,"NIVEL 4","NIVEL 4","NIVEL 4","NIVEL 4",{"$f":"COUNTIF($R$2:$R681,\"NIVEL 1\")","v":13},1,2,{"$f":"IF(U681=\"NIVEL 4\",OFFSET(Y681,-1,0)+1,0)","v":5},{"$f":"ADDRESS(MATCH(COUNTIF($R$2:$R681,\"NIVEL 1\"),V:V,0),COLUMN(S681))","v":"$S$641"},{"$f":"ADDRESS(MATCH(COUNTIF($R$2:$R681,\"NIVEL 1\"),V:V,0),COLUMN(W681))","v":"$W$641"},{"$f":"ADDRESS((MATCH(COUNTIF(INDIRECT(Z681):$S681,\"NIVEL 2\"),INDIRECT(AA681):W681,0)+(MATCH(COUNTIF($R$2:$R681,\"NIVEL 1\"),V:V,0)-1)),COLUMN(T681))","v":"$T$643"},null,null,null,null,null,null,null,null,null,null,null,null,null,null,null,null,null,null,null,null,null,null,null,null,null,null,{"$f":"PROCURA_PRECO_SERVICO","v":446.52}]
["13.1.2.6","COMPOSIÇÃO","JMV-CRA-108",{"$f":"PROCURA_DESCRICAO_SERVICO","v":"CAIXA DE TOMADAS ABS DE MESA, PARA 4 BLOCOS: 2 MÓDULOS DE TOMADA + 2 TOMADA RJ-45 FÊMEA - BASEADA DA SBC (062564)"},{"$f":"PROCURA_UNIDADE_SERVICO","v":"UN"},4,{"$f":"PROCURA_PRECO_SERVICO","v":336.46},424.74,1698.96,null,null,null,null,"SERVIÇO",null,null,null,"NIVEL 4","NIVEL 4","NIVEL 4","NIVEL 4",{"$f":"COUNTIF($R$2:$R682,\"NIVEL 1\")","v":13},1,2,6,{"$f":"ADDRESS(MATCH(COUNTIF($R$2:$R682,\"NIVEL 1\"),V:V,0),COLUMN(S682))","v":"$S$641"},{"$f":"ADDRESS(MATCH(COUNTIF($R$2:$R682,\"NIVEL 1\"),V:V,0),COLUMN(W682))","v":"$W$641"},{"$f":"ADDRESS((MATCH(COUNTIF(INDIRECT(Z682):$S682,\"NIVEL 2\"),INDIRECT(AA682):W682,0)+(MATCH(COUNTIF($R$2:$R682,\"NIVEL 1\"),V:V,0)-1)),COLUMN(T682))","v":"$T$643"},null,null,null,null,null,null,null,null,null,null,null,null,null,null,null,null,null,null,null,null,null,null,null,null,null,null,{"$f":"PROCURA_PRECO_SERVICO","v":336.46}]
[null,null,null,null,null,null,null,null,null,null,null,null,null,null,null,null,null,null,null,null,null,{"$f":"COUNTIF($R$2:$R683,\"NIVEL 1\")","v":13},1,2,0,{"$f":"ADDRESS(MATCH(COUNTIF($R$2:$R683,\"NIVEL 1\"),V:V,0),COLUMN(S683))","v":"$S$641"},{"$f":"ADDRESS(MATCH(COUNTIF($R$2:$R683,\"NIVEL 1\"),V:V,0),COLUMN(W683))","v":"$W$641"},{"$f":"ADDRESS((MATCH(COUNTIF(INDIRECT(Z683):$S683,\"NIVEL 2\"),INDIRECT(AA683):W683,0)+(MATCH(COUNTIF($R$2:$R683,\"NIVEL 1\"),V:V,0)-1)),COLUMN(T683))","v":"$T$643"},null,null,null,null,null,null,null,null,null,null,null,null,null,null,null,null,null,null,null,null,null,null,null,null,null,null,{"$f":"PROCURA_PRECO_SERVICO","v":0}]
[null,null,null,{"$f":"\"SUBTOTAL DO ITEM - \"&A675","v":"SUBTOTAL DO ITEM - 13.1.2"},null,null,null,null,{"$f":"SUBTOTAL(9,OFFSET(I675,1,0):OFFSET(I684,-1,0))","v":3573.64},null,null,null,null,"SUBSUBITEM_FIM",null,null,null,null,null,null,null,{"$f":"COUNTIF($R$2:$R684,\"NIVEL 1\")","v":13},1,2,0,{"$f":"ADDRESS(MATCH(COUNTIF($R$2:$R684,\"NIVEL 1\"),V:V,0),COLUMN(S684))","v":"$S$641"},{"$f":"ADDRESS(MATCH(COUNTIF($R$2:$R684,\"NIVEL 1\"),V:V,0),COLUMN(W684))","v":"$W$641"},{"$f":"ADDRESS((MATCH(COUNTIF(INDIRECT(Z684):$S684,\"NIVEL 2\"),INDIRECT(AA684):W684,0)+(MATCH(COUNTIF($R$2:$R684,\"NIVEL 1\"),V:V,0)-1)),COLUMN(T684))","v":"$T$643"},null,null,null,null,null,null,null,null,null,null,null,null,null,null,null,null,null,null,null,null,null,null,null,null,null,null,{"$f":"PROCURA_PRECO_SERVICO","v":0}]
[null,null,null,null,null,null,null,null,null,null,null,null,null,null,null,null,null,null,null,null,null,{"$f":"COUNTIF($R$2:$R685,\"NIVEL 1\")","v":13},1,2,{"$f":"IF(U685=\"NIVEL 4\",OFFSET(Y685,-1,0)+1,0)","v":0},{"$f":"ADDRESS(MATCH(COUNTIF($R$2:$R685,\"NIVEL 1\"),V:V,0),COLUMN(S685))","v":"$S$641"},{"$f":"ADDRESS(MATCH(COUNTIF($R$2:$R685,\"NIVEL 1\"),V:V,0),COLUMN(W685))","v":"$W$641"},{"$f":"ADDRESS((MATCH(COUNTIF(INDIRECT(Z685):$S685,\"NIVEL 2\"),INDIRECT(AA685):W685,0)+(MATCH(COUNTIF($R$2:$R685,\"NIVEL 1\"),V:V,0)-1)),COLUMN(T685))","v":"$T$643"},null,null,null,null,null,null,null,null,null,null,null,null,null,null,null,null,null,null,null,null,null,null,null,null,null,null,{"$f":"PROCURA_PRECO_SERVICO","v":0}]
[{"$f":"V686&\".\"&W686&\".\"&X686","v":"13.1.3"},null,null,"CABEAMENTO",null,null,null,null,null,null,null,null,null,"SUBSUBITEM_INICIO",null,null,null,"NIVEL 3","NIVEL 3","NIVEL 3",null,{"$f":"COUNTIF($R$2:$R686,\"NIVEL 1\")","v":13},1,3,0,{"$f":"ADDRESS(MATCH(COUNTIF($R$2:$R686,\"NIVEL 1\"),V:V,0),COLUMN(S686))","v":"$S$641"},{"$f":"ADDRESS(MATCH(COUNTIF($R$2:$R686,\"NIVEL 1\"),V:V,0),COLUMN(W686))","v":"$W$641"},{"$f":"ADDRESS((MATCH(COUNTIF(INDIRECT(Z686):$S686,\"NIVEL 2\"),INDIRECT(AA686):W686,0)+(MATCH(COUNTIF($R$2:$R686,\"NIVEL 1\"),V:V,0)-1)),COLUMN(T686))","v":"$T$643"},null,null,null,null,null,null,null,null,null,null,null,null,null,null,null,null,null,null,null,null,null,null,null,null,null,null,{"$f":"PROCURA_PRECO_SERVICO","v":0}]
[null,null,null,null,null,null,null,null,null,null,null,null,null,null,null,null,null,null,null,null,null,{"$f":"COUNTIF($R$2:$R687,\"NIVEL 1\")","v":13},1,3,0,{"$f":"ADDRESS(MATCH(COUNTIF($R$2:$R687,\"NIVEL 1\"),V:V,0),COLUMN(S687))","v":"$S$641"},{"$f":"ADDRESS(MATCH(COUNTIF($R$2:$R687,\"NIVEL 1\"),V:V,0),COLUMN(W687))","v":"$W$641"},{"$f":"ADDRESS((MATCH(COUNTIF(INDIRECT(Z687):$S687,\"NIVEL 2\"),INDIRECT(AA687):W687,0)+(MATCH(COUNTIF($R$2:$R687,\"NIVEL 1\"),V:V,0)-1)),COLUMN(T687))","v":"$T$643"},null,null,null,null,null,null,null,null,null,null,null,null,null,null,null,null,null,null,null,null,null,null,null,null,null,null,{"$f":"PROCURA_PRECO_SERVICO","v":0}]
[{"$f":"V688&\".\"&W688&\".\"&X688&\".\"&Y688","v":"13.1.3.1"},"SETOP","ED-48365",{"$f":"PROCURA_DESCRICAO_SERVICO","v":"CABO UTP 4 PARES CATEGORIA 6 COM REVESTIMENTO EXTERNO NÃO PROPAGANTE A CHAMA"},{"$f":"PROCURA_UNIDADE_SERVICO","v":"M"},623,{"$f":"PROCURA_PRECO_SERVICO","v":8.59},{"$f":"CUSTO_BDI_SERVICO","v":10.84},{"$f":"CUSTO_TOTAL_SERVICO","v":6753.32},null,null,null,null,"SERVIÇO",null,null,null,"NIVEL 4","NIVEL 4","NIVEL 4","NIVEL 4",{"$f":"COUNTIF($R$2:$R688,\"NIVEL 1\")","v":13},1,3,1,{"$f":"ADDRESS(MATCH(COUNTIF($R$2:$R688,\"NIVEL 1\"),V:V,0),COLUMN(S688))","v":"$S$641"},{"$f":"ADDRESS(MATCH(COUNTIF($R$2:$R688,\"NIVEL 1\"),V:V,0),COLUMN(W688))","v":"$W$641"},{"$f":"ADDRESS((MATCH(COUNTIF(INDIRECT(Z688):$S688,\"NIVEL 2\"),INDIRECT(AA688):W688,0)+(MATCH(COUNTIF($R$2:$R688,\"NIVEL 1\"),V:V,0)-1)),COLUMN(T688))","v":"$T$643"},null,null,null,null,null,null,null,null,null,null,null,null,null,null,null,null,null,null,null,null,null,null,null,null,null,null,{"$f":"PROCURA_PRECO_SERVICO","v":8.59}]
[{"$f":"V689&\".\"&W689&\".\"&X689&\".\"&Y689","v":"13.1.3.2"},"SETOP","ED-48936",{"$f":"PROCURA_DESCRICAO_SERVICO","v":"CABO TELEFÔNICO CCE-APL-50.2"},{"$f":"PROCURA_UNIDADE_SERVICO","v":"M"},60,{"$f":"PROCURA_PRECO_SERVICO","v":21.85},{"$f":"CUSTO_BDI_SERVICO","v":27.58},{"$f":"CUSTO_TOTAL_SERVICO","v":1654.8},null,null,null,null,"SERVIÇO",null,null,null,"NIVEL 4","NIVEL 4","NIVEL 4","NIVEL 4",{"$f":"COUNTIF($R$2:$R689,\"NIVEL 1\")","v":13},1,3,2,{"$f":"ADDRESS(MATCH(COUNTIF($R$2:$R689,\"NIVEL 1\"),V:V,0),COLUMN(S689))","v":"$S$641"},{"$f":"ADDRESS(MATCH(COUNTIF($R$2:$R689,\"NIVEL 1\"),V:V,0),COLUMN(W689))","v":"$W$641"},{"$f":"ADDRESS((MATCH(COUNTIF(INDIRECT(Z689):$S689,\"NIVEL 2\"),INDIRECT(AA689):W689,0)+(MATCH(COUNTIF($R$2:$R689,\"NIVEL 1\"),V:V,0)-1)),COLUMN(T689))","v":"$T$643"},null,null,null,null,null,null,null,null,null,null,null,null,null,null,null,null,null,null,null,null,null,null,null,null,null,null,{"$f":"PROCURA_PRECO_SERVICO","v":21.85}]
[{"$f":"V690&\".\"&W690&\".\"&X690&\".\"&Y690","v":"13.1.3.3"},"SETOP","ED-48372",{"$f":"PROCURA_DESCRICAO_SERVICO","v":"PATCH CORD RJ45/RJ45 UTP-4P METÁLICO CATEGORIA 6, PINAGEM T568A NA COR AZUL (VOZ), COMPRIMENTO 3 METROS"},{"$f":"PROCURA_UNIDADE_SERVICO","v":"CJ"},35,{"$f":"PROCURA_PRECO_SERVICO","v":27.99},{"$f":"CUSTO_BDI_SERVICO","v":35.33},{"$f":"CUSTO_TOTAL_SERVICO","v":1236.55},null,null,null,null,"SERVIÇO",null,null,null,"NIVEL 4","NIVEL 4","NIVEL 4","NIVEL 4",{"$f":"COUNTIF($R$2:$R690,\"NIVEL 1\")","v":13},1,3,{"$f":"IF(U690=\"NIVEL 4\",OFFSET(Y690,-1,0)+1,0)","v":3},{"$f":"ADDRESS(MATCH(COUNTIF($R$2:$R690,\"NIVEL 1\"),V:V,0),COLUMN(S690))","v":"$S$641"},{"$f":"ADDRESS(MATCH(COUNTIF($R$2:$R690,\"NIVEL 1\"),V:V,0),COLUMN(W690))","v":"$W$641"},{"$f":"ADDRESS((MATCH(COUNTIF(INDIRECT(Z690):$S690,\"NIVEL 2\"),INDIRECT(AA690):W690,0)+(MATCH(COUNTIF($R$2:$R690,\"NIVEL 1\"),V:V,0)-1)),COLUMN(T690))","v":"$T$643"},null,null,null,null,null,null,null,null,null,null,null,null,null,null,null,null,null,null,null,null,null,null,null,null,null,null,{"$f":"PROCURA_PRECO_SERVICO","v":27.99}]
[{"$f":"V691&\".\"&W691&\".\"&X691&\".\"&Y691","v":"13.1.3.4"},"COMPOSIÇÃO","JMV-CRA-102",{"$f":"PROCURA_DESCRICAO_SERVICO","v":"ETIQUETA ADESIVA INDELÉVEL PARA IDENTIFICAÇÃO DOS CIRCUITOS - BASEADO EM ORSE (8824)"},{"$f":"PROCURA_UNIDADE_SERVICO","v":"UN"},70,{"$f":"PROCURA_PRECO_SERVICO","v":1.06},{"$f":"CUSTO_BDI_SERVICO","v":1.33},{"$f":"CUSTO_TOTAL_SERVICO","v":93.1},null,null,null,null,"SERVIÇO",null,null,null,"NIVEL 4","NIVEL 4","NIVEL 4","NIVEL 4",{"$f":"COUNTIF($R$2:$R691,\"NIVEL 1\")","v":13},1,3,4,{"$f":"ADDRESS(MATCH(COUNTIF($R$2:$R691,\"NIVEL 1\"),V:V,0),COLUMN(S691))","v":"$S$641"},{"$f":"ADDRESS(MATCH(COUNTIF($R$2:$R691,\"NIVEL 1\"),V:V,0),COLUMN(W691))","v":"$W$641"},{"$f":"ADDRESS((MATCH(COUNTIF(INDIRECT(Z691):$S691,\"NIVEL 2\"),INDIRECT(AA691):W691,0)+(MATCH(COUNTIF($R$2:$R691,\"NIVEL 1\"),V:V,0)-1)),COLUMN(T691))","v":"$T$643"},null,null,null,null,null,null,null,null,null,null,null,null,null,null,null,null,null,null,null,null,null,null,null,null,null,null,{"$f":"PROCURA_PRECO_SERVICO","v":1.06}]
[null,null,null,null,null,null,null,null,null,null,null,null,null,null,null,null,null,null,null,null,null,{"$f":"COUNTIF($R$2:$R692,\"NIVEL 1\")","v":13},1,3,0,{"$f":"ADDRESS(MATCH(COUNTIF($R$2:$R692,\"NIVEL 1\"),V:V,0),COLUMN(S692))","v":"$S$641"},{"$f":"ADDRESS(MATCH(COUNTIF($R$2:$R692,\"NIVEL 1\"),V:V,0),COLUMN(W692))","v":"$W$641"},{"$f":"ADDRESS((MATCH(COUNTIF(INDIRECT(Z692):$S692,\"NIVEL 2\"),INDIRECT(AA692):W692,0)+(MATCH(COUNTIF($R$2:$R692,\"NIVEL 1\"),V:V,0)-1)),COLUMN(T692))","v":"$T$643"},null,null,null,null,null,null,null,null,null,null,null,null,null,null,null,null,null,null,null,null,null,null,null,null,null,null,{"$f":"PROCURA_PRECO_SERVICO","v":0}]
[null,null,null,{"$f":"\"SUBTOTAL DO ITEM - \"&A686","v":"SUBTOTAL DO ITEM - 13.1.3"},null,null,null,null,{"$f":"SUBTOTAL(9,OFFSET(I686,1,0):OFFSET(I693,-1,0))","v":9737.77},null,null,null,null,"SUBSUBITEM_FIM",null,null,null,null,null,null,null,{"$f":"COUNTIF($R$2:$R693,\"NIVEL 1\")","v":13},1,3,0,{"$f":"ADDRESS(MATCH(COUNTIF($R$2:$R693,\"NIVEL 1\"),V:V,0),COLUMN(S693))","v":"$S$641"},{"$f":"ADDRESS(MATCH(COUNTIF($R$2:$R693,\"NIVEL 1\"),V:V,0),COLUMN(W693))","v":"$W$641"},{"$f":"ADDRESS((MATCH(COUNTIF(INDIRECT(Z693):$S693,\"NIVEL 2\"),INDIRECT(AA693):W693,0)+(MATCH(COUNTIF($R$2:$R693,\"NIVEL 1\"),V:V,0)-1)),COLUMN(T693))","v":"$T$643"},null,null,null,null,null,null,null,null,null,null,null,null,null,null,null,null,null,null,null,null,null,null,null,null,null,null,{"$f":"PROCURA_PRECO_SERVICO","v":0}]
[null,null,null,null,null,null,null,null,null,null,null,null,null,null,null,null,null,null,null,null,null,{"$f":"COUNTIF($R$2:$R694,\"NIVEL 1\")","v":13},1,3,0,{"$f":"ADDRESS(MATCH(COUNTIF($R$2:$R694,\"NIVEL 1\"),V:V,0),COLUMN(S694))","v":"$S$641"},{"$f":"ADDRESS(MATCH(COUNTIF($R$2:$R694,\"NIVEL 1\"),V:V,0),COLUMN(W694))","v":"$W$641"},{"$f":"ADDRESS((MATCH(COUNTIF(INDIRECT(Z694):$S694,\"NIVEL 2\"),INDIRECT(AA694):W694,0)+(MATCH(COUNTIF($R$2:$R694,\"NIVEL 1\"),V:V,0)-1)),COLUMN(T694))","v":"$T$643"},null,null,null,null,null,null,null,null,null,null,null,null,null,null,null,null,null,null,null,null,null,null,null,null,null,null,{"$f":"PROCURA_PRECO_SERVICO","v":0}]
[{"$f":"V695&\".\"&W695&\".\"&X695","v":"13.1.4"},null,null,"RACKS DE TELECOMUNICAÇÕES",null,null,null,null,null,null,null,null,null,"SUBSUBITEM_INICIO",null,null,null,"NIVEL 3","NIVEL 3","NIVEL 3",null,{"$f":"COUNTIF($R$2:$R695,\"NIVEL 1\")","v":13},1,4,0,{"$f":"ADDRESS(MATCH(COUNTIF($R$2:$R695,\"NIVEL 1\"),V:V,0),COLUMN(S695))","v":"$S$641"},{"$f":"ADDRESS(MATCH(COUNTIF($R$2:$R695,\"NIVEL 1\"),V:V,0),COLUMN(W695))","v":"$W$641"},{"$f":"ADDRESS((MATCH(COUNTIF(INDIRECT(Z695):$S695,\"NIVEL 2\"),INDIRECT(AA695):W695,0)+(MATCH(COUNTIF($R$2:$R695,\"NIVEL 1\"),V:V,0)-1)),COLUMN(T695))","v":"$T$643"},null,null,null,null,null,null,null,null,null,null,null,null,null,null,null,null,null,null,null,null,null,null,null,null,null,null,{"$f":"PROCURA_PRECO_SERVICO","v":0}]
[null,null,null,null,null,null,null,null,null,null,null,null,null,null,null,null,null,null,null,null,null,{"$f":"COUNTIF($R$2:$R696,\"NIVEL 1\")","v":13},1,4,0,{"$f":"ADDRESS(MATCH(COUNTIF($R$2:$R696,\"NIVEL 1\"),V:V,0),COLUMN(S696))","v":"$S$641"},{"$f":"ADDRESS(MATCH(COUNTIF($R$2:$R696,\"NIVEL 1\"),V:V,0),COLUMN(W696))","v":"$W$641"},{"$f":"ADDRESS((MATCH(COUNTIF(INDIRECT(Z696):$S696,\"NIVEL 2\"),INDIRECT(AA696):W696,0)+(MATCH(COUNTIF($R$2:$R696,\"NIVEL 1\"),V:V,0)-1)),COLUMN(T696))","v":"$T$643"},null,null,null,null,null,null,null,null,null,null,null,null,null,null,null,null,null,null,null,null,null,null,null,null,null,null,{"$f":"PROCURA_PRECO_SERVICO","v":0}]
[{"$f":"V697&\".\"&W697&\".\"&X697&\".\"&Y697","v":"13.1.4.1"},"COMPOSIÇÃO","JMV-CRA-103",{"$f":"PROCURA_DESCRICAO_SERVICO","v":"FORNECIMENTO E INSTALAÇÃO DE MINI RACK DE PAREDE PADRÃO 19\" - 12 U´S X 570MM - BASEADO EM IOPES (160811)"},{"$f":"PROCURA_UNIDADE_SERVICO","v":"UND"},2,{"$f":"PROCURA_PRECO_SERVICO","v":595.98},{"$f":"CUSTO_BDI_SERVICO","v":752.36},{"$f":"CUSTO_TOTAL_SERVICO","v":1504.72},null,null,null,null,"SERVIÇO",null,null,null,"NIVEL 4","NIVEL 4","NIVEL 4","NIVEL 4",{"$f":"COUNTIF($R$2:$R697,\"NIVEL 1\")","v":13},1,4,{"$f":"IF(U697=\"NIVEL 4\",OFFSET(Y697,-1,0)+1,0)","v":1},{"$f":"ADDRESS(MATCH(COUNTIF($R$2:$R697,\"NIVEL 1\"),V:V,0),COLUMN(S697))","v":"$S$641"},{"$f":"ADDRESS(MATCH(COUNTIF($R$2:$R697,\"NIVEL 1\"),V:V,0),COLUMN(W697))","v":"$W$641"},{"$f":"ADDRESS((MATCH(COUNTIF(INDIRECT(Z697):$S697,\"NIVEL 2\"),INDIRECT(AA697):W697,0)+(MATCH(COUNTIF($R$2:$R697,\"NIVEL 1\"),V:V,0)-1)),COLUMN(T697))","v":"$T$643"},null,null,null,null,null,null,null,null,null,null,null,null,null,null,null,null,null,null,null,null,null,null,null,null,null,null,{"$f":"PROCURA_PRECO_SERVICO","v":595.98}]
["13.1.4.2","SINAPI","98302",{"$f":"PROCURA_DESCRICAO_SERVICO","v":"PATCH PANEL 24 PORTAS, CATEGORIA 6 - FORNECIMENTO E INSTALAÇÃO. AF_11/2019"},{"$f":"PROCURA_UNIDADE_SERVICO","v":"UN"},4,{"$f":"PROCURA_PRECO_SERVICO","v":"1.039,70"},1312.51,5250.04,null,null,null,null,"SERVIÇO",null,null,null,"NIVEL 4","NIVEL 4","NIVEL 4","NIVEL 4",{"$f":"COUNTIF($R$2:$R698,\"NIVEL 1\")","v":13},1,4,2,{"$f":"ADDRESS(MATCH(COUNTIF($R$2:$R698,\"NIVEL 1\"),V:V,0),COLUMN(S698))","v":"$S$641"},{"$f":"ADDRESS(MATCH(COUNTIF($R$2:$R698,\"NIVEL 1\"),V:V,0),COLUMN(W698))","v":"$W$641"},{"$f":"ADDRESS((MATCH(COUNTIF(INDIRECT(Z698):$S698,\"NIVEL 2\"),INDIRECT(AA698):W698,0)+(MATCH(COUNTIF($R$2:$R698,\"NIVEL 1\"),V:V,0)-1)),COLUMN(T698))","v":"$T$643"},null,null,null,null,null,null,null,null,null,null,null,null,null,null,null,null,null,null,null,null,null,null,null,null,null,null,{"$f":"PROCURA_PRECO_SERVICO","v":"1.039,70"}]
["13.1.4.3","COMPOSIÇÃO","JMV-CRA-104",{"$f":"PROCURA_DESCRICAO_SERVICO","v":"VOICE PANEL 30 PORTAS - RJ11/IDC 110 - 19\"\"/1U - BASEADO EM SBC (059463)"},{"$f":"PROCURA_UNIDADE_SERVICO","v":"UN"},2,{"$f":"PROCURA_PRECO_SERVICO","v":546.67},690.11,1380.22,null,null,null,null,"SERVIÇO",null,null,null,"NIVEL 4","NIVEL 4","NIVEL 4","NIVEL 4",{"$f":"COUNTIF($R$2:$R699,\"NIVEL 1\")","v":13},1,4,3,{"$f":"ADDRESS(MATCH(COUNTIF($R$2:$R699,\"NIVEL 1\"),V:V,0),COLUMN(S699))","v":"$S$641"},{"$f":"ADDRESS(MATCH(COUNTIF($R$2:$R699,\"NIVEL 1\"),V:V,0),COLUMN(W699))","v":"$W$641"},{"$f":"ADDRESS((MATCH(COUNTIF(INDIRECT(Z699):$S699,\"NIVEL 2\"),INDIRECT(AA699):W699,0)+(MATCH(COUNTIF($R$2:$R699,\"NIVEL 1\"),V:V,0)-1)),COLUMN(T699))","v":"$T$643"},null,null,null,null,null,null,null,null,null,null,null,null,null,null,null,null,null,null,null,null,null,null,null,null,null,null,{"$f":"PROCURA_PRECO_SERVICO","v":546.67}]
["13.1.4.4","COMPOSIÇÃO","JMV-CRA-105",{"$f":"PROCURA_DESCRICAO_SERVICO","v":"BLOCO DE CONEXAO PADRAO IDC P/ 20 PARES - BASEADO EM SBC (063817)"},{"$f":"PROCURA_UNIDADE_SERVICO","v":"UN"},2,{"$f":"PROCURA_PRECO_SERVICO","v":41.44},52.31,104.62,null,null,null,null,"SERVIÇO",null,null,null,"NIVEL 4","NIVEL 4","NIVEL 4","NIVEL 4",{"$f":"COUNTIF($R$2:$R700,\"NIVEL 1\")","v":13},1,4,4,{"$f":"ADDRESS(MATCH(COUNTIF($R$2:$R700,\"NIVEL 1\"),V:V,0),COLUMN(S700))","v":"$S$641"},{"$f":"ADDRESS(MATCH(COUNTIF($R$2:$R700,\"NIVEL 1\"),V:V,0),COLUMN(W700))","v":"$W$641"},{"$f":"ADDRESS((MATCH(COUNTIF(INDIRECT(Z700):$S700,\"NIVEL 2\"),INDIRECT(AA700):W700,0)+(MATCH(COUNTIF($R$2:$R700,\"NIVEL 1\"),V:V,0)-1)),COLUMN(T700))","v":"$T$643"},null,null,null,null,null,null,null,null,null,null,null,null,null,null,null,null,null,null,null,null,null,null,null,null,null,null,{"$f":"PROCURA_PRECO_SERVICO","v":41.44}]
["13.1.4.5","SUDECAP","11.82.54",{"$f":"PROCURA_DESCRICAO_SERVICO","v":"ACESSORIOS PARA INSTALAÇAO TELEFONICA/INFORMATICA - GUIA DE CABOS P/ RACK 1U"},{"$f":"PROCURA_UNIDADE_SERVICO","v":"UN"},4,{"$f":"PROCURA_PRECO_SERVICO","v":29.4},37.11,148.44,null,null,null,null,"SERVIÇO",null,null,null,"NIVEL 4","NIVEL 4","NIVEL 4","NIVEL 4",{"$f":"COUNTIF($R$2:$R701,\"NIVEL 1\")","v":13},1,4,5,{"$f":"ADDRESS(MATCH(COUNTIF($R$2:$R701,\"NIVEL 1\"),V:V,0),COLUMN(S701))","v":"$S$641"},{"$f":"ADDRESS(MATCH(COUNTIF($R$2:$R701,\"NIVEL 1\"),V:V,0),COLUMN(W701))","v":"$W$641"},{"$f":"ADDRESS((MATCH(COUNTIF(INDIRECT(Z701):$S701,\"NIVEL 2\"),INDIRECT(AA701):W701,0)+(MATCH(COUNTIF($R$2:$R701,\"NIVEL 1\"),V:V,0)-1)),COLUMN(T701))","v":"$T$643"},null,null,null,null,null,null,null,null,null,null,null,null,null,null,null,null,null,null,null,null,null,null,null,null,null,null,{"$f":"PROCURA_PRECO_SERVICO","v":29.4}]
["13.1.4.6","COMPOSIÇÃO","JMV-CRA-106",{"$f":"PROCURA_DESCRICAO_SERVICO","v":"REGUA 19\"\" COM 12 TOMADAS 2P+T - BASEADO EM SBC (059458)"},{"$f":"PROCURA_UNIDADE_SERVICO","v":"UN"},2,{"$f":"PROCURA_PRECO_SERVICO","v":149.54},188.77,377.54,null,null,null,null,"SERVIÇO",null,null,null,"NIVEL 4","NIVEL 4","NIVEL 4","NIVEL 4",{"$f":"COUNTIF($R$2:$R702,\"NIVEL 1\")","v":13},1,4,6,{"$f":"ADDRESS(MATCH(COUNTIF($R$2:$R702,\"NIVEL 1\"),V:V,0),COLUMN(S702))","v":"$S$641"},{"$f":"ADDRESS(MATCH(COUNTIF($R$2:$R702,\"NIVEL 1\"),V:V,0),COLUMN(W702))","v":"$W$641"},{"$f":"ADDRESS((MATCH(COUNTIF(INDIRECT(Z702):$S702,\"NIVEL 2\"),INDIRECT(AA702):W702,0)+(MATCH(COUNTIF($R$2:$R702,\"NIVEL 1\"),V:V,0)-1)),COLUMN(T702))","v":"$T$643"},null,null,null,null,null,null,null,null,null,null,null,null,null,null,null,null,null,null,null,null,null,null,null,null,null,null,{"$f":"PROCURA_PRECO_SERVICO","v":149.54}]
[null,null,null,null,null,null,null,null,null,null,null,null,null,null,null,null,null,null,null,null,null,{"$f":"COUNTIF($R$2:$R703,\"NIVEL 1\")","v":13},1,4,0,{"$f":"ADDRESS(MATCH(COUNTIF($R$2:$R703,\"NIVEL 1\"),V:V,0),COLUMN(S703))","v":"$S$641"},{"$f":"ADDRESS(MATCH(COUNTIF($R$2:$R703,\"NIVEL 1\"),V:V,0),COLUMN(W703))","v":"$W$641"},{"$f":"ADDRESS((MATCH(COUNTIF(INDIRECT(Z703):$S703,\"NIVEL 2\"),INDIRECT(AA703):W703,0)+(MATCH(COUNTIF($R$2:$R703,\"NIVEL 1\"),V:V,0)-1)),COLUMN(T703))","v":"$T$643"},null,null,null,null,null,null,null,null,null,null,null,null,null,null,null,null,null,null,null,null,null,null,null,null,null,null,{"$f":"PROCURA_PRECO_SERVICO","v":0}]
[null,null,null,{"$f":"\"SUBTOTAL DO ITEM - \"&A695","v":"SUBTOTAL DO ITEM - 13.1.4"},null,null,null,null,{"$f":"SUBTOTAL(9,OFFSET(I695,1,0):OFFSET(I704,-1,0))","v":8765.58},null,null,null,null,"SUBSUBITEM_FIM",null,null,null,null,null,null,null,{"$f":"COUNTIF($R$2:$R704,\"NIVEL 1\")","v":13},1,4,0,{"$f":"ADDRESS(MATCH(COUNTIF($R$2:$R704,\"NIVEL 1\"),V:V,0),COLUMN(S704))","v":"$S$641"},{"$f":"ADDRESS(MATCH(COUNTIF($R$2:$R704,\"NIVEL 1\"),V:V,0),COLUMN(W704))","v":"$W$641"},{"$f":"ADDRESS((MATCH(COUNTIF(INDIRECT(Z704):$S704,\"NIVEL 2\"),INDIRECT(AA704):W704,0)+(MATCH(COUNTIF($R$2:$R704,\"NIVEL 1\"),V:V,0)-1)),COLUMN(T704))","v":"$T$643"},null,null,null,null,null,null,null,null,null,null,null,null,null,null,null,null,null,null,null,null,null,null,null,null,null,null,{"$f":"PROCURA_PRECO_SERVICO","v":0}]
[null,null,null,null,null,null,null,null,null,null,null,null,null,null,null,null,null,null,null,null,null,{"$f":"COUNTIF($R$2:$R705,\"NIVEL 1\")","v":13},1,4,0,{"$f":"ADDRESS(MATCH(COUNTIF($R$2:$R705,\"NIVEL 1\"),V:V,0),COLUMN(S705))","v":"$S$641"},{"$f":"ADDRESS(MATCH(COUNTIF($R$2:$R705,\"NIVEL 1\"),V:V,0),COLUMN(W705))","v":"$W$641"},{"$f":"ADDRESS((MATCH(COUNTIF(INDIRECT(Z705):$S705,\"NIVEL 2\"),INDIRECT(AA705):W705,0)+(MATCH(COUNTIF($R$2:$R705,\"NIVEL 1\"),V:V,0)-1)),COLUMN(T705))","v":"$T$643"},null,null,null,null,null,null,null,null,null,null,null,null,null,null,null,null,null,null,null,null,null,null,null,null,null,null,{"$f":"PROCURA_PRECO_SERVICO","v":0}]
[null,null,null,{"$f":"\"SUBTOTAL DO ITEM  - \"&A643","v":"SUBTOTAL DO ITEM  - 13.1"},null,null,null,null,{"$f":"SUBTOTAL(9,OFFSET(I643,1,0):OFFSET(I706,-1,0))","v":35999.13},null,null,null,null,"SUBITEM_FIM",null,null,null,null,null,null,null,{"$f":"COUNTIF($R$2:$R706,\"NIVEL 1\")","v":13},1,4,0,{"$f":"ADDRESS(MATCH(COUNTIF($R$2:$R706,\"NIVEL 1\"),V:V,0),COLUMN(S706))","v":"$S$641"},{"$f":"ADDRESS(MATCH(COUNTIF($R$2:$R706,\"NIVEL 1\"),V:V,0),COLUMN(W706))","v":"$W$641"},{"$f":"ADDRESS((MATCH(COUNTIF(INDIRECT(Z706):$S706,\"NIVEL 2\"),INDIRECT(AA706):W706,0)+(MATCH(COUNTIF($R$2:$R706,\"NIVEL 1\"),V:V,0)-1)),COLUMN(T706))","v":"$T$643"},null,null,null,null,null,null,null,null,null,null,null,null,null,null,null,null,null,null,null,null,null,null,null,null,null,null,{"$f":"PROCURA_PRECO_SERVICO","v":0}]
[null,null,null,null,null,null,null,null,null,null,null,null,null,null,null,null,null,null,null,null,null,{"$f":"COUNTIF($R$2:$R707,\"NIVEL 1\")","v":13},1,4,0,{"$f":"ADDRESS(MATCH(COUNTIF($R$2:$R707,\"NIVEL 1\"),V:V,0),COLUMN(S707))","v":"$S$641"},{"$f":"ADDRESS(MATCH(COUNTIF($R$2:$R707,\"NIVEL 1\"),V:V,0),COLUMN(W707))","v":"$W$641"},{"$f":"ADDRESS((MATCH(COUNTIF(INDIRECT(Z707):$S707,\"NIVEL 2\"),INDIRECT(AA707):W707,0)+(MATCH(COUNTIF($R$2:$R707,\"NIVEL 1\"),V:V,0)-1)),COLUMN(T707))","v":"$T$643"},null,null,null,null,null,null,null,null,null,null,null,null,null,null,null,null,null,null,null,null,null,null,null,null,null,null,{"$f":"PROCURA_PRECO_SERVICO","v":0}]
[null,null,null,{"$f":"\"TOTAL DO ITEM - \"&A641","v":"TOTAL DO ITEM - 13"},null,null,null,null,{"$f":"SUBTOTAL(9,OFFSET(I641,1,0):OFFSET(I708,-1,0))","v":35999.13},null,null,null,null,"ITEM_FIM",null,null,null,null,null,null,null,{"$f":"COUNTIF($R$2:$R708,\"NIVEL 1\")","v":13},1,4,0,{"$f":"ADDRESS(MATCH(COUNTIF($R$2:$R708,\"NIVEL 1\"),V:V,0),COLUMN(S708))","v":"$S$641"},{"$f":"ADDRESS(MATCH(COUNTIF($R$2:$R708,\"NIVEL 1\"),V:V,0),COLUMN(W708))","v":"$W$641"},{"$f":"ADDRESS((MATCH(COUNTIF(INDIRECT(Z708):$S708,\"NIVEL 2\"),INDIRECT(AA708):W708,0)+(MATCH(COUNTIF($R$2:$R708,\"NIVEL 1\"),V:V,0)-1)),COLUMN(T708))","v":"$T$643"},null,null,null,null,null,null,null,null,null,null,null,null,null,null,null,null,null,null,null,null,null,null,null,null,null,null,{"$f":"PROCURA_PRECO_SERVICO","v":0}]
[null,null,null,null,null,null,null,{"$f":"TRUNC(G709*(1+$I$3),2)","v":0},null,null,null,null,null,null,null,null,null,null,null,null,null,{"$f":"COUNTIF($R$2:$R709,\"NIVEL 1\")","v":13},1,4,{"$f":"IF(U709=\"NIVEL 4\",OFFSET(Y709,-1,0)+1,0)","v":0},{"$f":"ADDRESS(MATCH(COUNTIF($R$2:$R709,\"NIVEL 1\"),V:V,0),COLUMN(S709))","v":"$S$641"},{"$f":"ADDRESS(MATCH(COUNTIF($R$2:$R709,\"NIVEL 1\"),V:V,0),COLUMN(W709))","v":"$W$641"},{"$f":"ADDRESS((MATCH(COUNTIF(INDIRECT(Z709):$S709,\"NIVEL 2\"),INDIRECT(AA709):W709,0)+(MATCH(COUNTIF($R$2:$R709,\"NIVEL 1\"),V:V,0)-1)),COLUMN(T709))","v":"$T$643"},null,null,null,null,null,null,null,null,null,null,null,null,null,null,null,null,null,null,null,null,null,null,null,null,null,null,{"$f":"PROCURA_PRECO_SERVICO","v":0}]
[{"$f":"V710","v":14},null,null,"INSTALAÇÕES ELÉTRICAS",null,null,null,null,null,null,null,null,null,"ITEM_INICIO",null,null,null,"NIVEL 1",null,null,null,{"$f":"COUNTIF($R$2:$R710,\"NIVEL 1\")","v":14},0,0,0,{"$f":"ADDRESS(MATCH(COUNTIF($R$2:$R710,\"NIVEL 1\"),V:V,0),COLUMN(S710))","v":"$S$710"},{"$f":"ADDRESS(MATCH(COUNTIF($R$2:$R710,\"NIVEL 1\"),V:V,0),COLUMN(W710))","v":"$W$710"},{"$f":"ADDRESS((MATCH(COUNTIF(INDIRECT(Z710):$S710,\"NIVEL 2\"),INDIRECT(AA710):W710,0)+(MATCH(COUNTIF($R$2:$R710,\"NIVEL 1\"),V:V,0)-1)),COLUMN(T710))","v":"$T$710"},null,{"$f":"A710","v":14},null,null,{"$f":"D710","v":"INSTALAÇÕES ELÉTRICAS"},{"$f":"I818","v":210359.76},{"$f":"AH710/$I$1374","v":0.107881573897955},null,null,null,null,null,null,null,null,null,null,null,null,null,null,null,null,null,null,null,{"$f":"PROCURA_PRECO_SERVICO","v":0}]
[null,null,null,null,null,null,null,null,null,null,null,null,null,null,null,null,null,null,null,null,null,{"$f":"COUNTIF($R$2:$R711,\"NIVEL 1\")","v":14},0,0,0,{"$f":"ADDRESS(MATCH(COUNTIF($R$2:$R711,\"NIVEL 1\"),V:V,0),COLUMN(S711))","v":"$S$710"},{"$f":"ADDRESS(MATCH(COUNTIF($R$2:$R711,\"NIVEL 1\"),V:V,0),COLUMN(W711))","v":"$W$710"},{"$f":"ADDRESS((MATCH(COUNTIF(INDIRECT(Z711):$S711,\"NIVEL 2\"),INDIRECT(AA711):W711,0)+(MATCH(COUNTIF($R$2:$R711,\"NIVEL 1\"),V:V,0)-1)),COLUMN(T711))","v":"$T$710"},null,null,null,null,null,null,null,null,null,null,null,null,null,null,null,null,null,null,null,null,null,null,null,null,null,null,{"$f":"PROCURA_PRECO_SERVICO","v":0}]
[{"$f":"V712&\".\"&W712","v":"14.1"},null,null,"INSTALAÇÕES ELÉTRICAS",null,null,null,null,null,null,null,null,null,"SUBITEM_INICIO",null,null,null,"NIVEL 2","NIVEL 2",null,null,{"$f":"COUNTIF($R$2:$R712,\"NIVEL 1\")","v":14},{"$f":"IFERROR(COUNTIF(INDIRECT(Z712):S712,\"NIVEL 2\"),0)","v":1},{"$f":"COUNTIF(INDIRECT(AB712):T712,\"NIVEL 3\")","v":0},0,{"$f":"ADDRESS(MATCH(COUNTIF($R$2:$R712,\"NIVEL 1\"),V:V,0),COLUMN(S712))","v":"$S$710"},{"$f":"ADDRESS(MATCH(COUNTIF($R$2:$R712,\"NIVEL 1\"),V:V,0),COLUMN(W712))","v":"$W$710"},{"$f":"ADDRESS((MATCH(COUNTIF(INDIRECT(Z712):$S712,\"NIVEL 2\"),INDIRECT(AA712):W712,0)+(MATCH(COUNTIF($R$2:$R712,\"NIVEL 1\"),V:V,0)-1)),COLUMN(T712))","v":"$T$712"},null,null,null,null,null,null,null,null,null,null,null,null,null,null,null,null,null,null,null,null,null,null,null,null,null,null,{"$f":"PROCURA_PRECO_SERVICO","v":0}]
[null,null,null,null,null,null,null,null,null,null,null,null,null,null,null,null,null,null,null,null,null,{"$f":"COUNTIF($R$2:$R713,\"NIVEL 1\")","v":14},1,0,0,{"$f":"ADDRESS(MATCH(COUNTIF($R$2:$R713,\"NIVEL 1\"),V:V,0),COLUMN(S713))","v":"$S$710"},{"$f":"ADDRESS(MATCH(COUNTIF($R$2:$R713,\"NIVEL 1\"),V:V,0),COLUMN(W713))","v":"$W$710"},{"$f":"ADDRESS((MATCH(COUNTIF(INDIRECT(Z713):$S713,\"NIVEL 2\"),INDIRECT(AA713):W713,0)+(MATCH(COUNTIF($R$2:$R713,\"NIVEL 1\"),V:V,0)-1)),COLUMN(T713))","v":"$T$712"},null,null,null,null,null,null,null,null,null,null,null,null,null,null,null,null,null,null,null,null,null,null,null,null,null,null,{"$f":"PROCURA_PRECO_SERVICO","v":0}]
[{"$f":"V714&\".\"&W714&\".\"&X714","v":"14.1.1"},null,null,"INFRAESTRUTURA",null,null,null,null,null,null,null,null,null,"SUBSUBITEM_INICIO",null,null,null,"NIVEL 3","NIVEL 3","NIVEL 3",null,{"$f":"COUNTIF($R$2:$R714,\"NIVEL 1\")","v":14},1,1,0,{"$f":"ADDRESS(MATCH(COUNTIF($R$2:$R714,\"NIVEL 1\"),V:V,0),COLUMN(S714))","v":"$S$710"},{"$f":"ADDRESS(MATCH(COUNTIF($R$2:$R714,\"NIVEL 1\"),V:V,0),COLUMN(W714))","v":"$W$710"},{"$f":"ADDRESS((MATCH(COUNTIF(INDIRECT(Z714):$S714,\"NIVEL 2\"),INDIRECT(AA714):W714,0)+(MATCH(COUNTIF($R$2:$R714,\"NIVEL 1\"),V:V,0)-1)),COLUMN(T714))","v":"$T$712"},null,null,null,null,null,null,null,null,null,null,null,null,null,null,null,null,null,null,null,null,null,null,null,null,null,null,{"$f":"PROCURA_PRECO_SERVICO","v":0}]
[null,null,null,null,null,null,null,null,null,null,null,null,null,null,null,null,null,null,null,null,null,{"$f":"COUNTIF($R$2:$R715,\"NIVEL 1\")","v":14},1,1,0,{"$f":"ADDRESS(MATCH(COUNTIF($R$2:$R715,\"NIVEL 1\"),V:V,0),COLUMN(S715))","v":"$S$710"},{"$f":"ADDRESS(MATCH(COUNTIF($R$2:$R715,\"NIVEL 1\"),V:V,0),COLUMN(W715))","v":"$W$710"},{"$f":"ADDRESS((MATCH(COUNTIF(INDIRECT(Z715):$S715,\"NIVEL 2\"),INDIRECT(AA715):W715,0)+(MATCH(COUNTIF($R$2:$R715,\"NIVEL 1\"),V:V,0)-1)),COLUMN(T715))","v":"$T$712"},null,null,null,null,null,null,null,null,null,null,null,null,null,null,null,null,null,null,null,null,null,null,null,null,null,null,{"$f":"PROCURA_PRECO_SERVICO","v":0}]
[{"$f":"V716&\".\"&W716&\".\"&X716&\".\"&Y716","v":"14.1.1.1"},"COMPOSIÇÃO","JMV-CRAS-038",{"$f":"PROCURA_DESCRICAO_SERVICO","v":"CAIXA DE PASSAGEM METALICA 20X20X10CM STAMPLAC - BASEADA EM SBC (068209)"},{"$f":"PROCURA_UNIDADE_SERVICO","v":"UN"},23,{"$f":"PROCURA_PRECO_SERVICO","v":108.96},{"$f":"CUSTO_BDI_SERVICO","v":137.55},{"$f":"CUSTO_TOTAL_SERVICO","v":3163.65},null,null,null,null,"SERVIÇO",null,null,null,"NIVEL 4","NIVEL 4","NIVEL 4","NIVEL 4",{"$f":"COUNTIF($R$2:$R716,\"NIVEL 1\")","v":14},1,1,1,{"$f":"ADDRESS(MATCH(COUNTIF($R$2:$R716,\"NIVEL 1\"),V:V,0),COLUMN(S716))","v":"$S$710"},{"$f":"ADDRESS(MATCH(COUNTIF($R$2:$R716,\"NIVEL 1\"),V:V,0),COLUMN(W716))","v":"$W$710"},{"$f":"ADDRESS((MATCH(COUNTIF(INDIRECT(Z716):$S716,\"NIVEL 2\"),INDIRECT(AA716):W716,0)+(MATCH(COUNTIF($R$2:$R716,\"NIVEL 1\"),V:V,0)-1)),COLUMN(T716))","v":"$T$712"},null,null,null,null,null,null,null,null,null,null,null,null,null,null,null,null,null,null,null,null,null,null,null,null,null,null,{"$f":"PROCURA_PRECO_SERVICO","v":108.96}]
["14.1.1.2","SINAPI","95802",{"$f":"PROCURA_DESCRICAO_SERVICO","v":"CONDULETE DE ALUMÍNIO, TIPO X, PARA ELETRODUTO DE AÇO GALVANIZADO DN 25 MM (1''), APARENTE - FORNECIMENTO E INSTALAÇÃO. AF_10/2022"},{"$f":"PROCURA_UNIDADE_SERVICO","v":"UN"},95,{"$f":"PROCURA_PRECO_SERVICO","v":"48,98"},61.83,5873.85,null,null,null,null,"SERVIÇO",null,null,null,"NIVEL 4","NIVEL 4","NIVEL 4","NIVEL 4",{"$f":"COUNTIF($R$2:$R717,\"NIVEL 1\")","v":14},1,1,2,{"$f":"ADDRESS(MATCH(COUNTIF($R$2:$R717,\"NIVEL 1\"),V:V,0),COLUMN(S717))","v":"$S$710"},{"$f":"ADDRESS(MATCH(COUNTIF($R$2:$R717,\"NIVEL 1\"),V:V,0),COLUMN(W717))","v":"$W$710"},{"$f":"ADDRESS((MATCH(COUNTIF(INDIRECT(Z717):$S717,\"NIVEL 2\"),INDIRECT(AA717):W717,0)+(MATCH(COUNTIF($R$2:$R717,\"NIVEL 1\"),V:V,0)-1)),COLUMN(T717))","v":"$T$712"},null,null,null,null,null,null,null,null,null,null,null,null,null,null,null,null,null,null,null,null,null,null,null,null,null,null,{"$f":"PROCURA_PRECO_SERVICO","v":"48,98"}]
["14.1.1.3","SINAPI","95803",{"$f":"PROCURA_DESCRICAO_SERVICO","v":"CONDULETE DE ALUMÍNIO, TIPO X, PARA ELETRODUTO DE AÇO GALVANIZADO DN 32 MM (1 1/4''), APARENTE - FORNECIMENTO E INSTALAÇÃO. AF_10/2022"},{"$f":"PROCURA_UNIDADE_SERVICO","v":"UN"},8,{"$f":"PROCURA_PRECO_SERVICO","v":"71,95"},90.82,726.56,null,null,null,null,"SERVIÇO",null,null,null,"NIVEL 4","NIVEL 4","NIVEL 4","NIVEL 4",{"$f":"COUNTIF($R$2:$R718,\"NIVEL 1\")","v":14},1,1,3,{"$f":"ADDRESS(MATCH(COUNTIF($R$2:$R718,\"NIVEL 1\"),V:V,0),COLUMN(S718))","v":"$S$710"},{"$f":"ADDRESS(MATCH(COUNTIF($R$2:$R718,\"NIVEL 1\"),V:V,0),COLUMN(W718))","v":"$W$710"},{"$f":"ADDRESS((MATCH(COUNTIF(INDIRECT(Z718):$S718,\"NIVEL 2\"),INDIRECT(AA718):W718,0)+(MATCH(COUNTIF($R$2:$R718,\"NIVEL 1\"),V:V,0)-1)),COLUMN(T718))","v":"$T$712"},null,null,null,null,null,null,null,null,null,null,null,null,null,null,null,null,null,null,null,null,null,null,null,null,null,null,{"$f":"PROCURA_PRECO_SERVICO","v":"71,95"}]
["14.1.1.4","COMPOSIÇÃO","JMV-CRAS-039",{"$f":"PROCURA_DESCRICAO_SERVICO","v":"CONDULETE DE ALUMÍNIO, TIPO X, PARA ELETRODUTO DE AÇO GALVANIZADO DN 40 MM (1 1/2''), APARENTE - FORNECIMENTO E INSTALAÇÃO. AF_10/2022 - BASEADA EM SINAPI (95803)"},{"$f":"PROCURA_UNIDADE_SERVICO","v":"UN"},6,{"$f":"PROCURA_PRECO_SERVICO","v":78.02},98.49,590.94,null,null,null,null,"SERVIÇO",null,null,null,"NIVEL 4","NIVEL 4","NIVEL 4","NIVEL 4",{"$f":"COUNTIF($R$2:$R719,\"NIVEL 1\")","v":14},1,1,4,{"$f":"ADDRESS(MATCH(COUNTIF($R$2:$R719,\"NIVEL 1\"),V:V,0),COLUMN(S719))","v":"$S$710"},{"$f":"ADDRESS(MATCH(COUNTIF($R$2:$R719,\"NIVEL 1\"),V:V,0),COLUMN(W719))","v":"$W$710"},{"$f":"ADDRESS((MATCH(COUNTIF(INDIRECT(Z719):$S719,\"NIVEL 2\"),INDIRECT(AA719):W719,0)+(MATCH(COUNTIF($R$2:$R719,\"NIVEL 1\"),V:V,0)-1)),COLUMN(T719))","v":"$T$712"},null,null,null,null,null,null,null,null,null,null,null,null,null,null,null,null,null,null,null,null,null,null,null,null,null,null,{"$f":"PROCURA_PRECO_SERVICO","v":78.02}]
["14.1.1.5","COMPOSIÇÃO","JMV-CRAS-040",{"$f":"PROCURA_DESCRICAO_SERVICO","v":"CONDULETE DE ALUMÍNIO, TIPO X, PARA ELETRODUTO DE AÇO GALVANIZADO DN 50 MM (2''), APARENTE - FORNECIMENTO E INSTALAÇÃO. AF_10/2022 - BASEADA EM SINAPI (95803)"},{"$f":"PROCURA_UNIDADE_SERVICO","v":"UN"},4,{"$f":"PROCURA_PRECO_SERVICO","v":101.12},127.65,510.6,null,null,null,null,"SERVIÇO",null,null,null,"NIVEL 4","NIVEL 4","NIVEL 4","NIVEL 4",{"$f":"COUNTIF($R$2:$R720,\"NIVEL 1\")","v":14},1,1,5,{"$f":"ADDRESS(MATCH(COUNTIF($R$2:$R720,\"NIVEL 1\"),V:V,0),COLUMN(S720))","v":"$S$710"},{"$f":"ADDRESS(MATCH(COUNTIF($R$2:$R720,\"NIVEL 1\"),V:V,0),COLUMN(W720))","v":"$W$710"},{"$f":"ADDRESS((MATCH(COUNTIF(INDIRECT(Z720):$S720,\"NIVEL 2\"),INDIRECT(AA720):W720,0)+(MATCH(COUNTIF($R$2:$R720,\"NIVEL 1\"),V:V,0)-1)),COLUMN(T720))","v":"$T$712"},null,null,null,null,null,null,null,null,null,null,null,null,null,null,null,null,null,null,null,null,null,null,null,null,null,null,{"$f":"PROCURA_PRECO_SERVICO","v":101.12}]
["14.1.1.6","COMPOSIÇÃO","JMV-CRAS-041",{"$f":"PROCURA_DESCRICAO_SERVICO","v":"CONDULETE DE ALUMÍNIO, TIPO X, PARA ELETRODUTO DE AÇO GALVANIZADO DN 25 MM (1''), APARENTE, INCLUSIVE PLACA COM FURO CENTRAL - FORNECIMENTO E INSTALAÇÃO. AF_11/2016_P - BASEADA EM SINAPI (95802)"},{"$f":"PROCURA_UNIDADE_SERVICO","v":"UN"},2,{"$f":"PROCURA_PRECO_SERVICO","v":70.04},88.41,176.82,null,null,null,null,"SERVIÇO",null,null,null,"NIVEL 4","NIVEL 4","NIVEL 4","NIVEL 4",{"$f":"COUNTIF($R$2:$R721,\"NIVEL 1\")","v":14},1,1,6,{"$f":"ADDRESS(MATCH(COUNTIF($R$2:$R721,\"NIVEL 1\"),V:V,0),COLUMN(S721))","v":"$S$710"},{"$f":"ADDRESS(MATCH(COUNTIF($R$2:$R721,\"NIVEL 1\"),V:V,0),COLUMN(W721))","v":"$W$710"},{"$f":"ADDRESS((MATCH(COUNTIF(INDIRECT(Z721):$S721,\"NIVEL 2\"),INDIRECT(AA721):W721,0)+(MATCH(COUNTIF($R$2:$R721,\"NIVEL 1\"),V:V,0)-1)),COLUMN(T721))","v":"$T$712"},null,null,null,null,null,null,null,null,null,null,null,null,null,null,null,null,null,null,null,null,null,null,null,null,null,null,{"$f":"PROCURA_PRECO_SERVICO","v":70.04}]
[{"$f":"V722&\".\"&W722&\".\"&X722&\".\"&Y722","v":"14.1.1.7"},"SETOP","ED-49098",{"$f":"PROCURA_DESCRICAO_SERVICO","v":"CONDULETE DE ALUMÍNIO, TIPO \"X\", DIÂMETRO DE SAÍDA 1\" (25MM), EXCLUSIVE MÓDULO E PLACA, INCLUSIVE FIXAÇÃO"},{"$f":"PROCURA_UNIDADE_SERVICO","v":"UN"},146,{"$f":"PROCURA_PRECO_SERVICO","v":38.96},{"$f":"CUSTO_BDI_SERVICO","v":49.18},{"$f":"CUSTO_TOTAL_SERVICO","v":7180.28},null,null,null,null,"SERVIÇO",null,null,null,"NIVEL 4","NIVEL 4","NIVEL 4","NIVEL 4",{"$f":"COUNTIF($R$2:$R722,\"NIVEL 1\")","v":14},1,1,{"$f":"IF(U722=\"NIVEL 4\",OFFSET(Y722,-1,0)+1,0)","v":7},{"$f":"ADDRESS(MATCH(COUNTIF($R$2:$R722,\"NIVEL 1\"),V:V,0),COLUMN(S722))","v":"$S$710"},{"$f":"ADDRESS(MATCH(COUNTIF($R$2:$R722,\"NIVEL 1\"),V:V,0),COLUMN(W722))","v":"$W$710"},{"$f":"ADDRESS((MATCH(COUNTIF(INDIRECT(Z722):$S722,\"NIVEL 2\"),INDIRECT(AA722):W722,0)+(MATCH(COUNTIF($R$2:$R722,\"NIVEL 1\"),V:V,0)-1)),COLUMN(T722))","v":"$T$712"},null,null,null,null,null,null,null,null,null,null,null,null,null,null,null,null,null,null,null,null,null,null,null,null,null,null,{"$f":"PROCURA_PRECO_SERVICO","v":38.96}]
["14.1.1.8","SINAPI","91940",{"$f":"PROCURA_DESCRICAO_SERVICO","v":"CAIXA RETANGULAR 4\" X 2\" MÉDIA (1,30 M DO PISO), PVC, INSTALADA EM PAREDE - FORNECIMENTO E INSTALAÇÃO. AF_12/2015"},{"$f":"PROCURA_UNIDADE_SERVICO","v":"UN"},54,{"$f":"PROCURA_PRECO_SERVICO","v":"15,88"},20.04,1082.16,null,null,null,null,"SERVIÇO",null,null,null,"NIVEL 4","NIVEL 4","NIVEL 4","NIVEL 4",{"$f":"COUNTIF($R$2:$R723,\"NIVEL 1\")","v":14},1,1,{"$f":"IF(U723=\"NIVEL 4\",OFFSET(Y723,-1,0)+1,0)","v":8},{"$f":"ADDRESS(MATCH(COUNTIF($R$2:$R723,\"NIVEL 1\"),V:V,0),COLUMN(S723))","v":"$S$710"},{"$f":"ADDRESS(MATCH(COUNTIF($R$2:$R723,\"NIVEL 1\"),V:V,0),COLUMN(W723))","v":"$W$710"},{"$f":"ADDRESS((MATCH(COUNTIF(INDIRECT(Z723):$S723,\"NIVEL 2\"),INDIRECT(AA723):W723,0)+(MATCH(COUNTIF($R$2:$R723,\"NIVEL 1\"),V:V,0)-1)),COLUMN(T723))","v":"$T$712"},null,null,null,null,null,null,null,null,null,null,null,null,null,null,null,null,null,null,null,null,null,null,null,null,null,null,{"$f":"PROCURA_PRECO_SERVICO","v":"15,88"}]
["14.1.1.9","SINAPI","91943",{"$f":"PROCURA_DESCRICAO_SERVICO","v":"CAIXA RETANGULAR 4\" X 4\" MÉDIA (1,30 M DO PISO), PVC, INSTALADA EM PAREDE - FORNECIMENTO E INSTALAÇÃO. AF_12/2015"},{"$f":"PROCURA_UNIDADE_SERVICO","v":"UN"},35,{"$f":"PROCURA_PRECO_SERVICO","v":"20,78"},26.23,918.05,null,null,null,null,"SERVIÇO",null,null,null,"NIVEL 4","NIVEL 4","NIVEL 4","NIVEL 4",{"$f":"COUNTIF($R$2:$R724,\"NIVEL 1\")","v":14},1,1,9,{"$f":"ADDRESS(MATCH(COUNTIF($R$2:$R724,\"NIVEL 1\"),V:V,0),COLUMN(S724))","v":"$S$710"},{"$f":"ADDRESS(MATCH(COUNTIF($R$2:$R724,\"NIVEL 1\"),V:V,0),COLUMN(W724))","v":"$W$710"},{"$f":"ADDRESS((MATCH(COUNTIF(INDIRECT(Z724):$S724,\"NIVEL 2\"),INDIRECT(AA724):W724,0)+(MATCH(COUNTIF($R$2:$R724,\"NIVEL 1\"),V:V,0)-1)),COLUMN(T724))","v":"$T$712"},null,null,null,null,null,null,null,null,null,null,null,null,null,null,null,null,null,null,null,null,null,null,null,null,null,null,{"$f":"PROCURA_PRECO_SERVICO","v":"20,78"}]
["14.1.1.10","SINAPI","91854",{"$f":"PROCURA_DESCRICAO_SERVICO","v":"ELETRODUTO FLEXÍVEL CORRUGADO, PVC, DN 25 MM (3/4\"), PARA CIRCUITOS TERMINAIS, INSTALADO EM PAREDE - FORNECIMENTO E INSTALAÇÃO. AF_12/2015"},{"$f":"PROCURA_UNIDADE_SERVICO","v":"M"},205,{"$f":"PROCURA_PRECO_SERVICO","v":"10,03"},12.66,2595.3,null,null,null,null,"SERVIÇO",null,null,null,"NIVEL 4","NIVEL 4","NIVEL 4","NIVEL 4",{"$f":"COUNTIF($R$2:$R725,\"NIVEL 1\")","v":14},1,1,10,{"$f":"ADDRESS(MATCH(COUNTIF($R$2:$R725,\"NIVEL 1\"),V:V,0),COLUMN(S725))","v":"$S$710"},{"$f":"ADDRESS(MATCH(COUNTIF($R$2:$R725,\"NIVEL 1\"),V:V,0),COLUMN(W725))","v":"$W$710"},{"$f":"ADDRESS((MATCH(COUNTIF(INDIRECT(Z725):$S725,\"NIVEL 2\"),INDIRECT(AA725):W725,0)+(MATCH(COUNTIF($R$2:$R725,\"NIVEL 1\"),V:V,0)-1)),COLUMN(T725))","v":"$T$712"},null,null,null,null,null,null,null,null,null,null,null,null,null,null,null,null,null,null,null,null,null,null,null,null,null,null,{"$f":"PROCURA_PRECO_SERVICO","v":"10,03"}]
["14.1.1.11","SINAPI","91856",{"$f":"PROCURA_DESCRICAO_SERVICO","v":"ELETRODUTO FLEXÍVEL CORRUGADO, PVC, DN 32 MM (1\"), PARA CIRCUITOS TERMINAIS, INSTALADO EM PAREDE - FORNECIMENTO E INSTALAÇÃO. AF_12/2015"},{"$f":"PROCURA_UNIDADE_SERVICO","v":"M"},16,{"$f":"PROCURA_PRECO_SERVICO","v":"13,05"},16.47,263.52,null,null,null,null,"SERVIÇO",null,null,null,"NIVEL 4","NIVEL 4","NIVEL 4","NIVEL 4",{"$f":"COUNTIF($R$2:$R726,\"NIVEL 1\")","v":14},1,1,11,{"$f":"ADDRESS(MATCH(COUNTIF($R$2:$R726,\"NIVEL 1\"),V:V,0),COLUMN(S726))","v":"$S$710"},{"$f":"ADDRESS(MATCH(COUNTIF($R$2:$R726,\"NIVEL 1\"),V:V,0),COLUMN(W726))","v":"$W$710"},{"$f":"ADDRESS((MATCH(COUNTIF(INDIRECT(Z726):$S726,\"NIVEL 2\"),INDIRECT(AA726):W726,0)+(MATCH(COUNTIF($R$2:$R726,\"NIVEL 1\"),V:V,0)-1)),COLUMN(T726))","v":"$T$712"},null,null,null,null,null,null,null,null,null,null,null,null,null,null,null,null,null,null,null,null,null,null,null,null,null,null,{"$f":"PROCURA_PRECO_SERVICO","v":"13,05"}]
["14.1.1.12","SETOP","ED-49318",{"$f":"PROCURA_DESCRICAO_SERVICO","v":"ELETRODUTO DE AÇO GALVANIZADO LEVE, INCLUSIVE CONEXÕES, SUPORTES E FIXAÇÃO DN 25 (1\")"},{"$f":"PROCURA_UNIDADE_SERVICO","v":"M"},593,{"$f":"PROCURA_PRECO_SERVICO","v":27.28},34.43,20416.99,null,null,null,null,"SERVIÇO",null,null,null,"NIVEL 4","NIVEL 4","NIVEL 4","NIVEL 4",{"$f":"COUNTIF($R$2:$R727,\"NIVEL 1\")","v":14},1,1,12,{"$f":"ADDRESS(MATCH(COUNTIF($R$2:$R727,\"NIVEL 1\"),V:V,0),COLUMN(S727))","v":"$S$710"},{"$f":"ADDRESS(MATCH(COUNTIF($R$2:$R727,\"NIVEL 1\"),V:V,0),COLUMN(W727))","v":"$W$710"},{"$f":"ADDRESS((MATCH(COUNTIF(INDIRECT(Z727):$S727,\"NIVEL 2\"),INDIRECT(AA727):W727,0)+(MATCH(COUNTIF($R$2:$R727,\"NIVEL 1\"),V:V,0)-1)),COLUMN(T727))","v":"$T$712"},null,null,null,null,null,null,null,null,null,null,null,null,null,null,null,null,null,null,null,null,null,null,null,null,null,null,{"$f":"PROCURA_PRECO_SERVICO","v":27.28}]
[{"$f":"V728&\".\"&W728&\".\"&X728&\".\"&Y728","v":"14.1.1.13"},"SETOP","ED-49319",{"$f":"PROCURA_DESCRICAO_SERVICO","v":"ELETRODUTO DE AÇO GALVANIZADO MÉDIO, INCLUSIVE CONEXÕES, SUPORTES E FIXAÇÃO DN 32 (1.1/4\")"},{"$f":"PROCURA_UNIDADE_SERVICO","v":"M"},32,{"$f":"PROCURA_PRECO_SERVICO","v":41.09},51.87,1659.84,null,null,null,null,"SERVIÇO",null,null,null,"NIVEL 4","NIVEL 4","NIVEL 4","NIVEL 4",{"$f":"COUNTIF($R$2:$R728,\"NIVEL 1\")","v":14},1,1,{"$f":"IF(U728=\"NIVEL 4\",OFFSET(Y728,-1,0)+1,0)","v":13},{"$f":"ADDRESS(MATCH(COUNTIF($R$2:$R728,\"NIVEL 1\"),V:V,0),COLUMN(S728))","v":"$S$710"},{"$f":"ADDRESS(MATCH(COUNTIF($R$2:$R728,\"NIVEL 1\"),V:V,0),COLUMN(W728))","v":"$W$710"},{"$f":"ADDRESS((MATCH(COUNTIF(INDIRECT(Z728):$S728,\"NIVEL 2\"),INDIRECT(AA728):W728,0)+(MATCH(COUNTIF($R$2:$R728,\"NIVEL 1\"),V:V,0)-1)),COLUMN(T728))","v":"$T$712"},null,null,null,null,null,null,null,null,null,null,null,null,null,null,null,null,null,null,null,null,null,null,null,null,null,null,{"$f":"PROCURA_PRECO_SERVICO","v":41.09}]
["14.1.1.14","SETOP","ED-49320",{"$f":"PROCURA_DESCRICAO_SERVICO","v":"ELETRODUTO DE AÇO GALVANIZADO MÉDIO, INCLUSIVE CONEXÕES, SUPORTES E FIXAÇÃO DN 40 (1.1/2\")"},{"$f":"PROCURA_UNIDADE_SERVICO","v":"M"},20,{"$f":"PROCURA_PRECO_SERVICO","v":46.47},58.66,1173.2,null,null,null,null,"SERVIÇO",null,null,null,"NIVEL 4","NIVEL 4","NIVEL 4","NIVEL 4",{"$f":"COUNTIF($R$2:$R729,\"NIVEL 1\")","v":14},1,1,14,{"$f":"ADDRESS(MATCH(COUNTIF($R$2:$R729,\"NIVEL 1\"),V:V,0),COLUMN(S729))","v":"$S$710"},{"$f":"ADDRESS(MATCH(COUNTIF($R$2:$R729,\"NIVEL 1\"),V:V,0),COLUMN(W729))","v":"$W$710"},{"$f":"ADDRESS((MATCH(COUNTIF(INDIRECT(Z729):$S729,\"NIVEL 2\"),INDIRECT(AA729):W729,0)+(MATCH(COUNTIF($R$2:$R729,\"NIVEL 1\"),V:V,0)-1)),COLUMN(T729))","v":"$T$712"},null,null,null,null,null,null,null,null,null,null,null,null,null,null,null,null,null,null,null,null,null,null,null,null,null,null,{"$f":"PROCURA_PRECO_SERVICO","v":46.47}]
["14.1.1.15","SETOP","ED-49321",{"$f":"PROCURA_DESCRICAO_SERVICO","v":"ELETRODUTO DE AÇO GALVANIZADO MÉDIO, INCLUSIVE CONEXÕES, SUPORTES E FIXAÇÃO DN 50 (2\")"},{"$f":"PROCURA_UNIDADE_SERVICO","v":"M"},6,{"$f":"PROCURA_PRECO_SERVICO","v":52.18},65.87,395.22,null,null,null,null,"SERVIÇO",null,null,null,"NIVEL 4","NIVEL 4","NIVEL 4","NIVEL 4",{"$f":"COUNTIF($R$2:$R730,\"NIVEL 1\")","v":14},1,1,15,{"$f":"ADDRESS(MATCH(COUNTIF($R$2:$R730,\"NIVEL 1\"),V:V,0),COLUMN(S730))","v":"$S$710"},{"$f":"ADDRESS(MATCH(COUNTIF($R$2:$R730,\"NIVEL 1\"),V:V,0),COLUMN(W730))","v":"$W$710"},{"$f":"ADDRESS((MATCH(COUNTIF(INDIRECT(Z730):$S730,\"NIVEL 2\"),INDIRECT(AA730):W730,0)+(MATCH(COUNTIF($R$2:$R730,\"NIVEL 1\"),V:V,0)-1)),COLUMN(T730))","v":"$T$712"},null,null,null,null,null,null,null,null,null,null,null,null,null,null,null,null,null,null,null,null,null,null,null,null,null,null,{"$f":"PROCURA_PRECO_SERVICO","v":52.18}]
[{"$f":"V731&\".\"&W731&\".\"&X731&\".\"&Y731","v":"14.1.1.16"},"SETOP","ED-4155",{"$f":"PROCURA_DESCRICAO_SERVICO","v":"DUTO CORRUGADO EM PEAD (POLIETILENO DE ALTA DENSIDADE), PARA PROTEÇÃO DE CABOS SUBTERRÂNEOS DN 30 MM (1.1/4\")"},{"$f":"PROCURA_UNIDADE_SERVICO","v":"M"},162,{"$f":"PROCURA_PRECO_SERVICO","v":23.93},30.2,4892.4,null,null,null,null,"SERVIÇO",null,null,null,"NIVEL 4","NIVEL 4","NIVEL 4","NIVEL 4",{"$f":"COUNTIF($R$2:$R731,\"NIVEL 1\")","v":14},1,1,{"$f":"IF(U731=\"NIVEL 4\",OFFSET(Y731,-1,0)+1,0)","v":16},{"$f":"ADDRESS(MATCH(COUNTIF($R$2:$R731,\"NIVEL 1\"),V:V,0),COLUMN(S731))","v":"$S$710"},{"$f":"ADDRESS(MATCH(COUNTIF($R$2:$R731,\"NIVEL 1\"),V:V,0),COLUMN(W731))","v":"$W$710"},{"$f":"ADDRESS((MATCH(COUNTIF(INDIRECT(Z731):$S731,\"NIVEL 2\"),INDIRECT(AA731):W731,0)+(MATCH(COUNTIF($R$2:$R731,\"NIVEL 1\"),V:V,0)-1)),COLUMN(T731))","v":"$T$712"},null,null,null,null,null,null,null,null,null,null,null,null,null,null,null,null,null,null,null,null,null,null,null,null,null,null,{"$f":"PROCURA_PRECO_SERVICO","v":23.93}]
["14.1.1.17","SETOP","ED-49296",{"$f":"PROCURA_DESCRICAO_SERVICO","v":"DUTO CORRUGADO EM PEAD (POLIETILENO DE ALTA DENSIDADE), PARA PROTEÇÃO DE CABOS SUBTERRÂNEOS DN 50 MM (2\")"},{"$f":"PROCURA_UNIDADE_SERVICO","v":"M"},36,{"$f":"PROCURA_PRECO_SERVICO","v":25.93},32.73,1178.28,null,null,null,null,"SERVIÇO",null,null,null,"NIVEL 4","NIVEL 4","NIVEL 4","NIVEL 4",{"$f":"COUNTIF($R$2:$R732,\"NIVEL 1\")","v":14},1,1,17,{"$f":"ADDRESS(MATCH(COUNTIF($R$2:$R732,\"NIVEL 1\"),V:V,0),COLUMN(S732))","v":"$S$710"},{"$f":"ADDRESS(MATCH(COUNTIF($R$2:$R732,\"NIVEL 1\"),V:V,0),COLUMN(W732))","v":"$W$710"},{"$f":"ADDRESS((MATCH(COUNTIF(INDIRECT(Z732):$S732,\"NIVEL 2\"),INDIRECT(AA732):W732,0)+(MATCH(COUNTIF($R$2:$R732,\"NIVEL 1\"),V:V,0)-1)),COLUMN(T732))","v":"$T$712"},null,null,null,null,null,null,null,null,null,null,null,null,null,null,null,null,null,null,null,null,null,null,null,null,null,null,{"$f":"PROCURA_PRECO_SERVICO","v":25.93}]
["14.1.1.18","COMPOSIÇÃO","JMV-CRAS-042",{"$f":"PROCURA_DESCRICAO_SERVICO","v":"PERFILADO METALICO 38X38MM PERFURADO-VARA 6,0M - BASEADA EM SBC (060504)"},{"$f":"PROCURA_UNIDADE_SERVICO","v":"UN"},64,{"$f":"PROCURA_PRECO_SERVICO","v":149.34},188.52,12065.28,null,null,null,null,"SERVIÇO",null,null,null,"NIVEL 4","NIVEL 4","NIVEL 4","NIVEL 4",{"$f":"COUNTIF($R$2:$R733,\"NIVEL 1\")","v":14},1,1,18,{"$f":"ADDRESS(MATCH(COUNTIF($R$2:$R733,\"NIVEL 1\"),V:V,0),COLUMN(S733))","v":"$S$710"},{"$f":"ADDRESS(MATCH(COUNTIF($R$2:$R733,\"NIVEL 1\"),V:V,0),COLUMN(W733))","v":"$W$710"},{"$f":"ADDRESS((MATCH(COUNTIF(INDIRECT(Z733):$S733,\"NIVEL 2\"),INDIRECT(AA733):W733,0)+(MATCH(COUNTIF($R$2:$R733,\"NIVEL 1\"),V:V,0)-1)),COLUMN(T733))","v":"$T$712"},null,null,null,null,null,null,null,null,null,null,null,null,null,null,null,null,null,null,null,null,null,null,null,null,null,null,{"$f":"PROCURA_PRECO_SERVICO","v":149.34}]
[{"$f":"V734&\".\"&W734&\".\"&X734&\".\"&Y734","v":"14.1.1.19"},"COMPOSIÇÃO","JMV-CRAS-043",{"$f":"PROCURA_DESCRICAO_SERVICO","v":"JUNCAO INTERNA TIPO \"T\" PARA PERFILADO 38 X 38MM - BASEADA EM SBC (063007)"},{"$f":"PROCURA_UNIDADE_SERVICO","v":"UN"},1,{"$f":"PROCURA_PRECO_SERVICO","v":20.58},25.98,25.98,null,null,null,null,"SERVIÇO",null,null,null,"NIVEL 4","NIVEL 4","NIVEL 4","NIVEL 4",{"$f":"COUNTIF($R$2:$R734,\"NIVEL 1\")","v":14},1,1,{"$f":"IF(U734=\"NIVEL 4\",OFFSET(Y734,-1,0)+1,0)","v":19},{"$f":"ADDRESS(MATCH(COUNTIF($R$2:$R734,\"NIVEL 1\"),V:V,0),COLUMN(S734))","v":"$S$710"},{"$f":"ADDRESS(MATCH(COUNTIF($R$2:$R734,\"NIVEL 1\"),V:V,0),COLUMN(W734))","v":"$W$710"},{"$f":"ADDRESS((MATCH(COUNTIF(INDIRECT(Z734):$S734,\"NIVEL 2\"),INDIRECT(AA734):W734,0)+(MATCH(COUNTIF($R$2:$R734,\"NIVEL 1\"),V:V,0)-1)),COLUMN(T734))","v":"$T$712"},null,null,null,null,null,null,null,null,null,null,null,null,null,null,null,null,null,null,null,null,null,null,null,null,null,null,{"$f":"PROCURA_PRECO_SERVICO","v":20.58}]
["14.1.1.20","COMPOSIÇÃO","JMV-CRAS-044",{"$f":"PROCURA_DESCRICAO_SERVICO","v":"JUNCAO INTERNA TIPO \"X\" PARA PERFILADO 38 X 38MM - BASEADA EM SBC (063452)"},{"$f":"PROCURA_UNIDADE_SERVICO","v":"UN"},3,{"$f":"PROCURA_PRECO_SERVICO","v":12.3},15.52,46.56,null,null,null,null,"SERVIÇO",null,null,null,"NIVEL 4","NIVEL 4","NIVEL 4","NIVEL 4",{"$f":"COUNTIF($R$2:$R735,\"NIVEL 1\")","v":14},1,1,20,{"$f":"ADDRESS(MATCH(COUNTIF($R$2:$R735,\"NIVEL 1\"),V:V,0),COLUMN(S735))","v":"$S$710"},{"$f":"ADDRESS(MATCH(COUNTIF($R$2:$R735,\"NIVEL 1\"),V:V,0),COLUMN(W735))","v":"$W$710"},{"$f":"ADDRESS((MATCH(COUNTIF(INDIRECT(Z735):$S735,\"NIVEL 2\"),INDIRECT(AA735):W735,0)+(MATCH(COUNTIF($R$2:$R735,\"NIVEL 1\"),V:V,0)-1)),COLUMN(T735))","v":"$T$712"},null,null,null,null,null,null,null,null,null,null,null,null,null,null,null,null,null,null,null,null,null,null,null,null,null,null,{"$f":"PROCURA_PRECO_SERVICO","v":12.3}]
[null,null,null,null,null,null,null,null,null,null,null,null,null,null,null,null,null,null,null,null,null,{"$f":"COUNTIF($R$2:$R736,\"NIVEL 1\")","v":14},1,1,0,{"$f":"ADDRESS(MATCH(COUNTIF($R$2:$R736,\"NIVEL 1\"),V:V,0),COLUMN(S736))","v":"$S$710"},{"$f":"ADDRESS(MATCH(COUNTIF($R$2:$R736,\"NIVEL 1\"),V:V,0),COLUMN(W736))","v":"$W$710"},{"$f":"ADDRESS((MATCH(COUNTIF(INDIRECT(Z736):$S736,\"NIVEL 2\"),INDIRECT(AA736):W736,0)+(MATCH(COUNTIF($R$2:$R736,\"NIVEL 1\"),V:V,0)-1)),COLUMN(T736))","v":"$T$712"},null,null,null,null,null,null,null,null,null,null,null,null,null,null,null,null,null,null,null,null,null,null,null,null,null,null,{"$f":"PROCURA_PRECO_SERVICO","v":0}]
[null,null,null,{"$f":"\"SUBTOTAL DO ITEM - \"&A714","v":"SUBTOTAL DO ITEM - 14.1.1"},null,null,null,null,{"$f":"SUBTOTAL(9,OFFSET(I714,1,0):OFFSET(I737,-1,0))","v":64935.48},null,null,null,null,"SUBSUBITEM_FIM",null,null,null,null,null,null,null,{"$f":"COUNTIF($R$2:$R737,\"NIVEL 1\")","v":14},1,1,0,{"$f":"ADDRESS(MATCH(COUNTIF($R$2:$R737,\"NIVEL 1\"),V:V,0),COLUMN(S737))","v":"$S$710"},{"$f":"ADDRESS(MATCH(COUNTIF($R$2:$R737,\"NIVEL 1\"),V:V,0),COLUMN(W737))","v":"$W$710"},{"$f":"ADDRESS((MATCH(COUNTIF(INDIRECT(Z737):$S737,\"NIVEL 2\"),INDIRECT(AA737):W737,0)+(MATCH(COUNTIF($R$2:$R737,\"NIVEL 1\"),V:V,0)-1)),COLUMN(T737))","v":"$T$712"},null,null,null,null,null,null,null,null,null,null,null,null,null,null,null,null,null,null,null,null,null,null,null,null,null,null,{"$f":"PROCURA_PRECO_SERVICO","v":0}]
[null,null,null,null,null,null,null,null,null,null,null,null,null,null,null,null,null,null,null,null,null,{"$f":"COUNTIF($R$2:$R738,\"NIVEL 1\")","v":14},1,1,{"$f":"IF(U738=\"NIVEL 4\",OFFSET(Y738,-1,0)+1,0)","v":0},{"$f":"ADDRESS(MATCH(COUNTIF($R$2:$R738,\"NIVEL 1\"),V:V,0),COLUMN(S738))","v":"$S$710"},{"$f":"ADDRESS(MATCH(COUNTIF($R$2:$R738,\"NIVEL 1\"),V:V,0),COLUMN(W738))","v":"$W$710"},{"$f":"ADDRESS((MATCH(COUNTIF(INDIRECT(Z738):$S738,\"NIVEL 2\"),INDIRECT(AA738):W738,0)+(MATCH(COUNTIF($R$2:$R738,\"NIVEL 1\"),V:V,0)-1)),COLUMN(T738))","v":"$T$712"},null,null,null,null,null,null,null,null,null,null,null,null,null,null,null,null,null,null,null,null,null,null,null,null,null,null,{"$f":"PROCURA_PRECO_SERVICO","v":0}]
[{"$f":"V739&\".\"&W739&\".\"&X739","v":"14.1.2"},null,null,"INTERRUPTORES, TOMADAS E LUMINÁRIAS ",null,null,null,null,null,null,null,null,null,"SUBSUBITEM_INICIO",null,null,null,"NIVEL 3","NIVEL 3","NIVEL 3",null,{"$f":"COUNTIF($R$2:$R739,\"NIVEL 1\")","v":14},1,2,0,{"$f":"ADDRESS(MATCH(COUNTIF($R$2:$R739,\"NIVEL 1\"),V:V,0),COLUMN(S739))","v":"$S$710"},{"$f":"ADDRESS(MATCH(COUNTIF($R$2:$R739,\"NIVEL 1\"),V:V,0),COLUMN(W739))","v":"$W$710"},{"$f":"ADDRESS((MATCH(COUNTIF(INDIRECT(Z739):$S739,\"NIVEL 2\"),INDIRECT(AA739):W739,0)+(MATCH(COUNTIF($R$2:$R739,\"NIVEL 1\"),V:V,0)-1)),COLUMN(T739))","v":"$T$712"},null,null,null,null,null,null,null,null,null,null,null,null,null,null,null,null,null,null,null,null,null,null,null,null,null,null,{"$f":"PROCURA_PRECO_SERVICO","v":0}]
[null,null,null,null,null,null,null,null,null,null,null,null,null,null,null,null,null,null,null,null,null,{"$f":"COUNTIF($R$2:$R740,\"NIVEL 1\")","v":14},1,2,0,{"$f":"ADDRESS(MATCH(COUNTIF($R$2:$R740,\"NIVEL 1\"),V:V,0),COLUMN(S740))","v":"$S$710"},{"$f":"ADDRESS(MATCH(COUNTIF($R$2:$R740,\"NIVEL 1\"),V:V,0),COLUMN(W740))","v":"$W$710"},{"$f":"ADDRESS((MATCH(COUNTIF(INDIRECT(Z740):$S740,\"NIVEL 2\"),INDIRECT(AA740):W740,0)+(MATCH(COUNTIF($R$2:$R740,\"NIVEL 1\"),V:V,0)-1)),COLUMN(T740))","v":"$T$712"},null,null,null,null,null,null,null,null,null,null,null,null,null,null,null,null,null,null,null,null,null,null,null,null,null,null,{"$f":"PROCURA_PRECO_SERVICO","v":0}]
[{"$f":"V741&\".\"&W741&\".\"&X741&\".\"&Y741","v":"14.1.2.1"},"SINAPI","91996",{"$f":"PROCURA_DESCRICAO_SERVICO","v":"TOMADA MÉDIA DE EMBUTIR (1 MÓDULO), 2P+T 10 A, INCLUINDO SUPORTE E PLACA - FORNECIMENTO E INSTALAÇÃO. AF_12/2015"},{"$f":"PROCURA_UNIDADE_SERVICO","v":"UN"},5,{"$f":"PROCURA_PRECO_SERVICO","v":"30,68"},{"$f":"CUSTO_BDI_SERVICO","v":38.73},{"$f":"CUSTO_TOTAL_SERVICO","v":193.65},null,null,null,null,"SERVIÇO",null,null,null,"NIVEL 4","NIVEL 4","NIVEL 4","NIVEL 4",{"$f":"COUNTIF($R$2:$R741,\"NIVEL 1\")","v":14},1,2,{"$f":"IF(U741=\"NIVEL 4\",OFFSET(Y741,-1,0)+1,0)","v":1},{"$f":"ADDRESS(MATCH(COUNTIF($R$2:$R741,\"NIVEL 1\"),V:V,0),COLUMN(S741))","v":"$S$710"},{"$f":"ADDRESS(MATCH(COUNTIF($R$2:$R741,\"NIVEL 1\"),V:V,0),COLUMN(W741))","v":"$W$710"},{"$f":"ADDRESS((MATCH(COUNTIF(INDIRECT(Z741):$S741,\"NIVEL 2\"),INDIRECT(AA741):W741,0)+(MATCH(COUNTIF($R$2:$R741,\"NIVEL 1\"),V:V,0)-1)),COLUMN(T741))","v":"$T$712"},null,null,null,null,null,null,null,null,null,null,null,null,null,null,null,null,null,null,null,null,null,null,null,null,null,null,{"$f":"PROCURA_PRECO_SERVICO","v":"30,68"}]
["14.1.2.2","SINAPI","92023",{"$f":"PROCURA_DESCRICAO_SERVICO","v":"INTERRUPTOR SIMPLES (1 MÓDULO) COM 1 TOMADA DE EMBUTIR 2P+T 10 A,  INCLUINDO SUPORTE E PLACA - FORNECIMENTO E INSTALAÇÃO. AF_12/2015"},{"$f":"PROCURA_UNIDADE_SERVICO","v":"UN"},4,{"$f":"PROCURA_PRECO_SERVICO","v":"45,52"},57.46,229.84,null,null,null,null,"SERVIÇO",null,null,null,"NIVEL 4","NIVEL 4","NIVEL 4","NIVEL 4",{"$f":"COUNTIF($R$2:$R742,\"NIVEL 1\")","v":14},1,2,2,{"$f":"ADDRESS(MATCH(COUNTIF($R$2:$R742,\"NIVEL 1\"),V:V,0),COLUMN(S742))","v":"$S$710"},{"$f":"ADDRESS(MATCH(COUNTIF($R$2:$R742,\"NIVEL 1\"),V:V,0),COLUMN(W742))","v":"$W$710"},{"$f":"ADDRESS((MATCH(COUNTIF(INDIRECT(Z742):$S742,\"NIVEL 2\"),INDIRECT(AA742):W742,0)+(MATCH(COUNTIF($R$2:$R742,\"NIVEL 1\"),V:V,0)-1)),COLUMN(T742))","v":"$T$712"},null,null,null,null,null,null,null,null,null,null,null,null,null,null,null,null,null,null,null,null,null,null,null,null,null,null,{"$f":"PROCURA_PRECO_SERVICO","v":"45,52"}]
[{"$f":"V743&\".\"&W743&\".\"&X743&\".\"&Y743","v":"14.1.2.3"},"SINAPI","91953",{"$f":"PROCURA_DESCRICAO_SERVICO","v":"INTERRUPTOR SIMPLES (1 MÓDULO), 10A/250V, INCLUINDO SUPORTE E PLACA - FORNECIMENTO E INSTALAÇÃO. AF_12/2015"},{"$f":"PROCURA_UNIDADE_SERVICO","v":"UN"},8,{"$f":"PROCURA_PRECO_SERVICO","v":"25,59"},32.3,258.4,null,null,null,null,"SERVIÇO",null,null,null,"NIVEL 4","NIVEL 4","NIVEL 4","NIVEL 4",{"$f":"COUNTIF($R$2:$R743,\"NIVEL 1\")","v":14},1,2,3,{"$f":"ADDRESS(MATCH(COUNTIF($R$2:$R743,\"NIVEL 1\"),V:V,0),COLUMN(S743))","v":"$S$710"},{"$f":"ADDRESS(MATCH(COUNTIF($R$2:$R743,\"NIVEL 1\"),V:V,0),COLUMN(W743))","v":"$W$710"},{"$f":"ADDRESS((MATCH(COUNTIF(INDIRECT(Z743):$S743,\"NIVEL 2\"),INDIRECT(AA743):W743,0)+(MATCH(COUNTIF($R$2:$R743,\"NIVEL 1\"),V:V,0)-1)),COLUMN(T743))","v":"$T$712"},null,null,null,null,null,null,null,null,null,null,null,null,null,null,null,null,null,null,null,null,null,null,null,null,null,null,{"$f":"PROCURA_PRECO_SERVICO","v":"25,59"}]
["14.1.2.4","SETOP","ED-17980",{"$f":"PROCURA_DESCRICAO_SERVICO","v":"CONJUNTO PARA CONDULETE DE 1\" (25MM) COM UM (1) INTERRUPTOR SIMPLES, CORRENTE 10A, TENSÃO 250V, (10A-250V) E PLACA DE UM (1) POSTO, INCLUSIVE FORNECIMENTO, INSTALAÇÃO, SUPORTE, MÓDULO E PLACA, EXCLUSIVE CONDULETE"},{"$f":"PROCURA_UNIDADE_SERVICO","v":"UN"},9,{"$f":"PROCURA_PRECO_SERVICO","v":28.29},35.71,321.39,null,null,null,null,"SERVIÇO",null,null,null,"NIVEL 4","NIVEL 4","NIVEL 4","NIVEL 4",{"$f":"COUNTIF($R$2:$R744,\"NIVEL 1\")","v":14},1,2,4,{"$f":"ADDRESS(MATCH(COUNTIF($R$2:$R744,\"NIVEL 1\"),V:V,0),COLUMN(S744))","v":"$S$710"},{"$f":"ADDRESS(MATCH(COUNTIF($R$2:$R744,\"NIVEL 1\"),V:V,0),COLUMN(W744))","v":"$W$710"},{"$f":"ADDRESS((MATCH(COUNTIF(INDIRECT(Z744):$S744,\"NIVEL 2\"),INDIRECT(AA744):W744,0)+(MATCH(COUNTIF($R$2:$R744,\"NIVEL 1\"),V:V,0)-1)),COLUMN(T744))","v":"$T$712"},null,null,null,null,null,null,null,null,null,null,null,null,null,null,null,null,null,null,null,null,null,null,null,null,null,null,{"$f":"PROCURA_PRECO_SERVICO","v":28.29}]
["14.1.2.5","SINAPI","91955",{"$f":"PROCURA_DESCRICAO_SERVICO","v":"INTERRUPTOR PARALELO (1 MÓDULO), 10A/250V, INCLUINDO SUPORTE E PLACA - FORNECIMENTO E INSTALAÇÃO. AF_12/2015"},{"$f":"PROCURA_UNIDADE_SERVICO","v":"UN"},3,{"$f":"PROCURA_PRECO_SERVICO","v":"31,77"},40.1,120.3,null,null,null,null,"SERVIÇO",null,null,null,"NIVEL 4","NIVEL 4","NIVEL 4","NIVEL 4",{"$f":"COUNTIF($R$2:$R745,\"NIVEL 1\")","v":14},1,2,5,{"$f":"ADDRESS(MATCH(COUNTIF($R$2:$R745,\"NIVEL 1\"),V:V,0),COLUMN(S745))","v":"$S$710"},{"$f":"ADDRESS(MATCH(COUNTIF($R$2:$R745,\"NIVEL 1\"),V:V,0),COLUMN(W745))","v":"$W$710"},{"$f":"ADDRESS((MATCH(COUNTIF(INDIRECT(Z745):$S745,\"NIVEL 2\"),INDIRECT(AA745):W745,0)+(MATCH(COUNTIF($R$2:$R745,\"NIVEL 1\"),V:V,0)-1)),COLUMN(T745))","v":"$T$712"},null,null,null,null,null,null,null,null,null,null,null,null,null,null,null,null,null,null,null,null,null,null,null,null,null,null,{"$f":"PROCURA_PRECO_SERVICO","v":"31,77"}]
["14.1.2.6","SETOP","ED-17981",{"$f":"PROCURA_DESCRICAO_SERVICO","v":"CONJUNTO PARA CONDULETE DE 1\" (25MM) COM UM (1) INTERRUPTOR PARALELO, CORRENTE 10A, TENSÃO 250V, (10A-250V) E PLACA DE UM (1) POSTO, INCLUSIVE FORNECIMENTO, INSTALAÇÃO, SUPORTE, MÓDULO E PLACA, EXCLUSIVE CONDULETE"},{"$f":"PROCURA_UNIDADE_SERVICO","v":"UN"},11,{"$f":"PROCURA_PRECO_SERVICO","v":37.31},47.1,518.1,null,null,null,null,"SERVIÇO",null,null,null,"NIVEL 4","NIVEL 4","NIVEL 4","NIVEL 4",{"$f":"COUNTIF($R$2:$R746,\"NIVEL 1\")","v":14},1,2,6,{"$f":"ADDRESS(MATCH(COUNTIF($R$2:$R746,\"NIVEL 1\"),V:V,0),COLUMN(S746))","v":"$S$710"},{"$f":"ADDRESS(MATCH(COUNTIF($R$2:$R746,\"NIVEL 1\"),V:V,0),COLUMN(W746))","v":"$W$710"},{"$f":"ADDRESS((MATCH(COUNTIF(INDIRECT(Z746):$S746,\"NIVEL 2\"),INDIRECT(AA746):W746,0)+(MATCH(COUNTIF($R$2:$R746,\"NIVEL 1\"),V:V,0)-1)),COLUMN(T746))","v":"$T$712"},null,null,null,null,null,null,null,null,null,null,null,null,null,null,null,null,null,null,null,null,null,null,null,null,null,null,{"$f":"PROCURA_PRECO_SERVICO","v":37.31}]
["14.1.2.7","SINAPI","91996",{"$f":"PROCURA_DESCRICAO_SERVICO","v":"TOMADA MÉDIA DE EMBUTIR (1 MÓDULO), 2P+T 10 A, INCLUINDO SUPORTE E PLACA - FORNECIMENTO E INSTALAÇÃO. AF_12/2015"},{"$f":"PROCURA_UNIDADE_SERVICO","v":"UN"},12,{"$f":"PROCURA_PRECO_SERVICO","v":"30,68"},38.73,464.76,null,null,null,null,"SERVIÇO",null,null,null,"NIVEL 4","NIVEL 4","NIVEL 4","NIVEL 4",{"$f":"COUNTIF($R$2:$R747,\"NIVEL 1\")","v":14},1,2,7,{"$f":"ADDRESS(MATCH(COUNTIF($R$2:$R747,\"NIVEL 1\"),V:V,0),COLUMN(S747))","v":"$S$710"},{"$f":"ADDRESS(MATCH(COUNTIF($R$2:$R747,\"NIVEL 1\"),V:V,0),COLUMN(W747))","v":"$W$710"},{"$f":"ADDRESS((MATCH(COUNTIF(INDIRECT(Z747):$S747,\"NIVEL 2\"),INDIRECT(AA747):W747,0)+(MATCH(COUNTIF($R$2:$R747,\"NIVEL 1\"),V:V,0)-1)),COLUMN(T747))","v":"$T$712"},null,null,null,null,null,null,null,null,null,null,null,null,null,null,null,null,null,null,null,null,null,null,null,null,null,null,{"$f":"PROCURA_PRECO_SERVICO","v":"30,68"}]
["14.1.2.8","SETOP","ED-17982",{"$f":"PROCURA_DESCRICAO_SERVICO","v":"CONJUNTO PARA CONDULETE DE 1\" (25MM) COM UMA (1) TOMADA PADRÃO, TRÊS (3) POLOS, CORRENTE 10A, TENSÃO 250V, (2P+T/10A-250V) E PLACA DE UM (1) POSTO, INCLUSIVE FORNECIMENTO, INSTALAÇÃO, SUPORTE, MÓDULO E PLACA, EXCLUSIVE CONDULETE"},{"$f":"PROCURA_UNIDADE_SERVICO","v":"UN"},5,{"$f":"PROCURA_PRECO_SERVICO","v":31.97},40.35,201.75,null,null,null,null,"SERVIÇO",null,null,null,"NIVEL 4","NIVEL 4","NIVEL 4","NIVEL 4",{"$f":"COUNTIF($R$2:$R748,\"NIVEL 1\")","v":14},1,2,8,{"$f":"ADDRESS(MATCH(COUNTIF($R$2:$R748,\"NIVEL 1\"),V:V,0),COLUMN(S748))","v":"$S$710"},{"$f":"ADDRESS(MATCH(COUNTIF($R$2:$R748,\"NIVEL 1\"),V:V,0),COLUMN(W748))","v":"$W$710"},{"$f":"ADDRESS((MATCH(COUNTIF(INDIRECT(Z748):$S748,\"NIVEL 2\"),INDIRECT(AA748):W748,0)+(MATCH(COUNTIF($R$2:$R748,\"NIVEL 1\"),V:V,0)-1)),COLUMN(T748))","v":"$T$712"},null,null,null,null,null,null,null,null,null,null,null,null,null,null,null,null,null,null,null,null,null,null,null,null,null,null,{"$f":"PROCURA_PRECO_SERVICO","v":31.97}]
["14.1.2.9","SINAPI","92004",{"$f":"PROCURA_DESCRICAO_SERVICO","v":"TOMADA MÉDIA DE EMBUTIR (2 MÓDULOS), 2P+T 10 A, INCLUINDO SUPORTE E PLACA - FORNECIMENTO E INSTALAÇÃO. AF_12/2015"},{"$f":"PROCURA_UNIDADE_SERVICO","v":"UN"},26,{"$f":"PROCURA_PRECO_SERVICO","v":"50,59"},63.86,1660.36,null,null,null,null,"SERVIÇO",null,null,null,"NIVEL 4","NIVEL 4","NIVEL 4","NIVEL 4",{"$f":"COUNTIF($R$2:$R749,\"NIVEL 1\")","v":14},1,2,9,{"$f":"ADDRESS(MATCH(COUNTIF($R$2:$R749,\"NIVEL 1\"),V:V,0),COLUMN(S749))","v":"$S$710"},{"$f":"ADDRESS(MATCH(COUNTIF($R$2:$R749,\"NIVEL 1\"),V:V,0),COLUMN(W749))","v":"$W$710"},{"$f":"ADDRESS((MATCH(COUNTIF(INDIRECT(Z749):$S749,\"NIVEL 2\"),INDIRECT(AA749):W749,0)+(MATCH(COUNTIF($R$2:$R749,\"NIVEL 1\"),V:V,0)-1)),COLUMN(T749))","v":"$T$712"},null,null,null,null,null,null,null,null,null,null,null,null,null,null,null,null,null,null,null,null,null,null,null,null,null,null,{"$f":"PROCURA_PRECO_SERVICO","v":"50,59"}]
["14.1.2.10","COMPOSIÇÃO","JMV-CRAS-045",{"$f":"PROCURA_DESCRICAO_SERVICO","v":"CONJUNTO PARA CONDULETE DE 1\" (25MM) COM DUAS (2) TOMADA PADRÃO, TRÊS (3) POLOS, CORRENTE 10A, TENSÃO 250V, (2P+T/10A-250V) E PLACA DE DOIS (2) POSTOS, INCLUSIVE FORNECIMENTO, INSTALAÇÃO, SUPORTE, MÓDULO E PLACA, EXCLUSIVE CONDULETE - BASEADA EM SETOP (ED-17982)"},{"$f":"PROCURA_UNIDADE_SERVICO","v":"UN"},23,{"$f":"PROCURA_PRECO_SERVICO","v":47.47},59.92,1378.16,null,null,null,null,"SERVIÇO",null,null,null,"NIVEL 4","NIVEL 4","NIVEL 4","NIVEL 4",{"$f":"COUNTIF($R$2:$R750,\"NIVEL 1\")","v":14},1,2,10,{"$f":"ADDRESS(MATCH(COUNTIF($R$2:$R750,\"NIVEL 1\"),V:V,0),COLUMN(S750))","v":"$S$710"},{"$f":"ADDRESS(MATCH(COUNTIF($R$2:$R750,\"NIVEL 1\"),V:V,0),COLUMN(W750))","v":"$W$710"},{"$f":"ADDRESS((MATCH(COUNTIF(INDIRECT(Z750):$S750,\"NIVEL 2\"),INDIRECT(AA750):W750,0)+(MATCH(COUNTIF($R$2:$R750,\"NIVEL 1\"),V:V,0)-1)),COLUMN(T750))","v":"$T$712"},null,null,null,null,null,null,null,null,null,null,null,null,null,null,null,null,null,null,null,null,null,null,null,null,null,null,{"$f":"PROCURA_PRECO_SERVICO","v":47.47}]
[{"$f":"V751&\".\"&W751&\".\"&X751&\".\"&Y751","v":"14.1.2.11"},"COMPOSIÇÃO","JMV-CRAS-067",{"$f":"PROCURA_DESCRICAO_SERVICO","v":"TOMADA SIMPLES DE PISO 2P+T 20A-250V C/ PLACA EM LATÃO CAIXA 4\"X2\" (NÃO INCLUI A CAIXA) - BASEADO EM SEINFRA (C4793)"},{"$f":"PROCURA_UNIDADE_SERVICO","v":"UN"},4,{"$f":"PROCURA_PRECO_SERVICO","v":74.84},{"$f":"CUSTO_BDI_SERVICO","v":94.47},{"$f":"CUSTO_TOTAL_SERVICO","v":377.88},null,null,null,null,"SERVIÇO",null,null,null,"NIVEL 4","NIVEL 4","NIVEL 4","NIVEL 4",{"$f":"COUNTIF($R$2:$R751,\"NIVEL 1\")","v":14},1,2,{"$f":"IF(U751=\"NIVEL 4\",OFFSET(Y751,-1,0)+1,0)","v":11},{"$f":"ADDRESS(MATCH(COUNTIF($R$2:$R751,\"NIVEL 1\"),V:V,0),COLUMN(S751))","v":"$S$710"},{"$f":"ADDRESS(MATCH(COUNTIF($R$2:$R751,\"NIVEL 1\"),V:V,0),COLUMN(W751))","v":"$W$710"},{"$f":"ADDRESS((MATCH(COUNTIF(INDIRECT(Z751):$S751,\"NIVEL 2\"),INDIRECT(AA751):W751,0)+(MATCH(COUNTIF($R$2:$R751,\"NIVEL 1\"),V:V,0)-1)),COLUMN(T751))","v":"$T$712"},null,null,null,null,null,null,null,null,null,null,null,null,null,null,null,null,null,null,null,null,null,null,null,null,null,null,{"$f":"PROCURA_PRECO_SERVICO","v":74.84}]
["14.1.2.12","SUDECAP","11.14.03",{"$f":"PROCURA_DESCRICAO_SERVICO","v":"CAIXA E ACESSORIOS - CAIXA 2\" X 4\" P/ TOMADA DE PISO, REF. TP04 OU EQUIVALENTE."},{"$f":"PROCURA_UNIDADE_SERVICO","v":"UN"},4,{"$f":"PROCURA_PRECO_SERVICO","v":23.01},29.04,116.16,null,null,null,null,"SERVIÇO",null,null,null,"NIVEL 4","NIVEL 4","NIVEL 4","NIVEL 4",{"$f":"COUNTIF($R$2:$R752,\"NIVEL 1\")","v":14},1,2,12,{"$f":"ADDRESS(MATCH(COUNTIF($R$2:$R752,\"NIVEL 1\"),V:V,0),COLUMN(S752))","v":"$S$710"},{"$f":"ADDRESS(MATCH(COUNTIF($R$2:$R752,\"NIVEL 1\"),V:V,0),COLUMN(W752))","v":"$W$710"},{"$f":"ADDRESS((MATCH(COUNTIF(INDIRECT(Z752):$S752,\"NIVEL 2\"),INDIRECT(AA752):W752,0)+(MATCH(COUNTIF($R$2:$R752,\"NIVEL 1\"),V:V,0)-1)),COLUMN(T752))","v":"$T$712"},null,null,null,null,null,null,null,null,null,null,null,null,null,null,null,null,null,null,null,null,null,null,null,null,null,null,{"$f":"PROCURA_PRECO_SERVICO","v":23.01}]
["14.1.2.13","COMPOSIÇÃO","JMV-CRAS-068",{"$f":"PROCURA_DESCRICAO_SERVICO","v":"LUMINÁRIA DE SOBREPOR, 2 LAMPADAS LED T8 10W - BASEADA EM ORSE (12369)"},{"$f":"PROCURA_UNIDADE_SERVICO","v":"UN"},42,{"$f":"PROCURA_PRECO_SERVICO","v":152.95},193.08,8109.36,null,null,null,null,"SERVIÇO",null,null,null,"NIVEL 4","NIVEL 4","NIVEL 4","NIVEL 4",{"$f":"COUNTIF($R$2:$R753,\"NIVEL 1\")","v":14},1,2,13,{"$f":"ADDRESS(MATCH(COUNTIF($R$2:$R753,\"NIVEL 1\"),V:V,0),COLUMN(S753))","v":"$S$710"},{"$f":"ADDRESS(MATCH(COUNTIF($R$2:$R753,\"NIVEL 1\"),V:V,0),COLUMN(W753))","v":"$W$710"},{"$f":"ADDRESS((MATCH(COUNTIF(INDIRECT(Z753):$S753,\"NIVEL 2\"),INDIRECT(AA753):W753,0)+(MATCH(COUNTIF($R$2:$R753,\"NIVEL 1\"),V:V,0)-1)),COLUMN(T753))","v":"$T$712"},null,null,null,null,null,null,null,null,null,null,null,null,null,null,null,null,null,null,null,null,null,null,null,null,null,null,{"$f":"PROCURA_PRECO_SERVICO","v":152.95}]
["14.1.2.14","COMPOSIÇÃO","JMV-CRAS-069",{"$f":"PROCURA_DESCRICAO_SERVICO","v":"FORNECIMENTO E INSTALAÇÃO DE LUMINÁRIA DE SOBREPOR COM 2 LÂMPADAS LED T8 DE 20W.. REF.: LUMICENTER CAN03-E216 OU EQUIVALENTE. - BASEADA EM SINAPI 97587"},{"$f":"PROCURA_UNIDADE_SERVICO","v":"UN"},42,{"$f":"PROCURA_PRECO_SERVICO","v":120.64},152.29,6396.18,null,null,null,null,"SERVIÇO",null,null,null,"NIVEL 4","NIVEL 4","NIVEL 4","NIVEL 4",{"$f":"COUNTIF($R$2:$R754,\"NIVEL 1\")","v":14},1,2,{"$f":"IF(U754=\"NIVEL 4\",OFFSET(Y754,-1,0)+1,0)","v":14},{"$f":"ADDRESS(MATCH(COUNTIF($R$2:$R754,\"NIVEL 1\"),V:V,0),COLUMN(S754))","v":"$S$710"},{"$f":"ADDRESS(MATCH(COUNTIF($R$2:$R754,\"NIVEL 1\"),V:V,0),COLUMN(W754))","v":"$W$710"},{"$f":"ADDRESS((MATCH(COUNTIF(INDIRECT(Z754):$S754,\"NIVEL 2\"),INDIRECT(AA754):W754,0)+(MATCH(COUNTIF($R$2:$R754,\"NIVEL 1\"),V:V,0)-1)),COLUMN(T754))","v":"$T$712"},null,null,null,null,null,null,null,null,null,null,null,null,null,null,null,null,null,null,null,null,null,null,null,null,null,null,{"$f":"PROCURA_PRECO_SERVICO","v":120.64}]
["14.1.2.15","SINAPI","97583",{"$f":"PROCURA_DESCRICAO_SERVICO","v":"LUMINÁRIA TIPO CALHA, DE SOBREPOR, COM 1 LÂMPADA TUBULAR FLUORESCENTE DE 18 W, COM REATOR DE PARTIDA RÁPIDA - FORNECIMENTO E INSTALAÇÃO. AF_02/2020"},{"$f":"PROCURA_UNIDADE_SERVICO","v":"UN"},20,{"$f":"PROCURA_PRECO_SERVICO","v":"85,96"},108.51,2170.2,null,null,null,null,"SERVIÇO",null,null,null,"NIVEL 4","NIVEL 4","NIVEL 4","NIVEL 4",{"$f":"COUNTIF($R$2:$R755,\"NIVEL 1\")","v":14},1,2,15,{"$f":"ADDRESS(MATCH(COUNTIF($R$2:$R755,\"NIVEL 1\"),V:V,0),COLUMN(S755))","v":"$S$710"},{"$f":"ADDRESS(MATCH(COUNTIF($R$2:$R755,\"NIVEL 1\"),V:V,0),COLUMN(W755))","v":"$W$710"},{"$f":"ADDRESS((MATCH(COUNTIF(INDIRECT(Z755):$S755,\"NIVEL 2\"),INDIRECT(AA755):W755,0)+(MATCH(COUNTIF($R$2:$R755,\"NIVEL 1\"),V:V,0)-1)),COLUMN(T755))","v":"$T$712"},null,null,null,null,null,null,null,null,null,null,null,null,null,null,null,null,null,null,null,null,null,null,null,null,null,null,{"$f":"PROCURA_PRECO_SERVICO","v":"85,96"}]
["14.1.2.16","COMPOSIÇÃO","JMV-CRAS-070",{"$f":"PROCURA_DESCRICAO_SERVICO","v":"ILUMINACAO-POSTE ACO RETO ENGASTADO H=6,0M - BASEADA EM SBC (172860)"},{"$f":"PROCURA_UNIDADE_SERVICO","v":"UN"},17,{"$f":"PROCURA_PRECO_SERVICO","v":1415.31},1786.68,30373.56,null,null,null,null,"SERVIÇO",null,null,null,"NIVEL 4","NIVEL 4","NIVEL 4","NIVEL 4",{"$f":"COUNTIF($R$2:$R756,\"NIVEL 1\")","v":14},1,2,16,{"$f":"ADDRESS(MATCH(COUNTIF($R$2:$R756,\"NIVEL 1\"),V:V,0),COLUMN(S756))","v":"$S$710"},{"$f":"ADDRESS(MATCH(COUNTIF($R$2:$R756,\"NIVEL 1\"),V:V,0),COLUMN(W756))","v":"$W$710"},{"$f":"ADDRESS((MATCH(COUNTIF(INDIRECT(Z756):$S756,\"NIVEL 2\"),INDIRECT(AA756):W756,0)+(MATCH(COUNTIF($R$2:$R756,\"NIVEL 1\"),V:V,0)-1)),COLUMN(T756))","v":"$T$712"},null,null,null,null,null,null,null,null,null,null,null,null,null,null,null,null,null,null,null,null,null,null,null,null,null,null,{"$f":"PROCURA_PRECO_SERVICO","v":1415.31}]
["14.1.2.17","SINAPI","101657",{"$f":"PROCURA_DESCRICAO_SERVICO","v":"LUMINÁRIA DE LED PARA ILUMINAÇÃO PÚBLICA, DE 98 W ATÉ 137 W - FORNECIMENTO E INSTALAÇÃO. AF_08/2020"},{"$f":"PROCURA_UNIDADE_SERVICO","v":"UN"},17,{"$f":"PROCURA_PRECO_SERVICO","v":"702,37"},886.67,15073.39,null,null,null,null,"SERVIÇO",null,null,null,"NIVEL 4","NIVEL 4","NIVEL 4","NIVEL 4",{"$f":"COUNTIF($R$2:$R757,\"NIVEL 1\")","v":14},1,2,17,{"$f":"ADDRESS(MATCH(COUNTIF($R$2:$R757,\"NIVEL 1\"),V:V,0),COLUMN(S757))","v":"$S$710"},{"$f":"ADDRESS(MATCH(COUNTIF($R$2:$R757,\"NIVEL 1\"),V:V,0),COLUMN(W757))","v":"$W$710"},{"$f":"ADDRESS((MATCH(COUNTIF(INDIRECT(Z757):$S757,\"NIVEL 2\"),INDIRECT(AA757):W757,0)+(MATCH(COUNTIF($R$2:$R757,\"NIVEL 1\"),V:V,0)-1)),COLUMN(T757))","v":"$T$712"},null,null,null,null,null,null,null,null,null,null,null,null,null,null,null,null,null,null,null,null,null,null,null,null,null,null,{"$f":"PROCURA_PRECO_SERVICO","v":"702,37"}]
["14.1.2.18","SINAPI","97596",{"$f":"PROCURA_DESCRICAO_SERVICO","v":"SENSOR DE PRESENÇA SEM FOTOCÉLULA, FIXAÇÃO EM PAREDE - FORNECIMENTO E INSTALAÇÃO. AF_02/2020"},{"$f":"PROCURA_UNIDADE_SERVICO","v":"UN"},10,{"$f":"PROCURA_PRECO_SERVICO","v":"71,26"},89.95,899.5,null,null,null,null,"SERVIÇO",null,null,null,"NIVEL 4","NIVEL 4","NIVEL 4","NIVEL 4",{"$f":"COUNTIF($R$2:$R758,\"NIVEL 1\")","v":14},1,2,18,{"$f":"ADDRESS(MATCH(COUNTIF($R$2:$R758,\"NIVEL 1\"),V:V,0),COLUMN(S758))","v":"$S$710"},{"$f":"ADDRESS(MATCH(COUNTIF($R$2:$R758,\"NIVEL 1\"),V:V,0),COLUMN(W758))","v":"$W$710"},{"$f":"ADDRESS((MATCH(COUNTIF(INDIRECT(Z758):$S758,\"NIVEL 2\"),INDIRECT(AA758):W758,0)+(MATCH(COUNTIF($R$2:$R758,\"NIVEL 1\"),V:V,0)-1)),COLUMN(T758))","v":"$T$712"},null,null,null,null,null,null,null,null,null,null,null,null,null,null,null,null,null,null,null,null,null,null,null,null,null,null,{"$f":"PROCURA_PRECO_SERVICO","v":"71,26"}]
[null,null,null,null,null,null,null,null,null,null,null,null,null,null,null,null,null,null,null,null,null,{"$f":"COUNTIF($R$2:$R759,\"NIVEL 1\")","v":14},1,2,0,{"$f":"ADDRESS(MATCH(COUNTIF($R$2:$R759,\"NIVEL 1\"),V:V,0),COLUMN(S759))","v":"$S$710"},{"$f":"ADDRESS(MATCH(COUNTIF($R$2:$R759,\"NIVEL 1\"),V:V,0),COLUMN(W759))","v":"$W$710"},{"$f":"ADDRESS((MATCH(COUNTIF(INDIRECT(Z759):$S759,\"NIVEL 2\"),INDIRECT(AA759):W759,0)+(MATCH(COUNTIF($R$2:$R759,\"NIVEL 1\"),V:V,0)-1)),COLUMN(T759))","v":"$T$712"},null,null,null,null,null,null,null,null,null,null,null,null,null,null,null,null,null,null,null,null,null,null,null,null,null,null,{"$f":"PROCURA_PRECO_SERVICO","v":0}]
[null,null,null,{"$f":"\"SUBTOTAL DO ITEM - \"&A739","v":"SUBTOTAL DO ITEM - 14.1.2"},null,null,null,null,{"$f":"SUBTOTAL(9,OFFSET(I739,1,0):OFFSET(I760,-1,0))","v":68862.94},null,null,null,null,"SUBSUBITEM_FIM",null,null,null,null,null,null,null,{"$f":"COUNTIF($R$2:$R760,\"NIVEL 1\")","v":14},1,2,0,{"$f":"ADDRESS(MATCH(COUNTIF($R$2:$R760,\"NIVEL 1\"),V:V,0),COLUMN(S760))","v":"$S$710"},{"$f":"ADDRESS(MATCH(COUNTIF($R$2:$R760,\"NIVEL 1\"),V:V,0),COLUMN(W760))","v":"$W$710"},{"$f":"ADDRESS((MATCH(COUNTIF(INDIRECT(Z760):$S760,\"NIVEL 2\"),INDIRECT(AA760):W760,0)+(MATCH(COUNTIF($R$2:$R760,\"NIVEL 1\"),V:V,0)-1)),COLUMN(T760))","v":"$T$712"},null,null,null,null,null,null,null,null,null,null,null,null,null,null,null,null,null,null,null,null,null,null,null,null,null,null,{"$f":"PROCURA_PRECO_SERVICO","v":0}]
[null,null,null,null,null,null,null,null,null,null,null,null,null,null,null,null,null,null,null,null,null,{"$f":"COUNTIF($R$2:$R761,\"NIVEL 1\")","v":14},1,2,0,{"$f":"ADDRESS(MATCH(COUNTIF($R$2:$R761,\"NIVEL 1\"),V:V,0),COLUMN(S761))","v":"$S$710"},{"$f":"ADDRESS(MATCH(COUNTIF($R$2:$R761,\"NIVEL 1\"),V:V,0),COLUMN(W761))","v":"$W$710"},{"$f":"ADDRESS((MATCH(COUNTIF(INDIRECT(Z761):$S761,\"NIVEL 2\"),INDIRECT(AA761):W761,0)+(MATCH(COUNTIF($R$2:$R761,\"NIVEL 1\"),V:V,0)-1)),COLUMN(T761))","v":"$T$712"},null,null,null,null,null,null,null,null,null,null,null,null,null,null,null,null,null,null,null,null,null,null,null,null,null,null,{"$f":"PROCURA_PRECO_SERVICO","v":0}]
[{"$f":"V762&\".\"&W762&\".\"&X762","v":"14.1.3"},null,null,"CABEAMENTO",null,null,null,null,null,null,null,null,null,"SUBSUBITEM_INICIO",null,null,null,"NIVEL 3","NIVEL 3","NIVEL 3",null,{"$f":"COUNTIF($R$2:$R762,\"NIVEL 1\")","v":14},1,3,0,{"$f":"ADDRESS(MATCH(COUNTIF($R$2:$R762,\"NIVEL 1\"),V:V,0),COLUMN(S762))","v":"$S$710"},{"$f":"ADDRESS(MATCH(COUNTIF($R$2:$R762,\"NIVEL 1\"),V:V,0),COLUMN(W762))","v":"$W$710"},{"$f":"ADDRESS((MATCH(COUNTIF(INDIRECT(Z762):$S762,\"NIVEL 2\"),INDIRECT(AA762):W762,0)+(MATCH(COUNTIF($R$2:$R762,\"NIVEL 1\"),V:V,0)-1)),COLUMN(T762))","v":"$T$712"},null,null,null,null,null,null,null,null,null,null,null,null,null,null,null,null,null,null,null,null,null,null,null,null,null,null,{"$f":"PROCURA_PRECO_SERVICO","v":0}]
[null,null,null,null,null,null,null,null,null,null,null,null,null,null,null,null,null,null,null,null,null,{"$f":"COUNTIF($R$2:$R763,\"NIVEL 1\")","v":14},1,3,0,{"$f":"ADDRESS(MATCH(COUNTIF($R$2:$R763,\"NIVEL 1\"),V:V,0),COLUMN(S763))","v":"$S$710"},{"$f":"ADDRESS(MATCH(COUNTIF($R$2:$R763,\"NIVEL 1\"),V:V,0),COLUMN(W763))","v":"$W$710"},{"$f":"ADDRESS((MATCH(COUNTIF(INDIRECT(Z763):$S763,\"NIVEL 2\"),INDIRECT(AA763):W763,0)+(MATCH(COUNTIF($R$2:$R763,\"NIVEL 1\"),V:V,0)-1)),COLUMN(T763))","v":"$T$712"},null,null,null,null,null,null,null,null,null,null,null,null,null,null,null,null,null,null,null,null,null,null,null,null,null,null,{"$f":"PROCURA_PRECO_SERVICO","v":0}]
[{"$f":"V764&\".\"&W764&\".\"&X764&\".\"&Y764","v":"14.1.3.1"},"SINAPI","91926",{"$f":"PROCURA_DESCRICAO_SERVICO","v":"CABO DE COBRE FLEXÍVEL ISOLADO, 2,5 MM², ANTI-CHAMA 450/750 V, PARA CIRCUITOS TERMINAIS - FORNECIMENTO E INSTALAÇÃO. AF_12/2015"},{"$f":"PROCURA_UNIDADE_SERVICO","v":"M"},3447,{"$f":"PROCURA_PRECO_SERVICO","v":"4,06"},{"$f":"CUSTO_BDI_SERVICO","v":5.12},{"$f":"CUSTO_TOTAL_SERVICO","v":17648.64},null,null,null,null,"SERVIÇO",null,null,null,"NIVEL 4","NIVEL 4","NIVEL 4","NIVEL 4",{"$f":"COUNTIF($R$2:$R764,\"NIVEL 1\")","v":14},1,3,1,{"$f":"ADDRESS(MATCH(COUNTIF($R$2:$R764,\"NIVEL 1\"),V:V,0),COLUMN(S764))","v":"$S$710"},{"$f":"ADDRESS(MATCH(COUNTIF($R$2:$R764,\"NIVEL 1\"),V:V,0),COLUMN(W764))","v":"$W$710"},{"$f":"ADDRESS((MATCH(COUNTIF(INDIRECT(Z764):$S764,\"NIVEL 2\"),INDIRECT(AA764):W764,0)+(MATCH(COUNTIF($R$2:$R764,\"NIVEL 1\"),V:V,0)-1)),COLUMN(T764))","v":"$T$712"},null,null,null,null,null,null,null,null,null,null,null,null,null,null,null,null,null,null,null,null,null,null,null,null,null,null,{"$f":"PROCURA_PRECO_SERVICO","v":"4,06"}]
["14.1.3.2","SINAPI","91928",{"$f":"PROCURA_DESCRICAO_SERVICO","v":"CABO DE COBRE FLEXÍVEL ISOLADO, 4 MM², ANTI-CHAMA 450/750 V, PARA CIRCUITOS TERMINAIS - FORNECIMENTO E INSTALAÇÃO. AF_12/2015"},{"$f":"PROCURA_UNIDADE_SERVICO","v":"M"},624,{"$f":"PROCURA_PRECO_SERVICO","v":"6,23"},7.86,4904.64,null,null,null,null,"SERVIÇO",null,null,null,"NIVEL 4","NIVEL 4","NIVEL 4","NIVEL 4",{"$f":"COUNTIF($R$2:$R765,\"NIVEL 1\")","v":14},1,3,2,{"$f":"ADDRESS(MATCH(COUNTIF($R$2:$R765,\"NIVEL 1\"),V:V,0),COLUMN(S765))","v":"$S$710"},{"$f":"ADDRESS(MATCH(COUNTIF($R$2:$R765,\"NIVEL 1\"),V:V,0),COLUMN(W765))","v":"$W$710"},{"$f":"ADDRESS((MATCH(COUNTIF(INDIRECT(Z765):$S765,\"NIVEL 2\"),INDIRECT(AA765):W765,0)+(MATCH(COUNTIF($R$2:$R765,\"NIVEL 1\"),V:V,0)-1)),COLUMN(T765))","v":"$T$712"},null,null,null,null,null,null,null,null,null,null,null,null,null,null,null,null,null,null,null,null,null,null,null,null,null,null,{"$f":"PROCURA_PRECO_SERVICO","v":"6,23"}]
["14.1.3.3","SINAPI","91930",{"$f":"PROCURA_DESCRICAO_SERVICO","v":"CABO DE COBRE FLEXÍVEL ISOLADO, 6 MM², ANTI-CHAMA 450/750 V, PARA CIRCUITOS TERMINAIS - FORNECIMENTO E INSTALAÇÃO. AF_12/2015"},{"$f":"PROCURA_UNIDADE_SERVICO","v":"M"},169,{"$f":"PROCURA_PRECO_SERVICO","v":"8,66"},10.93,1847.17,null,null,null,null,"SERVIÇO",null,null,null,"NIVEL 4","NIVEL 4","NIVEL 4","NIVEL 4",{"$f":"COUNTIF($R$2:$R766,\"NIVEL 1\")","v":14},1,3,{"$f":"IF(U766=\"NIVEL 4\",OFFSET(Y766,-1,0)+1,0)","v":3},{"$f":"ADDRESS(MATCH(COUNTIF($R$2:$R766,\"NIVEL 1\"),V:V,0),COLUMN(S766))","v":"$S$710"},{"$f":"ADDRESS(MATCH(COUNTIF($R$2:$R766,\"NIVEL 1\"),V:V,0),COLUMN(W766))","v":"$W$710"},{"$f":"ADDRESS((MATCH(COUNTIF(INDIRECT(Z766):$S766,\"NIVEL 2\"),INDIRECT(AA766):W766,0)+(MATCH(COUNTIF($R$2:$R766,\"NIVEL 1\"),V:V,0)-1)),COLUMN(T766))","v":"$T$712"},null,null,null,null,null,null,null,null,null,null,null,null,null,null,null,null,null,null,null,null,null,null,null,null,null,null,{"$f":"PROCURA_PRECO_SERVICO","v":"8,66"}]
["14.1.3.4","SINAPI","91927",{"$f":"PROCURA_DESCRICAO_SERVICO","v":"CABO DE COBRE FLEXÍVEL ISOLADO, 2,5 MM², ANTI-CHAMA 0,6/1,0 KV, PARA CIRCUITOS TERMINAIS - FORNECIMENTO E INSTALAÇÃO. AF_12/2015"},{"$f":"PROCURA_UNIDADE_SERVICO","v":"M"},486,{"$f":"PROCURA_PRECO_SERVICO","v":"4,54"},5.73,2784.78,null,null,null,null,"SERVIÇO",null,null,null,"NIVEL 4","NIVEL 4","NIVEL 4","NIVEL 4",{"$f":"COUNTIF($R$2:$R767,\"NIVEL 1\")","v":14},1,3,4,{"$f":"ADDRESS(MATCH(COUNTIF($R$2:$R767,\"NIVEL 1\"),V:V,0),COLUMN(S767))","v":"$S$710"},{"$f":"ADDRESS(MATCH(COUNTIF($R$2:$R767,\"NIVEL 1\"),V:V,0),COLUMN(W767))","v":"$W$710"},{"$f":"ADDRESS((MATCH(COUNTIF(INDIRECT(Z767):$S767,\"NIVEL 2\"),INDIRECT(AA767):W767,0)+(MATCH(COUNTIF($R$2:$R767,\"NIVEL 1\"),V:V,0)-1)),COLUMN(T767))","v":"$T$712"},null,null,null,null,null,null,null,null,null,null,null,null,null,null,null,null,null,null,null,null,null,null,null,null,null,null,{"$f":"PROCURA_PRECO_SERVICO","v":"4,54"}]
["14.1.3.5","SINAPI","91931",{"$f":"PROCURA_DESCRICAO_SERVICO","v":"CABO DE COBRE FLEXÍVEL ISOLADO, 6 MM², ANTI-CHAMA 0,6/1,0 KV, PARA CIRCUITOS TERMINAIS - FORNECIMENTO E INSTALAÇÃO. AF_12/2015"},{"$f":"PROCURA_UNIDADE_SERVICO","v":"M"},18,{"$f":"PROCURA_PRECO_SERVICO","v":"9,34"},11.79,212.22,null,null,null,null,"SERVIÇO",null,null,null,"NIVEL 4","NIVEL 4","NIVEL 4","NIVEL 4",{"$f":"COUNTIF($R$2:$R768,\"NIVEL 1\")","v":14},1,3,5,{"$f":"ADDRESS(MATCH(COUNTIF($R$2:$R768,\"NIVEL 1\"),V:V,0),COLUMN(S768))","v":"$S$710"},{"$f":"ADDRESS(MATCH(COUNTIF($R$2:$R768,\"NIVEL 1\"),V:V,0),COLUMN(W768))","v":"$W$710"},{"$f":"ADDRESS((MATCH(COUNTIF(INDIRECT(Z768):$S768,\"NIVEL 2\"),INDIRECT(AA768):W768,0)+(MATCH(COUNTIF($R$2:$R768,\"NIVEL 1\"),V:V,0)-1)),COLUMN(T768))","v":"$T$712"},null,null,null,null,null,null,null,null,null,null,null,null,null,null,null,null,null,null,null,null,null,null,null,null,null,null,{"$f":"PROCURA_PRECO_SERVICO","v":"9,34"}]
["14.1.3.6","SINAPI","91933",{"$f":"PROCURA_DESCRICAO_SERVICO","v":"CABO DE COBRE FLEXÍVEL ISOLADO, 10 MM², ANTI-CHAMA 0,6/1,0 KV, PARA CIRCUITOS TERMINAIS - FORNECIMENTO E INSTALAÇÃO. AF_12/2015"},{"$f":"PROCURA_UNIDADE_SERVICO","v":"M"},108,{"$f":"PROCURA_PRECO_SERVICO","v":"14,88"},18.78,2028.24,null,null,null,null,"SERVIÇO",null,null,null,"NIVEL 4","NIVEL 4","NIVEL 4","NIVEL 4",{"$f":"COUNTIF($R$2:$R769,\"NIVEL 1\")","v":14},1,3,6,{"$f":"ADDRESS(MATCH(COUNTIF($R$2:$R769,\"NIVEL 1\"),V:V,0),COLUMN(S769))","v":"$S$710"},{"$f":"ADDRESS(MATCH(COUNTIF($R$2:$R769,\"NIVEL 1\"),V:V,0),COLUMN(W769))","v":"$W$710"},{"$f":"ADDRESS((MATCH(COUNTIF(INDIRECT(Z769):$S769,\"NIVEL 2\"),INDIRECT(AA769):W769,0)+(MATCH(COUNTIF($R$2:$R769,\"NIVEL 1\"),V:V,0)-1)),COLUMN(T769))","v":"$T$712"},null,null,null,null,null,null,null,null,null,null,null,null,null,null,null,null,null,null,null,null,null,null,null,null,null,null,{"$f":"PROCURA_PRECO_SERVICO","v":"14,88"}]
["14.1.3.7","SINAPI","91935",{"$f":"PROCURA_DESCRICAO_SERVICO","v":"CABO DE COBRE FLEXÍVEL ISOLADO, 16 MM², ANTI-CHAMA 0,6/1,0 KV, PARA CIRCUITOS TERMINAIS - FORNECIMENTO E INSTALAÇÃO. AF_12/2015"},{"$f":"PROCURA_UNIDADE_SERVICO","v":"M"},36,{"$f":"PROCURA_PRECO_SERVICO","v":"23,29"},29.4,1058.4,null,null,null,null,"SERVIÇO",null,null,null,"NIVEL 4","NIVEL 4","NIVEL 4","NIVEL 4",{"$f":"COUNTIF($R$2:$R770,\"NIVEL 1\")","v":14},1,3,{"$f":"IF(U770=\"NIVEL 4\",OFFSET(Y770,-1,0)+1,0)","v":7},{"$f":"ADDRESS(MATCH(COUNTIF($R$2:$R770,\"NIVEL 1\"),V:V,0),COLUMN(S770))","v":"$S$710"},{"$f":"ADDRESS(MATCH(COUNTIF($R$2:$R770,\"NIVEL 1\"),V:V,0),COLUMN(W770))","v":"$W$710"},{"$f":"ADDRESS((MATCH(COUNTIF(INDIRECT(Z770):$S770,\"NIVEL 2\"),INDIRECT(AA770):W770,0)+(MATCH(COUNTIF($R$2:$R770,\"NIVEL 1\"),V:V,0)-1)),COLUMN(T770))","v":"$T$712"},null,null,null,null,null,null,null,null,null,null,null,null,null,null,null,null,null,null,null,null,null,null,null,null,null,null,{"$f":"PROCURA_PRECO_SERVICO","v":"23,29"}]
["14.1.3.8","SINAPI","92986",{"$f":"PROCURA_DESCRICAO_SERVICO","v":"CABO DE COBRE FLEXÍVEL ISOLADO, 35 MM², ANTI-CHAMA 0,6/1,0 KV, PARA REDE ENTERRADA DE DISTRIBUIÇÃO DE ENERGIA ELÉTRICA - FORNECIMENTO E INSTALAÇÃO. AF_12/2021"},{"$f":"PROCURA_UNIDADE_SERVICO","v":"M"},144,{"$f":"PROCURA_PRECO_SERVICO","v":"36,25"},45.76,6589.44,null,null,null,null,"SERVIÇO",null,null,null,"NIVEL 4","NIVEL 4","NIVEL 4","NIVEL 4",{"$f":"COUNTIF($R$2:$R771,\"NIVEL 1\")","v":14},1,3,{"$f":"IF(U771=\"NIVEL 4\",OFFSET(Y771,-1,0)+1,0)","v":8},{"$f":"ADDRESS(MATCH(COUNTIF($R$2:$R771,\"NIVEL 1\"),V:V,0),COLUMN(S771))","v":"$S$710"},{"$f":"ADDRESS(MATCH(COUNTIF($R$2:$R771,\"NIVEL 1\"),V:V,0),COLUMN(W771))","v":"$W$710"},{"$f":"ADDRESS((MATCH(COUNTIF(INDIRECT(Z771):$S771,\"NIVEL 2\"),INDIRECT(AA771):W771,0)+(MATCH(COUNTIF($R$2:$R771,\"NIVEL 1\"),V:V,0)-1)),COLUMN(T771))","v":"$T$712"},null,null,null,null,null,null,null,null,null,null,null,null,null,null,null,null,null,null,null,null,null,null,null,null,null,null,{"$f":"PROCURA_PRECO_SERVICO","v":"36,25"}]
[null,null,null,null,null,null,null,null,null,null,null,null,null,null,null,null,null,null,null,null,null,{"$f":"COUNTIF($R$2:$R772,\"NIVEL 1\")","v":14},1,3,0,{"$f":"ADDRESS(MATCH(COUNTIF($R$2:$R772,\"NIVEL 1\"),V:V,0),COLUMN(S772))","v":"$S$710"},{"$f":"ADDRESS(MATCH(COUNTIF($R$2:$R772,\"NIVEL 1\"),V:V,0),COLUMN(W772))","v":"$W$710"},{"$f":"ADDRESS((MATCH(COUNTIF(INDIRECT(Z772):$S772,\"NIVEL 2\"),INDIRECT(AA772):W772,0)+(MATCH(COUNTIF($R$2:$R772,\"NIVEL 1\"),V:V,0)-1)),COLUMN(T772))","v":"$T$712"},null,null,null,null,null,null,null,null,null,null,null,null,null,null,null,null,null,null,null,null,null,null,null,null,null,null,{"$f":"PROCURA_PRECO_SERVICO","v":0}]
[null,null,null,{"$f":"\"SUBTOTAL DO ITEM - \"&A762","v":"SUBTOTAL DO ITEM - 14.1.3"},null,null,null,null,{"$f":"SUBTOTAL(9,OFFSET(I762,1,0):OFFSET(I773,-1,0))","v":37073.53},null,null,null,null,"SUBSUBITEM_FIM",null,null,null,null,null,null,null,{"$f":"COUNTIF($R$2:$R773,\"NIVEL 1\")","v":14},1,3,0,{"$f":"ADDRESS(MATCH(COUNTIF($R$2:$R773,\"NIVEL 1\"),V:V,0),COLUMN(S773))","v":"$S$710"},{"$f":"ADDRESS(MATCH(COUNTIF($R$2:$R773,\"NIVEL 1\"),V:V,0),COLUMN(W773))","v":"$W$710"},{"$f":"ADDRESS((MATCH(COUNTIF(INDIRECT(Z773):$S773,\"NIVEL 2\"),INDIRECT(AA773):W773,0)+(MATCH(COUNTIF($R$2:$R773,\"NIVEL 1\"),V:V,0)-1)),COLUMN(T773))","v":"$T$712"},null,null,null,null,null,null,null,null,null,null,null,null,null,null,null,null,null,null,null,null,null,null,null,null,null,null,{"$f":"PROCURA_PRECO_SERVICO","v":0}]
[null,null,null,null,null,null,null,null,null,null,null,null,null,null,null,null,null,null,null,null,null,{"$f":"COUNTIF($R$2:$R774,\"NIVEL 1\")","v":14},1,3,{"$f":"IF(U774=\"NIVEL 4\",OFFSET(Y774,-1,0)+1,0)","v":0},{"$f":"ADDRESS(MATCH(COUNTIF($R$2:$R774,\"NIVEL 1\"),V:V,0),COLUMN(S774))","v":"$S$710"},{"$f":"ADDRESS(MATCH(COUNTIF($R$2:$R774,\"NIVEL 1\"),V:V,0),COLUMN(W774))","v":"$W$710"},{"$f":"ADDRESS((MATCH(COUNTIF(INDIRECT(Z774):$S774,\"NIVEL 2\"),INDIRECT(AA774):W774,0)+(MATCH(COUNTIF($R$2:$R774,\"NIVEL 1\"),V:V,0)-1)),COLUMN(T774))","v":"$T$712"},null,null,null,null,null,null,null,null,null,null,null,null,null,null,null,null,null,null,null,null,null,null,null,null,null,null,{"$f":"PROCURA_PRECO_SERVICO","v":0}]
[{"$f":"V775&\".\"&W775&\".\"&X775","v":"14.1.4"},null,null,"QUADROS ELÉTRICOS",null,null,null,null,null,null,null,null,null,"SUBSUBITEM_INICIO",null,null,null,"NIVEL 3","NIVEL 3","NIVEL 3",null,{"$f":"COUNTIF($R$2:$R775,\"NIVEL 1\")","v":14},1,4,0,{"$f":"ADDRESS(MATCH(COUNTIF($R$2:$R775,\"NIVEL 1\"),V:V,0),COLUMN(S775))","v":"$S$710"},{"$f":"ADDRESS(MATCH(COUNTIF($R$2:$R775,\"NIVEL 1\"),V:V,0),COLUMN(W775))","v":"$W$710"},{"$f":"ADDRESS((MATCH(COUNTIF(INDIRECT(Z775):$S775,\"NIVEL 2\"),INDIRECT(AA775):W775,0)+(MATCH(COUNTIF($R$2:$R775,\"NIVEL 1\"),V:V,0)-1)),COLUMN(T775))","v":"$T$712"},null,null,null,null,null,null,null,null,null,null,null,null,null,null,null,null,null,null,null,null,null,null,null,null,null,null,{"$f":"PROCURA_PRECO_SERVICO","v":0}]
[null,null,null,null,null,null,null,null,null,null,null,null,null,null,null,null,null,null,null,null,null,{"$f":"COUNTIF($R$2:$R776,\"NIVEL 1\")","v":14},{"$f":"IFERROR(COUNTIF(INDIRECT(Z776):S776,\"NIVEL 2\"),0)","v":1},{"$f":"COUNTIF(INDIRECT(AB776):T776,\"NIVEL 3\")","v":4},0,{"$f":"ADDRESS(MATCH(COUNTIF($R$2:$R776,\"NIVEL 1\"),V:V,0),COLUMN(S776))","v":"$S$710"},{"$f":"ADDRESS(MATCH(COUNTIF($R$2:$R776,\"NIVEL 1\"),V:V,0),COLUMN(W776))","v":"$W$710"},{"$f":"ADDRESS((MATCH(COUNTIF(INDIRECT(Z776):$S776,\"NIVEL 2\"),INDIRECT(AA776):W776,0)+(MATCH(COUNTIF($R$2:$R776,\"NIVEL 1\"),V:V,0)-1)),COLUMN(T776))","v":"$T$712"},null,null,null,null,null,null,null,null,null,null,null,null,null,null,null,null,null,null,null,null,null,null,null,null,null,null,{"$f":"PROCURA_PRECO_SERVICO","v":0}]
[{"$f":"V777&\".\"&W777&\".\"&X777&\".\"&Y777","v":"14.1.4.1"},"COMPOSIÇÃO","JMV-CRAS-046",{"$f":"PROCURA_DESCRICAO_SERVICO","v":"QUADRO DE DISTRIBUIÇÃO DE ENERGIA EM CHAPA DE AÇO GALVANIZADO, DE SOBREPOR, COM BARRAMENTO TRIFÁSICO, PARA 48 DISJUNTORES DIN 100A - FORNECIMENTO E INSTALAÇÃO. AF_10/2020 - BASEADA EM SINAPI (101878)"},{"$f":"PROCURA_UNIDADE_SERVICO","v":"UN"},1,{"$f":"PROCURA_PRECO_SERVICO","v":1160.39},{"$f":"CUSTO_BDI_SERVICO","v":1464.87},{"$f":"CUSTO_TOTAL_SERVICO","v":1464.87},null,null,null,null,"SERVIÇO",null,null,null,"NIVEL 4","NIVEL 4","NIVEL 4","NIVEL 4",{"$f":"COUNTIF($R$2:$R777,\"NIVEL 1\")","v":14},1,4,1,{"$f":"ADDRESS(MATCH(COUNTIF($R$2:$R777,\"NIVEL 1\"),V:V,0),COLUMN(S777))","v":"$S$710"},{"$f":"ADDRESS(MATCH(COUNTIF($R$2:$R777,\"NIVEL 1\"),V:V,0),COLUMN(W777))","v":"$W$710"},{"$f":"ADDRESS((MATCH(COUNTIF(INDIRECT(Z777):$S777,\"NIVEL 2\"),INDIRECT(AA777):W777,0)+(MATCH(COUNTIF($R$2:$R777,\"NIVEL 1\"),V:V,0)-1)),COLUMN(T777))","v":"$T$712"},null,null,null,null,null,null,null,null,null,null,null,null,null,null,null,null,null,null,null,null,null,null,null,null,null,null,{"$f":"PROCURA_PRECO_SERVICO","v":1160.39}]
["14.1.4.2","SETOP","ED-49527",{"$f":"PROCURA_DESCRICAO_SERVICO","v":"SUPRESSOR DE SURTO PARA PROTEÇÃO PRIMÁRIA EM QGD, ATÉ 1,5 KV - 5 KA"},{"$f":"PROCURA_UNIDADE_SERVICO","v":"UN"},3,{"$f":"PROCURA_PRECO_SERVICO","v":300.11},378.85,1136.55,null,null,null,null,"SERVIÇO",null,null,null,"NIVEL 4","NIVEL 4","NIVEL 4","NIVEL 4",{"$f":"COUNTIF($R$2:$R778,\"NIVEL 1\")","v":14},1,4,2,{"$f":"ADDRESS(MATCH(COUNTIF($R$2:$R778,\"NIVEL 1\"),V:V,0),COLUMN(S778))","v":"$S$710"},{"$f":"ADDRESS(MATCH(COUNTIF($R$2:$R778,\"NIVEL 1\"),V:V,0),COLUMN(W778))","v":"$W$710"},{"$f":"ADDRESS((MATCH(COUNTIF(INDIRECT(Z778):$S778,\"NIVEL 2\"),INDIRECT(AA778):W778,0)+(MATCH(COUNTIF($R$2:$R778,\"NIVEL 1\"),V:V,0)-1)),COLUMN(T778))","v":"$T$712"},null,null,null,null,null,null,null,null,null,null,null,null,null,null,null,null,null,null,null,null,null,null,null,null,null,null,{"$f":"PROCURA_PRECO_SERVICO","v":300.11}]
["14.1.4.3","SETOP","ED-49258",{"$f":"PROCURA_DESCRICAO_SERVICO","v":"DISJUNTOR TRIPOLAR TERMOMAGNÉTICO 10KA, DE 40A"},{"$f":"PROCURA_UNIDADE_SERVICO","v":"UN"},4,{"$f":"PROCURA_PRECO_SERVICO","v":93.18},117.63,470.52,null,null,null,null,"SERVIÇO",null,null,null,"NIVEL 4","NIVEL 4","NIVEL 4","NIVEL 4",{"$f":"COUNTIF($R$2:$R779,\"NIVEL 1\")","v":14},1,4,3,{"$f":"ADDRESS(MATCH(COUNTIF($R$2:$R779,\"NIVEL 1\"),V:V,0),COLUMN(S779))","v":"$S$710"},{"$f":"ADDRESS(MATCH(COUNTIF($R$2:$R779,\"NIVEL 1\"),V:V,0),COLUMN(W779))","v":"$W$710"},{"$f":"ADDRESS((MATCH(COUNTIF(INDIRECT(Z779):$S779,\"NIVEL 2\"),INDIRECT(AA779):W779,0)+(MATCH(COUNTIF($R$2:$R779,\"NIVEL 1\"),V:V,0)-1)),COLUMN(T779))","v":"$T$712"},null,null,null,null,null,null,null,null,null,null,null,null,null,null,null,null,null,null,null,null,null,null,null,null,null,null,{"$f":"PROCURA_PRECO_SERVICO","v":93.18}]
["14.1.4.4","SETOP","ED-49260",{"$f":"PROCURA_DESCRICAO_SERVICO","v":"DISJUNTOR TRIPOLAR TERMOMAGNÉTICO 10KA, DE 60A"},{"$f":"PROCURA_UNIDADE_SERVICO","v":"UN"},2,{"$f":"PROCURA_PRECO_SERVICO","v":116.97},147.66,295.32,null,null,null,null,"SERVIÇO",null,null,null,"NIVEL 4","NIVEL 4","NIVEL 4","NIVEL 4",{"$f":"COUNTIF($R$2:$R780,\"NIVEL 1\")","v":14},1,4,4,{"$f":"ADDRESS(MATCH(COUNTIF($R$2:$R780,\"NIVEL 1\"),V:V,0),COLUMN(S780))","v":"$S$710"},{"$f":"ADDRESS(MATCH(COUNTIF($R$2:$R780,\"NIVEL 1\"),V:V,0),COLUMN(W780))","v":"$W$710"},{"$f":"ADDRESS((MATCH(COUNTIF(INDIRECT(Z780):$S780,\"NIVEL 2\"),INDIRECT(AA780):W780,0)+(MATCH(COUNTIF($R$2:$R780,\"NIVEL 1\"),V:V,0)-1)),COLUMN(T780))","v":"$T$712"},null,null,null,null,null,null,null,null,null,null,null,null,null,null,null,null,null,null,null,null,null,null,null,null,null,null,{"$f":"PROCURA_PRECO_SERVICO","v":116.97}]
["14.1.4.5","SETOP","ED-49263",{"$f":"PROCURA_DESCRICAO_SERVICO","v":"DISJUNTOR TRIPOLAR TERMOMAGNÉTICO 10KA, DE 100A"},{"$f":"PROCURA_UNIDADE_SERVICO","v":"UN"},1,{"$f":"PROCURA_PRECO_SERVICO","v":116.97},147.66,147.66,null,null,null,null,"SERVIÇO",null,null,null,"NIVEL 4","NIVEL 4","NIVEL 4","NIVEL 4",{"$f":"COUNTIF($R$2:$R781,\"NIVEL 1\")","v":14},1,4,5,{"$f":"ADDRESS(MATCH(COUNTIF($R$2:$R781,\"NIVEL 1\"),V:V,0),COLUMN(S781))","v":"$S$710"},{"$f":"ADDRESS(MATCH(COUNTIF($R$2:$R781,\"NIVEL 1\"),V:V,0),COLUMN(W781))","v":"$W$710"},{"$f":"ADDRESS((MATCH(COUNTIF(INDIRECT(Z781):$S781,\"NIVEL 2\"),INDIRECT(AA781):W781,0)+(MATCH(COUNTIF($R$2:$R781,\"NIVEL 1\"),V:V,0)-1)),COLUMN(T781))","v":"$T$712"},null,null,null,null,null,null,null,null,null,null,null,null,null,null,null,null,null,null,null,null,null,null,null,null,null,null,{"$f":"PROCURA_PRECO_SERVICO","v":116.97}]
["14.1.4.6","COMPOSIÇÃO","JMV-CRAS-047",{"$f":"PROCURA_DESCRICAO_SERVICO","v":"QUADRO DE DISTRIBUICAO DE ENERGIA DE EMBUTIR, BARRAMENTO TRIFASICO DE 225A, CAPACIDADE PARA 56 MODULOS DIN DA CEMAR OU SIMILAR - FORNECIMENTO E INSTALACAO - BASEADA DA AGESUL (1201005018)"},{"$f":"PROCURA_UNIDADE_SERVICO","v":"UN"},2,{"$f":"PROCURA_PRECO_SERVICO","v":1844.34},2328.29,4656.58,null,null,null,null,"SERVIÇO",null,null,null,"NIVEL 4","NIVEL 4","NIVEL 4","NIVEL 4",{"$f":"COUNTIF($R$2:$R782,\"NIVEL 1\")","v":14},1,4,6,{"$f":"ADDRESS(MATCH(COUNTIF($R$2:$R782,\"NIVEL 1\"),V:V,0),COLUMN(S782))","v":"$S$710"},{"$f":"ADDRESS(MATCH(COUNTIF($R$2:$R782,\"NIVEL 1\"),V:V,0),COLUMN(W782))","v":"$W$710"},{"$f":"ADDRESS((MATCH(COUNTIF(INDIRECT(Z782):$S782,\"NIVEL 2\"),INDIRECT(AA782):W782,0)+(MATCH(COUNTIF($R$2:$R782,\"NIVEL 1\"),V:V,0)-1)),COLUMN(T782))","v":"$T$712"},null,null,null,null,null,null,null,null,null,null,null,null,null,null,null,null,null,null,null,null,null,null,null,null,null,null,{"$f":"PROCURA_PRECO_SERVICO","v":1844.34}]
[{"$f":"V783&\".\"&W783&\".\"&X783&\".\"&Y783","v":"14.1.4.7"},"COMPOSIÇÃO","JMV-CRAS-048",{"$f":"PROCURA_DESCRICAO_SERVICO","v":"DISPOSITIVO DE PROTEÇÃO DE SURTO, CLASSE 2 - BASEADA EM ORSE (13174)"},{"$f":"PROCURA_UNIDADE_SERVICO","v":"UN"},6,{"$f":"PROCURA_PRECO_SERVICO","v":133.28},{"$f":"CUSTO_BDI_SERVICO","v":168.25},{"$f":"CUSTO_TOTAL_SERVICO","v":1009.5},null,null,null,null,"SERVIÇO",null,null,null,"NIVEL 4","NIVEL 4","NIVEL 4","NIVEL 4",{"$f":"COUNTIF($R$2:$R783,\"NIVEL 1\")","v":14},1,4,{"$f":"IF(U783=\"NIVEL 4\",OFFSET(Y783,-1,0)+1,0)","v":7},{"$f":"ADDRESS(MATCH(COUNTIF($R$2:$R783,\"NIVEL 1\"),V:V,0),COLUMN(S783))","v":"$S$710"},{"$f":"ADDRESS(MATCH(COUNTIF($R$2:$R783,\"NIVEL 1\"),V:V,0),COLUMN(W783))","v":"$W$710"},{"$f":"ADDRESS((MATCH(COUNTIF(INDIRECT(Z783):$S783,\"NIVEL 2\"),INDIRECT(AA783):W783,0)+(MATCH(COUNTIF($R$2:$R783,\"NIVEL 1\"),V:V,0)-1)),COLUMN(T783))","v":"$T$712"},null,null,null,null,null,null,null,null,null,null,null,null,null,null,null,null,null,null,null,null,null,null,null,null,null,null,{"$f":"PROCURA_PRECO_SERVICO","v":133.28}]
["14.1.4.8","SETOP","ED-49228",{"$f":"PROCURA_DESCRICAO_SERVICO","v":"DISJUNTOR MONOPOLAR TERMOMAGNÉTICO 5KA, DE 10A"},{"$f":"PROCURA_UNIDADE_SERVICO","v":"UN"},8,{"$f":"PROCURA_PRECO_SERVICO","v":21.76},27.46,219.68,null,null,null,null,"SERVIÇO",null,null,null,"NIVEL 4","NIVEL 4","NIVEL 4","NIVEL 4",{"$f":"COUNTIF($R$2:$R784,\"NIVEL 1\")","v":14},1,4,8,{"$f":"ADDRESS(MATCH(COUNTIF($R$2:$R784,\"NIVEL 1\"),V:V,0),COLUMN(S784))","v":"$S$710"},{"$f":"ADDRESS(MATCH(COUNTIF($R$2:$R784,\"NIVEL 1\"),V:V,0),COLUMN(W784))","v":"$W$710"},{"$f":"ADDRESS((MATCH(COUNTIF(INDIRECT(Z784):$S784,\"NIVEL 2\"),INDIRECT(AA784):W784,0)+(MATCH(COUNTIF($R$2:$R784,\"NIVEL 1\"),V:V,0)-1)),COLUMN(T784))","v":"$T$712"},null,null,null,null,null,null,null,null,null,null,null,null,null,null,null,null,null,null,null,null,null,null,null,null,null,null,{"$f":"PROCURA_PRECO_SERVICO","v":21.76}]
["14.1.4.9","SETOP","ED-49230",{"$f":"PROCURA_DESCRICAO_SERVICO","v":"DISJUNTOR MONOPOLAR TERMOMAGNÉTICO 5KA, DE 16A"},{"$f":"PROCURA_UNIDADE_SERVICO","v":"UN"},12,{"$f":"PROCURA_PRECO_SERVICO","v":21.76},27.46,329.52,null,null,null,null,"SERVIÇO",null,null,null,"NIVEL 4","NIVEL 4","NIVEL 4","NIVEL 4",{"$f":"COUNTIF($R$2:$R785,\"NIVEL 1\")","v":14},1,4,9,{"$f":"ADDRESS(MATCH(COUNTIF($R$2:$R785,\"NIVEL 1\"),V:V,0),COLUMN(S785))","v":"$S$710"},{"$f":"ADDRESS(MATCH(COUNTIF($R$2:$R785,\"NIVEL 1\"),V:V,0),COLUMN(W785))","v":"$W$710"},{"$f":"ADDRESS((MATCH(COUNTIF(INDIRECT(Z785):$S785,\"NIVEL 2\"),INDIRECT(AA785):W785,0)+(MATCH(COUNTIF($R$2:$R785,\"NIVEL 1\"),V:V,0)-1)),COLUMN(T785))","v":"$T$712"},null,null,null,null,null,null,null,null,null,null,null,null,null,null,null,null,null,null,null,null,null,null,null,null,null,null,{"$f":"PROCURA_PRECO_SERVICO","v":21.76}]
["14.1.4.10","SETOP","ED-49268",{"$f":"PROCURA_DESCRICAO_SERVICO","v":"DISJUNTOR BIPOLAR TERMOMAGNÉTICO 5KA, DE 10A"},{"$f":"PROCURA_UNIDADE_SERVICO","v":"UN"},6,{"$f":"PROCURA_PRECO_SERVICO","v":49.39},62.34,374.04,null,null,null,null,"SERVIÇO",null,null,null,"NIVEL 4","NIVEL 4","NIVEL 4","NIVEL 4",{"$f":"COUNTIF($R$2:$R786,\"NIVEL 1\")","v":14},1,4,10,{"$f":"ADDRESS(MATCH(COUNTIF($R$2:$R786,\"NIVEL 1\"),V:V,0),COLUMN(S786))","v":"$S$710"},{"$f":"ADDRESS(MATCH(COUNTIF($R$2:$R786,\"NIVEL 1\"),V:V,0),COLUMN(W786))","v":"$W$710"},{"$f":"ADDRESS((MATCH(COUNTIF(INDIRECT(Z786):$S786,\"NIVEL 2\"),INDIRECT(AA786):W786,0)+(MATCH(COUNTIF($R$2:$R786,\"NIVEL 1\"),V:V,0)-1)),COLUMN(T786))","v":"$T$712"},null,null,null,null,null,null,null,null,null,null,null,null,null,null,null,null,null,null,null,null,null,null,null,null,null,null,{"$f":"PROCURA_PRECO_SERVICO","v":49.39}]
["14.1.4.11","COMPOSIÇÃO","JMV-CRAS-049",{"$f":"PROCURA_DESCRICAO_SERVICO","v":"CONTATOR MONOPOLAR NOMINAL 10A - FORNECIMENTO E INSTALAÇÃO - BASEADO EM SINAPI (101901)"},{"$f":"PROCURA_UNIDADE_SERVICO","v":"UN"},2,{"$f":"PROCURA_PRECO_SERVICO","v":117.81},148.72,297.44,null,null,null,null,"SERVIÇO",null,null,null,"NIVEL 4","NIVEL 4","NIVEL 4","NIVEL 4",{"$f":"COUNTIF($R$2:$R787,\"NIVEL 1\")","v":14},1,4,11,{"$f":"ADDRESS(MATCH(COUNTIF($R$2:$R787,\"NIVEL 1\"),V:V,0),COLUMN(S787))","v":"$S$710"},{"$f":"ADDRESS(MATCH(COUNTIF($R$2:$R787,\"NIVEL 1\"),V:V,0),COLUMN(W787))","v":"$W$710"},{"$f":"ADDRESS((MATCH(COUNTIF(INDIRECT(Z787):$S787,\"NIVEL 2\"),INDIRECT(AA787):W787,0)+(MATCH(COUNTIF($R$2:$R787,\"NIVEL 1\"),V:V,0)-1)),COLUMN(T787))","v":"$T$712"},null,null,null,null,null,null,null,null,null,null,null,null,null,null,null,null,null,null,null,null,null,null,null,null,null,null,{"$f":"PROCURA_PRECO_SERVICO","v":117.81}]
["14.1.4.12","COMPOSIÇÃO","JMV-CRAS-057",{"$f":"PROCURA_DESCRICAO_SERVICO","v":"BOTOEIRA COM RETENÇÃO PARA QUADRO/PAINEL - BASEADO EM CPOS (40.20.090)"},{"$f":"PROCURA_UNIDADE_SERVICO","v":"UN"},2,{"$f":"PROCURA_PRECO_SERVICO","v":45.13},56.97,113.94,null,null,null,null,"SERVIÇO",null,null,null,"NIVEL 4","NIVEL 4","NIVEL 4","NIVEL 4",{"$f":"COUNTIF($R$2:$R788,\"NIVEL 1\")","v":14},1,4,12,{"$f":"ADDRESS(MATCH(COUNTIF($R$2:$R788,\"NIVEL 1\"),V:V,0),COLUMN(S788))","v":"$S$710"},{"$f":"ADDRESS(MATCH(COUNTIF($R$2:$R788,\"NIVEL 1\"),V:V,0),COLUMN(W788))","v":"$W$710"},{"$f":"ADDRESS((MATCH(COUNTIF(INDIRECT(Z788):$S788,\"NIVEL 2\"),INDIRECT(AA788):W788,0)+(MATCH(COUNTIF($R$2:$R788,\"NIVEL 1\"),V:V,0)-1)),COLUMN(T788))","v":"$T$712"},null,null,null,null,null,null,null,null,null,null,null,null,null,null,null,null,null,null,null,null,null,null,null,null,null,null,{"$f":"PROCURA_PRECO_SERVICO","v":45.13}]
[{"$f":"V789&\".\"&W789&\".\"&X789&\".\"&Y789","v":"14.1.4.13"},"COMPOSIÇÃO","JMV-CRAS-059",{"$f":"PROCURA_DESCRICAO_SERVICO","v":"BOTOEIRA \"LIGA-DESLIGA\" PARA INSTALAÇÃO EM PORTA DE QUADRO - BASEADA EM AGETOP CIVIL (070305)"},{"$f":"PROCURA_UNIDADE_SERVICO","v":"UN"},2,{"$f":"PROCURA_PRECO_SERVICO","v":54.53},{"$f":"CUSTO_BDI_SERVICO","v":68.83},{"$f":"CUSTO_TOTAL_SERVICO","v":137.66},null,null,null,null,"SERVIÇO",null,null,null,"NIVEL 4","NIVEL 4","NIVEL 4","NIVEL 4",{"$f":"COUNTIF($R$2:$R789,\"NIVEL 1\")","v":14},1,4,13,{"$f":"ADDRESS(MATCH(COUNTIF($R$2:$R789,\"NIVEL 1\"),V:V,0),COLUMN(S789))","v":"$S$710"},{"$f":"ADDRESS(MATCH(COUNTIF($R$2:$R789,\"NIVEL 1\"),V:V,0),COLUMN(W789))","v":"$W$710"},{"$f":"ADDRESS((MATCH(COUNTIF(INDIRECT(Z789):$S789,\"NIVEL 2\"),INDIRECT(AA789):W789,0)+(MATCH(COUNTIF($R$2:$R789,\"NIVEL 1\"),V:V,0)-1)),COLUMN(T789))","v":"$T$712"},null,null,null,null,null,null,null,null,null,null,null,null,null,null,null,null,null,null,null,null,null,null,null,null,null,null,{"$f":"PROCURA_PRECO_SERVICO","v":54.53}]
["14.1.4.14","COMPOSIÇÃO","JMV-CRAS-060",{"$f":"PROCURA_DESCRICAO_SERVICO","v":"LED SINALIZAÇÃO PARA QUADRO ELÉTRICO, VERDE - BASEADA EM ORSE (11444)"},{"$f":"PROCURA_UNIDADE_SERVICO","v":"UN"},2,{"$f":"PROCURA_PRECO_SERVICO","v":47.27},59.67,119.34,null,null,null,null,"SERVIÇO",null,null,null,"NIVEL 4","NIVEL 4","NIVEL 4","NIVEL 4",{"$f":"COUNTIF($R$2:$R790,\"NIVEL 1\")","v":14},1,4,{"$f":"IF(U790=\"NIVEL 4\",OFFSET(Y790,-1,0)+1,0)","v":14},{"$f":"ADDRESS(MATCH(COUNTIF($R$2:$R790,\"NIVEL 1\"),V:V,0),COLUMN(S790))","v":"$S$710"},{"$f":"ADDRESS(MATCH(COUNTIF($R$2:$R790,\"NIVEL 1\"),V:V,0),COLUMN(W790))","v":"$W$710"},{"$f":"ADDRESS((MATCH(COUNTIF(INDIRECT(Z790):$S790,\"NIVEL 2\"),INDIRECT(AA790):W790,0)+(MATCH(COUNTIF($R$2:$R790,\"NIVEL 1\"),V:V,0)-1)),COLUMN(T790))","v":"$T$712"},null,null,null,null,null,null,null,null,null,null,null,null,null,null,null,null,null,null,null,null,null,null,null,null,null,null,{"$f":"PROCURA_PRECO_SERVICO","v":47.27}]
["14.1.4.15","COMPOSIÇÃO","JMV-CRAS-061",{"$f":"PROCURA_DESCRICAO_SERVICO","v":"LED SINALIZAÇÃO PARA QUADRO ELÉTRICO, VERMELHA - BASEADA EM ORSE (11444)"},{"$f":"PROCURA_UNIDADE_SERVICO","v":"UN"},2,{"$f":"PROCURA_PRECO_SERVICO","v":33.82},42.69,85.38,null,null,null,null,"SERVIÇO",null,null,null,"NIVEL 4","NIVEL 4","NIVEL 4","NIVEL 4",{"$f":"COUNTIF($R$2:$R791,\"NIVEL 1\")","v":14},1,4,15,{"$f":"ADDRESS(MATCH(COUNTIF($R$2:$R791,\"NIVEL 1\"),V:V,0),COLUMN(S791))","v":"$S$710"},{"$f":"ADDRESS(MATCH(COUNTIF($R$2:$R791,\"NIVEL 1\"),V:V,0),COLUMN(W791))","v":"$W$710"},{"$f":"ADDRESS((MATCH(COUNTIF(INDIRECT(Z791):$S791,\"NIVEL 2\"),INDIRECT(AA791):W791,0)+(MATCH(COUNTIF($R$2:$R791,\"NIVEL 1\"),V:V,0)-1)),COLUMN(T791))","v":"$T$712"},null,null,null,null,null,null,null,null,null,null,null,null,null,null,null,null,null,null,null,null,null,null,null,null,null,null,{"$f":"PROCURA_PRECO_SERVICO","v":33.82}]
["14.1.4.16","COMPOSIÇÃO","JMV-CRAS-062",{"$f":"PROCURA_DESCRICAO_SERVICO","v":"DISJUNTOR DE PROTEÇÃO DIFERENCIAL RESIDUAL (DR), UNIPOLAR, TIPO DIN, CORRENTE NOMINAL DE 25A, ALTA SENSIBILIDADE, CORRENTE DIFERENCIAL RESIDUAL NOMINAL COM ATUAÇÃO DE 30MA - BASEADA EM SETOP (ED-15114)"},{"$f":"PROCURA_UNIDADE_SERVICO","v":"UN"},4,{"$f":"PROCURA_PRECO_SERVICO","v":272.52},344.02,1376.08,null,null,null,null,"SERVIÇO",null,null,null,"NIVEL 4","NIVEL 4","NIVEL 4","NIVEL 4",{"$f":"COUNTIF($R$2:$R792,\"NIVEL 1\")","v":14},1,4,16,{"$f":"ADDRESS(MATCH(COUNTIF($R$2:$R792,\"NIVEL 1\"),V:V,0),COLUMN(S792))","v":"$S$710"},{"$f":"ADDRESS(MATCH(COUNTIF($R$2:$R792,\"NIVEL 1\"),V:V,0),COLUMN(W792))","v":"$W$710"},{"$f":"ADDRESS((MATCH(COUNTIF(INDIRECT(Z792):$S792,\"NIVEL 2\"),INDIRECT(AA792):W792,0)+(MATCH(COUNTIF($R$2:$R792,\"NIVEL 1\"),V:V,0)-1)),COLUMN(T792))","v":"$T$712"},null,null,null,null,null,null,null,null,null,null,null,null,null,null,null,null,null,null,null,null,null,null,null,null,null,null,{"$f":"PROCURA_PRECO_SERVICO","v":272.52}]
["14.1.4.17","SETOP","ED-49274",{"$f":"PROCURA_DESCRICAO_SERVICO","v":"DISJUNTOR BIPOLAR TERMOMAGNÉTICO 5KA, DE 32A"},{"$f":"PROCURA_UNIDADE_SERVICO","v":"UN"},1,{"$f":"PROCURA_PRECO_SERVICO","v":49.39},62.34,62.34,null,null,null,null,"SERVIÇO",null,null,null,"NIVEL 4","NIVEL 4","NIVEL 4","NIVEL 4",{"$f":"COUNTIF($R$2:$R793,\"NIVEL 1\")","v":14},1,4,17,{"$f":"ADDRESS(MATCH(COUNTIF($R$2:$R793,\"NIVEL 1\"),V:V,0),COLUMN(S793))","v":"$S$710"},{"$f":"ADDRESS(MATCH(COUNTIF($R$2:$R793,\"NIVEL 1\"),V:V,0),COLUMN(W793))","v":"$W$710"},{"$f":"ADDRESS((MATCH(COUNTIF(INDIRECT(Z793):$S793,\"NIVEL 2\"),INDIRECT(AA793):W793,0)+(MATCH(COUNTIF($R$2:$R793,\"NIVEL 1\"),V:V,0)-1)),COLUMN(T793))","v":"$T$712"},null,null,null,null,null,null,null,null,null,null,null,null,null,null,null,null,null,null,null,null,null,null,null,null,null,null,{"$f":"PROCURA_PRECO_SERVICO","v":49.39}]
["14.1.4.18","COMPOSIÇÃO","JMV-CRAS-063",{"$f":"PROCURA_DESCRICAO_SERVICO","v":"DISJUNTOR DE PROTEÇÃO DIFERENCIAL RESIDUAL (DR), UNIPOLAR, TIPO DIN, CORRENTE NOMINAL DE 25A, ALTA SENSIBILIDADE, CORRENTE DIFERENCIAL RESIDUAL NOMINAL COM ATUAÇÃO DE 30MA - BASEADA EM SETOP (ED-15114)"},{"$f":"PROCURA_UNIDADE_SERVICO","v":"UN"},8,{"$f":"PROCURA_PRECO_SERVICO","v":272.52},344.02,2752.16,null,null,null,null,"SERVIÇO",null,null,null,"NIVEL 4","NIVEL 4","NIVEL 4","NIVEL 4",{"$f":"COUNTIF($R$2:$R794,\"NIVEL 1\")","v":14},1,4,18,{"$f":"ADDRESS(MATCH(COUNTIF($R$2:$R794,\"NIVEL 1\"),V:V,0),COLUMN(S794))","v":"$S$710"},{"$f":"ADDRESS(MATCH(COUNTIF($R$2:$R794,\"NIVEL 1\"),V:V,0),COLUMN(W794))","v":"$W$710"},{"$f":"ADDRESS((MATCH(COUNTIF(INDIRECT(Z794):$S794,\"NIVEL 2\"),INDIRECT(AA794):W794,0)+(MATCH(COUNTIF($R$2:$R794,\"NIVEL 1\"),V:V,0)-1)),COLUMN(T794))","v":"$T$712"},null,null,null,null,null,null,null,null,null,null,null,null,null,null,null,null,null,null,null,null,null,null,null,null,null,null,{"$f":"PROCURA_PRECO_SERVICO","v":272.52}]
[{"$f":"V795&\".\"&W795&\".\"&X795&\".\"&Y795","v":"14.1.4.19"},"COMPOSIÇÃO","JMV-CRAS-064",{"$f":"PROCURA_DESCRICAO_SERVICO","v":"DISJUNTOR DE PROTEÇÃO DIFERENCIAL RESIDUAL (DR), UNIPOLAR, TIPO DIN, CORRENTE NOMINAL DE 40A, ALTA SENSIBILIDADE, CORRENTE DIFERENCIAL RESIDUAL NOMINAL COM ATUAÇÃO DE 30MA - BASEADA EM SETOP (ED-15114)"},{"$f":"PROCURA_UNIDADE_SERVICO","v":"UN"},1,{"$f":"PROCURA_PRECO_SERVICO","v":356.54},{"$f":"CUSTO_BDI_SERVICO","v":450.09},{"$f":"CUSTO_TOTAL_SERVICO","v":450.09},null,null,null,null,"SERVIÇO",null,null,null,"NIVEL 4","NIVEL 4","NIVEL 4","NIVEL 4",{"$f":"COUNTIF($R$2:$R795,\"NIVEL 1\")","v":14},1,4,{"$f":"IF(U795=\"NIVEL 4\",OFFSET(Y795,-1,0)+1,0)","v":19},{"$f":"ADDRESS(MATCH(COUNTIF($R$2:$R795,\"NIVEL 1\"),V:V,0),COLUMN(S795))","v":"$S$710"},{"$f":"ADDRESS(MATCH(COUNTIF($R$2:$R795,\"NIVEL 1\"),V:V,0),COLUMN(W795))","v":"$W$710"},{"$f":"ADDRESS((MATCH(COUNTIF(INDIRECT(Z795):$S795,\"NIVEL 2\"),INDIRECT(AA795):W795,0)+(MATCH(COUNTIF($R$2:$R795,\"NIVEL 1\"),V:V,0)-1)),COLUMN(T795))","v":"$T$712"},null,null,null,null,null,null,null,null,null,null,null,null,null,null,null,null,null,null,null,null,null,null,null,null,null,null,{"$f":"PROCURA_PRECO_SERVICO","v":356.54}]
[null,null,null,null,null,null,null,null,null,null,null,null,null,null,null,null,null,null,null,null,null,{"$f":"COUNTIF($R$2:$R796,\"NIVEL 1\")","v":14},1,4,0,{"$f":"ADDRESS(MATCH(COUNTIF($R$2:$R796,\"NIVEL 1\"),V:V,0),COLUMN(S796))","v":"$S$710"},{"$f":"ADDRESS(MATCH(COUNTIF($R$2:$R796,\"NIVEL 1\"),V:V,0),COLUMN(W796))","v":"$W$710"},{"$f":"ADDRESS((MATCH(COUNTIF(INDIRECT(Z796):$S796,\"NIVEL 2\"),INDIRECT(AA796):W796,0)+(MATCH(COUNTIF($R$2:$R796,\"NIVEL 1\"),V:V,0)-1)),COLUMN(T796))","v":"$T$712"},null,null,null,null,null,null,null,null,null,null,null,null,null,null,null,null,null,null,null,null,null,null,null,null,null,null,{"$f":"PROCURA_PRECO_SERVICO","v":0}]
[null,null,null,{"$f":"\"SUBTOTAL DO ITEM - \"&A775","v":"SUBTOTAL DO ITEM - 14.1.4"},null,null,null,null,{"$f":"SUBTOTAL(9,OFFSET(I775,1,0):OFFSET(I797,-1,0))","v":15498.67},null,null,null,null,"SUBSUBITEM_FIM",null,null,null,null,null,null,null,{"$f":"COUNTIF($R$2:$R797,\"NIVEL 1\")","v":14},1,4,0,{"$f":"ADDRESS(MATCH(COUNTIF($R$2:$R797,\"NIVEL 1\"),V:V,0),COLUMN(S797))","v":"$S$710"},{"$f":"ADDRESS(MATCH(COUNTIF($R$2:$R797,\"NIVEL 1\"),V:V,0),COLUMN(W797))","v":"$W$710"},{"$f":"ADDRESS((MATCH(COUNTIF(INDIRECT(Z797):$S797,\"NIVEL 2\"),INDIRECT(AA797):W797,0)+(MATCH(COUNTIF($R$2:$R797,\"NIVEL 1\"),V:V,0)-1)),COLUMN(T797))","v":"$T$712"},null,null,null,null,null,null,null,null,null,null,null,null,null,null,null,null,null,null,null,null,null,null,null,null,null,null,{"$f":"PROCURA_PRECO_SERVICO","v":0}]
[null,null,null,null,null,null,null,null,null,null,null,null,null,null,null,null,null,null,null,null,null,{"$f":"COUNTIF($R$2:$R798,\"NIVEL 1\")","v":14},1,4,0,{"$f":"ADDRESS(MATCH(COUNTIF($R$2:$R798,\"NIVEL 1\"),V:V,0),COLUMN(S798))","v":"$S$710"},{"$f":"ADDRESS(MATCH(COUNTIF($R$2:$R798,\"NIVEL 1\"),V:V,0),COLUMN(W798))","v":"$W$710"},{"$f":"ADDRESS((MATCH(COUNTIF(INDIRECT(Z798):$S798,\"NIVEL 2\"),INDIRECT(AA798):W798,0)+(MATCH(COUNTIF($R$2:$R798,\"NIVEL 1\"),V:V,0)-1)),COLUMN(T798))","v":"$T$712"},null,null,null,null,null,null,null,null,null,null,null,null,null,null,null,null,null,null,null,null,null,null,null,null,null,null,{"$f":"PROCURA_PRECO_SERVICO","v":0}]
[{"$f":"V799&\".\"&W799&\".\"&X799","v":"14.1.5"},null,null,"FORNECIMENTO POR REDES DE DISTRIBUIÇÃO PRIMÁRIAS",null,null,null,null,null,null,null,null,null,"SUBSUBITEM_INICIO",null,null,null,"NIVEL 3","NIVEL 3","NIVEL 3",null,{"$f":"COUNTIF($R$2:$R799,\"NIVEL 1\")","v":14},1,5,0,{"$f":"ADDRESS(MATCH(COUNTIF($R$2:$R799,\"NIVEL 1\"),V:V,0),COLUMN(S799))","v":"$S$710"},{"$f":"ADDRESS(MATCH(COUNTIF($R$2:$R799,\"NIVEL 1\"),V:V,0),COLUMN(W799))","v":"$W$710"},{"$f":"ADDRESS((MATCH(COUNTIF(INDIRECT(Z799):$S799,\"NIVEL 2\"),INDIRECT(AA799):W799,0)+(MATCH(COUNTIF($R$2:$R799,\"NIVEL 1\"),V:V,0)-1)),COLUMN(T799))","v":"$T$712"},null,null,null,null,null,null,null,null,null,null,null,null,null,null,null,null,null,null,null,null,null,null,null,null,null,null,{"$f":"PROCURA_PRECO_SERVICO","v":0}]
[null,null,null,null,null,null,null,null,null,null,null,null,null,null,null,null,null,null,null,null,null,{"$f":"COUNTIF($R$2:$R800,\"NIVEL 1\")","v":14},1,5,0,{"$f":"ADDRESS(MATCH(COUNTIF($R$2:$R800,\"NIVEL 1\"),V:V,0),COLUMN(S800))","v":"$S$710"},{"$f":"ADDRESS(MATCH(COUNTIF($R$2:$R800,\"NIVEL 1\"),V:V,0),COLUMN(W800))","v":"$W$710"},{"$f":"ADDRESS((MATCH(COUNTIF(INDIRECT(Z800):$S800,\"NIVEL 2\"),INDIRECT(AA800):W800,0)+(MATCH(COUNTIF($R$2:$R800,\"NIVEL 1\"),V:V,0)-1)),COLUMN(T800))","v":"$T$712"},null,null,null,null,null,null,null,null,null,null,null,null,null,null,null,null,null,null,null,null,null,null,null,null,null,null,{"$f":"PROCURA_PRECO_SERVICO","v":0}]
[{"$f":"V801&\".\"&W801&\".\"&X801&\".\"&Y801","v":"14.1.5.1"},"COMPOSIÇÃO","JMV-CRAS-065",{"$f":"PROCURA_DESCRICAO_SERVICO","v":"ENTRADA DE ENERGIA AÉREA, TIPO C4, PADRÃO CEMIG, CARGA INSTALADA DE 30,6KVA ATÉ 38,1KVA, TRIFÁSICO, COM SAÍDA SUBTERRÂNEA, INCLUSIVE POSTE, CAIXA PARA MEDIDOR, DISJUNTOR, BARRAMENTO, ATERRAMENTO E ACESSÓRIOS - BASEADA EM SETOP (ED-20584)"},{"$f":"PROCURA_UNIDADE_SERVICO","v":"UN"},1,{"$f":"PROCURA_PRECO_SERVICO","v":6352.59},{"$f":"CUSTO_BDI_SERVICO","v":8019.5},{"$f":"CUSTO_TOTAL_SERVICO","v":8019.5},null,null,null,null,"SERVIÇO",null,null,null,"NIVEL 4","NIVEL 4","NIVEL 4","NIVEL 4",{"$f":"COUNTIF($R$2:$R801,\"NIVEL 1\")","v":14},1,5,1,{"$f":"ADDRESS(MATCH(COUNTIF($R$2:$R801,\"NIVEL 1\"),V:V,0),COLUMN(S801))","v":"$S$710"},{"$f":"ADDRESS(MATCH(COUNTIF($R$2:$R801,\"NIVEL 1\"),V:V,0),COLUMN(W801))","v":"$W$710"},{"$f":"ADDRESS((MATCH(COUNTIF(INDIRECT(Z801):$S801,\"NIVEL 2\"),INDIRECT(AA801):W801,0)+(MATCH(COUNTIF($R$2:$R801,\"NIVEL 1\"),V:V,0)-1)),COLUMN(T801))","v":"$T$712"},null,null,null,null,null,null,null,null,null,null,null,null,null,null,null,null,null,null,null,null,null,null,null,null,null,null,{"$f":"PROCURA_PRECO_SERVICO","v":6352.59}]
[null,null,null,null,null,null,null,null,null,null,null,null,null,null,null,null,null,null,null,null,null,{"$f":"COUNTIF($R$2:$R802,\"NIVEL 1\")","v":14},1,5,0,{"$f":"ADDRESS(MATCH(COUNTIF($R$2:$R802,\"NIVEL 1\"),V:V,0),COLUMN(S802))","v":"$S$710"},{"$f":"ADDRESS(MATCH(COUNTIF($R$2:$R802,\"NIVEL 1\"),V:V,0),COLUMN(W802))","v":"$W$710"},{"$f":"ADDRESS((MATCH(COUNTIF(INDIRECT(Z802):$S802,\"NIVEL 2\"),INDIRECT(AA802):W802,0)+(MATCH(COUNTIF($R$2:$R802,\"NIVEL 1\"),V:V,0)-1)),COLUMN(T802))","v":"$T$712"},null,null,null,null,null,null,null,null,null,null,null,null,null,null,null,null,null,null,null,null,null,null,null,null,null,null,{"$f":"PROCURA_PRECO_SERVICO","v":0}]
[null,null,null,{"$f":"\"SUBTOTAL DO ITEM - \"&A799","v":"SUBTOTAL DO ITEM - 14.1.5"},null,null,null,null,{"$f":"SUBTOTAL(9,OFFSET(I799,1,0):OFFSET(I803,-1,0))","v":8019.5},null,null,null,null,"SUBSUBITEM_FIM",null,null,null,null,null,null,null,{"$f":"COUNTIF($R$2:$R803,\"NIVEL 1\")","v":14},1,5,0,{"$f":"ADDRESS(MATCH(COUNTIF($R$2:$R803,\"NIVEL 1\"),V:V,0),COLUMN(S803))","v":"$S$710"},{"$f":"ADDRESS(MATCH(COUNTIF($R$2:$R803,\"NIVEL 1\"),V:V,0),COLUMN(W803))","v":"$W$710"},{"$f":"ADDRESS((MATCH(COUNTIF(INDIRECT(Z803):$S803,\"NIVEL 2\"),INDIRECT(AA803):W803,0)+(MATCH(COUNTIF($R$2:$R803,\"NIVEL 1\"),V:V,0)-1)),COLUMN(T803))","v":"$T$712"},null,null,null,null,null,null,null,null,null,null,null,null,null,null,null,null,null,null,null,null,null,null,null,null,null,null,{"$f":"PROCURA_PRECO_SERVICO","v":0}]
[null,null,null,null,null,null,null,null,null,null,null,null,null,null,null,null,null,null,null,null,null,{"$f":"COUNTIF($R$2:$R804,\"NIVEL 1\")","v":14},1,5,0,{"$f":"ADDRESS(MATCH(COUNTIF($R$2:$R804,\"NIVEL 1\"),V:V,0),COLUMN(S804))","v":"$S$710"},{"$f":"ADDRESS(MATCH(COUNTIF($R$2:$R804,\"NIVEL 1\"),V:V,0),COLUMN(W804))","v":"$W$710"},{"$f":"ADDRESS((MATCH(COUNTIF(INDIRECT(Z804):$S804,\"NIVEL 2\"),INDIRECT(AA804):W804,0)+(MATCH(COUNTIF($R$2:$R804,\"NIVEL 1\"),V:V,0)-1)),COLUMN(T804))","v":"$T$712"},null,null,null,null,null,null,null,null,null,null,null,null,null,null,null,null,null,null,null,null,null,null,null,null,null,null,{"$f":"PROCURA_PRECO_SERVICO","v":0}]
[{"$f":"V805&\".\"&W805&\".\"&X805","v":"14.1.6"},null,null,"MOVIMENTAÇÃO DE TERRA",null,null,null,null,null,null,null,null,null,"SUBSUBITEM_INICIO",null,null,null,"NIVEL 3","NIVEL 3","NIVEL 3",null,{"$f":"COUNTIF($R$2:$R805,\"NIVEL 1\")","v":14},1,6,0,{"$f":"ADDRESS(MATCH(COUNTIF($R$2:$R805,\"NIVEL 1\"),V:V,0),COLUMN(S805))","v":"$S$710"},{"$f":"ADDRESS(MATCH(COUNTIF($R$2:$R805,\"NIVEL 1\"),V:V,0),COLUMN(W805))","v":"$W$710"},{"$f":"ADDRESS((MATCH(COUNTIF(INDIRECT(Z805):$S805,\"NIVEL 2\"),INDIRECT(AA805):W805,0)+(MATCH(COUNTIF($R$2:$R805,\"NIVEL 1\"),V:V,0)-1)),COLUMN(T805))","v":"$T$712"},null,null,null,null,null,null,null,null,null,null,null,null,null,null,null,null,null,null,null,null,null,null,null,null,null,null,{"$f":"PROCURA_PRECO_SERVICO","v":0}]
[null,null,null,null,null,null,null,null,null,null,null,null,null,null,null,null,null,null,null,null,null,{"$f":"COUNTIF($R$2:$R806,\"NIVEL 1\")","v":14},1,6,0,{"$f":"ADDRESS(MATCH(COUNTIF($R$2:$R806,\"NIVEL 1\"),V:V,0),COLUMN(S806))","v":"$S$710"},{"$f":"ADDRESS(MATCH(COUNTIF($R$2:$R806,\"NIVEL 1\"),V:V,0),COLUMN(W806))","v":"$W$710"},{"$f":"ADDRESS((MATCH(COUNTIF(INDIRECT(Z806):$S806,\"NIVEL 2\"),INDIRECT(AA806):W806,0)+(MATCH(COUNTIF($R$2:$R806,\"NIVEL 1\"),V:V,0)-1)),COLUMN(T806))","v":"$T$712"},null,null,null,null,null,null,null,null,null,null,null,null,null,null,null,null,null,null,null,null,null,null,null,null,null,null,{"$f":"PROCURA_PRECO_SERVICO","v":0}]
[{"$f":"V807&\".\"&W807&\".\"&X807&\".\"&Y807","v":"14.1.6.1"},"SINAPI","93358",{"$f":"PROCURA_DESCRICAO_SERVICO","v":"ESCAVAÇÃO MANUAL DE VALA COM PROFUNDIDADE MENOR OU IGUAL A 1,30 M. AF_02/2021"},{"$f":"PROCURA_UNIDADE_SERVICO","v":"M3"},89.1,{"$f":"PROCURA_PRECO_SERVICO","v":"78,17"},{"$f":"CUSTO_BDI_SERVICO","v":98.68},{"$f":"CUSTO_TOTAL_SERVICO","v":8792.38},null,null,null,null,"SERVIÇO",null,null,null,"NIVEL 4","NIVEL 4","NIVEL 4","NIVEL 4",{"$f":"COUNTIF($R$2:$R807,\"NIVEL 1\")","v":14},1,6,{"$f":"IF(U807=\"NIVEL 4\",OFFSET(Y807,-1,0)+1,0)","v":1},{"$f":"ADDRESS(MATCH(COUNTIF($R$2:$R807,\"NIVEL 1\"),V:V,0),COLUMN(S807))","v":"$S$710"},{"$f":"ADDRESS(MATCH(COUNTIF($R$2:$R807,\"NIVEL 1\"),V:V,0),COLUMN(W807))","v":"$W$710"},{"$f":"ADDRESS((MATCH(COUNTIF(INDIRECT(Z807):$S807,\"NIVEL 2\"),INDIRECT(AA807):W807,0)+(MATCH(COUNTIF($R$2:$R807,\"NIVEL 1\"),V:V,0)-1)),COLUMN(T807))","v":"$T$712"},null,null,null,null,null,null,null,null,null,null,null,null,null,null,null,null,null,null,null,null,null,null,null,null,null,null,{"$f":"PROCURA_PRECO_SERVICO","v":"78,17"}]
["14.1.6.2","SINAPI","101616",{"$f":"PROCURA_DESCRICAO_SERVICO","v":"PREPARO DE FUNDO DE VALA COM LARGURA MENOR QUE 1,5 M (ACERTO DO SOLO NATURAL). AF_08/2020"},{"$f":"PROCURA_UNIDADE_SERVICO","v":"M2"},178.2,{"$f":"PROCURA_PRECO_SERVICO","v":"6,03"},7.61,1356.1,null,null,null,null,"SERVIÇO",null,null,null,"NIVEL 4","NIVEL 4","NIVEL 4","NIVEL 4",{"$f":"COUNTIF($R$2:$R808,\"NIVEL 1\")","v":14},1,6,2,{"$f":"ADDRESS(MATCH(COUNTIF($R$2:$R808,\"NIVEL 1\"),V:V,0),COLUMN(S808))","v":"$S$710"},{"$f":"ADDRESS(MATCH(COUNTIF($R$2:$R808,\"NIVEL 1\"),V:V,0),COLUMN(W808))","v":"$W$710"},{"$f":"ADDRESS((MATCH(COUNTIF(INDIRECT(Z808):$S808,\"NIVEL 2\"),INDIRECT(AA808):W808,0)+(MATCH(COUNTIF($R$2:$R808,\"NIVEL 1\"),V:V,0)-1)),COLUMN(T808))","v":"$T$712"},null,null,null,null,null,null,null,null,null,null,null,null,null,null,null,null,null,null,null,null,null,null,null,null,null,null,{"$f":"PROCURA_PRECO_SERVICO","v":"6,03"}]
["14.1.6.3","SETOP","ED-49814",{"$f":"PROCURA_DESCRICAO_SERVICO","v":"LASTRO DE AREIA"},{"$f":"PROCURA_UNIDADE_SERVICO","v":"M3"},5.346,{"$f":"PROCURA_PRECO_SERVICO","v":148.23},187.12,1000.34,null,null,null,null,"SERVIÇO",null,null,null,"NIVEL 4","NIVEL 4","NIVEL 4","NIVEL 4",{"$f":"COUNTIF($R$2:$R809,\"NIVEL 1\")","v":14},1,6,3,{"$f":"ADDRESS(MATCH(COUNTIF($R$2:$R809,\"NIVEL 1\"),V:V,0),COLUMN(S809))","v":"$S$710"},{"$f":"ADDRESS(MATCH(COUNTIF($R$2:$R809,\"NIVEL 1\"),V:V,0),COLUMN(W809))","v":"$W$710"},{"$f":"ADDRESS((MATCH(COUNTIF(INDIRECT(Z809):$S809,\"NIVEL 2\"),INDIRECT(AA809):W809,0)+(MATCH(COUNTIF($R$2:$R809,\"NIVEL 1\"),V:V,0)-1)),COLUMN(T809))","v":"$T$712"},null,null,null,null,null,null,null,null,null,null,null,null,null,null,null,null,null,null,null,null,null,null,null,null,null,null,{"$f":"PROCURA_PRECO_SERVICO","v":148.23}]
["14.1.6.4","SINAPI","93382",{"$f":"PROCURA_DESCRICAO_SERVICO","v":"REATERRO MANUAL DE VALAS COM COMPACTAÇÃO MECANIZADA. AF_04/2016"},{"$f":"PROCURA_UNIDADE_SERVICO","v":"M3"},88.8642,{"$f":"PROCURA_PRECO_SERVICO","v":"32,23"},40.68,3614.99,null,null,null,null,"SERVIÇO",null,null,null,"NIVEL 4","NIVEL 4","NIVEL 4","NIVEL 4",{"$f":"COUNTIF($R$2:$R810,\"NIVEL 1\")","v":14},1,6,{"$f":"IF(U810=\"NIVEL 4\",OFFSET(Y810,-1,0)+1,0)","v":4},{"$f":"ADDRESS(MATCH(COUNTIF($R$2:$R810,\"NIVEL 1\"),V:V,0),COLUMN(S810))","v":"$S$710"},{"$f":"ADDRESS(MATCH(COUNTIF($R$2:$R810,\"NIVEL 1\"),V:V,0),COLUMN(W810))","v":"$W$710"},{"$f":"ADDRESS((MATCH(COUNTIF(INDIRECT(Z810):$S810,\"NIVEL 2\"),INDIRECT(AA810):W810,0)+(MATCH(COUNTIF($R$2:$R810,\"NIVEL 1\"),V:V,0)-1)),COLUMN(T810))","v":"$T$712"},null,null,null,null,null,null,null,null,null,null,null,null,null,null,null,null,null,null,null,null,null,null,null,null,null,null,{"$f":"PROCURA_PRECO_SERVICO","v":"32,23"}]
["14.1.6.5","SETOP","ED-51133",{"$f":"PROCURA_DESCRICAO_SERVICO","v":"TRANSPORTE DE MATERIAL DE QUALQUER NATUREZA COM CARRINHO DE MÃO, COM DISTÂNCIAS MENORES OU IGUAIS A 50M, INCLUSIVE CARGA/DESCARGA"},{"$f":"PROCURA_UNIDADE_SERVICO","v":"M3"},17.092,{"$f":"PROCURA_PRECO_SERVICO","v":21.31},26.9,459.77,null,null,null,null,"SERVIÇO",null,null,null,"NIVEL 4","NIVEL 4","NIVEL 4","NIVEL 4",{"$f":"COUNTIF($R$2:$R811,\"NIVEL 1\")","v":14},1,6,{"$f":"IF(U811=\"NIVEL 4\",OFFSET(Y811,-1,0)+1,0)","v":5},{"$f":"ADDRESS(MATCH(COUNTIF($R$2:$R811,\"NIVEL 1\"),V:V,0),COLUMN(S811))","v":"$S$710"},{"$f":"ADDRESS(MATCH(COUNTIF($R$2:$R811,\"NIVEL 1\"),V:V,0),COLUMN(W811))","v":"$W$710"},{"$f":"ADDRESS((MATCH(COUNTIF(INDIRECT(Z811):$S811,\"NIVEL 2\"),INDIRECT(AA811):W811,0)+(MATCH(COUNTIF($R$2:$R811,\"NIVEL 1\"),V:V,0)-1)),COLUMN(T811))","v":"$T$712"},null,null,null,null,null,null,null,null,null,null,null,null,null,null,null,null,null,null,null,null,null,null,null,null,null,null,{"$f":"PROCURA_PRECO_SERVICO","v":21.31}]
["14.1.6.6","SINAPI","95875",{"$f":"PROCURA_DESCRICAO_SERVICO","v":"TRANSPORTE COM CAMINHÃO BASCULANTE DE 10 M³, EM VIA URBANA PAVIMENTADA, DMT ATÉ 30 KM (UNIDADE: M3XKM). AF_07/2020"},{"$f":"PROCURA_UNIDADE_SERVICO","v":"M3XKM"},256.38,{"$f":"PROCURA_PRECO_SERVICO","v":"2,31"},2.91,746.06,null,null,null,null,"SERVIÇO",null,null,null,"NIVEL 4","NIVEL 4","NIVEL 4","NIVEL 4",{"$f":"COUNTIF($R$2:$R812,\"NIVEL 1\")","v":14},1,6,6,{"$f":"ADDRESS(MATCH(COUNTIF($R$2:$R812,\"NIVEL 1\"),V:V,0),COLUMN(S812))","v":"$S$710"},{"$f":"ADDRESS(MATCH(COUNTIF($R$2:$R812,\"NIVEL 1\"),V:V,0),COLUMN(W812))","v":"$W$710"},{"$f":"ADDRESS((MATCH(COUNTIF(INDIRECT(Z812):$S812,\"NIVEL 2\"),INDIRECT(AA812):W812,0)+(MATCH(COUNTIF($R$2:$R812,\"NIVEL 1\"),V:V,0)-1)),COLUMN(T812))","v":"$T$712"},null,null,null,null,null,null,null,null,null,null,null,null,null,null,null,null,null,null,null,null,null,null,null,null,null,null,{"$f":"PROCURA_PRECO_SERVICO","v":"2,31"}]
[null,null,null,null,null,null,null,null,null,null,null,null,null,null,null,null,null,null,null,null,null,{"$f":"COUNTIF($R$2:$R813,\"NIVEL 1\")","v":14},1,6,0,{"$f":"ADDRESS(MATCH(COUNTIF($R$2:$R813,\"NIVEL 1\"),V:V,0),COLUMN(S813))","v":"$S$710"},{"$f":"ADDRESS(MATCH(COUNTIF($R$2:$R813,\"NIVEL 1\"),V:V,0),COLUMN(W813))","v":"$W$710"},{"$f":"ADDRESS((MATCH(COUNTIF(INDIRECT(Z813):$S813,\"NIVEL 2\"),INDIRECT(AA813):W813,0)+(MATCH(COUNTIF($R$2:$R813,\"NIVEL 1\"),V:V,0)-1)),COLUMN(T813))","v":"$T$712"},null,null,null,null,null,null,null,null,null,null,null,null,null,null,null,null,null,null,null,null,null,null,null,null,null,null,{"$f":"PROCURA_PRECO_SERVICO","v":0}]
[null,null,null,{"$f":"\"SUBTOTAL DO ITEM - \"&A805","v":"SUBTOTAL DO ITEM - 14.1.6"},null,null,null,null,{"$f":"SUBTOTAL(9,OFFSET(I805,1,0):OFFSET(I814,-1,0))","v":15969.64},null,null,null,null,"SUBSUBITEM_FIM",null,null,null,null,null,null,null,{"$f":"COUNTIF($R$2:$R814,\"NIVEL 1\")","v":14},1,6,0,{"$f":"ADDRESS(MATCH(COUNTIF($R$2:$R814,\"NIVEL 1\"),V:V,0),COLUMN(S814))","v":"$S$710"},{"$f":"ADDRESS(MATCH(COUNTIF($R$2:$R814,\"NIVEL 1\"),V:V,0),COLUMN(W814))","v":"$W$710"},{"$f":"ADDRESS((MATCH(COUNTIF(INDIRECT(Z814):$S814,\"NIVEL 2\"),INDIRECT(AA814):W814,0)+(MATCH(COUNTIF($R$2:$R814,\"NIVEL 1\"),V:V,0)-1)),COLUMN(T814))","v":"$T$712"},null,null,null,null,null,null,null,null,null,null,null,null,null,null,null,null,null,null,null,null,null,null,null,null,null,null,{"$f":"PROCURA_PRECO_SERVICO","v":0}]
[null,null,null,null,null,null,null,null,null,null,null,null,null,null,null,null,null,null,null,null,null,{"$f":"COUNTIF($R$2:$R815,\"NIVEL 1\")","v":14},1,6,0,{"$f":"ADDRESS(MATCH(COUNTIF($R$2:$R815,\"NIVEL 1\"),V:V,0),COLUMN(S815))","v":"$S$710"},{"$f":"ADDRESS(MATCH(COUNTIF($R$2:$R815,\"NIVEL 1\"),V:V,0),COLUMN(W815))","v":"$W$710"},{"$f":"ADDRESS((MATCH(COUNTIF(INDIRECT(Z815):$S815,\"NIVEL 2\"),INDIRECT(AA815):W815,0)+(MATCH(COUNTIF($R$2:$R815,\"NIVEL 1\"),V:V,0)-1)),COLUMN(T815))","v":"$T$712"},null,null,null,null,null,null,null,null,null,null,null,null,null,null,null,null,null,null,null,null,null,null,null,null,null,null,{"$f":"PROCURA_PRECO_SERVICO","v":0}]
[null,null,null,{"$f":"\"SUBTOTAL DO ITEM  - \"&A712","v":"SUBTOTAL DO ITEM  - 14.1"},null,null,null,null,{"$f":"SUBTOTAL(9,OFFSET(I712,1,0):OFFSET(I816,-1,0))","v":210359.76},null,null,null,null,"SUBITEM_FIM",null,null,null,null,null,null,null,{"$f":"COUNTIF($R$2:$R816,\"NIVEL 1\")","v":14},1,6,0,{"$f":"ADDRESS(MATCH(COUNTIF($R$2:$R816,\"NIVEL 1\"),V:V,0),COLUMN(S816))","v":"$S$710"},{"$f":"ADDRESS(MATCH(COUNTIF($R$2:$R816,\"NIVEL 1\"),V:V,0),COLUMN(W816))","v":"$W$710"},{"$f":"ADDRESS((MATCH(COUNTIF(INDIRECT(Z816):$S816,\"NIVEL 2\"),INDIRECT(AA816):W816,0)+(MATCH(COUNTIF($R$2:$R816,\"NIVEL 1\"),V:V,0)-1)),COLUMN(T816))","v":"$T$712"},null,null,null,null,null,null,null,null,null,null,null,null,null,null,null,null,null,null,null,null,null,null,null,null,null,null,{"$f":"PROCURA_PRECO_SERVICO","v":0}]
[null,null,null,null,null,null,null,null,null,null,null,null,null,null,null,null,null,null,null,null,null,{"$f":"COUNTIF($R$2:$R817,\"NIVEL 1\")","v":14},1,6,0,{"$f":"ADDRESS(MATCH(COUNTIF($R$2:$R817,\"NIVEL 1\"),V:V,0),COLUMN(S817))","v":"$S$710"},{"$f":"ADDRESS(MATCH(COUNTIF($R$2:$R817,\"NIVEL 1\"),V:V,0),COLUMN(W817))","v":"$W$710"},{"$f":"ADDRESS((MATCH(COUNTIF(INDIRECT(Z817):$S817,\"NIVEL 2\"),INDIRECT(AA817):W817,0)+(MATCH(COUNTIF($R$2:$R817,\"NIVEL 1\"),V:V,0)-1)),COLUMN(T817))","v":"$T$712"},null,null,null,null,null,null,null,null,null,null,null,null,null,null,null,null,null,null,null,null,null,null,null,null,null,null,{"$f":"PROCURA_PRECO_SERVICO","v":0}]
[null,null,null,{"$f":"\"TOTAL DO ITEM - \"&A710","v":"TOTAL DO ITEM - 14"},null,null,null,null,{"$f":"SUBTOTAL(9,OFFSET(I710,1,0):OFFSET(I818,-1,0))","v":210359.76},null,null,null,null,"ITEM_FIM",null,null,null,null,null,null,null,{"$f":"COUNTIF($R$2:$R818,\"NIVEL 1\")","v":14},1,6,0,{"$f":"ADDRESS(MATCH(COUNTIF($R$2:$R818,\"NIVEL 1\"),V:V,0),COLUMN(S818))","v":"$S$710"},{"$f":"ADDRESS(MATCH(COUNTIF($R$2:$R818,\"NIVEL 1\"),V:V,0),COLUMN(W818))","v":"$W$710"},{"$f":"ADDRESS((MATCH(COUNTIF(INDIRECT(Z818):$S818,\"NIVEL 2\"),INDIRECT(AA818):W818,0)+(MATCH(COUNTIF($R$2:$R818,\"NIVEL 1\"),V:V,0)-1)),COLUMN(T818))","v":"$T$712"},null,null,null,null,null,null,null,null,null,null,null,null,null,null,null,null,null,null,null,null,null,null,null,null,null,null,{"$f":"PROCURA_PRECO_SERVICO","v":0}]
[null,null,null,null,null,null,null,{"$f":"TRUNC(G819*(1+$I$3),2)","v":0},null,null,null,null,null,null,null,null,null,null,null,null,null,{"$f":"COUNTIF($R$2:$R819,\"NIVEL 1\")","v":14},1,6,0,{"$f":"ADDRESS(MATCH(COUNTIF($R$2:$R819,\"NIVEL 1\"),V:V,0),COLUMN(S819))","v":"$S$710"},{"$f":"ADDRESS(MATCH(COUNTIF($R$2:$R819,\"NIVEL 1\"),V:V,0),COLUMN(W819))","v":"$W$710"},{"$f":"ADDRESS((MATCH(COUNTIF(INDIRECT(Z819):$S819,\"NIVEL 2\"),INDIRECT(AA819):W819,0)+(MATCH(COUNTIF($R$2:$R819,\"NIVEL 1\"),V:V,0)-1)),COLUMN(T819))","v":"$T$712"},null,null,null,null,null,null,null,null,null,null,null,null,null,null,null,null,null,null,null,null,null,null,null,null,null,null,{"$f":"PROCURA_PRECO_SERVICO","v":0}]
[{"$f":"V820","v":15},null,null,"INSTALAÇÕES HIDROSSANITÁRIAS",null,null,null,null,null,null,null,null,null,"ITEM_INICIO",null,null,null,"NIVEL 1",null,null,null,{"$f":"COUNTIF($R$2:$R820,\"NIVEL 1\")","v":15},0,0,0,{"$f":"ADDRESS(MATCH(COUNTIF($R$2:$R820,\"NIVEL 1\"),V:V,0),COLUMN(S820))","v":"$S$820"},{"$f":"ADDRESS(MATCH(COUNTIF($R$2:$R820,\"NIVEL 1\"),V:V,0),COLUMN(W820))","v":"$W$820"},{"$f":"ADDRESS((MATCH(COUNTIF(INDIRECT(Z820):$S820,\"NIVEL 2\"),INDIRECT(AA820):W820,0)+(MATCH(COUNTIF($R$2:$R820,\"NIVEL 1\"),V:V,0)-1)),COLUMN(T820))","v":"$T$820"},null,{"$f":"A820","v":15},null,null,{"$f":"D820","v":"INSTALAÇÕES HIDROSSANITÁRIAS"},{"$f":"I1077","v":60434.06},{"$f":"AH820/$I$1374","v":0.0309931971297335},null,null,null,null,null,null,null,null,null,null,null,null,null,null,null,null,null,null,null,{"$f":"PROCURA_PRECO_SERVICO","v":0}]
[null,null,null,null,null,null,null,null,null,null,null,null,null,null,null,null,null,null,null,null,null,{"$f":"COUNTIF($R$2:$R821,\"NIVEL 1\")","v":15},0,0,0,{"$f":"ADDRESS(MATCH(COUNTIF($R$2:$R821,\"NIVEL 1\"),V:V,0),COLUMN(S821))","v":"$S$820"},{"$f":"ADDRESS(MATCH(COUNTIF($R$2:$R821,\"NIVEL 1\"),V:V,0),COLUMN(W821))","v":"$W$820"},{"$f":"ADDRESS((MATCH(COUNTIF(INDIRECT(Z821):$S821,\"NIVEL 2\"),INDIRECT(AA821):W821,0)+(MATCH(COUNTIF($R$2:$R821,\"NIVEL 1\"),V:V,0)-1)),COLUMN(T821))","v":"$T$820"},null,null,null,null,null,null,null,null,null,null,null,null,null,null,null,null,null,null,null,null,null,null,null,null,null,null,{"$f":"PROCURA_PRECO_SERVICO","v":0}]
[{"$f":"V822&\".\"&W822","v":"15.1"},null,null,"ALIMENTAÇÃO",null,null,null,null,null,null,null,null,null,"SUBITEM_INICIO",null,null,null,"NIVEL 2","NIVEL 2",null,null,{"$f":"COUNTIF($R$2:$R822,\"NIVEL 1\")","v":15},1,0,0,{"$f":"ADDRESS(MATCH(COUNTIF($R$2:$R822,\"NIVEL 1\"),V:V,0),COLUMN(S822))","v":"$S$820"},{"$f":"ADDRESS(MATCH(COUNTIF($R$2:$R822,\"NIVEL 1\"),V:V,0),COLUMN(W822))","v":"$W$820"},{"$f":"ADDRESS((MATCH(COUNTIF(INDIRECT(Z822):$S822,\"NIVEL 2\"),INDIRECT(AA822):W822,0)+(MATCH(COUNTIF($R$2:$R822,\"NIVEL 1\"),V:V,0)-1)),COLUMN(T822))","v":"$T$822"},null,null,null,null,null,null,null,null,null,null,null,null,null,null,null,null,null,null,null,null,null,null,null,null,null,null,{"$f":"PROCURA_PRECO_SERVICO","v":0}]
[null,null,null,null,null,null,null,null,null,null,null,null,null,null,null,null,null,null,null,null,null,{"$f":"COUNTIF($R$2:$R823,\"NIVEL 1\")","v":15},1,0,{"$f":"IF(U823=\"NIVEL 4\",OFFSET(Y823,-1,0)+1,0)","v":0},{"$f":"ADDRESS(MATCH(COUNTIF($R$2:$R823,\"NIVEL 1\"),V:V,0),COLUMN(S823))","v":"$S$820"},{"$f":"ADDRESS(MATCH(COUNTIF($R$2:$R823,\"NIVEL 1\"),V:V,0),COLUMN(W823))","v":"$W$820"},{"$f":"ADDRESS((MATCH(COUNTIF(INDIRECT(Z823):$S823,\"NIVEL 2\"),INDIRECT(AA823):W823,0)+(MATCH(COUNTIF($R$2:$R823,\"NIVEL 1\"),V:V,0)-1)),COLUMN(T823))","v":"$T$822"},null,null,null,null,null,null,null,null,null,null,null,null,null,null,null,null,null,null,null,null,null,null,null,null,null,null,{"$f":"PROCURA_PRECO_SERVICO","v":0}]
[{"$f":"V824&\".\"&W824&\".\"&X824","v":"15.1.1"},null,null,"METAIS",null,null,null,null,null,null,null,null,null,"SUBSUBITEM_INICIO",null,null,null,"NIVEL 3","NIVEL 3","NIVEL 3",null,{"$f":"COUNTIF($R$2:$R824,\"NIVEL 1\")","v":15},1,1,0,{"$f":"ADDRESS(MATCH(COUNTIF($R$2:$R824,\"NIVEL 1\"),V:V,0),COLUMN(S824))","v":"$S$820"},{"$f":"ADDRESS(MATCH(COUNTIF($R$2:$R824,\"NIVEL 1\"),V:V,0),COLUMN(W824))","v":"$W$820"},{"$f":"ADDRESS((MATCH(COUNTIF(INDIRECT(Z824):$S824,\"NIVEL 2\"),INDIRECT(AA824):W824,0)+(MATCH(COUNTIF($R$2:$R824,\"NIVEL 1\"),V:V,0)-1)),COLUMN(T824))","v":"$T$822"},null,null,null,null,null,null,null,null,null,null,null,null,null,null,null,null,null,null,null,null,null,null,null,null,null,null,{"$f":"PROCURA_PRECO_SERVICO","v":0}]
[null,null,null,null,null,null,null,null,null,null,null,null,null,null,null,null,null,null,null,null,null,{"$f":"COUNTIF($R$2:$R825,\"NIVEL 1\")","v":15},1,1,0,{"$f":"ADDRESS(MATCH(COUNTIF($R$2:$R825,\"NIVEL 1\"),V:V,0),COLUMN(S825))","v":"$S$820"},{"$f":"ADDRESS(MATCH(COUNTIF($R$2:$R825,\"NIVEL 1\"),V:V,0),COLUMN(W825))","v":"$W$820"},{"$f":"ADDRESS((MATCH(COUNTIF(INDIRECT(Z825):$S825,\"NIVEL 2\"),INDIRECT(AA825):W825,0)+(MATCH(COUNTIF($R$2:$R825,\"NIVEL 1\"),V:V,0)-1)),COLUMN(T825))","v":"$T$822"},null,null,null,null,null,null,null,null,null,null,null,null,null,null,null,null,null,null,null,null,null,null,null,null,null,null,{"$f":"PROCURA_PRECO_SERVICO","v":0}]
[{"$f":"V826&\".\"&W826&\".\"&X826&\".\"&Y826","v":"15.1.1.1"},"SINAPI","94495",{"$f":"PROCURA_DESCRICAO_SERVICO","v":"REGISTRO DE GAVETA BRUTO, LATÃO, ROSCÁVEL, 1\" - FORNECIMENTO E INSTALAÇÃO. AF_08/2021"},{"$f":"PROCURA_UNIDADE_SERVICO","v":"UN"},1,{"$f":"PROCURA_PRECO_SERVICO","v":"77,32"},{"$f":"CUSTO_BDI_SERVICO","v":97.6},{"$f":"CUSTO_TOTAL_SERVICO","v":97.6},null,null,null,null,"SERVIÇO",null,null,null,"NIVEL 4","NIVEL 4","NIVEL 4","NIVEL 4",{"$f":"COUNTIF($R$2:$R826,\"NIVEL 1\")","v":15},1,1,1,{"$f":"ADDRESS(MATCH(COUNTIF($R$2:$R826,\"NIVEL 1\"),V:V,0),COLUMN(S826))","v":"$S$820"},{"$f":"ADDRESS(MATCH(COUNTIF($R$2:$R826,\"NIVEL 1\"),V:V,0),COLUMN(W826))","v":"$W$820"},{"$f":"ADDRESS((MATCH(COUNTIF(INDIRECT(Z826):$S826,\"NIVEL 2\"),INDIRECT(AA826):W826,0)+(MATCH(COUNTIF($R$2:$R826,\"NIVEL 1\"),V:V,0)-1)),COLUMN(T826))","v":"$T$822"},null,null,null,null,null,null,null,null,null,null,null,null,null,null,null,null,null,null,null,null,null,null,null,null,null,null,{"$f":"PROCURA_PRECO_SERVICO","v":"77,32"}]
[null,null,null,null,null,null,null,null,null,null,null,null,null,null,null,null,null,null,null,null,null,{"$f":"COUNTIF($R$2:$R827,\"NIVEL 1\")","v":15},1,1,0,{"$f":"ADDRESS(MATCH(COUNTIF($R$2:$R827,\"NIVEL 1\"),V:V,0),COLUMN(S827))","v":"$S$820"},{"$f":"ADDRESS(MATCH(COUNTIF($R$2:$R827,\"NIVEL 1\"),V:V,0),COLUMN(W827))","v":"$W$820"},{"$f":"ADDRESS((MATCH(COUNTIF(INDIRECT(Z827):$S827,\"NIVEL 2\"),INDIRECT(AA827):W827,0)+(MATCH(COUNTIF($R$2:$R827,\"NIVEL 1\"),V:V,0)-1)),COLUMN(T827))","v":"$T$822"},null,null,null,null,null,null,null,null,null,null,null,null,null,null,null,null,null,null,null,null,null,null,null,null,null,null,{"$f":"PROCURA_PRECO_SERVICO","v":0}]
[null,null,null,{"$f":"\"SUBTOTAL DO ITEM - \"&A824","v":"SUBTOTAL DO ITEM - 15.1.1"},null,null,null,null,{"$f":"SUBTOTAL(9,OFFSET(I824,1,0):OFFSET(I828,-1,0))","v":97.6},null,null,null,null,"SUBSUBITEM_FIM",null,null,null,null,null,null,null,{"$f":"COUNTIF($R$2:$R828,\"NIVEL 1\")","v":15},1,1,0,{"$f":"ADDRESS(MATCH(COUNTIF($R$2:$R828,\"NIVEL 1\"),V:V,0),COLUMN(S828))","v":"$S$820"},{"$f":"ADDRESS(MATCH(COUNTIF($R$2:$R828,\"NIVEL 1\"),V:V,0),COLUMN(W828))","v":"$W$820"},{"$f":"ADDRESS((MATCH(COUNTIF(INDIRECT(Z828):$S828,\"NIVEL 2\"),INDIRECT(AA828):W828,0)+(MATCH(COUNTIF($R$2:$R828,\"NIVEL 1\"),V:V,0)-1)),COLUMN(T828))","v":"$T$822"},null,null,null,null,null,null,null,null,null,null,null,null,null,null,null,null,null,null,null,null,null,null,null,null,null,null,{"$f":"PROCURA_PRECO_SERVICO","v":0}]
[null,null,null,null,null,null,null,null,null,null,null,null,null,null,null,null,null,null,null,null,null,{"$f":"COUNTIF($R$2:$R829,\"NIVEL 1\")","v":15},1,1,0,{"$f":"ADDRESS(MATCH(COUNTIF($R$2:$R829,\"NIVEL 1\"),V:V,0),COLUMN(S829))","v":"$S$820"},{"$f":"ADDRESS(MATCH(COUNTIF($R$2:$R829,\"NIVEL 1\"),V:V,0),COLUMN(W829))","v":"$W$820"},{"$f":"ADDRESS((MATCH(COUNTIF(INDIRECT(Z829):$S829,\"NIVEL 2\"),INDIRECT(AA829):W829,0)+(MATCH(COUNTIF($R$2:$R829,\"NIVEL 1\"),V:V,0)-1)),COLUMN(T829))","v":"$T$822"},null,null,null,null,null,null,null,null,null,null,null,null,null,null,null,null,null,null,null,null,null,null,null,null,null,null,{"$f":"PROCURA_PRECO_SERVICO","v":0}]
[{"$f":"V830&\".\"&W830&\".\"&X830","v":"15.1.2"},null,null,"PVC RIGIDO SOLDAVEL",null,null,null,null,null,null,null,null,null,"SUBSUBITEM_INICIO",null,null,null,"NIVEL 3","NIVEL 3","NIVEL 3",null,{"$f":"COUNTIF($R$2:$R830,\"NIVEL 1\")","v":15},1,2,0,{"$f":"ADDRESS(MATCH(COUNTIF($R$2:$R830,\"NIVEL 1\"),V:V,0),COLUMN(S830))","v":"$S$820"},{"$f":"ADDRESS(MATCH(COUNTIF($R$2:$R830,\"NIVEL 1\"),V:V,0),COLUMN(W830))","v":"$W$820"},{"$f":"ADDRESS((MATCH(COUNTIF(INDIRECT(Z830):$S830,\"NIVEL 2\"),INDIRECT(AA830):W830,0)+(MATCH(COUNTIF($R$2:$R830,\"NIVEL 1\"),V:V,0)-1)),COLUMN(T830))","v":"$T$822"},null,null,null,null,null,null,null,null,null,null,null,null,null,null,null,null,null,null,null,null,null,null,null,null,null,null,{"$f":"PROCURA_PRECO_SERVICO","v":0}]
[null,null,null,null,null,null,null,null,null,null,null,null,null,null,null,null,null,null,null,null,null,{"$f":"COUNTIF($R$2:$R831,\"NIVEL 1\")","v":15},1,2,0,{"$f":"ADDRESS(MATCH(COUNTIF($R$2:$R831,\"NIVEL 1\"),V:V,0),COLUMN(S831))","v":"$S$820"},{"$f":"ADDRESS(MATCH(COUNTIF($R$2:$R831,\"NIVEL 1\"),V:V,0),COLUMN(W831))","v":"$W$820"},{"$f":"ADDRESS((MATCH(COUNTIF(INDIRECT(Z831):$S831,\"NIVEL 2\"),INDIRECT(AA831):W831,0)+(MATCH(COUNTIF($R$2:$R831,\"NIVEL 1\"),V:V,0)-1)),COLUMN(T831))","v":"$T$822"},null,null,null,null,null,null,null,null,null,null,null,null,null,null,null,null,null,null,null,null,null,null,null,null,null,null,{"$f":"PROCURA_PRECO_SERVICO","v":0}]
[{"$f":"V832&\".\"&W832&\".\"&X832&\".\"&Y832","v":"15.1.2.1"},"SINAPI","94703",{"$f":"PROCURA_DESCRICAO_SERVICO","v":"ADAPTADOR COM FLANGE E ANEL DE VEDAÇÃO, PVC, SOLDÁVEL, DN  25 MM X 3/4 , INSTALADO EM RESERVAÇÃO DE ÁGUA DE EDIFICAÇÃO QUE POSSUA RESERVATÓRIO DE FIBRA/FIBROCIMENTO   FORNECIMENTO E INSTALAÇÃO. AF_06/2016"},{"$f":"PROCURA_UNIDADE_SERVICO","v":"UN"},1,{"$f":"PROCURA_PRECO_SERVICO","v":"23,79"},{"$f":"CUSTO_BDI_SERVICO","v":30.03},{"$f":"CUSTO_TOTAL_SERVICO","v":30.03},null,null,null,null,"SERVIÇO",null,null,null,"NIVEL 4","NIVEL 4","NIVEL 4","NIVEL 4",{"$f":"COUNTIF($R$2:$R832,\"NIVEL 1\")","v":15},1,2,1,{"$f":"ADDRESS(MATCH(COUNTIF($R$2:$R832,\"NIVEL 1\"),V:V,0),COLUMN(S832))","v":"$S$820"},{"$f":"ADDRESS(MATCH(COUNTIF($R$2:$R832,\"NIVEL 1\"),V:V,0),COLUMN(W832))","v":"$W$820"},{"$f":"ADDRESS((MATCH(COUNTIF(INDIRECT(Z832):$S832,\"NIVEL 2\"),INDIRECT(AA832):W832,0)+(MATCH(COUNTIF($R$2:$R832,\"NIVEL 1\"),V:V,0)-1)),COLUMN(T832))","v":"$T$822"},null,null,null,null,null,null,null,null,null,null,null,null,null,null,null,null,null,null,null,null,null,null,null,null,null,null,{"$f":"PROCURA_PRECO_SERVICO","v":"23,79"}]
["15.1.2.2","SINAPI","89391",{"$f":"PROCURA_DESCRICAO_SERVICO","v":"ADAPTADOR CURTO COM BOLSA E ROSCA PARA REGISTRO, PVC, SOLDÁVEL, DN 32MM X 1 , INSTALADO EM RAMAL OU SUB-RAMAL DE ÁGUA - FORNECIMENTO E INSTALAÇÃO. AF_06/2022"},{"$f":"PROCURA_UNIDADE_SERVICO","v":"UN"},2,{"$f":"PROCURA_PRECO_SERVICO","v":"8,77"},11.07,22.14,null,null,null,null,"SERVIÇO",null,null,null,"NIVEL 4","NIVEL 4","NIVEL 4","NIVEL 4",{"$f":"COUNTIF($R$2:$R833,\"NIVEL 1\")","v":15},1,2,2,{"$f":"ADDRESS(MATCH(COUNTIF($R$2:$R833,\"NIVEL 1\"),V:V,0),COLUMN(S833))","v":"$S$820"},{"$f":"ADDRESS(MATCH(COUNTIF($R$2:$R833,\"NIVEL 1\"),V:V,0),COLUMN(W833))","v":"$W$820"},{"$f":"ADDRESS((MATCH(COUNTIF(INDIRECT(Z833):$S833,\"NIVEL 2\"),INDIRECT(AA833):W833,0)+(MATCH(COUNTIF($R$2:$R833,\"NIVEL 1\"),V:V,0)-1)),COLUMN(T833))","v":"$T$822"},null,null,null,null,null,null,null,null,null,null,null,null,null,null,null,null,null,null,null,null,null,null,null,null,null,null,{"$f":"PROCURA_PRECO_SERVICO","v":"8,77"}]
[{"$f":"V834&\".\"&W834&\".\"&X834&\".\"&Y834","v":"15.1.2.3"},"SINAPI","89362",{"$f":"PROCURA_DESCRICAO_SERVICO","v":"JOELHO 90 GRAUS, PVC, SOLDÁVEL, DN 25MM, INSTALADO EM RAMAL OU SUB-RAMAL DE ÁGUA - FORNECIMENTO E INSTALAÇÃO. AF_06/2022"},{"$f":"PROCURA_UNIDADE_SERVICO","v":"UN"},1,{"$f":"PROCURA_PRECO_SERVICO","v":"9,19"},11.6,11.6,null,null,null,null,"SERVIÇO",null,null,null,"NIVEL 4","NIVEL 4","NIVEL 4","NIVEL 4",{"$f":"COUNTIF($R$2:$R834,\"NIVEL 1\")","v":15},1,2,{"$f":"IF(U834=\"NIVEL 4\",OFFSET(Y834,-1,0)+1,0)","v":3},{"$f":"ADDRESS(MATCH(COUNTIF($R$2:$R834,\"NIVEL 1\"),V:V,0),COLUMN(S834))","v":"$S$820"},{"$f":"ADDRESS(MATCH(COUNTIF($R$2:$R834,\"NIVEL 1\"),V:V,0),COLUMN(W834))","v":"$W$820"},{"$f":"ADDRESS((MATCH(COUNTIF(INDIRECT(Z834):$S834,\"NIVEL 2\"),INDIRECT(AA834):W834,0)+(MATCH(COUNTIF($R$2:$R834,\"NIVEL 1\"),V:V,0)-1)),COLUMN(T834))","v":"$T$822"},null,null,null,null,null,null,null,null,null,null,null,null,null,null,null,null,null,null,null,null,null,null,null,null,null,null,{"$f":"PROCURA_PRECO_SERVICO","v":"9,19"}]
["15.1.2.4","SINAPI","89367",{"$f":"PROCURA_DESCRICAO_SERVICO","v":"JOELHO 90 GRAUS, PVC, SOLDÁVEL, DN 32MM, INSTALADO EM RAMAL OU SUB-RAMAL DE ÁGUA - FORNECIMENTO E INSTALAÇÃO. AF_06/2022"},{"$f":"PROCURA_UNIDADE_SERVICO","v":"UN"},2,{"$f":"PROCURA_PRECO_SERVICO","v":"13,10"},16.53,33.06,null,null,null,null,"SERVIÇO",null,null,null,"NIVEL 4","NIVEL 4","NIVEL 4","NIVEL 4",{"$f":"COUNTIF($R$2:$R835,\"NIVEL 1\")","v":15},1,2,4,{"$f":"ADDRESS(MATCH(COUNTIF($R$2:$R835,\"NIVEL 1\"),V:V,0),COLUMN(S835))","v":"$S$820"},{"$f":"ADDRESS(MATCH(COUNTIF($R$2:$R835,\"NIVEL 1\"),V:V,0),COLUMN(W835))","v":"$W$820"},{"$f":"ADDRESS((MATCH(COUNTIF(INDIRECT(Z835):$S835,\"NIVEL 2\"),INDIRECT(AA835):W835,0)+(MATCH(COUNTIF($R$2:$R835,\"NIVEL 1\"),V:V,0)-1)),COLUMN(T835))","v":"$T$822"},null,null,null,null,null,null,null,null,null,null,null,null,null,null,null,null,null,null,null,null,null,null,null,null,null,null,{"$f":"PROCURA_PRECO_SERVICO","v":"13,10"}]
[{"$f":"V836&\".\"&W836&\".\"&X836&\".\"&Y836","v":"15.1.2.5"},"SINAPI","103980",{"$f":"PROCURA_DESCRICAO_SERVICO","v":"JOELHO 90 GRAUS, PVC, SOLDÁVEL, DN 40MM, INSTALADO EM RAMAL DE DISTRIBUIÇÃO DE ÁGUA - FORNECIMENTO E INSTALAÇÃO. AF_06/2022"},{"$f":"PROCURA_UNIDADE_SERVICO","v":"UN"},1,{"$f":"PROCURA_PRECO_SERVICO","v":"18,37"},23.19,23.19,null,null,null,null,"SERVIÇO",null,null,null,"NIVEL 4","NIVEL 4","NIVEL 4","NIVEL 4",{"$f":"COUNTIF($R$2:$R836,\"NIVEL 1\")","v":15},1,2,5,{"$f":"ADDRESS(MATCH(COUNTIF($R$2:$R836,\"NIVEL 1\"),V:V,0),COLUMN(S836))","v":"$S$820"},{"$f":"ADDRESS(MATCH(COUNTIF($R$2:$R836,\"NIVEL 1\"),V:V,0),COLUMN(W836))","v":"$W$820"},{"$f":"ADDRESS((MATCH(COUNTIF(INDIRECT(Z836):$S836,\"NIVEL 2\"),INDIRECT(AA836):W836,0)+(MATCH(COUNTIF($R$2:$R836,\"NIVEL 1\"),V:V,0)-1)),COLUMN(T836))","v":"$T$822"},null,null,null,null,null,null,null,null,null,null,null,null,null,null,null,null,null,null,null,null,null,null,null,null,null,null,{"$f":"PROCURA_PRECO_SERVICO","v":"18,37"}]
["15.1.2.6","SINAPI","94796",{"$f":"PROCURA_DESCRICAO_SERVICO","v":"TORNEIRA DE BOIA PARA CAIXA D'ÁGUA, ROSCÁVEL, 3/4\" - FORNECIMENTO E INSTALAÇÃO. AF_08/2021"},{"$f":"PROCURA_UNIDADE_SERVICO","v":"UN"},1,{"$f":"PROCURA_PRECO_SERVICO","v":"33,73"},42.58,42.58,null,null,null,null,"SERVIÇO",null,null,null,"NIVEL 4","NIVEL 4","NIVEL 4","NIVEL 4",{"$f":"COUNTIF($R$2:$R837,\"NIVEL 1\")","v":15},1,2,{"$f":"IF(U837=\"NIVEL 4\",OFFSET(Y837,-1,0)+1,0)","v":6},{"$f":"ADDRESS(MATCH(COUNTIF($R$2:$R837,\"NIVEL 1\"),V:V,0),COLUMN(S837))","v":"$S$820"},{"$f":"ADDRESS(MATCH(COUNTIF($R$2:$R837,\"NIVEL 1\"),V:V,0),COLUMN(W837))","v":"$W$820"},{"$f":"ADDRESS((MATCH(COUNTIF(INDIRECT(Z837):$S837,\"NIVEL 2\"),INDIRECT(AA837):W837,0)+(MATCH(COUNTIF($R$2:$R837,\"NIVEL 1\"),V:V,0)-1)),COLUMN(T837))","v":"$T$822"},null,null,null,null,null,null,null,null,null,null,null,null,null,null,null,null,null,null,null,null,null,null,null,null,null,null,{"$f":"PROCURA_PRECO_SERVICO","v":"33,73"}]
[{"$f":"V838&\".\"&W838&\".\"&X838&\".\"&Y838","v":"15.1.2.7"},"SINAPI","89357",{"$f":"PROCURA_DESCRICAO_SERVICO","v":"TUBO, PVC, SOLDÁVEL, DN 32MM, INSTALADO EM RAMAL OU SUB-RAMAL DE ÁGUA - FORNECIMENTO E INSTALAÇÃO. AF_06/2022"},{"$f":"PROCURA_UNIDADE_SERVICO","v":"M"},2.78,{"$f":"PROCURA_PRECO_SERVICO","v":"33,94"},42.84,119.09,null,null,null,null,"SERVIÇO",null,null,null,"NIVEL 4","NIVEL 4","NIVEL 4","NIVEL 4",{"$f":"COUNTIF($R$2:$R838,\"NIVEL 1\")","v":15},1,2,{"$f":"IF(U838=\"NIVEL 4\",OFFSET(Y838,-1,0)+1,0)","v":7},{"$f":"ADDRESS(MATCH(COUNTIF($R$2:$R838,\"NIVEL 1\"),V:V,0),COLUMN(S838))","v":"$S$820"},{"$f":"ADDRESS(MATCH(COUNTIF($R$2:$R838,\"NIVEL 1\"),V:V,0),COLUMN(W838))","v":"$W$820"},{"$f":"ADDRESS((MATCH(COUNTIF(INDIRECT(Z838):$S838,\"NIVEL 2\"),INDIRECT(AA838):W838,0)+(MATCH(COUNTIF($R$2:$R838,\"NIVEL 1\"),V:V,0)-1)),COLUMN(T838))","v":"$T$822"},null,null,null,null,null,null,null,null,null,null,null,null,null,null,null,null,null,null,null,null,null,null,null,null,null,null,{"$f":"PROCURA_PRECO_SERVICO","v":"33,94"}]
[{"$f":"V839&\".\"&W839&\".\"&X839&\".\"&Y839","v":"15.1.2.8"},"SINAPI","104011",{"$f":"PROCURA_DESCRICAO_SERVICO","v":"TE, PVC, SOLDÁVEL, DN 40MM, INSTALADO EM RAMAL DE DISTRIBUIÇÃO DE ÁGUA - FORNECIMENTO E INSTALAÇÃO. AF_06/2022"},{"$f":"PROCURA_UNIDADE_SERVICO","v":"UN"},1,{"$f":"PROCURA_PRECO_SERVICO","v":"26,52"},33.47,33.47,null,null,null,null,"SERVIÇO",null,null,null,"NIVEL 4","NIVEL 4","NIVEL 4","NIVEL 4",{"$f":"COUNTIF($R$2:$R839,\"NIVEL 1\")","v":15},1,2,8,{"$f":"ADDRESS(MATCH(COUNTIF($R$2:$R839,\"NIVEL 1\"),V:V,0),COLUMN(S839))","v":"$S$820"},{"$f":"ADDRESS(MATCH(COUNTIF($R$2:$R839,\"NIVEL 1\"),V:V,0),COLUMN(W839))","v":"$W$820"},{"$f":"ADDRESS((MATCH(COUNTIF(INDIRECT(Z839):$S839,\"NIVEL 2\"),INDIRECT(AA839):W839,0)+(MATCH(COUNTIF($R$2:$R839,\"NIVEL 1\"),V:V,0)-1)),COLUMN(T839))","v":"$T$822"},null,null,null,null,null,null,null,null,null,null,null,null,null,null,null,null,null,null,null,null,null,null,null,null,null,null,{"$f":"PROCURA_PRECO_SERVICO","v":"26,52"}]
[null,null,null,null,null,null,null,null,null,null,null,null,null,null,null,null,null,null,null,null,null,{"$f":"COUNTIF($R$2:$R840,\"NIVEL 1\")","v":15},{"$f":"IFERROR(COUNTIF(INDIRECT(Z840):S840,\"NIVEL 2\"),0)","v":1},{"$f":"COUNTIF(INDIRECT(AB840):T840,\"NIVEL 3\")","v":2},0,{"$f":"ADDRESS(MATCH(COUNTIF($R$2:$R840,\"NIVEL 1\"),V:V,0),COLUMN(S840))","v":"$S$820"},{"$f":"ADDRESS(MATCH(COUNTIF($R$2:$R840,\"NIVEL 1\"),V:V,0),COLUMN(W840))","v":"$W$820"},{"$f":"ADDRESS((MATCH(COUNTIF(INDIRECT(Z840):$S840,\"NIVEL 2\"),INDIRECT(AA840):W840,0)+(MATCH(COUNTIF($R$2:$R840,\"NIVEL 1\"),V:V,0)-1)),COLUMN(T840))","v":"$T$822"},null,null,null,null,null,null,null,null,null,null,null,null,null,null,null,null,null,null,null,null,null,null,null,null,null,null,{"$f":"PROCURA_PRECO_SERVICO","v":0}]
[null,null,null,{"$f":"\"SUBTOTAL DO ITEM - \"&A830","v":"SUBTOTAL DO ITEM - 15.1.2"},null,null,null,null,{"$f":"SUBTOTAL(9,OFFSET(I830,1,0):OFFSET(I841,-1,0))","v":315.16},null,null,null,null,"SUBSUBITEM_FIM",null,null,null,null,null,null,null,{"$f":"COUNTIF($R$2:$R841,\"NIVEL 1\")","v":15},1,2,0,{"$f":"ADDRESS(MATCH(COUNTIF($R$2:$R841,\"NIVEL 1\"),V:V,0),COLUMN(S841))","v":"$S$820"},{"$f":"ADDRESS(MATCH(COUNTIF($R$2:$R841,\"NIVEL 1\"),V:V,0),COLUMN(W841))","v":"$W$820"},{"$f":"ADDRESS((MATCH(COUNTIF(INDIRECT(Z841):$S841,\"NIVEL 2\"),INDIRECT(AA841):W841,0)+(MATCH(COUNTIF($R$2:$R841,\"NIVEL 1\"),V:V,0)-1)),COLUMN(T841))","v":"$T$822"},null,null,null,null,null,null,null,null,null,null,null,null,null,null,null,null,null,null,null,null,null,null,null,null,null,null,{"$f":"PROCURA_PRECO_SERVICO","v":0}]
[null,null,null,null,null,null,null,null,null,null,null,null,null,null,null,null,null,null,null,null,null,{"$f":"COUNTIF($R$2:$R842,\"NIVEL 1\")","v":15},1,2,0,{"$f":"ADDRESS(MATCH(COUNTIF($R$2:$R842,\"NIVEL 1\"),V:V,0),COLUMN(S842))","v":"$S$820"},{"$f":"ADDRESS(MATCH(COUNTIF($R$2:$R842,\"NIVEL 1\"),V:V,0),COLUMN(W842))","v":"$W$820"},{"$f":"ADDRESS((MATCH(COUNTIF(INDIRECT(Z842):$S842,\"NIVEL 2\"),INDIRECT(AA842):W842,0)+(MATCH(COUNTIF($R$2:$R842,\"NIVEL 1\"),V:V,0)-1)),COLUMN(T842))","v":"$T$822"},null,null,null,null,null,null,null,null,null,null,null,null,null,null,null,null,null,null,null,null,null,null,null,null,null,null,{"$f":"PROCURA_PRECO_SERVICO","v":0}]
[null,null,null,{"$f":"\"SUBTOTAL DO ITEM  - \"&A822","v":"SUBTOTAL DO ITEM  - 15.1"},null,null,null,null,{"$f":"SUBTOTAL(9,OFFSET(I822,1,0):OFFSET(I843,-1,0))","v":412.76},null,null,null,null,"SUBITEM_FIM",null,null,null,null,null,null,null,{"$f":"COUNTIF($R$2:$R843,\"NIVEL 1\")","v":15},1,2,0,{"$f":"ADDRESS(MATCH(COUNTIF($R$2:$R843,\"NIVEL 1\"),V:V,0),COLUMN(S843))","v":"$S$820"},{"$f":"ADDRESS(MATCH(COUNTIF($R$2:$R843,\"NIVEL 1\"),V:V,0),COLUMN(W843))","v":"$W$820"},{"$f":"ADDRESS((MATCH(COUNTIF(INDIRECT(Z843):$S843,\"NIVEL 2\"),INDIRECT(AA843):W843,0)+(MATCH(COUNTIF($R$2:$R843,\"NIVEL 1\"),V:V,0)-1)),COLUMN(T843))","v":"$T$822"},null,null,null,null,null,null,null,null,null,null,null,null,null,null,null,null,null,null,null,null,null,null,null,null,null,null,{"$f":"PROCURA_PRECO_SERVICO","v":0}]
[null,null,null,null,null,null,null,null,null,null,null,null,null,null,null,null,null,null,null,null,null,{"$f":"COUNTIF($R$2:$R844,\"NIVEL 1\")","v":15},1,2,0,{"$f":"ADDRESS(MATCH(COUNTIF($R$2:$R844,\"NIVEL 1\"),V:V,0),COLUMN(S844))","v":"$S$820"},{"$f":"ADDRESS(MATCH(COUNTIF($R$2:$R844,\"NIVEL 1\"),V:V,0),COLUMN(W844))","v":"$W$820"},{"$f":"ADDRESS((MATCH(COUNTIF(INDIRECT(Z844):$S844,\"NIVEL 2\"),INDIRECT(AA844):W844,0)+(MATCH(COUNTIF($R$2:$R844,\"NIVEL 1\"),V:V,0)-1)),COLUMN(T844))","v":"$T$822"},null,null,null,null,null,null,null,null,null,null,null,null,null,null,null,null,null,null,null,null,null,null,null,null,null,null,{"$f":"PROCURA_PRECO_SERVICO","v":0}]
[{"$f":"V845&\".\"&W845","v":"15.2"},null,null,"ESGOTO",null,null,null,null,null,null,null,null,null,"SUBITEM_INICIO",null,null,null,"NIVEL 2","NIVEL 2",null,null,{"$f":"COUNTIF($R$2:$R845,\"NIVEL 1\")","v":15},2,0,0,{"$f":"ADDRESS(MATCH(COUNTIF($R$2:$R845,\"NIVEL 1\"),V:V,0),COLUMN(S845))","v":"$S$820"},{"$f":"ADDRESS(MATCH(COUNTIF($R$2:$R845,\"NIVEL 1\"),V:V,0),COLUMN(W845))","v":"$W$820"},{"$f":"ADDRESS((MATCH(COUNTIF(INDIRECT(Z845):$S845,\"NIVEL 2\"),INDIRECT(AA845):W845,0)+(MATCH(COUNTIF($R$2:$R845,\"NIVEL 1\"),V:V,0)-1)),COLUMN(T845))","v":"$T$845"},null,null,null,null,null,null,null,null,null,null,null,null,null,null,null,null,null,null,null,null,null,null,null,null,null,null,{"$f":"PROCURA_PRECO_SERVICO","v":0}]
[null,null,null,null,null,null,null,null,null,null,null,null,null,null,null,null,null,null,null,null,null,{"$f":"COUNTIF($R$2:$R846,\"NIVEL 1\")","v":15},2,0,0,{"$f":"ADDRESS(MATCH(COUNTIF($R$2:$R846,\"NIVEL 1\"),V:V,0),COLUMN(S846))","v":"$S$820"},{"$f":"ADDRESS(MATCH(COUNTIF($R$2:$R846,\"NIVEL 1\"),V:V,0),COLUMN(W846))","v":"$W$820"},{"$f":"ADDRESS((MATCH(COUNTIF(INDIRECT(Z846):$S846,\"NIVEL 2\"),INDIRECT(AA846):W846,0)+(MATCH(COUNTIF($R$2:$R846,\"NIVEL 1\"),V:V,0)-1)),COLUMN(T846))","v":"$T$845"},null,null,null,null,null,null,null,null,null,null,null,null,null,null,null,null,null,null,null,null,null,null,null,null,null,null,{"$f":"PROCURA_PRECO_SERVICO","v":0}]
[{"$f":"V847&\".\"&W847&\".\"&X847","v":"15.2.1"},null,null,"CAIXAS DE PASSAGEM",null,null,null,null,null,null,null,null,null,"SUBSUBITEM_INICIO",null,null,null,"NIVEL 3","NIVEL 3","NIVEL 3",null,{"$f":"COUNTIF($R$2:$R847,\"NIVEL 1\")","v":15},2,1,0,{"$f":"ADDRESS(MATCH(COUNTIF($R$2:$R847,\"NIVEL 1\"),V:V,0),COLUMN(S847))","v":"$S$820"},{"$f":"ADDRESS(MATCH(COUNTIF($R$2:$R847,\"NIVEL 1\"),V:V,0),COLUMN(W847))","v":"$W$820"},{"$f":"ADDRESS((MATCH(COUNTIF(INDIRECT(Z847):$S847,\"NIVEL 2\"),INDIRECT(AA847):W847,0)+(MATCH(COUNTIF($R$2:$R847,\"NIVEL 1\"),V:V,0)-1)),COLUMN(T847))","v":"$T$845"},null,null,null,null,null,null,null,null,null,null,null,null,null,null,null,null,null,null,null,null,null,null,null,null,null,null,{"$f":"PROCURA_PRECO_SERVICO","v":0}]
[null,null,null,null,null,null,null,null,null,null,null,null,null,null,null,null,null,null,null,null,null,{"$f":"COUNTIF($R$2:$R848,\"NIVEL 1\")","v":15},2,1,0,{"$f":"ADDRESS(MATCH(COUNTIF($R$2:$R848,\"NIVEL 1\"),V:V,0),COLUMN(S848))","v":"$S$820"},{"$f":"ADDRESS(MATCH(COUNTIF($R$2:$R848,\"NIVEL 1\"),V:V,0),COLUMN(W848))","v":"$W$820"},{"$f":"ADDRESS((MATCH(COUNTIF(INDIRECT(Z848):$S848,\"NIVEL 2\"),INDIRECT(AA848):W848,0)+(MATCH(COUNTIF($R$2:$R848,\"NIVEL 1\"),V:V,0)-1)),COLUMN(T848))","v":"$T$845"},null,null,null,null,null,null,null,null,null,null,null,null,null,null,null,null,null,null,null,null,null,null,null,null,null,null,{"$f":"PROCURA_PRECO_SERVICO","v":0}]
[{"$f":"V849&\".\"&W849&\".\"&X849&\".\"&Y849","v":"15.2.1.1"},"SETOP","ED-49883",{"$f":"PROCURA_DESCRICAO_SERVICO","v":"CAIXA DE ESGOTO DE INSPEÇÃO/PASSAGEM EM ALVENARIA (60X60X60CM), REVESTIMENTO EM ARGAMASSA COM ADITIVO IMPERMEABILIZANTE, COM TAMPA DE CONCRETO, INCLUSIVE ESCAVAÇÃO, REATERRO E TRANSPORTE E RETIRADA DO MATERIAL ESCAVADO (EM CAÇAMBA)"},{"$f":"PROCURA_UNIDADE_SERVICO","v":"UN"},3,{"$f":"PROCURA_PRECO_SERVICO","v":412.6},{"$f":"CUSTO_BDI_SERVICO","v":520.86},{"$f":"CUSTO_TOTAL_SERVICO","v":1562.58},null,null,null,null,"SERVIÇO",null,null,null,"NIVEL 4","NIVEL 4","NIVEL 4","NIVEL 4",{"$f":"COUNTIF($R$2:$R849,\"NIVEL 1\")","v":15},2,1,{"$f":"IF(U849=\"NIVEL 4\",OFFSET(Y849,-1,0)+1,0)","v":1},{"$f":"ADDRESS(MATCH(COUNTIF($R$2:$R849,\"NIVEL 1\"),V:V,0),COLUMN(S849))","v":"$S$820"},{"$f":"ADDRESS(MATCH(COUNTIF($R$2:$R849,\"NIVEL 1\"),V:V,0),COLUMN(W849))","v":"$W$820"},{"$f":"ADDRESS((MATCH(COUNTIF(INDIRECT(Z849):$S849,\"NIVEL 2\"),INDIRECT(AA849):W849,0)+(MATCH(COUNTIF($R$2:$R849,\"NIVEL 1\"),V:V,0)-1)),COLUMN(T849))","v":"$T$845"},null,null,null,null,null,null,null,null,null,null,null,null,null,null,null,null,null,null,null,null,null,null,null,null,null,null,{"$f":"PROCURA_PRECO_SERVICO","v":412.6}]
[{"$f":"V850&\".\"&W850&\".\"&X850&\".\"&Y850","v":"15.2.1.2"},"SINAPI","97906",{"$f":"PROCURA_DESCRICAO_SERVICO","v":"CAIXA ENTERRADA HIDRÁULICA RETANGULAR, EM ALVENARIA COM BLOCOS DE CONCRETO, DIMENSÕES INTERNAS: 0,6X0,6X0,6 M PARA REDE DE ESGOTO. AF_12/2020"},{"$f":"PROCURA_UNIDADE_SERVICO","v":"UN"},2,{"$f":"PROCURA_PRECO_SERVICO","v":"433,74"},547.55,1095.1,null,null,null,null,"SERVIÇO",null,null,null,"NIVEL 4","NIVEL 4","NIVEL 4","NIVEL 4",{"$f":"COUNTIF($R$2:$R850,\"NIVEL 1\")","v":15},2,1,{"$f":"IF(U850=\"NIVEL 4\",OFFSET(Y850,-1,0)+1,0)","v":2},{"$f":"ADDRESS(MATCH(COUNTIF($R$2:$R850,\"NIVEL 1\"),V:V,0),COLUMN(S850))","v":"$S$820"},{"$f":"ADDRESS(MATCH(COUNTIF($R$2:$R850,\"NIVEL 1\"),V:V,0),COLUMN(W850))","v":"$W$820"},{"$f":"ADDRESS((MATCH(COUNTIF(INDIRECT(Z850):$S850,\"NIVEL 2\"),INDIRECT(AA850):W850,0)+(MATCH(COUNTIF($R$2:$R850,\"NIVEL 1\"),V:V,0)-1)),COLUMN(T850))","v":"$T$845"},null,null,null,null,null,null,null,null,null,null,null,null,null,null,null,null,null,null,null,null,null,null,null,null,null,null,{"$f":"PROCURA_PRECO_SERVICO","v":"433,74"}]
["15.2.1.3","SETOP","ED-49885",{"$f":"PROCURA_DESCRICAO_SERVICO","v":"CAIXA DE ESGOTO DE INSPEÇÃO/PASSAGEM EM ALVENARIA (60X60X70CM), REVESTIMENTO EM ARGAMASSA COM ADITIVO IMPERMEABILIZANTE, COM TAMPA DE CONCRETO, INCLUSIVE ESCAVAÇÃO, REATERRO E TRANSPORTE E RETIRADA DO MATERIAL ESCAVADO (EM CAÇAMBA)"},{"$f":"PROCURA_UNIDADE_SERVICO","v":"UN"},1,{"$f":"PROCURA_PRECO_SERVICO","v":455.16},574.59,574.59,null,null,null,null,"SERVIÇO",null,null,null,"NIVEL 4","NIVEL 4","NIVEL 4","NIVEL 4",{"$f":"COUNTIF($R$2:$R851,\"NIVEL 1\")","v":15},2,1,3,{"$f":"ADDRESS(MATCH(COUNTIF($R$2:$R851,\"NIVEL 1\"),V:V,0),COLUMN(S851))","v":"$S$820"},{"$f":"ADDRESS(MATCH(COUNTIF($R$2:$R851,\"NIVEL 1\"),V:V,0),COLUMN(W851))","v":"$W$820"},{"$f":"ADDRESS((MATCH(COUNTIF(INDIRECT(Z851):$S851,\"NIVEL 2\"),INDIRECT(AA851):W851,0)+(MATCH(COUNTIF($R$2:$R851,\"NIVEL 1\"),V:V,0)-1)),COLUMN(T851))","v":"$T$845"},null,null,null,null,null,null,null,null,null,null,null,null,null,null,null,null,null,null,null,null,null,null,null,null,null,null,{"$f":"PROCURA_PRECO_SERVICO","v":455.16}]
[{"$f":"V852&\".\"&W852&\".\"&X852&\".\"&Y852","v":"15.2.1.4"},"SETOP","ED-49886",{"$f":"PROCURA_DESCRICAO_SERVICO","v":"CAIXA DE ESGOTO DE INSPEÇÃO/PASSAGEM EM ALVENARIA (60X60X75CM), REVESTIMENTO EM ARGAMASSA COM ADITIVO IMPERMEABILIZANTE, COM TAMPA DE CONCRETO, INCLUSIVE ESCAVAÇÃO, REATERRO E TRANSPORTE E RETIRADA DO MATERIAL ESCAVADO (EM CAÇAMBA)"},{"$f":"PROCURA_UNIDADE_SERVICO","v":"UN"},2,{"$f":"PROCURA_PRECO_SERVICO","v":480.15},606.14,1212.28,null,null,null,null,"SERVIÇO",null,null,null,"NIVEL 4","NIVEL 4","NIVEL 4","NIVEL 4",{"$f":"COUNTIF($R$2:$R852,\"NIVEL 1\")","v":15},2,1,4,{"$f":"ADDRESS(MATCH(COUNTIF($R$2:$R852,\"NIVEL 1\"),V:V,0),COLUMN(S852))","v":"$S$820"},{"$f":"ADDRESS(MATCH(COUNTIF($R$2:$R852,\"NIVEL 1\"),V:V,0),COLUMN(W852))","v":"$W$820"},{"$f":"ADDRESS((MATCH(COUNTIF(INDIRECT(Z852):$S852,\"NIVEL 2\"),INDIRECT(AA852):W852,0)+(MATCH(COUNTIF($R$2:$R852,\"NIVEL 1\"),V:V,0)-1)),COLUMN(T852))","v":"$T$845"},null,null,null,null,null,null,null,null,null,null,null,null,null,null,null,null,null,null,null,null,null,null,null,null,null,null,{"$f":"PROCURA_PRECO_SERVICO","v":480.15}]
[{"$f":"V853&\".\"&W853&\".\"&X853&\".\"&Y853","v":"15.2.1.5"},"SETOP","ED-49887",{"$f":"PROCURA_DESCRICAO_SERVICO","v":"CAIXA DE ESGOTO DE INSPEÇÃO/PASSAGEM EM ALVENARIA (60X60X80CM), REVESTIMENTO EM ARGAMASSA COM ADITIVO IMPERMEABILIZANTE, COM TAMPA DE CONCRETO, INCLUSIVE ESCAVAÇÃO, REATERRO E TRANSPORTE E RETIRADA DO MATERIAL ESCAVADO (EM CAÇAMBA)"},{"$f":"PROCURA_UNIDADE_SERVICO","v":"UN"},1,{"$f":"PROCURA_PRECO_SERVICO","v":502.68},634.58,634.58,null,null,null,null,"SERVIÇO",null,null,null,"NIVEL 4","NIVEL 4","NIVEL 4","NIVEL 4",{"$f":"COUNTIF($R$2:$R853,\"NIVEL 1\")","v":15},2,1,{"$f":"IF(U853=\"NIVEL 4\",OFFSET(Y853,-1,0)+1,0)","v":5},{"$f":"ADDRESS(MATCH(COUNTIF($R$2:$R853,\"NIVEL 1\"),V:V,0),COLUMN(S853))","v":"$S$820"},{"$f":"ADDRESS(MATCH(COUNTIF($R$2:$R853,\"NIVEL 1\"),V:V,0),COLUMN(W853))","v":"$W$820"},{"$f":"ADDRESS((MATCH(COUNTIF(INDIRECT(Z853):$S853,\"NIVEL 2\"),INDIRECT(AA853):W853,0)+(MATCH(COUNTIF($R$2:$R853,\"NIVEL 1\"),V:V,0)-1)),COLUMN(T853))","v":"$T$845"},null,null,null,null,null,null,null,null,null,null,null,null,null,null,null,null,null,null,null,null,null,null,null,null,null,null,{"$f":"PROCURA_PRECO_SERVICO","v":502.68}]
[{"$f":"V854&\".\"&W854&\".\"&X854&\".\"&Y854","v":"15.2.1.6"},"SETOP","ED-49882",{"$f":"PROCURA_DESCRICAO_SERVICO","v":"CAIXA DE ESGOTO DE INSPEÇÃO/PASSAGEM EM ALVENARIA (60X60X40CM), REVESTIMENTO EM ARGAMASSA COM ADITIVO IMPERMEABILIZANTE, COM TAMPA DE CONCRETO, INCLUSIVE ESCAVAÇÃO, REATERRO E TRANSPORTE E RETIRADA DO MATERIAL ESCAVADO (EM CAÇAMBA)"},{"$f":"PROCURA_UNIDADE_SERVICO","v":"UN"},1,{"$f":"PROCURA_PRECO_SERVICO","v":322.51},407.13,407.13,null,null,null,null,"SERVIÇO",null,null,null,"NIVEL 4","NIVEL 4","NIVEL 4","NIVEL 4",{"$f":"COUNTIF($R$2:$R854,\"NIVEL 1\")","v":15},2,1,6,{"$f":"ADDRESS(MATCH(COUNTIF($R$2:$R854,\"NIVEL 1\"),V:V,0),COLUMN(S854))","v":"$S$820"},{"$f":"ADDRESS(MATCH(COUNTIF($R$2:$R854,\"NIVEL 1\"),V:V,0),COLUMN(W854))","v":"$W$820"},{"$f":"ADDRESS((MATCH(COUNTIF(INDIRECT(Z854):$S854,\"NIVEL 2\"),INDIRECT(AA854):W854,0)+(MATCH(COUNTIF($R$2:$R854,\"NIVEL 1\"),V:V,0)-1)),COLUMN(T854))","v":"$T$845"},null,null,null,null,null,null,null,null,null,null,null,null,null,null,null,null,null,null,null,null,null,null,null,null,null,null,{"$f":"PROCURA_PRECO_SERVICO","v":322.51}]
[null,null,null,null,null,null,null,null,null,null,null,null,null,null,null,null,null,null,null,null,null,{"$f":"COUNTIF($R$2:$R855,\"NIVEL 1\")","v":15},2,1,0,{"$f":"ADDRESS(MATCH(COUNTIF($R$2:$R855,\"NIVEL 1\"),V:V,0),COLUMN(S855))","v":"$S$820"},{"$f":"ADDRESS(MATCH(COUNTIF($R$2:$R855,\"NIVEL 1\"),V:V,0),COLUMN(W855))","v":"$W$820"},{"$f":"ADDRESS((MATCH(COUNTIF(INDIRECT(Z855):$S855,\"NIVEL 2\"),INDIRECT(AA855):W855,0)+(MATCH(COUNTIF($R$2:$R855,\"NIVEL 1\"),V:V,0)-1)),COLUMN(T855))","v":"$T$845"},null,null,null,null,null,null,null,null,null,null,null,null,null,null,null,null,null,null,null,null,null,null,null,null,null,null,{"$f":"PROCURA_PRECO_SERVICO","v":0}]
[null,null,null,{"$f":"\"SUBTOTAL DO ITEM - \"&A847","v":"SUBTOTAL DO ITEM - 15.2.1"},null,null,null,null,{"$f":"SUBTOTAL(9,OFFSET(I847,1,0):OFFSET(I856,-1,0))","v":5486.26},null,null,null,null,"SUBSUBITEM_FIM",null,null,null,null,null,null,null,{"$f":"COUNTIF($R$2:$R856,\"NIVEL 1\")","v":15},2,1,0,{"$f":"ADDRESS(MATCH(COUNTIF($R$2:$R856,\"NIVEL 1\"),V:V,0),COLUMN(S856))","v":"$S$820"},{"$f":"ADDRESS(MATCH(COUNTIF($R$2:$R856,\"NIVEL 1\"),V:V,0),COLUMN(W856))","v":"$W$820"},{"$f":"ADDRESS((MATCH(COUNTIF(INDIRECT(Z856):$S856,\"NIVEL 2\"),INDIRECT(AA856):W856,0)+(MATCH(COUNTIF($R$2:$R856,\"NIVEL 1\"),V:V,0)-1)),COLUMN(T856))","v":"$T$845"},null,null,null,null,null,null,null,null,null,null,null,null,null,null,null,null,null,null,null,null,null,null,null,null,null,null,{"$f":"PROCURA_PRECO_SERVICO","v":0}]
[null,null,null,null,null,null,null,null,null,null,null,null,null,null,null,null,null,null,null,null,null,{"$f":"COUNTIF($R$2:$R857,\"NIVEL 1\")","v":15},2,1,{"$f":"IF(U857=\"NIVEL 4\",OFFSET(Y857,-1,0)+1,0)","v":0},{"$f":"ADDRESS(MATCH(COUNTIF($R$2:$R857,\"NIVEL 1\"),V:V,0),COLUMN(S857))","v":"$S$820"},{"$f":"ADDRESS(MATCH(COUNTIF($R$2:$R857,\"NIVEL 1\"),V:V,0),COLUMN(W857))","v":"$W$820"},{"$f":"ADDRESS((MATCH(COUNTIF(INDIRECT(Z857):$S857,\"NIVEL 2\"),INDIRECT(AA857):W857,0)+(MATCH(COUNTIF($R$2:$R857,\"NIVEL 1\"),V:V,0)-1)),COLUMN(T857))","v":"$T$845"},null,null,null,null,null,null,null,null,null,null,null,null,null,null,null,null,null,null,null,null,null,null,null,null,null,null,{"$f":"PROCURA_PRECO_SERVICO","v":0}]
[{"$f":"V858&\".\"&W858&\".\"&X858","v":"15.2.2"},null,null,"PVC ACESSORIOS",null,null,null,null,null,null,null,null,null,"SUBSUBITEM_INICIO",null,null,null,"NIVEL 3","NIVEL 3","NIVEL 3",null,{"$f":"COUNTIF($R$2:$R858,\"NIVEL 1\")","v":15},2,2,0,{"$f":"ADDRESS(MATCH(COUNTIF($R$2:$R858,\"NIVEL 1\"),V:V,0),COLUMN(S858))","v":"$S$820"},{"$f":"ADDRESS(MATCH(COUNTIF($R$2:$R858,\"NIVEL 1\"),V:V,0),COLUMN(W858))","v":"$W$820"},{"$f":"ADDRESS((MATCH(COUNTIF(INDIRECT(Z858):$S858,\"NIVEL 2\"),INDIRECT(AA858):W858,0)+(MATCH(COUNTIF($R$2:$R858,\"NIVEL 1\"),V:V,0)-1)),COLUMN(T858))","v":"$T$845"},null,null,null,null,null,null,null,null,null,null,null,null,null,null,null,null,null,null,null,null,null,null,null,null,null,null,{"$f":"PROCURA_PRECO_SERVICO","v":0}]
[null,null,null,null,null,null,null,null,null,null,null,null,null,null,null,null,null,null,null,null,null,{"$f":"COUNTIF($R$2:$R859,\"NIVEL 1\")","v":15},2,2,0,{"$f":"ADDRESS(MATCH(COUNTIF($R$2:$R859,\"NIVEL 1\"),V:V,0),COLUMN(S859))","v":"$S$820"},{"$f":"ADDRESS(MATCH(COUNTIF($R$2:$R859,\"NIVEL 1\"),V:V,0),COLUMN(W859))","v":"$W$820"},{"$f":"ADDRESS((MATCH(COUNTIF(INDIRECT(Z859):$S859,\"NIVEL 2\"),INDIRECT(AA859):W859,0)+(MATCH(COUNTIF($R$2:$R859,\"NIVEL 1\"),V:V,0)-1)),COLUMN(T859))","v":"$T$845"},null,null,null,null,null,null,null,null,null,null,null,null,null,null,null,null,null,null,null,null,null,null,null,null,null,null,{"$f":"PROCURA_PRECO_SERVICO","v":0}]
[{"$f":"V860&\".\"&W860&\".\"&X860&\".\"&Y860","v":"15.2.2.1"},"COMPOSIÇÃO","JMV-CRAS-010",{"$f":"PROCURA_DESCRICAO_SERVICO","v":"RALO SIFONADO, PVC, DN 100 X 100 X 50 MM, JUNTA SOLDÁVEL, FORNECIDO E INSTALADO EM RAMAL DE DESCARGA OU EM RAMAL DE ESGOTO SANITÁRIO. AF_08/2022 - BASEADA DA SINAPI (89709)"},{"$f":"PROCURA_UNIDADE_SERVICO","v":"UN"},10,{"$f":"PROCURA_PRECO_SERVICO","v":22.06},{"$f":"CUSTO_BDI_SERVICO","v":27.84},{"$f":"CUSTO_TOTAL_SERVICO","v":278.4},null,null,null,null,"SERVIÇO",null,null,null,"NIVEL 4","NIVEL 4","NIVEL 4","NIVEL 4",{"$f":"COUNTIF($R$2:$R860,\"NIVEL 1\")","v":15},2,2,1,{"$f":"ADDRESS(MATCH(COUNTIF($R$2:$R860,\"NIVEL 1\"),V:V,0),COLUMN(S860))","v":"$S$820"},{"$f":"ADDRESS(MATCH(COUNTIF($R$2:$R860,\"NIVEL 1\"),V:V,0),COLUMN(W860))","v":"$W$820"},{"$f":"ADDRESS((MATCH(COUNTIF(INDIRECT(Z860):$S860,\"NIVEL 2\"),INDIRECT(AA860):W860,0)+(MATCH(COUNTIF($R$2:$R860,\"NIVEL 1\"),V:V,0)-1)),COLUMN(T860))","v":"$T$845"},null,null,null,null,null,null,null,null,null,null,null,null,null,null,null,null,null,null,null,null,null,null,null,null,null,null,{"$f":"PROCURA_PRECO_SERVICO","v":22.06}]
["15.2.2.2","COMPOSIÇÃO","JMV-CRAS-012",{"$f":"PROCURA_DESCRICAO_SERVICO","v":"RALO SIFONADO, PVC, DN 100 X 150 X 50 MM, JUNTA SOLDÁVEL, FORNECIDO E INSTALADO EM RAMAL DE DESCARGA OU EM RAMAL DE ESGOTO SANITÁRIO. AF_08/2022 - BASEADA DA SINAPI (89709)"},{"$f":"PROCURA_UNIDADE_SERVICO","v":"UN"},3,{"$f":"PROCURA_PRECO_SERVICO","v":44.77},56.51,169.53,null,null,null,null,"SERVIÇO",null,null,null,"NIVEL 4","NIVEL 4","NIVEL 4","NIVEL 4",{"$f":"COUNTIF($R$2:$R861,\"NIVEL 1\")","v":15},2,2,2,{"$f":"ADDRESS(MATCH(COUNTIF($R$2:$R861,\"NIVEL 1\"),V:V,0),COLUMN(S861))","v":"$S$820"},{"$f":"ADDRESS(MATCH(COUNTIF($R$2:$R861,\"NIVEL 1\"),V:V,0),COLUMN(W861))","v":"$W$820"},{"$f":"ADDRESS((MATCH(COUNTIF(INDIRECT(Z861):$S861,\"NIVEL 2\"),INDIRECT(AA861):W861,0)+(MATCH(COUNTIF($R$2:$R861,\"NIVEL 1\"),V:V,0)-1)),COLUMN(T861))","v":"$T$845"},null,null,null,null,null,null,null,null,null,null,null,null,null,null,null,null,null,null,null,null,null,null,null,null,null,null,{"$f":"PROCURA_PRECO_SERVICO","v":44.77}]
[{"$f":"V862&\".\"&W862&\".\"&X862&\".\"&Y862","v":"15.2.2.3"},"COMPOSIÇÃO","JMV-CRAS-011",{"$f":"PROCURA_DESCRICAO_SERVICO","v":"RALO SIFONADO, PVC, DN 150 X 185 X 75 MM, JUNTA SOLDÁVEL, FORNECIDO E INSTALADO EM RAMAL DE DESCARGA OU EM RAMAL DE ESGOTO SANITÁRIO. AF_08/2022 - BASEADA DA SINAPI (89709)"},{"$f":"PROCURA_UNIDADE_SERVICO","v":"UN"},2,{"$f":"PROCURA_PRECO_SERVICO","v":55.79},70.42,140.84,null,null,null,null,"SERVIÇO",null,null,null,"NIVEL 4","NIVEL 4","NIVEL 4","NIVEL 4",{"$f":"COUNTIF($R$2:$R862,\"NIVEL 1\")","v":15},2,2,{"$f":"IF(U862=\"NIVEL 4\",OFFSET(Y862,-1,0)+1,0)","v":3},{"$f":"ADDRESS(MATCH(COUNTIF($R$2:$R862,\"NIVEL 1\"),V:V,0),COLUMN(S862))","v":"$S$820"},{"$f":"ADDRESS(MATCH(COUNTIF($R$2:$R862,\"NIVEL 1\"),V:V,0),COLUMN(W862))","v":"$W$820"},{"$f":"ADDRESS((MATCH(COUNTIF(INDIRECT(Z862):$S862,\"NIVEL 2\"),INDIRECT(AA862):W862,0)+(MATCH(COUNTIF($R$2:$R862,\"NIVEL 1\"),V:V,0)-1)),COLUMN(T862))","v":"$T$845"},null,null,null,null,null,null,null,null,null,null,null,null,null,null,null,null,null,null,null,null,null,null,null,null,null,null,{"$f":"PROCURA_PRECO_SERVICO","v":55.79}]
["15.2.2.4","SUDECAP","10.27.61",{"$f":"PROCURA_DESCRICAO_SERVICO","v":"CHUVEIRO, LIGAÇAO E SIFAO - SIFAO LAVATORIO COPO REGULAVEL 1\"X 1 1/2\"SIGMA/EQUIVALENTE"},{"$f":"PROCURA_UNIDADE_SERVICO","v":"UN"},9,{"$f":"PROCURA_PRECO_SERVICO","v":169.06},213.42,1920.78,null,null,null,null,"SERVIÇO",null,null,null,"NIVEL 4","NIVEL 4","NIVEL 4","NIVEL 4",{"$f":"COUNTIF($R$2:$R863,\"NIVEL 1\")","v":15},2,2,4,{"$f":"ADDRESS(MATCH(COUNTIF($R$2:$R863,\"NIVEL 1\"),V:V,0),COLUMN(S863))","v":"$S$820"},{"$f":"ADDRESS(MATCH(COUNTIF($R$2:$R863,\"NIVEL 1\"),V:V,0),COLUMN(W863))","v":"$W$820"},{"$f":"ADDRESS((MATCH(COUNTIF(INDIRECT(Z863):$S863,\"NIVEL 2\"),INDIRECT(AA863):W863,0)+(MATCH(COUNTIF($R$2:$R863,\"NIVEL 1\"),V:V,0)-1)),COLUMN(T863))","v":"$T$845"},null,null,null,null,null,null,null,null,null,null,null,null,null,null,null,null,null,null,null,null,null,null,null,null,null,null,{"$f":"PROCURA_PRECO_SERVICO","v":169.06}]
[{"$f":"V864&\".\"&W864&\".\"&X864&\".\"&Y864","v":"15.2.2.5"},"SUDECAP","10.27.61",{"$f":"PROCURA_DESCRICAO_SERVICO","v":"CHUVEIRO, LIGAÇAO E SIFAO - SIFAO LAVATORIO COPO REGULAVEL 1\"X 1 1/2\"SIGMA/EQUIVALENTE"},{"$f":"PROCURA_UNIDADE_SERVICO","v":"UN"},2,{"$f":"PROCURA_PRECO_SERVICO","v":169.06},213.42,426.84,null,null,null,null,"SERVIÇO",null,null,null,"NIVEL 4","NIVEL 4","NIVEL 4","NIVEL 4",{"$f":"COUNTIF($R$2:$R864,\"NIVEL 1\")","v":15},2,2,5,{"$f":"ADDRESS(MATCH(COUNTIF($R$2:$R864,\"NIVEL 1\"),V:V,0),COLUMN(S864))","v":"$S$820"},{"$f":"ADDRESS(MATCH(COUNTIF($R$2:$R864,\"NIVEL 1\"),V:V,0),COLUMN(W864))","v":"$W$820"},{"$f":"ADDRESS((MATCH(COUNTIF(INDIRECT(Z864):$S864,\"NIVEL 2\"),INDIRECT(AA864):W864,0)+(MATCH(COUNTIF($R$2:$R864,\"NIVEL 1\"),V:V,0)-1)),COLUMN(T864))","v":"$T$845"},null,null,null,null,null,null,null,null,null,null,null,null,null,null,null,null,null,null,null,null,null,null,null,null,null,null,{"$f":"PROCURA_PRECO_SERVICO","v":169.06}]
["15.2.2.6","SINAPI","86879",{"$f":"PROCURA_DESCRICAO_SERVICO","v":"VÁLVULA EM PLÁSTICO 1\u0094 PARA PIA, TANQUE OU LAVATÓRIO, COM OU SEM LADRÃO - FORNECIMENTO E INSTALAÇÃO. AF_01/2020"},{"$f":"PROCURA_UNIDADE_SERVICO","v":"UN"},9,{"$f":"PROCURA_PRECO_SERVICO","v":"9,58"},12.09,108.81,null,null,null,null,"SERVIÇO",null,null,null,"NIVEL 4","NIVEL 4","NIVEL 4","NIVEL 4",{"$f":"COUNTIF($R$2:$R865,\"NIVEL 1\")","v":15},2,2,{"$f":"IF(U865=\"NIVEL 4\",OFFSET(Y865,-1,0)+1,0)","v":6},{"$f":"ADDRESS(MATCH(COUNTIF($R$2:$R865,\"NIVEL 1\"),V:V,0),COLUMN(S865))","v":"$S$820"},{"$f":"ADDRESS(MATCH(COUNTIF($R$2:$R865,\"NIVEL 1\"),V:V,0),COLUMN(W865))","v":"$W$820"},{"$f":"ADDRESS((MATCH(COUNTIF(INDIRECT(Z865):$S865,\"NIVEL 2\"),INDIRECT(AA865):W865,0)+(MATCH(COUNTIF($R$2:$R865,\"NIVEL 1\"),V:V,0)-1)),COLUMN(T865))","v":"$T$845"},null,null,null,null,null,null,null,null,null,null,null,null,null,null,null,null,null,null,null,null,null,null,null,null,null,null,{"$f":"PROCURA_PRECO_SERVICO","v":"9,58"}]
[{"$f":"V866&\".\"&W866&\".\"&X866&\".\"&Y866","v":"15.2.2.7"},"SINAPI","86879",{"$f":"PROCURA_DESCRICAO_SERVICO","v":"VÁLVULA EM PLÁSTICO 1\u0094 PARA PIA, TANQUE OU LAVATÓRIO, COM OU SEM LADRÃO - FORNECIMENTO E INSTALAÇÃO. AF_01/2020"},{"$f":"PROCURA_UNIDADE_SERVICO","v":"UN"},2,{"$f":"PROCURA_PRECO_SERVICO","v":"9,58"},12.09,24.18,null,null,null,null,"SERVIÇO",null,null,null,"NIVEL 4","NIVEL 4","NIVEL 4","NIVEL 4",{"$f":"COUNTIF($R$2:$R866,\"NIVEL 1\")","v":15},2,2,{"$f":"IF(U866=\"NIVEL 4\",OFFSET(Y866,-1,0)+1,0)","v":7},{"$f":"ADDRESS(MATCH(COUNTIF($R$2:$R866,\"NIVEL 1\"),V:V,0),COLUMN(S866))","v":"$S$820"},{"$f":"ADDRESS(MATCH(COUNTIF($R$2:$R866,\"NIVEL 1\"),V:V,0),COLUMN(W866))","v":"$W$820"},{"$f":"ADDRESS((MATCH(COUNTIF(INDIRECT(Z866):$S866,\"NIVEL 2\"),INDIRECT(AA866):W866,0)+(MATCH(COUNTIF($R$2:$R866,\"NIVEL 1\"),V:V,0)-1)),COLUMN(T866))","v":"$T$845"},null,null,null,null,null,null,null,null,null,null,null,null,null,null,null,null,null,null,null,null,null,null,null,null,null,null,{"$f":"PROCURA_PRECO_SERVICO","v":"9,58"}]
[null,null,null,null,null,null,null,null,null,null,null,null,null,null,null,null,null,null,null,null,null,{"$f":"COUNTIF($R$2:$R867,\"NIVEL 1\")","v":15},2,2,0,{"$f":"ADDRESS(MATCH(COUNTIF($R$2:$R867,\"NIVEL 1\"),V:V,0),COLUMN(S867))","v":"$S$820"},{"$f":"ADDRESS(MATCH(COUNTIF($R$2:$R867,\"NIVEL 1\"),V:V,0),COLUMN(W867))","v":"$W$820"},{"$f":"ADDRESS((MATCH(COUNTIF(INDIRECT(Z867):$S867,\"NIVEL 2\"),INDIRECT(AA867):W867,0)+(MATCH(COUNTIF($R$2:$R867,\"NIVEL 1\"),V:V,0)-1)),COLUMN(T867))","v":"$T$845"},null,null,null,null,null,null,null,null,null,null,null,null,null,null,null,null,null,null,null,null,null,null,null,null,null,null,{"$f":"PROCURA_PRECO_SERVICO","v":0}]
[null,null,null,{"$f":"\"SUBTOTAL DO ITEM - \"&A858","v":"SUBTOTAL DO ITEM - 15.2.2"},null,null,null,null,{"$f":"SUBTOTAL(9,OFFSET(I858,1,0):OFFSET(I868,-1,0))","v":3069.38},null,null,null,null,"SUBSUBITEM_FIM",null,null,null,null,null,null,null,{"$f":"COUNTIF($R$2:$R868,\"NIVEL 1\")","v":15},2,2,0,{"$f":"ADDRESS(MATCH(COUNTIF($R$2:$R868,\"NIVEL 1\"),V:V,0),COLUMN(S868))","v":"$S$820"},{"$f":"ADDRESS(MATCH(COUNTIF($R$2:$R868,\"NIVEL 1\"),V:V,0),COLUMN(W868))","v":"$W$820"},{"$f":"ADDRESS((MATCH(COUNTIF(INDIRECT(Z868):$S868,\"NIVEL 2\"),INDIRECT(AA868):W868,0)+(MATCH(COUNTIF($R$2:$R868,\"NIVEL 1\"),V:V,0)-1)),COLUMN(T868))","v":"$T$845"},null,null,null,null,null,null,null,null,null,null,null,null,null,null,null,null,null,null,null,null,null,null,null,null,null,null,{"$f":"PROCURA_PRECO_SERVICO","v":0}]
[null,null,null,null,null,null,null,null,null,null,null,null,null,null,null,null,null,null,null,null,null,{"$f":"COUNTIF($R$2:$R869,\"NIVEL 1\")","v":15},2,2,0,{"$f":"ADDRESS(MATCH(COUNTIF($R$2:$R869,\"NIVEL 1\"),V:V,0),COLUMN(S869))","v":"$S$820"},{"$f":"ADDRESS(MATCH(COUNTIF($R$2:$R869,\"NIVEL 1\"),V:V,0),COLUMN(W869))","v":"$W$820"},{"$f":"ADDRESS((MATCH(COUNTIF(INDIRECT(Z869):$S869,\"NIVEL 2\"),INDIRECT(AA869):W869,0)+(MATCH(COUNTIF($R$2:$R869,\"NIVEL 1\"),V:V,0)-1)),COLUMN(T869))","v":"$T$845"},null,null,null,null,null,null,null,null,null,null,null,null,null,null,null,null,null,null,null,null,null,null,null,null,null,null,{"$f":"PROCURA_PRECO_SERVICO","v":0}]
[{"$f":"V870&\".\"&W870&\".\"&X870","v":"15.2.3"},null,null,"PVC ESGOTO",null,null,null,null,null,null,null,null,null,"SUBSUBITEM_INICIO",null,null,null,"NIVEL 3","NIVEL 3","NIVEL 3",null,{"$f":"COUNTIF($R$2:$R870,\"NIVEL 1\")","v":15},2,3,0,{"$f":"ADDRESS(MATCH(COUNTIF($R$2:$R870,\"NIVEL 1\"),V:V,0),COLUMN(S870))","v":"$S$820"},{"$f":"ADDRESS(MATCH(COUNTIF($R$2:$R870,\"NIVEL 1\"),V:V,0),COLUMN(W870))","v":"$W$820"},{"$f":"ADDRESS((MATCH(COUNTIF(INDIRECT(Z870):$S870,\"NIVEL 2\"),INDIRECT(AA870):W870,0)+(MATCH(COUNTIF($R$2:$R870,\"NIVEL 1\"),V:V,0)-1)),COLUMN(T870))","v":"$T$845"},null,null,null,null,null,null,null,null,null,null,null,null,null,null,null,null,null,null,null,null,null,null,null,null,null,null,{"$f":"PROCURA_PRECO_SERVICO","v":0}]
[null,null,null,null,null,null,null,null,null,null,null,null,null,null,null,null,null,null,null,null,null,{"$f":"COUNTIF($R$2:$R871,\"NIVEL 1\")","v":15},2,3,0,{"$f":"ADDRESS(MATCH(COUNTIF($R$2:$R871,\"NIVEL 1\"),V:V,0),COLUMN(S871))","v":"$S$820"},{"$f":"ADDRESS(MATCH(COUNTIF($R$2:$R871,\"NIVEL 1\"),V:V,0),COLUMN(W871))","v":"$W$820"},{"$f":"ADDRESS((MATCH(COUNTIF(INDIRECT(Z871):$S871,\"NIVEL 2\"),INDIRECT(AA871):W871,0)+(MATCH(COUNTIF($R$2:$R871,\"NIVEL 1\"),V:V,0)-1)),COLUMN(T871))","v":"$T$845"},null,null,null,null,null,null,null,null,null,null,null,null,null,null,null,null,null,null,null,null,null,null,null,null,null,null,{"$f":"PROCURA_PRECO_SERVICO","v":0}]
[{"$f":"V872&\".\"&W872&\".\"&X872&\".\"&Y872","v":"15.2.3.1"},"SINAPI","104341",{"$f":"PROCURA_DESCRICAO_SERVICO","v":"BUCHA DE REDUÇÃO LONGA, PVC, SÉRIE NORMAL, ESGOTO PREDIAL, DN 50 X 40 MM, JUNTA SOLDÁVEL E ELÁSTICA, FORNECIDO E INSTALADO EM RAMAL DE DESCARGA OU RAMAL DE ESGOTO SANITÁRIO. AF_08/2022"},{"$f":"PROCURA_UNIDADE_SERVICO","v":"UN"},2,{"$f":"PROCURA_PRECO_SERVICO","v":"10,92"},{"$f":"CUSTO_BDI_SERVICO","v":13.78},{"$f":"CUSTO_TOTAL_SERVICO","v":27.56},null,null,null,null,"SERVIÇO",null,null,null,"NIVEL 4","NIVEL 4","NIVEL 4","NIVEL 4",{"$f":"COUNTIF($R$2:$R872,\"NIVEL 1\")","v":15},2,3,{"$f":"IF(U872=\"NIVEL 4\",OFFSET(Y872,-1,0)+1,0)","v":1},{"$f":"ADDRESS(MATCH(COUNTIF($R$2:$R872,\"NIVEL 1\"),V:V,0),COLUMN(S872))","v":"$S$820"},{"$f":"ADDRESS(MATCH(COUNTIF($R$2:$R872,\"NIVEL 1\"),V:V,0),COLUMN(W872))","v":"$W$820"},{"$f":"ADDRESS((MATCH(COUNTIF(INDIRECT(Z872):$S872,\"NIVEL 2\"),INDIRECT(AA872):W872,0)+(MATCH(COUNTIF($R$2:$R872,\"NIVEL 1\"),V:V,0)-1)),COLUMN(T872))","v":"$T$845"},null,null,null,null,null,null,null,null,null,null,null,null,null,null,null,null,null,null,null,null,null,null,null,null,null,null,{"$f":"PROCURA_PRECO_SERVICO","v":"10,92"}]
["15.2.3.2","SINAPI","89728",{"$f":"PROCURA_DESCRICAO_SERVICO","v":"CURVA CURTA 90 GRAUS, PVC, SERIE NORMAL, ESGOTO PREDIAL, DN 40 MM, JUNTA SOLDÁVEL, FORNECIDO E INSTALADO EM RAMAL DE DESCARGA OU RAMAL DE ESGOTO SANITÁRIO. AF_08/2022"},{"$f":"PROCURA_UNIDADE_SERVICO","v":"UN"},11,{"$f":"PROCURA_PRECO_SERVICO","v":"13,57"},17.13,188.43,null,null,null,null,"SERVIÇO",null,null,null,"NIVEL 4","NIVEL 4","NIVEL 4","NIVEL 4",{"$f":"COUNTIF($R$2:$R873,\"NIVEL 1\")","v":15},2,3,2,{"$f":"ADDRESS(MATCH(COUNTIF($R$2:$R873,\"NIVEL 1\"),V:V,0),COLUMN(S873))","v":"$S$820"},{"$f":"ADDRESS(MATCH(COUNTIF($R$2:$R873,\"NIVEL 1\"),V:V,0),COLUMN(W873))","v":"$W$820"},{"$f":"ADDRESS((MATCH(COUNTIF(INDIRECT(Z873):$S873,\"NIVEL 2\"),INDIRECT(AA873):W873,0)+(MATCH(COUNTIF($R$2:$R873,\"NIVEL 1\"),V:V,0)-1)),COLUMN(T873))","v":"$T$845"},null,null,null,null,null,null,null,null,null,null,null,null,null,null,null,null,null,null,null,null,null,null,null,null,null,null,{"$f":"PROCURA_PRECO_SERVICO","v":"13,57"}]
["15.2.3.3","SINAPI","89746",{"$f":"PROCURA_DESCRICAO_SERVICO","v":"JOELHO 45 GRAUS, PVC, SERIE NORMAL, ESGOTO PREDIAL, DN 100 MM, JUNTA ELÁSTICA, FORNECIDO E INSTALADO EM RAMAL DE DESCARGA OU RAMAL DE ESGOTO SANITÁRIO. AF_08/2022"},{"$f":"PROCURA_UNIDADE_SERVICO","v":"UN"},23,{"$f":"PROCURA_PRECO_SERVICO","v":"28,76"},36.3,834.9,null,null,null,null,"SERVIÇO",null,null,null,"NIVEL 4","NIVEL 4","NIVEL 4","NIVEL 4",{"$f":"COUNTIF($R$2:$R874,\"NIVEL 1\")","v":15},2,3,3,{"$f":"ADDRESS(MATCH(COUNTIF($R$2:$R874,\"NIVEL 1\"),V:V,0),COLUMN(S874))","v":"$S$820"},{"$f":"ADDRESS(MATCH(COUNTIF($R$2:$R874,\"NIVEL 1\"),V:V,0),COLUMN(W874))","v":"$W$820"},{"$f":"ADDRESS((MATCH(COUNTIF(INDIRECT(Z874):$S874,\"NIVEL 2\"),INDIRECT(AA874):W874,0)+(MATCH(COUNTIF($R$2:$R874,\"NIVEL 1\"),V:V,0)-1)),COLUMN(T874))","v":"$T$845"},null,null,null,null,null,null,null,null,null,null,null,null,null,null,null,null,null,null,null,null,null,null,null,null,null,null,{"$f":"PROCURA_PRECO_SERVICO","v":"28,76"}]
[{"$f":"V875&\".\"&W875&\".\"&X875&\".\"&Y875","v":"15.2.3.4"},"SINAPI","89726",{"$f":"PROCURA_DESCRICAO_SERVICO","v":"JOELHO 45 GRAUS, PVC, SERIE NORMAL, ESGOTO PREDIAL, DN 40 MM, JUNTA SOLDÁVEL, FORNECIDO E INSTALADO EM RAMAL DE DESCARGA OU RAMAL DE ESGOTO SANITÁRIO. AF_08/2022"},{"$f":"PROCURA_UNIDADE_SERVICO","v":"UN"},10,{"$f":"PROCURA_PRECO_SERVICO","v":"10,40"},{"$f":"CUSTO_BDI_SERVICO","v":13.12},{"$f":"CUSTO_TOTAL_SERVICO","v":131.2},null,null,null,null,"SERVIÇO",null,null,null,"NIVEL 4","NIVEL 4","NIVEL 4","NIVEL 4",{"$f":"COUNTIF($R$2:$R875,\"NIVEL 1\")","v":15},2,3,4,{"$f":"ADDRESS(MATCH(COUNTIF($R$2:$R875,\"NIVEL 1\"),V:V,0),COLUMN(S875))","v":"$S$820"},{"$f":"ADDRESS(MATCH(COUNTIF($R$2:$R875,\"NIVEL 1\"),V:V,0),COLUMN(W875))","v":"$W$820"},{"$f":"ADDRESS((MATCH(COUNTIF(INDIRECT(Z875):$S875,\"NIVEL 2\"),INDIRECT(AA875):W875,0)+(MATCH(COUNTIF($R$2:$R875,\"NIVEL 1\"),V:V,0)-1)),COLUMN(T875))","v":"$T$845"},null,null,null,null,null,null,null,null,null,null,null,null,null,null,null,null,null,null,null,null,null,null,null,null,null,null,{"$f":"PROCURA_PRECO_SERVICO","v":"10,40"}]
["15.2.3.5","SINAPI","89732",{"$f":"PROCURA_DESCRICAO_SERVICO","v":"JOELHO 45 GRAUS, PVC, SERIE NORMAL, ESGOTO PREDIAL, DN 50 MM, JUNTA ELÁSTICA, FORNECIDO E INSTALADO EM RAMAL DE DESCARGA OU RAMAL DE ESGOTO SANITÁRIO. AF_08/2022"},{"$f":"PROCURA_UNIDADE_SERVICO","v":"UN"},9,{"$f":"PROCURA_PRECO_SERVICO","v":"15,65"},19.75,177.75,null,null,null,null,"SERVIÇO",null,null,null,"NIVEL 4","NIVEL 4","NIVEL 4","NIVEL 4",{"$f":"COUNTIF($R$2:$R876,\"NIVEL 1\")","v":15},2,3,5,{"$f":"ADDRESS(MATCH(COUNTIF($R$2:$R876,\"NIVEL 1\"),V:V,0),COLUMN(S876))","v":"$S$820"},{"$f":"ADDRESS(MATCH(COUNTIF($R$2:$R876,\"NIVEL 1\"),V:V,0),COLUMN(W876))","v":"$W$820"},{"$f":"ADDRESS((MATCH(COUNTIF(INDIRECT(Z876):$S876,\"NIVEL 2\"),INDIRECT(AA876):W876,0)+(MATCH(COUNTIF($R$2:$R876,\"NIVEL 1\"),V:V,0)-1)),COLUMN(T876))","v":"$T$845"},null,null,null,null,null,null,null,null,null,null,null,null,null,null,null,null,null,null,null,null,null,null,null,null,null,null,{"$f":"PROCURA_PRECO_SERVICO","v":"15,65"}]
["15.2.3.6","SINAPI","89739",{"$f":"PROCURA_DESCRICAO_SERVICO","v":"JOELHO 45 GRAUS, PVC, SERIE NORMAL, ESGOTO PREDIAL, DN 75 MM, JUNTA ELÁSTICA, FORNECIDO E INSTALADO EM RAMAL DE DESCARGA OU RAMAL DE ESGOTO SANITÁRIO. AF_08/2022"},{"$f":"PROCURA_UNIDADE_SERVICO","v":"UN"},2,{"$f":"PROCURA_PRECO_SERVICO","v":"24,04"},30.34,60.68,null,null,null,null,"SERVIÇO",null,null,null,"NIVEL 4","NIVEL 4","NIVEL 4","NIVEL 4",{"$f":"COUNTIF($R$2:$R877,\"NIVEL 1\")","v":15},2,3,6,{"$f":"ADDRESS(MATCH(COUNTIF($R$2:$R877,\"NIVEL 1\"),V:V,0),COLUMN(S877))","v":"$S$820"},{"$f":"ADDRESS(MATCH(COUNTIF($R$2:$R877,\"NIVEL 1\"),V:V,0),COLUMN(W877))","v":"$W$820"},{"$f":"ADDRESS((MATCH(COUNTIF(INDIRECT(Z877):$S877,\"NIVEL 2\"),INDIRECT(AA877):W877,0)+(MATCH(COUNTIF($R$2:$R877,\"NIVEL 1\"),V:V,0)-1)),COLUMN(T877))","v":"$T$845"},null,null,null,null,null,null,null,null,null,null,null,null,null,null,null,null,null,null,null,null,null,null,null,null,null,null,{"$f":"PROCURA_PRECO_SERVICO","v":"24,04"}]
["15.2.3.7","SINAPI","89744",{"$f":"PROCURA_DESCRICAO_SERVICO","v":"JOELHO 90 GRAUS, PVC, SERIE NORMAL, ESGOTO PREDIAL, DN 100 MM, JUNTA ELÁSTICA, FORNECIDO E INSTALADO EM RAMAL DE DESCARGA OU RAMAL DE ESGOTO SANITÁRIO. AF_08/2022"},{"$f":"PROCURA_UNIDADE_SERVICO","v":"UN"},20,{"$f":"PROCURA_PRECO_SERVICO","v":"27,78"},35.06,701.2,null,null,null,null,"SERVIÇO",null,null,null,"NIVEL 4","NIVEL 4","NIVEL 4","NIVEL 4",{"$f":"COUNTIF($R$2:$R878,\"NIVEL 1\")","v":15},2,3,7,{"$f":"ADDRESS(MATCH(COUNTIF($R$2:$R878,\"NIVEL 1\"),V:V,0),COLUMN(S878))","v":"$S$820"},{"$f":"ADDRESS(MATCH(COUNTIF($R$2:$R878,\"NIVEL 1\"),V:V,0),COLUMN(W878))","v":"$W$820"},{"$f":"ADDRESS((MATCH(COUNTIF(INDIRECT(Z878):$S878,\"NIVEL 2\"),INDIRECT(AA878):W878,0)+(MATCH(COUNTIF($R$2:$R878,\"NIVEL 1\"),V:V,0)-1)),COLUMN(T878))","v":"$T$845"},null,null,null,null,null,null,null,null,null,null,null,null,null,null,null,null,null,null,null,null,null,null,null,null,null,null,{"$f":"PROCURA_PRECO_SERVICO","v":"27,78"}]
["15.2.3.8","SINAPI","89724",{"$f":"PROCURA_DESCRICAO_SERVICO","v":"JOELHO 90 GRAUS, PVC, SERIE NORMAL, ESGOTO PREDIAL, DN 40 MM, JUNTA SOLDÁVEL, FORNECIDO E INSTALADO EM RAMAL DE DESCARGA OU RAMAL DE ESGOTO SANITÁRIO. AF_08/2022"},{"$f":"PROCURA_UNIDADE_SERVICO","v":"UN"},2,{"$f":"PROCURA_PRECO_SERVICO","v":"10,13"},12.78,25.56,null,null,null,null,"SERVIÇO",null,null,null,"NIVEL 4","NIVEL 4","NIVEL 4","NIVEL 4",{"$f":"COUNTIF($R$2:$R879,\"NIVEL 1\")","v":15},2,3,{"$f":"IF(U879=\"NIVEL 4\",OFFSET(Y879,-1,0)+1,0)","v":8},{"$f":"ADDRESS(MATCH(COUNTIF($R$2:$R879,\"NIVEL 1\"),V:V,0),COLUMN(S879))","v":"$S$820"},{"$f":"ADDRESS(MATCH(COUNTIF($R$2:$R879,\"NIVEL 1\"),V:V,0),COLUMN(W879))","v":"$W$820"},{"$f":"ADDRESS((MATCH(COUNTIF(INDIRECT(Z879):$S879,\"NIVEL 2\"),INDIRECT(AA879):W879,0)+(MATCH(COUNTIF($R$2:$R879,\"NIVEL 1\"),V:V,0)-1)),COLUMN(T879))","v":"$T$845"},null,null,null,null,null,null,null,null,null,null,null,null,null,null,null,null,null,null,null,null,null,null,null,null,null,null,{"$f":"PROCURA_PRECO_SERVICO","v":"10,13"}]
["15.2.3.9","SINAPI","89731",{"$f":"PROCURA_DESCRICAO_SERVICO","v":"JOELHO 90 GRAUS, PVC, SERIE NORMAL, ESGOTO PREDIAL, DN 50 MM, JUNTA ELÁSTICA, FORNECIDO E INSTALADO EM RAMAL DE DESCARGA OU RAMAL DE ESGOTO SANITÁRIO. AF_08/2022"},{"$f":"PROCURA_UNIDADE_SERVICO","v":"UN"},4,{"$f":"PROCURA_PRECO_SERVICO","v":"14,79"},18.67,74.68,null,null,null,null,"SERVIÇO",null,null,null,"NIVEL 4","NIVEL 4","NIVEL 4","NIVEL 4",{"$f":"COUNTIF($R$2:$R880,\"NIVEL 1\")","v":15},2,3,9,{"$f":"ADDRESS(MATCH(COUNTIF($R$2:$R880,\"NIVEL 1\"),V:V,0),COLUMN(S880))","v":"$S$820"},{"$f":"ADDRESS(MATCH(COUNTIF($R$2:$R880,\"NIVEL 1\"),V:V,0),COLUMN(W880))","v":"$W$820"},{"$f":"ADDRESS((MATCH(COUNTIF(INDIRECT(Z880):$S880,\"NIVEL 2\"),INDIRECT(AA880):W880,0)+(MATCH(COUNTIF($R$2:$R880,\"NIVEL 1\"),V:V,0)-1)),COLUMN(T880))","v":"$T$845"},null,null,null,null,null,null,null,null,null,null,null,null,null,null,null,null,null,null,null,null,null,null,null,null,null,null,{"$f":"PROCURA_PRECO_SERVICO","v":"14,79"}]
["15.2.3.10","COMPOSIÇÃO","JMV-CRAS-013",{"$f":"PROCURA_DESCRICAO_SERVICO","v":"JOELHO DE 90°COM BOLSA PARA ANEL, EM PVC RÍGIDO C/ ANÉIS, PARA ESGOTO SECUNDÁRIO, DIÂM = 40MM - BASEADA DA ORSE (1672)"},{"$f":"PROCURA_UNIDADE_SERVICO","v":"UN"},9,{"$f":"PROCURA_PRECO_SERVICO","v":17.71},22.35,201.15,null,null,null,null,"SERVIÇO",null,null,null,"NIVEL 4","NIVEL 4","NIVEL 4","NIVEL 4",{"$f":"COUNTIF($R$2:$R881,\"NIVEL 1\")","v":15},2,3,10,{"$f":"ADDRESS(MATCH(COUNTIF($R$2:$R881,\"NIVEL 1\"),V:V,0),COLUMN(S881))","v":"$S$820"},{"$f":"ADDRESS(MATCH(COUNTIF($R$2:$R881,\"NIVEL 1\"),V:V,0),COLUMN(W881))","v":"$W$820"},{"$f":"ADDRESS((MATCH(COUNTIF(INDIRECT(Z881):$S881,\"NIVEL 2\"),INDIRECT(AA881):W881,0)+(MATCH(COUNTIF($R$2:$R881,\"NIVEL 1\"),V:V,0)-1)),COLUMN(T881))","v":"$T$845"},null,null,null,null,null,null,null,null,null,null,null,null,null,null,null,null,null,null,null,null,null,null,null,null,null,null,{"$f":"PROCURA_PRECO_SERVICO","v":17.71}]
["15.2.3.11","COMPOSIÇÃO","JMV-CRAS-016",{"$f":"PROCURA_DESCRICAO_SERVICO","v":"JUNÇÃO SIMPLES EM PVC RÍGIDO SOLDÁVEL, PARA ESGOTO PRIMÁRIO, DIÂM = 100 X 50MM - BASEADA DA ORSE (1562)"},{"$f":"PROCURA_UNIDADE_SERVICO","v":"UN"},12,{"$f":"PROCURA_PRECO_SERVICO","v":52.6},66.4,796.8,null,null,null,null,"SERVIÇO",null,null,null,"NIVEL 4","NIVEL 4","NIVEL 4","NIVEL 4",{"$f":"COUNTIF($R$2:$R882,\"NIVEL 1\")","v":15},2,3,11,{"$f":"ADDRESS(MATCH(COUNTIF($R$2:$R882,\"NIVEL 1\"),V:V,0),COLUMN(S882))","v":"$S$820"},{"$f":"ADDRESS(MATCH(COUNTIF($R$2:$R882,\"NIVEL 1\"),V:V,0),COLUMN(W882))","v":"$W$820"},{"$f":"ADDRESS((MATCH(COUNTIF(INDIRECT(Z882):$S882,\"NIVEL 2\"),INDIRECT(AA882):W882,0)+(MATCH(COUNTIF($R$2:$R882,\"NIVEL 1\"),V:V,0)-1)),COLUMN(T882))","v":"$T$845"},null,null,null,null,null,null,null,null,null,null,null,null,null,null,null,null,null,null,null,null,null,null,null,null,null,null,{"$f":"PROCURA_PRECO_SERVICO","v":52.6}]
[{"$f":"V883&\".\"&W883&\".\"&X883&\".\"&Y883","v":"15.2.3.12"},"COMPOSIÇÃO","JMV-CRAS-018",{"$f":"PROCURA_DESCRICAO_SERVICO","v":"JUNÇÃO SIMPLES EM PVC RÍGIDO SOLDÁVEL, PARA ESGOTO PRIMÁRIO, DIÂM = 100 X 75MM - BASEADA DA ORSE (1563)"},{"$f":"PROCURA_UNIDADE_SERVICO","v":"UN"},1,{"$f":"PROCURA_PRECO_SERVICO","v":62.15},{"$f":"CUSTO_BDI_SERVICO","v":78.45},{"$f":"CUSTO_TOTAL_SERVICO","v":78.45},null,null,null,null,"SERVIÇO",null,null,null,"NIVEL 4","NIVEL 4","NIVEL 4","NIVEL 4",{"$f":"COUNTIF($R$2:$R883,\"NIVEL 1\")","v":15},2,3,{"$f":"IF(U883=\"NIVEL 4\",OFFSET(Y883,-1,0)+1,0)","v":12},{"$f":"ADDRESS(MATCH(COUNTIF($R$2:$R883,\"NIVEL 1\"),V:V,0),COLUMN(S883))","v":"$S$820"},{"$f":"ADDRESS(MATCH(COUNTIF($R$2:$R883,\"NIVEL 1\"),V:V,0),COLUMN(W883))","v":"$W$820"},{"$f":"ADDRESS((MATCH(COUNTIF(INDIRECT(Z883):$S883,\"NIVEL 2\"),INDIRECT(AA883):W883,0)+(MATCH(COUNTIF($R$2:$R883,\"NIVEL 1\"),V:V,0)-1)),COLUMN(T883))","v":"$T$845"},null,null,null,null,null,null,null,null,null,null,null,null,null,null,null,null,null,null,null,null,null,null,null,null,null,null,{"$f":"PROCURA_PRECO_SERVICO","v":62.15}]
["15.2.3.13","SINAPI","89785",{"$f":"PROCURA_DESCRICAO_SERVICO","v":"JUNÇÃO SIMPLES, PVC, SERIE NORMAL, ESGOTO PREDIAL, DN 50 X 50 MM, JUNTA ELÁSTICA, FORNECIDO E INSTALADO EM RAMAL DE DESCARGA OU RAMAL DE ESGOTO SANITÁRIO. AF_08/2022"},{"$f":"PROCURA_UNIDADE_SERVICO","v":"UN"},1,{"$f":"PROCURA_PRECO_SERVICO","v":"27,31"},34.47,34.47,null,null,null,null,"SERVIÇO",null,null,null,"NIVEL 4","NIVEL 4","NIVEL 4","NIVEL 4",{"$f":"COUNTIF($R$2:$R884,\"NIVEL 1\")","v":15},2,3,13,{"$f":"ADDRESS(MATCH(COUNTIF($R$2:$R884,\"NIVEL 1\"),V:V,0),COLUMN(S884))","v":"$S$820"},{"$f":"ADDRESS(MATCH(COUNTIF($R$2:$R884,\"NIVEL 1\"),V:V,0),COLUMN(W884))","v":"$W$820"},{"$f":"ADDRESS((MATCH(COUNTIF(INDIRECT(Z884):$S884,\"NIVEL 2\"),INDIRECT(AA884):W884,0)+(MATCH(COUNTIF($R$2:$R884,\"NIVEL 1\"),V:V,0)-1)),COLUMN(T884))","v":"$T$845"},null,null,null,null,null,null,null,null,null,null,null,null,null,null,null,null,null,null,null,null,null,null,null,null,null,null,{"$f":"PROCURA_PRECO_SERVICO","v":"27,31"}]
["15.2.3.14","SINAPI","89797",{"$f":"PROCURA_DESCRICAO_SERVICO","v":"JUNÇÃO SIMPLES, PVC, SERIE NORMAL, ESGOTO PREDIAL, DN 100 X 100 MM, JUNTA ELÁSTICA, FORNECIDO E INSTALADO EM RAMAL DE DESCARGA OU RAMAL DE ESGOTO SANITÁRIO. AF_08/2022"},{"$f":"PROCURA_UNIDADE_SERVICO","v":"UN"},6,{"$f":"PROCURA_PRECO_SERVICO","v":"53,76"},67.86,407.16,null,null,null,null,"SERVIÇO",null,null,null,"NIVEL 4","NIVEL 4","NIVEL 4","NIVEL 4",{"$f":"COUNTIF($R$2:$R885,\"NIVEL 1\")","v":15},2,3,14,{"$f":"ADDRESS(MATCH(COUNTIF($R$2:$R885,\"NIVEL 1\"),V:V,0),COLUMN(S885))","v":"$S$820"},{"$f":"ADDRESS(MATCH(COUNTIF($R$2:$R885,\"NIVEL 1\"),V:V,0),COLUMN(W885))","v":"$W$820"},{"$f":"ADDRESS((MATCH(COUNTIF(INDIRECT(Z885):$S885,\"NIVEL 2\"),INDIRECT(AA885):W885,0)+(MATCH(COUNTIF($R$2:$R885,\"NIVEL 1\"),V:V,0)-1)),COLUMN(T885))","v":"$T$845"},null,null,null,null,null,null,null,null,null,null,null,null,null,null,null,null,null,null,null,null,null,null,null,null,null,null,{"$f":"PROCURA_PRECO_SERVICO","v":"53,76"}]
["15.2.3.15","SINAPI","89752",{"$f":"PROCURA_DESCRICAO_SERVICO","v":"LUVA SIMPLES, PVC, SERIE NORMAL, ESGOTO PREDIAL, DN 40 MM, JUNTA SOLDÁVEL, FORNECIDO E INSTALADO EM RAMAL DE DESCARGA OU RAMAL DE ESGOTO SANITÁRIO. AF_08/2022"},{"$f":"PROCURA_UNIDADE_SERVICO","v":"UN"},22,{"$f":"PROCURA_PRECO_SERVICO","v":"7,48"},9.44,207.68,null,null,null,null,"SERVIÇO",null,null,null,"NIVEL 4","NIVEL 4","NIVEL 4","NIVEL 4",{"$f":"COUNTIF($R$2:$R886,\"NIVEL 1\")","v":15},2,3,15,{"$f":"ADDRESS(MATCH(COUNTIF($R$2:$R886,\"NIVEL 1\"),V:V,0),COLUMN(S886))","v":"$S$820"},{"$f":"ADDRESS(MATCH(COUNTIF($R$2:$R886,\"NIVEL 1\"),V:V,0),COLUMN(W886))","v":"$W$820"},{"$f":"ADDRESS((MATCH(COUNTIF(INDIRECT(Z886):$S886,\"NIVEL 2\"),INDIRECT(AA886):W886,0)+(MATCH(COUNTIF($R$2:$R886,\"NIVEL 1\"),V:V,0)-1)),COLUMN(T886))","v":"$T$845"},null,null,null,null,null,null,null,null,null,null,null,null,null,null,null,null,null,null,null,null,null,null,null,null,null,null,{"$f":"PROCURA_PRECO_SERVICO","v":"7,48"}]
[{"$f":"V887&\".\"&W887&\".\"&X887&\".\"&Y887","v":"15.2.3.16"},"SINAPI","89778",{"$f":"PROCURA_DESCRICAO_SERVICO","v":"LUVA SIMPLES, PVC, SERIE NORMAL, ESGOTO PREDIAL, DN 100 MM, JUNTA ELÁSTICA, FORNECIDO E INSTALADO EM RAMAL DE DESCARGA OU RAMAL DE ESGOTO SANITÁRIO. AF_08/2022"},{"$f":"PROCURA_UNIDADE_SERVICO","v":"UN"},85,{"$f":"PROCURA_PRECO_SERVICO","v":"17,90"},{"$f":"CUSTO_BDI_SERVICO","v":22.59},{"$f":"CUSTO_TOTAL_SERVICO","v":1920.15},null,null,null,null,"SERVIÇO",null,null,null,"NIVEL 4","NIVEL 4","NIVEL 4","NIVEL 4",{"$f":"COUNTIF($R$2:$R887,\"NIVEL 1\")","v":15},2,3,16,{"$f":"ADDRESS(MATCH(COUNTIF($R$2:$R887,\"NIVEL 1\"),V:V,0),COLUMN(S887))","v":"$S$820"},{"$f":"ADDRESS(MATCH(COUNTIF($R$2:$R887,\"NIVEL 1\"),V:V,0),COLUMN(W887))","v":"$W$820"},{"$f":"ADDRESS((MATCH(COUNTIF(INDIRECT(Z887):$S887,\"NIVEL 2\"),INDIRECT(AA887):W887,0)+(MATCH(COUNTIF($R$2:$R887,\"NIVEL 1\"),V:V,0)-1)),COLUMN(T887))","v":"$T$845"},null,null,null,null,null,null,null,null,null,null,null,null,null,null,null,null,null,null,null,null,null,null,null,null,null,null,{"$f":"PROCURA_PRECO_SERVICO","v":"17,90"}]
["15.2.3.17","SINAPI","89753",{"$f":"PROCURA_DESCRICAO_SERVICO","v":"LUVA SIMPLES, PVC, SERIE NORMAL, ESGOTO PREDIAL, DN 50 MM, JUNTA ELÁSTICA, FORNECIDO E INSTALADO EM RAMAL DE DESCARGA OU RAMAL DE ESGOTO SANITÁRIO. AF_08/2022"},{"$f":"PROCURA_UNIDADE_SERVICO","v":"UN"},38,{"$f":"PROCURA_PRECO_SERVICO","v":"9,52"},12.01,456.38,null,null,null,null,"SERVIÇO",null,null,null,"NIVEL 4","NIVEL 4","NIVEL 4","NIVEL 4",{"$f":"COUNTIF($R$2:$R888,\"NIVEL 1\")","v":15},2,3,{"$f":"IF(U888=\"NIVEL 4\",OFFSET(Y888,-1,0)+1,0)","v":17},{"$f":"ADDRESS(MATCH(COUNTIF($R$2:$R888,\"NIVEL 1\"),V:V,0),COLUMN(S888))","v":"$S$820"},{"$f":"ADDRESS(MATCH(COUNTIF($R$2:$R888,\"NIVEL 1\"),V:V,0),COLUMN(W888))","v":"$W$820"},{"$f":"ADDRESS((MATCH(COUNTIF(INDIRECT(Z888):$S888,\"NIVEL 2\"),INDIRECT(AA888):W888,0)+(MATCH(COUNTIF($R$2:$R888,\"NIVEL 1\"),V:V,0)-1)),COLUMN(T888))","v":"$T$845"},null,null,null,null,null,null,null,null,null,null,null,null,null,null,null,null,null,null,null,null,null,null,null,null,null,null,{"$f":"PROCURA_PRECO_SERVICO","v":"9,52"}]
[{"$f":"V889&\".\"&W889&\".\"&X889&\".\"&Y889","v":"15.2.3.18"},"SINAPI","89774",{"$f":"PROCURA_DESCRICAO_SERVICO","v":"LUVA SIMPLES, PVC, SERIE NORMAL, ESGOTO PREDIAL, DN 75 MM, JUNTA ELÁSTICA, FORNECIDO E INSTALADO EM RAMAL DE DESCARGA OU RAMAL DE ESGOTO SANITÁRIO. AF_08/2022"},{"$f":"PROCURA_UNIDADE_SERVICO","v":"UN"},5,{"$f":"PROCURA_PRECO_SERVICO","v":"15,94"},20.12,100.6,null,null,null,null,"SERVIÇO",null,null,null,"NIVEL 4","NIVEL 4","NIVEL 4","NIVEL 4",{"$f":"COUNTIF($R$2:$R889,\"NIVEL 1\")","v":15},2,3,{"$f":"IF(U889=\"NIVEL 4\",OFFSET(Y889,-1,0)+1,0)","v":18},{"$f":"ADDRESS(MATCH(COUNTIF($R$2:$R889,\"NIVEL 1\"),V:V,0),COLUMN(S889))","v":"$S$820"},{"$f":"ADDRESS(MATCH(COUNTIF($R$2:$R889,\"NIVEL 1\"),V:V,0),COLUMN(W889))","v":"$W$820"},{"$f":"ADDRESS((MATCH(COUNTIF(INDIRECT(Z889):$S889,\"NIVEL 2\"),INDIRECT(AA889):W889,0)+(MATCH(COUNTIF($R$2:$R889,\"NIVEL 1\"),V:V,0)-1)),COLUMN(T889))","v":"$T$845"},null,null,null,null,null,null,null,null,null,null,null,null,null,null,null,null,null,null,null,null,null,null,null,null,null,null,{"$f":"PROCURA_PRECO_SERVICO","v":"15,94"}]
[{"$f":"V890&\".\"&W890&\".\"&X890&\".\"&Y890","v":"15.2.3.19"},"COMPOSIÇÃO","JMV-CRAS-019",{"$f":"PROCURA_DESCRICAO_SERVICO","v":"VEDAÇÃO PARA SAÍDA DE VASO SANITÁRIO EM PVC RÍGIDO SOLDÁVEL, PARA ESGOTO PRIMÁRIO, DIÂM = 100MM - BASEADA DA ORSE (1595)"},{"$f":"PROCURA_UNIDADE_SERVICO","v":"UN"},12,{"$f":"PROCURA_PRECO_SERVICO","v":24.89},31.42,377.04,null,null,null,null,"SERVIÇO",null,null,null,"NIVEL 4","NIVEL 4","NIVEL 4","NIVEL 4",{"$f":"COUNTIF($R$2:$R890,\"NIVEL 1\")","v":15},2,3,19,{"$f":"ADDRESS(MATCH(COUNTIF($R$2:$R890,\"NIVEL 1\"),V:V,0),COLUMN(S890))","v":"$S$820"},{"$f":"ADDRESS(MATCH(COUNTIF($R$2:$R890,\"NIVEL 1\"),V:V,0),COLUMN(W890))","v":"$W$820"},{"$f":"ADDRESS((MATCH(COUNTIF(INDIRECT(Z890):$S890,\"NIVEL 2\"),INDIRECT(AA890):W890,0)+(MATCH(COUNTIF($R$2:$R890,\"NIVEL 1\"),V:V,0)-1)),COLUMN(T890))","v":"$T$845"},null,null,null,null,null,null,null,null,null,null,null,null,null,null,null,null,null,null,null,null,null,null,null,null,null,null,{"$f":"PROCURA_PRECO_SERVICO","v":24.89}]
[null,null,null,null,null,null,null,null,null,null,null,null,null,null,null,null,null,null,null,null,null,{"$f":"COUNTIF($R$2:$R891,\"NIVEL 1\")","v":15},2,3,0,{"$f":"ADDRESS(MATCH(COUNTIF($R$2:$R891,\"NIVEL 1\"),V:V,0),COLUMN(S891))","v":"$S$820"},{"$f":"ADDRESS(MATCH(COUNTIF($R$2:$R891,\"NIVEL 1\"),V:V,0),COLUMN(W891))","v":"$W$820"},{"$f":"ADDRESS((MATCH(COUNTIF(INDIRECT(Z891):$S891,\"NIVEL 2\"),INDIRECT(AA891):W891,0)+(MATCH(COUNTIF($R$2:$R891,\"NIVEL 1\"),V:V,0)-1)),COLUMN(T891))","v":"$T$845"},null,null,null,null,null,null,null,null,null,null,null,null,null,null,null,null,null,null,null,null,null,null,null,null,null,null,{"$f":"PROCURA_PRECO_SERVICO","v":0}]
[null,null,null,{"$f":"\"SUBTOTAL DO ITEM - \"&A870","v":"SUBTOTAL DO ITEM - 15.2.3"},null,null,null,null,{"$f":"SUBTOTAL(9,OFFSET(I870,1,0):OFFSET(I892,-1,0))","v":6801.84},null,null,null,null,"SUBSUBITEM_FIM",null,null,null,null,null,null,null,{"$f":"COUNTIF($R$2:$R892,\"NIVEL 1\")","v":15},2,3,0,{"$f":"ADDRESS(MATCH(COUNTIF($R$2:$R892,\"NIVEL 1\"),V:V,0),COLUMN(S892))","v":"$S$820"},{"$f":"ADDRESS(MATCH(COUNTIF($R$2:$R892,\"NIVEL 1\"),V:V,0),COLUMN(W892))","v":"$W$820"},{"$f":"ADDRESS((MATCH(COUNTIF(INDIRECT(Z892):$S892,\"NIVEL 2\"),INDIRECT(AA892):W892,0)+(MATCH(COUNTIF($R$2:$R892,\"NIVEL 1\"),V:V,0)-1)),COLUMN(T892))","v":"$T$845"},null,null,null,null,null,null,null,null,null,null,null,null,null,null,null,null,null,null,null,null,null,null,null,null,null,null,{"$f":"PROCURA_PRECO_SERVICO","v":0}]
[null,null,null,null,null,null,null,null,null,null,null,null,null,null,null,null,null,null,null,null,null,{"$f":"COUNTIF($R$2:$R893,\"NIVEL 1\")","v":15},2,3,0,{"$f":"ADDRESS(MATCH(COUNTIF($R$2:$R893,\"NIVEL 1\"),V:V,0),COLUMN(S893))","v":"$S$820"},{"$f":"ADDRESS(MATCH(COUNTIF($R$2:$R893,\"NIVEL 1\"),V:V,0),COLUMN(W893))","v":"$W$820"},{"$f":"ADDRESS((MATCH(COUNTIF(INDIRECT(Z893):$S893,\"NIVEL 2\"),INDIRECT(AA893):W893,0)+(MATCH(COUNTIF($R$2:$R893,\"NIVEL 1\"),V:V,0)-1)),COLUMN(T893))","v":"$T$845"},null,null,null,null,null,null,null,null,null,null,null,null,null,null,null,null,null,null,null,null,null,null,null,null,null,null,{"$f":"PROCURA_PRECO_SERVICO","v":0}]
[null,null,null,{"$f":"\"SUBTOTAL DO ITEM  - \"&A845","v":"SUBTOTAL DO ITEM  - 15.2"},null,null,null,null,{"$f":"SUBTOTAL(9,OFFSET(I845,1,0):OFFSET(I894,-1,0))","v":15357.48},null,null,null,null,"SUBITEM_FIM",null,null,null,null,null,null,null,{"$f":"COUNTIF($R$2:$R894,\"NIVEL 1\")","v":15},2,3,0,{"$f":"ADDRESS(MATCH(COUNTIF($R$2:$R894,\"NIVEL 1\"),V:V,0),COLUMN(S894))","v":"$S$820"},{"$f":"ADDRESS(MATCH(COUNTIF($R$2:$R894,\"NIVEL 1\"),V:V,0),COLUMN(W894))","v":"$W$820"},{"$f":"ADDRESS((MATCH(COUNTIF(INDIRECT(Z894):$S894,\"NIVEL 2\"),INDIRECT(AA894):W894,0)+(MATCH(COUNTIF($R$2:$R894,\"NIVEL 1\"),V:V,0)-1)),COLUMN(T894))","v":"$T$845"},null,null,null,null,null,null,null,null,null,null,null,null,null,null,null,null,null,null,null,null,null,null,null,null,null,null,{"$f":"PROCURA_PRECO_SERVICO","v":0}]
[null,null,null,null,null,null,null,null,null,null,null,null,null,null,null,null,null,null,null,null,null,{"$f":"COUNTIF($R$2:$R895,\"NIVEL 1\")","v":15},2,3,0,{"$f":"ADDRESS(MATCH(COUNTIF($R$2:$R895,\"NIVEL 1\"),V:V,0),COLUMN(S895))","v":"$S$820"},{"$f":"ADDRESS(MATCH(COUNTIF($R$2:$R895,\"NIVEL 1\"),V:V,0),COLUMN(W895))","v":"$W$820"},{"$f":"ADDRESS((MATCH(COUNTIF(INDIRECT(Z895):$S895,\"NIVEL 2\"),INDIRECT(AA895):W895,0)+(MATCH(COUNTIF($R$2:$R895,\"NIVEL 1\"),V:V,0)-1)),COLUMN(T895))","v":"$T$845"},null,null,null,null,null,null,null,null,null,null,null,null,null,null,null,null,null,null,null,null,null,null,null,null,null,null,{"$f":"PROCURA_PRECO_SERVICO","v":0}]
[{"$f":"V896&\".\"&W896","v":"15.3"},null,null,"ESGOTO ENTERRADO",null,null,null,null,null,null,null,null,null,"SUBITEM_INICIO",null,null,null,"NIVEL 2","NIVEL 2",null,null,{"$f":"COUNTIF($R$2:$R896,\"NIVEL 1\")","v":15},3,0,0,{"$f":"ADDRESS(MATCH(COUNTIF($R$2:$R896,\"NIVEL 1\"),V:V,0),COLUMN(S896))","v":"$S$820"},{"$f":"ADDRESS(MATCH(COUNTIF($R$2:$R896,\"NIVEL 1\"),V:V,0),COLUMN(W896))","v":"$W$820"},{"$f":"ADDRESS((MATCH(COUNTIF(INDIRECT(Z896):$S896,\"NIVEL 2\"),INDIRECT(AA896):W896,0)+(MATCH(COUNTIF($R$2:$R896,\"NIVEL 1\"),V:V,0)-1)),COLUMN(T896))","v":"$T$896"},null,null,null,null,null,null,null,null,null,null,null,null,null,null,null,null,null,null,null,null,null,null,null,null,null,null,{"$f":"PROCURA_PRECO_SERVICO","v":0}]
[null,null,null,null,null,null,null,null,null,null,null,null,null,null,null,null,null,null,null,null,null,{"$f":"COUNTIF($R$2:$R897,\"NIVEL 1\")","v":15},3,0,0,{"$f":"ADDRESS(MATCH(COUNTIF($R$2:$R897,\"NIVEL 1\"),V:V,0),COLUMN(S897))","v":"$S$820"},{"$f":"ADDRESS(MATCH(COUNTIF($R$2:$R897,\"NIVEL 1\"),V:V,0),COLUMN(W897))","v":"$W$820"},{"$f":"ADDRESS((MATCH(COUNTIF(INDIRECT(Z897):$S897,\"NIVEL 2\"),INDIRECT(AA897):W897,0)+(MATCH(COUNTIF($R$2:$R897,\"NIVEL 1\"),V:V,0)-1)),COLUMN(T897))","v":"$T$896"},null,null,null,null,null,null,null,null,null,null,null,null,null,null,null,null,null,null,null,null,null,null,null,null,null,null,{"$f":"PROCURA_PRECO_SERVICO","v":0}]
[{"$f":"V898&\".\"&W898&\".\"&X898","v":"15.3.1"},null,null,"PVC ESGOTO",null,null,null,null,null,null,null,null,null,"SUBSUBITEM_INICIO",null,null,null,"NIVEL 3","NIVEL 3","NIVEL 3",null,{"$f":"COUNTIF($R$2:$R898,\"NIVEL 1\")","v":15},3,1,0,{"$f":"ADDRESS(MATCH(COUNTIF($R$2:$R898,\"NIVEL 1\"),V:V,0),COLUMN(S898))","v":"$S$820"},{"$f":"ADDRESS(MATCH(COUNTIF($R$2:$R898,\"NIVEL 1\"),V:V,0),COLUMN(W898))","v":"$W$820"},{"$f":"ADDRESS((MATCH(COUNTIF(INDIRECT(Z898):$S898,\"NIVEL 2\"),INDIRECT(AA898):W898,0)+(MATCH(COUNTIF($R$2:$R898,\"NIVEL 1\"),V:V,0)-1)),COLUMN(T898))","v":"$T$896"},null,null,null,null,null,null,null,null,null,null,null,null,null,null,null,null,null,null,null,null,null,null,null,null,null,null,{"$f":"PROCURA_PRECO_SERVICO","v":0}]
[null,null,null,null,null,null,null,null,null,null,null,null,null,null,null,null,null,null,null,null,null,{"$f":"COUNTIF($R$2:$R899,\"NIVEL 1\")","v":15},3,1,0,{"$f":"ADDRESS(MATCH(COUNTIF($R$2:$R899,\"NIVEL 1\"),V:V,0),COLUMN(S899))","v":"$S$820"},{"$f":"ADDRESS(MATCH(COUNTIF($R$2:$R899,\"NIVEL 1\"),V:V,0),COLUMN(W899))","v":"$W$820"},{"$f":"ADDRESS((MATCH(COUNTIF(INDIRECT(Z899):$S899,\"NIVEL 2\"),INDIRECT(AA899):W899,0)+(MATCH(COUNTIF($R$2:$R899,\"NIVEL 1\"),V:V,0)-1)),COLUMN(T899))","v":"$T$896"},null,null,null,null,null,null,null,null,null,null,null,null,null,null,null,null,null,null,null,null,null,null,null,null,null,null,{"$f":"PROCURA_PRECO_SERVICO","v":0}]
[{"$f":"V900&\".\"&W900&\".\"&X900&\".\"&Y900","v":"15.3.1.1"},"SINAPI","89714",{"$f":"PROCURA_DESCRICAO_SERVICO","v":"TUBO PVC, SERIE NORMAL, ESGOTO PREDIAL, DN 100 MM, FORNECIDO E INSTALADO EM RAMAL DE DESCARGA OU RAMAL DE ESGOTO SANITÁRIO. AF_08/2022"},{"$f":"PROCURA_UNIDADE_SERVICO","v":"M"},142.7,{"$f":"PROCURA_PRECO_SERVICO","v":"39,94"},{"$f":"CUSTO_BDI_SERVICO","v":50.42},{"$f":"CUSTO_TOTAL_SERVICO","v":7194.93},null,null,null,null,"SERVIÇO",null,null,null,"NIVEL 4","NIVEL 4","NIVEL 4","NIVEL 4",{"$f":"COUNTIF($R$2:$R900,\"NIVEL 1\")","v":15},3,1,{"$f":"IF(U900=\"NIVEL 4\",OFFSET(Y900,-1,0)+1,0)","v":1},{"$f":"ADDRESS(MATCH(COUNTIF($R$2:$R900,\"NIVEL 1\"),V:V,0),COLUMN(S900))","v":"$S$820"},{"$f":"ADDRESS(MATCH(COUNTIF($R$2:$R900,\"NIVEL 1\"),V:V,0),COLUMN(W900))","v":"$W$820"},{"$f":"ADDRESS((MATCH(COUNTIF(INDIRECT(Z900):$S900,\"NIVEL 2\"),INDIRECT(AA900):W900,0)+(MATCH(COUNTIF($R$2:$R900,\"NIVEL 1\"),V:V,0)-1)),COLUMN(T900))","v":"$T$896"},null,null,null,null,null,null,null,null,null,null,null,null,null,null,null,null,null,null,null,null,null,null,null,null,null,null,{"$f":"PROCURA_PRECO_SERVICO","v":"39,94"}]
[{"$f":"V901&\".\"&W901&\".\"&X901&\".\"&Y901","v":"15.3.1.2"},"SINAPI","89711",{"$f":"PROCURA_DESCRICAO_SERVICO","v":"TUBO PVC, SERIE NORMAL, ESGOTO PREDIAL, DN 40 MM, FORNECIDO E INSTALADO EM RAMAL DE DESCARGA OU RAMAL DE ESGOTO SANITÁRIO. AF_08/2022"},{"$f":"PROCURA_UNIDADE_SERVICO","v":"M"},15.8,{"$f":"PROCURA_PRECO_SERVICO","v":"22,20"},{"$f":"CUSTO_BDI_SERVICO","v":28.02},{"$f":"CUSTO_TOTAL_SERVICO","v":442.71},null,null,null,null,"SERVIÇO",null,null,null,"NIVEL 4","NIVEL 4","NIVEL 4","NIVEL 4",{"$f":"COUNTIF($R$2:$R901,\"NIVEL 1\")","v":15},3,1,2,{"$f":"ADDRESS(MATCH(COUNTIF($R$2:$R901,\"NIVEL 1\"),V:V,0),COLUMN(S901))","v":"$S$820"},{"$f":"ADDRESS(MATCH(COUNTIF($R$2:$R901,\"NIVEL 1\"),V:V,0),COLUMN(W901))","v":"$W$820"},{"$f":"ADDRESS((MATCH(COUNTIF(INDIRECT(Z901):$S901,\"NIVEL 2\"),INDIRECT(AA901):W901,0)+(MATCH(COUNTIF($R$2:$R901,\"NIVEL 1\"),V:V,0)-1)),COLUMN(T901))","v":"$T$896"},null,null,null,null,null,null,null,null,null,null,null,null,null,null,null,null,null,null,null,null,null,null,null,null,null,null,{"$f":"PROCURA_PRECO_SERVICO","v":"22,20"}]
[{"$f":"V902&\".\"&W902&\".\"&X902&\".\"&Y902","v":"15.3.1.3"},"SINAPI","89712",{"$f":"PROCURA_DESCRICAO_SERVICO","v":"TUBO PVC, SERIE NORMAL, ESGOTO PREDIAL, DN 50 MM, FORNECIDO E INSTALADO EM RAMAL DE DESCARGA OU RAMAL DE ESGOTO SANITÁRIO. AF_08/2022"},{"$f":"PROCURA_UNIDADE_SERVICO","v":"M"},12,{"$f":"PROCURA_PRECO_SERVICO","v":"28,70"},{"$f":"CUSTO_BDI_SERVICO","v":36.23},{"$f":"CUSTO_TOTAL_SERVICO","v":434.76},null,null,null,null,"SERVIÇO",null,null,null,"NIVEL 4","NIVEL 4","NIVEL 4","NIVEL 4",{"$f":"COUNTIF($R$2:$R902,\"NIVEL 1\")","v":15},3,1,{"$f":"IF(U902=\"NIVEL 4\",OFFSET(Y902,-1,0)+1,0)","v":3},{"$f":"ADDRESS(MATCH(COUNTIF($R$2:$R902,\"NIVEL 1\"),V:V,0),COLUMN(S902))","v":"$S$820"},{"$f":"ADDRESS(MATCH(COUNTIF($R$2:$R902,\"NIVEL 1\"),V:V,0),COLUMN(W902))","v":"$W$820"},{"$f":"ADDRESS((MATCH(COUNTIF(INDIRECT(Z902):$S902,\"NIVEL 2\"),INDIRECT(AA902):W902,0)+(MATCH(COUNTIF($R$2:$R902,\"NIVEL 1\"),V:V,0)-1)),COLUMN(T902))","v":"$T$896"},null,null,null,null,null,null,null,null,null,null,null,null,null,null,null,null,null,null,null,null,null,null,null,null,null,null,{"$f":"PROCURA_PRECO_SERVICO","v":"28,70"}]
[{"$f":"V903&\".\"&W903&\".\"&X903&\".\"&Y903","v":"15.3.1.4"},"SINAPI","89713",{"$f":"PROCURA_DESCRICAO_SERVICO","v":"TUBO PVC, SERIE NORMAL, ESGOTO PREDIAL, DN 75 MM, FORNECIDO E INSTALADO EM RAMAL DE DESCARGA OU RAMAL DE ESGOTO SANITÁRIO. AF_08/2022"},{"$f":"PROCURA_UNIDADE_SERVICO","v":"M"},1.35,{"$f":"PROCURA_PRECO_SERVICO","v":"35,91"},{"$f":"CUSTO_BDI_SERVICO","v":45.33},{"$f":"CUSTO_TOTAL_SERVICO","v":61.19},null,null,null,null,"SERVIÇO",null,null,null,"NIVEL 4","NIVEL 4","NIVEL 4","NIVEL 4",{"$f":"COUNTIF($R$2:$R903,\"NIVEL 1\")","v":15},3,1,4,{"$f":"ADDRESS(MATCH(COUNTIF($R$2:$R903,\"NIVEL 1\"),V:V,0),COLUMN(S903))","v":"$S$820"},{"$f":"ADDRESS(MATCH(COUNTIF($R$2:$R903,\"NIVEL 1\"),V:V,0),COLUMN(W903))","v":"$W$820"},{"$f":"ADDRESS((MATCH(COUNTIF(INDIRECT(Z903):$S903,\"NIVEL 2\"),INDIRECT(AA903):W903,0)+(MATCH(COUNTIF($R$2:$R903,\"NIVEL 1\"),V:V,0)-1)),COLUMN(T903))","v":"$T$896"},null,null,null,null,null,null,null,null,null,null,null,null,null,null,null,null,null,null,null,null,null,null,null,null,null,null,{"$f":"PROCURA_PRECO_SERVICO","v":"35,91"}]
[null,null,null,null,null,null,null,null,null,null,null,null,null,null,null,null,null,null,null,null,null,{"$f":"COUNTIF($R$2:$R904,\"NIVEL 1\")","v":15},{"$f":"IFERROR(COUNTIF(INDIRECT(Z904):S904,\"NIVEL 2\"),0)","v":3},{"$f":"COUNTIF(INDIRECT(AB904):T904,\"NIVEL 3\")","v":1},0,{"$f":"ADDRESS(MATCH(COUNTIF($R$2:$R904,\"NIVEL 1\"),V:V,0),COLUMN(S904))","v":"$S$820"},{"$f":"ADDRESS(MATCH(COUNTIF($R$2:$R904,\"NIVEL 1\"),V:V,0),COLUMN(W904))","v":"$W$820"},{"$f":"ADDRESS((MATCH(COUNTIF(INDIRECT(Z904):$S904,\"NIVEL 2\"),INDIRECT(AA904):W904,0)+(MATCH(COUNTIF($R$2:$R904,\"NIVEL 1\"),V:V,0)-1)),COLUMN(T904))","v":"$T$896"},null,null,null,null,null,null,null,null,null,null,null,null,null,null,null,null,null,null,null,null,null,null,null,null,null,null,{"$f":"PROCURA_PRECO_SERVICO","v":0}]
[null,null,null,{"$f":"\"SUBTOTAL DO ITEM - \"&A898","v":"SUBTOTAL DO ITEM - 15.3.1"},null,null,null,null,{"$f":"SUBTOTAL(9,OFFSET(I898,1,0):OFFSET(I905,-1,0))","v":8133.59},null,null,null,null,"SUBSUBITEM_FIM",null,null,null,null,null,null,null,{"$f":"COUNTIF($R$2:$R905,\"NIVEL 1\")","v":15},3,1,0,{"$f":"ADDRESS(MATCH(COUNTIF($R$2:$R905,\"NIVEL 1\"),V:V,0),COLUMN(S905))","v":"$S$820"},{"$f":"ADDRESS(MATCH(COUNTIF($R$2:$R905,\"NIVEL 1\"),V:V,0),COLUMN(W905))","v":"$W$820"},{"$f":"ADDRESS((MATCH(COUNTIF(INDIRECT(Z905):$S905,\"NIVEL 2\"),INDIRECT(AA905):W905,0)+(MATCH(COUNTIF($R$2:$R905,\"NIVEL 1\"),V:V,0)-1)),COLUMN(T905))","v":"$T$896"},null,null,null,null,null,null,null,null,null,null,null,null,null,null,null,null,null,null,null,null,null,null,null,null,null,null,{"$f":"PROCURA_PRECO_SERVICO","v":0}]
[null,null,null,null,null,null,null,null,null,null,null,null,null,null,null,null,null,null,null,null,null,{"$f":"COUNTIF($R$2:$R906,\"NIVEL 1\")","v":15},3,1,0,{"$f":"ADDRESS(MATCH(COUNTIF($R$2:$R906,\"NIVEL 1\"),V:V,0),COLUMN(S906))","v":"$S$820"},{"$f":"ADDRESS(MATCH(COUNTIF($R$2:$R906,\"NIVEL 1\"),V:V,0),COLUMN(W906))","v":"$W$820"},{"$f":"ADDRESS((MATCH(COUNTIF(INDIRECT(Z906):$S906,\"NIVEL 2\"),INDIRECT(AA906):W906,0)+(MATCH(COUNTIF($R$2:$R906,\"NIVEL 1\"),V:V,0)-1)),COLUMN(T906))","v":"$T$896"},null,null,null,null,null,null,null,null,null,null,null,null,null,null,null,null,null,null,null,null,null,null,null,null,null,null,{"$f":"PROCURA_PRECO_SERVICO","v":0}]
[null,null,null,{"$f":"\"SUBTOTAL DO ITEM  - \"&A896","v":"SUBTOTAL DO ITEM  - 15.3"},null,null,null,null,{"$f":"SUBTOTAL(9,OFFSET(I896,1,0):OFFSET(I907,-1,0))","v":8133.59},null,null,null,null,"SUBITEM_FIM",null,null,null,null,null,null,null,{"$f":"COUNTIF($R$2:$R907,\"NIVEL 1\")","v":15},3,1,0,{"$f":"ADDRESS(MATCH(COUNTIF($R$2:$R907,\"NIVEL 1\"),V:V,0),COLUMN(S907))","v":"$S$820"},{"$f":"ADDRESS(MATCH(COUNTIF($R$2:$R907,\"NIVEL 1\"),V:V,0),COLUMN(W907))","v":"$W$820"},{"$f":"ADDRESS((MATCH(COUNTIF(INDIRECT(Z907):$S907,\"NIVEL 2\"),INDIRECT(AA907):W907,0)+(MATCH(COUNTIF($R$2:$R907,\"NIVEL 1\"),V:V,0)-1)),COLUMN(T907))","v":"$T$896"},null,null,null,null,null,null,null,null,null,null,null,null,null,null,null,null,null,null,null,null,null,null,null,null,null,null,{"$f":"PROCURA_PRECO_SERVICO","v":0}]
[null,null,null,null,null,null,null,null,null,null,null,null,null,null,null,null,null,null,null,null,null,{"$f":"COUNTIF($R$2:$R908,\"NIVEL 1\")","v":15},3,1,0,{"$f":"ADDRESS(MATCH(COUNTIF($R$2:$R908,\"NIVEL 1\"),V:V,0),COLUMN(S908))","v":"$S$820"},{"$f":"ADDRESS(MATCH(COUNTIF($R$2:$R908,\"NIVEL 1\"),V:V,0),COLUMN(W908))","v":"$W$820"},{"$f":"ADDRESS((MATCH(COUNTIF(INDIRECT(Z908):$S908,\"NIVEL 2\"),INDIRECT(AA908):W908,0)+(MATCH(COUNTIF($R$2:$R908,\"NIVEL 1\"),V:V,0)-1)),COLUMN(T908))","v":"$T$896"},null,null,null,null,null,null,null,null,null,null,null,null,null,null,null,null,null,null,null,null,null,null,null,null,null,null,{"$f":"PROCURA_PRECO_SERVICO","v":0}]
[{"$f":"V909&\".\"&W909","v":"15.4"},null,null,"ESGOTO GORDURA ENTERRADA",null,null,null,null,null,null,null,null,null,"SUBITEM_INICIO",null,null,null,"NIVEL 2","NIVEL 2",null,null,{"$f":"COUNTIF($R$2:$R909,\"NIVEL 1\")","v":15},4,0,0,{"$f":"ADDRESS(MATCH(COUNTIF($R$2:$R909,\"NIVEL 1\"),V:V,0),COLUMN(S909))","v":"$S$820"},{"$f":"ADDRESS(MATCH(COUNTIF($R$2:$R909,\"NIVEL 1\"),V:V,0),COLUMN(W909))","v":"$W$820"},{"$f":"ADDRESS((MATCH(COUNTIF(INDIRECT(Z909):$S909,\"NIVEL 2\"),INDIRECT(AA909):W909,0)+(MATCH(COUNTIF($R$2:$R909,\"NIVEL 1\"),V:V,0)-1)),COLUMN(T909))","v":"$T$909"},null,null,null,null,null,null,null,null,null,null,null,null,null,null,null,null,null,null,null,null,null,null,null,null,null,null,{"$f":"PROCURA_PRECO_SERVICO","v":0}]
[null,null,null,null,null,null,null,null,null,null,null,null,null,null,null,null,null,null,null,null,null,{"$f":"COUNTIF($R$2:$R910,\"NIVEL 1\")","v":15},4,0,0,{"$f":"ADDRESS(MATCH(COUNTIF($R$2:$R910,\"NIVEL 1\"),V:V,0),COLUMN(S910))","v":"$S$820"},{"$f":"ADDRESS(MATCH(COUNTIF($R$2:$R910,\"NIVEL 1\"),V:V,0),COLUMN(W910))","v":"$W$820"},{"$f":"ADDRESS((MATCH(COUNTIF(INDIRECT(Z910):$S910,\"NIVEL 2\"),INDIRECT(AA910):W910,0)+(MATCH(COUNTIF($R$2:$R910,\"NIVEL 1\"),V:V,0)-1)),COLUMN(T910))","v":"$T$909"},null,null,null,null,null,null,null,null,null,null,null,null,null,null,null,null,null,null,null,null,null,null,null,null,null,null,{"$f":"PROCURA_PRECO_SERVICO","v":0}]
[{"$f":"V911&\".\"&W911&\".\"&X911","v":"15.4.1"},null,null,"PVC ESGOTO",null,null,null,null,null,null,null,null,null,"SUBSUBITEM_INICIO",null,null,null,"NIVEL 3","NIVEL 3","NIVEL 3",null,{"$f":"COUNTIF($R$2:$R911,\"NIVEL 1\")","v":15},4,1,0,{"$f":"ADDRESS(MATCH(COUNTIF($R$2:$R911,\"NIVEL 1\"),V:V,0),COLUMN(S911))","v":"$S$820"},{"$f":"ADDRESS(MATCH(COUNTIF($R$2:$R911,\"NIVEL 1\"),V:V,0),COLUMN(W911))","v":"$W$820"},{"$f":"ADDRESS((MATCH(COUNTIF(INDIRECT(Z911):$S911,\"NIVEL 2\"),INDIRECT(AA911):W911,0)+(MATCH(COUNTIF($R$2:$R911,\"NIVEL 1\"),V:V,0)-1)),COLUMN(T911))","v":"$T$909"},null,null,null,null,null,null,null,null,null,null,null,null,null,null,null,null,null,null,null,null,null,null,null,null,null,null,{"$f":"PROCURA_PRECO_SERVICO","v":0}]
[null,null,null,null,null,null,null,null,null,null,null,null,null,null,null,null,null,null,null,null,null,{"$f":"COUNTIF($R$2:$R912,\"NIVEL 1\")","v":15},4,1,0,{"$f":"ADDRESS(MATCH(COUNTIF($R$2:$R912,\"NIVEL 1\"),V:V,0),COLUMN(S912))","v":"$S$820"},{"$f":"ADDRESS(MATCH(COUNTIF($R$2:$R912,\"NIVEL 1\"),V:V,0),COLUMN(W912))","v":"$W$820"},{"$f":"ADDRESS((MATCH(COUNTIF(INDIRECT(Z912):$S912,\"NIVEL 2\"),INDIRECT(AA912):W912,0)+(MATCH(COUNTIF($R$2:$R912,\"NIVEL 1\"),V:V,0)-1)),COLUMN(T912))","v":"$T$909"},null,null,null,null,null,null,null,null,null,null,null,null,null,null,null,null,null,null,null,null,null,null,null,null,null,null,{"$f":"PROCURA_PRECO_SERVICO","v":0}]
[{"$f":"V913&\".\"&W913&\".\"&X913&\".\"&Y913","v":"15.4.1.1"},"SINAPI","89712",{"$f":"PROCURA_DESCRICAO_SERVICO","v":"TUBO PVC, SERIE NORMAL, ESGOTO PREDIAL, DN 50 MM, FORNECIDO E INSTALADO EM RAMAL DE DESCARGA OU RAMAL DE ESGOTO SANITÁRIO. AF_08/2022"},{"$f":"PROCURA_UNIDADE_SERVICO","v":"M"},4.63,{"$f":"PROCURA_PRECO_SERVICO","v":"28,70"},{"$f":"CUSTO_BDI_SERVICO","v":36.23},{"$f":"CUSTO_TOTAL_SERVICO","v":167.74},null,null,null,null,"SERVIÇO",null,null,null,"NIVEL 4","NIVEL 4","NIVEL 4","NIVEL 4",{"$f":"COUNTIF($R$2:$R913,\"NIVEL 1\")","v":15},4,1,1,{"$f":"ADDRESS(MATCH(COUNTIF($R$2:$R913,\"NIVEL 1\"),V:V,0),COLUMN(S913))","v":"$S$820"},{"$f":"ADDRESS(MATCH(COUNTIF($R$2:$R913,\"NIVEL 1\"),V:V,0),COLUMN(W913))","v":"$W$820"},{"$f":"ADDRESS((MATCH(COUNTIF(INDIRECT(Z913):$S913,\"NIVEL 2\"),INDIRECT(AA913):W913,0)+(MATCH(COUNTIF($R$2:$R913,\"NIVEL 1\"),V:V,0)-1)),COLUMN(T913))","v":"$T$909"},null,null,null,null,null,null,null,null,null,null,null,null,null,null,null,null,null,null,null,null,null,null,null,null,null,null,{"$f":"PROCURA_PRECO_SERVICO","v":"28,70"}]
[null,null,null,null,null,null,null,null,null,null,null,null,null,null,null,null,null,null,null,null,null,{"$f":"COUNTIF($R$2:$R914,\"NIVEL 1\")","v":15},4,1,0,{"$f":"ADDRESS(MATCH(COUNTIF($R$2:$R914,\"NIVEL 1\"),V:V,0),COLUMN(S914))","v":"$S$820"},{"$f":"ADDRESS(MATCH(COUNTIF($R$2:$R914,\"NIVEL 1\"),V:V,0),COLUMN(W914))","v":"$W$820"},{"$f":"ADDRESS((MATCH(COUNTIF(INDIRECT(Z914):$S914,\"NIVEL 2\"),INDIRECT(AA914):W914,0)+(MATCH(COUNTIF($R$2:$R914,\"NIVEL 1\"),V:V,0)-1)),COLUMN(T914))","v":"$T$909"},null,null,null,null,null,null,null,null,null,null,null,null,null,null,null,null,null,null,null,null,null,null,null,null,null,null,{"$f":"PROCURA_PRECO_SERVICO","v":0}]
[null,null,null,{"$f":"\"SUBTOTAL DO ITEM - \"&A911","v":"SUBTOTAL DO ITEM - 15.4.1"},null,null,null,null,{"$f":"SUBTOTAL(9,OFFSET(I911,1,0):OFFSET(I915,-1,0))","v":167.74},null,null,null,null,"SUBSUBITEM_FIM",null,null,null,null,null,null,null,{"$f":"COUNTIF($R$2:$R915,\"NIVEL 1\")","v":15},4,1,0,{"$f":"ADDRESS(MATCH(COUNTIF($R$2:$R915,\"NIVEL 1\"),V:V,0),COLUMN(S915))","v":"$S$820"},{"$f":"ADDRESS(MATCH(COUNTIF($R$2:$R915,\"NIVEL 1\"),V:V,0),COLUMN(W915))","v":"$W$820"},{"$f":"ADDRESS((MATCH(COUNTIF(INDIRECT(Z915):$S915,\"NIVEL 2\"),INDIRECT(AA915):W915,0)+(MATCH(COUNTIF($R$2:$R915,\"NIVEL 1\"),V:V,0)-1)),COLUMN(T915))","v":"$T$909"},null,null,null,null,null,null,null,null,null,null,null,null,null,null,null,null,null,null,null,null,null,null,null,null,null,null,{"$f":"PROCURA_PRECO_SERVICO","v":0}]
[null,null,null,null,null,null,null,null,null,null,null,null,null,null,null,null,null,null,null,null,null,{"$f":"COUNTIF($R$2:$R916,\"NIVEL 1\")","v":15},4,1,0,{"$f":"ADDRESS(MATCH(COUNTIF($R$2:$R916,\"NIVEL 1\"),V:V,0),COLUMN(S916))","v":"$S$820"},{"$f":"ADDRESS(MATCH(COUNTIF($R$2:$R916,\"NIVEL 1\"),V:V,0),COLUMN(W916))","v":"$W$820"},{"$f":"ADDRESS((MATCH(COUNTIF(INDIRECT(Z916):$S916,\"NIVEL 2\"),INDIRECT(AA916):W916,0)+(MATCH(COUNTIF($R$2:$R916,\"NIVEL 1\"),V:V,0)-1)),COLUMN(T916))","v":"$T$909"},null,null,null,null,null,null,null,null,null,null,null,null,null,null,null,null,null,null,null,null,null,null,null,null,null,null,{"$f":"PROCURA_PRECO_SERVICO","v":0}]
[null,null,null,{"$f":"\"SUBTOTAL DO ITEM  - \"&A909","v":"SUBTOTAL DO ITEM  - 15.4"},null,null,null,null,{"$f":"SUBTOTAL(9,OFFSET(I909,1,0):OFFSET(I917,-1,0))","v":167.74},null,null,null,null,"SUBITEM_FIM",null,null,null,null,null,null,null,{"$f":"COUNTIF($R$2:$R917,\"NIVEL 1\")","v":15},4,1,0,{"$f":"ADDRESS(MATCH(COUNTIF($R$2:$R917,\"NIVEL 1\"),V:V,0),COLUMN(S917))","v":"$S$820"},{"$f":"ADDRESS(MATCH(COUNTIF($R$2:$R917,\"NIVEL 1\"),V:V,0),COLUMN(W917))","v":"$W$820"},{"$f":"ADDRESS((MATCH(COUNTIF(INDIRECT(Z917):$S917,\"NIVEL 2\"),INDIRECT(AA917):W917,0)+(MATCH(COUNTIF($R$2:$R917,\"NIVEL 1\"),V:V,0)-1)),COLUMN(T917))","v":"$T$909"},null,null,null,null,null,null,null,null,null,null,null,null,null,null,null,null,null,null,null,null,null,null,null,null,null,null,{"$f":"PROCURA_PRECO_SERVICO","v":0}]
[null,null,null,null,null,null,null,null,null,null,null,null,null,null,null,null,null,null,null,null,null,{"$f":"COUNTIF($R$2:$R918,\"NIVEL 1\")","v":15},4,1,0,{"$f":"ADDRESS(MATCH(COUNTIF($R$2:$R918,\"NIVEL 1\"),V:V,0),COLUMN(S918))","v":"$S$820"},{"$f":"ADDRESS(MATCH(COUNTIF($R$2:$R918,\"NIVEL 1\"),V:V,0),COLUMN(W918))","v":"$W$820"},{"$f":"ADDRESS((MATCH(COUNTIF(INDIRECT(Z918):$S918,\"NIVEL 2\"),INDIRECT(AA918):W918,0)+(MATCH(COUNTIF($R$2:$R918,\"NIVEL 1\"),V:V,0)-1)),COLUMN(T918))","v":"$T$909"},null,null,null,null,null,null,null,null,null,null,null,null,null,null,null,null,null,null,null,null,null,null,null,null,null,null,{"$f":"PROCURA_PRECO_SERVICO","v":0}]
[{"$f":"V919&\".\"&W919","v":"15.5"},null,null,"ESGOTO GORDURA ",null,null,null,null,null,null,null,null,null,"SUBITEM_INICIO",null,null,null,"NIVEL 2","NIVEL 2",null,null,{"$f":"COUNTIF($R$2:$R919,\"NIVEL 1\")","v":15},5,0,0,{"$f":"ADDRESS(MATCH(COUNTIF($R$2:$R919,\"NIVEL 1\"),V:V,0),COLUMN(S919))","v":"$S$820"},{"$f":"ADDRESS(MATCH(COUNTIF($R$2:$R919,\"NIVEL 1\"),V:V,0),COLUMN(W919))","v":"$W$820"},{"$f":"ADDRESS((MATCH(COUNTIF(INDIRECT(Z919):$S919,\"NIVEL 2\"),INDIRECT(AA919):W919,0)+(MATCH(COUNTIF($R$2:$R919,\"NIVEL 1\"),V:V,0)-1)),COLUMN(T919))","v":"$T$919"},null,null,null,null,null,null,null,null,null,null,null,null,null,null,null,null,null,null,null,null,null,null,null,null,null,null,{"$f":"PROCURA_PRECO_SERVICO","v":0}]
[null,null,null,null,null,null,null,null,null,null,null,null,null,null,null,null,null,null,null,null,null,{"$f":"COUNTIF($R$2:$R920,\"NIVEL 1\")","v":15},5,0,0,{"$f":"ADDRESS(MATCH(COUNTIF($R$2:$R920,\"NIVEL 1\"),V:V,0),COLUMN(S920))","v":"$S$820"},{"$f":"ADDRESS(MATCH(COUNTIF($R$2:$R920,\"NIVEL 1\"),V:V,0),COLUMN(W920))","v":"$W$820"},{"$f":"ADDRESS((MATCH(COUNTIF(INDIRECT(Z920):$S920,\"NIVEL 2\"),INDIRECT(AA920):W920,0)+(MATCH(COUNTIF($R$2:$R920,\"NIVEL 1\"),V:V,0)-1)),COLUMN(T920))","v":"$T$919"},null,null,null,null,null,null,null,null,null,null,null,null,null,null,null,null,null,null,null,null,null,null,null,null,null,null,{"$f":"PROCURA_PRECO_SERVICO","v":0}]
[{"$f":"V921&\".\"&W921&\".\"&X921","v":"15.5.1"},null,null,"PVC ACESSORIOS",null,null,null,null,null,null,null,null,null,"SUBSUBITEM_INICIO",null,null,null,"NIVEL 3","NIVEL 3","NIVEL 3",null,{"$f":"COUNTIF($R$2:$R921,\"NIVEL 1\")","v":15},5,1,0,{"$f":"ADDRESS(MATCH(COUNTIF($R$2:$R921,\"NIVEL 1\"),V:V,0),COLUMN(S921))","v":"$S$820"},{"$f":"ADDRESS(MATCH(COUNTIF($R$2:$R921,\"NIVEL 1\"),V:V,0),COLUMN(W921))","v":"$W$820"},{"$f":"ADDRESS((MATCH(COUNTIF(INDIRECT(Z921):$S921,\"NIVEL 2\"),INDIRECT(AA921):W921,0)+(MATCH(COUNTIF($R$2:$R921,\"NIVEL 1\"),V:V,0)-1)),COLUMN(T921))","v":"$T$919"},null,null,null,null,null,null,null,null,null,null,null,null,null,null,null,null,null,null,null,null,null,null,null,null,null,null,{"$f":"PROCURA_PRECO_SERVICO","v":0}]
[null,null,null,null,null,null,null,null,null,null,null,null,null,null,null,null,null,null,null,null,null,{"$f":"COUNTIF($R$2:$R922,\"NIVEL 1\")","v":15},5,1,0,{"$f":"ADDRESS(MATCH(COUNTIF($R$2:$R922,\"NIVEL 1\"),V:V,0),COLUMN(S922))","v":"$S$820"},{"$f":"ADDRESS(MATCH(COUNTIF($R$2:$R922,\"NIVEL 1\"),V:V,0),COLUMN(W922))","v":"$W$820"},{"$f":"ADDRESS((MATCH(COUNTIF(INDIRECT(Z922):$S922,\"NIVEL 2\"),INDIRECT(AA922):W922,0)+(MATCH(COUNTIF($R$2:$R922,\"NIVEL 1\"),V:V,0)-1)),COLUMN(T922))","v":"$T$919"},null,null,null,null,null,null,null,null,null,null,null,null,null,null,null,null,null,null,null,null,null,null,null,null,null,null,{"$f":"PROCURA_PRECO_SERVICO","v":0}]
[{"$f":"V923&\".\"&W923&\".\"&X923&\".\"&Y923","v":"15.5.1.1"},"COMPOSIÇÃO","JMV-CRAS-010",{"$f":"PROCURA_DESCRICAO_SERVICO","v":"RALO SIFONADO, PVC, DN 100 X 100 X 50 MM, JUNTA SOLDÁVEL, FORNECIDO E INSTALADO EM RAMAL DE DESCARGA OU EM RAMAL DE ESGOTO SANITÁRIO. AF_08/2022 - BASEADA DA SINAPI (89709)"},{"$f":"PROCURA_UNIDADE_SERVICO","v":"UN"},2,{"$f":"PROCURA_PRECO_SERVICO","v":22.06},{"$f":"CUSTO_BDI_SERVICO","v":27.84},{"$f":"CUSTO_TOTAL_SERVICO","v":55.68},null,null,null,null,"SERVIÇO",null,null,null,"NIVEL 4","NIVEL 4","NIVEL 4","NIVEL 4",{"$f":"COUNTIF($R$2:$R923,\"NIVEL 1\")","v":15},5,1,{"$f":"IF(U923=\"NIVEL 4\",OFFSET(Y923,-1,0)+1,0)","v":1},{"$f":"ADDRESS(MATCH(COUNTIF($R$2:$R923,\"NIVEL 1\"),V:V,0),COLUMN(S923))","v":"$S$820"},{"$f":"ADDRESS(MATCH(COUNTIF($R$2:$R923,\"NIVEL 1\"),V:V,0),COLUMN(W923))","v":"$W$820"},{"$f":"ADDRESS((MATCH(COUNTIF(INDIRECT(Z923):$S923,\"NIVEL 2\"),INDIRECT(AA923):W923,0)+(MATCH(COUNTIF($R$2:$R923,\"NIVEL 1\"),V:V,0)-1)),COLUMN(T923))","v":"$T$919"},null,null,null,null,null,null,null,null,null,null,null,null,null,null,null,null,null,null,null,null,null,null,null,null,null,null,{"$f":"PROCURA_PRECO_SERVICO","v":22.06}]
[{"$f":"V924&\".\"&W924&\".\"&X924&\".\"&Y924","v":"15.5.1.2"},"SINAPI","86882",{"$f":"PROCURA_DESCRICAO_SERVICO","v":"SIFÃO DO TIPO GARRAFA/COPO EM PVC 1.1/4  X 1.1/2\u0094 - FORNECIMENTO E INSTALAÇÃO. AF_01/2020"},{"$f":"PROCURA_UNIDADE_SERVICO","v":"UN"},3,{"$f":"PROCURA_PRECO_SERVICO","v":"22,30"},{"$f":"CUSTO_BDI_SERVICO","v":28.15},{"$f":"CUSTO_TOTAL_SERVICO","v":84.45},null,null,null,null,"SERVIÇO",null,null,null,"NIVEL 4","NIVEL 4","NIVEL 4","NIVEL 4",{"$f":"COUNTIF($R$2:$R924,\"NIVEL 1\")","v":15},5,1,2,{"$f":"ADDRESS(MATCH(COUNTIF($R$2:$R924,\"NIVEL 1\"),V:V,0),COLUMN(S924))","v":"$S$820"},{"$f":"ADDRESS(MATCH(COUNTIF($R$2:$R924,\"NIVEL 1\"),V:V,0),COLUMN(W924))","v":"$W$820"},{"$f":"ADDRESS((MATCH(COUNTIF(INDIRECT(Z924):$S924,\"NIVEL 2\"),INDIRECT(AA924):W924,0)+(MATCH(COUNTIF($R$2:$R924,\"NIVEL 1\"),V:V,0)-1)),COLUMN(T924))","v":"$T$919"},null,null,null,null,null,null,null,null,null,null,null,null,null,null,null,null,null,null,null,null,null,null,null,null,null,null,{"$f":"PROCURA_PRECO_SERVICO","v":"22,30"}]
[{"$f":"V925&\".\"&W925&\".\"&X925&\".\"&Y925","v":"15.5.1.3"},"SINAPI","89753",{"$f":"PROCURA_DESCRICAO_SERVICO","v":"LUVA SIMPLES, PVC, SERIE NORMAL, ESGOTO PREDIAL, DN 50 MM, JUNTA ELÁSTICA, FORNECIDO E INSTALADO EM RAMAL DE DESCARGA OU RAMAL DE ESGOTO SANITÁRIO. AF_08/2022"},{"$f":"PROCURA_UNIDADE_SERVICO","v":"UN"},14,{"$f":"PROCURA_PRECO_SERVICO","v":"9,52"},{"$f":"CUSTO_BDI_SERVICO","v":12.01},{"$f":"CUSTO_TOTAL_SERVICO","v":168.14},null,null,null,null,"SERVIÇO",null,null,null,"NIVEL 4","NIVEL 4","NIVEL 4","NIVEL 4",{"$f":"COUNTIF($R$2:$R925,\"NIVEL 1\")","v":15},5,1,{"$f":"IF(U925=\"NIVEL 4\",OFFSET(Y925,-1,0)+1,0)","v":3},{"$f":"ADDRESS(MATCH(COUNTIF($R$2:$R925,\"NIVEL 1\"),V:V,0),COLUMN(S925))","v":"$S$820"},{"$f":"ADDRESS(MATCH(COUNTIF($R$2:$R925,\"NIVEL 1\"),V:V,0),COLUMN(W925))","v":"$W$820"},{"$f":"ADDRESS((MATCH(COUNTIF(INDIRECT(Z925):$S925,\"NIVEL 2\"),INDIRECT(AA925):W925,0)+(MATCH(COUNTIF($R$2:$R925,\"NIVEL 1\"),V:V,0)-1)),COLUMN(T925))","v":"$T$919"},null,null,null,null,null,null,null,null,null,null,null,null,null,null,null,null,null,null,null,null,null,null,null,null,null,null,{"$f":"PROCURA_PRECO_SERVICO","v":"9,52"}]
[{"$f":"V926&\".\"&W926&\".\"&X926&\".\"&Y926","v":"15.5.1.4"},"SINAPI","86879",{"$f":"PROCURA_DESCRICAO_SERVICO","v":"VÁLVULA EM PLÁSTICO 1\u0094 PARA PIA, TANQUE OU LAVATÓRIO, COM OU SEM LADRÃO - FORNECIMENTO E INSTALAÇÃO. AF_01/2020"},{"$f":"PROCURA_UNIDADE_SERVICO","v":"UN"},3,{"$f":"PROCURA_PRECO_SERVICO","v":"9,58"},{"$f":"CUSTO_BDI_SERVICO","v":12.09},{"$f":"CUSTO_TOTAL_SERVICO","v":36.27},null,null,null,null,"SERVIÇO",null,null,null,"NIVEL 4","NIVEL 4","NIVEL 4","NIVEL 4",{"$f":"COUNTIF($R$2:$R926,\"NIVEL 1\")","v":15},5,1,4,{"$f":"ADDRESS(MATCH(COUNTIF($R$2:$R926,\"NIVEL 1\"),V:V,0),COLUMN(S926))","v":"$S$820"},{"$f":"ADDRESS(MATCH(COUNTIF($R$2:$R926,\"NIVEL 1\"),V:V,0),COLUMN(W926))","v":"$W$820"},{"$f":"ADDRESS((MATCH(COUNTIF(INDIRECT(Z926):$S926,\"NIVEL 2\"),INDIRECT(AA926):W926,0)+(MATCH(COUNTIF($R$2:$R926,\"NIVEL 1\"),V:V,0)-1)),COLUMN(T926))","v":"$T$919"},null,null,null,null,null,null,null,null,null,null,null,null,null,null,null,null,null,null,null,null,null,null,null,null,null,null,{"$f":"PROCURA_PRECO_SERVICO","v":"9,58"}]
[null,null,null,null,null,null,null,null,null,null,null,null,null,null,null,null,null,null,null,null,null,{"$f":"COUNTIF($R$2:$R927,\"NIVEL 1\")","v":15},5,1,0,{"$f":"ADDRESS(MATCH(COUNTIF($R$2:$R927,\"NIVEL 1\"),V:V,0),COLUMN(S927))","v":"$S$820"},{"$f":"ADDRESS(MATCH(COUNTIF($R$2:$R927,\"NIVEL 1\"),V:V,0),COLUMN(W927))","v":"$W$820"},{"$f":"ADDRESS((MATCH(COUNTIF(INDIRECT(Z927):$S927,\"NIVEL 2\"),INDIRECT(AA927):W927,0)+(MATCH(COUNTIF($R$2:$R927,\"NIVEL 1\"),V:V,0)-1)),COLUMN(T927))","v":"$T$919"},null,null,null,null,null,null,null,null,null,null,null,null,null,null,null,null,null,null,null,null,null,null,null,null,null,null,{"$f":"PROCURA_PRECO_SERVICO","v":0}]
[null,null,null,{"$f":"\"SUBTOTAL DO ITEM - \"&A921","v":"SUBTOTAL DO ITEM - 15.5.1"},null,null,null,null,{"$f":"SUBTOTAL(9,OFFSET(I921,1,0):OFFSET(I928,-1,0))","v":344.54},null,null,null,null,"SUBSUBITEM_FIM",null,null,null,null,null,null,null,{"$f":"COUNTIF($R$2:$R928,\"NIVEL 1\")","v":15},5,1,0,{"$f":"ADDRESS(MATCH(COUNTIF($R$2:$R928,\"NIVEL 1\"),V:V,0),COLUMN(S928))","v":"$S$820"},{"$f":"ADDRESS(MATCH(COUNTIF($R$2:$R928,\"NIVEL 1\"),V:V,0),COLUMN(W928))","v":"$W$820"},{"$f":"ADDRESS((MATCH(COUNTIF(INDIRECT(Z928):$S928,\"NIVEL 2\"),INDIRECT(AA928):W928,0)+(MATCH(COUNTIF($R$2:$R928,\"NIVEL 1\"),V:V,0)-1)),COLUMN(T928))","v":"$T$919"},null,null,null,null,null,null,null,null,null,null,null,null,null,null,null,null,null,null,null,null,null,null,null,null,null,null,{"$f":"PROCURA_PRECO_SERVICO","v":0}]
[null,null,null,null,null,null,null,null,null,null,null,null,null,null,null,null,null,null,null,null,null,{"$f":"COUNTIF($R$2:$R929,\"NIVEL 1\")","v":15},5,1,{"$f":"IF(U929=\"NIVEL 4\",OFFSET(Y929,-1,0)+1,0)","v":0},{"$f":"ADDRESS(MATCH(COUNTIF($R$2:$R929,\"NIVEL 1\"),V:V,0),COLUMN(S929))","v":"$S$820"},{"$f":"ADDRESS(MATCH(COUNTIF($R$2:$R929,\"NIVEL 1\"),V:V,0),COLUMN(W929))","v":"$W$820"},{"$f":"ADDRESS((MATCH(COUNTIF(INDIRECT(Z929):$S929,\"NIVEL 2\"),INDIRECT(AA929):W929,0)+(MATCH(COUNTIF($R$2:$R929,\"NIVEL 1\"),V:V,0)-1)),COLUMN(T929))","v":"$T$919"},null,null,null,null,null,null,null,null,null,null,null,null,null,null,null,null,null,null,null,null,null,null,null,null,null,null,{"$f":"PROCURA_PRECO_SERVICO","v":0}]
[{"$f":"V930&\".\"&W930&\".\"&X930","v":"15.5.2"},null,null,"PVC ESGOTO",null,null,null,null,null,null,null,null,null,"SUBSUBITEM_INICIO",null,null,null,"NIVEL 3","NIVEL 3","NIVEL 3",null,{"$f":"COUNTIF($R$2:$R930,\"NIVEL 1\")","v":15},5,2,0,{"$f":"ADDRESS(MATCH(COUNTIF($R$2:$R930,\"NIVEL 1\"),V:V,0),COLUMN(S930))","v":"$S$820"},{"$f":"ADDRESS(MATCH(COUNTIF($R$2:$R930,\"NIVEL 1\"),V:V,0),COLUMN(W930))","v":"$W$820"},{"$f":"ADDRESS((MATCH(COUNTIF(INDIRECT(Z930):$S930,\"NIVEL 2\"),INDIRECT(AA930):W930,0)+(MATCH(COUNTIF($R$2:$R930,\"NIVEL 1\"),V:V,0)-1)),COLUMN(T930))","v":"$T$919"},null,null,null,null,null,null,null,null,null,null,null,null,null,null,null,null,null,null,null,null,null,null,null,null,null,null,{"$f":"PROCURA_PRECO_SERVICO","v":0}]
[null,null,null,null,null,null,null,null,null,null,null,null,null,null,null,null,null,null,null,null,null,{"$f":"COUNTIF($R$2:$R931,\"NIVEL 1\")","v":15},5,2,0,{"$f":"ADDRESS(MATCH(COUNTIF($R$2:$R931,\"NIVEL 1\"),V:V,0),COLUMN(S931))","v":"$S$820"},{"$f":"ADDRESS(MATCH(COUNTIF($R$2:$R931,\"NIVEL 1\"),V:V,0),COLUMN(W931))","v":"$W$820"},{"$f":"ADDRESS((MATCH(COUNTIF(INDIRECT(Z931):$S931,\"NIVEL 2\"),INDIRECT(AA931):W931,0)+(MATCH(COUNTIF($R$2:$R931,\"NIVEL 1\"),V:V,0)-1)),COLUMN(T931))","v":"$T$919"},null,null,null,null,null,null,null,null,null,null,null,null,null,null,null,null,null,null,null,null,null,null,null,null,null,null,{"$f":"PROCURA_PRECO_SERVICO","v":0}]
[{"$f":"V932&\".\"&W932&\".\"&X932&\".\"&Y932","v":"15.5.2.1"},"SINAPI","89732",{"$f":"PROCURA_DESCRICAO_SERVICO","v":"JOELHO 45 GRAUS, PVC, SERIE NORMAL, ESGOTO PREDIAL, DN 50 MM, JUNTA ELÁSTICA, FORNECIDO E INSTALADO EM RAMAL DE DESCARGA OU RAMAL DE ESGOTO SANITÁRIO. AF_08/2022"},{"$f":"PROCURA_UNIDADE_SERVICO","v":"UN"},3,{"$f":"PROCURA_PRECO_SERVICO","v":"15,65"},{"$f":"CUSTO_BDI_SERVICO","v":19.75},{"$f":"CUSTO_TOTAL_SERVICO","v":59.25},null,null,null,null,"SERVIÇO",null,null,null,"NIVEL 4","NIVEL 4","NIVEL 4","NIVEL 4",{"$f":"COUNTIF($R$2:$R932,\"NIVEL 1\")","v":15},5,2,1,{"$f":"ADDRESS(MATCH(COUNTIF($R$2:$R932,\"NIVEL 1\"),V:V,0),COLUMN(S932))","v":"$S$820"},{"$f":"ADDRESS(MATCH(COUNTIF($R$2:$R932,\"NIVEL 1\"),V:V,0),COLUMN(W932))","v":"$W$820"},{"$f":"ADDRESS((MATCH(COUNTIF(INDIRECT(Z932):$S932,\"NIVEL 2\"),INDIRECT(AA932):W932,0)+(MATCH(COUNTIF($R$2:$R932,\"NIVEL 1\"),V:V,0)-1)),COLUMN(T932))","v":"$T$919"},null,null,null,null,null,null,null,null,null,null,null,null,null,null,null,null,null,null,null,null,null,null,null,null,null,null,{"$f":"PROCURA_PRECO_SERVICO","v":"15,65"}]
[{"$f":"V933&\".\"&W933&\".\"&X933&\".\"&Y933","v":"15.5.2.2"},"SINAPI","89731",{"$f":"PROCURA_DESCRICAO_SERVICO","v":"JOELHO 90 GRAUS, PVC, SERIE NORMAL, ESGOTO PREDIAL, DN 50 MM, JUNTA ELÁSTICA, FORNECIDO E INSTALADO EM RAMAL DE DESCARGA OU RAMAL DE ESGOTO SANITÁRIO. AF_08/2022"},{"$f":"PROCURA_UNIDADE_SERVICO","v":"UN"},6,{"$f":"PROCURA_PRECO_SERVICO","v":"14,79"},{"$f":"CUSTO_BDI_SERVICO","v":18.67},{"$f":"CUSTO_TOTAL_SERVICO","v":112.02},null,null,null,null,"SERVIÇO",null,null,null,"NIVEL 4","NIVEL 4","NIVEL 4","NIVEL 4",{"$f":"COUNTIF($R$2:$R933,\"NIVEL 1\")","v":15},5,2,{"$f":"IF(U933=\"NIVEL 4\",OFFSET(Y933,-1,0)+1,0)","v":2},{"$f":"ADDRESS(MATCH(COUNTIF($R$2:$R933,\"NIVEL 1\"),V:V,0),COLUMN(S933))","v":"$S$820"},{"$f":"ADDRESS(MATCH(COUNTIF($R$2:$R933,\"NIVEL 1\"),V:V,0),COLUMN(W933))","v":"$W$820"},{"$f":"ADDRESS((MATCH(COUNTIF(INDIRECT(Z933):$S933,\"NIVEL 2\"),INDIRECT(AA933):W933,0)+(MATCH(COUNTIF($R$2:$R933,\"NIVEL 1\"),V:V,0)-1)),COLUMN(T933))","v":"$T$919"},null,null,null,null,null,null,null,null,null,null,null,null,null,null,null,null,null,null,null,null,null,null,null,null,null,null,{"$f":"PROCURA_PRECO_SERVICO","v":"14,79"}]
[{"$f":"V934&\".\"&W934&\".\"&X934&\".\"&Y934","v":"15.5.2.3"},"SINAPI","89785",{"$f":"PROCURA_DESCRICAO_SERVICO","v":"JUNÇÃO SIMPLES, PVC, SERIE NORMAL, ESGOTO PREDIAL, DN 50 X 50 MM, JUNTA ELÁSTICA, FORNECIDO E INSTALADO EM RAMAL DE DESCARGA OU RAMAL DE ESGOTO SANITÁRIO. AF_08/2022"},{"$f":"PROCURA_UNIDADE_SERVICO","v":"UN"},3,{"$f":"PROCURA_PRECO_SERVICO","v":"27,31"},{"$f":"CUSTO_BDI_SERVICO","v":34.47},{"$f":"CUSTO_TOTAL_SERVICO","v":103.41},null,null,null,null,"SERVIÇO",null,null,null,"NIVEL 4","NIVEL 4","NIVEL 4","NIVEL 4",{"$f":"COUNTIF($R$2:$R934,\"NIVEL 1\")","v":15},5,2,3,{"$f":"ADDRESS(MATCH(COUNTIF($R$2:$R934,\"NIVEL 1\"),V:V,0),COLUMN(S934))","v":"$S$820"},{"$f":"ADDRESS(MATCH(COUNTIF($R$2:$R934,\"NIVEL 1\"),V:V,0),COLUMN(W934))","v":"$W$820"},{"$f":"ADDRESS((MATCH(COUNTIF(INDIRECT(Z934):$S934,\"NIVEL 2\"),INDIRECT(AA934):W934,0)+(MATCH(COUNTIF($R$2:$R934,\"NIVEL 1\"),V:V,0)-1)),COLUMN(T934))","v":"$T$919"},null,null,null,null,null,null,null,null,null,null,null,null,null,null,null,null,null,null,null,null,null,null,null,null,null,null,{"$f":"PROCURA_PRECO_SERVICO","v":"27,31"}]
[{"$f":"V935&\".\"&W935&\".\"&X935&\".\"&Y935","v":"15.5.2.4"},"SINAPI","89753",{"$f":"PROCURA_DESCRICAO_SERVICO","v":"LUVA SIMPLES, PVC, SERIE NORMAL, ESGOTO PREDIAL, DN 50 MM, JUNTA ELÁSTICA, FORNECIDO E INSTALADO EM RAMAL DE DESCARGA OU RAMAL DE ESGOTO SANITÁRIO. AF_08/2022"},{"$f":"PROCURA_UNIDADE_SERVICO","v":"UN"},2,{"$f":"PROCURA_PRECO_SERVICO","v":"9,52"},{"$f":"CUSTO_BDI_SERVICO","v":12.01},{"$f":"CUSTO_TOTAL_SERVICO","v":24.02},null,null,null,null,"SERVIÇO",null,null,null,"NIVEL 4","NIVEL 4","NIVEL 4","NIVEL 4",{"$f":"COUNTIF($R$2:$R935,\"NIVEL 1\")","v":15},5,2,{"$f":"IF(U935=\"NIVEL 4\",OFFSET(Y935,-1,0)+1,0)","v":4},{"$f":"ADDRESS(MATCH(COUNTIF($R$2:$R935,\"NIVEL 1\"),V:V,0),COLUMN(S935))","v":"$S$820"},{"$f":"ADDRESS(MATCH(COUNTIF($R$2:$R935,\"NIVEL 1\"),V:V,0),COLUMN(W935))","v":"$W$820"},{"$f":"ADDRESS((MATCH(COUNTIF(INDIRECT(Z935):$S935,\"NIVEL 2\"),INDIRECT(AA935):W935,0)+(MATCH(COUNTIF($R$2:$R935,\"NIVEL 1\"),V:V,0)-1)),COLUMN(T935))","v":"$T$919"},null,null,null,null,null,null,null,null,null,null,null,null,null,null,null,null,null,null,null,null,null,null,null,null,null,null,{"$f":"PROCURA_PRECO_SERVICO","v":"9,52"}]
[{"$f":"V936&\".\"&W936&\".\"&X936&\".\"&Y936","v":"15.5.2.5"},"SINAPI","89712",{"$f":"PROCURA_DESCRICAO_SERVICO","v":"TUBO PVC, SERIE NORMAL, ESGOTO PREDIAL, DN 50 MM, FORNECIDO E INSTALADO EM RAMAL DE DESCARGA OU RAMAL DE ESGOTO SANITÁRIO. AF_08/2022"},{"$f":"PROCURA_UNIDADE_SERVICO","v":"M"},2.04,{"$f":"PROCURA_PRECO_SERVICO","v":"28,70"},{"$f":"CUSTO_BDI_SERVICO","v":36.23},{"$f":"CUSTO_TOTAL_SERVICO","v":73.9},null,null,null,null,"SERVIÇO",null,null,null,"NIVEL 4","NIVEL 4","NIVEL 4","NIVEL 4",{"$f":"COUNTIF($R$2:$R936,\"NIVEL 1\")","v":15},5,2,5,{"$f":"ADDRESS(MATCH(COUNTIF($R$2:$R936,\"NIVEL 1\"),V:V,0),COLUMN(S936))","v":"$S$820"},{"$f":"ADDRESS(MATCH(COUNTIF($R$2:$R936,\"NIVEL 1\"),V:V,0),COLUMN(W936))","v":"$W$820"},{"$f":"ADDRESS((MATCH(COUNTIF(INDIRECT(Z936):$S936,\"NIVEL 2\"),INDIRECT(AA936):W936,0)+(MATCH(COUNTIF($R$2:$R936,\"NIVEL 1\"),V:V,0)-1)),COLUMN(T936))","v":"$T$919"},null,null,null,null,null,null,null,null,null,null,null,null,null,null,null,null,null,null,null,null,null,null,null,null,null,null,{"$f":"PROCURA_PRECO_SERVICO","v":"28,70"}]
[null,null,null,null,null,null,null,null,null,null,null,null,null,null,null,null,null,null,null,null,null,{"$f":"COUNTIF($R$2:$R937,\"NIVEL 1\")","v":15},5,2,0,{"$f":"ADDRESS(MATCH(COUNTIF($R$2:$R937,\"NIVEL 1\"),V:V,0),COLUMN(S937))","v":"$S$820"},{"$f":"ADDRESS(MATCH(COUNTIF($R$2:$R937,\"NIVEL 1\"),V:V,0),COLUMN(W937))","v":"$W$820"},{"$f":"ADDRESS((MATCH(COUNTIF(INDIRECT(Z937):$S937,\"NIVEL 2\"),INDIRECT(AA937):W937,0)+(MATCH(COUNTIF($R$2:$R937,\"NIVEL 1\"),V:V,0)-1)),COLUMN(T937))","v":"$T$919"},null,null,null,null,null,null,null,null,null,null,null,null,null,null,null,null,null,null,null,null,null,null,null,null,null,null,{"$f":"PROCURA_PRECO_SERVICO","v":0}]
[null,null,null,{"$f":"\"SUBTOTAL DO ITEM - \"&A930","v":"SUBTOTAL DO ITEM - 15.5.2"},null,null,null,null,{"$f":"SUBTOTAL(9,OFFSET(I930,1,0):OFFSET(I938,-1,0))","v":372.6},null,null,null,null,"SUBSUBITEM_FIM",null,null,null,null,null,null,null,{"$f":"COUNTIF($R$2:$R938,\"NIVEL 1\")","v":15},5,2,0,{"$f":"ADDRESS(MATCH(COUNTIF($R$2:$R938,\"NIVEL 1\"),V:V,0),COLUMN(S938))","v":"$S$820"},{"$f":"ADDRESS(MATCH(COUNTIF($R$2:$R938,\"NIVEL 1\"),V:V,0),COLUMN(W938))","v":"$W$820"},{"$f":"ADDRESS((MATCH(COUNTIF(INDIRECT(Z938):$S938,\"NIVEL 2\"),INDIRECT(AA938):W938,0)+(MATCH(COUNTIF($R$2:$R938,\"NIVEL 1\"),V:V,0)-1)),COLUMN(T938))","v":"$T$919"},null,null,null,null,null,null,null,null,null,null,null,null,null,null,null,null,null,null,null,null,null,null,null,null,null,null,{"$f":"PROCURA_PRECO_SERVICO","v":0}]
[null,null,null,null,null,null,null,null,null,null,null,null,null,null,null,null,null,null,null,null,null,{"$f":"COUNTIF($R$2:$R939,\"NIVEL 1\")","v":15},5,2,0,{"$f":"ADDRESS(MATCH(COUNTIF($R$2:$R939,\"NIVEL 1\"),V:V,0),COLUMN(S939))","v":"$S$820"},{"$f":"ADDRESS(MATCH(COUNTIF($R$2:$R939,\"NIVEL 1\"),V:V,0),COLUMN(W939))","v":"$W$820"},{"$f":"ADDRESS((MATCH(COUNTIF(INDIRECT(Z939):$S939,\"NIVEL 2\"),INDIRECT(AA939):W939,0)+(MATCH(COUNTIF($R$2:$R939,\"NIVEL 1\"),V:V,0)-1)),COLUMN(T939))","v":"$T$919"},null,null,null,null,null,null,null,null,null,null,null,null,null,null,null,null,null,null,null,null,null,null,null,null,null,null,{"$f":"PROCURA_PRECO_SERVICO","v":0}]
[{"$f":"V940&\".\"&W940&\".\"&X940","v":"15.5.3"},null,null,"UNIDADES DE TRATAMENTO",null,null,null,null,null,null,null,null,null,"SUBSUBITEM_INICIO",null,null,null,"NIVEL 3","NIVEL 3","NIVEL 3",null,{"$f":"COUNTIF($R$2:$R940,\"NIVEL 1\")","v":15},5,3,0,{"$f":"ADDRESS(MATCH(COUNTIF($R$2:$R940,\"NIVEL 1\"),V:V,0),COLUMN(S940))","v":"$S$820"},{"$f":"ADDRESS(MATCH(COUNTIF($R$2:$R940,\"NIVEL 1\"),V:V,0),COLUMN(W940))","v":"$W$820"},{"$f":"ADDRESS((MATCH(COUNTIF(INDIRECT(Z940):$S940,\"NIVEL 2\"),INDIRECT(AA940):W940,0)+(MATCH(COUNTIF($R$2:$R940,\"NIVEL 1\"),V:V,0)-1)),COLUMN(T940))","v":"$T$919"},null,null,null,null,null,null,null,null,null,null,null,null,null,null,null,null,null,null,null,null,null,null,null,null,null,null,{"$f":"PROCURA_PRECO_SERVICO","v":0}]
[null,null,null,null,null,null,null,null,null,null,null,null,null,null,null,null,null,null,null,null,null,{"$f":"COUNTIF($R$2:$R941,\"NIVEL 1\")","v":15},5,3,0,{"$f":"ADDRESS(MATCH(COUNTIF($R$2:$R941,\"NIVEL 1\"),V:V,0),COLUMN(S941))","v":"$S$820"},{"$f":"ADDRESS(MATCH(COUNTIF($R$2:$R941,\"NIVEL 1\"),V:V,0),COLUMN(W941))","v":"$W$820"},{"$f":"ADDRESS((MATCH(COUNTIF(INDIRECT(Z941):$S941,\"NIVEL 2\"),INDIRECT(AA941):W941,0)+(MATCH(COUNTIF($R$2:$R941,\"NIVEL 1\"),V:V,0)-1)),COLUMN(T941))","v":"$T$919"},null,null,null,null,null,null,null,null,null,null,null,null,null,null,null,null,null,null,null,null,null,null,null,null,null,null,{"$f":"PROCURA_PRECO_SERVICO","v":0}]
[{"$f":"V942&\".\"&W942&\".\"&X942&\".\"&Y942","v":"15.5.3.1"},"SINAPI","98110",{"$f":"PROCURA_DESCRICAO_SERVICO","v":"CAIXA DE GORDURA PEQUENA (CAPACIDADE: 19 L), CIRCULAR, EM PVC, DIÂMETRO INTERNO= 0,3 M. AF_12/2020"},{"$f":"PROCURA_UNIDADE_SERVICO","v":"UN"},2,{"$f":"PROCURA_PRECO_SERVICO","v":"331,17"},{"$f":"CUSTO_BDI_SERVICO","v":418.06},{"$f":"CUSTO_TOTAL_SERVICO","v":836.12},null,null,null,null,"SERVIÇO",null,null,null,"NIVEL 4","NIVEL 4","NIVEL 4","NIVEL 4",{"$f":"COUNTIF($R$2:$R942,\"NIVEL 1\")","v":15},5,3,{"$f":"IF(U942=\"NIVEL 4\",OFFSET(Y942,-1,0)+1,0)","v":1},{"$f":"ADDRESS(MATCH(COUNTIF($R$2:$R942,\"NIVEL 1\"),V:V,0),COLUMN(S942))","v":"$S$820"},{"$f":"ADDRESS(MATCH(COUNTIF($R$2:$R942,\"NIVEL 1\"),V:V,0),COLUMN(W942))","v":"$W$820"},{"$f":"ADDRESS((MATCH(COUNTIF(INDIRECT(Z942):$S942,\"NIVEL 2\"),INDIRECT(AA942):W942,0)+(MATCH(COUNTIF($R$2:$R942,\"NIVEL 1\"),V:V,0)-1)),COLUMN(T942))","v":"$T$919"},null,null,null,null,null,null,null,null,null,null,null,null,null,null,null,null,null,null,null,null,null,null,null,null,null,null,{"$f":"PROCURA_PRECO_SERVICO","v":"331,17"}]
[null,null,null,null,null,null,null,null,null,null,null,null,null,null,null,null,null,null,null,null,null,{"$f":"COUNTIF($R$2:$R943,\"NIVEL 1\")","v":15},5,3,0,{"$f":"ADDRESS(MATCH(COUNTIF($R$2:$R943,\"NIVEL 1\"),V:V,0),COLUMN(S943))","v":"$S$820"},{"$f":"ADDRESS(MATCH(COUNTIF($R$2:$R943,\"NIVEL 1\"),V:V,0),COLUMN(W943))","v":"$W$820"},{"$f":"ADDRESS((MATCH(COUNTIF(INDIRECT(Z943):$S943,\"NIVEL 2\"),INDIRECT(AA943):W943,0)+(MATCH(COUNTIF($R$2:$R943,\"NIVEL 1\"),V:V,0)-1)),COLUMN(T943))","v":"$T$919"},null,null,null,null,null,null,null,null,null,null,null,null,null,null,null,null,null,null,null,null,null,null,null,null,null,null,{"$f":"PROCURA_PRECO_SERVICO","v":0}]
[null,null,null,{"$f":"\"SUBTOTAL DO ITEM - \"&A940","v":"SUBTOTAL DO ITEM - 15.5.3"},null,null,null,null,{"$f":"SUBTOTAL(9,OFFSET(I940,1,0):OFFSET(I944,-1,0))","v":836.12},null,null,null,null,"SUBSUBITEM_FIM",null,null,null,null,null,null,null,{"$f":"COUNTIF($R$2:$R944,\"NIVEL 1\")","v":15},5,3,0,{"$f":"ADDRESS(MATCH(COUNTIF($R$2:$R944,\"NIVEL 1\"),V:V,0),COLUMN(S944))","v":"$S$820"},{"$f":"ADDRESS(MATCH(COUNTIF($R$2:$R944,\"NIVEL 1\"),V:V,0),COLUMN(W944))","v":"$W$820"},{"$f":"ADDRESS((MATCH(COUNTIF(INDIRECT(Z944):$S944,\"NIVEL 2\"),INDIRECT(AA944):W944,0)+(MATCH(COUNTIF($R$2:$R944,\"NIVEL 1\"),V:V,0)-1)),COLUMN(T944))","v":"$T$919"},null,null,null,null,null,null,null,null,null,null,null,null,null,null,null,null,null,null,null,null,null,null,null,null,null,null,{"$f":"PROCURA_PRECO_SERVICO","v":0}]
[null,null,null,null,null,null,null,null,null,null,null,null,null,null,null,null,null,null,null,null,null,{"$f":"COUNTIF($R$2:$R945,\"NIVEL 1\")","v":15},5,3,0,{"$f":"ADDRESS(MATCH(COUNTIF($R$2:$R945,\"NIVEL 1\"),V:V,0),COLUMN(S945))","v":"$S$820"},{"$f":"ADDRESS(MATCH(COUNTIF($R$2:$R945,\"NIVEL 1\"),V:V,0),COLUMN(W945))","v":"$W$820"},{"$f":"ADDRESS((MATCH(COUNTIF(INDIRECT(Z945):$S945,\"NIVEL 2\"),INDIRECT(AA945):W945,0)+(MATCH(COUNTIF($R$2:$R945,\"NIVEL 1\"),V:V,0)-1)),COLUMN(T945))","v":"$T$919"},null,null,null,null,null,null,null,null,null,null,null,null,null,null,null,null,null,null,null,null,null,null,null,null,null,null,{"$f":"PROCURA_PRECO_SERVICO","v":0}]
[null,null,null,{"$f":"\"SUBTOTAL DO ITEM  - \"&A919","v":"SUBTOTAL DO ITEM  - 15.5"},null,null,null,null,{"$f":"SUBTOTAL(9,OFFSET(I919,1,0):OFFSET(I946,-1,0))","v":1553.26},null,null,null,null,"SUBITEM_FIM",null,null,null,null,null,null,null,{"$f":"COUNTIF($R$2:$R946,\"NIVEL 1\")","v":15},5,3,0,{"$f":"ADDRESS(MATCH(COUNTIF($R$2:$R946,\"NIVEL 1\"),V:V,0),COLUMN(S946))","v":"$S$820"},{"$f":"ADDRESS(MATCH(COUNTIF($R$2:$R946,\"NIVEL 1\"),V:V,0),COLUMN(W946))","v":"$W$820"},{"$f":"ADDRESS((MATCH(COUNTIF(INDIRECT(Z946):$S946,\"NIVEL 2\"),INDIRECT(AA946):W946,0)+(MATCH(COUNTIF($R$2:$R946,\"NIVEL 1\"),V:V,0)-1)),COLUMN(T946))","v":"$T$919"},null,null,null,null,null,null,null,null,null,null,null,null,null,null,null,null,null,null,null,null,null,null,null,null,null,null,{"$f":"PROCURA_PRECO_SERVICO","v":0}]
[null,null,null,null,null,null,null,null,null,null,null,null,null,null,null,null,null,null,null,null,null,{"$f":"COUNTIF($R$2:$R947,\"NIVEL 1\")","v":15},5,3,0,{"$f":"ADDRESS(MATCH(COUNTIF($R$2:$R947,\"NIVEL 1\"),V:V,0),COLUMN(S947))","v":"$S$820"},{"$f":"ADDRESS(MATCH(COUNTIF($R$2:$R947,\"NIVEL 1\"),V:V,0),COLUMN(W947))","v":"$W$820"},{"$f":"ADDRESS((MATCH(COUNTIF(INDIRECT(Z947):$S947,\"NIVEL 2\"),INDIRECT(AA947):W947,0)+(MATCH(COUNTIF($R$2:$R947,\"NIVEL 1\"),V:V,0)-1)),COLUMN(T947))","v":"$T$919"},null,null,null,null,null,null,null,null,null,null,null,null,null,null,null,null,null,null,null,null,null,null,null,null,null,null,{"$f":"PROCURA_PRECO_SERVICO","v":0}]
[{"$f":"V948&\".\"&W948","v":"15.6"},null,null,"VENTILAÇÃO",null,null,null,null,null,null,null,null,null,"SUBITEM_INICIO",null,null,null,"NIVEL 2","NIVEL 2",null,null,{"$f":"COUNTIF($R$2:$R948,\"NIVEL 1\")","v":15},6,0,0,{"$f":"ADDRESS(MATCH(COUNTIF($R$2:$R948,\"NIVEL 1\"),V:V,0),COLUMN(S948))","v":"$S$820"},{"$f":"ADDRESS(MATCH(COUNTIF($R$2:$R948,\"NIVEL 1\"),V:V,0),COLUMN(W948))","v":"$W$820"},{"$f":"ADDRESS((MATCH(COUNTIF(INDIRECT(Z948):$S948,\"NIVEL 2\"),INDIRECT(AA948):W948,0)+(MATCH(COUNTIF($R$2:$R948,\"NIVEL 1\"),V:V,0)-1)),COLUMN(T948))","v":"$T$948"},null,null,null,null,null,null,null,null,null,null,null,null,null,null,null,null,null,null,null,null,null,null,null,null,null,null,{"$f":"PROCURA_PRECO_SERVICO","v":0}]
[null,null,null,null,null,null,null,null,null,null,null,null,null,null,null,null,null,null,null,null,null,{"$f":"COUNTIF($R$2:$R949,\"NIVEL 1\")","v":15},6,0,0,{"$f":"ADDRESS(MATCH(COUNTIF($R$2:$R949,\"NIVEL 1\"),V:V,0),COLUMN(S949))","v":"$S$820"},{"$f":"ADDRESS(MATCH(COUNTIF($R$2:$R949,\"NIVEL 1\"),V:V,0),COLUMN(W949))","v":"$W$820"},{"$f":"ADDRESS((MATCH(COUNTIF(INDIRECT(Z949):$S949,\"NIVEL 2\"),INDIRECT(AA949):W949,0)+(MATCH(COUNTIF($R$2:$R949,\"NIVEL 1\"),V:V,0)-1)),COLUMN(T949))","v":"$T$948"},null,null,null,null,null,null,null,null,null,null,null,null,null,null,null,null,null,null,null,null,null,null,null,null,null,null,{"$f":"PROCURA_PRECO_SERVICO","v":0}]
[{"$f":"V950&\".\"&W950&\".\"&X950","v":"15.6.1"},null,null,"PVC ESGOTO",null,null,null,null,null,null,null,null,null,"SUBSUBITEM_INICIO",null,null,null,"NIVEL 3","NIVEL 3","NIVEL 3",null,{"$f":"COUNTIF($R$2:$R950,\"NIVEL 1\")","v":15},6,1,0,{"$f":"ADDRESS(MATCH(COUNTIF($R$2:$R950,\"NIVEL 1\"),V:V,0),COLUMN(S950))","v":"$S$820"},{"$f":"ADDRESS(MATCH(COUNTIF($R$2:$R950,\"NIVEL 1\"),V:V,0),COLUMN(W950))","v":"$W$820"},{"$f":"ADDRESS((MATCH(COUNTIF(INDIRECT(Z950):$S950,\"NIVEL 2\"),INDIRECT(AA950):W950,0)+(MATCH(COUNTIF($R$2:$R950,\"NIVEL 1\"),V:V,0)-1)),COLUMN(T950))","v":"$T$948"},null,null,null,null,null,null,null,null,null,null,null,null,null,null,null,null,null,null,null,null,null,null,null,null,null,null,{"$f":"PROCURA_PRECO_SERVICO","v":0}]
[null,null,null,null,null,null,null,null,null,null,null,null,null,null,null,null,null,null,null,null,null,{"$f":"COUNTIF($R$2:$R951,\"NIVEL 1\")","v":15},6,1,0,{"$f":"ADDRESS(MATCH(COUNTIF($R$2:$R951,\"NIVEL 1\"),V:V,0),COLUMN(S951))","v":"$S$820"},{"$f":"ADDRESS(MATCH(COUNTIF($R$2:$R951,\"NIVEL 1\"),V:V,0),COLUMN(W951))","v":"$W$820"},{"$f":"ADDRESS((MATCH(COUNTIF(INDIRECT(Z951):$S951,\"NIVEL 2\"),INDIRECT(AA951):W951,0)+(MATCH(COUNTIF($R$2:$R951,\"NIVEL 1\"),V:V,0)-1)),COLUMN(T951))","v":"$T$948"},null,null,null,null,null,null,null,null,null,null,null,null,null,null,null,null,null,null,null,null,null,null,null,null,null,null,{"$f":"PROCURA_PRECO_SERVICO","v":0}]
[{"$f":"V952&\".\"&W952&\".\"&X952&\".\"&Y952","v":"15.6.1.1"},"SINAPI","89802",{"$f":"PROCURA_DESCRICAO_SERVICO","v":"JOELHO 45 GRAUS, PVC, SERIE NORMAL, ESGOTO PREDIAL, DN 50 MM, JUNTA ELÁSTICA, FORNECIDO E INSTALADO EM PRUMADA DE ESGOTO SANITÁRIO OU VENTILAÇÃO. AF_08/2022"},{"$f":"PROCURA_UNIDADE_SERVICO","v":"UN"},16,{"$f":"PROCURA_PRECO_SERVICO","v":"10,67"},{"$f":"CUSTO_BDI_SERVICO","v":13.46},{"$f":"CUSTO_TOTAL_SERVICO","v":215.36},null,null,null,null,"SERVIÇO",null,null,null,"NIVEL 4","NIVEL 4","NIVEL 4","NIVEL 4",{"$f":"COUNTIF($R$2:$R952,\"NIVEL 1\")","v":15},6,1,{"$f":"IF(U952=\"NIVEL 4\",OFFSET(Y952,-1,0)+1,0)","v":1},{"$f":"ADDRESS(MATCH(COUNTIF($R$2:$R952,\"NIVEL 1\"),V:V,0),COLUMN(S952))","v":"$S$820"},{"$f":"ADDRESS(MATCH(COUNTIF($R$2:$R952,\"NIVEL 1\"),V:V,0),COLUMN(W952))","v":"$W$820"},{"$f":"ADDRESS((MATCH(COUNTIF(INDIRECT(Z952):$S952,\"NIVEL 2\"),INDIRECT(AA952):W952,0)+(MATCH(COUNTIF($R$2:$R952,\"NIVEL 1\"),V:V,0)-1)),COLUMN(T952))","v":"$T$948"},null,null,null,null,null,null,null,null,null,null,null,null,null,null,null,null,null,null,null,null,null,null,null,null,null,null,{"$f":"PROCURA_PRECO_SERVICO","v":"10,67"}]
["15.6.1.2","SINAPI","89801",{"$f":"PROCURA_DESCRICAO_SERVICO","v":"JOELHO 90 GRAUS, PVC, SERIE NORMAL, ESGOTO PREDIAL, DN 50 MM, JUNTA ELÁSTICA, FORNECIDO E INSTALADO EM PRUMADA DE ESGOTO SANITÁRIO OU VENTILAÇÃO. AF_08/2022"},{"$f":"PROCURA_UNIDADE_SERVICO","v":"UN"},42,{"$f":"PROCURA_PRECO_SERVICO","v":"9,81"},12.38,519.96,null,null,null,null,"SERVIÇO",null,null,null,"NIVEL 4","NIVEL 4","NIVEL 4","NIVEL 4",{"$f":"COUNTIF($R$2:$R953,\"NIVEL 1\")","v":15},6,1,2,{"$f":"ADDRESS(MATCH(COUNTIF($R$2:$R953,\"NIVEL 1\"),V:V,0),COLUMN(S953))","v":"$S$820"},{"$f":"ADDRESS(MATCH(COUNTIF($R$2:$R953,\"NIVEL 1\"),V:V,0),COLUMN(W953))","v":"$W$820"},{"$f":"ADDRESS((MATCH(COUNTIF(INDIRECT(Z953):$S953,\"NIVEL 2\"),INDIRECT(AA953):W953,0)+(MATCH(COUNTIF($R$2:$R953,\"NIVEL 1\"),V:V,0)-1)),COLUMN(T953))","v":"$T$948"},null,null,null,null,null,null,null,null,null,null,null,null,null,null,null,null,null,null,null,null,null,null,null,null,null,null,{"$f":"PROCURA_PRECO_SERVICO","v":"9,81"}]
["15.6.1.3","SINAPI","89805",{"$f":"PROCURA_DESCRICAO_SERVICO","v":"JOELHO 90 GRAUS, PVC, SERIE NORMAL, ESGOTO PREDIAL, DN 75 MM, JUNTA ELÁSTICA, FORNECIDO E INSTALADO EM PRUMADA DE ESGOTO SANITÁRIO OU VENTILAÇÃO. AF_08/2022"},{"$f":"PROCURA_UNIDADE_SERVICO","v":"UN"},3,{"$f":"PROCURA_PRECO_SERVICO","v":"20,99"},26.49,79.47,null,null,null,null,"SERVIÇO",null,null,null,"NIVEL 4","NIVEL 4","NIVEL 4","NIVEL 4",{"$f":"COUNTIF($R$2:$R954,\"NIVEL 1\")","v":15},6,1,3,{"$f":"ADDRESS(MATCH(COUNTIF($R$2:$R954,\"NIVEL 1\"),V:V,0),COLUMN(S954))","v":"$S$820"},{"$f":"ADDRESS(MATCH(COUNTIF($R$2:$R954,\"NIVEL 1\"),V:V,0),COLUMN(W954))","v":"$W$820"},{"$f":"ADDRESS((MATCH(COUNTIF(INDIRECT(Z954):$S954,\"NIVEL 2\"),INDIRECT(AA954):W954,0)+(MATCH(COUNTIF($R$2:$R954,\"NIVEL 1\"),V:V,0)-1)),COLUMN(T954))","v":"$T$948"},null,null,null,null,null,null,null,null,null,null,null,null,null,null,null,null,null,null,null,null,null,null,null,null,null,null,{"$f":"PROCURA_PRECO_SERVICO","v":"20,99"}]
["15.6.1.4","SINAPI","89827",{"$f":"PROCURA_DESCRICAO_SERVICO","v":"JUNÇÃO SIMPLES, PVC, SERIE NORMAL, ESGOTO PREDIAL, DN 50 X 50 MM, JUNTA ELÁSTICA, FORNECIDO E INSTALADO EM PRUMADA DE ESGOTO SANITÁRIO OU VENTILAÇÃO. AF_08/2022"},{"$f":"PROCURA_UNIDADE_SERVICO","v":"UN"},11,{"$f":"PROCURA_PRECO_SERVICO","v":"20,67"},26.09,286.99,null,null,null,null,"SERVIÇO",null,null,null,"NIVEL 4","NIVEL 4","NIVEL 4","NIVEL 4",{"$f":"COUNTIF($R$2:$R955,\"NIVEL 1\")","v":15},6,1,4,{"$f":"ADDRESS(MATCH(COUNTIF($R$2:$R955,\"NIVEL 1\"),V:V,0),COLUMN(S955))","v":"$S$820"},{"$f":"ADDRESS(MATCH(COUNTIF($R$2:$R955,\"NIVEL 1\"),V:V,0),COLUMN(W955))","v":"$W$820"},{"$f":"ADDRESS((MATCH(COUNTIF(INDIRECT(Z955):$S955,\"NIVEL 2\"),INDIRECT(AA955):W955,0)+(MATCH(COUNTIF($R$2:$R955,\"NIVEL 1\"),V:V,0)-1)),COLUMN(T955))","v":"$T$948"},null,null,null,null,null,null,null,null,null,null,null,null,null,null,null,null,null,null,null,null,null,null,null,null,null,null,{"$f":"PROCURA_PRECO_SERVICO","v":"20,67"}]
["15.6.1.5","COMPOSIÇÃO","JMV-CRAS-008",{"$f":"PROCURA_DESCRICAO_SERVICO","v":"JUNÇÃO SIMPLES EM PVC RÍGIDO SOLDÁVEL, PARA ESGOTO PRIMÁRIO, DIÂM = 75 X 50MM - BASEADA DA ORSE (1560)"},{"$f":"PROCURA_UNIDADE_SERVICO","v":"UN"},3,{"$f":"PROCURA_PRECO_SERVICO","v":37.35},47.15,141.45,null,null,null,null,"SERVIÇO",null,null,null,"NIVEL 4","NIVEL 4","NIVEL 4","NIVEL 4",{"$f":"COUNTIF($R$2:$R956,\"NIVEL 1\")","v":15},6,1,5,{"$f":"ADDRESS(MATCH(COUNTIF($R$2:$R956,\"NIVEL 1\"),V:V,0),COLUMN(S956))","v":"$S$820"},{"$f":"ADDRESS(MATCH(COUNTIF($R$2:$R956,\"NIVEL 1\"),V:V,0),COLUMN(W956))","v":"$W$820"},{"$f":"ADDRESS((MATCH(COUNTIF(INDIRECT(Z956):$S956,\"NIVEL 2\"),INDIRECT(AA956):W956,0)+(MATCH(COUNTIF($R$2:$R956,\"NIVEL 1\"),V:V,0)-1)),COLUMN(T956))","v":"$T$948"},null,null,null,null,null,null,null,null,null,null,null,null,null,null,null,null,null,null,null,null,null,null,null,null,null,null,{"$f":"PROCURA_PRECO_SERVICO","v":37.35}]
["15.6.1.6","SINAPI","89549",{"$f":"PROCURA_DESCRICAO_SERVICO","v":"REDUÇÃO EXCÊNTRICA, PVC, SERIE R, ÁGUA PLUVIAL, DN 75 X 50 MM, JUNTA ELÁSTICA, FORNECIDO E INSTALADO EM RAMAL DE ENCAMINHAMENTO. AF_06/2022"},{"$f":"PROCURA_UNIDADE_SERVICO","v":"UN"},2,{"$f":"PROCURA_PRECO_SERVICO","v":"19,86"},25.07,50.14,null,null,null,null,"SERVIÇO",null,null,null,"NIVEL 4","NIVEL 4","NIVEL 4","NIVEL 4",{"$f":"COUNTIF($R$2:$R957,\"NIVEL 1\")","v":15},6,1,6,{"$f":"ADDRESS(MATCH(COUNTIF($R$2:$R957,\"NIVEL 1\"),V:V,0),COLUMN(S957))","v":"$S$820"},{"$f":"ADDRESS(MATCH(COUNTIF($R$2:$R957,\"NIVEL 1\"),V:V,0),COLUMN(W957))","v":"$W$820"},{"$f":"ADDRESS((MATCH(COUNTIF(INDIRECT(Z957):$S957,\"NIVEL 2\"),INDIRECT(AA957):W957,0)+(MATCH(COUNTIF($R$2:$R957,\"NIVEL 1\"),V:V,0)-1)),COLUMN(T957))","v":"$T$948"},null,null,null,null,null,null,null,null,null,null,null,null,null,null,null,null,null,null,null,null,null,null,null,null,null,null,{"$f":"PROCURA_PRECO_SERVICO","v":"19,86"}]
["15.6.1.7","SINAPI","104348",{"$f":"PROCURA_DESCRICAO_SERVICO","v":"TERMINAL DE VENTILAÇÃO, PVC, SÉRIE NORMAL, ESGOTO PREDIAL, DN 50 MM, JUNTA SOLDÁVEL, FORNECIDO E INSTALADO EM PRUMADA DE ESGOTO SANITÁRIO OU VENTILAÇÃO. AF_08/2022"},{"$f":"PROCURA_UNIDADE_SERVICO","v":"UN"},5,{"$f":"PROCURA_PRECO_SERVICO","v":"12,44"},15.7,78.5,null,null,null,null,"SERVIÇO",null,null,null,"NIVEL 4","NIVEL 4","NIVEL 4","NIVEL 4",{"$f":"COUNTIF($R$2:$R958,\"NIVEL 1\")","v":15},6,1,7,{"$f":"ADDRESS(MATCH(COUNTIF($R$2:$R958,\"NIVEL 1\"),V:V,0),COLUMN(S958))","v":"$S$820"},{"$f":"ADDRESS(MATCH(COUNTIF($R$2:$R958,\"NIVEL 1\"),V:V,0),COLUMN(W958))","v":"$W$820"},{"$f":"ADDRESS((MATCH(COUNTIF(INDIRECT(Z958):$S958,\"NIVEL 2\"),INDIRECT(AA958):W958,0)+(MATCH(COUNTIF($R$2:$R958,\"NIVEL 1\"),V:V,0)-1)),COLUMN(T958))","v":"$T$948"},null,null,null,null,null,null,null,null,null,null,null,null,null,null,null,null,null,null,null,null,null,null,null,null,null,null,{"$f":"PROCURA_PRECO_SERVICO","v":"12,44"}]
["15.6.1.8","SINAPI","104351",{"$f":"PROCURA_DESCRICAO_SERVICO","v":"TERMINAL DE VENTILAÇÃO, PVC, SÉRIE NORMAL, ESGOTO PREDIAL, DN 75 MM, JUNTA SOLDÁVEL, FORNECIDO E INSTALADO EM PRUMADA DE ESGOTO SANITÁRIO OU VENTILAÇÃO. AF_08/2022"},{"$f":"PROCURA_UNIDADE_SERVICO","v":"UN"},1,{"$f":"PROCURA_PRECO_SERVICO","v":"25,41"},32.07,32.07,null,null,null,null,"SERVIÇO",null,null,null,"NIVEL 4","NIVEL 4","NIVEL 4","NIVEL 4",{"$f":"COUNTIF($R$2:$R959,\"NIVEL 1\")","v":15},6,1,8,{"$f":"ADDRESS(MATCH(COUNTIF($R$2:$R959,\"NIVEL 1\"),V:V,0),COLUMN(S959))","v":"$S$820"},{"$f":"ADDRESS(MATCH(COUNTIF($R$2:$R959,\"NIVEL 1\"),V:V,0),COLUMN(W959))","v":"$W$820"},{"$f":"ADDRESS((MATCH(COUNTIF(INDIRECT(Z959):$S959,\"NIVEL 2\"),INDIRECT(AA959):W959,0)+(MATCH(COUNTIF($R$2:$R959,\"NIVEL 1\"),V:V,0)-1)),COLUMN(T959))","v":"$T$948"},null,null,null,null,null,null,null,null,null,null,null,null,null,null,null,null,null,null,null,null,null,null,null,null,null,null,{"$f":"PROCURA_PRECO_SERVICO","v":"25,41"}]
["15.6.1.9","SINAPI","89798",{"$f":"PROCURA_DESCRICAO_SERVICO","v":"TUBO PVC, SERIE NORMAL, ESGOTO PREDIAL, DN 50 MM, FORNECIDO E INSTALADO EM PRUMADA DE ESGOTO SANITÁRIO OU VENTILAÇÃO. AF_08/2022"},{"$f":"PROCURA_UNIDADE_SERVICO","v":"M"},22.43,{"$f":"PROCURA_PRECO_SERVICO","v":"15,41"},19.45,436.26,null,null,null,null,"SERVIÇO",null,null,null,"NIVEL 4","NIVEL 4","NIVEL 4","NIVEL 4",{"$f":"COUNTIF($R$2:$R960,\"NIVEL 1\")","v":15},6,1,9,{"$f":"ADDRESS(MATCH(COUNTIF($R$2:$R960,\"NIVEL 1\"),V:V,0),COLUMN(S960))","v":"$S$820"},{"$f":"ADDRESS(MATCH(COUNTIF($R$2:$R960,\"NIVEL 1\"),V:V,0),COLUMN(W960))","v":"$W$820"},{"$f":"ADDRESS((MATCH(COUNTIF(INDIRECT(Z960):$S960,\"NIVEL 2\"),INDIRECT(AA960):W960,0)+(MATCH(COUNTIF($R$2:$R960,\"NIVEL 1\"),V:V,0)-1)),COLUMN(T960))","v":"$T$948"},null,null,null,null,null,null,null,null,null,null,null,null,null,null,null,null,null,null,null,null,null,null,null,null,null,null,{"$f":"PROCURA_PRECO_SERVICO","v":"15,41"}]
["15.6.1.10","SINAPI","89799",{"$f":"PROCURA_DESCRICAO_SERVICO","v":"TUBO PVC, SERIE NORMAL, ESGOTO PREDIAL, DN 75 MM, FORNECIDO E INSTALADO EM PRUMADA DE ESGOTO SANITÁRIO OU VENTILAÇÃO. AF_08/2022"},{"$f":"PROCURA_UNIDADE_SERVICO","v":"M"},6.44,{"$f":"PROCURA_PRECO_SERVICO","v":"24,88"},31.4,202.21,null,null,null,null,"SERVIÇO",null,null,null,"NIVEL 4","NIVEL 4","NIVEL 4","NIVEL 4",{"$f":"COUNTIF($R$2:$R961,\"NIVEL 1\")","v":15},6,1,10,{"$f":"ADDRESS(MATCH(COUNTIF($R$2:$R961,\"NIVEL 1\"),V:V,0),COLUMN(S961))","v":"$S$820"},{"$f":"ADDRESS(MATCH(COUNTIF($R$2:$R961,\"NIVEL 1\"),V:V,0),COLUMN(W961))","v":"$W$820"},{"$f":"ADDRESS((MATCH(COUNTIF(INDIRECT(Z961):$S961,\"NIVEL 2\"),INDIRECT(AA961):W961,0)+(MATCH(COUNTIF($R$2:$R961,\"NIVEL 1\"),V:V,0)-1)),COLUMN(T961))","v":"$T$948"},null,null,null,null,null,null,null,null,null,null,null,null,null,null,null,null,null,null,null,null,null,null,null,null,null,null,{"$f":"PROCURA_PRECO_SERVICO","v":"24,88"}]
["15.6.1.11","SINAPI","104352",{"$f":"PROCURA_DESCRICAO_SERVICO","v":"TE, PVC, SÉRIE NORMAL, ESGOTO PREDIAL, DN 100 X 50 MM, JUNTA ELÁSTICA, FORNECIDO E INSTALADO EM PRUMADA DE ESGOTO SANITÁRIO OU VENTILAÇÃO. AF_08/2022"},{"$f":"PROCURA_UNIDADE_SERVICO","v":"UN"},11,{"$f":"PROCURA_PRECO_SERVICO","v":"41,07"},51.84,570.24,null,null,null,null,"SERVIÇO",null,null,null,"NIVEL 4","NIVEL 4","NIVEL 4","NIVEL 4",{"$f":"COUNTIF($R$2:$R962,\"NIVEL 1\")","v":15},6,1,{"$f":"IF(U962=\"NIVEL 4\",OFFSET(Y962,-1,0)+1,0)","v":11},{"$f":"ADDRESS(MATCH(COUNTIF($R$2:$R962,\"NIVEL 1\"),V:V,0),COLUMN(S962))","v":"$S$820"},{"$f":"ADDRESS(MATCH(COUNTIF($R$2:$R962,\"NIVEL 1\"),V:V,0),COLUMN(W962))","v":"$W$820"},{"$f":"ADDRESS((MATCH(COUNTIF(INDIRECT(Z962):$S962,\"NIVEL 2\"),INDIRECT(AA962):W962,0)+(MATCH(COUNTIF($R$2:$R962,\"NIVEL 1\"),V:V,0)-1)),COLUMN(T962))","v":"$T$948"},null,null,null,null,null,null,null,null,null,null,null,null,null,null,null,null,null,null,null,null,null,null,null,null,null,null,{"$f":"PROCURA_PRECO_SERVICO","v":"41,07"}]
["15.6.1.12","SINAPI","89825",{"$f":"PROCURA_DESCRICAO_SERVICO","v":"TE, PVC, SERIE NORMAL, ESGOTO PREDIAL, DN 50 X 50 MM, JUNTA ELÁSTICA, FORNECIDO E INSTALADO EM PRUMADA DE ESGOTO SANITÁRIO OU VENTILAÇÃO. AF_08/2022"},{"$f":"PROCURA_UNIDADE_SERVICO","v":"UN"},27,{"$f":"PROCURA_PRECO_SERVICO","v":"17,90"},22.59,609.93,null,null,null,null,"SERVIÇO",null,null,null,"NIVEL 4","NIVEL 4","NIVEL 4","NIVEL 4",{"$f":"COUNTIF($R$2:$R963,\"NIVEL 1\")","v":15},6,1,12,{"$f":"ADDRESS(MATCH(COUNTIF($R$2:$R963,\"NIVEL 1\"),V:V,0),COLUMN(S963))","v":"$S$820"},{"$f":"ADDRESS(MATCH(COUNTIF($R$2:$R963,\"NIVEL 1\"),V:V,0),COLUMN(W963))","v":"$W$820"},{"$f":"ADDRESS((MATCH(COUNTIF(INDIRECT(Z963):$S963,\"NIVEL 2\"),INDIRECT(AA963):W963,0)+(MATCH(COUNTIF($R$2:$R963,\"NIVEL 1\"),V:V,0)-1)),COLUMN(T963))","v":"$T$948"},null,null,null,null,null,null,null,null,null,null,null,null,null,null,null,null,null,null,null,null,null,null,null,null,null,null,{"$f":"PROCURA_PRECO_SERVICO","v":"17,90"}]
["15.6.1.13","COMPOSIÇÃO","JMV-CRAS-009",{"$f":"PROCURA_DESCRICAO_SERVICO","v":"TE SANITARIO DIAMETRO 75 X 50 MM - BASEADA DA AGETOP CIVIL (082231)"},{"$f":"PROCURA_UNIDADE_SERVICO","v":"UN"},3,{"$f":"PROCURA_PRECO_SERVICO","v":27.7},34.96,104.88,null,null,null,null,"SERVIÇO",null,null,null,"NIVEL 4","NIVEL 4","NIVEL 4","NIVEL 4",{"$f":"COUNTIF($R$2:$R964,\"NIVEL 1\")","v":15},6,1,{"$f":"IF(U964=\"NIVEL 4\",OFFSET(Y964,-1,0)+1,0)","v":13},{"$f":"ADDRESS(MATCH(COUNTIF($R$2:$R964,\"NIVEL 1\"),V:V,0),COLUMN(S964))","v":"$S$820"},{"$f":"ADDRESS(MATCH(COUNTIF($R$2:$R964,\"NIVEL 1\"),V:V,0),COLUMN(W964))","v":"$W$820"},{"$f":"ADDRESS((MATCH(COUNTIF(INDIRECT(Z964):$S964,\"NIVEL 2\"),INDIRECT(AA964):W964,0)+(MATCH(COUNTIF($R$2:$R964,\"NIVEL 1\"),V:V,0)-1)),COLUMN(T964))","v":"$T$948"},null,null,null,null,null,null,null,null,null,null,null,null,null,null,null,null,null,null,null,null,null,null,null,null,null,null,{"$f":"PROCURA_PRECO_SERVICO","v":27.7}]
["15.6.1.14","SINAPI","89829",{"$f":"PROCURA_DESCRICAO_SERVICO","v":"TE, PVC, SERIE NORMAL, ESGOTO PREDIAL, DN 75 X 75 MM, JUNTA ELÁSTICA, FORNECIDO E INSTALADO EM PRUMADA DE ESGOTO SANITÁRIO OU VENTILAÇÃO. AF_08/2022"},{"$f":"PROCURA_UNIDADE_SERVICO","v":"UN"},1,{"$f":"PROCURA_PRECO_SERVICO","v":"37,77"},47.68,47.68,null,null,null,null,"SERVIÇO",null,null,null,"NIVEL 4","NIVEL 4","NIVEL 4","NIVEL 4",{"$f":"COUNTIF($R$2:$R965,\"NIVEL 1\")","v":15},6,1,14,{"$f":"ADDRESS(MATCH(COUNTIF($R$2:$R965,\"NIVEL 1\"),V:V,0),COLUMN(S965))","v":"$S$820"},{"$f":"ADDRESS(MATCH(COUNTIF($R$2:$R965,\"NIVEL 1\"),V:V,0),COLUMN(W965))","v":"$W$820"},{"$f":"ADDRESS((MATCH(COUNTIF(INDIRECT(Z965):$S965,\"NIVEL 2\"),INDIRECT(AA965):W965,0)+(MATCH(COUNTIF($R$2:$R965,\"NIVEL 1\"),V:V,0)-1)),COLUMN(T965))","v":"$T$948"},null,null,null,null,null,null,null,null,null,null,null,null,null,null,null,null,null,null,null,null,null,null,null,null,null,null,{"$f":"PROCURA_PRECO_SERVICO","v":"37,77"}]
[null,null,null,null,null,null,null,null,null,null,null,null,null,null,null,null,null,null,null,null,null,{"$f":"COUNTIF($R$2:$R966,\"NIVEL 1\")","v":15},6,1,0,{"$f":"ADDRESS(MATCH(COUNTIF($R$2:$R966,\"NIVEL 1\"),V:V,0),COLUMN(S966))","v":"$S$820"},{"$f":"ADDRESS(MATCH(COUNTIF($R$2:$R966,\"NIVEL 1\"),V:V,0),COLUMN(W966))","v":"$W$820"},{"$f":"ADDRESS((MATCH(COUNTIF(INDIRECT(Z966):$S966,\"NIVEL 2\"),INDIRECT(AA966):W966,0)+(MATCH(COUNTIF($R$2:$R966,\"NIVEL 1\"),V:V,0)-1)),COLUMN(T966))","v":"$T$948"},null,null,null,null,null,null,null,null,null,null,null,null,null,null,null,null,null,null,null,null,null,null,null,null,null,null,{"$f":"PROCURA_PRECO_SERVICO","v":0}]
[null,null,null,{"$f":"\"SUBTOTAL DO ITEM - \"&A950","v":"SUBTOTAL DO ITEM - 15.6.1"},null,null,null,null,{"$f":"SUBTOTAL(9,OFFSET(I950,1,0):OFFSET(I967,-1,0))","v":3375.14},null,null,null,null,"SUBSUBITEM_FIM",null,null,null,null,null,null,null,{"$f":"COUNTIF($R$2:$R967,\"NIVEL 1\")","v":15},6,1,0,{"$f":"ADDRESS(MATCH(COUNTIF($R$2:$R967,\"NIVEL 1\"),V:V,0),COLUMN(S967))","v":"$S$820"},{"$f":"ADDRESS(MATCH(COUNTIF($R$2:$R967,\"NIVEL 1\"),V:V,0),COLUMN(W967))","v":"$W$820"},{"$f":"ADDRESS((MATCH(COUNTIF(INDIRECT(Z967):$S967,\"NIVEL 2\"),INDIRECT(AA967):W967,0)+(MATCH(COUNTIF($R$2:$R967,\"NIVEL 1\"),V:V,0)-1)),COLUMN(T967))","v":"$T$948"},null,null,null,null,null,null,null,null,null,null,null,null,null,null,null,null,null,null,null,null,null,null,null,null,null,null,{"$f":"PROCURA_PRECO_SERVICO","v":0}]
[null,null,null,null,null,null,null,null,null,null,null,null,null,null,null,null,null,null,null,null,null,{"$f":"COUNTIF($R$2:$R968,\"NIVEL 1\")","v":15},{"$f":"IFERROR(COUNTIF(INDIRECT(Z968):S968,\"NIVEL 2\"),0)","v":6},{"$f":"COUNTIF(INDIRECT(AB968):T968,\"NIVEL 3\")","v":1},0,{"$f":"ADDRESS(MATCH(COUNTIF($R$2:$R968,\"NIVEL 1\"),V:V,0),COLUMN(S968))","v":"$S$820"},{"$f":"ADDRESS(MATCH(COUNTIF($R$2:$R968,\"NIVEL 1\"),V:V,0),COLUMN(W968))","v":"$W$820"},{"$f":"ADDRESS((MATCH(COUNTIF(INDIRECT(Z968):$S968,\"NIVEL 2\"),INDIRECT(AA968):W968,0)+(MATCH(COUNTIF($R$2:$R968,\"NIVEL 1\"),V:V,0)-1)),COLUMN(T968))","v":"$T$948"},null,null,null,null,null,null,null,null,null,null,null,null,null,null,null,null,null,null,null,null,null,null,null,null,null,null,{"$f":"PROCURA_PRECO_SERVICO","v":0}]
[null,null,null,{"$f":"\"SUBTOTAL DO ITEM  - \"&A948","v":"SUBTOTAL DO ITEM  - 15.6"},null,null,null,null,{"$f":"SUBTOTAL(9,OFFSET(I948,1,0):OFFSET(I969,-1,0))","v":3375.14},null,null,null,null,"SUBITEM_FIM",null,null,null,null,null,null,null,{"$f":"COUNTIF($R$2:$R969,\"NIVEL 1\")","v":15},6,1,0,{"$f":"ADDRESS(MATCH(COUNTIF($R$2:$R969,\"NIVEL 1\"),V:V,0),COLUMN(S969))","v":"$S$820"},{"$f":"ADDRESS(MATCH(COUNTIF($R$2:$R969,\"NIVEL 1\"),V:V,0),COLUMN(W969))","v":"$W$820"},{"$f":"ADDRESS((MATCH(COUNTIF(INDIRECT(Z969):$S969,\"NIVEL 2\"),INDIRECT(AA969):W969,0)+(MATCH(COUNTIF($R$2:$R969,\"NIVEL 1\"),V:V,0)-1)),COLUMN(T969))","v":"$T$948"},null,null,null,null,null,null,null,null,null,null,null,null,null,null,null,null,null,null,null,null,null,null,null,null,null,null,{"$f":"PROCURA_PRECO_SERVICO","v":0}]
[null,null,null,null,null,null,null,null,null,null,null,null,null,null,null,null,null,null,null,null,null,{"$f":"COUNTIF($R$2:$R970,\"NIVEL 1\")","v":15},6,1,0,{"$f":"ADDRESS(MATCH(COUNTIF($R$2:$R970,\"NIVEL 1\"),V:V,0),COLUMN(S970))","v":"$S$820"},{"$f":"ADDRESS(MATCH(COUNTIF($R$2:$R970,\"NIVEL 1\"),V:V,0),COLUMN(W970))","v":"$W$820"},{"$f":"ADDRESS((MATCH(COUNTIF(INDIRECT(Z970):$S970,\"NIVEL 2\"),INDIRECT(AA970):W970,0)+(MATCH(COUNTIF($R$2:$R970,\"NIVEL 1\"),V:V,0)-1)),COLUMN(T970))","v":"$T$948"},null,null,null,null,null,null,null,null,null,null,null,null,null,null,null,null,null,null,null,null,null,null,null,null,null,null,{"$f":"PROCURA_PRECO_SERVICO","v":0}]
[{"$f":"V971&\".\"&W971","v":"15.7"},null,null,"VENTILAÇÃO ENTERRADA",null,null,null,null,null,null,null,null,null,"SUBITEM_INICIO",null,null,null,"NIVEL 2","NIVEL 2",null,null,{"$f":"COUNTIF($R$2:$R971,\"NIVEL 1\")","v":15},7,0,0,{"$f":"ADDRESS(MATCH(COUNTIF($R$2:$R971,\"NIVEL 1\"),V:V,0),COLUMN(S971))","v":"$S$820"},{"$f":"ADDRESS(MATCH(COUNTIF($R$2:$R971,\"NIVEL 1\"),V:V,0),COLUMN(W971))","v":"$W$820"},{"$f":"ADDRESS((MATCH(COUNTIF(INDIRECT(Z971):$S971,\"NIVEL 2\"),INDIRECT(AA971):W971,0)+(MATCH(COUNTIF($R$2:$R971,\"NIVEL 1\"),V:V,0)-1)),COLUMN(T971))","v":"$T$971"},null,null,null,null,null,null,null,null,null,null,null,null,null,null,null,null,null,null,null,null,null,null,null,null,null,null,{"$f":"PROCURA_PRECO_SERVICO","v":0}]
[null,null,null,null,null,null,null,null,null,null,null,null,null,null,null,null,null,null,null,null,null,{"$f":"COUNTIF($R$2:$R972,\"NIVEL 1\")","v":15},7,0,0,{"$f":"ADDRESS(MATCH(COUNTIF($R$2:$R972,\"NIVEL 1\"),V:V,0),COLUMN(S972))","v":"$S$820"},{"$f":"ADDRESS(MATCH(COUNTIF($R$2:$R972,\"NIVEL 1\"),V:V,0),COLUMN(W972))","v":"$W$820"},{"$f":"ADDRESS((MATCH(COUNTIF(INDIRECT(Z972):$S972,\"NIVEL 2\"),INDIRECT(AA972):W972,0)+(MATCH(COUNTIF($R$2:$R972,\"NIVEL 1\"),V:V,0)-1)),COLUMN(T972))","v":"$T$971"},null,null,null,null,null,null,null,null,null,null,null,null,null,null,null,null,null,null,null,null,null,null,null,null,null,null,{"$f":"PROCURA_PRECO_SERVICO","v":0}]
[{"$f":"V973&\".\"&W973&\".\"&X973","v":"15.7.1"},null,null,"PVC ESGOTO",null,null,null,null,null,null,null,null,null,"SUBSUBITEM_INICIO",null,null,null,"NIVEL 3","NIVEL 3","NIVEL 3",null,{"$f":"COUNTIF($R$2:$R973,\"NIVEL 1\")","v":15},7,1,0,{"$f":"ADDRESS(MATCH(COUNTIF($R$2:$R973,\"NIVEL 1\"),V:V,0),COLUMN(S973))","v":"$S$820"},{"$f":"ADDRESS(MATCH(COUNTIF($R$2:$R973,\"NIVEL 1\"),V:V,0),COLUMN(W973))","v":"$W$820"},{"$f":"ADDRESS((MATCH(COUNTIF(INDIRECT(Z973):$S973,\"NIVEL 2\"),INDIRECT(AA973):W973,0)+(MATCH(COUNTIF($R$2:$R973,\"NIVEL 1\"),V:V,0)-1)),COLUMN(T973))","v":"$T$971"},null,null,null,null,null,null,null,null,null,null,null,null,null,null,null,null,null,null,null,null,null,null,null,null,null,null,{"$f":"PROCURA_PRECO_SERVICO","v":0}]
[null,null,null,null,null,null,null,null,null,null,null,null,null,null,null,null,null,null,null,null,null,{"$f":"COUNTIF($R$2:$R974,\"NIVEL 1\")","v":15},7,1,0,{"$f":"ADDRESS(MATCH(COUNTIF($R$2:$R974,\"NIVEL 1\"),V:V,0),COLUMN(S974))","v":"$S$820"},{"$f":"ADDRESS(MATCH(COUNTIF($R$2:$R974,\"NIVEL 1\"),V:V,0),COLUMN(W974))","v":"$W$820"},{"$f":"ADDRESS((MATCH(COUNTIF(INDIRECT(Z974):$S974,\"NIVEL 2\"),INDIRECT(AA974):W974,0)+(MATCH(COUNTIF($R$2:$R974,\"NIVEL 1\"),V:V,0)-1)),COLUMN(T974))","v":"$T$971"},null,null,null,null,null,null,null,null,null,null,null,null,null,null,null,null,null,null,null,null,null,null,null,null,null,null,{"$f":"PROCURA_PRECO_SERVICO","v":0}]
[{"$f":"V975&\".\"&W975&\".\"&X975&\".\"&Y975","v":"15.7.1.1"},"SINAPI","89798",{"$f":"PROCURA_DESCRICAO_SERVICO","v":"TUBO PVC, SERIE NORMAL, ESGOTO PREDIAL, DN 50 MM, FORNECIDO E INSTALADO EM PRUMADA DE ESGOTO SANITÁRIO OU VENTILAÇÃO. AF_08/2022"},{"$f":"PROCURA_UNIDADE_SERVICO","v":"M"},27.64,{"$f":"PROCURA_PRECO_SERVICO","v":"15,41"},{"$f":"CUSTO_BDI_SERVICO","v":19.45},{"$f":"CUSTO_TOTAL_SERVICO","v":537.59},null,null,null,null,"SERVIÇO",null,null,null,"NIVEL 4","NIVEL 4","NIVEL 4","NIVEL 4",{"$f":"COUNTIF($R$2:$R975,\"NIVEL 1\")","v":15},7,1,{"$f":"IF(U975=\"NIVEL 4\",OFFSET(Y975,-1,0)+1,0)","v":1},{"$f":"ADDRESS(MATCH(COUNTIF($R$2:$R975,\"NIVEL 1\"),V:V,0),COLUMN(S975))","v":"$S$820"},{"$f":"ADDRESS(MATCH(COUNTIF($R$2:$R975,\"NIVEL 1\"),V:V,0),COLUMN(W975))","v":"$W$820"},{"$f":"ADDRESS((MATCH(COUNTIF(INDIRECT(Z975):$S975,\"NIVEL 2\"),INDIRECT(AA975):W975,0)+(MATCH(COUNTIF($R$2:$R975,\"NIVEL 1\"),V:V,0)-1)),COLUMN(T975))","v":"$T$971"},null,null,null,null,null,null,null,null,null,null,null,null,null,null,null,null,null,null,null,null,null,null,null,null,null,null,{"$f":"PROCURA_PRECO_SERVICO","v":"15,41"}]
[{"$f":"V976&\".\"&W976&\".\"&X976&\".\"&Y976","v":"15.7.1.2"},"SINAPI","89799",{"$f":"PROCURA_DESCRICAO_SERVICO","v":"TUBO PVC, SERIE NORMAL, ESGOTO PREDIAL, DN 75 MM, FORNECIDO E INSTALADO EM PRUMADA DE ESGOTO SANITÁRIO OU VENTILAÇÃO. AF_08/2022"},{"$f":"PROCURA_UNIDADE_SERVICO","v":"M"},8.43,{"$f":"PROCURA_PRECO_SERVICO","v":"24,88"},{"$f":"CUSTO_BDI_SERVICO","v":31.4},{"$f":"CUSTO_TOTAL_SERVICO","v":264.7},null,null,null,null,"SERVIÇO",null,null,null,"NIVEL 4","NIVEL 4","NIVEL 4","NIVEL 4",{"$f":"COUNTIF($R$2:$R976,\"NIVEL 1\")","v":15},7,1,2,{"$f":"ADDRESS(MATCH(COUNTIF($R$2:$R976,\"NIVEL 1\"),V:V,0),COLUMN(S976))","v":"$S$820"},{"$f":"ADDRESS(MATCH(COUNTIF($R$2:$R976,\"NIVEL 1\"),V:V,0),COLUMN(W976))","v":"$W$820"},{"$f":"ADDRESS((MATCH(COUNTIF(INDIRECT(Z976):$S976,\"NIVEL 2\"),INDIRECT(AA976):W976,0)+(MATCH(COUNTIF($R$2:$R976,\"NIVEL 1\"),V:V,0)-1)),COLUMN(T976))","v":"$T$971"},null,null,null,null,null,null,null,null,null,null,null,null,null,null,null,null,null,null,null,null,null,null,null,null,null,null,{"$f":"PROCURA_PRECO_SERVICO","v":"24,88"}]
[null,null,null,null,null,null,null,null,null,null,null,null,null,null,null,null,null,null,null,null,null,{"$f":"COUNTIF($R$2:$R977,\"NIVEL 1\")","v":15},7,1,0,{"$f":"ADDRESS(MATCH(COUNTIF($R$2:$R977,\"NIVEL 1\"),V:V,0),COLUMN(S977))","v":"$S$820"},{"$f":"ADDRESS(MATCH(COUNTIF($R$2:$R977,\"NIVEL 1\"),V:V,0),COLUMN(W977))","v":"$W$820"},{"$f":"ADDRESS((MATCH(COUNTIF(INDIRECT(Z977):$S977,\"NIVEL 2\"),INDIRECT(AA977):W977,0)+(MATCH(COUNTIF($R$2:$R977,\"NIVEL 1\"),V:V,0)-1)),COLUMN(T977))","v":"$T$971"},null,null,null,null,null,null,null,null,null,null,null,null,null,null,null,null,null,null,null,null,null,null,null,null,null,null,{"$f":"PROCURA_PRECO_SERVICO","v":0}]
[null,null,null,{"$f":"\"SUBTOTAL DO ITEM - \"&A973","v":"SUBTOTAL DO ITEM - 15.7.1"},null,null,null,null,{"$f":"SUBTOTAL(9,OFFSET(I973,1,0):OFFSET(I978,-1,0))","v":802.29},null,null,null,null,"SUBSUBITEM_FIM",null,null,null,null,null,null,null,{"$f":"COUNTIF($R$2:$R978,\"NIVEL 1\")","v":15},7,1,0,{"$f":"ADDRESS(MATCH(COUNTIF($R$2:$R978,\"NIVEL 1\"),V:V,0),COLUMN(S978))","v":"$S$820"},{"$f":"ADDRESS(MATCH(COUNTIF($R$2:$R978,\"NIVEL 1\"),V:V,0),COLUMN(W978))","v":"$W$820"},{"$f":"ADDRESS((MATCH(COUNTIF(INDIRECT(Z978):$S978,\"NIVEL 2\"),INDIRECT(AA978):W978,0)+(MATCH(COUNTIF($R$2:$R978,\"NIVEL 1\"),V:V,0)-1)),COLUMN(T978))","v":"$T$971"},null,null,null,null,null,null,null,null,null,null,null,null,null,null,null,null,null,null,null,null,null,null,null,null,null,null,{"$f":"PROCURA_PRECO_SERVICO","v":0}]
[null,null,null,null,null,null,null,null,null,null,null,null,null,null,null,null,null,null,null,null,null,{"$f":"COUNTIF($R$2:$R979,\"NIVEL 1\")","v":15},7,1,0,{"$f":"ADDRESS(MATCH(COUNTIF($R$2:$R979,\"NIVEL 1\"),V:V,0),COLUMN(S979))","v":"$S$820"},{"$f":"ADDRESS(MATCH(COUNTIF($R$2:$R979,\"NIVEL 1\"),V:V,0),COLUMN(W979))","v":"$W$820"},{"$f":"ADDRESS((MATCH(COUNTIF(INDIRECT(Z979):$S979,\"NIVEL 2\"),INDIRECT(AA979):W979,0)+(MATCH(COUNTIF($R$2:$R979,\"NIVEL 1\"),V:V,0)-1)),COLUMN(T979))","v":"$T$971"},null,null,null,null,null,null,null,null,null,null,null,null,null,null,null,null,null,null,null,null,null,null,null,null,null,null,{"$f":"PROCURA_PRECO_SERVICO","v":0}]
[null,null,null,{"$f":"\"SUBTOTAL DO ITEM  - \"&A971","v":"SUBTOTAL DO ITEM  - 15.7"},null,null,null,null,{"$f":"SUBTOTAL(9,OFFSET(I971,1,0):OFFSET(I980,-1,0))","v":802.29},null,null,null,null,"SUBITEM_FIM",null,null,null,null,null,null,null,{"$f":"COUNTIF($R$2:$R980,\"NIVEL 1\")","v":15},7,1,0,{"$f":"ADDRESS(MATCH(COUNTIF($R$2:$R980,\"NIVEL 1\"),V:V,0),COLUMN(S980))","v":"$S$820"},{"$f":"ADDRESS(MATCH(COUNTIF($R$2:$R980,\"NIVEL 1\"),V:V,0),COLUMN(W980))","v":"$W$820"},{"$f":"ADDRESS((MATCH(COUNTIF(INDIRECT(Z980):$S980,\"NIVEL 2\"),INDIRECT(AA980):W980,0)+(MATCH(COUNTIF($R$2:$R980,\"NIVEL 1\"),V:V,0)-1)),COLUMN(T980))","v":"$T$971"},null,null,null,null,null,null,null,null,null,null,null,null,null,null,null,null,null,null,null,null,null,null,null,null,null,null,{"$f":"PROCURA_PRECO_SERVICO","v":0}]
[null,null,null,null,null,null,null,null,null,null,null,null,null,null,null,null,null,null,null,null,null,{"$f":"COUNTIF($R$2:$R981,\"NIVEL 1\")","v":15},7,1,{"$f":"IF(U981=\"NIVEL 4\",OFFSET(Y981,-1,0)+1,0)","v":0},{"$f":"ADDRESS(MATCH(COUNTIF($R$2:$R981,\"NIVEL 1\"),V:V,0),COLUMN(S981))","v":"$S$820"},{"$f":"ADDRESS(MATCH(COUNTIF($R$2:$R981,\"NIVEL 1\"),V:V,0),COLUMN(W981))","v":"$W$820"},{"$f":"ADDRESS((MATCH(COUNTIF(INDIRECT(Z981):$S981,\"NIVEL 2\"),INDIRECT(AA981):W981,0)+(MATCH(COUNTIF($R$2:$R981,\"NIVEL 1\"),V:V,0)-1)),COLUMN(T981))","v":"$T$971"},null,null,null,null,null,null,null,null,null,null,null,null,null,null,null,null,null,null,null,null,null,null,null,null,null,null,{"$f":"PROCURA_PRECO_SERVICO","v":0}]
[{"$f":"V982&\".\"&W982","v":"15.8"},null,null,"ÁGUA FRIA",null,null,null,null,null,null,null,null,null,"SUBITEM_INICIO",null,null,null,"NIVEL 2","NIVEL 2",null,null,{"$f":"COUNTIF($R$2:$R982,\"NIVEL 1\")","v":15},8,0,0,{"$f":"ADDRESS(MATCH(COUNTIF($R$2:$R982,\"NIVEL 1\"),V:V,0),COLUMN(S982))","v":"$S$820"},{"$f":"ADDRESS(MATCH(COUNTIF($R$2:$R982,\"NIVEL 1\"),V:V,0),COLUMN(W982))","v":"$W$820"},{"$f":"ADDRESS((MATCH(COUNTIF(INDIRECT(Z982):$S982,\"NIVEL 2\"),INDIRECT(AA982):W982,0)+(MATCH(COUNTIF($R$2:$R982,\"NIVEL 1\"),V:V,0)-1)),COLUMN(T982))","v":"$T$982"},null,null,null,null,null,null,null,null,null,null,null,null,null,null,null,null,null,null,null,null,null,null,null,null,null,null,{"$f":"PROCURA_PRECO_SERVICO","v":0}]
[null,null,null,null,null,null,null,null,null,null,null,null,null,null,null,null,null,null,null,null,null,{"$f":"COUNTIF($R$2:$R983,\"NIVEL 1\")","v":15},8,0,0,{"$f":"ADDRESS(MATCH(COUNTIF($R$2:$R983,\"NIVEL 1\"),V:V,0),COLUMN(S983))","v":"$S$820"},{"$f":"ADDRESS(MATCH(COUNTIF($R$2:$R983,\"NIVEL 1\"),V:V,0),COLUMN(W983))","v":"$W$820"},{"$f":"ADDRESS((MATCH(COUNTIF(INDIRECT(Z983):$S983,\"NIVEL 2\"),INDIRECT(AA983):W983,0)+(MATCH(COUNTIF($R$2:$R983,\"NIVEL 1\"),V:V,0)-1)),COLUMN(T983))","v":"$T$982"},null,null,null,null,null,null,null,null,null,null,null,null,null,null,null,null,null,null,null,null,null,null,null,null,null,null,{"$f":"PROCURA_PRECO_SERVICO","v":0}]
[{"$f":"V984&\".\"&W984&\".\"&X984","v":"15.8.1"},null,null,"APARELHO",null,null,null,null,null,null,null,null,null,"SUBSUBITEM_INICIO",null,null,null,"NIVEL 3","NIVEL 3","NIVEL 3",null,{"$f":"COUNTIF($R$2:$R984,\"NIVEL 1\")","v":15},8,1,0,{"$f":"ADDRESS(MATCH(COUNTIF($R$2:$R984,\"NIVEL 1\"),V:V,0),COLUMN(S984))","v":"$S$820"},{"$f":"ADDRESS(MATCH(COUNTIF($R$2:$R984,\"NIVEL 1\"),V:V,0),COLUMN(W984))","v":"$W$820"},{"$f":"ADDRESS((MATCH(COUNTIF(INDIRECT(Z984):$S984,\"NIVEL 2\"),INDIRECT(AA984):W984,0)+(MATCH(COUNTIF($R$2:$R984,\"NIVEL 1\"),V:V,0)-1)),COLUMN(T984))","v":"$T$982"},null,null,null,null,null,null,null,null,null,null,null,null,null,null,null,null,null,null,null,null,null,null,null,null,null,null,{"$f":"PROCURA_PRECO_SERVICO","v":0}]
[null,null,null,null,null,null,null,null,null,null,null,null,null,null,null,null,null,null,null,null,null,{"$f":"COUNTIF($R$2:$R985,\"NIVEL 1\")","v":15},8,1,0,{"$f":"ADDRESS(MATCH(COUNTIF($R$2:$R985,\"NIVEL 1\"),V:V,0),COLUMN(S985))","v":"$S$820"},{"$f":"ADDRESS(MATCH(COUNTIF($R$2:$R985,\"NIVEL 1\"),V:V,0),COLUMN(W985))","v":"$W$820"},{"$f":"ADDRESS((MATCH(COUNTIF(INDIRECT(Z985):$S985,\"NIVEL 2\"),INDIRECT(AA985):W985,0)+(MATCH(COUNTIF($R$2:$R985,\"NIVEL 1\"),V:V,0)-1)),COLUMN(T985))","v":"$T$982"},null,null,null,null,null,null,null,null,null,null,null,null,null,null,null,null,null,null,null,null,null,null,null,null,null,null,{"$f":"PROCURA_PRECO_SERVICO","v":0}]
[{"$f":"V986&\".\"&W986&\".\"&X986&\".\"&Y986","v":"15.8.1.1"},"SUDECAP","10.47.08",{"$f":"PROCURA_DESCRICAO_SERVICO","v":"BEBEDOURO E FILTRO - BEBEDOURO CONJUGADO INOX H= 1,00M/1,12M ATENDE 40P"},{"$f":"PROCURA_UNIDADE_SERVICO","v":"UN"},2,{"$f":"PROCURA_PRECO_SERVICO","v":1127.46},{"$f":"CUSTO_BDI_SERVICO","v":1423.3},{"$f":"CUSTO_TOTAL_SERVICO","v":2846.6},null,null,null,null,"SERVIÇO",null,null,null,"NIVEL 4","NIVEL 4","NIVEL 4","NIVEL 4",{"$f":"COUNTIF($R$2:$R986,\"NIVEL 1\")","v":15},8,1,1,{"$f":"ADDRESS(MATCH(COUNTIF($R$2:$R986,\"NIVEL 1\"),V:V,0),COLUMN(S986))","v":"$S$820"},{"$f":"ADDRESS(MATCH(COUNTIF($R$2:$R986,\"NIVEL 1\"),V:V,0),COLUMN(W986))","v":"$W$820"},{"$f":"ADDRESS((MATCH(COUNTIF(INDIRECT(Z986):$S986,\"NIVEL 2\"),INDIRECT(AA986):W986,0)+(MATCH(COUNTIF($R$2:$R986,\"NIVEL 1\"),V:V,0)-1)),COLUMN(T986))","v":"$T$982"},null,null,null,null,null,null,null,null,null,null,null,null,null,null,null,null,null,null,null,null,null,null,null,null,null,null,{"$f":"PROCURA_PRECO_SERVICO","v":1127.46}]
["15.8.1.2","SINAPI","100860",{"$f":"PROCURA_DESCRICAO_SERVICO","v":"CHUVEIRO ELÉTRICO COMUM CORPO PLÁSTICO, TIPO DUCHA \u0096 FORNECIMENTO E INSTALAÇÃO. AF_01/2020"},{"$f":"PROCURA_UNIDADE_SERVICO","v":"UN"},1,{"$f":"PROCURA_PRECO_SERVICO","v":"87,98"},111.06,111.06,null,null,null,null,"SERVIÇO",null,null,null,"NIVEL 4","NIVEL 4","NIVEL 4","NIVEL 4",{"$f":"COUNTIF($R$2:$R987,\"NIVEL 1\")","v":15},8,1,2,{"$f":"ADDRESS(MATCH(COUNTIF($R$2:$R987,\"NIVEL 1\"),V:V,0),COLUMN(S987))","v":"$S$820"},{"$f":"ADDRESS(MATCH(COUNTIF($R$2:$R987,\"NIVEL 1\"),V:V,0),COLUMN(W987))","v":"$W$820"},{"$f":"ADDRESS((MATCH(COUNTIF(INDIRECT(Z987):$S987,\"NIVEL 2\"),INDIRECT(AA987):W987,0)+(MATCH(COUNTIF($R$2:$R987,\"NIVEL 1\"),V:V,0)-1)),COLUMN(T987))","v":"$T$982"},null,null,null,null,null,null,null,null,null,null,null,null,null,null,null,null,null,null,null,null,null,null,null,null,null,null,{"$f":"PROCURA_PRECO_SERVICO","v":"87,98"}]
["15.8.1.3","SETOP","ED-50316",{"$f":"PROCURA_DESCRICAO_SERVICO","v":"DUCHA HIGIÊNICA COM REGISTRO PARA CONTROLE DE FLUXO DE ÁGUA, DIÂMETRO 1/2\" (20MM), INCLUSIVE FORNECIMENTO E INSTALAÇÃO"},{"$f":"PROCURA_UNIDADE_SERVICO","v":"UN"},3,{"$f":"PROCURA_PRECO_SERVICO","v":149.21},188.36,565.08,null,null,null,null,"SERVIÇO",null,null,null,"NIVEL 4","NIVEL 4","NIVEL 4","NIVEL 4",{"$f":"COUNTIF($R$2:$R988,\"NIVEL 1\")","v":15},8,1,3,{"$f":"ADDRESS(MATCH(COUNTIF($R$2:$R988,\"NIVEL 1\"),V:V,0),COLUMN(S988))","v":"$S$820"},{"$f":"ADDRESS(MATCH(COUNTIF($R$2:$R988,\"NIVEL 1\"),V:V,0),COLUMN(W988))","v":"$W$820"},{"$f":"ADDRESS((MATCH(COUNTIF(INDIRECT(Z988):$S988,\"NIVEL 2\"),INDIRECT(AA988):W988,0)+(MATCH(COUNTIF($R$2:$R988,\"NIVEL 1\"),V:V,0)-1)),COLUMN(T988))","v":"$T$982"},null,null,null,null,null,null,null,null,null,null,null,null,null,null,null,null,null,null,null,null,null,null,null,null,null,null,{"$f":"PROCURA_PRECO_SERVICO","v":149.21}]
["15.8.1.4","SINAPI","100858",{"$f":"PROCURA_DESCRICAO_SERVICO","v":"MICTÓRIO SIFONADO LOUÇA BRANCA \u0096 PADRÃO MÉDIO \u0096 FORNECIMENTO E INSTALAÇÃO. AF_01/2020"},{"$f":"PROCURA_UNIDADE_SERVICO","v":"UN"},2,{"$f":"PROCURA_PRECO_SERVICO","v":"674,40"},851.36,1702.72,null,null,null,null,"SERVIÇO",null,null,null,"NIVEL 4","NIVEL 4","NIVEL 4","NIVEL 4",{"$f":"COUNTIF($R$2:$R989,\"NIVEL 1\")","v":15},8,1,4,{"$f":"ADDRESS(MATCH(COUNTIF($R$2:$R989,\"NIVEL 1\"),V:V,0),COLUMN(S989))","v":"$S$820"},{"$f":"ADDRESS(MATCH(COUNTIF($R$2:$R989,\"NIVEL 1\"),V:V,0),COLUMN(W989))","v":"$W$820"},{"$f":"ADDRESS((MATCH(COUNTIF(INDIRECT(Z989):$S989,\"NIVEL 2\"),INDIRECT(AA989):W989,0)+(MATCH(COUNTIF($R$2:$R989,\"NIVEL 1\"),V:V,0)-1)),COLUMN(T989))","v":"$T$982"},null,null,null,null,null,null,null,null,null,null,null,null,null,null,null,null,null,null,null,null,null,null,null,null,null,null,{"$f":"PROCURA_PRECO_SERVICO","v":"674,40"}]
["15.8.1.5","SETOP","ED-50323",{"$f":"PROCURA_DESCRICAO_SERVICO","v":"TORNEIRA METÁLICA PARA IRRIGAÇÃO/JARDIM, ACABAMENTO CROMADO, APLICAÇÃO DE PAREDE, INCLUSIVE FORNECIMENTO E INSTALAÇÃO"},{"$f":"PROCURA_UNIDADE_SERVICO","v":"UN"},1,{"$f":"PROCURA_PRECO_SERVICO","v":43.44},54.83,54.83,null,null,null,null,"SERVIÇO",null,null,null,"NIVEL 4","NIVEL 4","NIVEL 4","NIVEL 4",{"$f":"COUNTIF($R$2:$R990,\"NIVEL 1\")","v":15},8,1,5,{"$f":"ADDRESS(MATCH(COUNTIF($R$2:$R990,\"NIVEL 1\"),V:V,0),COLUMN(S990))","v":"$S$820"},{"$f":"ADDRESS(MATCH(COUNTIF($R$2:$R990,\"NIVEL 1\"),V:V,0),COLUMN(W990))","v":"$W$820"},{"$f":"ADDRESS((MATCH(COUNTIF(INDIRECT(Z990):$S990,\"NIVEL 2\"),INDIRECT(AA990):W990,0)+(MATCH(COUNTIF($R$2:$R990,\"NIVEL 1\"),V:V,0)-1)),COLUMN(T990))","v":"$T$982"},null,null,null,null,null,null,null,null,null,null,null,null,null,null,null,null,null,null,null,null,null,null,null,null,null,null,{"$f":"PROCURA_PRECO_SERVICO","v":43.44}]
["15.8.1.6","SINAPI","86909",{"$f":"PROCURA_DESCRICAO_SERVICO","v":"TORNEIRA CROMADA TUBO MÓVEL, DE MESA, 1/2\u0094 OU 3/4\u0094, PARA PIA DE COZINHA, PADRÃO ALTO - FORNECIMENTO E INSTALAÇÃO. AF_01/2020"},{"$f":"PROCURA_UNIDADE_SERVICO","v":"UN"},1,{"$f":"PROCURA_PRECO_SERVICO","v":"102,85"},129.83,129.83,null,null,null,null,"SERVIÇO",null,null,null,"NIVEL 4","NIVEL 4","NIVEL 4","NIVEL 4",{"$f":"COUNTIF($R$2:$R991,\"NIVEL 1\")","v":15},8,1,6,{"$f":"ADDRESS(MATCH(COUNTIF($R$2:$R991,\"NIVEL 1\"),V:V,0),COLUMN(S991))","v":"$S$820"},{"$f":"ADDRESS(MATCH(COUNTIF($R$2:$R991,\"NIVEL 1\"),V:V,0),COLUMN(W991))","v":"$W$820"},{"$f":"ADDRESS((MATCH(COUNTIF(INDIRECT(Z991):$S991,\"NIVEL 2\"),INDIRECT(AA991):W991,0)+(MATCH(COUNTIF($R$2:$R991,\"NIVEL 1\"),V:V,0)-1)),COLUMN(T991))","v":"$T$982"},null,null,null,null,null,null,null,null,null,null,null,null,null,null,null,null,null,null,null,null,null,null,null,null,null,null,{"$f":"PROCURA_PRECO_SERVICO","v":"102,85"}]
["15.8.1.7","SINAPI","86914",{"$f":"PROCURA_DESCRICAO_SERVICO","v":"TORNEIRA CROMADA 1/2\u0094 OU 3/4\u0094 PARA TANQUE, PADRÃO MÉDIO - FORNECIMENTO E INSTALAÇÃO. AF_01/2020"},{"$f":"PROCURA_UNIDADE_SERVICO","v":"UN"},2,{"$f":"PROCURA_PRECO_SERVICO","v":"78,03"},98.5,197,null,null,null,null,"SERVIÇO",null,null,null,"NIVEL 4","NIVEL 4","NIVEL 4","NIVEL 4",{"$f":"COUNTIF($R$2:$R992,\"NIVEL 1\")","v":15},8,1,7,{"$f":"ADDRESS(MATCH(COUNTIF($R$2:$R992,\"NIVEL 1\"),V:V,0),COLUMN(S992))","v":"$S$820"},{"$f":"ADDRESS(MATCH(COUNTIF($R$2:$R992,\"NIVEL 1\"),V:V,0),COLUMN(W992))","v":"$W$820"},{"$f":"ADDRESS((MATCH(COUNTIF(INDIRECT(Z992):$S992,\"NIVEL 2\"),INDIRECT(AA992):W992,0)+(MATCH(COUNTIF($R$2:$R992,\"NIVEL 1\"),V:V,0)-1)),COLUMN(T992))","v":"$T$982"},null,null,null,null,null,null,null,null,null,null,null,null,null,null,null,null,null,null,null,null,null,null,null,null,null,null,{"$f":"PROCURA_PRECO_SERVICO","v":"78,03"}]
["15.8.1.8","SINAPI","86915",{"$f":"PROCURA_DESCRICAO_SERVICO","v":"TORNEIRA CROMADA DE MESA, 1/2\u0094 OU 3/4\u0094, PARA LAVATÓRIO, PADRÃO MÉDIO - FORNECIMENTO E INSTALAÇÃO. AF_01/2020"},{"$f":"PROCURA_UNIDADE_SERVICO","v":"UN"},9,{"$f":"PROCURA_PRECO_SERVICO","v":"112,69"},142.25,1280.25,null,null,null,null,"SERVIÇO",null,null,null,"NIVEL 4","NIVEL 4","NIVEL 4","NIVEL 4",{"$f":"COUNTIF($R$2:$R993,\"NIVEL 1\")","v":15},8,1,8,{"$f":"ADDRESS(MATCH(COUNTIF($R$2:$R993,\"NIVEL 1\"),V:V,0),COLUMN(S993))","v":"$S$820"},{"$f":"ADDRESS(MATCH(COUNTIF($R$2:$R993,\"NIVEL 1\"),V:V,0),COLUMN(W993))","v":"$W$820"},{"$f":"ADDRESS((MATCH(COUNTIF(INDIRECT(Z993):$S993,\"NIVEL 2\"),INDIRECT(AA993):W993,0)+(MATCH(COUNTIF($R$2:$R993,\"NIVEL 1\"),V:V,0)-1)),COLUMN(T993))","v":"$T$982"},null,null,null,null,null,null,null,null,null,null,null,null,null,null,null,null,null,null,null,null,null,null,null,null,null,null,{"$f":"PROCURA_PRECO_SERVICO","v":"112,69"}]
["15.8.1.9","SINAPI","86888",{"$f":"PROCURA_DESCRICAO_SERVICO","v":"VASO SANITÁRIO SIFONADO COM CAIXA ACOPLADA LOUÇA BRANCA - FORNECIMENTO E INSTALAÇÃO. AF_01/2020"},{"$f":"PROCURA_UNIDADE_SERVICO","v":"UN"},12,{"$f":"PROCURA_PRECO_SERVICO","v":"481,88"},608.32,7299.84,null,null,null,null,"SERVIÇO",null,null,null,"NIVEL 4","NIVEL 4","NIVEL 4","NIVEL 4",{"$f":"COUNTIF($R$2:$R994,\"NIVEL 1\")","v":15},8,1,9,{"$f":"ADDRESS(MATCH(COUNTIF($R$2:$R994,\"NIVEL 1\"),V:V,0),COLUMN(S994))","v":"$S$820"},{"$f":"ADDRESS(MATCH(COUNTIF($R$2:$R994,\"NIVEL 1\"),V:V,0),COLUMN(W994))","v":"$W$820"},{"$f":"ADDRESS((MATCH(COUNTIF(INDIRECT(Z994):$S994,\"NIVEL 2\"),INDIRECT(AA994):W994,0)+(MATCH(COUNTIF($R$2:$R994,\"NIVEL 1\"),V:V,0)-1)),COLUMN(T994))","v":"$T$982"},null,null,null,null,null,null,null,null,null,null,null,null,null,null,null,null,null,null,null,null,null,null,null,null,null,null,{"$f":"PROCURA_PRECO_SERVICO","v":"481,88"}]
[null,null,null,null,null,null,null,null,null,null,null,null,null,null,null,null,null,null,null,null,null,{"$f":"COUNTIF($R$2:$R995,\"NIVEL 1\")","v":15},8,1,0,{"$f":"ADDRESS(MATCH(COUNTIF($R$2:$R995,\"NIVEL 1\"),V:V,0),COLUMN(S995))","v":"$S$820"},{"$f":"ADDRESS(MATCH(COUNTIF($R$2:$R995,\"NIVEL 1\"),V:V,0),COLUMN(W995))","v":"$W$820"},{"$f":"ADDRESS((MATCH(COUNTIF(INDIRECT(Z995):$S995,\"NIVEL 2\"),INDIRECT(AA995):W995,0)+(MATCH(COUNTIF($R$2:$R995,\"NIVEL 1\"),V:V,0)-1)),COLUMN(T995))","v":"$T$982"},null,null,null,null,null,null,null,null,null,null,null,null,null,null,null,null,null,null,null,null,null,null,null,null,null,null,{"$f":"PROCURA_PRECO_SERVICO","v":0}]
[null,null,null,{"$f":"\"SUBTOTAL DO ITEM - \"&A984","v":"SUBTOTAL DO ITEM - 15.8.1"},null,null,null,null,{"$f":"SUBTOTAL(9,OFFSET(I984,1,0):OFFSET(I996,-1,0))","v":14187.21},null,null,null,null,"SUBSUBITEM_FIM",null,null,null,null,null,null,null,{"$f":"COUNTIF($R$2:$R996,\"NIVEL 1\")","v":15},8,1,0,{"$f":"ADDRESS(MATCH(COUNTIF($R$2:$R996,\"NIVEL 1\"),V:V,0),COLUMN(S996))","v":"$S$820"},{"$f":"ADDRESS(MATCH(COUNTIF($R$2:$R996,\"NIVEL 1\"),V:V,0),COLUMN(W996))","v":"$W$820"},{"$f":"ADDRESS((MATCH(COUNTIF(INDIRECT(Z996):$S996,\"NIVEL 2\"),INDIRECT(AA996):W996,0)+(MATCH(COUNTIF($R$2:$R996,\"NIVEL 1\"),V:V,0)-1)),COLUMN(T996))","v":"$T$982"},null,null,null,null,null,null,null,null,null,null,null,null,null,null,null,null,null,null,null,null,null,null,null,null,null,null,{"$f":"PROCURA_PRECO_SERVICO","v":0}]
[null,null,null,null,null,null,null,null,null,null,null,null,null,null,null,null,null,null,null,null,null,{"$f":"COUNTIF($R$2:$R997,\"NIVEL 1\")","v":15},8,1,0,{"$f":"ADDRESS(MATCH(COUNTIF($R$2:$R997,\"NIVEL 1\"),V:V,0),COLUMN(S997))","v":"$S$820"},{"$f":"ADDRESS(MATCH(COUNTIF($R$2:$R997,\"NIVEL 1\"),V:V,0),COLUMN(W997))","v":"$W$820"},{"$f":"ADDRESS((MATCH(COUNTIF(INDIRECT(Z997):$S997,\"NIVEL 2\"),INDIRECT(AA997):W997,0)+(MATCH(COUNTIF($R$2:$R997,\"NIVEL 1\"),V:V,0)-1)),COLUMN(T997))","v":"$T$982"},null,null,null,null,null,null,null,null,null,null,null,null,null,null,null,null,null,null,null,null,null,null,null,null,null,null,{"$f":"PROCURA_PRECO_SERVICO","v":0}]
[{"$f":"V998&\".\"&W998&\".\"&X998","v":"15.8.2"},null,null,"METAIS",null,null,null,null,null,null,null,null,null,"SUBSUBITEM_INICIO",null,null,null,"NIVEL 3","NIVEL 3","NIVEL 3",null,{"$f":"COUNTIF($R$2:$R998,\"NIVEL 1\")","v":15},8,2,0,{"$f":"ADDRESS(MATCH(COUNTIF($R$2:$R998,\"NIVEL 1\"),V:V,0),COLUMN(S998))","v":"$S$820"},{"$f":"ADDRESS(MATCH(COUNTIF($R$2:$R998,\"NIVEL 1\"),V:V,0),COLUMN(W998))","v":"$W$820"},{"$f":"ADDRESS((MATCH(COUNTIF(INDIRECT(Z998):$S998,\"NIVEL 2\"),INDIRECT(AA998):W998,0)+(MATCH(COUNTIF($R$2:$R998,\"NIVEL 1\"),V:V,0)-1)),COLUMN(T998))","v":"$T$982"},null,null,null,null,null,null,null,null,null,null,null,null,null,null,null,null,null,null,null,null,null,null,null,null,null,null,{"$f":"PROCURA_PRECO_SERVICO","v":0}]
[null,null,null,null,null,null,null,null,null,null,null,null,null,null,null,null,null,null,null,null,null,{"$f":"COUNTIF($R$2:$R999,\"NIVEL 1\")","v":15},8,2,0,{"$f":"ADDRESS(MATCH(COUNTIF($R$2:$R999,\"NIVEL 1\"),V:V,0),COLUMN(S999))","v":"$S$820"},{"$f":"ADDRESS(MATCH(COUNTIF($R$2:$R999,\"NIVEL 1\"),V:V,0),COLUMN(W999))","v":"$W$820"},{"$f":"ADDRESS((MATCH(COUNTIF(INDIRECT(Z999):$S999,\"NIVEL 2\"),INDIRECT(AA999):W999,0)+(MATCH(COUNTIF($R$2:$R999,\"NIVEL 1\"),V:V,0)-1)),COLUMN(T999))","v":"$T$982"},null,null,null,null,null,null,null,null,null,null,null,null,null,null,null,null,null,null,null,null,null,null,null,null,null,null,{"$f":"PROCURA_PRECO_SERVICO","v":0}]
[{"$f":"V1000&\".\"&W1000&\".\"&X1000&\".\"&Y1000","v":"15.8.2.1"},"SINAPI","94495",{"$f":"PROCURA_DESCRICAO_SERVICO","v":"REGISTRO DE GAVETA BRUTO, LATÃO, ROSCÁVEL, 1\" - FORNECIMENTO E INSTALAÇÃO. AF_08/2021"},{"$f":"PROCURA_UNIDADE_SERVICO","v":"UN"},1,{"$f":"PROCURA_PRECO_SERVICO","v":"77,32"},{"$f":"CUSTO_BDI_SERVICO","v":97.6},{"$f":"CUSTO_TOTAL_SERVICO","v":97.6},null,null,null,null,"SERVIÇO",null,null,null,"NIVEL 4","NIVEL 4","NIVEL 4","NIVEL 4",{"$f":"COUNTIF($R$2:$R1000,\"NIVEL 1\")","v":15},8,2,1,{"$f":"ADDRESS(MATCH(COUNTIF($R$2:$R1000,\"NIVEL 1\"),V:V,0),COLUMN(S1000))","v":"$S$820"},{"$f":"ADDRESS(MATCH(COUNTIF($R$2:$R1000,\"NIVEL 1\"),V:V,0),COLUMN(W1000))","v":"$W$820"},{"$f":"ADDRESS((MATCH(COUNTIF(INDIRECT(Z1000):$S1000,\"NIVEL 2\"),INDIRECT(AA1000):W1000,0)+(MATCH(COUNTIF($R$2:$R1000,\"NIVEL 1\"),V:V,0)-1)),COLUMN(T1000))","v":"$T$982"},null,null,null,null,null,null,null,null,null,null,null,null,null,null,null,null,null,null,null,null,null,null,null,null,null,null,{"$f":"PROCURA_PRECO_SERVICO","v":"77,32"}]
["15.8.2.2","SINAPI","89353",{"$f":"PROCURA_DESCRICAO_SERVICO","v":"REGISTRO DE GAVETA BRUTO, LATÃO, ROSCÁVEL, 3/4\" - FORNECIMENTO E INSTALAÇÃO. AF_08/2021"},{"$f":"PROCURA_UNIDADE_SERVICO","v":"UN"},13,{"$f":"PROCURA_PRECO_SERVICO","v":"49,79"},62.85,817.05,null,null,null,null,"SERVIÇO",null,null,null,"NIVEL 4","NIVEL 4","NIVEL 4","NIVEL 4",{"$f":"COUNTIF($R$2:$R1001,\"NIVEL 1\")","v":15},8,2,2,{"$f":"ADDRESS(MATCH(COUNTIF($R$2:$R1001,\"NIVEL 1\"),V:V,0),COLUMN(S1001))","v":"$S$820"},{"$f":"ADDRESS(MATCH(COUNTIF($R$2:$R1001,\"NIVEL 1\"),V:V,0),COLUMN(W1001))","v":"$W$820"},{"$f":"ADDRESS((MATCH(COUNTIF(INDIRECT(Z1001):$S1001,\"NIVEL 2\"),INDIRECT(AA1001):W1001,0)+(MATCH(COUNTIF($R$2:$R1001,\"NIVEL 1\"),V:V,0)-1)),COLUMN(T1001))","v":"$T$982"},null,null,null,null,null,null,null,null,null,null,null,null,null,null,null,null,null,null,null,null,null,null,null,null,null,null,{"$f":"PROCURA_PRECO_SERVICO","v":"49,79"}]
["15.8.2.3","SINAPI","89985",{"$f":"PROCURA_DESCRICAO_SERVICO","v":"REGISTRO DE PRESSÃO BRUTO, LATÃO, ROSCÁVEL, 3/4\", COM ACABAMENTO E CANOPLA CROMADOS - FORNECIMENTO E INSTALAÇÃO. AF_08/2021"},{"$f":"PROCURA_UNIDADE_SERVICO","v":"UN"},1,{"$f":"PROCURA_PRECO_SERVICO","v":"112,83"},142.43,142.43,null,null,null,null,"SERVIÇO",null,null,null,"NIVEL 4","NIVEL 4","NIVEL 4","NIVEL 4",{"$f":"COUNTIF($R$2:$R1002,\"NIVEL 1\")","v":15},8,2,3,{"$f":"ADDRESS(MATCH(COUNTIF($R$2:$R1002,\"NIVEL 1\"),V:V,0),COLUMN(S1002))","v":"$S$820"},{"$f":"ADDRESS(MATCH(COUNTIF($R$2:$R1002,\"NIVEL 1\"),V:V,0),COLUMN(W1002))","v":"$W$820"},{"$f":"ADDRESS((MATCH(COUNTIF(INDIRECT(Z1002):$S1002,\"NIVEL 2\"),INDIRECT(AA1002):W1002,0)+(MATCH(COUNTIF($R$2:$R1002,\"NIVEL 1\"),V:V,0)-1)),COLUMN(T1002))","v":"$T$982"},null,null,null,null,null,null,null,null,null,null,null,null,null,null,null,null,null,null,null,null,null,null,null,null,null,null,{"$f":"PROCURA_PRECO_SERVICO","v":"112,83"}]
[null,null,null,null,null,null,null,null,null,null,null,null,null,null,null,null,null,null,null,null,null,{"$f":"COUNTIF($R$2:$R1003,\"NIVEL 1\")","v":15},8,2,0,{"$f":"ADDRESS(MATCH(COUNTIF($R$2:$R1003,\"NIVEL 1\"),V:V,0),COLUMN(S1003))","v":"$S$820"},{"$f":"ADDRESS(MATCH(COUNTIF($R$2:$R1003,\"NIVEL 1\"),V:V,0),COLUMN(W1003))","v":"$W$820"},{"$f":"ADDRESS((MATCH(COUNTIF(INDIRECT(Z1003):$S1003,\"NIVEL 2\"),INDIRECT(AA1003):W1003,0)+(MATCH(COUNTIF($R$2:$R1003,\"NIVEL 1\"),V:V,0)-1)),COLUMN(T1003))","v":"$T$982"},null,null,null,null,null,null,null,null,null,null,null,null,null,null,null,null,null,null,null,null,null,null,null,null,null,null,{"$f":"PROCURA_PRECO_SERVICO","v":0}]
[null,null,null,{"$f":"\"SUBTOTAL DO ITEM - \"&A998","v":"SUBTOTAL DO ITEM - 15.8.2"},null,null,null,null,{"$f":"SUBTOTAL(9,OFFSET(I998,1,0):OFFSET(I1004,-1,0))","v":1057.08},null,null,null,null,"SUBSUBITEM_FIM",null,null,null,null,null,null,null,{"$f":"COUNTIF($R$2:$R1004,\"NIVEL 1\")","v":15},8,2,0,{"$f":"ADDRESS(MATCH(COUNTIF($R$2:$R1004,\"NIVEL 1\"),V:V,0),COLUMN(S1004))","v":"$S$820"},{"$f":"ADDRESS(MATCH(COUNTIF($R$2:$R1004,\"NIVEL 1\"),V:V,0),COLUMN(W1004))","v":"$W$820"},{"$f":"ADDRESS((MATCH(COUNTIF(INDIRECT(Z1004):$S1004,\"NIVEL 2\"),INDIRECT(AA1004):W1004,0)+(MATCH(COUNTIF($R$2:$R1004,\"NIVEL 1\"),V:V,0)-1)),COLUMN(T1004))","v":"$T$982"},null,null,null,null,null,null,null,null,null,null,null,null,null,null,null,null,null,null,null,null,null,null,null,null,null,null,{"$f":"PROCURA_PRECO_SERVICO","v":0}]
[null,null,null,null,null,null,null,null,null,null,null,null,null,null,null,null,null,null,null,null,null,{"$f":"COUNTIF($R$2:$R1005,\"NIVEL 1\")","v":15},8,2,0,{"$f":"ADDRESS(MATCH(COUNTIF($R$2:$R1005,\"NIVEL 1\"),V:V,0),COLUMN(S1005))","v":"$S$820"},{"$f":"ADDRESS(MATCH(COUNTIF($R$2:$R1005,\"NIVEL 1\"),V:V,0),COLUMN(W1005))","v":"$W$820"},{"$f":"ADDRESS((MATCH(COUNTIF(INDIRECT(Z1005):$S1005,\"NIVEL 2\"),INDIRECT(AA1005):W1005,0)+(MATCH(COUNTIF($R$2:$R1005,\"NIVEL 1\"),V:V,0)-1)),COLUMN(T1005))","v":"$T$982"},null,null,null,null,null,null,null,null,null,null,null,null,null,null,null,null,null,null,null,null,null,null,null,null,null,null,{"$f":"PROCURA_PRECO_SERVICO","v":0}]
[{"$f":"V1006&\".\"&W1006&\".\"&X1006","v":"15.8.3"},null,null,"PVC ACESSORIOS",null,null,null,null,null,null,null,null,null,"SUBSUBITEM_INICIO",null,null,null,"NIVEL 3","NIVEL 3","NIVEL 3",null,{"$f":"COUNTIF($R$2:$R1006,\"NIVEL 1\")","v":15},8,3,0,{"$f":"ADDRESS(MATCH(COUNTIF($R$2:$R1006,\"NIVEL 1\"),V:V,0),COLUMN(S1006))","v":"$S$820"},{"$f":"ADDRESS(MATCH(COUNTIF($R$2:$R1006,\"NIVEL 1\"),V:V,0),COLUMN(W1006))","v":"$W$820"},{"$f":"ADDRESS((MATCH(COUNTIF(INDIRECT(Z1006):$S1006,\"NIVEL 2\"),INDIRECT(AA1006):W1006,0)+(MATCH(COUNTIF($R$2:$R1006,\"NIVEL 1\"),V:V,0)-1)),COLUMN(T1006))","v":"$T$982"},null,null,null,null,null,null,null,null,null,null,null,null,null,null,null,null,null,null,null,null,null,null,null,null,null,null,{"$f":"PROCURA_PRECO_SERVICO","v":0}]
[null,null,null,null,null,null,null,null,null,null,null,null,null,null,null,null,null,null,null,null,null,{"$f":"COUNTIF($R$2:$R1007,\"NIVEL 1\")","v":15},8,3,0,{"$f":"ADDRESS(MATCH(COUNTIF($R$2:$R1007,\"NIVEL 1\"),V:V,0),COLUMN(S1007))","v":"$S$820"},{"$f":"ADDRESS(MATCH(COUNTIF($R$2:$R1007,\"NIVEL 1\"),V:V,0),COLUMN(W1007))","v":"$W$820"},{"$f":"ADDRESS((MATCH(COUNTIF(INDIRECT(Z1007):$S1007,\"NIVEL 2\"),INDIRECT(AA1007):W1007,0)+(MATCH(COUNTIF($R$2:$R1007,\"NIVEL 1\"),V:V,0)-1)),COLUMN(T1007))","v":"$T$982"},null,null,null,null,null,null,null,null,null,null,null,null,null,null,null,null,null,null,null,null,null,null,null,null,null,null,{"$f":"PROCURA_PRECO_SERVICO","v":0}]
[{"$f":"V1008&\".\"&W1008&\".\"&X1008&\".\"&Y1008","v":"15.8.3.1"},"SINAPI","86886",{"$f":"PROCURA_DESCRICAO_SERVICO","v":"ENGATE FLEXÍVEL EM INOX, 1/2  X 30CM - FORNECIMENTO E INSTALAÇÃO. AF_01/2020"},{"$f":"PROCURA_UNIDADE_SERVICO","v":"UN"},12,{"$f":"PROCURA_PRECO_SERVICO","v":"61,01"},{"$f":"CUSTO_BDI_SERVICO","v":77.01},{"$f":"CUSTO_TOTAL_SERVICO","v":924.12},null,null,null,null,"SERVIÇO",null,null,null,"NIVEL 4","NIVEL 4","NIVEL 4","NIVEL 4",{"$f":"COUNTIF($R$2:$R1008,\"NIVEL 1\")","v":15},8,3,1,{"$f":"ADDRESS(MATCH(COUNTIF($R$2:$R1008,\"NIVEL 1\"),V:V,0),COLUMN(S1008))","v":"$S$820"},{"$f":"ADDRESS(MATCH(COUNTIF($R$2:$R1008,\"NIVEL 1\"),V:V,0),COLUMN(W1008))","v":"$W$820"},{"$f":"ADDRESS((MATCH(COUNTIF(INDIRECT(Z1008):$S1008,\"NIVEL 2\"),INDIRECT(AA1008):W1008,0)+(MATCH(COUNTIF($R$2:$R1008,\"NIVEL 1\"),V:V,0)-1)),COLUMN(T1008))","v":"$T$982"},null,null,null,null,null,null,null,null,null,null,null,null,null,null,null,null,null,null,null,null,null,null,null,null,null,null,{"$f":"PROCURA_PRECO_SERVICO","v":"61,01"}]
["15.8.3.2","SINAPI","86884",{"$f":"PROCURA_DESCRICAO_SERVICO","v":"ENGATE FLEXÍVEL EM PLÁSTICO BRANCO, 1/2\u0094 X 30CM - FORNECIMENTO E INSTALAÇÃO. AF_01/2020"},{"$f":"PROCURA_UNIDADE_SERVICO","v":"UN"},11,{"$f":"PROCURA_PRECO_SERVICO","v":"10,66"},13.45,147.95,null,null,null,null,"SERVIÇO",null,null,null,"NIVEL 4","NIVEL 4","NIVEL 4","NIVEL 4",{"$f":"COUNTIF($R$2:$R1009,\"NIVEL 1\")","v":15},8,3,2,{"$f":"ADDRESS(MATCH(COUNTIF($R$2:$R1009,\"NIVEL 1\"),V:V,0),COLUMN(S1009))","v":"$S$820"},{"$f":"ADDRESS(MATCH(COUNTIF($R$2:$R1009,\"NIVEL 1\"),V:V,0),COLUMN(W1009))","v":"$W$820"},{"$f":"ADDRESS((MATCH(COUNTIF(INDIRECT(Z1009):$S1009,\"NIVEL 2\"),INDIRECT(AA1009):W1009,0)+(MATCH(COUNTIF($R$2:$R1009,\"NIVEL 1\"),V:V,0)-1)),COLUMN(T1009))","v":"$T$982"},null,null,null,null,null,null,null,null,null,null,null,null,null,null,null,null,null,null,null,null,null,null,null,null,null,null,{"$f":"PROCURA_PRECO_SERVICO","v":"10,66"}]
[null,null,null,null,null,null,null,null,null,null,null,null,null,null,null,null,null,null,null,null,null,{"$f":"COUNTIF($R$2:$R1010,\"NIVEL 1\")","v":15},8,3,0,{"$f":"ADDRESS(MATCH(COUNTIF($R$2:$R1010,\"NIVEL 1\"),V:V,0),COLUMN(S1010))","v":"$S$820"},{"$f":"ADDRESS(MATCH(COUNTIF($R$2:$R1010,\"NIVEL 1\"),V:V,0),COLUMN(W1010))","v":"$W$820"},{"$f":"ADDRESS((MATCH(COUNTIF(INDIRECT(Z1010):$S1010,\"NIVEL 2\"),INDIRECT(AA1010):W1010,0)+(MATCH(COUNTIF($R$2:$R1010,\"NIVEL 1\"),V:V,0)-1)),COLUMN(T1010))","v":"$T$982"},null,null,null,null,null,null,null,null,null,null,null,null,null,null,null,null,null,null,null,null,null,null,null,null,null,null,{"$f":"PROCURA_PRECO_SERVICO","v":0}]
[null,null,null,{"$f":"\"SUBTOTAL DO ITEM - \"&A1006","v":"SUBTOTAL DO ITEM - 15.8.3"},null,null,null,null,{"$f":"SUBTOTAL(9,OFFSET(I1006,1,0):OFFSET(I1011,-1,0))","v":1072.07},null,null,null,null,"SUBSUBITEM_FIM",null,null,null,null,null,null,null,{"$f":"COUNTIF($R$2:$R1011,\"NIVEL 1\")","v":15},8,3,0,{"$f":"ADDRESS(MATCH(COUNTIF($R$2:$R1011,\"NIVEL 1\"),V:V,0),COLUMN(S1011))","v":"$S$820"},{"$f":"ADDRESS(MATCH(COUNTIF($R$2:$R1011,\"NIVEL 1\"),V:V,0),COLUMN(W1011))","v":"$W$820"},{"$f":"ADDRESS((MATCH(COUNTIF(INDIRECT(Z1011):$S1011,\"NIVEL 2\"),INDIRECT(AA1011):W1011,0)+(MATCH(COUNTIF($R$2:$R1011,\"NIVEL 1\"),V:V,0)-1)),COLUMN(T1011))","v":"$T$982"},null,null,null,null,null,null,null,null,null,null,null,null,null,null,null,null,null,null,null,null,null,null,null,null,null,null,{"$f":"PROCURA_PRECO_SERVICO","v":0}]
[null,null,null,null,null,null,null,null,null,null,null,null,null,null,null,null,null,null,null,null,null,{"$f":"COUNTIF($R$2:$R1012,\"NIVEL 1\")","v":15},8,3,0,{"$f":"ADDRESS(MATCH(COUNTIF($R$2:$R1012,\"NIVEL 1\"),V:V,0),COLUMN(S1012))","v":"$S$820"},{"$f":"ADDRESS(MATCH(COUNTIF($R$2:$R1012,\"NIVEL 1\"),V:V,0),COLUMN(W1012))","v":"$W$820"},{"$f":"ADDRESS((MATCH(COUNTIF(INDIRECT(Z1012):$S1012,\"NIVEL 2\"),INDIRECT(AA1012):W1012,0)+(MATCH(COUNTIF($R$2:$R1012,\"NIVEL 1\"),V:V,0)-1)),COLUMN(T1012))","v":"$T$982"},null,null,null,null,null,null,null,null,null,null,null,null,null,null,null,null,null,null,null,null,null,null,null,null,null,null,{"$f":"PROCURA_PRECO_SERVICO","v":0}]
[{"$f":"V1013&\".\"&W1013&\".\"&X1013","v":"15.8.4"},null,null,"PVC MISTO SOLDAVEL",null,null,null,null,null,null,null,null,null,"SUBSUBITEM_INICIO",null,null,null,"NIVEL 3","NIVEL 3","NIVEL 3",null,{"$f":"COUNTIF($R$2:$R1013,\"NIVEL 1\")","v":15},8,4,0,{"$f":"ADDRESS(MATCH(COUNTIF($R$2:$R1013,\"NIVEL 1\"),V:V,0),COLUMN(S1013))","v":"$S$820"},{"$f":"ADDRESS(MATCH(COUNTIF($R$2:$R1013,\"NIVEL 1\"),V:V,0),COLUMN(W1013))","v":"$W$820"},{"$f":"ADDRESS((MATCH(COUNTIF(INDIRECT(Z1013):$S1013,\"NIVEL 2\"),INDIRECT(AA1013):W1013,0)+(MATCH(COUNTIF($R$2:$R1013,\"NIVEL 1\"),V:V,0)-1)),COLUMN(T1013))","v":"$T$982"},null,null,null,null,null,null,null,null,null,null,null,null,null,null,null,null,null,null,null,null,null,null,null,null,null,null,{"$f":"PROCURA_PRECO_SERVICO","v":0}]
[null,null,null,null,null,null,null,null,null,null,null,null,null,null,null,null,null,null,null,null,null,{"$f":"COUNTIF($R$2:$R1014,\"NIVEL 1\")","v":15},8,4,0,{"$f":"ADDRESS(MATCH(COUNTIF($R$2:$R1014,\"NIVEL 1\"),V:V,0),COLUMN(S1014))","v":"$S$820"},{"$f":"ADDRESS(MATCH(COUNTIF($R$2:$R1014,\"NIVEL 1\"),V:V,0),COLUMN(W1014))","v":"$W$820"},{"$f":"ADDRESS((MATCH(COUNTIF(INDIRECT(Z1014):$S1014,\"NIVEL 2\"),INDIRECT(AA1014):W1014,0)+(MATCH(COUNTIF($R$2:$R1014,\"NIVEL 1\"),V:V,0)-1)),COLUMN(T1014))","v":"$T$982"},null,null,null,null,null,null,null,null,null,null,null,null,null,null,null,null,null,null,null,null,null,null,null,null,null,null,{"$f":"PROCURA_PRECO_SERVICO","v":0}]
[{"$f":"V1015&\".\"&W1015&\".\"&X1015&\".\"&Y1015","v":"15.8.4.1"},"SINAPI","89385",{"$f":"PROCURA_DESCRICAO_SERVICO","v":"LUVA SOLDÁVEL E COM ROSCA, PVC, SOLDÁVEL, DN 25MM X 3/4 , INSTALADO EM RAMAL OU SUB-RAMAL DE ÁGUA - FORNECIMENTO E INSTALAÇÃO. AF_06/2022"},{"$f":"PROCURA_UNIDADE_SERVICO","v":"UN"},1,{"$f":"PROCURA_PRECO_SERVICO","v":"7,31"},{"$f":"CUSTO_BDI_SERVICO","v":9.22},{"$f":"CUSTO_TOTAL_SERVICO","v":9.22},null,null,null,null,"SERVIÇO",null,null,null,"NIVEL 4","NIVEL 4","NIVEL 4","NIVEL 4",{"$f":"COUNTIF($R$2:$R1015,\"NIVEL 1\")","v":15},8,4,1,{"$f":"ADDRESS(MATCH(COUNTIF($R$2:$R1015,\"NIVEL 1\"),V:V,0),COLUMN(S1015))","v":"$S$820"},{"$f":"ADDRESS(MATCH(COUNTIF($R$2:$R1015,\"NIVEL 1\"),V:V,0),COLUMN(W1015))","v":"$W$820"},{"$f":"ADDRESS((MATCH(COUNTIF(INDIRECT(Z1015):$S1015,\"NIVEL 2\"),INDIRECT(AA1015):W1015,0)+(MATCH(COUNTIF($R$2:$R1015,\"NIVEL 1\"),V:V,0)-1)),COLUMN(T1015))","v":"$T$982"},null,null,null,null,null,null,null,null,null,null,null,null,null,null,null,null,null,null,null,null,null,null,null,null,null,null,{"$f":"PROCURA_PRECO_SERVICO","v":"7,31"}]
[null,null,null,null,null,null,null,null,null,null,null,null,null,null,null,null,null,null,null,null,null,{"$f":"COUNTIF($R$2:$R1016,\"NIVEL 1\")","v":15},8,4,0,{"$f":"ADDRESS(MATCH(COUNTIF($R$2:$R1016,\"NIVEL 1\"),V:V,0),COLUMN(S1016))","v":"$S$820"},{"$f":"ADDRESS(MATCH(COUNTIF($R$2:$R1016,\"NIVEL 1\"),V:V,0),COLUMN(W1016))","v":"$W$820"},{"$f":"ADDRESS((MATCH(COUNTIF(INDIRECT(Z1016):$S1016,\"NIVEL 2\"),INDIRECT(AA1016):W1016,0)+(MATCH(COUNTIF($R$2:$R1016,\"NIVEL 1\"),V:V,0)-1)),COLUMN(T1016))","v":"$T$982"},null,null,null,null,null,null,null,null,null,null,null,null,null,null,null,null,null,null,null,null,null,null,null,null,null,null,{"$f":"PROCURA_PRECO_SERVICO","v":0}]
[null,null,null,{"$f":"\"SUBTOTAL DO ITEM - \"&A1013","v":"SUBTOTAL DO ITEM - 15.8.4"},null,null,null,null,{"$f":"SUBTOTAL(9,OFFSET(I1013,1,0):OFFSET(I1017,-1,0))","v":9.22},null,null,null,null,"SUBSUBITEM_FIM",null,null,null,null,null,null,null,{"$f":"COUNTIF($R$2:$R1017,\"NIVEL 1\")","v":15},8,4,0,{"$f":"ADDRESS(MATCH(COUNTIF($R$2:$R1017,\"NIVEL 1\"),V:V,0),COLUMN(S1017))","v":"$S$820"},{"$f":"ADDRESS(MATCH(COUNTIF($R$2:$R1017,\"NIVEL 1\"),V:V,0),COLUMN(W1017))","v":"$W$820"},{"$f":"ADDRESS((MATCH(COUNTIF(INDIRECT(Z1017):$S1017,\"NIVEL 2\"),INDIRECT(AA1017):W1017,0)+(MATCH(COUNTIF($R$2:$R1017,\"NIVEL 1\"),V:V,0)-1)),COLUMN(T1017))","v":"$T$982"},null,null,null,null,null,null,null,null,null,null,null,null,null,null,null,null,null,null,null,null,null,null,null,null,null,null,{"$f":"PROCURA_PRECO_SERVICO","v":0}]
[null,null,null,null,null,null,null,null,null,null,null,null,null,null,null,null,null,null,null,null,null,{"$f":"COUNTIF($R$2:$R1018,\"NIVEL 1\")","v":15},8,4,0,{"$f":"ADDRESS(MATCH(COUNTIF($R$2:$R1018,\"NIVEL 1\"),V:V,0),COLUMN(S1018))","v":"$S$820"},{"$f":"ADDRESS(MATCH(COUNTIF($R$2:$R1018,\"NIVEL 1\"),V:V,0),COLUMN(W1018))","v":"$W$820"},{"$f":"ADDRESS((MATCH(COUNTIF(INDIRECT(Z1018):$S1018,\"NIVEL 2\"),INDIRECT(AA1018):W1018,0)+(MATCH(COUNTIF($R$2:$R1018,\"NIVEL 1\"),V:V,0)-1)),COLUMN(T1018))","v":"$T$982"},null,null,null,null,null,null,null,null,null,null,null,null,null,null,null,null,null,null,null,null,null,null,null,null,null,null,{"$f":"PROCURA_PRECO_SERVICO","v":0}]
[{"$f":"V1019&\".\"&W1019&\".\"&X1019","v":"15.8.5"},null,null,"PVC RIGIDO SOLDAVEL",null,null,null,null,null,null,null,null,null,"SUBSUBITEM_INICIO",null,null,null,"NIVEL 3","NIVEL 3","NIVEL 3",null,{"$f":"COUNTIF($R$2:$R1019,\"NIVEL 1\")","v":15},8,5,0,{"$f":"ADDRESS(MATCH(COUNTIF($R$2:$R1019,\"NIVEL 1\"),V:V,0),COLUMN(S1019))","v":"$S$820"},{"$f":"ADDRESS(MATCH(COUNTIF($R$2:$R1019,\"NIVEL 1\"),V:V,0),COLUMN(W1019))","v":"$W$820"},{"$f":"ADDRESS((MATCH(COUNTIF(INDIRECT(Z1019):$S1019,\"NIVEL 2\"),INDIRECT(AA1019):W1019,0)+(MATCH(COUNTIF($R$2:$R1019,\"NIVEL 1\"),V:V,0)-1)),COLUMN(T1019))","v":"$T$982"},null,null,null,null,null,null,null,null,null,null,null,null,null,null,null,null,null,null,null,null,null,null,null,null,null,null,{"$f":"PROCURA_PRECO_SERVICO","v":0}]
[null,null,null,null,null,null,null,null,null,null,null,null,null,null,null,null,null,null,null,null,null,{"$f":"COUNTIF($R$2:$R1020,\"NIVEL 1\")","v":15},8,5,0,{"$f":"ADDRESS(MATCH(COUNTIF($R$2:$R1020,\"NIVEL 1\"),V:V,0),COLUMN(S1020))","v":"$S$820"},{"$f":"ADDRESS(MATCH(COUNTIF($R$2:$R1020,\"NIVEL 1\"),V:V,0),COLUMN(W1020))","v":"$W$820"},{"$f":"ADDRESS((MATCH(COUNTIF(INDIRECT(Z1020):$S1020,\"NIVEL 2\"),INDIRECT(AA1020):W1020,0)+(MATCH(COUNTIF($R$2:$R1020,\"NIVEL 1\"),V:V,0)-1)),COLUMN(T1020))","v":"$T$982"},null,null,null,null,null,null,null,null,null,null,null,null,null,null,null,null,null,null,null,null,null,null,null,null,null,null,{"$f":"PROCURA_PRECO_SERVICO","v":0}]
[{"$f":"V1021&\".\"&W1021&\".\"&X1021&\".\"&Y1021","v":"15.8.5.1"},"SINAPI","89383",{"$f":"PROCURA_DESCRICAO_SERVICO","v":"ADAPTADOR CURTO COM BOLSA E ROSCA PARA REGISTRO, PVC, SOLDÁVEL, DN 25MM X 3/4 , INSTALADO EM RAMAL OU SUB-RAMAL DE ÁGUA - FORNECIMENTO E INSTALAÇÃO. AF_06/2022"},{"$f":"PROCURA_UNIDADE_SERVICO","v":"UN"},27,{"$f":"PROCURA_PRECO_SERVICO","v":"6,51"},{"$f":"CUSTO_BDI_SERVICO","v":8.21},{"$f":"CUSTO_TOTAL_SERVICO","v":221.67},null,null,null,null,"SERVIÇO",null,null,null,"NIVEL 4","NIVEL 4","NIVEL 4","NIVEL 4",{"$f":"COUNTIF($R$2:$R1021,\"NIVEL 1\")","v":15},8,5,1,{"$f":"ADDRESS(MATCH(COUNTIF($R$2:$R1021,\"NIVEL 1\"),V:V,0),COLUMN(S1021))","v":"$S$820"},{"$f":"ADDRESS(MATCH(COUNTIF($R$2:$R1021,\"NIVEL 1\"),V:V,0),COLUMN(W1021))","v":"$W$820"},{"$f":"ADDRESS((MATCH(COUNTIF(INDIRECT(Z1021):$S1021,\"NIVEL 2\"),INDIRECT(AA1021):W1021,0)+(MATCH(COUNTIF($R$2:$R1021,\"NIVEL 1\"),V:V,0)-1)),COLUMN(T1021))","v":"$T$982"},null,null,null,null,null,null,null,null,null,null,null,null,null,null,null,null,null,null,null,null,null,null,null,null,null,null,{"$f":"PROCURA_PRECO_SERVICO","v":"6,51"}]
["15.8.5.2","SINAPI","89553",{"$f":"PROCURA_DESCRICAO_SERVICO","v":"ADAPTADOR CURTO COM BOLSA E ROSCA PARA REGISTRO, PVC, SOLDÁVEL, DN 32MM X 1 , INSTALADO EM PRUMADA DE ÁGUA - FORNECIMENTO E INSTALAÇÃO. AF_06/2022"},{"$f":"PROCURA_UNIDADE_SERVICO","v":"UN"},2,{"$f":"PROCURA_PRECO_SERVICO","v":"5,88"},7.42,14.84,null,null,null,null,"SERVIÇO",null,null,null,"NIVEL 4","NIVEL 4","NIVEL 4","NIVEL 4",{"$f":"COUNTIF($R$2:$R1022,\"NIVEL 1\")","v":15},8,5,2,{"$f":"ADDRESS(MATCH(COUNTIF($R$2:$R1022,\"NIVEL 1\"),V:V,0),COLUMN(S1022))","v":"$S$820"},{"$f":"ADDRESS(MATCH(COUNTIF($R$2:$R1022,\"NIVEL 1\"),V:V,0),COLUMN(W1022))","v":"$W$820"},{"$f":"ADDRESS((MATCH(COUNTIF(INDIRECT(Z1022):$S1022,\"NIVEL 2\"),INDIRECT(AA1022):W1022,0)+(MATCH(COUNTIF($R$2:$R1022,\"NIVEL 1\"),V:V,0)-1)),COLUMN(T1022))","v":"$T$982"},null,null,null,null,null,null,null,null,null,null,null,null,null,null,null,null,null,null,null,null,null,null,null,null,null,null,{"$f":"PROCURA_PRECO_SERVICO","v":"5,88"}]
["15.8.5.3","COMPOSIÇÃO","JMV-CRAS-014",{"$f":"PROCURA_DESCRICAO_SERVICO","v":"BUCHA DE REDUÇÃO CURTA DE PVC RÍGIDO SOLDÁVEL, MARROM, DIÂM = 40 X 32MM - BASEADA DA ORSE (1073)"},{"$f":"PROCURA_UNIDADE_SERVICO","v":"UN"},2,{"$f":"PROCURA_PRECO_SERVICO","v":10.72},13.53,27.06,null,null,null,null,"SERVIÇO",null,null,null,"NIVEL 4","NIVEL 4","NIVEL 4","NIVEL 4",{"$f":"COUNTIF($R$2:$R1023,\"NIVEL 1\")","v":15},8,5,3,{"$f":"ADDRESS(MATCH(COUNTIF($R$2:$R1023,\"NIVEL 1\"),V:V,0),COLUMN(S1023))","v":"$S$820"},{"$f":"ADDRESS(MATCH(COUNTIF($R$2:$R1023,\"NIVEL 1\"),V:V,0),COLUMN(W1023))","v":"$W$820"},{"$f":"ADDRESS((MATCH(COUNTIF(INDIRECT(Z1023):$S1023,\"NIVEL 2\"),INDIRECT(AA1023):W1023,0)+(MATCH(COUNTIF($R$2:$R1023,\"NIVEL 1\"),V:V,0)-1)),COLUMN(T1023))","v":"$T$982"},null,null,null,null,null,null,null,null,null,null,null,null,null,null,null,null,null,null,null,null,null,null,null,null,null,null,{"$f":"PROCURA_PRECO_SERVICO","v":10.72}]
["15.8.5.4","SINAPI","103964",{"$f":"PROCURA_DESCRICAO_SERVICO","v":"BUCHA DE REDUÇÃO, LONGA, PVC, SOLDÁVEL, DN 40 X 25 MM, INSTALADO EM PRUMADA DE ÁGUA - FORNECIMENTO E INSTALAÇÃO. AF_06/2022"},{"$f":"PROCURA_UNIDADE_SERVICO","v":"UN"},1,{"$f":"PROCURA_PRECO_SERVICO","v":"8,69"},10.97,10.97,null,null,null,null,"SERVIÇO",null,null,null,"NIVEL 4","NIVEL 4","NIVEL 4","NIVEL 4",{"$f":"COUNTIF($R$2:$R1024,\"NIVEL 1\")","v":15},8,5,4,{"$f":"ADDRESS(MATCH(COUNTIF($R$2:$R1024,\"NIVEL 1\"),V:V,0),COLUMN(S1024))","v":"$S$820"},{"$f":"ADDRESS(MATCH(COUNTIF($R$2:$R1024,\"NIVEL 1\"),V:V,0),COLUMN(W1024))","v":"$W$820"},{"$f":"ADDRESS((MATCH(COUNTIF(INDIRECT(Z1024):$S1024,\"NIVEL 2\"),INDIRECT(AA1024):W1024,0)+(MATCH(COUNTIF($R$2:$R1024,\"NIVEL 1\"),V:V,0)-1)),COLUMN(T1024))","v":"$T$982"},null,null,null,null,null,null,null,null,null,null,null,null,null,null,null,null,null,null,null,null,null,null,null,null,null,null,{"$f":"PROCURA_PRECO_SERVICO","v":"8,69"}]
["15.8.5.5","SINAPI","89489",{"$f":"PROCURA_DESCRICAO_SERVICO","v":"CURVA 90 GRAUS, PVC, SOLDÁVEL, DN 25MM, INSTALADO EM PRUMADA DE ÁGUA - FORNECIMENTO E INSTALAÇÃO. AF_06/2022"},{"$f":"PROCURA_UNIDADE_SERVICO","v":"UN"},1,{"$f":"PROCURA_PRECO_SERVICO","v":"8,10"},10.22,10.22,null,null,null,null,"SERVIÇO",null,null,null,"NIVEL 4","NIVEL 4","NIVEL 4","NIVEL 4",{"$f":"COUNTIF($R$2:$R1025,\"NIVEL 1\")","v":15},8,5,5,{"$f":"ADDRESS(MATCH(COUNTIF($R$2:$R1025,\"NIVEL 1\"),V:V,0),COLUMN(S1025))","v":"$S$820"},{"$f":"ADDRESS(MATCH(COUNTIF($R$2:$R1025,\"NIVEL 1\"),V:V,0),COLUMN(W1025))","v":"$W$820"},{"$f":"ADDRESS((MATCH(COUNTIF(INDIRECT(Z1025):$S1025,\"NIVEL 2\"),INDIRECT(AA1025):W1025,0)+(MATCH(COUNTIF($R$2:$R1025,\"NIVEL 1\"),V:V,0)-1)),COLUMN(T1025))","v":"$T$982"},null,null,null,null,null,null,null,null,null,null,null,null,null,null,null,null,null,null,null,null,null,null,null,null,null,null,{"$f":"PROCURA_PRECO_SERVICO","v":"8,10"}]
["15.8.5.6","SINAPI","89500",{"$f":"PROCURA_DESCRICAO_SERVICO","v":"CURVA 45 GRAUS, PVC, SOLDÁVEL, DN 40MM, INSTALADO EM PRUMADA DE ÁGUA - FORNECIMENTO E INSTALAÇÃO. AF_06/2022"},{"$f":"PROCURA_UNIDADE_SERVICO","v":"UN"},2,{"$f":"PROCURA_PRECO_SERVICO","v":"13,51"},17.05,34.1,null,null,null,null,"SERVIÇO",null,null,null,"NIVEL 4","NIVEL 4","NIVEL 4","NIVEL 4",{"$f":"COUNTIF($R$2:$R1026,\"NIVEL 1\")","v":15},8,5,6,{"$f":"ADDRESS(MATCH(COUNTIF($R$2:$R1026,\"NIVEL 1\"),V:V,0),COLUMN(S1026))","v":"$S$820"},{"$f":"ADDRESS(MATCH(COUNTIF($R$2:$R1026,\"NIVEL 1\"),V:V,0),COLUMN(W1026))","v":"$W$820"},{"$f":"ADDRESS((MATCH(COUNTIF(INDIRECT(Z1026):$S1026,\"NIVEL 2\"),INDIRECT(AA1026):W1026,0)+(MATCH(COUNTIF($R$2:$R1026,\"NIVEL 1\"),V:V,0)-1)),COLUMN(T1026))","v":"$T$982"},null,null,null,null,null,null,null,null,null,null,null,null,null,null,null,null,null,null,null,null,null,null,null,null,null,null,{"$f":"PROCURA_PRECO_SERVICO","v":"13,51"}]
["15.8.5.7","SINAPI","89485",{"$f":"PROCURA_DESCRICAO_SERVICO","v":"JOELHO 45 GRAUS, PVC, SOLDÁVEL, DN 25MM, INSTALADO EM PRUMADA DE ÁGUA - FORNECIMENTO E INSTALAÇÃO. AF_06/2022"},{"$f":"PROCURA_UNIDADE_SERVICO","v":"UN"},1,{"$f":"PROCURA_PRECO_SERVICO","v":"6,22"},7.85,7.85,null,null,null,null,"SERVIÇO",null,null,null,"NIVEL 4","NIVEL 4","NIVEL 4","NIVEL 4",{"$f":"COUNTIF($R$2:$R1027,\"NIVEL 1\")","v":15},8,5,7,{"$f":"ADDRESS(MATCH(COUNTIF($R$2:$R1027,\"NIVEL 1\"),V:V,0),COLUMN(S1027))","v":"$S$820"},{"$f":"ADDRESS(MATCH(COUNTIF($R$2:$R1027,\"NIVEL 1\"),V:V,0),COLUMN(W1027))","v":"$W$820"},{"$f":"ADDRESS((MATCH(COUNTIF(INDIRECT(Z1027):$S1027,\"NIVEL 2\"),INDIRECT(AA1027):W1027,0)+(MATCH(COUNTIF($R$2:$R1027,\"NIVEL 1\"),V:V,0)-1)),COLUMN(T1027))","v":"$T$982"},null,null,null,null,null,null,null,null,null,null,null,null,null,null,null,null,null,null,null,null,null,null,null,null,null,null,{"$f":"PROCURA_PRECO_SERVICO","v":"6,22"}]
["15.8.5.8","SINAPI","89481",{"$f":"PROCURA_DESCRICAO_SERVICO","v":"JOELHO 90 GRAUS, PVC, SOLDÁVEL, DN 25MM, INSTALADO EM PRUMADA DE ÁGUA - FORNECIMENTO E INSTALAÇÃO. AF_06/2022"},{"$f":"PROCURA_UNIDADE_SERVICO","v":"UN"},49,{"$f":"PROCURA_PRECO_SERVICO","v":"5,23"},6.6,323.4,null,null,null,null,"SERVIÇO",null,null,null,"NIVEL 4","NIVEL 4","NIVEL 4","NIVEL 4",{"$f":"COUNTIF($R$2:$R1028,\"NIVEL 1\")","v":15},8,5,8,{"$f":"ADDRESS(MATCH(COUNTIF($R$2:$R1028,\"NIVEL 1\"),V:V,0),COLUMN(S1028))","v":"$S$820"},{"$f":"ADDRESS(MATCH(COUNTIF($R$2:$R1028,\"NIVEL 1\"),V:V,0),COLUMN(W1028))","v":"$W$820"},{"$f":"ADDRESS((MATCH(COUNTIF(INDIRECT(Z1028):$S1028,\"NIVEL 2\"),INDIRECT(AA1028):W1028,0)+(MATCH(COUNTIF($R$2:$R1028,\"NIVEL 1\"),V:V,0)-1)),COLUMN(T1028))","v":"$T$982"},null,null,null,null,null,null,null,null,null,null,null,null,null,null,null,null,null,null,null,null,null,null,null,null,null,null,{"$f":"PROCURA_PRECO_SERVICO","v":"5,23"}]
["15.8.5.9","SINAPI","89492",{"$f":"PROCURA_DESCRICAO_SERVICO","v":"JOELHO 90 GRAUS, PVC, SOLDÁVEL, DN 32MM, INSTALADO EM PRUMADA DE ÁGUA - FORNECIMENTO E INSTALAÇÃO. AF_06/2022"},{"$f":"PROCURA_UNIDADE_SERVICO","v":"UN"},7,{"$f":"PROCURA_PRECO_SERVICO","v":"8,47"},10.69,74.83,null,null,null,null,"SERVIÇO",null,null,null,"NIVEL 4","NIVEL 4","NIVEL 4","NIVEL 4",{"$f":"COUNTIF($R$2:$R1029,\"NIVEL 1\")","v":15},8,5,9,{"$f":"ADDRESS(MATCH(COUNTIF($R$2:$R1029,\"NIVEL 1\"),V:V,0),COLUMN(S1029))","v":"$S$820"},{"$f":"ADDRESS(MATCH(COUNTIF($R$2:$R1029,\"NIVEL 1\"),V:V,0),COLUMN(W1029))","v":"$W$820"},{"$f":"ADDRESS((MATCH(COUNTIF(INDIRECT(Z1029):$S1029,\"NIVEL 2\"),INDIRECT(AA1029):W1029,0)+(MATCH(COUNTIF($R$2:$R1029,\"NIVEL 1\"),V:V,0)-1)),COLUMN(T1029))","v":"$T$982"},null,null,null,null,null,null,null,null,null,null,null,null,null,null,null,null,null,null,null,null,null,null,null,null,null,null,{"$f":"PROCURA_PRECO_SERVICO","v":"8,47"}]
["15.8.5.10","SINAPI","89497",{"$f":"PROCURA_DESCRICAO_SERVICO","v":"JOELHO 90 GRAUS, PVC, SOLDÁVEL, DN 40MM, INSTALADO EM PRUMADA DE ÁGUA - FORNECIMENTO E INSTALAÇÃO. AF_06/2022"},{"$f":"PROCURA_UNIDADE_SERVICO","v":"UN"},2,{"$f":"PROCURA_PRECO_SERVICO","v":"14,12"},17.82,35.64,null,null,null,null,"SERVIÇO",null,null,null,"NIVEL 4","NIVEL 4","NIVEL 4","NIVEL 4",{"$f":"COUNTIF($R$2:$R1030,\"NIVEL 1\")","v":15},8,5,10,{"$f":"ADDRESS(MATCH(COUNTIF($R$2:$R1030,\"NIVEL 1\"),V:V,0),COLUMN(S1030))","v":"$S$820"},{"$f":"ADDRESS(MATCH(COUNTIF($R$2:$R1030,\"NIVEL 1\"),V:V,0),COLUMN(W1030))","v":"$W$820"},{"$f":"ADDRESS((MATCH(COUNTIF(INDIRECT(Z1030):$S1030,\"NIVEL 2\"),INDIRECT(AA1030):W1030,0)+(MATCH(COUNTIF($R$2:$R1030,\"NIVEL 1\"),V:V,0)-1)),COLUMN(T1030))","v":"$T$982"},null,null,null,null,null,null,null,null,null,null,null,null,null,null,null,null,null,null,null,null,null,null,null,null,null,null,{"$f":"PROCURA_PRECO_SERVICO","v":"14,12"}]
["15.8.5.11","SINAPI","103974",{"$f":"PROCURA_DESCRICAO_SERVICO","v":"JOELHO DE REDUÇÃO, 90 GRAUS, PVC, SOLDÁVEL, DN 32 MM X 25 MM, INSTALADO EM PRUMADA DE ÁGUA - FORNECIMENTO E INSTALAÇÃO. AF_06/2022"},{"$f":"PROCURA_UNIDADE_SERVICO","v":"UN"},3,{"$f":"PROCURA_PRECO_SERVICO","v":"11,42"},14.41,43.23,null,null,null,null,"SERVIÇO",null,null,null,"NIVEL 4","NIVEL 4","NIVEL 4","NIVEL 4",{"$f":"COUNTIF($R$2:$R1031,\"NIVEL 1\")","v":15},8,5,11,{"$f":"ADDRESS(MATCH(COUNTIF($R$2:$R1031,\"NIVEL 1\"),V:V,0),COLUMN(S1031))","v":"$S$820"},{"$f":"ADDRESS(MATCH(COUNTIF($R$2:$R1031,\"NIVEL 1\"),V:V,0),COLUMN(W1031))","v":"$W$820"},{"$f":"ADDRESS((MATCH(COUNTIF(INDIRECT(Z1031):$S1031,\"NIVEL 2\"),INDIRECT(AA1031):W1031,0)+(MATCH(COUNTIF($R$2:$R1031,\"NIVEL 1\"),V:V,0)-1)),COLUMN(T1031))","v":"$T$982"},null,null,null,null,null,null,null,null,null,null,null,null,null,null,null,null,null,null,null,null,null,null,null,null,null,null,{"$f":"PROCURA_PRECO_SERVICO","v":"11,42"}]
["15.8.5.12","SINAPI","89532",{"$f":"PROCURA_DESCRICAO_SERVICO","v":"LUVA DE REDUÇÃO, PVC, SOLDÁVEL, DN 32MM X 25MM, INSTALADO EM PRUMADA DE ÁGUA - FORNECIMENTO E INSTALAÇÃO. AF_06/2022"},{"$f":"PROCURA_UNIDADE_SERVICO","v":"UN"},1,{"$f":"PROCURA_PRECO_SERVICO","v":"7,55"},9.53,9.53,null,null,null,null,"SERVIÇO",null,null,null,"NIVEL 4","NIVEL 4","NIVEL 4","NIVEL 4",{"$f":"COUNTIF($R$2:$R1032,\"NIVEL 1\")","v":15},{"$f":"IFERROR(COUNTIF(INDIRECT(Z1032):S1032,\"NIVEL 2\"),0)","v":8},{"$f":"COUNTIF(INDIRECT(AB1032):T1032,\"NIVEL 3\")","v":5},12,{"$f":"ADDRESS(MATCH(COUNTIF($R$2:$R1032,\"NIVEL 1\"),V:V,0),COLUMN(S1032))","v":"$S$820"},{"$f":"ADDRESS(MATCH(COUNTIF($R$2:$R1032,\"NIVEL 1\"),V:V,0),COLUMN(W1032))","v":"$W$820"},{"$f":"ADDRESS((MATCH(COUNTIF(INDIRECT(Z1032):$S1032,\"NIVEL 2\"),INDIRECT(AA1032):W1032,0)+(MATCH(COUNTIF($R$2:$R1032,\"NIVEL 1\"),V:V,0)-1)),COLUMN(T1032))","v":"$T$982"},null,null,null,null,null,null,null,null,null,null,null,null,null,null,null,null,null,null,null,null,null,null,null,null,null,null,{"$f":"PROCURA_PRECO_SERVICO","v":"7,55"}]
["15.8.5.13","SINAPI","89528",{"$f":"PROCURA_DESCRICAO_SERVICO","v":"LUVA, PVC, SOLDÁVEL, DN 25MM, INSTALADO EM PRUMADA DE ÁGUA - FORNECIMENTO E INSTALAÇÃO. AF_06/2022"},{"$f":"PROCURA_UNIDADE_SERVICO","v":"UN"},2,{"$f":"PROCURA_PRECO_SERVICO","v":"4,22"},5.32,10.64,null,null,null,null,"SERVIÇO",null,null,null,"NIVEL 4","NIVEL 4","NIVEL 4","NIVEL 4",{"$f":"COUNTIF($R$2:$R1033,\"NIVEL 1\")","v":15},8,5,13,{"$f":"ADDRESS(MATCH(COUNTIF($R$2:$R1033,\"NIVEL 1\"),V:V,0),COLUMN(S1033))","v":"$S$820"},{"$f":"ADDRESS(MATCH(COUNTIF($R$2:$R1033,\"NIVEL 1\"),V:V,0),COLUMN(W1033))","v":"$W$820"},{"$f":"ADDRESS((MATCH(COUNTIF(INDIRECT(Z1033):$S1033,\"NIVEL 2\"),INDIRECT(AA1033):W1033,0)+(MATCH(COUNTIF($R$2:$R1033,\"NIVEL 1\"),V:V,0)-1)),COLUMN(T1033))","v":"$T$982"},null,null,null,null,null,null,null,null,null,null,null,null,null,null,null,null,null,null,null,null,null,null,null,null,null,null,{"$f":"PROCURA_PRECO_SERVICO","v":"4,22"}]
["15.8.5.14","SINAPI","89541",{"$f":"PROCURA_DESCRICAO_SERVICO","v":"LUVA, PVC, SOLDÁVEL, DN 32MM, INSTALADO EM PRUMADA DE ÁGUA - FORNECIMENTO E INSTALAÇÃO. AF_06/2022"},{"$f":"PROCURA_UNIDADE_SERVICO","v":"UN"},1,{"$f":"PROCURA_PRECO_SERVICO","v":"6,58"},8.3,8.3,null,null,null,null,"SERVIÇO",null,null,null,"NIVEL 4","NIVEL 4","NIVEL 4","NIVEL 4",{"$f":"COUNTIF($R$2:$R1034,\"NIVEL 1\")","v":15},8,5,14,{"$f":"ADDRESS(MATCH(COUNTIF($R$2:$R1034,\"NIVEL 1\"),V:V,0),COLUMN(S1034))","v":"$S$820"},{"$f":"ADDRESS(MATCH(COUNTIF($R$2:$R1034,\"NIVEL 1\"),V:V,0),COLUMN(W1034))","v":"$W$820"},{"$f":"ADDRESS((MATCH(COUNTIF(INDIRECT(Z1034):$S1034,\"NIVEL 2\"),INDIRECT(AA1034):W1034,0)+(MATCH(COUNTIF($R$2:$R1034,\"NIVEL 1\"),V:V,0)-1)),COLUMN(T1034))","v":"$T$982"},null,null,null,null,null,null,null,null,null,null,null,null,null,null,null,null,null,null,null,null,null,null,null,null,null,null,{"$f":"PROCURA_PRECO_SERVICO","v":"6,58"}]
["15.8.5.15","SINAPI","89558",{"$f":"PROCURA_DESCRICAO_SERVICO","v":"LUVA, PVC, SOLDÁVEL, DN 40MM, INSTALADO EM PRUMADA DE ÁGUA - FORNECIMENTO E INSTALAÇÃO. AF_06/2022"},{"$f":"PROCURA_UNIDADE_SERVICO","v":"UN"},1,{"$f":"PROCURA_PRECO_SERVICO","v":"10,34"},13.05,13.05,null,null,null,null,"SERVIÇO",null,null,null,"NIVEL 4","NIVEL 4","NIVEL 4","NIVEL 4",{"$f":"COUNTIF($R$2:$R1035,\"NIVEL 1\")","v":15},8,5,15,{"$f":"ADDRESS(MATCH(COUNTIF($R$2:$R1035,\"NIVEL 1\"),V:V,0),COLUMN(S1035))","v":"$S$820"},{"$f":"ADDRESS(MATCH(COUNTIF($R$2:$R1035,\"NIVEL 1\"),V:V,0),COLUMN(W1035))","v":"$W$820"},{"$f":"ADDRESS((MATCH(COUNTIF(INDIRECT(Z1035):$S1035,\"NIVEL 2\"),INDIRECT(AA1035):W1035,0)+(MATCH(COUNTIF($R$2:$R1035,\"NIVEL 1\"),V:V,0)-1)),COLUMN(T1035))","v":"$T$982"},null,null,null,null,null,null,null,null,null,null,null,null,null,null,null,null,null,null,null,null,null,null,null,null,null,null,{"$f":"PROCURA_PRECO_SERVICO","v":"10,34"}]
["15.8.5.16","SINAPI","89356",{"$f":"PROCURA_DESCRICAO_SERVICO","v":"TUBO, PVC, SOLDÁVEL, DN 25MM, INSTALADO EM RAMAL OU SUB-RAMAL DE ÁGUA - FORNECIMENTO E INSTALAÇÃO. AF_06/2022"},{"$f":"PROCURA_UNIDADE_SERVICO","v":"M"},78.51,{"$f":"PROCURA_PRECO_SERVICO","v":"23,98"},30.27,2376.49,null,null,null,null,"SERVIÇO",null,null,null,"NIVEL 4","NIVEL 4","NIVEL 4","NIVEL 4",{"$f":"COUNTIF($R$2:$R1036,\"NIVEL 1\")","v":15},8,5,16,{"$f":"ADDRESS(MATCH(COUNTIF($R$2:$R1036,\"NIVEL 1\"),V:V,0),COLUMN(S1036))","v":"$S$820"},{"$f":"ADDRESS(MATCH(COUNTIF($R$2:$R1036,\"NIVEL 1\"),V:V,0),COLUMN(W1036))","v":"$W$820"},{"$f":"ADDRESS((MATCH(COUNTIF(INDIRECT(Z1036):$S1036,\"NIVEL 2\"),INDIRECT(AA1036):W1036,0)+(MATCH(COUNTIF($R$2:$R1036,\"NIVEL 1\"),V:V,0)-1)),COLUMN(T1036))","v":"$T$982"},null,null,null,null,null,null,null,null,null,null,null,null,null,null,null,null,null,null,null,null,null,null,null,null,null,null,{"$f":"PROCURA_PRECO_SERVICO","v":"23,98"}]
["15.8.5.17","SINAPI","89357",{"$f":"PROCURA_DESCRICAO_SERVICO","v":"TUBO, PVC, SOLDÁVEL, DN 32MM, INSTALADO EM RAMAL OU SUB-RAMAL DE ÁGUA - FORNECIMENTO E INSTALAÇÃO. AF_06/2022"},{"$f":"PROCURA_UNIDADE_SERVICO","v":"M"},14.87,{"$f":"PROCURA_PRECO_SERVICO","v":"33,94"},42.84,637.03,null,null,null,null,"SERVIÇO",null,null,null,"NIVEL 4","NIVEL 4","NIVEL 4","NIVEL 4",{"$f":"COUNTIF($R$2:$R1037,\"NIVEL 1\")","v":15},8,5,17,{"$f":"ADDRESS(MATCH(COUNTIF($R$2:$R1037,\"NIVEL 1\"),V:V,0),COLUMN(S1037))","v":"$S$820"},{"$f":"ADDRESS(MATCH(COUNTIF($R$2:$R1037,\"NIVEL 1\"),V:V,0),COLUMN(W1037))","v":"$W$820"},{"$f":"ADDRESS((MATCH(COUNTIF(INDIRECT(Z1037):$S1037,\"NIVEL 2\"),INDIRECT(AA1037):W1037,0)+(MATCH(COUNTIF($R$2:$R1037,\"NIVEL 1\"),V:V,0)-1)),COLUMN(T1037))","v":"$T$982"},null,null,null,null,null,null,null,null,null,null,null,null,null,null,null,null,null,null,null,null,null,null,null,null,null,null,{"$f":"PROCURA_PRECO_SERVICO","v":"33,94"}]
["15.8.5.18","SINAPI","103978",{"$f":"PROCURA_DESCRICAO_SERVICO","v":"TUBO, PVC, SOLDÁVEL, DN 40MM, INSTALADO EM RAMAL DE DISTRIBUIÇÃO DE ÁGUA - FORNECIMENTO E INSTALAÇÃO. AF_06/2022"},{"$f":"PROCURA_UNIDADE_SERVICO","v":"M"},3.87,{"$f":"PROCURA_PRECO_SERVICO","v":"29,59"},37.35,144.54,null,null,null,null,"SERVIÇO",null,null,null,"NIVEL 4","NIVEL 4","NIVEL 4","NIVEL 4",{"$f":"COUNTIF($R$2:$R1038,\"NIVEL 1\")","v":15},8,5,18,{"$f":"ADDRESS(MATCH(COUNTIF($R$2:$R1038,\"NIVEL 1\"),V:V,0),COLUMN(S1038))","v":"$S$820"},{"$f":"ADDRESS(MATCH(COUNTIF($R$2:$R1038,\"NIVEL 1\"),V:V,0),COLUMN(W1038))","v":"$W$820"},{"$f":"ADDRESS((MATCH(COUNTIF(INDIRECT(Z1038):$S1038,\"NIVEL 2\"),INDIRECT(AA1038):W1038,0)+(MATCH(COUNTIF($R$2:$R1038,\"NIVEL 1\"),V:V,0)-1)),COLUMN(T1038))","v":"$T$982"},null,null,null,null,null,null,null,null,null,null,null,null,null,null,null,null,null,null,null,null,null,null,null,null,null,null,{"$f":"PROCURA_PRECO_SERVICO","v":"29,59"}]
["15.8.5.19","SINAPI","89617",{"$f":"PROCURA_DESCRICAO_SERVICO","v":"TE, PVC, SOLDÁVEL, DN 25MM, INSTALADO EM PRUMADA DE ÁGUA - FORNECIMENTO E INSTALAÇÃO. AF_06/2022"},{"$f":"PROCURA_UNIDADE_SERVICO","v":"UN"},21,{"$f":"PROCURA_PRECO_SERVICO","v":"7,44"},9.39,197.19,null,null,null,null,"SERVIÇO",null,null,null,"NIVEL 4","NIVEL 4","NIVEL 4","NIVEL 4",{"$f":"COUNTIF($R$2:$R1039,\"NIVEL 1\")","v":15},8,5,19,{"$f":"ADDRESS(MATCH(COUNTIF($R$2:$R1039,\"NIVEL 1\"),V:V,0),COLUMN(S1039))","v":"$S$820"},{"$f":"ADDRESS(MATCH(COUNTIF($R$2:$R1039,\"NIVEL 1\"),V:V,0),COLUMN(W1039))","v":"$W$820"},{"$f":"ADDRESS((MATCH(COUNTIF(INDIRECT(Z1039):$S1039,\"NIVEL 2\"),INDIRECT(AA1039):W1039,0)+(MATCH(COUNTIF($R$2:$R1039,\"NIVEL 1\"),V:V,0)-1)),COLUMN(T1039))","v":"$T$982"},null,null,null,null,null,null,null,null,null,null,null,null,null,null,null,null,null,null,null,null,null,null,null,null,null,null,{"$f":"PROCURA_PRECO_SERVICO","v":"7,44"}]
["15.8.5.20","SINAPI","89620",{"$f":"PROCURA_DESCRICAO_SERVICO","v":"TE, PVC, SOLDÁVEL, DN 32MM, INSTALADO EM PRUMADA DE ÁGUA - FORNECIMENTO E INSTALAÇÃO. AF_06/2022"},{"$f":"PROCURA_UNIDADE_SERVICO","v":"UN"},1,{"$f":"PROCURA_PRECO_SERVICO","v":"12,24"},15.45,15.45,null,null,null,null,"SERVIÇO",null,null,null,"NIVEL 4","NIVEL 4","NIVEL 4","NIVEL 4",{"$f":"COUNTIF($R$2:$R1040,\"NIVEL 1\")","v":15},8,5,20,{"$f":"ADDRESS(MATCH(COUNTIF($R$2:$R1040,\"NIVEL 1\"),V:V,0),COLUMN(S1040))","v":"$S$820"},{"$f":"ADDRESS(MATCH(COUNTIF($R$2:$R1040,\"NIVEL 1\"),V:V,0),COLUMN(W1040))","v":"$W$820"},{"$f":"ADDRESS((MATCH(COUNTIF(INDIRECT(Z1040):$S1040,\"NIVEL 2\"),INDIRECT(AA1040):W1040,0)+(MATCH(COUNTIF($R$2:$R1040,\"NIVEL 1\"),V:V,0)-1)),COLUMN(T1040))","v":"$T$982"},null,null,null,null,null,null,null,null,null,null,null,null,null,null,null,null,null,null,null,null,null,null,null,null,null,null,{"$f":"PROCURA_PRECO_SERVICO","v":"12,24"}]
["15.8.5.21","SINAPI","89623",{"$f":"PROCURA_DESCRICAO_SERVICO","v":"TE, PVC, SOLDÁVEL, DN 40MM, INSTALADO EM PRUMADA DE ÁGUA - FORNECIMENTO E INSTALAÇÃO. AF_06/2022"},{"$f":"PROCURA_UNIDADE_SERVICO","v":"UN"},1,{"$f":"PROCURA_PRECO_SERVICO","v":"20,85"},26.32,26.32,null,null,null,null,"SERVIÇO",null,null,null,"NIVEL 4","NIVEL 4","NIVEL 4","NIVEL 4",{"$f":"COUNTIF($R$2:$R1041,\"NIVEL 1\")","v":15},8,5,21,{"$f":"ADDRESS(MATCH(COUNTIF($R$2:$R1041,\"NIVEL 1\"),V:V,0),COLUMN(S1041))","v":"$S$820"},{"$f":"ADDRESS(MATCH(COUNTIF($R$2:$R1041,\"NIVEL 1\"),V:V,0),COLUMN(W1041))","v":"$W$820"},{"$f":"ADDRESS((MATCH(COUNTIF(INDIRECT(Z1041):$S1041,\"NIVEL 2\"),INDIRECT(AA1041):W1041,0)+(MATCH(COUNTIF($R$2:$R1041,\"NIVEL 1\"),V:V,0)-1)),COLUMN(T1041))","v":"$T$982"},null,null,null,null,null,null,null,null,null,null,null,null,null,null,null,null,null,null,null,null,null,null,null,null,null,null,{"$f":"PROCURA_PRECO_SERVICO","v":"20,85"}]
["15.8.5.22","COMPOSIÇÃO","JMV-CRAS-015",{"$f":"PROCURA_DESCRICAO_SERVICO","v":"TE REDUCAO PVC SOLDAVEL 32X25MM - BASEADA DA SBC (052214)"},{"$f":"PROCURA_UNIDADE_SERVICO","v":"UN"},2,{"$f":"PROCURA_PRECO_SERVICO","v":25.07},31.64,63.28,null,null,null,null,"SERVIÇO",null,null,null,"NIVEL 4","NIVEL 4","NIVEL 4","NIVEL 4",{"$f":"COUNTIF($R$2:$R1042,\"NIVEL 1\")","v":15},8,5,22,{"$f":"ADDRESS(MATCH(COUNTIF($R$2:$R1042,\"NIVEL 1\"),V:V,0),COLUMN(S1042))","v":"$S$820"},{"$f":"ADDRESS(MATCH(COUNTIF($R$2:$R1042,\"NIVEL 1\"),V:V,0),COLUMN(W1042))","v":"$W$820"},{"$f":"ADDRESS((MATCH(COUNTIF(INDIRECT(Z1042):$S1042,\"NIVEL 2\"),INDIRECT(AA1042):W1042,0)+(MATCH(COUNTIF($R$2:$R1042,\"NIVEL 1\"),V:V,0)-1)),COLUMN(T1042))","v":"$T$982"},null,null,null,null,null,null,null,null,null,null,null,null,null,null,null,null,null,null,null,null,null,null,null,null,null,null,{"$f":"PROCURA_PRECO_SERVICO","v":25.07}]
["15.8.5.23","COMPOSIÇÃO","JMV-CRAS-017",{"$f":"PROCURA_DESCRICAO_SERVICO","v":"TE REDUCAO PVC SOLDAVEL 40X25MM - BASEADA DA SBC (052216)"},{"$f":"PROCURA_UNIDADE_SERVICO","v":"UN"},2,{"$f":"PROCURA_PRECO_SERVICO","v":40.89},51.61,103.22,null,null,null,null,"SERVIÇO",null,null,null,"NIVEL 4","NIVEL 4","NIVEL 4","NIVEL 4",{"$f":"COUNTIF($R$2:$R1043,\"NIVEL 1\")","v":15},8,5,23,{"$f":"ADDRESS(MATCH(COUNTIF($R$2:$R1043,\"NIVEL 1\"),V:V,0),COLUMN(S1043))","v":"$S$820"},{"$f":"ADDRESS(MATCH(COUNTIF($R$2:$R1043,\"NIVEL 1\"),V:V,0),COLUMN(W1043))","v":"$W$820"},{"$f":"ADDRESS((MATCH(COUNTIF(INDIRECT(Z1043):$S1043,\"NIVEL 2\"),INDIRECT(AA1043):W1043,0)+(MATCH(COUNTIF($R$2:$R1043,\"NIVEL 1\"),V:V,0)-1)),COLUMN(T1043))","v":"$T$982"},null,null,null,null,null,null,null,null,null,null,null,null,null,null,null,null,null,null,null,null,null,null,null,null,null,null,{"$f":"PROCURA_PRECO_SERVICO","v":40.89}]
[null,null,null,null,null,null,null,null,null,null,null,null,null,null,null,null,null,null,null,null,null,{"$f":"COUNTIF($R$2:$R1044,\"NIVEL 1\")","v":15},8,5,0,{"$f":"ADDRESS(MATCH(COUNTIF($R$2:$R1044,\"NIVEL 1\"),V:V,0),COLUMN(S1044))","v":"$S$820"},{"$f":"ADDRESS(MATCH(COUNTIF($R$2:$R1044,\"NIVEL 1\"),V:V,0),COLUMN(W1044))","v":"$W$820"},{"$f":"ADDRESS((MATCH(COUNTIF(INDIRECT(Z1044):$S1044,\"NIVEL 2\"),INDIRECT(AA1044):W1044,0)+(MATCH(COUNTIF($R$2:$R1044,\"NIVEL 1\"),V:V,0)-1)),COLUMN(T1044))","v":"$T$982"},null,null,null,null,null,null,null,null,null,null,null,null,null,null,null,null,null,null,null,null,null,null,null,null,null,null,{"$f":"PROCURA_PRECO_SERVICO","v":0}]
[null,null,null,{"$f":"\"SUBTOTAL DO ITEM - \"&A1019","v":"SUBTOTAL DO ITEM - 15.8.5"},null,null,null,null,{"$f":"SUBTOTAL(9,OFFSET(I1019,1,0):OFFSET(I1045,-1,0))","v":4408.85},null,null,null,null,"SUBSUBITEM_FIM",null,null,null,null,null,null,null,{"$f":"COUNTIF($R$2:$R1045,\"NIVEL 1\")","v":15},8,5,0,{"$f":"ADDRESS(MATCH(COUNTIF($R$2:$R1045,\"NIVEL 1\"),V:V,0),COLUMN(S1045))","v":"$S$820"},{"$f":"ADDRESS(MATCH(COUNTIF($R$2:$R1045,\"NIVEL 1\"),V:V,0),COLUMN(W1045))","v":"$W$820"},{"$f":"ADDRESS((MATCH(COUNTIF(INDIRECT(Z1045):$S1045,\"NIVEL 2\"),INDIRECT(AA1045):W1045,0)+(MATCH(COUNTIF($R$2:$R1045,\"NIVEL 1\"),V:V,0)-1)),COLUMN(T1045))","v":"$T$982"},null,null,null,null,null,null,null,null,null,null,null,null,null,null,null,null,null,null,null,null,null,null,null,null,null,null,{"$f":"PROCURA_PRECO_SERVICO","v":0}]
[null,null,null,null,null,null,null,null,null,null,null,null,null,null,null,null,null,null,null,null,null,{"$f":"COUNTIF($R$2:$R1046,\"NIVEL 1\")","v":15},8,5,0,{"$f":"ADDRESS(MATCH(COUNTIF($R$2:$R1046,\"NIVEL 1\"),V:V,0),COLUMN(S1046))","v":"$S$820"},{"$f":"ADDRESS(MATCH(COUNTIF($R$2:$R1046,\"NIVEL 1\"),V:V,0),COLUMN(W1046))","v":"$W$820"},{"$f":"ADDRESS((MATCH(COUNTIF(INDIRECT(Z1046):$S1046,\"NIVEL 2\"),INDIRECT(AA1046):W1046,0)+(MATCH(COUNTIF($R$2:$R1046,\"NIVEL 1\"),V:V,0)-1)),COLUMN(T1046))","v":"$T$982"},null,null,null,null,null,null,null,null,null,null,null,null,null,null,null,null,null,null,null,null,null,null,null,null,null,null,{"$f":"PROCURA_PRECO_SERVICO","v":0}]
[{"$f":"V1047&\".\"&W1047&\".\"&X1047","v":"15.8.6"},null,null,"PVC SOLDAVEL AZUL COM BUCHA LATÃO",null,null,null,null,null,null,null,null,null,"SUBSUBITEM_INICIO",null,null,null,"NIVEL 3","NIVEL 3","NIVEL 3",null,{"$f":"COUNTIF($R$2:$R1047,\"NIVEL 1\")","v":15},8,6,0,{"$f":"ADDRESS(MATCH(COUNTIF($R$2:$R1047,\"NIVEL 1\"),V:V,0),COLUMN(S1047))","v":"$S$820"},{"$f":"ADDRESS(MATCH(COUNTIF($R$2:$R1047,\"NIVEL 1\"),V:V,0),COLUMN(W1047))","v":"$W$820"},{"$f":"ADDRESS((MATCH(COUNTIF(INDIRECT(Z1047):$S1047,\"NIVEL 2\"),INDIRECT(AA1047):W1047,0)+(MATCH(COUNTIF($R$2:$R1047,\"NIVEL 1\"),V:V,0)-1)),COLUMN(T1047))","v":"$T$982"},null,null,null,null,null,null,null,null,null,null,null,null,null,null,null,null,null,null,null,null,null,null,null,null,null,null,{"$f":"PROCURA_PRECO_SERVICO","v":0}]
[null,null,null,null,null,null,null,null,null,null,null,null,null,null,null,null,null,null,null,null,null,{"$f":"COUNTIF($R$2:$R1048,\"NIVEL 1\")","v":15},8,6,0,{"$f":"ADDRESS(MATCH(COUNTIF($R$2:$R1048,\"NIVEL 1\"),V:V,0),COLUMN(S1048))","v":"$S$820"},{"$f":"ADDRESS(MATCH(COUNTIF($R$2:$R1048,\"NIVEL 1\"),V:V,0),COLUMN(W1048))","v":"$W$820"},{"$f":"ADDRESS((MATCH(COUNTIF(INDIRECT(Z1048):$S1048,\"NIVEL 2\"),INDIRECT(AA1048):W1048,0)+(MATCH(COUNTIF($R$2:$R1048,\"NIVEL 1\"),V:V,0)-1)),COLUMN(T1048))","v":"$T$982"},null,null,null,null,null,null,null,null,null,null,null,null,null,null,null,null,null,null,null,null,null,null,null,null,null,null,{"$f":"PROCURA_PRECO_SERVICO","v":0}]
[{"$f":"V1049&\".\"&W1049&\".\"&X1049&\".\"&Y1049","v":"15.8.6.1"},"SINAPI","94672",{"$f":"PROCURA_DESCRICAO_SERVICO","v":"JOELHO 90 GRAUS COM BUCHA DE LATÃO, PVC, SOLDÁVEL, DN  25 MM, X 3/4\u0094 INSTALADO EM RESERVAÇÃO DE ÁGUA DE EDIFICAÇÃO QUE POSSUA RESERVATÓRIO DE FIBRA/FIBROCIMENTO   FORNECIMENTO E INSTALAÇÃO. AF_06/2016"},{"$f":"PROCURA_UNIDADE_SERVICO","v":"UN"},2,{"$f":"PROCURA_PRECO_SERVICO","v":"10,25"},{"$f":"CUSTO_BDI_SERVICO","v":12.93},{"$f":"CUSTO_TOTAL_SERVICO","v":25.86},null,null,null,null,"SERVIÇO",null,null,null,"NIVEL 4","NIVEL 4","NIVEL 4","NIVEL 4",{"$f":"COUNTIF($R$2:$R1049,\"NIVEL 1\")","v":15},8,6,1,{"$f":"ADDRESS(MATCH(COUNTIF($R$2:$R1049,\"NIVEL 1\"),V:V,0),COLUMN(S1049))","v":"$S$820"},{"$f":"ADDRESS(MATCH(COUNTIF($R$2:$R1049,\"NIVEL 1\"),V:V,0),COLUMN(W1049))","v":"$W$820"},{"$f":"ADDRESS((MATCH(COUNTIF(INDIRECT(Z1049):$S1049,\"NIVEL 2\"),INDIRECT(AA1049):W1049,0)+(MATCH(COUNTIF($R$2:$R1049,\"NIVEL 1\"),V:V,0)-1)),COLUMN(T1049))","v":"$T$982"},null,null,null,null,null,null,null,null,null,null,null,null,null,null,null,null,null,null,null,null,null,null,null,null,null,null,{"$f":"PROCURA_PRECO_SERVICO","v":"10,25"}]
["15.8.6.2","COMPOSIÇÃO","JMV-CRAS-020",{"$f":"PROCURA_DESCRICAO_SERVICO","v":"JOELHO 90º RED. PVC RÍGIDO SOLDÁVEL C/BUCHA DE LATÃO, DIÂM= 25MMX1/2\" - BASEADA DA ORSE (479)"},{"$f":"PROCURA_UNIDADE_SERVICO","v":"UN"},31,{"$f":"PROCURA_PRECO_SERVICO","v":16.21},20.46,634.26,null,null,null,null,"SERVIÇO",null,null,null,"NIVEL 4","NIVEL 4","NIVEL 4","NIVEL 4",{"$f":"COUNTIF($R$2:$R1050,\"NIVEL 1\")","v":15},8,6,2,{"$f":"ADDRESS(MATCH(COUNTIF($R$2:$R1050,\"NIVEL 1\"),V:V,0),COLUMN(S1050))","v":"$S$820"},{"$f":"ADDRESS(MATCH(COUNTIF($R$2:$R1050,\"NIVEL 1\"),V:V,0),COLUMN(W1050))","v":"$W$820"},{"$f":"ADDRESS((MATCH(COUNTIF(INDIRECT(Z1050):$S1050,\"NIVEL 2\"),INDIRECT(AA1050):W1050,0)+(MATCH(COUNTIF($R$2:$R1050,\"NIVEL 1\"),V:V,0)-1)),COLUMN(T1050))","v":"$T$982"},null,null,null,null,null,null,null,null,null,null,null,null,null,null,null,null,null,null,null,null,null,null,null,null,null,null,{"$f":"PROCURA_PRECO_SERVICO","v":16.21}]
[null,null,null,null,null,null,null,null,null,null,null,null,null,null,null,null,null,null,null,null,null,{"$f":"COUNTIF($R$2:$R1051,\"NIVEL 1\")","v":15},8,6,0,{"$f":"ADDRESS(MATCH(COUNTIF($R$2:$R1051,\"NIVEL 1\"),V:V,0),COLUMN(S1051))","v":"$S$820"},{"$f":"ADDRESS(MATCH(COUNTIF($R$2:$R1051,\"NIVEL 1\"),V:V,0),COLUMN(W1051))","v":"$W$820"},{"$f":"ADDRESS((MATCH(COUNTIF(INDIRECT(Z1051):$S1051,\"NIVEL 2\"),INDIRECT(AA1051):W1051,0)+(MATCH(COUNTIF($R$2:$R1051,\"NIVEL 1\"),V:V,0)-1)),COLUMN(T1051))","v":"$T$982"},null,null,null,null,null,null,null,null,null,null,null,null,null,null,null,null,null,null,null,null,null,null,null,null,null,null,{"$f":"PROCURA_PRECO_SERVICO","v":0}]
[null,null,null,{"$f":"\"SUBTOTAL DO ITEM - \"&A1047","v":"SUBTOTAL DO ITEM - 15.8.6"},null,null,null,null,{"$f":"SUBTOTAL(9,OFFSET(I1047,1,0):OFFSET(I1052,-1,0))","v":660.12},null,null,null,null,"SUBSUBITEM_FIM",null,null,null,null,null,null,null,{"$f":"COUNTIF($R$2:$R1052,\"NIVEL 1\")","v":15},8,6,0,{"$f":"ADDRESS(MATCH(COUNTIF($R$2:$R1052,\"NIVEL 1\"),V:V,0),COLUMN(S1052))","v":"$S$820"},{"$f":"ADDRESS(MATCH(COUNTIF($R$2:$R1052,\"NIVEL 1\"),V:V,0),COLUMN(W1052))","v":"$W$820"},{"$f":"ADDRESS((MATCH(COUNTIF(INDIRECT(Z1052):$S1052,\"NIVEL 2\"),INDIRECT(AA1052):W1052,0)+(MATCH(COUNTIF($R$2:$R1052,\"NIVEL 1\"),V:V,0)-1)),COLUMN(T1052))","v":"$T$982"},null,null,null,null,null,null,null,null,null,null,null,null,null,null,null,null,null,null,null,null,null,null,null,null,null,null,{"$f":"PROCURA_PRECO_SERVICO","v":0}]
[null,null,null,null,null,null,null,null,null,null,null,null,null,null,null,null,null,null,null,null,null,{"$f":"COUNTIF($R$2:$R1053,\"NIVEL 1\")","v":15},8,6,0,{"$f":"ADDRESS(MATCH(COUNTIF($R$2:$R1053,\"NIVEL 1\"),V:V,0),COLUMN(S1053))","v":"$S$820"},{"$f":"ADDRESS(MATCH(COUNTIF($R$2:$R1053,\"NIVEL 1\"),V:V,0),COLUMN(W1053))","v":"$W$820"},{"$f":"ADDRESS((MATCH(COUNTIF(INDIRECT(Z1053):$S1053,\"NIVEL 2\"),INDIRECT(AA1053):W1053,0)+(MATCH(COUNTIF($R$2:$R1053,\"NIVEL 1\"),V:V,0)-1)),COLUMN(T1053))","v":"$T$982"},null,null,null,null,null,null,null,null,null,null,null,null,null,null,null,null,null,null,null,null,null,null,null,null,null,null,{"$f":"PROCURA_PRECO_SERVICO","v":0}]
[{"$f":"V1054&\".\"&W1054&\".\"&X1054","v":"15.8.7"},null,null,"RESERVATORIO CILINDRICO",null,null,null,null,null,null,null,null,null,"SUBSUBITEM_INICIO",null,null,null,"NIVEL 3","NIVEL 3","NIVEL 3",null,{"$f":"COUNTIF($R$2:$R1054,\"NIVEL 1\")","v":15},8,7,0,{"$f":"ADDRESS(MATCH(COUNTIF($R$2:$R1054,\"NIVEL 1\"),V:V,0),COLUMN(S1054))","v":"$S$820"},{"$f":"ADDRESS(MATCH(COUNTIF($R$2:$R1054,\"NIVEL 1\"),V:V,0),COLUMN(W1054))","v":"$W$820"},{"$f":"ADDRESS((MATCH(COUNTIF(INDIRECT(Z1054):$S1054,\"NIVEL 2\"),INDIRECT(AA1054):W1054,0)+(MATCH(COUNTIF($R$2:$R1054,\"NIVEL 1\"),V:V,0)-1)),COLUMN(T1054))","v":"$T$982"},null,null,null,null,null,null,null,null,null,null,null,null,null,null,null,null,null,null,null,null,null,null,null,null,null,null,{"$f":"PROCURA_PRECO_SERVICO","v":0}]
[null,null,null,null,null,null,null,null,null,null,null,null,null,null,null,null,null,null,null,null,null,{"$f":"COUNTIF($R$2:$R1055,\"NIVEL 1\")","v":15},8,7,0,{"$f":"ADDRESS(MATCH(COUNTIF($R$2:$R1055,\"NIVEL 1\"),V:V,0),COLUMN(S1055))","v":"$S$820"},{"$f":"ADDRESS(MATCH(COUNTIF($R$2:$R1055,\"NIVEL 1\"),V:V,0),COLUMN(W1055))","v":"$W$820"},{"$f":"ADDRESS((MATCH(COUNTIF(INDIRECT(Z1055):$S1055,\"NIVEL 2\"),INDIRECT(AA1055):W1055,0)+(MATCH(COUNTIF($R$2:$R1055,\"NIVEL 1\"),V:V,0)-1)),COLUMN(T1055))","v":"$T$982"},null,null,null,null,null,null,null,null,null,null,null,null,null,null,null,null,null,null,null,null,null,null,null,null,null,null,{"$f":"PROCURA_PRECO_SERVICO","v":0}]
[{"$f":"V1056&\".\"&W1056&\".\"&X1056&\".\"&Y1056","v":"15.8.7.1"},"SINAPI","102617",{"$f":"PROCURA_DESCRICAO_SERVICO","v":"CAIXA D´ÁGUA EM POLIÉSTER REFORÇADO COM FIBRA DE VIDRO, 5000 LITROS - FORNECIMENTO E INSTALAÇÃO. AF_06/2021"},{"$f":"PROCURA_UNIDADE_SERVICO","v":"UN"},1,{"$f":"PROCURA_PRECO_SERVICO","v":"3.284,97"},{"$f":"CUSTO_BDI_SERVICO","v":4146.94},{"$f":"CUSTO_TOTAL_SERVICO","v":4146.94},null,null,null,null,"SERVIÇO",null,null,null,"NIVEL 4","NIVEL 4","NIVEL 4","NIVEL 4",{"$f":"COUNTIF($R$2:$R1056,\"NIVEL 1\")","v":15},8,7,1,{"$f":"ADDRESS(MATCH(COUNTIF($R$2:$R1056,\"NIVEL 1\"),V:V,0),COLUMN(S1056))","v":"$S$820"},{"$f":"ADDRESS(MATCH(COUNTIF($R$2:$R1056,\"NIVEL 1\"),V:V,0),COLUMN(W1056))","v":"$W$820"},{"$f":"ADDRESS((MATCH(COUNTIF(INDIRECT(Z1056):$S1056,\"NIVEL 2\"),INDIRECT(AA1056):W1056,0)+(MATCH(COUNTIF($R$2:$R1056,\"NIVEL 1\"),V:V,0)-1)),COLUMN(T1056))","v":"$T$982"},null,null,null,null,null,null,null,null,null,null,null,null,null,null,null,null,null,null,null,null,null,null,null,null,null,null,{"$f":"PROCURA_PRECO_SERVICO","v":"3.284,97"}]
[null,null,null,null,null,null,null,null,null,null,null,null,null,null,null,null,null,null,null,null,null,{"$f":"COUNTIF($R$2:$R1057,\"NIVEL 1\")","v":15},8,7,0,{"$f":"ADDRESS(MATCH(COUNTIF($R$2:$R1057,\"NIVEL 1\"),V:V,0),COLUMN(S1057))","v":"$S$820"},{"$f":"ADDRESS(MATCH(COUNTIF($R$2:$R1057,\"NIVEL 1\"),V:V,0),COLUMN(W1057))","v":"$W$820"},{"$f":"ADDRESS((MATCH(COUNTIF(INDIRECT(Z1057):$S1057,\"NIVEL 2\"),INDIRECT(AA1057):W1057,0)+(MATCH(COUNTIF($R$2:$R1057,\"NIVEL 1\"),V:V,0)-1)),COLUMN(T1057))","v":"$T$982"},null,null,null,null,null,null,null,null,null,null,null,null,null,null,null,null,null,null,null,null,null,null,null,null,null,null,{"$f":"PROCURA_PRECO_SERVICO","v":0}]
[null,null,null,{"$f":"\"SUBTOTAL DO ITEM - \"&A1054","v":"SUBTOTAL DO ITEM - 15.8.7"},null,null,null,null,{"$f":"SUBTOTAL(9,OFFSET(I1054,1,0):OFFSET(I1058,-1,0))","v":4146.94},null,null,null,null,"SUBSUBITEM_FIM",null,null,null,null,null,null,null,{"$f":"COUNTIF($R$2:$R1058,\"NIVEL 1\")","v":15},8,7,0,{"$f":"ADDRESS(MATCH(COUNTIF($R$2:$R1058,\"NIVEL 1\"),V:V,0),COLUMN(S1058))","v":"$S$820"},{"$f":"ADDRESS(MATCH(COUNTIF($R$2:$R1058,\"NIVEL 1\"),V:V,0),COLUMN(W1058))","v":"$W$820"},{"$f":"ADDRESS((MATCH(COUNTIF(INDIRECT(Z1058):$S1058,\"NIVEL 2\"),INDIRECT(AA1058):W1058,0)+(MATCH(COUNTIF($R$2:$R1058,\"NIVEL 1\"),V:V,0)-1)),COLUMN(T1058))","v":"$T$982"},null,null,null,null,null,null,null,null,null,null,null,null,null,null,null,null,null,null,null,null,null,null,null,null,null,null,{"$f":"PROCURA_PRECO_SERVICO","v":0}]
[null,null,null,null,null,null,null,null,null,null,null,null,null,null,null,null,null,null,null,null,null,{"$f":"COUNTIF($R$2:$R1059,\"NIVEL 1\")","v":15},8,7,0,{"$f":"ADDRESS(MATCH(COUNTIF($R$2:$R1059,\"NIVEL 1\"),V:V,0),COLUMN(S1059))","v":"$S$820"},{"$f":"ADDRESS(MATCH(COUNTIF($R$2:$R1059,\"NIVEL 1\"),V:V,0),COLUMN(W1059))","v":"$W$820"},{"$f":"ADDRESS((MATCH(COUNTIF(INDIRECT(Z1059):$S1059,\"NIVEL 2\"),INDIRECT(AA1059):W1059,0)+(MATCH(COUNTIF($R$2:$R1059,\"NIVEL 1\"),V:V,0)-1)),COLUMN(T1059))","v":"$T$982"},null,null,null,null,null,null,null,null,null,null,null,null,null,null,null,null,null,null,null,null,null,null,null,null,null,null,{"$f":"PROCURA_PRECO_SERVICO","v":0}]
[null,null,null,{"$f":"\"SUBTOTAL DO ITEM  - \"&A982","v":"SUBTOTAL DO ITEM  - 15.8"},null,null,null,null,{"$f":"SUBTOTAL(9,OFFSET(I982,1,0):OFFSET(I1060,-1,0))","v":25541.49},null,null,null,null,"SUBITEM_FIM",null,null,null,null,null,null,null,{"$f":"COUNTIF($R$2:$R1060,\"NIVEL 1\")","v":15},8,7,0,{"$f":"ADDRESS(MATCH(COUNTIF($R$2:$R1060,\"NIVEL 1\"),V:V,0),COLUMN(S1060))","v":"$S$820"},{"$f":"ADDRESS(MATCH(COUNTIF($R$2:$R1060,\"NIVEL 1\"),V:V,0),COLUMN(W1060))","v":"$W$820"},{"$f":"ADDRESS((MATCH(COUNTIF(INDIRECT(Z1060):$S1060,\"NIVEL 2\"),INDIRECT(AA1060):W1060,0)+(MATCH(COUNTIF($R$2:$R1060,\"NIVEL 1\"),V:V,0)-1)),COLUMN(T1060))","v":"$T$982"},null,null,null,null,null,null,null,null,null,null,null,null,null,null,null,null,null,null,null,null,null,null,null,null,null,null,{"$f":"PROCURA_PRECO_SERVICO","v":0}]
[null,null,null,null,null,null,null,null,null,null,null,null,null,null,null,null,null,null,null,null,null,{"$f":"COUNTIF($R$2:$R1061,\"NIVEL 1\")","v":15},8,7,0,{"$f":"ADDRESS(MATCH(COUNTIF($R$2:$R1061,\"NIVEL 1\"),V:V,0),COLUMN(S1061))","v":"$S$820"},{"$f":"ADDRESS(MATCH(COUNTIF($R$2:$R1061,\"NIVEL 1\"),V:V,0),COLUMN(W1061))","v":"$W$820"},{"$f":"ADDRESS((MATCH(COUNTIF(INDIRECT(Z1061):$S1061,\"NIVEL 2\"),INDIRECT(AA1061):W1061,0)+(MATCH(COUNTIF($R$2:$R1061,\"NIVEL 1\"),V:V,0)-1)),COLUMN(T1061))","v":"$T$982"},null,null,null,null,null,null,null,null,null,null,null,null,null,null,null,null,null,null,null,null,null,null,null,null,null,null,{"$f":"PROCURA_PRECO_SERVICO","v":0}]
[{"$f":"V1062&\".\"&W1062","v":"15.9"},null,null,"MOVIMENTAÇÃO DE TERRA",null,null,null,null,null,null,null,null,null,"SUBITEM_INICIO",null,null,null,"NIVEL 2","NIVEL 2",null,null,{"$f":"COUNTIF($R$2:$R1062,\"NIVEL 1\")","v":15},9,0,0,{"$f":"ADDRESS(MATCH(COUNTIF($R$2:$R1062,\"NIVEL 1\"),V:V,0),COLUMN(S1062))","v":"$S$820"},{"$f":"ADDRESS(MATCH(COUNTIF($R$2:$R1062,\"NIVEL 1\"),V:V,0),COLUMN(W1062))","v":"$W$820"},{"$f":"ADDRESS((MATCH(COUNTIF(INDIRECT(Z1062):$S1062,\"NIVEL 2\"),INDIRECT(AA1062):W1062,0)+(MATCH(COUNTIF($R$2:$R1062,\"NIVEL 1\"),V:V,0)-1)),COLUMN(T1062))","v":"$T$1062"},null,null,null,null,null,null,null,null,null,null,null,null,null,null,null,null,null,null,null,null,null,null,null,null,null,null,{"$f":"PROCURA_PRECO_SERVICO","v":0}]
[null,null,null,null,null,null,null,null,null,null,null,null,null,null,null,null,null,null,null,null,null,{"$f":"COUNTIF($R$2:$R1063,\"NIVEL 1\")","v":15},9,0,0,{"$f":"ADDRESS(MATCH(COUNTIF($R$2:$R1063,\"NIVEL 1\"),V:V,0),COLUMN(S1063))","v":"$S$820"},{"$f":"ADDRESS(MATCH(COUNTIF($R$2:$R1063,\"NIVEL 1\"),V:V,0),COLUMN(W1063))","v":"$W$820"},{"$f":"ADDRESS((MATCH(COUNTIF(INDIRECT(Z1063):$S1063,\"NIVEL 2\"),INDIRECT(AA1063):W1063,0)+(MATCH(COUNTIF($R$2:$R1063,\"NIVEL 1\"),V:V,0)-1)),COLUMN(T1063))","v":"$T$1062"},null,null,null,null,null,null,null,null,null,null,null,null,null,null,null,null,null,null,null,null,null,null,null,null,null,null,{"$f":"PROCURA_PRECO_SERVICO","v":0}]
[{"$f":"V1064&\".\"&W1064&\".\"&X1064","v":"15.9.1"},null,null,"MOVIMENTAÇÃO DE TERRA",null,null,null,null,null,null,null,null,null,"SUBSUBITEM_INICIO",null,null,null,"NIVEL 3","NIVEL 3","NIVEL 3",null,{"$f":"COUNTIF($R$2:$R1064,\"NIVEL 1\")","v":15},9,1,0,{"$f":"ADDRESS(MATCH(COUNTIF($R$2:$R1064,\"NIVEL 1\"),V:V,0),COLUMN(S1064))","v":"$S$820"},{"$f":"ADDRESS(MATCH(COUNTIF($R$2:$R1064,\"NIVEL 1\"),V:V,0),COLUMN(W1064))","v":"$W$820"},{"$f":"ADDRESS((MATCH(COUNTIF(INDIRECT(Z1064):$S1064,\"NIVEL 2\"),INDIRECT(AA1064):W1064,0)+(MATCH(COUNTIF($R$2:$R1064,\"NIVEL 1\"),V:V,0)-1)),COLUMN(T1064))","v":"$T$1062"},null,null,null,null,null,null,null,null,null,null,null,null,null,null,null,null,null,null,null,null,null,null,null,null,null,null,{"$f":"PROCURA_PRECO_SERVICO","v":0}]
[null,null,null,null,null,null,null,null,null,null,null,null,null,null,null,null,null,null,null,null,null,{"$f":"COUNTIF($R$2:$R1065,\"NIVEL 1\")","v":15},9,1,0,{"$f":"ADDRESS(MATCH(COUNTIF($R$2:$R1065,\"NIVEL 1\"),V:V,0),COLUMN(S1065))","v":"$S$820"},{"$f":"ADDRESS(MATCH(COUNTIF($R$2:$R1065,\"NIVEL 1\"),V:V,0),COLUMN(W1065))","v":"$W$820"},{"$f":"ADDRESS((MATCH(COUNTIF(INDIRECT(Z1065):$S1065,\"NIVEL 2\"),INDIRECT(AA1065):W1065,0)+(MATCH(COUNTIF($R$2:$R1065,\"NIVEL 1\"),V:V,0)-1)),COLUMN(T1065))","v":"$T$1062"},null,null,null,null,null,null,null,null,null,null,null,null,null,null,null,null,null,null,null,null,null,null,null,null,null,null,{"$f":"PROCURA_PRECO_SERVICO","v":0}]
[{"$f":"V1066&\".\"&W1066&\".\"&X1066&\".\"&Y1066","v":"15.9.1.1"},"SETOP","ED-51107",{"$f":"PROCURA_DESCRICAO_SERVICO","v":"ESCAVAÇÃO MANUAL DE VALA COM PROFUNDIDADE MENOR OU IGUAL A 1,5M"},{"$f":"PROCURA_UNIDADE_SERVICO","v":"M3"},31.875,{"$f":"PROCURA_PRECO_SERVICO","v":61.26},{"$f":"CUSTO_BDI_SERVICO","v":77.33},{"$f":"CUSTO_TOTAL_SERVICO","v":2464.89},null,null,null,null,"SERVIÇO",null,null,null,"NIVEL 4","NIVEL 4","NIVEL 4","NIVEL 4",{"$f":"COUNTIF($R$2:$R1066,\"NIVEL 1\")","v":15},9,1,1,{"$f":"ADDRESS(MATCH(COUNTIF($R$2:$R1066,\"NIVEL 1\"),V:V,0),COLUMN(S1066))","v":"$S$820"},{"$f":"ADDRESS(MATCH(COUNTIF($R$2:$R1066,\"NIVEL 1\"),V:V,0),COLUMN(W1066))","v":"$W$820"},{"$f":"ADDRESS((MATCH(COUNTIF(INDIRECT(Z1066):$S1066,\"NIVEL 2\"),INDIRECT(AA1066):W1066,0)+(MATCH(COUNTIF($R$2:$R1066,\"NIVEL 1\"),V:V,0)-1)),COLUMN(T1066))","v":"$T$1062"},null,null,null,null,null,null,null,null,null,null,null,null,null,null,null,null,null,null,null,null,null,null,null,null,null,null,{"$f":"PROCURA_PRECO_SERVICO","v":61.26}]
[{"$f":"V1067&\".\"&W1067&\".\"&X1067&\".\"&Y1067","v":"15.9.1.2"},"SINAPI","101616",{"$f":"PROCURA_DESCRICAO_SERVICO","v":"PREPARO DE FUNDO DE VALA COM LARGURA MENOR QUE 1,5 M (ACERTO DO SOLO NATURAL). AF_08/2020"},{"$f":"PROCURA_UNIDADE_SERVICO","v":"M2"},63.75,{"$f":"PROCURA_PRECO_SERVICO","v":"6,03"},7.61,485.13,null,null,null,null,"SERVIÇO",null,null,null,"NIVEL 4","NIVEL 4","NIVEL 4","NIVEL 4",{"$f":"COUNTIF($R$2:$R1067,\"NIVEL 1\")","v":15},9,1,{"$f":"IF(U1067=\"NIVEL 4\",OFFSET(Y1067,-1,0)+1,0)","v":2},{"$f":"ADDRESS(MATCH(COUNTIF($R$2:$R1067,\"NIVEL 1\"),V:V,0),COLUMN(S1067))","v":"$S$820"},{"$f":"ADDRESS(MATCH(COUNTIF($R$2:$R1067,\"NIVEL 1\"),V:V,0),COLUMN(W1067))","v":"$W$820"},{"$f":"ADDRESS((MATCH(COUNTIF(INDIRECT(Z1067):$S1067,\"NIVEL 2\"),INDIRECT(AA1067):W1067,0)+(MATCH(COUNTIF($R$2:$R1067,\"NIVEL 1\"),V:V,0)-1)),COLUMN(T1067))","v":"$T$1062"},null,null,null,null,null,null,null,null,null,null,null,null,null,null,null,null,null,null,null,null,null,null,null,null,null,null,{"$f":"PROCURA_PRECO_SERVICO","v":"6,03"}]
["15.9.1.3","SETOP","ED-49814",{"$f":"PROCURA_DESCRICAO_SERVICO","v":"LASTRO DE AREIA"},{"$f":"PROCURA_UNIDADE_SERVICO","v":"M3"},1.9125,{"$f":"PROCURA_PRECO_SERVICO","v":148.23},187.12,357.86,null,null,null,null,"SERVIÇO",null,null,null,"NIVEL 4","NIVEL 4","NIVEL 4","NIVEL 4",{"$f":"COUNTIF($R$2:$R1068,\"NIVEL 1\")","v":15},9,1,3,{"$f":"ADDRESS(MATCH(COUNTIF($R$2:$R1068,\"NIVEL 1\"),V:V,0),COLUMN(S1068))","v":"$S$820"},{"$f":"ADDRESS(MATCH(COUNTIF($R$2:$R1068,\"NIVEL 1\"),V:V,0),COLUMN(W1068))","v":"$W$820"},{"$f":"ADDRESS((MATCH(COUNTIF(INDIRECT(Z1068):$S1068,\"NIVEL 2\"),INDIRECT(AA1068):W1068,0)+(MATCH(COUNTIF($R$2:$R1068,\"NIVEL 1\"),V:V,0)-1)),COLUMN(T1068))","v":"$T$1062"},null,null,null,null,null,null,null,null,null,null,null,null,null,null,null,null,null,null,null,null,null,null,null,null,null,null,{"$f":"PROCURA_PRECO_SERVICO","v":148.23}]
[{"$f":"V1069&\".\"&W1069&\".\"&X1069&\".\"&Y1069","v":"15.9.1.4"},"SINAPI","93382",{"$f":"PROCURA_DESCRICAO_SERVICO","v":"REATERRO MANUAL DE VALAS COM COMPACTAÇÃO MECANIZADA. AF_04/2016"},{"$f":"PROCURA_UNIDADE_SERVICO","v":"M3"},30.257095,{"$f":"PROCURA_PRECO_SERVICO","v":"32,23"},40.68,1230.85,null,null,null,null,"SERVIÇO",null,null,null,"NIVEL 4","NIVEL 4","NIVEL 4","NIVEL 4",{"$f":"COUNTIF($R$2:$R1069,\"NIVEL 1\")","v":15},9,1,{"$f":"IF(U1069=\"NIVEL 4\",OFFSET(Y1069,-1,0)+1,0)","v":4},{"$f":"ADDRESS(MATCH(COUNTIF($R$2:$R1069,\"NIVEL 1\"),V:V,0),COLUMN(S1069))","v":"$S$820"},{"$f":"ADDRESS(MATCH(COUNTIF($R$2:$R1069,\"NIVEL 1\"),V:V,0),COLUMN(W1069))","v":"$W$820"},{"$f":"ADDRESS((MATCH(COUNTIF(INDIRECT(Z1069):$S1069,\"NIVEL 2\"),INDIRECT(AA1069):W1069,0)+(MATCH(COUNTIF($R$2:$R1069,\"NIVEL 1\"),V:V,0)-1)),COLUMN(T1069))","v":"$T$1062"},null,null,null,null,null,null,null,null,null,null,null,null,null,null,null,null,null,null,null,null,null,null,null,null,null,null,{"$f":"PROCURA_PRECO_SERVICO","v":"32,23"}]
[{"$f":"V1070&\".\"&W1070&\".\"&X1070&\".\"&Y1070","v":"15.9.1.5"},"SETOP","ED-51133",{"$f":"PROCURA_DESCRICAO_SERVICO","v":"TRANSPORTE DE MATERIAL DE QUALQUER NATUREZA COM CARRINHO DE MÃO, COM DISTÂNCIAS MENORES OU IGUAIS A 50M, INCLUSIVE CARGA/DESCARGA"},{"$f":"PROCURA_UNIDADE_SERVICO","v":"M3"},7.81850555555556,{"$f":"PROCURA_PRECO_SERVICO","v":21.31},26.9,210.31,null,null,null,null,"SERVIÇO",null,null,null,"NIVEL 4","NIVEL 4","NIVEL 4","NIVEL 4",{"$f":"COUNTIF($R$2:$R1070,\"NIVEL 1\")","v":15},9,1,5,{"$f":"ADDRESS(MATCH(COUNTIF($R$2:$R1070,\"NIVEL 1\"),V:V,0),COLUMN(S1070))","v":"$S$820"},{"$f":"ADDRESS(MATCH(COUNTIF($R$2:$R1070,\"NIVEL 1\"),V:V,0),COLUMN(W1070))","v":"$W$820"},{"$f":"ADDRESS((MATCH(COUNTIF(INDIRECT(Z1070):$S1070,\"NIVEL 2\"),INDIRECT(AA1070):W1070,0)+(MATCH(COUNTIF($R$2:$R1070,\"NIVEL 1\"),V:V,0)-1)),COLUMN(T1070))","v":"$T$1062"},null,null,null,null,null,null,null,null,null,null,null,null,null,null,null,null,null,null,null,null,null,null,null,null,null,null,{"$f":"PROCURA_PRECO_SERVICO","v":21.31}]
["15.9.1.6","SINAPI","95875",{"$f":"PROCURA_DESCRICAO_SERVICO","v":"TRANSPORTE COM CAMINHÃO BASCULANTE DE 10 M³, EM VIA URBANA PAVIMENTADA, DMT ATÉ 30 KM (UNIDADE: M3XKM). AF_07/2020"},{"$f":"PROCURA_UNIDADE_SERVICO","v":"M3XKM"},117.277583333333,{"$f":"PROCURA_PRECO_SERVICO","v":"2,31"},2.91,341.27,null,null,null,null,"SERVIÇO",null,null,null,"NIVEL 4","NIVEL 4","NIVEL 4","NIVEL 4",{"$f":"COUNTIF($R$2:$R1071,\"NIVEL 1\")","v":15},9,1,{"$f":"IF(U1071=\"NIVEL 4\",OFFSET(Y1071,-1,0)+1,0)","v":6},{"$f":"ADDRESS(MATCH(COUNTIF($R$2:$R1071,\"NIVEL 1\"),V:V,0),COLUMN(S1071))","v":"$S$820"},{"$f":"ADDRESS(MATCH(COUNTIF($R$2:$R1071,\"NIVEL 1\"),V:V,0),COLUMN(W1071))","v":"$W$820"},{"$f":"ADDRESS((MATCH(COUNTIF(INDIRECT(Z1071):$S1071,\"NIVEL 2\"),INDIRECT(AA1071):W1071,0)+(MATCH(COUNTIF($R$2:$R1071,\"NIVEL 1\"),V:V,0)-1)),COLUMN(T1071))","v":"$T$1062"},null,null,null,null,null,null,null,null,null,null,null,null,null,null,null,null,null,null,null,null,null,null,null,null,null,null,{"$f":"PROCURA_PRECO_SERVICO","v":"2,31"}]
[null,null,null,null,null,null,null,null,null,null,null,null,null,null,null,null,null,null,null,null,null,{"$f":"COUNTIF($R$2:$R1072,\"NIVEL 1\")","v":15},9,1,0,{"$f":"ADDRESS(MATCH(COUNTIF($R$2:$R1072,\"NIVEL 1\"),V:V,0),COLUMN(S1072))","v":"$S$820"},{"$f":"ADDRESS(MATCH(COUNTIF($R$2:$R1072,\"NIVEL 1\"),V:V,0),COLUMN(W1072))","v":"$W$820"},{"$f":"ADDRESS((MATCH(COUNTIF(INDIRECT(Z1072):$S1072,\"NIVEL 2\"),INDIRECT(AA1072):W1072,0)+(MATCH(COUNTIF($R$2:$R1072,\"NIVEL 1\"),V:V,0)-1)),COLUMN(T1072))","v":"$T$1062"},null,null,null,null,null,null,null,null,null,null,null,null,null,null,null,null,null,null,null,null,null,null,null,null,null,null,{"$f":"PROCURA_PRECO_SERVICO","v":0}]
[null,null,null,{"$f":"\"SUBTOTAL DO ITEM - \"&A1064","v":"SUBTOTAL DO ITEM - 15.9.1"},null,null,null,null,{"$f":"SUBTOTAL(9,OFFSET(I1064,1,0):OFFSET(I1073,-1,0))","v":5090.31},null,null,null,null,"SUBSUBITEM_FIM",null,null,null,null,null,null,null,{"$f":"COUNTIF($R$2:$R1073,\"NIVEL 1\")","v":15},9,1,0,{"$f":"ADDRESS(MATCH(COUNTIF($R$2:$R1073,\"NIVEL 1\"),V:V,0),COLUMN(S1073))","v":"$S$820"},{"$f":"ADDRESS(MATCH(COUNTIF($R$2:$R1073,\"NIVEL 1\"),V:V,0),COLUMN(W1073))","v":"$W$820"},{"$f":"ADDRESS((MATCH(COUNTIF(INDIRECT(Z1073):$S1073,\"NIVEL 2\"),INDIRECT(AA1073):W1073,0)+(MATCH(COUNTIF($R$2:$R1073,\"NIVEL 1\"),V:V,0)-1)),COLUMN(T1073))","v":"$T$1062"},null,null,null,null,null,null,null,null,null,null,null,null,null,null,null,null,null,null,null,null,null,null,null,null,null,null,{"$f":"PROCURA_PRECO_SERVICO","v":0}]
[null,null,null,null,null,null,null,null,null,null,null,null,null,null,null,null,null,null,null,null,null,{"$f":"COUNTIF($R$2:$R1074,\"NIVEL 1\")","v":15},9,1,0,{"$f":"ADDRESS(MATCH(COUNTIF($R$2:$R1074,\"NIVEL 1\"),V:V,0),COLUMN(S1074))","v":"$S$820"},{"$f":"ADDRESS(MATCH(COUNTIF($R$2:$R1074,\"NIVEL 1\"),V:V,0),COLUMN(W1074))","v":"$W$820"},{"$f":"ADDRESS((MATCH(COUNTIF(INDIRECT(Z1074):$S1074,\"NIVEL 2\"),INDIRECT(AA1074):W1074,0)+(MATCH(COUNTIF($R$2:$R1074,\"NIVEL 1\"),V:V,0)-1)),COLUMN(T1074))","v":"$T$1062"},null,null,null,null,null,null,null,null,null,null,null,null,null,null,null,null,null,null,null,null,null,null,null,null,null,null,{"$f":"PROCURA_PRECO_SERVICO","v":0}]
[null,null,null,{"$f":"\"SUBTOTAL DO ITEM  - \"&A1062","v":"SUBTOTAL DO ITEM  - 15.9"},null,null,null,null,{"$f":"SUBTOTAL(9,OFFSET(I1062,1,0):OFFSET(I1075,-1,0))","v":5090.31},null,null,null,null,"SUBITEM_FIM",null,null,null,null,null,null,null,{"$f":"COUNTIF($R$2:$R1075,\"NIVEL 1\")","v":15},9,1,0,{"$f":"ADDRESS(MATCH(COUNTIF($R$2:$R1075,\"NIVEL 1\"),V:V,0),COLUMN(S1075))","v":"$S$820"},{"$f":"ADDRESS(MATCH(COUNTIF($R$2:$R1075,\"NIVEL 1\"),V:V,0),COLUMN(W1075))","v":"$W$820"},{"$f":"ADDRESS((MATCH(COUNTIF(INDIRECT(Z1075):$S1075,\"NIVEL 2\"),INDIRECT(AA1075):W1075,0)+(MATCH(COUNTIF($R$2:$R1075,\"NIVEL 1\"),V:V,0)-1)),COLUMN(T1075))","v":"$T$1062"},null,null,null,null,null,null,null,null,null,null,null,null,null,null,null,null,null,null,null,null,null,null,null,null,null,null,{"$f":"PROCURA_PRECO_SERVICO","v":0}]
[null,null,null,null,null,null,null,null,null,null,null,null,null,null,null,null,null,null,null,null,null,{"$f":"COUNTIF($R$2:$R1076,\"NIVEL 1\")","v":15},9,1,0,{"$f":"ADDRESS(MATCH(COUNTIF($R$2:$R1076,\"NIVEL 1\"),V:V,0),COLUMN(S1076))","v":"$S$820"},{"$f":"ADDRESS(MATCH(COUNTIF($R$2:$R1076,\"NIVEL 1\"),V:V,0),COLUMN(W1076))","v":"$W$820"},{"$f":"ADDRESS((MATCH(COUNTIF(INDIRECT(Z1076):$S1076,\"NIVEL 2\"),INDIRECT(AA1076):W1076,0)+(MATCH(COUNTIF($R$2:$R1076,\"NIVEL 1\"),V:V,0)-1)),COLUMN(T1076))","v":"$T$1062"},null,null,null,null,null,null,null,null,null,null,null,null,null,null,null,null,null,null,null,null,null,null,null,null,null,null,{"$f":"PROCURA_PRECO_SERVICO","v":0}]
[null,null,null,{"$f":"\"TOTAL DO ITEM - \"&A820","v":"TOTAL DO ITEM - 15"},null,null,null,null,{"$f":"SUBTOTAL(9,OFFSET(I820,1,0):OFFSET(I1077,-1,0))","v":60434.06},null,null,null,null,"ITEM_FIM",null,null,null,null,null,null,null,{"$f":"COUNTIF($R$2:$R1077,\"NIVEL 1\")","v":15},9,1,0,{"$f":"ADDRESS(MATCH(COUNTIF($R$2:$R1077,\"NIVEL 1\"),V:V,0),COLUMN(S1077))","v":"$S$820"},{"$f":"ADDRESS(MATCH(COUNTIF($R$2:$R1077,\"NIVEL 1\"),V:V,0),COLUMN(W1077))","v":"$W$820"},{"$f":"ADDRESS((MATCH(COUNTIF(INDIRECT(Z1077):$S1077,\"NIVEL 2\"),INDIRECT(AA1077):W1077,0)+(MATCH(COUNTIF($R$2:$R1077,\"NIVEL 1\"),V:V,0)-1)),COLUMN(T1077))","v":"$T$1062"},null,null,null,null,null,null,null,null,null,null,null,null,null,null,null,null,null,null,null,null,null,null,null,null,null,null,{"$f":"PROCURA_PRECO_SERVICO","v":0}]
[null,null,null,null,null,null,null,{"$f":"TRUNC(G1078*(1+$I$3),2)","v":0},null,null,null,null,null,null,null,null,null,null,null,null,null,{"$f":"COUNTIF($R$2:$R1078,\"NIVEL 1\")","v":15},9,1,0,{"$f":"ADDRESS(MATCH(COUNTIF($R$2:$R1078,\"NIVEL 1\"),V:V,0),COLUMN(S1078))","v":"$S$820"},{"$f":"ADDRESS(MATCH(COUNTIF($R$2:$R1078,\"NIVEL 1\"),V:V,0),COLUMN(W1078))","v":"$W$820"},{"$f":"ADDRESS((MATCH(COUNTIF(INDIRECT(Z1078):$S1078,\"NIVEL 2\"),INDIRECT(AA1078):W1078,0)+(MATCH(COUNTIF($R$2:$R1078,\"NIVEL 1\"),V:V,0)-1)),COLUMN(T1078))","v":"$T$1062"},null,null,null,null,null,null,null,null,null,null,null,null,null,null,null,null,null,null,null,null,null,null,null,null,null,null,{"$f":"PROCURA_PRECO_SERVICO","v":0}]
[{"$f":"V1079","v":16},null,null,"INSTALAÇÕES DE SPDA (SISTEMA DE PROTEÇÃO CONTRA DESCARGAS ATMOSFÉRICAS)",null,null,null,null,null,null,null,null,null,"ITEM_INICIO",null,null,null,"NIVEL 1",null,null,null,{"$f":"COUNTIF($R$2:$R1079,\"NIVEL 1\")","v":16},0,0,0,{"$f":"ADDRESS(MATCH(COUNTIF($R$2:$R1079,\"NIVEL 1\"),V:V,0),COLUMN(S1079))","v":"$S$1079"},{"$f":"ADDRESS(MATCH(COUNTIF($R$2:$R1079,\"NIVEL 1\"),V:V,0),COLUMN(W1079))","v":"$W$1079"},{"$f":"ADDRESS((MATCH(COUNTIF(INDIRECT(Z1079):$S1079,\"NIVEL 2\"),INDIRECT(AA1079):W1079,0)+(MATCH(COUNTIF($R$2:$R1079,\"NIVEL 1\"),V:V,0)-1)),COLUMN(T1079))","v":"$T$1079"},null,{"$f":"A1079","v":16},null,null,{"$f":"D1079","v":"INSTALAÇÕES DE SPDA (SISTEMA DE PROTEÇÃO CONTRA DESCARGAS ATMOSFÉRICAS)"},{"$f":"I1134","v":54327.05},{"$f":"AH1079/$I$1374","v":0.0278612585374355},null,null,null,null,null,null,null,null,null,null,null,null,null,null,null,null,null,null,null,{"$f":"PROCURA_PRECO_SERVICO","v":0}]
[null,null,null,null,null,null,null,null,null,null,null,null,null,null,null,null,null,null,null,null,null,{"$f":"COUNTIF($R$2:$R1080,\"NIVEL 1\")","v":16},0,0,0,{"$f":"ADDRESS(MATCH(COUNTIF($R$2:$R1080,\"NIVEL 1\"),V:V,0),COLUMN(S1080))","v":"$S$1079"},{"$f":"ADDRESS(MATCH(COUNTIF($R$2:$R1080,\"NIVEL 1\"),V:V,0),COLUMN(W1080))","v":"$W$1079"},{"$f":"ADDRESS((MATCH(COUNTIF(INDIRECT(Z1080):$S1080,\"NIVEL 2\"),INDIRECT(AA1080):W1080,0)+(MATCH(COUNTIF($R$2:$R1080,\"NIVEL 1\"),V:V,0)-1)),COLUMN(T1080))","v":"$T$1079"},null,null,null,null,null,null,null,null,null,null,null,null,null,null,null,null,null,null,null,null,null,null,null,null,null,null,{"$f":"PROCURA_PRECO_SERVICO","v":0}]
[{"$f":"V1081&\".\"&W1081","v":"16.1"},null,null,"INSTALAÇÕES DE SPDA",null,null,null,null,null,null,null,null,null,"SUBITEM_INICIO",null,null,null,"NIVEL 2","NIVEL 2",null,null,{"$f":"COUNTIF($R$2:$R1081,\"NIVEL 1\")","v":16},1,0,0,{"$f":"ADDRESS(MATCH(COUNTIF($R$2:$R1081,\"NIVEL 1\"),V:V,0),COLUMN(S1081))","v":"$S$1079"},{"$f":"ADDRESS(MATCH(COUNTIF($R$2:$R1081,\"NIVEL 1\"),V:V,0),COLUMN(W1081))","v":"$W$1079"},{"$f":"ADDRESS((MATCH(COUNTIF(INDIRECT(Z1081):$S1081,\"NIVEL 2\"),INDIRECT(AA1081):W1081,0)+(MATCH(COUNTIF($R$2:$R1081,\"NIVEL 1\"),V:V,0)-1)),COLUMN(T1081))","v":"$T$1081"},null,null,null,null,null,null,null,null,null,null,null,null,null,null,null,null,null,null,null,null,null,null,null,null,null,null,{"$f":"PROCURA_PRECO_SERVICO","v":0}]
[null,null,null,null,null,null,null,null,null,null,null,null,null,null,null,null,null,null,null,null,null,{"$f":"COUNTIF($R$2:$R1082,\"NIVEL 1\")","v":16},1,0,{"$f":"IF(U1082=\"NIVEL 4\",OFFSET(Y1082,-1,0)+1,0)","v":0},{"$f":"ADDRESS(MATCH(COUNTIF($R$2:$R1082,\"NIVEL 1\"),V:V,0),COLUMN(S1082))","v":"$S$1079"},{"$f":"ADDRESS(MATCH(COUNTIF($R$2:$R1082,\"NIVEL 1\"),V:V,0),COLUMN(W1082))","v":"$W$1079"},{"$f":"ADDRESS((MATCH(COUNTIF(INDIRECT(Z1082):$S1082,\"NIVEL 2\"),INDIRECT(AA1082):W1082,0)+(MATCH(COUNTIF($R$2:$R1082,\"NIVEL 1\"),V:V,0)-1)),COLUMN(T1082))","v":"$T$1081"},null,null,null,null,null,null,null,null,null,null,null,null,null,null,null,null,null,null,null,null,null,null,null,null,null,null,{"$f":"PROCURA_PRECO_SERVICO","v":0}]
[{"$f":"V1083&\".\"&W1083&\".\"&X1083","v":"16.1.1"},null,null,"INFRAESTRUTURA E CONDUTORES",null,null,null,null,null,null,null,null,null,"SUBSUBITEM_INICIO",null,null,null,"NIVEL 3","NIVEL 3","NIVEL 3",null,{"$f":"COUNTIF($R$2:$R1083,\"NIVEL 1\")","v":16},1,1,0,{"$f":"ADDRESS(MATCH(COUNTIF($R$2:$R1083,\"NIVEL 1\"),V:V,0),COLUMN(S1083))","v":"$S$1079"},{"$f":"ADDRESS(MATCH(COUNTIF($R$2:$R1083,\"NIVEL 1\"),V:V,0),COLUMN(W1083))","v":"$W$1079"},{"$f":"ADDRESS((MATCH(COUNTIF(INDIRECT(Z1083):$S1083,\"NIVEL 2\"),INDIRECT(AA1083):W1083,0)+(MATCH(COUNTIF($R$2:$R1083,\"NIVEL 1\"),V:V,0)-1)),COLUMN(T1083))","v":"$T$1081"},null,null,null,null,null,null,null,null,null,null,null,null,null,null,null,null,null,null,null,null,null,null,null,null,null,null,{"$f":"PROCURA_PRECO_SERVICO","v":0}]
[null,null,null,null,null,null,null,null,null,null,null,null,null,null,null,null,null,null,null,null,null,{"$f":"COUNTIF($R$2:$R1084,\"NIVEL 1\")","v":16},1,1,0,{"$f":"ADDRESS(MATCH(COUNTIF($R$2:$R1084,\"NIVEL 1\"),V:V,0),COLUMN(S1084))","v":"$S$1079"},{"$f":"ADDRESS(MATCH(COUNTIF($R$2:$R1084,\"NIVEL 1\"),V:V,0),COLUMN(W1084))","v":"$W$1079"},{"$f":"ADDRESS((MATCH(COUNTIF(INDIRECT(Z1084):$S1084,\"NIVEL 2\"),INDIRECT(AA1084):W1084,0)+(MATCH(COUNTIF($R$2:$R1084,\"NIVEL 1\"),V:V,0)-1)),COLUMN(T1084))","v":"$T$1081"},null,null,null,null,null,null,null,null,null,null,null,null,null,null,null,null,null,null,null,null,null,null,null,null,null,null,{"$f":"PROCURA_PRECO_SERVICO","v":0}]
[{"$f":"V1085&\".\"&W1085&\".\"&X1085&\".\"&Y1085","v":"16.1.1.1"},"SINAPI","91935",{"$f":"PROCURA_DESCRICAO_SERVICO","v":"CABO DE COBRE FLEXÍVEL ISOLADO, 16 MM², ANTI-CHAMA 0,6/1,0 KV, PARA CIRCUITOS TERMINAIS - FORNECIMENTO E INSTALAÇÃO. AF_12/2015"},{"$f":"PROCURA_UNIDADE_SERVICO","v":"M"},20,{"$f":"PROCURA_PRECO_SERVICO","v":"23,29"},{"$f":"CUSTO_BDI_SERVICO","v":29.4},{"$f":"CUSTO_TOTAL_SERVICO","v":588},null,null,null,null,"SERVIÇO",null,null,null,"NIVEL 4","NIVEL 4","NIVEL 4","NIVEL 4",{"$f":"COUNTIF($R$2:$R1085,\"NIVEL 1\")","v":16},1,1,{"$f":"IF(U1085=\"NIVEL 4\",OFFSET(Y1085,-1,0)+1,0)","v":1},{"$f":"ADDRESS(MATCH(COUNTIF($R$2:$R1085,\"NIVEL 1\"),V:V,0),COLUMN(S1085))","v":"$S$1079"},{"$f":"ADDRESS(MATCH(COUNTIF($R$2:$R1085,\"NIVEL 1\"),V:V,0),COLUMN(W1085))","v":"$W$1079"},{"$f":"ADDRESS((MATCH(COUNTIF(INDIRECT(Z1085):$S1085,\"NIVEL 2\"),INDIRECT(AA1085):W1085,0)+(MATCH(COUNTIF($R$2:$R1085,\"NIVEL 1\"),V:V,0)-1)),COLUMN(T1085))","v":"$T$1081"},null,null,null,null,null,null,null,null,null,null,null,null,null,null,null,null,null,null,null,null,null,null,null,null,null,null,{"$f":"PROCURA_PRECO_SERVICO","v":"23,29"}]
["16.1.1.2","SINAPI","101563",{"$f":"PROCURA_DESCRICAO_SERVICO","v":"CABO DE COBRE FLEXÍVEL ISOLADO, 35 MM², 0,6/1,0 KV, PARA REDE AÉREA DE DISTRIBUIÇÃO DE ENERGIA ELÉTRICA DE BAIXA TENSÃO - FORNECIMENTO E INSTALAÇÃO. AF_07/2020"},{"$f":"PROCURA_UNIDADE_SERVICO","v":"M"},559,{"$f":"PROCURA_PRECO_SERVICO","v":"33,63"},42.45,23729.55,null,null,null,null,"SERVIÇO",null,null,null,"NIVEL 4","NIVEL 4","NIVEL 4","NIVEL 4",{"$f":"COUNTIF($R$2:$R1086,\"NIVEL 1\")","v":16},1,1,2,{"$f":"ADDRESS(MATCH(COUNTIF($R$2:$R1086,\"NIVEL 1\"),V:V,0),COLUMN(S1086))","v":"$S$1079"},{"$f":"ADDRESS(MATCH(COUNTIF($R$2:$R1086,\"NIVEL 1\"),V:V,0),COLUMN(W1086))","v":"$W$1079"},{"$f":"ADDRESS((MATCH(COUNTIF(INDIRECT(Z1086):$S1086,\"NIVEL 2\"),INDIRECT(AA1086):W1086,0)+(MATCH(COUNTIF($R$2:$R1086,\"NIVEL 1\"),V:V,0)-1)),COLUMN(T1086))","v":"$T$1081"},null,null,null,null,null,null,null,null,null,null,null,null,null,null,null,null,null,null,null,null,null,null,null,null,null,null,{"$f":"PROCURA_PRECO_SERVICO","v":"33,63"}]
[{"$f":"V1087&\".\"&W1087&\".\"&X1087&\".\"&Y1087","v":"16.1.1.3"},"SINAPI","92988",{"$f":"PROCURA_DESCRICAO_SERVICO","v":"CABO DE COBRE FLEXÍVEL ISOLADO, 50 MM², ANTI-CHAMA 0,6/1,0 KV, PARA REDE ENTERRADA DE DISTRIBUIÇÃO DE ENERGIA ELÉTRICA - FORNECIMENTO E INSTALAÇÃO. AF_12/2021"},{"$f":"PROCURA_UNIDADE_SERVICO","v":"M"},185,{"$f":"PROCURA_PRECO_SERVICO","v":"52,60"},66.4,12284,null,null,null,null,"SERVIÇO",null,null,null,"NIVEL 4","NIVEL 4","NIVEL 4","NIVEL 4",{"$f":"COUNTIF($R$2:$R1087,\"NIVEL 1\")","v":16},1,1,{"$f":"IF(U1087=\"NIVEL 4\",OFFSET(Y1087,-1,0)+1,0)","v":3},{"$f":"ADDRESS(MATCH(COUNTIF($R$2:$R1087,\"NIVEL 1\"),V:V,0),COLUMN(S1087))","v":"$S$1079"},{"$f":"ADDRESS(MATCH(COUNTIF($R$2:$R1087,\"NIVEL 1\"),V:V,0),COLUMN(W1087))","v":"$W$1079"},{"$f":"ADDRESS((MATCH(COUNTIF(INDIRECT(Z1087):$S1087,\"NIVEL 2\"),INDIRECT(AA1087):W1087,0)+(MATCH(COUNTIF($R$2:$R1087,\"NIVEL 1\"),V:V,0)-1)),COLUMN(T1087))","v":"$T$1081"},null,null,null,null,null,null,null,null,null,null,null,null,null,null,null,null,null,null,null,null,null,null,null,null,null,null,{"$f":"PROCURA_PRECO_SERVICO","v":"52,60"}]
["16.1.1.4","SUDECAP","11.92.25",{"$f":"PROCURA_DESCRICAO_SERVICO","v":"PROTECAO EXTERNA - CONTRA DESCARGA ATMOSFERICA - BARRA CHATA DE ALUMINIO 7/8\"X1/8\"X3000MM"},{"$f":"PROCURA_UNIDADE_SERVICO","v":"UN"},17,{"$f":"PROCURA_PRECO_SERVICO","v":25.61},32.33,549.61,null,null,null,null,"SERVIÇO",null,null,null,"NIVEL 4","NIVEL 4","NIVEL 4","NIVEL 4",{"$f":"COUNTIF($R$2:$R1088,\"NIVEL 1\")","v":16},1,1,4,{"$f":"ADDRESS(MATCH(COUNTIF($R$2:$R1088,\"NIVEL 1\"),V:V,0),COLUMN(S1088))","v":"$S$1079"},{"$f":"ADDRESS(MATCH(COUNTIF($R$2:$R1088,\"NIVEL 1\"),V:V,0),COLUMN(W1088))","v":"$W$1079"},{"$f":"ADDRESS((MATCH(COUNTIF(INDIRECT(Z1088):$S1088,\"NIVEL 2\"),INDIRECT(AA1088):W1088,0)+(MATCH(COUNTIF($R$2:$R1088,\"NIVEL 1\"),V:V,0)-1)),COLUMN(T1088))","v":"$T$1081"},null,null,null,null,null,null,null,null,null,null,null,null,null,null,null,null,null,null,null,null,null,null,null,null,null,null,{"$f":"PROCURA_PRECO_SERVICO","v":25.61}]
[{"$f":"V1089&\".\"&W1089&\".\"&X1089&\".\"&Y1089","v":"16.1.1.5"},"SETOP","ED-49318",{"$f":"PROCURA_DESCRICAO_SERVICO","v":"ELETRODUTO DE AÇO GALVANIZADO LEVE, INCLUSIVE CONEXÕES, SUPORTES E FIXAÇÃO DN 25 (1\")"},{"$f":"PROCURA_UNIDADE_SERVICO","v":"M"},20,{"$f":"PROCURA_PRECO_SERVICO","v":27.28},34.43,688.6,null,null,null,null,"SERVIÇO",null,null,null,"NIVEL 4","NIVEL 4","NIVEL 4","NIVEL 4",{"$f":"COUNTIF($R$2:$R1089,\"NIVEL 1\")","v":16},1,1,5,{"$f":"ADDRESS(MATCH(COUNTIF($R$2:$R1089,\"NIVEL 1\"),V:V,0),COLUMN(S1089))","v":"$S$1079"},{"$f":"ADDRESS(MATCH(COUNTIF($R$2:$R1089,\"NIVEL 1\"),V:V,0),COLUMN(W1089))","v":"$W$1079"},{"$f":"ADDRESS((MATCH(COUNTIF(INDIRECT(Z1089):$S1089,\"NIVEL 2\"),INDIRECT(AA1089):W1089,0)+(MATCH(COUNTIF($R$2:$R1089,\"NIVEL 1\"),V:V,0)-1)),COLUMN(T1089))","v":"$T$1081"},null,null,null,null,null,null,null,null,null,null,null,null,null,null,null,null,null,null,null,null,null,null,null,null,null,null,{"$f":"PROCURA_PRECO_SERVICO","v":27.28}]
["16.1.1.6","COMPOSIÇÃO","JMV-CRAS-025",{"$f":"PROCURA_DESCRICAO_SERVICO","v":"CONDULETE DE ALUMÍNIO, TIPO X, PARA ELETRODUTO DE AÇO GALVANIZADO DN 25 MM (1''), APARENTE, SEM TAMPA - FORNECIMENTO E INSTALAÇÃO. AF_10/2022 - BASEADA EM SINAPI (95780)"},{"$f":"PROCURA_UNIDADE_SERVICO","v":"UN"},5,{"$f":"PROCURA_PRECO_SERVICO","v":24.22},30.57,152.85,null,null,null,null,"SERVIÇO",null,null,null,"NIVEL 4","NIVEL 4","NIVEL 4","NIVEL 4",{"$f":"COUNTIF($R$2:$R1090,\"NIVEL 1\")","v":16},1,1,{"$f":"IF(U1090=\"NIVEL 4\",OFFSET(Y1090,-1,0)+1,0)","v":6},{"$f":"ADDRESS(MATCH(COUNTIF($R$2:$R1090,\"NIVEL 1\"),V:V,0),COLUMN(S1090))","v":"$S$1079"},{"$f":"ADDRESS(MATCH(COUNTIF($R$2:$R1090,\"NIVEL 1\"),V:V,0),COLUMN(W1090))","v":"$W$1079"},{"$f":"ADDRESS((MATCH(COUNTIF(INDIRECT(Z1090):$S1090,\"NIVEL 2\"),INDIRECT(AA1090):W1090,0)+(MATCH(COUNTIF($R$2:$R1090,\"NIVEL 1\"),V:V,0)-1)),COLUMN(T1090))","v":"$T$1081"},null,null,null,null,null,null,null,null,null,null,null,null,null,null,null,null,null,null,null,null,null,null,null,null,null,null,{"$f":"PROCURA_PRECO_SERVICO","v":24.22}]
[{"$f":"V1091&\".\"&W1091&\".\"&X1091&\".\"&Y1091","v":"16.1.1.7"},"SETOP","ED-51055",{"$f":"PROCURA_DESCRICAO_SERVICO","v":"CAIXA DE INSPEÇÃO EM PVC, DIÂMETRO DE 30CM, ALTURA DE 30CM, COM TAMPA EM FERRO FUNDIDO, EXCLUSIVE HASTE DE ATERRAMENTO, INCLUSIVE INSTALAÇÃO"},{"$f":"PROCURA_UNIDADE_SERVICO","v":"UN"},10,{"$f":"PROCURA_PRECO_SERVICO","v":99.31},125.36,1253.6,null,null,null,null,"SERVIÇO",null,null,null,"NIVEL 4","NIVEL 4","NIVEL 4","NIVEL 4",{"$f":"COUNTIF($R$2:$R1091,\"NIVEL 1\")","v":16},1,1,{"$f":"IF(U1091=\"NIVEL 4\",OFFSET(Y1091,-1,0)+1,0)","v":7},{"$f":"ADDRESS(MATCH(COUNTIF($R$2:$R1091,\"NIVEL 1\"),V:V,0),COLUMN(S1091))","v":"$S$1079"},{"$f":"ADDRESS(MATCH(COUNTIF($R$2:$R1091,\"NIVEL 1\"),V:V,0),COLUMN(W1091))","v":"$W$1079"},{"$f":"ADDRESS((MATCH(COUNTIF(INDIRECT(Z1091):$S1091,\"NIVEL 2\"),INDIRECT(AA1091):W1091,0)+(MATCH(COUNTIF($R$2:$R1091,\"NIVEL 1\"),V:V,0)-1)),COLUMN(T1091))","v":"$T$1081"},null,null,null,null,null,null,null,null,null,null,null,null,null,null,null,null,null,null,null,null,null,null,null,null,null,null,{"$f":"PROCURA_PRECO_SERVICO","v":99.31}]
[{"$f":"V1092&\".\"&W1092&\".\"&X1092&\".\"&Y1092","v":"16.1.1.8"},"SETOP","ED-49342",{"$f":"PROCURA_DESCRICAO_SERVICO","v":"HASTE DE AÇO COBREADA PARA ATERRAMENTO DIÂMETRO 3/4\"X 3000 MM,CONFORME PADRÕES TELEBRÁS"},{"$f":"PROCURA_UNIDADE_SERVICO","v":"U"},10,{"$f":"PROCURA_PRECO_SERVICO","v":160.07},202.07,2020.7,null,null,null,null,"SERVIÇO",null,null,null,"NIVEL 4","NIVEL 4","NIVEL 4","NIVEL 4",{"$f":"COUNTIF($R$2:$R1092,\"NIVEL 1\")","v":16},1,1,8,{"$f":"ADDRESS(MATCH(COUNTIF($R$2:$R1092,\"NIVEL 1\"),V:V,0),COLUMN(S1092))","v":"$S$1079"},{"$f":"ADDRESS(MATCH(COUNTIF($R$2:$R1092,\"NIVEL 1\"),V:V,0),COLUMN(W1092))","v":"$W$1079"},{"$f":"ADDRESS((MATCH(COUNTIF(INDIRECT(Z1092):$S1092,\"NIVEL 2\"),INDIRECT(AA1092):W1092,0)+(MATCH(COUNTIF($R$2:$R1092,\"NIVEL 1\"),V:V,0)-1)),COLUMN(T1092))","v":"$T$1081"},null,null,null,null,null,null,null,null,null,null,null,null,null,null,null,null,null,null,null,null,null,null,null,null,null,null,{"$f":"PROCURA_PRECO_SERVICO","v":160.07}]
[null,null,null,null,null,null,null,null,null,null,null,null,null,null,null,null,null,null,null,null,null,{"$f":"COUNTIF($R$2:$R1093,\"NIVEL 1\")","v":16},1,1,0,{"$f":"ADDRESS(MATCH(COUNTIF($R$2:$R1093,\"NIVEL 1\"),V:V,0),COLUMN(S1093))","v":"$S$1079"},{"$f":"ADDRESS(MATCH(COUNTIF($R$2:$R1093,\"NIVEL 1\"),V:V,0),COLUMN(W1093))","v":"$W$1079"},{"$f":"ADDRESS((MATCH(COUNTIF(INDIRECT(Z1093):$S1093,\"NIVEL 2\"),INDIRECT(AA1093):W1093,0)+(MATCH(COUNTIF($R$2:$R1093,\"NIVEL 1\"),V:V,0)-1)),COLUMN(T1093))","v":"$T$1081"},null,null,null,null,null,null,null,null,null,null,null,null,null,null,null,null,null,null,null,null,null,null,null,null,null,null,{"$f":"PROCURA_PRECO_SERVICO","v":0}]
[null,null,null,{"$f":"\"SUBTOTAL DO ITEM - \"&A1083","v":"SUBTOTAL DO ITEM - 16.1.1"},null,null,null,null,{"$f":"SUBTOTAL(9,OFFSET(I1083,1,0):OFFSET(I1094,-1,0))","v":41266.91},null,null,null,null,"SUBSUBITEM_FIM",null,null,null,null,null,null,null,{"$f":"COUNTIF($R$2:$R1094,\"NIVEL 1\")","v":16},1,1,0,{"$f":"ADDRESS(MATCH(COUNTIF($R$2:$R1094,\"NIVEL 1\"),V:V,0),COLUMN(S1094))","v":"$S$1079"},{"$f":"ADDRESS(MATCH(COUNTIF($R$2:$R1094,\"NIVEL 1\"),V:V,0),COLUMN(W1094))","v":"$W$1079"},{"$f":"ADDRESS((MATCH(COUNTIF(INDIRECT(Z1094):$S1094,\"NIVEL 2\"),INDIRECT(AA1094):W1094,0)+(MATCH(COUNTIF($R$2:$R1094,\"NIVEL 1\"),V:V,0)-1)),COLUMN(T1094))","v":"$T$1081"},null,null,null,null,null,null,null,null,null,null,null,null,null,null,null,null,null,null,null,null,null,null,null,null,null,null,{"$f":"PROCURA_PRECO_SERVICO","v":0}]
[null,null,null,null,null,null,null,null,null,null,null,null,null,null,null,null,null,null,null,null,null,{"$f":"COUNTIF($R$2:$R1095,\"NIVEL 1\")","v":16},1,1,0,{"$f":"ADDRESS(MATCH(COUNTIF($R$2:$R1095,\"NIVEL 1\"),V:V,0),COLUMN(S1095))","v":"$S$1079"},{"$f":"ADDRESS(MATCH(COUNTIF($R$2:$R1095,\"NIVEL 1\"),V:V,0),COLUMN(W1095))","v":"$W$1079"},{"$f":"ADDRESS((MATCH(COUNTIF(INDIRECT(Z1095):$S1095,\"NIVEL 2\"),INDIRECT(AA1095):W1095,0)+(MATCH(COUNTIF($R$2:$R1095,\"NIVEL 1\"),V:V,0)-1)),COLUMN(T1095))","v":"$T$1081"},null,null,null,null,null,null,null,null,null,null,null,null,null,null,null,null,null,null,null,null,null,null,null,null,null,null,{"$f":"PROCURA_PRECO_SERVICO","v":0}]
[{"$f":"V1096&\".\"&W1096&\".\"&X1096","v":"16.1.2"},null,null,"CONECTORES E TERMINAIS",null,null,null,null,null,null,null,null,null,"SUBSUBITEM_INICIO",null,null,null,"NIVEL 3","NIVEL 3","NIVEL 3",null,{"$f":"COUNTIF($R$2:$R1096,\"NIVEL 1\")","v":16},{"$f":"IFERROR(COUNTIF(INDIRECT(Z1096):S1096,\"NIVEL 2\"),0)","v":1},{"$f":"COUNTIF(INDIRECT(AB1096):T1096,\"NIVEL 3\")","v":2},0,{"$f":"ADDRESS(MATCH(COUNTIF($R$2:$R1096,\"NIVEL 1\"),V:V,0),COLUMN(S1096))","v":"$S$1079"},{"$f":"ADDRESS(MATCH(COUNTIF($R$2:$R1096,\"NIVEL 1\"),V:V,0),COLUMN(W1096))","v":"$W$1079"},{"$f":"ADDRESS((MATCH(COUNTIF(INDIRECT(Z1096):$S1096,\"NIVEL 2\"),INDIRECT(AA1096):W1096,0)+(MATCH(COUNTIF($R$2:$R1096,\"NIVEL 1\"),V:V,0)-1)),COLUMN(T1096))","v":"$T$1081"},null,null,null,null,null,null,null,null,null,null,null,null,null,null,null,null,null,null,null,null,null,null,null,null,null,null,{"$f":"PROCURA_PRECO_SERVICO","v":0}]
[null,null,null,null,null,null,null,null,null,null,null,null,null,null,null,null,null,null,null,null,null,{"$f":"COUNTIF($R$2:$R1097,\"NIVEL 1\")","v":16},1,2,0,{"$f":"ADDRESS(MATCH(COUNTIF($R$2:$R1097,\"NIVEL 1\"),V:V,0),COLUMN(S1097))","v":"$S$1079"},{"$f":"ADDRESS(MATCH(COUNTIF($R$2:$R1097,\"NIVEL 1\"),V:V,0),COLUMN(W1097))","v":"$W$1079"},{"$f":"ADDRESS((MATCH(COUNTIF(INDIRECT(Z1097):$S1097,\"NIVEL 2\"),INDIRECT(AA1097):W1097,0)+(MATCH(COUNTIF($R$2:$R1097,\"NIVEL 1\"),V:V,0)-1)),COLUMN(T1097))","v":"$T$1081"},null,null,null,null,null,null,null,null,null,null,null,null,null,null,null,null,null,null,null,null,null,null,null,null,null,null,{"$f":"PROCURA_PRECO_SERVICO","v":0}]
[{"$f":"V1098&\".\"&W1098&\".\"&X1098&\".\"&Y1098","v":"16.1.2.1"},"SETOP","ED-51084",{"$f":"PROCURA_DESCRICAO_SERVICO","v":"TERMINAL A COMPRESSAO EM COBRE ESTANHADO 1 FURO PARA CABO 16 MM2"},{"$f":"PROCURA_UNIDADE_SERVICO","v":"U"},10,{"$f":"PROCURA_PRECO_SERVICO","v":15.52},{"$f":"CUSTO_BDI_SERVICO","v":19.59},{"$f":"CUSTO_TOTAL_SERVICO","v":195.9},null,null,null,null,"SERVIÇO",null,null,null,"NIVEL 4","NIVEL 4","NIVEL 4","NIVEL 4",{"$f":"COUNTIF($R$2:$R1098,\"NIVEL 1\")","v":16},1,2,{"$f":"IF(U1098=\"NIVEL 4\",OFFSET(Y1098,-1,0)+1,0)","v":1},{"$f":"ADDRESS(MATCH(COUNTIF($R$2:$R1098,\"NIVEL 1\"),V:V,0),COLUMN(S1098))","v":"$S$1079"},{"$f":"ADDRESS(MATCH(COUNTIF($R$2:$R1098,\"NIVEL 1\"),V:V,0),COLUMN(W1098))","v":"$W$1079"},{"$f":"ADDRESS((MATCH(COUNTIF(INDIRECT(Z1098):$S1098,\"NIVEL 2\"),INDIRECT(AA1098):W1098,0)+(MATCH(COUNTIF($R$2:$R1098,\"NIVEL 1\"),V:V,0)-1)),COLUMN(T1098))","v":"$T$1081"},null,null,null,null,null,null,null,null,null,null,null,null,null,null,null,null,null,null,null,null,null,null,null,null,null,null,{"$f":"PROCURA_PRECO_SERVICO","v":15.52}]
["16.1.2.2","SETOP","ED-51086",{"$f":"PROCURA_DESCRICAO_SERVICO","v":"TERMINAL A COMPRESSAO EM COBRE ESTANHADO 1 FURO PARA CABO 35 MM2"},{"$f":"PROCURA_UNIDADE_SERVICO","v":"U"},10,{"$f":"PROCURA_PRECO_SERVICO","v":19.84},25.04,250.4,null,null,null,null,"SERVIÇO",null,null,null,"NIVEL 4","NIVEL 4","NIVEL 4","NIVEL 4",{"$f":"COUNTIF($R$2:$R1099,\"NIVEL 1\")","v":16},1,2,2,{"$f":"ADDRESS(MATCH(COUNTIF($R$2:$R1099,\"NIVEL 1\"),V:V,0),COLUMN(S1099))","v":"$S$1079"},{"$f":"ADDRESS(MATCH(COUNTIF($R$2:$R1099,\"NIVEL 1\"),V:V,0),COLUMN(W1099))","v":"$W$1079"},{"$f":"ADDRESS((MATCH(COUNTIF(INDIRECT(Z1099):$S1099,\"NIVEL 2\"),INDIRECT(AA1099):W1099,0)+(MATCH(COUNTIF($R$2:$R1099,\"NIVEL 1\"),V:V,0)-1)),COLUMN(T1099))","v":"$T$1081"},null,null,null,null,null,null,null,null,null,null,null,null,null,null,null,null,null,null,null,null,null,null,null,null,null,null,{"$f":"PROCURA_PRECO_SERVICO","v":19.84}]
[{"$f":"V1100&\".\"&W1100&\".\"&X1100&\".\"&Y1100","v":"16.1.2.3"},"SETOP","ED-51087",{"$f":"PROCURA_DESCRICAO_SERVICO","v":"TERMINAL A COMPRESSAO EM COBRE ESTANHADO 1 FURO PARA CABO 50 MM2"},{"$f":"PROCURA_UNIDADE_SERVICO","v":"U"},10,{"$f":"PROCURA_PRECO_SERVICO","v":25.1},31.68,316.8,null,null,null,null,"SERVIÇO",null,null,null,"NIVEL 4","NIVEL 4","NIVEL 4","NIVEL 4",{"$f":"COUNTIF($R$2:$R1100,\"NIVEL 1\")","v":16},1,2,3,{"$f":"ADDRESS(MATCH(COUNTIF($R$2:$R1100,\"NIVEL 1\"),V:V,0),COLUMN(S1100))","v":"$S$1079"},{"$f":"ADDRESS(MATCH(COUNTIF($R$2:$R1100,\"NIVEL 1\"),V:V,0),COLUMN(W1100))","v":"$W$1079"},{"$f":"ADDRESS((MATCH(COUNTIF(INDIRECT(Z1100):$S1100,\"NIVEL 2\"),INDIRECT(AA1100):W1100,0)+(MATCH(COUNTIF($R$2:$R1100,\"NIVEL 1\"),V:V,0)-1)),COLUMN(T1100))","v":"$T$1081"},null,null,null,null,null,null,null,null,null,null,null,null,null,null,null,null,null,null,null,null,null,null,null,null,null,null,{"$f":"PROCURA_PRECO_SERVICO","v":25.1}]
["16.1.2.4","COMPOSIÇÃO","JMV-CRAS-026",{"$f":"PROCURA_DESCRICAO_SERVICO","v":"CONECTOR CABO-HASTE EM BRONZE NATURAL PARA 2 CABOS COBRE DE 16MM² A 70MM² COM GRAMPO \"U\" E PORCAS DE AÇO GALV.- FORNECIMENTO E INSTALAÇÃO - BASEADA EM ORSE (10907)"},{"$f":"PROCURA_UNIDADE_SERVICO","v":"UN"},10,{"$f":"PROCURA_PRECO_SERVICO","v":9.52},12.01,120.1,null,null,null,null,"SERVIÇO",null,null,null,"NIVEL 4","NIVEL 4","NIVEL 4","NIVEL 4",{"$f":"COUNTIF($R$2:$R1101,\"NIVEL 1\")","v":16},1,2,{"$f":"IF(U1101=\"NIVEL 4\",OFFSET(Y1101,-1,0)+1,0)","v":4},{"$f":"ADDRESS(MATCH(COUNTIF($R$2:$R1101,\"NIVEL 1\"),V:V,0),COLUMN(S1101))","v":"$S$1079"},{"$f":"ADDRESS(MATCH(COUNTIF($R$2:$R1101,\"NIVEL 1\"),V:V,0),COLUMN(W1101))","v":"$W$1079"},{"$f":"ADDRESS((MATCH(COUNTIF(INDIRECT(Z1101):$S1101,\"NIVEL 2\"),INDIRECT(AA1101):W1101,0)+(MATCH(COUNTIF($R$2:$R1101,\"NIVEL 1\"),V:V,0)-1)),COLUMN(T1101))","v":"$T$1081"},null,null,null,null,null,null,null,null,null,null,null,null,null,null,null,null,null,null,null,null,null,null,null,null,null,null,{"$f":"PROCURA_PRECO_SERVICO","v":9.52}]
[{"$f":"V1102&\".\"&W1102&\".\"&X1102&\".\"&Y1102","v":"16.1.2.5"},"COMPOSIÇÃO","JMV-CRAS-027",{"$f":"PROCURA_DESCRICAO_SERVICO","v":"SELANTE EM POLIURETANO (PU) FLEXÍVEL – BISNAGA 380G. REF.: TERMOTÉCNICA - TEL-5905 OU EQUIVALENTE."},{"$f":"PROCURA_UNIDADE_SERVICO","v":"UND"},27.945,{"$f":"PROCURA_PRECO_SERVICO","v":44.09},55.65,1555.13,null,null,null,null,"SERVIÇO",null,null,null,"NIVEL 4","NIVEL 4","NIVEL 4","NIVEL 4",{"$f":"COUNTIF($R$2:$R1102,\"NIVEL 1\")","v":16},1,2,{"$f":"IF(U1102=\"NIVEL 4\",OFFSET(Y1102,-1,0)+1,0)","v":5},{"$f":"ADDRESS(MATCH(COUNTIF($R$2:$R1102,\"NIVEL 1\"),V:V,0),COLUMN(S1102))","v":"$S$1079"},{"$f":"ADDRESS(MATCH(COUNTIF($R$2:$R1102,\"NIVEL 1\"),V:V,0),COLUMN(W1102))","v":"$W$1079"},{"$f":"ADDRESS((MATCH(COUNTIF(INDIRECT(Z1102):$S1102,\"NIVEL 2\"),INDIRECT(AA1102):W1102,0)+(MATCH(COUNTIF($R$2:$R1102,\"NIVEL 1\"),V:V,0)-1)),COLUMN(T1102))","v":"$T$1081"},null,null,null,null,null,null,null,null,null,null,null,null,null,null,null,null,null,null,null,null,null,null,null,null,null,null,{"$f":"PROCURA_PRECO_SERVICO","v":44.09}]
[{"$f":"V1103&\".\"&W1103&\".\"&X1103&\".\"&Y1103","v":"16.1.2.6"},"COMPOSIÇÃO","JMV-CRAS-028",{"$f":"PROCURA_DESCRICAO_SERVICO","v":"CAIXA DE EQUALIZACAO COM BARRAMENTO TERMOTECNICA TEL-903, PARA 9 TERMINAIS - BASEADA EM SBC (059305)"},{"$f":"PROCURA_UNIDADE_SERVICO","v":"UN"},1,{"$f":"PROCURA_PRECO_SERVICO","v":622.36},785.66,785.66,null,null,null,null,"SERVIÇO",null,null,null,"NIVEL 4","NIVEL 4","NIVEL 4","NIVEL 4",{"$f":"COUNTIF($R$2:$R1103,\"NIVEL 1\")","v":16},1,2,6,{"$f":"ADDRESS(MATCH(COUNTIF($R$2:$R1103,\"NIVEL 1\"),V:V,0),COLUMN(S1103))","v":"$S$1079"},{"$f":"ADDRESS(MATCH(COUNTIF($R$2:$R1103,\"NIVEL 1\"),V:V,0),COLUMN(W1103))","v":"$W$1079"},{"$f":"ADDRESS((MATCH(COUNTIF(INDIRECT(Z1103):$S1103,\"NIVEL 2\"),INDIRECT(AA1103):W1103,0)+(MATCH(COUNTIF($R$2:$R1103,\"NIVEL 1\"),V:V,0)-1)),COLUMN(T1103))","v":"$T$1081"},null,null,null,null,null,null,null,null,null,null,null,null,null,null,null,null,null,null,null,null,null,null,null,null,null,null,{"$f":"PROCURA_PRECO_SERVICO","v":622.36}]
[null,null,null,null,null,null,null,null,null,null,null,null,null,null,null,null,null,null,null,null,null,{"$f":"COUNTIF($R$2:$R1104,\"NIVEL 1\")","v":16},1,2,0,{"$f":"ADDRESS(MATCH(COUNTIF($R$2:$R1104,\"NIVEL 1\"),V:V,0),COLUMN(S1104))","v":"$S$1079"},{"$f":"ADDRESS(MATCH(COUNTIF($R$2:$R1104,\"NIVEL 1\"),V:V,0),COLUMN(W1104))","v":"$W$1079"},{"$f":"ADDRESS((MATCH(COUNTIF(INDIRECT(Z1104):$S1104,\"NIVEL 2\"),INDIRECT(AA1104):W1104,0)+(MATCH(COUNTIF($R$2:$R1104,\"NIVEL 1\"),V:V,0)-1)),COLUMN(T1104))","v":"$T$1081"},null,null,null,null,null,null,null,null,null,null,null,null,null,null,null,null,null,null,null,null,null,null,null,null,null,null,{"$f":"PROCURA_PRECO_SERVICO","v":0}]
[null,null,null,{"$f":"\"SUBTOTAL DO ITEM - \"&A1096","v":"SUBTOTAL DO ITEM - 16.1.2"},null,null,null,null,{"$f":"SUBTOTAL(9,OFFSET(I1096,1,0):OFFSET(I1105,-1,0))","v":3223.99},null,null,null,null,"SUBSUBITEM_FIM",null,null,null,null,null,null,null,{"$f":"COUNTIF($R$2:$R1105,\"NIVEL 1\")","v":16},1,2,0,{"$f":"ADDRESS(MATCH(COUNTIF($R$2:$R1105,\"NIVEL 1\"),V:V,0),COLUMN(S1105))","v":"$S$1079"},{"$f":"ADDRESS(MATCH(COUNTIF($R$2:$R1105,\"NIVEL 1\"),V:V,0),COLUMN(W1105))","v":"$W$1079"},{"$f":"ADDRESS((MATCH(COUNTIF(INDIRECT(Z1105):$S1105,\"NIVEL 2\"),INDIRECT(AA1105):W1105,0)+(MATCH(COUNTIF($R$2:$R1105,\"NIVEL 1\"),V:V,0)-1)),COLUMN(T1105))","v":"$T$1081"},null,null,null,null,null,null,null,null,null,null,null,null,null,null,null,null,null,null,null,null,null,null,null,null,null,null,{"$f":"PROCURA_PRECO_SERVICO","v":0}]
[null,null,null,null,null,null,null,null,null,null,null,null,null,null,null,null,null,null,null,null,null,{"$f":"COUNTIF($R$2:$R1106,\"NIVEL 1\")","v":16},1,2,{"$f":"IF(U1106=\"NIVEL 4\",OFFSET(Y1106,-1,0)+1,0)","v":0},{"$f":"ADDRESS(MATCH(COUNTIF($R$2:$R1106,\"NIVEL 1\"),V:V,0),COLUMN(S1106))","v":"$S$1079"},{"$f":"ADDRESS(MATCH(COUNTIF($R$2:$R1106,\"NIVEL 1\"),V:V,0),COLUMN(W1106))","v":"$W$1079"},{"$f":"ADDRESS((MATCH(COUNTIF(INDIRECT(Z1106):$S1106,\"NIVEL 2\"),INDIRECT(AA1106):W1106,0)+(MATCH(COUNTIF($R$2:$R1106,\"NIVEL 1\"),V:V,0)-1)),COLUMN(T1106))","v":"$T$1081"},null,null,null,null,null,null,null,null,null,null,null,null,null,null,null,null,null,null,null,null,null,null,null,null,null,null,{"$f":"PROCURA_PRECO_SERVICO","v":0}]
[{"$f":"V1107&\".\"&W1107&\".\"&X1107","v":"16.1.3"},null,null,"PARAFUSOS, ARRUELAS E PORCAS",null,null,null,null,null,null,null,null,null,"SUBSUBITEM_INICIO",null,null,null,"NIVEL 3","NIVEL 3","NIVEL 3",null,{"$f":"COUNTIF($R$2:$R1107,\"NIVEL 1\")","v":16},1,3,0,{"$f":"ADDRESS(MATCH(COUNTIF($R$2:$R1107,\"NIVEL 1\"),V:V,0),COLUMN(S1107))","v":"$S$1079"},{"$f":"ADDRESS(MATCH(COUNTIF($R$2:$R1107,\"NIVEL 1\"),V:V,0),COLUMN(W1107))","v":"$W$1079"},{"$f":"ADDRESS((MATCH(COUNTIF(INDIRECT(Z1107):$S1107,\"NIVEL 2\"),INDIRECT(AA1107):W1107,0)+(MATCH(COUNTIF($R$2:$R1107,\"NIVEL 1\"),V:V,0)-1)),COLUMN(T1107))","v":"$T$1081"},null,null,null,null,null,null,null,null,null,null,null,null,null,null,null,null,null,null,null,null,null,null,null,null,null,null,{"$f":"PROCURA_PRECO_SERVICO","v":0}]
[null,null,null,null,null,null,null,null,null,null,null,null,null,null,null,null,null,null,null,null,null,{"$f":"COUNTIF($R$2:$R1108,\"NIVEL 1\")","v":16},1,3,0,{"$f":"ADDRESS(MATCH(COUNTIF($R$2:$R1108,\"NIVEL 1\"),V:V,0),COLUMN(S1108))","v":"$S$1079"},{"$f":"ADDRESS(MATCH(COUNTIF($R$2:$R1108,\"NIVEL 1\"),V:V,0),COLUMN(W1108))","v":"$W$1079"},{"$f":"ADDRESS((MATCH(COUNTIF(INDIRECT(Z1108):$S1108,\"NIVEL 2\"),INDIRECT(AA1108):W1108,0)+(MATCH(COUNTIF($R$2:$R1108,\"NIVEL 1\"),V:V,0)-1)),COLUMN(T1108))","v":"$T$1081"},null,null,null,null,null,null,null,null,null,null,null,null,null,null,null,null,null,null,null,null,null,null,null,null,null,null,{"$f":"PROCURA_PRECO_SERVICO","v":0}]
[{"$f":"V1109&\".\"&W1109&\".\"&X1109&\".\"&Y1109","v":"16.1.3.1"},"COMPOSIÇÃO","JMV-CRAS-029",{"$f":"PROCURA_DESCRICAO_SERVICO","v":"PARAFUSO CABEÇA SEXTAVADA 1/4\" X 1 1/4\", C/ PORCA E ARRUELA (FORNECIMENTO E COLOCAÇÃO) - BASEADA EM ORSE (9831)"},{"$f":"PROCURA_UNIDADE_SERVICO","v":"UN"},17,{"$f":"PROCURA_PRECO_SERVICO","v":1.4},{"$f":"CUSTO_BDI_SERVICO","v":1.76},{"$f":"CUSTO_TOTAL_SERVICO","v":29.92},null,null,null,null,"SERVIÇO",null,null,null,"NIVEL 4","NIVEL 4","NIVEL 4","NIVEL 4",{"$f":"COUNTIF($R$2:$R1109,\"NIVEL 1\")","v":16},1,3,{"$f":"IF(U1109=\"NIVEL 4\",OFFSET(Y1109,-1,0)+1,0)","v":1},{"$f":"ADDRESS(MATCH(COUNTIF($R$2:$R1109,\"NIVEL 1\"),V:V,0),COLUMN(S1109))","v":"$S$1079"},{"$f":"ADDRESS(MATCH(COUNTIF($R$2:$R1109,\"NIVEL 1\"),V:V,0),COLUMN(W1109))","v":"$W$1079"},{"$f":"ADDRESS((MATCH(COUNTIF(INDIRECT(Z1109):$S1109,\"NIVEL 2\"),INDIRECT(AA1109):W1109,0)+(MATCH(COUNTIF($R$2:$R1109,\"NIVEL 1\"),V:V,0)-1)),COLUMN(T1109))","v":"$T$1081"},null,null,null,null,null,null,null,null,null,null,null,null,null,null,null,null,null,null,null,null,null,null,null,null,null,null,{"$f":"PROCURA_PRECO_SERVICO","v":1.4}]
[{"$f":"V1110&\".\"&W1110&\".\"&X1110&\".\"&Y1110","v":"16.1.3.2"},"COMPOSIÇÃO","JMV-CRAS-030",{"$f":"PROCURA_DESCRICAO_SERVICO","v":"PARAFUSO DE FENDA EM AÇO INOX COM PORCA DE 1/4\" E ARRUELA DE PRESSÃO - FORNECIMENTO E COLOCAÇÃO - BASEADA DA ORSE (11414)"},{"$f":"PROCURA_UNIDADE_SERVICO","v":"UN"},30,{"$f":"PROCURA_PRECO_SERVICO","v":0.91},1.14,34.2,null,null,null,null,"SERVIÇO",null,null,null,"NIVEL 4","NIVEL 4","NIVEL 4","NIVEL 4",{"$f":"COUNTIF($R$2:$R1110,\"NIVEL 1\")","v":16},1,3,2,{"$f":"ADDRESS(MATCH(COUNTIF($R$2:$R1110,\"NIVEL 1\"),V:V,0),COLUMN(S1110))","v":"$S$1079"},{"$f":"ADDRESS(MATCH(COUNTIF($R$2:$R1110,\"NIVEL 1\"),V:V,0),COLUMN(W1110))","v":"$W$1079"},{"$f":"ADDRESS((MATCH(COUNTIF(INDIRECT(Z1110):$S1110,\"NIVEL 2\"),INDIRECT(AA1110):W1110,0)+(MATCH(COUNTIF($R$2:$R1110,\"NIVEL 1\"),V:V,0)-1)),COLUMN(T1110))","v":"$T$1081"},null,null,null,null,null,null,null,null,null,null,null,null,null,null,null,null,null,null,null,null,null,null,null,null,null,null,{"$f":"PROCURA_PRECO_SERVICO","v":0.91}]
[{"$f":"V1111&\".\"&W1111&\".\"&X1111&\".\"&Y1111","v":"16.1.3.3"},"SUDECAP","11.92.23",{"$f":"PROCURA_DESCRICAO_SERVICO","v":"PROTECAO EXTERNA - CONTRA DESCARGA ATMOSFERICA - PARAFUSO FENDA AUTOTARRAXANTE INOX 4,2X32MM"},{"$f":"PROCURA_UNIDADE_SERVICO","v":"UN"},17,{"$f":"PROCURA_PRECO_SERVICO","v":2.4},3.02,51.34,null,null,null,null,"SERVIÇO",null,null,null,"NIVEL 4","NIVEL 4","NIVEL 4","NIVEL 4",{"$f":"COUNTIF($R$2:$R1111,\"NIVEL 1\")","v":16},1,3,{"$f":"IF(U1111=\"NIVEL 4\",OFFSET(Y1111,-1,0)+1,0)","v":3},{"$f":"ADDRESS(MATCH(COUNTIF($R$2:$R1111,\"NIVEL 1\"),V:V,0),COLUMN(S1111))","v":"$S$1079"},{"$f":"ADDRESS(MATCH(COUNTIF($R$2:$R1111,\"NIVEL 1\"),V:V,0),COLUMN(W1111))","v":"$W$1079"},{"$f":"ADDRESS((MATCH(COUNTIF(INDIRECT(Z1111):$S1111,\"NIVEL 2\"),INDIRECT(AA1111):W1111,0)+(MATCH(COUNTIF($R$2:$R1111,\"NIVEL 1\"),V:V,0)-1)),COLUMN(T1111))","v":"$T$1081"},null,null,null,null,null,null,null,null,null,null,null,null,null,null,null,null,null,null,null,null,null,null,null,null,null,null,{"$f":"PROCURA_PRECO_SERVICO","v":2.4}]
[{"$f":"V1112&\".\"&W1112&\".\"&X1112&\".\"&Y1112","v":"16.1.3.4"},"SUDECAP","11.92.13",{"$f":"PROCURA_DESCRICAO_SERVICO","v":"PROTECAO EXTERNA - CONTRA DESCARGA ATMOSFERICA - PRESILHA LATAO 16 MM2 FURO C/DIAMETRO DE 5MM"},{"$f":"PROCURA_UNIDADE_SERVICO","v":"UN"},559,{"$f":"PROCURA_PRECO_SERVICO","v":4.92},6.21,3471.39,null,null,null,null,"SERVIÇO",null,null,null,"NIVEL 4","NIVEL 4","NIVEL 4","NIVEL 4",{"$f":"COUNTIF($R$2:$R1112,\"NIVEL 1\")","v":16},1,3,4,{"$f":"ADDRESS(MATCH(COUNTIF($R$2:$R1112,\"NIVEL 1\"),V:V,0),COLUMN(S1112))","v":"$S$1079"},{"$f":"ADDRESS(MATCH(COUNTIF($R$2:$R1112,\"NIVEL 1\"),V:V,0),COLUMN(W1112))","v":"$W$1079"},{"$f":"ADDRESS((MATCH(COUNTIF(INDIRECT(Z1112):$S1112,\"NIVEL 2\"),INDIRECT(AA1112):W1112,0)+(MATCH(COUNTIF($R$2:$R1112,\"NIVEL 1\"),V:V,0)-1)),COLUMN(T1112))","v":"$T$1081"},null,null,null,null,null,null,null,null,null,null,null,null,null,null,null,null,null,null,null,null,null,null,null,null,null,null,{"$f":"PROCURA_PRECO_SERVICO","v":4.92}]
[{"$f":"V1113&\".\"&W1113&\".\"&X1113&\".\"&Y1113","v":"16.1.3.5"},"COMPOSIÇÃO","JMV-CRAS-031",{"$f":"PROCURA_DESCRICAO_SERVICO","v":"FORNECIMENTO E INSTALAÇÃO DE BUCHA DE NYLON S6, SEM ABA - BASEADA EM ORSE (2490)"},{"$f":"PROCURA_UNIDADE_SERVICO","v":"UN"},559,{"$f":"PROCURA_PRECO_SERVICO","v":4.87},6.14,3432.26,null,null,null,null,"SERVIÇO",null,null,null,"NIVEL 4","NIVEL 4","NIVEL 4","NIVEL 4",{"$f":"COUNTIF($R$2:$R1113,\"NIVEL 1\")","v":16},1,3,{"$f":"IF(U1113=\"NIVEL 4\",OFFSET(Y1113,-1,0)+1,0)","v":5},{"$f":"ADDRESS(MATCH(COUNTIF($R$2:$R1113,\"NIVEL 1\"),V:V,0),COLUMN(S1113))","v":"$S$1079"},{"$f":"ADDRESS(MATCH(COUNTIF($R$2:$R1113,\"NIVEL 1\"),V:V,0),COLUMN(W1113))","v":"$W$1079"},{"$f":"ADDRESS((MATCH(COUNTIF(INDIRECT(Z1113):$S1113,\"NIVEL 2\"),INDIRECT(AA1113):W1113,0)+(MATCH(COUNTIF($R$2:$R1113,\"NIVEL 1\"),V:V,0)-1)),COLUMN(T1113))","v":"$T$1081"},null,null,null,null,null,null,null,null,null,null,null,null,null,null,null,null,null,null,null,null,null,null,null,null,null,null,{"$f":"PROCURA_PRECO_SERVICO","v":4.87}]
[null,null,null,null,null,null,null,null,null,null,null,null,null,null,null,null,null,null,null,null,null,{"$f":"COUNTIF($R$2:$R1114,\"NIVEL 1\")","v":16},1,3,0,{"$f":"ADDRESS(MATCH(COUNTIF($R$2:$R1114,\"NIVEL 1\"),V:V,0),COLUMN(S1114))","v":"$S$1079"},{"$f":"ADDRESS(MATCH(COUNTIF($R$2:$R1114,\"NIVEL 1\"),V:V,0),COLUMN(W1114))","v":"$W$1079"},{"$f":"ADDRESS((MATCH(COUNTIF(INDIRECT(Z1114):$S1114,\"NIVEL 2\"),INDIRECT(AA1114):W1114,0)+(MATCH(COUNTIF($R$2:$R1114,\"NIVEL 1\"),V:V,0)-1)),COLUMN(T1114))","v":"$T$1081"},null,null,null,null,null,null,null,null,null,null,null,null,null,null,null,null,null,null,null,null,null,null,null,null,null,null,{"$f":"PROCURA_PRECO_SERVICO","v":0}]
[null,null,null,{"$f":"\"SUBTOTAL DO ITEM - \"&A1107","v":"SUBTOTAL DO ITEM - 16.1.3"},null,null,null,null,{"$f":"SUBTOTAL(9,OFFSET(I1107,1,0):OFFSET(I1115,-1,0))","v":7019.11},null,null,null,null,"SUBSUBITEM_FIM",null,null,null,null,null,null,null,{"$f":"COUNTIF($R$2:$R1115,\"NIVEL 1\")","v":16},1,3,0,{"$f":"ADDRESS(MATCH(COUNTIF($R$2:$R1115,\"NIVEL 1\"),V:V,0),COLUMN(S1115))","v":"$S$1079"},{"$f":"ADDRESS(MATCH(COUNTIF($R$2:$R1115,\"NIVEL 1\"),V:V,0),COLUMN(W1115))","v":"$W$1079"},{"$f":"ADDRESS((MATCH(COUNTIF(INDIRECT(Z1115):$S1115,\"NIVEL 2\"),INDIRECT(AA1115):W1115,0)+(MATCH(COUNTIF($R$2:$R1115,\"NIVEL 1\"),V:V,0)-1)),COLUMN(T1115))","v":"$T$1081"},null,null,null,null,null,null,null,null,null,null,null,null,null,null,null,null,null,null,null,null,null,null,null,null,null,null,{"$f":"PROCURA_PRECO_SERVICO","v":0}]
[null,null,null,null,null,null,null,null,null,null,null,null,null,null,null,null,null,null,null,null,null,{"$f":"COUNTIF($R$2:$R1116,\"NIVEL 1\")","v":16},1,3,0,{"$f":"ADDRESS(MATCH(COUNTIF($R$2:$R1116,\"NIVEL 1\"),V:V,0),COLUMN(S1116))","v":"$S$1079"},{"$f":"ADDRESS(MATCH(COUNTIF($R$2:$R1116,\"NIVEL 1\"),V:V,0),COLUMN(W1116))","v":"$W$1079"},{"$f":"ADDRESS((MATCH(COUNTIF(INDIRECT(Z1116):$S1116,\"NIVEL 2\"),INDIRECT(AA1116):W1116,0)+(MATCH(COUNTIF($R$2:$R1116,\"NIVEL 1\"),V:V,0)-1)),COLUMN(T1116))","v":"$T$1081"},null,null,null,null,null,null,null,null,null,null,null,null,null,null,null,null,null,null,null,null,null,null,null,null,null,null,{"$f":"PROCURA_PRECO_SERVICO","v":0}]
[{"$f":"V1117&\".\"&W1117&\".\"&X1117","v":"16.1.4"},null,null,"SOLDA",null,null,null,null,null,null,null,null,null,"SUBSUBITEM_INICIO",null,null,null,"NIVEL 3","NIVEL 3","NIVEL 3",null,{"$f":"COUNTIF($R$2:$R1117,\"NIVEL 1\")","v":16},1,4,0,{"$f":"ADDRESS(MATCH(COUNTIF($R$2:$R1117,\"NIVEL 1\"),V:V,0),COLUMN(S1117))","v":"$S$1079"},{"$f":"ADDRESS(MATCH(COUNTIF($R$2:$R1117,\"NIVEL 1\"),V:V,0),COLUMN(W1117))","v":"$W$1079"},{"$f":"ADDRESS((MATCH(COUNTIF(INDIRECT(Z1117):$S1117,\"NIVEL 2\"),INDIRECT(AA1117):W1117,0)+(MATCH(COUNTIF($R$2:$R1117,\"NIVEL 1\"),V:V,0)-1)),COLUMN(T1117))","v":"$T$1081"},null,null,null,null,null,null,null,null,null,null,null,null,null,null,null,null,null,null,null,null,null,null,null,null,null,null,{"$f":"PROCURA_PRECO_SERVICO","v":0}]
[null,null,null,null,null,null,null,null,null,null,null,null,null,null,null,null,null,null,null,null,null,{"$f":"COUNTIF($R$2:$R1118,\"NIVEL 1\")","v":16},1,4,0,{"$f":"ADDRESS(MATCH(COUNTIF($R$2:$R1118,\"NIVEL 1\"),V:V,0),COLUMN(S1118))","v":"$S$1079"},{"$f":"ADDRESS(MATCH(COUNTIF($R$2:$R1118,\"NIVEL 1\"),V:V,0),COLUMN(W1118))","v":"$W$1079"},{"$f":"ADDRESS((MATCH(COUNTIF(INDIRECT(Z1118):$S1118,\"NIVEL 2\"),INDIRECT(AA1118):W1118,0)+(MATCH(COUNTIF($R$2:$R1118,\"NIVEL 1\"),V:V,0)-1)),COLUMN(T1118))","v":"$T$1081"},null,null,null,null,null,null,null,null,null,null,null,null,null,null,null,null,null,null,null,null,null,null,null,null,null,null,{"$f":"PROCURA_PRECO_SERVICO","v":0}]
[{"$f":"V1119&\".\"&W1119&\".\"&X1119&\".\"&Y1119","v":"16.1.4.1"},"COMPOSIÇÃO","JMV-CRAS-032",{"$f":"PROCURA_DESCRICAO_SERVICO","v":"CARTUCHO 32 PARA SOLDA EXOTERMICA (BASEADO EM SUDECAP 11.92.44)"},{"$f":"PROCURA_UNIDADE_SERVICO","v":"UN"},28,{"$f":"PROCURA_PRECO_SERVICO","v":21.85},{"$f":"CUSTO_BDI_SERVICO","v":27.58},{"$f":"CUSTO_TOTAL_SERVICO","v":772.24},null,null,null,null,"SERVIÇO",null,null,null,"NIVEL 4","NIVEL 4","NIVEL 4","NIVEL 4",{"$f":"COUNTIF($R$2:$R1119,\"NIVEL 1\")","v":16},1,4,{"$f":"IF(U1119=\"NIVEL 4\",OFFSET(Y1119,-1,0)+1,0)","v":1},{"$f":"ADDRESS(MATCH(COUNTIF($R$2:$R1119,\"NIVEL 1\"),V:V,0),COLUMN(S1119))","v":"$S$1079"},{"$f":"ADDRESS(MATCH(COUNTIF($R$2:$R1119,\"NIVEL 1\"),V:V,0),COLUMN(W1119))","v":"$W$1079"},{"$f":"ADDRESS((MATCH(COUNTIF(INDIRECT(Z1119):$S1119,\"NIVEL 2\"),INDIRECT(AA1119):W1119,0)+(MATCH(COUNTIF($R$2:$R1119,\"NIVEL 1\"),V:V,0)-1)),COLUMN(T1119))","v":"$T$1081"},null,null,null,null,null,null,null,null,null,null,null,null,null,null,null,null,null,null,null,null,null,null,null,null,null,null,{"$f":"PROCURA_PRECO_SERVICO","v":21.85}]
["16.1.4.2","COMPOSIÇÃO","JMV-CRAS-033",{"$f":"PROCURA_DESCRICAO_SERVICO","v":"CARTUCHO Nº90 PARA SOLDA EXOTERMICA - BASEADA EM SUDECAP (11.92.44)"},{"$f":"PROCURA_UNIDADE_SERVICO","v":"UN"},1,{"$f":"PROCURA_PRECO_SERVICO","v":29.79},37.6,37.6,null,null,null,null,"SERVIÇO",null,null,null,"NIVEL 4","NIVEL 4","NIVEL 4","NIVEL 4",{"$f":"COUNTIF($R$2:$R1120,\"NIVEL 1\")","v":16},1,4,2,{"$f":"ADDRESS(MATCH(COUNTIF($R$2:$R1120,\"NIVEL 1\"),V:V,0),COLUMN(S1120))","v":"$S$1079"},{"$f":"ADDRESS(MATCH(COUNTIF($R$2:$R1120,\"NIVEL 1\"),V:V,0),COLUMN(W1120))","v":"$W$1079"},{"$f":"ADDRESS((MATCH(COUNTIF(INDIRECT(Z1120):$S1120,\"NIVEL 2\"),INDIRECT(AA1120):W1120,0)+(MATCH(COUNTIF($R$2:$R1120,\"NIVEL 1\"),V:V,0)-1)),COLUMN(T1120))","v":"$T$1081"},null,null,null,null,null,null,null,null,null,null,null,null,null,null,null,null,null,null,null,null,null,null,null,null,null,null,{"$f":"PROCURA_PRECO_SERVICO","v":29.79}]
[{"$f":"V1121&\".\"&W1121&\".\"&X1121&\".\"&Y1121","v":"16.1.4.3"},"SUDECAP","11.92.43",{"$f":"PROCURA_DESCRICAO_SERVICO","v":"PROTECAO EXTERNA - CONTRA DESCARGA ATMOSFERICA - MOLDE PPS 35-2 PARA SOLDA EXOTERMICA"},{"$f":"PROCURA_UNIDADE_SERVICO","v":"UN"},1,{"$f":"PROCURA_PRECO_SERVICO","v":84.18},106.26,106.26,null,null,null,null,"SERVIÇO",null,null,null,"NIVEL 4","NIVEL 4","NIVEL 4","NIVEL 4",{"$f":"COUNTIF($R$2:$R1121,\"NIVEL 1\")","v":16},1,4,3,{"$f":"ADDRESS(MATCH(COUNTIF($R$2:$R1121,\"NIVEL 1\"),V:V,0),COLUMN(S1121))","v":"$S$1079"},{"$f":"ADDRESS(MATCH(COUNTIF($R$2:$R1121,\"NIVEL 1\"),V:V,0),COLUMN(W1121))","v":"$W$1079"},{"$f":"ADDRESS((MATCH(COUNTIF(INDIRECT(Z1121):$S1121,\"NIVEL 2\"),INDIRECT(AA1121):W1121,0)+(MATCH(COUNTIF($R$2:$R1121,\"NIVEL 1\"),V:V,0)-1)),COLUMN(T1121))","v":"$T$1081"},null,null,null,null,null,null,null,null,null,null,null,null,null,null,null,null,null,null,null,null,null,null,null,null,null,null,{"$f":"PROCURA_PRECO_SERVICO","v":84.18}]
["16.1.4.4","COMPOSIÇÃO","JMV-CRAS-034",{"$f":"PROCURA_DESCRICAO_SERVICO","v":"ALICATE Z-201 TEL-98201 OU EQUIVALENTE - BASEADA EM SUDECAP (11.92.47)"},{"$f":"PROCURA_UNIDADE_SERVICO","v":"UN"},1,{"$f":"PROCURA_PRECO_SERVICO","v":105.33},132.96,132.96,null,null,null,null,"SERVIÇO",null,null,null,"NIVEL 4","NIVEL 4","NIVEL 4","NIVEL 4",{"$f":"COUNTIF($R$2:$R1122,\"NIVEL 1\")","v":16},1,4,4,{"$f":"ADDRESS(MATCH(COUNTIF($R$2:$R1122,\"NIVEL 1\"),V:V,0),COLUMN(S1122))","v":"$S$1079"},{"$f":"ADDRESS(MATCH(COUNTIF($R$2:$R1122,\"NIVEL 1\"),V:V,0),COLUMN(W1122))","v":"$W$1079"},{"$f":"ADDRESS((MATCH(COUNTIF(INDIRECT(Z1122):$S1122,\"NIVEL 2\"),INDIRECT(AA1122):W1122,0)+(MATCH(COUNTIF($R$2:$R1122,\"NIVEL 1\"),V:V,0)-1)),COLUMN(T1122))","v":"$T$1081"},null,null,null,null,null,null,null,null,null,null,null,null,null,null,null,null,null,null,null,null,null,null,null,null,null,null,{"$f":"PROCURA_PRECO_SERVICO","v":105.33}]
[{"$f":"V1123&\".\"&W1123&\".\"&X1123&\".\"&Y1123","v":"16.1.4.5"},"SUDECAP","11.92.04",{"$f":"PROCURA_DESCRICAO_SERVICO","v":"PROTECAO EXTERNA - CONTRA DESCARGA ATMOSFERICA - MOLDE P/ SOLDA EXOTERMICA HCL 5/8\".50-5"},{"$f":"PROCURA_UNIDADE_SERVICO","v":"UN"},1,{"$f":"PROCURA_PRECO_SERVICO","v":197.16},248.89,248.89,null,null,null,null,"SERVIÇO",null,null,null,"NIVEL 4","NIVEL 4","NIVEL 4","NIVEL 4",{"$f":"COUNTIF($R$2:$R1123,\"NIVEL 1\")","v":16},1,4,{"$f":"IF(U1123=\"NIVEL 4\",OFFSET(Y1123,-1,0)+1,0)","v":5},{"$f":"ADDRESS(MATCH(COUNTIF($R$2:$R1123,\"NIVEL 1\"),V:V,0),COLUMN(S1123))","v":"$S$1079"},{"$f":"ADDRESS(MATCH(COUNTIF($R$2:$R1123,\"NIVEL 1\"),V:V,0),COLUMN(W1123))","v":"$W$1079"},{"$f":"ADDRESS((MATCH(COUNTIF(INDIRECT(Z1123):$S1123,\"NIVEL 2\"),INDIRECT(AA1123):W1123,0)+(MATCH(COUNTIF($R$2:$R1123,\"NIVEL 1\"),V:V,0)-1)),COLUMN(T1123))","v":"$T$1081"},null,null,null,null,null,null,null,null,null,null,null,null,null,null,null,null,null,null,null,null,null,null,null,null,null,null,{"$f":"PROCURA_PRECO_SERVICO","v":197.16}]
["16.1.4.6","COMPOSIÇÃO","JMV-CRAS-035",{"$f":"PROCURA_DESCRICAO_SERVICO","v":"MOLDE PARA SOLDA EXOTERMICA - BASEADA DA SUDECAP (11.92.43)"},{"$f":"PROCURA_UNIDADE_SERVICO","v":"UN"},1,{"$f":"PROCURA_PRECO_SERVICO","v":286.68},361.9,361.9,null,null,null,null,"SERVIÇO",null,null,null,"NIVEL 4","NIVEL 4","NIVEL 4","NIVEL 4",{"$f":"COUNTIF($R$2:$R1124,\"NIVEL 1\")","v":16},1,4,6,{"$f":"ADDRESS(MATCH(COUNTIF($R$2:$R1124,\"NIVEL 1\"),V:V,0),COLUMN(S1124))","v":"$S$1079"},{"$f":"ADDRESS(MATCH(COUNTIF($R$2:$R1124,\"NIVEL 1\"),V:V,0),COLUMN(W1124))","v":"$W$1079"},{"$f":"ADDRESS((MATCH(COUNTIF(INDIRECT(Z1124):$S1124,\"NIVEL 2\"),INDIRECT(AA1124):W1124,0)+(MATCH(COUNTIF($R$2:$R1124,\"NIVEL 1\"),V:V,0)-1)),COLUMN(T1124))","v":"$T$1081"},null,null,null,null,null,null,null,null,null,null,null,null,null,null,null,null,null,null,null,null,null,null,null,null,null,null,{"$f":"PROCURA_PRECO_SERVICO","v":286.68}]
[{"$f":"V1125&\".\"&W1125&\".\"&X1125&\".\"&Y1125","v":"16.1.4.7"},"COMPOSIÇÃO","JMV-CRAS-036",{"$f":"PROCURA_DESCRICAO_SERVICO","v":"CARTUCHO 65 PARA SOLDA EXOTERMICA (BASEADO EM SUDECAP 11.92.44)"},{"$f":"PROCURA_UNIDADE_SERVICO","v":"UN"},11,{"$f":"PROCURA_PRECO_SERVICO","v":32.34},40.82,449.02,null,null,null,null,"SERVIÇO",null,null,null,"NIVEL 4","NIVEL 4","NIVEL 4","NIVEL 4",{"$f":"COUNTIF($R$2:$R1125,\"NIVEL 1\")","v":16},1,4,7,{"$f":"ADDRESS(MATCH(COUNTIF($R$2:$R1125,\"NIVEL 1\"),V:V,0),COLUMN(S1125))","v":"$S$1079"},{"$f":"ADDRESS(MATCH(COUNTIF($R$2:$R1125,\"NIVEL 1\"),V:V,0),COLUMN(W1125))","v":"$W$1079"},{"$f":"ADDRESS((MATCH(COUNTIF(INDIRECT(Z1125):$S1125,\"NIVEL 2\"),INDIRECT(AA1125):W1125,0)+(MATCH(COUNTIF($R$2:$R1125,\"NIVEL 1\"),V:V,0)-1)),COLUMN(T1125))","v":"$T$1081"},null,null,null,null,null,null,null,null,null,null,null,null,null,null,null,null,null,null,null,null,null,null,null,null,null,null,{"$f":"PROCURA_PRECO_SERVICO","v":32.34}]
["16.1.4.8","SUDECAP","11.92.45",{"$f":"PROCURA_DESCRICAO_SERVICO","v":"PROTECAO EXTERNA - CONTRA DESCARGA ATMOSFERICA - ALICATE PEQUENO Z-200"},{"$f":"PROCURA_UNIDADE_SERVICO","v":"UN"},1,{"$f":"PROCURA_PRECO_SERVICO","v":74.9},94.55,94.55,null,null,null,null,"SERVIÇO",null,null,null,"NIVEL 4","NIVEL 4","NIVEL 4","NIVEL 4",{"$f":"COUNTIF($R$2:$R1126,\"NIVEL 1\")","v":16},1,4,{"$f":"IF(U1126=\"NIVEL 4\",OFFSET(Y1126,-1,0)+1,0)","v":8},{"$f":"ADDRESS(MATCH(COUNTIF($R$2:$R1126,\"NIVEL 1\"),V:V,0),COLUMN(S1126))","v":"$S$1079"},{"$f":"ADDRESS(MATCH(COUNTIF($R$2:$R1126,\"NIVEL 1\"),V:V,0),COLUMN(W1126))","v":"$W$1079"},{"$f":"ADDRESS((MATCH(COUNTIF(INDIRECT(Z1126):$S1126,\"NIVEL 2\"),INDIRECT(AA1126):W1126,0)+(MATCH(COUNTIF($R$2:$R1126,\"NIVEL 1\"),V:V,0)-1)),COLUMN(T1126))","v":"$T$1081"},null,null,null,null,null,null,null,null,null,null,null,null,null,null,null,null,null,null,null,null,null,null,null,null,null,null,{"$f":"PROCURA_PRECO_SERVICO","v":74.9}]
[{"$f":"V1127&\".\"&W1127&\".\"&X1127&\".\"&Y1127","v":"16.1.4.9"},"COMPOSIÇÃO","JMV-CRAS-035",{"$f":"PROCURA_DESCRICAO_SERVICO","v":"MOLDE PARA SOLDA EXOTERMICA - BASEADA DA SUDECAP (11.92.43)"},{"$f":"PROCURA_UNIDADE_SERVICO","v":"UN"},1,{"$f":"PROCURA_PRECO_SERVICO","v":286.68},361.9,361.9,null,null,null,null,"SERVIÇO",null,null,null,"NIVEL 4","NIVEL 4","NIVEL 4","NIVEL 4",{"$f":"COUNTIF($R$2:$R1127,\"NIVEL 1\")","v":16},1,4,{"$f":"IF(U1127=\"NIVEL 4\",OFFSET(Y1127,-1,0)+1,0)","v":9},{"$f":"ADDRESS(MATCH(COUNTIF($R$2:$R1127,\"NIVEL 1\"),V:V,0),COLUMN(S1127))","v":"$S$1079"},{"$f":"ADDRESS(MATCH(COUNTIF($R$2:$R1127,\"NIVEL 1\"),V:V,0),COLUMN(W1127))","v":"$W$1079"},{"$f":"ADDRESS((MATCH(COUNTIF(INDIRECT(Z1127):$S1127,\"NIVEL 2\"),INDIRECT(AA1127):W1127,0)+(MATCH(COUNTIF($R$2:$R1127,\"NIVEL 1\"),V:V,0)-1)),COLUMN(T1127))","v":"$T$1081"},null,null,null,null,null,null,null,null,null,null,null,null,null,null,null,null,null,null,null,null,null,null,null,null,null,null,{"$f":"PROCURA_PRECO_SERVICO","v":286.68}]
[{"$f":"V1128&\".\"&W1128&\".\"&X1128&\".\"&Y1128","v":"16.1.4.10"},"COMPOSIÇÃO","JMV-CRAS-037",{"$f":"PROCURA_DESCRICAO_SERVICO","v":"CARTUCHO 45 PARA SOLDA EXOTERMICA (BASEADO EM SUDECAP 11.92.44)"},{"$f":"PROCURA_UNIDADE_SERVICO","v":"UN"},7,{"$f":"PROCURA_PRECO_SERVICO","v":28.49},35.96,251.72,null,null,null,null,"SERVIÇO",null,null,null,"NIVEL 4","NIVEL 4","NIVEL 4","NIVEL 4",{"$f":"COUNTIF($R$2:$R1128,\"NIVEL 1\")","v":16},1,4,10,{"$f":"ADDRESS(MATCH(COUNTIF($R$2:$R1128,\"NIVEL 1\"),V:V,0),COLUMN(S1128))","v":"$S$1079"},{"$f":"ADDRESS(MATCH(COUNTIF($R$2:$R1128,\"NIVEL 1\"),V:V,0),COLUMN(W1128))","v":"$W$1079"},{"$f":"ADDRESS((MATCH(COUNTIF(INDIRECT(Z1128):$S1128,\"NIVEL 2\"),INDIRECT(AA1128):W1128,0)+(MATCH(COUNTIF($R$2:$R1128,\"NIVEL 1\"),V:V,0)-1)),COLUMN(T1128))","v":"$T$1081"},null,null,null,null,null,null,null,null,null,null,null,null,null,null,null,null,null,null,null,null,null,null,null,null,null,null,{"$f":"PROCURA_PRECO_SERVICO","v":28.49}]
[null,null,null,null,null,null,null,null,null,null,null,null,null,null,null,null,null,null,null,null,null,{"$f":"COUNTIF($R$2:$R1129,\"NIVEL 1\")","v":16},1,4,0,{"$f":"ADDRESS(MATCH(COUNTIF($R$2:$R1129,\"NIVEL 1\"),V:V,0),COLUMN(S1129))","v":"$S$1079"},{"$f":"ADDRESS(MATCH(COUNTIF($R$2:$R1129,\"NIVEL 1\"),V:V,0),COLUMN(W1129))","v":"$W$1079"},{"$f":"ADDRESS((MATCH(COUNTIF(INDIRECT(Z1129):$S1129,\"NIVEL 2\"),INDIRECT(AA1129):W1129,0)+(MATCH(COUNTIF($R$2:$R1129,\"NIVEL 1\"),V:V,0)-1)),COLUMN(T1129))","v":"$T$1081"},null,null,null,null,null,null,null,null,null,null,null,null,null,null,null,null,null,null,null,null,null,null,null,null,null,null,{"$f":"PROCURA_PRECO_SERVICO","v":0}]
[null,null,null,{"$f":"\"SUBTOTAL DO ITEM - \"&A1117","v":"SUBTOTAL DO ITEM - 16.1.4"},null,null,null,null,{"$f":"SUBTOTAL(9,OFFSET(I1117,1,0):OFFSET(I1130,-1,0))","v":2817.04},null,null,null,null,"SUBSUBITEM_FIM",null,null,null,null,null,null,null,{"$f":"COUNTIF($R$2:$R1130,\"NIVEL 1\")","v":16},1,4,0,{"$f":"ADDRESS(MATCH(COUNTIF($R$2:$R1130,\"NIVEL 1\"),V:V,0),COLUMN(S1130))","v":"$S$1079"},{"$f":"ADDRESS(MATCH(COUNTIF($R$2:$R1130,\"NIVEL 1\"),V:V,0),COLUMN(W1130))","v":"$W$1079"},{"$f":"ADDRESS((MATCH(COUNTIF(INDIRECT(Z1130):$S1130,\"NIVEL 2\"),INDIRECT(AA1130):W1130,0)+(MATCH(COUNTIF($R$2:$R1130,\"NIVEL 1\"),V:V,0)-1)),COLUMN(T1130))","v":"$T$1081"},null,null,null,null,null,null,null,null,null,null,null,null,null,null,null,null,null,null,null,null,null,null,null,null,null,null,{"$f":"PROCURA_PRECO_SERVICO","v":0}]
[null,null,null,null,null,null,null,null,null,null,null,null,null,null,null,null,null,null,null,null,null,{"$f":"COUNTIF($R$2:$R1131,\"NIVEL 1\")","v":16},1,4,0,{"$f":"ADDRESS(MATCH(COUNTIF($R$2:$R1131,\"NIVEL 1\"),V:V,0),COLUMN(S1131))","v":"$S$1079"},{"$f":"ADDRESS(MATCH(COUNTIF($R$2:$R1131,\"NIVEL 1\"),V:V,0),COLUMN(W1131))","v":"$W$1079"},{"$f":"ADDRESS((MATCH(COUNTIF(INDIRECT(Z1131):$S1131,\"NIVEL 2\"),INDIRECT(AA1131):W1131,0)+(MATCH(COUNTIF($R$2:$R1131,\"NIVEL 1\"),V:V,0)-1)),COLUMN(T1131))","v":"$T$1081"},null,null,null,null,null,null,null,null,null,null,null,null,null,null,null,null,null,null,null,null,null,null,null,null,null,null,{"$f":"PROCURA_PRECO_SERVICO","v":0}]
[null,null,null,{"$f":"\"SUBTOTAL DO ITEM  - \"&A1081","v":"SUBTOTAL DO ITEM  - 16.1"},null,null,null,null,{"$f":"SUBTOTAL(9,OFFSET(I1081,1,0):OFFSET(I1132,-1,0))","v":54327.05},null,null,null,null,"SUBITEM_FIM",null,null,null,null,null,null,null,{"$f":"COUNTIF($R$2:$R1132,\"NIVEL 1\")","v":16},1,4,0,{"$f":"ADDRESS(MATCH(COUNTIF($R$2:$R1132,\"NIVEL 1\"),V:V,0),COLUMN(S1132))","v":"$S$1079"},{"$f":"ADDRESS(MATCH(COUNTIF($R$2:$R1132,\"NIVEL 1\"),V:V,0),COLUMN(W1132))","v":"$W$1079"},{"$f":"ADDRESS((MATCH(COUNTIF(INDIRECT(Z1132):$S1132,\"NIVEL 2\"),INDIRECT(AA1132):W1132,0)+(MATCH(COUNTIF($R$2:$R1132,\"NIVEL 1\"),V:V,0)-1)),COLUMN(T1132))","v":"$T$1081"},null,null,null,null,null,null,null,null,null,null,null,null,null,null,null,null,null,null,null,null,null,null,null,null,null,null,{"$f":"PROCURA_PRECO_SERVICO","v":0}]
[null,null,null,null,null,null,null,null,null,null,null,null,null,null,null,null,null,null,null,null,null,{"$f":"COUNTIF($R$2:$R1133,\"NIVEL 1\")","v":16},1,4,0,{"$f":"ADDRESS(MATCH(COUNTIF($R$2:$R1133,\"NIVEL 1\"),V:V,0),COLUMN(S1133))","v":"$S$1079"},{"$f":"ADDRESS(MATCH(COUNTIF($R$2:$R1133,\"NIVEL 1\"),V:V,0),COLUMN(W1133))","v":"$W$1079"},{"$f":"ADDRESS((MATCH(COUNTIF(INDIRECT(Z1133):$S1133,\"NIVEL 2\"),INDIRECT(AA1133):W1133,0)+(MATCH(COUNTIF($R$2:$R1133,\"NIVEL 1\"),V:V,0)-1)),COLUMN(T1133))","v":"$T$1081"},null,null,null,null,null,null,null,null,null,null,null,null,null,null,null,null,null,null,null,null,null,null,null,null,null,null,{"$f":"PROCURA_PRECO_SERVICO","v":0}]
[null,null,null,{"$f":"\"TOTAL DO ITEM - \"&A1079","v":"TOTAL DO ITEM - 16"},null,null,null,null,{"$f":"SUBTOTAL(9,OFFSET(I1079,1,0):OFFSET(I1134,-1,0))","v":54327.05},null,null,null,null,"ITEM_FIM",null,null,null,null,null,null,null,{"$f":"COUNTIF($R$2:$R1134,\"NIVEL 1\")","v":16},1,4,0,{"$f":"ADDRESS(MATCH(COUNTIF($R$2:$R1134,\"NIVEL 1\"),V:V,0),COLUMN(S1134))","v":"$S$1079"},{"$f":"ADDRESS(MATCH(COUNTIF($R$2:$R1134,\"NIVEL 1\"),V:V,0),COLUMN(W1134))","v":"$W$1079"},{"$f":"ADDRESS((MATCH(COUNTIF(INDIRECT(Z1134):$S1134,\"NIVEL 2\"),INDIRECT(AA1134):W1134,0)+(MATCH(COUNTIF($R$2:$R1134,\"NIVEL 1\"),V:V,0)-1)),COLUMN(T1134))","v":"$T$1081"},null,null,null,null,null,null,null,null,null,null,null,null,null,null,null,null,null,null,null,null,null,null,null,null,null,null,{"$f":"PROCURA_PRECO_SERVICO","v":0}]
[null,null,null,null,null,null,null,{"$f":"TRUNC(G1135*(1+$I$3),2)","v":0},null,null,null,null,null,null,null,null,null,null,null,null,null,{"$f":"COUNTIF($R$2:$R1135,\"NIVEL 1\")","v":16},1,4,{"$f":"IF(U1135=\"NIVEL 4\",OFFSET(Y1135,-1,0)+1,0)","v":0},{"$f":"ADDRESS(MATCH(COUNTIF($R$2:$R1135,\"NIVEL 1\"),V:V,0),COLUMN(S1135))","v":"$S$1079"},{"$f":"ADDRESS(MATCH(COUNTIF($R$2:$R1135,\"NIVEL 1\"),V:V,0),COLUMN(W1135))","v":"$W$1079"},{"$f":"ADDRESS((MATCH(COUNTIF(INDIRECT(Z1135):$S1135,\"NIVEL 2\"),INDIRECT(AA1135):W1135,0)+(MATCH(COUNTIF($R$2:$R1135,\"NIVEL 1\"),V:V,0)-1)),COLUMN(T1135))","v":"$T$1081"},null,null,null,null,null,null,null,null,null,null,null,null,null,null,null,null,null,null,null,null,null,null,null,null,null,null,{"$f":"PROCURA_PRECO_SERVICO","v":0}]
[{"$f":"V1136","v":17},null,null,"DRENAGEM",null,null,null,null,null,null,null,null,null,"ITEM_INICIO",null,null,null,"NIVEL 1",null,null,null,{"$f":"COUNTIF($R$2:$R1136,\"NIVEL 1\")","v":17},0,0,0,{"$f":"ADDRESS(MATCH(COUNTIF($R$2:$R1136,\"NIVEL 1\"),V:V,0),COLUMN(S1136))","v":"$S$1136"},{"$f":"ADDRESS(MATCH(COUNTIF($R$2:$R1136,\"NIVEL 1\"),V:V,0),COLUMN(W1136))","v":"$W$1136"},{"$f":"ADDRESS((MATCH(COUNTIF(INDIRECT(Z1136):$S1136,\"NIVEL 2\"),INDIRECT(AA1136):W1136,0)+(MATCH(COUNTIF($R$2:$R1136,\"NIVEL 1\"),V:V,0)-1)),COLUMN(T1136))","v":"$T$1136"},null,{"$f":"A1136","v":17},null,null,{"$f":"D1136","v":"DRENAGEM"},{"$f":"I1189","v":95829.84},{"$f":"AH1136/$I$1374","v":0.0491456824517635},null,null,null,null,null,null,null,null,null,null,null,null,null,null,null,null,null,null,null,{"$f":"PROCURA_PRECO_SERVICO","v":0}]
[null,null,null,null,null,null,null,null,null,null,null,null,null,null,null,null,null,null,null,null,null,{"$f":"COUNTIF($R$2:$R1137,\"NIVEL 1\")","v":17},0,0,0,{"$f":"ADDRESS(MATCH(COUNTIF($R$2:$R1137,\"NIVEL 1\"),V:V,0),COLUMN(S1137))","v":"$S$1136"},{"$f":"ADDRESS(MATCH(COUNTIF($R$2:$R1137,\"NIVEL 1\"),V:V,0),COLUMN(W1137))","v":"$W$1136"},{"$f":"ADDRESS((MATCH(COUNTIF(INDIRECT(Z1137):$S1137,\"NIVEL 2\"),INDIRECT(AA1137):W1137,0)+(MATCH(COUNTIF($R$2:$R1137,\"NIVEL 1\"),V:V,0)-1)),COLUMN(T1137))","v":"$T$1136"},null,null,null,null,null,null,null,null,null,null,null,null,null,null,null,null,null,null,null,null,null,null,null,null,null,null,{"$f":"PROCURA_PRECO_SERVICO","v":0}]
[{"$f":"V1138&\".\"&W1138","v":"17.1"},null,null,"PLUVIAL",null,null,null,null,null,null,null,null,null,"SUBITEM_INICIO",null,null,null,"NIVEL 2","NIVEL 2",null,null,{"$f":"COUNTIF($R$2:$R1138,\"NIVEL 1\")","v":17},1,0,0,{"$f":"ADDRESS(MATCH(COUNTIF($R$2:$R1138,\"NIVEL 1\"),V:V,0),COLUMN(S1138))","v":"$S$1136"},{"$f":"ADDRESS(MATCH(COUNTIF($R$2:$R1138,\"NIVEL 1\"),V:V,0),COLUMN(W1138))","v":"$W$1136"},{"$f":"ADDRESS((MATCH(COUNTIF(INDIRECT(Z1138):$S1138,\"NIVEL 2\"),INDIRECT(AA1138):W1138,0)+(MATCH(COUNTIF($R$2:$R1138,\"NIVEL 1\"),V:V,0)-1)),COLUMN(T1138))","v":"$T$1138"},null,null,null,null,null,null,null,null,null,null,null,null,null,null,null,null,null,null,null,null,null,null,null,null,null,null,{"$f":"PROCURA_PRECO_SERVICO","v":0}]
[null,null,null,null,null,null,null,null,null,null,null,null,null,null,null,null,null,null,null,null,null,{"$f":"COUNTIF($R$2:$R1139,\"NIVEL 1\")","v":17},1,0,0,{"$f":"ADDRESS(MATCH(COUNTIF($R$2:$R1139,\"NIVEL 1\"),V:V,0),COLUMN(S1139))","v":"$S$1136"},{"$f":"ADDRESS(MATCH(COUNTIF($R$2:$R1139,\"NIVEL 1\"),V:V,0),COLUMN(W1139))","v":"$W$1136"},{"$f":"ADDRESS((MATCH(COUNTIF(INDIRECT(Z1139):$S1139,\"NIVEL 2\"),INDIRECT(AA1139):W1139,0)+(MATCH(COUNTIF($R$2:$R1139,\"NIVEL 1\"),V:V,0)-1)),COLUMN(T1139))","v":"$T$1138"},null,null,null,null,null,null,null,null,null,null,null,null,null,null,null,null,null,null,null,null,null,null,null,null,null,null,{"$f":"PROCURA_PRECO_SERVICO","v":0}]
[{"$f":"V1140&\".\"&W1140&\".\"&X1140","v":"17.1.1"},null,null,"CAIXA DE PASSAGEM",null,null,null,null,null,null,null,null,null,"SUBSUBITEM_INICIO",null,null,null,"NIVEL 3","NIVEL 3","NIVEL 3",null,{"$f":"COUNTIF($R$2:$R1140,\"NIVEL 1\")","v":17},1,1,0,{"$f":"ADDRESS(MATCH(COUNTIF($R$2:$R1140,\"NIVEL 1\"),V:V,0),COLUMN(S1140))","v":"$S$1136"},{"$f":"ADDRESS(MATCH(COUNTIF($R$2:$R1140,\"NIVEL 1\"),V:V,0),COLUMN(W1140))","v":"$W$1136"},{"$f":"ADDRESS((MATCH(COUNTIF(INDIRECT(Z1140):$S1140,\"NIVEL 2\"),INDIRECT(AA1140):W1140,0)+(MATCH(COUNTIF($R$2:$R1140,\"NIVEL 1\"),V:V,0)-1)),COLUMN(T1140))","v":"$T$1138"},null,null,null,null,null,null,null,null,null,null,null,null,null,null,null,null,null,null,null,null,null,null,null,null,null,null,{"$f":"PROCURA_PRECO_SERVICO","v":0}]
[null,null,null,null,null,null,null,null,null,null,null,null,null,null,null,null,null,null,null,null,null,{"$f":"COUNTIF($R$2:$R1141,\"NIVEL 1\")","v":17},1,1,0,{"$f":"ADDRESS(MATCH(COUNTIF($R$2:$R1141,\"NIVEL 1\"),V:V,0),COLUMN(S1141))","v":"$S$1136"},{"$f":"ADDRESS(MATCH(COUNTIF($R$2:$R1141,\"NIVEL 1\"),V:V,0),COLUMN(W1141))","v":"$W$1136"},{"$f":"ADDRESS((MATCH(COUNTIF(INDIRECT(Z1141):$S1141,\"NIVEL 2\"),INDIRECT(AA1141):W1141,0)+(MATCH(COUNTIF($R$2:$R1141,\"NIVEL 1\"),V:V,0)-1)),COLUMN(T1141))","v":"$T$1138"},null,null,null,null,null,null,null,null,null,null,null,null,null,null,null,null,null,null,null,null,null,null,null,null,null,null,{"$f":"PROCURA_PRECO_SERVICO","v":0}]
[{"$f":"V1142&\".\"&W1142&\".\"&X1142&\".\"&Y1142","v":"17.1.1.1"},"COMPOSIÇÃO","JMV-CRAS-003",{"$f":"PROCURA_DESCRICAO_SERVICO","v":"CAIXA DE DRENAGEM DE INSPEÇÃO/PASSAGEM EM ALVENARIA (40X40X40CM), REVESTIMENTO EM ARGAMASSA COM ADITIVO IMPERMEABILIZANTE, INCLUSIVE ESCAVAÇÃO, REATERRO E TRANSPORTE E RETIRADA DO MATERIAL ESCAVADO (EM CAÇAMBA) - BASEADA DA SETOP (ED-49908)"},{"$f":"PROCURA_UNIDADE_SERVICO","v":"UN"},2,{"$f":"PROCURA_PRECO_SERVICO","v":168.74},{"$f":"CUSTO_BDI_SERVICO","v":213.01},{"$f":"CUSTO_TOTAL_SERVICO","v":426.02},null,null,null,null,"SERVIÇO",null,null,null,"NIVEL 4","NIVEL 4","NIVEL 4","NIVEL 4",{"$f":"COUNTIF($R$2:$R1142,\"NIVEL 1\")","v":17},1,1,{"$f":"IF(U1142=\"NIVEL 4\",OFFSET(Y1142,-1,0)+1,0)","v":1},{"$f":"ADDRESS(MATCH(COUNTIF($R$2:$R1142,\"NIVEL 1\"),V:V,0),COLUMN(S1142))","v":"$S$1136"},{"$f":"ADDRESS(MATCH(COUNTIF($R$2:$R1142,\"NIVEL 1\"),V:V,0),COLUMN(W1142))","v":"$W$1136"},{"$f":"ADDRESS((MATCH(COUNTIF(INDIRECT(Z1142):$S1142,\"NIVEL 2\"),INDIRECT(AA1142):W1142,0)+(MATCH(COUNTIF($R$2:$R1142,\"NIVEL 1\"),V:V,0)-1)),COLUMN(T1142))","v":"$T$1138"},null,null,null,null,null,null,null,null,null,null,null,null,null,null,null,null,null,null,null,null,null,null,null,null,null,null,{"$f":"PROCURA_PRECO_SERVICO","v":168.74}]
[{"$f":"V1143&\".\"&W1143&\".\"&X1143&\".\"&Y1143","v":"17.1.1.2"},"SETOP","ED-49873",{"$f":"PROCURA_DESCRICAO_SERVICO","v":"CAIXA DE ESGOTO DE INSPEÇÃO/PASSAGEM EM ALVENARIA (40X40X40CM), REVESTIMENTO EM ARGAMASSA COM ADITIVO IMPERMEABILIZANTE, COM TAMPA DE CONCRETO, INCLUSIVE ESCAVAÇÃO, REATERRO E TRANSPORTE E RETIRADA DO MATERIAL ESCAVADO (EM CAÇAMBA)"},{"$f":"PROCURA_UNIDADE_SERVICO","v":"UN"},3,{"$f":"PROCURA_PRECO_SERVICO","v":204.7},258.41,775.23,null,null,null,null,"SERVIÇO",null,null,null,"NIVEL 4","NIVEL 4","NIVEL 4","NIVEL 4",{"$f":"COUNTIF($R$2:$R1143,\"NIVEL 1\")","v":17},1,1,{"$f":"IF(U1143=\"NIVEL 4\",OFFSET(Y1143,-1,0)+1,0)","v":2},{"$f":"ADDRESS(MATCH(COUNTIF($R$2:$R1143,\"NIVEL 1\"),V:V,0),COLUMN(S1143))","v":"$S$1136"},{"$f":"ADDRESS(MATCH(COUNTIF($R$2:$R1143,\"NIVEL 1\"),V:V,0),COLUMN(W1143))","v":"$W$1136"},{"$f":"ADDRESS((MATCH(COUNTIF(INDIRECT(Z1143):$S1143,\"NIVEL 2\"),INDIRECT(AA1143):W1143,0)+(MATCH(COUNTIF($R$2:$R1143,\"NIVEL 1\"),V:V,0)-1)),COLUMN(T1143))","v":"$T$1138"},null,null,null,null,null,null,null,null,null,null,null,null,null,null,null,null,null,null,null,null,null,null,null,null,null,null,{"$f":"PROCURA_PRECO_SERVICO","v":204.7}]
["17.1.1.3","COMPOSIÇÃO","JMV-CRAS-003",{"$f":"PROCURA_DESCRICAO_SERVICO","v":"CAIXA DE DRENAGEM DE INSPEÇÃO/PASSAGEM EM ALVENARIA (40X40X40CM), REVESTIMENTO EM ARGAMASSA COM ADITIVO IMPERMEABILIZANTE, INCLUSIVE ESCAVAÇÃO, REATERRO E TRANSPORTE E RETIRADA DO MATERIAL ESCAVADO (EM CAÇAMBA) - BASEADA DA SETOP (ED-49908)"},{"$f":"PROCURA_UNIDADE_SERVICO","v":"UN"},1,{"$f":"PROCURA_PRECO_SERVICO","v":168.74},213.01,213.01,null,null,null,null,"SERVIÇO",null,null,null,"NIVEL 4","NIVEL 4","NIVEL 4","NIVEL 4",{"$f":"COUNTIF($R$2:$R1144,\"NIVEL 1\")","v":17},1,1,3,{"$f":"ADDRESS(MATCH(COUNTIF($R$2:$R1144,\"NIVEL 1\"),V:V,0),COLUMN(S1144))","v":"$S$1136"},{"$f":"ADDRESS(MATCH(COUNTIF($R$2:$R1144,\"NIVEL 1\"),V:V,0),COLUMN(W1144))","v":"$W$1136"},{"$f":"ADDRESS((MATCH(COUNTIF(INDIRECT(Z1144):$S1144,\"NIVEL 2\"),INDIRECT(AA1144):W1144,0)+(MATCH(COUNTIF($R$2:$R1144,\"NIVEL 1\"),V:V,0)-1)),COLUMN(T1144))","v":"$T$1138"},null,null,null,null,null,null,null,null,null,null,null,null,null,null,null,null,null,null,null,null,null,null,null,null,null,null,{"$f":"PROCURA_PRECO_SERVICO","v":168.74}]
["17.1.1.4","COMPOSIÇÃO","JMV-CRAS-003",{"$f":"PROCURA_DESCRICAO_SERVICO","v":"CAIXA DE DRENAGEM DE INSPEÇÃO/PASSAGEM EM ALVENARIA (40X40X40CM), REVESTIMENTO EM ARGAMASSA COM ADITIVO IMPERMEABILIZANTE, INCLUSIVE ESCAVAÇÃO, REATERRO E TRANSPORTE E RETIRADA DO MATERIAL ESCAVADO (EM CAÇAMBA) - BASEADA DA SETOP (ED-49908)"},{"$f":"PROCURA_UNIDADE_SERVICO","v":"UN"},3,{"$f":"PROCURA_PRECO_SERVICO","v":168.74},213.01,639.03,null,null,null,null,"SERVIÇO",null,null,null,"NIVEL 4","NIVEL 4","NIVEL 4","NIVEL 4",{"$f":"COUNTIF($R$2:$R1145,\"NIVEL 1\")","v":17},1,1,4,{"$f":"ADDRESS(MATCH(COUNTIF($R$2:$R1145,\"NIVEL 1\"),V:V,0),COLUMN(S1145))","v":"$S$1136"},{"$f":"ADDRESS(MATCH(COUNTIF($R$2:$R1145,\"NIVEL 1\"),V:V,0),COLUMN(W1145))","v":"$W$1136"},{"$f":"ADDRESS((MATCH(COUNTIF(INDIRECT(Z1145):$S1145,\"NIVEL 2\"),INDIRECT(AA1145):W1145,0)+(MATCH(COUNTIF($R$2:$R1145,\"NIVEL 1\"),V:V,0)-1)),COLUMN(T1145))","v":"$T$1138"},null,null,null,null,null,null,null,null,null,null,null,null,null,null,null,null,null,null,null,null,null,null,null,null,null,null,{"$f":"PROCURA_PRECO_SERVICO","v":168.74}]
["17.1.1.5","COMPOSIÇÃO","JMV-CRAS-004",{"$f":"PROCURA_DESCRICAO_SERVICO","v":"CAIXA DE DRENAGEM DE INSPEÇÃO/PASSAGEM EM ALVENARIA (40X40X60CM), REVESTIMENTO EM ARGAMASSA COM ADITIVO IMPERMEABILIZANTE, INCLUSIVE ESCAVAÇÃO, REATERRO E TRANSPORTE E RETIRADA DO MATERIAL ESCAVADO (EM CAÇAMBA) - BASEADA DA SETOP (ED-49909)"},{"$f":"PROCURA_UNIDADE_SERVICO","v":"UN"},3,{"$f":"PROCURA_PRECO_SERVICO","v":227.28},286.91,860.73,null,null,null,null,"SERVIÇO",null,null,null,"NIVEL 4","NIVEL 4","NIVEL 4","NIVEL 4",{"$f":"COUNTIF($R$2:$R1146,\"NIVEL 1\")","v":17},1,1,5,{"$f":"ADDRESS(MATCH(COUNTIF($R$2:$R1146,\"NIVEL 1\"),V:V,0),COLUMN(S1146))","v":"$S$1136"},{"$f":"ADDRESS(MATCH(COUNTIF($R$2:$R1146,\"NIVEL 1\"),V:V,0),COLUMN(W1146))","v":"$W$1136"},{"$f":"ADDRESS((MATCH(COUNTIF(INDIRECT(Z1146):$S1146,\"NIVEL 2\"),INDIRECT(AA1146):W1146,0)+(MATCH(COUNTIF($R$2:$R1146,\"NIVEL 1\"),V:V,0)-1)),COLUMN(T1146))","v":"$T$1138"},null,null,null,null,null,null,null,null,null,null,null,null,null,null,null,null,null,null,null,null,null,null,null,null,null,null,{"$f":"PROCURA_PRECO_SERVICO","v":227.28}]
["17.1.1.6","COMPOSIÇÃO","JMV-CRAS-004",{"$f":"PROCURA_DESCRICAO_SERVICO","v":"CAIXA DE DRENAGEM DE INSPEÇÃO/PASSAGEM EM ALVENARIA (40X40X60CM), REVESTIMENTO EM ARGAMASSA COM ADITIVO IMPERMEABILIZANTE, INCLUSIVE ESCAVAÇÃO, REATERRO E TRANSPORTE E RETIRADA DO MATERIAL ESCAVADO (EM CAÇAMBA) - BASEADA DA SETOP (ED-49909)"},{"$f":"PROCURA_UNIDADE_SERVICO","v":"UN"},1,{"$f":"PROCURA_PRECO_SERVICO","v":227.28},286.91,286.91,null,null,null,null,"SERVIÇO",null,null,null,"NIVEL 4","NIVEL 4","NIVEL 4","NIVEL 4",{"$f":"COUNTIF($R$2:$R1147,\"NIVEL 1\")","v":17},1,1,6,{"$f":"ADDRESS(MATCH(COUNTIF($R$2:$R1147,\"NIVEL 1\"),V:V,0),COLUMN(S1147))","v":"$S$1136"},{"$f":"ADDRESS(MATCH(COUNTIF($R$2:$R1147,\"NIVEL 1\"),V:V,0),COLUMN(W1147))","v":"$W$1136"},{"$f":"ADDRESS((MATCH(COUNTIF(INDIRECT(Z1147):$S1147,\"NIVEL 2\"),INDIRECT(AA1147):W1147,0)+(MATCH(COUNTIF($R$2:$R1147,\"NIVEL 1\"),V:V,0)-1)),COLUMN(T1147))","v":"$T$1138"},null,null,null,null,null,null,null,null,null,null,null,null,null,null,null,null,null,null,null,null,null,null,null,null,null,null,{"$f":"PROCURA_PRECO_SERVICO","v":227.28}]
["17.1.1.7","COMPOSIÇÃO","JMV-CRAS-004",{"$f":"PROCURA_DESCRICAO_SERVICO","v":"CAIXA DE DRENAGEM DE INSPEÇÃO/PASSAGEM EM ALVENARIA (40X40X60CM), REVESTIMENTO EM ARGAMASSA COM ADITIVO IMPERMEABILIZANTE, INCLUSIVE ESCAVAÇÃO, REATERRO E TRANSPORTE E RETIRADA DO MATERIAL ESCAVADO (EM CAÇAMBA) - BASEADA DA SETOP (ED-49909)"},{"$f":"PROCURA_UNIDADE_SERVICO","v":"UN"},1,{"$f":"PROCURA_PRECO_SERVICO","v":227.28},286.91,286.91,null,null,null,null,"SERVIÇO",null,null,null,"NIVEL 4","NIVEL 4","NIVEL 4","NIVEL 4",{"$f":"COUNTIF($R$2:$R1148,\"NIVEL 1\")","v":17},1,1,7,{"$f":"ADDRESS(MATCH(COUNTIF($R$2:$R1148,\"NIVEL 1\"),V:V,0),COLUMN(S1148))","v":"$S$1136"},{"$f":"ADDRESS(MATCH(COUNTIF($R$2:$R1148,\"NIVEL 1\"),V:V,0),COLUMN(W1148))","v":"$W$1136"},{"$f":"ADDRESS((MATCH(COUNTIF(INDIRECT(Z1148):$S1148,\"NIVEL 2\"),INDIRECT(AA1148):W1148,0)+(MATCH(COUNTIF($R$2:$R1148,\"NIVEL 1\"),V:V,0)-1)),COLUMN(T1148))","v":"$T$1138"},null,null,null,null,null,null,null,null,null,null,null,null,null,null,null,null,null,null,null,null,null,null,null,null,null,null,{"$f":"PROCURA_PRECO_SERVICO","v":227.28}]
[{"$f":"V1149&\".\"&W1149&\".\"&X1149&\".\"&Y1149","v":"17.1.1.8"},"SETOP","ED-49874",{"$f":"PROCURA_DESCRICAO_SERVICO","v":"CAIXA DE ESGOTO DE INSPEÇÃO/PASSAGEM EM ALVENARIA (40X40X60CM), REVESTIMENTO EM ARGAMASSA COM ADITIVO IMPERMEABILIZANTE, COM TAMPA DE CONCRETO, INCLUSIVE ESCAVAÇÃO, REATERRO E TRANSPORTE E RETIRADA DO MATERIAL ESCAVADO (EM CAÇAMBA)"},{"$f":"PROCURA_UNIDADE_SERVICO","v":"UN"},2,{"$f":"PROCURA_PRECO_SERVICO","v":266.05},{"$f":"CUSTO_BDI_SERVICO","v":335.86},{"$f":"CUSTO_TOTAL_SERVICO","v":671.72},null,null,null,null,"SERVIÇO",null,null,null,"NIVEL 4","NIVEL 4","NIVEL 4","NIVEL 4",{"$f":"COUNTIF($R$2:$R1149,\"NIVEL 1\")","v":17},1,1,8,{"$f":"ADDRESS(MATCH(COUNTIF($R$2:$R1149,\"NIVEL 1\"),V:V,0),COLUMN(S1149))","v":"$S$1136"},{"$f":"ADDRESS(MATCH(COUNTIF($R$2:$R1149,\"NIVEL 1\"),V:V,0),COLUMN(W1149))","v":"$W$1136"},{"$f":"ADDRESS((MATCH(COUNTIF(INDIRECT(Z1149):$S1149,\"NIVEL 2\"),INDIRECT(AA1149):W1149,0)+(MATCH(COUNTIF($R$2:$R1149,\"NIVEL 1\"),V:V,0)-1)),COLUMN(T1149))","v":"$T$1138"},null,null,null,null,null,null,null,null,null,null,null,null,null,null,null,null,null,null,null,null,null,null,null,null,null,null,{"$f":"PROCURA_PRECO_SERVICO","v":266.05}]
["17.1.1.9","COMPOSIÇÃO","JMV-CRAS-003",{"$f":"PROCURA_DESCRICAO_SERVICO","v":"CAIXA DE DRENAGEM DE INSPEÇÃO/PASSAGEM EM ALVENARIA (40X40X40CM), REVESTIMENTO EM ARGAMASSA COM ADITIVO IMPERMEABILIZANTE, INCLUSIVE ESCAVAÇÃO, REATERRO E TRANSPORTE E RETIRADA DO MATERIAL ESCAVADO (EM CAÇAMBA) - BASEADA DA SETOP (ED-49908)"},{"$f":"PROCURA_UNIDADE_SERVICO","v":"UN"},2,{"$f":"PROCURA_PRECO_SERVICO","v":168.74},213.01,426.02,null,null,null,null,"SERVIÇO",null,null,null,"NIVEL 4","NIVEL 4","NIVEL 4","NIVEL 4",{"$f":"COUNTIF($R$2:$R1150,\"NIVEL 1\")","v":17},1,1,{"$f":"IF(U1150=\"NIVEL 4\",OFFSET(Y1150,-1,0)+1,0)","v":9},{"$f":"ADDRESS(MATCH(COUNTIF($R$2:$R1150,\"NIVEL 1\"),V:V,0),COLUMN(S1150))","v":"$S$1136"},{"$f":"ADDRESS(MATCH(COUNTIF($R$2:$R1150,\"NIVEL 1\"),V:V,0),COLUMN(W1150))","v":"$W$1136"},{"$f":"ADDRESS((MATCH(COUNTIF(INDIRECT(Z1150):$S1150,\"NIVEL 2\"),INDIRECT(AA1150):W1150,0)+(MATCH(COUNTIF($R$2:$R1150,\"NIVEL 1\"),V:V,0)-1)),COLUMN(T1150))","v":"$T$1138"},null,null,null,null,null,null,null,null,null,null,null,null,null,null,null,null,null,null,null,null,null,null,null,null,null,null,{"$f":"PROCURA_PRECO_SERVICO","v":168.74}]
[{"$f":"V1151&\".\"&W1151&\".\"&X1151&\".\"&Y1151","v":"17.1.1.10"},"SETOP","ED-49875",{"$f":"PROCURA_DESCRICAO_SERVICO","v":"CAIXA DE ESGOTO DE INSPEÇÃO/PASSAGEM EM ALVENARIA (40X40X80CM), REVESTIMENTO EM ARGAMASSA COM ADITIVO IMPERMEABILIZANTE, COM TAMPA DE CONCRETO, INCLUSIVE ESCAVAÇÃO, REATERRO E TRANSPORTE E RETIRADA DO MATERIAL ESCAVADO (EM CAÇAMBA)"},{"$f":"PROCURA_UNIDADE_SERVICO","v":"UN"},1,{"$f":"PROCURA_PRECO_SERVICO","v":327.38},413.28,413.28,null,null,null,null,"SERVIÇO",null,null,null,"NIVEL 4","NIVEL 4","NIVEL 4","NIVEL 4",{"$f":"COUNTIF($R$2:$R1151,\"NIVEL 1\")","v":17},1,1,{"$f":"IF(U1151=\"NIVEL 4\",OFFSET(Y1151,-1,0)+1,0)","v":10},{"$f":"ADDRESS(MATCH(COUNTIF($R$2:$R1151,\"NIVEL 1\"),V:V,0),COLUMN(S1151))","v":"$S$1136"},{"$f":"ADDRESS(MATCH(COUNTIF($R$2:$R1151,\"NIVEL 1\"),V:V,0),COLUMN(W1151))","v":"$W$1136"},{"$f":"ADDRESS((MATCH(COUNTIF(INDIRECT(Z1151):$S1151,\"NIVEL 2\"),INDIRECT(AA1151):W1151,0)+(MATCH(COUNTIF($R$2:$R1151,\"NIVEL 1\"),V:V,0)-1)),COLUMN(T1151))","v":"$T$1138"},null,null,null,null,null,null,null,null,null,null,null,null,null,null,null,null,null,null,null,null,null,null,null,null,null,null,{"$f":"PROCURA_PRECO_SERVICO","v":327.38}]
[{"$f":"V1152&\".\"&W1152&\".\"&X1152&\".\"&Y1152","v":"17.1.1.11"},"SETOP","ED-49908",{"$f":"PROCURA_DESCRICAO_SERVICO","v":"CAIXA DE DRENAGEM DE INSPEÇÃO/PASSAGEM EM ALVENARIA (40X40X40CM), REVESTIMENTO EM ARGAMASSA COM ADITIVO IMPERMEABILIZANTE, COM TAMPA EM GRELHA, INCLUSIVE ESCAVAÇÃO, REATERRO E TRANSPORTE E RETIRADA DO MATERIAL ESCAVADO (EM CAÇAMBA)"},{"$f":"PROCURA_UNIDADE_SERVICO","v":"UN"},1,{"$f":"PROCURA_PRECO_SERVICO","v":349.62},441.36,441.36,null,null,null,null,"SERVIÇO",null,null,null,"NIVEL 4","NIVEL 4","NIVEL 4","NIVEL 4",{"$f":"COUNTIF($R$2:$R1152,\"NIVEL 1\")","v":17},1,1,11,{"$f":"ADDRESS(MATCH(COUNTIF($R$2:$R1152,\"NIVEL 1\"),V:V,0),COLUMN(S1152))","v":"$S$1136"},{"$f":"ADDRESS(MATCH(COUNTIF($R$2:$R1152,\"NIVEL 1\"),V:V,0),COLUMN(W1152))","v":"$W$1136"},{"$f":"ADDRESS((MATCH(COUNTIF(INDIRECT(Z1152):$S1152,\"NIVEL 2\"),INDIRECT(AA1152):W1152,0)+(MATCH(COUNTIF($R$2:$R1152,\"NIVEL 1\"),V:V,0)-1)),COLUMN(T1152))","v":"$T$1138"},null,null,null,null,null,null,null,null,null,null,null,null,null,null,null,null,null,null,null,null,null,null,null,null,null,null,{"$f":"PROCURA_PRECO_SERVICO","v":349.62}]
[null,null,null,null,null,null,null,null,null,null,null,null,null,null,null,null,null,null,null,null,null,{"$f":"COUNTIF($R$2:$R1153,\"NIVEL 1\")","v":17},1,1,0,{"$f":"ADDRESS(MATCH(COUNTIF($R$2:$R1153,\"NIVEL 1\"),V:V,0),COLUMN(S1153))","v":"$S$1136"},{"$f":"ADDRESS(MATCH(COUNTIF($R$2:$R1153,\"NIVEL 1\"),V:V,0),COLUMN(W1153))","v":"$W$1136"},{"$f":"ADDRESS((MATCH(COUNTIF(INDIRECT(Z1153):$S1153,\"NIVEL 2\"),INDIRECT(AA1153):W1153,0)+(MATCH(COUNTIF($R$2:$R1153,\"NIVEL 1\"),V:V,0)-1)),COLUMN(T1153))","v":"$T$1138"},null,null,null,null,null,null,null,null,null,null,null,null,null,null,null,null,null,null,null,null,null,null,null,null,null,null,{"$f":"PROCURA_PRECO_SERVICO","v":0}]
[null,null,null,{"$f":"\"SUBTOTAL DO ITEM - \"&A1140","v":"SUBTOTAL DO ITEM - 17.1.1"},null,null,null,null,{"$f":"SUBTOTAL(9,OFFSET(I1140,1,0):OFFSET(I1154,-1,0))","v":5440.22},null,null,null,null,"SUBSUBITEM_FIM",null,null,null,null,null,null,null,{"$f":"COUNTIF($R$2:$R1154,\"NIVEL 1\")","v":17},1,1,0,{"$f":"ADDRESS(MATCH(COUNTIF($R$2:$R1154,\"NIVEL 1\"),V:V,0),COLUMN(S1154))","v":"$S$1136"},{"$f":"ADDRESS(MATCH(COUNTIF($R$2:$R1154,\"NIVEL 1\"),V:V,0),COLUMN(W1154))","v":"$W$1136"},{"$f":"ADDRESS((MATCH(COUNTIF(INDIRECT(Z1154):$S1154,\"NIVEL 2\"),INDIRECT(AA1154):W1154,0)+(MATCH(COUNTIF($R$2:$R1154,\"NIVEL 1\"),V:V,0)-1)),COLUMN(T1154))","v":"$T$1138"},null,null,null,null,null,null,null,null,null,null,null,null,null,null,null,null,null,null,null,null,null,null,null,null,null,null,{"$f":"PROCURA_PRECO_SERVICO","v":0}]
[null,null,null,null,null,null,null,null,null,null,null,null,null,null,null,null,null,null,null,null,null,{"$f":"COUNTIF($R$2:$R1155,\"NIVEL 1\")","v":17},1,1,{"$f":"IF(U1155=\"NIVEL 4\",OFFSET(Y1155,-1,0)+1,0)","v":0},{"$f":"ADDRESS(MATCH(COUNTIF($R$2:$R1155,\"NIVEL 1\"),V:V,0),COLUMN(S1155))","v":"$S$1136"},{"$f":"ADDRESS(MATCH(COUNTIF($R$2:$R1155,\"NIVEL 1\"),V:V,0),COLUMN(W1155))","v":"$W$1136"},{"$f":"ADDRESS((MATCH(COUNTIF(INDIRECT(Z1155):$S1155,\"NIVEL 2\"),INDIRECT(AA1155):W1155,0)+(MATCH(COUNTIF($R$2:$R1155,\"NIVEL 1\"),V:V,0)-1)),COLUMN(T1155))","v":"$T$1138"},null,null,null,null,null,null,null,null,null,null,null,null,null,null,null,null,null,null,null,null,null,null,null,null,null,null,{"$f":"PROCURA_PRECO_SERVICO","v":0}]
[{"$f":"V1156&\".\"&W1156&\".\"&X1156","v":"17.1.2"},null,null,"CALHA METALICA",null,null,null,null,null,null,null,null,null,"SUBSUBITEM_INICIO",null,null,null,"NIVEL 3","NIVEL 3","NIVEL 3",null,{"$f":"COUNTIF($R$2:$R1156,\"NIVEL 1\")","v":17},1,2,0,{"$f":"ADDRESS(MATCH(COUNTIF($R$2:$R1156,\"NIVEL 1\"),V:V,0),COLUMN(S1156))","v":"$S$1136"},{"$f":"ADDRESS(MATCH(COUNTIF($R$2:$R1156,\"NIVEL 1\"),V:V,0),COLUMN(W1156))","v":"$W$1136"},{"$f":"ADDRESS((MATCH(COUNTIF(INDIRECT(Z1156):$S1156,\"NIVEL 2\"),INDIRECT(AA1156):W1156,0)+(MATCH(COUNTIF($R$2:$R1156,\"NIVEL 1\"),V:V,0)-1)),COLUMN(T1156))","v":"$T$1138"},null,null,null,null,null,null,null,null,null,null,null,null,null,null,null,null,null,null,null,null,null,null,null,null,null,null,{"$f":"PROCURA_PRECO_SERVICO","v":0}]
[null,null,null,null,null,null,null,null,null,null,null,null,null,null,null,null,null,null,null,null,null,{"$f":"COUNTIF($R$2:$R1157,\"NIVEL 1\")","v":17},1,2,0,{"$f":"ADDRESS(MATCH(COUNTIF($R$2:$R1157,\"NIVEL 1\"),V:V,0),COLUMN(S1157))","v":"$S$1136"},{"$f":"ADDRESS(MATCH(COUNTIF($R$2:$R1157,\"NIVEL 1\"),V:V,0),COLUMN(W1157))","v":"$W$1136"},{"$f":"ADDRESS((MATCH(COUNTIF(INDIRECT(Z1157):$S1157,\"NIVEL 2\"),INDIRECT(AA1157):W1157,0)+(MATCH(COUNTIF($R$2:$R1157,\"NIVEL 1\"),V:V,0)-1)),COLUMN(T1157))","v":"$T$1138"},null,null,null,null,null,null,null,null,null,null,null,null,null,null,null,null,null,null,null,null,null,null,null,null,null,null,{"$f":"PROCURA_PRECO_SERVICO","v":0}]
[{"$f":"V1158&\".\"&W1158&\".\"&X1158&\".\"&Y1158","v":"17.1.2.1"},"SETOP","ED-50663",{"$f":"PROCURA_DESCRICAO_SERVICO","v":"CALHA EM CHAPA GALVANIZADA, ESP. 0,5MM (GSG-26), COM DESENVOLVIMENTO DE 50CM, INCLUSIVE IÇAMENTO MANUAL VERTICAL"},{"$f":"PROCURA_UNIDADE_SERVICO","v":"M"},225,{"$f":"PROCURA_PRECO_SERVICO","v":67.19},{"$f":"CUSTO_BDI_SERVICO","v":84.82},{"$f":"CUSTO_TOTAL_SERVICO","v":19084.5},null,null,null,null,"SERVIÇO",null,null,null,"NIVEL 4","NIVEL 4","NIVEL 4","NIVEL 4",{"$f":"COUNTIF($R$2:$R1158,\"NIVEL 1\")","v":17},1,2,1,{"$f":"ADDRESS(MATCH(COUNTIF($R$2:$R1158,\"NIVEL 1\"),V:V,0),COLUMN(S1158))","v":"$S$1136"},{"$f":"ADDRESS(MATCH(COUNTIF($R$2:$R1158,\"NIVEL 1\"),V:V,0),COLUMN(W1158))","v":"$W$1136"},{"$f":"ADDRESS((MATCH(COUNTIF(INDIRECT(Z1158):$S1158,\"NIVEL 2\"),INDIRECT(AA1158):W1158,0)+(MATCH(COUNTIF($R$2:$R1158,\"NIVEL 1\"),V:V,0)-1)),COLUMN(T1158))","v":"$T$1138"},null,null,null,null,null,null,null,null,null,null,null,null,null,null,null,null,null,null,null,null,null,null,null,null,null,null,{"$f":"PROCURA_PRECO_SERVICO","v":67.19}]
[null,null,null,null,null,null,null,null,null,null,null,null,null,null,null,null,null,null,null,null,null,{"$f":"COUNTIF($R$2:$R1159,\"NIVEL 1\")","v":17},1,2,0,{"$f":"ADDRESS(MATCH(COUNTIF($R$2:$R1159,\"NIVEL 1\"),V:V,0),COLUMN(S1159))","v":"$S$1136"},{"$f":"ADDRESS(MATCH(COUNTIF($R$2:$R1159,\"NIVEL 1\"),V:V,0),COLUMN(W1159))","v":"$W$1136"},{"$f":"ADDRESS((MATCH(COUNTIF(INDIRECT(Z1159):$S1159,\"NIVEL 2\"),INDIRECT(AA1159):W1159,0)+(MATCH(COUNTIF($R$2:$R1159,\"NIVEL 1\"),V:V,0)-1)),COLUMN(T1159))","v":"$T$1138"},null,null,null,null,null,null,null,null,null,null,null,null,null,null,null,null,null,null,null,null,null,null,null,null,null,null,{"$f":"PROCURA_PRECO_SERVICO","v":0}]
[null,null,null,{"$f":"\"SUBTOTAL DO ITEM - \"&A1156","v":"SUBTOTAL DO ITEM - 17.1.2"},null,null,null,null,{"$f":"SUBTOTAL(9,OFFSET(I1156,1,0):OFFSET(I1160,-1,0))","v":19084.5},null,null,null,null,"SUBSUBITEM_FIM",null,null,null,null,null,null,null,{"$f":"COUNTIF($R$2:$R1160,\"NIVEL 1\")","v":17},{"$f":"IFERROR(COUNTIF(INDIRECT(Z1160):S1160,\"NIVEL 2\"),0)","v":1},{"$f":"COUNTIF(INDIRECT(AB1160):T1160,\"NIVEL 3\")","v":2},0,{"$f":"ADDRESS(MATCH(COUNTIF($R$2:$R1160,\"NIVEL 1\"),V:V,0),COLUMN(S1160))","v":"$S$1136"},{"$f":"ADDRESS(MATCH(COUNTIF($R$2:$R1160,\"NIVEL 1\"),V:V,0),COLUMN(W1160))","v":"$W$1136"},{"$f":"ADDRESS((MATCH(COUNTIF(INDIRECT(Z1160):$S1160,\"NIVEL 2\"),INDIRECT(AA1160):W1160,0)+(MATCH(COUNTIF($R$2:$R1160,\"NIVEL 1\"),V:V,0)-1)),COLUMN(T1160))","v":"$T$1138"},null,null,null,null,null,null,null,null,null,null,null,null,null,null,null,null,null,null,null,null,null,null,null,null,null,null,{"$f":"PROCURA_PRECO_SERVICO","v":0}]
[null,null,null,null,null,null,null,null,null,null,null,null,null,null,null,null,null,null,null,null,null,{"$f":"COUNTIF($R$2:$R1161,\"NIVEL 1\")","v":17},1,2,0,{"$f":"ADDRESS(MATCH(COUNTIF($R$2:$R1161,\"NIVEL 1\"),V:V,0),COLUMN(S1161))","v":"$S$1136"},{"$f":"ADDRESS(MATCH(COUNTIF($R$2:$R1161,\"NIVEL 1\"),V:V,0),COLUMN(W1161))","v":"$W$1136"},{"$f":"ADDRESS((MATCH(COUNTIF(INDIRECT(Z1161):$S1161,\"NIVEL 2\"),INDIRECT(AA1161):W1161,0)+(MATCH(COUNTIF($R$2:$R1161,\"NIVEL 1\"),V:V,0)-1)),COLUMN(T1161))","v":"$T$1138"},null,null,null,null,null,null,null,null,null,null,null,null,null,null,null,null,null,null,null,null,null,null,null,null,null,null,{"$f":"PROCURA_PRECO_SERVICO","v":0}]
[{"$f":"V1162&\".\"&W1162&\".\"&X1162","v":"17.1.3"},null,null,"PVC SERIE REFORÇADO",null,null,null,null,null,null,null,null,null,"SUBSUBITEM_INICIO",null,null,null,"NIVEL 3","NIVEL 3","NIVEL 3",null,{"$f":"COUNTIF($R$2:$R1162,\"NIVEL 1\")","v":17},1,3,0,{"$f":"ADDRESS(MATCH(COUNTIF($R$2:$R1162,\"NIVEL 1\"),V:V,0),COLUMN(S1162))","v":"$S$1136"},{"$f":"ADDRESS(MATCH(COUNTIF($R$2:$R1162,\"NIVEL 1\"),V:V,0),COLUMN(W1162))","v":"$W$1136"},{"$f":"ADDRESS((MATCH(COUNTIF(INDIRECT(Z1162):$S1162,\"NIVEL 2\"),INDIRECT(AA1162):W1162,0)+(MATCH(COUNTIF($R$2:$R1162,\"NIVEL 1\"),V:V,0)-1)),COLUMN(T1162))","v":"$T$1138"},null,null,null,null,null,null,null,null,null,null,null,null,null,null,null,null,null,null,null,null,null,null,null,null,null,null,{"$f":"PROCURA_PRECO_SERVICO","v":0}]
[null,null,null,null,null,null,null,null,null,null,null,null,null,null,null,null,null,null,null,null,null,{"$f":"COUNTIF($R$2:$R1163,\"NIVEL 1\")","v":17},1,3,0,{"$f":"ADDRESS(MATCH(COUNTIF($R$2:$R1163,\"NIVEL 1\"),V:V,0),COLUMN(S1163))","v":"$S$1136"},{"$f":"ADDRESS(MATCH(COUNTIF($R$2:$R1163,\"NIVEL 1\"),V:V,0),COLUMN(W1163))","v":"$W$1136"},{"$f":"ADDRESS((MATCH(COUNTIF(INDIRECT(Z1163):$S1163,\"NIVEL 2\"),INDIRECT(AA1163):W1163,0)+(MATCH(COUNTIF($R$2:$R1163,\"NIVEL 1\"),V:V,0)-1)),COLUMN(T1163))","v":"$T$1138"},null,null,null,null,null,null,null,null,null,null,null,null,null,null,null,null,null,null,null,null,null,null,null,null,null,null,{"$f":"PROCURA_PRECO_SERVICO","v":0}]
[{"$f":"V1164&\".\"&W1164&\".\"&X1164&\".\"&Y1164","v":"17.1.3.1"},"SINAPI","89584",{"$f":"PROCURA_DESCRICAO_SERVICO","v":"JOELHO 90 GRAUS, PVC, SERIE R, ÁGUA PLUVIAL, DN 100 MM, JUNTA ELÁSTICA, FORNECIDO E INSTALADO EM CONDUTORES VERTICAIS DE ÁGUAS PLUVIAIS. AF_06/2022"},{"$f":"PROCURA_UNIDADE_SERVICO","v":"UN"},24,{"$f":"PROCURA_PRECO_SERVICO","v":"45,77"},{"$f":"CUSTO_BDI_SERVICO","v":57.78},{"$f":"CUSTO_TOTAL_SERVICO","v":1386.72},null,null,null,null,"SERVIÇO",null,null,null,"NIVEL 4","NIVEL 4","NIVEL 4","NIVEL 4",{"$f":"COUNTIF($R$2:$R1164,\"NIVEL 1\")","v":17},1,3,{"$f":"IF(U1164=\"NIVEL 4\",OFFSET(Y1164,-1,0)+1,0)","v":1},{"$f":"ADDRESS(MATCH(COUNTIF($R$2:$R1164,\"NIVEL 1\"),V:V,0),COLUMN(S1164))","v":"$S$1136"},{"$f":"ADDRESS(MATCH(COUNTIF($R$2:$R1164,\"NIVEL 1\"),V:V,0),COLUMN(W1164))","v":"$W$1136"},{"$f":"ADDRESS((MATCH(COUNTIF(INDIRECT(Z1164):$S1164,\"NIVEL 2\"),INDIRECT(AA1164):W1164,0)+(MATCH(COUNTIF($R$2:$R1164,\"NIVEL 1\"),V:V,0)-1)),COLUMN(T1164))","v":"$T$1138"},null,null,null,null,null,null,null,null,null,null,null,null,null,null,null,null,null,null,null,null,null,null,null,null,null,null,{"$f":"PROCURA_PRECO_SERVICO","v":"45,77"}]
["17.1.3.2","SINAPI","89590",{"$f":"PROCURA_DESCRICAO_SERVICO","v":"JOELHO 90 GRAUS, PVC, SERIE R, ÁGUA PLUVIAL, DN 150 MM, JUNTA ELÁSTICA, FORNECIDO E INSTALADO EM CONDUTORES VERTICAIS DE ÁGUAS PLUVIAIS. AF_06/2022"},{"$f":"PROCURA_UNIDADE_SERVICO","v":"UN"},27,{"$f":"PROCURA_PRECO_SERVICO","v":"142,09"},179.37,4842.99,null,null,null,null,"SERVIÇO",null,null,null,"NIVEL 4","NIVEL 4","NIVEL 4","NIVEL 4",{"$f":"COUNTIF($R$2:$R1165,\"NIVEL 1\")","v":17},1,3,2,{"$f":"ADDRESS(MATCH(COUNTIF($R$2:$R1165,\"NIVEL 1\"),V:V,0),COLUMN(S1165))","v":"$S$1136"},{"$f":"ADDRESS(MATCH(COUNTIF($R$2:$R1165,\"NIVEL 1\"),V:V,0),COLUMN(W1165))","v":"$W$1136"},{"$f":"ADDRESS((MATCH(COUNTIF(INDIRECT(Z1165):$S1165,\"NIVEL 2\"),INDIRECT(AA1165):W1165,0)+(MATCH(COUNTIF($R$2:$R1165,\"NIVEL 1\"),V:V,0)-1)),COLUMN(T1165))","v":"$T$1138"},null,null,null,null,null,null,null,null,null,null,null,null,null,null,null,null,null,null,null,null,null,null,null,null,null,null,{"$f":"PROCURA_PRECO_SERVICO","v":"142,09"}]
["17.1.3.3","SINAPI","89669",{"$f":"PROCURA_DESCRICAO_SERVICO","v":"LUVA SIMPLES, PVC, SERIE R, ÁGUA PLUVIAL, DN 100 MM, JUNTA ELÁSTICA, FORNECIDO E INSTALADO EM CONDUTORES VERTICAIS DE ÁGUAS PLUVIAIS. AF_06/2022"},{"$f":"PROCURA_UNIDADE_SERVICO","v":"UN"},196,{"$f":"PROCURA_PRECO_SERVICO","v":"33,73"},42.58,8345.68,null,null,null,null,"SERVIÇO",null,null,null,"NIVEL 4","NIVEL 4","NIVEL 4","NIVEL 4",{"$f":"COUNTIF($R$2:$R1166,\"NIVEL 1\")","v":17},1,3,3,{"$f":"ADDRESS(MATCH(COUNTIF($R$2:$R1166,\"NIVEL 1\"),V:V,0),COLUMN(S1166))","v":"$S$1136"},{"$f":"ADDRESS(MATCH(COUNTIF($R$2:$R1166,\"NIVEL 1\"),V:V,0),COLUMN(W1166))","v":"$W$1136"},{"$f":"ADDRESS((MATCH(COUNTIF(INDIRECT(Z1166):$S1166,\"NIVEL 2\"),INDIRECT(AA1166):W1166,0)+(MATCH(COUNTIF($R$2:$R1166,\"NIVEL 1\"),V:V,0)-1)),COLUMN(T1166))","v":"$T$1138"},null,null,null,null,null,null,null,null,null,null,null,null,null,null,null,null,null,null,null,null,null,null,null,null,null,null,{"$f":"PROCURA_PRECO_SERVICO","v":"33,73"}]
["17.1.3.4","SINAPI","89677",{"$f":"PROCURA_DESCRICAO_SERVICO","v":"LUVA SIMPLES, PVC, SERIE R, ÁGUA PLUVIAL, DN 150 MM, JUNTA ELÁSTICA, FORNECIDO E INSTALADO EM CONDUTORES VERTICAIS DE ÁGUAS PLUVIAIS. AF_06/2022"},{"$f":"PROCURA_UNIDADE_SERVICO","v":"UN"},216,{"$f":"PROCURA_PRECO_SERVICO","v":"80,72"},101.9,22010.4,null,null,null,null,"SERVIÇO",null,null,null,"NIVEL 4","NIVEL 4","NIVEL 4","NIVEL 4",{"$f":"COUNTIF($R$2:$R1167,\"NIVEL 1\")","v":17},1,3,4,{"$f":"ADDRESS(MATCH(COUNTIF($R$2:$R1167,\"NIVEL 1\"),V:V,0),COLUMN(S1167))","v":"$S$1136"},{"$f":"ADDRESS(MATCH(COUNTIF($R$2:$R1167,\"NIVEL 1\"),V:V,0),COLUMN(W1167))","v":"$W$1136"},{"$f":"ADDRESS((MATCH(COUNTIF(INDIRECT(Z1167):$S1167,\"NIVEL 2\"),INDIRECT(AA1167):W1167,0)+(MATCH(COUNTIF($R$2:$R1167,\"NIVEL 1\"),V:V,0)-1)),COLUMN(T1167))","v":"$T$1138"},null,null,null,null,null,null,null,null,null,null,null,null,null,null,null,null,null,null,null,null,null,null,null,null,null,null,{"$f":"PROCURA_PRECO_SERVICO","v":"80,72"}]
[{"$f":"V1168&\".\"&W1168&\".\"&X1168&\".\"&Y1168","v":"17.1.3.5"},"SINAPI","89578",{"$f":"PROCURA_DESCRICAO_SERVICO","v":"TUBO PVC, SÉRIE R, ÁGUA PLUVIAL, DN 100 MM, FORNECIDO E INSTALADO EM CONDUTORES VERTICAIS DE ÁGUAS PLUVIAIS. AF_06/2022"},{"$f":"PROCURA_UNIDADE_SERVICO","v":"M"},60,{"$f":"PROCURA_PRECO_SERVICO","v":"38,00"},{"$f":"CUSTO_BDI_SERVICO","v":47.97},{"$f":"CUSTO_TOTAL_SERVICO","v":2878.2},null,null,null,null,"SERVIÇO",null,null,null,"NIVEL 4","NIVEL 4","NIVEL 4","NIVEL 4",{"$f":"COUNTIF($R$2:$R1168,\"NIVEL 1\")","v":17},1,3,5,{"$f":"ADDRESS(MATCH(COUNTIF($R$2:$R1168,\"NIVEL 1\"),V:V,0),COLUMN(S1168))","v":"$S$1136"},{"$f":"ADDRESS(MATCH(COUNTIF($R$2:$R1168,\"NIVEL 1\"),V:V,0),COLUMN(W1168))","v":"$W$1136"},{"$f":"ADDRESS((MATCH(COUNTIF(INDIRECT(Z1168):$S1168,\"NIVEL 2\"),INDIRECT(AA1168):W1168,0)+(MATCH(COUNTIF($R$2:$R1168,\"NIVEL 1\"),V:V,0)-1)),COLUMN(T1168))","v":"$T$1138"},null,null,null,null,null,null,null,null,null,null,null,null,null,null,null,null,null,null,null,null,null,null,null,null,null,null,{"$f":"PROCURA_PRECO_SERVICO","v":"38,00"}]
["17.1.3.6","SINAPI","89580",{"$f":"PROCURA_DESCRICAO_SERVICO","v":"TUBO PVC, SÉRIE R, ÁGUA PLUVIAL, DN 150 MM, FORNECIDO E INSTALADO EM CONDUTORES VERTICAIS DE ÁGUAS PLUVIAIS. AF_06/2022"},{"$f":"PROCURA_UNIDADE_SERVICO","v":"M"},66,{"$f":"PROCURA_PRECO_SERVICO","v":"78,88"},99.57,6571.62,null,null,null,null,"SERVIÇO",null,null,null,"NIVEL 4","NIVEL 4","NIVEL 4","NIVEL 4",{"$f":"COUNTIF($R$2:$R1169,\"NIVEL 1\")","v":17},1,3,{"$f":"IF(U1169=\"NIVEL 4\",OFFSET(Y1169,-1,0)+1,0)","v":6},{"$f":"ADDRESS(MATCH(COUNTIF($R$2:$R1169,\"NIVEL 1\"),V:V,0),COLUMN(S1169))","v":"$S$1136"},{"$f":"ADDRESS(MATCH(COUNTIF($R$2:$R1169,\"NIVEL 1\"),V:V,0),COLUMN(W1169))","v":"$W$1136"},{"$f":"ADDRESS((MATCH(COUNTIF(INDIRECT(Z1169):$S1169,\"NIVEL 2\"),INDIRECT(AA1169):W1169,0)+(MATCH(COUNTIF($R$2:$R1169,\"NIVEL 1\"),V:V,0)-1)),COLUMN(T1169))","v":"$T$1138"},null,null,null,null,null,null,null,null,null,null,null,null,null,null,null,null,null,null,null,null,null,null,null,null,null,null,{"$f":"PROCURA_PRECO_SERVICO","v":"78,88"}]
[{"$f":"V1170&\".\"&W1170&\".\"&X1170&\".\"&Y1170","v":"17.1.3.7"},"SETOP","ED-49962",{"$f":"PROCURA_DESCRICAO_SERVICO","v":"RALO SEMI- HEMISFÉRICO TIPO ABACAXI D = 100 MM"},{"$f":"PROCURA_UNIDADE_SERVICO","v":"U"},8,{"$f":"PROCURA_PRECO_SERVICO","v":37.47},47.3,378.4,null,null,null,null,"SERVIÇO",null,null,null,"NIVEL 4","NIVEL 4","NIVEL 4","NIVEL 4",{"$f":"COUNTIF($R$2:$R1170,\"NIVEL 1\")","v":17},1,3,{"$f":"IF(U1170=\"NIVEL 4\",OFFSET(Y1170,-1,0)+1,0)","v":7},{"$f":"ADDRESS(MATCH(COUNTIF($R$2:$R1170,\"NIVEL 1\"),V:V,0),COLUMN(S1170))","v":"$S$1136"},{"$f":"ADDRESS(MATCH(COUNTIF($R$2:$R1170,\"NIVEL 1\"),V:V,0),COLUMN(W1170))","v":"$W$1136"},{"$f":"ADDRESS((MATCH(COUNTIF(INDIRECT(Z1170):$S1170,\"NIVEL 2\"),INDIRECT(AA1170):W1170,0)+(MATCH(COUNTIF($R$2:$R1170,\"NIVEL 1\"),V:V,0)-1)),COLUMN(T1170))","v":"$T$1138"},null,null,null,null,null,null,null,null,null,null,null,null,null,null,null,null,null,null,null,null,null,null,null,null,null,null,{"$f":"PROCURA_PRECO_SERVICO","v":37.47}]
[{"$f":"V1171&\".\"&W1171&\".\"&X1171&\".\"&Y1171","v":"17.1.3.8"},"COMPOSIÇÃO","JMV-CRAS-002",{"$f":"PROCURA_DESCRICAO_SERVICO","v":"RALO ABACAXI FERRO FUNDIDO 150MM - BASEADA DA SBC (054248)"},{"$f":"PROCURA_UNIDADE_SERVICO","v":"UN"},9,{"$f":"PROCURA_PRECO_SERVICO","v":74.36},93.87,844.83,null,null,null,null,"SERVIÇO",null,null,null,"NIVEL 4","NIVEL 4","NIVEL 4","NIVEL 4",{"$f":"COUNTIF($R$2:$R1171,\"NIVEL 1\")","v":17},1,3,8,{"$f":"ADDRESS(MATCH(COUNTIF($R$2:$R1171,\"NIVEL 1\"),V:V,0),COLUMN(S1171))","v":"$S$1136"},{"$f":"ADDRESS(MATCH(COUNTIF($R$2:$R1171,\"NIVEL 1\"),V:V,0),COLUMN(W1171))","v":"$W$1136"},{"$f":"ADDRESS((MATCH(COUNTIF(INDIRECT(Z1171):$S1171,\"NIVEL 2\"),INDIRECT(AA1171):W1171,0)+(MATCH(COUNTIF($R$2:$R1171,\"NIVEL 1\"),V:V,0)-1)),COLUMN(T1171))","v":"$T$1138"},null,null,null,null,null,null,null,null,null,null,null,null,null,null,null,null,null,null,null,null,null,null,null,null,null,null,{"$f":"PROCURA_PRECO_SERVICO","v":74.36}]
[null,null,null,null,null,null,null,null,null,null,null,null,null,null,null,null,null,null,null,null,null,{"$f":"COUNTIF($R$2:$R1172,\"NIVEL 1\")","v":17},1,3,0,{"$f":"ADDRESS(MATCH(COUNTIF($R$2:$R1172,\"NIVEL 1\"),V:V,0),COLUMN(S1172))","v":"$S$1136"},{"$f":"ADDRESS(MATCH(COUNTIF($R$2:$R1172,\"NIVEL 1\"),V:V,0),COLUMN(W1172))","v":"$W$1136"},{"$f":"ADDRESS((MATCH(COUNTIF(INDIRECT(Z1172):$S1172,\"NIVEL 2\"),INDIRECT(AA1172):W1172,0)+(MATCH(COUNTIF($R$2:$R1172,\"NIVEL 1\"),V:V,0)-1)),COLUMN(T1172))","v":"$T$1138"},null,null,null,null,null,null,null,null,null,null,null,null,null,null,null,null,null,null,null,null,null,null,null,null,null,null,{"$f":"PROCURA_PRECO_SERVICO","v":0}]
[null,null,null,{"$f":"\"SUBTOTAL DO ITEM - \"&A1162","v":"SUBTOTAL DO ITEM - 17.1.3"},null,null,null,null,{"$f":"SUBTOTAL(9,OFFSET(I1162,1,0):OFFSET(I1173,-1,0))","v":47258.84},null,null,null,null,"SUBSUBITEM_FIM",null,null,null,null,null,null,null,{"$f":"COUNTIF($R$2:$R1173,\"NIVEL 1\")","v":17},1,3,0,{"$f":"ADDRESS(MATCH(COUNTIF($R$2:$R1173,\"NIVEL 1\"),V:V,0),COLUMN(S1173))","v":"$S$1136"},{"$f":"ADDRESS(MATCH(COUNTIF($R$2:$R1173,\"NIVEL 1\"),V:V,0),COLUMN(W1173))","v":"$W$1136"},{"$f":"ADDRESS((MATCH(COUNTIF(INDIRECT(Z1173):$S1173,\"NIVEL 2\"),INDIRECT(AA1173):W1173,0)+(MATCH(COUNTIF($R$2:$R1173,\"NIVEL 1\"),V:V,0)-1)),COLUMN(T1173))","v":"$T$1138"},null,null,null,null,null,null,null,null,null,null,null,null,null,null,null,null,null,null,null,null,null,null,null,null,null,null,{"$f":"PROCURA_PRECO_SERVICO","v":0}]
[null,null,null,null,null,null,null,null,null,null,null,null,null,null,null,null,null,null,null,null,null,{"$f":"COUNTIF($R$2:$R1174,\"NIVEL 1\")","v":17},1,3,0,{"$f":"ADDRESS(MATCH(COUNTIF($R$2:$R1174,\"NIVEL 1\"),V:V,0),COLUMN(S1174))","v":"$S$1136"},{"$f":"ADDRESS(MATCH(COUNTIF($R$2:$R1174,\"NIVEL 1\"),V:V,0),COLUMN(W1174))","v":"$W$1136"},{"$f":"ADDRESS((MATCH(COUNTIF(INDIRECT(Z1174):$S1174,\"NIVEL 2\"),INDIRECT(AA1174):W1174,0)+(MATCH(COUNTIF($R$2:$R1174,\"NIVEL 1\"),V:V,0)-1)),COLUMN(T1174))","v":"$T$1138"},null,null,null,null,null,null,null,null,null,null,null,null,null,null,null,null,null,null,null,null,null,null,null,null,null,null,{"$f":"PROCURA_PRECO_SERVICO","v":0}]
[null,null,null,{"$f":"\"SUBTOTAL DO ITEM  - \"&A1138","v":"SUBTOTAL DO ITEM  - 17.1"},null,null,null,null,{"$f":"SUBTOTAL(9,OFFSET(I1138,1,0):OFFSET(I1175,-1,0))","v":71783.56},null,null,null,null,"SUBITEM_FIM",null,null,null,null,null,null,null,{"$f":"COUNTIF($R$2:$R1175,\"NIVEL 1\")","v":17},1,3,0,{"$f":"ADDRESS(MATCH(COUNTIF($R$2:$R1175,\"NIVEL 1\"),V:V,0),COLUMN(S1175))","v":"$S$1136"},{"$f":"ADDRESS(MATCH(COUNTIF($R$2:$R1175,\"NIVEL 1\"),V:V,0),COLUMN(W1175))","v":"$W$1136"},{"$f":"ADDRESS((MATCH(COUNTIF(INDIRECT(Z1175):$S1175,\"NIVEL 2\"),INDIRECT(AA1175):W1175,0)+(MATCH(COUNTIF($R$2:$R1175,\"NIVEL 1\"),V:V,0)-1)),COLUMN(T1175))","v":"$T$1138"},null,null,null,null,null,null,null,null,null,null,null,null,null,null,null,null,null,null,null,null,null,null,null,null,null,null,{"$f":"PROCURA_PRECO_SERVICO","v":0}]
[null,null,null,null,null,null,null,null,null,null,null,null,null,null,null,null,null,null,null,null,null,{"$f":"COUNTIF($R$2:$R1176,\"NIVEL 1\")","v":17},1,3,{"$f":"IF(U1176=\"NIVEL 4\",OFFSET(Y1176,-1,0)+1,0)","v":0},{"$f":"ADDRESS(MATCH(COUNTIF($R$2:$R1176,\"NIVEL 1\"),V:V,0),COLUMN(S1176))","v":"$S$1136"},{"$f":"ADDRESS(MATCH(COUNTIF($R$2:$R1176,\"NIVEL 1\"),V:V,0),COLUMN(W1176))","v":"$W$1136"},{"$f":"ADDRESS((MATCH(COUNTIF(INDIRECT(Z1176):$S1176,\"NIVEL 2\"),INDIRECT(AA1176):W1176,0)+(MATCH(COUNTIF($R$2:$R1176,\"NIVEL 1\"),V:V,0)-1)),COLUMN(T1176))","v":"$T$1138"},null,null,null,null,null,null,null,null,null,null,null,null,null,null,null,null,null,null,null,null,null,null,null,null,null,null,{"$f":"PROCURA_PRECO_SERVICO","v":0}]
[{"$f":"V1177&\".\"&W1177","v":"17.2"},null,null,"PLUVIAL ENTERRADA",null,null,null,null,null,null,null,null,null,"SUBITEM_INICIO",null,null,null,"NIVEL 2","NIVEL 2",null,null,{"$f":"COUNTIF($R$2:$R1177,\"NIVEL 1\")","v":17},2,0,0,{"$f":"ADDRESS(MATCH(COUNTIF($R$2:$R1177,\"NIVEL 1\"),V:V,0),COLUMN(S1177))","v":"$S$1136"},{"$f":"ADDRESS(MATCH(COUNTIF($R$2:$R1177,\"NIVEL 1\"),V:V,0),COLUMN(W1177))","v":"$W$1136"},{"$f":"ADDRESS((MATCH(COUNTIF(INDIRECT(Z1177):$S1177,\"NIVEL 2\"),INDIRECT(AA1177):W1177,0)+(MATCH(COUNTIF($R$2:$R1177,\"NIVEL 1\"),V:V,0)-1)),COLUMN(T1177))","v":"$T$1177"},null,null,null,null,null,null,null,null,null,null,null,null,null,null,null,null,null,null,null,null,null,null,null,null,null,null,{"$f":"PROCURA_PRECO_SERVICO","v":0}]
[null,null,null,null,null,null,null,null,null,null,null,null,null,null,null,null,null,null,null,null,null,{"$f":"COUNTIF($R$2:$R1178,\"NIVEL 1\")","v":17},2,0,{"$f":"IF(U1178=\"NIVEL 4\",OFFSET(Y1178,-1,0)+1,0)","v":0},{"$f":"ADDRESS(MATCH(COUNTIF($R$2:$R1178,\"NIVEL 1\"),V:V,0),COLUMN(S1178))","v":"$S$1136"},{"$f":"ADDRESS(MATCH(COUNTIF($R$2:$R1178,\"NIVEL 1\"),V:V,0),COLUMN(W1178))","v":"$W$1136"},{"$f":"ADDRESS((MATCH(COUNTIF(INDIRECT(Z1178):$S1178,\"NIVEL 2\"),INDIRECT(AA1178):W1178,0)+(MATCH(COUNTIF($R$2:$R1178,\"NIVEL 1\"),V:V,0)-1)),COLUMN(T1178))","v":"$T$1177"},null,null,null,null,null,null,null,null,null,null,null,null,null,null,null,null,null,null,null,null,null,null,null,null,null,null,{"$f":"PROCURA_PRECO_SERVICO","v":0}]
[{"$f":"V1179&\".\"&W1179&\".\"&X1179","v":"17.2.1"},null,null,"PLUVIAL SERIE REFORÇADO",null,null,null,null,null,null,null,null,null,"SUBSUBITEM_INICIO",null,null,null,"NIVEL 3","NIVEL 3","NIVEL 3",null,{"$f":"COUNTIF($R$2:$R1179,\"NIVEL 1\")","v":17},2,1,0,{"$f":"ADDRESS(MATCH(COUNTIF($R$2:$R1179,\"NIVEL 1\"),V:V,0),COLUMN(S1179))","v":"$S$1136"},{"$f":"ADDRESS(MATCH(COUNTIF($R$2:$R1179,\"NIVEL 1\"),V:V,0),COLUMN(W1179))","v":"$W$1136"},{"$f":"ADDRESS((MATCH(COUNTIF(INDIRECT(Z1179):$S1179,\"NIVEL 2\"),INDIRECT(AA1179):W1179,0)+(MATCH(COUNTIF($R$2:$R1179,\"NIVEL 1\"),V:V,0)-1)),COLUMN(T1179))","v":"$T$1177"},null,null,null,null,null,null,null,null,null,null,null,null,null,null,null,null,null,null,null,null,null,null,null,null,null,null,{"$f":"PROCURA_PRECO_SERVICO","v":0}]
[null,null,null,null,null,null,null,null,null,null,null,null,null,null,null,null,null,null,null,null,null,{"$f":"COUNTIF($R$2:$R1180,\"NIVEL 1\")","v":17},2,1,0,{"$f":"ADDRESS(MATCH(COUNTIF($R$2:$R1180,\"NIVEL 1\"),V:V,0),COLUMN(S1180))","v":"$S$1136"},{"$f":"ADDRESS(MATCH(COUNTIF($R$2:$R1180,\"NIVEL 1\"),V:V,0),COLUMN(W1180))","v":"$W$1136"},{"$f":"ADDRESS((MATCH(COUNTIF(INDIRECT(Z1180):$S1180,\"NIVEL 2\"),INDIRECT(AA1180):W1180,0)+(MATCH(COUNTIF($R$2:$R1180,\"NIVEL 1\"),V:V,0)-1)),COLUMN(T1180))","v":"$T$1177"},null,null,null,null,null,null,null,null,null,null,null,null,null,null,null,null,null,null,null,null,null,null,null,null,null,null,{"$f":"PROCURA_PRECO_SERVICO","v":0}]
[{"$f":"V1181&\".\"&W1181&\".\"&X1181&\".\"&Y1181","v":"17.2.1.1"},"SINAPI","89512",{"$f":"PROCURA_DESCRICAO_SERVICO","v":"TUBO PVC, SÉRIE R, ÁGUA PLUVIAL, DN 100 MM, FORNECIDO E INSTALADO EM RAMAL DE ENCAMINHAMENTO. AF_06/2022"},{"$f":"PROCURA_UNIDADE_SERVICO","v":"M"},38,{"$f":"PROCURA_PRECO_SERVICO","v":"53,65"},{"$f":"CUSTO_BDI_SERVICO","v":67.72},{"$f":"CUSTO_TOTAL_SERVICO","v":2573.36},null,null,null,null,"SERVIÇO",null,null,null,"NIVEL 4","NIVEL 4","NIVEL 4","NIVEL 4",{"$f":"COUNTIF($R$2:$R1181,\"NIVEL 1\")","v":17},2,1,{"$f":"IF(U1181=\"NIVEL 4\",OFFSET(Y1181,-1,0)+1,0)","v":1},{"$f":"ADDRESS(MATCH(COUNTIF($R$2:$R1181,\"NIVEL 1\"),V:V,0),COLUMN(S1181))","v":"$S$1136"},{"$f":"ADDRESS(MATCH(COUNTIF($R$2:$R1181,\"NIVEL 1\"),V:V,0),COLUMN(W1181))","v":"$W$1136"},{"$f":"ADDRESS((MATCH(COUNTIF(INDIRECT(Z1181):$S1181,\"NIVEL 2\"),INDIRECT(AA1181):W1181,0)+(MATCH(COUNTIF($R$2:$R1181,\"NIVEL 1\"),V:V,0)-1)),COLUMN(T1181))","v":"$T$1177"},null,null,null,null,null,null,null,null,null,null,null,null,null,null,null,null,null,null,null,null,null,null,null,null,null,null,{"$f":"PROCURA_PRECO_SERVICO","v":"53,65"}]
[{"$f":"V1182&\".\"&W1182&\".\"&X1182&\".\"&Y1182","v":"17.2.1.2"},"SINAPI","104166",{"$f":"PROCURA_DESCRICAO_SERVICO","v":"TUBO PVC, SÉRIE R, ÁGUA PLUVIAL, DN 150 MM, FORNECIDO E INSTALADO EM RAMAL DE ENCAMINHAMENTO. AF_06/2022"},{"$f":"PROCURA_UNIDADE_SERVICO","v":"M"},42,{"$f":"PROCURA_PRECO_SERVICO","v":"84,62"},106.82,4486.44,null,null,null,null,"SERVIÇO",null,null,null,"NIVEL 4","NIVEL 4","NIVEL 4","NIVEL 4",{"$f":"COUNTIF($R$2:$R1182,\"NIVEL 1\")","v":17},2,1,2,{"$f":"ADDRESS(MATCH(COUNTIF($R$2:$R1182,\"NIVEL 1\"),V:V,0),COLUMN(S1182))","v":"$S$1136"},{"$f":"ADDRESS(MATCH(COUNTIF($R$2:$R1182,\"NIVEL 1\"),V:V,0),COLUMN(W1182))","v":"$W$1136"},{"$f":"ADDRESS((MATCH(COUNTIF(INDIRECT(Z1182):$S1182,\"NIVEL 2\"),INDIRECT(AA1182):W1182,0)+(MATCH(COUNTIF($R$2:$R1182,\"NIVEL 1\"),V:V,0)-1)),COLUMN(T1182))","v":"$T$1177"},null,null,null,null,null,null,null,null,null,null,null,null,null,null,null,null,null,null,null,null,null,null,null,null,null,null,{"$f":"PROCURA_PRECO_SERVICO","v":"84,62"}]
[{"$f":"V1183&\".\"&W1183&\".\"&X1183&\".\"&Y1183","v":"17.2.1.3"},"SETOP","ED-48671",{"$f":"PROCURA_DESCRICAO_SERVICO","v":"FORNECIMENTO E ASSENTAMENTO DE TUBO PVC RÍGIDO, DRENAGEM/PLUVIAL, PBV - SÉRIE NORMAL, DN 200 MM (8\"), INCLUSIVE CONEXÕES"},{"$f":"PROCURA_UNIDADE_SERVICO","v":"M"},84,{"$f":"PROCURA_PRECO_SERVICO","v":160.19},202.22,16986.48,null,null,null,null,"SERVIÇO",null,null,null,"NIVEL 4","NIVEL 4","NIVEL 4","NIVEL 4",{"$f":"COUNTIF($R$2:$R1183,\"NIVEL 1\")","v":17},2,1,{"$f":"IF(U1183=\"NIVEL 4\",OFFSET(Y1183,-1,0)+1,0)","v":3},{"$f":"ADDRESS(MATCH(COUNTIF($R$2:$R1183,\"NIVEL 1\"),V:V,0),COLUMN(S1183))","v":"$S$1136"},{"$f":"ADDRESS(MATCH(COUNTIF($R$2:$R1183,\"NIVEL 1\"),V:V,0),COLUMN(W1183))","v":"$W$1136"},{"$f":"ADDRESS((MATCH(COUNTIF(INDIRECT(Z1183):$S1183,\"NIVEL 2\"),INDIRECT(AA1183):W1183,0)+(MATCH(COUNTIF($R$2:$R1183,\"NIVEL 1\"),V:V,0)-1)),COLUMN(T1183))","v":"$T$1177"},null,null,null,null,null,null,null,null,null,null,null,null,null,null,null,null,null,null,null,null,null,null,null,null,null,null,{"$f":"PROCURA_PRECO_SERVICO","v":160.19}]
[null,null,null,null,null,null,null,null,null,null,null,null,null,null,null,null,null,null,null,null,null,{"$f":"COUNTIF($R$2:$R1184,\"NIVEL 1\")","v":17},2,1,0,{"$f":"ADDRESS(MATCH(COUNTIF($R$2:$R1184,\"NIVEL 1\"),V:V,0),COLUMN(S1184))","v":"$S$1136"},{"$f":"ADDRESS(MATCH(COUNTIF($R$2:$R1184,\"NIVEL 1\"),V:V,0),COLUMN(W1184))","v":"$W$1136"},{"$f":"ADDRESS((MATCH(COUNTIF(INDIRECT(Z1184):$S1184,\"NIVEL 2\"),INDIRECT(AA1184):W1184,0)+(MATCH(COUNTIF($R$2:$R1184,\"NIVEL 1\"),V:V,0)-1)),COLUMN(T1184))","v":"$T$1177"},null,null,null,null,null,null,null,null,null,null,null,null,null,null,null,null,null,null,null,null,null,null,null,null,null,null,{"$f":"PROCURA_PRECO_SERVICO","v":0}]
[null,null,null,{"$f":"\"SUBTOTAL DO ITEM - \"&A1179","v":"SUBTOTAL DO ITEM - 17.2.1"},null,null,null,null,{"$f":"SUBTOTAL(9,OFFSET(I1179,1,0):OFFSET(I1185,-1,0))","v":24046.28},null,null,null,null,"SUBSUBITEM_FIM",null,null,null,null,null,null,null,{"$f":"COUNTIF($R$2:$R1185,\"NIVEL 1\")","v":17},2,1,0,{"$f":"ADDRESS(MATCH(COUNTIF($R$2:$R1185,\"NIVEL 1\"),V:V,0),COLUMN(S1185))","v":"$S$1136"},{"$f":"ADDRESS(MATCH(COUNTIF($R$2:$R1185,\"NIVEL 1\"),V:V,0),COLUMN(W1185))","v":"$W$1136"},{"$f":"ADDRESS((MATCH(COUNTIF(INDIRECT(Z1185):$S1185,\"NIVEL 2\"),INDIRECT(AA1185):W1185,0)+(MATCH(COUNTIF($R$2:$R1185,\"NIVEL 1\"),V:V,0)-1)),COLUMN(T1185))","v":"$T$1177"},null,null,null,null,null,null,null,null,null,null,null,null,null,null,null,null,null,null,null,null,null,null,null,null,null,null,{"$f":"PROCURA_PRECO_SERVICO","v":0}]
[null,null,null,null,null,null,null,null,null,null,null,null,null,null,null,null,null,null,null,null,null,{"$f":"COUNTIF($R$2:$R1186,\"NIVEL 1\")","v":17},2,1,0,{"$f":"ADDRESS(MATCH(COUNTIF($R$2:$R1186,\"NIVEL 1\"),V:V,0),COLUMN(S1186))","v":"$S$1136"},{"$f":"ADDRESS(MATCH(COUNTIF($R$2:$R1186,\"NIVEL 1\"),V:V,0),COLUMN(W1186))","v":"$W$1136"},{"$f":"ADDRESS((MATCH(COUNTIF(INDIRECT(Z1186):$S1186,\"NIVEL 2\"),INDIRECT(AA1186):W1186,0)+(MATCH(COUNTIF($R$2:$R1186,\"NIVEL 1\"),V:V,0)-1)),COLUMN(T1186))","v":"$T$1177"},null,null,null,null,null,null,null,null,null,null,null,null,null,null,null,null,null,null,null,null,null,null,null,null,null,null,{"$f":"PROCURA_PRECO_SERVICO","v":0}]
[null,null,null,{"$f":"\"SUBTOTAL DO ITEM  - \"&A1177","v":"SUBTOTAL DO ITEM  - 17.2"},null,null,null,null,{"$f":"SUBTOTAL(9,OFFSET(I1177,1,0):OFFSET(I1187,-1,0))","v":24046.28},null,null,null,null,"SUBITEM_FIM",null,null,null,null,null,null,null,{"$f":"COUNTIF($R$2:$R1187,\"NIVEL 1\")","v":17},2,1,0,{"$f":"ADDRESS(MATCH(COUNTIF($R$2:$R1187,\"NIVEL 1\"),V:V,0),COLUMN(S1187))","v":"$S$1136"},{"$f":"ADDRESS(MATCH(COUNTIF($R$2:$R1187,\"NIVEL 1\"),V:V,0),COLUMN(W1187))","v":"$W$1136"},{"$f":"ADDRESS((MATCH(COUNTIF(INDIRECT(Z1187):$S1187,\"NIVEL 2\"),INDIRECT(AA1187):W1187,0)+(MATCH(COUNTIF($R$2:$R1187,\"NIVEL 1\"),V:V,0)-1)),COLUMN(T1187))","v":"$T$1177"},null,null,null,null,null,null,null,null,null,null,null,null,null,null,null,null,null,null,null,null,null,null,null,null,null,null,{"$f":"PROCURA_PRECO_SERVICO","v":0}]
[null,null,null,null,null,null,null,null,null,null,null,null,null,null,null,null,null,null,null,null,null,{"$f":"COUNTIF($R$2:$R1188,\"NIVEL 1\")","v":17},2,1,0,{"$f":"ADDRESS(MATCH(COUNTIF($R$2:$R1188,\"NIVEL 1\"),V:V,0),COLUMN(S1188))","v":"$S$1136"},{"$f":"ADDRESS(MATCH(COUNTIF($R$2:$R1188,\"NIVEL 1\"),V:V,0),COLUMN(W1188))","v":"$W$1136"},{"$f":"ADDRESS((MATCH(COUNTIF(INDIRECT(Z1188):$S1188,\"NIVEL 2\"),INDIRECT(AA1188):W1188,0)+(MATCH(COUNTIF($R$2:$R1188,\"NIVEL 1\"),V:V,0)-1)),COLUMN(T1188))","v":"$T$1177"},null,null,null,null,null,null,null,null,null,null,null,null,null,null,null,null,null,null,null,null,null,null,null,null,null,null,{"$f":"PROCURA_PRECO_SERVICO","v":0}]
[null,null,null,{"$f":"\"TOTAL DO ITEM - \"&A1136","v":"TOTAL DO ITEM - 17"},null,null,null,null,{"$f":"SUBTOTAL(9,OFFSET(I1136,1,0):OFFSET(I1189,-1,0))","v":95829.84},null,null,null,null,"ITEM_FIM",null,null,null,null,null,null,null,{"$f":"COUNTIF($R$2:$R1189,\"NIVEL 1\")","v":17},2,1,0,{"$f":"ADDRESS(MATCH(COUNTIF($R$2:$R1189,\"NIVEL 1\"),V:V,0),COLUMN(S1189))","v":"$S$1136"},{"$f":"ADDRESS(MATCH(COUNTIF($R$2:$R1189,\"NIVEL 1\"),V:V,0),COLUMN(W1189))","v":"$W$1136"},{"$f":"ADDRESS((MATCH(COUNTIF(INDIRECT(Z1189):$S1189,\"NIVEL 2\"),INDIRECT(AA1189):W1189,0)+(MATCH(COUNTIF($R$2:$R1189,\"NIVEL 1\"),V:V,0)-1)),COLUMN(T1189))","v":"$T$1177"},null,null,null,null,null,null,null,null,null,null,null,null,null,null,null,null,null,null,null,null,null,null,null,null,null,null,{"$f":"PROCURA_PRECO_SERVICO","v":0}]
[null,null,null,null,null,null,null,{"$f":"TRUNC(G1190*(1+$I$3),2)","v":0},null,null,null,null,null,null,null,null,null,null,null,null,null,{"$f":"COUNTIF($R$2:$R1190,\"NIVEL 1\")","v":17},2,1,0,{"$f":"ADDRESS(MATCH(COUNTIF($R$2:$R1190,\"NIVEL 1\"),V:V,0),COLUMN(S1190))","v":"$S$1136"},{"$f":"ADDRESS(MATCH(COUNTIF($R$2:$R1190,\"NIVEL 1\"),V:V,0),COLUMN(W1190))","v":"$W$1136"},{"$f":"ADDRESS((MATCH(COUNTIF(INDIRECT(Z1190):$S1190,\"NIVEL 2\"),INDIRECT(AA1190):W1190,0)+(MATCH(COUNTIF($R$2:$R1190,\"NIVEL 1\"),V:V,0)-1)),COLUMN(T1190))","v":"$T$1177"},null,null,null,null,null,null,null,null,null,null,null,null,null,null,null,null,null,null,null,null,null,null,null,null,null,null,{"$f":"PROCURA_PRECO_SERVICO","v":0}]
[{"$f":"V1191","v":18},null,null,"ACESSÓRIOS , LOUÇAS, METAIS E VIDROS",null,null,null,null,null,null,null,null,null,"ITEM_INICIO",null,null,null,"NIVEL 1",null,null,null,{"$f":"COUNTIF($R$2:$R1191,\"NIVEL 1\")","v":18},0,0,0,{"$f":"ADDRESS(MATCH(COUNTIF($R$2:$R1191,\"NIVEL 1\"),V:V,0),COLUMN(S1191))","v":"$S$1191"},{"$f":"ADDRESS(MATCH(COUNTIF($R$2:$R1191,\"NIVEL 1\"),V:V,0),COLUMN(W1191))","v":"$W$1191"},{"$f":"ADDRESS((MATCH(COUNTIF(INDIRECT(Z1191):$S1191,\"NIVEL 2\"),INDIRECT(AA1191):W1191,0)+(MATCH(COUNTIF($R$2:$R1191,\"NIVEL 1\"),V:V,0)-1)),COLUMN(T1191))","v":"$T$1191"},null,{"$f":"A1191","v":18},null,null,{"$f":"D1191","v":"ACESSÓRIOS , LOUÇAS, METAIS E VIDROS"},{"$f":"I1244","v":18153.34},{"$f":"AH1191/$I$1374","v":0.00930981709954745},null,null,null,null,null,null,null,null,null,null,null,null,null,null,null,null,null,null,null,{"$f":"PROCURA_PRECO_SERVICO","v":0}]
[null,null,null,null,null,null,null,null,null,null,null,null,null,null,null,null,null,null,null,null,null,{"$f":"COUNTIF($R$2:$R1192,\"NIVEL 1\")","v":18},0,0,{"$f":"IF(U1192=\"NIVEL 4\",OFFSET(Y1192,-1,0)+1,0)","v":0},{"$f":"ADDRESS(MATCH(COUNTIF($R$2:$R1192,\"NIVEL 1\"),V:V,0),COLUMN(S1192))","v":"$S$1191"},{"$f":"ADDRESS(MATCH(COUNTIF($R$2:$R1192,\"NIVEL 1\"),V:V,0),COLUMN(W1192))","v":"$W$1191"},{"$f":"ADDRESS((MATCH(COUNTIF(INDIRECT(Z1192):$S1192,\"NIVEL 2\"),INDIRECT(AA1192):W1192,0)+(MATCH(COUNTIF($R$2:$R1192,\"NIVEL 1\"),V:V,0)-1)),COLUMN(T1192))","v":"$T$1191"},null,null,null,null,null,null,null,null,null,null,null,null,null,null,null,null,null,null,null,null,null,null,null,null,null,null,{"$f":"PROCURA_PRECO_SERVICO","v":0}]
[{"$f":"V1193&\".\"&W1193","v":"18.1"},null,null,"ACESSÓRIOS",null,null,null,null,null,null,null,null,null,"SUBITEM_INICIO",null,null,null,"NIVEL 2","NIVEL 2",null,null,{"$f":"COUNTIF($R$2:$R1193,\"NIVEL 1\")","v":18},1,0,0,{"$f":"ADDRESS(MATCH(COUNTIF($R$2:$R1193,\"NIVEL 1\"),V:V,0),COLUMN(S1193))","v":"$S$1191"},{"$f":"ADDRESS(MATCH(COUNTIF($R$2:$R1193,\"NIVEL 1\"),V:V,0),COLUMN(W1193))","v":"$W$1191"},{"$f":"ADDRESS((MATCH(COUNTIF(INDIRECT(Z1193):$S1193,\"NIVEL 2\"),INDIRECT(AA1193):W1193,0)+(MATCH(COUNTIF($R$2:$R1193,\"NIVEL 1\"),V:V,0)-1)),COLUMN(T1193))","v":"$T$1193"},null,null,null,null,null,null,null,null,null,null,null,null,null,null,null,null,null,null,null,null,null,null,null,null,null,null,{"$f":"PROCURA_PRECO_SERVICO","v":0}]
[null,null,null,null,null,null,null,null,null,null,null,null,null,null,null,null,null,null,null,null,null,{"$f":"COUNTIF($R$2:$R1194,\"NIVEL 1\")","v":18},1,0,0,{"$f":"ADDRESS(MATCH(COUNTIF($R$2:$R1194,\"NIVEL 1\"),V:V,0),COLUMN(S1194))","v":"$S$1191"},{"$f":"ADDRESS(MATCH(COUNTIF($R$2:$R1194,\"NIVEL 1\"),V:V,0),COLUMN(W1194))","v":"$W$1191"},{"$f":"ADDRESS((MATCH(COUNTIF(INDIRECT(Z1194):$S1194,\"NIVEL 2\"),INDIRECT(AA1194):W1194,0)+(MATCH(COUNTIF($R$2:$R1194,\"NIVEL 1\"),V:V,0)-1)),COLUMN(T1194))","v":"$T$1193"},null,null,null,null,null,null,null,null,null,null,null,null,null,null,null,null,null,null,null,null,null,null,null,null,null,null,{"$f":"PROCURA_PRECO_SERVICO","v":0}]
[{"$f":"V1195&\".\"&W1195&\".\"&X1195","v":"18.1.1"},null,null,"ACESSÓRIOS",null,null,null,null,null,null,null,null,null,"SUBSUBITEM_INICIO",null,null,null,"NIVEL 3","NIVEL 3","NIVEL 3",null,{"$f":"COUNTIF($R$2:$R1195,\"NIVEL 1\")","v":18},1,1,0,{"$f":"ADDRESS(MATCH(COUNTIF($R$2:$R1195,\"NIVEL 1\"),V:V,0),COLUMN(S1195))","v":"$S$1191"},{"$f":"ADDRESS(MATCH(COUNTIF($R$2:$R1195,\"NIVEL 1\"),V:V,0),COLUMN(W1195))","v":"$W$1191"},{"$f":"ADDRESS((MATCH(COUNTIF(INDIRECT(Z1195):$S1195,\"NIVEL 2\"),INDIRECT(AA1195):W1195,0)+(MATCH(COUNTIF($R$2:$R1195,\"NIVEL 1\"),V:V,0)-1)),COLUMN(T1195))","v":"$T$1193"},null,null,null,null,null,null,null,null,null,null,null,null,null,null,null,null,null,null,null,null,null,null,null,null,null,null,{"$f":"PROCURA_PRECO_SERVICO","v":0}]
[null,null,null,null,null,null,null,null,null,null,null,null,null,null,null,null,null,null,null,null,null,{"$f":"COUNTIF($R$2:$R1196,\"NIVEL 1\")","v":18},1,1,0,{"$f":"ADDRESS(MATCH(COUNTIF($R$2:$R1196,\"NIVEL 1\"),V:V,0),COLUMN(S1196))","v":"$S$1191"},{"$f":"ADDRESS(MATCH(COUNTIF($R$2:$R1196,\"NIVEL 1\"),V:V,0),COLUMN(W1196))","v":"$W$1191"},{"$f":"ADDRESS((MATCH(COUNTIF(INDIRECT(Z1196):$S1196,\"NIVEL 2\"),INDIRECT(AA1196):W1196,0)+(MATCH(COUNTIF($R$2:$R1196,\"NIVEL 1\"),V:V,0)-1)),COLUMN(T1196))","v":"$T$1193"},null,null,null,null,null,null,null,null,null,null,null,null,null,null,null,null,null,null,null,null,null,null,null,null,null,null,{"$f":"PROCURA_PRECO_SERVICO","v":0}]
[{"$f":"V1197&\".\"&W1197&\".\"&X1197&\".\"&Y1197","v":"18.1.1.1"},"SETOP","ED-48189",{"$f":"PROCURA_DESCRICAO_SERVICO","v":"SABONETEIRA PLASTICA TIPO DISPENSER PARA SABONETE LIQUIDO COM RESERVATORIO 1500 ML"},{"$f":"PROCURA_UNIDADE_SERVICO","v":"U"},8,{"$f":"PROCURA_PRECO_SERVICO","v":72.13},{"$f":"CUSTO_BDI_SERVICO","v":91.05},{"$f":"CUSTO_TOTAL_SERVICO","v":728.4},null,null,null,null,"SERVIÇO",null,null,null,"NIVEL 4","NIVEL 4","NIVEL 4","NIVEL 4",{"$f":"COUNTIF($R$1:$R1197,\"NIVEL 1\")","v":18},1,1,{"$f":"IF(U1197=\"NIVEL 4\",OFFSET(Y1197,-1,0)+1,0)","v":1},{"$f":"ADDRESS(MATCH(COUNTIF($R$1:$R1197,\"NIVEL 1\"),V:V,0),COLUMN(S1197))","v":"$S$1191"},{"$f":"ADDRESS(MATCH(COUNTIF($R$1:$R1197,\"NIVEL 1\"),V:V,0),COLUMN(W1197))","v":"$W$1191"},{"$f":"ADDRESS((MATCH(COUNTIF(INDIRECT(Z1197):$S1197,\"NIVEL 2\"),INDIRECT(AA1197):W1197,0)+(MATCH(COUNTIF($R$1:$R1197,\"NIVEL 1\"),V:V,0)-1)),COLUMN(T1197))","v":"$T$1193"},null,null,null,null,null,null,null,null,null,null,null,null,null,null,null,null,null,null,null,null,null,null,null,null,null,null,{"$f":"PROCURA_PRECO_SERVICO","v":72.13}]
[{"$f":"V1198&\".\"&W1198&\".\"&X1198&\".\"&Y1198","v":"18.1.1.2"},"SETOP","ED-48182",{"$f":"PROCURA_DESCRICAO_SERVICO","v":"DISPENSER EM PLÁSTICO PARA PAPEL TOALHA 2 OU 3 FOLHAS"},{"$f":"PROCURA_UNIDADE_SERVICO","v":"U"},8,{"$f":"PROCURA_PRECO_SERVICO","v":62.74},{"$f":"CUSTO_BDI_SERVICO","v":79.2},{"$f":"CUSTO_TOTAL_SERVICO","v":633.6},null,null,null,null,"SERVIÇO",null,null,null,"NIVEL 4","NIVEL 4","NIVEL 4","NIVEL 4",{"$f":"COUNTIF($R$1:$R1198,\"NIVEL 1\")","v":18},1,1,2,{"$f":"ADDRESS(MATCH(COUNTIF($R$1:$R1198,\"NIVEL 1\"),V:V,0),COLUMN(S1198))","v":"$S$1191"},{"$f":"ADDRESS(MATCH(COUNTIF($R$1:$R1198,\"NIVEL 1\"),V:V,0),COLUMN(W1198))","v":"$W$1191"},{"$f":"ADDRESS((MATCH(COUNTIF(INDIRECT(Z1198):$S1198,\"NIVEL 2\"),INDIRECT(AA1198):W1198,0)+(MATCH(COUNTIF($R$1:$R1198,\"NIVEL 1\"),V:V,0)-1)),COLUMN(T1198))","v":"$T$1193"},null,null,null,null,null,null,null,null,null,null,null,null,null,null,null,null,null,null,null,null,null,null,null,null,null,null,{"$f":"PROCURA_PRECO_SERVICO","v":62.74}]
[{"$f":"V1199&\".\"&W1199&\".\"&X1199&\".\"&Y1199","v":"18.1.1.3"},"SETOP","ED-48183",{"$f":"PROCURA_DESCRICAO_SERVICO","v":"PAPELEIRA PLASTICA TIPO DISPENSER PARA PAPEL HIGIENICO ROLAO"},{"$f":"PROCURA_UNIDADE_SERVICO","v":"U"},11,{"$f":"PROCURA_PRECO_SERVICO","v":61.22},{"$f":"CUSTO_BDI_SERVICO","v":77.28},{"$f":"CUSTO_TOTAL_SERVICO","v":850.08},null,null,null,null,"SERVIÇO",null,null,null,"NIVEL 4","NIVEL 4","NIVEL 4","NIVEL 4",{"$f":"COUNTIF($R$1:$R1199,\"NIVEL 1\")","v":18},1,1,{"$f":"IF(U1199=\"NIVEL 4\",OFFSET(Y1199,-1,0)+1,0)","v":3},{"$f":"ADDRESS(MATCH(COUNTIF($R$1:$R1199,\"NIVEL 1\"),V:V,0),COLUMN(S1199))","v":"$S$1191"},{"$f":"ADDRESS(MATCH(COUNTIF($R$1:$R1199,\"NIVEL 1\"),V:V,0),COLUMN(W1199))","v":"$W$1191"},{"$f":"ADDRESS((MATCH(COUNTIF(INDIRECT(Z1199):$S1199,\"NIVEL 2\"),INDIRECT(AA1199):W1199,0)+(MATCH(COUNTIF($R$1:$R1199,\"NIVEL 1\"),V:V,0)-1)),COLUMN(T1199))","v":"$T$1193"},null,null,null,null,null,null,null,null,null,null,null,null,null,null,null,null,null,null,null,null,null,null,null,null,null,null,{"$f":"PROCURA_PRECO_SERVICO","v":61.22}]
["18.1.1.4","SINAPI","100849",{"$f":"PROCURA_DESCRICAO_SERVICO","v":"ASSENTO SANITÁRIO CONVENCIONAL - FORNECIMENTO E INSTALACAO. AF_01/2020"},{"$f":"PROCURA_UNIDADE_SERVICO","v":"UN"},9,{"$f":"PROCURA_PRECO_SERVICO","v":"46,50"},58.7,528.3,null,null,null,null,"SERVIÇO",null,null,null,"NIVEL 4","NIVEL 4","NIVEL 4","NIVEL 4",{"$f":"COUNTIF($R$1:$R1200,\"NIVEL 1\")","v":18},1,1,4,{"$f":"ADDRESS(MATCH(COUNTIF($R$1:$R1200,\"NIVEL 1\"),V:V,0),COLUMN(S1200))","v":"$S$1191"},{"$f":"ADDRESS(MATCH(COUNTIF($R$1:$R1200,\"NIVEL 1\"),V:V,0),COLUMN(W1200))","v":"$W$1191"},{"$f":"ADDRESS((MATCH(COUNTIF(INDIRECT(Z1200):$S1200,\"NIVEL 2\"),INDIRECT(AA1200):W1200,0)+(MATCH(COUNTIF($R$1:$R1200,\"NIVEL 1\"),V:V,0)-1)),COLUMN(T1200))","v":"$T$1193"},null,null,null,null,null,null,null,null,null,null,null,null,null,null,null,null,null,null,null,null,null,null,null,null,null,null,{"$f":"PROCURA_PRECO_SERVICO","v":"46,50"}]
[{"$f":"V1201&\".\"&W1201&\".\"&X1201&\".\"&Y1201","v":"18.1.1.5"},"SETOP","ED-48157",{"$f":"PROCURA_DESCRICAO_SERVICO","v":"ASSENTO PARA VASO PNE (NBR 9050)"},{"$f":"PROCURA_UNIDADE_SERVICO","v":"U"},3,{"$f":"PROCURA_PRECO_SERVICO","v":127.09},{"$f":"CUSTO_BDI_SERVICO","v":160.43},{"$f":"CUSTO_TOTAL_SERVICO","v":481.29},null,null,null,null,"SERVIÇO",null,null,null,"NIVEL 4","NIVEL 4","NIVEL 4","NIVEL 4",{"$f":"COUNTIF($R$1:$R1201,\"NIVEL 1\")","v":18},1,1,{"$f":"IF(U1201=\"NIVEL 4\",OFFSET(Y1201,-1,0)+1,0)","v":5},{"$f":"ADDRESS(MATCH(COUNTIF($R$1:$R1201,\"NIVEL 1\"),V:V,0),COLUMN(S1201))","v":"$S$1191"},{"$f":"ADDRESS(MATCH(COUNTIF($R$1:$R1201,\"NIVEL 1\"),V:V,0),COLUMN(W1201))","v":"$W$1191"},{"$f":"ADDRESS((MATCH(COUNTIF(INDIRECT(Z1201):$S1201,\"NIVEL 2\"),INDIRECT(AA1201):W1201,0)+(MATCH(COUNTIF($R$1:$R1201,\"NIVEL 1\"),V:V,0)-1)),COLUMN(T1201))","v":"$T$1193"},null,null,null,null,null,null,null,null,null,null,null,null,null,null,null,null,null,null,null,null,null,null,null,null,null,null,{"$f":"PROCURA_PRECO_SERVICO","v":127.09}]
[null,null,null,null,null,null,null,null,null,null,null,null,null,null,null,null,null,null,null,null,null,{"$f":"COUNTIF($R$2:$R1202,\"NIVEL 1\")","v":18},1,1,0,{"$f":"ADDRESS(MATCH(COUNTIF($R$2:$R1202,\"NIVEL 1\"),V:V,0),COLUMN(S1202))","v":"$S$1191"},{"$f":"ADDRESS(MATCH(COUNTIF($R$2:$R1202,\"NIVEL 1\"),V:V,0),COLUMN(W1202))","v":"$W$1191"},{"$f":"ADDRESS((MATCH(COUNTIF(INDIRECT(Z1202):$S1202,\"NIVEL 2\"),INDIRECT(AA1202):W1202,0)+(MATCH(COUNTIF($R$2:$R1202,\"NIVEL 1\"),V:V,0)-1)),COLUMN(T1202))","v":"$T$1193"},null,null,null,null,null,null,null,null,null,null,null,null,null,null,null,null,null,null,null,null,null,null,null,null,null,null,{"$f":"PROCURA_PRECO_SERVICO","v":0}]
[null,null,null,{"$f":"\"SUBTOTAL DO ITEM - \"&A1195","v":"SUBTOTAL DO ITEM - 18.1.1"},null,null,null,null,{"$f":"SUBTOTAL(9,OFFSET(I1195,1,0):OFFSET(I1203,-1,0))","v":3221.67},null,null,null,null,"SUBSUBITEM_FIM",null,null,null,null,null,null,null,{"$f":"COUNTIF($R$2:$R1203,\"NIVEL 1\")","v":18},1,1,0,{"$f":"ADDRESS(MATCH(COUNTIF($R$2:$R1203,\"NIVEL 1\"),V:V,0),COLUMN(S1203))","v":"$S$1191"},{"$f":"ADDRESS(MATCH(COUNTIF($R$2:$R1203,\"NIVEL 1\"),V:V,0),COLUMN(W1203))","v":"$W$1191"},{"$f":"ADDRESS((MATCH(COUNTIF(INDIRECT(Z1203):$S1203,\"NIVEL 2\"),INDIRECT(AA1203):W1203,0)+(MATCH(COUNTIF($R$2:$R1203,\"NIVEL 1\"),V:V,0)-1)),COLUMN(T1203))","v":"$T$1193"},null,null,null,null,null,null,null,null,null,null,null,null,null,null,null,null,null,null,null,null,null,null,null,null,null,null,{"$f":"PROCURA_PRECO_SERVICO","v":0}]
[null,null,null,null,null,null,null,null,null,null,null,null,null,null,null,null,null,null,null,null,null,{"$f":"COUNTIF($R$2:$R1204,\"NIVEL 1\")","v":18},1,1,0,{"$f":"ADDRESS(MATCH(COUNTIF($R$2:$R1204,\"NIVEL 1\"),V:V,0),COLUMN(S1204))","v":"$S$1191"},{"$f":"ADDRESS(MATCH(COUNTIF($R$2:$R1204,\"NIVEL 1\"),V:V,0),COLUMN(W1204))","v":"$W$1191"},{"$f":"ADDRESS((MATCH(COUNTIF(INDIRECT(Z1204):$S1204,\"NIVEL 2\"),INDIRECT(AA1204):W1204,0)+(MATCH(COUNTIF($R$2:$R1204,\"NIVEL 1\"),V:V,0)-1)),COLUMN(T1204))","v":"$T$1193"},null,null,null,null,null,null,null,null,null,null,null,null,null,null,null,null,null,null,null,null,null,null,null,null,null,null,{"$f":"PROCURA_PRECO_SERVICO","v":0}]
[null,null,null,{"$f":"\"SUBTOTAL DO ITEM  - \"&A1193","v":"SUBTOTAL DO ITEM  - 18.1"},null,null,null,null,{"$f":"SUBTOTAL(9,OFFSET(I1193,1,0):OFFSET(I1205,-1,0))","v":3221.67},null,null,null,null,"SUBITEM_FIM",null,null,null,null,null,null,null,{"$f":"COUNTIF($R$2:$R1205,\"NIVEL 1\")","v":18},1,1,0,{"$f":"ADDRESS(MATCH(COUNTIF($R$2:$R1205,\"NIVEL 1\"),V:V,0),COLUMN(S1205))","v":"$S$1191"},{"$f":"ADDRESS(MATCH(COUNTIF($R$2:$R1205,\"NIVEL 1\"),V:V,0),COLUMN(W1205))","v":"$W$1191"},{"$f":"ADDRESS((MATCH(COUNTIF(INDIRECT(Z1205):$S1205,\"NIVEL 2\"),INDIRECT(AA1205):W1205,0)+(MATCH(COUNTIF($R$2:$R1205,\"NIVEL 1\"),V:V,0)-1)),COLUMN(T1205))","v":"$T$1193"},null,null,null,null,null,null,null,null,null,null,null,null,null,null,null,null,null,null,null,null,null,null,null,null,null,null,{"$f":"PROCURA_PRECO_SERVICO","v":0}]
[null,null,null,null,null,null,null,null,null,null,null,null,null,null,null,null,null,null,null,null,null,{"$f":"COUNTIF($R$2:$R1206,\"NIVEL 1\")","v":18},1,1,0,{"$f":"ADDRESS(MATCH(COUNTIF($R$2:$R1206,\"NIVEL 1\"),V:V,0),COLUMN(S1206))","v":"$S$1191"},{"$f":"ADDRESS(MATCH(COUNTIF($R$2:$R1206,\"NIVEL 1\"),V:V,0),COLUMN(W1206))","v":"$W$1191"},{"$f":"ADDRESS((MATCH(COUNTIF(INDIRECT(Z1206):$S1206,\"NIVEL 2\"),INDIRECT(AA1206):W1206,0)+(MATCH(COUNTIF($R$2:$R1206,\"NIVEL 1\"),V:V,0)-1)),COLUMN(T1206))","v":"$T$1193"},null,null,null,null,null,null,null,null,null,null,null,null,null,null,null,null,null,null,null,null,null,null,null,null,null,null,{"$f":"PROCURA_PRECO_SERVICO","v":0}]
[{"$f":"V1207&\".\"&W1207","v":"18.2"},null,null,"LOUÇAS",null,null,null,null,null,null,null,null,null,"SUBITEM_INICIO",null,null,null,"NIVEL 2","NIVEL 2",null,null,{"$f":"COUNTIF($R$2:$R1207,\"NIVEL 1\")","v":18},2,0,0,{"$f":"ADDRESS(MATCH(COUNTIF($R$2:$R1207,\"NIVEL 1\"),V:V,0),COLUMN(S1207))","v":"$S$1191"},{"$f":"ADDRESS(MATCH(COUNTIF($R$2:$R1207,\"NIVEL 1\"),V:V,0),COLUMN(W1207))","v":"$W$1191"},{"$f":"ADDRESS((MATCH(COUNTIF(INDIRECT(Z1207):$S1207,\"NIVEL 2\"),INDIRECT(AA1207):W1207,0)+(MATCH(COUNTIF($R$2:$R1207,\"NIVEL 1\"),V:V,0)-1)),COLUMN(T1207))","v":"$T$1207"},null,null,null,null,null,null,null,null,null,null,null,null,null,null,null,null,null,null,null,null,null,null,null,null,null,null,{"$f":"PROCURA_PRECO_SERVICO","v":0}]
[null,null,null,null,null,null,null,null,null,null,null,null,null,null,null,null,null,null,null,null,null,{"$f":"COUNTIF($R$2:$R1208,\"NIVEL 1\")","v":18},2,0,0,{"$f":"ADDRESS(MATCH(COUNTIF($R$2:$R1208,\"NIVEL 1\"),V:V,0),COLUMN(S1208))","v":"$S$1191"},{"$f":"ADDRESS(MATCH(COUNTIF($R$2:$R1208,\"NIVEL 1\"),V:V,0),COLUMN(W1208))","v":"$W$1191"},{"$f":"ADDRESS((MATCH(COUNTIF(INDIRECT(Z1208):$S1208,\"NIVEL 2\"),INDIRECT(AA1208):W1208,0)+(MATCH(COUNTIF($R$2:$R1208,\"NIVEL 1\"),V:V,0)-1)),COLUMN(T1208))","v":"$T$1207"},null,null,null,null,null,null,null,null,null,null,null,null,null,null,null,null,null,null,null,null,null,null,null,null,null,null,{"$f":"PROCURA_PRECO_SERVICO","v":0}]
[{"$f":"V1209&\".\"&W1209&\".\"&X1209","v":"18.2.1"},null,null,"LOUÇAS",null,null,null,null,null,null,null,null,null,"SUBSUBITEM_INICIO",null,null,null,"NIVEL 3","NIVEL 3","NIVEL 3",null,{"$f":"COUNTIF($R$2:$R1209,\"NIVEL 1\")","v":18},2,1,0,{"$f":"ADDRESS(MATCH(COUNTIF($R$2:$R1209,\"NIVEL 1\"),V:V,0),COLUMN(S1209))","v":"$S$1191"},{"$f":"ADDRESS(MATCH(COUNTIF($R$2:$R1209,\"NIVEL 1\"),V:V,0),COLUMN(W1209))","v":"$W$1191"},{"$f":"ADDRESS((MATCH(COUNTIF(INDIRECT(Z1209):$S1209,\"NIVEL 2\"),INDIRECT(AA1209):W1209,0)+(MATCH(COUNTIF($R$2:$R1209,\"NIVEL 1\"),V:V,0)-1)),COLUMN(T1209))","v":"$T$1207"},null,null,null,null,null,null,null,null,null,null,null,null,null,null,null,null,null,null,null,null,null,null,null,null,null,null,{"$f":"PROCURA_PRECO_SERVICO","v":0}]
[null,null,null,null,null,null,null,null,null,null,null,null,null,null,null,null,null,null,null,null,null,{"$f":"COUNTIF($R$2:$R1210,\"NIVEL 1\")","v":18},2,1,0,{"$f":"ADDRESS(MATCH(COUNTIF($R$2:$R1210,\"NIVEL 1\"),V:V,0),COLUMN(S1210))","v":"$S$1191"},{"$f":"ADDRESS(MATCH(COUNTIF($R$2:$R1210,\"NIVEL 1\"),V:V,0),COLUMN(W1210))","v":"$W$1191"},{"$f":"ADDRESS((MATCH(COUNTIF(INDIRECT(Z1210):$S1210,\"NIVEL 2\"),INDIRECT(AA1210):W1210,0)+(MATCH(COUNTIF($R$2:$R1210,\"NIVEL 1\"),V:V,0)-1)),COLUMN(T1210))","v":"$T$1207"},null,null,null,null,null,null,null,null,null,null,null,null,null,null,null,null,null,null,null,null,null,null,null,null,null,null,{"$f":"PROCURA_PRECO_SERVICO","v":0}]
[{"$f":"V1211&\".\"&W1211&\".\"&X1211&\".\"&Y1211","v":"18.2.1.1"},"SINAPI","86901",{"$f":"PROCURA_DESCRICAO_SERVICO","v":"CUBA DE EMBUTIR OVAL EM LOUÇA BRANCA, 35 X 50CM OU EQUIVALENTE - FORNECIMENTO E INSTALAÇÃO. AF_01/2020"},{"$f":"PROCURA_UNIDADE_SERVICO","v":"UN"},5,{"$f":"PROCURA_PRECO_SERVICO","v":"145,04"},{"$f":"CUSTO_BDI_SERVICO","v":183.09},{"$f":"CUSTO_TOTAL_SERVICO","v":915.45},null,null,null,null,"SERVIÇO",null,null,null,"NIVEL 4","NIVEL 4","NIVEL 4","NIVEL 4",{"$f":"COUNTIF($R$1:$R1211,\"NIVEL 1\")","v":18},2,1,1,{"$f":"ADDRESS(MATCH(COUNTIF($R$1:$R1211,\"NIVEL 1\"),V:V,0),COLUMN(S1211))","v":"$S$1191"},{"$f":"ADDRESS(MATCH(COUNTIF($R$1:$R1211,\"NIVEL 1\"),V:V,0),COLUMN(W1211))","v":"$W$1191"},{"$f":"ADDRESS((MATCH(COUNTIF(INDIRECT(Z1211):$S1211,\"NIVEL 2\"),INDIRECT(AA1211):W1211,0)+(MATCH(COUNTIF($R$1:$R1211,\"NIVEL 1\"),V:V,0)-1)),COLUMN(T1211))","v":"$T$1207"},null,null,null,null,null,null,null,null,null,null,null,null,null,null,null,null,null,null,null,null,null,null,null,null,null,null,{"$f":"PROCURA_PRECO_SERVICO","v":"145,04"}]
["18.2.1.2","SETOP","ED-2552",{"$f":"PROCURA_DESCRICAO_SERVICO","v":"LAVATÓRIO DE CANTO DE LOUÇA BRANCA SEM COLUNA, TAMANHO PEQUENO, INCLUSIVE ACESSÓRIOS DE FIXAÇÃO COM PARAFUSO CASTELO, VÁLVULA DE ESCOAMENTO DE METAL COM ACABAMENTO CROMADO, SIFÃO DE METAL TIPO COPO COM ACABAMENTO CROMADO, FORNECIMENTO, INSTALAÇÃO E REJUNTAMENTO, EXCLUSIVE TORNEIRA E ENGATE FLEXÍVEL"},{"$f":"PROCURA_UNIDADE_SERVICO","v":"UN"},3,{"$f":"PROCURA_PRECO_SERVICO","v":407.35},514.23,1542.69,null,null,null,null,"SERVIÇO",null,null,null,"NIVEL 4","NIVEL 4","NIVEL 4","NIVEL 4",{"$f":"COUNTIF($R$1:$R1212,\"NIVEL 1\")","v":18},2,1,2,{"$f":"ADDRESS(MATCH(COUNTIF($R$1:$R1212,\"NIVEL 1\"),V:V,0),COLUMN(S1212))","v":"$S$1191"},{"$f":"ADDRESS(MATCH(COUNTIF($R$1:$R1212,\"NIVEL 1\"),V:V,0),COLUMN(W1212))","v":"$W$1191"},{"$f":"ADDRESS((MATCH(COUNTIF(INDIRECT(Z1212):$S1212,\"NIVEL 2\"),INDIRECT(AA1212):W1212,0)+(MATCH(COUNTIF($R$1:$R1212,\"NIVEL 1\"),V:V,0)-1)),COLUMN(T1212))","v":"$T$1207"},null,null,null,null,null,null,null,null,null,null,null,null,null,null,null,null,null,null,null,null,null,null,null,null,null,null,{"$f":"PROCURA_PRECO_SERVICO","v":407.35}]
["18.2.1.3","SETOP","ED-50283",{"$f":"PROCURA_DESCRICAO_SERVICO","v":"LAVATÓRIO DE LOUÇA BRANCA SEM COLUNA, TAMANHO MÉDIO, INCLUSIVE ACESSÓRIOS DE FIXAÇÃO, VÁLVULA DE ESCOAMENTO DE METAL COM ACABAMENTO CROMADO, SIFÃO DE METAL TIPO COPO COM ACABAMENTO CROMADO, FORNECIMENTO, INSTALAÇÃO E REJUNTAMENTO, EXCLUSIVE TORNEIRA E ENGATE FLEXÍVEL"},{"$f":"PROCURA_UNIDADE_SERVICO","v":"U"},1,{"$f":"PROCURA_PRECO_SERVICO","v":349.51},441.22,441.22,null,null,null,null,"SERVIÇO",null,null,null,"NIVEL 4","NIVEL 4","NIVEL 4","NIVEL 4",{"$f":"COUNTIF($R$1:$R1213,\"NIVEL 1\")","v":18},2,1,3,{"$f":"ADDRESS(MATCH(COUNTIF($R$1:$R1213,\"NIVEL 1\"),V:V,0),COLUMN(S1213))","v":"$S$1191"},{"$f":"ADDRESS(MATCH(COUNTIF($R$1:$R1213,\"NIVEL 1\"),V:V,0),COLUMN(W1213))","v":"$W$1191"},{"$f":"ADDRESS((MATCH(COUNTIF(INDIRECT(Z1213):$S1213,\"NIVEL 2\"),INDIRECT(AA1213):W1213,0)+(MATCH(COUNTIF($R$1:$R1213,\"NIVEL 1\"),V:V,0)-1)),COLUMN(T1213))","v":"$T$1207"},null,null,null,null,null,null,null,null,null,null,null,null,null,null,null,null,null,null,null,null,null,null,null,null,null,null,{"$f":"PROCURA_PRECO_SERVICO","v":349.51}]
[null,null,null,null,null,null,null,null,null,null,null,null,null,null,null,null,null,null,null,null,null,{"$f":"COUNTIF($R$2:$R1214,\"NIVEL 1\")","v":18},2,1,0,{"$f":"ADDRESS(MATCH(COUNTIF($R$2:$R1214,\"NIVEL 1\"),V:V,0),COLUMN(S1214))","v":"$S$1191"},{"$f":"ADDRESS(MATCH(COUNTIF($R$2:$R1214,\"NIVEL 1\"),V:V,0),COLUMN(W1214))","v":"$W$1191"},{"$f":"ADDRESS((MATCH(COUNTIF(INDIRECT(Z1214):$S1214,\"NIVEL 2\"),INDIRECT(AA1214):W1214,0)+(MATCH(COUNTIF($R$2:$R1214,\"NIVEL 1\"),V:V,0)-1)),COLUMN(T1214))","v":"$T$1207"},null,null,null,null,null,null,null,null,null,null,null,null,null,null,null,null,null,null,null,null,null,null,null,null,null,null,{"$f":"PROCURA_PRECO_SERVICO","v":0}]
[null,null,null,{"$f":"\"SUBTOTAL DO ITEM - \"&A1209","v":"SUBTOTAL DO ITEM - 18.2.1"},null,null,null,null,{"$f":"SUBTOTAL(9,OFFSET(I1209,1,0):OFFSET(I1215,-1,0))","v":2899.36},null,null,null,null,"SUBSUBITEM_FIM",null,null,null,null,null,null,null,{"$f":"COUNTIF($R$2:$R1215,\"NIVEL 1\")","v":18},2,1,0,{"$f":"ADDRESS(MATCH(COUNTIF($R$2:$R1215,\"NIVEL 1\"),V:V,0),COLUMN(S1215))","v":"$S$1191"},{"$f":"ADDRESS(MATCH(COUNTIF($R$2:$R1215,\"NIVEL 1\"),V:V,0),COLUMN(W1215))","v":"$W$1191"},{"$f":"ADDRESS((MATCH(COUNTIF(INDIRECT(Z1215):$S1215,\"NIVEL 2\"),INDIRECT(AA1215):W1215,0)+(MATCH(COUNTIF($R$2:$R1215,\"NIVEL 1\"),V:V,0)-1)),COLUMN(T1215))","v":"$T$1207"},null,null,null,null,null,null,null,null,null,null,null,null,null,null,null,null,null,null,null,null,null,null,null,null,null,null,{"$f":"PROCURA_PRECO_SERVICO","v":0}]
[null,null,null,null,null,null,null,null,null,null,null,null,null,null,null,null,null,null,null,null,null,{"$f":"COUNTIF($R$2:$R1216,\"NIVEL 1\")","v":18},2,1,0,{"$f":"ADDRESS(MATCH(COUNTIF($R$2:$R1216,\"NIVEL 1\"),V:V,0),COLUMN(S1216))","v":"$S$1191"},{"$f":"ADDRESS(MATCH(COUNTIF($R$2:$R1216,\"NIVEL 1\"),V:V,0),COLUMN(W1216))","v":"$W$1191"},{"$f":"ADDRESS((MATCH(COUNTIF(INDIRECT(Z1216):$S1216,\"NIVEL 2\"),INDIRECT(AA1216):W1216,0)+(MATCH(COUNTIF($R$2:$R1216,\"NIVEL 1\"),V:V,0)-1)),COLUMN(T1216))","v":"$T$1207"},null,null,null,null,null,null,null,null,null,null,null,null,null,null,null,null,null,null,null,null,null,null,null,null,null,null,{"$f":"PROCURA_PRECO_SERVICO","v":0}]
[null,null,null,{"$f":"\"SUBTOTAL DO ITEM  - \"&A1207","v":"SUBTOTAL DO ITEM  - 18.2"},null,null,null,null,{"$f":"SUBTOTAL(9,OFFSET(I1207,1,0):OFFSET(I1217,-1,0))","v":2899.36},null,null,null,null,"SUBITEM_FIM",null,null,null,null,null,null,null,{"$f":"COUNTIF($R$2:$R1217,\"NIVEL 1\")","v":18},2,1,0,{"$f":"ADDRESS(MATCH(COUNTIF($R$2:$R1217,\"NIVEL 1\"),V:V,0),COLUMN(S1217))","v":"$S$1191"},{"$f":"ADDRESS(MATCH(COUNTIF($R$2:$R1217,\"NIVEL 1\"),V:V,0),COLUMN(W1217))","v":"$W$1191"},{"$f":"ADDRESS((MATCH(COUNTIF(INDIRECT(Z1217):$S1217,\"NIVEL 2\"),INDIRECT(AA1217):W1217,0)+(MATCH(COUNTIF($R$2:$R1217,\"NIVEL 1\"),V:V,0)-1)),COLUMN(T1217))","v":"$T$1207"},null,null,null,null,null,null,null,null,null,null,null,null,null,null,null,null,null,null,null,null,null,null,null,null,null,null,{"$f":"PROCURA_PRECO_SERVICO","v":0}]
[null,null,null,null,null,null,null,null,null,null,null,null,null,null,null,null,null,null,null,null,null,{"$f":"COUNTIF($R$2:$R1218,\"NIVEL 1\")","v":18},2,1,{"$f":"IF(U1218=\"NIVEL 4\",OFFSET(Y1218,-1,0)+1,0)","v":0},{"$f":"ADDRESS(MATCH(COUNTIF($R$2:$R1218,\"NIVEL 1\"),V:V,0),COLUMN(S1218))","v":"$S$1191"},{"$f":"ADDRESS(MATCH(COUNTIF($R$2:$R1218,\"NIVEL 1\"),V:V,0),COLUMN(W1218))","v":"$W$1191"},{"$f":"ADDRESS((MATCH(COUNTIF(INDIRECT(Z1218):$S1218,\"NIVEL 2\"),INDIRECT(AA1218):W1218,0)+(MATCH(COUNTIF($R$2:$R1218,\"NIVEL 1\"),V:V,0)-1)),COLUMN(T1218))","v":"$T$1207"},null,null,null,null,null,null,null,null,null,null,null,null,null,null,null,null,null,null,null,null,null,null,null,null,null,null,{"$f":"PROCURA_PRECO_SERVICO","v":0}]
[{"$f":"V1219&\".\"&W1219","v":"18.3"},null,null,"METAIS",null,null,null,null,null,null,null,null,null,"SUBITEM_INICIO",null,null,null,"NIVEL 2","NIVEL 2",null,null,{"$f":"COUNTIF($R$2:$R1219,\"NIVEL 1\")","v":18},3,0,0,{"$f":"ADDRESS(MATCH(COUNTIF($R$2:$R1219,\"NIVEL 1\"),V:V,0),COLUMN(S1219))","v":"$S$1191"},{"$f":"ADDRESS(MATCH(COUNTIF($R$2:$R1219,\"NIVEL 1\"),V:V,0),COLUMN(W1219))","v":"$W$1191"},{"$f":"ADDRESS((MATCH(COUNTIF(INDIRECT(Z1219):$S1219,\"NIVEL 2\"),INDIRECT(AA1219):W1219,0)+(MATCH(COUNTIF($R$2:$R1219,\"NIVEL 1\"),V:V,0)-1)),COLUMN(T1219))","v":"$T$1219"},null,null,null,null,null,null,null,null,null,null,null,null,null,null,null,null,null,null,null,null,null,null,null,null,null,null,{"$f":"PROCURA_PRECO_SERVICO","v":0}]
[null,null,null,null,null,null,null,null,null,null,null,null,null,null,null,null,null,null,null,null,null,{"$f":"COUNTIF($R$2:$R1220,\"NIVEL 1\")","v":18},3,0,0,{"$f":"ADDRESS(MATCH(COUNTIF($R$2:$R1220,\"NIVEL 1\"),V:V,0),COLUMN(S1220))","v":"$S$1191"},{"$f":"ADDRESS(MATCH(COUNTIF($R$2:$R1220,\"NIVEL 1\"),V:V,0),COLUMN(W1220))","v":"$W$1191"},{"$f":"ADDRESS((MATCH(COUNTIF(INDIRECT(Z1220):$S1220,\"NIVEL 2\"),INDIRECT(AA1220):W1220,0)+(MATCH(COUNTIF($R$2:$R1220,\"NIVEL 1\"),V:V,0)-1)),COLUMN(T1220))","v":"$T$1219"},null,null,null,null,null,null,null,null,null,null,null,null,null,null,null,null,null,null,null,null,null,null,null,null,null,null,{"$f":"PROCURA_PRECO_SERVICO","v":0}]
[{"$f":"V1221&\".\"&W1221&\".\"&X1221","v":"18.3.1"},null,null,"METAIS",null,null,null,null,null,null,null,null,null,"SUBSUBITEM_INICIO",null,null,null,"NIVEL 3","NIVEL 3","NIVEL 3",null,{"$f":"COUNTIF($R$2:$R1221,\"NIVEL 1\")","v":18},3,1,0,{"$f":"ADDRESS(MATCH(COUNTIF($R$2:$R1221,\"NIVEL 1\"),V:V,0),COLUMN(S1221))","v":"$S$1191"},{"$f":"ADDRESS(MATCH(COUNTIF($R$2:$R1221,\"NIVEL 1\"),V:V,0),COLUMN(W1221))","v":"$W$1191"},{"$f":"ADDRESS((MATCH(COUNTIF(INDIRECT(Z1221):$S1221,\"NIVEL 2\"),INDIRECT(AA1221):W1221,0)+(MATCH(COUNTIF($R$2:$R1221,\"NIVEL 1\"),V:V,0)-1)),COLUMN(T1221))","v":"$T$1219"},null,null,null,null,null,null,null,null,null,null,null,null,null,null,null,null,null,null,null,null,null,null,null,null,null,null,{"$f":"PROCURA_PRECO_SERVICO","v":0}]
[null,null,null,null,null,null,null,null,null,null,null,null,null,null,null,null,null,null,null,null,null,{"$f":"COUNTIF($R$2:$R1222,\"NIVEL 1\")","v":18},3,1,0,{"$f":"ADDRESS(MATCH(COUNTIF($R$2:$R1222,\"NIVEL 1\"),V:V,0),COLUMN(S1222))","v":"$S$1191"},{"$f":"ADDRESS(MATCH(COUNTIF($R$2:$R1222,\"NIVEL 1\"),V:V,0),COLUMN(W1222))","v":"$W$1191"},{"$f":"ADDRESS((MATCH(COUNTIF(INDIRECT(Z1222):$S1222,\"NIVEL 2\"),INDIRECT(AA1222):W1222,0)+(MATCH(COUNTIF($R$2:$R1222,\"NIVEL 1\"),V:V,0)-1)),COLUMN(T1222))","v":"$T$1219"},null,null,null,null,null,null,null,null,null,null,null,null,null,null,null,null,null,null,null,null,null,null,null,null,null,null,{"$f":"PROCURA_PRECO_SERVICO","v":0}]
[{"$f":"V1223&\".\"&W1223&\".\"&X1223&\".\"&Y1223","v":"18.3.1.1"},"SINAPI","100867",{"$f":"PROCURA_DESCRICAO_SERVICO","v":"BARRA DE APOIO RETA, EM ACO INOX POLIDO, COMPRIMENTO 70 CM,  FIXADA NA PAREDE - FORNECIMENTO E INSTALAÇÃO. AF_01/2020"},{"$f":"PROCURA_UNIDADE_SERVICO","v":"UN"},6,{"$f":"PROCURA_PRECO_SERVICO","v":"370,40"},{"$f":"CUSTO_BDI_SERVICO","v":467.59},{"$f":"CUSTO_TOTAL_SERVICO","v":2805.54},null,null,null,null,"SERVIÇO",null,null,null,"NIVEL 4","NIVEL 4","NIVEL 4","NIVEL 4",{"$f":"COUNTIF($R$1:$R1223,\"NIVEL 1\")","v":18},3,1,1,{"$f":"ADDRESS(MATCH(COUNTIF($R$1:$R1223,\"NIVEL 1\"),V:V,0),COLUMN(S1223))","v":"$S$1191"},{"$f":"ADDRESS(MATCH(COUNTIF($R$1:$R1223,\"NIVEL 1\"),V:V,0),COLUMN(W1223))","v":"$W$1191"},{"$f":"ADDRESS((MATCH(COUNTIF(INDIRECT(Z1223):$S1223,\"NIVEL 2\"),INDIRECT(AA1223):W1223,0)+(MATCH(COUNTIF($R$1:$R1223,\"NIVEL 1\"),V:V,0)-1)),COLUMN(T1223))","v":"$T$1219"},null,null,null,null,null,null,null,null,null,null,null,null,null,null,null,null,null,null,null,null,null,null,null,null,null,null,{"$f":"PROCURA_PRECO_SERVICO","v":"370,40"}]
["18.3.1.2","SINAPI","100868",{"$f":"PROCURA_DESCRICAO_SERVICO","v":"BARRA DE APOIO RETA, EM ACO INOX POLIDO, COMPRIMENTO 80 CM,  FIXADA NA PAREDE - FORNECIMENTO E INSTALAÇÃO. AF_01/2020"},{"$f":"PROCURA_UNIDADE_SERVICO","v":"UN"},3,{"$f":"PROCURA_PRECO_SERVICO","v":"383,07"},483.58,1450.74,null,null,null,null,"SERVIÇO",null,null,null,"NIVEL 4","NIVEL 4","NIVEL 4","NIVEL 4",{"$f":"COUNTIF($R$1:$R1224,\"NIVEL 1\")","v":18},{"$f":"IFERROR(COUNTIF(INDIRECT(Z1224):S1224,\"NIVEL 2\"),0)","v":3},{"$f":"COUNTIF(INDIRECT(AB1224):T1224,\"NIVEL 3\")","v":1},2,{"$f":"ADDRESS(MATCH(COUNTIF($R$1:$R1224,\"NIVEL 1\"),V:V,0),COLUMN(S1224))","v":"$S$1191"},{"$f":"ADDRESS(MATCH(COUNTIF($R$1:$R1224,\"NIVEL 1\"),V:V,0),COLUMN(W1224))","v":"$W$1191"},{"$f":"ADDRESS((MATCH(COUNTIF(INDIRECT(Z1224):$S1224,\"NIVEL 2\"),INDIRECT(AA1224):W1224,0)+(MATCH(COUNTIF($R$1:$R1224,\"NIVEL 1\"),V:V,0)-1)),COLUMN(T1224))","v":"$T$1219"},null,null,null,null,null,null,null,null,null,null,null,null,null,null,null,null,null,null,null,null,null,null,null,null,null,null,{"$f":"PROCURA_PRECO_SERVICO","v":"383,07"}]
["18.3.1.3","SETOP","ED-48167",{"$f":"PROCURA_DESCRICAO_SERVICO","v":"BARRA DE APOIO EM AÇO INOX POLIDO PARA LAVATÓRIO DE CANTO, DN 1.1/4\" (31,75MM), PARA ACESSIBILIDADE (PMR/PCR), INSTALADO EM PAREDE, INCLUSIVE FORNECIMENTO, INSTALAÇÃO E ACESSÓRIOS PARA FIXAÇÃO"},{"$f":"PROCURA_UNIDADE_SERVICO","v":"UN"},6,{"$f":"PROCURA_PRECO_SERVICO","v":236.7},298.81,1792.86,null,null,null,null,"SERVIÇO",null,null,null,"NIVEL 4","NIVEL 4","NIVEL 4","NIVEL 4",{"$f":"COUNTIF($R$1:$R1225,\"NIVEL 1\")","v":18},3,1,{"$f":"IF(U1225=\"NIVEL 4\",OFFSET(Y1225,-1,0)+1,0)","v":3},{"$f":"ADDRESS(MATCH(COUNTIF($R$1:$R1225,\"NIVEL 1\"),V:V,0),COLUMN(S1225))","v":"$S$1191"},{"$f":"ADDRESS(MATCH(COUNTIF($R$1:$R1225,\"NIVEL 1\"),V:V,0),COLUMN(W1225))","v":"$W$1191"},{"$f":"ADDRESS((MATCH(COUNTIF(INDIRECT(Z1225):$S1225,\"NIVEL 2\"),INDIRECT(AA1225):W1225,0)+(MATCH(COUNTIF($R$1:$R1225,\"NIVEL 1\"),V:V,0)-1)),COLUMN(T1225))","v":"$T$1219"},null,null,null,null,null,null,null,null,null,null,null,null,null,null,null,null,null,null,null,null,null,null,null,null,null,null,{"$f":"PROCURA_PRECO_SERVICO","v":236.7}]
[{"$f":"V1226&\".\"&W1226&\".\"&X1226&\".\"&Y1226","v":"18.3.1.4"},"SINAPI","100852",{"$f":"PROCURA_DESCRICAO_SERVICO","v":"CUBA DE EMBUTIR RETANGULAR DE AÇO INOXIDÁVEL, 56 X 33 X 12 CM - FORNECIMENTO E INSTALAÇÃO. AF_01/2020"},{"$f":"PROCURA_UNIDADE_SERVICO","v":"UN"},1,{"$f":"PROCURA_PRECO_SERVICO","v":"224,62"},283.56,283.56,null,null,null,null,"SERVIÇO",null,null,null,"NIVEL 4","NIVEL 4","NIVEL 4","NIVEL 4",{"$f":"COUNTIF($R$1:$R1226,\"NIVEL 1\")","v":18},3,1,{"$f":"IF(U1226=\"NIVEL 4\",OFFSET(Y1226,-1,0)+1,0)","v":4},{"$f":"ADDRESS(MATCH(COUNTIF($R$1:$R1226,\"NIVEL 1\"),V:V,0),COLUMN(S1226))","v":"$S$1191"},{"$f":"ADDRESS(MATCH(COUNTIF($R$1:$R1226,\"NIVEL 1\"),V:V,0),COLUMN(W1226))","v":"$W$1191"},{"$f":"ADDRESS((MATCH(COUNTIF(INDIRECT(Z1226):$S1226,\"NIVEL 2\"),INDIRECT(AA1226):W1226,0)+(MATCH(COUNTIF($R$1:$R1226,\"NIVEL 1\"),V:V,0)-1)),COLUMN(T1226))","v":"$T$1219"},null,null,null,null,null,null,null,null,null,null,null,null,null,null,null,null,null,null,null,null,null,null,null,null,null,null,{"$f":"PROCURA_PRECO_SERVICO","v":"224,62"}]
["18.3.1.5","SINAPI","86900",{"$f":"PROCURA_DESCRICAO_SERVICO","v":"CUBA DE EMBUTIR RETANGULAR DE AÇO INOXIDÁVEL, 46 X 30 X 12 CM - FORNECIMENTO E INSTALAÇÃO. AF_01/2020"},{"$f":"PROCURA_UNIDADE_SERVICO","v":"UN"},1,{"$f":"PROCURA_PRECO_SERVICO","v":"205,06"},258.86,258.86,null,null,null,null,"SERVIÇO",null,null,null,"NIVEL 4","NIVEL 4","NIVEL 4","NIVEL 4",{"$f":"COUNTIF($R$1:$R1227,\"NIVEL 1\")","v":18},3,1,5,{"$f":"ADDRESS(MATCH(COUNTIF($R$1:$R1227,\"NIVEL 1\"),V:V,0),COLUMN(S1227))","v":"$S$1191"},{"$f":"ADDRESS(MATCH(COUNTIF($R$1:$R1227,\"NIVEL 1\"),V:V,0),COLUMN(W1227))","v":"$W$1191"},{"$f":"ADDRESS((MATCH(COUNTIF(INDIRECT(Z1227):$S1227,\"NIVEL 2\"),INDIRECT(AA1227):W1227,0)+(MATCH(COUNTIF($R$1:$R1227,\"NIVEL 1\"),V:V,0)-1)),COLUMN(T1227))","v":"$T$1219"},null,null,null,null,null,null,null,null,null,null,null,null,null,null,null,null,null,null,null,null,null,null,null,null,null,null,{"$f":"PROCURA_PRECO_SERVICO","v":"205,06"}]
[{"$f":"V1228&\".\"&W1228&\".\"&X1228&\".\"&Y1228","v":"18.3.1.6"},"COMPOSIÇÃO","JMV-CRAS-091",{"$f":"PROCURA_DESCRICAO_SERVICO","v":"TANQUE DUPLO DE AÇO INOX AISI 304, MARCAS DE REFERÊNCIA FISHER (MOD TQI-D) METALPRESS OU MEKAL - BASEADA DA IOPES (170516)"},{"$f":"PROCURA_UNIDADE_SERVICO","v":"UND"},1,{"$f":"PROCURA_PRECO_SERVICO","v":3123.18},3942.7,3942.7,null,null,null,null,"SERVIÇO",null,null,null,"NIVEL 4","NIVEL 4","NIVEL 4","NIVEL 4",{"$f":"COUNTIF($R$1:$R1228,\"NIVEL 1\")","v":18},3,1,6,{"$f":"ADDRESS(MATCH(COUNTIF($R$1:$R1228,\"NIVEL 1\"),V:V,0),COLUMN(S1228))","v":"$S$1191"},{"$f":"ADDRESS(MATCH(COUNTIF($R$1:$R1228,\"NIVEL 1\"),V:V,0),COLUMN(W1228))","v":"$W$1191"},{"$f":"ADDRESS((MATCH(COUNTIF(INDIRECT(Z1228):$S1228,\"NIVEL 2\"),INDIRECT(AA1228):W1228,0)+(MATCH(COUNTIF($R$1:$R1228,\"NIVEL 1\"),V:V,0)-1)),COLUMN(T1228))","v":"$T$1219"},null,null,null,null,null,null,null,null,null,null,null,null,null,null,null,null,null,null,null,null,null,null,null,null,null,null,{"$f":"PROCURA_PRECO_SERVICO","v":3123.18}]
[null,null,null,null,null,null,null,null,null,null,null,null,null,null,null,null,null,null,null,null,null,{"$f":"COUNTIF($R$2:$R1229,\"NIVEL 1\")","v":18},3,1,0,{"$f":"ADDRESS(MATCH(COUNTIF($R$2:$R1229,\"NIVEL 1\"),V:V,0),COLUMN(S1229))","v":"$S$1191"},{"$f":"ADDRESS(MATCH(COUNTIF($R$2:$R1229,\"NIVEL 1\"),V:V,0),COLUMN(W1229))","v":"$W$1191"},{"$f":"ADDRESS((MATCH(COUNTIF(INDIRECT(Z1229):$S1229,\"NIVEL 2\"),INDIRECT(AA1229):W1229,0)+(MATCH(COUNTIF($R$2:$R1229,\"NIVEL 1\"),V:V,0)-1)),COLUMN(T1229))","v":"$T$1219"},null,null,null,null,null,null,null,null,null,null,null,null,null,null,null,null,null,null,null,null,null,null,null,null,null,null,{"$f":"PROCURA_PRECO_SERVICO","v":0}]
[null,null,null,{"$f":"\"SUBTOTAL DO ITEM - \"&A1221","v":"SUBTOTAL DO ITEM - 18.3.1"},null,null,null,null,{"$f":"SUBTOTAL(9,OFFSET(I1221,1,0):OFFSET(I1230,-1,0))","v":10534.26},null,null,null,null,"SUBSUBITEM_FIM",null,null,null,null,null,null,null,{"$f":"COUNTIF($R$2:$R1230,\"NIVEL 1\")","v":18},3,1,0,{"$f":"ADDRESS(MATCH(COUNTIF($R$2:$R1230,\"NIVEL 1\"),V:V,0),COLUMN(S1230))","v":"$S$1191"},{"$f":"ADDRESS(MATCH(COUNTIF($R$2:$R1230,\"NIVEL 1\"),V:V,0),COLUMN(W1230))","v":"$W$1191"},{"$f":"ADDRESS((MATCH(COUNTIF(INDIRECT(Z1230):$S1230,\"NIVEL 2\"),INDIRECT(AA1230):W1230,0)+(MATCH(COUNTIF($R$2:$R1230,\"NIVEL 1\"),V:V,0)-1)),COLUMN(T1230))","v":"$T$1219"},null,null,null,null,null,null,null,null,null,null,null,null,null,null,null,null,null,null,null,null,null,null,null,null,null,null,{"$f":"PROCURA_PRECO_SERVICO","v":0}]
[null,null,null,null,null,null,null,null,null,null,null,null,null,null,null,null,null,null,null,null,null,{"$f":"COUNTIF($R$2:$R1231,\"NIVEL 1\")","v":18},3,1,0,{"$f":"ADDRESS(MATCH(COUNTIF($R$2:$R1231,\"NIVEL 1\"),V:V,0),COLUMN(S1231))","v":"$S$1191"},{"$f":"ADDRESS(MATCH(COUNTIF($R$2:$R1231,\"NIVEL 1\"),V:V,0),COLUMN(W1231))","v":"$W$1191"},{"$f":"ADDRESS((MATCH(COUNTIF(INDIRECT(Z1231):$S1231,\"NIVEL 2\"),INDIRECT(AA1231):W1231,0)+(MATCH(COUNTIF($R$2:$R1231,\"NIVEL 1\"),V:V,0)-1)),COLUMN(T1231))","v":"$T$1219"},null,null,null,null,null,null,null,null,null,null,null,null,null,null,null,null,null,null,null,null,null,null,null,null,null,null,{"$f":"PROCURA_PRECO_SERVICO","v":0}]
[null,null,null,{"$f":"\"SUBTOTAL DO ITEM  - \"&A1219","v":"SUBTOTAL DO ITEM  - 18.3"},null,null,null,null,{"$f":"SUBTOTAL(9,OFFSET(I1219,1,0):OFFSET(I1232,-1,0))","v":10534.26},null,null,null,null,"SUBITEM_FIM",null,null,null,null,null,null,null,{"$f":"COUNTIF($R$2:$R1232,\"NIVEL 1\")","v":18},3,1,0,{"$f":"ADDRESS(MATCH(COUNTIF($R$2:$R1232,\"NIVEL 1\"),V:V,0),COLUMN(S1232))","v":"$S$1191"},{"$f":"ADDRESS(MATCH(COUNTIF($R$2:$R1232,\"NIVEL 1\"),V:V,0),COLUMN(W1232))","v":"$W$1191"},{"$f":"ADDRESS((MATCH(COUNTIF(INDIRECT(Z1232):$S1232,\"NIVEL 2\"),INDIRECT(AA1232):W1232,0)+(MATCH(COUNTIF($R$2:$R1232,\"NIVEL 1\"),V:V,0)-1)),COLUMN(T1232))","v":"$T$1219"},null,null,null,null,null,null,null,null,null,null,null,null,null,null,null,null,null,null,null,null,null,null,null,null,null,null,{"$f":"PROCURA_PRECO_SERVICO","v":0}]
[null,null,null,null,null,null,null,null,null,null,null,null,null,null,null,null,null,null,null,null,null,{"$f":"COUNTIF($R$2:$R1233,\"NIVEL 1\")","v":18},3,1,0,{"$f":"ADDRESS(MATCH(COUNTIF($R$2:$R1233,\"NIVEL 1\"),V:V,0),COLUMN(S1233))","v":"$S$1191"},{"$f":"ADDRESS(MATCH(COUNTIF($R$2:$R1233,\"NIVEL 1\"),V:V,0),COLUMN(W1233))","v":"$W$1191"},{"$f":"ADDRESS((MATCH(COUNTIF(INDIRECT(Z1233):$S1233,\"NIVEL 2\"),INDIRECT(AA1233):W1233,0)+(MATCH(COUNTIF($R$2:$R1233,\"NIVEL 1\"),V:V,0)-1)),COLUMN(T1233))","v":"$T$1219"},null,null,null,null,null,null,null,null,null,null,null,null,null,null,null,null,null,null,null,null,null,null,null,null,null,null,{"$f":"PROCURA_PRECO_SERVICO","v":0}]
[{"$f":"V1234&\".\"&W1234","v":"18.4"},null,null,"VIDROS",null,null,null,null,null,null,null,null,null,"SUBITEM_INICIO",null,null,null,"NIVEL 2","NIVEL 2",null,null,{"$f":"COUNTIF($R$2:$R1234,\"NIVEL 1\")","v":18},4,0,0,{"$f":"ADDRESS(MATCH(COUNTIF($R$2:$R1234,\"NIVEL 1\"),V:V,0),COLUMN(S1234))","v":"$S$1191"},{"$f":"ADDRESS(MATCH(COUNTIF($R$2:$R1234,\"NIVEL 1\"),V:V,0),COLUMN(W1234))","v":"$W$1191"},{"$f":"ADDRESS((MATCH(COUNTIF(INDIRECT(Z1234):$S1234,\"NIVEL 2\"),INDIRECT(AA1234):W1234,0)+(MATCH(COUNTIF($R$2:$R1234,\"NIVEL 1\"),V:V,0)-1)),COLUMN(T1234))","v":"$T$1234"},null,null,null,null,null,null,null,null,null,null,null,null,null,null,null,null,null,null,null,null,null,null,null,null,null,null,{"$f":"PROCURA_PRECO_SERVICO","v":0}]
[null,null,null,null,null,null,null,null,null,null,null,null,null,null,null,null,null,null,null,null,null,{"$f":"COUNTIF($R$2:$R1235,\"NIVEL 1\")","v":18},4,0,0,{"$f":"ADDRESS(MATCH(COUNTIF($R$2:$R1235,\"NIVEL 1\"),V:V,0),COLUMN(S1235))","v":"$S$1191"},{"$f":"ADDRESS(MATCH(COUNTIF($R$2:$R1235,\"NIVEL 1\"),V:V,0),COLUMN(W1235))","v":"$W$1191"},{"$f":"ADDRESS((MATCH(COUNTIF(INDIRECT(Z1235):$S1235,\"NIVEL 2\"),INDIRECT(AA1235):W1235,0)+(MATCH(COUNTIF($R$2:$R1235,\"NIVEL 1\"),V:V,0)-1)),COLUMN(T1235))","v":"$T$1234"},null,null,null,null,null,null,null,null,null,null,null,null,null,null,null,null,null,null,null,null,null,null,null,null,null,null,{"$f":"PROCURA_PRECO_SERVICO","v":0}]
[{"$f":"V1236&\".\"&W1236&\".\"&X1236","v":"18.4.1"},null,null,"VIDROS",null,null,null,null,null,null,null,null,null,"SUBSUBITEM_INICIO",null,null,null,"NIVEL 3","NIVEL 3","NIVEL 3",null,{"$f":"COUNTIF($R$2:$R1236,\"NIVEL 1\")","v":18},4,1,0,{"$f":"ADDRESS(MATCH(COUNTIF($R$2:$R1236,\"NIVEL 1\"),V:V,0),COLUMN(S1236))","v":"$S$1191"},{"$f":"ADDRESS(MATCH(COUNTIF($R$2:$R1236,\"NIVEL 1\"),V:V,0),COLUMN(W1236))","v":"$W$1191"},{"$f":"ADDRESS((MATCH(COUNTIF(INDIRECT(Z1236):$S1236,\"NIVEL 2\"),INDIRECT(AA1236):W1236,0)+(MATCH(COUNTIF($R$2:$R1236,\"NIVEL 1\"),V:V,0)-1)),COLUMN(T1236))","v":"$T$1234"},null,null,null,null,null,null,null,null,null,null,null,null,null,null,null,null,null,null,null,null,null,null,null,null,null,null,{"$f":"PROCURA_PRECO_SERVICO","v":0}]
[null,null,null,null,null,null,null,null,null,null,null,null,null,null,null,null,null,null,null,null,null,{"$f":"COUNTIF($R$2:$R1237,\"NIVEL 1\")","v":18},4,1,0,{"$f":"ADDRESS(MATCH(COUNTIF($R$2:$R1237,\"NIVEL 1\"),V:V,0),COLUMN(S1237))","v":"$S$1191"},{"$f":"ADDRESS(MATCH(COUNTIF($R$2:$R1237,\"NIVEL 1\"),V:V,0),COLUMN(W1237))","v":"$W$1191"},{"$f":"ADDRESS((MATCH(COUNTIF(INDIRECT(Z1237):$S1237,\"NIVEL 2\"),INDIRECT(AA1237):W1237,0)+(MATCH(COUNTIF($R$2:$R1237,\"NIVEL 1\"),V:V,0)-1)),COLUMN(T1237))","v":"$T$1234"},null,null,null,null,null,null,null,null,null,null,null,null,null,null,null,null,null,null,null,null,null,null,null,null,null,null,{"$f":"PROCURA_PRECO_SERVICO","v":0}]
[{"$f":"V1238&\".\"&W1238&\".\"&X1238&\".\"&Y1238","v":"18.4.1.1"},"SETOP","ED-51150",{"$f":"PROCURA_DESCRICAO_SERVICO","v":"ESPELHO CRISTAL, DIMENSÃO (60X90)CM, COM ESP. 4MM, EM ACABAMENTO LAPIDADO, INCLUSIVE FIXAÇÃO COM PARAFUSO TIPO FINESSON, FORNECIMENTO E INSTALAÇÃO"},{"$f":"PROCURA_UNIDADE_SERVICO","v":"UN"},5,{"$f":"PROCURA_PRECO_SERVICO","v":237.34},{"$f":"CUSTO_BDI_SERVICO","v":299.61},{"$f":"CUSTO_TOTAL_SERVICO","v":1498.05},null,null,null,null,"SERVIÇO",null,null,null,"NIVEL 4","NIVEL 4","NIVEL 4","NIVEL 4",{"$f":"COUNTIF($R$1:$R1238,\"NIVEL 1\")","v":18},4,1,1,{"$f":"ADDRESS(MATCH(COUNTIF($R$1:$R1238,\"NIVEL 1\"),V:V,0),COLUMN(S1238))","v":"$S$1191"},{"$f":"ADDRESS(MATCH(COUNTIF($R$1:$R1238,\"NIVEL 1\"),V:V,0),COLUMN(W1238))","v":"$W$1191"},{"$f":"ADDRESS((MATCH(COUNTIF(INDIRECT(Z1238):$S1238,\"NIVEL 2\"),INDIRECT(AA1238):W1238,0)+(MATCH(COUNTIF($R$1:$R1238,\"NIVEL 1\"),V:V,0)-1)),COLUMN(T1238))","v":"$T$1234"},null,null,null,null,null,null,null,null,null,null,null,null,null,null,null,null,null,null,null,null,null,null,null,null,null,null,{"$f":"PROCURA_PRECO_SERVICO","v":237.34}]
[null,null,null,null,null,null,null,null,null,null,null,null,null,null,null,null,null,null,null,null,null,{"$f":"COUNTIF($R$2:$R1239,\"NIVEL 1\")","v":18},4,1,0,{"$f":"ADDRESS(MATCH(COUNTIF($R$2:$R1239,\"NIVEL 1\"),V:V,0),COLUMN(S1239))","v":"$S$1191"},{"$f":"ADDRESS(MATCH(COUNTIF($R$2:$R1239,\"NIVEL 1\"),V:V,0),COLUMN(W1239))","v":"$W$1191"},{"$f":"ADDRESS((MATCH(COUNTIF(INDIRECT(Z1239):$S1239,\"NIVEL 2\"),INDIRECT(AA1239):W1239,0)+(MATCH(COUNTIF($R$2:$R1239,\"NIVEL 1\"),V:V,0)-1)),COLUMN(T1239))","v":"$T$1234"},null,null,null,null,null,null,null,null,null,null,null,null,null,null,null,null,null,null,null,null,null,null,null,null,null,null,{"$f":"PROCURA_PRECO_SERVICO","v":0}]
[null,null,null,{"$f":"\"SUBTOTAL DO ITEM - \"&A1236","v":"SUBTOTAL DO ITEM - 18.4.1"},null,null,null,null,{"$f":"SUBTOTAL(9,OFFSET(I1236,1,0):OFFSET(I1240,-1,0))","v":1498.05},null,null,null,null,"SUBSUBITEM_FIM",null,null,null,null,null,null,null,{"$f":"COUNTIF($R$2:$R1240,\"NIVEL 1\")","v":18},4,1,0,{"$f":"ADDRESS(MATCH(COUNTIF($R$2:$R1240,\"NIVEL 1\"),V:V,0),COLUMN(S1240))","v":"$S$1191"},{"$f":"ADDRESS(MATCH(COUNTIF($R$2:$R1240,\"NIVEL 1\"),V:V,0),COLUMN(W1240))","v":"$W$1191"},{"$f":"ADDRESS((MATCH(COUNTIF(INDIRECT(Z1240):$S1240,\"NIVEL 2\"),INDIRECT(AA1240):W1240,0)+(MATCH(COUNTIF($R$2:$R1240,\"NIVEL 1\"),V:V,0)-1)),COLUMN(T1240))","v":"$T$1234"},null,null,null,null,null,null,null,null,null,null,null,null,null,null,null,null,null,null,null,null,null,null,null,null,null,null,{"$f":"PROCURA_PRECO_SERVICO","v":0}]
[null,null,null,null,null,null,null,null,null,null,null,null,null,null,null,null,null,null,null,null,null,{"$f":"COUNTIF($R$2:$R1241,\"NIVEL 1\")","v":18},4,1,0,{"$f":"ADDRESS(MATCH(COUNTIF($R$2:$R1241,\"NIVEL 1\"),V:V,0),COLUMN(S1241))","v":"$S$1191"},{"$f":"ADDRESS(MATCH(COUNTIF($R$2:$R1241,\"NIVEL 1\"),V:V,0),COLUMN(W1241))","v":"$W$1191"},{"$f":"ADDRESS((MATCH(COUNTIF(INDIRECT(Z1241):$S1241,\"NIVEL 2\"),INDIRECT(AA1241):W1241,0)+(MATCH(COUNTIF($R$2:$R1241,\"NIVEL 1\"),V:V,0)-1)),COLUMN(T1241))","v":"$T$1234"},null,null,null,null,null,null,null,null,null,null,null,null,null,null,null,null,null,null,null,null,null,null,null,null,null,null,{"$f":"PROCURA_PRECO_SERVICO","v":0}]
[null,null,null,{"$f":"\"SUBTOTAL DO ITEM  - \"&A1234","v":"SUBTOTAL DO ITEM  - 18.4"},null,null,null,null,{"$f":"SUBTOTAL(9,OFFSET(I1234,1,0):OFFSET(I1242,-1,0))","v":1498.05},null,null,null,null,"SUBITEM_FIM",null,null,null,null,null,null,null,{"$f":"COUNTIF($R$2:$R1242,\"NIVEL 1\")","v":18},4,1,0,{"$f":"ADDRESS(MATCH(COUNTIF($R$2:$R1242,\"NIVEL 1\"),V:V,0),COLUMN(S1242))","v":"$S$1191"},{"$f":"ADDRESS(MATCH(COUNTIF($R$2:$R1242,\"NIVEL 1\"),V:V,0),COLUMN(W1242))","v":"$W$1191"},{"$f":"ADDRESS((MATCH(COUNTIF(INDIRECT(Z1242):$S1242,\"NIVEL 2\"),INDIRECT(AA1242):W1242,0)+(MATCH(COUNTIF($R$2:$R1242,\"NIVEL 1\"),V:V,0)-1)),COLUMN(T1242))","v":"$T$1234"},null,null,null,null,null,null,null,null,null,null,null,null,null,null,null,null,null,null,null,null,null,null,null,null,null,null,{"$f":"PROCURA_PRECO_SERVICO","v":0}]
[null,null,null,null,null,null,null,null,null,null,null,null,null,null,null,null,null,null,null,null,null,{"$f":"COUNTIF($R$2:$R1243,\"NIVEL 1\")","v":18},4,1,{"$f":"IF(U1243=\"NIVEL 4\",OFFSET(Y1243,-1,0)+1,0)","v":0},{"$f":"ADDRESS(MATCH(COUNTIF($R$2:$R1243,\"NIVEL 1\"),V:V,0),COLUMN(S1243))","v":"$S$1191"},{"$f":"ADDRESS(MATCH(COUNTIF($R$2:$R1243,\"NIVEL 1\"),V:V,0),COLUMN(W1243))","v":"$W$1191"},{"$f":"ADDRESS((MATCH(COUNTIF(INDIRECT(Z1243):$S1243,\"NIVEL 2\"),INDIRECT(AA1243):W1243,0)+(MATCH(COUNTIF($R$2:$R1243,\"NIVEL 1\"),V:V,0)-1)),COLUMN(T1243))","v":"$T$1234"},null,null,null,null,null,null,null,null,null,null,null,null,null,null,null,null,null,null,null,null,null,null,null,null,null,null,{"$f":"PROCURA_PRECO_SERVICO","v":0}]
[null,null,null,{"$f":"\"TOTAL DO ITEM - \"&A1191","v":"TOTAL DO ITEM - 18"},null,null,null,null,{"$f":"SUBTOTAL(9,OFFSET(I1191,1,0):OFFSET(I1244,-1,0))","v":18153.34},null,null,null,null,"ITEM_FIM",null,null,null,null,null,null,null,{"$f":"COUNTIF($R$2:$R1244,\"NIVEL 1\")","v":18},4,1,0,{"$f":"ADDRESS(MATCH(COUNTIF($R$2:$R1244,\"NIVEL 1\"),V:V,0),COLUMN(S1244))","v":"$S$1191"},{"$f":"ADDRESS(MATCH(COUNTIF($R$2:$R1244,\"NIVEL 1\"),V:V,0),COLUMN(W1244))","v":"$W$1191"},{"$f":"ADDRESS((MATCH(COUNTIF(INDIRECT(Z1244):$S1244,\"NIVEL 2\"),INDIRECT(AA1244):W1244,0)+(MATCH(COUNTIF($R$2:$R1244,\"NIVEL 1\"),V:V,0)-1)),COLUMN(T1244))","v":"$T$1234"},null,null,null,null,null,null,null,null,null,null,null,null,null,null,null,null,null,null,null,null,null,null,null,null,null,null,{"$f":"PROCURA_PRECO_SERVICO","v":0}]
[null,null,null,null,null,null,null,{"$f":"TRUNC(G1245*(1+$I$3),2)","v":0},null,null,null,null,null,null,null,null,null,null,null,null,null,{"$f":"COUNTIF($R$2:$R1245,\"NIVEL 1\")","v":18},4,1,0,{"$f":"ADDRESS(MATCH(COUNTIF($R$2:$R1245,\"NIVEL 1\"),V:V,0),COLUMN(S1245))","v":"$S$1191"},{"$f":"ADDRESS(MATCH(COUNTIF($R$2:$R1245,\"NIVEL 1\"),V:V,0),COLUMN(W1245))","v":"$W$1191"},{"$f":"ADDRESS((MATCH(COUNTIF(INDIRECT(Z1245):$S1245,\"NIVEL 2\"),INDIRECT(AA1245):W1245,0)+(MATCH(COUNTIF($R$2:$R1245,\"NIVEL 1\"),V:V,0)-1)),COLUMN(T1245))","v":"$T$1234"},null,null,null,null,null,null,null,null,null,null,null,null,null,null,null,null,null,null,null,null,null,null,null,null,null,null,{"$f":"PROCURA_PRECO_SERVICO","v":0}]
[{"$f":"V1246","v":19},null,null,"PEDRAS ( BANCADAS, PEITORIS, SOLEIRAS E DIVERSOS)",null,null,null,null,null,null,null,null,null,"ITEM_INICIO",null,null,null,"NIVEL 1",null,null,null,{"$f":"COUNTIF($R$2:$R1246,\"NIVEL 1\")","v":19},0,0,{"$f":"IF(U1246=\"NIVEL 4\",OFFSET(Y1246,-1,0)+1,0)","v":0},{"$f":"ADDRESS(MATCH(COUNTIF($R$2:$R1246,\"NIVEL 1\"),V:V,0),COLUMN(S1246))","v":"$S$1246"},{"$f":"ADDRESS(MATCH(COUNTIF($R$2:$R1246,\"NIVEL 1\"),V:V,0),COLUMN(W1246))","v":"$W$1246"},{"$f":"ADDRESS((MATCH(COUNTIF(INDIRECT(Z1246):$S1246,\"NIVEL 2\"),INDIRECT(AA1246):W1246,0)+(MATCH(COUNTIF($R$2:$R1246,\"NIVEL 1\"),V:V,0)-1)),COLUMN(T1246))","v":"$T$1246"},null,{"$f":"A1246","v":19},null,null,{"$f":"D1246","v":"PEDRAS ( BANCADAS, PEITORIS, SOLEIRAS E DIVERSOS)"},{"$f":"I1272","v":19349.58},{"$f":"AH1246/$I$1374","v":0.00992330065723781},null,null,null,null,null,null,null,null,null,null,null,null,null,null,null,null,null,null,null,{"$f":"PROCURA_PRECO_SERVICO","v":0}]
[null,null,null,null,null,null,null,null,null,null,null,null,null,null,null,null,null,null,null,null,null,{"$f":"COUNTIF($R$2:$R1247,\"NIVEL 1\")","v":19},0,0,0,{"$f":"ADDRESS(MATCH(COUNTIF($R$2:$R1247,\"NIVEL 1\"),V:V,0),COLUMN(S1247))","v":"$S$1246"},{"$f":"ADDRESS(MATCH(COUNTIF($R$2:$R1247,\"NIVEL 1\"),V:V,0),COLUMN(W1247))","v":"$W$1246"},{"$f":"ADDRESS((MATCH(COUNTIF(INDIRECT(Z1247):$S1247,\"NIVEL 2\"),INDIRECT(AA1247):W1247,0)+(MATCH(COUNTIF($R$2:$R1247,\"NIVEL 1\"),V:V,0)-1)),COLUMN(T1247))","v":"$T$1246"},null,null,null,null,null,null,null,null,null,null,null,null,null,null,null,null,null,null,null,null,null,null,null,null,null,null,{"$f":"PROCURA_PRECO_SERVICO","v":0}]
[{"$f":"V1248&\".\"&W1248","v":"19.1"},null,null,"PEDRAS",null,null,null,null,null,null,null,null,null,"SUBITEM_INICIO",null,null,null,"NIVEL 2","NIVEL 2",null,null,{"$f":"COUNTIF($R$2:$R1248,\"NIVEL 1\")","v":19},1,0,0,{"$f":"ADDRESS(MATCH(COUNTIF($R$2:$R1248,\"NIVEL 1\"),V:V,0),COLUMN(S1248))","v":"$S$1246"},{"$f":"ADDRESS(MATCH(COUNTIF($R$2:$R1248,\"NIVEL 1\"),V:V,0),COLUMN(W1248))","v":"$W$1246"},{"$f":"ADDRESS((MATCH(COUNTIF(INDIRECT(Z1248):$S1248,\"NIVEL 2\"),INDIRECT(AA1248):W1248,0)+(MATCH(COUNTIF($R$2:$R1248,\"NIVEL 1\"),V:V,0)-1)),COLUMN(T1248))","v":"$T$1248"},null,null,null,null,null,null,null,null,null,null,null,null,null,null,null,null,null,null,null,null,null,null,null,null,null,null,{"$f":"PROCURA_PRECO_SERVICO","v":0}]
[null,null,null,null,null,null,null,null,null,null,null,null,null,null,null,null,null,null,null,null,null,{"$f":"COUNTIF($R$2:$R1249,\"NIVEL 1\")","v":19},1,0,{"$f":"IF(U1249=\"NIVEL 4\",OFFSET(Y1249,-1,0)+1,0)","v":0},{"$f":"ADDRESS(MATCH(COUNTIF($R$2:$R1249,\"NIVEL 1\"),V:V,0),COLUMN(S1249))","v":"$S$1246"},{"$f":"ADDRESS(MATCH(COUNTIF($R$2:$R1249,\"NIVEL 1\"),V:V,0),COLUMN(W1249))","v":"$W$1246"},{"$f":"ADDRESS((MATCH(COUNTIF(INDIRECT(Z1249):$S1249,\"NIVEL 2\"),INDIRECT(AA1249):W1249,0)+(MATCH(COUNTIF($R$2:$R1249,\"NIVEL 1\"),V:V,0)-1)),COLUMN(T1249))","v":"$T$1248"},null,null,null,null,null,null,null,null,null,null,null,null,null,null,null,null,null,null,null,null,null,null,null,null,null,null,{"$f":"PROCURA_PRECO_SERVICO","v":0}]
[{"$f":"V1250&\".\"&W1250&\".\"&X1250","v":"19.1.1"},null,null,"BANCADAS",null,null,null,null,null,null,null,null,null,"SUBSUBITEM_INICIO",null,null,null,"NIVEL 3","NIVEL 3","NIVEL 3",null,{"$f":"COUNTIF($R$2:$R1250,\"NIVEL 1\")","v":19},1,1,0,{"$f":"ADDRESS(MATCH(COUNTIF($R$2:$R1250,\"NIVEL 1\"),V:V,0),COLUMN(S1250))","v":"$S$1246"},{"$f":"ADDRESS(MATCH(COUNTIF($R$2:$R1250,\"NIVEL 1\"),V:V,0),COLUMN(W1250))","v":"$W$1246"},{"$f":"ADDRESS((MATCH(COUNTIF(INDIRECT(Z1250):$S1250,\"NIVEL 2\"),INDIRECT(AA1250):W1250,0)+(MATCH(COUNTIF($R$2:$R1250,\"NIVEL 1\"),V:V,0)-1)),COLUMN(T1250))","v":"$T$1248"},null,null,null,null,null,null,null,null,null,null,null,null,null,null,null,null,null,null,null,null,null,null,null,null,null,null,{"$f":"PROCURA_PRECO_SERVICO","v":0}]
[null,null,null,null,null,null,null,null,null,null,null,null,null,null,null,null,null,null,null,null,null,{"$f":"COUNTIF($R$2:$R1251,\"NIVEL 1\")","v":19},1,1,0,{"$f":"ADDRESS(MATCH(COUNTIF($R$2:$R1251,\"NIVEL 1\"),V:V,0),COLUMN(S1251))","v":"$S$1246"},{"$f":"ADDRESS(MATCH(COUNTIF($R$2:$R1251,\"NIVEL 1\"),V:V,0),COLUMN(W1251))","v":"$W$1246"},{"$f":"ADDRESS((MATCH(COUNTIF(INDIRECT(Z1251):$S1251,\"NIVEL 2\"),INDIRECT(AA1251):W1251,0)+(MATCH(COUNTIF($R$2:$R1251,\"NIVEL 1\"),V:V,0)-1)),COLUMN(T1251))","v":"$T$1248"},null,null,null,null,null,null,null,null,null,null,null,null,null,null,null,null,null,null,null,null,null,null,null,null,null,null,{"$f":"PROCURA_PRECO_SERVICO","v":0}]
[{"$f":"V1252&\".\"&W1252&\".\"&X1252&\".\"&Y1252","v":"19.1.1.1"},"SETOP","ED-21657",{"$f":"PROCURA_DESCRICAO_SERVICO","v":"BANCADA EM GRANITO, COR CINZA ANDORINHA, ESP. 2CM, ACABAMENTO POLIDO, APOIADA EM ALVENARIA, EXCLUSIVE ALVENARIA, RODABANCA/FRONTÃO, TESTEIRA/FAIXA, FURO EM BANCADA, CUBA METÁLICA, VÁLVULA, SIFÃO, TORNEIRA E ENGATE FLEXÍVEL"},{"$f":"PROCURA_UNIDADE_SERVICO","v":"M2"},3.528,{"$f":"PROCURA_PRECO_SERVICO","v":330.63},{"$f":"CUSTO_BDI_SERVICO","v":417.38},{"$f":"CUSTO_TOTAL_SERVICO","v":1472.51},null,null,null,null,"SERVIÇO",null,null,null,"NIVEL 4","NIVEL 4","NIVEL 4","NIVEL 4",{"$f":"COUNTIF($R$1:$R1252,\"NIVEL 1\")","v":19},1,1,{"$f":"IF(U1252=\"NIVEL 4\",OFFSET(Y1252,-1,0)+1,0)","v":1},{"$f":"ADDRESS(MATCH(COUNTIF($R$1:$R1252,\"NIVEL 1\"),V:V,0),COLUMN(S1252))","v":"$S$1246"},{"$f":"ADDRESS(MATCH(COUNTIF($R$1:$R1252,\"NIVEL 1\"),V:V,0),COLUMN(W1252))","v":"$W$1246"},{"$f":"ADDRESS((MATCH(COUNTIF(INDIRECT(Z1252):$S1252,\"NIVEL 2\"),INDIRECT(AA1252):W1252,0)+(MATCH(COUNTIF($R$1:$R1252,\"NIVEL 1\"),V:V,0)-1)),COLUMN(T1252))","v":"$T$1248"},null,null,null,null,null,null,null,null,null,null,null,null,null,null,null,null,null,null,null,null,null,null,null,null,null,null,{"$f":"PROCURA_PRECO_SERVICO","v":330.63}]
[{"$f":"V1253&\".\"&W1253&\".\"&X1253&\".\"&Y1253","v":"19.1.1.2"},"SETOP","ED-48348",{"$f":"PROCURA_DESCRICAO_SERVICO","v":"RODABANCA/FRONTÃO PARA BANCADA EM GRANITO, COR CINZA ANDORINHA, ESP. 2CM, ALTURA DE 10CM, INCLUSIVE REJUNTAMENTO EM MASSA PLÁSTICA NA COR DA PEDRA"},{"$f":"PROCURA_UNIDADE_SERVICO","v":"M"},9.8,{"$f":"PROCURA_PRECO_SERVICO","v":47.75},60.27,590.64,null,null,null,null,"SERVIÇO",null,null,null,"NIVEL 4","NIVEL 4","NIVEL 4","NIVEL 4",{"$f":"COUNTIF($R$1:$R1253,\"NIVEL 1\")","v":19},1,1,{"$f":"IF(U1253=\"NIVEL 4\",OFFSET(Y1253,-1,0)+1,0)","v":2},{"$f":"ADDRESS(MATCH(COUNTIF($R$1:$R1253,\"NIVEL 1\"),V:V,0),COLUMN(S1253))","v":"$S$1246"},{"$f":"ADDRESS(MATCH(COUNTIF($R$1:$R1253,\"NIVEL 1\"),V:V,0),COLUMN(W1253))","v":"$W$1246"},{"$f":"ADDRESS((MATCH(COUNTIF(INDIRECT(Z1253):$S1253,\"NIVEL 2\"),INDIRECT(AA1253):W1253,0)+(MATCH(COUNTIF($R$1:$R1253,\"NIVEL 1\"),V:V,0)-1)),COLUMN(T1253))","v":"$T$1248"},null,null,null,null,null,null,null,null,null,null,null,null,null,null,null,null,null,null,null,null,null,null,null,null,null,null,{"$f":"PROCURA_PRECO_SERVICO","v":47.75}]
["19.1.1.3","SETOP","ED-21636",{"$f":"PROCURA_DESCRICAO_SERVICO","v":"TESTEIRA PARA BANCADA EM GRANITO, COR CINZA ANDORINHA, ESP. 2CM, ALTURA DE 10CM, INCLUSIVE POLIMENTO, CORTE/COLAGEM EM MEIA ESQUADRIA E MASSA PLÁSTICA NA COR DA PEDRA"},{"$f":"PROCURA_UNIDADE_SERVICO","v":"M"},9.8,{"$f":"PROCURA_PRECO_SERVICO","v":186.64},235.61,2308.97,null,null,null,null,"SERVIÇO",null,null,null,"NIVEL 4","NIVEL 4","NIVEL 4","NIVEL 4",{"$f":"COUNTIF($R$1:$R1254,\"NIVEL 1\")","v":19},1,1,3,{"$f":"ADDRESS(MATCH(COUNTIF($R$1:$R1254,\"NIVEL 1\"),V:V,0),COLUMN(S1254))","v":"$S$1246"},{"$f":"ADDRESS(MATCH(COUNTIF($R$1:$R1254,\"NIVEL 1\"),V:V,0),COLUMN(W1254))","v":"$W$1246"},{"$f":"ADDRESS((MATCH(COUNTIF(INDIRECT(Z1254):$S1254,\"NIVEL 2\"),INDIRECT(AA1254):W1254,0)+(MATCH(COUNTIF($R$1:$R1254,\"NIVEL 1\"),V:V,0)-1)),COLUMN(T1254))","v":"$T$1248"},null,null,null,null,null,null,null,null,null,null,null,null,null,null,null,null,null,null,null,null,null,null,null,null,null,null,{"$f":"PROCURA_PRECO_SERVICO","v":186.64}]
[null,null,null,null,null,null,null,null,null,null,null,null,null,null,null,null,null,null,null,null,null,{"$f":"COUNTIF($R$2:$R1255,\"NIVEL 1\")","v":19},1,1,0,{"$f":"ADDRESS(MATCH(COUNTIF($R$2:$R1255,\"NIVEL 1\"),V:V,0),COLUMN(S1255))","v":"$S$1246"},{"$f":"ADDRESS(MATCH(COUNTIF($R$2:$R1255,\"NIVEL 1\"),V:V,0),COLUMN(W1255))","v":"$W$1246"},{"$f":"ADDRESS((MATCH(COUNTIF(INDIRECT(Z1255):$S1255,\"NIVEL 2\"),INDIRECT(AA1255):W1255,0)+(MATCH(COUNTIF($R$2:$R1255,\"NIVEL 1\"),V:V,0)-1)),COLUMN(T1255))","v":"$T$1248"},null,null,null,null,null,null,null,null,null,null,null,null,null,null,null,null,null,null,null,null,null,null,null,null,null,null,{"$f":"PROCURA_PRECO_SERVICO","v":0}]
[null,null,null,{"$f":"\"SUBTOTAL DO ITEM - \"&A1250","v":"SUBTOTAL DO ITEM - 19.1.1"},null,null,null,null,{"$f":"SUBTOTAL(9,OFFSET(I1250,1,0):OFFSET(I1256,-1,0))","v":4372.12},null,null,null,null,"SUBSUBITEM_FIM",null,null,null,null,null,null,null,{"$f":"COUNTIF($R$2:$R1256,\"NIVEL 1\")","v":19},1,1,0,{"$f":"ADDRESS(MATCH(COUNTIF($R$2:$R1256,\"NIVEL 1\"),V:V,0),COLUMN(S1256))","v":"$S$1246"},{"$f":"ADDRESS(MATCH(COUNTIF($R$2:$R1256,\"NIVEL 1\"),V:V,0),COLUMN(W1256))","v":"$W$1246"},{"$f":"ADDRESS((MATCH(COUNTIF(INDIRECT(Z1256):$S1256,\"NIVEL 2\"),INDIRECT(AA1256):W1256,0)+(MATCH(COUNTIF($R$2:$R1256,\"NIVEL 1\"),V:V,0)-1)),COLUMN(T1256))","v":"$T$1248"},null,null,null,null,null,null,null,null,null,null,null,null,null,null,null,null,null,null,null,null,null,null,null,null,null,null,{"$f":"PROCURA_PRECO_SERVICO","v":0}]
[null,null,null,null,null,null,null,null,null,null,null,null,null,null,null,null,null,null,null,null,null,{"$f":"COUNTIF($R$2:$R1257,\"NIVEL 1\")","v":19},1,1,{"$f":"IF(U1257=\"NIVEL 4\",OFFSET(Y1257,-1,0)+1,0)","v":0},{"$f":"ADDRESS(MATCH(COUNTIF($R$2:$R1257,\"NIVEL 1\"),V:V,0),COLUMN(S1257))","v":"$S$1246"},{"$f":"ADDRESS(MATCH(COUNTIF($R$2:$R1257,\"NIVEL 1\"),V:V,0),COLUMN(W1257))","v":"$W$1246"},{"$f":"ADDRESS((MATCH(COUNTIF(INDIRECT(Z1257):$S1257,\"NIVEL 2\"),INDIRECT(AA1257):W1257,0)+(MATCH(COUNTIF($R$2:$R1257,\"NIVEL 1\"),V:V,0)-1)),COLUMN(T1257))","v":"$T$1248"},null,null,null,null,null,null,null,null,null,null,null,null,null,null,null,null,null,null,null,null,null,null,null,null,null,null,{"$f":"PROCURA_PRECO_SERVICO","v":0}]
[{"$f":"V1258&\".\"&W1258&\".\"&X1258","v":"19.1.2"},null,null,"INSTALAÇÃO DE DIVISÓRIA",null,null,null,null,null,null,null,null,null,"SUBSUBITEM_INICIO",null,null,null,"NIVEL 3","NIVEL 3","NIVEL 3",null,{"$f":"COUNTIF($R$2:$R1258,\"NIVEL 1\")","v":19},1,2,0,{"$f":"ADDRESS(MATCH(COUNTIF($R$2:$R1258,\"NIVEL 1\"),V:V,0),COLUMN(S1258))","v":"$S$1246"},{"$f":"ADDRESS(MATCH(COUNTIF($R$2:$R1258,\"NIVEL 1\"),V:V,0),COLUMN(W1258))","v":"$W$1246"},{"$f":"ADDRESS((MATCH(COUNTIF(INDIRECT(Z1258):$S1258,\"NIVEL 2\"),INDIRECT(AA1258):W1258,0)+(MATCH(COUNTIF($R$2:$R1258,\"NIVEL 1\"),V:V,0)-1)),COLUMN(T1258))","v":"$T$1248"},null,null,null,null,null,null,null,null,null,null,null,null,null,null,null,null,null,null,null,null,null,null,null,null,null,null,{"$f":"PROCURA_PRECO_SERVICO","v":0}]
[null,null,null,null,null,null,null,null,null,null,null,null,null,null,null,null,null,null,null,null,null,{"$f":"COUNTIF($R$2:$R1259,\"NIVEL 1\")","v":19},1,2,0,{"$f":"ADDRESS(MATCH(COUNTIF($R$2:$R1259,\"NIVEL 1\"),V:V,0),COLUMN(S1259))","v":"$S$1246"},{"$f":"ADDRESS(MATCH(COUNTIF($R$2:$R1259,\"NIVEL 1\"),V:V,0),COLUMN(W1259))","v":"$W$1246"},{"$f":"ADDRESS((MATCH(COUNTIF(INDIRECT(Z1259):$S1259,\"NIVEL 2\"),INDIRECT(AA1259):W1259,0)+(MATCH(COUNTIF($R$2:$R1259,\"NIVEL 1\"),V:V,0)-1)),COLUMN(T1259))","v":"$T$1248"},null,null,null,null,null,null,null,null,null,null,null,null,null,null,null,null,null,null,null,null,null,null,null,null,null,null,{"$f":"PROCURA_PRECO_SERVICO","v":0}]
[{"$f":"V1260&\".\"&W1260&\".\"&X1260&\".\"&Y1260","v":"19.1.2.1"},"SETOP","ED-48533",{"$f":"PROCURA_DESCRICAO_SERVICO","v":"DIVISÓRIA EM GRANITO CINZA ANDORINHA E = 3 CM, INCLUSIVE FERRAGENS EM LATÃO CROMADO"},{"$f":"PROCURA_UNIDADE_SERVICO","v":"M2"},15.555,{"$f":"PROCURA_PRECO_SERVICO","v":624.32},{"$f":"CUSTO_BDI_SERVICO","v":788.14},{"$f":"CUSTO_TOTAL_SERVICO","v":12259.51},null,null,null,null,"SERVIÇO",null,null,null,"NIVEL 4","NIVEL 4","NIVEL 4","NIVEL 4",{"$f":"COUNTIF($R$1:$R1260,\"NIVEL 1\")","v":19},1,2,1,{"$f":"ADDRESS(MATCH(COUNTIF($R$1:$R1260,\"NIVEL 1\"),V:V,0),COLUMN(S1260))","v":"$S$1246"},{"$f":"ADDRESS(MATCH(COUNTIF($R$1:$R1260,\"NIVEL 1\"),V:V,0),COLUMN(W1260))","v":"$W$1246"},{"$f":"ADDRESS((MATCH(COUNTIF(INDIRECT(Z1260):$S1260,\"NIVEL 2\"),INDIRECT(AA1260):W1260,0)+(MATCH(COUNTIF($R$1:$R1260,\"NIVEL 1\"),V:V,0)-1)),COLUMN(T1260))","v":"$T$1248"},null,null,null,null,null,null,null,null,null,null,null,null,null,null,null,null,null,null,null,null,null,null,null,null,null,null,{"$f":"PROCURA_PRECO_SERVICO","v":624.32}]
[null,null,null,null,null,null,null,null,null,null,null,null,null,null,null,null,null,null,null,null,null,{"$f":"COUNTIF($R$2:$R1261,\"NIVEL 1\")","v":19},1,2,0,{"$f":"ADDRESS(MATCH(COUNTIF($R$2:$R1261,\"NIVEL 1\"),V:V,0),COLUMN(S1261))","v":"$S$1246"},{"$f":"ADDRESS(MATCH(COUNTIF($R$2:$R1261,\"NIVEL 1\"),V:V,0),COLUMN(W1261))","v":"$W$1246"},{"$f":"ADDRESS((MATCH(COUNTIF(INDIRECT(Z1261):$S1261,\"NIVEL 2\"),INDIRECT(AA1261):W1261,0)+(MATCH(COUNTIF($R$2:$R1261,\"NIVEL 1\"),V:V,0)-1)),COLUMN(T1261))","v":"$T$1248"},null,null,null,null,null,null,null,null,null,null,null,null,null,null,null,null,null,null,null,null,null,null,null,null,null,null,{"$f":"PROCURA_PRECO_SERVICO","v":0}]
[null,null,null,{"$f":"\"SUBTOTAL DO ITEM - \"&A1258","v":"SUBTOTAL DO ITEM - 19.1.2"},null,null,null,null,{"$f":"SUBTOTAL(9,OFFSET(I1258,1,0):OFFSET(I1262,-1,0))","v":12259.51},null,null,null,null,"SUBSUBITEM_FIM",null,null,null,null,null,null,null,{"$f":"COUNTIF($R$2:$R1262,\"NIVEL 1\")","v":19},1,2,0,{"$f":"ADDRESS(MATCH(COUNTIF($R$2:$R1262,\"NIVEL 1\"),V:V,0),COLUMN(S1262))","v":"$S$1246"},{"$f":"ADDRESS(MATCH(COUNTIF($R$2:$R1262,\"NIVEL 1\"),V:V,0),COLUMN(W1262))","v":"$W$1246"},{"$f":"ADDRESS((MATCH(COUNTIF(INDIRECT(Z1262):$S1262,\"NIVEL 2\"),INDIRECT(AA1262):W1262,0)+(MATCH(COUNTIF($R$2:$R1262,\"NIVEL 1\"),V:V,0)-1)),COLUMN(T1262))","v":"$T$1248"},null,null,null,null,null,null,null,null,null,null,null,null,null,null,null,null,null,null,null,null,null,null,null,null,null,null,{"$f":"PROCURA_PRECO_SERVICO","v":0}]
[null,null,null,null,null,null,null,null,null,null,null,null,null,null,null,null,null,null,null,null,null,{"$f":"COUNTIF($R$2:$R1263,\"NIVEL 1\")","v":19},1,2,0,{"$f":"ADDRESS(MATCH(COUNTIF($R$2:$R1263,\"NIVEL 1\"),V:V,0),COLUMN(S1263))","v":"$S$1246"},{"$f":"ADDRESS(MATCH(COUNTIF($R$2:$R1263,\"NIVEL 1\"),V:V,0),COLUMN(W1263))","v":"$W$1246"},{"$f":"ADDRESS((MATCH(COUNTIF(INDIRECT(Z1263):$S1263,\"NIVEL 2\"),INDIRECT(AA1263):W1263,0)+(MATCH(COUNTIF($R$2:$R1263,\"NIVEL 1\"),V:V,0)-1)),COLUMN(T1263))","v":"$T$1248"},null,null,null,null,null,null,null,null,null,null,null,null,null,null,null,null,null,null,null,null,null,null,null,null,null,null,{"$f":"PROCURA_PRECO_SERVICO","v":0}]
[{"$f":"V1264&\".\"&W1264&\".\"&X1264","v":"19.1.3"},null,null,"INSTALAÇÃO DE PEITORIL",null,null,null,null,null,null,null,null,null,"SUBSUBITEM_INICIO",null,null,null,"NIVEL 3","NIVEL 3","NIVEL 3",null,{"$f":"COUNTIF($R$2:$R1264,\"NIVEL 1\")","v":19},1,3,0,{"$f":"ADDRESS(MATCH(COUNTIF($R$2:$R1264,\"NIVEL 1\"),V:V,0),COLUMN(S1264))","v":"$S$1246"},{"$f":"ADDRESS(MATCH(COUNTIF($R$2:$R1264,\"NIVEL 1\"),V:V,0),COLUMN(W1264))","v":"$W$1246"},{"$f":"ADDRESS((MATCH(COUNTIF(INDIRECT(Z1264):$S1264,\"NIVEL 2\"),INDIRECT(AA1264):W1264,0)+(MATCH(COUNTIF($R$2:$R1264,\"NIVEL 1\"),V:V,0)-1)),COLUMN(T1264))","v":"$T$1248"},null,null,null,null,null,null,null,null,null,null,null,null,null,null,null,null,null,null,null,null,null,null,null,null,null,null,{"$f":"PROCURA_PRECO_SERVICO","v":0}]
[null,null,null,null,null,null,null,null,null,null,null,null,null,null,null,null,null,null,null,null,null,{"$f":"COUNTIF($R$2:$R1265,\"NIVEL 1\")","v":19},1,3,0,{"$f":"ADDRESS(MATCH(COUNTIF($R$2:$R1265,\"NIVEL 1\"),V:V,0),COLUMN(S1265))","v":"$S$1246"},{"$f":"ADDRESS(MATCH(COUNTIF($R$2:$R1265,\"NIVEL 1\"),V:V,0),COLUMN(W1265))","v":"$W$1246"},{"$f":"ADDRESS((MATCH(COUNTIF(INDIRECT(Z1265):$S1265,\"NIVEL 2\"),INDIRECT(AA1265):W1265,0)+(MATCH(COUNTIF($R$2:$R1265,\"NIVEL 1\"),V:V,0)-1)),COLUMN(T1265))","v":"$T$1248"},null,null,null,null,null,null,null,null,null,null,null,null,null,null,null,null,null,null,null,null,null,null,null,null,null,null,{"$f":"PROCURA_PRECO_SERVICO","v":0}]
[{"$f":"V1266&\".\"&W1266&\".\"&X1266&\".\"&Y1266","v":"19.1.3.1"},"SETOP","ED-50997",{"$f":"PROCURA_DESCRICAO_SERVICO","v":"PEITORIL DE GRANITO CINZA ANDORINHA E = 2 CM"},{"$f":"PROCURA_UNIDADE_SERVICO","v":"M2"},9.16,{"$f":"PROCURA_PRECO_SERVICO","v":235.05},{"$f":"CUSTO_BDI_SERVICO","v":296.72},{"$f":"CUSTO_TOTAL_SERVICO","v":2717.95},null,null,null,null,"SERVIÇO",null,null,null,"NIVEL 4","NIVEL 4","NIVEL 4","NIVEL 4",{"$f":"COUNTIF($R$1:$R1266,\"NIVEL 1\")","v":19},1,3,1,{"$f":"ADDRESS(MATCH(COUNTIF($R$1:$R1266,\"NIVEL 1\"),V:V,0),COLUMN(S1266))","v":"$S$1246"},{"$f":"ADDRESS(MATCH(COUNTIF($R$1:$R1266,\"NIVEL 1\"),V:V,0),COLUMN(W1266))","v":"$W$1246"},{"$f":"ADDRESS((MATCH(COUNTIF(INDIRECT(Z1266):$S1266,\"NIVEL 2\"),INDIRECT(AA1266):W1266,0)+(MATCH(COUNTIF($R$1:$R1266,\"NIVEL 1\"),V:V,0)-1)),COLUMN(T1266))","v":"$T$1248"},null,null,null,null,null,null,null,null,null,null,null,null,null,null,null,null,null,null,null,null,null,null,null,null,null,null,{"$f":"PROCURA_PRECO_SERVICO","v":235.05}]
[null,null,null,null,null,null,null,null,null,null,null,null,null,null,null,null,null,null,null,null,null,{"$f":"COUNTIF($R$2:$R1267,\"NIVEL 1\")","v":19},1,3,0,{"$f":"ADDRESS(MATCH(COUNTIF($R$2:$R1267,\"NIVEL 1\"),V:V,0),COLUMN(S1267))","v":"$S$1246"},{"$f":"ADDRESS(MATCH(COUNTIF($R$2:$R1267,\"NIVEL 1\"),V:V,0),COLUMN(W1267))","v":"$W$1246"},{"$f":"ADDRESS((MATCH(COUNTIF(INDIRECT(Z1267):$S1267,\"NIVEL 2\"),INDIRECT(AA1267):W1267,0)+(MATCH(COUNTIF($R$2:$R1267,\"NIVEL 1\"),V:V,0)-1)),COLUMN(T1267))","v":"$T$1248"},null,null,null,null,null,null,null,null,null,null,null,null,null,null,null,null,null,null,null,null,null,null,null,null,null,null,{"$f":"PROCURA_PRECO_SERVICO","v":0}]
[null,null,null,{"$f":"\"SUBTOTAL DO ITEM - \"&A1264","v":"SUBTOTAL DO ITEM - 19.1.3"},null,null,null,null,{"$f":"SUBTOTAL(9,OFFSET(I1264,1,0):OFFSET(I1268,-1,0))","v":2717.95},null,null,null,null,"SUBSUBITEM_FIM",null,null,null,null,null,null,null,{"$f":"COUNTIF($R$2:$R1268,\"NIVEL 1\")","v":19},1,3,0,{"$f":"ADDRESS(MATCH(COUNTIF($R$2:$R1268,\"NIVEL 1\"),V:V,0),COLUMN(S1268))","v":"$S$1246"},{"$f":"ADDRESS(MATCH(COUNTIF($R$2:$R1268,\"NIVEL 1\"),V:V,0),COLUMN(W1268))","v":"$W$1246"},{"$f":"ADDRESS((MATCH(COUNTIF(INDIRECT(Z1268):$S1268,\"NIVEL 2\"),INDIRECT(AA1268):W1268,0)+(MATCH(COUNTIF($R$2:$R1268,\"NIVEL 1\"),V:V,0)-1)),COLUMN(T1268))","v":"$T$1248"},null,null,null,null,null,null,null,null,null,null,null,null,null,null,null,null,null,null,null,null,null,null,null,null,null,null,{"$f":"PROCURA_PRECO_SERVICO","v":0}]
[null,null,null,null,null,null,null,null,null,null,null,null,null,null,null,null,null,null,null,null,null,{"$f":"COUNTIF($R$2:$R1269,\"NIVEL 1\")","v":19},1,3,0,{"$f":"ADDRESS(MATCH(COUNTIF($R$2:$R1269,\"NIVEL 1\"),V:V,0),COLUMN(S1269))","v":"$S$1246"},{"$f":"ADDRESS(MATCH(COUNTIF($R$2:$R1269,\"NIVEL 1\"),V:V,0),COLUMN(W1269))","v":"$W$1246"},{"$f":"ADDRESS((MATCH(COUNTIF(INDIRECT(Z1269):$S1269,\"NIVEL 2\"),INDIRECT(AA1269):W1269,0)+(MATCH(COUNTIF($R$2:$R1269,\"NIVEL 1\"),V:V,0)-1)),COLUMN(T1269))","v":"$T$1248"},null,null,null,null,null,null,null,null,null,null,null,null,null,null,null,null,null,null,null,null,null,null,null,null,null,null,{"$f":"PROCURA_PRECO_SERVICO","v":0}]
[null,null,null,{"$f":"\"SUBTOTAL DO ITEM  - \"&A1248","v":"SUBTOTAL DO ITEM  - 19.1"},null,null,null,null,{"$f":"SUBTOTAL(9,OFFSET(I1248,1,0):OFFSET(I1270,-1,0))","v":19349.58},null,null,null,null,"SUBITEM_FIM",null,null,null,null,null,null,null,{"$f":"COUNTIF($R$2:$R1270,\"NIVEL 1\")","v":19},1,3,0,{"$f":"ADDRESS(MATCH(COUNTIF($R$2:$R1270,\"NIVEL 1\"),V:V,0),COLUMN(S1270))","v":"$S$1246"},{"$f":"ADDRESS(MATCH(COUNTIF($R$2:$R1270,\"NIVEL 1\"),V:V,0),COLUMN(W1270))","v":"$W$1246"},{"$f":"ADDRESS((MATCH(COUNTIF(INDIRECT(Z1270):$S1270,\"NIVEL 2\"),INDIRECT(AA1270):W1270,0)+(MATCH(COUNTIF($R$2:$R1270,\"NIVEL 1\"),V:V,0)-1)),COLUMN(T1270))","v":"$T$1248"},null,null,null,null,null,null,null,null,null,null,null,null,null,null,null,null,null,null,null,null,null,null,null,null,null,null,{"$f":"PROCURA_PRECO_SERVICO","v":0}]
[null,null,null,null,null,null,null,null,null,null,null,null,null,null,null,null,null,null,null,null,null,{"$f":"COUNTIF($R$2:$R1271,\"NIVEL 1\")","v":19},1,3,0,{"$f":"ADDRESS(MATCH(COUNTIF($R$2:$R1271,\"NIVEL 1\"),V:V,0),COLUMN(S1271))","v":"$S$1246"},{"$f":"ADDRESS(MATCH(COUNTIF($R$2:$R1271,\"NIVEL 1\"),V:V,0),COLUMN(W1271))","v":"$W$1246"},{"$f":"ADDRESS((MATCH(COUNTIF(INDIRECT(Z1271):$S1271,\"NIVEL 2\"),INDIRECT(AA1271):W1271,0)+(MATCH(COUNTIF($R$2:$R1271,\"NIVEL 1\"),V:V,0)-1)),COLUMN(T1271))","v":"$T$1248"},null,null,null,null,null,null,null,null,null,null,null,null,null,null,null,null,null,null,null,null,null,null,null,null,null,null,{"$f":"PROCURA_PRECO_SERVICO","v":0}]
[null,null,null,{"$f":"\"TOTAL DO ITEM - \"&A1246","v":"TOTAL DO ITEM - 19"},null,null,null,null,{"$f":"SUBTOTAL(9,OFFSET(I1246,1,0):OFFSET(I1272,-1,0))","v":19349.58},null,null,null,null,"ITEM_FIM",null,null,null,null,null,null,null,{"$f":"COUNTIF($R$2:$R1272,\"NIVEL 1\")","v":19},1,3,0,{"$f":"ADDRESS(MATCH(COUNTIF($R$2:$R1272,\"NIVEL 1\"),V:V,0),COLUMN(S1272))","v":"$S$1246"},{"$f":"ADDRESS(MATCH(COUNTIF($R$2:$R1272,\"NIVEL 1\"),V:V,0),COLUMN(W1272))","v":"$W$1246"},{"$f":"ADDRESS((MATCH(COUNTIF(INDIRECT(Z1272):$S1272,\"NIVEL 2\"),INDIRECT(AA1272):W1272,0)+(MATCH(COUNTIF($R$2:$R1272,\"NIVEL 1\"),V:V,0)-1)),COLUMN(T1272))","v":"$T$1248"},null,null,null,null,null,null,null,null,null,null,null,null,null,null,null,null,null,null,null,null,null,null,null,null,null,null,{"$f":"PROCURA_PRECO_SERVICO","v":0}]
[null,null,null,null,null,null,null,{"$f":"TRUNC(G1273*(1+$I$3),2)","v":0},null,null,null,null,null,null,null,null,null,null,null,null,null,{"$f":"COUNTIF($R$2:$R1273,\"NIVEL 1\")","v":19},1,3,0,{"$f":"ADDRESS(MATCH(COUNTIF($R$2:$R1273,\"NIVEL 1\"),V:V,0),COLUMN(S1273))","v":"$S$1246"},{"$f":"ADDRESS(MATCH(COUNTIF($R$2:$R1273,\"NIVEL 1\"),V:V,0),COLUMN(W1273))","v":"$W$1246"},{"$f":"ADDRESS((MATCH(COUNTIF(INDIRECT(Z1273):$S1273,\"NIVEL 2\"),INDIRECT(AA1273):W1273,0)+(MATCH(COUNTIF($R$2:$R1273,\"NIVEL 1\"),V:V,0)-1)),COLUMN(T1273))","v":"$T$1248"},null,null,null,null,null,null,null,null,null,null,null,null,null,null,null,null,null,null,null,null,null,null,null,null,null,null,{"$f":"PROCURA_PRECO_SERVICO","v":0}]
[{"$f":"V1274","v":20},null,null,"ESTRUTURA METALICA",null,null,null,null,null,null,null,null,null,"ITEM_INICIO",null,null,null,"NIVEL 1",null,null,null,{"$f":"COUNTIF($R$2:$R1274,\"NIVEL 1\")","v":20},0,0,0,{"$f":"ADDRESS(MATCH(COUNTIF($R$2:$R1274,\"NIVEL 1\"),V:V,0),COLUMN(S1274))","v":"$S$1274"},{"$f":"ADDRESS(MATCH(COUNTIF($R$2:$R1274,\"NIVEL 1\"),V:V,0),COLUMN(W1274))","v":"$W$1274"},{"$f":"ADDRESS((MATCH(COUNTIF(INDIRECT(Z1274):$S1274,\"NIVEL 2\"),INDIRECT(AA1274):W1274,0)+(MATCH(COUNTIF($R$2:$R1274,\"NIVEL 1\"),V:V,0)-1)),COLUMN(T1274))","v":"$T$1274"},null,{"$f":"A1274","v":20},null,null,{"$f":"D1274","v":"ESTRUTURA METALICA"},{"$f":"I1292","v":66056.01},{"$f":"AH1274/$I$1374","v":0.033876375996146},null,null,null,null,null,null,null,null,null,null,null,null,null,null,null,null,null,null,null,{"$f":"PROCURA_PRECO_SERVICO","v":0}]
[null,null,null,null,null,null,null,null,null,null,null,null,null,null,null,null,null,null,null,null,null,{"$f":"COUNTIF($R$2:$R1275,\"NIVEL 1\")","v":20},0,0,0,{"$f":"ADDRESS(MATCH(COUNTIF($R$2:$R1275,\"NIVEL 1\"),V:V,0),COLUMN(S1275))","v":"$S$1274"},{"$f":"ADDRESS(MATCH(COUNTIF($R$2:$R1275,\"NIVEL 1\"),V:V,0),COLUMN(W1275))","v":"$W$1274"},{"$f":"ADDRESS((MATCH(COUNTIF(INDIRECT(Z1275):$S1275,\"NIVEL 2\"),INDIRECT(AA1275):W1275,0)+(MATCH(COUNTIF($R$2:$R1275,\"NIVEL 1\"),V:V,0)-1)),COLUMN(T1275))","v":"$T$1274"},null,null,null,null,null,null,null,null,null,null,null,null,null,null,null,null,null,null,null,null,null,null,null,null,null,null,{"$f":"PROCURA_PRECO_SERVICO","v":0}]
[{"$f":"V1276&\".\"&W1276","v":"20.1"},null,null,"ESTRUTURA METALICA",null,null,null,null,null,null,null,null,null,"SUBITEM_INICIO",null,null,null,"NIVEL 2","NIVEL 2",null,null,{"$f":"COUNTIF($R$2:$R1276,\"NIVEL 1\")","v":20},1,0,0,{"$f":"ADDRESS(MATCH(COUNTIF($R$2:$R1276,\"NIVEL 1\"),V:V,0),COLUMN(S1276))","v":"$S$1274"},{"$f":"ADDRESS(MATCH(COUNTIF($R$2:$R1276,\"NIVEL 1\"),V:V,0),COLUMN(W1276))","v":"$W$1274"},{"$f":"ADDRESS((MATCH(COUNTIF(INDIRECT(Z1276):$S1276,\"NIVEL 2\"),INDIRECT(AA1276):W1276,0)+(MATCH(COUNTIF($R$2:$R1276,\"NIVEL 1\"),V:V,0)-1)),COLUMN(T1276))","v":"$T$1276"},null,null,null,null,null,null,null,null,null,null,null,null,null,null,null,null,null,null,null,null,null,null,null,null,null,null,{"$f":"PROCURA_PRECO_SERVICO","v":0}]
[null,null,null,null,null,null,null,null,null,null,null,null,null,null,null,null,null,null,null,null,null,{"$f":"COUNTIF($R$2:$R1277,\"NIVEL 1\")","v":20},1,0,0,{"$f":"ADDRESS(MATCH(COUNTIF($R$2:$R1277,\"NIVEL 1\"),V:V,0),COLUMN(S1277))","v":"$S$1274"},{"$f":"ADDRESS(MATCH(COUNTIF($R$2:$R1277,\"NIVEL 1\"),V:V,0),COLUMN(W1277))","v":"$W$1274"},{"$f":"ADDRESS((MATCH(COUNTIF(INDIRECT(Z1277):$S1277,\"NIVEL 2\"),INDIRECT(AA1277):W1277,0)+(MATCH(COUNTIF($R$2:$R1277,\"NIVEL 1\"),V:V,0)-1)),COLUMN(T1277))","v":"$T$1276"},null,null,null,null,null,null,null,null,null,null,null,null,null,null,null,null,null,null,null,null,null,null,null,null,null,null,{"$f":"PROCURA_PRECO_SERVICO","v":0}]
[{"$f":"V1278&\".\"&W1278&\".\"&X1278","v":"20.1.1"},null,null,"ESTRUTURA PARA COBERTURA",null,null,null,null,null,null,null,null,null,"SUBSUBITEM_INICIO",null,null,null,"NIVEL 3","NIVEL 3","NIVEL 3",null,{"$f":"COUNTIF($R$2:$R1278,\"NIVEL 1\")","v":20},1,1,0,{"$f":"ADDRESS(MATCH(COUNTIF($R$2:$R1278,\"NIVEL 1\"),V:V,0),COLUMN(S1278))","v":"$S$1274"},{"$f":"ADDRESS(MATCH(COUNTIF($R$2:$R1278,\"NIVEL 1\"),V:V,0),COLUMN(W1278))","v":"$W$1274"},{"$f":"ADDRESS((MATCH(COUNTIF(INDIRECT(Z1278):$S1278,\"NIVEL 2\"),INDIRECT(AA1278):W1278,0)+(MATCH(COUNTIF($R$2:$R1278,\"NIVEL 1\"),V:V,0)-1)),COLUMN(T1278))","v":"$T$1276"},null,null,null,null,null,null,null,null,null,null,null,null,null,null,null,null,null,null,null,null,null,null,null,null,null,null,{"$f":"PROCURA_PRECO_SERVICO","v":0}]
[null,null,null,null,null,null,null,null,null,null,null,null,null,null,null,null,null,null,null,null,null,{"$f":"COUNTIF($R$2:$R1279,\"NIVEL 1\")","v":20},1,1,0,{"$f":"ADDRESS(MATCH(COUNTIF($R$2:$R1279,\"NIVEL 1\"),V:V,0),COLUMN(S1279))","v":"$S$1274"},{"$f":"ADDRESS(MATCH(COUNTIF($R$2:$R1279,\"NIVEL 1\"),V:V,0),COLUMN(W1279))","v":"$W$1274"},{"$f":"ADDRESS((MATCH(COUNTIF(INDIRECT(Z1279):$S1279,\"NIVEL 2\"),INDIRECT(AA1279):W1279,0)+(MATCH(COUNTIF($R$2:$R1279,\"NIVEL 1\"),V:V,0)-1)),COLUMN(T1279))","v":"$T$1276"},null,null,null,null,null,null,null,null,null,null,null,null,null,null,null,null,null,null,null,null,null,null,null,null,null,null,{"$f":"PROCURA_PRECO_SERVICO","v":0}]
[{"$f":"V1280&\".\"&W1280&\".\"&X1280&\".\"&Y1280","v":"20.1.1.1"},"COMPOSIÇÃO","JMV-CRAS-152",{"$f":"PROCURA_DESCRICAO_SERVICO","v":"VIGA METÁLICA EM AÇO ESTRUTURAL, INCLUSO MÃO DE OBRA, TRANSPORTE E IÇAMENTO UTILIZANDO GUINDASTE - FORNECIMENTO E INSTALAÇÃO. AF_01/2020_PSA - BASEADA DA SINAPI (100763)"},{"$f":"PROCURA_UNIDADE_SERVICO","v":"KG"},399.6,{"$f":"PROCURA_PRECO_SERVICO","v":15.18},{"$f":"CUSTO_BDI_SERVICO","v":19.16},{"$f":"CUSTO_TOTAL_SERVICO","v":7656.33},null,null,null,null,"SERVIÇO",null,null,null,"NIVEL 4","NIVEL 4","NIVEL 4","NIVEL 4",{"$f":"COUNTIF($R$2:$R1280,\"NIVEL 1\")","v":20},1,1,{"$f":"IF(U1280=\"NIVEL 4\",OFFSET(Y1280,-1,0)+1,0)","v":1},{"$f":"ADDRESS(MATCH(COUNTIF($R$2:$R1280,\"NIVEL 1\"),V:V,0),COLUMN(S1280))","v":"$S$1274"},{"$f":"ADDRESS(MATCH(COUNTIF($R$2:$R1280,\"NIVEL 1\"),V:V,0),COLUMN(W1280))","v":"$W$1274"},{"$f":"ADDRESS((MATCH(COUNTIF(INDIRECT(Z1280):$S1280,\"NIVEL 2\"),INDIRECT(AA1280):W1280,0)+(MATCH(COUNTIF($R$2:$R1280,\"NIVEL 1\"),V:V,0)-1)),COLUMN(T1280))","v":"$T$1276"},null,null,null,null,null,null,null,null,null,null,null,null,null,null,null,null,null,null,null,null,null,null,null,null,null,null,{"$f":"PROCURA_PRECO_SERVICO","v":15.18}]
["20.1.1.2","SETOP","ED-20603",{"$f":"PROCURA_DESCRICAO_SERVICO","v":"FORNECIMENTO DE ESTRUTURA METÁLICA E ENGRADAMENTO METÁLICO, EM AÇO, PARA TELHADO, EXCLUSIVE TELHA, INCLUSIVE FABRICAÇÃO, TRANSPORTE, MONTAGEM E APLICAÇÃO DE FUNDO PREPARADOR ANTICORROSIVO EM SUPERFÍCIE METÁLICA, UMA (1) DEMÃO"},{"$f":"PROCURA_UNIDADE_SERVICO","v":"KG"},1590.5,{"$f":"PROCURA_PRECO_SERVICO","v":22.83},28.82,45838.21,null,null,null,null,"SERVIÇO",null,null,null,"NIVEL 4","NIVEL 4","NIVEL 4","NIVEL 4",{"$f":"COUNTIF($R$2:$R1281,\"NIVEL 1\")","v":20},1,1,{"$f":"IF(U1281=\"NIVEL 4\",OFFSET(Y1281,-1,0)+1,0)","v":2},{"$f":"ADDRESS(MATCH(COUNTIF($R$2:$R1281,\"NIVEL 1\"),V:V,0),COLUMN(S1281))","v":"$S$1274"},{"$f":"ADDRESS(MATCH(COUNTIF($R$2:$R1281,\"NIVEL 1\"),V:V,0),COLUMN(W1281))","v":"$W$1274"},{"$f":"ADDRESS((MATCH(COUNTIF(INDIRECT(Z1281):$S1281,\"NIVEL 2\"),INDIRECT(AA1281):W1281,0)+(MATCH(COUNTIF($R$2:$R1281,\"NIVEL 1\"),V:V,0)-1)),COLUMN(T1281))","v":"$T$1276"},null,null,null,null,null,null,null,null,null,null,null,null,null,null,null,null,null,null,null,null,null,null,null,null,null,null,{"$f":"PROCURA_PRECO_SERVICO","v":22.83}]
["20.1.1.3","COMPOSIÇÃO","JMV-CRAS-154",{"$f":"PROCURA_DESCRICAO_SERVICO","v":"PARAFUSO SEXTAVADO D = 1/2\" X 1.1/2\" - BASEADA DA AGETOP CIVIL (071870)"},{"$f":"PROCURA_UNIDADE_SERVICO","v":"UN"},176,{"$f":"PROCURA_PRECO_SERVICO","v":3.68},4.64,816.64,null,null,null,null,"SERVIÇO",null,null,null,"NIVEL 4","NIVEL 4","NIVEL 4","NIVEL 4",{"$f":"COUNTIF($R$2:$R1282,\"NIVEL 1\")","v":20},1,1,3,{"$f":"ADDRESS(MATCH(COUNTIF($R$2:$R1282,\"NIVEL 1\"),V:V,0),COLUMN(S1282))","v":"$S$1274"},{"$f":"ADDRESS(MATCH(COUNTIF($R$2:$R1282,\"NIVEL 1\"),V:V,0),COLUMN(W1282))","v":"$W$1274"},{"$f":"ADDRESS((MATCH(COUNTIF(INDIRECT(Z1282):$S1282,\"NIVEL 2\"),INDIRECT(AA1282):W1282,0)+(MATCH(COUNTIF($R$2:$R1282,\"NIVEL 1\"),V:V,0)-1)),COLUMN(T1282))","v":"$T$1276"},null,null,null,null,null,null,null,null,null,null,null,null,null,null,null,null,null,null,null,null,null,null,null,null,null,null,{"$f":"PROCURA_PRECO_SERVICO","v":3.68}]
["20.1.1.4","COMPOSIÇÃO","JMV-CRAS-156",{"$f":"PROCURA_DESCRICAO_SERVICO","v":"FIXAÇÃO DE PARAFUSO 1/4\" - 14X3.1/4\" EM ESTRUTURA METÁLICA - BASEADA DA SICRO (4806395)"},{"$f":"PROCURA_UNIDADE_SERVICO","v":"UND"},336,{"$f":"PROCURA_PRECO_SERVICO","v":7.34},9.26,3111.36,null,null,null,null,"SERVIÇO",null,null,null,"NIVEL 4","NIVEL 4","NIVEL 4","NIVEL 4",{"$f":"COUNTIF($R$2:$R1283,\"NIVEL 1\")","v":20},1,1,4,{"$f":"ADDRESS(MATCH(COUNTIF($R$2:$R1283,\"NIVEL 1\"),V:V,0),COLUMN(S1283))","v":"$S$1274"},{"$f":"ADDRESS(MATCH(COUNTIF($R$2:$R1283,\"NIVEL 1\"),V:V,0),COLUMN(W1283))","v":"$W$1274"},{"$f":"ADDRESS((MATCH(COUNTIF(INDIRECT(Z1283):$S1283,\"NIVEL 2\"),INDIRECT(AA1283):W1283,0)+(MATCH(COUNTIF($R$2:$R1283,\"NIVEL 1\"),V:V,0)-1)),COLUMN(T1283))","v":"$T$1276"},null,null,null,null,null,null,null,null,null,null,null,null,null,null,null,null,null,null,null,null,null,null,null,null,null,null,{"$f":"PROCURA_PRECO_SERVICO","v":7.34}]
["20.1.1.5","COMPOSIÇÃO","JMV-CRAS-155",{"$f":"PROCURA_DESCRICAO_SERVICO","v":"FIXAÇÃO DE PARAFUSO 1/4\" 14X7/8\" EM ESTRUTURA METÁLICA - BASEADA DA SICRO (4806395)"},{"$f":"PROCURA_UNIDADE_SERVICO","v":"UND"},300,{"$f":"PROCURA_PRECO_SERVICO","v":5.73},7.23,2169,null,null,null,null,"SERVIÇO",null,null,null,"NIVEL 4","NIVEL 4","NIVEL 4","NIVEL 4",{"$f":"COUNTIF($R$2:$R1284,\"NIVEL 1\")","v":20},1,1,{"$f":"IF(U1284=\"NIVEL 4\",OFFSET(Y1284,-1,0)+1,0)","v":5},{"$f":"ADDRESS(MATCH(COUNTIF($R$2:$R1284,\"NIVEL 1\"),V:V,0),COLUMN(S1284))","v":"$S$1274"},{"$f":"ADDRESS(MATCH(COUNTIF($R$2:$R1284,\"NIVEL 1\"),V:V,0),COLUMN(W1284))","v":"$W$1274"},{"$f":"ADDRESS((MATCH(COUNTIF(INDIRECT(Z1284):$S1284,\"NIVEL 2\"),INDIRECT(AA1284):W1284,0)+(MATCH(COUNTIF($R$2:$R1284,\"NIVEL 1\"),V:V,0)-1)),COLUMN(T1284))","v":"$T$1276"},null,null,null,null,null,null,null,null,null,null,null,null,null,null,null,null,null,null,null,null,null,null,null,null,null,null,{"$f":"PROCURA_PRECO_SERVICO","v":5.73}]
["20.1.1.6","COMPOSIÇÃO","JMV-CRAS-150",{"$f":"PROCURA_DESCRICAO_SERVICO","v":"BARRA ROSQUEADA D=5/16\" X 250MM - BASEADO EM ORSE (9819)"},{"$f":"PROCURA_UNIDADE_SERVICO","v":"UN"},44,{"$f":"PROCURA_PRECO_SERVICO","v":2.35},2.96,130.24,null,null,null,null,"SERVIÇO",null,null,null,"NIVEL 4","NIVEL 4","NIVEL 4","NIVEL 4",{"$f":"COUNTIF($R$2:$R1285,\"NIVEL 1\")","v":20},1,1,{"$f":"IF(U1285=\"NIVEL 4\",OFFSET(Y1285,-1,0)+1,0)","v":6},{"$f":"ADDRESS(MATCH(COUNTIF($R$2:$R1285,\"NIVEL 1\"),V:V,0),COLUMN(S1285))","v":"$S$1274"},{"$f":"ADDRESS(MATCH(COUNTIF($R$2:$R1285,\"NIVEL 1\"),V:V,0),COLUMN(W1285))","v":"$W$1274"},{"$f":"ADDRESS((MATCH(COUNTIF(INDIRECT(Z1285):$S1285,\"NIVEL 2\"),INDIRECT(AA1285):W1285,0)+(MATCH(COUNTIF($R$2:$R1285,\"NIVEL 1\"),V:V,0)-1)),COLUMN(T1285))","v":"$T$1276"},null,null,null,null,null,null,null,null,null,null,null,null,null,null,null,null,null,null,null,null,null,null,null,null,null,null,{"$f":"PROCURA_PRECO_SERVICO","v":2.35}]
["20.1.1.7","SETOP","ED-50497",{"$f":"PROCURA_DESCRICAO_SERVICO","v":"PINTURA ESMALTE EM ESTRUTURA METÁLICA, DUAS (2) DEMÃOS, INCLUSIVE UMA (1) DEMÃO FUNDO ANTICORROSIVO"},{"$f":"PROCURA_UNIDADE_SERVICO","v":"M2"},151.9,{"$f":"PROCURA_PRECO_SERVICO","v":33.04},41.7,6334.23,null,null,null,null,"SERVIÇO",null,null,null,"NIVEL 4","NIVEL 4","NIVEL 4","NIVEL 4",{"$f":"COUNTIF($R$2:$R1286,\"NIVEL 1\")","v":20},1,1,7,{"$f":"ADDRESS(MATCH(COUNTIF($R$2:$R1286,\"NIVEL 1\"),V:V,0),COLUMN(S1286))","v":"$S$1274"},{"$f":"ADDRESS(MATCH(COUNTIF($R$2:$R1286,\"NIVEL 1\"),V:V,0),COLUMN(W1286))","v":"$W$1274"},{"$f":"ADDRESS((MATCH(COUNTIF(INDIRECT(Z1286):$S1286,\"NIVEL 2\"),INDIRECT(AA1286):W1286,0)+(MATCH(COUNTIF($R$2:$R1286,\"NIVEL 1\"),V:V,0)-1)),COLUMN(T1286))","v":"$T$1276"},null,null,null,null,null,null,null,null,null,null,null,null,null,null,null,null,null,null,null,null,null,null,null,null,null,null,{"$f":"PROCURA_PRECO_SERVICO","v":33.04}]
[null,null,null,null,null,null,null,null,null,null,null,null,null,null,null,null,null,null,null,null,null,{"$f":"COUNTIF($R$2:$R1287,\"NIVEL 1\")","v":20},1,1,0,{"$f":"ADDRESS(MATCH(COUNTIF($R$2:$R1287,\"NIVEL 1\"),V:V,0),COLUMN(S1287))","v":"$S$1274"},{"$f":"ADDRESS(MATCH(COUNTIF($R$2:$R1287,\"NIVEL 1\"),V:V,0),COLUMN(W1287))","v":"$W$1274"},{"$f":"ADDRESS((MATCH(COUNTIF(INDIRECT(Z1287):$S1287,\"NIVEL 2\"),INDIRECT(AA1287):W1287,0)+(MATCH(COUNTIF($R$2:$R1287,\"NIVEL 1\"),V:V,0)-1)),COLUMN(T1287))","v":"$T$1276"},null,null,null,null,null,null,null,null,null,null,null,null,null,null,null,null,null,null,null,null,null,null,null,null,null,null,{"$f":"PROCURA_PRECO_SERVICO","v":0}]
[null,null,null,{"$f":"\"SUBTOTAL DO ITEM - \"&A1278","v":"SUBTOTAL DO ITEM - 20.1.1"},null,null,null,null,{"$f":"SUBTOTAL(9,OFFSET(I1278,1,0):OFFSET(I1288,-1,0))","v":66056.01},null,null,null,null,"SUBSUBITEM_FIM",null,null,null,null,null,null,null,{"$f":"COUNTIF($R$2:$R1288,\"NIVEL 1\")","v":20},{"$f":"IFERROR(COUNTIF(INDIRECT(Z1288):S1288,\"NIVEL 2\"),0)","v":1},{"$f":"COUNTIF(INDIRECT(AB1288):T1288,\"NIVEL 3\")","v":1},0,{"$f":"ADDRESS(MATCH(COUNTIF($R$2:$R1288,\"NIVEL 1\"),V:V,0),COLUMN(S1288))","v":"$S$1274"},{"$f":"ADDRESS(MATCH(COUNTIF($R$2:$R1288,\"NIVEL 1\"),V:V,0),COLUMN(W1288))","v":"$W$1274"},{"$f":"ADDRESS((MATCH(COUNTIF(INDIRECT(Z1288):$S1288,\"NIVEL 2\"),INDIRECT(AA1288):W1288,0)+(MATCH(COUNTIF($R$2:$R1288,\"NIVEL 1\"),V:V,0)-1)),COLUMN(T1288))","v":"$T$1276"},null,null,null,null,null,null,null,null,null,null,null,null,null,null,null,null,null,null,null,null,null,null,null,null,null,null,{"$f":"PROCURA_PRECO_SERVICO","v":0}]
[null,null,null,null,null,null,null,null,null,null,null,null,null,null,null,null,null,null,null,null,null,{"$f":"COUNTIF($R$2:$R1289,\"NIVEL 1\")","v":20},1,1,0,{"$f":"ADDRESS(MATCH(COUNTIF($R$2:$R1289,\"NIVEL 1\"),V:V,0),COLUMN(S1289))","v":"$S$1274"},{"$f":"ADDRESS(MATCH(COUNTIF($R$2:$R1289,\"NIVEL 1\"),V:V,0),COLUMN(W1289))","v":"$W$1274"},{"$f":"ADDRESS((MATCH(COUNTIF(INDIRECT(Z1289):$S1289,\"NIVEL 2\"),INDIRECT(AA1289):W1289,0)+(MATCH(COUNTIF($R$2:$R1289,\"NIVEL 1\"),V:V,0)-1)),COLUMN(T1289))","v":"$T$1276"},null,null,null,null,null,null,null,null,null,null,null,null,null,null,null,null,null,null,null,null,null,null,null,null,null,null,{"$f":"PROCURA_PRECO_SERVICO","v":0}]
[null,null,null,{"$f":"\"SUBTOTAL DO ITEM  - \"&A1276","v":"SUBTOTAL DO ITEM  - 20.1"},null,null,null,null,{"$f":"SUBTOTAL(9,OFFSET(I1276,1,0):OFFSET(I1290,-1,0))","v":66056.01},null,null,null,null,"SUBITEM_FIM",null,null,null,null,null,null,null,{"$f":"COUNTIF($R$2:$R1290,\"NIVEL 1\")","v":20},1,1,0,{"$f":"ADDRESS(MATCH(COUNTIF($R$2:$R1290,\"NIVEL 1\"),V:V,0),COLUMN(S1290))","v":"$S$1274"},{"$f":"ADDRESS(MATCH(COUNTIF($R$2:$R1290,\"NIVEL 1\"),V:V,0),COLUMN(W1290))","v":"$W$1274"},{"$f":"ADDRESS((MATCH(COUNTIF(INDIRECT(Z1290):$S1290,\"NIVEL 2\"),INDIRECT(AA1290):W1290,0)+(MATCH(COUNTIF($R$2:$R1290,\"NIVEL 1\"),V:V,0)-1)),COLUMN(T1290))","v":"$T$1276"},null,null,null,null,null,null,null,null,null,null,null,null,null,null,null,null,null,null,null,null,null,null,null,null,null,null,{"$f":"PROCURA_PRECO_SERVICO","v":0}]
[null,null,null,null,null,null,null,null,null,null,null,null,null,null,null,null,null,null,null,null,null,{"$f":"COUNTIF($R$2:$R1291,\"NIVEL 1\")","v":20},1,1,0,{"$f":"ADDRESS(MATCH(COUNTIF($R$2:$R1291,\"NIVEL 1\"),V:V,0),COLUMN(S1291))","v":"$S$1274"},{"$f":"ADDRESS(MATCH(COUNTIF($R$2:$R1291,\"NIVEL 1\"),V:V,0),COLUMN(W1291))","v":"$W$1274"},{"$f":"ADDRESS((MATCH(COUNTIF(INDIRECT(Z1291):$S1291,\"NIVEL 2\"),INDIRECT(AA1291):W1291,0)+(MATCH(COUNTIF($R$2:$R1291,\"NIVEL 1\"),V:V,0)-1)),COLUMN(T1291))","v":"$T$1276"},null,null,null,null,null,null,null,null,null,null,null,null,null,null,null,null,null,null,null,null,null,null,null,null,null,null,{"$f":"PROCURA_PRECO_SERVICO","v":0}]
[null,null,null,{"$f":"\"TOTAL DO ITEM - \"&A1274","v":"TOTAL DO ITEM - 20"},null,null,null,null,{"$f":"SUBTOTAL(9,OFFSET(I1274,1,0):OFFSET(I1292,-1,0))","v":66056.01},null,null,null,null,"ITEM_FIM",null,null,null,null,null,null,null,{"$f":"COUNTIF($R$2:$R1292,\"NIVEL 1\")","v":20},1,1,0,{"$f":"ADDRESS(MATCH(COUNTIF($R$2:$R1292,\"NIVEL 1\"),V:V,0),COLUMN(S1292))","v":"$S$1274"},{"$f":"ADDRESS(MATCH(COUNTIF($R$2:$R1292,\"NIVEL 1\"),V:V,0),COLUMN(W1292))","v":"$W$1274"},{"$f":"ADDRESS((MATCH(COUNTIF(INDIRECT(Z1292):$S1292,\"NIVEL 2\"),INDIRECT(AA1292):W1292,0)+(MATCH(COUNTIF($R$2:$R1292,\"NIVEL 1\"),V:V,0)-1)),COLUMN(T1292))","v":"$T$1276"},null,null,null,null,null,null,null,null,null,null,null,null,null,null,null,null,null,null,null,null,null,null,null,null,null,null,{"$f":"PROCURA_PRECO_SERVICO","v":0}]
[null,null,null,null,null,null,null,{"$f":"TRUNC(G1293*(1+$I$3),2)","v":0},null,null,null,null,null,null,null,null,null,null,null,null,null,{"$f":"COUNTIF($R$2:$R1293,\"NIVEL 1\")","v":20},1,1,{"$f":"IF(U1293=\"NIVEL 4\",OFFSET(Y1293,-1,0)+1,0)","v":0},{"$f":"ADDRESS(MATCH(COUNTIF($R$2:$R1293,\"NIVEL 1\"),V:V,0),COLUMN(S1293))","v":"$S$1274"},{"$f":"ADDRESS(MATCH(COUNTIF($R$2:$R1293,\"NIVEL 1\"),V:V,0),COLUMN(W1293))","v":"$W$1274"},{"$f":"ADDRESS((MATCH(COUNTIF(INDIRECT(Z1293):$S1293,\"NIVEL 2\"),INDIRECT(AA1293):W1293,0)+(MATCH(COUNTIF($R$2:$R1293,\"NIVEL 1\"),V:V,0)-1)),COLUMN(T1293))","v":"$T$1276"},null,null,null,null,null,null,null,null,null,null,null,null,null,null,null,null,null,null,null,null,null,null,null,null,null,null,{"$f":"PROCURA_PRECO_SERVICO","v":0}]
[{"$f":"V1294","v":21},null,null,"TELHAMENTO E COBERTURA",null,null,null,null,null,null,null,null,null,"ITEM_INICIO",null,null,null,"NIVEL 1",null,null,null,{"$f":"COUNTIF($R$2:$R1294,\"NIVEL 1\")","v":21},0,0,0,{"$f":"ADDRESS(MATCH(COUNTIF($R$2:$R1294,\"NIVEL 1\"),V:V,0),COLUMN(S1294))","v":"$S$1294"},{"$f":"ADDRESS(MATCH(COUNTIF($R$2:$R1294,\"NIVEL 1\"),V:V,0),COLUMN(W1294))","v":"$W$1294"},{"$f":"ADDRESS((MATCH(COUNTIF(INDIRECT(Z1294):$S1294,\"NIVEL 2\"),INDIRECT(AA1294):W1294,0)+(MATCH(COUNTIF($R$2:$R1294,\"NIVEL 1\"),V:V,0)-1)),COLUMN(T1294))","v":"$T$1294"},null,{"$f":"A1294","v":21},null,null,{"$f":"D1294","v":"TELHAMENTO E COBERTURA"},{"$f":"I1317","v":264189.89},{"$f":"AH1294/$I$1374","v":0.135487990389072},null,null,null,null,null,null,null,null,null,null,null,null,null,null,null,null,null,null,null,{"$f":"PROCURA_PRECO_SERVICO","v":0}]
[null,null,null,null,null,null,null,null,null,null,null,null,null,null,null,null,null,null,null,null,null,{"$f":"COUNTIF($R$2:$R1295,\"NIVEL 1\")","v":21},0,0,{"$f":"IF(U1295=\"NIVEL 4\",OFFSET(Y1295,-1,0)+1,0)","v":0},{"$f":"ADDRESS(MATCH(COUNTIF($R$2:$R1295,\"NIVEL 1\"),V:V,0),COLUMN(S1295))","v":"$S$1294"},{"$f":"ADDRESS(MATCH(COUNTIF($R$2:$R1295,\"NIVEL 1\"),V:V,0),COLUMN(W1295))","v":"$W$1294"},{"$f":"ADDRESS((MATCH(COUNTIF(INDIRECT(Z1295):$S1295,\"NIVEL 2\"),INDIRECT(AA1295):W1295,0)+(MATCH(COUNTIF($R$2:$R1295,\"NIVEL 1\"),V:V,0)-1)),COLUMN(T1295))","v":"$T$1294"},null,null,null,null,null,null,null,null,null,null,null,null,null,null,null,null,null,null,null,null,null,null,null,null,null,null,{"$f":"PROCURA_PRECO_SERVICO","v":0}]
[{"$f":"V1296&\".\"&W1296","v":"21.1"},null,null,"COBERTURA COM TELHAMENTO",null,null,null,null,null,null,null,null,null,"SUBITEM_INICIO",null,null,null,"NIVEL 2","NIVEL 2",null,null,{"$f":"COUNTIF($R$2:$R1296,\"NIVEL 1\")","v":21},1,0,0,{"$f":"ADDRESS(MATCH(COUNTIF($R$2:$R1296,\"NIVEL 1\"),V:V,0),COLUMN(S1296))","v":"$S$1294"},{"$f":"ADDRESS(MATCH(COUNTIF($R$2:$R1296,\"NIVEL 1\"),V:V,0),COLUMN(W1296))","v":"$W$1294"},{"$f":"ADDRESS((MATCH(COUNTIF(INDIRECT(Z1296):$S1296,\"NIVEL 2\"),INDIRECT(AA1296):W1296,0)+(MATCH(COUNTIF($R$2:$R1296,\"NIVEL 1\"),V:V,0)-1)),COLUMN(T1296))","v":"$T$1296"},null,null,null,null,null,null,null,null,null,null,null,null,null,null,null,null,null,null,null,null,null,null,null,null,null,null,{"$f":"PROCURA_PRECO_SERVICO","v":0}]
[null,null,null,null,null,null,null,null,null,null,null,null,null,null,null,null,null,null,null,null,null,{"$f":"COUNTIF($R$2:$R1297,\"NIVEL 1\")","v":21},1,0,0,{"$f":"ADDRESS(MATCH(COUNTIF($R$2:$R1297,\"NIVEL 1\"),V:V,0),COLUMN(S1297))","v":"$S$1294"},{"$f":"ADDRESS(MATCH(COUNTIF($R$2:$R1297,\"NIVEL 1\"),V:V,0),COLUMN(W1297))","v":"$W$1294"},{"$f":"ADDRESS((MATCH(COUNTIF(INDIRECT(Z1297):$S1297,\"NIVEL 2\"),INDIRECT(AA1297):W1297,0)+(MATCH(COUNTIF($R$2:$R1297,\"NIVEL 1\"),V:V,0)-1)),COLUMN(T1297))","v":"$T$1296"},null,null,null,null,null,null,null,null,null,null,null,null,null,null,null,null,null,null,null,null,null,null,null,null,null,null,{"$f":"PROCURA_PRECO_SERVICO","v":0}]
[{"$f":"V1298&\".\"&W1298&\".\"&X1298","v":"21.1.1"},null,null,"TELHAMENTO",null,null,null,null,null,null,null,null,null,"SUBSUBITEM_INICIO",null,null,null,"NIVEL 3","NIVEL 3","NIVEL 3",null,{"$f":"COUNTIF($R$2:$R1298,\"NIVEL 1\")","v":21},1,1,0,{"$f":"ADDRESS(MATCH(COUNTIF($R$2:$R1298,\"NIVEL 1\"),V:V,0),COLUMN(S1298))","v":"$S$1294"},{"$f":"ADDRESS(MATCH(COUNTIF($R$2:$R1298,\"NIVEL 1\"),V:V,0),COLUMN(W1298))","v":"$W$1294"},{"$f":"ADDRESS((MATCH(COUNTIF(INDIRECT(Z1298):$S1298,\"NIVEL 2\"),INDIRECT(AA1298):W1298,0)+(MATCH(COUNTIF($R$2:$R1298,\"NIVEL 1\"),V:V,0)-1)),COLUMN(T1298))","v":"$T$1296"},null,null,null,null,null,null,null,null,null,null,null,null,null,null,null,null,null,null,null,null,null,null,null,null,null,null,{"$f":"PROCURA_PRECO_SERVICO","v":0}]
[null,null,null,null,null,null,null,null,null,null,null,null,null,null,null,null,null,null,null,null,null,{"$f":"COUNTIF($R$2:$R1299,\"NIVEL 1\")","v":21},1,1,0,{"$f":"ADDRESS(MATCH(COUNTIF($R$2:$R1299,\"NIVEL 1\"),V:V,0),COLUMN(S1299))","v":"$S$1294"},{"$f":"ADDRESS(MATCH(COUNTIF($R$2:$R1299,\"NIVEL 1\"),V:V,0),COLUMN(W1299))","v":"$W$1294"},{"$f":"ADDRESS((MATCH(COUNTIF(INDIRECT(Z1299):$S1299,\"NIVEL 2\"),INDIRECT(AA1299):W1299,0)+(MATCH(COUNTIF($R$2:$R1299,\"NIVEL 1\"),V:V,0)-1)),COLUMN(T1299))","v":"$T$1296"},null,null,null,null,null,null,null,null,null,null,null,null,null,null,null,null,null,null,null,null,null,null,null,null,null,null,{"$f":"PROCURA_PRECO_SERVICO","v":0}]
[{"$f":"V1300&\".\"&W1300&\".\"&X1300&\".\"&Y1300","v":"21.1.1.1"},"COMPOSIÇÃO","JMV-CRAS-153",{"$f":"PROCURA_DESCRICAO_SERVICO","v":"TELHAMENTO COM TELHA SANDUICHE ISOTERMICA COLONIAL, COM MAIS DE 2 ÁGUAS, INCLUSO TRANSPORTE VERTICAL. AF_07/2019 - BASEADA DA SINAPI (94204)"},{"$f":"PROCURA_UNIDADE_SERVICO","v":"M²"},765.65,{"$f":"PROCURA_PRECO_SERVICO","v":259.72},{"$f":"CUSTO_BDI_SERVICO","v":327.87},{"$f":"CUSTO_TOTAL_SERVICO","v":251033.66},null,null,null,null,"SERVIÇO",null,null,null,"NIVEL 4","NIVEL 4","NIVEL 4","NIVEL 4",{"$f":"COUNTIF($R$2:$R1300,\"NIVEL 1\")","v":21},1,1,1,{"$f":"ADDRESS(MATCH(COUNTIF($R$2:$R1300,\"NIVEL 1\"),V:V,0),COLUMN(S1300))","v":"$S$1294"},{"$f":"ADDRESS(MATCH(COUNTIF($R$2:$R1300,\"NIVEL 1\"),V:V,0),COLUMN(W1300))","v":"$W$1294"},{"$f":"ADDRESS((MATCH(COUNTIF(INDIRECT(Z1300):$S1300,\"NIVEL 2\"),INDIRECT(AA1300):W1300,0)+(MATCH(COUNTIF($R$2:$R1300,\"NIVEL 1\"),V:V,0)-1)),COLUMN(T1300))","v":"$T$1296"},null,null,null,null,null,null,null,null,null,null,null,null,null,null,null,null,null,null,null,null,null,null,null,null,null,null,{"$f":"PROCURA_PRECO_SERVICO","v":259.72}]
[null,null,null,null,null,null,null,null,null,null,null,null,null,null,null,null,null,null,null,null,null,{"$f":"COUNTIF($R$2:$R1301,\"NIVEL 1\")","v":21},1,1,0,{"$f":"ADDRESS(MATCH(COUNTIF($R$2:$R1301,\"NIVEL 1\"),V:V,0),COLUMN(S1301))","v":"$S$1294"},{"$f":"ADDRESS(MATCH(COUNTIF($R$2:$R1301,\"NIVEL 1\"),V:V,0),COLUMN(W1301))","v":"$W$1294"},{"$f":"ADDRESS((MATCH(COUNTIF(INDIRECT(Z1301):$S1301,\"NIVEL 2\"),INDIRECT(AA1301):W1301,0)+(MATCH(COUNTIF($R$2:$R1301,\"NIVEL 1\"),V:V,0)-1)),COLUMN(T1301))","v":"$T$1296"},null,null,null,null,null,null,null,null,null,null,null,null,null,null,null,null,null,null,null,null,null,null,null,null,null,null,{"$f":"PROCURA_PRECO_SERVICO","v":0}]
[null,null,null,{"$f":"\"SUBTOTAL DO ITEM - \"&A1298","v":"SUBTOTAL DO ITEM - 21.1.1"},null,null,null,null,{"$f":"SUBTOTAL(9,OFFSET(I1298,1,0):OFFSET(I1302,-1,0))","v":251033.66},null,null,null,null,"SUBSUBITEM_FIM",null,null,null,null,null,null,null,{"$f":"COUNTIF($R$2:$R1302,\"NIVEL 1\")","v":21},1,1,0,{"$f":"ADDRESS(MATCH(COUNTIF($R$2:$R1302,\"NIVEL 1\"),V:V,0),COLUMN(S1302))","v":"$S$1294"},{"$f":"ADDRESS(MATCH(COUNTIF($R$2:$R1302,\"NIVEL 1\"),V:V,0),COLUMN(W1302))","v":"$W$1294"},{"$f":"ADDRESS((MATCH(COUNTIF(INDIRECT(Z1302):$S1302,\"NIVEL 2\"),INDIRECT(AA1302):W1302,0)+(MATCH(COUNTIF($R$2:$R1302,\"NIVEL 1\"),V:V,0)-1)),COLUMN(T1302))","v":"$T$1296"},null,null,null,null,null,null,null,null,null,null,null,null,null,null,null,null,null,null,null,null,null,null,null,null,null,null,{"$f":"PROCURA_PRECO_SERVICO","v":0}]
[null,null,null,null,null,null,null,null,null,null,null,null,null,null,null,null,null,null,null,null,null,{"$f":"COUNTIF($R$2:$R1303,\"NIVEL 1\")","v":21},1,1,0,{"$f":"ADDRESS(MATCH(COUNTIF($R$2:$R1303,\"NIVEL 1\"),V:V,0),COLUMN(S1303))","v":"$S$1294"},{"$f":"ADDRESS(MATCH(COUNTIF($R$2:$R1303,\"NIVEL 1\"),V:V,0),COLUMN(W1303))","v":"$W$1294"},{"$f":"ADDRESS((MATCH(COUNTIF(INDIRECT(Z1303):$S1303,\"NIVEL 2\"),INDIRECT(AA1303):W1303,0)+(MATCH(COUNTIF($R$2:$R1303,\"NIVEL 1\"),V:V,0)-1)),COLUMN(T1303))","v":"$T$1296"},null,null,null,null,null,null,null,null,null,null,null,null,null,null,null,null,null,null,null,null,null,null,null,null,null,null,{"$f":"PROCURA_PRECO_SERVICO","v":0}]
[null,null,null,{"$f":"\"SUBTOTAL DO ITEM  - \"&A1296","v":"SUBTOTAL DO ITEM  - 21.1"},null,null,null,null,{"$f":"SUBTOTAL(9,OFFSET(I1296,1,0):OFFSET(I1304,-1,0))","v":251033.66},null,null,null,null,"SUBITEM_FIM",null,null,null,null,null,null,null,{"$f":"COUNTIF($R$2:$R1304,\"NIVEL 1\")","v":21},1,1,0,{"$f":"ADDRESS(MATCH(COUNTIF($R$2:$R1304,\"NIVEL 1\"),V:V,0),COLUMN(S1304))","v":"$S$1294"},{"$f":"ADDRESS(MATCH(COUNTIF($R$2:$R1304,\"NIVEL 1\"),V:V,0),COLUMN(W1304))","v":"$W$1294"},{"$f":"ADDRESS((MATCH(COUNTIF(INDIRECT(Z1304):$S1304,\"NIVEL 2\"),INDIRECT(AA1304):W1304,0)+(MATCH(COUNTIF($R$2:$R1304,\"NIVEL 1\"),V:V,0)-1)),COLUMN(T1304))","v":"$T$1296"},null,null,null,null,null,null,null,null,null,null,null,null,null,null,null,null,null,null,null,null,null,null,null,null,null,null,{"$f":"PROCURA_PRECO_SERVICO","v":0}]
[null,null,null,null,null,null,null,null,null,null,null,null,null,null,null,null,null,null,null,null,null,{"$f":"COUNTIF($R$2:$R1305,\"NIVEL 1\")","v":21},1,1,0,{"$f":"ADDRESS(MATCH(COUNTIF($R$2:$R1305,\"NIVEL 1\"),V:V,0),COLUMN(S1305))","v":"$S$1294"},{"$f":"ADDRESS(MATCH(COUNTIF($R$2:$R1305,\"NIVEL 1\"),V:V,0),COLUMN(W1305))","v":"$W$1294"},{"$f":"ADDRESS((MATCH(COUNTIF(INDIRECT(Z1305):$S1305,\"NIVEL 2\"),INDIRECT(AA1305):W1305,0)+(MATCH(COUNTIF($R$2:$R1305,\"NIVEL 1\"),V:V,0)-1)),COLUMN(T1305))","v":"$T$1296"},null,null,null,null,null,null,null,null,null,null,null,null,null,null,null,null,null,null,null,null,null,null,null,null,null,null,{"$f":"PROCURA_PRECO_SERVICO","v":0}]
[{"$f":"V1306&\".\"&W1306","v":"21.2"},null,null,"CUMEEIRA, CALHAS E RUFOS",null,null,null,null,null,null,null,null,null,"SUBITEM_INICIO",null,null,null,"NIVEL 2","NIVEL 2",null,null,{"$f":"COUNTIF($R$2:$R1306,\"NIVEL 1\")","v":21},2,0,0,{"$f":"ADDRESS(MATCH(COUNTIF($R$2:$R1306,\"NIVEL 1\"),V:V,0),COLUMN(S1306))","v":"$S$1294"},{"$f":"ADDRESS(MATCH(COUNTIF($R$2:$R1306,\"NIVEL 1\"),V:V,0),COLUMN(W1306))","v":"$W$1294"},{"$f":"ADDRESS((MATCH(COUNTIF(INDIRECT(Z1306):$S1306,\"NIVEL 2\"),INDIRECT(AA1306):W1306,0)+(MATCH(COUNTIF($R$2:$R1306,\"NIVEL 1\"),V:V,0)-1)),COLUMN(T1306))","v":"$T$1306"},null,null,null,null,null,null,null,null,null,null,null,null,null,null,null,null,null,null,null,null,null,null,null,null,null,null,{"$f":"PROCURA_PRECO_SERVICO","v":0}]
[null,null,null,null,null,null,null,null,null,null,null,null,null,null,null,null,null,null,null,null,null,{"$f":"COUNTIF($R$2:$R1307,\"NIVEL 1\")","v":21},2,0,0,{"$f":"ADDRESS(MATCH(COUNTIF($R$2:$R1307,\"NIVEL 1\"),V:V,0),COLUMN(S1307))","v":"$S$1294"},{"$f":"ADDRESS(MATCH(COUNTIF($R$2:$R1307,\"NIVEL 1\"),V:V,0),COLUMN(W1307))","v":"$W$1294"},{"$f":"ADDRESS((MATCH(COUNTIF(INDIRECT(Z1307):$S1307,\"NIVEL 2\"),INDIRECT(AA1307):W1307,0)+(MATCH(COUNTIF($R$2:$R1307,\"NIVEL 1\"),V:V,0)-1)),COLUMN(T1307))","v":"$T$1306"},null,null,null,null,null,null,null,null,null,null,null,null,null,null,null,null,null,null,null,null,null,null,null,null,null,null,{"$f":"PROCURA_PRECO_SERVICO","v":0}]
[{"$f":"V1308&\".\"&W1308&\".\"&X1308","v":"21.2.1"},null,null,"CUMEEIRA, CALHAS E RUFOS",null,null,null,null,null,null,null,null,null,"SUBSUBITEM_INICIO",null,null,null,"NIVEL 3","NIVEL 3","NIVEL 3",null,{"$f":"COUNTIF($R$2:$R1308,\"NIVEL 1\")","v":21},2,1,0,{"$f":"ADDRESS(MATCH(COUNTIF($R$2:$R1308,\"NIVEL 1\"),V:V,0),COLUMN(S1308))","v":"$S$1294"},{"$f":"ADDRESS(MATCH(COUNTIF($R$2:$R1308,\"NIVEL 1\"),V:V,0),COLUMN(W1308))","v":"$W$1294"},{"$f":"ADDRESS((MATCH(COUNTIF(INDIRECT(Z1308):$S1308,\"NIVEL 2\"),INDIRECT(AA1308):W1308,0)+(MATCH(COUNTIF($R$2:$R1308,\"NIVEL 1\"),V:V,0)-1)),COLUMN(T1308))","v":"$T$1306"},null,null,null,null,null,null,null,null,null,null,null,null,null,null,null,null,null,null,null,null,null,null,null,null,null,null,{"$f":"PROCURA_PRECO_SERVICO","v":0}]
[null,null,null,null,null,null,null,null,null,null,null,null,null,null,null,null,null,null,null,null,null,{"$f":"COUNTIF($R$2:$R1309,\"NIVEL 1\")","v":21},2,1,0,{"$f":"ADDRESS(MATCH(COUNTIF($R$2:$R1309,\"NIVEL 1\"),V:V,0),COLUMN(S1309))","v":"$S$1294"},{"$f":"ADDRESS(MATCH(COUNTIF($R$2:$R1309,\"NIVEL 1\"),V:V,0),COLUMN(W1309))","v":"$W$1294"},{"$f":"ADDRESS((MATCH(COUNTIF(INDIRECT(Z1309):$S1309,\"NIVEL 2\"),INDIRECT(AA1309):W1309,0)+(MATCH(COUNTIF($R$2:$R1309,\"NIVEL 1\"),V:V,0)-1)),COLUMN(T1309))","v":"$T$1306"},null,null,null,null,null,null,null,null,null,null,null,null,null,null,null,null,null,null,null,null,null,null,null,null,null,null,{"$f":"PROCURA_PRECO_SERVICO","v":0}]
[{"$f":"V1310&\".\"&W1310&\".\"&X1310&\".\"&Y1310","v":"21.2.1.1"},"SETOP","ED-48402",{"$f":"PROCURA_DESCRICAO_SERVICO","v":"COLOCAÇÃO DE CUMEEIRA GALVANIZADA TRAPEZOIDAL E = 0,50 MM, SIMPLES"},{"$f":"PROCURA_UNIDADE_SERVICO","v":"M"},131.56,{"$f":"PROCURA_PRECO_SERVICO","v":54.62},{"$f":"CUSTO_BDI_SERVICO","v":68.95},{"$f":"CUSTO_TOTAL_SERVICO","v":9071.06},null,null,null,null,"SERVIÇO",null,null,null,"NIVEL 4","NIVEL 4","NIVEL 4","NIVEL 4",{"$f":"COUNTIF($R$2:$R1310,\"NIVEL 1\")","v":21},2,1,1,{"$f":"ADDRESS(MATCH(COUNTIF($R$2:$R1310,\"NIVEL 1\"),V:V,0),COLUMN(S1310))","v":"$S$1294"},{"$f":"ADDRESS(MATCH(COUNTIF($R$2:$R1310,\"NIVEL 1\"),V:V,0),COLUMN(W1310))","v":"$W$1294"},{"$f":"ADDRESS((MATCH(COUNTIF(INDIRECT(Z1310):$S1310,\"NIVEL 2\"),INDIRECT(AA1310):W1310,0)+(MATCH(COUNTIF($R$2:$R1310,\"NIVEL 1\"),V:V,0)-1)),COLUMN(T1310))","v":"$T$1306"},null,null,null,null,null,null,null,null,null,null,null,null,null,null,null,null,null,null,null,null,null,null,null,null,null,null,{"$f":"PROCURA_PRECO_SERVICO","v":54.62}]
[{"$f":"V1311&\".\"&W1311&\".\"&X1311&\".\"&Y1311","v":"21.2.1.2"},"SINAPI","94231",{"$f":"PROCURA_DESCRICAO_SERVICO","v":"RUFO EM CHAPA DE AÇO GALVANIZADO NÚMERO 24, CORTE DE 25 CM, INCLUSO TRANSPORTE VERTICAL. AF_07/2019"},{"$f":"PROCURA_UNIDADE_SERVICO","v":"M"},54.6,{"$f":"PROCURA_PRECO_SERVICO","v":"59,27"},{"$f":"CUSTO_BDI_SERVICO","v":74.82},{"$f":"CUSTO_TOTAL_SERVICO","v":4085.17},null,null,null,null,"SERVIÇO",null,null,null,"NIVEL 4","NIVEL 4","NIVEL 4","NIVEL 4",{"$f":"COUNTIF($R$2:$R1311,\"NIVEL 1\")","v":21},2,1,{"$f":"IF(U1311=\"NIVEL 4\",OFFSET(Y1311,-1,0)+1,0)","v":2},{"$f":"ADDRESS(MATCH(COUNTIF($R$2:$R1311,\"NIVEL 1\"),V:V,0),COLUMN(S1311))","v":"$S$1294"},{"$f":"ADDRESS(MATCH(COUNTIF($R$2:$R1311,\"NIVEL 1\"),V:V,0),COLUMN(W1311))","v":"$W$1294"},{"$f":"ADDRESS((MATCH(COUNTIF(INDIRECT(Z1311):$S1311,\"NIVEL 2\"),INDIRECT(AA1311):W1311,0)+(MATCH(COUNTIF($R$2:$R1311,\"NIVEL 1\"),V:V,0)-1)),COLUMN(T1311))","v":"$T$1306"},null,null,null,null,null,null,null,null,null,null,null,null,null,null,null,null,null,null,null,null,null,null,null,null,null,null,{"$f":"PROCURA_PRECO_SERVICO","v":"59,27"}]
[null,null,null,null,null,null,null,null,null,null,null,null,null,null,null,null,null,null,null,null,null,{"$f":"COUNTIF($R$2:$R1312,\"NIVEL 1\")","v":21},2,1,0,{"$f":"ADDRESS(MATCH(COUNTIF($R$2:$R1312,\"NIVEL 1\"),V:V,0),COLUMN(S1312))","v":"$S$1294"},{"$f":"ADDRESS(MATCH(COUNTIF($R$2:$R1312,\"NIVEL 1\"),V:V,0),COLUMN(W1312))","v":"$W$1294"},{"$f":"ADDRESS((MATCH(COUNTIF(INDIRECT(Z1312):$S1312,\"NIVEL 2\"),INDIRECT(AA1312):W1312,0)+(MATCH(COUNTIF($R$2:$R1312,\"NIVEL 1\"),V:V,0)-1)),COLUMN(T1312))","v":"$T$1306"},null,null,null,null,null,null,null,null,null,null,null,null,null,null,null,null,null,null,null,null,null,null,null,null,null,null,{"$f":"PROCURA_PRECO_SERVICO","v":0}]
[null,null,null,{"$f":"\"SUBTOTAL DO ITEM - \"&A1308","v":"SUBTOTAL DO ITEM - 21.2.1"},null,null,null,null,{"$f":"SUBTOTAL(9,OFFSET(I1308,1,0):OFFSET(I1313,-1,0))","v":13156.23},null,null,null,null,"SUBSUBITEM_FIM",null,null,null,null,null,null,null,{"$f":"COUNTIF($R$2:$R1313,\"NIVEL 1\")","v":21},2,1,0,{"$f":"ADDRESS(MATCH(COUNTIF($R$2:$R1313,\"NIVEL 1\"),V:V,0),COLUMN(S1313))","v":"$S$1294"},{"$f":"ADDRESS(MATCH(COUNTIF($R$2:$R1313,\"NIVEL 1\"),V:V,0),COLUMN(W1313))","v":"$W$1294"},{"$f":"ADDRESS((MATCH(COUNTIF(INDIRECT(Z1313):$S1313,\"NIVEL 2\"),INDIRECT(AA1313):W1313,0)+(MATCH(COUNTIF($R$2:$R1313,\"NIVEL 1\"),V:V,0)-1)),COLUMN(T1313))","v":"$T$1306"},null,null,null,null,null,null,null,null,null,null,null,null,null,null,null,null,null,null,null,null,null,null,null,null,null,null,{"$f":"PROCURA_PRECO_SERVICO","v":0}]
[null,null,null,null,null,null,null,null,null,null,null,null,null,null,null,null,null,null,null,null,null,{"$f":"COUNTIF($R$2:$R1314,\"NIVEL 1\")","v":21},2,1,0,{"$f":"ADDRESS(MATCH(COUNTIF($R$2:$R1314,\"NIVEL 1\"),V:V,0),COLUMN(S1314))","v":"$S$1294"},{"$f":"ADDRESS(MATCH(COUNTIF($R$2:$R1314,\"NIVEL 1\"),V:V,0),COLUMN(W1314))","v":"$W$1294"},{"$f":"ADDRESS((MATCH(COUNTIF(INDIRECT(Z1314):$S1314,\"NIVEL 2\"),INDIRECT(AA1314):W1314,0)+(MATCH(COUNTIF($R$2:$R1314,\"NIVEL 1\"),V:V,0)-1)),COLUMN(T1314))","v":"$T$1306"},null,null,null,null,null,null,null,null,null,null,null,null,null,null,null,null,null,null,null,null,null,null,null,null,null,null,{"$f":"PROCURA_PRECO_SERVICO","v":0}]
[null,null,null,{"$f":"\"SUBTOTAL DO ITEM  - \"&A1306","v":"SUBTOTAL DO ITEM  - 21.2"},null,null,null,null,{"$f":"SUBTOTAL(9,OFFSET(I1306,1,0):OFFSET(I1315,-1,0))","v":13156.23},null,null,null,null,"SUBITEM_FIM",null,null,null,null,null,null,null,{"$f":"COUNTIF($R$2:$R1315,\"NIVEL 1\")","v":21},2,1,0,{"$f":"ADDRESS(MATCH(COUNTIF($R$2:$R1315,\"NIVEL 1\"),V:V,0),COLUMN(S1315))","v":"$S$1294"},{"$f":"ADDRESS(MATCH(COUNTIF($R$2:$R1315,\"NIVEL 1\"),V:V,0),COLUMN(W1315))","v":"$W$1294"},{"$f":"ADDRESS((MATCH(COUNTIF(INDIRECT(Z1315):$S1315,\"NIVEL 2\"),INDIRECT(AA1315):W1315,0)+(MATCH(COUNTIF($R$2:$R1315,\"NIVEL 1\"),V:V,0)-1)),COLUMN(T1315))","v":"$T$1306"},null,null,null,null,null,null,null,null,null,null,null,null,null,null,null,null,null,null,null,null,null,null,null,null,null,null,{"$f":"PROCURA_PRECO_SERVICO","v":0}]
[null,null,null,null,null,null,null,null,null,null,null,null,null,null,null,null,null,null,null,null,null,{"$f":"COUNTIF($R$2:$R1316,\"NIVEL 1\")","v":21},2,1,0,{"$f":"ADDRESS(MATCH(COUNTIF($R$2:$R1316,\"NIVEL 1\"),V:V,0),COLUMN(S1316))","v":"$S$1294"},{"$f":"ADDRESS(MATCH(COUNTIF($R$2:$R1316,\"NIVEL 1\"),V:V,0),COLUMN(W1316))","v":"$W$1294"},{"$f":"ADDRESS((MATCH(COUNTIF(INDIRECT(Z1316):$S1316,\"NIVEL 2\"),INDIRECT(AA1316):W1316,0)+(MATCH(COUNTIF($R$2:$R1316,\"NIVEL 1\"),V:V,0)-1)),COLUMN(T1316))","v":"$T$1306"},null,null,null,null,null,null,null,null,null,null,null,null,null,null,null,null,null,null,null,null,null,null,null,null,null,null,{"$f":"PROCURA_PRECO_SERVICO","v":0}]
[null,null,null,{"$f":"\"TOTAL DO ITEM - \"&A1294","v":"TOTAL DO ITEM - 21"},null,null,null,null,{"$f":"SUBTOTAL(9,OFFSET(I1294,1,0):OFFSET(I1317,-1,0))","v":264189.89},null,null,null,null,"ITEM_FIM",null,null,null,null,null,null,null,{"$f":"COUNTIF($R$2:$R1317,\"NIVEL 1\")","v":21},2,1,0,{"$f":"ADDRESS(MATCH(COUNTIF($R$2:$R1317,\"NIVEL 1\"),V:V,0),COLUMN(S1317))","v":"$S$1294"},{"$f":"ADDRESS(MATCH(COUNTIF($R$2:$R1317,\"NIVEL 1\"),V:V,0),COLUMN(W1317))","v":"$W$1294"},{"$f":"ADDRESS((MATCH(COUNTIF(INDIRECT(Z1317):$S1317,\"NIVEL 2\"),INDIRECT(AA1317):W1317,0)+(MATCH(COUNTIF($R$2:$R1317,\"NIVEL 1\"),V:V,0)-1)),COLUMN(T1317))","v":"$T$1306"},null,null,null,null,null,null,null,null,null,null,null,null,null,null,null,null,null,null,null,null,null,null,null,null,null,null,{"$f":"PROCURA_PRECO_SERVICO","v":0}]
[null,null,null,null,null,null,null,{"$f":"TRUNC(G1318*(1+$I$3),2)","v":0},null,null,null,null,null,null,null,null,null,null,null,null,null,{"$f":"COUNTIF($R$2:$R1318,\"NIVEL 1\")","v":21},2,1,0,{"$f":"ADDRESS(MATCH(COUNTIF($R$2:$R1318,\"NIVEL 1\"),V:V,0),COLUMN(S1318))","v":"$S$1294"},{"$f":"ADDRESS(MATCH(COUNTIF($R$2:$R1318,\"NIVEL 1\"),V:V,0),COLUMN(W1318))","v":"$W$1294"},{"$f":"ADDRESS((MATCH(COUNTIF(INDIRECT(Z1318):$S1318,\"NIVEL 2\"),INDIRECT(AA1318):W1318,0)+(MATCH(COUNTIF($R$2:$R1318,\"NIVEL 1\"),V:V,0)-1)),COLUMN(T1318))","v":"$T$1306"},null,null,null,null,null,null,null,null,null,null,null,null,null,null,null,null,null,null,null,null,null,null,null,null,null,null,{"$f":"PROCURA_PRECO_SERVICO","v":0}]
[{"$f":"V1319","v":22},null,null,"PAISAGISMO , EQUIPAMENTOS, MOBILIÁRIOS E DIVERSOS",null,null,null,null,null,null,null,null,null,"ITEM_INICIO",null,null,null,"NIVEL 1",null,null,null,{"$f":"COUNTIF($R$2:$R1319,\"NIVEL 1\")","v":22},0,0,0,{"$f":"ADDRESS(MATCH(COUNTIF($R$2:$R1319,\"NIVEL 1\"),V:V,0),COLUMN(S1319))","v":"$S$1319"},{"$f":"ADDRESS(MATCH(COUNTIF($R$2:$R1319,\"NIVEL 1\"),V:V,0),COLUMN(W1319))","v":"$W$1319"},{"$f":"ADDRESS((MATCH(COUNTIF(INDIRECT(Z1319):$S1319,\"NIVEL 2\"),INDIRECT(AA1319):W1319,0)+(MATCH(COUNTIF($R$2:$R1319,\"NIVEL 1\"),V:V,0)-1)),COLUMN(T1319))","v":"$T$1319"},null,{"$f":"A1319","v":22},null,null,{"$f":"D1319","v":"PAISAGISMO , EQUIPAMENTOS, MOBILIÁRIOS E DIVERSOS"},{"$f":"I1344","v":110934.63},{"$f":"AH1319/$I$1374","v":0.0568920713932516},null,null,null,null,null,null,null,null,null,null,null,null,null,null,null,null,null,null,null,{"$f":"PROCURA_PRECO_SERVICO","v":0}]
[null,null,null,null,null,null,null,null,null,null,null,null,null,null,null,null,null,null,null,null,null,{"$f":"COUNTIF($R$2:$R1320,\"NIVEL 1\")","v":22},0,0,0,{"$f":"ADDRESS(MATCH(COUNTIF($R$2:$R1320,\"NIVEL 1\"),V:V,0),COLUMN(S1320))","v":"$S$1319"},{"$f":"ADDRESS(MATCH(COUNTIF($R$2:$R1320,\"NIVEL 1\"),V:V,0),COLUMN(W1320))","v":"$W$1319"},{"$f":"ADDRESS((MATCH(COUNTIF(INDIRECT(Z1320):$S1320,\"NIVEL 2\"),INDIRECT(AA1320):W1320,0)+(MATCH(COUNTIF($R$2:$R1320,\"NIVEL 1\"),V:V,0)-1)),COLUMN(T1320))","v":"$T$1319"},null,null,null,null,null,null,null,null,null,null,null,null,null,null,null,null,null,null,null,null,null,null,null,null,null,null,{"$f":"PROCURA_PRECO_SERVICO","v":0}]
[{"$f":"V1321&\".\"&W1321","v":"22.1"},null,null,"PAISAGISMO , EQUIPAMENTOS, MOBILIÁRIOS E DIVERSOS",null,null,null,null,null,null,null,null,null,"SUBITEM_INICIO",null,null,null,"NIVEL 2","NIVEL 2",null,null,{"$f":"COUNTIF($R$2:$R1321,\"NIVEL 1\")","v":22},1,0,0,{"$f":"ADDRESS(MATCH(COUNTIF($R$2:$R1321,\"NIVEL 1\"),V:V,0),COLUMN(S1321))","v":"$S$1319"},{"$f":"ADDRESS(MATCH(COUNTIF($R$2:$R1321,\"NIVEL 1\"),V:V,0),COLUMN(W1321))","v":"$W$1319"},{"$f":"ADDRESS((MATCH(COUNTIF(INDIRECT(Z1321):$S1321,\"NIVEL 2\"),INDIRECT(AA1321):W1321,0)+(MATCH(COUNTIF($R$2:$R1321,\"NIVEL 1\"),V:V,0)-1)),COLUMN(T1321))","v":"$T$1321"},null,null,null,null,null,null,null,null,null,null,null,null,null,null,null,null,null,null,null,null,null,null,null,null,null,null,{"$f":"PROCURA_PRECO_SERVICO","v":0}]
[null,null,null,null,null,null,null,null,null,null,null,null,null,null,null,null,null,null,null,null,null,{"$f":"COUNTIF($R$2:$R1322,\"NIVEL 1\")","v":22},1,0,0,{"$f":"ADDRESS(MATCH(COUNTIF($R$2:$R1322,\"NIVEL 1\"),V:V,0),COLUMN(S1322))","v":"$S$1319"},{"$f":"ADDRESS(MATCH(COUNTIF($R$2:$R1322,\"NIVEL 1\"),V:V,0),COLUMN(W1322))","v":"$W$1319"},{"$f":"ADDRESS((MATCH(COUNTIF(INDIRECT(Z1322):$S1322,\"NIVEL 2\"),INDIRECT(AA1322):W1322,0)+(MATCH(COUNTIF($R$2:$R1322,\"NIVEL 1\"),V:V,0)-1)),COLUMN(T1322))","v":"$T$1321"},null,null,null,null,null,null,null,null,null,null,null,null,null,null,null,null,null,null,null,null,null,null,null,null,null,null,{"$f":"PROCURA_PRECO_SERVICO","v":0}]
[{"$f":"V1323&\".\"&W1323&\".\"&X1323","v":"22.1.1"},null,null,"GUARDA CORPO E CORRIMÃO",null,null,null,null,null,null,null,null,null,"SUBSUBITEM_INICIO",null,null,null,"NIVEL 3","NIVEL 3","NIVEL 3",null,{"$f":"COUNTIF($R$2:$R1323,\"NIVEL 1\")","v":22},1,1,0,{"$f":"ADDRESS(MATCH(COUNTIF($R$2:$R1323,\"NIVEL 1\"),V:V,0),COLUMN(S1323))","v":"$S$1319"},{"$f":"ADDRESS(MATCH(COUNTIF($R$2:$R1323,\"NIVEL 1\"),V:V,0),COLUMN(W1323))","v":"$W$1319"},{"$f":"ADDRESS((MATCH(COUNTIF(INDIRECT(Z1323):$S1323,\"NIVEL 2\"),INDIRECT(AA1323):W1323,0)+(MATCH(COUNTIF($R$2:$R1323,\"NIVEL 1\"),V:V,0)-1)),COLUMN(T1323))","v":"$T$1321"},null,null,null,null,null,null,null,null,null,null,null,null,null,null,null,null,null,null,null,null,null,null,null,null,null,null,{"$f":"PROCURA_PRECO_SERVICO","v":0}]
[null,null,null,null,null,null,null,null,null,null,null,null,null,null,null,null,null,null,null,null,null,{"$f":"COUNTIF($R$2:$R1324,\"NIVEL 1\")","v":22},1,1,0,{"$f":"ADDRESS(MATCH(COUNTIF($R$2:$R1324,\"NIVEL 1\"),V:V,0),COLUMN(S1324))","v":"$S$1319"},{"$f":"ADDRESS(MATCH(COUNTIF($R$2:$R1324,\"NIVEL 1\"),V:V,0),COLUMN(W1324))","v":"$W$1319"},{"$f":"ADDRESS((MATCH(COUNTIF(INDIRECT(Z1324):$S1324,\"NIVEL 2\"),INDIRECT(AA1324):W1324,0)+(MATCH(COUNTIF($R$2:$R1324,\"NIVEL 1\"),V:V,0)-1)),COLUMN(T1324))","v":"$T$1321"},null,null,null,null,null,null,null,null,null,null,null,null,null,null,null,null,null,null,null,null,null,null,null,null,null,null,{"$f":"PROCURA_PRECO_SERVICO","v":0}]
[{"$f":"V1325&\".\"&W1325&\".\"&X1325&\".\"&Y1325","v":"22.1.1.1"},"SETOP","ED-50939",{"$f":"PROCURA_DESCRICAO_SERVICO","v":"GUARDA-CORPO EM AÇO GALVANIZADO DIN 2440, D = 2\", COM SUBDIVISÕES EM TUBO DE AÇO D = 1/2\", H = 1,05 M - COM CORRIMÃO DUPLO DE TUBO DE AÇO GALVANIZADO DE D = 1 1/2\""},{"$f":"PROCURA_UNIDADE_SERVICO","v":"M"},108.72,{"$f":"PROCURA_PRECO_SERVICO","v":686.1},{"$f":"CUSTO_BDI_SERVICO","v":866.13},{"$f":"CUSTO_TOTAL_SERVICO","v":94165.65},null,null,null,null,"SERVIÇO",null,null,null,"NIVEL 4","NIVEL 4","NIVEL 4","NIVEL 4",{"$f":"COUNTIF($R$2:$R1325,\"NIVEL 1\")","v":22},1,1,{"$f":"IF(U1325=\"NIVEL 4\",OFFSET(Y1325,-1,0)+1,0)","v":1},{"$f":"ADDRESS(MATCH(COUNTIF($R$2:$R1325,\"NIVEL 1\"),V:V,0),COLUMN(S1325))","v":"$S$1319"},{"$f":"ADDRESS(MATCH(COUNTIF($R$2:$R1325,\"NIVEL 1\"),V:V,0),COLUMN(W1325))","v":"$W$1319"},{"$f":"ADDRESS((MATCH(COUNTIF(INDIRECT(Z1325):$S1325,\"NIVEL 2\"),INDIRECT(AA1325):W1325,0)+(MATCH(COUNTIF($R$2:$R1325,\"NIVEL 1\"),V:V,0)-1)),COLUMN(T1325))","v":"$T$1321"},null,null,null,null,null,null,null,null,null,null,null,null,null,null,null,null,null,null,null,null,null,null,null,null,null,null,{"$f":"PROCURA_PRECO_SERVICO","v":686.1}]
[{"$f":"V1326&\".\"&W1326&\".\"&X1326&\".\"&Y1326","v":"22.1.1.2"},"SETOP","ED-50937",{"$f":"PROCURA_DESCRICAO_SERVICO","v":"CORRIMÃO DUPLO EM TUBO GALVANIZADO DIN 2440, D = 1 1/2\" - FIXADO EM ALVENARIA"},{"$f":"PROCURA_UNIDADE_SERVICO","v":"M"},15.25,{"$f":"PROCURA_PRECO_SERVICO","v":142.94},180.44,2751.71,null,null,null,null,"SERVIÇO",null,null,null,"NIVEL 4","NIVEL 4","NIVEL 4","NIVEL 4",{"$f":"COUNTIF($R$2:$R1326,\"NIVEL 1\")","v":22},1,1,2,{"$f":"ADDRESS(MATCH(COUNTIF($R$2:$R1326,\"NIVEL 1\"),V:V,0),COLUMN(S1326))","v":"$S$1319"},{"$f":"ADDRESS(MATCH(COUNTIF($R$2:$R1326,\"NIVEL 1\"),V:V,0),COLUMN(W1326))","v":"$W$1319"},{"$f":"ADDRESS((MATCH(COUNTIF(INDIRECT(Z1326):$S1326,\"NIVEL 2\"),INDIRECT(AA1326):W1326,0)+(MATCH(COUNTIF($R$2:$R1326,\"NIVEL 1\"),V:V,0)-1)),COLUMN(T1326))","v":"$T$1321"},null,null,null,null,null,null,null,null,null,null,null,null,null,null,null,null,null,null,null,null,null,null,null,null,null,null,{"$f":"PROCURA_PRECO_SERVICO","v":142.94}]
[null,null,null,null,null,null,null,null,null,null,null,null,null,null,null,null,null,null,null,null,null,{"$f":"COUNTIF($R$2:$R1327,\"NIVEL 1\")","v":22},1,1,0,{"$f":"ADDRESS(MATCH(COUNTIF($R$2:$R1327,\"NIVEL 1\"),V:V,0),COLUMN(S1327))","v":"$S$1319"},{"$f":"ADDRESS(MATCH(COUNTIF($R$2:$R1327,\"NIVEL 1\"),V:V,0),COLUMN(W1327))","v":"$W$1319"},{"$f":"ADDRESS((MATCH(COUNTIF(INDIRECT(Z1327):$S1327,\"NIVEL 2\"),INDIRECT(AA1327):W1327,0)+(MATCH(COUNTIF($R$2:$R1327,\"NIVEL 1\"),V:V,0)-1)),COLUMN(T1327))","v":"$T$1321"},null,null,null,null,null,null,null,null,null,null,null,null,null,null,null,null,null,null,null,null,null,null,null,null,null,null,{"$f":"PROCURA_PRECO_SERVICO","v":0}]
[null,null,null,{"$f":"\"SUBTOTAL DO ITEM - \"&A1323","v":"SUBTOTAL DO ITEM - 22.1.1"},null,null,null,null,{"$f":"SUBTOTAL(9,OFFSET(I1323,1,0):OFFSET(I1328,-1,0))","v":96917.36},null,null,null,null,"SUBSUBITEM_FIM",null,null,null,null,null,null,null,{"$f":"COUNTIF($R$2:$R1328,\"NIVEL 1\")","v":22},1,1,0,{"$f":"ADDRESS(MATCH(COUNTIF($R$2:$R1328,\"NIVEL 1\"),V:V,0),COLUMN(S1328))","v":"$S$1319"},{"$f":"ADDRESS(MATCH(COUNTIF($R$2:$R1328,\"NIVEL 1\"),V:V,0),COLUMN(W1328))","v":"$W$1319"},{"$f":"ADDRESS((MATCH(COUNTIF(INDIRECT(Z1328):$S1328,\"NIVEL 2\"),INDIRECT(AA1328):W1328,0)+(MATCH(COUNTIF($R$2:$R1328,\"NIVEL 1\"),V:V,0)-1)),COLUMN(T1328))","v":"$T$1321"},null,null,null,null,null,null,null,null,null,null,null,null,null,null,null,null,null,null,null,null,null,null,null,null,null,null,{"$f":"PROCURA_PRECO_SERVICO","v":0}]
[null,null,null,null,null,null,null,null,null,null,null,null,null,null,null,null,null,null,null,null,null,{"$f":"COUNTIF($R$2:$R1329,\"NIVEL 1\")","v":22},1,1,{"$f":"IF(U1329=\"NIVEL 4\",OFFSET(Y1329,-1,0)+1,0)","v":0},{"$f":"ADDRESS(MATCH(COUNTIF($R$2:$R1329,\"NIVEL 1\"),V:V,0),COLUMN(S1329))","v":"$S$1319"},{"$f":"ADDRESS(MATCH(COUNTIF($R$2:$R1329,\"NIVEL 1\"),V:V,0),COLUMN(W1329))","v":"$W$1319"},{"$f":"ADDRESS((MATCH(COUNTIF(INDIRECT(Z1329):$S1329,\"NIVEL 2\"),INDIRECT(AA1329):W1329,0)+(MATCH(COUNTIF($R$2:$R1329,\"NIVEL 1\"),V:V,0)-1)),COLUMN(T1329))","v":"$T$1321"},null,null,null,null,null,null,null,null,null,null,null,null,null,null,null,null,null,null,null,null,null,null,null,null,null,null,{"$f":"PROCURA_PRECO_SERVICO","v":0}]
[{"$f":"V1330&\".\"&W1330&\".\"&X1330","v":"22.1.2"},null,null,"DIVISÓRIA",null,null,null,null,null,null,null,null,null,"SUBSUBITEM_INICIO",null,null,null,"NIVEL 3","NIVEL 3","NIVEL 3",null,{"$f":"COUNTIF($R$2:$R1330,\"NIVEL 1\")","v":22},1,2,0,{"$f":"ADDRESS(MATCH(COUNTIF($R$2:$R1330,\"NIVEL 1\"),V:V,0),COLUMN(S1330))","v":"$S$1319"},{"$f":"ADDRESS(MATCH(COUNTIF($R$2:$R1330,\"NIVEL 1\"),V:V,0),COLUMN(W1330))","v":"$W$1319"},{"$f":"ADDRESS((MATCH(COUNTIF(INDIRECT(Z1330):$S1330,\"NIVEL 2\"),INDIRECT(AA1330):W1330,0)+(MATCH(COUNTIF($R$2:$R1330,\"NIVEL 1\"),V:V,0)-1)),COLUMN(T1330))","v":"$T$1321"},null,null,null,null,null,null,null,null,null,null,null,null,null,null,null,null,null,null,null,null,null,null,null,null,null,null,{"$f":"PROCURA_PRECO_SERVICO","v":0}]
[null,null,null,null,null,null,null,null,null,null,null,null,null,null,null,null,null,null,null,null,null,{"$f":"COUNTIF($R$2:$R1331,\"NIVEL 1\")","v":22},1,2,0,{"$f":"ADDRESS(MATCH(COUNTIF($R$2:$R1331,\"NIVEL 1\"),V:V,0),COLUMN(S1331))","v":"$S$1319"},{"$f":"ADDRESS(MATCH(COUNTIF($R$2:$R1331,\"NIVEL 1\"),V:V,0),COLUMN(W1331))","v":"$W$1319"},{"$f":"ADDRESS((MATCH(COUNTIF(INDIRECT(Z1331):$S1331,\"NIVEL 2\"),INDIRECT(AA1331):W1331,0)+(MATCH(COUNTIF($R$2:$R1331,\"NIVEL 1\"),V:V,0)-1)),COLUMN(T1331))","v":"$T$1321"},null,null,null,null,null,null,null,null,null,null,null,null,null,null,null,null,null,null,null,null,null,null,null,null,null,null,{"$f":"PROCURA_PRECO_SERVICO","v":0}]
[{"$f":"V1332&\".\"&W1332&\".\"&X1332&\".\"&Y1332","v":"22.1.2.1"},"SETOP","ED-48537",{"$f":"PROCURA_DESCRICAO_SERVICO","v":"DIVISÓRIA EM PAINEL REMOVÍVEL, NÚCLEO COMPENSADO NAVAL - P. ALUMÍNIO TIPO C"},{"$f":"PROCURA_UNIDADE_SERVICO","v":"M2"},4.2,{"$f":"PROCURA_PRECO_SERVICO","v":97.02},{"$f":"CUSTO_BDI_SERVICO","v":122.47},{"$f":"CUSTO_TOTAL_SERVICO","v":514.37},null,null,null,null,"SERVIÇO",null,null,null,"NIVEL 4","NIVEL 4","NIVEL 4","NIVEL 4",{"$f":"COUNTIF($R$2:$R1332,\"NIVEL 1\")","v":22},1,2,1,{"$f":"ADDRESS(MATCH(COUNTIF($R$2:$R1332,\"NIVEL 1\"),V:V,0),COLUMN(S1332))","v":"$S$1319"},{"$f":"ADDRESS(MATCH(COUNTIF($R$2:$R1332,\"NIVEL 1\"),V:V,0),COLUMN(W1332))","v":"$W$1319"},{"$f":"ADDRESS((MATCH(COUNTIF(INDIRECT(Z1332):$S1332,\"NIVEL 2\"),INDIRECT(AA1332):W1332,0)+(MATCH(COUNTIF($R$2:$R1332,\"NIVEL 1\"),V:V,0)-1)),COLUMN(T1332))","v":"$T$1321"},null,null,null,null,null,null,null,null,null,null,null,null,null,null,null,null,null,null,null,null,null,null,null,null,null,null,{"$f":"PROCURA_PRECO_SERVICO","v":97.02}]
[null,null,null,null,null,null,null,null,null,null,null,null,null,null,null,null,null,null,null,null,null,{"$f":"COUNTIF($R$2:$R1333,\"NIVEL 1\")","v":22},1,2,0,{"$f":"ADDRESS(MATCH(COUNTIF($R$2:$R1333,\"NIVEL 1\"),V:V,0),COLUMN(S1333))","v":"$S$1319"},{"$f":"ADDRESS(MATCH(COUNTIF($R$2:$R1333,\"NIVEL 1\"),V:V,0),COLUMN(W1333))","v":"$W$1319"},{"$f":"ADDRESS((MATCH(COUNTIF(INDIRECT(Z1333):$S1333,\"NIVEL 2\"),INDIRECT(AA1333):W1333,0)+(MATCH(COUNTIF($R$2:$R1333,\"NIVEL 1\"),V:V,0)-1)),COLUMN(T1333))","v":"$T$1321"},null,null,null,null,null,null,null,null,null,null,null,null,null,null,null,null,null,null,null,null,null,null,null,null,null,null,{"$f":"PROCURA_PRECO_SERVICO","v":0}]
[null,null,null,{"$f":"\"SUBTOTAL DO ITEM - \"&A1330","v":"SUBTOTAL DO ITEM - 22.1.2"},null,null,null,null,{"$f":"SUBTOTAL(9,OFFSET(I1330,1,0):OFFSET(I1334,-1,0))","v":514.37},null,null,null,null,"SUBSUBITEM_FIM",null,null,null,null,null,null,null,{"$f":"COUNTIF($R$2:$R1334,\"NIVEL 1\")","v":22},1,2,0,{"$f":"ADDRESS(MATCH(COUNTIF($R$2:$R1334,\"NIVEL 1\"),V:V,0),COLUMN(S1334))","v":"$S$1319"},{"$f":"ADDRESS(MATCH(COUNTIF($R$2:$R1334,\"NIVEL 1\"),V:V,0),COLUMN(W1334))","v":"$W$1319"},{"$f":"ADDRESS((MATCH(COUNTIF(INDIRECT(Z1334):$S1334,\"NIVEL 2\"),INDIRECT(AA1334):W1334,0)+(MATCH(COUNTIF($R$2:$R1334,\"NIVEL 1\"),V:V,0)-1)),COLUMN(T1334))","v":"$T$1321"},null,null,null,null,null,null,null,null,null,null,null,null,null,null,null,null,null,null,null,null,null,null,null,null,null,null,{"$f":"PROCURA_PRECO_SERVICO","v":0}]
[null,null,null,null,null,null,null,null,null,null,null,null,null,null,null,null,null,null,null,null,null,{"$f":"COUNTIF($R$2:$R1335,\"NIVEL 1\")","v":22},1,2,0,{"$f":"ADDRESS(MATCH(COUNTIF($R$2:$R1335,\"NIVEL 1\"),V:V,0),COLUMN(S1335))","v":"$S$1319"},{"$f":"ADDRESS(MATCH(COUNTIF($R$2:$R1335,\"NIVEL 1\"),V:V,0),COLUMN(W1335))","v":"$W$1319"},{"$f":"ADDRESS((MATCH(COUNTIF(INDIRECT(Z1335):$S1335,\"NIVEL 2\"),INDIRECT(AA1335):W1335,0)+(MATCH(COUNTIF($R$2:$R1335,\"NIVEL 1\"),V:V,0)-1)),COLUMN(T1335))","v":"$T$1321"},null,null,null,null,null,null,null,null,null,null,null,null,null,null,null,null,null,null,null,null,null,null,null,null,null,null,{"$f":"PROCURA_PRECO_SERVICO","v":0}]
[{"$f":"V1336&\".\"&W1336&\".\"&X1336","v":"22.1.3"},null,null,"ALAMBRADO",null,null,null,null,null,null,null,null,null,"SUBSUBITEM_INICIO",null,null,null,"NIVEL 3","NIVEL 3","NIVEL 3",null,{"$f":"COUNTIF($R$2:$R1336,\"NIVEL 1\")","v":22},1,3,0,{"$f":"ADDRESS(MATCH(COUNTIF($R$2:$R1336,\"NIVEL 1\"),V:V,0),COLUMN(S1336))","v":"$S$1319"},{"$f":"ADDRESS(MATCH(COUNTIF($R$2:$R1336,\"NIVEL 1\"),V:V,0),COLUMN(W1336))","v":"$W$1319"},{"$f":"ADDRESS((MATCH(COUNTIF(INDIRECT(Z1336):$S1336,\"NIVEL 2\"),INDIRECT(AA1336):W1336,0)+(MATCH(COUNTIF($R$2:$R1336,\"NIVEL 1\"),V:V,0)-1)),COLUMN(T1336))","v":"$T$1321"},null,null,null,null,null,null,null,null,null,null,null,null,null,null,null,null,null,null,null,null,null,null,null,null,null,null,{"$f":"PROCURA_PRECO_SERVICO","v":0}]
[null,null,null,null,null,null,null,null,null,null,null,null,null,null,null,null,null,null,null,null,null,{"$f":"COUNTIF($R$2:$R1337,\"NIVEL 1\")","v":22},1,3,0,{"$f":"ADDRESS(MATCH(COUNTIF($R$2:$R1337,\"NIVEL 1\"),V:V,0),COLUMN(S1337))","v":"$S$1319"},{"$f":"ADDRESS(MATCH(COUNTIF($R$2:$R1337,\"NIVEL 1\"),V:V,0),COLUMN(W1337))","v":"$W$1319"},{"$f":"ADDRESS((MATCH(COUNTIF(INDIRECT(Z1337):$S1337,\"NIVEL 2\"),INDIRECT(AA1337):W1337,0)+(MATCH(COUNTIF($R$2:$R1337,\"NIVEL 1\"),V:V,0)-1)),COLUMN(T1337))","v":"$T$1321"},null,null,null,null,null,null,null,null,null,null,null,null,null,null,null,null,null,null,null,null,null,null,null,null,null,null,{"$f":"PROCURA_PRECO_SERVICO","v":0}]
[{"$f":"V1338&\".\"&W1338&\".\"&X1338&\".\"&Y1338","v":"22.1.3.1"},"SINAPI","102362",{"$f":"PROCURA_DESCRICAO_SERVICO","v":"ALAMBRADO PARA QUADRA POLIESPORTIVA, ESTRUTURADO POR TUBOS DE ACO GALVANIZADO, (MONTANTES COM DIAMETRO 2\", TRAVESSAS E ESCORAS COM DIÂMETRO 1 ¼\u0094), COM TELA DE ARAME GALVANIZADO, FIO 14 BWG E MALHA QUADRADA 5X5CM (EXCETO MURETA). AF_03/2021"},{"$f":"PROCURA_UNIDADE_SERVICO","v":"M2"},61.008,{"$f":"PROCURA_PRECO_SERVICO","v":"175,33"},{"$f":"CUSTO_BDI_SERVICO","v":221.33},{"$f":"CUSTO_TOTAL_SERVICO","v":13502.9},null,null,null,null,"SERVIÇO",null,null,null,"NIVEL 4","NIVEL 4","NIVEL 4","NIVEL 4",{"$f":"COUNTIF($R$2:$R1338,\"NIVEL 1\")","v":22},1,3,1,{"$f":"ADDRESS(MATCH(COUNTIF($R$2:$R1338,\"NIVEL 1\"),V:V,0),COLUMN(S1338))","v":"$S$1319"},{"$f":"ADDRESS(MATCH(COUNTIF($R$2:$R1338,\"NIVEL 1\"),V:V,0),COLUMN(W1338))","v":"$W$1319"},{"$f":"ADDRESS((MATCH(COUNTIF(INDIRECT(Z1338):$S1338,\"NIVEL 2\"),INDIRECT(AA1338):W1338,0)+(MATCH(COUNTIF($R$2:$R1338,\"NIVEL 1\"),V:V,0)-1)),COLUMN(T1338))","v":"$T$1321"},null,null,null,null,null,null,null,null,null,null,null,null,null,null,null,null,null,null,null,null,null,null,null,null,null,null,{"$f":"PROCURA_PRECO_SERVICO","v":"175,33"}]
[null,null,null,null,null,null,null,null,null,null,null,null,null,null,null,null,null,null,null,null,null,{"$f":"COUNTIF($R$2:$R1339,\"NIVEL 1\")","v":22},1,3,0,{"$f":"ADDRESS(MATCH(COUNTIF($R$2:$R1339,\"NIVEL 1\"),V:V,0),COLUMN(S1339))","v":"$S$1319"},{"$f":"ADDRESS(MATCH(COUNTIF($R$2:$R1339,\"NIVEL 1\"),V:V,0),COLUMN(W1339))","v":"$W$1319"},{"$f":"ADDRESS((MATCH(COUNTIF(INDIRECT(Z1339):$S1339,\"NIVEL 2\"),INDIRECT(AA1339):W1339,0)+(MATCH(COUNTIF($R$2:$R1339,\"NIVEL 1\"),V:V,0)-1)),COLUMN(T1339))","v":"$T$1321"},null,null,null,null,null,null,null,null,null,null,null,null,null,null,null,null,null,null,null,null,null,null,null,null,null,null,{"$f":"PROCURA_PRECO_SERVICO","v":0}]
[null,null,null,{"$f":"\"SUBTOTAL DO ITEM - \"&A1336","v":"SUBTOTAL DO ITEM - 22.1.3"},null,null,null,null,{"$f":"SUBTOTAL(9,OFFSET(I1336,1,0):OFFSET(I1340,-1,0))","v":13502.9},null,null,null,null,"SUBSUBITEM_FIM",null,null,null,null,null,null,null,{"$f":"COUNTIF($R$2:$R1340,\"NIVEL 1\")","v":22},1,3,0,{"$f":"ADDRESS(MATCH(COUNTIF($R$2:$R1340,\"NIVEL 1\"),V:V,0),COLUMN(S1340))","v":"$S$1319"},{"$f":"ADDRESS(MATCH(COUNTIF($R$2:$R1340,\"NIVEL 1\"),V:V,0),COLUMN(W1340))","v":"$W$1319"},{"$f":"ADDRESS((MATCH(COUNTIF(INDIRECT(Z1340):$S1340,\"NIVEL 2\"),INDIRECT(AA1340):W1340,0)+(MATCH(COUNTIF($R$2:$R1340,\"NIVEL 1\"),V:V,0)-1)),COLUMN(T1340))","v":"$T$1321"},null,null,null,null,null,null,null,null,null,null,null,null,null,null,null,null,null,null,null,null,null,null,null,null,null,null,{"$f":"PROCURA_PRECO_SERVICO","v":0}]
[null,null,null,null,null,null,null,null,null,null,null,null,null,null,null,null,null,null,null,null,null,{"$f":"COUNTIF($R$2:$R1341,\"NIVEL 1\")","v":22},1,3,0,{"$f":"ADDRESS(MATCH(COUNTIF($R$2:$R1341,\"NIVEL 1\"),V:V,0),COLUMN(S1341))","v":"$S$1319"},{"$f":"ADDRESS(MATCH(COUNTIF($R$2:$R1341,\"NIVEL 1\"),V:V,0),COLUMN(W1341))","v":"$W$1319"},{"$f":"ADDRESS((MATCH(COUNTIF(INDIRECT(Z1341):$S1341,\"NIVEL 2\"),INDIRECT(AA1341):W1341,0)+(MATCH(COUNTIF($R$2:$R1341,\"NIVEL 1\"),V:V,0)-1)),COLUMN(T1341))","v":"$T$1321"},null,null,null,null,null,null,null,null,null,null,null,null,null,null,null,null,null,null,null,null,null,null,null,null,null,null,{"$f":"PROCURA_PRECO_SERVICO","v":0}]
[null,null,null,{"$f":"\"SUBTOTAL DO ITEM  - \"&A1321","v":"SUBTOTAL DO ITEM  - 22.1"},null,null,null,null,{"$f":"SUBTOTAL(9,OFFSET(I1321,1,0):OFFSET(I1342,-1,0))","v":110934.63},null,null,null,null,"SUBITEM_FIM",null,null,null,null,null,null,null,{"$f":"COUNTIF($R$2:$R1342,\"NIVEL 1\")","v":22},1,3,0,{"$f":"ADDRESS(MATCH(COUNTIF($R$2:$R1342,\"NIVEL 1\"),V:V,0),COLUMN(S1342))","v":"$S$1319"},{"$f":"ADDRESS(MATCH(COUNTIF($R$2:$R1342,\"NIVEL 1\"),V:V,0),COLUMN(W1342))","v":"$W$1319"},{"$f":"ADDRESS((MATCH(COUNTIF(INDIRECT(Z1342):$S1342,\"NIVEL 2\"),INDIRECT(AA1342):W1342,0)+(MATCH(COUNTIF($R$2:$R1342,\"NIVEL 1\"),V:V,0)-1)),COLUMN(T1342))","v":"$T$1321"},null,null,null,null,null,null,null,null,null,null,null,null,null,null,null,null,null,null,null,null,null,null,null,null,null,null,{"$f":"PROCURA_PRECO_SERVICO","v":0}]
[null,null,null,null,null,null,null,null,null,null,null,null,null,null,null,null,null,null,null,null,null,{"$f":"COUNTIF($R$2:$R1343,\"NIVEL 1\")","v":22},1,3,0,{"$f":"ADDRESS(MATCH(COUNTIF($R$2:$R1343,\"NIVEL 1\"),V:V,0),COLUMN(S1343))","v":"$S$1319"},{"$f":"ADDRESS(MATCH(COUNTIF($R$2:$R1343,\"NIVEL 1\"),V:V,0),COLUMN(W1343))","v":"$W$1319"},{"$f":"ADDRESS((MATCH(COUNTIF(INDIRECT(Z1343):$S1343,\"NIVEL 2\"),INDIRECT(AA1343):W1343,0)+(MATCH(COUNTIF($R$2:$R1343,\"NIVEL 1\"),V:V,0)-1)),COLUMN(T1343))","v":"$T$1321"},null,null,null,null,null,null,null,null,null,null,null,null,null,null,null,null,null,null,null,null,null,null,null,null,null,null,{"$f":"PROCURA_PRECO_SERVICO","v":0}]
[null,null,null,{"$f":"\"TOTAL DO ITEM - \"&A1319","v":"TOTAL DO ITEM - 22"},null,null,null,null,{"$f":"SUBTOTAL(9,OFFSET(I1319,1,0):OFFSET(I1344,-1,0))","v":110934.63},null,null,null,null,"ITEM_FIM",null,null,null,null,null,null,null,{"$f":"COUNTIF($R$2:$R1344,\"NIVEL 1\")","v":22},1,3,0,{"$f":"ADDRESS(MATCH(COUNTIF($R$2:$R1344,\"NIVEL 1\"),V:V,0),COLUMN(S1344))","v":"$S$1319"},{"$f":"ADDRESS(MATCH(COUNTIF($R$2:$R1344,\"NIVEL 1\"),V:V,0),COLUMN(W1344))","v":"$W$1319"},{"$f":"ADDRESS((MATCH(COUNTIF(INDIRECT(Z1344):$S1344,\"NIVEL 2\"),INDIRECT(AA1344):W1344,0)+(MATCH(COUNTIF($R$2:$R1344,\"NIVEL 1\"),V:V,0)-1)),COLUMN(T1344))","v":"$T$1321"},null,null,null,null,null,null,null,null,null,null,null,null,null,null,null,null,null,null,null,null,null,null,null,null,null,null,{"$f":"PROCURA_PRECO_SERVICO","v":0}]
[null,null,null,null,null,null,null,{"$f":"TRUNC(G1345*(1+$I$3),2)","v":0},null,null,null,null,null,null,null,null,null,null,null,null,null,{"$f":"COUNTIF($R$2:$R1345,\"NIVEL 1\")","v":22},1,3,0,{"$f":"ADDRESS(MATCH(COUNTIF($R$2:$R1345,\"NIVEL 1\"),V:V,0),COLUMN(S1345))","v":"$S$1319"},{"$f":"ADDRESS(MATCH(COUNTIF($R$2:$R1345,\"NIVEL 1\"),V:V,0),COLUMN(W1345))","v":"$W$1319"},{"$f":"ADDRESS((MATCH(COUNTIF(INDIRECT(Z1345):$S1345,\"NIVEL 2\"),INDIRECT(AA1345):W1345,0)+(MATCH(COUNTIF($R$2:$R1345,\"NIVEL 1\"),V:V,0)-1)),COLUMN(T1345))","v":"$T$1321"},null,null,null,null,null,null,null,null,null,null,null,null,null,null,null,null,null,null,null,null,null,null,null,null,null,null,{"$f":"PROCURA_PRECO_SERVICO","v":0}]
[{"$f":"V1346","v":23},null,null,"IMPERMEABILIZAÇÃO",null,null,null,null,null,null,null,null,null,"ITEM_INICIO",null,null,null,"NIVEL 1",null,null,null,{"$f":"COUNTIF($R$2:$R1346,\"NIVEL 1\")","v":23},0,0,0,{"$f":"ADDRESS(MATCH(COUNTIF($R$2:$R1346,\"NIVEL 1\"),V:V,0),COLUMN(S1346))","v":"$S$1346"},{"$f":"ADDRESS(MATCH(COUNTIF($R$2:$R1346,\"NIVEL 1\"),V:V,0),COLUMN(W1346))","v":"$W$1346"},{"$f":"ADDRESS((MATCH(COUNTIF(INDIRECT(Z1346):$S1346,\"NIVEL 2\"),INDIRECT(AA1346):W1346,0)+(MATCH(COUNTIF($R$2:$R1346,\"NIVEL 1\"),V:V,0)-1)),COLUMN(T1346))","v":"$T$1346"},null,{"$f":"A1346","v":23},null,null,{"$f":"D1346","v":"IMPERMEABILIZAÇÃO"},{"$f":"I1358","v":28735.13},{"$f":"AH1346/$I$1374","v":0.0147366162167248},null,null,null,null,null,null,null,null,null,null,null,null,null,null,null,null,null,null,null,{"$f":"PROCURA_PRECO_SERVICO","v":0}]
[null,null,null,null,null,null,null,null,null,null,null,null,null,null,null,null,null,null,null,null,null,{"$f":"COUNTIF($R$2:$R1347,\"NIVEL 1\")","v":23},0,0,0,{"$f":"ADDRESS(MATCH(COUNTIF($R$2:$R1347,\"NIVEL 1\"),V:V,0),COLUMN(S1347))","v":"$S$1346"},{"$f":"ADDRESS(MATCH(COUNTIF($R$2:$R1347,\"NIVEL 1\"),V:V,0),COLUMN(W1347))","v":"$W$1346"},{"$f":"ADDRESS((MATCH(COUNTIF(INDIRECT(Z1347):$S1347,\"NIVEL 2\"),INDIRECT(AA1347):W1347,0)+(MATCH(COUNTIF($R$2:$R1347,\"NIVEL 1\"),V:V,0)-1)),COLUMN(T1347))","v":"$T$1346"},null,null,null,null,null,null,null,null,null,null,null,null,null,null,null,null,null,null,null,null,null,null,null,null,null,null,{"$f":"PROCURA_PRECO_SERVICO","v":0}]
[{"$f":"V1348&\".\"&W1348","v":"23.1"},null,null,"IMPERMEABILIZAÇÃO",null,null,null,null,null,null,null,null,null,"SUBITEM_INICIO",null,null,null,"NIVEL 2","NIVEL 2",null,null,{"$f":"COUNTIF($R$2:$R1348,\"NIVEL 1\")","v":23},1,0,0,{"$f":"ADDRESS(MATCH(COUNTIF($R$2:$R1348,\"NIVEL 1\"),V:V,0),COLUMN(S1348))","v":"$S$1346"},{"$f":"ADDRESS(MATCH(COUNTIF($R$2:$R1348,\"NIVEL 1\"),V:V,0),COLUMN(W1348))","v":"$W$1346"},{"$f":"ADDRESS((MATCH(COUNTIF(INDIRECT(Z1348):$S1348,\"NIVEL 2\"),INDIRECT(AA1348):W1348,0)+(MATCH(COUNTIF($R$2:$R1348,\"NIVEL 1\"),V:V,0)-1)),COLUMN(T1348))","v":"$T$1348"},null,null,null,null,null,null,null,null,null,null,null,null,null,null,null,null,null,null,null,null,null,null,null,null,null,null,{"$f":"PROCURA_PRECO_SERVICO","v":0}]
[null,null,null,null,null,null,null,null,null,null,null,null,null,null,null,null,null,null,null,null,null,{"$f":"COUNTIF($R$2:$R1349,\"NIVEL 1\")","v":23},1,0,0,{"$f":"ADDRESS(MATCH(COUNTIF($R$2:$R1349,\"NIVEL 1\"),V:V,0),COLUMN(S1349))","v":"$S$1346"},{"$f":"ADDRESS(MATCH(COUNTIF($R$2:$R1349,\"NIVEL 1\"),V:V,0),COLUMN(W1349))","v":"$W$1346"},{"$f":"ADDRESS((MATCH(COUNTIF(INDIRECT(Z1349):$S1349,\"NIVEL 2\"),INDIRECT(AA1349):W1349,0)+(MATCH(COUNTIF($R$2:$R1349,\"NIVEL 1\"),V:V,0)-1)),COLUMN(T1349))","v":"$T$1348"},null,null,null,null,null,null,null,null,null,null,null,null,null,null,null,null,null,null,null,null,null,null,null,null,null,null,{"$f":"PROCURA_PRECO_SERVICO","v":0}]
[{"$f":"V1350&\".\"&W1350&\".\"&X1350","v":"23.1.1"},null,null,"IMPERMEABILIZAÇÃO DE LAJE",null,null,null,null,null,null,null,null,null,"SUBSUBITEM_INICIO",null,null,null,"NIVEL 3","NIVEL 3","NIVEL 3",null,{"$f":"COUNTIF($R$2:$R1350,\"NIVEL 1\")","v":23},1,1,0,{"$f":"ADDRESS(MATCH(COUNTIF($R$2:$R1350,\"NIVEL 1\"),V:V,0),COLUMN(S1350))","v":"$S$1346"},{"$f":"ADDRESS(MATCH(COUNTIF($R$2:$R1350,\"NIVEL 1\"),V:V,0),COLUMN(W1350))","v":"$W$1346"},{"$f":"ADDRESS((MATCH(COUNTIF(INDIRECT(Z1350):$S1350,\"NIVEL 2\"),INDIRECT(AA1350):W1350,0)+(MATCH(COUNTIF($R$2:$R1350,\"NIVEL 1\"),V:V,0)-1)),COLUMN(T1350))","v":"$T$1348"},null,null,null,null,null,null,null,null,null,null,null,null,null,null,null,null,null,null,null,null,null,null,null,null,null,null,{"$f":"PROCURA_PRECO_SERVICO","v":0}]
[null,null,null,null,null,null,null,null,null,null,null,null,null,null,null,null,null,null,null,null,null,{"$f":"COUNTIF($R$2:$R1351,\"NIVEL 1\")","v":23},1,1,0,{"$f":"ADDRESS(MATCH(COUNTIF($R$2:$R1351,\"NIVEL 1\"),V:V,0),COLUMN(S1351))","v":"$S$1346"},{"$f":"ADDRESS(MATCH(COUNTIF($R$2:$R1351,\"NIVEL 1\"),V:V,0),COLUMN(W1351))","v":"$W$1346"},{"$f":"ADDRESS((MATCH(COUNTIF(INDIRECT(Z1351):$S1351,\"NIVEL 2\"),INDIRECT(AA1351):W1351,0)+(MATCH(COUNTIF($R$2:$R1351,\"NIVEL 1\"),V:V,0)-1)),COLUMN(T1351))","v":"$T$1348"},null,null,null,null,null,null,null,null,null,null,null,null,null,null,null,null,null,null,null,null,null,null,null,null,null,null,{"$f":"PROCURA_PRECO_SERVICO","v":0}]
[{"$f":"V1352&\".\"&W1352&\".\"&X1352&\".\"&Y1352","v":"23.1.1.1"},"SETOP","ED-50168",{"$f":"PROCURA_DESCRICAO_SERVICO","v":"IMPERMEABILIZAÇÃO COM MANTA ASFÁLTICA PRÉ-FABRICADA, E = 4 MM"},{"$f":"PROCURA_UNIDADE_SERVICO","v":"M2"},365.68,{"$f":"PROCURA_PRECO_SERVICO","v":62.25},{"$f":"CUSTO_BDI_SERVICO","v":78.58},{"$f":"CUSTO_TOTAL_SERVICO","v":28735.13},null,null,null,null,"SERVIÇO",null,null,null,"NIVEL 4","NIVEL 4","NIVEL 4","NIVEL 4",{"$f":"COUNTIF($R$2:$R1352,\"NIVEL 1\")","v":23},{"$f":"IFERROR(COUNTIF(INDIRECT(Z1352):S1352,\"NIVEL 2\"),0)","v":1},{"$f":"COUNTIF(INDIRECT(AB1352):T1352,\"NIVEL 3\")","v":1},1,{"$f":"ADDRESS(MATCH(COUNTIF($R$2:$R1352,\"NIVEL 1\"),V:V,0),COLUMN(S1352))","v":"$S$1346"},{"$f":"ADDRESS(MATCH(COUNTIF($R$2:$R1352,\"NIVEL 1\"),V:V,0),COLUMN(W1352))","v":"$W$1346"},{"$f":"ADDRESS((MATCH(COUNTIF(INDIRECT(Z1352):$S1352,\"NIVEL 2\"),INDIRECT(AA1352):W1352,0)+(MATCH(COUNTIF($R$2:$R1352,\"NIVEL 1\"),V:V,0)-1)),COLUMN(T1352))","v":"$T$1348"},null,null,null,null,null,null,null,null,null,null,null,null,null,null,null,null,null,null,null,null,null,null,null,null,null,null,{"$f":"PROCURA_PRECO_SERVICO","v":62.25}]
[null,null,null,null,null,null,null,null,null,null,null,null,null,null,null,null,null,null,null,null,null,{"$f":"COUNTIF($R$2:$R1353,\"NIVEL 1\")","v":23},1,1,0,{"$f":"ADDRESS(MATCH(COUNTIF($R$2:$R1353,\"NIVEL 1\"),V:V,0),COLUMN(S1353))","v":"$S$1346"},{"$f":"ADDRESS(MATCH(COUNTIF($R$2:$R1353,\"NIVEL 1\"),V:V,0),COLUMN(W1353))","v":"$W$1346"},{"$f":"ADDRESS((MATCH(COUNTIF(INDIRECT(Z1353):$S1353,\"NIVEL 2\"),INDIRECT(AA1353):W1353,0)+(MATCH(COUNTIF($R$2:$R1353,\"NIVEL 1\"),V:V,0)-1)),COLUMN(T1353))","v":"$T$1348"},null,null,null,null,null,null,null,null,null,null,null,null,null,null,null,null,null,null,null,null,null,null,null,null,null,null,{"$f":"PROCURA_PRECO_SERVICO","v":0}]
[null,null,null,{"$f":"\"SUBTOTAL DO ITEM - \"&A1350","v":"SUBTOTAL DO ITEM - 23.1.1"},null,null,null,null,{"$f":"SUBTOTAL(9,OFFSET(I1350,1,0):OFFSET(I1354,-1,0))","v":28735.13},null,null,null,null,"SUBSUBITEM_FIM",null,null,null,null,null,null,null,{"$f":"COUNTIF($R$2:$R1354,\"NIVEL 1\")","v":23},1,1,0,{"$f":"ADDRESS(MATCH(COUNTIF($R$2:$R1354,\"NIVEL 1\"),V:V,0),COLUMN(S1354))","v":"$S$1346"},{"$f":"ADDRESS(MATCH(COUNTIF($R$2:$R1354,\"NIVEL 1\"),V:V,0),COLUMN(W1354))","v":"$W$1346"},{"$f":"ADDRESS((MATCH(COUNTIF(INDIRECT(Z1354):$S1354,\"NIVEL 2\"),INDIRECT(AA1354):W1354,0)+(MATCH(COUNTIF($R$2:$R1354,\"NIVEL 1\"),V:V,0)-1)),COLUMN(T1354))","v":"$T$1348"},null,null,null,null,null,null,null,null,null,null,null,null,null,null,null,null,null,null,null,null,null,null,null,null,null,null,{"$f":"PROCURA_PRECO_SERVICO","v":0}]
[null,null,null,null,null,null,null,null,null,null,null,null,null,null,null,null,null,null,null,null,null,{"$f":"COUNTIF($R$2:$R1355,\"NIVEL 1\")","v":23},1,1,0,{"$f":"ADDRESS(MATCH(COUNTIF($R$2:$R1355,\"NIVEL 1\"),V:V,0),COLUMN(S1355))","v":"$S$1346"},{"$f":"ADDRESS(MATCH(COUNTIF($R$2:$R1355,\"NIVEL 1\"),V:V,0),COLUMN(W1355))","v":"$W$1346"},{"$f":"ADDRESS((MATCH(COUNTIF(INDIRECT(Z1355):$S1355,\"NIVEL 2\"),INDIRECT(AA1355):W1355,0)+(MATCH(COUNTIF($R$2:$R1355,\"NIVEL 1\"),V:V,0)-1)),COLUMN(T1355))","v":"$T$1348"},null,null,null,null,null,null,null,null,null,null,null,null,null,null,null,null,null,null,null,null,null,null,null,null,null,null,{"$f":"PROCURA_PRECO_SERVICO","v":0}]
[null,null,null,{"$f":"\"SUBTOTAL DO ITEM  - \"&A1348","v":"SUBTOTAL DO ITEM  - 23.1"},null,null,null,null,{"$f":"SUBTOTAL(9,OFFSET(I1348,1,0):OFFSET(I1356,-1,0))","v":28735.13},null,null,null,null,"SUBITEM_FIM",null,null,null,null,null,null,null,{"$f":"COUNTIF($R$2:$R1356,\"NIVEL 1\")","v":23},1,1,0,{"$f":"ADDRESS(MATCH(COUNTIF($R$2:$R1356,\"NIVEL 1\"),V:V,0),COLUMN(S1356))","v":"$S$1346"},{"$f":"ADDRESS(MATCH(COUNTIF($R$2:$R1356,\"NIVEL 1\"),V:V,0),COLUMN(W1356))","v":"$W$1346"},{"$f":"ADDRESS((MATCH(COUNTIF(INDIRECT(Z1356):$S1356,\"NIVEL 2\"),INDIRECT(AA1356):W1356,0)+(MATCH(COUNTIF($R$2:$R1356,\"NIVEL 1\"),V:V,0)-1)),COLUMN(T1356))","v":"$T$1348"},null,null,null,null,null,null,null,null,null,null,null,null,null,null,null,null,null,null,null,null,null,null,null,null,null,null,{"$f":"PROCURA_PRECO_SERVICO","v":0}]
[null,null,null,null,null,null,null,null,null,null,null,null,null,null,null,null,null,null,null,null,null,{"$f":"COUNTIF($R$2:$R1357,\"NIVEL 1\")","v":23},1,1,0,{"$f":"ADDRESS(MATCH(COUNTIF($R$2:$R1357,\"NIVEL 1\"),V:V,0),COLUMN(S1357))","v":"$S$1346"},{"$f":"ADDRESS(MATCH(COUNTIF($R$2:$R1357,\"NIVEL 1\"),V:V,0),COLUMN(W1357))","v":"$W$1346"},{"$f":"ADDRESS((MATCH(COUNTIF(INDIRECT(Z1357):$S1357,\"NIVEL 2\"),INDIRECT(AA1357):W1357,0)+(MATCH(COUNTIF($R$2:$R1357,\"NIVEL 1\"),V:V,0)-1)),COLUMN(T1357))","v":"$T$1348"},null,null,null,null,null,null,null,null,null,null,null,null,null,null,null,null,null,null,null,null,null,null,null,null,null,null,{"$f":"PROCURA_PRECO_SERVICO","v":0}]
[null,null,null,{"$f":"\"TOTAL DO ITEM - \"&A1346","v":"TOTAL DO ITEM - 23"},null,null,null,null,{"$f":"SUBTOTAL(9,OFFSET(I1346,1,0):OFFSET(I1358,-1,0))","v":28735.13},null,null,null,null,"ITEM_FIM",null,null,null,null,null,null,null,{"$f":"COUNTIF($R$2:$R1358,\"NIVEL 1\")","v":23},1,1,0,{"$f":"ADDRESS(MATCH(COUNTIF($R$2:$R1358,\"NIVEL 1\"),V:V,0),COLUMN(S1358))","v":"$S$1346"},{"$f":"ADDRESS(MATCH(COUNTIF($R$2:$R1358,\"NIVEL 1\"),V:V,0),COLUMN(W1358))","v":"$W$1346"},{"$f":"ADDRESS((MATCH(COUNTIF(INDIRECT(Z1358):$S1358,\"NIVEL 2\"),INDIRECT(AA1358):W1358,0)+(MATCH(COUNTIF($R$2:$R1358,\"NIVEL 1\"),V:V,0)-1)),COLUMN(T1358))","v":"$T$1348"},null,null,null,null,null,null,null,null,null,null,null,null,null,null,null,null,null,null,null,null,null,null,null,null,null,null,{"$f":"PROCURA_PRECO_SERVICO","v":0}]
[null,null,null,null,null,null,null,{"$f":"TRUNC(G1359*(1+$I$3),2)","v":0},null,null,null,null,null,null,null,null,null,null,null,null,null,{"$f":"COUNTIF($R$2:$R1359,\"NIVEL 1\")","v":23},1,1,{"$f":"IF(U1359=\"NIVEL 4\",OFFSET(Y1359,-1,0)+1,0)","v":0},{"$f":"ADDRESS(MATCH(COUNTIF($R$2:$R1359,\"NIVEL 1\"),V:V,0),COLUMN(S1359))","v":"$S$1346"},{"$f":"ADDRESS(MATCH(COUNTIF($R$2:$R1359,\"NIVEL 1\"),V:V,0),COLUMN(W1359))","v":"$W$1346"},{"$f":"ADDRESS((MATCH(COUNTIF(INDIRECT(Z1359):$S1359,\"NIVEL 2\"),INDIRECT(AA1359):W1359,0)+(MATCH(COUNTIF($R$2:$R1359,\"NIVEL 1\"),V:V,0)-1)),COLUMN(T1359))","v":"$T$1348"},null,null,null,null,null,null,null,null,null,null,null,null,null,null,null,null,null,null,null,null,null,null,null,null,null,null,{"$f":"PROCURA_PRECO_SERVICO","v":0}]
[{"$f":"V1360","v":24},null,null,"LIMPEZA FINAL DE OBRA",null,null,null,null,null,null,null,null,null,"ITEM_INICIO",null,null,null,"NIVEL 1",null,null,null,{"$f":"COUNTIF($R$2:$R1360,\"NIVEL 1\")","v":24},0,0,0,{"$f":"ADDRESS(MATCH(COUNTIF($R$2:$R1360,\"NIVEL 1\"),V:V,0),COLUMN(S1360))","v":"$S$1360"},{"$f":"ADDRESS(MATCH(COUNTIF($R$2:$R1360,\"NIVEL 1\"),V:V,0),COLUMN(W1360))","v":"$W$1360"},{"$f":"ADDRESS((MATCH(COUNTIF(INDIRECT(Z1360):$S1360,\"NIVEL 2\"),INDIRECT(AA1360):W1360,0)+(MATCH(COUNTIF($R$2:$R1360,\"NIVEL 1\"),V:V,0)-1)),COLUMN(T1360))","v":"$T$1360"},null,{"$f":"A1360","v":24},null,null,{"$f":"D1360","v":"LIMPEZA FINAL DE OBRA"},{"$f":"I1372","v":6211.4},{"$f":"AH1360/$I$1374","v":0.00318547429465481},null,null,null,null,null,null,null,null,null,null,null,null,null,null,null,null,null,null,null,{"$f":"PROCURA_PRECO_SERVICO","v":0}]
[null,null,null,null,null,null,null,null,null,null,null,null,null,null,null,null,null,null,null,null,null,{"$f":"COUNTIF($R$2:$R1361,\"NIVEL 1\")","v":24},0,0,0,{"$f":"ADDRESS(MATCH(COUNTIF($R$2:$R1361,\"NIVEL 1\"),V:V,0),COLUMN(S1361))","v":"$S$1360"},{"$f":"ADDRESS(MATCH(COUNTIF($R$2:$R1361,\"NIVEL 1\"),V:V,0),COLUMN(W1361))","v":"$W$1360"},{"$f":"ADDRESS((MATCH(COUNTIF(INDIRECT(Z1361):$S1361,\"NIVEL 2\"),INDIRECT(AA1361):W1361,0)+(MATCH(COUNTIF($R$2:$R1361,\"NIVEL 1\"),V:V,0)-1)),COLUMN(T1361))","v":"$T$1360"},null,null,null,null,null,null,null,null,null,null,null,null,null,null,null,null,null,null,null,null,null,null,null,null,null,null,{"$f":"PROCURA_PRECO_SERVICO","v":0}]
[{"$f":"V1362&\".\"&W1362","v":"24.1"},null,null,"LIMPEZA FINAL DE OBRA",null,null,null,null,null,null,null,null,null,"SUBITEM_INICIO",null,null,null,"NIVEL 2","NIVEL 2",null,null,{"$f":"COUNTIF($R$2:$R1362,\"NIVEL 1\")","v":24},1,0,0,{"$f":"ADDRESS(MATCH(COUNTIF($R$2:$R1362,\"NIVEL 1\"),V:V,0),COLUMN(S1362))","v":"$S$1360"},{"$f":"ADDRESS(MATCH(COUNTIF($R$2:$R1362,\"NIVEL 1\"),V:V,0),COLUMN(W1362))","v":"$W$1360"},{"$f":"ADDRESS((MATCH(COUNTIF(INDIRECT(Z1362):$S1362,\"NIVEL 2\"),INDIRECT(AA1362):W1362,0)+(MATCH(COUNTIF($R$2:$R1362,\"NIVEL 1\"),V:V,0)-1)),COLUMN(T1362))","v":"$T$1362"},null,null,null,null,null,null,null,null,null,null,null,null,null,null,null,null,null,null,null,null,null,null,null,null,null,null,{"$f":"PROCURA_PRECO_SERVICO","v":0}]
[null,null,null,null,null,null,null,null,null,null,null,null,null,null,null,null,null,null,null,null,null,{"$f":"COUNTIF($R$2:$R1363,\"NIVEL 1\")","v":24},1,0,0,{"$f":"ADDRESS(MATCH(COUNTIF($R$2:$R1363,\"NIVEL 1\"),V:V,0),COLUMN(S1363))","v":"$S$1360"},{"$f":"ADDRESS(MATCH(COUNTIF($R$2:$R1363,\"NIVEL 1\"),V:V,0),COLUMN(W1363))","v":"$W$1360"},{"$f":"ADDRESS((MATCH(COUNTIF(INDIRECT(Z1363):$S1363,\"NIVEL 2\"),INDIRECT(AA1363):W1363,0)+(MATCH(COUNTIF($R$2:$R1363,\"NIVEL 1\"),V:V,0)-1)),COLUMN(T1363))","v":"$T$1362"},null,null,null,null,null,null,null,null,null,null,null,null,null,null,null,null,null,null,null,null,null,null,null,null,null,null,{"$f":"PROCURA_PRECO_SERVICO","v":0}]
[{"$f":"V1364&\".\"&W1364&\".\"&X1364","v":"24.1.1"},null,null,"LIMPEZA FINAL DE OBRA",null,null,null,null,null,null,null,null,null,"SUBSUBITEM_INICIO",null,null,null,"NIVEL 3","NIVEL 3","NIVEL 3",null,{"$f":"COUNTIF($R$2:$R1364,\"NIVEL 1\")","v":24},1,1,0,{"$f":"ADDRESS(MATCH(COUNTIF($R$2:$R1364,\"NIVEL 1\"),V:V,0),COLUMN(S1364))","v":"$S$1360"},{"$f":"ADDRESS(MATCH(COUNTIF($R$2:$R1364,\"NIVEL 1\"),V:V,0),COLUMN(W1364))","v":"$W$1360"},{"$f":"ADDRESS((MATCH(COUNTIF(INDIRECT(Z1364):$S1364,\"NIVEL 2\"),INDIRECT(AA1364):W1364,0)+(MATCH(COUNTIF($R$2:$R1364,\"NIVEL 1\"),V:V,0)-1)),COLUMN(T1364))","v":"$T$1362"},null,null,null,null,null,null,null,null,null,null,null,null,null,null,null,null,null,null,null,null,null,null,null,null,null,null,{"$f":"PROCURA_PRECO_SERVICO","v":0}]
[null,null,null,null,null,null,null,null,null,null,null,null,null,null,null,null,null,null,null,null,null,{"$f":"COUNTIF($R$2:$R1365,\"NIVEL 1\")","v":24},1,1,0,{"$f":"ADDRESS(MATCH(COUNTIF($R$2:$R1365,\"NIVEL 1\"),V:V,0),COLUMN(S1365))","v":"$S$1360"},{"$f":"ADDRESS(MATCH(COUNTIF($R$2:$R1365,\"NIVEL 1\"),V:V,0),COLUMN(W1365))","v":"$W$1360"},{"$f":"ADDRESS((MATCH(COUNTIF(INDIRECT(Z1365):$S1365,\"NIVEL 2\"),INDIRECT(AA1365):W1365,0)+(MATCH(COUNTIF($R$2:$R1365,\"NIVEL 1\"),V:V,0)-1)),COLUMN(T1365))","v":"$T$1362"},null,null,null,null,null,null,null,null,null,null,null,null,null,null,null,null,null,null,null,null,null,null,null,null,null,null,{"$f":"PROCURA_PRECO_SERVICO","v":0}]
[{"$f":"V1366&\".\"&W1366&\".\"&X1366&\".\"&Y1366","v":"24.1.1.1"},"SETOP","ED-50266",{"$f":"PROCURA_DESCRICAO_SERVICO","v":"LIMPEZA FINAL PARA ENTREGA DA OBRA"},{"$f":"PROCURA_UNIDADE_SERVICO","v":"M2"},759.34,{"$f":"PROCURA_PRECO_SERVICO","v":6.48},{"$f":"CUSTO_BDI_SERVICO","v":8.18},{"$f":"CUSTO_TOTAL_SERVICO","v":6211.4},null,null,null,null,"SERVIÇO",null,null,null,"NIVEL 4","NIVEL 4","NIVEL 4","NIVEL 4",{"$f":"COUNTIF($R$2:$R1366,\"NIVEL 1\")","v":24},1,1,{"$f":"IF(U1366=\"NIVEL 4\",OFFSET(Y1366,-1,0)+1,0)","v":1},{"$f":"ADDRESS(MATCH(COUNTIF($R$2:$R1366,\"NIVEL 1\"),V:V,0),COLUMN(S1366))","v":"$S$1360"},{"$f":"ADDRESS(MATCH(COUNTIF($R$2:$R1366,\"NIVEL 1\"),V:V,0),COLUMN(W1366))","v":"$W$1360"},{"$f":"ADDRESS((MATCH(COUNTIF(INDIRECT(Z1366):$S1366,\"NIVEL 2\"),INDIRECT(AA1366):W1366,0)+(MATCH(COUNTIF($R$2:$R1366,\"NIVEL 1\"),V:V,0)-1)),COLUMN(T1366))","v":"$T$1362"},null,null,null,null,null,null,null,null,null,null,null,null,null,null,null,null,null,null,null,null,null,null,null,null,null,null,{"$f":"PROCURA_PRECO_SERVICO","v":6.48}]
[null,null,null,null,null,null,null,null,null,null,null,null,null,null,null,null,null,null,null,null,null,{"$f":"COUNTIF($R$2:$R1367,\"NIVEL 1\")","v":24},1,1,0,{"$f":"ADDRESS(MATCH(COUNTIF($R$2:$R1367,\"NIVEL 1\"),V:V,0),COLUMN(S1367))","v":"$S$1360"},{"$f":"ADDRESS(MATCH(COUNTIF($R$2:$R1367,\"NIVEL 1\"),V:V,0),COLUMN(W1367))","v":"$W$1360"},{"$f":"ADDRESS((MATCH(COUNTIF(INDIRECT(Z1367):$S1367,\"NIVEL 2\"),INDIRECT(AA1367):W1367,0)+(MATCH(COUNTIF($R$2:$R1367,\"NIVEL 1\"),V:V,0)-1)),COLUMN(T1367))","v":"$T$1362"},null,null,null,null,null,null,null,null,null,null,null,null,null,null,null,null,null,null,null,null,null,null,null,null,null,null,{"$f":"PROCURA_PRECO_SERVICO","v":0}]
[null,null,null,{"$f":"\"SUBTOTAL DO ITEM - \"&A1364","v":"SUBTOTAL DO ITEM - 24.1.1"},null,null,null,null,{"$f":"SUBTOTAL(9,OFFSET(I1364,1,0):OFFSET(I1368,-1,0))","v":6211.4},null,null,null,null,"SUBSUBITEM_FIM",null,null,null,null,null,null,null,{"$f":"COUNTIF($R$2:$R1368,\"NIVEL 1\")","v":24},1,1,0,{"$f":"ADDRESS(MATCH(COUNTIF($R$2:$R1368,\"NIVEL 1\"),V:V,0),COLUMN(S1368))","v":"$S$1360"},{"$f":"ADDRESS(MATCH(COUNTIF($R$2:$R1368,\"NIVEL 1\"),V:V,0),COLUMN(W1368))","v":"$W$1360"},{"$f":"ADDRESS((MATCH(COUNTIF(INDIRECT(Z1368):$S1368,\"NIVEL 2\"),INDIRECT(AA1368):W1368,0)+(MATCH(COUNTIF($R$2:$R1368,\"NIVEL 1\"),V:V,0)-1)),COLUMN(T1368))","v":"$T$1362"},null,null,null,null,null,null,null,null,null,null,null,null,null,null,null,null,null,null,null,null,null,null,null,null,null,null,{"$f":"PROCURA_PRECO_SERVICO","v":0}]
[null,null,null,null,null,null,null,null,null,null,null,null,null,null,null,null,null,null,null,null,null,{"$f":"COUNTIF($R$2:$R1369,\"NIVEL 1\")","v":24},1,1,0,{"$f":"ADDRESS(MATCH(COUNTIF($R$2:$R1369,\"NIVEL 1\"),V:V,0),COLUMN(S1369))","v":"$S$1360"},{"$f":"ADDRESS(MATCH(COUNTIF($R$2:$R1369,\"NIVEL 1\"),V:V,0),COLUMN(W1369))","v":"$W$1360"},{"$f":"ADDRESS((MATCH(COUNTIF(INDIRECT(Z1369):$S1369,\"NIVEL 2\"),INDIRECT(AA1369):W1369,0)+(MATCH(COUNTIF($R$2:$R1369,\"NIVEL 1\"),V:V,0)-1)),COLUMN(T1369))","v":"$T$1362"},null,null,null,null,null,null,null,null,null,null,null,null,null,null,null,null,null,null,null,null,null,null,null,null,null,null,{"$f":"PROCURA_PRECO_SERVICO","v":0}]
[null,null,null,{"$f":"\"SUBTOTAL DO ITEM  - \"&A1362","v":"SUBTOTAL DO ITEM  - 24.1"},null,null,null,null,{"$f":"SUBTOTAL(9,OFFSET(I1362,1,0):OFFSET(I1370,-1,0))","v":6211.4},null,null,null,null,"SUBITEM_FIM",null,null,null,null,null,null,null,{"$f":"COUNTIF($R$2:$R1370,\"NIVEL 1\")","v":24},1,1,0,{"$f":"ADDRESS(MATCH(COUNTIF($R$2:$R1370,\"NIVEL 1\"),V:V,0),COLUMN(S1370))","v":"$S$1360"},{"$f":"ADDRESS(MATCH(COUNTIF($R$2:$R1370,\"NIVEL 1\"),V:V,0),COLUMN(W1370))","v":"$W$1360"},{"$f":"ADDRESS((MATCH(COUNTIF(INDIRECT(Z1370):$S1370,\"NIVEL 2\"),INDIRECT(AA1370):W1370,0)+(MATCH(COUNTIF($R$2:$R1370,\"NIVEL 1\"),V:V,0)-1)),COLUMN(T1370))","v":"$T$1362"},null,null,null,null,null,null,null,null,null,null,null,null,null,null,null,null,null,null,null,null,null,null,null,null,null,null,{"$f":"PROCURA_PRECO_SERVICO","v":0}]
[null,null,null,null,null,null,null,null,null,null,null,null,null,null,null,null,null,null,null,null,null,{"$f":"COUNTIF($R$2:$R1371,\"NIVEL 1\")","v":24},1,1,{"$f":"IF(U1371=\"NIVEL 4\",OFFSET(Y1371,-1,0)+1,0)","v":0},{"$f":"ADDRESS(MATCH(COUNTIF($R$2:$R1371,\"NIVEL 1\"),V:V,0),COLUMN(S1371))","v":"$S$1360"},{"$f":"ADDRESS(MATCH(COUNTIF($R$2:$R1371,\"NIVEL 1\"),V:V,0),COLUMN(W1371))","v":"$W$1360"},{"$f":"ADDRESS((MATCH(COUNTIF(INDIRECT(Z1371):$S1371,\"NIVEL 2\"),INDIRECT(AA1371):W1371,0)+(MATCH(COUNTIF($R$2:$R1371,\"NIVEL 1\"),V:V,0)-1)),COLUMN(T1371))","v":"$T$1362"},null,null,null,null,null,null,null,null,null,null,null,null,null,null,null,null,null,null,null,null,null,null,null,null,null,null,{"$f":"PROCURA_PRECO_SERVICO","v":0}]
[null,null,null,{"$f":"\"TOTAL DO ITEM - \"&A1360","v":"TOTAL DO ITEM - 24"},null,null,null,null,{"$f":"SUBTOTAL(9,OFFSET(I1360,1,0):OFFSET(I1372,-1,0))","v":6211.4},null,null,null,null,"ITEM_FIM",null,null,null,null,null,null,null,{"$f":"COUNTIF($R$2:$R1372,\"NIVEL 1\")","v":24},1,1,0,{"$f":"ADDRESS(MATCH(COUNTIF($R$2:$R1372,\"NIVEL 1\"),V:V,0),COLUMN(S1372))","v":"$S$1360"},{"$f":"ADDRESS(MATCH(COUNTIF($R$2:$R1372,\"NIVEL 1\"),V:V,0),COLUMN(W1372))","v":"$W$1360"},{"$f":"ADDRESS((MATCH(COUNTIF(INDIRECT(Z1372):$S1372,\"NIVEL 2\"),INDIRECT(AA1372):W1372,0)+(MATCH(COUNTIF($R$2:$R1372,\"NIVEL 1\"),V:V,0)-1)),COLUMN(T1372))","v":"$T$1362"},null,null,null,null,null,null,null,null,null,null,null,null,null,null,null,null,null,null,null,null,null,null,null,null,null,null,{"$f":"PROCURA_PRECO_SERVICO","v":0}]
[null,null,null,null,null,null,null,{"$f":"TRUNC(G1373*(1+$I$3),2)","v":0},null,null,null,null,null,null,null,null,null,null,null,null,null,{"$f":"COUNTIF($R$2:$R1373,\"NIVEL 1\")","v":24},1,1,0,{"$f":"ADDRESS(MATCH(COUNTIF($R$2:$R1373,\"NIVEL 1\"),V:V,0),COLUMN(S1373))","v":"$S$1360"},{"$f":"ADDRESS(MATCH(COUNTIF($R$2:$R1373,\"NIVEL 1\"),V:V,0),COLUMN(W1373))","v":"$W$1360"},{"$f":"ADDRESS((MATCH(COUNTIF(INDIRECT(Z1373):$S1373,\"NIVEL 2\"),INDIRECT(AA1373):W1373,0)+(MATCH(COUNTIF($R$2:$R1373,\"NIVEL 1\"),V:V,0)-1)),COLUMN(T1373))","v":"$T$1362"},null,null,null,null,null,null,null,null,null,null,null,null,null,null,null,null,null,null,null,null,null,null,null,null,null,null,{"$f":"PROCURA_PRECO_SERVICO","v":0}]
[null,null,null,null,null,null,null,"TOTAL DO ORÇAMENTO:",{"$f":"SUBTOTAL(9,OFFSET(I6,1,0):OFFSET(I1374,-1,0))","v":1949913.71},null,null,null,null,null,null,null,null,null,null,null,null,{"$f":"COUNTIF($R$2:$R1374,\"NIVEL 1\")","v":24},1,1,{"$f":"IF(U1374=\"NIVEL 4\",OFFSET(Y1374,-1,0)+1,0)","v":0},{"$f":"ADDRESS(MATCH(COUNTIF($R$2:$R1374,\"NIVEL 1\"),V:V,0),COLUMN(S1374))","v":"$S$1360"},{"$f":"ADDRESS(MATCH(COUNTIF($R$2:$R1374,\"NIVEL 1\"),V:V,0),COLUMN(W1374))","v":"$W$1360"},{"$f":"ADDRESS((MATCH(COUNTIF(INDIRECT(Z1374):$S1374,\"NIVEL 2\"),INDIRECT(AA1374):W1374,0)+(MATCH(COUNTIF($R$2:$R1374,\"NIVEL 1\"),V:V,0)-1)),COLUMN(T1374))","v":"$T$1362"},null,null,null,null,null,null,null,null,null,null,null,null,null,null,null,null,null,null,null,null,null,null,null,null,null,null,{"$f":"PROCURA_PRECO_SERVICO","v":0}]
[null,null,null,null,null,null,null,null,null,null,null,null,null,null,null,null,null,null,null,null,null,{"$f":"COUNTIF($R$2:$R1375,\"NIVEL 1\")","v":24},1,1,0,{"$f":"ADDRESS(MATCH(COUNTIF($R$2:$R1375,\"NIVEL 1\"),V:V,0),COLUMN(S1375))","v":"$S$1360"},{"$f":"ADDRESS(MATCH(COUNTIF($R$2:$R1375,\"NIVEL 1\"),V:V,0),COLUMN(W1375))","v":"$W$1360"},{"$f":"ADDRESS((MATCH(COUNTIF(INDIRECT(Z1375):$S1375,\"NIVEL 2\"),INDIRECT(AA1375):W1375,0)+(MATCH(COUNTIF($R$2:$R1375,\"NIVEL 1\"),V:V,0)-1)),COLUMN(T1375))","v":"$T$1362"}]
[null,null,null,null,null,null,null,null,null,null,null,null,null,null,null,null,null,null,null,null,null,{"$f":"COUNTIF($R$2:$R1376,\"NIVEL 1\")","v":24},1,1,0,{"$f":"ADDRESS(MATCH(COUNTIF($R$2:$R1376,\"NIVEL 1\"),V:V,0),COLUMN(S1376))","v":"$S$1360"},{"$f":"ADDRESS(MATCH(COUNTIF($R$2:$R1376,\"NIVEL 1\"),V:V,0),COLUMN(W1376))","v":"$W$1360"},{"$f":"ADDRESS((MATCH(COUNTIF(INDIRECT(Z1376):$S1376,\"NIVEL 2\"),INDIRECT(AA1376):W1376,0)+(MATCH(COUNTIF($R$2:$R1376,\"NIVEL 1\"),V:V,0)-1)),COLUMN(T1376))","v":"$T$1362"}]
[null,null,null,null,null,null,null,null,null,null,null,null,null,null,null,null,null,null,null,null,null,{"$f":"COUNTIF($R$2:$R1377,\"NIVEL 1\")","v":24},1,1,0,{"$f":"ADDRESS(MATCH(COUNTIF($R$2:$R1377,\"NIVEL 1\"),V:V,0),COLUMN(S1377))","v":"$S$1360"},{"$f":"ADDRESS(MATCH(COUNTIF($R$2:$R1377,\"NIVEL 1\"),V:V,0),COLUMN(W1377))","v":"$W$1360"},{"$f":"ADDRESS((MATCH(COUNTIF(INDIRECT(Z1377):$S1377,\"NIVEL 2\"),INDIRECT(AA1377):W1377,0)+(MATCH(COUNTIF($R$2:$R1377,\"NIVEL 1\"),V:V,0)-1)),COLUMN(T1377))","v":"$T$1362"}]
[null,null,null,null,null,null,null,null,null,null,null,null,null,null,null,null,null,null,null,null,null,{"$f":"COUNTIF($R$2:$R1378,\"NIVEL 1\")","v":24},1,1,0,{"$f":"ADDRESS(MATCH(COUNTIF($R$2:$R1378,\"NIVEL 1\"),V:V,0),COLUMN(S1378))","v":"$S$1360"},{"$f":"ADDRESS(MATCH(COUNTIF($R$2:$R1378,\"NIVEL 1\"),V:V,0),COLUMN(W1378))","v":"$W$1360"},{"$f":"ADDRESS((MATCH(COUNTIF(INDIRECT(Z1378):$S1378,\"NIVEL 2\"),INDIRECT(AA1378):W1378,0)+(MATCH(COUNTIF($R$2:$R1378,\"NIVEL 1\"),V:V,0)-1)),COLUMN(T1378))","v":"$T$1362"}]
[]
[]
[]
[]
[]
[]
[]
[]
[]
[]
[]
[]
[]
[]
[]
[]
[]
[]
[]
[]
[]
[]
[]
[]
[]
[]
[]
[]
[]
[]
[]
[]
[]
[]
[]
[]
[]
[]
[]
[]
[]
[]
[]
[]
[]
[]
[]
[]
[]
[]
[]
[]
[]
[]
[]
[]
[]
[]
[]
[]
[]
[]
[]
[]
[]
[]
[]
[]
[]
[]
[]
[]
[]
[]
[]
[]
[]
[]
[]
[]
[]
[]
[]
[]
[]
[]
[]
[]
[]
[]
[]
[]
[]
[]
[]
[]
[]
[]
[]
[]
[]
[]
[]
[]
[]
[]
[]
[]
[]
[]
[]
[]
[]
[]
[]
[]
[]
[]
[]
[]
[]
[]
[]
[]
[]
[]
[]
[]
[]
[]
[]
[]
[]
[]
[]
[]
[]
[]
[]
[]
[]
[]
[]
[]
[]
[]
[]
[]
[]
[]
[]
[]
[]
[]
[]
[]
[]
[]
[]
[]
[]
[]
[]
[]
[]
[]
[]
[]
[]
[]
[]
[]
[]
[]
[]
[]
[]
[]
[]
[]
[]
[]
[]
[]
[]
[]
[]
[]
[]
[]
[]
[]
[]
[]
[]
[]
[]
[]
[]
[]
[]
[]
[]
[]
[]
[]
[]
[]
[]
[]
[]
[]
[]
[]
[]
[]
[]
[]
[]
[]
[]
[]
[]
[]
[]
[]
[]
[]
[]
[]
[]
[]
[]
[]
[]
[]
[]
[]
[]
[]
[]
[]
[]
[]
[]
[]
[]
[]
[]
[]
[]
[]
[]
[]
[]
[]
[]
[]
[]
[]
[]
[]
[]
[]
[]
[]
[]
[]
[]
[]
[]
[]
[]
[]
[]
[]
[]
[]
[]
[]
[]
[]
[]
[]
[]
[]
[]
[]
[]
[]
[]
[]
[]
[]
[]
[]
[]
[]
[]
[]
[]
[]
[]
[]
[]
[]
[]
[]
[]
[]
[]
[]
[]
[]
[]
[]
[]
[]
[]
[]
[]
[]
[]
[]
[]
[]
[]
[]
[]
[]
[]
[]
[]
[]
[]
[]
[]
[]
[]
[]
[]
[]
[]
[]
[]
[]
[]
[]
[]
[]
[]
[]
[]
[]
[]
[]
[]
[]
[]
[]
[]
[]
[]
[]
[]
[]
[]
[]
[]
[]
[]
[]
[]
[]
[]
[]
[]
[]
[]
[]
[]
[]
[]
[]
[]
[]
[]
[]
[]
[]
[]
[]
[]
[]
[]
[]
[]
[]
[]
[]
[]
[]
[]
[]
[]
[]
[]
[]
[]
[]
[]
[]
[]
[]
[]
[]
[]
[]
[]
[]
[]
[]
[]
[]
[]
[]
[]
[]
[]
[]
[]
[]
[]
[]
[]
[]
[]
[]
[]
[]
[]
[]
[]
[]
[]
[]
[]
[]
[]
[]
[]
[]
[]
[]
[]
[]
[]
[]
[]
[]
[]
[]
[]
[]
[]
[]
[]
[]
[]
[]
[]
[]
[]
[]
[]
[]
[]
[]
[]
[]
[]
[]
[]
[]
[]
[]
[]
[]
[]
[]
[]
[]
[]
[]
[]
[]
[]
[]
[]
[]
[]
[]
[]
[]
[]
[]
[]
[]
[]
[]
[]
[]
[]
[]
[]
[]
[]
[]
[]
[]
[]
[]
[]
[]
[]
[]
[]
[]
[]
[]
[]
[]
[]
[]
[]
[]
[]
[]
[]
[]
[]
[]
[]
[]
[]
[]
[]
[]
[]
[]
[]
[]
[]
[]
[]
[]
[]
[]
[]
[]
[]
[]
[]
[]
[]
[]
[]
[]
[]
[]
[]
[]
[]
[]
[]
[]
[]
[]
[]
[]
[]
[]
[]
[]
[]
[]
[]
[]
[]
[]
[]
[]
[]
[]
[]
[]
[]
[]
[]
[]
[]
[]
[]
[]
[]
[]
[]
[]
[]
[]
[]
[]
[]
[]
[]
[]
[]
[]
[]
[]
[]
[]
[]
[]
[]
[]
[]
[]
[]
[]
[]
[]
[]
[]
[]
[]
[]
[]
[]
[]
[]
[]
[]
[]
[]
[]
[]
[]
[]
[]
[]
[]
[]
[]
[]
[]
[]
[]
[]
[]
[]
[]
[]
[]
[]
[]
[]
[]
[]
[]
[]
[]
[]
[]
[]
[]
[]
[]
[]
[]
[]
[]
[]
[]
[]
[]
[]
[]
[]
[]
[]
[]
[]
[]
[]
[]
[]
[]
[]
[]
[]
[]
[]
[]
[]
[]
[]
[]
[]
[]
[]
[]
[]
[]
[]
[]
[]
[]
[]
[]
[]
[]
[]
[]
[]
[]
[]
[]
[]
[]
[]
[]
[]
[]
[]
[]
[]
[]
[]
[]
[]
[]
[]
[]
[]
[]
[]
[]
[]
[]
[]
[]
[]
[]
[]
[null,null,null,null,null,null,null,null,null,null,null,null,null,"ITEM_INICIO"]
[]
[null,null,null,null,null,null,null,null,null,null,null,null,null,"SUBITEM_INICIO"]
[]
[null,null,null,null,null,null,null,null,null,null,null,null,null,"SUBSUBITEM_INICIO"]
[]
[null,null,null,null,null,null,null,null,null,null,null,null,null,"SERVIÇO"]
[null,null,null,null,null,null,null,null,null,null,null,null,null,"SERVIÇO"]
[]
[null,null,null,null,null,null,null,null,null,null,null,null,null,"SUBSUBITEM_FIM"]
[]
[null,null,null,null,null,null,null,null,null,null,null,null,null,"SUBITEM_FIM"]
[]
[null,null,null,null,null,null,null,null,null,null,null,null,null,"ITEM_FIM"]

{"sheet":"Curva ABC","index":5,"n_rows":404,"n_cols":10,"rows_kept":404,"cut":false,"hidden":false,"merged":[[0,0,0,9],[404,0,406,9]]}
["PLANILHA DE CURVA ABC"]
[{"$f":"Resumo!$A$2","v":"CONTRATANTE:"},{"$f":"Resumo!B2","v":"PREFEITURA MUNICIPAL DE JOÃO MONLEVADE-MG"},null,null,null,null,null,null,{"$f":"Resumo!$D$2","v":0.2624}]
[{"$f":"Resumo!$A$3","v":"CONTRATADA:"},{"$f":"Resumo!B3","v":"CONSÓRCIO PITÁGORAS"},null,null,null,null,null,null,{"$f":"Resumo!$D$3","v":"REV_00"}]
[{"$f":"Resumo!$A$4","v":"PROJETO:"},{"$f":"Resumo!B4","v":"CRAS III BEM VIVER"},null,null,null,null,null,null,{"$f":"Resumo!$D$4","v":"2023-04-20"}]
["BASE","CÓDIGO  ","RESUMO DOS SERVIÇOS","UNID.","QUANT.","CUSTO UNITÁRIO","CUSTO TOTAL","CUSTO TOTAL","PORCENTAGEM ACUMULADA","CURVA ABC"]
[]
["COMPOSIÇÃO","JMV-CRAS-153","TELHAMENTO COM TELHA SANDUICHE ISOTERMICA COLONIAL, COM MAIS DE 2 ÁGUAS, INCLUSO TRANSPORTE VERTICAL. AF_07/2019 - BASEADA DA SINAPI (94204)","M²",765.65,327.87,{"$f":"TRUNC(F7*E7,2)","v":251033.66},{"$f":"G7/$G$404","v":0.128740907206607},{"$f":"H7+(OFFSET(I7,-1,0))","v":0.128740907206607},{"$f":"IF(I7<=0.7,\"A\",IF(I7>0.9,\"C\",\"B\"))","v":"A"}]
["SETOP","ED-50939","GUARDA-CORPO EM AÇO GALVANIZADO DIN 2440, D = 2\", COM SUBDIVISÕES EM TUBO DE AÇO D = 1/2\", H = 1,05 M - COM CORRIMÃO DUPLO DE TUBO DE AÇO GALVANIZADO DE D = 1 1/2\"","M",108.72,866.13,94165.65,0.0482922139154558,0.177033121122062,"A"]
["SINAPI","93572","ENCARREGADO GERAL DE OBRAS COM ENCARGOS COMPLEMENTARES","MES",6,11164.07,66984.42,0.0343525047577618,0.211385625879824,"A"]
["SINAPI","90777","ENGENHEIRO CIVIL DE OBRA JUNIOR COM ENCARGOS COMPLEMENTARES","H",432,142.13,61400.16,0.0314886549518132,0.242874280831637,"A"]
["SINAPI","87263","REVESTIMENTO CERÂMICO PARA PISO COM PLACAS TIPO PORCELANATO DE DIMENSÕES 60X60 CM APLICADA EM AMBIENTES DE ÁREA MAIOR QUE 10 M². AF_02/2023_PE","M2",303.3,191.24,58003.09,0.0297464906793234,0.272620771510961,"A"]
["SETOP","ED-9320","PISO EM CONCRETO, USINADO CONVENCIONAL, FCK 15MPA, COM TELA SOLDADA NERVURADA TIPO Q-138, ACABAMENTO POLÍDO EM NÍVEL ZERO, ESP. 10CM, INCLUSIVE FORNECIMENTO, LANÇAMENTO, ADENSAMENTO, EXCLUSIVE JUNTA DE DILATAÇÃO","M2",275.3,195.98,53953.29,0.0276695782604657,0.300290349771427,"A"]
["SETOP","ED-20603","FORNECIMENTO DE ESTRUTURA METÁLICA E ENGRADAMENTO METÁLICO, EM AÇO, PARA TELHADO, EXCLUSIVE TELHA, INCLUSIVE FABRICAÇÃO, TRANSPORTE, MONTAGEM E APLICAÇÃO DE FUNDO PREPARADOR ANTICORROSIVO EM SUPERFÍCIE METÁLICA, UMA (1) DEMÃO","KG",1590.5,28.82,45838.21,0.0235078146099091,0.323798164381336,"A"]
["SETOP","ED-9081","REVESTIMENTO COM CERÂMICA APLICADO EM PAREDE, ACABAMENTO ESMALTADO, AMBIENTE INTERNO/EXTERNO, PADRÃO EXTRA, DIMENSÃO DA PEÇA ATÉ 2025 CM2, PEI III, ASSENTAMENTO COM ARGAMASSA INDUSTRIALIZADA, INCLUSIVE REJUNTAMENTO","M2",471.4483,87.1,41063.14,0.0210589523984628,0.344857116779798,"A"]
["SINAPI","88489","APLICAÇÃO MANUAL DE PINTURA COM TINTA LÁTEX ACRÍLICA EM PAREDES, DUAS DEMÃOS. AF_06/2014","M2",1881.03,18.15,34140.69,0.01750882094162,0.362365937721418,"A"]
["SETOP","ED-50473","EMASSAMENTO EM PAREDE COM MASSA ACRÍLICA, UMA (1) DEMÃO, INCLUSIVE LIXAMENTO PARA PINTURA","M2",1881.03,16.15,30378.63,0.015579474027084,0.377945411748502,"A"]
["COMPOSIÇÃO","JMV-CRAS-070","ILUMINACAO-POSTE ACO RETO ENGASTADO H=6,0M - BASEADA EM SBC (172860)","UN",17,1786.68,30373.56,0.0155768739120256,0.393522285660528,"A"]
["COMPOSIÇÃO","JMV-CRAS-050","PORTA EM ALUMÍNIO LAMBRIL, COR BRANCA OU BRONZE, DE ABRIR OU CORRER, COMPLETA, INCLUSIVE CAIXILHOS, DOBRADIÇAS OU ROLDANAS E FECHADURA - BASEADA DA ORSE (13049)","M²",38.64,762.93,29479.61,0.0151184177273157,0.408640703387844,"A"]
["SETOP","ED-50567","CONTRAPISO DESEMPENADO COM ARGAMASSA, TRAÇO 1:3 (CIMENTO E AREIA), ESP. 25MM","M2",633.71,46.41,29410.48,0.0150829648764304,0.423723668264274,"A"]
["SETOP","ED-49638","FORNECIMENTO DE CONCRETO ESTRUTURAL, USINADO BOMBEADO, COM FCK 25 MPA, INCLUSIVE LANÇAMENTO, ADENSAMENTO E ACABAMENTO","M3",33.23,878.79,29202.19,0.0149761447648881,0.438699813029162,"A"]
["SETOP","ED-50390","MOBILIZAÇÃO E DESMOBILIZAÇÃO OBRA DISTANTE DE CENTRO URBANO COM ENTRE 1.000.000,01 E 3.000.000,00","%",0.015,1921097.26,28816.45,0.0147783206263009,0.453478133655463,"A"]
["SETOP","ED-50168","IMPERMEABILIZAÇÃO COM MANTA ASFÁLTICA PRÉ-FABRICADA, E = 4 MM","M2",365.68,78.58,28735.13,0.0147366162167248,0.468214749872188,"A"]
["SINAPI","97633","DEMOLIÇÃO DE REVESTIMENTO CERÂMICO, DE FORMA MANUAL, SEM REAPROVEITAMENTO. AF_12/2017","M2",1039.2234,27.31,28381.19,0.0145551004921136,0.482769850364301,"A"]
["SETOP","ED-49318","ELETRODUTO DE AÇO GALVANIZADO LEVE, INCLUSIVE CONEXÕES, SUPORTES E FIXAÇÃO DN 25 (1\")","M",713,34.43,24548.59,0.0125895776177706,0.495359427982072,"A"]
["SINAPI","101563","CABO DE COBRE FLEXÍVEL ISOLADO, 35 MM², 0,6/1,0 KV, PARA REDE AÉREA DE DISTRIBUIÇÃO DE ENERGIA ELÉTRICA DE BAIXA TENSÃO - FORNECIMENTO E INSTALAÇÃO. AF_07/2020","M",559,42.45,23729.55,0.0121695385176814,0.507528966499753,"A"]
["COMPOSIÇÃO","JMV-CRAS-023","RODAPÉ EM GRANITO BRANCO SIENA, H=7CM, E=2CM, APLICADO COM ARGAMASSA INDUSTRIALIZADA AC-I - BASEADA DA ORSE (7652)","M",305.42,73.91,22573.59,0.0115767122843605,0.519105678784114,"A"]
["SINAPI","89677","LUVA SIMPLES, PVC, SERIE R, ÁGUA PLUVIAL, DN 150 MM, JUNTA ELÁSTICA, FORNECIDO E INSTALADO EM CONDUTORES VERTICAIS DE ÁGUAS PLUVIAIS. AF_06/2022","UN",216,101.9,22010.4,0.0112878841187285,0.530393562902842,"A"]
["SETOP","ED-51099","COMPACTAÇÃO DE VALAS OU ÁREAS, MANUALMENTE A 95% DO PN, COM PLACA VIBRATÓRIA","M3",301.68,64.19,19364.83,0.00993112151614135,0.540324684418984,"A"]
["SINAPI","103326","ALVENARIA DE VEDAÇÃO DE BLOCOS CERÂMICOS FURADOS NA VERTICAL DE 19X19X39 CM (ESPESSURA 19 CM) E ARGAMASSA DE ASSENTAMENTO COM PREPARO EM BETONEIRA. AF_12/2021","M2",167.48,115.43,19332.21,0.00991439257073586,0.55023907698972,"A"]
["SETOP","ED-50663","CALHA EM CHAPA GALVANIZADA, ESP. 0,5MM (GSG-26), COM DESENVOLVIMENTO DE 50CM, INCLUSIVE IÇAMENTO MANUAL VERTICAL","M",225,84.82,19084.5,0.00978735617998193,0.560026433169702,"A"]
["SINAPI","87251","REVESTIMENTO CERÂMICO PARA PISO COM PLACAS TIPO ESMALTADA EXTRA DE DIMENSÕES 45X45 CM APLICADA EM AMBIENTES DE ÁREA MAIOR QUE 10 M2. AF_02/2023_PE","M2",274.96,65.64,18048.37,0.00925598394813071,0.569282417117832,"A"]
["SETOP","ED-50964","FORNECIMENTO E ASSENTAMENTO DE JANELA DE ALUMÍNIO, LINHA SUPREMA ACABAMENTO ANODIZADO, TIPO MAXIM-AR COM CONTRAMARCO, INCLUSIVE FORNECIMENTO DE VIDRO LISO DE 4MM, FERRAGENS E ACESSÓRIOS","M2",18.64,950.09,17709.67,0.00908228395399097,0.578364701071823,"A"]
["SINAPI","91926","CABO DE COBRE FLEXÍVEL ISOLADO, 2,5 MM², ANTI-CHAMA 450/750 V, PARA CIRCUITOS TERMINAIS - FORNECIMENTO E INSTALAÇÃO. AF_12/2015","M",3447,5.12,17648.64,0.00905098513308058,0.587415686204904,"A"]
["SINAPI","95875","TRANSPORTE COM CAMINHÃO BASCULANTE DE 10 M³, EM VIA URBANA PAVIMENTADA, DMT ATÉ 30 KM (UNIDADE: M3XKM). AF_07/2020","M3XKM",6047.45758333333,2.91,17598.1,0.00902506603740942,0.596440752242313,"A"]
["SETOP","ED-48671","FORNECIMENTO E ASSENTAMENTO DE TUBO PVC RÍGIDO, DRENAGEM/PLUVIAL, PBV - SÉRIE NORMAL, DN 200 MM (8\"), INCLUSIVE CONEXÕES","M",84,202.22,16986.48,0.00871140087527258,0.605152153117586,"A"]
["SETOP","ED-48514","REMOÇÃO MANUAL DE TELHA CERÂMICA, COM REAPROVEITAMENTO, INCLUSIVE AFASTAMENTO E EMPILHAMENTO, EXCLUSIVE TRANSPORTE E RETIRADA DO MATERIAL REMOVIDO NÃO REAPROVEITÁVEL","M2",599.4,27.65,16573.41,0.00849956073184387,0.61365171384943,"A"]
["SETOP","ED-48298","CORTE, DOBRA E MONTAGEM DE AÇO CA-50/60","KG",913.25,16.94,15470.45,0.00793391518848288,0.621585629037913,"A"]
["SINAPI","101657","LUMINÁRIA DE LED PARA ILUMINAÇÃO PÚBLICA, DE 98 W ATÉ 137 W - FORNECIMENTO E INSTALAÇÃO. AF_08/2020","UN",17,886.67,15073.39,0.00773028566479488,0.629315914702708,"A"]
["SINAPI","102362","ALAMBRADO PARA QUADRA POLIESPORTIVA, ESTRUTURADO POR TUBOS DE ACO GALVANIZADO, (MONTANTES COM DIAMETRO 2\", TRAVESSAS E ESCORAS COM DIÂMETRO 1 ¼\u0094), COM TELA DE ARAME GALVANIZADO, FIO 14 BWG E MALHA QUADRADA 5X5CM (EXCETO MURETA). AF_03/2021","M2",61.008,221.33,13502.9,0.0069248705369634,0.636240785239671,"A"]
["SINAPI","92988","CABO DE COBRE FLEXÍVEL ISOLADO, 50 MM², ANTI-CHAMA 0,6/1,0 KV, PARA REDE ENTERRADA DE DISTRIBUIÇÃO DE ENERGIA ELÉTRICA - FORNECIMENTO E INSTALAÇÃO. AF_12/2021","M",185,66.4,12284,0.00629976595220719,0.642540551191878,"A"]
["SETOP","ED-48533","DIVISÓRIA EM GRANITO CINZA ANDORINHA E = 3 CM, INCLUSIVE FERRAGENS EM LATÃO CROMADO","M2",15.555,788.14,12259.51,0.0062872064220729,0.648827757613951,"A"]
["COMPOSIÇÃO","JMV-CRAS-042","PERFILADO METALICO 38X38MM PERFURADO-VARA 6,0M - BASEADA EM SBC (060504)","UN",64,188.52,12065.28,0.0061875968860181,0.655015354499969,"A"]
["SETOP","ED-48479","DEMOLIÇÃO MANUAL DE PISO CIMENTADO OU CONTRAPISO DE ARGAMASSA, COM ESPESSURA MÁXIMA DE 10CM, INCLUSIVE AFASTAMENTO E EMPILHAMENTO, EXCLUSIVE TRANSPORTE E RETIRADA DO MATERIAL DEMOLIDO","M2",587.9,20.21,11881.45,0.00609332091931391,0.661108675419283,"A"]
["SETOP","ED-49805","FORNECIMENTO DE CONCRETO ESTRUTURAL, USINADO BOMBEADO, COM FCK 25 MPA, INCLUSIVE LANÇAMENTO, ADENSAMENTO E ACABAMENTO (FUNDAÇÃO)","M3",12.806,862.61,11046.58,0.00566516351126122,0.666773838930544,"A"]
["SETOP","ED-50479","EMASSAMENTO EM TETO COM MASSA CORRIDA (PVA), UMA (1) DEMÃO, INCLUSIVE LIXAMENTO PARA PINTURA","M2",437.95,24.6,10773.57,0.00552515218737551,0.67229899111792,"A"]
["SICRO",4011278,"BASE OU SUB-BASE DE BRITA      GRADUADA TRATADA COM CIMENTO  ","M³    ",30.168,349.83,10553.67,0.00541237796620241,0.677711369084122,"A"]
["SINAPI","91341","PORTA EM ALUMÍNIO DE ABRIR TIPO VENEZIANA COM GUARNIÇÃO, FIXAÇÃO COM PARAFUSOS - FORNECIMENTO E INSTALAÇÃO. AF_12/2019","M2",13.44,773.92,10401.48,0.00533432835856106,0.683045697442683,"A"]
["SETOP","ED-49687","FORRO EM CHAPA DE GESSO ACARTONADO, ESP. 12,5MM, COM FIXAÇÃO DO TIPO ARAMADO, EXCLUSIVE PERFIL TABICA, SANCA E MOLDURA, INCLUSIVE ACESSÓRIOS E FIXAÇÃO","M2",144.16,70.41,10150.3,0.00520551240187957,0.688251209844563,"A"]
["COMPOSIÇÃO","JMV-CRAS-090","ACABAMENTO CAMURÇADO PARA PISO DE CONCRETO ARMADO OU LAJE SOBRE SOLO DE ALTA RESISTÊNCIA. AF_09/2021 - BASEADO EM SINAPI (97097)","M²",240.2,41.92,10069.18,0.00516391056094477,0.693415120405508,"A"]
["SINAPI","100674","JANELA FIXA DE ALUMÍNIO PARA VIDRO, COM VIDRO, BATENTE E FERRAGENS. EXCLUSIVE ACABAMENTO, ALIZAR E CONTRAMARCO. FORNECIMENTO E INSTALAÇÃO. AF_12/2019","M2",13.8,698.43,9638.33,0.00494295206529934,0.698358072470807,"A"]
["SETOP","ED-50955","FORNECIMENTO E ASSENTAMENTO DE JANELA DE CORRER EM FERRO","M2",14,676.3,9468.2,0.00485570205052817,0.703213774521335,"B"]
["SETOP","ED-48402","COLOCAÇÃO DE CUMEEIRA GALVANIZADA TRAPEZOIDAL E = 0,50 MM, SIMPLES","M",131.56,68.95,9071.06,0.00465203149938363,0.707865806020719,"B"]
["SINAPI","93358","ESCAVAÇÃO MANUAL DE VALA COM PROFUNDIDADE MENOR OU IGUAL A 1,30 M. AF_02/2021","M3",89.1,98.68,8792.38,0.00450911235451542,0.712374918375234,"B"]
["SETOP","ED-50452","PINTURA ACRÍLICA EM TETO, DUAS (2) DEMÃOS, EXCLUSIVE SELADOR ACRÍLICO E MASSA ACRÍLICA/CORRIDA (PVA)","M2",437.95,19.74,8645.13,0.00443359619231561,0.71680851456755,"B"]
["SINAPI","101857","REASSENTAMENTO DE BLOCOS SEXTAVADO PARA PISO INTERTRAVADO, ESPESSURA DE 6 CM, EM CALÇADA, COM REAPROVEITAMENTO DOS BLOCOS SEXTAVADOS - INCLUSO RETIRADA E COLOCAÇÃO DO MATERIAL. AF_12/2020","M2",234.4,36.04,8447.77,0.00433238145702355,0.721140896024574,"B"]
["SINAPI","89669","LUVA SIMPLES, PVC, SERIE R, ÁGUA PLUVIAL, DN 100 MM, JUNTA ELÁSTICA, FORNECIDO E INSTALADO EM CONDUTORES VERTICAIS DE ÁGUAS PLUVIAIS. AF_06/2022","UN",196,42.58,8345.68,0.00428002529404237,0.725420921318616,"B"]
["SETOP","ED-17989","LOCAÇÃO DE OBRA COM GABARITO DE TÁBUAS CORRIDAS PONTALETADAS A CADA 2,00M, REAPROVEITAMENTO (2X), INCLUSIVE ACOMPANHAMENTO DE EQUIPE TOPOGRÁFICA PARA MARCAÇÃO DE PONTO TOPOGRÁFICO","M",109.32,74.29,8121.38,0.0041649945627594,0.729585915881375,"B"]
["COMPOSIÇÃO","JMV-CRAS-068","LUMINÁRIA DE SOBREPOR, 2 LAMPADAS LED T8 10W - BASEADA EM ORSE (12369)","UN",42,193.08,8109.36,0.00415883018741378,0.733744746068789,"B"]
["COMPOSIÇÃO","JMV-CRAS-065","ENTRADA DE ENERGIA AÉREA, TIPO C4, PADRÃO CEMIG, CARGA INSTALADA DE 30,6KVA ATÉ 38,1KVA, TRIFÁSICO, COM SAÍDA SUBTERRÂNEA, INCLUSIVE POSTE, CAIXA PARA MEDIDOR, DISJUNTOR, BARRAMENTO, ATERRAMENTO E ACESSÓRIOS - BASEADA EM SETOP (ED-20584)","UN",1,8019.5,8019.5,0.00411274609685164,0.737857492165641,"B"]
["SETOP","ED-49098","CONDULETE DE ALUMÍNIO, TIPO \"X\", DIÂMETRO DE SAÍDA 1\" (25MM), EXCLUSIVE MÓDULO E PLACA, INCLUSIVE FIXAÇÃO","UN",163,49.18,8016.34,0.00411112551231818,0.741968617677959,"B"]
["COMPOSIÇÃO","JMV-CRAS-152","VIGA METÁLICA EM AÇO ESTRUTURAL, INCLUSO MÃO DE OBRA, TRANSPORTE E IÇAMENTO UTILIZANDO GUINDASTE - FORNECIMENTO E INSTALAÇÃO. AF_01/2020_PSA - BASEADA DA SINAPI (100763)","KG",399.6,19.16,7656.33,0.00392649682944175,0.745895114507401,"B"]
["SETOP","ED-9075","FORNECIMENTO DE ANDAIME METÁLICO PARA FACHADA (LOCAÇÃO), INCLUSIVE PISO METÁLICO E SAPATAS, EXCLUSIVE MONTAGEM E DESMONTAGEM","M2XMÊS",909.54,8.4,7640.13,0.00391818876949175,0.749813303276893,"B"]
["SINAPI","88485","APLICAÇÃO DE FUNDO SELADOR ACRÍLICO EM PAREDES, UMA DEMÃO. AF_06/2014","M2",1881.03,3.96,7448.87,0.00382010237776112,0.753633405654654,"B"]
["SETOP","ED-50505","LIXAMENTO MANUAL EM PAREDE PARA REMOÇÃO DE TINTA","M2",2131.2997,3.43,7310.35,0.00374906333675658,0.75738246899141,"B"]
["SINAPI","103334","ALVENARIA DE VEDAÇÃO DE BLOCOS CERÂMICOS FURADOS NA HORIZONTAL DE 14X9X19 CM (ESPESSURA 14 CM, BLOCO DEITADO) E ARGAMASSA DE ASSENTAMENTO COM PREPARO EM BETONEIRA. AF_12/2021","M2",40.8,178.99,7302.79,0.00374518624211325,0.761127655233524,"B"]
["SINAPI","86888","VASO SANITÁRIO SIFONADO COM CAIXA ACOPLADA LOUÇA BRANCA - FORNECIMENTO E INSTALAÇÃO. AF_01/2020","UN",12,608.32,7299.84,0.00374367335465322,0.764871328588177,"B"]
["SINAPI","89714","TUBO PVC, SERIE NORMAL, ESGOTO PREDIAL, DN 100 MM, FORNECIDO E INSTALADO EM RAMAL DE DESCARGA OU RAMAL DE ESGOTO SANITÁRIO. AF_08/2022","M",142.7,50.42,7194.93,0.00368987097382889,0.768561199562006,"B"]
["SINAPI","93382","REATERRO MANUAL DE VALAS COM COMPACTAÇÃO MECANIZADA. AF_04/2016","M3",176.051295,40.68,7161.76,0.00367285996465967,0.772234059526665,"B"]
["SETOP","ED-48365","CABO UTP 4 PARES CATEGORIA 6 COM REVESTIMENTO EXTERNO NÃO PROPAGANTE A CHAMA","M",623,10.84,6753.32,0.0034633942852784,0.775697453811944,"B"]
["SETOP","ED-48217","ALVENARIA DE BLOCO DE CONCRETO CHEIO SEM ARMAÇÃO, EM CONCRETO COM FCK 15MPA , ESP. 19CM, PARA REVESTIMENTO, INCLUSIVE ARGAMASSA PARA ASSENTAMENTO (DETALHE D - CADERNO SEDS)","M2",29.41,225.83,6641.66,0.00340613021280824,0.779103584024752,"B"]
["SETOP","ED-8571","FORMA E DESFORMA DE COMPENSADO PLASTIFICADO, ESP. 12MM, REAPROVEITAMENTO (3X) (FUNDAÇÃO)","M2",71.36,92.54,{"$f":"TRUNC(F71*E71,2)","v":6603.65},{"$f":"G71/$G$404","v":0.00338663704251815},{"$f":"H71+(OFFSET(I71,-1,0))","v":0.78249022106727},{"$f":"IF(I71<=0.7,\"A\",IF(I71>0.9,\"C\",\"B\"))","v":"B"}]
["SINAPI","92986","CABO DE COBRE FLEXÍVEL ISOLADO, 35 MM², ANTI-CHAMA 0,6/1,0 KV, PARA REDE ENTERRADA DE DISTRIBUIÇÃO DE ENERGIA ELÉTRICA - FORNECIMENTO E INSTALAÇÃO. AF_12/2021","M",144,45.76,6589.44,0.00337934954054967,0.78586957060782,"B"]
["SINAPI","89580","TUBO PVC, SÉRIE R, ÁGUA PLUVIAL, DN 150 MM, FORNECIDO E INSTALADO EM CONDUTORES VERTICAIS DE ÁGUAS PLUVIAIS. AF_06/2022","M",66,99.57,6571.62,0.00337021067460467,0.789239781282424,"B"]
["COMPOSIÇÃO","JMV-CRAS-066","RETIRADA ARMARIOS EMBUTIDOS - BASEADA DA SBC (022904)","M²",63,102.29,6444.27,0.00330490009221998,0.792544681374644,"B"]
["SINAPI","96523","ESCAVAÇÃO MANUAL PARA BLOCO DE COROAMENTO OU SAPATA (INCLUINDO ESCAVAÇÃO PARA COLOCAÇÃO DE FÔRMAS). AF_06/2017","M3",54.77,117.34,6426.71,0.00329589456550875,0.795840575940153,"B"]
["COMPOSIÇÃO","JMV-CRAS-069","FORNECIMENTO E INSTALAÇÃO DE LUMINÁRIA DE SOBREPOR COM 2 LÂMPADAS LED T8 DE 20W.. REF.: LUMICENTER CAN03-E216 OU EQUIVALENTE. - BASEADA EM SINAPI 97587","UN",42,152.29,6396.18,0.00328023746240545,0.799120813402559,"B"]
["SETOP","ED-50497","PINTURA ESMALTE EM ESTRUTURA METÁLICA, DUAS (2) DEMÃOS, INCLUSIVE UMA (1) DEMÃO FUNDO ANTICORROSIVO","M2",151.9,41.7,6334.23,0.00324846682574482,0.802369280228303,"B"]
["SETOP","ED-50266","LIMPEZA FINAL PARA ENTREGA DA OBRA","M2",759.34,8.18,6211.4,0.00318547429465481,0.805554754522958,"B"]
["COMPOSIÇÃO","JMV-CRAS-151","JANELA EM ALUMÍNIO, COR NATURAL, PRETA OU BRANCA, 2 FOLHAS TIPO VENEZIANA DE ABRIR , COMPLETA INCLUSIVE CAIXILHOS, 2 FOLHAS DE ALUMINIO COM VIDROS INCLUSIVE DOBRADIÇAS OU ROLDANAS E FECHADURA. R_11/2019 - BASEADO EM CAERN (1090050)","M²",4.8,1276.69,6128.11,0.00314275958396128,0.808697514106919,"B"]
["SETOP","ED-50951","FORNECIMENTO E ASSENTAMENTO DE GRADE FIXA DE FERRO, PARA PROTEÇÃO DE JANELAS","M2",14,431.04,6034.56,0.00309478310196609,0.811792297208886,"B"]
["SETOP","ED-16354","LOCAÇÃO DE CONTAINER COM ISOLAMENTO TÉRMICO, TIPO 7, PARA VESTIÁRIO DE OBRA COM QUATRO (4) CHUVEIROS, TRÊS (3) VASOS SANITÁRIOS, UM (1) MICTÓRIO E UM (1) LAVATÓRIO, COM MEDIDAS REFERENCIAIS DE (6) METROS COMPRIMENTO, (2,3) METROS LARGURA E (2,5) METROS ALTURA ÚTIL INTERNA, INCLUSIVE LIGAÇÕES ELÉTRICAS E HIDROSSANITÁRIAS INTERNAS, EXCLUSIVE MOBILIZAÇÃO/DESMOBILIZAÇÃO E LIGAÇÕES PROVISÓRIAS EXTERNAS","MÊS",6,994.65,5967.9,0.00306059697380147,0.814852894182687,"B"]
["SETOP","ED-16348","LOCAÇÃO DE CONTAINER COM ISOLAMENTO TÉRMICO, TIPO 1, PARA ESCRITÓRIO DE OBRA, COM MEDIDAS REFERENCIAIS DE (6) METROS COMPRIMENTO, (2,3) METROS LARGURA E (2,5) METROS ALTURA ÚTIL INTERNA, INCLUSIVE AR CONDICIONADO E LIGAÇÕES ELÉTRICAS INTERNAS, EXCLUSIVE MOBILIZAÇÃO/DESMOBILIZAÇÃO E LIGAÇÕES PROVISÓRIAS EXTERNAS","MÊS",6,990.47,5942.82,0.00304773486617518,0.817900629048862,"B"]
["SINAPI","92419","MONTAGEM E DESMONTAGEM DE FÔRMA DE PILARES RETANGULARES E ESTRUTURAS SIMILARES, PÉ-DIREITO SIMPLES, EM CHAPA DE MADEIRA COMPENSADA RESINADA, 4 UTILIZAÇÕES. AF_09/2020","M2",55.97,106.16,5941.77,0.00304719638080805,0.82094782542967,"B"]
["SINAPI","95802","CONDULETE DE ALUMÍNIO, TIPO X, PARA ELETRODUTO DE AÇO GALVANIZADO DN 25 MM (1''), APARENTE - FORNECIMENTO E INSTALAÇÃO. AF_10/2022","UN",95,61.83,5873.85,0.00301236407020288,0.823960189499873,"B"]
["COMPOSIÇÃO","JMV-CRAS-054","PORTAO DE 2 FOLHAS DE TUBO E TELA GALVANIZADOS COM PORTA CADEADO - BASEADA DA FDE (06.80.025)","M²",6,910.69,5464.14,0.00280224707994899,0.826762436579822,"B"]
["COMPOSIÇÃO","JMV-CRAS-056","FECHAMENTO EM VIDRO TEMPERADO INCOLOR 10MM FIXO - BASEADA DA SBC (090412)","M²",6.463,838.41,5418.64,0.00277891271404005,0.829541349293862,"B"]
["COMPOSIÇÃO","JMV-CRAS-051","PORTA EM ALUMÍNIO LAMBRIL PNE, COR BRANCA OU BRONZE, DE ABRIR OU CORRER, COMPLETA, INCLUSIVE CAIXILHOS, DOBRADIÇAS OU ROLDANAS E FECHADURA - BASEADA DA ORSE (13049)","M²",5.67,934.44,5298.27,0.00271718177723875,0.832258531071101,"B"]
["SINAPI","98302","PATCH PANEL 24 PORTAS, CATEGORIA 6 - FORNECIMENTO E INSTALAÇÃO. AF_11/2019","UN",4,1312.51,5250.04,0.00269244734937527,0.834950978420476,"B"]
["SETOP","ED-16350","LOCAÇÃO DE CONTAINER COM ISOLAMENTO TÉRMICO, TIPO 3, PARA DEPÓSITO/FERRAMENTARIA DE OBRA, COM MEDIDAS REFERENCIAIS DE (6) METROS COMPRIMENTO, (2,3) METROS LARGURA E (2,5) METROS ALTURA ÚTIL INTERNA, INCLUSIVE LIGAÇÕES ELÉTRICAS INTERNAS, EXCLUSIVE MOBILIZAÇÃO/DESMOBILIZAÇÃO E LIGAÇÕES PROVISÓRIAS EXTERNAS","MÊS",6,853.87,5123.22,0.00262740857389017,0.837578386994366,"B"]
["SETOP","ED-50761","REBOCO COM ARGAMASSA, TRAÇO 1:2:8 (CIMENTO, CAL E AREIA), ESP. 20MM, APLICAÇÃO MANUAL, PREPARO MECÂNICO","M2",125.46,40.81,5120.02,0.00262576747562845,0.840204154469995,"B"]
["SINAPI","97635","DEMOLIÇÃO DE PAVIMENTO INTERTRAVADO, DE FORMA MANUAL, COM REAPROVEITAMENTO. AF_12/2017","M2",312.9,16.13,5047.07,0.00258835556369312,0.842792510033688,"B"]
["SINAPI","91928","CABO DE COBRE FLEXÍVEL ISOLADO, 4 MM², ANTI-CHAMA 450/750 V, PARA CIRCUITOS TERMINAIS - FORNECIMENTO E INSTALAÇÃO. AF_12/2015","M",624,7.86,4904.64,0.00251531130575004,0.845307821339438,"B"]
["SETOP","ED-4155","DUTO CORRUGADO EM PEAD (POLIETILENO DE ALTA DENSIDADE), PARA PROTEÇÃO DE CABOS SUBTERRÂNEOS DN 30 MM (1.1/4\")","M",162,30.2,4892.4,0.00250903410489893,0.847816855444337,"B"]
["SINAPI","89590","JOELHO 90 GRAUS, PVC, SERIE R, ÁGUA PLUVIAL, DN 150 MM, JUNTA ELÁSTICA, FORNECIDO E INSTALADO EM CONDUTORES VERTICAIS DE ÁGUAS PLUVIAIS. AF_06/2022","UN",27,179.37,4842.99,0.00248369452205144,0.850300549966388,"B"]
["SINAPI","100758","PINTURA COM TINTA ALQUÍDICA DE ACABAMENTO (ESMALTE SINTÉTICO ACETINADO) APLICADA A ROLO OU PINCEL SOBRE SUPERFÍCIES METÁLICAS (EXCETO PERFIL) EXECUTADO EM OBRA (02 DEMÃOS). AF_01/2020","M2",76.54,62.82,4808.24,0.00246587322061549,0.852766423187004,"B"]
["SINAPI","97088","ARMAÇÃO PARA EXECUÇÃO DE RADIER, PISO DE CONCRETO OU LAJE SOBRE SOLO, COM USO DE TELA Q-92. AF_09/2021","KG",188.18,25.15,4732.72,0.00242714330163872,0.855193566488643,"B"]
["COMPOSIÇÃO","JMV-CRAS-047","QUADRO DE DISTRIBUICAO DE ENERGIA DE EMBUTIR, BARRAMENTO TRIFASICO DE 225A, CAPACIDADE PARA 56 MODULOS DIN DA CEMAR OU SIMILAR - FORNECIMENTO E INSTALACAO - BASEADA DA AGESUL (1201005018)","UN",2,2328.29,4656.58,0.00238809541987373,0.857581661908516,"B"]
["SETOP","ED-16351","LOCAÇÃO DE CONTAINER COM ISOLAMENTO TÉRMICO, TIPO 4, PARA REFEITÓRIO DE OBRA, COM MEDIDAS REFERENCIAIS DE (6) METROS COMPRIMENTO, (2,3) METROS LARGURA E (2,5) METROS ALTURA ÚTIL INTERNA, INCLUSIVE LIGAÇÕES ELÉTRICAS INTERNAS, EXCLUSIVE MOBILIZAÇÃO/DESMOBILIZAÇÃO E LIGAÇÕES PROVISÓRIAS EXTERNAS","MÊS",6,759.83,4558.98,0.00233804192289104,0.859919703831407,"B"]
["SINAPI","104166","TUBO PVC, SÉRIE R, ÁGUA PLUVIAL, DN 150 MM, FORNECIDO E INSTALADO EM RAMAL DE ENCAMINHAMENTO. AF_06/2022","M",42,106.82,4486.44,0.0023008402766705,0.862220544108078,"B"]
["SINAPI","102617","CAIXA D´ÁGUA EM POLIÉSTER REFORÇADO COM FIBRA DE VIDRO, 5000 LITROS - FORNECIMENTO E INSTALAÇÃO. AF_06/2021","UN",1,4146.94,4146.94,0.00212673000796533,0.864347274116043,"B"]
["SINAPI","94231","RUFO EM CHAPA DE AÇO GALVANIZADO NÚMERO 24, CORTE DE 25 CM, INCLUSO TRANSPORTE VERTICAL. AF_07/2019","M",54.6,74.82,4085.17,0.00209505168308191,0.866442325799125,"B"]
["COMPOSIÇÃO","JMV-CRAS-091","TANQUE DUPLO DE AÇO INOX AISI 304, MARCAS DE REFERÊNCIA FISHER (MOD TQI-D) METALPRESS OU MEKAL - BASEADA DA IOPES (170516)","UND",1,3942.7,3942.7,0.00202198691141056,0.868464312710536,"B"]
["SETOP","ED-50174","PINTURA COM EMULSÃO ASFÁLTICA, DUAS (2) DEMÃOS","M2",126.54,29.9,3783.54,0.00194036278661788,0.870404675497154,"B"]
["SINAPI","100982","CARGA, MANOBRA E DESCARGA DE ENTULHO EM CAMINHÃO BASCULANTE 10 M³ - CARGA COM ESCAVADEIRA HIDRÁULICA  (CAÇAMBA DE 0,80 M³ / 111 HP) E DESCARGA LIVRE (UNIDADE: M3). AF_07/2020","M3",339.0645349,10.81,3665.28,0.0018797139489829,0.872284389446137,"B"]
["SETOP","ED-51107","ESCAVAÇÃO MANUAL DE VALA COM PROFUNDIDADE MENOR OU IGUAL A 1,5M","M3",47.225,77.33,3651.9,0.00187285210687605,0.874157241553013,"B"]
["SUDECAP","11.92.13","PROTECAO EXTERNA - CONTRA DESCARGA ATMOSFERICA - PRESILHA LATAO 16 MM2 FURO C/DIAMETRO DE 5MM","UN",559,6.21,3471.39,0.00178027877961841,0.875937520332631,"B"]
["SETOP","ED-50137","MOBILIZAÇÃO E DESMOBILIZAÇÃO DE CONTAINER, INCLUSIVE CARGA, DESCARGA E TRANSPORTE EM CAMINHÃO CARROCERIA COM GUINDAUTO (MUNCK), EXCLUSIVE LOCAÇÃO DO CONTAINER","UN",4,866.35,3465.4,0.00177720684880974,0.877714727181441,"B"]
["COMPOSIÇÃO","JMV-CRAS-031","FORNECIMENTO E INSTALAÇÃO DE BUCHA DE NYLON S6, SEM ABA - BASEADA EM ORSE (2490)","UN",559,6.14,3432.26,0.00176021122493672,0.879474938406377,"B"]
["SINAPI","87250","REVESTIMENTO CERÂMICO PARA PISO COM PLACAS TIPO ESMALTADA EXTRA DE DIMENSÕES 45X45 CM APLICADA EM AMBIENTES DE ÁREA ENTRE 5 M2 E 10 M2. AF_02/2023_PE","M2",43.27,76.57,3313.18,0.00169914185587218,0.88117408026225,"B"]
["SETOP","ED-49812","LASTRO DE CONCRETO MAGRO, INCLUSIVE TRANSPORTE, LANÇAMENTO E ADENSAMENTO ","M3",5.05,638.62,3225.03,0.00165393472719365,0.882828014989443,"B"]
["SETOP","ED-50732","EMBOÇO COM ARGAMASSA, TRAÇO 1:6 (CIMENTO E AREIA), ESP. 20MM, APLICAÇÃO MANUAL, PREPARO MECÂNICO","M2",82.82,38.6,3196.85,0.00163948280562631,0.88446749779507,"B"]
["COMPOSIÇÃO","JMV-CRAS-038","CAIXA DE PASSAGEM METALICA 20X20X10CM STAMPLAC - BASEADA EM SBC (068209)","UN",23,137.55,3163.65,0.00162245641116088,0.88608995420623,"B"]
["COMPOSIÇÃO","JMV-CRAS-156","FIXAÇÃO DE PARAFUSO 1/4\" - 14X3.1/4\" EM ESTRUTURA METÁLICA - BASEADA DA SICRO (4806395)","UND",336,9.26,3111.36,0.00159563983987784,0.887685594046108,"B"]
["SINAPI","93191","VERGA MOLDADA IN LOCO COM UTILIZAÇÃO DE BLOCOS CANALETA PARA JANELAS COM MAIS DE 1,5 M DE VÃO. AF_03/2016","M",48.42,63.39,3069.34,0.00157409016832853,0.889259684214437,"B"]
["SINAPI","97086","FABRICAÇÃO, MONTAGEM E DESMONTAGEM DE FORMA PARA RADIER, PISO DE CONCRETO OU LAJE SOBRE SOLO, EM MADEIRA SERRADA, 4 UTILIZAÇÕES. AF_09/2021","M2",16.75,182.42,3055.53,0.00156700780364276,0.89082669201808,"B"]
["SETOP","ED-48245","MONTAGEM E DESMONTAGEM DE ANDAIME METÁLICO PARA FACHADA COM PISO METÁLICO, INCLUSIVE RODAPÉ/GUARDA-CORPO EM MADEIRA, EXCLUSIVE FORNECIMENTO DO ANDAIME","M2",151.59,19.7,2986.32,0.00153151392530083,0.89235820594338,"B"]
["SINAPI","91854","ELETRODUTO FLEXÍVEL CORRUGADO, PVC, DN 25 MM (3/4\"), PARA CIRCUITOS TERMINAIS, INSTALADO EM PAREDE - FORNECIMENTO E INSTALAÇÃO. AF_12/2015","M",230,12.66,2911.8,0.00149329684953084,0.893851502792911,"B"]
["SINAPI","93192","VERGA MOLDADA IN LOCO COM UTILIZAÇÃO DE BLOCOS CANALETA PARA PORTAS COM ATÉ 1,5 M DE VÃO. AF_03/2016","M",42.1,68.69,2891.84,0.00148306049912332,0.895334563292035,"B"]
["SINAPI","89578","TUBO PVC, SÉRIE R, ÁGUA PLUVIAL, DN 100 MM, FORNECIDO E INSTALADO EM CONDUTORES VERTICAIS DE ÁGUAS PLUVIAIS. AF_06/2022","M",60,47.97,2878.2,0.0014760653177827,0.896810628609817,"B"]
["SUDECAP","10.47.08","BEBEDOURO E FILTRO - BEBEDOURO CONJUGADO INOX H= 1,00M/1,12M ATENDE 40P","UN",2,1423.3,2846.6,0.00145985947244814,0.898270488082265,"B"]
["SETOP","ED-50532","PINTURA ANTICORROSIVA A BASE DE ÓXIDO DE FERRO (ZARCÃO) EM ESQUADRIA E SUPERFÍCIE METÁLICA, UMA (1) DEMÃO","M2",199.98,14.15,2829.71,0.00145119755068546,0.899721685632951,"B"]
["SINAPI","100867","BARRA DE APOIO RETA, EM ACO INOX POLIDO, COMPRIMENTO 70 CM,  FIXADA NA PAREDE - FORNECIMENTO E INSTALAÇÃO. AF_01/2020","UN",6,467.59,2805.54,0.00143880213037735,0.901160487763328,"C"]
["SINAPI","91927","CABO DE COBRE FLEXÍVEL ISOLADO, 2,5 MM², ANTI-CHAMA 0,6/1,0 KV, PARA CIRCUITOS TERMINAIS - FORNECIMENTO E INSTALAÇÃO. AF_12/2015","M",486,5.73,2784.78,0.00142815550540439,0.902588643268733,"C"]
["COMPOSIÇÃO","JMV-CRAS-063","DISJUNTOR DE PROTEÇÃO DIFERENCIAL RESIDUAL (DR), UNIPOLAR, TIPO DIN, CORRENTE NOMINAL DE 25A, ALTA SENSIBILIDADE, CORRENTE DIFERENCIAL RESIDUAL NOMINAL COM ATUAÇÃO DE 30MA - BASEADA EM SETOP (ED-15114)","UN",8,344.02,2752.16,0.0014114265599989,0.904000069828731,"C"]
["SETOP","ED-50937","CORRIMÃO DUPLO EM TUBO GALVANIZADO DIN 2440, D = 1 1/2\" - FIXADO EM ALVENARIA","M",15.25,180.44,2751.71,0.00141119578055585,0.905411265609287,"C"]
["SETOP","ED-49747","PERFURAÇÃO DE ESTACA BROCA A TRADO MANUAL D = 200 MM","M",80.6,34.12,2750.07,0.00141035471769671,0.906821620326984,"C"]
["SETOP","ED-50997","PEITORIL DE GRANITO CINZA ANDORINHA E = 2 CM","M2",9.16,296.72,2717.95,0.00139388219389462,0.908215502520879,"C"]
["SUDECAP","01.12.02","VISTORIA CAUTELAR - VISTORIA CAUTELAR - 101M2 < ÁREA CONSTRUÍDA <= 200M2","UN",5,518.36,2591.8,0.00132918702335807,0.909544689544237,"C"]
["SINAPI","89512","TUBO PVC, SÉRIE R, ÁGUA PLUVIAL, DN 100 MM, FORNECIDO E INSTALADO EM RAMAL DE ENCAMINHAMENTO. AF_06/2022","M",38,67.72,2573.36,0.00131973019462487,0.910864419738861,"C"]
["SINAPI","93199","CONTRAVERGA MOLDADA IN LOCO COM UTILIZAÇÃO DE BLOCOS CANALETA PARA VÃOS DE MAIS DE 1,5 M DE COMPRIMENTO. AF_03/2016","M",48.42,50.02,2421.96,0.00124208573311688,0.912106505471978,"C"]
["SINAPI","89356","TUBO, PVC, SOLDÁVEL, DN 25MM, INSTALADO EM RAMAL OU SUB-RAMAL DE ÁGUA - FORNECIMENTO E INSTALAÇÃO. AF_06/2022","M",78.51,30.27,2376.49,0.00121876675250414,0.913325272224482,"C"]
["SUDECAP","10.27.61","CHUVEIRO, LIGAÇAO E SIFAO - SIFAO LAVATORIO COPO REGULAVEL 1\"X 1 1/2\"SIGMA/EQUIVALENTE","UN",11,213.42,2347.62,0.00120396096912412,0.914529233193607,"C"]
["SETOP","ED-21636","TESTEIRA PARA BANCADA EM GRANITO, COR CINZA ANDORINHA, ESP. 2CM, ALTURA DE 10CM, INCLUSIVE POLIMENTO, CORTE/COLAGEM EM MEIA ESQUADRIA E MASSA PLÁSTICA NA COR DA PEDRA","M",9.8,235.61,2308.97,0.00118413957918169,0.915713372772788,"C"]
["SETOP","ED-49297","DUTO CORRUGADO EM PEAD (POLIETILENO DE ALTA DENSIDADE), PARA PROTEÇÃO DE CABOS SUBTERRÂNEOS DN 75 MM (3\")","M",44,51.45,2263.8,0.00116097445153099,0.916874347224319,"C"]
["SETOP","ED-50727","CHAPISCO COM ARGAMASSA, TRAÇO 1:3 (CIMENTO E AREIA), ESP. 5MM, APLICADO EM ALVENARIA/ESTRUTURA DE CONCRETO COM COLHER, PREPARO MECÂNICO","M2",208.28,10.83,{"$f":"TRUNC(F135*E135,2)","v":2255.67},{"$f":"G135/$G$404","v":0.00115680503625978},{"$f":"H135+(OFFSET(I135,-1,0))","v":0.918031152260579},{"$f":"IF(I135<=0.7,\"A\",IF(I135>0.9,\"C\",\"B\"))","v":"C"}]
["SETOP","ED-49319","ELETRODUTO DE AÇO GALVANIZADO MÉDIO, INCLUSIVE CONEXÕES, SUPORTES E FIXAÇÃO DN 32 (1.1/4\")","M",42,51.87,2178.54,0.00111724943972008,0.919148401700299,"C"]
["SINAPI","97583","LUMINÁRIA TIPO CALHA, DE SOBREPOR, COM 1 LÂMPADA TUBULAR FLUORESCENTE DE 18 W, COM REATOR DE PARTIDA RÁPIDA - FORNECIMENTO E INSTALAÇÃO. AF_02/2020","UN",20,108.51,2170.2,0.00111297232737545,0.920261374027675,"C"]
["COMPOSIÇÃO","JMV-CRAS-155","FIXAÇÃO DE PARAFUSO 1/4\" 14X7/8\" EM ESTRUTURA METÁLICA - BASEADA DA SICRO (4806395)","UND",300,7.23,2169,0.0011123569155273,0.921373730943202,"C"]
["SETOP","ED-50956","FORNECIMENTO E ASSENTAMENTO DE JANELA EM FERRO, TIPO MAXIM-AR, INCLUSIVE FERRAGENS E ACESSÓRIOS","M2",4.48,474.97,2127.86,0.00109125854599997,0.922464989489202,"C"]
["COMPOSIÇÃO","JMV-CRAS-053","PORTA OU JANELA EM ALUMÍNIO, COR N/P/B,TIPO VENEZIANA, DE ABRIR OU CORRER, COMPLETA INCLUSIVE CAIXILHOS, DOBRADIÇAS OU ROLDANAS E FECHADURA - BASEADA DA ORSE (11948)","M²",5,415.07,2075.35,0.00106432914921143,0.923529318638413,"C"]
["SINAPI","101616","PREPARO DE FUNDO DE VALA COM LARGURA MENOR QUE 1,5 M (ACERTO DO SOLO NATURAL). AF_08/2020","M2",272.02,7.61,2070.07,0.00106162133707958,0.924590939975493,"C"]
["COMPOSIÇÃO","JMV-CRAS-024","RODAPÉ COM REVESTIMENTO EM CERÂMICA ESMALTADA COMERCIAL, ALTURA 7CM, PEI IV, ASSENTAMENTO COM ARGAMASSA INDUSTRIALIZADA, INCLUSIVE REJUNTAMENTO - BASEADA DA SETOP (ED-50771)","M",151.3,13.53,2047.08,0.00104983107175548,0.925640771047248,"C"]
["SINAPI","91933","CABO DE COBRE FLEXÍVEL ISOLADO, 10 MM², ANTI-CHAMA 0,6/1,0 KV, PARA CIRCUITOS TERMINAIS - FORNECIMENTO E INSTALAÇÃO. AF_12/2015","M",108,18.78,2028.24,0.00104016910573956,0.926680940152988,"C"]
["SETOP","ED-49342","HASTE DE AÇO COBREADA PARA ATERRAMENTO DIÂMETRO 3/4\"X 3000 MM,CONFORME PADRÕES TELEBRÁS","U",10,202.07,2020.7,0.00103630226796036,0.927717242420948,"C"]
["SINAPI","97622","DEMOLIÇÃO DE ALVENARIA DE BLOCO FURADO, DE FORMA MANUAL, SEM REAPROVEITAMENTO. AF_12/2017","M3",30.65842,65.77,2016.4,0.00103409704217116,0.928751339463119,"C"]
["SINAPI","88484","APLICAÇÃO DE FUNDO SELADOR ACRÍLICO EM TETO, UMA DEMÃO. AF_06/2014","M2",437.95,4.53,1983.91,0.00101743476638256,0.929768774229502,"C"]
["SETOP","ED-49320","ELETRODUTO DE AÇO GALVANIZADO MÉDIO, INCLUSIVE CONEXÕES, SUPORTES E FIXAÇÃO DN 40 (1.1/2\")","M",33,58.66,1935.78,0.000992751622839761,0.930761525852342,"C"]
["SINAPI","89778","LUVA SIMPLES, PVC, SERIE NORMAL, ESGOTO PREDIAL, DN 100 MM, JUNTA ELÁSTICA, FORNECIDO E INSTALADO EM RAMAL DE DESCARGA OU RAMAL DE ESGOTO SANITÁRIO. AF_08/2022","UN",85,22.59,1920.15,0.000984735883517635,0.93174626173586,"C"]
["SINAPI","97632","DEMOLIÇÃO DE RODAPÉ CERÂMICO, DE FORMA MANUAL, SEM REAPROVEITAMENTO. AF_12/2017","M",603.23,3.13,1888.1,0.000968299258740019,0.932714560994599,"C"]
["SINAPI","91930","CABO DE COBRE FLEXÍVEL ISOLADO, 6 MM², ANTI-CHAMA 450/750 V, PARA CIRCUITOS TERMINAIS - FORNECIMENTO E INSTALAÇÃO. AF_12/2015","M",169,10.93,1847.17,0.000947308586286108,0.933661869580886,"C"]
["SETOP","ED-48167","BARRA DE APOIO EM AÇO INOX POLIDO PARA LAVATÓRIO DE CANTO, DN 1.1/4\" (31,75MM), PARA ACESSIBILIDADE (PMR/PCR), INSTALADO EM PAREDE, INCLUSIVE FORNECIMENTO, INSTALAÇÃO E ACESSÓRIOS PARA FIXAÇÃO","UN",6,298.81,1792.86,0.000919456071725348,0.934581325652611,"C"]
["COMPOSIÇÃO","JMV-CRAS-003","CAIXA DE DRENAGEM DE INSPEÇÃO/PASSAGEM EM ALVENARIA (40X40X40CM), REVESTIMENTO EM ARGAMASSA COM ADITIVO IMPERMEABILIZANTE, INCLUSIVE ESCAVAÇÃO, REATERRO E TRANSPORTE E RETIRADA DO MATERIAL ESCAVADO (EM CAÇAMBA) - BASEADA DA SETOP (ED-49908)","UN",8,213.01,1704.08,0.000873925851826541,0.935455251504438,"C"]
["SINAPI","100858","MICTÓRIO SIFONADO LOUÇA BRANCA \u0096 PADRÃO MÉDIO \u0096 FORNECIMENTO E INSTALAÇÃO. AF_01/2020","UN",2,851.36,1702.72,0.000873228385065306,0.936328479889503,"C"]
["SETOP","ED-50506","LIXAMENTO MANUAL EM TETO PARA REMOÇÃO DE TINTA","M2",437.95,3.88,1699.24,0.000871443690705678,0.937199923580209,"C"]
["COMPOSIÇÃO","JMV-CRA-108","CAIXA DE TOMADAS ABS DE MESA, PARA 4 BLOCOS: 2 MÓDULOS DE TOMADA + 2 TOMADA RJ-45 FÊMEA - BASEADA DA SBC (062564)","UN",4,424.74,1698.96,0.000871300094607776,0.938071223674816,"C"]
["SETOP","ED-28427","FORNECIMENTO E COLOCAÇÃO DE PLACA DE OBRA EM CHAPA GALVANIZADA #26, ESP. 0,45MM, DIMENSÃO (3X1,5)M, PLOTADA COM ADESIVO VINÍLICO, AFIXADA COM REBITES 4,8X40MM, EM ESTRUTURA METÁLICA DE METALON 20X20MM, ESP. 1,25MM, INCLUSIVE SUPORTE EM EUCALIPTO AUTOCLAVADO PINTADO COM TINTA PVA DUAS (2) DEMÃOS","UN",1,1692.19,1692.19,0.000867828146097809,0.938939051820914,"C"]
["COMPOSIÇÃO","JMV-CRAS-001","JUNTA SERRADA SECA, SEÇÃO TRANSVERSAL - BASEADA DA ORSE (12800)","M",110.85,15,1662.75,0.000852730042089914,0.939791781863004,"C"]
["SINAPI","92004","TOMADA MÉDIA DE EMBUTIR (2 MÓDULOS), 2P+T 10 A, INCLUINDO SUPORTE E PLACA - FORNECIMENTO E INSTALAÇÃO. AF_12/2015","UN",26,63.86,1660.36,0.000851504346825686,0.94064328620983,"C"]
["SETOP","ED-16342","LIGAÇÃO PROVISÓRIA DE ENERGIA ELÉTRICA PARA CONTAINER","UN",4,413.96,1655.84,0.000849186295530996,0.941492472505361,"C"]
["SETOP","ED-48936","CABO TELEFÔNICO CCE-APL-50.2","M",60,27.58,1654.8,0.000848652938595934,0.942341125443957,"C"]
["SINAPI","91935","CABO DE COBRE FLEXÍVEL ISOLADO, 16 MM², ANTI-CHAMA 0,6/1,0 KV, PARA CIRCUITOS TERMINAIS - FORNECIMENTO E INSTALAÇÃO. AF_12/2015","M",56,29.4,1646.4,0.000844345055658899,0.943185470499616,"C"]
["SETOP","ED-48249","TELA DE PROTEÇÃO, TIPO FACHADEIRA, INSTALADA EM ANDAIME METÁLICO PARA FACHADA, EXCLUSIVE ANDAIME METÁLICO, INCLUSIVE ACESSÓRIOS DE FIXAÇÃO\n","M2",209.5,7.77,1627.81,0.000834811300444675,0.94402028180006,"C"]
["SETOP","ED-49883","CAIXA DE ESGOTO DE INSPEÇÃO/PASSAGEM EM ALVENARIA (60X60X60CM), REVESTIMENTO EM ARGAMASSA COM ADITIVO IMPERMEABILIZANTE, COM TAMPA DE CONCRETO, INCLUSIVE ESCAVAÇÃO, REATERRO E TRANSPORTE E RETIRADA DO MATERIAL ESCAVADO (EM CAÇAMBA)","UN",3,520.86,1562.58,0.000801358538065769,0.944821640338126,"C"]
["COMPOSIÇÃO","JMV-CRAS-027","SELANTE EM POLIURETANO (PU) FLEXÍVEL – BISNAGA 380G. REF.: TERMOTÉCNICA - TEL-5905 OU EQUIVALENTE.","UND",27.945,55.65,1555.13,0.000797537856175184,0.945619178194301,"C"]
["SETOP","ED-2552","LAVATÓRIO DE CANTO DE LOUÇA BRANCA SEM COLUNA, TAMANHO PEQUENO, INCLUSIVE ACESSÓRIOS DE FIXAÇÃO COM PARAFUSO CASTELO, VÁLVULA DE ESCOAMENTO DE METAL COM ACABAMENTO CROMADO, SIFÃO DE METAL TIPO COPO COM ACABAMENTO CROMADO, FORNECIMENTO, INSTALAÇÃO E REJUNTAMENTO, EXCLUSIVE TORNEIRA E ENGATE FLEXÍVEL","UN",3,514.23,1542.69,0.000791158086682718,0.946410336280984,"C"]
["COMPOSIÇÃO","JMV-CRA-103","FORNECIMENTO E INSTALAÇÃO DE MINI RACK DE PAREDE PADRÃO 19\" - 12 U´S X 570MM - BASEADO EM IOPES (160811)","UND",2,752.36,1504.72,0.000771685430120905,0.947182021711105,"C"]
["SETOP","ED-51150","ESPELHO CRISTAL, DIMENSÃO (60X90)CM, COM ESP. 4MM, EM ACABAMENTO LAPIDADO, INCLUSIVE FIXAÇÃO COM PARAFUSO TIPO FINESSON, FORNECIMENTO E INSTALAÇÃO","UN",5,299.61,1498.05,0.000768264765931616,0.947950286477036,"C"]
["SETOP","ED-50491","PINTURA ESMALTE EM ESQUADRIAS DE FERRO, DUAS (2) DEMÃOS, INCLUSIVE UMA (1) DEMÃO DE FUNDO ANTICORROSIVO","M2",36.96,40.37,1492.07,0.000765197963555013,0.948715484440591,"C"]
["SINAPI","87262","REVESTIMENTO CERÂMICO PARA PISO COM PLACAS TIPO PORCELANATO DE DIMENSÕES 60X60 CM APLICADA EM AMBIENTES DE ÁREA ENTRE 5 M² E 10 M². AF_02/2023_PE","M2",7.2,204.96,1475.71,0.00075680784869193,0.949472292289283,"C"]
["SETOP","ED-29066","CAIXA DE TELEFONIA, NÚMERO 7, DIMENSÃO (120X120)CM, EM CHAPA DE AÇO GALVANIZADO, TIPO EMBUTIR COM FECHO, INCLUSIVE ACESSÓRIOS E INSTALAÇÃO","UN",1,1472.61,1472.61,0.000755218034750881,0.950227510324034,"C"]
["SETOP","ED-21657","BANCADA EM GRANITO, COR CINZA ANDORINHA, ESP. 2CM, ACABAMENTO POLIDO, APOIADA EM ALVENARIA, EXCLUSIVE ALVENARIA, RODABANCA/FRONTÃO, TESTEIRA/FAIXA, FURO EM BANCADA, CUBA METÁLICA, VÁLVULA, SIFÃO, TORNEIRA E ENGATE FLEXÍVEL","M2",3.528,417.38,1472.51,0.000755166750430202,0.950982677074464,"C"]
["COMPOSIÇÃO","JMV-CRAS-046","QUADRO DE DISTRIBUIÇÃO DE ENERGIA EM CHAPA DE AÇO GALVANIZADO, DE SOBREPOR, COM BARRAMENTO TRIFÁSICO, PARA 48 DISJUNTORES DIN 100A - FORNECIMENTO E INSTALAÇÃO. AF_10/2020 - BASEADA EM SINAPI (101878)","UN",1,1464.87,1464.87,0.000751248628330327,0.951733925702795,"C"]
["SINAPI","100868","BARRA DE APOIO RETA, EM ACO INOX POLIDO, COMPRIMENTO 80 CM,  FIXADA NA PAREDE - FORNECIMENTO E INSTALAÇÃO. AF_01/2020","UN",3,483.58,1450.74,0.000744002153818386,0.952477927856613,"C"]
["SETOP","ED-50151","LIGAÇÃO PROVISÓRIA COM ENTRADA DE ENERGIA AÉREA, PADRÃO CEMIG, CARGA INSTALADA DE 15,1KVA ATÉ 30KVA, TRIFÁSICO, COM SAÍDA SUBTERRÂNEA, INCLUSIVE POSTE, CAIXA PARA MEDIDOR, DISJUNTOR, BARRAMENTO, ATERRAMENTO E ACESSÓRIOS","UN",1,1449.98,1449.98,0.000743612392981226,0.953221540249594,"C"]
["SINAPI","87249","REVESTIMENTO CERÂMICO PARA PISO COM PLACAS TIPO ESMALTADA EXTRA DE DIMENSÕES 45X45 CM APLICADA EM AMBIENTES DE ÁREA MENOR QUE 5 M2. AF_02/2023_PE","M2",15.98,90.08,1439.47,0.000738222410877864,0.953959762660472,"C"]
["COMPOSIÇÃO","JMV-CRAS-004","CAIXA DE DRENAGEM DE INSPEÇÃO/PASSAGEM EM ALVENARIA (40X40X60CM), REVESTIMENTO EM ARGAMASSA COM ADITIVO IMPERMEABILIZANTE, INCLUSIVE ESCAVAÇÃO, REATERRO E TRANSPORTE E RETIRADA DO MATERIAL ESCAVADO (EM CAÇAMBA) - BASEADA DA SETOP (ED-49909)","UN",5,286.91,1434.55,0.000735699222300458,0.954695461882773,"C"]
["SINAPI","89584","JOELHO 90 GRAUS, PVC, SERIE R, ÁGUA PLUVIAL, DN 100 MM, JUNTA ELÁSTICA, FORNECIDO E INSTALADO EM CONDUTORES VERTICAIS DE ÁGUAS PLUVIAIS. AF_06/2022","UN",24,57.78,1386.72,0.000711169931719697,0.955406631814492,"C"]
["COMPOSIÇÃO","JMV-CRA-104","VOICE PANEL 30 PORTAS - RJ11/IDC 110 - 19\"\"/1U - BASEADO EM SBC (059463)","UN",2,690.11,1380.22,0.000707836450875562,0.956114468265368,"C"]
["COMPOSIÇÃO","JMV-CRAS-045","CONJUNTO PARA CONDULETE DE 1\" (25MM) COM DUAS (2) TOMADA PADRÃO, TRÊS (3) POLOS, CORRENTE 10A, TENSÃO 250V, (2P+T/10A-250V) E PLACA DE DOIS (2) POSTOS, INCLUSIVE FORNECIMENTO, INSTALAÇÃO, SUPORTE, MÓDULO E PLACA, EXCLUSIVE CONDULETE - BASEADA EM SETOP (ED-17982)","UN",23,59.92,1378.16,0.000706779993869575,0.956821248259238,"C"]
["COMPOSIÇÃO","JMV-CRAS-062","DISJUNTOR DE PROTEÇÃO DIFERENCIAL RESIDUAL (DR), UNIPOLAR, TIPO DIN, CORRENTE NOMINAL DE 25A, ALTA SENSIBILIDADE, CORRENTE DIFERENCIAL RESIDUAL NOMINAL COM ATUAÇÃO DE 30MA - BASEADA EM SETOP (ED-15114)","UN",4,344.02,1376.08,0.000705713279999452,0.957526961539237,"C"]
["SETOP","ED-49814","LASTRO DE AREIA","M3",7.2585,187.12,1358.21,0.000696548771894116,0.958223510311131,"C"]
["SINAPI","86915","TORNEIRA CROMADA DE MESA, 1/2\u0094 OU 3/4\u0094, PARA LAVATÓRIO, PADRÃO MÉDIO - FORNECIMENTO E INSTALAÇÃO. AF_01/2020","UN",9,142.25,1280.25,0.000656567515492775,0.958880077826624,"C"]
["SETOP","ED-51055","CAIXA DE INSPEÇÃO EM PVC, DIÂMETRO DE 30CM, ALTURA DE 30CM, COM TAMPA EM FERRO FUNDIDO, EXCLUSIVE HASTE DE ATERRAMENTO, INCLUSIVE INSTALAÇÃO","UN",10,125.36,1253.6,0.000642900244031824,0.959522978070656,"C"]
["SETOP","ED-48372","PATCH CORD RJ45/RJ45 UTP-4P METÁLICO CATEGORIA 6, PINAGEM T568A NA COR AZUL (VOZ), COMPRIMENTO 3 METROS","CJ",35,35.33,1236.55,0.000634156267356056,0.960157134338012,"C"]
["SINAPI","91940","CAIXA RETANGULAR 4\" X 2\" MÉDIA (1,30 M DO PISO), PVC, INSTALADA EM PAREDE - FORNECIMENTO E INSTALAÇÃO. AF_12/2015","UN",61,20.04,1222.44,0.000626920049708251,0.96078405438772,"C"]
["SETOP","ED-49886","CAIXA DE ESGOTO DE INSPEÇÃO/PASSAGEM EM ALVENARIA (60X60X75CM), REVESTIMENTO EM ARGAMASSA COM ADITIVO IMPERMEABILIZANTE, COM TAMPA DE CONCRETO, INCLUSIVE ESCAVAÇÃO, REATERRO E TRANSPORTE E RETIRADA DO MATERIAL ESCAVADO (EM CAÇAMBA)","UN",2,606.14,1212.28,0.000621709562727266,0.961405763950447,"C"]
["SETOP","ED-49296","DUTO CORRUGADO EM PEAD (POLIETILENO DE ALTA DENSIDADE), PARA PROTEÇÃO DE CABOS SUBTERRÂNEOS DN 50 MM (2\")","M",36,32.73,1178.28,0.000604272893696409,0.962010036844144,"C"]
["SETOP","ED-48215","ALVENARIA DE BLOCO DE CONCRETO CHEIO SEM ARMAÇÃO, EM CONCRETO COM FCK 15MPA , ESP. 9CM, PARA REVESTIMENTO, INCLUSIVE ARGAMASSA PARA ASSENTAMENTO (DETALHE D - CADERNO SEDS)","M2",10.18,115.02,1170.9,0.000600488110830299,0.962610524954974,"C"]
["SETOP","ED-49527","SUPRESSOR DE SURTO PARA PROTEÇÃO PRIMÁRIA EM QGD, ATÉ 1,5 KV - 5 KA","UN",3,378.85,1136.55,0.000582871946677066,0.963193396901651,"C"]
["SINAPI","97096","CONCRETAGEM DE RADIER, PISO DE CONCRETO OU LAJE SOBRE SOLO, FCK 30 MPA - LANÇAMENTO, ADENSAMENTO E ACABAMENTO. AF_09/2021","M3",1.24,900.31,1116.38,0.000572527899196114,0.963765924800847,"C"]
["SINAPI","97906","CAIXA ENTERRADA HIDRÁULICA RETANGULAR, EM ALVENARIA COM BLOCOS DE CONCRETO, DIMENSÕES INTERNAS: 0,6X0,6X0,6 M PARA REDE DE ESGOTO. AF_12/2020","UN",2,547.55,1095.1,0.000561614595755624,0.964327539396603,"C"]
["SINAPI","97087","CAMADA SEPARADORA PARA EXECUÇÃO DE RADIER, PISO DE CONCRETO OU LAJE SOBRE SOLO, EM LONA PLÁSTICA. AF_09/2021","M2",301.68,3.42,1031.74,0.000529120850173416,0.964856660246776,"C"]
["COMPOSIÇÃO","JMV-CRAS-048","DISPOSITIVO DE PROTEÇÃO DE SURTO, CLASSE 2 - BASEADA EM ORSE (13174)","UN",6,168.25,1009.5,0.000517715217254409,0.96537437546403,"C"]
["SINAPI","89798","TUBO PVC, SERIE NORMAL, ESGOTO PREDIAL, DN 50 MM, FORNECIDO E INSTALADO EM PRUMADA DE ESGOTO SANITÁRIO OU VENTILAÇÃO. AF_08/2022","M",50.07,19.45,973.86,0.000499437485364416,0.965873812949395,"C"]
["SINAPI","86886","ENGATE FLEXÍVEL EM INOX, 1/2  X 30CM - FORNECIMENTO E INSTALAÇÃO. AF_01/2020","UN",12,77.01,924.12,0.000473928664258687,0.966347741613654,"C"]
["SINAPI","91943","CAIXA RETANGULAR 4\" X 4\" MÉDIA (1,30 M DO PISO), PVC, INSTALADA EM PAREDE - FORNECIMENTO E INSTALAÇÃO. AF_12/2015","UN",35,26.23,918.05,0.000470815705993472,0.966818557319647,"C"]
["SINAPI","86901","CUBA DE EMBUTIR OVAL EM LOUÇA BRANCA, 35 X 50CM OU EQUIVALENTE - FORNECIMENTO E INSTALAÇÃO. AF_01/2020","UN",5,183.09,915.45,0.000469482313655818,0.967288039633303,"C"]
["SINAPI","97596","SENSOR DE PRESENÇA SEM FOTOCÉLULA, FIXAÇÃO EM PAREDE - FORNECIMENTO E INSTALAÇÃO. AF_02/2020","UN",10,89.95,899.5,0.000461302464507519,0.96774934209781,"C"]
["SINAPI","97645","REMOÇÃO DE JANELAS, DE FORMA MANUAL, SEM REAPROVEITAMENTO. AF_12/2017","M2",22.08,40.64,{"$f":"TRUNC(F199*E199,2)","v":897.33},{"$f":"G199/$G$404","v":0.000460189594748785},{"$f":"H199+(OFFSET(I199,-1,0))","v":0.968209531692559},{"$f":"IF(I199<=0.7,\"A\",IF(I199>0.9,\"C\",\"B\"))","v":"C"}]
["SETOP","ED-48443","DEMOLIÇÃO MECANIZADA DE CONCRETO ARMADO, COM EQUIPAMENTO ELÉTRICO, INCLUSIVE AFASTAMENTO E EMPILHAMENTO, EXCLUSIVE TRANSPORTE E RETIRADA DO MATERIAL DEMOLIDO","M3",4.956,179.91,891.63,0.000457266388470083,0.968666798081029,"C"]
["SICRO",4815671,"REATERRO E COMPACTAÇÃO COM     SOQUETE VIBRATÓRIO            ","M³    ",46.88,18.44,864.46,0.000443332438541601,0.969110130519571,"C"]
["SETOP","ED-49321","ELETRODUTO DE AÇO GALVANIZADO MÉDIO, INCLUSIVE CONEXÕES, SUPORTES E FIXAÇÃO DN 50 (2\")","M",13,65.87,856.31,0.000439152766406263,0.969549283285977,"C"]
["SETOP","ED-48183","PAPELEIRA PLASTICA TIPO DISPENSER PARA PAPEL HIGIENICO ROLAO","U",11,77.28,850.08,0.000435957753227962,0.969985241039205,"C"]
["COMPOSIÇÃO","JMV-CRAS-002","RALO ABACAXI FERRO FUNDIDO 150MM - BASEADA DA SBC (054248)","UN",9,93.87,844.83,0.000433265326392315,0.970418506365597,"C"]
["SINAPI","98110","CAIXA DE GORDURA PEQUENA (CAPACIDADE: 19 L), CIRCULAR, EM PVC, DIÂMETRO INTERNO= 0,3 M. AF_12/2020","UN",2,418.06,836.12,0.000428798462061175,0.970847304827658,"C"]
["SINAPI","89746","JOELHO 45 GRAUS, PVC, SERIE NORMAL, ESGOTO PREDIAL, DN 100 MM, JUNTA ELÁSTICA, FORNECIDO E INSTALADO EM RAMAL DE DESCARGA OU RAMAL DE ESGOTO SANITÁRIO. AF_08/2022","UN",23,36.3,834.9,0.000428172793348891,0.971275477621007,"C"]
["SINAPI","89353","REGISTRO DE GAVETA BRUTO, LATÃO, ROSCÁVEL, 3/4\" - FORNECIMENTO E INSTALAÇÃO. AF_08/2021","UN",13,62.85,817.05,0.000419018542107692,0.971694496163115,"C"]
["COMPOSIÇÃO","JMV-CRAS-154","PARAFUSO SEXTAVADO D = 1/2\" X 1.1/2\" - BASEADA DA AGETOP CIVIL (071870)","UN",176,4.64,816.64,0.000418808276392908,0.972113304439508,"C"]
["COMPOSIÇÃO","JMV-CRAS-016","JUNÇÃO SIMPLES EM PVC RÍGIDO SOLDÁVEL, PARA ESGOTO PRIMÁRIO, DIÂM = 100 X 50MM - BASEADA DA ORSE (1562)","UN",12,66.4,796.8,0.000408633467170196,0.972521937906678,"C"]
["COMPOSIÇÃO","JMV-CRAS-028","CAIXA DE EQUALIZACAO COM BARRAMENTO TERMOTECNICA TEL-903, PARA 9 TERMINAIS - BASEADA EM SBC (059305)","UN",1,785.66,785.66,0.000402920393846556,0.972924858300525,"C"]
["SETOP","ED-49873","CAIXA DE ESGOTO DE INSPEÇÃO/PASSAGEM EM ALVENARIA (40X40X40CM), REVESTIMENTO EM ARGAMASSA COM ADITIVO IMPERMEABILIZANTE, COM TAMPA DE CONCRETO, INCLUSIVE ESCAVAÇÃO, REATERRO E TRANSPORTE E RETIRADA DO MATERIAL ESCAVADO (EM CAÇAMBA)","UN",3,258.41,775.23,0.000397571439199738,0.973322429739725,"C"]
["COMPOSIÇÃO","JMV-CRAS-032","CARTUCHO 32 PARA SOLDA EXOTERMICA (BASEADO EM SUDECAP 11.92.44)","UN",28,27.58,772.24,0.000396038038011436,0.973718467777736,"C"]
["SETOP","ED-28533","ANDAIME EM CAVALETE METÁLICO PARA FORRO DE GESSO, COM CHAPA DE COMPENSADO E TÁBUA, COM REAPROVEITAMENTO, INCLUSIVE MONTAGEM/DESMONTAGEM E REMANEJAMENTO","M2",443.21,1.72,762.32,0.00039095063340008,0.974109418411136,"C"]
["SINAPI","89357","TUBO, PVC, SOLDÁVEL, DN 32MM, INSTALADO EM RAMAL OU SUB-RAMAL DE ÁGUA - FORNECIMENTO E INSTALAÇÃO. AF_06/2022","M",17.65,42.84,756.12,0.000387771005517983,0.974497189416654,"C"]
["COMPOSIÇÃO","JMV-CRA-100","CANALETA EVOLUTIVA APARENTE COM TAMPA EM PVC, DIM.:80X35 MM - BASEADO EM CPOS 38.07.700","M",4,187.34,749.36,0.000384304185440083,0.974881493602094,"C"]
["SETOP","ED-48189","SABONETEIRA PLASTICA TIPO DISPENSER PARA SABONETE LIQUIDO COM RESERVATORIO 1500 ML","U",8,91.05,728.4,0.000373554991825766,0.97525504859392,"C"]
["SINAPI","95803","CONDULETE DE ALUMÍNIO, TIPO X, PARA ELETRODUTO DE AÇO GALVANIZADO DN 32 MM (1 1/4''), APARENTE - FORNECIMENTO E INSTALAÇÃO. AF_10/2022","UN",8,90.82,726.56,0.000372611360325273,0.975627659954245,"C"]
["COMPOSIÇÃO","JMV-CRAS-035","MOLDE PARA SOLDA EXOTERMICA - BASEADA DA SUDECAP (11.92.43)","UN",2,361.9,723.8,0.000371195913074533,0.97599885586732,"C"]
["SINAPI","89744","JOELHO 90 GRAUS, PVC, SERIE NORMAL, ESGOTO PREDIAL, DN 100 MM, JUNTA ELÁSTICA, FORNECIDO E INSTALADO EM RAMAL DE DESCARGA OU RAMAL DE ESGOTO SANITÁRIO. AF_08/2022","UN",20,35.06,701.2,0.000359605656601081,0.976358461523921,"C"]
["SINAPI","97644","REMOÇÃO DE PORTAS, DE FORMA MANUAL, SEM REAPROVEITAMENTO. AF_12/2017","M2",63.77,10.98,700.19,0.000359087684962223,0.976717549208883,"C"]
["SINAPI","89712","TUBO PVC, SERIE NORMAL, ESGOTO PREDIAL, DN 50 MM, FORNECIDO E INSTALADO EM RAMAL DE DESCARGA OU RAMAL DE ESGOTO SANITÁRIO. AF_08/2022","M",18.67,36.23,676.41,0.000346892273504759,0.977064441482388,"C"]
["SETOP","ED-49874","CAIXA DE ESGOTO DE INSPEÇÃO/PASSAGEM EM ALVENARIA (40X40X60CM), REVESTIMENTO EM ARGAMASSA COM ADITIVO IMPERMEABILIZANTE, COM TAMPA DE CONCRETO, INCLUSIVE ESCAVAÇÃO, REATERRO E TRANSPORTE E RETIRADA DO MATERIAL ESCAVADO (EM CAÇAMBA)","UN",2,335.86,671.72,0.000344487038864915,0.977408928521253,"C"]
["SETOP","ED-51133","TRANSPORTE DE MATERIAL DE QUALQUER NATUREZA COM CARRINHO DE MÃO, COM DISTÂNCIAS MENORES OU IGUAIS A 50M, INCLUSIVE CARGA/DESCARGA","M3",24.9105055555556,26.9,670.09,0.000343651104437847,0.977752579625691,"C"]
["SETOP","ED-27189","CAIXA PRÉ-MOLDADA PARA ENTRADA TELEFÔNICA SUBTERRÂNEA, TIPO R1, MEDIDAS INTERNAS (60X35X50)CM, INCLUSIVE ESCAVAÇÃO, APILOAMENTO, LASTRO DE BRITA, REATERRO E TRANSPORTE E RETIRADA DO MATERIAL ESCAVADO (EM CAÇAMBA)","UN",1,667.19,667.19,0.000342163859138156,0.978094743484829,"C"]
["COMPOSIÇÃO","JMV-CRAS-052","PORTA PARA DIVISORIA NAVAL SIMPLES, INCLUSIVE FECHADURA E DOBRADICAS - FORNECIMENTO E INSTALACAO - BASEADA DA AGESUL (2001003002)","M²",1.26,525.78,662.48,0.000339748367634176,0.978434491852463,"C"]
["SINAPI","91996","TOMADA MÉDIA DE EMBUTIR (1 MÓDULO), 2P+T 10 A, INCLUINDO SUPORTE E PLACA - FORNECIMENTO E INSTALAÇÃO. AF_12/2015","UN",17,38.73,658.41,0.000337661095782541,0.978772152948246,"C"]
["SINAPI","89753","LUVA SIMPLES, PVC, SERIE NORMAL, ESGOTO PREDIAL, DN 50 MM, JUNTA ELÁSTICA, FORNECIDO E INSTALADO EM RAMAL DE DESCARGA OU RAMAL DE ESGOTO SANITÁRIO. AF_08/2022","UN",54,12.01,648.54,0.000332599333331525,0.979104752281577,"C"]
["SETOP","CO-27389","COMO CONSTRUÍDO (\"AS BUILT\") DE PROJETOS COM ÁREA ATÉ 10.000 M2","M2",759.34,0.84,637.84,0.000327111911018873,0.979431864192596,"C"]
["SETOP","ED-49887","CAIXA DE ESGOTO DE INSPEÇÃO/PASSAGEM EM ALVENARIA (60X60X80CM), REVESTIMENTO EM ARGAMASSA COM ADITIVO IMPERMEABILIZANTE, COM TAMPA DE CONCRETO, INCLUSIVE ESCAVAÇÃO, REATERRO E TRANSPORTE E RETIRADA DO MATERIAL ESCAVADO (EM CAÇAMBA)","UN",1,634.58,634.58,0.000325440042164738,0.979757304234761,"C"]
["COMPOSIÇÃO","JMV-CRAS-020","JOELHO 90º RED. PVC RÍGIDO SOLDÁVEL C/BUCHA DE LATÃO, DIÂM= 25MMX1/2\" - BASEADA DA ORSE (479)","UN",31,20.46,634.26,0.000325275932338565,0.980082580167099,"C"]
["SETOP","ED-48182","DISPENSER EM PLÁSTICO PARA PAPEL TOALHA 2 OU 3 FOLHAS","U",8,79.2,633.6,0.000324937455822084,0.980407517622921,"C"]
["SINAPI","100574","ESPALHAMENTO DE MATERIAL COM TRATOR DE ESTEIRAS. AF_11/2019","M3",359.5045349,1.71,614.75,0.000315270361374094,0.980722787984295,"C"]
["SINAPI","89825","TE, PVC, SERIE NORMAL, ESGOTO PREDIAL, DN 50 X 50 MM, JUNTA ELÁSTICA, FORNECIDO E INSTALADO EM PRUMADA DE ESGOTO SANITÁRIO OU VENTILAÇÃO. AF_08/2022","UN",27,22.59,609.93,0.000312798457117366,0.981035586441413,"C"]
["COMPOSIÇÃO","JMV-CRAS-039","CONDULETE DE ALUMÍNIO, TIPO X, PARA ELETRODUTO DE AÇO GALVANIZADO DN 40 MM (1 1/2''), APARENTE - FORNECIMENTO E INSTALAÇÃO. AF_10/2022 - BASEADA EM SINAPI (95803)","UN",6,98.49,590.94,0.000303059564620426,0.981338646006033,"C"]
["SETOP","ED-48348","RODABANCA/FRONTÃO PARA BANCADA EM GRANITO, COR CINZA ANDORINHA, ESP. 2CM, ALTURA DE 10CM, INCLUSIVE REJUNTAMENTO EM MASSA PLÁSTICA NA COR DA PEDRA","M",9.8,60.27,590.64,0.000302905711658389,0.981641551717692,"C"]
["SETOP","ED-49885","CAIXA DE ESGOTO DE INSPEÇÃO/PASSAGEM EM ALVENARIA (60X60X70CM), REVESTIMENTO EM ARGAMASSA COM ADITIVO IMPERMEABILIZANTE, COM TAMPA DE CONCRETO, INCLUSIVE ESCAVAÇÃO, REATERRO E TRANSPORTE E RETIRADA DO MATERIAL ESCAVADO (EM CAÇAMBA)","UN",1,574.59,574.59,0.000294674578189411,0.981936226295881,"C"]
["SINAPI","104352","TE, PVC, SÉRIE NORMAL, ESGOTO PREDIAL, DN 100 X 50 MM, JUNTA ELÁSTICA, FORNECIDO E INSTALADO EM PRUMADA DE ESGOTO SANITÁRIO OU VENTILAÇÃO. AF_08/2022","UN",11,51.84,570.24,0.000292443710239875,0.982228670006121,"C"]
["SETOP","ED-50316","DUCHA HIGIÊNICA COM REGISTRO PARA CONTROLE DE FLUXO DE ÁGUA, DIÂMETRO 1/2\" (20MM), INCLUSIVE FORNECIMENTO E INSTALAÇÃO","UN",3,188.36,565.08,0.000289797439292839,0.982518467445414,"C"]
["COMPOSIÇÃO","JMV-CRA-109","CAIXA DE TOMADAS ABS DE MESA, PARA 3 BLOCOS: 2 MÓDULOS DE TOMADA + 1 TOMADA RJ-45 - BASEADA DA SBC (062564)","UN",1,563.68,563.68,0.000289079458803333,0.982807546904217,"C"]
["SINAPI","95601","ARRASAMENTO MECANICO DE ESTACA DE CONCRETO ARMADO, DIAMETROS DE ATÉ 40 CM. AF_05/2021","UN",26,21.18,550.68,0.000282412497115065,0.983089959401332,"C"]
["SETOP","ED-8346","ENCUNHAMENTO DE ALVENARIA DE VEDAÇÃO COM ARGAMASSA, INCLUSIVE ADITIVO EXPANSOR PARA ENCUNHAMENTO","M",70.74,7.78,550.35,0.000282243258856824,0.983372202660189,"C"]
["SUDECAP","11.92.25","PROTECAO EXTERNA - CONTRA DESCARGA ATMOSFERICA - BARRA CHATA DE ALUMINIO 7/8\"X1/8\"X3000MM","UN",17,32.33,549.61,0.000281863754883799,0.983654066415073,"C"]
["SINAPI","100849","ASSENTO SANITÁRIO CONVENCIONAL - FORNECIMENTO E INSTALACAO. AF_01/2020","UN",9,58.7,528.3,0.000270935066147107,0.98392500148122,"C"]
["SINAPI","91856","ELETRODUTO FLEXÍVEL CORRUGADO, PVC, DN 32 MM (1\"), PARA CIRCUITOS TERMINAIS, INSTALADO EM PAREDE - FORNECIMENTO E INSTALAÇÃO. AF_12/2015","M",32,16.47,527.04,0.000270288883706551,0.984195290364926,"C"]
["SINAPI","89801","JOELHO 90 GRAUS, PVC, SERIE NORMAL, ESGOTO PREDIAL, DN 50 MM, JUNTA ELÁSTICA, FORNECIDO E INSTALADO EM PRUMADA DE ESGOTO SANITÁRIO OU VENTILAÇÃO. AF_08/2022","UN",42,12.38,519.96,0.000266657953802479,0.984461948318729,"C"]
["SETOP","ED-17981","CONJUNTO PARA CONDULETE DE 1\" (25MM) COM UM (1) INTERRUPTOR PARALELO, CORRENTE 10A, TENSÃO 250V, (10A-250V) E PLACA DE UM (1) POSTO, INCLUSIVE FORNECIMENTO, INSTALAÇÃO, SUPORTE, MÓDULO E PLACA, EXCLUSIVE CONDULETE","UN",11,47.1,518.1,0.00026570406543785,0.984727652384166,"C"]
["SINAPI","93190","VERGA MOLDADA IN LOCO COM UTILIZAÇÃO DE BLOCOS CANALETA PARA JANELAS COM ATÉ 1,5 M DE VÃO. AF_03/2016","M",8.4,61.44,516.09,0.000264673250592202,0.984992325634759,"C"]
["SETOP","ED-48537","DIVISÓRIA EM PAINEL REMOVÍVEL, NÚCLEO COMPENSADO NAVAL - P. ALUMÍNIO TIPO C","M2",4.2,122.47,514.37,0.000263791160276523,0.985256116795035,"C"]
["COMPOSIÇÃO","JMV-CRAS-040","CONDULETE DE ALUMÍNIO, TIPO X, PARA ELETRODUTO DE AÇO GALVANIZADO DN 50 MM (2''), APARENTE - FORNECIMENTO E INSTALAÇÃO. AF_10/2022 - BASEADA EM SINAPI (95803)","UN",4,127.65,510.6,0.000261857741386925,0.985517974536422,"C"]
["SINAPI","94589","CONTRAMARCO DE ALUMÍNIO, FIXAÇÃO COM ARGAMASSA - FORNECIMENTO E INSTALAÇÃO. AF_12/2019","M",20.54,24.81,509.59,0.000261339769748067,0.98577931430617,"C"]
["SETOP","ED-48157","ASSENTO PARA VASO PNE (NBR 9050)","U",3,160.43,481.29,0.000246826306995913,0.986026140613166,"C"]
["SETOP","ED-50150","LIGAÇÃO DE ÁGUA PROVISÓRIA PARA CANTEIRO,  INCLUSIVE HIDRÔMETRO E CAVALETE PARA MEDIÇÃO DE ÁGUA - ENTRADA PRINCIPAL, EM AÇO GALVANIZADO DN 20MM (1/2\") - PADRÃO CONCESSIONÁRIA","UN",1,475.11,475.11,0.000243656935977952,0.986269797549144,"C"]
["SETOP","ED-49258","DISJUNTOR TRIPOLAR TERMOMAGNÉTICO 10KA, DE 40A","UN",4,117.63,470.52,0.000241302985658786,0.986511100534803,"C"]
["SINAPI","89799","TUBO PVC, SERIE NORMAL, ESGOTO PREDIAL, DN 75 MM, FORNECIDO E INSTALADO EM PRUMADA DE ESGOTO SANITÁRIO OU VENTILAÇÃO. AF_08/2022","M",14.87,31.4,466.91,0.000239451621682274,0.986750552156485,"C"]
["SETOP","ED-17983","CONJUNTO PARA CONDULETE DE 1\" (25MM) COM UMA (1) TOMADA DE DADOS OU TELEFONIA (CONECTOR RJ45 CAT.6E OU RJ11) E PLACA DE UM (1) POSTO, INCLUSIVE FORNECIMENTO, INSTALAÇÃO, SUPORTE, MÓDULO E PLACA, EXCLUSIVE CONDULETE","UN",10,46.54,465.4,0.000238677228440022,0.986989229384925,"C"]
["COMPOSIÇÃO","JMV-CRAS-064","DISJUNTOR DE PROTEÇÃO DIFERENCIAL RESIDUAL (DR), UNIPOLAR, TIPO DIN, CORRENTE NOMINAL DE 40A, ALTA SENSIBILIDADE, CORRENTE DIFERENCIAL RESIDUAL NOMINAL COM ATUAÇÃO DE 30MA - BASEADA EM SETOP (ED-15114)","UN",1,450.09,450.09,0.000230825598944068,0.987220054983869,"C"]
["COMPOSIÇÃO","JMV-CRAS-036","CARTUCHO 65 PARA SOLDA EXOTERMICA (BASEADO EM SUDECAP 11.92.44)","UN",11,40.82,449.02,0.000230276856712803,0.987450331840582,"C"]
["SETOP","ED-50508","LIXAMENTO MANUAL EM SUPERFÍCIE METÁLICA PARA REMOÇÃO DE TINTA","M2",75.82,5.84,442.78,0.000227076715102434,0.987677408555685,"C"]
["SINAPI","89711","TUBO PVC, SERIE NORMAL, ESGOTO PREDIAL, DN 40 MM, FORNECIDO E INSTALADO EM RAMAL DE DESCARGA OU RAMAL DE ESGOTO SANITÁRIO. AF_08/2022","M",15.8,28.02,442.71,0.000227040816077959,0.987904449371762,"C"]
["SETOP","ED-49908","CAIXA DE DRENAGEM DE INSPEÇÃO/PASSAGEM EM ALVENARIA (40X40X40CM), REVESTIMENTO EM ARGAMASSA COM ADITIVO IMPERMEABILIZANTE, COM TAMPA EM GRELHA, INCLUSIVE ESCAVAÇÃO, REATERRO E TRANSPORTE E RETIRADA DO MATERIAL ESCAVADO (EM CAÇAMBA)","UN",1,441.36,441.36,0.000226348477748792,0.988130797849511,"C"]
["SETOP","ED-50283","LAVATÓRIO DE LOUÇA BRANCA SEM COLUNA, TAMANHO MÉDIO, INCLUSIVE ACESSÓRIOS DE FIXAÇÃO, VÁLVULA DE ESCOAMENTO DE METAL COM ACABAMENTO CROMADO, SIFÃO DE METAL TIPO COPO COM ACABAMENTO CROMADO, FORNECIMENTO, INSTALAÇÃO E REJUNTAMENTO, EXCLUSIVE TORNEIRA E ENGATE FLEXÍVEL","U",1,441.22,441.22,0.000226276679699842,0.988357074529211,"C"]
["SETOP","ED-16343","LIGAÇÃO PROVISÓRIA DE ÁGUA E ESGOTO PARA CONTAINER (VESTIÁRIO DE OBRA), EXCLUSIVE CHUVEIRO ELÉTRICO","UN",1,440.41,440.41,0.000225861276702342,0.988582935805913,"C"]
["SINAPI","93198","CONTRAVERGA MOLDADA IN LOCO COM UTILIZAÇÃO DE BLOCOS CANALETA PARA VÃOS DE ATÉ 1,5 M DE COMPRIMENTO. AF_03/2016","M",8.4,50.78,{"$f":"TRUNC(F263*E263,2)","v":426.55},{"$f":"G263/$G$404","v":0.000218753269856234},{"$f":"H263+(OFFSET(I263,-1,0))","v":0.98880168907577},{"$f":"IF(I263<=0.7,\"A\",IF(I263>0.9,\"C\",\"B\"))","v":"C"}]
["SETOP","ED-49875","CAIXA DE ESGOTO DE INSPEÇÃO/PASSAGEM EM ALVENARIA (40X40X80CM), REVESTIMENTO EM ARGAMASSA COM ADITIVO IMPERMEABILIZANTE, COM TAMPA DE CONCRETO, INCLUSIVE ESCAVAÇÃO, REATERRO E TRANSPORTE E RETIRADA DO MATERIAL ESCAVADO (EM CAÇAMBA)","UN",1,413.28,413.28,0.000211947840502132,0.989013636916272,"C"]
["SINAPI","89797","JUNÇÃO SIMPLES, PVC, SERIE NORMAL, ESGOTO PREDIAL, DN 100 X 100 MM, JUNTA ELÁSTICA, FORNECIDO E INSTALADO EM RAMAL DE DESCARGA OU RAMAL DE ESGOTO SANITÁRIO. AF_08/2022","UN",6,67.86,407.16,0.000208809240076578,0.989222446156348,"C"]
["SETOP","ED-49882","CAIXA DE ESGOTO DE INSPEÇÃO/PASSAGEM EM ALVENARIA (60X60X40CM), REVESTIMENTO EM ARGAMASSA COM ADITIVO IMPERMEABILIZANTE, COM TAMPA DE CONCRETO, INCLUSIVE ESCAVAÇÃO, REATERRO E TRANSPORTE E RETIRADA DO MATERIAL ESCAVADO (EM CAÇAMBA)","UN",1,407.13,407.13,0.000208793854780374,0.989431240011129,"C"]
["SINAPI","95789","CONDULETE DE ALUMÍNIO, TIPO LR, PARA ELETRODUTO DE AÇO GALVANIZADO DN 25 MM (1''), APARENTE - FORNECIMENTO E INSTALAÇÃO. AF_10/2022","UN",8,50.02,400.16,0.000205219337629048,0.989636459348758,"C"]
["SETOP","ED-49962","RALO SEMI- HEMISFÉRICO TIPO ABACAXI D = 100 MM","U",8,47.3,378.4,0.0001940598694493,0.989830519218207,"C"]
["COMPOSIÇÃO","JMV-CRAS-067","TOMADA SIMPLES DE PISO 2P+T 20A-250V C/ PLACA EM LATÃO CAIXA 4\"X2\" (NÃO INCLUI A CAIXA) - BASEADO EM SEINFRA (C4793)","UN",4,94.47,377.88,0.000193793190981769,0.990024312409189,"C"]
["COMPOSIÇÃO","JMV-CRA-106","REGUA 19\"\" COM 12 TOMADAS 2P+T - BASEADO EM SBC (059458)","UN",2,188.77,377.54,0.000193618824291461,0.99021793123348,"C"]
["COMPOSIÇÃO","JMV-CRAS-019","VEDAÇÃO PARA SAÍDA DE VASO SANITÁRIO EM PVC RÍGIDO SOLDÁVEL, PARA ESGOTO PRIMÁRIO, DIÂM = 100MM - BASEADA DA ORSE (1595)","UN",12,31.42,377.04,0.000193362402688066,0.990411293636169,"C"]
["SETOP","ED-49268","DISJUNTOR BIPOLAR TERMOMAGNÉTICO 5KA, DE 10A","UN",6,62.34,374.04,0.000191823873067696,0.990603117509236,"C"]
["SETOP","ED-16341","LIGAÇÃO PROVISÓRIA DE ÁGUA E ESGOTO PARA CONTAINER (ESCRITÓRIO DE OBRA)","UN",1,373.38,373.38,0.000191485396551215,0.990794602905787,"C"]
["SINAPI","93193","VERGA MOLDADA IN LOCO COM UTILIZAÇÃO DE BLOCOS CANALETA PARA PORTAS COM MAIS DE 1,5 M DE VÃO. AF_03/2016","M",5.6,64.92,363.55,0.00018644414782847,0.990981047053616,"C"]
["SETOP","ED-17985","CONJUNTO PARA CONDULETE DE 1\" (25MM) COM DUAS (2) TOMADA DE DADOS OU TELEFONIA (CONECTOR RJ45 CAT.6E OU RJ11) E PLACA DE DOIS (2) POSTOS, INCLUSIVE FORNECIMENTO, INSTALAÇÃO, SUPORTE, MÓDULO E PLACA, EXCLUSIVE CONDULETE","UN",5,71.71,358.55,0.00018387993179452,0.99116492698541,"C"]
["SINAPI","90447","RASGO EM ALVENARIA PARA ELETRODUTOS COM DIAMETROS MENORES OU IGUAIS A 40 MM. AF_05/2015","M",41,8.52,349.32,0.000179146388995849,0.991344073374406,"C"]
["COMPOSIÇÃO","JMV-CRAS-010","RALO SIFONADO, PVC, DN 100 X 100 X 50 MM, JUNTA SOLDÁVEL, FORNECIDO E INSTALADO EM RAMAL DE DESCARGA OU EM RAMAL DE ESGOTO SANITÁRIO. AF_08/2022 - BASEADA DA SINAPI (89709)","UN",12,27.84,334.08,0.000171330658524371,0.991515404032931,"C"]
["SETOP","ED-49230","DISJUNTOR MONOPOLAR TERMOMAGNÉTICO 5KA, DE 16A","UN",12,27.46,329.52,0.000168992093501409,0.991684396126432,"C"]
["SINAPI","89481","JOELHO 90 GRAUS, PVC, SOLDÁVEL, DN 25MM, INSTALADO EM PRUMADA DE ÁGUA - FORNECIMENTO E INSTALAÇÃO. AF_06/2022","UN",49,6.6,323.4,0.000165853493075855,0.991850249619508,"C"]
["SETOP","ED-17980","CONJUNTO PARA CONDULETE DE 1\" (25MM) COM UM (1) INTERRUPTOR SIMPLES, CORRENTE 10A, TENSÃO 250V, (10A-250V) E PLACA DE UM (1) POSTO, INCLUSIVE FORNECIMENTO, INSTALAÇÃO, SUPORTE, MÓDULO E PLACA, EXCLUSIVE CONDULETE","UN",9,35.71,321.39,0.000164822678230207,0.992015072297738,"C"]
["COMPOSIÇÃO","ART-OBRA-002","ART DE OBRAS PARA CONTRATOS ACIMA DE R$15.000,00","UN",1,321.39,321.39,0.000164822678230207,0.992179894975968,"C"]
["COMPOSIÇÃO","ART-OBRA-003","ART DE OBRAS REFERENTE À AS BUILT","UN",1,321.39,321.39,0.000164822678230207,0.992344717654199,"C"]
["SINAPI","97663","REMOÇÃO DE LOUÇAS, DE FORMA MANUAL, SEM REAPROVEITAMENTO. AF_12/2017","UN",22,14.5,319,0.00016359698296598,0.992508314637165,"C"]
["COMPOSIÇÃO","JMV-CRAS-055","JANELA BASCULANTE EM FERRO COM VIDRO 4MM - BASEADA DA SBC (111650)","M²",0.36,883.06,317.9,0.000163032855438511,0.992671347492603,"C"]
["SETOP","ED-51087","TERMINAL A COMPRESSAO EM COBRE ESTANHADO 1 FURO PARA CABO 50 MM2","U",10,31.68,316.8,0.000162468727911042,0.992833816220514,"C"]
["SINAPI","87261","REVESTIMENTO CERÂMICO PARA PISO COM PLACAS TIPO PORCELANATO DE DIMENSÕES 60X60 CM APLICADA EM AMBIENTES DE ÁREA MENOR QUE 5 M². AF_02/2023_PE","M2",1.4,223.58,313.01,0.000160525052157308,0.992994341272671,"C"]
["COMPOSIÇÃO","JMV-CRAS-049","CONTATOR MONOPOLAR NOMINAL 10A - FORNECIMENTO E INSTALAÇÃO - BASEADO EM SINAPI (101901)","UN",2,148.72,297.44,0.000152540083427589,0.993146881356099,"C"]
["SETOP","ED-49260","DISJUNTOR TRIPOLAR TERMOMAGNÉTICO 10KA, DE 60A","UN",2,147.66,295.32,0.000151452855829195,0.993298334211928,"C"]
["SINAPI","89827","JUNÇÃO SIMPLES, PVC, SERIE NORMAL, ESGOTO PREDIAL, DN 50 X 50 MM, JUNTA ELÁSTICA, FORNECIDO E INSTALADO EM PRUMADA DE ESGOTO SANITÁRIO OU VENTILAÇÃO. AF_08/2022","UN",11,26.09,286.99,0.000147180871916635,0.993445515083845,"C"]
["SINAPI","100852","CUBA DE EMBUTIR RETANGULAR DE AÇO INOXIDÁVEL, 56 X 33 X 12 CM - FORNECIMENTO E INSTALAÇÃO. AF_01/2020","UN",1,283.56,283.56,0.000145421819717345,0.993590936903562,"C"]
["SETOP","ED-48437","REMOÇÃO MANUAL DE BANCADA DE PEDRA (MÁRMORE, GRANITO, ARDÓSIA, MARMORITE, ETC.), COM REAPROVEITAMENTO, INCLUSIVE RASGO EM ALVENARIA, REMOÇÃO DE ACESSÓRIOS DE FIXAÇÃO, AFASTAMENTO E EMPILHAMENTO, EXCLUSIVE TRANSPORTE E RETIRADA DO MATERIAL REMOVIDO NÃO REAPROVEITÁVEL","M2",4.536,61.28,277.96,0.000142549897759322,0.993733486801322,"C"]
["SETOP","ED-15752","CONJUNTO DE UMA (1) TOMADA DE DADOS (CONECTOR RJ45 CAT.6E), COM PLACA 4\"X2\" DE UM (1) POSTO, INCLUSIVE FORNECIMENTO, INSTALAÇÃO, SUPORTE, MÓDULO E PLACA","UN",6,46.01,276.06,0.000141575495666421,0.993875062296988,"C"]
["SINAPI","86900","CUBA DE EMBUTIR RETANGULAR DE AÇO INOXIDÁVEL, 46 X 30 X 12 CM - FORNECIMENTO E INSTALAÇÃO. AF_01/2020","UN",1,258.86,258.86,0.000132754592509635,0.994007816889498,"C"]
["SINAPI","91953","INTERRUPTOR SIMPLES (1 MÓDULO), 10A/250V, INCLUINDO SUPORTE E PLACA - FORNECIMENTO E INSTALAÇÃO. AF_12/2015","UN",8,32.3,258.4,0.000132518684634511,0.994140335574132,"C"]
["COMPOSIÇÃO","JMV-CRAS-037","CARTUCHO 45 PARA SOLDA EXOTERMICA (BASEADO EM SUDECAP 11.92.44)","UN",7,35.96,251.72,0.000129092892013155,0.994269428466145,"C"]
["SETOP","ED-51086","TERMINAL A COMPRESSAO EM COBRE ESTANHADO 1 FURO PARA CABO 35 MM2","U",10,25.04,250.4,0.000128415938980192,0.994397844405125,"C"]
["SUDECAP","11.92.04","PROTECAO EXTERNA - CONTRA DESCARGA ATMOSFERICA - MOLDE P/ SOLDA EXOTERMICA HCL 5/8\".50-5","UN",1,248.89,248.89,0.000127641545737939,0.994525485950863,"C"]
["SINAPI","89732","JOELHO 45 GRAUS, PVC, SERIE NORMAL, ESGOTO PREDIAL, DN 50 MM, JUNTA ELÁSTICA, FORNECIDO E INSTALADO EM RAMAL DE DESCARGA OU RAMAL DE ESGOTO SANITÁRIO. AF_08/2022","UN",12,19.75,237,0.000121543840009207,0.994647029790872,"C"]
["SINAPI","95796","CONDULETE DE ALUMÍNIO, TIPO T, PARA ELETRODUTO DE AÇO GALVANIZADO DN 25 MM (1''), APARENTE - FORNECIMENTO E INSTALAÇÃO. AF_10/2022","UN",4,58.8,235.2,0.000120620722236986,0.994767650513109,"C"]
["SINAPI","92023","INTERRUPTOR SIMPLES (1 MÓDULO) COM 1 TOMADA DE EMBUTIR 2P+T 10 A,  INCLUINDO SUPORTE E PLACA - FORNECIMENTO E INSTALAÇÃO. AF_12/2015","UN",4,57.46,229.84,0.000117871882648592,0.994885522395758,"C"]
["SINAPI","89383","ADAPTADOR CURTO COM BOLSA E ROSCA PARA REGISTRO, PVC, SOLDÁVEL, DN 25MM X 3/4 , INSTALADO EM RAMAL OU SUB-RAMAL DE ÁGUA - FORNECIMENTO E INSTALAÇÃO. AF_06/2022","UN",27,8.21,221.67,0.000113681953649118,0.994999204349407,"C"]
["SETOP","ED-49228","DISJUNTOR MONOPOLAR TERMOMAGNÉTICO 5KA, DE 10A","UN",8,27.46,219.68,0.000112661395667606,0.995111865745075,"C"]
["SINAPI","100974","CARGA, MANOBRA E DESCARGA DE SOLOS E MATERIAIS GRANULARES EM CAMINHÃO BASCULANTE 10 M³ - CARGA COM PÁ CARREGADEIRA (CAÇAMBA DE 1,7 A 2,8 M³ / 128 HP) E DESCARGA LIVRE (UNIDADE: M3). AF_07/2020","M3",20.44,10.71,218.91,0.000112266506398378,0.995224132251473,"C"]
["SINAPI","89802","JOELHO 45 GRAUS, PVC, SERIE NORMAL, ESGOTO PREDIAL, DN 50 MM, JUNTA ELÁSTICA, FORNECIDO E INSTALADO EM PRUMADA DE ESGOTO SANITÁRIO OU VENTILAÇÃO. AF_08/2022","UN",16,13.46,215.36,0.000110445913014274,0.995334578164487,"C"]
["SINAPI","91931","CABO DE COBRE FLEXÍVEL ISOLADO, 6 MM², ANTI-CHAMA 0,6/1,0 KV, PARA CIRCUITOS TERMINAIS - FORNECIMENTO E INSTALAÇÃO. AF_12/2015","M",18,11.79,212.22,0.000108835585344954,0.995443413749832,"C"]
["COMPOSIÇÃO","JMV-CRA-101","CONJUNTO DE UMA (1) TOMADA HDMI, COM PLACA 4\"X2\" - BASEADO EM SETOP (ED-15752)","UN",1,210.99,210.99,0.000108204788200602,0.995551618538033,"C"]
["SETOP","ED-51132","CARGA DE MATERIAL DE QUALQUER NATUREZA SOBRE CAMINHÃO - MECÂNICA","M3",56.256,3.73,209.83,0.000107609890080726,0.995659228428114,"C"]
["SINAPI","89752","LUVA SIMPLES, PVC, SERIE NORMAL, ESGOTO PREDIAL, DN 40 MM, JUNTA SOLDÁVEL, FORNECIDO E INSTALADO EM RAMAL DE DESCARGA OU RAMAL DE ESGOTO SANITÁRIO. AF_08/2022","UN",22,9.44,207.68,0.000106507277186127,0.9957657357053,"C"]
["SETOP","ED-17982","CONJUNTO PARA CONDULETE DE 1\" (25MM) COM UMA (1) TOMADA PADRÃO, TRÊS (3) POLOS, CORRENTE 10A, TENSÃO 250V, (2P+T/10A-250V) E PLACA DE UM (1) POSTO, INCLUSIVE FORNECIMENTO, INSTALAÇÃO, SUPORTE, MÓDULO E PLACA, EXCLUSIVE CONDULETE","UN",5,40.35,201.75,0.000103466116969863,0.99586920182227,"C"]
["COMPOSIÇÃO","JMV-CRAS-013","JOELHO DE 90°COM BOLSA PARA ANEL, EM PVC RÍGIDO C/ ANÉIS, PARA ESGOTO SECUNDÁRIO, DIÂM = 40MM - BASEADA DA ORSE (1672)","UN",9,22.35,201.15,0.000103158411045789,0.995972360233315,"C"]
["SINAPI","89617","TE, PVC, SOLDÁVEL, DN 25MM, INSTALADO EM PRUMADA DE ÁGUA - FORNECIMENTO E INSTALAÇÃO. AF_06/2022","UN",21,9.39,197.19,0.000101127551946901,0.996073487785262,"C"]
["SINAPI","86914","TORNEIRA CROMADA 1/2\u0094 OU 3/4\u0094 PARA TANQUE, PADRÃO MÉDIO - FORNECIMENTO E INSTALAÇÃO. AF_01/2020","UN",2,98.5,197,0.000101030111737611,0.996174517897,"C"]
["SETOP","ED-51084","TERMINAL A COMPRESSAO EM COBRE ESTANHADO 1 FURO PARA CABO 16 MM2","U",10,19.59,195.9,0.000100465984210142,0.99627498388121,"C"]
["SINAPI","94495","REGISTRO DE GAVETA BRUTO, LATÃO, ROSCÁVEL, 1\" - FORNECIMENTO E INSTALAÇÃO. AF_08/2021","UN",2,97.6,195.2,0.000100106993965389,0.996375090875175,"C"]
["SINAPI","89728","CURVA CURTA 90 GRAUS, PVC, SERIE NORMAL, ESGOTO PREDIAL, DN 40 MM, JUNTA SOLDÁVEL, FORNECIDO E INSTALADO EM RAMAL DE DESCARGA OU RAMAL DE ESGOTO SANITÁRIO. AF_08/2022","UN",11,17.13,188.43,9.66350454554217e-5,0.996471725920631,"C"]
["SINAPI","89731","JOELHO 90 GRAUS, PVC, SERIE NORMAL, ESGOTO PREDIAL, DN 50 MM, JUNTA ELÁSTICA, FORNECIDO E INSTALADO EM RAMAL DE DESCARGA OU RAMAL DE ESGOTO SANITÁRIO. AF_08/2022","UN",10,18.67,186.7,9.57478267076752e-5,0.996567473747338,"C"]
["COMPOSIÇÃO","JMV-CRAS-041","CONDULETE DE ALUMÍNIO, TIPO X, PARA ELETRODUTO DE AÇO GALVANIZADO DN 25 MM (1''), APARENTE, INCLUSIVE PLACA COM FURO CENTRAL - FORNECIMENTO E INSTALAÇÃO. AF_11/2016_P - BASEADA EM SINAPI (95802)","UN",2,88.41,176.82,9.06809358245909e-5,0.996658154683163,"C"]
["COMPOSIÇÃO","JMV-CRAS-012","RALO SIFONADO, PVC, DN 100 X 150 X 50 MM, JUNTA SOLDÁVEL, FORNECIDO E INSTALADO EM RAMAL DE DESCARGA OU EM RAMAL DE ESGOTO SANITÁRIO. AF_08/2022 - BASEADA DA SINAPI (89709)","UN",3,56.51,169.53,8.69423088470925e-5,0.99674509699201,"C"]
["SINAPI","86879","VÁLVULA EM PLÁSTICO 1\u0094 PARA PIA, TANQUE OU LAVATÓRIO, COM OU SEM LADRÃO - FORNECIMENTO E INSTALAÇÃO. AF_01/2020","UN",14,12.09,169.26,8.68038411812592e-5,0.996831900833191,"C"]
["SINAPI","95782","CONDULETE DE ALUMÍNIO, TIPO E, ELETRODUTO DE AÇO GALVANIZADO DN 25 MM (1''), APARENTE - FORNECIMENTO E INSTALAÇÃO. AF_10/2022","UN",4,42.31,169.24,8.67935843171234e-5,0.996918694417508,"C"]
["SINAPI","95797","CONDULETE DE ALUMÍNIO, TIPO T, PARA ELETRODUTO DE AÇO GALVANIZADO DN 32 MM (1 1/4''), APARENTE - FORNECIMENTO E INSTALAÇÃO. AF_10/2022","UN",2,81.84,163.68,8.39421760873716e-5,0.997002636593596,"C"]
["COMPOSIÇÃO","JMV-CRAS-025","CONDULETE DE ALUMÍNIO, TIPO X, PARA ELETRODUTO DE AÇO GALVANIZADO DN 25 MM (1''), APARENTE, SEM TAMPA - FORNECIMENTO E INSTALAÇÃO. AF_10/2022 - BASEADA EM SINAPI (95780)","UN",5,30.57,152.85,7.83880841578369e-5,0.997081024677754,"C"]
["SINAPI","95785","CONDULETE DE ALUMÍNIO, TIPO E, PARA ELETRODUTO DE AÇO GALVANIZADO DN 32 MM (1 1/4''), APARENTE - FORNECIMENTO E INSTALAÇÃO. AF_10/2022","UN",3,50.31,150.93,7.74034252008003e-5,0.997158428102954,"C"]
["SETOP","ED-49109","CONDULETE DE ALUMÍNIO, TIPO \"LR\", DIÂMETRO DE SAÍDA 1.1/2\" (40MM), EXCLUSIVE MÓDULO E PLACA, INCLUSIVE FIXAÇÃO","UN",2,74.38,148.76,7.62905554420662e-5,0.997234718658396,"C"]
["SUDECAP","11.82.54","ACESSORIOS PARA INSTALAÇAO TELEFONICA/INFORMATICA - GUIA DE CABOS P/ RACK 1U","UN",4,37.11,148.44,7.61264456158934e-5,0.997310845104012,"C"]
["SINAPI","86884","ENGATE FLEXÍVEL EM PLÁSTICO BRANCO, 1/2\u0094 X 30CM - FORNECIMENTO E INSTALAÇÃO. AF_01/2020","UN",11,13.45,147.95,7.58751524445664e-5,0.997386720256457,"C"]
["SETOP","ED-49263","DISJUNTOR TRIPOLAR TERMOMAGNÉTICO 10KA, DE 100A","UN",1,147.66,{"$f":"TRUNC(F327*E327,2)","v":147.66},{"$f":"G327/$G$404","v":7.57264279145973e-5},{"$f":"H327+(OFFSET(I327,-1,0))","v":0.997462446684372},{"$f":"IF(I327<=0.7,\"A\",IF(I327>0.9,\"C\",\"B\"))","v":"C"}]
["SINAPI","103978","TUBO, PVC, SOLDÁVEL, DN 40MM, INSTALADO EM RAMAL DE DISTRIBUIÇÃO DE ÁGUA - FORNECIMENTO E INSTALAÇÃO. AF_06/2022","M",3.87,37.35,144.54,7.41263571094128e-5,0.997536573041481,"C"]
["SINAPI","89985","REGISTRO DE PRESSÃO BRUTO, LATÃO, ROSCÁVEL, 3/4\", COM ACABAMENTO E CANOPLA CROMADOS - FORNECIMENTO E INSTALAÇÃO. AF_08/2021","UN",1,142.43,142.43,7.30442579430861e-5,0.997609617299424,"C"]
["COMPOSIÇÃO","JMV-CRAS-008","JUNÇÃO SIMPLES EM PVC RÍGIDO SOLDÁVEL, PARA ESGOTO PRIMÁRIO, DIÂM = 75 X 50MM - BASEADA DA ORSE (1560)","UN",3,47.15,141.45,7.2541671600432e-5,0.997682158971025,"C"]
["COMPOSIÇÃO","JMV-CRAS-011","RALO SIFONADO, PVC, DN 150 X 185 X 75 MM, JUNTA SOLDÁVEL, FORNECIDO E INSTALADO EM RAMAL DE DESCARGA OU EM RAMAL DE ESGOTO SANITÁRIO. AF_08/2022 - BASEADA DA SINAPI (89709)","UN",2,70.42,140.84,7.22288372442902e-5,0.997754387808269,"C"]
["SINAPI","95791","CONDULETE DE ALUMÍNIO, TIPO LR, PARA ELETRODUTO DE AÇO GALVANIZADO DN 32 MM (1 1/4''), APARENTE - FORNECIMENTO E INSTALAÇÃO. AF_10/2022","UN",2,70.22,140.44,7.20236999615742e-5,0.99782641150823,"C"]
["SINAPI","89785","JUNÇÃO SIMPLES, PVC, SERIE NORMAL, ESGOTO PREDIAL, DN 50 X 50 MM, JUNTA ELÁSTICA, FORNECIDO E INSTALADO EM RAMAL DE DESCARGA OU RAMAL DE ESGOTO SANITÁRIO. AF_08/2022","UN",4,34.47,137.88,7.0710821352192e-5,0.997897122329583,"C"]
["COMPOSIÇÃO","JMV-CRAS-059","BOTOEIRA \"LIGA-DESLIGA\" PARA INSTALAÇÃO EM PORTA DE QUADRO - BASEADA EM AGETOP CIVIL (070305)","UN",2,68.83,137.66,7.05979958466983e-5,0.997967720325429,"C"]
["COMPOSIÇÃO","JMV-CRAS-034","ALICATE Z-201 TEL-98201 OU EQUIVALENTE - BASEADA EM SUDECAP (11.92.47)","UN",1,132.96,132.96,6.81876327747857e-5,0.998035907958204,"C"]
["SINAPI","89726","JOELHO 45 GRAUS, PVC, SERIE NORMAL, ESGOTO PREDIAL, DN 40 MM, JUNTA SOLDÁVEL, FORNECIDO E INSTALADO EM RAMAL DE DESCARGA OU RAMAL DE ESGOTO SANITÁRIO. AF_08/2022","UN",10,13.12,131.2,6.72850287308355e-5,0.998103192986935,"C"]
["COMPOSIÇÃO","JMV-CRAS-150","BARRA ROSQUEADA D=5/16\" X 250MM - BASEADO EM ORSE (9819)","UN",44,2.96,130.24,6.67926992523172e-5,0.998169985686188,"C"]
["SINAPI","86909","TORNEIRA CROMADA TUBO MÓVEL, DE MESA, 1/2\u0094 OU 3/4\u0094, PARA PIA DE COZINHA, PADRÃO ALTO - FORNECIMENTO E INSTALAÇÃO. AF_01/2020","UN",1,129.83,129.83,6.65824335375333e-5,0.998236568119725,"C"]
["SINAPI","91955","INTERRUPTOR PARALELO (1 MÓDULO), 10A/250V, INCLUINDO SUPORTE E PLACA - FORNECIMENTO E INSTALAÇÃO. AF_12/2015","UN",3,40.1,120.3,6.16950377768255e-5,0.998298263157502,"C"]
["COMPOSIÇÃO","JMV-CRAS-026","CONECTOR CABO-HASTE EM BRONZE NATURAL PARA 2 CABOS COBRE DE 16MM² A 70MM² COM GRAMPO \"U\" E PORCAS DE AÇO GALV.- FORNECIMENTO E INSTALAÇÃO - BASEADA EM ORSE (10907)","UN",10,12.01,120.1,6.15924691354675e-5,0.998359855626637,"C"]
["COMPOSIÇÃO","JMV-CRAS-060","LED SINALIZAÇÃO PARA QUADRO ELÉTRICO, VERDE - BASEADA EM ORSE (11444)","UN",2,59.67,119.34,6.12027082983072e-5,0.998421058334936,"C"]
["SUDECAP","11.14.03","CAIXA E ACESSORIOS - CAIXA 2\" X 4\" P/ TOMADA DE PISO, REF. TP04 OU EQUIVALENTE.","UN",4,29.04,116.16,5.95718669007153e-5,0.998480630201837,"C"]
["COMPOSIÇÃO","JMV-CRAS-057","BOTOEIRA COM RETENÇÃO PARA QUADRO/PAINEL - BASEADO EM CPOS (40.20.090)","UN",2,56.97,113.94,5.84333549816417e-5,0.998539063556818,"C"]
["SINAPI","100860","CHUVEIRO ELÉTRICO COMUM CORPO PLÁSTICO, TIPO DUCHA \u0096 FORNECIMENTO E INSTALAÇÃO. AF_01/2020","UN",1,111.06,111.06,5.69563665460868e-5,0.998596019923364,"C"]
["SUDECAP","11.92.43","PROTECAO EXTERNA - CONTRA DESCARGA ATMOSFERICA - MOLDE PPS 35-2 PARA SOLDA EXOTERMICA","UN",1,106.26,106.26,5.44947191534953e-5,0.998650514642518,"C"]
["COMPOSIÇÃO","JMV-CRAS-009","TE SANITARIO DIAMETRO 75 X 50 MM - BASEADA DA AGETOP CIVIL (082231)","UN",3,34.96,104.88,5.37869955281252e-5,0.998704301638046,"C"]
["COMPOSIÇÃO","JMV-CRA-105","BLOCO DE CONEXAO PADRAO IDC P/ 20 PARES - BASEADO EM SBC (063817)","UN",2,52.31,104.62,5.36536562943598e-5,0.99875795529434,"C"]
["COMPOSIÇÃO","JMV-CRAS-017","TE REDUCAO PVC SOLDAVEL 40X25MM - BASEADA DA SBC (052216)","UN",2,51.61,103.22,5.2935675804854e-5,0.998810890970145,"C"]
["SINAPI","89774","LUVA SIMPLES, PVC, SERIE NORMAL, ESGOTO PREDIAL, DN 75 MM, JUNTA ELÁSTICA, FORNECIDO E INSTALADO EM RAMAL DE DESCARGA OU RAMAL DE ESGOTO SANITÁRIO. AF_08/2022","UN",5,20.12,100.6,5.15920266030644e-5,0.998862482996748,"C"]
["SUDECAP","11.92.45","PROTECAO EXTERNA - CONTRA DESCARGA ATMOSFERICA - ALICATE PEQUENO Z-200","UN",1,94.55,94.55,4.84893252019855e-5,0.99891097232195,"C"]
["COMPOSIÇÃO","JMV-CRA-102","ETIQUETA ADESIVA INDELÉVEL PARA IDENTIFICAÇÃO DOS CIRCUITOS - BASEADO EM ORSE (8824)","UN",70,1.33,93.1,4.77457025521401e-5,0.998958718024503,"C"]
["COMPOSIÇÃO","JMV-CRAS-061","LED SINALIZAÇÃO PARA QUADRO ELÉTRICO, VERMELHA - BASEADA EM ORSE (11444)","UN",2,42.69,85.38,4.37865529957221e-5,0.999002504577498,"C"]
["SINAPI","86882","SIFÃO DO TIPO GARRAFA/COPO EM PVC 1.1/4  X 1.1/2\u0094 - FORNECIMENTO E INSTALAÇÃO. AF_01/2020","UN",3,28.15,84.45,4.33096088134074e-5,0.999045814186312,"C"]
["SETOP","ED-17972","CONDULETE DE ALUMÍNIO, TIPO \"T\" OU \"TB\", DIÂMETRO DE SAÍDA 2\" (50MM), EXCLUSIVE INSTALAÇÃO, MÓDULO E PLACA (FORNECIMENTO)","UN",1,83.64,83.64,4.28942058159076e-5,0.999088708392128,"C"]
["SINAPI","89805","JOELHO 90 GRAUS, PVC, SERIE NORMAL, ESGOTO PREDIAL, DN 75 MM, JUNTA ELÁSTICA, FORNECIDO E INSTALADO EM PRUMADA DE ESGOTO SANITÁRIO OU VENTILAÇÃO. AF_08/2022","UN",3,26.49,79.47,4.07556496435937e-5,0.999129464041771,"C"]
["SINAPI","104348","TERMINAL DE VENTILAÇÃO, PVC, SÉRIE NORMAL, ESGOTO PREDIAL, DN 50 MM, JUNTA SOLDÁVEL, FORNECIDO E INSTALADO EM PRUMADA DE ESGOTO SANITÁRIO OU VENTILAÇÃO. AF_08/2022","UN",5,15.7,78.5,4.02581917330075e-5,0.999169722233504,"C"]
["COMPOSIÇÃO","JMV-CRAS-018","JUNÇÃO SIMPLES EM PVC RÍGIDO SOLDÁVEL, PARA ESGOTO PRIMÁRIO, DIÂM = 100 X 75MM - BASEADA DA ORSE (1563)","UN",1,78.45,78.45,4.0232549572668e-5,0.999209954783077,"C"]
["SETOP","ED-50704","ENCHIMENTO DE RASGO EM ALVENARIA/CONCRETO COM ARGAMASSA, DIÂMETROS DE 15MM A 25MM (1/2\" A 1\"), INCLUSIVE ARGAMASSA, TRAÇO 1:2:8 (CIMENTO, CAL E AREIA), PREPARO MECÂNICO","M",25,3.01,75.25,3.85914513109403e-5,0.999248546234388,"C"]
["SINAPI","89492","JOELHO 90 GRAUS, PVC, SOLDÁVEL, DN 32MM, INSTALADO EM PRUMADA DE ÁGUA - FORNECIMENTO E INSTALAÇÃO. AF_06/2022","UN",7,10.69,74.83,3.83760571640886e-5,0.999286922291552,"C"]
["SINAPI","102191","REMOÇÃO DE VIDRO LISO COMUM DE ESQUADRIA COM BAGUETE DE ALUMÍNIO OU PVC. AF_01/2021","M2",2.8,25.32,70.89,3.63554549293363e-5,0.999323277746481,"C"]
["COMPOSIÇÃO","JMV-CRAS-015","TE REDUCAO PVC SOLDAVEL 32X25MM - BASEADA DA SBC (052214)","UN",2,31.64,63.28,3.24527181256652e-5,0.999355730464607,"C"]
["SETOP","ED-50705","ENCHIMENTO DE RASGO EM ALVENARIA/CONCRETO COM ARGAMASSA, DIÂMETROS DE 32MM A 50MM (1.1/4\" A 2\"), INCLUSIVE ARGAMASSA, TRAÇO 1:2:8 (CIMENTO, CAL E AREIA), PREPARO MECÂNICO","M",16,3.93,62.88,3.22475808429492e-5,0.99938797804545,"C"]
["SETOP","ED-49274","DISJUNTOR BIPOLAR TERMOMAGNÉTICO 5KA, DE 32A","UN",1,62.34,62.34,3.19706455112827e-5,0.999419948690961,"C"]
["SINAPI","89713","TUBO PVC, SERIE NORMAL, ESGOTO PREDIAL, DN 75 MM, FORNECIDO E INSTALADO EM RAMAL DE DESCARGA OU RAMAL DE ESGOTO SANITÁRIO. AF_08/2022","M",1.35,45.33,61.19,3.13808758234743e-5,0.999451329566785,"C"]
["SINAPI","89739","JOELHO 45 GRAUS, PVC, SERIE NORMAL, ESGOTO PREDIAL, DN 75 MM, JUNTA ELÁSTICA, FORNECIDO E INSTALADO EM RAMAL DE DESCARGA OU RAMAL DE ESGOTO SANITÁRIO. AF_08/2022","UN",2,30.34,60.68,3.11193257880114e-5,0.999482448892573,"C"]
["SETOP","ED-50323","TORNEIRA METÁLICA PARA IRRIGAÇÃO/JARDIM, ACABAMENTO CROMADO, APLICAÇÃO DE PAREDE, INCLUSIVE FORNECIMENTO E INSTALAÇÃO","UN",1,54.83,54.83,2.81191930282905e-5,0.999510568085601,"C"]
["SUDECAP","11.92.23","PROTECAO EXTERNA - CONTRA DESCARGA ATMOSFERICA - PARAFUSO FENDA AUTOTARRAXANTE INOX 4,2X32MM","UN",17,3.02,51.34,2.63293702365937e-5,0.999536897455837,"C"]
["SINAPI","89549","REDUÇÃO EXCÊNTRICA, PVC, SERIE R, ÁGUA PLUVIAL, DN 75 X 50 MM, JUNTA ELÁSTICA, FORNECIDO E INSTALADO EM RAMAL DE ENCAMINHAMENTO. AF_06/2022","UN",2,25.07,50.14,2.57139583884458e-5,0.999562611414226,"C"]
["SINAPI","89829","TE, PVC, SERIE NORMAL, ESGOTO PREDIAL, DN 75 X 75 MM, JUNTA ELÁSTICA, FORNECIDO E INSTALADO EM PRUMADA DE ESGOTO SANITÁRIO OU VENTILAÇÃO. AF_08/2022","UN",1,47.68,47.68,2.44523640997427e-5,0.999587063778326,"C"]
["COMPOSIÇÃO","JMV-CRAS-044","JUNCAO INTERNA TIPO \"X\" PARA PERFILADO 38 X 38MM - BASEADA EM SBC (063452)","UN",3,15.52,46.56,2.3877979708138e-5,0.999610941758034,"C"]
["SINAPI","103974","JOELHO DE REDUÇÃO, 90 GRAUS, PVC, SOLDÁVEL, DN 32 MM X 25 MM, INSTALADO EM PRUMADA DE ÁGUA - FORNECIMENTO E INSTALAÇÃO. AF_06/2022","UN",3,14.41,43.23,2.21702118295276e-5,0.999633111969863,"C"]
["SINAPI","94796","TORNEIRA DE BOIA PARA CAIXA D'ÁGUA, ROSCÁVEL, 3/4\" - FORNECIMENTO E INSTALAÇÃO. AF_08/2021","UN",1,42.58,42.58,2.18368637451141e-5,0.999654948833608,"C"]
["COMPOSIÇÃO","JMV-CRAS-033","CARTUCHO Nº90 PARA SOLDA EXOTERMICA - BASEADA EM SUDECAP (11.92.44)","UN",1,37.6,37.6,1.92829045753004e-5,0.999674231738184,"C"]
["SINAPI","89497","JOELHO 90 GRAUS, PVC, SOLDÁVEL, DN 40MM, INSTALADO EM PRUMADA DE ÁGUA - FORNECIMENTO E INSTALAÇÃO. AF_06/2022","UN",2,17.82,35.64,1.82777318899922e-5,0.999692509470074,"C"]
["COMPOSIÇÃO","JMV-CRAS-030","PARAFUSO DE FENDA EM AÇO INOX COM PORCA DE 1/4\" E ARRUELA DE PRESSÃO - FORNECIMENTO E COLOCAÇÃO - BASEADA DA ORSE (11414)","UN",30,1.14,34.2,1.75392376722147e-5,0.999710048707746,"C"]
["SINAPI","89500","CURVA 45 GRAUS, PVC, SOLDÁVEL, DN 40MM, INSTALADO EM PRUMADA DE ÁGUA - FORNECIMENTO E INSTALAÇÃO. AF_06/2022","UN",2,17.05,34.1,1.74879533515357e-5,0.999727536661097,"C"]
["SINAPI","104011","TE, PVC, SOLDÁVEL, DN 40MM, INSTALADO EM RAMAL DE DISTRIBUIÇÃO DE ÁGUA - FORNECIMENTO E INSTALAÇÃO. AF_06/2022","UN",1,33.47,33.47,1.71648621312581e-5,0.999744701523229,"C"]
["SINAPI","89367","JOELHO 90 GRAUS, PVC, SOLDÁVEL, DN 32MM, INSTALADO EM RAMAL OU SUB-RAMAL DE ÁGUA - FORNECIMENTO E INSTALAÇÃO. AF_06/2022","UN",2,16.53,33.06,1.69545964164742e-5,0.999761656119645,"C"]
["SINAPI","104351","TERMINAL DE VENTILAÇÃO, PVC, SÉRIE NORMAL, ESGOTO PREDIAL, DN 75 MM, JUNTA SOLDÁVEL, FORNECIDO E INSTALADO EM PRUMADA DE ESGOTO SANITÁRIO OU VENTILAÇÃO. AF_08/2022","UN",1,32.07,32.07,1.64468816417522e-5,0.999778103001287,"C"]
["SINAPI","94703","ADAPTADOR COM FLANGE E ANEL DE VEDAÇÃO, PVC, SOLDÁVEL, DN  25 MM X 3/4 , INSTALADO EM RESERVAÇÃO DE ÁGUA DE EDIFICAÇÃO QUE POSSUA RESERVATÓRIO DE FIBRA/FIBROCIMENTO   FORNECIMENTO E INSTALAÇÃO. AF_06/2016","UN",1,30.03,30.03,1.54006814999008e-5,0.999793503682787,"C"]
["COMPOSIÇÃO","JMV-CRAS-029","PARAFUSO CABEÇA SEXTAVADA 1/4\" X 1 1/4\", C/ PORCA E ARRUELA (FORNECIMENTO E COLOCAÇÃO) - BASEADA EM ORSE (9831)","UN",17,1.76,29.92,1.53442687471539e-5,0.999808847951534,"C"]
["SETOP","ED-17993","PLACA CEGA PARA CONDULETE, COM DIÂMETRO DE SAÍDA 1.1/2\" (40MM), EXCLUSIVE CONDULETE","UN",2,14.54,29.08,1.49134804534504e-5,0.999823761431987,"C"]
["SINAPI","104341","BUCHA DE REDUÇÃO LONGA, PVC, SÉRIE NORMAL, ESGOTO PREDIAL, DN 50 X 40 MM, JUNTA SOLDÁVEL E ELÁSTICA, FORNECIDO E INSTALADO EM RAMAL DE DESCARGA OU RAMAL DE ESGOTO SANITÁRIO. AF_08/2022","UN",2,13.78,27.56,1.41339587791298e-5,0.999837895390767,"C"]
["COMPOSIÇÃO","JMV-CRAS-014","BUCHA DE REDUÇÃO CURTA DE PVC RÍGIDO SOLDÁVEL, MARROM, DIÂM = 40 X 32MM - BASEADA DA ORSE (1073)","UN",2,13.53,27.06,1.38775371757348e-5,0.999851772927942,"C"]
["SINAPI","89623","TE, PVC, SOLDÁVEL, DN 40MM, INSTALADO EM PRUMADA DE ÁGUA - FORNECIMENTO E INSTALAÇÃO. AF_06/2022","UN",1,26.32,26.32,1.34980332027103e-5,0.999865270961145,"C"]
["COMPOSIÇÃO","JMV-CRAS-043","JUNCAO INTERNA TIPO \"T\" PARA PERFILADO 38 X 38MM - BASEADA EM SBC (063007)","UN",1,25.98,25.98,1.33236665124017e-5,0.999878594627657,"C"]
["SINAPI","94672","JOELHO 90 GRAUS COM BUCHA DE LATÃO, PVC, SOLDÁVEL, DN  25 MM, X 3/4\u0094 INSTALADO EM RESERVAÇÃO DE ÁGUA DE EDIFICAÇÃO QUE POSSUA RESERVATÓRIO DE FIBRA/FIBROCIMENTO   FORNECIMENTO E INSTALAÇÃO. AF_06/2016","UN",2,12.93,25.86,1.32621253275869e-5,0.999891856752985,"C"]
["SINAPI","89724","JOELHO 90 GRAUS, PVC, SERIE NORMAL, ESGOTO PREDIAL, DN 40 MM, JUNTA SOLDÁVEL, FORNECIDO E INSTALADO EM RAMAL DE DESCARGA OU RAMAL DE ESGOTO SANITÁRIO. AF_08/2022","UN",2,12.78,25.56,1.310827236555e-5,0.999904965025351,"C"]
["SINAPI","103980","JOELHO 90 GRAUS, PVC, SOLDÁVEL, DN 40MM, INSTALADO EM RAMAL DE DISTRIBUIÇÃO DE ÁGUA - FORNECIMENTO E INSTALAÇÃO. AF_06/2022","UN",1,23.19,23.19,1.18928339654579e-5,0.999916857859316,"C"]
["SINAPI","89391","ADAPTADOR CURTO COM BOLSA E ROSCA PARA REGISTRO, PVC, SOLDÁVEL, DN 32MM X 1 , INSTALADO EM RAMAL OU SUB-RAMAL DE ÁGUA - FORNECIMENTO E INSTALAÇÃO. AF_06/2022","UN",2,11.07,22.14,1.13543485983285e-5,0.999928212207914,"C"]
["SETOP","ED-17994","PLACA CEGA PARA CONDULETE, COM DIÂMETRO DE SAÍDA 2\" (50MM), EXCLUSIVE CONDULETE","UN",1,18.87,{"$f":"TRUNC(F391*E391,2)","v":18.87},{"$f":"G391/$G$404","v":9.6773513121255e-6},{"$f":"H391+(OFFSET(I391,-1,0))","v":0.999937889559226},{"$f":"IF(I391<=0.7,\"A\",IF(I391>0.9,\"C\",\"B\"))","v":"C"}]
["SINAPI","89620","TE, PVC, SOLDÁVEL, DN 32MM, INSTALADO EM PRUMADA DE ÁGUA - FORNECIMENTO E INSTALAÇÃO. AF_06/2022","UN",1,15.45,15.45,7.92342754490402e-6,0.999945812986771,"C"]
["SINAPI","89553","ADAPTADOR CURTO COM BOLSA E ROSCA PARA REGISTRO, PVC, SOLDÁVEL, DN 32MM X 1 , INSTALADO EM PRUMADA DE ÁGUA - FORNECIMENTO E INSTALAÇÃO. AF_06/2022","UN",2,7.42,14.84,7.61059318876218e-6,0.99995342357996,"C"]
["SINAPI","89558","LUVA, PVC, SOLDÁVEL, DN 40MM, INSTALADO EM PRUMADA DE ÁGUA - FORNECIMENTO E INSTALAÇÃO. AF_06/2022","UN",1,13.05,13.05,6.69260384860825e-6,0.999960116183809,"C"]
["SINAPI","89362","JOELHO 90 GRAUS, PVC, SOLDÁVEL, DN 25MM, INSTALADO EM RAMAL OU SUB-RAMAL DE ÁGUA - FORNECIMENTO E INSTALAÇÃO. AF_06/2022","UN",1,11.6,11.6,5.94898119876289e-6,0.999966065165007,"C"]
["SINAPI","103964","BUCHA DE REDUÇÃO, LONGA, PVC, SOLDÁVEL, DN 40 X 25 MM, INSTALADO EM PRUMADA DE ÁGUA - FORNECIMENTO E INSTALAÇÃO. AF_06/2022","UN",1,10.97,10.97,5.62588997848525e-6,0.999971691054986,"C"]
["SINAPI","89528","LUVA, PVC, SOLDÁVEL, DN 25MM, INSTALADO EM PRUMADA DE ÁGUA - FORNECIMENTO E INSTALAÇÃO. AF_06/2022","UN",2,5.32,10.64,5.45665172024458e-6,0.999977147706706,"C"]
["SINAPI","89489","CURVA 90 GRAUS, PVC, SOLDÁVEL, DN 25MM, INSTALADO EM PRUMADA DE ÁGUA - FORNECIMENTO E INSTALAÇÃO. AF_06/2022","UN",1,10.22,10.22,5.24125757339283e-6,0.999982388964279,"C"]
["SINAPI","89532","LUVA DE REDUÇÃO, PVC, SOLDÁVEL, DN 32MM X 25MM, INSTALADO EM PRUMADA DE ÁGUA - FORNECIMENTO E INSTALAÇÃO. AF_06/2022","UN",1,9.53,9.53,4.88739576070779e-6,0.99998727636004,"C"]
["SINAPI","89385","LUVA SOLDÁVEL E COM ROSCA, PVC, SOLDÁVEL, DN 25MM X 3/4 , INSTALADO EM RAMAL OU SUB-RAMAL DE ÁGUA - FORNECIMENTO E INSTALAÇÃO. AF_06/2022","UN",1,9.22,9.22,4.72841436660292e-6,0.999992004774407,"C"]
["SINAPI","89541","LUVA, PVC, SOLDÁVEL, DN 32MM, INSTALADO EM PRUMADA DE ÁGUA - FORNECIMENTO E INSTALAÇÃO. AF_06/2022","UN",1,8.3,8.3,4.25659861635621e-6,0.999996261373023,"C"]
["SINAPI","89485","JOELHO 45 GRAUS, PVC, SOLDÁVEL, DN 25MM, INSTALADO EM PRUMADA DE ÁGUA - FORNECIMENTO E INSTALAÇÃO. AF_06/2022","UN",1,7.85,7.85,4.02581917330075e-6,1.0000002871922,"C"]
[]
[null,null,null,null,null,"TOTAL",{"$f":"Resumo!$D$86","v":1949913.71},{"$f":"SUM(H6:H403)","v":1.0000002871922}]

{"sheet":"Cronograma","index":6,"n_rows":85,"n_cols":12,"rows_kept":85,"cut":false,"hidden":false,"merged":[[0,0,0,11],[4,0,5,0],[6,0,8,0],[9,0,11,0],[12,0,14,0],[15,0,17,0],[18,0,20,0],[21,0,23,0],[24,0,26,0],[27,0,29,0],[30,0,32,0],[33,0,35,0],[36,0,38,0],[39,0,41,0],[42,0,44,0],[45,0,47,0],[48,0,50,0],[51,0,53,0],[54,0,56,0],[57,0,59,0],[60,0,62,0],[63,0,65,0],[66,0,68,0],[69,0,71,0],[72,0,74,0],[75,0,77,0],[4,1,5,1],[6,1,8,1],[9,1,11,1],[12,1,14,1],[15,1,17,1],[18,1,20,1],[21,1,23,1],[24,1,26,1],[27,1,29,1],[30,1,32,1],[33,1,35,1],[36,1,38,1],[39,1,41,1],[42,1,44,1],[45,1,47,1],[48,1,50,1],[51,1,53,1],[54,1,56,1],[57,1,59,1],[60,1,62,1],[63,1,65,1],[66,1,68,1],[69,1,71,1],[72,1,74,1],[75,1,77,1],[6,2,8,2],[9,2,11,2],[12,2,14,2],[15,2,17,2],[18,2,20,2],[21,2,23,2],[24,2,26,2],[27,2,29,2],[30,2,32,2],[33,2,35,2],[36,2,38,2],[39,2,41,2],[42,2,44,2],[45,2,47,2],[48,2,50,2],[51,2,53,2],[54,2,56,2],[57,2,59,2],[60,2,62,2],[63,2,65,2],[66,2,68,2],[69,2,71,2],[72,2,74,2],[75,2,77,2],[6,3,8,3],[9,3,11,3],[12,3,14,3],[15,3,17,3],[18,3,20,3],[21,3,23,3],[24,3,26,3],[27,3,29,3],[30,3,32,3],[33,3,35,3],[36,3,38,3],[39,3,41,3],[42,3,44,3],[45,3,47,3],[48,3,50,3],[51,3,53,3],[54,3,56,3],[57,3,59,3],[60,3,62,3],[63,3,65,3],[66,3,68,3],[69,3,71,3],[72,3,74,3],[75,3,77,3],[4,2,5,4]]}
["CRONOGRAMA FÍSICO-FINANCEIRO"]
[{"$f":"Resumo!$A$2","v":"CONTRATANTE:"},{"$f":"Resumo!$B$2","v":"PREFEITURA MUNICIPAL DE JOÃO MONLEVADE-MG"},null,null,null,null,null,null,null,null,null,{"$f":"Resumo!$D$3","v":"REV_00"}]
[{"$f":"Resumo!$A$3","v":"CONTRATADA:"},{"$f":"Resumo!$B$3","v":"CONSÓRCIO PITÁGORAS"},null,null,null,null,null,null,null,null,null,{"$f":"Resumo!$D$4","v":"2023-04-20"}]
[{"$f":"Resumo!$A$4","v":"PROJETO:"},{"$f":"Resumo!$B$4","v":"CRAS III BEM VIVER"}]
["ITEM","DESCRIÇÃO","VALOR",null,null,"MÊS"]
[null,null,null,null,null,{"$f":"OFFSET(F6,0,-1)+1","v":1},{"$f":"OFFSET(G6,0,-1)+1","v":2},3,4,5,6,"TOTAL"]
[{"$f":"Resumo!A8","v":1},{"$f":"Resumo!B8","v":"MOBILIZAÇÃO E DESMOBILIZAÇÃO"},{"$f":"Resumo!D8","v":28816.45},{"$f":"Resumo!E8","v":0.0147783206263009},"%",0.5,null,null,null,null,0.5,{"$f":"SUM(F7:K7)","v":1}]
[null,null,null,null,"G"]
[null,null,null,null,"R$",{"$f":"$C7*F7","v":14408.225},{"$f":"$C7*G7","v":0},{"$f":"$C7*H7","v":0},0,{"$f":"$C7*J7","v":0},14408.225,28816.45]
[{"$f":"Resumo!A11","v":2},{"$f":"Resumo!B11","v":"ADMINISTRAÇÃO LOCAL"},{"$f":"Resumo!D11","v":132257},{"$f":"Resumo!E11","v":0.0678271040004124},"%",0.0804742252574239,0.12875687448285,0.196884733798572,0.272040023370359,0.216246492110754,0.105597650980041,{"$f":"SUM(F10:K10)","v":1}]
[null,null,null,null,"G"]
[null,null,null,null,"R$",{"$f":"$C10*F10","v":10643.2796098711},{"$f":"$C10*G10","v":17028.9979484783},26039.3842379977,35979.1973708936,28600.1123070919,13966.0285256673,132257]
[{"$f":"Resumo!A14","v":3},{"$f":"Resumo!B14","v":"SERVIÇOS PRELIMINARES"},{"$f":"Resumo!D14","v":52283.19},{"$f":"Resumo!E14","v":0.0268130788208059},"%",0.2,0.15,0.15,0.15,0.15,0.2,{"$f":"SUM(F13:K13)","v":1}]
[null,null,null,null,"G"]
[null,null,null,null,"R$",{"$f":"$C13*F13","v":10456.638},{"$f":"$C13*G13","v":7842.4785},7842.4785,7842.4785,7842.4785,10456.638,52283.19]
[{"$f":"Resumo!A17","v":4},{"$f":"Resumo!B17","v":"DEMOLIÇÕES E REMOÇÕES"},{"$f":"Resumo!D17","v":101744.26},{"$f":"Resumo!E17","v":0.0521788525708658},"%",0.5,0.5,null,null,null,null,{"$f":"SUM(F16:K16)","v":1}]
[null,null,null,null,"G"]
[null,null,null,null,"R$",{"$f":"$C16*F16","v":50872.13},{"$f":"$C16*G16","v":50872.13},0,0,0,0,101744.26]
[{"$f":"Resumo!A20","v":5},{"$f":"Resumo!B20","v":"INFRAESTRUTURA (FUNDAÇÕES)"},{"$f":"Resumo!D20","v":47959.45},{"$f":"Resumo!E20","v":0.0245956781338801},"%",1,null,null,null,null,null,{"$f":"SUM(F19:K19)","v":1}]
[null,null,null,null,"G"]
[null,null,null,null,"R$",{"$f":"$C19*F19","v":47959.45},{"$f":"$C19*G19","v":0},0,0,0,0,47959.45]
[{"$f":"Resumo!A23","v":6},{"$f":"Resumo!B23","v":"SUPERESTRUTURAS EM CONCRETO ARMADO (VIGAS / PILARES / LAJES)"},{"$f":"Resumo!D23","v":90132.45},{"$f":"Resumo!E23","v":0.0462238146938307},"%",null,0.9,0.1,null,null,null,{"$f":"SUM(F22:K22)","v":1}]
[null,null,null,null,"G"]
[null,null,null,null,"R$",{"$f":"$C22*F22","v":0},{"$f":"$C22*G22","v":81119.205},9013.245,0,0,0,90132.45]
[{"$f":"Resumo!A26","v":7},{"$f":"Resumo!B26","v":"ALVENARIAS"},{"$f":"Resumo!D26","v":36874.68},{"$f":"Resumo!E26","v":0.0189109291405516},"%",null,null,1,null,null,null,{"$f":"SUM(F25:K25)","v":1}]
[null,null,null,null,"G"]
[null,null,null,null,"R$",{"$f":"$C25*F25","v":0},{"$f":"$C25*G25","v":0},36874.68,0,0,0,36874.68]
[{"$f":"Resumo!A29","v":8},{"$f":"Resumo!B29","v":"ACABAMENTO GROSSO (CHAPISCO, EMBOÇO, REBOCO E CONTRAPISO)"},{"$f":"Resumo!D29","v":96945.5},{"$f":"Resumo!E29","v":0.0497178411038507},"%",null,null,0.5,0.5,null,null,{"$f":"SUM(F28:K28)","v":1}]
[null,null,null,null,"G"]
[null,null,null,null,"R$",{"$f":"$C28*F28","v":0},{"$f":"$C28*G28","v":0},48472.75,48472.75,0,0,96945.5]
[{"$f":"Resumo!A32","v":9},{"$f":"Resumo!B32","v":"REVESTIMENTOS E ACABAMENTOS"},{"$f":"Resumo!D32","v":166793.59},{"$f":"Resumo!E32","v":0.0855389595676005},"%",null,null,null,0.7,0.3,null,{"$f":"SUM(F31:K31)","v":1}]
[null,null,null,null,"G"]
[null,null,null,null,"R$",{"$f":"$C31*F31","v":0},{"$f":"$C31*G31","v":0},0,116755.513,50038.077,0,166793.59]
[{"$f":"Resumo!A35","v":10},{"$f":"Resumo!B35","v":"PINTURA (SELADOR, EMASSAMENTO, TINTA E GESSO)"},{"$f":"Resumo!D35","v":95070.04},{"$f":"Resumo!E35","v":0.0487560241832445},"%",null,null,null,0.7,0.3,null,{"$f":"SUM(F34:K34)","v":1}]
[null,null,null,null,"G"]
[null,null,null,null,"R$",{"$f":"$C34*F34","v":0},{"$f":"$C34*G34","v":0},0,66549.028,28521.012,0,95070.04]
[{"$f":"Resumo!A38","v":11},{"$f":"Resumo!B38","v":"FORROS"},{"$f":"Resumo!D38","v":10150.3},{"$f":"Resumo!E38","v":0.00520551240187957},"%",null,null,null,null,1,null,{"$f":"SUM(F37:K37)","v":1}]
[null,null,null,null,"G"]
[null,null,null,null,"R$",{"$f":"$C37*F37","v":0},{"$f":"$C37*G37","v":0},0,0,10150.3,0,10150.3]
[{"$f":"Resumo!A41","v":12},{"$f":"Resumo!B41","v":"ESQUADRIAS"},{"$f":"Resumo!D41","v":120306.98},{"$f":"Resumo!E41","v":0.0616986174224089},"%",null,null,null,null,0.5,0.5,{"$f":"SUM(F40:K40)","v":1}]
[null,null,null,null,"G"]
[null,null,null,null,"R$",{"$f":"$C40*F40","v":0},{"$f":"$C40*G40","v":0},0,0,60153.49,60153.49,120306.98]
[{"$f":"Resumo!A44","v":13},{"$f":"Resumo!B44","v":"INSTALAÇÕES DE CABEAMENTO ESTRUTURADO"},{"$f":"Resumo!D44","v":35999.13},{"$f":"Resumo!E44","v":0.0184619092708467},"%",0.05,0.25,0.3,0.3,0.1,null,{"$f":"SUM(F43:K43)","v":1}]
[null,null,null,null,"G"]
[null,null,null,null,"R$",{"$f":"$C43*F43","v":1799.9565},{"$f":"$C43*G43","v":8999.7825},10799.739,10799.739,3599.913,0,35999.13]
[{"$f":"Resumo!A47","v":14},{"$f":"Resumo!B47","v":"INSTALAÇÕES ELÉTRICAS"},{"$f":"Resumo!D47","v":210359.76},{"$f":"Resumo!E47","v":0.107881573897955},"%",0.05,0.25,0.3,0.3,0.1,null,{"$f":"SUM(F46:K46)","v":1}]
[null,null,null,null,"G"]
[null,null,null,null,"R$",{"$f":"$C46*F46","v":10517.988},{"$f":"$C46*G46","v":52589.94},63107.928,63107.928,21035.976,0,210359.76]
[{"$f":"Resumo!A50","v":15},{"$f":"Resumo!B50","v":"INSTALAÇÕES HIDROSSANITÁRIAS"},{"$f":"Resumo!D50","v":60434.06},{"$f":"Resumo!E50","v":0.0309931971297335},"%",0.05,0.25,0.3,0.3,0.1,null,{"$f":"SUM(F49:K49)","v":1}]
[null,null,null,null,"G"]
[null,null,null,null,"R$",{"$f":"$C49*F49","v":3021.703},{"$f":"$C49*G49","v":15108.515},18130.218,18130.218,6043.406,0,60434.06]
[{"$f":"Resumo!A53","v":16},{"$f":"Resumo!B53","v":"INSTALAÇÕES DE SPDA (SISTEMA DE PROTEÇÃO CONTRA DESCARGAS ATMOSFÉRICAS)"},{"$f":"Resumo!D53","v":54327.05},{"$f":"Resumo!E53","v":0.0278612585374355},"%",0.05,0.25,0.3,0.3,0.1,null,{"$f":"SUM(F52:K52)","v":1}]
[null,null,null,null,"G"]
[null,null,null,null,"R$",{"$f":"$C52*F52","v":2716.3525},{"$f":"$C52*G52","v":13581.7625},16298.115,16298.115,5432.705,0,54327.05]
[{"$f":"Resumo!A56","v":17},{"$f":"Resumo!B56","v":"DRENAGEM"},{"$f":"Resumo!D56","v":95829.84},{"$f":"Resumo!E56","v":0.0491456824517635},"%",null,null,0.25,0.25,0.25,0.25,{"$f":"SUM(F55:K55)","v":1}]
[null,null,null,null,"G"]
[null,null,null,null,"R$",{"$f":"$C55*F55","v":0},{"$f":"$C55*G55","v":0},23957.46,23957.46,23957.46,23957.46,95829.84]
[{"$f":"Resumo!A59","v":18},{"$f":"Resumo!B59","v":"ACESSÓRIOS , LOUÇAS, METAIS E VIDROS"},{"$f":"Resumo!D59","v":18153.34},{"$f":"Resumo!E59","v":0.00930981709954745},"%",null,null,null,null,0.7,0.3,{"$f":"SUM(F58:K58)","v":1}]
[null,null,null,null,"G"]
[null,null,null,null,"R$",{"$f":"$C58*F58","v":0},{"$f":"$C58*G58","v":0},0,0,12707.338,5446.002,18153.34]
[{"$f":"Resumo!A62","v":19},{"$f":"Resumo!B62","v":"PEDRAS ( BANCADAS, PEITORIS, SOLEIRAS E DIVERSOS)"},{"$f":"Resumo!D62","v":19349.58},{"$f":"Resumo!E62","v":0.0099233006572378},"%",null,null,null,null,0.7,0.3,{"$f":"SUM(F61:K61)","v":1}]
[null,null,null,null,"G"]
[null,null,null,null,"R$",{"$f":"$C61*F61","v":0},{"$f":"$C61*G61","v":0},0,0,13544.706,5804.874,19349.58]
[{"$f":"Resumo!A65","v":20},{"$f":"Resumo!B65","v":"ESTRUTURA METALICA"},{"$f":"Resumo!D65","v":66056.01},{"$f":"Resumo!E65","v":0.033876375996146},"%",null,null,0.5,0.5,null,null,{"$f":"SUM(F64:K64)","v":1}]
[null,null,null,null,"G"]
[null,null,null,null,"R$",{"$f":"$C64*F64","v":0},{"$f":"$C64*G64","v":0},33028.005,33028.005,0,0,66056.01]
[{"$f":"Resumo!A68","v":21},{"$f":"Resumo!B68","v":"TELHAMENTO E COBERTURA"},{"$f":"Resumo!D68","v":264189.89},{"$f":"Resumo!E68","v":0.135487990389072},"%",null,null,0.35,0.35,0.3,null,{"$f":"SUM(F67:K67)","v":1}]
[null,null,null,null,"G"]
[null,null,null,null,"R$",{"$f":"$C67*F67","v":0},{"$f":"$C67*G67","v":0},92466.4615,92466.4615,79256.967,0,264189.89]
[{"$f":"Resumo!A71","v":22},{"$f":"Resumo!B71","v":"PAISAGISMO , EQUIPAMENTOS, MOBILIÁRIOS E DIVERSOS"},{"$f":"Resumo!D71","v":110934.63},{"$f":"Resumo!E71","v":0.0568920713932515},"%",null,null,null,null,0.4,0.6,{"$f":"SUM(F70:K70)","v":1}]
[null,null,null,null,"G"]
[null,null,null,null,"R$",{"$f":"$C70*F70","v":0},{"$f":"$C70*G70","v":0},0,0,44373.852,66560.778,110934.63]
[{"$f":"Resumo!A74","v":23},{"$f":"Resumo!B74","v":"IMPERMEABILIZAÇÃO"},{"$f":"Resumo!D74","v":28735.13},{"$f":"Resumo!E74","v":0.0147366162167248},"%",null,null,null,null,1,null,{"$f":"SUM(F73:K73)","v":1}]
[null,null,null,null,"G"]
[null,null,null,null,"R$",{"$f":"$C73*F73","v":0},{"$f":"$C73*G73","v":0},0,0,28735.13,0,28735.13]
[{"$f":"Resumo!A77","v":24},{"$f":"Resumo!B77","v":"LIMPEZA FINAL DE OBRA"},{"$f":"Resumo!D77","v":6211.4},{"$f":"Resumo!E77","v":0.00318547429465481},"%",null,null,null,null,null,1,{"$f":"SUM(F76:K76)","v":1}]
[null,null,null,null,"G"]
[null,null,null,null,"R$",{"$f":"$C76*F76","v":0},{"$f":"$C76*G76","v":0},{"$f":"$C76*H76","v":0},0,{"$f":"$C76*J76","v":0},6211.4,6211.4]
["TOTAL",null,{"$f":"SUM(OFFSET(C5,1,0):OFFSET(C79,-1,0))","v":1949913.71},{"$f":"SUM(OFFSET(D5,1,0):OFFSET(D79,-1,0))","v":1},"R$",{"$f":"SUMIF(OFFSET($C$5,2,2):OFFSET($E$79,-1,0),OFFSET($C$5,4,2),OFFSET(F6,1,0):OFFSET(F79,-1,0))","v":152395.722609871},{"$f":"SUMIF(OFFSET($C$5,2,2):OFFSET($E$79,-1,0),OFFSET($C$5,4,2),OFFSET(G6,1,0):OFFSET(G79,-1,0))","v":247142.811448478},{"$f":"SUMIF(OFFSET($C$5,2,2):OFFSET($E$79,-1,0),OFFSET($C$5,4,2),OFFSET(H6,1,0):OFFSET(H79,-1,0))","v":386030.464237998},{"$f":"SUMIF(OFFSET($C$5,2,2):OFFSET($E$79,-1,0),OFFSET($C$5,4,2),OFFSET(I6,1,0):OFFSET(I79,-1,0))","v":533386.893370894},{"$f":"SUMIF(OFFSET($C$5,2,2):OFFSET($E$79,-1,0),OFFSET($C$5,4,2),OFFSET(J6,1,0):OFFSET(J79,-1,0))","v":423992.922807092},{"$f":"SUMIF(OFFSET($C$5,2,2):OFFSET($E$79,-1,0),OFFSET($C$5,4,2),OFFSET(K6,1,0):OFFSET(K79,-1,0))","v":206964.895525667},{"$f":"SUMIF(OFFSET($C$5,2,2):OFFSET($E$79,-1,0),OFFSET($C$5,4,2),OFFSET(L6,1,0):OFFSET(L79,-1,0))","v":1949913.71}]
["TOTAL ACUMULADO",null,null,null,"R$",{"$f":"SUM($F$79:F79)","v":152395.722609871},{"$f":"SUM($F$79:G79)","v":399538.534058349},{"$f":"SUM($F$79:H79)","v":785568.998296347},{"$f":"SUM($F$79:I79)","v":1318955.89166724},{"$f":"SUM($F$79:J79)","v":1742948.81447433},{"$f":"SUM($F$79:K79)","v":1949913.71}]
[]
[]
[]
[]
[null,null,null,null,null,{"$f":"F79/$L$79","v":0.0781551110843111},0.12674551195831,0.19797310119841,0.273543844856034,0.217441890188613,0.106140540714321,1]

{"sheet":"BDI","index":7,"n_rows":25,"n_cols":51,"rows_kept":25,"cut":false,"hidden":false,"merged":[[0,0,0,26],[1,18,1,23],[1,25,1,26],[2,18,2,23],[2,25,2,26],[3,18,3,23],[3,25,3,26],[4,0,4,26],[21,3,21,21],[20,2,22,2],[20,22,22,22],[20,23,22,23],[20,24,22,24],[20,25,22,25]]}
["BDI",null,null,null,null,null,null,null,null,null,null,null,null,null,null,null,null,null,null,null,null,null,null,null,null,null,null,1,null,null,null,"CONSTRUÇÃO DE EDIFÍCIOS",0.04,0.008,0.0127,0.0123,0.074,null,"CONSTRUÇÃO DE EDIFÍCIOS",0.03,0.008,0.0097,0.0059,0.0616,null,"CONSTRUÇÃO DE EDIFÍCIOS",0.055,0.01,0.0127,0.0139,0.0896]
[{"$f":"Resumo!$A$2","v":"CONTRATANTE:"},{"$f":"Resumo!$B$2","v":"PREFEITURA MUNICIPAL DE JOÃO MONLEVADE-MG"},null,null,null,null,null,null,null,null,null,null,null,null,null,null,null,null,{"$f":"Resumo!C2","v":"PLANILHA MODELO:"},null,null,null,null,null,null,{"$f":"Resumo!$D$3","v":"REV_00"},null,null,null,null,null,"CONSTRUÇÃO DE RODOVIAS E FERROVIAS",0.0401,0.004,0.0056,0.0111,0.073,null,"CONSTRUÇÃO DE RODOVIAS E FERROVIAS",0.038,0.0032,0.005,0.0102,0.0664,null,"CONSTRUÇÃO DE RODOVIAS E FERROVIAS",0.0467,0.0074,0.0097,0.0121,0.0869]
[{"$f":"Resumo!$A$3","v":"CONTRATADA:"},{"$f":"Resumo!$B$3","v":"CONSÓRCIO PITÁGORAS"},null,null,null,null,null,null,null,null,null,null,null,null,null,null,null,null,{"$f":"Resumo!C3","v":"NÃO DESONERADA"},null,null,null,null,null,null,{"$f":"Resumo!$D$4","v":"2023-04-20"},null,null,null,null,null,"CONSTRUÇÃO DE REDES DE ABASTECIMENTO DE ÁGUA, COLETA DE ESGOTO E CONSTRUÇÕES CORRELATAS",0.0493,0.0049,0.0139,0.0099,0.0804,null,"CONSTRUÇÃO DE REDES DE ABASTECIMENTO DE ÁGUA, COLETA DE ESGOTO E CONSTRUÇÕES CORRELATAS",0.0343,0.0028,0.01,0.0094,0.0674,null,"CONSTRUÇÃO DE REDES DE ABASTECIMENTO DE ÁGUA, COLETA DE ESGOTO E CONSTRUÇÕES CORRELATAS",0.0671,0.0075,0.0174,0.0117,0.094]
[{"$f":"Resumo!$A$4","v":"PROJETO:"},{"$f":"Resumo!$B$4","v":"CRAS III BEM VIVER"},null,null,null,null,null,null,null,null,null,null,null,null,null,null,null,null,"QUARTIL MÉDIO",null,null,null,null,null,null,null,null,null,null,null,null,"CONSTRUÇÃO DE MANUNTEÇÃO DE ESTAÇÕES E REDES DE DISTRIBUIÇÃO DE ENERGIA ELÉTRICA",0.0592,0.0051,0.0148,0.0107,0.0831,null,"CONSTRUÇÃO DE MANUNTEÇÃO DE ESTAÇÕES E REDES DE DISTRIBUIÇÃO DE ENERGIA ELÉTRICA",0.0529,0.0025,0.01,0.0101,0.08,null,"CONSTRUÇÃO DE MANUNTEÇÃO DE ESTAÇÕES E REDES DE DISTRIBUIÇÃO DE ENERGIA ELÉTRICA",0.0793,0.0056,0.0197,0.0111,0.0951]
["CONSTRUÇÃO DE EDIFÍCIOS",null,null,null,null,null,null,null,null,null,null,null,null,null,null,null,null,null,null,null,null,null,null,null,null,null,null,null,null,null,null,"OBRAS PORTUÁRIAS, MARÍTIMAS E FLUVIAIS",0.0552,0.0122,0.0232,0.0102,0.084,null,"OBRAS PORTUÁRIAS, MARÍTIMAS E FLUVIAIS",0.04,0.0081,0.0146,0.0094,0.0714,null,"OBRAS PORTUÁRIAS, MARÍTIMAS E FLUVIAIS",0.0785,0.0199,0.0316,0.0133,0.1043]
[null,null,null,null,null,null,null,null,null,null,null,null,null,null,null,null,null,null,null,null,null,null,null,null,null,null,null,null,null,null,null,"CAEMA",0.0493,0.0049,0.0139,0.0099,0.0804,null,"CAEMA",0.0493,0.0049,0.0139,0.0099,0.0804,null,"CAEMA",0.0493,0.0049,0.0139,0.0099,0.0804]
["AC =","ADMINISTRAÇÃO CENTRAL =",null,null,null,null,{"$f":"IF($S$4=\"QUARTIL MÉDIO\",VLOOKUP($A$5,$AF$1:$AK$6,2,0),IF($S$4=\"PRIMEIRO QUARTIL\",VLOOKUP($A$5,$AM$1:$AR$6,2,0),IF($S$4=\"TERCEIRO QUARTIL\",VLOOKUP($A$5,$AT$1:$AY$6,2,0))))","v":0.04}]
["S + G =","SEGURO + GARANTIAS =",null,null,null,null,{"$f":"IF($S$4=\"QUARTIL MÉDIO\",VLOOKUP($A$5,$AF$1:$AK$6,3,0),IF($S$4=\"PRIMEIRO QUARTIL\",VLOOKUP($A$5,$AM$1:$AR$6,3,0),IF($S$4=\"TERCEIRO QUARTIL\",VLOOKUP($A$5,$AT$1:$AY$6,3,0))))","v":0.008},null,null,null,null,null,null,null,null,null,null,null,null,null,null,null,null,null,null,null,null,null,null,null,null,null,"QUARTIL MÉDIO",null,null,null,null,null,null,"1 QUARTIL",null,null,null,null,null,null,"3 QUARTIL"]
["R =","RISCO =",null,null,null,null,{"$f":"IF($S$4=\"QUARTIL MÉDIO\",VLOOKUP($A$5,$AF$1:$AK$6,4,0),IF($S$4=\"PRIMEIRO QUARTIL\",VLOOKUP($A$5,$AM$1:$AR$6,4,0),IF($S$4=\"TERCEIRO QUARTIL\",VLOOKUP($A$5,$AT$1:$AY$6,4,0))))","v":0.0127},null,null,null,null,null,null,null,null,null,null,null,null,null,null,null,null,null,null,null,null,null,null,null,null,null,"ADM","SG","RI","DF","LU",null,null,"ADM","SG","RI","DF","LU",null,null,"ADM","SG","RI","DF","LU"]
["DF =","DESPESAS FINANCEIRAS =",null,null,null,null,{"$f":"IF($S$4=\"QUARTIL MÉDIO\",VLOOKUP($A$5,$AF$1:$AK$6,5,0),IF($S$4=\"PRIMEIRO QUARTIL\",VLOOKUP($A$5,$AM$1:$AR$6,5,0),IF($S$4=\"TERCEIRO QUARTIL\",VLOOKUP($A$5,$AT$1:$AY$6,5,0))))","v":0.0123}]
["L =","LUCRO =",null,null,null,null,{"$f":"IF($S$4=\"QUARTIL MÉDIO\",VLOOKUP($A$5,$AF$1:$AK$6,6,0),IF($S$4=\"PRIMEIRO QUARTIL\",VLOOKUP($A$5,$AM$1:$AR$6,6,0),IF($S$4=\"TERCEIRO QUARTIL\",VLOOKUP($A$5,$AT$1:$AY$6,6,0))))","v":0.074}]
["I =","IMPOSTOS =",null,null,null,null,{"$f":"SUM(G13:G16)","v":0.0865}]
[null,null,null,null,"COFINS",null,0.03]
[null,null,null,null,"PIS",null,0.0065]
[null,null,null,null,"ISS",null,{"$f":"VLOOKUP($B$2,Imagens!$G$17:$I$104,3,0)","v":0.05}]
[null,null,null,null,"CPRB",null,{"$f":"IF(Resumo!C3=Resumo!N1,0,0.045)","v":0}]
[]
[]
[]
[]
[null,"BDI =","[","[(",1,"+",{"$f":"G7","v":0.04},"+",{"$f":"G8","v":0.008},"+",{"$f":"G9","v":0.0127},")x","(",1,"+",{"$f":"G10","v":0.0123},")x","(",1,"+",{"$f":"G11","v":0.074},")]","]",-1,"=",{"$f":"ROUND((((E21+G21+I21+K21)*(N21+P21)*(S21+U21))/(N23-P23))-1,4)","v":0.2624}]
[]
[null,null,null,null,null,null,null,null,null,null,null,null,"(",1,"-",{"$f":"G12","v":0.0865},")"]
[]
["1 - FORMULA CONFORME ACORDAO nº 2622/2013 TCU - PLENÁRIO"]

{"sheet":"Composições","index":8,"n_rows":10383,"n_cols":37,"rows_kept":4500,"cut":true,"hidden":false,"merged":[[1,0,1,7],[12,5,12,6],[18,5,18,6],[25,5,25,6],[34,5,34,6],[42,5,42,6],[50,5,50,6],[54,0,54,3],[54,4,54,6],[55,0,55,3],[55,4,55,6],[56,0,56,3],[56,4,56,6],[57,0,57,3],[57,4,57,6],[58,0,58,3],[58,4,58,6],[59,4,59,6],[60,4,60,6],[61,4,61,6],[62,0,62,3],[62,4,62,6],[63,4,63,6],[64,4,64,6],[65,4,65,6],[66,4,66,6],[67,0,67,3],[67,4,67,6],[69,5,69,6],[79,5,79,6],[88,5,88,6],[101,5,101,6],[110,5,110,6],[114,0,114,3],[114,4,114,6],[115,0,115,3],[115,4,115,6],[116,0,116,3],[116,4,116,6],[117,0,117,3],[117,4,117,6],[118,0,118,3],[118,4,118,6],[119,4,119,6],[120,4,120,6],[121,4,121,6],[122,0,122,3],[122,4,122,6],[123,4,123,6],[124,4,124,6],[125,4,125,6],[126,4,126,6],[127,4,127,6],[128,0,128,3],[128,4,128,6],[130,5,130,6],[141,5,141,6],[150,5,150,6],[158,5,158,6],[166,5,166,6],[174,5,174,6],[182,5,182,6],[190,5,190,6],[197,5,197,6],[206,5,206,6],[213,5,213,6],[221,5,221,6],[228,5,228,6],[236,5,236,6],[245,5,245,6],[254,5,254,6],[264,5,264,6],[272,5,272,6],[280,5,280,6],[288,5,288,6],[292,0,292,3],[292,4,292,6],[293,0,293,3],[293,4,293,6],[294,0,294,3],[294,4,294,6],[295,0,295,3],[295,4,295,6],[296,0,296,3],[296,4,296,6],[297,4,297,6],[298,4,298,6],[299,4,299,6],[300,0,300,3],[300,4,300,6],[301,4,301,6],[302,4,302,6],[303,4,303,6],[304,0,304,3],[304,4,304,6],[306,5,306,6],[315,5,315,6],[325,5,325,6],[334,5,334,6],[346,5,346,6],[354,5,354,6],[362,5,362,6],[370,5,370,6],[379,5,379,6],[387,5,387,6],[395,5,395,6],[403,5,403,6],[411,5,411,6],[419,5,419,6],[427,5,427,6],[435,5,435,6],[439,0,439,3],[439,4,439,6],[440,0,440,3],[440,4,440,6],[441,0,441,3],[441,4,441,6],[442,0,442,3],[442,4,442,6],[443,0,443,3],[443,4,443,6],[444,4,444,6],[445,4,445,6],[446,4,446,6],[447,4,447,6],[448,4,448,6],[449,4,449,6],[450,4,450,6],[451,4,451,6],[452,4,452,6],[453,4,453,6],[454,0,454,3],[454,4,454,6],[455,4,455,6],[456,4,456,6],[457,4,457,6],[458,4,458,6],[459,4,459,6],[460,4,460,6],[461,4,461,6],[462,4,462,6],[463,4,463,6],[464,4,464,6],[465,4,465,6],[466,4,466,6],[467,4,467,6],[468,4,468,6],[469,4,469,6],[470,4,470,6],[471,4,471,6],[472,0,472,3],[472,4,472,6],[474,5,474,6],[485,5,485,6],[496,5,496,6],[507,5,507,6],[517,5,517,6],[527,5,527,6],[537,5,537,6],[547,5,547,6],[557,5,557,6],[565,5,565,6],[575,5,575,6],[585,5,585,6],[596,5,596,6],[605,5,605,6],[614,5,614,6],[622,5,622,6],[629,5,629,6],[637,5,637,6],[646,5,646,6],[653,5,653,6],[661,5,661,6],[669,5,669,6],[677,5,677,6],[683,5,683,6],[691,5,691,6],[699,5,699,6],[707,5,707,6],[711,0,711,3],[711,4,711,6],[712,0,712,3],[712,4,712,6],[713,0,713,3],[713,4,713,6],[714,0,714,3],[714,4,714,6],[715,0,715,3],[715,4,715,6],[716,4,716,6],[717,4,717,6],[718,4,718,6],[719,4,719,6],[720,4,720,6],[721,4,721,6],[722,4,722,6],[723,4,723,6],[724,0,724,3],[724,4,724,6],[726,5,726,6],[738,5,738,6],[746,5,746,6],[755,5,755,6],[767,5,767,6],[775,5,775,6],[783,5,783,6],[791,5,791,6],[798,5,798,6],[808,5,808,6]],"bounds":{"rows_first":2000,"rows_last":500,"rows_between":2000,"halvings":0}}
[]
["COMPOSIÇÃO DE PREÇOS"]
[{"$f":"Resumo!$A$2","v":"CONTRATANTE:"},{"$f":"Resumo!$B$2","v":"PREFEITURA MUNICIPAL DE JOÃO MONLEVADE-MG"},null,null,null,null,null,{"$f":"Resumo!$D$2","v":0.2624}]
[{"$f":"Resumo!$A$3","v":"CONTRATADA:"},{"$f":"Resumo!$B$3","v":"CONSÓRCIO PITÁGORAS"},null,null,null,null,null,{"$f":"Resumo!$D$3","v":"REV_00"}]
[{"$f":"Resumo!$A$4","v":"PROJETO:"},{"$f":"Resumo!$B$4","v":"CRAS III BEM VIVER"},null,null,null,null,null,{"$f":"Resumo!$D$4","v":"2023-04-20"}]
[null,null,null,null,null,null,null,null,null,null,null,null,null,{"$f":"UPPER(TRIM(B6))","v":""},{"$f":"UPPER(TRIM(D6))","v":""},{"$f":"UPPER(TRIM(E6))","v":""},{"$f":"G6","v":0}]
["Base","Código","Tipo","Descrição","Und","Quant.","Valor Unit","Total",null,null,null,null,null,{"$f":"UPPER(TRIM(B7))","v":"CÓDIGO"},{"$f":"UPPER(TRIM(D7))","v":"DESCRIÇÃO"},"UND",{"$f":"G7","v":"Valor Unit"}]
[]
[" 2.1.1.3 ","Código","Banco","Descrição","Und","Quant.","Valor Unit","Total",null,null,null,{"$f":"B9","v":"Código"},null,{"$f":"UPPER(TRIM(B9))","v":"CÓDIGO"},{"$f":"UPPER(TRIM(D9))","v":"DESCRIÇÃO"},{"$f":"UPPER(TRIM(E9))","v":"UND"},{"$f":"G9","v":"Valor Unit"}]
["Composição"," ART-OBRA-002 ","Próprio","ART DE OBRAS PARA CONTRATOS ACIMA DE R$15.000,00","UN",1,254.59,254.59,null,null,null,{"$f":"B10","v":" ART-OBRA-002 "},null,"ART-OBRA-002","ART DE OBRAS PARA CONTRATOS ACIMA DE R$15.000,00","UN",{"$f":"G10","v":254.59},null,null,"SERVIÇO"]
["Insumo"," ART.OBRA.002 ","Próprio","ART PARA CONTRATOS ACIMA DE R$15.000,00","UND",1,254.59,254.59,null,null,null,{"$f":"B11","v":" ART.OBRA.002 "},null,"ART.OBRA.002","ART PARA CONTRATOS ACIMA DE R$15.000,00","UND",{"$f":"G11","v":254.59},null,null,"SERVIÇO"]
[null,null,null,null,"LS =>",0,"MO com LS =>",0,null,null,null,{"$f":"B12","v":0},null,"","","LS =>","MO com LS =>",null,null,"SERVIÇO"]
[null,null,null,null,null,"Valor sem BDI =>",null,254.59,null,null,null,{"$f":"B13","v":0},null,{"$f":"UPPER(TRIM(B13))","v":""},{"$f":"UPPER(TRIM(D13))","v":""},{"$f":"UPPER(TRIM(E13))","v":""},0]
[null,null,null,null,null,null,null,null,null,null,null,{"$f":"B14","v":0},null,{"$f":"UPPER(TRIM(B14))","v":""},{"$f":"UPPER(TRIM(D14))","v":""},{"$f":"UPPER(TRIM(E14))","v":""},0]
[" 2.1.1.4 ","Código","Banco","Descrição","Und","Quant.","Valor Unit","Total",null,null,null,"Código",null,"CÓDIGO","DESCRIÇÃO","UND","Valor Unit"]
["Composição"," ART-OBRA-003 ","Próprio","ART DE OBRAS REFERENTE À AS BUILT","UN",1,254.59,254.59,null,null,null," ART-OBRA-003 ",null,"ART-OBRA-003","ART DE OBRAS REFERENTE À AS BUILT","UN",254.59]
["Insumo"," ART.OBRA.002 ","Próprio","ART PARA CONTRATOS ACIMA DE R$15.000,00","UND",1,254.59,254.59,null,null,null,{"$f":"B17","v":" ART.OBRA.002 "},null,"ART.OBRA.002","ART PARA CONTRATOS ACIMA DE R$15.000,00","UND",254.59]
[null,null,null,null,"LS =>",0,"MO com LS =>",0,null,null,null,0,null,"","","LS =>","MO com LS =>"]
[null,null,null,null,null,"Valor sem BDI =>",null,254.59,null,null,null,null,null,{"$f":"UPPER(TRIM(B19))","v":""},{"$f":"UPPER(TRIM(D19))","v":""},{"$f":"UPPER(TRIM(E19))","v":""},0,null,null,null,null,null,null,null,null,null,null,null,null,null,null,null,null,{"$f":"UPPER(TRIM(V19))","v":""},{"$f":"UPPER(TRIM(X19))","v":""},{"$f":"UPPER(TRIM(Y19))","v":""},{"$f":"AB19","v":0}]
[null,null,null,null,null,null,null,null,null,null,null,null,null,"","","",0,null,null,null,null,null,null,null,null,null,null,null,null,null,null,null,null,"","","",0]
[" 4.1.5.1 ","Código","Banco","Descrição","Und","Quant.","Valor Unit","Total",null,null,null,null,null,"CÓDIGO","DESCRIÇÃO","UND","Valor Unit",null,null,null,null,null,null,null,null,null,null,null,null,null,null,null,null,"","","",0]
["Composição"," JMV-CRAS-066 ","Próprio","RETIRADA ARMARIOS EMBUTIDOS - BASEADA DA SBC (022904)","m²",1,81.03,81.03,null,null,null,null,null,"JMV-CRAS-066","RETIRADA ARMARIOS EMBUTIDOS - BASEADA DA SBC (022904)","M²",81.03,null,null,null,null,null,null,null,null,null,null,null,null,null,null,null,null,"","","",0]
["Composição Auxiliar"," 88261 ","SINAPI","CARPINTEIRO DE ESQUADRIA COM ENCARGOS COMPLEMENTARES","H",1.329,30.59,40.65,null,null,null,null,null,"88261","CARPINTEIRO DE ESQUADRIA COM ENCARGOS COMPLEMENTARES","H",30.59,null,null,null,null,null,null,null,null,null,null,null,null,null,null,null,null,"","","",0]
["Composição Auxiliar"," 88316 ","SINAPI","SERVENTE COM ENCARGOS COMPLEMENTARES","H",2.044,19.76,40.38,null,null,null,null,null,"88316","SERVENTE COM ENCARGOS COMPLEMENTARES","H",19.76,null,null,null,null,null,null,null,null,null,null,null,null,null,null,null,null,"","","",0]
[null,null,null,null,"LS =>",0,"MO com LS =>",62.63,null,null,null,null,null,"","","LS =>","MO com LS =>",null,null,null,null,null,null,null,null,null,null,null,null,null,null,null,null,"","","",0]
[null,null,null,null,null,"Valor sem BDI =>",null,81.03,null,null,null,null,null,"","","",0,null,null,null,null,null,null,null,null,null,null,null,null,null,null,null,null,{"$f":"UPPER(TRIM(V26))","v":""},{"$f":"UPPER(TRIM(X26))","v":""},{"$f":"UPPER(TRIM(Y26))","v":""},{"$f":"AB26","v":0}]
[null,null,null,null,null,null,null,null,null,null,null,null,null,"","","",0,null,null,null,null,null,null,null,null,null,null,null,null,null,null,null,null,"","","",0]
[" 6.3.3.6 ","Código","Banco","Descrição","Und","Quant.","Valor Unit","Total",null,null,null,null,null,"CÓDIGO","DESCRIÇÃO","UND","Valor Unit",null,null,null,null,null,null,null,null,null,null,null,null,null,null,null,null,"","","",0]
["Composição"," JMV-CRAS-001 ","Próprio","JUNTA SERRADA SECA, SEÇÃO TRANSVERSAL - BASEADA DA ORSE (12800)","m",1,11.89,11.89,null,null,null,null,null,"JMV-CRAS-001","JUNTA SERRADA SECA, SEÇÃO TRANSVERSAL - BASEADA DA ORSE (12800)","M",11.89,null,null,null,null,null,null,null,null,null,null,null,null,null,null,null,null,"","","",0]
["Composição Auxiliar"," 88309 ","SINAPI","PEDREIRO COM ENCARGOS COMPLEMENTARES","H",0.25,27.45,6.86,null,null,null,null,null,"88309","PEDREIRO COM ENCARGOS COMPLEMENTARES","H",27.45,null,null,null,null,null,null,null,null,null,null,null,null,null,null,null,null,"","","",0]
["Composição Auxiliar"," 88315 ","SINAPI","SERRALHEIRO COM ENCARGOS COMPLEMENTARES","H",0.125,27.23,3.4,null,null,null,null,null,"88315","SERRALHEIRO COM ENCARGOS COMPLEMENTARES","H",27.23,null,null,null,null,null,null,null,null,null,null,null,null,null,null,null,null,"","","",0]
["Insumo"," 12749 ","ORSE","Aluguel de Máquina de corte em asfalto/concreto utilizando disco diamantado diam. 350 mm (não inclui o disco) d","d",0.0156,80,1.24,null,null,null,null,null,"12749","ALUGUEL DE MÁQUINA DE CORTE EM ASFALTO/CONCRETO UTILIZANDO DISCO DIAMANTADO DIAM. 350 MM (NÃO INCLUI O DISCO) D","D",80,null,null,null,null,null,null,null,null,null,null,null,null,null,null,null,null,"","","",0]
["Insumo"," 12750 ","ORSE","Disco de corte diamantado para asfalto e concreto diam. 350mm (utilização 1.000,0m) un","un",0.001,390.65,0.39,null,null,null,null,null,"12750","DISCO DE CORTE DIAMANTADO PARA ASFALTO E CONCRETO DIAM. 350MM (UTILIZAÇÃO 1.000,0M) UN","UN",390.65,null,null,null,null,null,null,null,null,null,null,null,null,null,null,null,null,"","","",0]
[null,null,null,null,"LS =>",0,"MO com LS =>",8.15,null,null,null,null,null,"","","LS =>","MO com LS =>",null,null,null,null,null,null,null,null,null,null,null,null,null,null,null,null,"","","",0]
[null,null,null,null,null,"Valor sem BDI =>",null,11.89,null,null,null,null,null,"","","",0,null,null,null,null,null,null,null,null,null,null,null,null,null,null,null,null,"","","",0]
[null,null,null,null,null,null,null,null,null,null,null,null,null,"","","",0,null,null,null,null,null,null,null,null,null,null,null,null,null,null,null,null,"","","",0]
[" 9.2.1.8 ","Código","Banco","Descrição","Und","Quant.","Valor Unit","Total",null,null,null,null,null,"CÓDIGO","DESCRIÇÃO","UND","Valor Unit",null,null,null,null,null,null,null,null,null,null,null,null,null,null,null,null,"","","",0]
["Composição"," JMV-CRAS-090 ","Próprio","ACABAMENTO CAMURÇADO PARA PISO DE CONCRETO ARMADO OU LAJE SOBRE SOLO DE ALTA RESISTÊNCIA. AF_09/2021 - BASEADO EM SINAPI (97097)","m²",1,33.21,33.21,null,null,null,null,null,"JMV-CRAS-090","ACABAMENTO CAMURÇADO PARA PISO DE CONCRETO ARMADO OU LAJE SOBRE SOLO DE ALTA RESISTÊNCIA. AF_09/2021 - BASEADO EM SINAPI (97097)","M²",33.21,null,null,null,null,null,null,null,null,null,null,null,null,null,null,null,null,"","","",0]
["Composição Auxiliar"," 88309 ","SINAPI","PEDREIRO COM ENCARGOS COMPLEMENTARES","H",0.0616,27.45,1.69,null,null,null,null,null,"88309","PEDREIRO COM ENCARGOS COMPLEMENTARES","H",27.45,null,null,null,null,null,null,null,null,null,null,null,null,null,null,null,null,"","","",0]
["Composição Auxiliar"," 95282 ","SINAPI","DESEMPENADEIRA DE CONCRETO, PESO DE 78 KG, 4 PÁS, MOTOR A GASOLINA, POTÊNCIA 5,5 HP - CHP DIURNO. AF_09/2016","CHP",0.0049,8.25,0.04,null,null,null,null,null,"95282","DESEMPENADEIRA DE CONCRETO, PESO DE 78 KG, 4 PÁS, MOTOR A GASOLINA, POTÊNCIA 5,5 HP - CHP DIURNO. AF_09/2016","CHP",8.25,null,null,null,null,null,null,null,null,null,null,null,null,null,null,null,null,"","","",0]
["Insumo"," 00043146 ","SINAPI","ENDURECEDOR MINERAL DE BASE CIMENTICIA PARA PISO DE CONCRETO","KG",4,7.87,31.48,null,null,null,null,null,"00043146","ENDURECEDOR MINERAL DE BASE CIMENTICIA PARA PISO DE CONCRETO","KG",7.87,null,null,null,null,null,null,null,null,null,null,null,null,null,null,null,null,"","","",0]
[null,null,null,null,"LS =>",0,"MO com LS =>",1.34,null,null,null,null,null,"","","LS =>","MO com LS =>",null,null,null,null,null,null,null,null,null,null,null,null,null,null,null,null,"","","",0]
[null,null,null,null,null,"Valor sem BDI =>",null,33.21,null,null,null,null,null,"","","",0,null,null,null,null,null,null,null,null,null,null,null,null,null,null,null,null,"","","",0]
[null,null,null,null,null,null,null,null,null,null,null,null,null,"","","",0,null,null,null,null,null,null,null,null,null,null,null,null,null,null,null,null,"","","",0]
[" 9.2.2.1 ","Código","Banco","Descrição","Und","Quant.","Valor Unit","Total",null,null,null,null,null,"CÓDIGO","DESCRIÇÃO","UND","Valor Unit",null,null,null,null,null,null,null,null,null,null,null,null,null,null,null,null,"","","",0]
["Composição"," JMV-CRAS-023 ","Próprio","RODAPÉ EM GRANITO BRANCO SIENA, H=7CM, E=2CM, APLICADO COM ARGAMASSA INDUSTRIALIZADA AC-I - BASEADA DA ORSE (7652)","m",1,58.55,58.55,null,null,null,null,null,"JMV-CRAS-023","RODAPÉ EM GRANITO BRANCO SIENA, H=7CM, E=2CM, APLICADO COM ARGAMASSA INDUSTRIALIZADA AC-I - BASEADA DA ORSE (7652)","M",58.55,null,null,null,null,null,null,null,null,null,null,null,null,null,null,null,null,"","","",0]
["Composição Auxiliar"," 3406 ","ORSE","Argamassa industrializada AC-I, Votomassa ou similar","kg",0.45,0.74,0.33,null,null,null,null,null,"3406","ARGAMASSA INDUSTRIALIZADA AC-I, VOTOMASSA OU SIMILAR","KG",0.74,null,null,null,null,null,null,null,null,null,null,null,null,null,null,null,null,"","","",0]
["Composição Auxiliar"," 88309 ","SINAPI","PEDREIRO COM ENCARGOS COMPLEMENTARES","H",0.4,27.45,10.98,null,null,null,null,null,"88309","PEDREIRO COM ENCARGOS COMPLEMENTARES","H",27.45,null,null,null,null,null,null,null,null,null,null,null,null,null,null,null,null,"","","",0]
["Insumo"," 7130 ","ORSE","Rodapé granito branco Siena polido  7 x 2cm m","m",1,47.24,47.24,null,null,null,null,null,"7130","RODAPÉ GRANITO BRANCO SIENA POLIDO 7 X 2CM M","M",47.24,null,null,null,null,null,null,null,null,null,null,null,null,null,null,null,null,"","","",0]
[null,null,null,null,"LS =>",0,"MO com LS =>",8.76,null,null,null,null,null,"","","LS =>","MO com LS =>",null,null,null,null,null,null,null,null,null,null,null,null,null,null,null,null,"","","",0]
[null,null,null,null,null,"Valor sem BDI =>",null,58.55,null,null,null,null,null,"","","",0,null,null,null,null,null,null,null,null,null,null,null,null,null,null,null,null,"","","",0]
[null,null,null,null,null,null,null,null,null,null,null,null,null,"","","",0,null,null,null,null,null,null,null,null,null,null,null,null,null,null,null,null,"","","",0]
[" 9.2.2.2 ","Código","Banco","Descrição","Und","Quant.","Valor Unit","Total",null,null,null,null,null,"CÓDIGO","DESCRIÇÃO","UND","Valor Unit",null,null,null,null,null,null,null,null,null,null,null,null,null,null,null,null,"","","",0]
["Composição"," JMV-CRAS-024 ","Próprio","RODAPÉ COM REVESTIMENTO EM CERÂMICA ESMALTADA COMERCIAL, ALTURA 7CM, PEI IV, ASSENTAMENTO COM ARGAMASSA INDUSTRIALIZADA, INCLUSIVE REJUNTAMENTO - BASEADA DA SETOP (ED-50771)","m",1,10.72,10.72,null,null,null,null,null,"JMV-CRAS-024","RODAPÉ COM REVESTIMENTO EM CERÂMICA ESMALTADA COMERCIAL, ALTURA 7CM, PEI IV, ASSENTAMENTO COM ARGAMASSA INDUSTRIALIZADA, INCLUSIVE REJUNTAMENTO - BASEADA DA SETOP (ED-50771)","M",10.72,null,null,null,null,null,null,null,null,null,null,null,null,null,null,null,null,"","","",0]
[null,null,null,null,"Custo Horário de Execução =>",null,null,0,null,null,null,null,null,"","","CUSTO HORÁRIO DE EXECUÇÃO =>",0,null,null,null,null,null,null,null,null,null,null,null,null,null,null,null,null,"","","",0]
[null,null,null,null,"Fator de Influencia da Chuva - FIC =>",null,null,0,null,null,null,null,null,"","","FATOR DE INFLUENCIA DA CHUVA - FIC =>",0,null,null,null,null,null,null,null,null,null,null,null,null,null,null,null,null,"","","",0]
[null,null,null,null,"Custo do FIC =>",null,null,0,null,null,null,null,null,"","","CUSTO DO FIC =>",0,null,null,null,null,null,null,null,null,null,null,null,null,null,null,null,null,"","","",0]
[null,null,null,null,"Produção de Equipe =>",null,null,0,null,null,null,null,null,"","","PRODUÇÃO DE EQUIPE =>",0,null,null,null,null,null,null,null,null,null,null,null,null,null,null,null,null,"","","",0]
[null,null,null,null,"Custo Unitário de Execução =>",null,null,0,null,null,null,null,null,"","","CUSTO UNITÁRIO DE EXECUÇÃO =>",0,null,null,null,null,null,null,null,null,null,null,null,null,null,null,null,null,"","","",0]
["C","Banco","Código","Material","Preço Unitário",null,null,"Custo Horário",null,null,null,null,null,"BANCO","MATERIAL","PREÇO UNITÁRIO",0,null,null,null,null,null,null,null,null,null,null,null,null,null,null,null,null,"","","",0]
["Insumo","SETOP","MATED-12352","ARGAMASSA COLANTE (TIPO : AC-III|UTILIZAÇÃO: AMBIENTES INTERNOS E EXTERNOS)",1.95,null,null,0.9214,null,null,null,null,null,"SETOP","ARGAMASSA COLANTE (TIPO : AC-III|UTILIZAÇÃO: AMBIENTES INTERNOS E EXTERNOS)","1,95",0,null,null,null,null,null,null,null,null,null,null,null,null,null,null,null,null,"","","",0]
["Insumo","SETOP","MATED-9031","REVESTIMENTO CERÂMICO ( PADRÃO: EXTRA| ACABAMENTO: ESMALTADO| APLICAÇÃO: PISO|PEI: IV| AMBIENTE: INTERNO| DIMENSÃO: ÁREA ATÉ 2025CM2)",46.84,null,null,3.7472,null,null,null,null,null,"SETOP","REVESTIMENTO CERÂMICO ( PADRÃO: EXTRA| ACABAMENTO: ESMALTADO| APLICAÇÃO: PISO|PEI: IV| AMBIENTE: INTERNO| DIMENSÃO: ÁREA ATÉ 2025CM2)","46,84",0,null,null,null,null,null,null,null,null,null,null,null,null,null,null,null,null,"","","",0]
[null,null,null,null,"Custo Total do Material =>",null,null,4.6686,null,null,null,null,null,"","","CUSTO TOTAL DO MATERIAL =>",0,null,null,null,null,null,null,null,null,null,null,null,null,null,null,null,null,"","","",0]
["D","Banco","Código","Atividades Auxiliares","Preço Unitário",null,null,"Custo Horário",null,null,null,null,null,"BANCO","ATIVIDADES AUXILIARES","PREÇO UNITÁRIO",0,null,null,null,null,null,null,null,null,null,null,null,null,null,null,null,null,"","","",0]
["Atividade Auxiliar","SETOP","ED-50718","APLICAÇÃO DE REJUNTE CIMENTÍCIO COLORIDO INDUSTRIALIZADO PARA REVESTIMENTOS DE PAREDE/PISO COM JUNTAS DE ATÉ 3MM DE ESPESSURA",5.22,null,null,0.5742,null,null,null,null,null,"SETOP","APLICAÇÃO DE REJUNTE CIMENTÍCIO COLORIDO INDUSTRIALIZADO PARA REVESTIMENTOS DE PAREDE/PISO COM JUNTAS DE ATÉ 3MM DE ESPESSURA","5,22",0,null,null,null,null,null,null,null,null,null,null,null,null,null,null,null,null,"","","",0]
["Atividade Auxiliar","SINAPI",88309,"PEDREIRO COM ENCARGOS COMPLEMENTARES",27.45,null,null,4.026,null,null,null,null,null,"SINAPI","PEDREIRO COM ENCARGOS COMPLEMENTARES","27,45",0,null,null,null,null,null,null,null,null,null,null,null,null,null,null,null,null,"","","",0]
["Atividade Auxiliar","SINAPI",88316,"SERVENTE COM ENCARGOS COMPLEMENTARES",19.76,null,null,1.4491,null,null,null,null,null,"SINAPI","SERVENTE COM ENCARGOS COMPLEMENTARES","19,76",0,null,null,null,null,null,null,null,null,null,null,null,null,null,null,null,null,"","","",0]
[null,null,null,null,"Custo Total das Atividades =>",null,null,6.0493,null,null,null,null,null,"","","CUSTO TOTAL DAS ATIVIDADES =>",0,null,null,null,null,null,null,null,null,null,null,null,null,null,null,null,null,"","","",0]
[null,null,null,null,"LS =>",0,"MO com LS =>",4.60559548537459,null,null,null,null,null,"","","LS =>","MO com LS =>",null,null,null,null,null,null,null,null,null,null,null,null,null,null,null,null,"","","",0]
[null,null,null,null,null,"Valor sem BDI =>",null,10.72,null,null,null,null,null,"","","",0,null,null,null,null,null,null,null,null,null,null,null,null,null,null,null,null,"","","",0]
[null,null,null,null,null,null,null,null,null,null,null,null,null,"","","",0,null,null,null,null,null,null,null,null,null,null,null,null,null,null,null,null,"","","",0]
[" 12.1.1.1 ","Código","Banco","Descrição","Und","Quant.","Valor Unit","Total",null,null,null,null,null,"CÓDIGO","DESCRIÇÃO","UND","Valor Unit",null,null,null,null,null,null,null,null,null,null,null,null,null,null,null,null,"","","",0]
["Composição"," JMV-CRAS-151 ","Próprio","JANELA EM ALUMÍNIO, COR NATURAL, PRETA OU BRANCA, 2 FOLHAS TIPO VENEZIANA DE ABRIR , COMPLETA INCLUSIVE CAIXILHOS, 2 FOLHAS DE ALUMINIO COM VIDROS INCLUSIVE DOBRADIÇAS OU ROLDANAS E FECHADURA. R_11/2019 - BASEADO EM CAERN (1090050)","M²",1,1011.32,1011.32,null,null,null,null,null,"JMV-CRAS-151","JANELA EM ALUMÍNIO, COR NATURAL, PRETA OU BRANCA, 2 FOLHAS TIPO VENEZIANA DE ABRIR , COMPLETA INCLUSIVE CAIXILHOS, 2 FOLHAS DE ALUMINIO COM VIDROS INCLUSIVE DOBRADIÇAS OU ROLDANAS E FECHADURA. R_11/2019 - BASEADO EM CAERN (1090050)","M²",{"$f":"G73","v":1011.32},null,null,null,null,null,null,null,null,null,null,null,null,null,null,null,null,"","","",0]
["Composição Auxiliar"," 88629 ","SINAPI","ARGAMASSA TRAÇO 1:3 (EM VOLUME DE CIMENTO E AREIA MÉDIA ÚMIDA), PREPARO MANUAL. AF_08/2019","m³",0.003,653.04,1.95,null,null,null,null,null,"88629","ARGAMASSA TRAÇO 1:3 (EM VOLUME DE CIMENTO E AREIA MÉDIA ÚMIDA), PREPARO MANUAL. AF_08/2019","M³",653.04,null,null,null,null,null,null,null,null,null,null,null,null,null,null,null,null,"","","",0]
["Composição Auxiliar"," 88309 ","SINAPI","PEDREIRO COM ENCARGOS COMPLEMENTARES","H",1,27.45,27.45,null,null,null,null,null,"88309","PEDREIRO COM ENCARGOS COMPLEMENTARES","H",27.45,null,null,null,null,null,null,null,null,null,null,null,null,null,null,null,null,"","","",0]
["Composição Auxiliar"," 88316 ","SINAPI","SERVENTE COM ENCARGOS COMPLEMENTARES","H",1,19.76,19.76,null,null,null,null,null,"88316","SERVENTE COM ENCARGOS COMPLEMENTARES","H",19.76,null,null,null,null,null,null,null,null,null,null,null,null,null,null,null,null,"","","",0]
["Insumo"," 12797 ","ORSE","Porta ou janela em alumínio, cor N/P/B,tipo veneziana, de abrir ou correr, completa inclusive caixilhos, dobradiças ou roldanas e fechadura m2","m²",1,280,280,null,null,null,null,null,"12797","PORTA OU JANELA EM ALUMÍNIO, COR N/P/B,TIPO VENEZIANA, DE ABRIR OU CORRER, COMPLETA INCLUSIVE CAIXILHOS, DOBRADIÇAS OU ROLDANAS E FECHADURA M2","M²",280,null,null,null,null,null,null,null,null,null,null,null,null,null,null,null,null,"","","",0]
["Insumo"," MATED-12723 ","SETOP","JANELA DE ALUMINIO SOB ENCOMENDA, ACABAMENTO TIPO NATURAL, DE CORRER COM CONTRAMARCOS, INCLUSIVE FORNECIMENTO VIDRO LISO DE 4MM","m²",1,682.16,682.16,null,null,null,null,null,{"$f":"UPPER(TRIM(B78))","v":"MATED-12723"},{"$f":"UPPER(TRIM(D78))","v":"JANELA DE ALUMINIO SOB ENCOMENDA, ACABAMENTO TIPO NATURAL, DE CORRER COM CONTRAMARCOS, INCLUSIVE FORNECIMENTO VIDRO LISO DE 4MM"},"M²",682.16,null,null,null,null,null,null,null,null,null,null,null,null,null,null,null,null,"","","",0]
[null,null,null,null,"LS =>",0,"MO com LS =>",36.48,null,null,null,null,null,"","","LS =>","MO com LS =>",null,null,null,null,null,null,null,null,null,null,null,null,null,null,null,null,"","","",0]
[null,null,null,null,null,"Valor sem BDI =>",null,1011.32,null,null,null,null,null,"","","",0,null,null,null,null,null,null,null,null,null,null,null,null,null,null,null,null,"","","",0]
[null,null,null,null,null,null,null,null,null,null,null,null,null,"","","",0,null,null,null,null,null,null,null,null,null,null,null,null,null,null,null,null,"","","",0]
[" 12.1.1.12 ","Código","Banco","Descrição","Und","Quant.","Valor Unit","Total",null,null,null,null,null,"CÓDIGO","DESCRIÇÃO","UND","Valor Unit",null,null,null,null,null,null,null,null,null,null,null,null,null,null,null,null,"","","",0]
["Composição"," JMV-CRAS-056 ","Próprio","FECHAMENTO EM VIDRO TEMPERADO INCOLOR 10MM FIXO - BASEADA DA SBC (090412)","m²",1,664.14,664.14,null,null,null,null,null,"JMV-CRAS-056","FECHAMENTO EM VIDRO TEMPERADO INCOLOR 10MM FIXO - BASEADA DA SBC (090412)",{"$f":"UPPER(TRIM(E83))","v":"M²"},664.14,null,null,null,null,null,null,null,null,null,null,null,null,null,null,null,null,"","","",0]
["Composição Auxiliar"," 88325 ","SINAPI","VIDRACEIRO COM ENCARGOS COMPLEMENTARES","H",0.948,21.98,20.83,null,null,null,null,null,"88325","VIDRACEIRO COM ENCARGOS COMPLEMENTARES","H",21.98,null,null,null,null,null,null,null,null,null,null,null,null,null,null,null,null,"","","",0]
["Composição Auxiliar"," 88243 ","SINAPI","AJUDANTE ESPECIALIZADO COM ENCARGOS COMPLEMENTARES","H",0.843,21.76,18.34,null,null,null,null,null,"88243","AJUDANTE ESPECIALIZADO COM ENCARGOS COMPLEMENTARES","H",21.76,null,null,null,null,null,null,null,null,null,null,null,null,null,null,null,null,"","","",0]
["Insumo"," 008428 ","SBC","FERRAGEM 1203 BRANCO SUPORTE COM BANDEIRA","UN",2,44.9,89.8,null,null,null,null,null,"008428","FERRAGEM 1203 BRANCO SUPORTE COM BANDEIRA","UN",44.9,null,null,null,null,null,null,null,null,null,null,null,null,null,null,null,null,"","","",0]
["Insumo"," 017266 ","SBC","VIDRO TEMPERADO INCOLOR 10mm","m²",1.05,509.69,535.17,null,null,null,null,null,"017266","VIDRO TEMPERADO INCOLOR 10MM","M²",509.69,null,null,null,null,null,null,null,null,null,null,null,null,null,null,null,null,"","","",0]
[null,null,null,null,"LS =>",0,"MO com LS =>",29.23,null,null,null,null,null,"","","LS =>","MO com LS =>",null,null,null,null,null,null,null,null,null,null,null,null,null,null,null,null,"","","",0]
[null,null,null,null,null,"Valor sem BDI =>",null,664.14,null,null,null,null,null,"","","",0,null,null,null,null,null,null,null,null,null,null,null,null,null,null,null,null,"","","",0]
[null,null,null,null,null,null,null,null,null,null,null,null,null,"","","",0,null,null,null,null,null,null,null,null,null,null,null,null,null,null,null,null,{"$f":"UPPER(TRIM(V90))","v":""},{"$f":"UPPER(TRIM(X90))","v":""},{"$f":"UPPER(TRIM(Y90))","v":""},{"$f":"AB90","v":0}]
[" 12.1.1.13 ","Código","Banco","Descrição","Und","Quant.","Valor Unit","Total",null,null,null,null,null,"CÓDIGO","DESCRIÇÃO","UND","Valor Unit",null,null,null,null,null,null,null,null,null,null,null,null,null,null,null,null,"","","",0]
["Composição"," JMV-CRAS-055 ","Próprio","JANELA BASCULANTE EM FERRO COM VIDRO 4MM - BASEADA DA SBC (111650)","m²",1,699.51,699.51,null,null,null,null,null,"JMV-CRAS-055","JANELA BASCULANTE EM FERRO COM VIDRO 4MM - BASEADA DA SBC (111650)","M²",699.51,null,null,null,null,null,null,null,null,null,null,null,null,null,null,null,null,"","","",0]
["Composição Auxiliar"," 88315 ","SINAPI","SERRALHEIRO COM ENCARGOS COMPLEMENTARES","H",1.956,27.23,53.26,null,null,null,null,null,"88315","SERRALHEIRO COM ENCARGOS COMPLEMENTARES","H",27.23,null,null,null,null,null,null,null,null,null,null,null,null,null,null,null,null,"","","",0]
["Composição Auxiliar"," 88325 ","SINAPI","VIDRACEIRO COM ENCARGOS COMPLEMENTARES","H",0.923,21.98,20.28,null,null,null,null,null,"88325","VIDRACEIRO COM ENCARGOS COMPLEMENTARES","H",21.98,null,null,null,null,null,null,null,null,null,null,null,null,null,null,null,null,"","","",0]
["Composição Auxiliar"," 88243 ","SINAPI","AJUDANTE ESPECIALIZADO COM ENCARGOS COMPLEMENTARES","H",0.923,21.76,20.08,null,null,null,null,null,"88243","AJUDANTE ESPECIALIZADO COM ENCARGOS COMPLEMENTARES","H",21.76,null,null,null,null,null,null,null,null,null,null,null,null,null,null,null,null,"","","",0]
["Composição Auxiliar"," 88251 ","SINAPI","AUXILIAR DE SERRALHEIRO COM ENCARGOS COMPLEMENTARES","H",1.956,21.91,42.85,null,null,null,null,null,"88251","AUXILIAR DE SERRALHEIRO COM ENCARGOS COMPLEMENTARES","H",21.91,null,null,null,null,null,null,null,null,null,null,null,null,null,null,null,null,"","","",0]
["Insumo"," 000050 ","SBC","CIMENTO PORTLAND CP III 32RS NBR 11578 (quilo)","KG",1.2,0.78,0.93,null,null,null,null,null,"000050","CIMENTO PORTLAND CP III 32RS NBR 11578 (QUILO)","KG",0.78,null,null,null,null,null,null,null,null,null,null,null,null,null,null,null,null,"","","",0]
["Insumo"," 000100 ","SBC","AREIA GROSSA LAVADA","m³",0.003,101.3,0.3,null,null,null,null,null,"000100","AREIA GROSSA LAVADA","M³",101.3,null,null,null,null,null,null,null,null,null,null,null,null,null,null,null,null,"","","",0]
["Insumo"," 001322 ","SBC","JANELA BASCULANTE EM FERRO COM BATENTE/REQUADRO","m²",1.05,458,480.9,null,null,null,null,null,"001322","JANELA BASCULANTE EM FERRO COM BATENTE/REQUADRO","M²",458,null,null,null,null,null,null,null,null,null,null,null,null,null,null,null,null,"","","",0]
["Insumo"," 008775 ","SBC","VIDRO FANTASIA CANELADO 4mm","m²",1,80.91,80.91,null,null,null,null,null,"008775","VIDRO FANTASIA CANELADO 4MM","M²",80.91,null,null,null,null,null,null,null,null,null,null,null,null,null,null,null,null,"","","",0]
[null,null,null,null,"LS =>",0,"MO com LS =>",104.21,null,null,null,null,null,"","","LS =>","MO com LS =>",null,null,null,null,null,null,null,null,null,null,null,null,null,null,null,null,"","","",0]
[null,null,null,null,null,"Valor sem BDI =>",null,699.51,null,null,null,null,null,"","","",0,null,null,null,null,null,null,null,null,null,null,null,null,null,null,null,null,"","","",0]
[null,null,null,null,null,null,null,null,null,null,null,null,null,"","","",0,null,null,null,null,null,null,null,null,null,null,null,null,null,null,null,null,"","","",0]
[" 12.2.1.1 ","Código","Banco","Descrição","Und","Quant.","Valor Unit","Total",null,null,null,null,null,"CÓDIGO","DESCRIÇÃO","UND","Valor Unit",null,null,null,null,null,null,null,null,null,null,null,null,null,null,null,null,"","","",0]
["Composição"," JMV-CRAS-050 ","Próprio","PORTA EM ALUMÍNIO LAMBRIL, COR BRANCA OU BRONZE, DE ABRIR OU CORRER, COMPLETA, INCLUSIVE CAIXILHOS, DOBRADIÇAS OU ROLDANAS E FECHADURA - BASEADA DA ORSE (13049)","m²",1,604.35,604.35,null,null,null,null,null,"JMV-CRAS-050","PORTA EM ALUMÍNIO LAMBRIL, COR BRANCA OU BRONZE, DE ABRIR OU CORRER, COMPLETA, INCLUSIVE CAIXILHOS, DOBRADIÇAS OU ROLDANAS E FECHADURA - BASEADA DA ORSE (13049)","M²",604.35,null,null,null,null,null,null,null,null,null,null,null,null,null,null,null,null,"","","",0]
["Composição Auxiliar"," 1903 ","ORSE","Argamassa cimento e areia traço t-1 (1:3) - 1 saco cimento 50kg / 3 padiolas areia dim. 0.35 x 0.45 x 0.23 m - Confecção mecânica e transporte","m³",0.003,531.47,1.59,null,null,null,null,null,"1903","ARGAMASSA CIMENTO E AREIA TRAÇO T-1 (1:3) - 1 SACO CIMENTO 50KG / 3 PADIOLAS AREIA DIM. 0.35 X 0.45 X 0.23 M - CONFECÇÃO MECÂNICA E TRANSPORTE","M³",531.47,null,null,null,null,null,null,null,null,null,null,null,null,null,null,null,null,"","","",0]
["Composição Auxiliar"," 88309 ","SINAPI","PEDREIRO COM ENCARGOS COMPLEMENTARES","H",1,27.45,27.45,null,null,null,null,null,"88309","PEDREIRO COM ENCARGOS COMPLEMENTARES","H",27.45,null,null,null,null,null,null,null,null,null,null,null,null,null,null,null,null,"","","",0]
["Composição Auxiliar"," 88316 ","SINAPI","SERVENTE COM ENCARGOS COMPLEMENTARES","H",1,19.76,19.76,null,null,null,null,null,"88316","SERVENTE COM ENCARGOS COMPLEMENTARES","H",19.76,null,null,null,null,null,null,null,null,null,null,null,null,null,null,null,null,"","","",0]
["Insumo"," 13797 ","ORSE","Porta em alumínio lambril, cor branca ou bronze, de abrir ou correr, completa, inclusive caixilhos, dobradiças ou roldanas e fechadura m2","m²",1,555.55,555.55,null,null,null,null,null,"13797","PORTA EM ALUMÍNIO LAMBRIL, COR BRANCA OU BRONZE, DE ABRIR OU CORRER, COMPLETA, INCLUSIVE CAIXILHOS, DOBRADIÇAS OU ROLDANAS E FECHADURA M2","M²",555.55,null,null,null,null,null,null,null,null,null,null,null,null,null,null,null,null,"","","",0]
[null,null,null,null,"LS =>",0,"MO com LS =>",36.28,null,null,null,null,null,"","","LS =>","MO com LS =>",null,null,null,null,null,null,null,null,null,null,null,null,null,null,null,null,"","","",0]
[null,null,null,null,null,"Valor sem BDI =>",null,604.35,null,null,null,null,null,"","","",0,null,null,null,null,null,null,null,null,null,null,null,null,null,null,null,null,"","","",0]
[null,null,null,null,null,null,null,null,null,null,null,null,null,"","","",0,null,null,null,null,null,null,null,null,null,null,null,null,null,null,null,null,"","","",0]
[" 12.2.1.3 ","Código","Banco","Descrição","Und","Quant.","Valor Unit","Total",null,null,null,null,null,"CÓDIGO","DESCRIÇÃO","UND","Valor Unit",null,null,null,null,null,null,null,null,null,null,null,null,null,null,null,null,"","","",0]
["Composição"," JMV-CRAS-051 ","Próprio","PORTA EM ALUMÍNIO LAMBRIL PNE, COR BRANCA OU BRONZE, DE ABRIR OU CORRER, COMPLETA, INCLUSIVE CAIXILHOS, DOBRADIÇAS OU ROLDANAS E FECHADURA - BASEADA DA ORSE (13049)","m²",1,740.21,740.21,null,null,null,null,null,"JMV-CRAS-051","PORTA EM ALUMÍNIO LAMBRIL PNE, COR BRANCA OU BRONZE, DE ABRIR OU CORRER, COMPLETA, INCLUSIVE CAIXILHOS, DOBRADIÇAS OU ROLDANAS E FECHADURA - BASEADA DA ORSE (13049)","M²",740.21,null,null,null,null,null,null,null,null,null,null,null,null,null,null,null,null,"","","",0]
[null,null,null,null,"Custo Horário de Execução =>",null,null,0,null,null,null,null,null,"","","CUSTO HORÁRIO DE EXECUÇÃO =>",0,null,null,null,null,null,null,null,null,null,null,null,null,null,null,null,null,"","","",0]
[null,null,null,null,"Fator de Influencia da Chuva - FIC =>",null,null,0,null,null,null,null,null,"","","FATOR DE INFLUENCIA DA CHUVA - FIC =>",0,null,null,null,null,null,null,null,null,null,null,null,null,null,null,null,null,"","","",0]
[null,null,null,null,"Custo do FIC =>",null,null,0,null,null,null,null,null,"","","CUSTO DO FIC =>",0,null,null,null,null,null,null,null,null,null,null,null,null,null,null,null,null,"","","",0]
[null,null,null,null,"Produção de Equipe =>",null,null,0,null,null,null,null,null,"","","PRODUÇÃO DE EQUIPE =>",0,null,null,null,null,null,null,null,null,null,null,null,null,null,null,null,null,"","","",0]
[null,null,null,null,"Custo Unitário de Execução =>",null,null,0,null,null,null,null,null,"","","CUSTO UNITÁRIO DE EXECUÇÃO =>",0,null,null,null,null,null,null,null,null,null,null,null,null,null,null,null,null,"","","",0]
["C","Banco","Código","Material","Preço Unitário",null,null,"Custo Horário",null,null,null,null,null,"BANCO","MATERIAL","PREÇO UNITÁRIO",0,null,null,null,null,null,null,null,null,null,null,null,null,null,null,null,null,"","","",0]
["Insumo","ORSE",13797,"Porta em alumínio lambril, cor branca ou bronze, de abrir ou correr, completa, inclusive caixilhos, dobradiças ou roldanas e fechadura m2",555.55,null,null,555.55,null,null,null,null,null,"ORSE","PORTA EM ALUMÍNIO LAMBRIL, COR BRANCA OU BRONZE, DE ABRIR OU CORRER, COMPLETA, INCLUSIVE CAIXILHOS, DOBRADIÇAS OU ROLDANAS E FECHADURA M2","555,55",0,null,null,null,null,null,null,null,null,null,null,null,null,null,null,null,null,"","","",0]
["Insumo","FDE","2.66.40","CHAPA DE ACO INOX P/ PROTECAO E=0.79MM",277.25,null,null,52.8106,null,null,null,null,null,"FDE","CHAPA DE ACO INOX P/ PROTECAO E=0.79MM","277,25",0,null,null,null,null,null,null,null,null,null,null,null,null,null,null,null,null,"","","",0]
[null,null,null,null,"Custo Total do Material =>",null,null,608.3606,null,null,null,null,null,"","","CUSTO TOTAL DO MATERIAL =>",0,null,null,null,null,null,null,null,null,null,null,null,null,null,null,null,null,"","","",0]
["D","Banco","Código","Atividades Auxiliares","Preço Unitário",null,null,"Custo Horário",null,null,null,null,null,"BANCO","ATIVIDADES AUXILIARES","PREÇO UNITÁRIO",0,null,null,null,null,null,null,null,null,null,null,null,null,null,null,null,null,"","","",0]
["Atividade Auxiliar","ORSE",1903,"Argamassa cimento e areia traço t-1 (1:3) - 1 saco cimento 50kg / 3 padiolas areia dim. 0.35 x 0.45 x 0.23 m - Confecção mecânica e transporte",531.47,null,null,1.5944,null,null,null,null,null,"ORSE","ARGAMASSA CIMENTO E AREIA TRAÇO T-1 (1:3) - 1 SACO CIMENTO 50KG / 3 PADIOLAS AREIA DIM. 0.35 X 0.45 X 0.23 M - CONFECÇÃO MECÂNICA E TRANSPORTE","531,47",0,null,null,null,null,null,null,null,null,null,null,null,null,null,null,null,null,"","","",0]
["Atividade Auxiliar","SINAPI",88309,"PEDREIRO COM ENCARGOS COMPLEMENTARES",27.45,null,null,27.45,null,null,null,null,null,"SINAPI","PEDREIRO COM ENCARGOS COMPLEMENTARES","27,45",0,null,null,null,null,null,null,null,null,null,null,null,null,null,null,null,null,"","","",0]
["Atividade Auxiliar","SINAPI",88316,"SERVENTE COM ENCARGOS COMPLEMENTARES",19.76,null,null,19.76,null,null,null,null,null,"SINAPI","SERVENTE COM ENCARGOS COMPLEMENTARES","19,76",0,null,null,null,null,null,null,null,null,null,null,null,null,null,null,null,null,"","","",0]
["Atividade Auxiliar","SETOP","ED-48163","BARRA DE APOIO EM AÇO INOX POLIDO RETA, DN 1.1/4\" (31,75MM), PARA ACESSIBILIDADE (PMR/PCR), COMPRIMENTO 40CM, INSTALADO EM PORTA/PAREDE, INCLUSIVE FORNECIMENTO, INSTALAÇÃO E ACESSÓRIOS PARA FIXAÇÃO",156.96,null,null,83.0475,null,null,null,null,null,"SETOP","BARRA DE APOIO EM AÇO INOX POLIDO RETA, DN 1.1/4\" (31,75MM), PARA ACESSIBILIDADE (PMR/PCR), COMPRIMENTO 40CM, INSTALADO EM PORTA/PAREDE, INCLUSIVE FORNECIMENTO, INSTALAÇÃO E ACESSÓRIOS PARA FIXAÇÃO","156,96",0,null,null,null,null,null,null,null,null,null,null,null,null,null,null,null,null,"","","",0]
[null,null,null,null,"Custo Total das Atividades =>",null,null,131.8519,null,null,null,null,null,"","","CUSTO TOTAL DAS ATIVIDADES =>",0,null,null,null,null,null,null,null,null,null,null,null,null,null,null,null,null,"","","",0]
[null,null,null,null,"LS =>",0,"MO com LS =>",43.5149161845697,null,null,null,null,null,"","","LS =>","MO com LS =>",null,null,null,null,null,null,null,null,null,null,null,null,null,null,null,null,"","","",0]
[null,null,null,null,null,"Valor sem BDI =>",null,740.21,null,null,null,null,null,"","","",0,null,null,null,null,null,null,null,null,null,null,null,null,null,null,null,null,"","","",0]
[null,null,null,null,null,null,null,null,null,null,null,null,null,"","","",0,null,null,null,null,null,null,null,null,null,null,null,null,null,null,null,null,"","","",0]
[" 12.2.1.5 ","Código","Banco","Descrição","Und","Quant.","Valor Unit","Total",null,null,null,null,null,"CÓDIGO","DESCRIÇÃO","UND","Valor Unit",null,null,null,null,null,null,null,null,null,null,null,null,null,null,null,null,"","","",0]
["Composição"," JMV-CRAS-052 ","Próprio","PORTA PARA DIVISORIA NAVAL SIMPLES, INCLUSIVE FECHADURA E DOBRADICAS - FORNECIMENTO E INSTALACAO - BASEADA DA AGESUL (2001003002)","m²",1,416.5,416.5,null,null,null,null,null,"JMV-CRAS-052","PORTA PARA DIVISORIA NAVAL SIMPLES, INCLUSIVE FECHADURA E DOBRADICAS - FORNECIMENTO E INSTALACAO - BASEADA DA AGESUL (2001003002)","M²",416.5,null,null,null,null,null,null,null,null,null,null,null,null,null,null,null,null,"","","",0]
["Composição Auxiliar"," 88261 ","SINAPI","CARPINTEIRO DE ESQUADRIA COM ENCARGOS COMPLEMENTARES","H",2,30.59,61.18,null,null,null,null,null,"88261","CARPINTEIRO DE ESQUADRIA COM ENCARGOS COMPLEMENTARES","H",30.59,null,null,null,null,null,null,null,null,null,null,null,null,null,null,null,null,"","","",0]
["Composição Auxiliar"," 88239 ","SINAPI","AJUDANTE DE CARPINTEIRO COM ENCARGOS COMPLEMENTARES","H",2,21.78,43.56,null,null,null,null,null,"88239","AJUDANTE DE CARPINTEIRO COM ENCARGOS COMPLEMENTARES","H",21.78,null,null,null,null,null,null,null,null,null,null,null,null,null,null,null,null,"","","",0]
["Insumo"," 00039427 ","SINAPI","PERFIL CANALETA, FORMATO C, EM ACO ZINCADO, PARA ESTRUTURA FORRO DRYWALL, E = 0,5 MM, *46 X 18* (L X H), COMPRIMENTO 3 M","M",5.25,5.72,30.03,null,null,null,null,null,"00039427","PERFIL CANALETA, FORMATO C, EM ACO ZINCADO, PARA ESTRUTURA FORRO DRYWALL, E = 0,5 MM, *46 X 18* (L X H), COMPRIMENTO 3 M","M",{"$f":"G137","v":5.72},null,null,null,null,null,null,null,null,null,null,null,null,null,null,null,null,"","","",0]
["Insumo"," 00034743 ","SINAPI","COMPENSADO NAVAL - CHAPA/PAINEL EM MADEIRA COMPENSADA PRENSADA, DE 2200 X 1600 MM, E = 18 MM","m²",1.76,97.58,171.74,null,null,null,null,null,"00034743","COMPENSADO NAVAL - CHAPA/PAINEL EM MADEIRA COMPENSADA PRENSADA, DE 2200 X 1600 MM, E = 18 MM","M²",97.58,null,null,null,null,null,null,null,null,null,null,null,null,null,null,null,null,"","","",0]
["Insumo"," 00002420 ","SINAPI","DOBRADICA EM ACO/FERRO, 3\" X 2 1/2\", E= 1,9 A 2 MM, SEM ANEL,  CROMADO OU ZINCADO, TAMPA BOLA, COM PARAFUSOS","UN",3,11.5,34.5,null,null,null,null,null,"00002420","DOBRADICA EM ACO/FERRO, 3\" X 2 1/2\", E= 1,9 A 2 MM, SEM ANEL, CROMADO OU ZINCADO, TAMPA BOLA, COM PARAFUSOS","UN",11.5,null,null,null,null,null,null,null,null,null,null,null,null,null,null,null,null,"","","",0]
["Insumo"," 00043610 ","SINAPI","FECHADURA ROSETA REDONDA PARA PORTA INTERNA, EM ACO INOX (MAQUINA, TESTA E CONTRA-TESTA) E EM ZAMAC (MACANETA, LINGUETA E TRINCOS) COM ACABAMENTO CROMADO, MAQUINA DE 40 MM, INCLUINDO CHAVE TIPO INTERNA (CONJUNTO DE FECHADURAS)","CJ",1,75.49,75.49,null,null,null,null,null,"00043610","FECHADURA ROSETA REDONDA PARA PORTA INTERNA, EM ACO INOX (MAQUINA, TESTA E CONTRA-TESTA) E EM ZAMAC (MACANETA, LINGUETA E TRINCOS) COM ACABAMENTO CROMADO, MAQUINA DE 40 MM, INCLUINDO CHAVE TIPO INTERNA (CONJUNTO DE FECHADURAS)","CJ",75.49,null,null,null,null,null,null,null,null,null,null,null,null,null,null,null,null,"","","",0]
[null,null,null,null,"LS =>",0,"MO com LS =>",82.94,null,null,null,null,null,"","","LS =>","MO com LS =>",null,null,null,null,null,null,null,null,null,null,null,null,null,null,null,null,"","","",0]
[null,null,null,null,null,"Valor sem BDI =>",null,416.5,null,null,null,null,null,{"$f":"UPPER(TRIM(B142))","v":""},{"$f":"UPPER(TRIM(D142))","v":""},"",0,null,null,null,null,null,null,null,null,null,null,null,null,null,null,null,null,"","","",0]
[null,null,null,null,null,null,null,null,null,null,null,null,null,"","","",0,null,null,null,null,null,null,null,null,null,null,null,null,null,null,null,null,"","","",0]
[" 12.2.1.6 ","Código","Banco","Descrição","Und","Quant.","Valor Unit","Total",null,null,null,null,null,"CÓDIGO","DESCRIÇÃO","UND","Valor Unit",null,null,null,null,null,null,null,null,null,null,null,null,null,null,null,null,"","","",0]
["Composição"," JMV-CRAS-053 ","Próprio","PORTA OU JANELA EM ALUMÍNIO, COR N/P/B,TIPO VENEZIANA, DE ABRIR OU CORRER, COMPLETA INCLUSIVE CAIXILHOS, DOBRADIÇAS OU ROLDANAS E FECHADURA - BASEADA DA ORSE (11948)","m²",1,328.8,328.8,null,null,null,null,null,"JMV-CRAS-053","PORTA OU JANELA EM ALUMÍNIO, COR N/P/B,TIPO VENEZIANA, DE ABRIR OU CORRER, COMPLETA INCLUSIVE CAIXILHOS, DOBRADIÇAS OU ROLDANAS E FECHADURA - BASEADA DA ORSE (11948)","M²",328.8,null,null,null,null,null,null,null,null,null,null,null,null,null,null,null,null,"","","",0]
["Composição Auxiliar"," 1903 ","ORSE","Argamassa cimento e areia traço t-1 (1:3) - 1 saco cimento 50kg / 3 padiolas areia dim. 0.35 x 0.45 x 0.23 m - Confecção mecânica e transporte","m³",0.003,531.47,1.59,null,null,null,null,null,"1903","ARGAMASSA CIMENTO E AREIA TRAÇO T-1 (1:3) - 1 SACO CIMENTO 50KG / 3 PADIOLAS AREIA DIM. 0.35 X 0.45 X 0.23 M - CONFECÇÃO MECÂNICA E TRANSPORTE","M³",531.47,null,null,null,null,null,null,null,null,null,null,null,null,null,null,null,null,"","","",0]
["Composição Auxiliar"," 88309 ","SINAPI","PEDREIRO COM ENCARGOS COMPLEMENTARES","H",1,27.45,27.45,null,null,null,null,null,"88309","PEDREIRO COM ENCARGOS COMPLEMENTARES",{"$f":"UPPER(TRIM(E147))","v":"H"},27.45,null,null,null,null,null,null,null,null,null,null,null,null,null,null,null,null,"","","",0]
["Composição Auxiliar"," 88316 ","SINAPI","SERVENTE COM ENCARGOS COMPLEMENTARES","H",1,19.76,19.76,null,null,null,null,null,"88316","SERVENTE COM ENCARGOS COMPLEMENTARES","H",19.76,null,null,null,null,null,null,null,null,null,null,null,null,null,null,null,null,"","","",0]
["Insumo"," 12797 ","ORSE","Porta ou janela em alumínio, cor N/P/B,tipo veneziana, de abrir ou correr, completa inclusive caixilhos, dobradiças ou roldanas e fechadura m2","m²",1,280,280,null,null,null,null,null,"12797","PORTA OU JANELA EM ALUMÍNIO, COR N/P/B,TIPO VENEZIANA, DE ABRIR OU CORRER, COMPLETA INCLUSIVE CAIXILHOS, DOBRADIÇAS OU ROLDANAS E FECHADURA M2","M²",280,null,null,null,null,null,null,null,null,null,null,null,null,null,null,null,null,"","","",0]
[null,null,null,null,"LS =>",0,"MO com LS =>",36.28,null,null,null,null,null,"","","LS =>","MO com LS =>",null,null,null,null,null,null,null,null,null,null,null,null,null,null,null,null,"","","",0]
[null,null,null,null,null,"Valor sem BDI =>",null,328.8,null,null,null,null,null,"","","",0,null,null,null,null,null,null,null,null,null,null,null,null,null,null,null,null,"","","",0]
[null,null,null,null,null,null,null,null,null,null,null,null,null,"","","",0,null,null,null,null,null,null,null,null,null,null,null,null,null,null,null,null,"","","",0]
[" 12.2.1.9 ","Código","Banco","Descrição","Und","Quant.","Valor Unit","Total",null,null,null,null,null,"CÓDIGO","DESCRIÇÃO","UND","Valor Unit",null,null,null,null,null,null,null,null,null,null,null,null,null,null,null,null,"","","",0]
["Composição"," JMV-CRAS-054 ","Próprio","PORTAO DE 2 FOLHAS DE TUBO E TELA GALVANIZADOS COM PORTA CADEADO - BASEADA DA FDE (06.80.025)","m²",1,721.4,721.4,null,null,null,null,null,"JMV-CRAS-054","PORTAO DE 2 FOLHAS DE TUBO E TELA GALVANIZADOS COM PORTA CADEADO - BASEADA DA FDE (06.80.025)","M²",721.4,null,null,null,null,null,null,null,null,null,null,null,null,null,null,null,null,{"$f":"UPPER(TRIM(V154))","v":""},{"$f":"UPPER(TRIM(X154))","v":""},{"$f":"UPPER(TRIM(Y154))","v":""},{"$f":"AB154","v":0}]
["Composição Auxiliar"," 88309 ","SINAPI","PEDREIRO COM ENCARGOS COMPLEMENTARES","H",0.55,27.45,15.09,null,null,null,null,null,"88309","PEDREIRO COM ENCARGOS COMPLEMENTARES","H",27.45,null,null,null,null,null,null,null,null,null,null,null,null,null,null,null,null,"","","",0]
["Composição Auxiliar"," 88316 ","SINAPI","SERVENTE COM ENCARGOS COMPLEMENTARES","H",0.55,19.76,10.86,null,null,null,null,null,"88316","SERVENTE COM ENCARGOS COMPLEMENTARES","H",19.76,null,null,null,null,null,null,null,null,null,null,null,null,null,null,null,null,"","","",0]
["Insumo"," 3.12.33 ","FDE","PORTA DE TELA PT-05","UN",0.14,4967.57,695.45,null,null,null,null,null,"3.12.33","PORTA DE TELA PT-05","UN",4967.57,null,null,null,null,null,null,null,null,null,null,null,null,null,null,null,null,"","","",0]
[null,null,null,null,"LS =>",0,"MO com LS =>",19.86,null,null,null,null,null,"","","LS =>","MO com LS =>",null,null,null,null,null,null,null,null,null,null,null,null,null,null,null,null,"","","",0]
[null,null,null,null,null,"Valor sem BDI =>",null,721.4,null,null,null,null,null,"","","",0,null,null,null,null,null,null,null,null,null,null,null,null,null,null,null,null,"","","",0]
[null,null,null,null,null,null,null,null,null,null,null,null,null,"","","",0,null,null,null,null,null,null,null,null,null,null,null,null,null,null,null,null,"","","",0]
[" 13.1.1.18 ","Código","Banco","Descrição","Und","Quant.","Valor Unit","Total",null,null,null,null,null,"CÓDIGO","DESCRIÇÃO","UND","Valor Unit",null,null,null,null,null,null,null,null,null,null,null,null,null,null,null,null,"","","",0]
["Composição"," JMV-CRA-100 ","Próprio","CANALETA EVOLUTIVA APARENTE COM TAMPA EM PVC, DIM.:80X35 MM - BASEADO EM CPOS 38.07.700","M",1,148.4,148.4,null,null,null,null,null,"JMV-CRA-100","CANALETA EVOLUTIVA APARENTE COM TAMPA EM PVC, DIM.:80X35 MM - BASEADO EM CPOS 38.07.700","M",148.4,null,null,null,null,null,null,null,null,null,null,null,null,null,null,null,null,"","","",0]
["Composição Auxiliar"," 88264 ","SINAPI","ELETRICISTA COM ENCARGOS COMPLEMENTARES","H",0.3,27.8,8.34,null,null,null,null,null,"88264","ELETRICISTA COM ENCARGOS COMPLEMENTARES","H",27.8,null,null,null,null,null,null,null,null,null,null,null,null,null,null,null,null,"","","",0]
["Composição Auxiliar"," 88247 ","SINAPI","AUXILIAR DE ELETRICISTA COM ENCARGOS COMPLEMENTARES","H",0.3,22.34,6.7,null,null,null,null,null,"88247","AUXILIAR DE ELETRICISTA COM ENCARGOS COMPLEMENTARES","H",22.34,null,null,null,null,null,null,null,null,null,null,null,null,null,null,null,null,"","","",0]
["Insumo"," JMV.CRA.100 ","Próprio","CANALETA DLP 80X35x2000MM","PC",1,133.36,133.36,null,null,null,null,null,"JMV.CRA.100","CANALETA DLP 80X35X2000MM","PC",133.36,null,null,null,null,null,null,null,null,null,null,null,null,null,null,null,null,"","","",0]
[null,null,null,null,"LS =>",0,"MO com LS =>",11.66,null,null,null,null,null,"","","LS =>","MO com LS =>",null,null,null,null,null,null,null,null,null,null,null,null,null,null,null,null,"","","",0]
[null,null,null,null,null,"Valor sem BDI =>",null,148.4,null,null,null,null,null,"","","",0,null,null,null,null,null,null,null,null,null,null,null,null,null,null,null,null,"","","",0]
[null,null,null,null,null,null,null,null,null,null,null,null,null,"","","",0,null,null,null,null,null,null,null,null,null,null,null,null,null,null,null,null,"","","",0]
[" 13.1.2.1 ","Código","Banco","Descrição","Und","Quant.","Valor Unit","Total",null,null,null,null,null,"CÓDIGO","DESCRIÇÃO","UND","Valor Unit",null,null,null,null,null,null,null,null,null,null,null,null,null,null,null,null,"","","",0]
["Composição"," JMV-CRA-101 ","Próprio","CONJUNTO DE UMA (1) TOMADA HDMI, COM PLACA 4\"X2\" - BASEADO EM SETOP (ED-15752)","un",1,167.14,167.14,null,null,null,null,null,"JMV-CRA-101","CONJUNTO DE UMA (1) TOMADA HDMI, COM PLACA 4\"X2\" - BASEADO EM SETOP (ED-15752)","UN",167.14,null,null,null,null,null,null,null,null,null,null,null,null,null,null,null,null,"","","",0]
["Composição Auxiliar"," 88264 ","SINAPI","ELETRICISTA COM ENCARGOS COMPLEMENTARES","H",0.3,27.8,8.34,null,null,null,null,null,"88264","ELETRICISTA COM ENCARGOS COMPLEMENTARES","H",27.8,null,null,null,null,null,null,null,null,null,null,null,null,null,null,null,null,"","","",0]
["Composição Auxiliar"," 88247 ","SINAPI","AUXILIAR DE ELETRICISTA COM ENCARGOS COMPLEMENTARES","H",0.3,22.34,6.7,null,null,null,null,null,"88247","AUXILIAR DE ELETRICISTA COM ENCARGOS COMPLEMENTARES","H",22.34,null,null,null,null,null,null,null,null,null,null,null,null,null,null,null,null,"","","",0]
["Insumo"," JMV.CRA.101 ","Próprio","CONJUNTO TOMADA HDMI + PLACA 4X2","UN",1,152.1,152.1,null,null,null,null,null,"JMV.CRA.101","CONJUNTO TOMADA HDMI + PLACA 4X2","UN",152.1,null,null,null,null,null,null,null,null,null,null,null,null,null,null,null,null,"","","",0]
[null,null,null,null,"LS =>",0,"MO com LS =>",11.66,null,null,null,null,null,"","","LS =>","MO com LS =>",null,null,null,null,null,null,null,null,null,null,null,null,null,null,null,null,"","","",0]
[null,null,null,null,null,"Valor sem BDI =>",null,167.14,null,null,null,null,null,"","","",0,null,null,null,null,null,null,null,null,null,null,null,null,null,null,null,null,"","","",0]
[null,null,null,null,null,null,null,null,null,null,null,null,null,"","","",0,null,null,null,null,null,null,null,null,null,null,null,null,null,null,null,null,"","","",0]
[" 13.1.2.5 ","Código","Banco","Descrição","Und","Quant.","Valor Unit","Total",null,null,null,null,null,"CÓDIGO","DESCRIÇÃO","UND","Valor Unit",null,null,null,null,null,null,null,null,null,null,null,null,null,null,null,null,"","","",0]
["Composição"," JMV-CRA-109 ","Próprio","CAIXA DE TOMADAS ABS DE MESA, PARA 3 BLOCOS: 2 MÓDULOS DE TOMADA + 1 TOMADA RJ-45  - BASEADA DA SBC (062564)","UN",1,446.52,446.52,null,null,null,null,null,"JMV-CRA-109","CAIXA DE TOMADAS ABS DE MESA, PARA 3 BLOCOS: 2 MÓDULOS DE TOMADA + 1 TOMADA RJ-45 - BASEADA DA SBC (062564)","UN",446.52,null,null,null,null,null,null,null,null,null,null,null,null,null,null,null,null,"","","",0]
["Composição Auxiliar"," 88264 ","SINAPI","ELETRICISTA COM ENCARGOS COMPLEMENTARES","H",1.226,27.8,34.08,null,null,null,null,null,"88264","ELETRICISTA COM ENCARGOS COMPLEMENTARES","H",27.8,null,null,null,null,null,null,null,null,null,null,null,null,null,null,null,null,"","","",0]
["Composição Auxiliar"," 88247 ","SINAPI","AUXILIAR DE ELETRICISTA COM ENCARGOS COMPLEMENTARES","H",1.226,22.34,27.38,null,null,null,null,null,"88247","AUXILIAR DE ELETRICISTA COM ENCARGOS COMPLEMENTARES","H",22.34,null,null,null,null,null,null,null,null,null,null,null,null,null,null,null,null,"","","",0]
["Insumo"," JMV.CRA.109 ","Próprio","CAIXA DE TOMADAS ABS DE MESA, PARA 3 BLOCOS: 2 MÓDULOS DE TOMADA + 1 TOMADA RJ-45 ","UND",1,385.06,385.06,null,null,null,null,null,"JMV.CRA.109","CAIXA DE TOMADAS ABS DE MESA, PARA 3 BLOCOS: 2 MÓDULOS DE TOMADA + 1 TOMADA RJ-45","UND",385.06,null,null,null,null,null,null,null,null,null,null,null,null,null,null,null,null,"","","",0]
[null,null,null,null,"LS =>",0,"MO com LS =>",47.68,null,null,null,null,null,"","","LS =>","MO com LS =>",null,null,null,null,null,null,null,null,null,null,null,null,null,null,null,null,"","","",0]
[null,null,null,null,null,"Valor sem BDI =>",null,446.52,null,null,null,null,null,"","","",0,null,null,null,null,null,null,null,null,null,null,null,null,null,null,null,null,"","","",0]
[null,null,null,null,null,null,null,null,null,null,null,null,null,"","","",0,null,null,null,null,null,null,null,null,null,null,null,null,null,null,null,null,"","","",0]
[" 13.1.2.6 ","Código","Banco","Descrição","Und","Quant.","Valor Unit","Total",null,null,null,null,null,"CÓDIGO","DESCRIÇÃO","UND","Valor Unit",null,null,null,null,null,null,null,null,null,null,null,null,null,null,null,null,"","","",0]
["Composição"," JMV-CRA-108 ","Próprio","CAIXA DE TOMADAS ABS DE MESA, PARA 4 BLOCOS: 2 MÓDULOS DE TOMADA + 2 TOMADA RJ-45 FÊMEA - BASEADA DA SBC (062564)","UN",1,336.46,336.46,null,null,null,null,null,"JMV-CRA-108","CAIXA DE TOMADAS ABS DE MESA, PARA 4 BLOCOS: 2 MÓDULOS DE TOMADA + 2 TOMADA RJ-45 FÊMEA - BASEADA DA SBC (062564)","UN",336.46,null,null,null,null,null,null,null,null,null,null,null,null,null,null,null,null,"","","",0]
["Composição Auxiliar"," 88264 ","SINAPI","ELETRICISTA COM ENCARGOS COMPLEMENTARES","H",1.226,27.8,34.08,null,null,null,null,null,"88264","ELETRICISTA COM ENCARGOS COMPLEMENTARES","H",27.8,null,null,null,null,null,null,null,null,null,null,null,null,null,null,null,null,"","","",0]
["Composição Auxiliar"," 88247 ","SINAPI","AUXILIAR DE ELETRICISTA COM ENCARGOS COMPLEMENTARES","H",1.226,22.34,27.38,null,null,null,null,null,"88247","AUXILIAR DE ELETRICISTA COM ENCARGOS COMPLEMENTARES","H",22.34,null,null,null,null,null,null,null,null,null,null,null,null,null,null,null,null,"","","",0]
["Insumo"," JMV.CRA.108 ","Próprio","CAIXA DE TOMADAS ABS DE MESA, PARA 4 BLOCOS: 2 MÓDULOS DE TOMADA + 2 TOMADA RJ-45 FÊMEA ","UND",1,275,275,null,null,null,null,null,"JMV.CRA.108","CAIXA DE TOMADAS ABS DE MESA, PARA 4 BLOCOS: 2 MÓDULOS DE TOMADA + 2 TOMADA RJ-45 FÊMEA","UND",275,null,null,null,null,null,null,null,null,null,null,null,null,null,null,null,null,"","","",0]
[null,null,null,null,"LS =>",0,"MO com LS =>",47.68,null,null,null,null,null,"","","LS =>","MO com LS =>",null,null,null,null,null,null,null,null,null,null,null,null,null,null,null,null,"","","",0]
[null,null,null,null,null,"Valor sem BDI =>",null,336.46,null,null,null,null,null,"","","",0,null,null,null,null,null,null,null,null,null,null,null,null,null,null,null,null,"","","",0]
[null,null,null,null,null,null,null,null,null,null,null,null,null,"","","",0,null,null,null,null,null,null,null,null,null,null,null,null,null,null,null,null,"","","",0]
[" 13.1.3.4 ","Código","Banco","Descrição","Und","Quant.","Valor Unit","Total",null,null,null,null,null,"CÓDIGO","DESCRIÇÃO","UND","Valor Unit",null,null,null,null,null,null,null,null,null,null,null,null,null,null,null,null,"","","",0]
["Composição"," JMV-CRA-102 ","Próprio","ETIQUETA ADESIVA INDELÉVEL PARA IDENTIFICAÇÃO DOS CIRCUITOS - BASEADO EM ORSE (8824)","un",1,1.06,1.06,null,null,null,null,null,"JMV-CRA-102","ETIQUETA ADESIVA INDELÉVEL PARA IDENTIFICAÇÃO DOS CIRCUITOS - BASEADO EM ORSE (8824)","UN",1.06,null,null,null,null,null,null,null,null,null,null,null,null,null,null,null,null,"","","",0]
["Composição Auxiliar"," 88266 ","SINAPI","ELETROTÉCNICO COM ENCARGOS COMPLEMENTARES","H",0.0016,40.06,0.06,null,null,null,null,null,"88266","ELETROTÉCNICO COM ENCARGOS COMPLEMENTARES","H",40.06,null,null,null,null,null,null,null,null,null,null,null,null,null,null,null,null,"","","",0]
["Insumo"," 9109 ","ORSE","Identificador Sollus numérico de (0 a 9) ou similar un","un",1,1,1,null,null,null,null,null,"9109","IDENTIFICADOR SOLLUS NUMÉRICO DE (0 A 9) OU SIMILAR UN","UN",1,null,null,null,null,null,null,null,null,null,null,null,null,null,null,null,null,"","","",0]
[null,null,null,null,"LS =>",0,"MO com LS =>",0.05,null,null,null,null,null,"","","LS =>","MO com LS =>",null,null,null,null,null,null,null,null,null,null,null,null,null,null,null,null,"","","",0]
[null,null,null,null,null,"Valor sem BDI =>",null,1.06,null,null,null,null,null,"","","",0,null,null,null,null,null,null,null,null,null,null,null,null,null,null,null,null,"","","",0]
[null,null,null,null,null,null,null,null,null,null,null,null,null,"","","",0,null,null,null,null,null,null,null,null,null,null,null,null,null,null,null,null,"","","",0]
[" 13.1.4.1 ","Código","Banco","Descrição","Und","Quant.","Valor Unit","Total",null,null,null,null,null,"CÓDIGO","DESCRIÇÃO","UND","Valor Unit",null,null,null,null,null,null,null,null,null,null,null,null,null,null,null,null,"","","",0]
["Composição"," JMV-CRA-103 ","Próprio","Fornecimento e instalação de Mini Rack de Parede Padrão 19\" - 12 U´s x 570mm - BASEADO EM IOPES (160811)","und",1,595.98,595.98,null,null,null,null,null,"JMV-CRA-103","FORNECIMENTO E INSTALAÇÃO DE MINI RACK DE PAREDE PADRÃO 19\" - 12 U´S X 570MM - BASEADO EM IOPES (160811)","UND",{"$f":"G201","v":595.98},null,null,null,null,null,null,null,null,null,null,null,null,null,null,null,null,"","","",0]
["Composição Auxiliar"," 88264 ","SINAPI","ELETRICISTA COM ENCARGOS COMPLEMENTARES","H",1.03,27.8,28.63,null,null,null,null,null,"88264","ELETRICISTA COM ENCARGOS COMPLEMENTARES","H",27.8,null,null,null,null,null,null,null,null,null,null,null,null,null,null,null,null,"","","",0]
["Composição Auxiliar"," 88247 ","SINAPI","AUXILIAR DE ELETRICISTA COM ENCARGOS COMPLEMENTARES","H",1.03,22.34,23.01,null,null,null,null,null,"88247","AUXILIAR DE ELETRICISTA COM ENCARGOS COMPLEMENTARES","H",22.34,null,null,null,null,null,null,null,null,null,null,null,null,null,null,null,null,"","","",0]
["Insumo"," 026675 ","IOPES","PARAFUSO COM BUCHA S8 (LABOR)","UN",4,0.42,1.68,null,null,null,null,null,"026675","PARAFUSO COM BUCHA S8 (LABOR)","UN",0.42,null,null,null,null,null,null,null,null,null,null,null,null,null,null,null,null,"","","",0]
["Insumo"," 052121 ","IOPES","MINI RACK DE PAREDE PADRAO 19\" - 12US X 570MM - CONFECCIONADO EM ACO SAE 1020, PORTA FRONTAL E VISOR EM ACRILICO, LATERAIS REMOVIVEIS COM VENTILACAO, PINTURA EPOXI (LABOR)","UN",1,542.66,542.66,null,null,null,null,null,"052121","MINI RACK DE PAREDE PADRAO 19\" - 12US X 570MM - CONFECCIONADO EM ACO SAE 1020, PORTA FRONTAL E VISOR EM ACRILICO, LATERAIS REMOVIVEIS COM VENTILACAO, PINTURA EPOXI (LABOR)","UN",542.66,null,null,null,null,null,null,null,null,null,null,null,null,null,null,null,null,"","","",0]
[null,null,null,null,"LS =>",0,"MO com LS =>",40.06,null,null,null,null,null,{"$f":"UPPER(TRIM(B206))","v":""},{"$f":"UPPER(TRIM(D206))","v":""},"LS =>","MO com LS =>",null,null,null,null,null,null,null,null,null,null,null,null,null,null,null,null,"","","",0]
[null,null,null,null,null,"Valor sem BDI =>",null,595.98,null,null,null,null,null,"","","",0,null,null,null,null,null,null,null,null,null,null,null,null,null,null,null,null,"","","",0]
[null,null,null,null,null,null,null,null,null,null,null,null,null,"","","",0,null,null,null,null,null,null,null,null,null,null,null,null,null,null,null,null,"","","",0]
[" 13.1.4.3 ","Código","Banco","Descrição","Und","Quant.","Valor Unit","Total",null,null,null,null,null,"CÓDIGO","DESCRIÇÃO","UND","Valor Unit",null,null,null,null,null,null,null,null,null,null,null,null,null,null,null,null,"","","",0]
["Composição"," JMV-CRA-104 ","Próprio","VOICE PANEL 30 PORTAS - RJ11/IDC 110 - 19\"\"/1U - BASEADO EM SBC (059463)","UN",1,546.67,546.67,null,null,null,null,null,"JMV-CRA-104","VOICE PANEL 30 PORTAS - RJ11/IDC 110 - 19\"\"/1U - BASEADO EM SBC (059463)","UN",546.67,null,null,null,null,null,null,null,null,null,null,null,null,null,null,null,null,"","","",0]
["Composição Auxiliar"," 88266 ","SINAPI","ELETROTÉCNICO COM ENCARGOS COMPLEMENTARES","H",4.599,40.06,184.23,null,null,null,null,null,"88266","ELETROTÉCNICO COM ENCARGOS COMPLEMENTARES",{"$f":"UPPER(TRIM(E211))","v":"H"},40.06,null,null,null,null,null,null,null,null,null,null,null,null,null,null,null,null,"","","",0]
["Insumo"," 058973 ","SBC","RACK - VOICE PANEL 30 PORTAS - RJ11/IDC 110 - 19\"/1U","UN",1,362.44,362.44,null,null,null,null,null,"058973","RACK - VOICE PANEL 30 PORTAS - RJ11/IDC 110 - 19\"/1U","UN",362.44,null,null,null,null,null,null,null,null,null,null,null,null,null,null,null,null,"","","",0]
[null,null,null,null,"LS =>",0,"MO com LS =>",158.38,null,null,null,null,null,"","","LS =>","MO com LS =>",null,null,null,null,null,null,null,null,null,null,null,null,null,null,null,null,"","","",0]
[null,null,null,null,null,"Valor sem BDI =>",null,546.67,null,null,null,null,null,"","","",0,null,null,null,null,null,null,null,null,null,null,null,null,null,null,null,null,"","","",0]
[null,null,null,null,null,null,null,null,null,null,null,null,null,"","","",0,null,null,null,null,null,null,null,null,null,null,null,null,null,null,null,null,"","","",0]
[" 13.1.4.4 ","Código","Banco","Descrição","Und","Quant.","Valor Unit","Total",null,null,null,null,null,"CÓDIGO","DESCRIÇÃO","UND","Valor Unit",null,null,null,null,null,null,null,null,null,null,null,null,null,null,null,null,"","","",0]
["Composição"," JMV-CRA-105 ","Próprio","BLOCO DE CONEXAO PADRAO IDC P/ 20 PARES - BASEADO EM SBC (063817)","UN",1,41.44,41.44,null,null,null,null,null,"JMV-CRA-105","BLOCO DE CONEXAO PADRAO IDC P/ 20 PARES - BASEADO EM SBC (063817)","UN",41.44,null,null,null,null,null,null,null,null,null,null,null,null,null,null,null,null,"","","",0]
["Composição Auxiliar"," 88264 ","SINAPI","ELETRICISTA COM ENCARGOS COMPLEMENTARES","H",0.033,27.8,0.91,null,null,null,null,null,"88264","ELETRICISTA COM ENCARGOS COMPLEMENTARES","H",27.8,null,null,null,null,null,null,null,null,null,null,null,null,null,null,null,null,{"$f":"UPPER(TRIM(V218))","v":""},{"$f":"UPPER(TRIM(X218))","v":""},{"$f":"UPPER(TRIM(Y218))","v":""},{"$f":"AB218","v":0}]
["Composição Auxiliar"," 88247 ","SINAPI","AUXILIAR DE ELETRICISTA COM ENCARGOS COMPLEMENTARES","H",0.033,22.34,0.73,null,null,null,null,null,"88247","AUXILIAR DE ELETRICISTA COM ENCARGOS COMPLEMENTARES","H",22.34,null,null,null,null,null,null,null,null,null,null,null,null,null,null,null,null,"","","",0]
["Insumo"," 203035 ","SBC","BLOCO IDC 10 PARES ENGATE RAPIDO CORTE TIPO BARGOA","UN",2,19.9,39.8,null,null,null,null,null,"203035","BLOCO IDC 10 PARES ENGATE RAPIDO CORTE TIPO BARGOA","UN",19.9,null,null,null,null,null,null,null,null,null,null,null,null,null,null,null,null,"","","",0]
[null,null,null,null,"LS =>",0,"MO com LS =>",1.28,null,null,null,null,null,"","","LS =>","MO com LS =>",null,null,null,null,null,null,null,null,null,null,null,null,null,null,null,null,"","","",0]
[null,null,null,null,null,"Valor sem BDI =>",null,41.44,null,null,null,null,null,"","","",0,null,null,null,null,null,null,null,null,null,null,null,null,null,null,null,null,"","","",0]
[null,null,null,null,null,null,null,null,null,null,null,null,null,"","","",0,null,null,null,null,null,null,null,null,null,null,null,null,null,null,null,null,"","","",0]
[" 13.1.4.6 ","Código","Banco","Descrição","Und","Quant.","Valor Unit","Total",null,null,null,null,null,"CÓDIGO","DESCRIÇÃO","UND","Valor Unit",null,null,null,null,null,null,null,null,null,null,null,null,null,null,null,null,"","","",0]
["Composição"," JMV-CRA-106 ","Próprio","REGUA 19\"\" COM 12 TOMADAS 2P+T - BASEADO EM SBC (059458)","UN",1,149.54,149.54,null,null,null,null,null,"JMV-CRA-106","REGUA 19\"\" COM 12 TOMADAS 2P+T - BASEADO EM SBC (059458)","UN",149.54,null,null,null,null,null,null,null,null,null,null,null,null,null,null,null,null,"","","",0]
["Composição Auxiliar"," 88247 ","SINAPI","AUXILIAR DE ELETRICISTA COM ENCARGOS COMPLEMENTARES","H",0.204,22.34,4.55,null,null,null,null,null,"88247","AUXILIAR DE ELETRICISTA COM ENCARGOS COMPLEMENTARES","H",22.34,null,null,null,null,null,null,null,null,null,null,null,null,null,null,null,null,"","","",0]
["Insumo"," 058898 ","SBC","RACK - REGUA 19\" DE TOMADAS COM 12 TOMADAS 10A","UN",1,144.99,144.99,null,null,null,null,null,"058898","RACK - REGUA 19\" DE TOMADAS COM 12 TOMADAS 10A","UN",144.99,null,null,null,null,null,null,null,null,null,null,null,null,null,null,null,null,"","","",0]
[null,null,null,null,"LS =>",0,"MO com LS =>",3.41,null,null,null,null,null,"","","LS =>","MO com LS =>",null,null,null,null,null,null,null,null,null,null,null,null,null,null,null,null,"","","",0]
[null,null,null,null,null,"Valor sem BDI =>",null,149.54,null,null,null,null,null,"","","",0,null,null,null,null,null,null,null,null,null,null,null,null,null,null,null,null,"","","",0]
[null,null,null,null,null,null,null,null,null,null,null,null,null,"","","",0,null,null,null,null,null,null,null,null,null,null,null,null,null,null,null,null,"","","",0]
[" 14.1.1.1 ","Código","Banco","Descrição","Und","Quant.","Valor Unit","Total",null,null,null,null,null,"CÓDIGO","DESCRIÇÃO","UND","Valor Unit",null,null,null,null,null,null,null,null,null,null,null,null,null,null,null,null,"","","",0]
["Composição"," JMV-CRAS-038 ","Próprio","CAIXA DE PASSAGEM METALICA 20x20x10cm STAMPLAC - BASEADA EM SBC (068209)","UN",1,108.96,108.96,null,null,null,null,null,"JMV-CRAS-038","CAIXA DE PASSAGEM METALICA 20X20X10CM STAMPLAC - BASEADA EM SBC (068209)","UN",108.96,null,null,null,null,null,null,null,null,null,null,null,null,null,null,null,null,"","","",0]
["Composição Auxiliar"," 88247 ","SINAPI","AUXILIAR DE ELETRICISTA COM ENCARGOS COMPLEMENTARES","H",0.456,22.34,10.18,null,null,null,null,null,"88247","AUXILIAR DE ELETRICISTA COM ENCARGOS COMPLEMENTARES","H",22.34,null,null,null,null,null,null,null,null,null,null,null,null,null,null,null,null,"","","",0]
["Composição Auxiliar"," 88264 ","SINAPI","ELETRICISTA COM ENCARGOS COMPLEMENTARES","H",0.456,27.8,12.67,null,null,null,null,null,"88264","ELETRICISTA COM ENCARGOS COMPLEMENTARES","H",27.8,null,null,null,null,null,null,null,null,null,null,null,null,null,null,null,null,"","","",0]
["Insumo"," 031132 ","SBC","CAIXA DE PASSAGEM EM ALUMINIO 20x20x10cm STAMPLAC","UN",1,86.11,86.11,null,null,null,null,null,"031132","CAIXA DE PASSAGEM EM ALUMINIO 20X20X10CM STAMPLAC","UN",86.11,null,null,null,null,null,null,null,null,null,null,null,null,null,null,null,null,"","","",0]
[null,null,null,null,"LS =>",0,"MO com LS =>",17.73,null,null,null,null,null,"","","LS =>","MO com LS =>",null,null,null,null,null,null,null,null,null,null,null,null,null,null,null,null,"","","",0]
[null,null,null,null,null,"Valor sem BDI =>",null,108.96,null,null,null,null,null,"","","",0,null,null,null,null,null,null,null,null,null,null,null,null,null,null,null,null,"","","",0]
[null,null,null,null,null,null,null,null,null,null,null,null,null,"","","",0,null,null,null,null,null,null,null,null,null,null,null,null,null,null,null,null,"","","",0]
[" 14.1.1.4 ","Código","Banco","Descrição","Und","Quant.","Valor Unit","Total",null,null,null,null,null,"CÓDIGO","DESCRIÇÃO","UND","Valor Unit",null,null,null,null,null,null,null,null,null,null,null,null,null,null,null,null,"","","",0]
["Composição"," JMV-CRAS-039 ","Próprio","CONDULETE DE ALUMÍNIO, TIPO X, PARA ELETRODUTO DE AÇO GALVANIZADO DN 40 MM (1 1/2''), APARENTE - FORNECIMENTO E INSTALAÇÃO. AF_10/2022 - BASEADA EM SINAPI (95803)","UN",1,78.02,78.02,null,null,null,null,null,"JMV-CRAS-039","CONDULETE DE ALUMÍNIO, TIPO X, PARA ELETRODUTO DE AÇO GALVANIZADO DN 40 MM (1 1/2''), APARENTE - FORNECIMENTO E INSTALAÇÃO. AF_10/2022 - BASEADA EM SINAPI (95803)","UN",78.02,null,null,null,null,null,null,null,null,null,null,null,null,null,null,null,null,"","","",0]
["Composição Auxiliar"," 88247 ","SINAPI","AUXILIAR DE ELETRICISTA COM ENCARGOS COMPLEMENTARES","H",0.6998,22.34,15.63,null,null,null,null,null,"88247","AUXILIAR DE ELETRICISTA COM ENCARGOS COMPLEMENTARES","H",22.34,null,null,null,null,null,null,null,null,null,null,null,null,null,null,null,null,"","","",0]
["Composição Auxiliar"," 88264 ","SINAPI","ELETRICISTA COM ENCARGOS COMPLEMENTARES","H",0.6998,27.8,19.45,null,null,null,null,null,"88264","ELETRICISTA COM ENCARGOS COMPLEMENTARES","H",27.8,null,null,null,null,null,null,null,null,null,null,null,null,null,null,null,null,"","","",0]
["Insumo"," 00011950 ","SINAPI","BUCHA DE NYLON SEM ABA S6, COM PARAFUSO DE 4,20 X 40 MM EM ACO ZINCADO COM ROSCA SOBERBA, CABECA CHATA E FENDA PHILLIPS","UN",2,0.24,0.48,null,null,null,null,null,"00011950","BUCHA DE NYLON SEM ABA S6, COM PARAFUSO DE 4,20 X 40 MM EM ACO ZINCADO COM ROSCA SOBERBA, CABECA CHATA E FENDA PHILLIPS","UN",0.24,null,null,null,null,null,null,null,null,null,null,null,null,null,null,null,null,"","","",0]
["Insumo"," 00002582 ","SINAPI","CONDULETE DE ALUMINIO TIPO X, PARA ELETRODUTO ROSCAVEL DE 1 1/2\", COM TAMPA CEGA","UN",1,42.46,42.46,null,null,null,null,null,"00002582","CONDULETE DE ALUMINIO TIPO X, PARA ELETRODUTO ROSCAVEL DE 1 1/2\", COM TAMPA CEGA","UN",42.46,null,null,null,null,null,null,null,null,null,null,null,null,null,null,null,null,"","","",0]
[null,null,null,null,"LS =>",0,"MO com LS =>",27.22,null,null,null,null,null,"","","LS =>","MO com LS =>",null,null,null,null,null,null,null,null,null,null,null,null,null,null,null,null,"","","",0]
[null,null,null,null,null,"Valor sem BDI =>",null,78.02,null,null,null,null,null,"","","",0,null,null,null,null,null,null,null,null,null,null,null,null,null,null,null,null,"","","",0]
[null,null,null,null,null,null,null,null,null,null,null,null,null,"","","",0,null,null,null,null,null,null,null,null,null,null,null,null,null,null,null,null,"","","",0]
[" 14.1.1.5 ","Código","Banco","Descrição","Und","Quant.","Valor Unit","Total",null,null,null,null,null,"CÓDIGO","DESCRIÇÃO","UND","Valor Unit",null,null,null,null,null,null,null,null,null,null,null,null,null,null,null,null,"","","",0]
["Composição"," JMV-CRAS-040 ","Próprio","CONDULETE DE ALUMÍNIO, TIPO X, PARA ELETRODUTO DE AÇO GALVANIZADO DN 50 MM (2''), APARENTE - FORNECIMENTO E INSTALAÇÃO. AF_10/2022 - BASEADA EM SINAPI (95803)","UN",1,101.12,101.12,null,null,null,null,null,"JMV-CRAS-040","CONDULETE DE ALUMÍNIO, TIPO X, PARA ELETRODUTO DE AÇO GALVANIZADO DN 50 MM (2''), APARENTE - FORNECIMENTO E INSTALAÇÃO. AF_10/2022 - BASEADA EM SINAPI (95803)","UN",101.12,null,null,null,null,null,null,null,null,null,null,null,null,null,null,null,null,"","","",0]
["Composição Auxiliar"," 88247 ","SINAPI","AUXILIAR DE ELETRICISTA COM ENCARGOS COMPLEMENTARES","H",0.6998,22.34,15.63,null,null,null,null,null,"88247","AUXILIAR DE ELETRICISTA COM ENCARGOS COMPLEMENTARES","H",22.34,null,null,null,null,null,null,null,null,null,null,null,null,null,null,null,null,"","","",0]
["Composição Auxiliar"," 88264 ","SINAPI","ELETRICISTA COM ENCARGOS COMPLEMENTARES","H",0.6998,27.8,19.45,null,null,null,null,null,"88264","ELETRICISTA COM ENCARGOS COMPLEMENTARES","H",27.8,null,null,null,null,null,null,null,null,null,null,null,null,null,null,null,null,"","","",0]
["Insumo"," 00011950 ","SINAPI","BUCHA DE NYLON SEM ABA S6, COM PARAFUSO DE 4,20 X 40 MM EM ACO ZINCADO COM ROSCA SOBERBA, CABECA CHATA E FENDA PHILLIPS","UN",2,0.24,0.48,null,null,null,null,null,"00011950","BUCHA DE NYLON SEM ABA S6, COM PARAFUSO DE 4,20 X 40 MM EM ACO ZINCADO COM ROSCA SOBERBA, CABECA CHATA E FENDA PHILLIPS","UN",0.24,null,null,null,null,null,null,null,null,null,null,null,null,null,null,null,null,"","","",0]
["Insumo"," 00002596 ","SINAPI","CONDULETE DE ALUMINIO TIPO X, PARA ELETRODUTO ROSCAVEL DE 2\", COM TAMPA CEGA","UN",1,65.56,65.56,null,null,null,null,null,"00002596","CONDULETE DE ALUMINIO TIPO X, PARA ELETRODUTO ROSCAVEL DE 2\", COM TAMPA CEGA","UN",65.56,null,null,null,null,null,null,null,null,null,null,null,null,null,null,null,null,"","","",0]
[null,null,null,null,"LS =>",0,"MO com LS =>",27.22,null,null,null,null,null,"","","LS =>","MO com LS =>",null,null,null,null,null,null,null,null,null,null,null,null,null,null,null,null,"","","",0]
[null,null,null,null,null,"Valor sem BDI =>",null,101.12,null,null,null,null,null,"","","",0,null,null,null,null,null,null,null,null,null,null,null,null,null,null,null,null,"","","",0]
[null,null,null,null,null,null,null,null,null,null,null,null,null,"","","",0,null,null,null,null,null,null,null,null,null,null,null,null,null,null,null,null,"","","",0]
[" 14.1.1.6 ","Código","Banco","Descrição","Und","Quant.","Valor Unit","Total",null,null,null,null,null,"CÓDIGO","DESCRIÇÃO","UND","Valor Unit",null,null,null,null,null,null,null,null,null,null,null,null,null,null,null,null,"","","",0]
["Composição"," JMV-CRAS-041 ","Próprio","CONDULETE DE ALUMÍNIO, TIPO X, PARA ELETRODUTO DE AÇO GALVANIZADO DN 25 MM (1''), APARENTE, INCLUSIVE PLACA COM FURO CENTRAL - FORNECIMENTO E INSTALAÇÃO. AF_11/2016_P - BASEADA EM SINAPI (95802)","UN",1,70.04,70.04,null,null,null,null,null,"JMV-CRAS-041","CONDULETE DE ALUMÍNIO, TIPO X, PARA ELETRODUTO DE AÇO GALVANIZADO DN 25 MM (1''), APARENTE, INCLUSIVE PLACA COM FURO CENTRAL - FORNECIMENTO E INSTALAÇÃO. AF_11/2016_P - BASEADA EM SINAPI (95802)","UN",70.04,null,null,null,null,null,null,null,null,null,null,null,null,null,null,null,null,"","","",0]
["Composição Auxiliar"," 88247 ","SINAPI","AUXILIAR DE ELETRICISTA COM ENCARGOS COMPLEMENTARES","H",0.5385,22.34,12.03,null,null,null,null,null,"88247","AUXILIAR DE ELETRICISTA COM ENCARGOS COMPLEMENTARES","H",22.34,null,null,null,null,null,null,null,null,null,null,null,null,null,null,null,null,"","","",0]
["Composição Auxiliar"," 88264 ","SINAPI","ELETRICISTA COM ENCARGOS COMPLEMENTARES","H",0.5385,27.8,14.97,null,null,null,null,null,"88264","ELETRICISTA COM ENCARGOS COMPLEMENTARES","H",27.8,null,null,null,null,null,null,null,null,null,null,null,null,null,null,null,null,"","","",0]
["Insumo"," 00011950 ","SINAPI","BUCHA DE NYLON SEM ABA S6, COM PARAFUSO DE 4,20 X 40 MM EM ACO ZINCADO COM ROSCA SOBERBA, CABECA CHATA E FENDA PHILLIPS","UN",2,0.24,0.48,null,null,null,null,null,"00011950","BUCHA DE NYLON SEM ABA S6, COM PARAFUSO DE 4,20 X 40 MM EM ACO ZINCADO COM ROSCA SOBERBA, CABECA CHATA E FENDA PHILLIPS","UN",0.24,null,null,null,null,null,null,null,null,null,null,null,null,null,null,null,null,"","","",0]
["Insumo"," MATED-17871 ","SETOP","CONDULETE (MATERIAL: ALUMÍNIO|TIPO: MÚLTIPLO \"X\" OU \"L\"|DIÂMETRO DO ENCAIXE: 1\"[25MM]|TAMPA: NÃO INCLUSO)","un",1,10.97,10.97,null,null,null,null,null,"MATED-17871","CONDULETE (MATERIAL: ALUMÍNIO|TIPO: MÚLTIPLO \"X\" OU \"L\"|DIÂMETRO DO ENCAIXE: 1\"[25MM]|TAMPA: NÃO INCLUSO)","UN",10.97,null,null,null,null,null,null,null,null,null,null,null,null,null,null,null,null,"","","",0]
["Insumo"," 003595 ","SBC","ESPELHO/PLACA COM UM FURO REDONDO","UN",1,31.59,31.59,null,null,null,null,null,"003595","ESPELHO/PLACA COM UM FURO REDONDO","UN",31.59,null,null,null,null,null,null,null,null,null,null,null,null,null,null,null,null,"","","",0]
[null,null,null,null,"LS =>",0,"MO com LS =>",20.94,null,null,null,null,null,"","","LS =>","MO com LS =>",null,null,null,null,null,null,null,null,null,null,null,null,null,null,null,null,"","","",0]
[null,null,null,null,null,"Valor sem BDI =>",null,70.04,null,null,null,null,null,"","","",{"$f":"G265","v":0},null,null,null,null,null,null,null,null,null,null,null,null,null,null,null,null,"","","",0]
[null,null,null,null,null,null,null,null,null,null,null,null,null,"","","",0,null,null,null,null,null,null,null,null,null,null,null,null,null,null,null,null,"","","",0]
[" 14.1.1.18 ","Código","Banco","Descrição","Und","Quant.","Valor Unit","Total",null,null,null,null,null,"CÓDIGO","DESCRIÇÃO","UND","Valor Unit",null,null,null,null,null,null,null,null,null,null,null,null,null,null,null,null,"","","",0]
["Composição"," JMV-CRAS-042 ","Próprio","PERFILADO METALICO 38x38mm PERFURADO-VARA 6,0m - BASEADA EM SBC (060504)","UN",1,149.34,149.34,null,null,null,null,null,"JMV-CRAS-042","PERFILADO METALICO 38X38MM PERFURADO-VARA 6,0M - BASEADA EM SBC (060504)","UN",149.34,null,null,null,null,null,null,null,null,null,null,null,null,null,null,null,null,"","","",0]
["Composição Auxiliar"," 88264 ","SINAPI","ELETRICISTA COM ENCARGOS COMPLEMENTARES","H",0.914,27.8,25.4,null,null,null,null,null,"88264","ELETRICISTA COM ENCARGOS COMPLEMENTARES","H",27.8,null,null,null,null,null,null,null,null,null,null,null,null,null,null,null,null,"","","",0]
["Composição Auxiliar"," 88247 ","SINAPI","AUXILIAR DE ELETRICISTA COM ENCARGOS COMPLEMENTARES","H",0.914,22.34,20.41,null,null,null,null,null,{"$f":"UPPER(TRIM(B270))","v":"88247"},{"$f":"UPPER(TRIM(D270))","v":"AUXILIAR DE ELETRICISTA COM ENCARGOS COMPLEMENTARES"},"H",22.34,null,null,null,null,null,null,null,null,null,null,null,null,null,null,null,null,"","","",0]
["Insumo"," 74.03.06 ","SUDECAP","ELETROCALHA GALV PERFURADA CH.24 SEM TAMPA 400X100 MM","M",1,103.53,103.53,null,null,null,null,null,"74.03.06","ELETROCALHA GALV PERFURADA CH.24 SEM TAMPA 400X100 MM","M",103.53,null,null,null,null,null,null,null,null,null,null,null,null,null,null,null,null,"","","",0]
[null,null,null,null,"LS =>",0,"MO com LS =>",35.55,null,null,null,null,null,"","","LS =>","MO com LS =>",null,null,null,null,null,null,null,null,null,null,null,null,null,null,null,null,"","","",0]
[null,null,null,null,null,"Valor sem BDI =>",null,149.34,null,null,null,null,null,"","","",0,null,null,null,null,null,null,null,null,null,null,null,null,null,null,null,null,"","","",0]
[null,null,null,null,null,null,null,null,null,null,null,null,null,"","","",0,null,null,null,null,null,null,null,null,null,null,null,null,null,null,null,null,"","","",0]
[" 14.1.1.19 ","Código","Banco","Descrição","Und","Quant.","Valor Unit","Total",null,null,null,null,null,"CÓDIGO","DESCRIÇÃO",{"$f":"UPPER(TRIM(E275))","v":"UND"},"Valor Unit",null,null,null,null,null,null,null,null,null,null,null,null,null,null,null,null,"","","",0]
["Composição"," JMV-CRAS-043 ","Próprio","JUNCAO INTERNA TIPO \"T\" PARA PERFILADO 38 x 38mm - BASEADA EM SBC (063007)","UN",1,20.58,20.58,null,null,null,null,null,"JMV-CRAS-043","JUNCAO INTERNA TIPO \"T\" PARA PERFILADO 38 X 38MM - BASEADA EM SBC (063007)","UN",20.58,null,null,null,null,null,null,null,null,null,null,null,null,null,null,null,null,"","","",0]
["Composição Auxiliar"," 88264 ","SINAPI","ELETRICISTA COM ENCARGOS COMPLEMENTARES","H",0.272,27.8,7.56,null,null,null,null,null,"88264","ELETRICISTA COM ENCARGOS COMPLEMENTARES","H",27.8,null,null,null,null,null,null,null,null,null,null,null,null,null,null,null,null,"","","",0]
["Composição Auxiliar"," 88247 ","SINAPI","AUXILIAR DE ELETRICISTA COM ENCARGOS COMPLEMENTARES","H",0.272,22.34,6.07,null,null,null,null,null,"88247","AUXILIAR DE ELETRICISTA COM ENCARGOS COMPLEMENTARES","H",22.34,null,null,null,null,null,null,null,null,null,null,null,null,null,null,null,null,"","","",0]
["Insumo"," 001281 ","SBC","JUNCAO INTERNA TIPO T PARA PERFILADO 38 x 38mm","UN",1,6.95,6.95,null,null,null,null,null,"001281","JUNCAO INTERNA TIPO T PARA PERFILADO 38 X 38MM","UN",6.95,null,null,null,null,null,null,null,null,null,null,null,null,null,null,null,null,"","","",0]
[null,null,null,null,"LS =>",0,"MO com LS =>",10.57,null,null,null,null,null,"","","LS =>","MO com LS =>",null,null,null,null,null,null,null,null,null,null,null,null,null,null,null,null,"","","",0]
[null,null,null,null,null,"Valor sem BDI =>",null,20.58,null,null,null,null,null,"","","",0,null,null,null,null,null,null,null,null,null,null,null,null,null,null,null,null,"","","",0]
[null,null,null,null,null,null,null,null,null,null,null,null,null,"","","",0,null,null,null,null,null,null,null,null,null,null,null,null,null,null,null,null,{"$f":"UPPER(TRIM(V282))","v":""},{"$f":"UPPER(TRIM(X282))","v":""},{"$f":"UPPER(TRIM(Y282))","v":""},{"$f":"AB282","v":0}]
[" 14.1.1.20 ","Código","Banco","Descrição","Und","Quant.","Valor Unit","Total",null,null,null,null,null,"CÓDIGO","DESCRIÇÃO","UND","Valor Unit",null,null,null,null,null,null,null,null,null,null,null,null,null,null,null,null,"","","",0]
["Composição"," JMV-CRAS-044 ","Próprio","JUNCAO INTERNA TIPO \"X\" PARA PERFILADO 38 x 38mm - BASEADA EM SBC (063452)","UN",1,12.3,12.3,null,null,null,null,null,"JMV-CRAS-044","JUNCAO INTERNA TIPO \"X\" PARA PERFILADO 38 X 38MM - BASEADA EM SBC (063452)","UN",12.3,null,null,null,null,null,null,null,null,null,null,null,null,null,null,null,null,"","","",0]
["Composição Auxiliar"," 88264 ","SINAPI","ELETRICISTA COM ENCARGOS COMPLEMENTARES","H",0.062,27.8,1.72,null,null,null,null,null,"88264","ELETRICISTA COM ENCARGOS COMPLEMENTARES","H",27.8,null,null,null,null,null,null,null,null,null,null,null,null,null,null,null,null,"","","",0]
["Composição Auxiliar"," 88247 ","SINAPI","AUXILIAR DE ELETRICISTA COM ENCARGOS COMPLEMENTARES","H",0.062,22.34,1.38,null,null,null,null,null,"88247","AUXILIAR DE ELETRICISTA COM ENCARGOS COMPLEMENTARES","H",22.34,null,null,null,null,null,null,null,null,null,null,null,null,null,null,null,null,"","","",0]
["Insumo"," 001282 ","SBC","JUNCAO INTERNA TIPO X PARA PERFILADO 38 x 38mm","UN",1,9.2,9.2,null,null,null,null,null,"001282","JUNCAO INTERNA TIPO X PARA PERFILADO 38 X 38MM","UN",9.2,null,null,null,null,null,null,null,null,null,null,null,null,null,null,null,null,"","","",0]
[null,null,null,null,"LS =>",0,"MO com LS =>",2.4,null,null,null,null,null,"","","LS =>","MO com LS =>",null,null,null,null,null,null,null,null,null,null,null,null,null,null,null,null,"","","",0]
[null,null,null,null,null,"Valor sem BDI =>",null,12.3,null,null,null,null,null,"","","",0,null,null,null,null,null,null,null,null,null,null,null,null,null,null,null,null,"","","",0]
[null,null,null,null,null,null,null,null,null,null,null,null,null,"","","",0,null,null,null,null,null,null,null,null,null,null,null,null,null,null,null,null,"","","",0]
[" 14.1.2.10 ","Código","Banco","Descrição","Und","Quant.","Valor Unit","Total",null,null,null,null,null,"CÓDIGO","DESCRIÇÃO","UND","Valor Unit",null,null,null,null,null,null,null,null,null,null,null,null,null,null,null,null,"","","",0]
["Composição"," JMV-CRAS-045 ","Próprio","CONJUNTO PARA CONDULETE DE 1\" (25MM) COM DUAS (2) TOMADA PADRÃO, TRÊS (3) POLOS, CORRENTE 10A, TENSÃO 250V, (2P+T/10A-250V) E PLACA DE DOIS (2) POSTOS, INCLUSIVE FORNECIMENTO, INSTALAÇÃO, SUPORTE, MÓDULO E PLACA, EXCLUSIVE CONDULETE - BASEADA EM SETOP (ED-17982)","un",1,47.47,47.47,null,null,null,null,null,"JMV-CRAS-045","CONJUNTO PARA CONDULETE DE 1\" (25MM) COM DUAS (2) TOMADA PADRÃO, TRÊS (3) POLOS, CORRENTE 10A, TENSÃO 250V, (2P+T/10A-250V) E PLACA DE DOIS (2) POSTOS, INCLUSIVE FORNECIMENTO, INSTALAÇÃO, SUPORTE, MÓDULO E PLACA, EXCLUSIVE CONDULETE - BASEADA EM SETOP (ED-17982)","UN",47.47,null,null,null,null,null,null,null,null,null,null,null,null,null,null,null,null,"","","",0]
[null,null,null,null,"Custo Horário de Execução =>",null,null,0,null,null,null,null,null,"","","CUSTO HORÁRIO DE EXECUÇÃO =>",0,null,null,null,null,null,null,null,null,null,null,null,null,null,null,null,null,"","","",0]
[null,null,null,null,"Fator de Influencia da Chuva - FIC =>",null,null,0,null,null,null,null,null,"","","FATOR DE INFLUENCIA DA CHUVA - FIC =>",0,null,null,null,null,null,null,null,null,null,null,null,null,null,null,null,null,"","","",0]
[null,null,null,null,"Custo do FIC =>",null,null,0,null,null,null,null,null,"","","CUSTO DO FIC =>",0,null,null,null,null,null,null,null,null,null,null,null,null,null,null,null,null,"","","",0]
[null,null,null,null,"Produção de Equipe =>",null,null,0,null,null,null,null,null,"","","PRODUÇÃO DE EQUIPE =>",0,null,null,null,null,null,null,null,null,null,null,null,null,null,null,null,null,"","","",0]
[null,null,null,null,"Custo Unitário de Execução =>",null,null,0,null,null,null,null,null,"","","CUSTO UNITÁRIO DE EXECUÇÃO =>",0,null,null,null,null,null,null,null,null,null,null,null,null,null,null,null,null,"","","",0]
["C","Banco","Código","Material","Preço Unitário",null,null,"Custo Horário",null,null,null,null,null,"BANCO","MATERIAL","PREÇO UNITÁRIO",0,null,null,null,null,null,null,null,null,null,null,null,null,null,null,null,null,"","","",0]
["Insumo","SETOP","MATED-17898","MÓDULO TOMADA COM SUPORTE (PÓLOS: 2P+T| CORRENTE: 10A|TENSÃO: 250V|MATERIAL: TERMOPLÁSTICO| REFERÊNCIA: 054328 SILENTOQUE, BLANC FAME OU EQUIVALENTE)",14.86,null,null,29.72,null,null,null,null,null,"SETOP","MÓDULO TOMADA COM SUPORTE (PÓLOS: 2P+T| CORRENTE: 10A|TENSÃO: 250V|MATERIAL: TERMOPLÁSTICO| REFERÊNCIA: 054328 SILENTOQUE, BLANC FAME OU EQUIVALENTE)","14,86",0,null,null,null,null,null,null,null,null,null,null,null,null,null,null,null,null,"","","",0]
["Insumo","SBC",18031,"TAMPA 2 MODULOS CONDULETE TOP 1\"",6.4,null,null,6.4,null,null,null,null,null,"SBC","TAMPA 2 MODULOS CONDULETE TOP 1\"","6,4",0,null,null,null,null,null,null,null,null,null,null,null,null,null,null,null,null,"","","",0]
[null,null,null,null,"Custo Total do Material =>",null,null,36.12,null,null,null,null,null,"","","CUSTO TOTAL DO MATERIAL =>",0,null,null,null,null,null,null,null,null,null,null,null,null,null,null,null,null,"","","",0]
["D","Banco","Código","Atividades Auxiliares","Preço Unitário",null,null,"Custo Horário",null,null,null,null,null,"BANCO","ATIVIDADES AUXILIARES","PREÇO UNITÁRIO",0,null,null,null,null,null,null,null,null,null,null,null,null,null,null,null,null,"","","",0]
["Atividade Auxiliar","SETOP","ED-50362","AJUDANTE DE ELETRICISTA COM ENCARGOS COMPLEMENTARES",20.37,null,null,3.2474,null,null,null,null,null,"SETOP","AJUDANTE DE ELETRICISTA COM ENCARGOS COMPLEMENTARES","20,37",0,null,null,null,null,null,null,null,null,null,null,null,null,null,null,null,null,"","","",0]
["Atividade Auxiliar","SETOP","ED-50373","ELETRICISTA COM ENCARGOS COMPLEMENTARES",25.42,null,null,8.1049,null,null,null,null,null,"SETOP","ELETRICISTA COM ENCARGOS COMPLEMENTARES","25,42",0,null,null,null,null,null,null,null,null,null,null,null,null,null,null,null,null,"","","",0]
[null,null,null,null,"Custo Total das Atividades =>",null,null,11.3523,null,null,null,null,null,"","","CUSTO TOTAL DAS ATIVIDADES =>",0,null,null,null,null,null,null,null,null,null,null,null,null,null,null,null,null,"","","",0]
[null,null,null,null,"LS =>",0,"MO com LS =>",9.0099207472716,null,null,null,null,null,"","","LS =>","MO com LS =>",null,null,null,null,null,null,null,null,null,null,null,null,null,null,null,null,"","","",0]
[null,null,null,null,null,"Valor sem BDI =>",null,47.47,null,null,null,null,null,"","","",0,null,null,null,null,null,null,null,null,null,null,null,null,null,null,null,null,"","","",0]
[null,null,null,null,null,null,null,null,null,null,null,null,null,"","","",0,null,null,null,null,null,null,null,null,null,null,null,null,null,null,null,null,"","","",0]
[" 14.1.2.11 ","Código","Banco","Descrição","Und","Quant.","Valor Unit","Total",null,null,null,null,null,"CÓDIGO","DESCRIÇÃO","UND","Valor Unit",null,null,null,null,null,null,null,null,null,null,null,null,null,null,null,null,"","","",0]
["Composição"," JMV-CRAS-067 ","Próprio","TOMADA SIMPLES DE PISO 2P+T 20A-250V C/ PLACA EM LATÃO CAIXA 4\"X2\" (NÃO INCLUI A CAIXA) - BASEADO EM SEINFRA (C4793)","UN",1,74.84,74.84,null,null,null,null,null,"JMV-CRAS-067","TOMADA SIMPLES DE PISO 2P+T 20A-250V C/ PLACA EM LATÃO CAIXA 4\"X2\" (NÃO INCLUI A CAIXA) - BASEADO EM SEINFRA (C4793)","UN",74.84,null,null,null,null,null,null,null,null,null,null,null,null,null,null,null,null,"","","",0]
["Composição Auxiliar"," 88264 ","SINAPI","ELETRICISTA COM ENCARGOS COMPLEMENTARES","H",0.75,27.8,20.85,null,null,null,null,null,"88264","ELETRICISTA COM ENCARGOS COMPLEMENTARES","H",27.8,null,null,null,null,null,null,null,null,null,null,null,null,null,null,null,null,"","","",0]
["Composição Auxiliar"," 88247 ","SINAPI","AUXILIAR DE ELETRICISTA COM ENCARGOS COMPLEMENTARES","H",0.75,22.34,16.75,null,null,null,null,null,"88247","AUXILIAR DE ELETRICISTA COM ENCARGOS COMPLEMENTARES","H",22.34,null,null,null,null,null,null,null,null,null,null,null,null,null,null,null,null,"","","",0]
["Insumo"," 004791 ","SBC","TOMADA 2P+T PARA TAMPA DE PISO 10A 250V TRAMONTINA","UN",1,18.9,18.9,null,null,null,null,null,"004791","TOMADA 2P+T PARA TAMPA DE PISO 10A 250V TRAMONTINA","UN",18.9,null,null,null,null,null,null,null,null,null,null,null,null,null,null,null,null,"","","",0]
["Insumo"," 002071 ","SBC","TAMPA 4X2 PARA TOMADA DE PISO INOX STAMPLAC","UN",1,18.34,18.34,null,null,null,null,null,"002071","TAMPA 4X2 PARA TOMADA DE PISO INOX STAMPLAC","UN",18.34,null,null,null,null,null,null,null,null,null,null,null,null,null,null,null,null,"","","",0]
[null,null,null,null,"LS =>",0,"MO com LS =>",29.17,null,null,null,null,null,"","","LS =>","MO com LS =>",null,null,null,null,null,null,null,null,null,null,null,null,null,null,null,null,"","","",0]
[null,null,null,null,null,"Valor sem BDI =>",null,74.84,null,null,null,null,null,"","","",0,null,null,null,null,null,null,null,null,null,null,null,null,null,null,null,null,"","","",0]
[null,null,null,null,null,null,null,null,null,null,null,null,null,"","","",0,null,null,null,null,null,null,null,null,null,null,null,null,null,null,null,null,"","","",0]
[" 14.1.2.13 ","Código","Banco","Descrição","Und","Quant.","Valor Unit","Total",null,null,null,null,null,"CÓDIGO","DESCRIÇÃO","UND","Valor Unit",null,null,null,null,null,null,null,null,null,null,null,null,null,null,null,null,"","","",0]
["Composição"," JMV-CRAS-068 ","Próprio","LUMINÁRIA DE SOBREPOR, 2 LAMPADAS LED T8 10W - Baseada em ORSE (12369)","un",1,152.95,152.95,null,null,null,null,null,"JMV-CRAS-068","LUMINÁRIA DE SOBREPOR, 2 LAMPADAS LED T8 10W - BASEADA EM ORSE (12369)","UN",152.95,null,null,null,null,null,null,null,null,null,null,null,null,null,null,null,null,"","","",0]
["Composição Auxiliar"," 88264 ","SINAPI","ELETRICISTA COM ENCARGOS COMPLEMENTARES","H",1,27.8,27.8,null,null,null,null,null,"88264","ELETRICISTA COM ENCARGOS COMPLEMENTARES","H",27.8,null,null,null,null,null,null,null,null,null,null,null,null,null,null,null,null,"","","",0]
["Composição Auxiliar"," 88316 ","SINAPI","SERVENTE COM ENCARGOS COMPLEMENTARES","H",1,19.76,19.76,null,null,null,null,null,"88316","SERVENTE COM ENCARGOS COMPLEMENTARES","H",19.76,null,null,null,null,null,null,null,null,null,null,null,null,null,null,null,null,"","","",0]
["Insumo"," 00039386 ","SINAPI","LAMPADA LED TUBULAR BIVOLT 9/10 W, BASE G13","UN",2,13.23,26.46,null,null,null,null,null,"00039386","LAMPADA LED TUBULAR BIVOLT 9/10 W, BASE G13","UN",13.23,null,null,null,null,null,null,null,null,null,null,null,null,null,null,null,null,"","","",0]
["Insumo"," 00021127 ","SINAPI","FITA ISOLANTE ADESIVA ANTICHAMA, USO ATE 750 V, EM ROLO DE 19 MM X 5 M","UN",0.5,3.39,1.69,null,null,null,null,null,"00021127","FITA ISOLANTE ADESIVA ANTICHAMA, USO ATE 750 V, EM ROLO DE 19 MM X 5 M","UN",3.39,null,null,null,null,null,null,null,null,null,null,null,null,null,null,null,null,"","","",0]
["Insumo"," 046947 ","IOPES","LUMINARIA SOBR 2X09/10W (2X16W) CORPO CH ACO PINT ELETROST REFLETOR E ALETAS - REF. CS216AL-N - AMS; 1261 ? LUMAVI; SO004000 - CLARON/EQUIVALENTE (LABOR)","UN",1,77.24,77.24,null,null,null,null,null,"046947","LUMINARIA SOBR 2X09/10W (2X16W) CORPO CH ACO PINT ELETROST REFLETOR E ALETAS - REF. CS216AL-N - AMS; 1261 ? LUMAVI; SO004000 - CLARON/EQUIVALENTE (LABOR)","UN",77.24,null,null,null,null,null,null,null,null,null,null,null,null,null,null,null,null,"","","",0]
[null,null,null,null,"LS =>",0,"MO com LS =>",36.48,null,null,null,null,null,"","","LS =>","MO com LS =>",null,null,null,null,null,null,null,null,null,null,null,null,null,null,null,null,"","","",0]
[null,null,null,null,null,"Valor sem BDI =>",null,152.95,null,null,null,null,null,"","","",0,null,null,null,null,null,null,null,null,null,null,null,null,null,null,null,null,"","","",0]
[null,null,null,null,null,null,null,null,null,null,null,null,null,"","","",0,null,null,null,null,null,null,null,null,null,null,null,null,null,null,null,null,"","","",0]
[" 14.1.2.14 ","Código","Banco","Descrição","Und","Quant.","Valor Unit","Total",null,null,null,null,null,"CÓDIGO","DESCRIÇÃO","UND","Valor Unit",null,null,null,null,null,null,null,null,null,null,null,null,null,null,null,null,"","","",0]
["Composição"," JMV-CRAS-069 ","Próprio","FORNECIMENTO E INSTALAÇÃO DE LUMINÁRIA DE SOBREPOR COM 2 LÂMPADAS LED T8 DE 20W.. REF.: LUMICENTER CAN03-E216 OU EQUIVALENTE. - BASEADA EM SINAPI 97587","UN",1,120.64,120.64,null,null,null,null,null,"JMV-CRAS-069","FORNECIMENTO E INSTALAÇÃO DE LUMINÁRIA DE SOBREPOR COM 2 LÂMPADAS LED T8 DE 20W.. REF.: LUMICENTER CAN03-E216 OU EQUIVALENTE. - BASEADA EM SINAPI 97587","UN",{"$f":"G329","v":120.64},null,null,null,null,null,null,null,null,null,null,null,null,null,null,null,null,"","","",0]
["Composição Auxiliar"," 88247 ","SINAPI","AUXILIAR DE ELETRICISTA COM ENCARGOS COMPLEMENTARES","H",0.148,22.34,3.3,null,null,null,null,null,"88247","AUXILIAR DE ELETRICISTA COM ENCARGOS COMPLEMENTARES","H",22.34,null,null,null,null,null,null,null,null,null,null,null,null,null,null,null,null,"","","",0]
["Composição Auxiliar"," 88264 ","SINAPI","ELETRICISTA COM ENCARGOS COMPLEMENTARES","H",0.3551,27.8,9.87,null,null,null,null,null,"88264","ELETRICISTA COM ENCARGOS COMPLEMENTARES","H",27.8,null,null,null,null,null,null,null,null,null,null,null,null,null,null,null,null,"","","",0]
["Insumo"," 00039387 ","SINAPI","LAMPADA LED TUBULAR BIVOLT 18/20 W, BASE G13","UN",2,18.98,37.96,null,null,null,null,null,"00039387","LAMPADA LED TUBULAR BIVOLT 18/20 W, BASE G13","UN",18.98,null,null,null,null,null,null,null,null,null,null,null,null,null,null,null,null,"","","",0]
["Insumo"," 00038784 ","SINAPI","LUMINARIA DE SOBREPOR EM CHAPA DE ACO COM ALETAS PLASTICAS, PARA 2 LAMPADAS, BASE E27, POTENCIA MAXIMA 40/60 W (NAO INCLUI LAMPADAS)","UN",1,69.51,69.51,null,null,null,null,null,"00038784","LUMINARIA DE SOBREPOR EM CHAPA DE ACO COM ALETAS PLASTICAS, PARA 2 LAMPADAS, BASE E27, POTENCIA MAXIMA 40/60 W (NAO INCLUI LAMPADAS)","UN",69.51,null,null,null,null,null,null,null,null,null,null,null,null,null,null,null,null,"","","",0]
[null,null,null,null,"LS =>",0,"MO com LS =>",10.34,null,null,null,null,null,{"$f":"UPPER(TRIM(B334))","v":""},{"$f":"UPPER(TRIM(D334))","v":""},"LS =>","MO com LS =>",null,null,null,null,null,null,null,null,null,null,null,null,null,null,null,null,"","","",0]
[null,null,null,null,null,"Valor sem BDI =>",null,120.64,null,null,null,null,null,"","","",0,null,null,null,null,null,null,null,null,null,null,null,null,null,null,null,null,"","","",0]
[null,null,null,null,null,null,null,null,null,null,null,null,null,"","","",0,null,null,null,null,null,null,null,null,null,null,null,null,null,null,null,null,"","","",0]
[" 14.1.2.16 ","Código","Banco","Descrição","Und","Quant.","Valor Unit","Total",null,null,null,null,null,"CÓDIGO","DESCRIÇÃO","UND","Valor Unit",null,null,null,null,null,null,null,null,null,null,null,null,null,null,null,null,"","","",0]
["Composição"," JMV-CRAS-070 ","Próprio","ILUMINACAO-POSTE ACO RETO ENGASTADO H=6,0M - BASEADA EM SBC (172860)","UN",1,1415.31,1415.31,null,null,null,null,null,"JMV-CRAS-070","ILUMINACAO-POSTE ACO RETO ENGASTADO H=6,0M - BASEADA EM SBC (172860)","UN",1415.31,null,null,null,null,null,null,null,null,null,null,null,null,null,null,null,null,"","","",0]
["Composição Auxiliar"," 88309 ","SINAPI","PEDREIRO COM ENCARGOS COMPLEMENTARES","H",6.084,27.45,167,null,null,null,null,null,"88309","PEDREIRO COM ENCARGOS COMPLEMENTARES",{"$f":"UPPER(TRIM(E339))","v":"H"},27.45,null,null,null,null,null,null,null,null,null,null,null,null,null,null,null,null,"","","",0]
["Composição Auxiliar"," 90776 ","SINAPI","ENCARREGADO GERAL COM ENCARGOS COMPLEMENTARES","H",0.652,50.2,32.73,null,null,null,null,null,"90776","ENCARREGADO GERAL COM ENCARGOS COMPLEMENTARES","H",50.2,null,null,null,null,null,null,null,null,null,null,null,null,null,null,null,null,"","","",0]
["Composição Auxiliar"," 88316 ","SINAPI","SERVENTE COM ENCARGOS COMPLEMENTARES","H",19.554,19.76,386.38,null,null,null,null,null,"88316","SERVENTE COM ENCARGOS COMPLEMENTARES","H",19.76,null,null,null,null,null,null,null,null,null,null,null,null,null,null,null,null,"","","",0]
["Insumo"," 00001379 ","SINAPI","CIMENTO PORTLAND COMPOSTO CP II-32","KG",70,0.78,54.6,null,null,null,null,null,"00001379","CIMENTO PORTLAND COMPOSTO CP II-32","KG",0.78,null,null,null,null,null,null,null,null,null,null,null,null,null,null,null,null,"","","",0]
["Insumo"," 00000367 ","SINAPI","AREIA GROSSA - POSTO JAZIDA/FORNECEDOR (RETIRADO NA JAZIDA, SEM TRANSPORTE)","m³",0.2,101.3,20.26,null,null,null,null,null,"00000367","AREIA GROSSA - POSTO JAZIDA/FORNECEDOR (RETIRADO NA JAZIDA, SEM TRANSPORTE)","M³",101.3,null,null,null,null,null,null,null,null,null,null,null,null,null,null,null,null,"","","",0]
["Insumo"," 00004718 ","SINAPI","PEDRA BRITADA N. 2 (19 A 38 MM) POSTO PEDREIRA/FORNECEDOR, SEM FRETE","m³",0.3,108.92,32.67,null,null,null,null,null,"00004718","PEDRA BRITADA N. 2 (19 A 38 MM) POSTO PEDREIRA/FORNECEDOR, SEM FRETE","M³",108.92,null,null,null,null,null,null,null,null,null,null,null,null,null,null,null,null,"","","",0]
["Insumo"," P.04.000.040119 ","CPOS","Poste telecônico reto em aço galvanizado a fogo, altura de 4 m, com base, chumbadores, porcas e arruelas","UN",1,721.67,721.67,null,null,null,null,null,"P.04.000.040119","POSTE TELECÔNICO RETO EM AÇO GALVANIZADO A FOGO, ALTURA DE 4 M, COM BASE, CHUMBADORES, PORCAS E ARRUELAS","UN",721.67,null,null,null,null,null,null,null,null,null,null,null,null,null,null,null,null,"","","",0]
[null,null,null,null,"LS =>",0,"MO com LS =>",443.47,null,null,null,null,null,"","","LS =>","MO com LS =>",null,null,null,null,null,null,null,null,null,null,null,null,null,null,null,null,{"$f":"UPPER(TRIM(V346))","v":""},{"$f":"UPPER(TRIM(X346))","v":""},{"$f":"UPPER(TRIM(Y346))","v":""},{"$f":"AB346","v":0}]
[null,null,null,null,null,"Valor sem BDI =>",null,1415.31,null,null,null,null,null,"","","",0,null,null,null,null,null,null,null,null,null,null,null,null,null,null,null,null,"","","",0]
[null,null,null,null,null,null,null,null,null,null,null,null,null,"","","",0,null,null,null,null,null,null,null,null,null,null,null,null,null,null,null,null,"","","",0]
[" 14.1.4.1 ","Código","Banco","Descrição","Und","Quant.","Valor Unit","Total",null,null,null,null,null,"CÓDIGO","DESCRIÇÃO","UND","Valor Unit",null,null,null,null,null,null,null,null,null,null,null,null,null,null,null,null,"","","",0]
["Composição"," JMV-CRAS-046 ","Próprio","QUADRO DE DISTRIBUIÇÃO DE ENERGIA EM CHAPA DE AÇO GALVANIZADO, DE SOBREPOR, COM BARRAMENTO TRIFÁSICO, PARA 48 DISJUNTORES DIN 100A - FORNECIMENTO E INSTALAÇÃO. AF_10/2020 - BASEADA EM SINAPI (101878)","UN",1,1160.39,1160.39,null,null,null,null,null,"JMV-CRAS-046","QUADRO DE DISTRIBUIÇÃO DE ENERGIA EM CHAPA DE AÇO GALVANIZADO, DE SOBREPOR, COM BARRAMENTO TRIFÁSICO, PARA 48 DISJUNTORES DIN 100A - FORNECIMENTO E INSTALAÇÃO. AF_10/2020 - BASEADA EM SINAPI (101878)","UN",1160.39,null,null,null,null,null,null,null,null,null,null,null,null,null,null,null,null,"","","",0]
["Composição Auxiliar"," 88247 ","SINAPI","AUXILIAR DE ELETRICISTA COM ENCARGOS COMPLEMENTARES","H",1.5233,22.34,34.03,null,null,null,null,null,"88247","AUXILIAR DE ELETRICISTA COM ENCARGOS COMPLEMENTARES","H",22.34,null,null,null,null,null,null,null,null,null,null,null,null,null,null,null,null,"","","",0]
["Composição Auxiliar"," 88264 ","SINAPI","ELETRICISTA COM ENCARGOS COMPLEMENTARES","H",1.5233,27.8,42.34,null,null,null,null,null,"88264","ELETRICISTA COM ENCARGOS COMPLEMENTARES","H",27.8,null,null,null,null,null,null,null,null,null,null,null,null,null,null,null,null,"","","",0]
["Insumo"," 00039761 ","SINAPI","QUADRO DE DISTRIBUICAO COM BARRAMENTO TRIFASICO, DE SOBREPOR, EM CHAPA DE ACO GALVANIZADO, PARA 48 DISJUNTORES DIN, 100 A","UN",1,1084.02,1084.02,null,null,null,null,null,"00039761","QUADRO DE DISTRIBUICAO COM BARRAMENTO TRIFASICO, DE SOBREPOR, EM CHAPA DE ACO GALVANIZADO, PARA 48 DISJUNTORES DIN, 100 A","UN",1084.02,null,null,null,null,null,null,null,null,null,null,null,null,null,null,null,null,"","","",0]
[null,null,null,null,"LS =>",0,"MO com LS =>",59.24,null,null,null,null,null,"","","LS =>","MO com LS =>",null,null,null,null,null,null,null,null,null,null,null,null,null,null,null,null,"","","",0]
[null,null,null,null,null,"Valor sem BDI =>",null,1160.39,null,null,null,null,null,"","","",0,null,null,null,null,null,null,null,null,null,null,null,null,null,null,null,null,"","","",0]
[null,null,null,null,null,null,null,null,null,null,null,null,null,"","","",0,null,null,null,null,null,null,null,null,null,null,null,null,null,null,null,null,"","","",0]
[" 14.1.4.6 ","Código","Banco","Descrição","Und","Quant.","Valor Unit","Total",null,null,null,null,null,"CÓDIGO","DESCRIÇÃO","UND","Valor Unit",null,null,null,null,null,null,null,null,null,null,null,null,null,null,null,null,"","","",0]
["Composição"," JMV-CRAS-047 ","Próprio","QUADRO DE DISTRIBUICAO DE ENERGIA DE EMBUTIR, BARRAMENTO TRIFASICO DE 225A, CAPACIDADE PARA 56 MODULOS DIN DA CEMAR OU SIMILAR - FORNECIMENTO E INSTALACAO - BASEADA DA AGESUL (1201005018)","UN",1,1844.34,1844.34,null,null,null,null,null,"JMV-CRAS-047","QUADRO DE DISTRIBUICAO DE ENERGIA DE EMBUTIR, BARRAMENTO TRIFASICO DE 225A, CAPACIDADE PARA 56 MODULOS DIN DA CEMAR OU SIMILAR - FORNECIMENTO E INSTALACAO - BASEADA DA AGESUL (1201005018)","UN",1844.34,null,null,null,null,null,null,null,null,null,null,null,null,null,null,null,null,"","","",0]
["Composição Auxiliar"," 88264 ","SINAPI","ELETRICISTA COM ENCARGOS COMPLEMENTARES","H",6,27.8,166.8,null,null,null,null,null,"88264","ELETRICISTA COM ENCARGOS COMPLEMENTARES","H",27.8,null,null,null,null,null,null,null,null,null,null,null,null,null,null,null,null,"","","",0]
["Composição Auxiliar"," 88247 ","SINAPI","AUXILIAR DE ELETRICISTA COM ENCARGOS COMPLEMENTARES","H",6,22.34,134.04,null,null,null,null,null,"88247","AUXILIAR DE ELETRICISTA COM ENCARGOS COMPLEMENTARES","H",22.34,null,null,null,null,null,null,null,null,null,null,null,null,null,null,null,null,"","","",0]
["Insumo"," 7609 ","AGESUL","QUADRO DE DISTRIBUICAO DE ENERGIA DE EMBUTIR, COM BARRAMENTO TRIFASICO DE 225A, CAPACIDADE PARA 56 MODULOS DIN DA CEMAR OU SIMILAR","UN",1,1543.5,1543.5,null,null,null,null,null,"7609","QUADRO DE DISTRIBUICAO DE ENERGIA DE EMBUTIR, COM BARRAMENTO TRIFASICO DE 225A, CAPACIDADE PARA 56 MODULOS DIN DA CEMAR OU SIMILAR","UN",1543.5,null,null,null,null,null,null,null,null,null,null,null,null,null,null,null,null,"","","",0]
[null,null,null,null,"LS =>",0,"MO com LS =>",233.4,null,null,null,null,null,"","","LS =>","MO com LS =>",null,null,null,null,null,null,null,null,null,null,null,null,null,null,null,null,"","","",0]
[null,null,null,null,null,"Valor sem BDI =>",null,1844.34,null,null,null,null,null,"","","",0,null,null,null,null,null,null,null,null,null,null,null,null,null,null,null,null,"","","",0]
[null,null,null,null,null,null,null,null,null,null,null,null,null,"","","",0,null,null,null,null,null,null,null,null,null,null,null,null,null,null,null,null,"","","",0]
[" 14.1.4.7 ","Código","Banco","Descrição","Und","Quant.","Valor Unit","Total",null,null,null,null,null,"CÓDIGO","DESCRIÇÃO","UND","Valor Unit",null,null,null,null,null,null,null,null,null,null,null,null,null,null,null,null,"","","",0]
["Composição"," JMV-CRAS-048 ","Próprio","DISPOSITIVO DE PROTEÇÃO DE SURTO, CLASSE 2 - BASEADA EM ORSE (13174)","un",1,133.28,133.28,null,null,null,null,null,"JMV-CRAS-048","DISPOSITIVO DE PROTEÇÃO DE SURTO, CLASSE 2 - BASEADA EM ORSE (13174)","UN",133.28,null,null,null,null,null,null,null,null,null,null,null,null,null,null,null,null,"","","",0]
["Composição Auxiliar"," 88316 ","SINAPI","SERVENTE COM ENCARGOS COMPLEMENTARES","H",0.3,19.76,5.92,null,null,null,null,null,"88316","SERVENTE COM ENCARGOS COMPLEMENTARES","H",19.76,null,null,null,null,null,null,null,null,null,null,null,null,null,null,null,null,"","","",0]
["Composição Auxiliar"," 88264 ","SINAPI","ELETRICISTA COM ENCARGOS COMPLEMENTARES","H",0.3,27.8,8.34,null,null,null,null,null,"88264","ELETRICISTA COM ENCARGOS COMPLEMENTARES","H",27.8,null,null,null,null,null,null,null,null,null,null,null,null,null,null,null,null,"","","",0]
["Insumo"," 00039465 ","SINAPI","DISPOSITIVO DPS CLASSE II, 1 POLO, TENSAO MAXIMA DE 175 V, CORRENTE MAXIMA DE *20* KA (TIPO AC)","UN",1,119.02,119.02,null,null,null,null,null,{"$f":"UPPER(TRIM(B369))","v":"00039465"},{"$f":"UPPER(TRIM(D369))","v":"DISPOSITIVO DPS CLASSE II, 1 POLO, TENSAO MAXIMA DE 175 V, CORRENTE MAXIMA DE *20* KA (TIPO AC)"},{"$f":"UPPER(TRIM(E369))","v":"UN"},{"$f":"G369","v":119.02},null,null,null,null,null,null,null,null,null,null,null,null,null,null,null,null,{"$f":"UPPER(TRIM(V369))","v":""},{"$f":"UPPER(TRIM(X369))","v":""},{"$f":"UPPER(TRIM(Y369))","v":""},{"$f":"AB369","v":0}]
[null,null,null,null,"LS =>",0,"MO com LS =>",10.94,null,null,null,null,null,"","","LS =>","MO com LS =>",null,null,null,null,null,null,null,null,null,null,null,null,null,null,null,null,"","","",0]
[null,null,null,null,null,"Valor sem BDI =>",null,133.28,null,null,null,null,null,"","","",0,null,null,null,null,null,null,null,null,null,null,null,null,null,null,null,null,"","","",0]
[null,null,null,null,null,null,null,null,null,null,null,null,null,"","","",0,null,null,null,null,null,null,null,null,null,null,null,null,null,null,null,null,"","","",0]
[" 14.1.4.11 ","Código","Banco","Descrição","Und","Quant.","Valor Unit","Total",null,null,null,null,null,"CÓDIGO","DESCRIÇÃO","UND","Valor Unit",null,null,null,null,null,null,null,null,null,null,null,null,null,null,null,null,"","","",0]
["Composição"," JMV-CRAS-049 ","Próprio","CONTATOR MONOPOLAR NOMINAL 10A - FORNECIMENTO E INSTALAÇÃO - BASEADO EM SINAPI (101901)","UN",1,117.81,117.81,null,null,null,null,null,"JMV-CRAS-049","CONTATOR MONOPOLAR NOMINAL 10A - FORNECIMENTO E INSTALAÇÃO - BASEADO EM SINAPI (101901)","UN",117.81,null,null,null,null,null,null,null,null,null,null,null,null,null,null,null,null,"","","",0]
["Composição Auxiliar"," 88247 ","SINAPI","AUXILIAR DE ELETRICISTA COM ENCARGOS COMPLEMENTARES","H",0.1428,22.34,3.19,null,null,null,null,null,"88247","AUXILIAR DE ELETRICISTA COM ENCARGOS COMPLEMENTARES","H",22.34,null,null,null,null,null,null,null,null,null,null,null,null,null,null,null,null,"","","",0]
["Composição Auxiliar"," 88264 ","SINAPI","ELETRICISTA COM ENCARGOS COMPLEMENTARES","H",0.1428,27.8,3.96,null,null,null,null,null,"88264","ELETRICISTA COM ENCARGOS COMPLEMENTARES","H",27.8,null,null,null,null,null,null,null,null,null,null,null,null,null,null,null,null,"","","",0]
["Insumo"," 00001570 ","SINAPI","TERMINAL A COMPRESSAO EM COBRE ESTANHADO PARA CABO 2,5 MM2, 1 FURO E 1 COMPRESSAO, PARA PARAFUSO DE FIXACAO M5","UN",3,1.1,3.3,null,null,null,null,null,"00001570","TERMINAL A COMPRESSAO EM COBRE ESTANHADO PARA CABO 2,5 MM2, 1 FURO E 1 COMPRESSAO, PARA PARAFUSO DE FIXACAO M5","UN",1.1,null,null,null,null,null,null,null,null,null,null,null,null,null,null,null,null,"","","",0]
["Insumo"," M100373053 ","CAEMA","CONTATOR DE POTENCIA 12A, 120V","UN",1,107.36,107.36,null,null,null,null,null,"M100373053","CONTATOR DE POTENCIA 12A, 120V","UN",107.36,null,null,null,null,null,null,null,null,null,null,null,null,null,null,null,null,"","","",0]
[null,null,null,null,"LS =>",0,"MO com LS =>",5.54,null,null,null,null,null,"","","LS =>","MO com LS =>",null,null,null,null,null,null,null,null,null,null,null,null,null,null,null,null,"","","",0]
[null,null,null,null,null,"Valor sem BDI =>",null,117.81,null,null,null,null,null,"","","",0,null,null,null,null,null,null,null,null,null,null,null,null,null,null,null,null,"","","",0]
[null,null,null,null,null,null,null,null,null,null,null,null,null,"","","",0,null,null,null,null,null,null,null,null,null,null,null,null,null,null,null,null,"","","",0]
[" 14.1.4.12 ","Código","Banco","Descrição","Und","Quant.","Valor Unit","Total",null,null,null,null,null,"CÓDIGO","DESCRIÇÃO","UND","Valor Unit",null,null,null,null,null,null,null,null,null,null,null,null,null,null,null,null,"","","",0]
["Composição"," JMV-CRAS-057 ","Próprio","BOTOEIRA COM RETENÇÃO PARA QUADRO/PAINEL - BASEADO EM CPOS (40.20.090)","UN",1,45.13,45.13,null,null,null,null,null,"JMV-CRAS-057","BOTOEIRA COM RETENÇÃO PARA QUADRO/PAINEL - BASEADO EM CPOS (40.20.090)","UN",45.13,null,null,null,null,null,null,null,null,null,null,null,null,null,null,null,null,"","","",0]
["Composição Auxiliar"," 88264 ","SINAPI","ELETRICISTA COM ENCARGOS COMPLEMENTARES","H",0.3,27.8,8.34,null,null,null,null,null,"88264","ELETRICISTA COM ENCARGOS COMPLEMENTARES","H",27.8,null,null,null,null,null,null,null,null,null,null,null,null,null,null,null,null,"","","",0]
["Composição Auxiliar"," 88247 ","SINAPI","AUXILIAR DE ELETRICISTA COM ENCARGOS COMPLEMENTARES","H",0.3,22.34,6.7,null,null,null,null,null,"88247","AUXILIAR DE ELETRICISTA COM ENCARGOS COMPLEMENTARES","H",22.34,null,null,null,null,null,null,null,null,null,null,null,null,null,null,null,null,"","","",0]
["Insumo"," P.13.000.042461 ","CPOS","Botoeira tipo cogumelo (bloco de contato+flange+frontal), com retenção, trava, gira para soltar (1NF), para quadro/painel; ref. CEW-Begm-0100000 da Weg, Lay5-BS54 da JNG, Metaltex, Margirius ou equivalente","UN",1,30.09,30.09,null,null,null,null,null,"P.13.000.042461","BOTOEIRA TIPO COGUMELO (BLOCO DE CONTATO+FLANGE+FRONTAL), COM RETENÇÃO, TRAVA, GIRA PARA SOLTAR (1NF), PARA QUADRO/PAINEL; REF. CEW-BEGM-0100000 DA WEG, LAY5-BS54 DA JNG, METALTEX, MARGIRIUS OU EQUIVALENTE","UN",30.09,null,null,null,null,null,null,null,null,null,null,null,null,null,null,null,null,"","","",0]
[null,null,null,null,"LS =>",0,"MO com LS =>",11.66,null,null,null,null,null,"","","LS =>","MO com LS =>",null,null,null,null,null,null,null,null,null,null,null,null,null,null,null,null,"","","",0]
[null,null,null,null,null,"Valor sem BDI =>",null,45.13,null,null,null,null,null,"","","",0,null,null,null,null,null,null,null,null,null,null,null,null,null,null,null,null,"","","",0]
[null,null,null,null,null,null,null,null,null,null,null,null,null,"","","",0,null,null,null,null,null,null,null,null,null,null,null,null,null,null,null,null,"","","",0]
[" 14.1.4.13 ","Código","Banco","Descrição","Und","Quant.","Valor Unit","Total",null,null,null,null,null,"CÓDIGO","DESCRIÇÃO","UND","Valor Unit",null,null,null,null,null,null,null,null,null,null,null,null,null,null,null,null,"","","",0]
["Composição"," JMV-CRAS-059 ","Próprio","BOTOEIRA \"LIGA-DESLIGA\" PARA INSTALAÇÃO EM PORTA  DE QUADRO - BASEADA EM AGETOP CIVIL (070305)","Un",1,54.53,54.53,null,null,null,null,null,"JMV-CRAS-059","BOTOEIRA \"LIGA-DESLIGA\" PARA INSTALAÇÃO EM PORTA DE QUADRO - BASEADA EM AGETOP CIVIL (070305)","UN",54.53,null,null,null,null,null,null,null,null,null,null,null,null,null,null,null,null,"","","",0]
["Composição Auxiliar"," 88264 ","SINAPI","ELETRICISTA COM ENCARGOS COMPLEMENTARES","H",0.5,27.8,13.9,null,null,null,null,null,"88264","ELETRICISTA COM ENCARGOS COMPLEMENTARES","H",27.8,null,null,null,null,null,null,null,null,null,null,null,null,null,null,null,null,"","","",0]
["Composição Auxiliar"," 88247 ","SINAPI","AUXILIAR DE ELETRICISTA COM ENCARGOS COMPLEMENTARES","H",0.5,22.34,11.17,null,null,null,null,null,"88247","AUXILIAR DE ELETRICISTA COM ENCARGOS COMPLEMENTARES","H",{"$f":"G393","v":22.34},null,null,null,null,null,null,null,null,null,null,null,null,null,null,null,null,"","","",0]
["Insumo"," 3042 ","AGETOP CIVIL","BOTOEIRA \"LIGA-DESLIGA\" PARA INSTALAÇÃO EM PORTA DE QUADRO","un",1,29.46,29.46,null,null,null,null,null,"3042","BOTOEIRA \"LIGA-DESLIGA\" PARA INSTALAÇÃO EM PORTA DE QUADRO","UN",29.46,null,null,null,null,null,null,null,null,null,null,null,null,null,null,null,null,"","","",0]
[null,null,null,null,"LS =>",0,"MO com LS =>",19.45,null,null,null,null,null,"","","LS =>","MO com LS =>",null,null,null,null,null,null,null,null,null,null,null,null,null,null,null,null,"","","",0]
[null,null,null,null,null,"Valor sem BDI =>",null,54.53,null,null,null,null,null,"","","",0,null,null,null,null,null,null,null,null,null,null,null,null,null,null,null,null,"","","",0]
[null,null,null,null,null,null,null,null,null,null,null,null,null,"","","",0,null,null,null,null,null,null,null,null,null,null,null,null,null,null,null,null,"","","",0]
[" 14.1.4.14 ","Código","Banco","Descrição","Und","Quant.","Valor Unit","Total",null,null,null,null,null,{"$f":"UPPER(TRIM(B398))","v":"CÓDIGO"},{"$f":"UPPER(TRIM(D398))","v":"DESCRIÇÃO"},"UND","Valor Unit",null,null,null,null,null,null,null,null,null,null,null,null,null,null,null,null,"","","",0]
["Composição"," JMV-CRAS-060 ","Próprio","LED SINALIZAÇÃO PARA QUADRO ELÉTRICO, VERDE - BASEADA EM ORSE (11444)","un",1,47.27,47.27,null,null,null,null,null,"JMV-CRAS-060","LED SINALIZAÇÃO PARA QUADRO ELÉTRICO, VERDE - BASEADA EM ORSE (11444)","UN",47.27,null,null,null,null,null,null,null,null,null,null,null,null,null,null,null,null,"","","",0]
["Composição Auxiliar"," 88316 ","SINAPI","SERVENTE COM ENCARGOS COMPLEMENTARES","H",0.4,19.76,7.9,null,null,null,null,null,"88316","SERVENTE COM ENCARGOS COMPLEMENTARES","H",19.76,null,null,null,null,null,null,null,null,null,null,null,null,null,null,null,null,"","","",0]
["Composição Auxiliar"," 88264 ","SINAPI","ELETRICISTA COM ENCARGOS COMPLEMENTARES","H",0.4,27.8,11.12,null,null,null,null,null,"88264","ELETRICISTA COM ENCARGOS COMPLEMENTARES","H",27.8,null,null,null,null,null,null,null,null,null,null,null,null,null,null,null,null,"","","",0]
["Insumo"," 006135 ","SBC","SINALEIRO 22mm LED 220V 3SB66216-6AA40 VERDE SIEMENS","UN",1,28.25,28.25,null,null,null,null,null,"006135","SINALEIRO 22MM LED 220V 3SB66216-6AA40 VERDE SIEMENS","UN",28.25,null,null,null,null,null,null,null,null,null,null,null,null,null,null,null,null,"","","",0]
[null,null,null,null,"LS =>",0,"MO com LS =>",14.59,null,null,null,null,null,"","",{"$f":"UPPER(TRIM(E403))","v":"LS =>"},"MO com LS =>",null,null,null,null,null,null,null,null,null,null,null,null,null,null,null,null,"","","",0]
[null,null,null,null,null,"Valor sem BDI =>",null,47.27,null,null,null,null,null,"","","",0,null,null,null,null,null,null,null,null,null,null,null,null,null,null,null,null,"","","",0]
[null,null,null,null,null,null,null,null,null,null,null,null,null,"","","",0,null,null,null,null,null,null,null,null,null,null,null,null,null,null,null,null,"","","",0]
[" 14.1.4.15 ","Código","Banco","Descrição","Und","Quant.","Valor Unit","Total",null,null,null,null,null,"CÓDIGO","DESCRIÇÃO","UND","Valor Unit",null,null,null,null,null,null,null,null,null,null,null,null,null,null,null,null,"","","",0]
["Composição"," JMV-CRAS-061 ","Próprio","LED SINALIZAÇÃO PARA QUADRO ELÉTRICO, VERMELHA - BASEADA EM ORSE (11444)","un",1,33.82,33.82,null,null,null,null,null,"JMV-CRAS-061","LED SINALIZAÇÃO PARA QUADRO ELÉTRICO, VERMELHA - BASEADA EM ORSE (11444)","UN",33.82,null,null,null,null,null,null,null,null,null,null,null,null,null,null,null,null,"","","",0]
["Composição Auxiliar"," 88316 ","SINAPI","SERVENTE COM ENCARGOS COMPLEMENTARES","H",0.4,19.76,7.9,null,null,null,null,null,"88316","SERVENTE COM ENCARGOS COMPLEMENTARES","H",19.76,null,null,null,null,null,null,null,null,null,null,null,null,null,null,null,null,"","","",0]
["Composição Auxiliar"," 88264 ","SINAPI","ELETRICISTA COM ENCARGOS COMPLEMENTARES","H",0.4,27.8,11.12,null,null,null,null,null,"88264","ELETRICISTA COM ENCARGOS COMPLEMENTARES","H",27.8,null,null,null,null,null,null,null,null,null,null,null,null,null,null,null,null,"","","",0]
["Insumo"," 016991 ","SBC","SINALEIRO 24V LED , SELECIONAVEL PISCA OU CONTINUA / COR VERMELHA SCHNEIDER","UN",1,14.8,14.8,null,null,null,null,null,"016991","SINALEIRO 24V LED , SELECIONAVEL PISCA OU CONTINUA / COR VERMELHA SCHNEIDER","UN",14.8,null,null,null,null,null,null,null,null,null,null,null,null,null,null,null,null,{"$f":"UPPER(TRIM(V410))","v":""},{"$f":"UPPER(TRIM(X410))","v":""},{"$f":"UPPER(TRIM(Y410))","v":""},{"$f":"AB410","v":0}]
[null,null,null,null,"LS =>",0,"MO com LS =>",14.59,null,null,null,null,null,"","","LS =>","MO com LS =>",null,null,null,null,null,null,null,null,null,null,null,null,null,null,null,null,"","","",0]
[null,null,null,null,null,"Valor sem BDI =>",null,33.82,null,null,null,null,null,"","","",0,null,null,null,null,null,null,null,null,null,null,null,null,null,null,null,null,"","","",0]
[null,null,null,null,null,null,null,null,null,null,null,null,null,"","","",0,null,null,null,null,null,null,null,null,null,null,null,null,null,null,null,null,"","","",0]
[" 14.1.4.16 ","Código","Banco","Descrição","Und","Quant.","Valor Unit","Total",null,null,null,null,null,"CÓDIGO","DESCRIÇÃO","UND","Valor Unit",null,null,null,null,null,null,null,null,null,null,null,null,null,null,null,null,"","","",0]
["Composição"," JMV-CRAS-062 ","Próprio","DISJUNTOR DE PROTEÇÃO DIFERENCIAL RESIDUAL (DR), UNIPOLAR, TIPO DIN, CORRENTE NOMINAL DE 25A, ALTA SENSIBILIDADE, CORRENTE DIFERENCIAL RESIDUAL NOMINAL COM ATUAÇÃO DE 30MA - BASEADA EM SETOP (ED-15114)","un",1,272.52,272.52,null,null,null,null,null,"JMV-CRAS-062","DISJUNTOR DE PROTEÇÃO DIFERENCIAL RESIDUAL (DR), UNIPOLAR, TIPO DIN, CORRENTE NOMINAL DE 25A, ALTA SENSIBILIDADE, CORRENTE DIFERENCIAL RESIDUAL NOMINAL COM ATUAÇÃO DE 30MA - BASEADA EM SETOP (ED-15114)","UN",272.52,null,null,null,null,null,null,null,null,null,null,null,null,null,null,null,null,"","","",0]
["Composição Auxiliar"," ED-50362 ","SETOP","AJUDANTE DE ELETRICISTA COM ENCARGOS COMPLEMENTARES","hora",0.2933333,20.37,5.97,null,null,null,null,null,"ED-50362","AJUDANTE DE ELETRICISTA COM ENCARGOS COMPLEMENTARES","HORA",20.37,null,null,null,null,null,null,null,null,null,null,null,null,null,null,null,null,"","","",0]
["Composição Auxiliar"," ED-50373 ","SETOP","ELETRICISTA COM ENCARGOS COMPLEMENTARES","hora",0.2933333,25.42,7.45,null,null,null,null,null,"ED-50373","ELETRICISTA COM ENCARGOS COMPLEMENTARES","HORA",25.42,null,null,null,null,null,null,null,null,null,null,null,null,null,null,null,null,"","","",0]
["Insumo"," 002415 ","SBC","DISPOSITIVO DIF.RESIDUAL DR ALTA SENS. TETRAP.25A SDR22530 STECK","UN",1,259.1,259.1,null,null,null,null,null,"002415","DISPOSITIVO DIF.RESIDUAL DR ALTA SENS. TETRAP.25A SDR22530 STECK","UN",259.1,null,null,null,null,null,null,null,null,null,null,null,null,null,null,null,null,"","","",0]
[null,null,null,null,"LS =>",0,"MO com LS =>",10.54,null,null,null,null,null,"","","LS =>","MO com LS =>",null,null,null,null,null,null,null,null,null,null,null,null,null,null,null,null,"","","",0]
[null,null,null,null,null,"Valor sem BDI =>",null,272.52,null,null,null,null,null,"","","",0,null,null,null,null,null,null,null,null,null,null,null,null,null,null,null,null,"","","",0]
[null,null,null,null,null,null,null,null,null,null,null,null,null,"","","",0,null,null,null,null,null,null,null,null,null,null,null,null,null,null,null,null,"","","",0]
[" 14.1.4.18 ","Código","Banco","Descrição","Und","Quant.","Valor Unit","Total",null,null,null,null,null,"CÓDIGO","DESCRIÇÃO","UND","Valor Unit",null,null,null,null,null,null,null,null,null,null,null,null,null,null,null,null,"","","",0]
["Composição"," JMV-CRAS-063 ","Próprio","DISJUNTOR DE PROTEÇÃO DIFERENCIAL RESIDUAL (DR), UNIPOLAR, TIPO DIN, CORRENTE NOMINAL DE 25A, ALTA SENSIBILIDADE, CORRENTE DIFERENCIAL RESIDUAL NOMINAL COM ATUAÇÃO DE 30MA - BASEADA EM SETOP (ED-15114)","un",1,272.52,272.52,null,null,null,null,null,"JMV-CRAS-063","DISJUNTOR DE PROTEÇÃO DIFERENCIAL RESIDUAL (DR), UNIPOLAR, TIPO DIN, CORRENTE NOMINAL DE 25A, ALTA SENSIBILIDADE, CORRENTE DIFERENCIAL RESIDUAL NOMINAL COM ATUAÇÃO DE 30MA - BASEADA EM SETOP (ED-15114)","UN",272.52,null,null,null,null,null,null,null,null,null,null,null,null,null,null,null,null,"","","",0]
["Composição Auxiliar"," ED-50362 ","SETOP","AJUDANTE DE ELETRICISTA COM ENCARGOS COMPLEMENTARES","hora",0.2933333,20.37,5.97,null,null,null,null,null,"ED-50362","AJUDANTE DE ELETRICISTA COM ENCARGOS COMPLEMENTARES","HORA",20.37,null,null,null,null,null,null,null,null,null,null,null,null,null,null,null,null,"","","",0]
["Composição Auxiliar"," ED-50373 ","SETOP","ELETRICISTA COM ENCARGOS COMPLEMENTARES","hora",0.2933333,25.42,7.45,null,null,null,null,null,"ED-50373","ELETRICISTA COM ENCARGOS COMPLEMENTARES","HORA",25.42,null,null,null,null,null,null,null,null,null,null,null,null,null,null,null,null,"","","",0]
["Insumo"," 002415 ","SBC","DISPOSITIVO DIF.RESIDUAL DR ALTA SENS. TETRAP.25A SDR22530 STECK","UN",1,259.1,259.1,null,null,null,null,null,"002415","DISPOSITIVO DIF.RESIDUAL DR ALTA SENS. TETRAP.25A SDR22530 STECK","UN",259.1,null,null,null,null,null,null,null,null,null,null,null,null,null,null,null,null,"","","",0]
[null,null,null,null,"LS =>",0,"MO com LS =>",10.54,null,null,null,null,null,"","","LS =>","MO com LS =>",null,null,null,null,null,null,null,null,null,null,null,null,null,null,null,null,"","","",0]
[null,null,null,null,null,"Valor sem BDI =>",null,272.52,null,null,null,null,null,"","","",0,null,null,null,null,null,null,null,null,null,null,null,null,null,null,null,null,"","","",0]
[null,null,null,null,null,null,null,null,null,null,null,null,null,"","","",0,null,null,null,null,null,null,null,null,null,null,null,null,null,null,null,null,"","","",0]
[" 14.1.4.19 ","Código","Banco","Descrição","Und","Quant.","Valor Unit","Total",null,null,null,null,null,"CÓDIGO","DESCRIÇÃO","UND","Valor Unit",null,null,null,null,null,null,null,null,null,null,null,null,null,null,null,null,"","","",0]
["Composição"," JMV-CRAS-064 ","Próprio","DISJUNTOR DE PROTEÇÃO DIFERENCIAL RESIDUAL (DR), UNIPOLAR, TIPO DIN, CORRENTE NOMINAL DE 40A, ALTA SENSIBILIDADE, CORRENTE DIFERENCIAL RESIDUAL NOMINAL COM ATUAÇÃO DE 30MA - BASEADA EM SETOP (ED-15114)","un",1,356.54,356.54,null,null,null,null,null,"JMV-CRAS-064","DISJUNTOR DE PROTEÇÃO DIFERENCIAL RESIDUAL (DR), UNIPOLAR, TIPO DIN, CORRENTE NOMINAL DE 40A, ALTA SENSIBILIDADE, CORRENTE DIFERENCIAL RESIDUAL NOMINAL COM ATUAÇÃO DE 30MA - BASEADA EM SETOP (ED-15114)","UN",356.54,null,null,null,null,null,null,null,null,null,null,null,null,null,null,null,null,"","","",0]
["Composição Auxiliar"," ED-50362 ","SETOP","AJUDANTE DE ELETRICISTA COM ENCARGOS COMPLEMENTARES","hora",0.2933333,20.37,5.97,null,null,null,null,null,"ED-50362","AJUDANTE DE ELETRICISTA COM ENCARGOS COMPLEMENTARES","HORA",20.37,null,null,null,null,null,null,null,null,null,null,null,null,null,null,null,null,"","","",0]
["Composição Auxiliar"," ED-50373 ","SETOP","ELETRICISTA COM ENCARGOS COMPLEMENTARES","hora",0.2933333,25.42,7.45,null,null,null,null,null,"ED-50373","ELETRICISTA COM ENCARGOS COMPLEMENTARES","HORA",25.42,null,null,null,null,null,null,null,null,null,null,null,null,null,null,null,null,"","","",0]
["Insumo"," 4.45.93 ","FDE","INTERRUPTOR AUTOM.DIFER.(DISPOSITIVO DR)40A/30MA","UN",1,343.12,343.12,null,null,null,null,null,"4.45.93","INTERRUPTOR AUTOM.DIFER.(DISPOSITIVO DR)40A/30MA","UN",343.12,null,null,null,null,null,null,null,null,null,null,null,null,null,null,null,null,"","","",0]
[null,null,null,null,"LS =>",0,"MO com LS =>",10.54,null,null,null,null,null,"","","LS =>","MO com LS =>",null,null,null,null,null,null,null,null,null,null,null,null,null,null,null,null,"","","",0]
[null,null,null,null,null,"Valor sem BDI =>",null,356.54,null,null,null,null,null,"","","",0,null,null,null,null,null,null,null,null,null,null,null,null,null,null,null,null,"","","",0]
[null,null,null,null,null,null,null,null,null,null,null,null,null,"","","",0,null,null,null,null,null,null,null,null,null,null,null,null,null,null,null,null,"","","",0]
[" 14.1.5.1 ","Código","Banco","Descrição","Und","Quant.","Valor Unit","Total",null,null,null,null,null,"CÓDIGO","DESCRIÇÃO","UND","Valor Unit",null,null,null,null,null,null,null,null,null,null,null,null,null,null,null,null,"","","",0]
["Composição"," JMV-CRAS-065 ","Próprio","ENTRADA DE ENERGIA AÉREA, TIPO C4, PADRÃO CEMIG, CARGA INSTALADA DE 30,6KVA ATÉ 38,1KVA, TRIFÁSICO, COM SAÍDA SUBTERRÂNEA, INCLUSIVE POSTE, CAIXA PARA MEDIDOR, DISJUNTOR, BARRAMENTO, ATERRAMENTO E ACESSÓRIOS - BASEADA EM SETOP (ED-20584)","un",1,6352.59,6352.59,null,null,null,null,null,"JMV-CRAS-065","ENTRADA DE ENERGIA AÉREA, TIPO C4, PADRÃO CEMIG, CARGA INSTALADA DE 30,6KVA ATÉ 38,1KVA, TRIFÁSICO, COM SAÍDA SUBTERRÂNEA, INCLUSIVE POSTE, CAIXA PARA MEDIDOR, DISJUNTOR, BARRAMENTO, ATERRAMENTO E ACESSÓRIOS - BASEADA EM SETOP (ED-20584)","UN",6352.59,null,null,null,null,null,null,null,null,null,null,null,null,null,null,null,null,"","","",0]
[null,null,null,null,"Custo Horário de Execução =>",null,null,0,null,null,null,null,null,"","","CUSTO HORÁRIO DE EXECUÇÃO =>",0,null,null,null,null,null,null,null,null,null,null,null,null,null,null,null,null,"","","",0]
[null,null,null,null,"Fator de Influencia da Chuva - FIC =>",null,null,0,null,null,null,null,null,"","","FATOR DE INFLUENCIA DA CHUVA - FIC =>",0,null,null,null,null,null,null,null,null,null,null,null,null,null,null,null,null,"","","",0]
[null,null,null,null,"Custo do FIC =>",null,null,0,null,null,null,null,null,"","","CUSTO DO FIC =>",0,null,null,null,null,null,null,null,null,null,null,null,null,null,null,null,null,"","","",0]
[null,null,null,null,"Produção de Equipe =>",null,null,0,null,null,null,null,null,"","","PRODUÇÃO DE EQUIPE =>",0,null,null,null,null,null,null,null,null,null,null,null,null,null,null,null,null,"","","",0]
[null,null,null,null,"Custo Unitário de Execução =>",null,null,0,null,null,null,null,null,"","","CUSTO UNITÁRIO DE EXECUÇÃO =>",0,null,null,null,null,null,null,null,null,null,null,null,null,null,null,null,null,"","","",0]
["C","Banco","Código","Material","Preço Unitário",null,null,"Custo Horário",null,null,null,null,null,"BANCO","MATERIAL","PREÇO UNITÁRIO",0,null,null,null,null,null,null,null,null,null,null,null,null,null,null,null,null,"","","",0]
["Insumo","SETOP","MATED-20647","ARAME GALVANIZADO ( BITOLA: 12BWG|DIÂMETRO DO FIO: 2,77MM|MASSA LINEAR: 0,0454KG/M)",17.04,null,null,8.52,null,null,null,null,null,"SETOP","ARAME GALVANIZADO ( BITOLA: 12BWG|DIÂMETRO DO FIO: 2,77MM|MASSA LINEAR: 0,0454KG/M)","17,04",0,null,null,null,null,null,null,null,null,null,null,null,null,null,null,null,null,"","","",0]
["Insumo","SETOP","MATED-19556","BARRA CHATA (MATERIAL: COBRE ELETROLÍTICO| APLICAÇÃO: BARRAMENTO)",181.72,null,null,27.1989,null,null,null,null,null,"SETOP","BARRA CHATA (MATERIAL: COBRE ELETROLÍTICO| APLICAÇÃO: BARRAMENTO)","181,72",0,null,null,null,null,null,null,null,null,null,null,null,null,null,null,null,null,"","","",0]
["Insumo","SETOP","MATED-12995","CONECTOR FENDIDO DE PRESSÃO \"SPLIT-BOLT\" ( ACABAMENTO: ESTANHADO BIMETÁLICO|SEÇÃO DO CABO: 2,5-25MM2)",11.18,null,null,11.18,null,null,null,null,null,"SETOP","CONECTOR FENDIDO DE PRESSÃO \"SPLIT-BOLT\" ( ACABAMENTO: ESTANHADO BIMETÁLICO|SEÇÃO DO CABO: 2,5-25MM2)","11,18",0,null,null,null,null,null,null,null,null,null,null,null,null,null,null,null,null,"","","",0]
["Insumo","SETOP","MATED-19213","DISJUNTOR (TIPO: TRIPOLAR| CURVA:C|CORRENTE: 100A|I MÁX: 10KA)",181.42,null,null,181.42,null,null,null,null,null,"SETOP","DISJUNTOR (TIPO: TRIPOLAR| CURVA:C|CORRENTE: 100A|I MÁX: 10KA)","181,42",0,null,null,null,null,null,null,null,null,null,null,null,null,null,null,null,null,"","","",0]
["Insumo","CPOS","P.19.000.091371","Haste de aterramento de 5/8\"x3 m, em aço SAE1010/1020, trefilado e revestido de cobre eletrolítico; ref. PK0066 da Paraklin, TEL5830 da Termotécnica ou equivalente",184.95,null,null,184.95,null,null,null,null,null,"CPOS","HASTE DE ATERRAMENTO DE 5/8\"X3 M, EM AÇO SAE1010/1020, TREFILADO E REVESTIDO DE COBRE ELETROLÍTICO; REF. PK0066 DA PARAKLIN, TEL5830 DA TERMOTÉCNICA OU EQUIVALENTE","184,95",0,null,null,null,null,null,null,null,null,null,null,null,null,null,null,null,null,"","","",0]
["Insumo","CPOS","P.19.000.042252","Haste de aterramento de 5/8\"x2,4 m, em aço SAE1010/1020, trefilado e revestido de cobre eletrolítico; ref. PK0065 da Paraklin, TEL5824 da Termotécnica ou equivalente",144.23,null,null,144.23,null,null,null,null,null,"CPOS","HASTE DE ATERRAMENTO DE 5/8\"X2,4 M, EM AÇO SAE1010/1020, TREFILADO E REVESTIDO DE COBRE ELETROLÍTICO; REF. PK0065 DA PARAKLIN, TEL5824 DA TERMOTÉCNICA OU EQUIVALENTE","144,23",0,null,null,null,null,null,null,null,null,null,null,null,null,null,null,null,null,"","","",0]
["Insumo","SINAPI",11267,"ARRUELA LISA, REDONDA, DE LATAO POLIDO, DIAMETRO NOMINAL 5/8\", DIAMETRO EXTERNO = 34 MM, DIAMETRO DO FURO = 17 MM, ESPESSURA = *2,5* MM",1.56,null,null,3.12,null,null,null,null,null,"SINAPI","ARRUELA LISA, REDONDA, DE LATAO POLIDO, DIAMETRO NOMINAL 5/8\", DIAMETRO EXTERNO = 34 MM, DIAMETRO DO FURO = 17 MM, ESPESSURA = *2,5* MM","1,56",0,null,null,null,null,null,null,null,null,null,null,null,null,null,null,null,null,"","","",0]
["Insumo","SINAPI",39997,"PORCA ZINCADA, SEXTAVADA, DIAMETRO 1/4\"",0.45,null,null,0.9,null,null,null,null,null,"SINAPI","PORCA ZINCADA, SEXTAVADA, DIAMETRO 1/4\"","0,45",0,null,null,null,null,null,null,null,null,null,null,null,null,null,null,null,null,"","","",0]
["Insumo","SETOP","MATED-12614","CABO DE COBRE NU (SEÇÃO TRANSVERSAL: 25MM2| NÚMEROS DE FIOS: 7| DIÂMETRO DOS FIOS: 2,06MM |CLASSE: 2A)",22.28,null,null,66.84,null,null,null,null,null,"SETOP","CABO DE COBRE NU (SEÇÃO TRANSVERSAL: 25MM2| NÚMEROS DE FIOS: 7| DIÂMETRO DOS FIOS: 2,06MM |CLASSE: 2A)","22,28",0,null,null,null,null,null,null,null,null,null,null,null,null,null,null,null,null,"","","",0]
[null,null,null,null,"Custo Total do Material =>",null,null,628.3589,null,null,null,null,null,"","","CUSTO TOTAL DO MATERIAL =>",{"$f":"G455","v":0},null,null,null,null,null,null,null,null,null,null,null,null,null,null,null,null,"","","",0]
["D","Banco","Código","Atividades Auxiliares","Preço Unitário",null,null,"Custo Horário",null,null,null,null,null,"BANCO","ATIVIDADES AUXILIARES","PREÇO UNITÁRIO",0,null,null,null,null,null,null,null,null,null,null,null,null,null,null,null,null,"","","",0]
["Atividade Auxiliar","SETOP","ED-48704","ABRAÇADEIRA AJUSTÁVEL PARA POSTE, EM AÇO GALVANIZADO, COMPRIMENTO 80CM, INCLUSIVE INSTALAÇÃO",10.83,null,null,10.83,null,null,null,null,null,"SETOP","ABRAÇADEIRA AJUSTÁVEL PARA POSTE, EM AÇO GALVANIZADO, COMPRIMENTO 80CM, INCLUSIVE INSTALAÇÃO","10,83",0,null,null,null,null,null,null,null,null,null,null,null,null,null,null,null,null,"","","",0]
["Atividade Auxiliar","SETOP","ED-48231","ALVENARIA DE VEDAÇÃO COM TIJOLO CERÂMICO FURADO, ESP. 9CM, PARA REVESTIMENTO, INCLUSIVE ARGAMASSA PARA ASSENTAMENTO",46.27,null,null,194.334,null,null,null,null,null,"SETOP","ALVENARIA DE VEDAÇÃO COM TIJOLO CERÂMICO FURADO, ESP. 9CM, PARA REVESTIMENTO, INCLUSIVE ARGAMASSA PARA ASSENTAMENTO","46,27",0,null,null,null,null,null,null,null,null,null,null,null,null,null,null,null,null,"","","",0]
["Atividade Auxiliar","SETOP","ED-49440","ARMAÇÃO SECUNDÁRIA DE UM ESTRIBO, EM AÇO GALVANIZADO, PARA FIXAÇÃO DE ISOLADOR ROLDANA, EXCLUSIVE ISOLADOR, INCLUSIVE INSTALAÇÃO",42.96,null,null,42.96,null,null,null,null,null,{"$f":"UPPER(TRIM(B459))","v":"SETOP"},{"$f":"UPPER(TRIM(D459))","v":"ARMAÇÃO SECUNDÁRIA DE UM ESTRIBO, EM AÇO GALVANIZADO, PARA FIXAÇÃO DE ISOLADOR ROLDANA, EXCLUSIVE ISOLADOR, INCLUSIVE INSTALAÇÃO"},{"$f":"UPPER(TRIM(E459))","v":"42,96"},{"$f":"G459","v":0}]
["Atividade Auxiliar","SETOP","ED-48700","ATERRAMENTO COM HASTES COPPERWELD, DIÂMETRO DE  5/8\", COMPRIMENTO DE 240CM, EXCLUSIVE CABO E CAIXA PARA ATERRAMENTO, INCLUSIVE GRAMPO PARA HASTE E INSTALAÇÃO",334.18,null,null,668.36,null,null,null,null,null,"SETOP","ATERRAMENTO COM HASTES COPPERWELD, DIÂMETRO DE 5/8\", COMPRIMENTO DE 240CM, EXCLUSIVE CABO E CAIXA PARA ATERRAMENTO, INCLUSIVE GRAMPO PARA HASTE E INSTALAÇÃO","334,18",0]
["Atividade Auxiliar","SETOP","ED-49065","CABEÇOTE DE ALUMÍNIO PARA POSTE, DIÂMETRO 1.1/2\", EXCLUSIVE ELETRODUTO, INCLUSIVE INSTALAÇÃO",7.52,null,null,15.04,null,null,null,null,null,"SETOP","CABEÇOTE DE ALUMÍNIO PARA POSTE, DIÂMETRO 1.1/2\", EXCLUSIVE ELETRODUTO, INCLUSIVE INSTALAÇÃO","7,52",0]
["Atividade Auxiliar","SETOP","ED-51055","CAIXA DE INSPEÇÃO EM PVC, DIÂMETRO DE 30CM, ALTURA DE 30CM, COM TAMPA EM FERRO FUNDIDO, EXCLUSIVE HASTE DE ATERRAMENTO, INCLUSIVE INSTALAÇÃO",99.31,null,null,198.62,null,null,null,null,null,"SETOP","CAIXA DE INSPEÇÃO EM PVC, DIÂMETRO DE 30CM, ALTURA DE 30CM, COM TAMPA EM FERRO FUNDIDO, EXCLUSIVE HASTE DE ATERRAMENTO, INCLUSIVE INSTALAÇÃO","99,31",0]
["Atividade Auxiliar","SETOP","ED-50727","CHAPISCO COM ARGAMASSA, TRAÇO 1:3 (CIMENTO E AREIA), ESP. 5MM, APLICADO EM ALVENARIA/ESTRUTURA DE CONCRETO COM COLHER, PREPARO MECÂNICO",8.58,null,null,72.072,null,null,null,null,null,"SETOP","CHAPISCO COM ARGAMASSA, TRAÇO 1:3 (CIMENTO E AREIA), ESP. 5MM, APLICADO EM ALVENARIA/ESTRUTURA DE CONCRETO COM COLHER, PREPARO MECÂNICO","8,58",0]
["Atividade Auxiliar","SETOP","ED-49443","ISOLADOR ROLDANA EM PORCELANA, TENSÃO NOMINAL 1KV, EXCLUSIVE ARMAÇÃO SECUNDÁRIA, INCLUSIVE INSTALAÇÃO",11,null,null,11,null,null,null,null,null,"SETOP","ISOLADOR ROLDANA EM PORCELANA, TENSÃO NOMINAL 1KV, EXCLUSIVE ARMAÇÃO SECUNDÁRIA, INCLUSIVE INSTALAÇÃO","11",0]
["Atividade Auxiliar","SETOP","ED-50760","REBOCO COM ARGAMASSA, TRAÇO 1:2:9 (CIMENTO, CAL E AREIA), COM ADITIVO IMPERMEABILIZANTE, ESP. 20MM, APLICAÇÃO MANUAL, PREPARO MECÂNICO",43.94,null,null,369.096,null,null,null,null,null,"SETOP","REBOCO COM ARGAMASSA, TRAÇO 1:2:9 (CIMENTO, CAL E AREIA), COM ADITIVO IMPERMEABILIZANTE, ESP. 20MM, APLICAÇÃO MANUAL, PREPARO MECÂNICO","43,94",0]
["Atividade Auxiliar","SINAPI",88247,"AUXILIAR DE ELETRICISTA COM ENCARGOS COMPLEMENTARES",22.34,null,null,163.8267,null,null,null,null,null,"SINAPI","AUXILIAR DE ELETRICISTA COM ENCARGOS COMPLEMENTARES","22,34",0]
["Atividade Auxiliar","SINAPI",88264,"ELETRICISTA COM ENCARGOS COMPLEMENTARES",27.8,null,null,203.8667,null,null,null,null,null,"SINAPI","ELETRICISTA COM ENCARGOS COMPLEMENTARES","27,8",0]
["Atividade Auxiliar","SINAPI",92986,"CABO DE COBRE FLEXÍVEL ISOLADO, 35 MM², ANTI-CHAMA 0,6/1,0 KV, PARA REDE ENTERRADA DE DISTRIBUIÇÃO DE ENERGIA ELÉTRICA - FORNECIMENTO E INSTALAÇÃO. AF_12/2021",36.27,null,null,1450.8,null,null,null,null,null,"SINAPI","CABO DE COBRE FLEXÍVEL ISOLADO, 35 MM², ANTI-CHAMA 0,6/1,0 KV, PARA REDE ENTERRADA DE DISTRIBUIÇÃO DE ENERGIA ELÉTRICA - FORNECIMENTO E INSTALAÇÃO. AF_12/2021","36,27",0]
["Atividade Auxiliar","SINAPI",91935,"CABO DE COBRE FLEXÍVEL ISOLADO, 16 MM², ANTI-CHAMA 0,6/1,0 KV, PARA CIRCUITOS TERMINAIS - FORNECIMENTO E INSTALAÇÃO. AF_12/2015",23.29,null,null,232.9,null,null,null,null,null,"SINAPI","CABO DE COBRE FLEXÍVEL ISOLADO, 16 MM², ANTI-CHAMA 0,6/1,0 KV, PARA CIRCUITOS TERMINAIS - FORNECIMENTO E INSTALAÇÃO. AF_12/2015","23,29",0]
["Atividade Auxiliar","SETOP","ED-28593","CAIXA PARA PROTEÇÃO GERAL, TIPO CM-8, DIMENSÕES CONFORME PADRÃO CEMIG, EXCLUSIVE BARRAMENTO E DISJUNTOR, INCLUSIVE INSTALAÇÃO",329.29,null,null,329.29,null,null,null,null,null,"SETOP","CAIXA PARA PROTEÇÃO GERAL, TIPO CM-8, DIMENSÕES CONFORME PADRÃO CEMIG, EXCLUSIVE BARRAMENTO E DISJUNTOR, INCLUSIVE INSTALAÇÃO","329,29",0]
["Atividade Auxiliar","SETOP","ED-20697","POSTE PARA ENTRADA DE ENERGIA EM CONCRETO ARMADO, DUPLO T, RESISTÊNCIA À FLEXÃO 300DAN, ALTURA 7,5M - FORNECIMENTO, EXCLUSIVE MONTAGEM E",1637.97,null,null,1637.97,null,null,null,null,null,"SETOP","POSTE PARA ENTRADA DE ENERGIA EM CONCRETO ARMADO, DUPLO T, RESISTÊNCIA À FLEXÃO 300DAN, ALTURA 7,5M - FORNECIMENTO, EXCLUSIVE MONTAGEM E","1637,97",0]
["Atividade Auxiliar","SETOP","ED-49319","ELETRODUTO DE AÇO GALVANIZADO MÉDIO, INCLUSIVE CONEXÕES, SUPORTES E FIXAÇÃO DN 32 (1.1/4\")",41.09,null,null,123.27,null,null,null,null,null,"SETOP","ELETRODUTO DE AÇO GALVANIZADO MÉDIO, INCLUSIVE CONEXÕES, SUPORTES E FIXAÇÃO DN 32 (1.1/4\")","41,09",0]
[null,null,null,null,"Custo Total das Atividades =>",null,null,5724.2354,null,null,null,null,null,"","","CUSTO TOTAL DAS ATIVIDADES =>",0]
[null,null,null,null,"LS =>",0,"MO com LS =>",1043.40247394731,null,null,null,null,null,"","","LS =>","MO com LS =>"]
[null,null,null,null,null,"Valor sem BDI =>",null,6352.59,null,null,null,null,null,"","","",0]
[null,null,null,null,null,null,null,null,null,null,null,null,null,"","","",0]
[" 15.2.2.1 ","Código","Banco","Descrição","Und","Quant.","Valor Unit","Total",null,null,null,null,null,"CÓDIGO","DESCRIÇÃO","UND","Valor Unit"]
["Composição"," JMV-CRAS-010 ","Próprio","RALO SIFONADO, PVC, DN 100 X 100 X 50 MM, JUNTA SOLDÁVEL, FORNECIDO E INSTALADO EM RAMAL DE DESCARGA OU EM RAMAL DE ESGOTO SANITÁRIO. AF_08/2022 - BASEADA DA SINAPI (89709)","UN",1,22.06,22.06,null,null,null,null,null,"JMV-CRAS-010","RALO SIFONADO, PVC, DN 100 X 100 X 50 MM, JUNTA SOLDÁVEL, FORNECIDO E INSTALADO EM RAMAL DE DESCARGA OU EM RAMAL DE ESGOTO SANITÁRIO. AF_08/2022 - BASEADA DA SINAPI (89709)","UN",22.06]
["Composição Auxiliar"," 88248 ","SINAPI","AUXILIAR DE ENCANADOR OU BOMBEIRO HIDRÁULICO COM ENCARGOS COMPLEMENTARES","H",0.1652,21.34,3.52,null,null,null,null,null,"88248","AUXILIAR DE ENCANADOR OU BOMBEIRO HIDRÁULICO COM ENCARGOS COMPLEMENTARES","H",21.34]
["Composição Auxiliar"," 88267 ","SINAPI","ENCANADOR OU BOMBEIRO HIDRÁULICO COM ENCARGOS COMPLEMENTARES","H",0.1652,26.7,4.41,null,null,null,null,null,"88267","ENCANADOR OU BOMBEIRO HIDRÁULICO COM ENCARGOS COMPLEMENTARES","H",26.7]
["Insumo"," 00000122 ","SINAPI","ADESIVO PLASTICO PARA PVC, FRASCO COM *850* GR","UN",0.0049,57.32,0.28,null,null,null,null,null,"00000122","ADESIVO PLASTICO PARA PVC, FRASCO COM *850* GR","UN",57.32]
["Insumo"," 00020083 ","SINAPI","SOLUCAO PREPARADORA / LIMPADORA PARA PVC, FRASCO COM 1000 CM3","UN",0.0075,64.94,0.48,null,null,null,null,null,"00020083","SOLUCAO PREPARADORA / LIMPADORA PARA PVC, FRASCO COM 1000 CM3","UN",64.94]
["Insumo"," 00038383 ","SINAPI","LIXA D'AGUA EM FOLHA, GRAO 100","UN",0.036,2.34,0.08,null,null,null,null,null,"00038383","LIXA D'AGUA EM FOLHA, GRAO 100","UN",2.34]
["Insumo"," 07076 ","EMOP","RALO SIFONADO DE PVC RIGIDO, DE (100X100 )MM, COM SAIDA DE 50MM, COM TAMPA CEGA","UN",1,13.29,13.29,null,null,null,null,null,"07076","RALO SIFONADO DE PVC RIGIDO, DE (100X100 )MM, COM SAIDA DE 50MM, COM TAMPA CEGA","UN",13.29]
[null,null,null,null,"LS =>",0,"MO com LS =>",6.29,null,null,null,null,null,"","","LS =>","MO com LS =>"]
[null,null,null,null,null,"Valor sem BDI =>",null,22.06,null,null,null,null,null,"","","",0]
[null,null,null,null,null,null,null,null,null,null,null,null,null,"","","",0]
[" 15.2.2.2 ","Código","Banco","Descrição","Und","Quant.","Valor Unit","Total",null,null,null,null,null,"CÓDIGO","DESCRIÇÃO","UND","Valor Unit"]
["Composição"," JMV-CRAS-012 ","Próprio","RALO SIFONADO, PVC, DN 100 X 150 X 50 MM, JUNTA SOLDÁVEL, FORNECIDO E INSTALADO EM RAMAL DE DESCARGA OU EM RAMAL DE ESGOTO SANITÁRIO. AF_08/2022 - BASEADA DA SINAPI (89709)","UN",1,44.77,44.77,null,null,null,null,null,"JMV-CRAS-012","RALO SIFONADO, PVC, DN 100 X 150 X 50 MM, JUNTA SOLDÁVEL, FORNECIDO E INSTALADO EM RAMAL DE DESCARGA OU EM RAMAL DE ESGOTO SANITÁRIO. AF_08/2022 - BASEADA DA SINAPI (89709)","UN",44.77]
["Composição Auxiliar"," 88248 ","SINAPI","AUXILIAR DE ENCANADOR OU BOMBEIRO HIDRÁULICO COM ENCARGOS COMPLEMENTARES","H",0.1652,21.34,3.52,null,null,null,null,null,"88248","AUXILIAR DE ENCANADOR OU BOMBEIRO HIDRÁULICO COM ENCARGOS COMPLEMENTARES","H",21.34]
["Composição Auxiliar"," 88267 ","SINAPI","ENCANADOR OU BOMBEIRO HIDRÁULICO COM ENCARGOS COMPLEMENTARES","H",0.1652,26.7,4.41,null,null,null,null,null,"88267","ENCANADOR OU BOMBEIRO HIDRÁULICO COM ENCARGOS COMPLEMENTARES","H",26.7]
["Insumo"," 00000122 ","SINAPI","ADESIVO PLASTICO PARA PVC, FRASCO COM *850* GR","UN",0.0049,57.32,0.28,null,null,null,null,null,"00000122","ADESIVO PLASTICO PARA PVC, FRASCO COM *850* GR","UN",57.32]
["Insumo"," 00020083 ","SINAPI","SOLUCAO PREPARADORA / LIMPADORA PARA PVC, FRASCO COM 1000 CM3","UN",0.0075,64.94,0.48,null,null,null,null,null,"00020083","SOLUCAO PREPARADORA / LIMPADORA PARA PVC, FRASCO COM 1000 CM3","UN",64.94]
["Insumo"," 00038383 ","SINAPI","LIXA D'AGUA EM FOLHA, GRAO 100","UN",0.036,2.34,0.08,null,null,null,null,null,"00038383","LIXA D'AGUA EM FOLHA, GRAO 100","UN",2.34]
["Insumo"," JMV.CRAS.012 ","Próprio","RALO SIFONADO 100X150X50","UND",1,36,36,null,null,null,null,null,"JMV.CRAS.012","RALO SIFONADO 100X150X50","UND",36]
[null,null,null,null,"LS =>",0,"MO com LS =>",6.29,null,null,null,null,null,"","","LS =>","MO com LS =>"]
[null,null,null,null,null,"Valor sem BDI =>",null,44.77,null,null,null,null,null,"","","",0]
[null,null,null,null,null,null,null,null,null,null,null,null,null,"","","",0]
[" 15.2.2.3 ","Código","Banco","Descrição","Und","Quant.","Valor Unit","Total",null,null,null,null,null,"CÓDIGO","DESCRIÇÃO","UND","Valor Unit"]
["Composição"," JMV-CRAS-011 ","Próprio","RALO SIFONADO, PVC, DN 150 X 185 X 75 MM, JUNTA SOLDÁVEL, FORNECIDO E INSTALADO EM RAMAL DE DESCARGA OU EM RAMAL DE ESGOTO SANITÁRIO. AF_08/2022 - BASEADA DA SINAPI (89709)","UN",1,55.79,55.79,null,null,null,null,null,"JMV-CRAS-011","RALO SIFONADO, PVC, DN 150 X 185 X 75 MM, JUNTA SOLDÁVEL, FORNECIDO E INSTALADO EM RAMAL DE DESCARGA OU EM RAMAL DE ESGOTO SANITÁRIO. AF_08/2022 - BASEADA DA SINAPI (89709)","UN",55.79]
["Composição Auxiliar"," 88248 ","SINAPI","AUXILIAR DE ENCANADOR OU BOMBEIRO HIDRÁULICO COM ENCARGOS COMPLEMENTARES","H",0.1652,21.34,3.52,null,null,null,null,null,"88248","AUXILIAR DE ENCANADOR OU BOMBEIRO HIDRÁULICO COM ENCARGOS COMPLEMENTARES","H",21.34]
["Composição Auxiliar"," 88267 ","SINAPI","ENCANADOR OU BOMBEIRO HIDRÁULICO COM ENCARGOS COMPLEMENTARES","H",0.1652,26.7,4.41,null,null,null,null,null,"88267","ENCANADOR OU BOMBEIRO HIDRÁULICO COM ENCARGOS COMPLEMENTARES","H",26.7]
["Insumo"," 00000122 ","SINAPI","ADESIVO PLASTICO PARA PVC, FRASCO COM *850* GR","UN",0.0049,57.32,0.28,null,null,null,null,null,"00000122","ADESIVO PLASTICO PARA PVC, FRASCO COM *850* GR","UN",57.32]
["Insumo"," 00020083 ","SINAPI","SOLUCAO PREPARADORA / LIMPADORA PARA PVC, FRASCO COM 1000 CM3","UN",0.0075,64.94,0.48,null,null,null,null,null,"00020083","SOLUCAO PREPARADORA / LIMPADORA PARA PVC, FRASCO COM 1000 CM3","UN",64.94]
["Insumo"," 00038383 ","SINAPI","LIXA D'AGUA EM FOLHA, GRAO 100","UN",0.036,2.34,0.08,null,null,null,null,null,"00038383","LIXA D'AGUA EM FOLHA, GRAO 100","UN",2.34]
["Insumo"," 02672 ","EMOP","RALO SIFONADO DE PVC RIGIDO, COM SAIDA D E 75MM, COM GRELHA REDONDA E PORTA GRELH A, DE (150X185X75)MM","UN",1,47.02,47.02,null,null,null,null,null,"02672","RALO SIFONADO DE PVC RIGIDO, COM SAIDA D E 75MM, COM GRELHA REDONDA E PORTA GRELH A, DE (150X185X75)MM","UN",{"$f":"G506","v":47.02}]
[null,null,null,null,"LS =>",0,"MO com LS =>",6.29,null,null,null,null,null,"","","LS =>","MO com LS =>"]
[null,null,null,null,null,"Valor sem BDI =>",null,55.79,null,null,null,null,null,"","","",0]
[null,null,null,null,null,null,null,null,null,null,null,null,null,"","","",0]
[" 15.2.3.10 ","Código","Banco","Descrição","Und","Quant.","Valor Unit","Total",null,null,null,null,null,"CÓDIGO","DESCRIÇÃO","UND","Valor Unit"]
["Composição"," JMV-CRAS-013 ","Próprio","JOELHO DE 90°COM BOLSA PARA ANEL, EM PVC RÍGIDO C/ ANÉIS, PARA ESGOTO SECUNDÁRIO, DIÂM = 40MM - BASEADA DA ORSE (1672)","un",1,17.71,17.71,null,null,null,null,null,{"$f":"UPPER(TRIM(B511))","v":"JMV-CRAS-013"},{"$f":"UPPER(TRIM(D511))","v":"JOELHO DE 90°COM BOLSA PARA ANEL, EM PVC RÍGIDO C/ ANÉIS, PARA ESGOTO SECUNDÁRIO, DIÂM = 40MM - BASEADA DA ORSE (1672)"},"UN",17.71]
["Composição Auxiliar"," 88267 ","SINAPI","ENCANADOR OU BOMBEIRO HIDRÁULICO COM ENCARGOS COMPLEMENTARES","H",0.28,26.7,7.47,null,null,null,null,null,"88267","ENCANADOR OU BOMBEIRO HIDRÁULICO COM ENCARGOS COMPLEMENTARES","H",26.7]
["Composição Auxiliar"," 88316 ","SINAPI","SERVENTE COM ENCARGOS COMPLEMENTARES","H",0.28,19.76,5.53,null,null,null,null,null,"88316","SERVENTE COM ENCARGOS COMPLEMENTARES","H",19.76]
["Insumo"," 162 ","ORSE","Anel borracha p/ tubo pvc sanitário predial, d=  40mm Anel borracha p/ tubo pvc sanitário predial d=  40mm un","un",1,0.98,0.98,null,null,null,null,null,"162","ANEL BORRACHA P/ TUBO PVC SANITÁRIO PREDIAL, D= 40MM ANEL BORRACHA P/ TUBO PVC SANITÁRIO PREDIAL D= 40MM UN","UN",0.98]
["Insumo"," 1188 ","ORSE","Joelho 90° pvc rigido com anel p/esgoto secundario, d= 40mm un","un",1,2.46,2.46,null,null,null,null,null,"1188","JOELHO 90° PVC RIGIDO COM ANEL P/ESGOTO SECUNDARIO, D= 40MM UN","UN",2.46]
["Insumo"," 1703 ","ORSE","Pasta lubrificante p/  pvc je kg","kg",0.02,63.5,1.27,null,null,null,null,null,"1703","PASTA LUBRIFICANTE P/ PVC JE KG",{"$f":"UPPER(TRIM(E516))","v":"KG"},63.5]
[null,null,null,null,"LS =>",0,"MO com LS =>",10.09,null,null,null,null,null,"","","LS =>","MO com LS =>"]
[null,null,null,null,null,"Valor sem BDI =>",null,17.71,null,null,null,null,null,"","","",0]
[null,null,null,null,null,null,null,null,null,null,null,null,null,"","","",0]
[" 15.2.3.11 ","Código","Banco","Descrição","Und","Quant.","Valor Unit","Total",null,null,null,null,null,"CÓDIGO","DESCRIÇÃO","UND","Valor Unit"]
["Composição"," JMV-CRAS-016 ","Próprio","JUNÇÃO SIMPLES EM PVC RÍGIDO SOLDÁVEL, PARA ESGOTO PRIMÁRIO, DIÂM = 100 X 50MM - BASEADA DA ORSE (1562)","un",1,52.6,52.6,null,null,null,null,null,"JMV-CRAS-016","JUNÇÃO SIMPLES EM PVC RÍGIDO SOLDÁVEL, PARA ESGOTO PRIMÁRIO, DIÂM = 100 X 50MM - BASEADA DA ORSE (1562)","UN",52.6]
["Composição Auxiliar"," 88267 ","SINAPI","ENCANADOR OU BOMBEIRO HIDRÁULICO COM ENCARGOS COMPLEMENTARES","H",0.46,26.7,12.28,null,null,null,null,null,"88267","ENCANADOR OU BOMBEIRO HIDRÁULICO COM ENCARGOS COMPLEMENTARES","H",26.7]
["Composição Auxiliar"," 88316 ","SINAPI","SERVENTE COM ENCARGOS COMPLEMENTARES","H",0.46,19.76,9.08,null,null,null,null,null,"88316","SERVENTE COM ENCARGOS COMPLEMENTARES","H",19.76]
["Insumo"," 138 ","ORSE","Adesivo pvc em frasco de 850 gramas kg","tubo",0.058,72.41,4.19,null,null,null,null,null,"138","ADESIVO PVC EM FRASCO DE 850 GRAMAS KG","TUBO",72.41]
["Insumo"," 1270 ","ORSE","Juncao simples pvc rigido p/ esgoto primario, diam =100 x  50mm un","un",1,20.71,20.71,null,null,null,null,null,"1270","JUNCAO SIMPLES PVC RIGIDO P/ ESGOTO PRIMARIO, DIAM =100 X 50MM UN","UN",20.71]
["Insumo"," 2036 ","ORSE","Solucao limpadora pvc l","l",0.091,69.74,6.34,null,null,null,null,null,"2036","SOLUCAO LIMPADORA PVC L","L",69.74]
[null,null,null,null,"LS =>",0,"MO com LS =>",16.57,null,null,null,null,null,"","","LS =>","MO com LS =>"]
[null,null,null,null,null,"Valor sem BDI =>",null,52.6,null,null,null,null,null,"","","",0]
[null,null,null,null,null,null,null,null,null,null,null,null,null,"","","",0]
[" 15.2.3.12 ","Código","Banco","Descrição","Und","Quant.","Valor Unit","Total",null,null,null,null,null,"CÓDIGO","DESCRIÇÃO","UND","Valor Unit"]
["Composição"," JMV-CRAS-018 ","Próprio","JUNÇÃO SIMPLES EM PVC RÍGIDO SOLDÁVEL, PARA ESGOTO PRIMÁRIO, DIÂM = 100 X 75MM - BASEADA DA ORSE (1563)","un",1,62.15,62.15,null,null,null,null,null,"JMV-CRAS-018","JUNÇÃO SIMPLES EM PVC RÍGIDO SOLDÁVEL, PARA ESGOTO PRIMÁRIO, DIÂM = 100 X 75MM - BASEADA DA ORSE (1563)","UN",62.15]
["Composição Auxiliar"," 88267 ","SINAPI","ENCANADOR OU BOMBEIRO HIDRÁULICO COM ENCARGOS COMPLEMENTARES","H",0.46,26.7,12.28,null,null,null,null,null,"88267","ENCANADOR OU BOMBEIRO HIDRÁULICO COM ENCARGOS COMPLEMENTARES","H",26.7]
["Composição Auxiliar"," 88316 ","SINAPI","SERVENTE COM ENCARGOS COMPLEMENTARES","H",0.46,19.76,9.08,null,null,null,null,null,"88316","SERVENTE COM ENCARGOS COMPLEMENTARES","H",19.76]
["Insumo"," 138 ","ORSE","Adesivo pvc em frasco de 850 gramas kg","tubo",0.067,72.41,4.85,null,null,null,null,null,"138","ADESIVO PVC EM FRASCO DE 850 GRAMAS KG","TUBO",72.41]
["Insumo"," 2036 ","ORSE","Solucao limpadora pvc l","l",0.106,69.74,7.39,null,null,null,null,null,"2036","SOLUCAO LIMPADORA PVC L","L",69.74]
["Insumo"," 00003660 ","SINAPI","JUNCAO SIMPLES DE REDUCAO, PVC, DN 100 X 75 MM, SERIE NORMAL PARA ESGOTO PREDIAL","UN",1,28.55,28.55,null,null,null,null,null,"00003660","JUNCAO SIMPLES DE REDUCAO, PVC, DN 100 X 75 MM, SERIE NORMAL PARA ESGOTO PREDIAL","UN",28.55]
[null,null,null,null,"LS =>",0,"MO com LS =>",16.57,null,null,null,null,null,"","","LS =>","MO com LS =>"]
[null,null,null,null,null,"Valor sem BDI =>",null,62.15,null,null,null,null,null,"","","",0]
[null,null,null,null,null,null,null,null,null,null,null,null,null,"","","",0]
[" 15.2.3.19 ","Código","Banco","Descrição","Und","Quant.","Valor Unit","Total",null,null,null,null,null,"CÓDIGO","DESCRIÇÃO","UND","Valor Unit"]
["Composição"," JMV-CRAS-019 ","Próprio","VEDAÇÃO PARA SAÍDA DE VASO SANITÁRIO EM  PVC RÍGIDO SOLDÁVEL, PARA ESGOTO PRIMÁRIO, DIÂM = 100MM - BASEADA DA ORSE (1595)","un",1,24.89,24.89,null,null,null,null,null,"JMV-CRAS-019","VEDAÇÃO PARA SAÍDA DE VASO SANITÁRIO EM PVC RÍGIDO SOLDÁVEL, PARA ESGOTO PRIMÁRIO, DIÂM = 100MM - BASEADA DA ORSE (1595)","UN",24.89]
["Composição Auxiliar"," 88267 ","SINAPI","ENCANADOR OU BOMBEIRO HIDRÁULICO COM ENCARGOS COMPLEMENTARES","H",0.23,26.7,6.14,null,null,null,null,null,"88267","ENCANADOR OU BOMBEIRO HIDRÁULICO COM ENCARGOS COMPLEMENTARES","H",26.7]
["Composição Auxiliar"," 88316 ","SINAPI","SERVENTE COM ENCARGOS COMPLEMENTARES","H",0.23,19.76,4.54,null,null,null,null,null,"88316","SERVENTE COM ENCARGOS COMPLEMENTARES","H",19.76]
["Insumo"," 138 ","ORSE","Adesivo pvc em frasco de 850 gramas kg","tubo",0.025,72.41,1.81,null,null,null,null,null,"138","ADESIVO PVC EM FRASCO DE 850 GRAMAS KG","TUBO",72.41]
["Insumo"," 2036 ","ORSE","Solucao limpadora pvc l","l",0.04,69.74,2.78,null,null,null,null,null,"2036","SOLUCAO LIMPADORA PVC L","L",69.74]
["Insumo"," 00006138 ","SINAPI","ANEL DE VEDACAO, PVC FLEXIVEL, 100 MM, PARA SAIDA DE BACIA / VASO SANITARIO","UN",1,9.62,9.62,null,null,null,null,null,"00006138","ANEL DE VEDACAO, PVC FLEXIVEL, 100 MM, PARA SAIDA DE BACIA / VASO SANITARIO","UN",9.62]
[null,null,null,null,"LS =>",0,"MO com LS =>",8.28,null,null,null,null,null,"","","LS =>","MO com LS =>"]
[null,null,null,null,null,"Valor sem BDI =>",null,24.89,null,null,null,null,null,"","","",0]
[null,null,null,null,null,null,null,null,null,null,null,null,null,"","","",0]
[" 15.6.1.5 ","Código","Banco","Descrição","Und","Quant.","Valor Unit","Total",null,null,null,null,null,"CÓDIGO","DESCRIÇÃO","UND","Valor Unit"]
["Composição"," JMV-CRAS-008 ","Próprio","JUNÇÃO SIMPLES EM PVC RÍGIDO SOLDÁVEL, PARA ESGOTO PRIMÁRIO, DIÂM = 75 X 50MM - BASEADA DA ORSE (1560)","un",1,{"$f":"SUM(H552:H556)","v":37.35},{"$f":"F551*G551","v":37.35},null,null,null,null,null,"JMV-CRAS-008","JUNÇÃO SIMPLES EM PVC RÍGIDO SOLDÁVEL, PARA ESGOTO PRIMÁRIO, DIÂM = 75 X 50MM - BASEADA DA ORSE (1560)","UN",37.35]
["Composição Auxiliar"," 88267 ","SINAPI","ENCANADOR OU BOMBEIRO HIDRÁULICO COM ENCARGOS COMPLEMENTARES","H",0.37,26.7,9.87,null,null,null,null,null,"88267","ENCANADOR OU BOMBEIRO HIDRÁULICO COM ENCARGOS COMPLEMENTARES","H",26.7]
["Composição Auxiliar"," 88316 ","SINAPI","SERVENTE COM ENCARGOS COMPLEMENTARES","H",0.37,19.76,7.31,null,null,null,null,null,"88316","SERVENTE COM ENCARGOS COMPLEMENTARES","H",19.76]
["Insumo"," 138 ","ORSE","Adesivo pvc em frasco de 850 gramas kg","tubo",0.042,72.41,3.04,null,null,null,null,null,"138","ADESIVO PVC EM FRASCO DE 850 GRAMAS KG","TUBO",72.41]
["Insumo"," 2036 ","ORSE","Solucao limpadora pvc l","l",0.063,69.74,4.39,null,null,null,null,null,"2036","SOLUCAO LIMPADORA PVC L","L",69.74]
["Insumo","H00335","SEDOP","Junção simples PVC JS - 75 x 50mm - LS","UN",1,12.74,12.74,null,null,null,null,null,"H00335","JUNÇÃO SIMPLES PVC JS - 75 X 50MM - LS","UN",12.74]
[null,null,null,null,"LS =>",0,"MO com LS =>",13.33,null,null,null,null,null,"","","LS =>","MO com LS =>"]
[null,null,null,null,null,"Valor sem BDI =>",null,40.79,null,null,null,null,null,"","","",0]
[null,null,null,null,null,null,null,null,null,null,null,null,null,"","","",0]
[" 15.6.1.13 ","Código","Banco","Descrição","Und","Quant.","Valor Unit","Total",null,null,null,null,null,"CÓDIGO","DESCRIÇÃO","UND","Valor Unit"]
["Composição"," JMV-CRAS-009 ","Próprio","TE SANITARIO DIAMETRO 75 X 50 MM - BASEADA DA AGETOP CIVIL (082231)","Un",1,27.7,27.7,null,null,null,null,null,"JMV-CRAS-009","TE SANITARIO DIAMETRO 75 X 50 MM - BASEADA DA AGETOP CIVIL (082231)","UN",27.7]
["Composição Auxiliar"," 88267 ","SINAPI","ENCANADOR OU BOMBEIRO HIDRÁULICO COM ENCARGOS COMPLEMENTARES","H",0.37,26.7,9.87,null,null,null,null,null,"88267","ENCANADOR OU BOMBEIRO HIDRÁULICO COM ENCARGOS COMPLEMENTARES","H",26.7]
["Composição Auxiliar"," 88248 ","SINAPI","AUXILIAR DE ENCANADOR OU BOMBEIRO HIDRÁULICO COM ENCARGOS COMPLEMENTARES","H",0.37,21.34,7.89,null,null,null,null,null,"88248","AUXILIAR DE ENCANADOR OU BOMBEIRO HIDRÁULICO COM ENCARGOS COMPLEMENTARES","H",21.34]
["Insumo"," H415 ","AGETOP CIVIL","TE SANITARIO DIAMETRO 75 X 50 mm - (ESGOTO)","un",1,9.94,9.94,null,null,null,null,null,"H415","TE SANITARIO DIAMETRO 75 X 50 MM - (ESGOTO)","UN",9.94]
[null,null,null,null,"LS =>",0,"MO com LS =>",14.1,null,null,null,null,null,"","","LS =>","MO com LS =>"]
[null,null,null,null,null,"Valor sem BDI =>",null,27.7,null,null,null,null,null,"","","",0]
[null,null,null,null,null,null,null,null,null,null,null,null,null,"","","",0]
[" 15.8.5.3 ","Código","Banco","Descrição","Und","Quant.","Valor Unit","Total",null,null,null,null,null,"CÓDIGO","DESCRIÇÃO","UND","Valor Unit"]
["Composição"," JMV-CRAS-014 ","Próprio","BUCHA DE REDUÇÃO CURTA DE PVC RÍGIDO SOLDÁVEL, MARROM, DIÂM = 40 X 32MM - BASEADA DA ORSE (1073)","un",1,10.72,10.72,null,null,null,null,null,"JMV-CRAS-014","BUCHA DE REDUÇÃO CURTA DE PVC RÍGIDO SOLDÁVEL, MARROM, DIÂM = 40 X 32MM - BASEADA DA ORSE (1073)","UN",10.72]
["Composição Auxiliar"," 88267 ","SINAPI","ENCANADOR OU BOMBEIRO HIDRÁULICO COM ENCARGOS COMPLEMENTARES","H",0.14,26.7,3.73,null,null,null,null,null,"88267","ENCANADOR OU BOMBEIRO HIDRÁULICO COM ENCARGOS COMPLEMENTARES","H",{"$f":"G570","v":26.7}]
["Composição Auxiliar"," 88316 ","SINAPI","SERVENTE COM ENCARGOS COMPLEMENTARES","H",0.14,19.76,2.76,null,null,null,null,null,"88316","SERVENTE COM ENCARGOS COMPLEMENTARES","H",19.76]
["Insumo"," 138 ","ORSE","Adesivo pvc em frasco de 850 gramas kg","tubo",0.009,72.41,0.65,null,null,null,null,null,"138","ADESIVO PVC EM FRASCO DE 850 GRAMAS KG","TUBO",72.41]
["Insumo"," 2036 ","ORSE","Solucao limpadora pvc l","l",0.013,69.74,0.9,null,null,null,null,null,"2036","SOLUCAO LIMPADORA PVC L","L",69.74]
["Insumo"," 00000812 ","SINAPI","BUCHA DE REDUCAO DE PVC, SOLDAVEL, CURTA, COM 40 X 32 MM, PARA AGUA FRIA PREDIAL","UN",1,2.68,2.68,null,null,null,null,null,"00000812","BUCHA DE REDUCAO DE PVC, SOLDAVEL, CURTA, COM 40 X 32 MM, PARA AGUA FRIA PREDIAL","UN",2.68]
[null,null,null,null,"LS =>",0,"MO com LS =>",5.04,null,null,null,null,null,{"$f":"UPPER(TRIM(B575))","v":""},{"$f":"UPPER(TRIM(D575))","v":""},"LS =>","MO com LS =>"]
[null,null,null,null,null,"Valor sem BDI =>",null,10.72,null,null,null,null,null,"","","",0]
[null,null,null,null,null,null,null,null,null,null,null,null,null,"","","",0]
[" 15.8.5.22 ","Código","Banco","Descrição","Und","Quant.","Valor Unit","Total",null,null,null,null,null,"CÓDIGO","DESCRIÇÃO","UND","Valor Unit"]
["Composição"," JMV-CRAS-015 ","Próprio","TE REDUCAO PVC SOLDAVEL 32X25MM - BASEADA DA SBC (052214)","UN",1,25.07,25.07,null,null,null,null,null,"JMV-CRAS-015","TE REDUCAO PVC SOLDAVEL 32X25MM - BASEADA DA SBC (052214)","UN",25.07]
["Composição Auxiliar"," 88248 ","SINAPI","AUXILIAR DE ENCANADOR OU BOMBEIRO HIDRÁULICO COM ENCARGOS COMPLEMENTARES","H",0.337,21.34,7.19,null,null,null,null,null,"88248","AUXILIAR DE ENCANADOR OU BOMBEIRO HIDRÁULICO COM ENCARGOS COMPLEMENTARES",{"$f":"UPPER(TRIM(E580))","v":"H"},21.34]
["Composição Auxiliar"," 88267 ","SINAPI","ENCANADOR OU BOMBEIRO HIDRÁULICO COM ENCARGOS COMPLEMENTARES","H",0.337,26.7,8.99,null,null,null,null,null,"88267","ENCANADOR OU BOMBEIRO HIDRÁULICO COM ENCARGOS COMPLEMENTARES","H",26.7]
["Insumo"," 000386 ","SBC","SOLUCAO LIMPADORA PARA PVC EMBALAGEM 200cc","UN",0.014,16.3,0.22,null,null,null,null,null,"000386","SOLUCAO LIMPADORA PARA PVC EMBALAGEM 200CC","UN",16.3]
["Insumo"," 003389 ","SBC","ADESIVO PARA PVC BISNAGA DE 75 GRAMAS","UN",0.114,10.9,1.24,null,null,null,null,null,"003389","ADESIVO PARA PVC BISNAGA DE 75 GRAMAS","UN",10.9]
["Insumo"," 005666 ","SBC","TE DE REDUCAO 90 PVC SOLDAVEL 32 x 25mm","UN",1,7.43,7.43,null,null,null,null,null,"005666","TE DE REDUCAO 90 PVC SOLDAVEL 32 X 25MM","UN",7.43]
[null,null,null,null,"LS =>",0,"MO com LS =>",12.84,null,null,null,null,null,"","","LS =>","MO com LS =>"]
[null,null,null,null,null,"Valor sem BDI =>",null,25.07,null,null,null,null,null,"","","",0]
[null,null,null,null,null,null,null,null,null,null,null,null,null,"","","",0]
[" 15.8.5.23 ","Código","Banco","Descrição","Und","Quant.","Valor Unit","Total",null,null,null,null,null,"CÓDIGO","DESCRIÇÃO","UND","Valor Unit"]
["Composição"," JMV-CRAS-017 ","Próprio","TE REDUCAO PVC SOLDAVEL 40X25MM - BASEADA DA SBC (052216)","UN",1,40.89,40.89,null,null,null,null,null,"JMV-CRAS-017","TE REDUCAO PVC SOLDAVEL 40X25MM - BASEADA DA SBC (052216)","UN",40.89]
["Composição Auxiliar"," 88248 ","SINAPI","AUXILIAR DE ENCANADOR OU BOMBEIRO HIDRÁULICO COM ENCARGOS COMPLEMENTARES","H",0.633,21.34,13.5,null,null,null,null,null,"88248","AUXILIAR DE ENCANADOR OU BOMBEIRO HIDRÁULICO COM ENCARGOS COMPLEMENTARES","H",21.34]
["Composição Auxiliar"," 88267 ","SINAPI","ENCANADOR OU BOMBEIRO HIDRÁULICO COM ENCARGOS COMPLEMENTARES","H",0.633,26.7,16.9,null,null,null,null,null,"88267","ENCANADOR OU BOMBEIRO HIDRÁULICO COM ENCARGOS COMPLEMENTARES","H",26.7]
["Insumo"," 003389 ","SBC","ADESIVO PARA PVC BISNAGA DE 75 GRAMAS","UN",0.02,10.9,0.21,null,null,null,null,null,"003389","ADESIVO PARA PVC BISNAGA DE 75 GRAMAS","UN",10.9]
["Insumo"," 003487 ","SBC","LIXA PARA MADEIRA S422 NORTON 100","UN",0.01,45.65,0.45,null,null,null,null,null,"003487","LIXA PARA MADEIRA S422 NORTON 100","UN",45.65]
["Insumo"," 003889 ","SBC","SOLUCAO LIMPADORA PARA TUBOS PVC FRASCO 1 LITRO","UN",0.02,49.68,0.99,null,null,null,null,null,"003889","SOLUCAO LIMPADORA PARA TUBOS PVC FRASCO 1 LITRO","UN",49.68]
["Insumo"," 008500 ","SBC","TE DE REDUCAO 90 PVC SOLDAVEL 40 x 25mm","UN",1,8.84,8.84,null,null,null,null,null,"008500","TE DE REDUCAO 90 PVC SOLDAVEL 40 X 25MM","UN",8.84]
[null,null,null,null,"LS =>",0,"MO com LS =>",24.13,null,null,null,null,null,"","","LS =>","MO com LS =>"]
[null,null,null,null,null,"Valor sem BDI =>",null,40.89,null,null,null,null,null,"","","",0]
[null,null,null,null,null,null,null,null,null,null,null,null,null,"","","",0]
[" 15.8.6.2 ","Código","Banco","Descrição","Und","Quant.","Valor Unit","Total",null,null,null,null,null,"CÓDIGO","DESCRIÇÃO","UND","Valor Unit"]
["Composição"," JMV-CRAS-020 ","Próprio","JOELHO 90º RED. PVC RÍGIDO SOLDÁVEL C/BUCHA DE LATÃO, DIÂM= 25MMX1/2\" - BASEADA DA ORSE (479)","un",1,16.21,16.21,null,null,null,null,null,"JMV-CRAS-020","JOELHO 90º RED. PVC RÍGIDO SOLDÁVEL C/BUCHA DE LATÃO, DIÂM= 25MMX1/2\" - BASEADA DA ORSE (479)","UN",16.21]
["Composição Auxiliar"," 88267 ","SINAPI","ENCANADOR OU BOMBEIRO HIDRÁULICO COM ENCARGOS COMPLEMENTARES","H",0.2,26.7,5.34,null,null,null,null,null,"88267","ENCANADOR OU BOMBEIRO HIDRÁULICO COM ENCARGOS COMPLEMENTARES","H",26.7]
["Composição Auxiliar"," 88316 ","SINAPI","SERVENTE COM ENCARGOS COMPLEMENTARES","H",0.2,19.76,3.95,null,null,null,null,null,"88316","SERVENTE COM ENCARGOS COMPLEMENTARES","H",19.76]
["Insumo"," 981 ","ORSE","Fita veda rosca 18mm m","m",0.54,0.21,0.11,null,null,null,null,null,"981","FITA VEDA ROSCA 18MM M","M",0.21]
["Insumo"," 00020147 ","SINAPI","JOELHO PVC, SOLDAVEL, COM BUCHA DE LATAO, 90 GRAUS, 25 MM X 1/2\", PARA AGUA FRIA PREDIAL","UN",1,6.81,6.81,null,null,null,null,null,"00020147","JOELHO PVC, SOLDAVEL, COM BUCHA DE LATAO, 90 GRAUS, 25 MM X 1/2\", PARA AGUA FRIA PREDIAL","UN",6.81]
[null,null,null,null,"LS =>",0,"MO com LS =>",7.21,null,null,null,null,null,"","","LS =>","MO com LS =>"]
[null,null,null,null,null,"Valor sem BDI =>",null,16.21,null,null,null,null,null,"","","",0]
[null,null,null,null,null,null,null,null,null,null,null,null,null,"","","",0]
[" 16.1.1.6 ","Código","Banco","Descrição","Und","Quant.","Valor Unit","Total",null,null,null,null,null,"CÓDIGO","DESCRIÇÃO","UND","Valor Unit"]
["Composição"," JMV-CRAS-025 ","Próprio","CONDULETE DE ALUMÍNIO, TIPO X, PARA ELETRODUTO DE AÇO GALVANIZADO DN 25 MM (1''), APARENTE, SEM TAMPA - FORNECIMENTO E INSTALAÇÃO. AF_10/2022 - BASEADA EM SINAPI (95780)","UN",1,24.22,24.22,null,null,null,null,null,"JMV-CRAS-025","CONDULETE DE ALUMÍNIO, TIPO X, PARA ELETRODUTO DE AÇO GALVANIZADO DN 25 MM (1''), APARENTE, SEM TAMPA - FORNECIMENTO E INSTALAÇÃO. AF_10/2022 - BASEADA EM SINAPI (95780)","UN",24.22]
["Composição Auxiliar"," 88247 ","SINAPI","AUXILIAR DE ELETRICISTA COM ENCARGOS COMPLEMENTARES","H",0.255,22.34,5.69,null,null,null,null,null,"88247","AUXILIAR DE ELETRICISTA COM ENCARGOS COMPLEMENTARES","H",22.34]
["Composição Auxiliar"," 88264 ","SINAPI","ELETRICISTA COM ENCARGOS COMPLEMENTARES","H",0.255,27.8,7.08,null,null,null,null,null,"88264","ELETRICISTA COM ENCARGOS COMPLEMENTARES","H",27.8]
["Insumo"," 00011950 ","SINAPI","BUCHA DE NYLON SEM ABA S6, COM PARAFUSO DE 4,20 X 40 MM EM ACO ZINCADO COM ROSCA SOBERBA, CABECA CHATA E FENDA PHILLIPS","UN",2,0.24,0.48,null,null,null,null,null,"00011950","BUCHA DE NYLON SEM ABA S6, COM PARAFUSO DE 4,20 X 40 MM EM ACO ZINCADO COM ROSCA SOBERBA, CABECA CHATA E FENDA PHILLIPS","UN",0.24]
["Insumo"," MATED-17871 ","SETOP","CONDULETE (MATERIAL: ALUMÍNIO|TIPO: MÚLTIPLO \"X\" OU \"L\"|DIÂMETRO DO ENCAIXE: 1\"[25MM]|TAMPA: NÃO INCLUSO)","un",1,10.97,10.97,null,null,null,null,null,"MATED-17871","CONDULETE (MATERIAL: ALUMÍNIO|TIPO: MÚLTIPLO \"X\" OU \"L\"|DIÂMETRO DO ENCAIXE: 1\"[25MM]|TAMPA: NÃO INCLUSO)","UN",10.97]
[null,null,null,null,"LS =>",0,"MO com LS =>",9.91,null,null,null,null,null,"","","LS =>","MO com LS =>"]
[null,null,null,null,null,"Valor sem BDI =>",null,24.22,null,null,null,null,null,"","","",0]
[null,null,null,null,null,null,null,null,null,null,null,null,null,"","","",0]
[" 16.1.2.4 ","Código","Banco","Descrição","Und","Quant.","Valor Unit","Total",null,null,null,null,null,"CÓDIGO","DESCRIÇÃO","UND","Valor Unit"]
["Composição"," JMV-CRAS-026 ","Próprio","CONECTOR CABO-HASTE EM BRONZE NATURAL PARA 2 CABOS COBRE DE 16MM² A 70MM² COM GRAMPO \"U\" E PORCAS DE AÇO GALV.- FORNECIMENTO E INSTALAÇÃO - BASEADA EM ORSE (10907)","un",1,9.52,9.52,null,null,null,null,null,"JMV-CRAS-026","CONECTOR CABO-HASTE EM BRONZE NATURAL PARA 2 CABOS COBRE DE 16MM² A 70MM² COM GRAMPO \"U\" E PORCAS DE AÇO GALV.- FORNECIMENTO E INSTALAÇÃO - BASEADA EM ORSE (10907)","UN",9.52]
["Composição Auxiliar"," 88264 ","SINAPI","ELETRICISTA COM ENCARGOS COMPLEMENTARES","H",0.1,27.8,2.78,null,null,null,null,null,"88264","ELETRICISTA COM ENCARGOS COMPLEMENTARES","H",27.8]
["Composição Auxiliar"," 88247 ","SINAPI","AUXILIAR DE ELETRICISTA COM ENCARGOS COMPLEMENTARES","H",0.1,22.34,2.23,null,null,null,null,null,"88247","AUXILIAR DE ELETRICISTA COM ENCARGOS COMPLEMENTARES","H",22.34]
["Insumo"," 11848 ","ORSE","Conector cabo-haste em bronze natural para 2 cabos cobre de 16mm² a 70mm² com grampo \"U\" e porcas de aço galv.Ref:TEL-583 ou similar Conector mini-gar bronze estanhado para travamento de cabo junto parafuso esticador TEL-583 un","un",1,4.51,4.51,null,null,null,null,null,"11848","CONECTOR CABO-HASTE EM BRONZE NATURAL PARA 2 CABOS COBRE DE 16MM² A 70MM² COM GRAMPO \"U\" E PORCAS DE AÇO GALV.REF:TEL-583 OU SIMILAR CONECTOR MINI-GAR BRONZE ESTANHADO PARA TRAVAMENTO DE CABO JUNTO PARAFUSO ESTICADOR TEL-583 UN","UN",4.51]
[null,null,null,null,"LS =>",0,"MO com LS =>",3.88,null,null,null,null,null,"","","LS =>","MO com LS =>"]
[null,null,null,null,null,"Valor sem BDI =>",null,9.52,null,null,null,null,null,"","","",0]
[null,null,null,null,null,null,null,null,null,null,null,null,null,"","","",0]
[" 16.1.2.5 ","Código","Banco","Descrição","Und","Quant.","Valor Unit","Total",null,null,null,null,null,"CÓDIGO","DESCRIÇÃO","UND","Valor Unit"]
["Composição"," JMV-CRAS-027 ","Próprio","Selante em Poliuretano (PU) flexível – Bisnaga 380g. Ref.: Termotécnica - TEL-5905 ou equivalente.","UND",1,44.09,44.09,null,null,null,null,null,"JMV-CRAS-027","SELANTE EM POLIURETANO (PU) FLEXÍVEL – BISNAGA 380G. REF.: TERMOTÉCNICA - TEL-5905 OU EQUIVALENTE.","UND",44.09]
["Composição Auxiliar"," 88316 ","SINAPI","SERVENTE COM ENCARGOS COMPLEMENTARES","H",0.4,19.76,7.9,null,null,null,null,null,"88316","SERVENTE COM ENCARGOS COMPLEMENTARES","H",19.76]
["Insumo"," MATED-8151 ","SETOP","ADESIVO/SELANTE ELÁSTICO MONOCOMPONENTE ( APLICAÇÃO: USO GERAL| BASE: POLIURETANO| EMBALAGEM: 310ML| DENSIDADE*: 1,35G/CM3)* VALORES REFERENCIAIS APROXIMADOS","un",1,36.19,36.19,null,null,null,null,null,"MATED-8151","ADESIVO/SELANTE ELÁSTICO MONOCOMPONENTE ( APLICAÇÃO: USO GERAL| BASE: POLIURETANO| EMBALAGEM: 310ML| DENSIDADE*: 1,35G/CM3)* VALORES REFERENCIAIS APROXIMADOS","UN",36.19]
[null,null,null,null,"LS =>",0,"MO com LS =>",5.72,null,null,null,null,null,"","","LS =>","MO com LS =>"]
[null,null,null,null,null,"Valor sem BDI =>",null,44.09,null,null,null,null,null,"","","",0]
[null,null,null,null,null,null,null,null,null,null,null,null,null,"","","",0]
[" 16.1.2.6 ","Código","Banco","Descrição","Und","Quant.","Valor Unit","Total",null,null,null,null,null,"CÓDIGO","DESCRIÇÃO","UND","Valor Unit"]
["Composição"," JMV-CRAS-028 ","Próprio","CAIXA DE EQUALIZACAO COM BARRAMENTO TERMOTECNICA TEL-903, PARA 9 TERMINAIS - BASEADA EM SBC (059305)","UN",1,622.36,622.36,null,null,null,null,null,"JMV-CRAS-028","CAIXA DE EQUALIZACAO COM BARRAMENTO TERMOTECNICA TEL-903, PARA 9 TERMINAIS - BASEADA EM SBC (059305)","UN",622.36]
["Composição Auxiliar"," 88264 ","SINAPI","ELETRICISTA COM ENCARGOS COMPLEMENTARES","H",1.264,27.8,35.13,null,null,null,null,null,"88264","ELETRICISTA COM ENCARGOS COMPLEMENTARES","H",{"$f":"G634","v":27.8}]
["Composição Auxiliar"," 88247 ","SINAPI","AUXILIAR DE ELETRICISTA COM ENCARGOS COMPLEMENTARES","H",1.264,22.34,28.23,null,null,null,null,null,"88247","AUXILIAR DE ELETRICISTA COM ENCARGOS COMPLEMENTARES","H",22.34]
["Insumo"," 077945 ","SBC","CAIXA DE EQUALIZACAO COM BARRAMENTO PARA 09 TERMINAIS - REF. TEL-903 OU PRT-970","UN",1,559,559,null,null,null,null,null,"077945","CAIXA DE EQUALIZACAO COM BARRAMENTO PARA 09 TERMINAIS - REF. TEL-903 OU PRT-970","UN",559]
[null,null,null,null,"LS =>",0,"MO com LS =>",49.16,null,null,null,null,null,"","","LS =>","MO com LS =>"]
[null,null,null,null,null,"Valor sem BDI =>",null,622.36,null,null,null,null,null,"","","",0]
[null,null,null,null,null,null,null,null,null,null,null,null,null,{"$f":"UPPER(TRIM(B639))","v":""},{"$f":"UPPER(TRIM(D639))","v":""},"",0]
[" 16.1.3.1 ","Código","Banco","Descrição","Und","Quant.","Valor Unit","Total",null,null,null,null,null,"CÓDIGO","DESCRIÇÃO","UND","Valor Unit"]
["Composição"," JMV-CRAS-029 ","Próprio","PARAFUSO CABEÇA SEXTAVADA 1/4\" x 1 1/4\", C/ PORCA E ARRUELA (FORNECIMENTO E COLOCAÇÃO) - BASEADA EM ORSE (9831)","un",1,1.4,1.4,null,null,null,null,null,"JMV-CRAS-029","PARAFUSO CABEÇA SEXTAVADA 1/4\" X 1 1/4\", C/ PORCA E ARRUELA (FORNECIMENTO E COLOCAÇÃO) - BASEADA EM ORSE (9831)","UN",1.4]
["Composição Auxiliar"," 88264 ","SINAPI","ELETRICISTA COM ENCARGOS COMPLEMENTARES","H",0.01,27.8,0.27,null,null,null,null,null,"88264","ELETRICISTA COM ENCARGOS COMPLEMENTARES","H",27.8]
["Insumo"," 12428 ","ORSE","Parafuso em aço inox, cabeça sextavada 1/4\" x 1 1/4\" un","un",1,0.6,0.6,null,null,null,null,null,"12428","PARAFUSO EM AÇO INOX, CABEÇA SEXTAVADA 1/4\" X 1 1/4\" UN","UN",0.6]
["Insumo"," 00039997 ","SINAPI","PORCA ZINCADA, SEXTAVADA, DIAMETRO 1/4\"","UN",1,0.45,0.45,null,null,null,null,null,"00039997","PORCA ZINCADA, SEXTAVADA, DIAMETRO 1/4\"",{"$f":"UPPER(TRIM(E644))","v":"UN"},0.45]
["Insumo"," MATED-18325 ","SETOP","ARRUELA LISA REDONDA ( DIÂMETRO 6,35MM (1/4\")| PESO/100PÇ: 0,204 KG)","un",1,0.08,0.08,null,null,null,null,null,"MATED-18325","ARRUELA LISA REDONDA ( DIÂMETRO 6,35MM (1/4\")| PESO/100PÇ: 0,204 KG)","UN",0.08]
[null,null,null,null,"LS =>",0,"MO com LS =>",0.22,null,null,null,null,null,"","","LS =>","MO com LS =>"]
[null,null,null,null,null,"Valor sem BDI =>",null,1.4,null,null,null,null,null,"","","",0]
[null,null,null,null,null,null,null,null,null,null,null,null,null,"","","",0]
[" 16.1.3.2 ","Código","Banco","Descrição","Und","Quant.","Valor Unit","Total",null,null,null,null,null,"CÓDIGO","DESCRIÇÃO","UND","Valor Unit"]
["Composição"," JMV-CRAS-030 ","Próprio","PARAFUSO DE FENDA EM AÇO INOX COM PORCA DE 1/4\" E ARRUELA DE PRESSÃO - FORNECIMENTO E COLOCAÇÃO - BASEADA DA ORSE (11414)","un",1,0.91,0.91,null,null,null,null,null,"JMV-CRAS-030","PARAFUSO DE FENDA EM AÇO INOX COM PORCA DE 1/4\" E ARRUELA DE PRESSÃO - FORNECIMENTO E COLOCAÇÃO - BASEADA DA ORSE (11414)","UN",0.91]
["Composição Auxiliar"," 88264 ","SINAPI","ELETRICISTA COM ENCARGOS COMPLEMENTARES","H",0.01,27.8,0.27,null,null,null,null,null,"88264","ELETRICISTA COM ENCARGOS COMPLEMENTARES","H",27.8]
["Insumo"," M0945 ","SICRO3","Parafuso de cabeça sextavada em aço galvanizado com porca e arruela de pressão - D = 6,35 mm (1/4”)","cj",1,0.6476,0.64,null,null,null,null,null,"M0945","PARAFUSO DE CABEÇA SEXTAVADA EM AÇO GALVANIZADO COM PORCA E ARRUELA DE PRESSÃO - D = 6,35 MM (1/4”)","CJ",0.6476]
[null,null,null,null,"LS =>",0,"MO com LS =>",0.22,null,null,null,null,null,"","","LS =>","MO com LS =>"]
[null,null,null,null,null,"Valor sem BDI =>",null,0.91,null,null,null,null,null,"","","",0]
[null,null,null,null,null,null,null,null,null,null,null,null,null,"","","",0]
[" 16.1.3.5 ","Código","Banco","Descrição","Und","Quant.","Valor Unit","Total",null,null,null,null,null,"CÓDIGO","DESCRIÇÃO","UND","Valor Unit"]
["Composição"," JMV-CRAS-031 ","Próprio","FORNECIMENTO E INSTALAÇÃO DE BUCHA DE NYLON S6, SEM ABA - BASEADA EM ORSE (2490)","un",1,4.87,4.87,null,null,null,null,null,"JMV-CRAS-031","FORNECIMENTO E INSTALAÇÃO DE BUCHA DE NYLON S6, SEM ABA - BASEADA EM ORSE (2490)","UN",4.87]
["Composição Auxiliar"," 88316 ","SINAPI","SERVENTE COM ENCARGOS COMPLEMENTARES","H",0.1,19.76,1.97,null,null,null,null,null,"88316","SERVENTE COM ENCARGOS COMPLEMENTARES","H",19.76]
["Composição Auxiliar"," 88264 ","SINAPI","ELETRICISTA COM ENCARGOS COMPLEMENTARES","H",0.1,27.8,2.78,null,null,null,null,null,"88264","ELETRICISTA COM ENCARGOS COMPLEMENTARES","H",27.8]
["Insumo"," 00004375 ","SINAPI","BUCHA DE NYLON SEM ABA S6","UN",1,0.12,0.12,null,null,null,null,null,"00004375","BUCHA DE NYLON SEM ABA S6","UN",0.12]
[null,null,null,null,"LS =>",0,"MO com LS =>",3.64,null,null,null,null,null,"","","LS =>","MO com LS =>"]
[null,null,null,null,null,"Valor sem BDI =>",null,4.87,null,null,null,null,null,"","","",0]
[null,null,null,null,null,null,null,null,null,null,null,null,null,"","","",0]
[" 16.1.4.1 ","Código","Banco","Descrição","Und","Quant.","Valor Unit","Total",null,null,null,null,null,"CÓDIGO","DESCRIÇÃO","UND","Valor Unit"]
["Composição"," JMV-CRAS-032 ","Próprio","CARTUCHO 32 PARA SOLDA EXOTERMICA (BASEADO EM SUDECAP 11.92.44)","un",1,21.85,21.85,null,null,null,null,null,"JMV-CRAS-032","CARTUCHO 32 PARA SOLDA EXOTERMICA (BASEADO EM SUDECAP 11.92.44)","UN",21.85]
["Composição Auxiliar"," 88264 ","SINAPI","ELETRICISTA COM ENCARGOS COMPLEMENTARES","H",0.3,27.8,8.34,null,null,null,null,null,"88264","ELETRICISTA COM ENCARGOS COMPLEMENTARES","H",27.8]
["Composição Auxiliar"," 88247 ","SINAPI","AUXILIAR DE ELETRICISTA COM ENCARGOS COMPLEMENTARES","H",0.3,22.34,6.7,null,null,null,null,null,"88247","AUXILIAR DE ELETRICISTA COM ENCARGOS COMPLEMENTARES","H",22.34]
["Insumo"," 3977 ","AGETOP CIVIL","CARTUCHO PARA SOLDA EXOTÉRMICA 32 G","un",1,6.81,6.81,null,null,null,null,null,"3977","CARTUCHO PARA SOLDA EXOTÉRMICA 32 G","UN",6.81]
[null,null,null,null,"LS =>",0,"MO com LS =>",11.66,null,null,null,null,null,"","","LS =>","MO com LS =>"]
[null,null,null,null,null,"Valor sem BDI =>",null,21.85,null,null,null,null,null,"","","",0]
[null,null,null,null,null,null,null,null,null,null,null,null,null,"","","",0]
[" 16.1.4.2 ","Código","Banco","Descrição","Und","Quant.","Valor Unit","Total",null,null,null,null,null,"CÓDIGO","DESCRIÇÃO","UND","Valor Unit"]
["Composição"," JMV-CRAS-033 ","Próprio","CARTUCHO Nº90 PARA SOLDA EXOTERMICA - BASEADA EM SUDECAP (11.92.44)","UN",1,29.79,29.79,null,null,null,null,null,"JMV-CRAS-033","CARTUCHO Nº90 PARA SOLDA EXOTERMICA - BASEADA EM SUDECAP (11.92.44)","UN",29.79]
["Composição Auxiliar"," 88264 ","SINAPI","ELETRICISTA COM ENCARGOS COMPLEMENTARES","H",0.3,27.8,8.34,null,null,null,null,null,"88264","ELETRICISTA COM ENCARGOS COMPLEMENTARES","H",27.8]
["Composição Auxiliar"," 88247 ","SINAPI","AUXILIAR DE ELETRICISTA COM ENCARGOS COMPLEMENTARES","H",0.3,22.34,6.7,null,null,null,null,null,"88247","AUXILIAR DE ELETRICISTA COM ENCARGOS COMPLEMENTARES","H",22.34]
["Insumo"," 010055 ","SBC","CARTUCHO PARA SOLDA 90 GRAMAS ( PO EXOTERMICO) - TERMOTECNI","UN",1,14.75,14.75,null,null,null,null,null,"010055","CARTUCHO PARA SOLDA 90 GRAMAS ( PO EXOTERMICO) - TERMOTECNI","UN",14.75]
[null,null,null,null,"LS =>",0,"MO com LS =>",11.66,null,null,null,null,null,"","","LS =>","MO com LS =>"]
[null,null,null,null,null,"Valor sem BDI =>",null,29.79,null,null,null,null,null,"","","",0]
[null,null,null,null,null,null,null,null,null,null,null,null,null,"","","",0]
[" 16.1.4.4 ","Código","Banco","Descrição","Und","Quant.","Valor Unit","Total",null,null,null,null,null,"CÓDIGO","DESCRIÇÃO","UND","Valor Unit"]
["Composição"," JMV-CRAS-034 ","Próprio","ALICATE Z-201 TEL-98201 OU EQUIVALENTE - BASEADA EM SUDECAP (11.92.47)","UN",1,105.33,105.33,null,null,null,null,null,"JMV-CRAS-034","ALICATE Z-201 TEL-98201 OU EQUIVALENTE - BASEADA EM SUDECAP (11.92.47)","UN",105.33]
["Insumo",48772,"IOPES","ALICATE Z-201 (LABOR)","UN",1,105.33,105.33,null,null,null,null,null,"48772","ALICATE Z-201 (LABOR)","UN",105.33]
[null,null,null,null,"LS =>",0,"MO com LS =>",0,null,null,null,null,null,"","","LS =>","MO com LS =>"]
[null,null,null,null,null,"Valor sem BDI =>",null,69.42,null,null,null,null,null,"","","",0]
[null,null,null,null,null,null,null,null,null,null,null,null,null,"","","",0]
[" 16.1.4.6 ","Código","Banco","Descrição","Und","Quant.","Valor Unit","Total",null,null,null,null,null,"CÓDIGO","DESCRIÇÃO","UND","Valor Unit"]
["Composição"," JMV-CRAS-035 ","Próprio","MOLDE PARA SOLDA EXOTERMICA - BASEADA DA SUDECAP (11.92.43)","UN",1,286.68,286.68,null,null,null,null,null,"JMV-CRAS-035","MOLDE PARA SOLDA EXOTERMICA - BASEADA DA SUDECAP (11.92.43)","UN",286.68]
["Composição Auxiliar"," 88264 ","SINAPI","ELETRICISTA COM ENCARGOS COMPLEMENTARES","H",0.5,27.8,13.9,null,null,null,null,null,"88264","ELETRICISTA COM ENCARGOS COMPLEMENTARES","H",27.8]
["Composição Auxiliar"," 88247 ","SINAPI","AUXILIAR DE ELETRICISTA COM ENCARGOS COMPLEMENTARES","H",0.5,22.34,11.17,null,null,null,null,null,"88247","AUXILIAR DE ELETRICISTA COM ENCARGOS COMPLEMENTARES","H",22.34]
["Insumo"," E00732 ","SEDOP","Molde p/ solda exotérmica","UN",1,261.61,261.61,null,null,null,null,null,"E00732","MOLDE P/ SOLDA EXOTÉRMICA","UN",261.61]
[null,null,null,null,"LS =>",0,"MO com LS =>",19.45,null,null,null,null,null,"","","LS =>","MO com LS =>"]
[null,null,null,null,null,"Valor sem BDI =>",null,286.68,null,null,null,null,null,"","","",0]
[null,null,null,null,null,null,null,null,null,null,null,null,null,"","","",0]
[" 16.1.4.7 ","Código","Banco","Descrição","Und","Quant.","Valor Unit","Total",null,null,null,null,null,"CÓDIGO","DESCRIÇÃO","UND","Valor Unit"]
["Composição"," JMV-CRAS-036 ","Próprio","CARTUCHO 65 PARA SOLDA EXOTERMICA (BASEADO EM SUDECAP 11.92.44)","un",1,32.34,32.34,null,null,null,null,null,"JMV-CRAS-036","CARTUCHO 65 PARA SOLDA EXOTERMICA (BASEADO EM SUDECAP 11.92.44)","UN",32.34]
["Composição Auxiliar"," 88264 ","SINAPI","ELETRICISTA COM ENCARGOS COMPLEMENTARES","H",0.3,27.8,8.34,null,null,null,null,null,"88264","ELETRICISTA COM ENCARGOS COMPLEMENTARES","H",27.8]
["Composição Auxiliar"," 88247 ","SINAPI","AUXILIAR DE ELETRICISTA COM ENCARGOS COMPLEMENTARES","H",0.3,22.34,6.7,null,null,null,null,null,"88247","AUXILIAR DE ELETRICISTA COM ENCARGOS COMPLEMENTARES","H",22.34]
["Insumo"," P.19.000.048072 ","CPOS","Kit solda com cartucho para solda exotérmica nº 65 a 115","UN",1,17.3,17.3,null,null,null,null,null,"P.19.000.048072","KIT SOLDA COM CARTUCHO PARA SOLDA EXOTÉRMICA Nº 65 A 115","UN",{"$f":"G698","v":17.3}]
[null,null,null,null,"LS =>",0,"MO com LS =>",11.66,null,null,null,null,null,"","","LS =>","MO com LS =>"]
[null,null,null,null,null,"Valor sem BDI =>",null,32.34,null,null,null,null,null,"","","",0]
[null,null,null,null,null,null,null,null,null,null,null,null,null,"","","",0]
[" 16.1.4.10 ","Código","Banco","Descrição","Und","Quant.","Valor Unit","Total",null,null,null,null,null,"CÓDIGO","DESCRIÇÃO","UND","Valor Unit"]
["Composição"," JMV-CRAS-037 ","Próprio","CARTUCHO 45 PARA SOLDA EXOTERMICA (BASEADO EM SUDECAP 11.92.44)","un",1,28.49,28.49,null,null,null,null,null,{"$f":"UPPER(TRIM(B703))","v":"JMV-CRAS-037"},{"$f":"UPPER(TRIM(D703))","v":"CARTUCHO 45 PARA SOLDA EXOTERMICA (BASEADO EM SUDECAP 11.92.44)"},"UN",28.49]
["Composição Auxiliar"," 88264 ","SINAPI","ELETRICISTA COM ENCARGOS COMPLEMENTARES","H",0.3,27.8,8.34,null,null,null,null,null,"88264","ELETRICISTA COM ENCARGOS COMPLEMENTARES","H",27.8]
["Composição Auxiliar"," 88247 ","SINAPI","AUXILIAR DE ELETRICISTA COM ENCARGOS COMPLEMENTARES","H",0.3,22.34,6.7,null,null,null,null,null,"88247","AUXILIAR DE ELETRICISTA COM ENCARGOS COMPLEMENTARES","H",22.34]
["Insumo"," 11977 ","ORSE","Cartucho p/ solda exotermica nr 45 un","un",1,13.45,13.45,null,null,null,null,null,"11977","CARTUCHO P/ SOLDA EXOTERMICA NR 45 UN","UN",13.45]
[null,null,null,null,"LS =>",0,"MO com LS =>",11.66,null,null,null,null,null,"","","LS =>","MO com LS =>"]
[null,null,null,null,null,"Valor sem BDI =>",null,28.49,null,null,null,null,null,"","",{"$f":"UPPER(TRIM(E708))","v":""},0]
[null,null,null,null,null,null,null,null,null,null,null,null,null,"","","",0]
[" 17.1.1.1 ","Código","Banco","Descrição","Und","Quant.","Valor Unit","Total",null,null,null,null,null,"CÓDIGO","DESCRIÇÃO","UND","Valor Unit"]
["Composição"," JMV-CRAS-003 ","Próprio","CAIXA DE DRENAGEM DE INSPEÇÃO/PASSAGEM EM ALVENARIA (40X40X40CM), REVESTIMENTO EM ARGAMASSA COM ADITIVO IMPERMEABILIZANTE, INCLUSIVE ESCAVAÇÃO, REATERRO E TRANSPORTE E RETIRADA DO MATERIAL ESCAVADO (EM CAÇAMBA) - BASEADA DA SETOP (ED-49908)","un",1,168.74,168.74,null,null,null,null,null,"JMV-CRAS-003","CAIXA DE DRENAGEM DE INSPEÇÃO/PASSAGEM EM ALVENARIA (40X40X40CM), REVESTIMENTO EM ARGAMASSA COM ADITIVO IMPERMEABILIZANTE, INCLUSIVE ESCAVAÇÃO, REATERRO E TRANSPORTE E RETIRADA DO MATERIAL ESCAVADO (EM CAÇAMBA) - BASEADA DA SETOP (ED-49908)","UN",168.74]
[null,null,null,null,"Custo Horário de Execução =>",null,null,0,null,null,null,null,null,"","","CUSTO HORÁRIO DE EXECUÇÃO =>",0]
[null,null,null,null,"Fator de Influencia da Chuva - FIC =>",null,null,0,null,null,null,null,null,"","","FATOR DE INFLUENCIA DA CHUVA - FIC =>",0]
[null,null,null,null,"Custo do FIC =>",null,null,0,null,null,null,null,null,"","","CUSTO DO FIC =>",0]
[null,null,null,null,"Produção de Equipe =>",null,null,0,null,null,null,null,null,"","","PRODUÇÃO DE EQUIPE =>",0]
[null,null,null,null,"Custo Unitário de Execução =>",null,null,0,null,null,null,null,null,"","","CUSTO UNITÁRIO DE EXECUÇÃO =>",0]
["D","Banco","Código","Atividades Auxiliares","Preço Unitário",null,null,"Custo Horário",null,null,null,null,null,"BANCO","ATIVIDADES AUXILIARES","PREÇO UNITÁRIO",0]
["Atividade Auxiliar","SETOP","ED-48227","ALVENARIA DE VEDAÇÃO COM TIJOLO MACIÇO REQUEIMADO, ESP. 10CM, PARA REVESTIMENTO, INCLUSIVE ARGAMASSA PARA ASSENTAMENTO",87.64,null,null,70.112,null,null,null,null,null,"SETOP","ALVENARIA DE VEDAÇÃO COM TIJOLO MACIÇO REQUEIMADO, ESP. 10CM, PARA REVESTIMENTO, INCLUSIVE ARGAMASSA PARA ASSENTAMENTO","87,64",0]
["Atividade Auxiliar","SETOP","ED-51093","APILOAMENTO DO FUNDO DE VALAS COM SOQUETE",20.72,null,null,10.1528,null,null,null,null,null,"SETOP","APILOAMENTO DO FUNDO DE VALAS COM SOQUETE","20,72",0]
["Atividade Auxiliar","SETOP","ED-48314","CONCRETO NÃO ESTRUTURAL, PREPARADO EM OBRA COM BETONEIRA, CONTROLE \"B\", COM FCK 13,5 MPA, BRITA Nº (1 E 2), CONSISTÊNCIA PARA VIBRAÇÃO (FABRICAÇÃO)",508.97,null,null,23.2444,null,null,null,null,null,"SETOP","CONCRETO NÃO ESTRUTURAL, PREPARADO EM OBRA COM BETONEIRA, CONTROLE \"B\", COM FCK 13,5 MPA, BRITA Nº (1 E 2), CONSISTÊNCIA PARA VIBRAÇÃO (FABRICAÇÃO)","508,97",0]
["Atividade Auxiliar","SETOP","ED-51107","ESCAVAÇÃO MANUAL DE VALA COM PROFUNDIDADE MENOR OU IGUAL A 1,5M",61.26,null,null,16.2094,null,null,null,null,null,"SETOP","ESCAVAÇÃO MANUAL DE VALA COM PROFUNDIDADE MENOR OU IGUAL A 1,5M","61,26",0]
["Atividade Auxiliar","SETOP","ED-50760","REBOCO COM ARGAMASSA, TRAÇO 1:2:9 (CIMENTO, CAL E AREIA), COM ADITIVO IMPERMEABILIZANTE, ESP. 20MM, APLICAÇÃO MANUAL, PREPARO MECÂNICO",43.94,null,null,35.152,null,null,null,null,null,"SETOP","REBOCO COM ARGAMASSA, TRAÇO 1:2:9 (CIMENTO, CAL E AREIA), COM ADITIVO IMPERMEABILIZANTE, ESP. 20MM, APLICAÇÃO MANUAL, PREPARO MECÂNICO","43,94",0]
["Atividade Auxiliar","SETOP","ED-51125","TRANSPORTE DE MATERIAL DEMOLIDO EM CAÇAMBA, EXCLUSIVE CARGA MANUAL OU MECÂNICA",48,null,null,9.3312,null,null,null,null,null,"SETOP","TRANSPORTE DE MATERIAL DEMOLIDO EM CAÇAMBA, EXCLUSIVE CARGA MANUAL OU MECÂNICA","48",0]
["Atividade Auxiliar","SETOP","ED-48324","TRANSPORTE, LANÇAMENTO E ADENSAMENTO E ACABAMENTO DE CONCRETO EM FUNDAÇÃO/RADIER",99.34,null,null,4.5368,null,null,null,null,null,"SETOP","TRANSPORTE, LANÇAMENTO E ADENSAMENTO E ACABAMENTO DE CONCRETO EM FUNDAÇÃO/RADIER","99,34",0]
[null,null,null,null,"Custo Total das Atividades =>",null,null,168.7386,null,null,null,null,null,"","","CUSTO TOTAL DAS ATIVIDADES =>",0]
[null,null,null,null,"LS =>",0,"MO com LS =>",66.9298306701145,null,null,null,null,null,"","","LS =>","MO com LS =>"]
[null,null,null,null,null,"Valor sem BDI =>",null,168.74,null,null,null,null,null,"","","",0]
[null,null,null,null,null,null,null,null,null,null,null,null,null,"","","",0]
[" 17.1.1.5 ","Código","Banco","Descrição","Und","Quant.","Valor Unit","Total",null,null,null,null,null,"CÓDIGO","DESCRIÇÃO","UND","Valor Unit"]
["Composição"," JMV-CRAS-004 ","Próprio","CAIXA DE DRENAGEM DE INSPEÇÃO/PASSAGEM EM ALVENARIA (40X40X60CM), REVESTIMENTO EM ARGAMASSA COM ADITIVO IMPERMEABILIZANTE, INCLUSIVE ESCAVAÇÃO, REATERRO E TRANSPORTE E RETIRADA DO MATERIAL ESCAVADO (EM CAÇAMBA) - BASEADA DA SETOP (ED-49909)","un",1,227.28,227.28,null,null,null,null,null,"JMV-CRAS-004","CAIXA DE DRENAGEM DE INSPEÇÃO/PASSAGEM EM ALVENARIA (40X40X60CM), REVESTIMENTO EM ARGAMASSA COM ADITIVO IMPERMEABILIZANTE, INCLUSIVE ESCAVAÇÃO, REATERRO E TRANSPORTE E RETIRADA DO MATERIAL ESCAVADO (EM CAÇAMBA) - BASEADA DA SETOP (ED-49909)","UN",227.28]
["Composição Auxiliar"," ED-48227 ","SETOP","ALVENARIA DE VEDAÇÃO COM TIJOLO MACIÇO REQUEIMADO, ESP. 10CM, PARA REVESTIMENTO, INCLUSIVE ARGAMASSA PARA ASSENTAMENTO","m²",1.2,87.64,105.16,null,null,null,null,null,"ED-48227","ALVENARIA DE VEDAÇÃO COM TIJOLO MACIÇO REQUEIMADO, ESP. 10CM, PARA REVESTIMENTO, INCLUSIVE ARGAMASSA PARA ASSENTAMENTO","M²",87.64]
["Composição Auxiliar"," ED-51093 ","SETOP","APILOAMENTO DO FUNDO DE VALAS COM SOQUETE","m²",0.49,20.72,10.15,null,null,null,null,null,"ED-51093","APILOAMENTO DO FUNDO DE VALAS COM SOQUETE","M²",20.72]
["Composição Auxiliar"," ED-48314 ","SETOP","CONCRETO NÃO ESTRUTURAL, PREPARADO EM OBRA COM BETONEIRA, CONTROLE \"B\", COM FCK 13,5 MPA, BRITA Nº (1 E 2), CONSISTÊNCIA PARA VIBRAÇÃO (FABRICAÇÃO)","m³",0.0456694,508.97,23.24,null,null,null,null,null,"ED-48314","CONCRETO NÃO ESTRUTURAL, PREPARADO EM OBRA COM BETONEIRA, CONTROLE \"B\", COM FCK 13,5 MPA, BRITA Nº (1 E 2), CONSISTÊNCIA PARA VIBRAÇÃO (FABRICAÇÃO)","M³",508.97]
["Composição Auxiliar"," ED-51107 ","SETOP","ESCAVAÇÃO MANUAL DE VALA COM PROFUNDIDADE MENOR OU IGUAL A 1,5M","m³",0.3626,61.26,22.21,null,null,null,null,null,"ED-51107","ESCAVAÇÃO MANUAL DE VALA COM PROFUNDIDADE MENOR OU IGUAL A 1,5M","M³",61.26]
["Composição Auxiliar"," ED-50760 ","SETOP","REBOCO COM ARGAMASSA, TRAÇO 1:2:9 (CIMENTO, CAL E AREIA), COM ADITIVO IMPERMEABILIZANTE, ESP. 20MM, APLICAÇÃO MANUAL, PREPARO MECÂNICO","m²",1.12,43.94,49.21,null,null,null,null,null,"ED-50760","REBOCO COM ARGAMASSA, TRAÇO 1:2:9 (CIMENTO, CAL E AREIA), COM ADITIVO IMPERMEABILIZANTE, ESP. 20MM, APLICAÇÃO MANUAL, PREPARO MECÂNICO","M²",43.94]
["Composição Auxiliar"," ED-51125 ","SETOP","TRANSPORTE DE MATERIAL DEMOLIDO EM CAÇAMBA, EXCLUSIVE CARGA MANUAL OU MECÂNICA","m³",0.2664,48,12.78,null,null,null,null,null,"ED-51125","TRANSPORTE DE MATERIAL DEMOLIDO EM CAÇAMBA, EXCLUSIVE CARGA MANUAL OU MECÂNICA","M³",48]
["Composição Auxiliar"," ED-48324 ","SETOP","TRANSPORTE, LANÇAMENTO E ADENSAMENTO E ACABAMENTO DE CONCRETO EM FUNDAÇÃO/RADIER","m³",0.0456694,99.34,4.53,null,null,null,null,null,"ED-48324","TRANSPORTE, LANÇAMENTO E ADENSAMENTO E ACABAMENTO DE CONCRETO EM FUNDAÇÃO/RADIER","M³",99.34]
[null,null,null,null,"LS =>",0,"MO com LS =>",90.01,null,null,null,null,null,"","","LS =>","MO com LS =>"]
[null,null,null,null,null,"Valor sem BDI =>",null,227.28,null,null,null,null,null,"","","",0]
[null,null,null,null,null,null,null,null,null,null,null,null,null,"","","",0]
[" 17.1.3.8 ","Código","Banco","Descrição","Und","Quant.","Valor Unit","Total",null,null,null,null,null,"CÓDIGO","DESCRIÇÃO","UND","Valor Unit"]
["Composição"," JMV-CRAS-002 ","Próprio","RALO ABACAXI FERRO FUNDIDO 150MM - BASEADA DA SBC (054248)","UN",1,74.36,74.36,null,null,null,null,null,"JMV-CRAS-002","RALO ABACAXI FERRO FUNDIDO 150MM - BASEADA DA SBC (054248)","UN",74.36]
["Composição Auxiliar"," 88248 ","SINAPI","AUXILIAR DE ENCANADOR OU BOMBEIRO HIDRÁULICO COM ENCARGOS COMPLEMENTARES","H",0.843,21.34,17.98,null,null,null,null,null,"88248","AUXILIAR DE ENCANADOR OU BOMBEIRO HIDRÁULICO COM ENCARGOS COMPLEMENTARES","H",21.34]
["Composição Auxiliar"," 88267 ","SINAPI","ENCANADOR OU BOMBEIRO HIDRÁULICO COM ENCARGOS COMPLEMENTARES","H",1.264,26.7,33.74,null,null,null,null,null,"88267","ENCANADOR OU BOMBEIRO HIDRÁULICO COM ENCARGOS COMPLEMENTARES","H",26.7]
["Insumo"," 000219 ","SBC","RALO GRELHA ABACAXI FERRO FUNDIDO SEMI ESFERICO 150mm","UN",1,22.64,22.64,null,null,null,null,null,"000219","RALO GRELHA ABACAXI FERRO FUNDIDO SEMI ESFERICO 150MM","UN",22.64]
[null,null,null,null,"LS =>",0,"MO com LS =>",41.3,null,null,null,null,null,"","","LS =>","MO com LS =>"]
[null,null,null,null,null,"Valor sem BDI =>",null,74.36,null,null,null,null,null,"","","",0]
[null,null,null,null,null,null,null,null,null,null,null,null,null,"","","",0]
[" 18.3.1.6 ","Código","Banco","Descrição","Und","Quant.","Valor Unit","Total",null,null,null,null,null,"CÓDIGO","DESCRIÇÃO","UND","Valor Unit"]
["Composição"," JMV-CRAS-091 ","Próprio","TANQUE DUPLO DE AÇO INOX AISI 304, MARCAS DE REFERÊNCIA FISHER (MOD TQI-D) METALPRESS OU MEKAL - BASEADA DA IOPES (170516)","und",1,3123.18,3123.18,null,null,null,null,null,"JMV-CRAS-091","TANQUE DUPLO DE AÇO INOX AISI 304, MARCAS DE REFERÊNCIA FISHER (MOD TQI-D) METALPRESS OU MEKAL - BASEADA DA IOPES (170516)","UND",3123.18]
["Composição Auxiliar"," 88267 ","SINAPI","ENCANADOR OU BOMBEIRO HIDRÁULICO COM ENCARGOS COMPLEMENTARES","H",6,26.7,160.2,null,null,null,null,null,"88267","ENCANADOR OU BOMBEIRO HIDRÁULICO COM ENCARGOS COMPLEMENTARES","H",26.7]
["Composição Auxiliar"," 88248 ","SINAPI","AUXILIAR DE ENCANADOR OU BOMBEIRO HIDRÁULICO COM ENCARGOS COMPLEMENTARES","H",6,21.34,128.04,null,null,null,null,null,"88248","AUXILIAR DE ENCANADOR OU BOMBEIRO HIDRÁULICO COM ENCARGOS COMPLEMENTARES","H",21.34]
["Insumo"," 039021 ","IOPES","MASSA PLASTICA (LABOR)","KG",0.5,23.4,11.7,null,null,null,null,null,"039021","MASSA PLASTICA (LABOR)","KG",23.4]
["Insumo"," 065565 ","IOPES","TANQUE DUPLO 90 LTS ACO INOX AISI 304 TD Nº 1 (LABOR)","UN",1,2823.24,2823.24,null,null,null,null,null,"065565","TANQUE DUPLO 90 LTS ACO INOX AISI 304 TD Nº 1 (LABOR)","UN",2823.24]
[null,null,null,null,"LS =>",0,"MO com LS =>",228.84,null,null,null,null,null,"","","LS =>","MO com LS =>"]
[null,null,null,null,null,"Valor sem BDI =>",null,3123.18,null,null,null,null,null,"","","",0]
[null,null,null,null,null,null,null,null,null,null,null,null,null,"","","",0]
[" 20.1.1.1 ","Código","Banco","Descrição","Und","Quant.","Valor Unit","Total",null,null,null,null,null,"CÓDIGO","DESCRIÇÃO","UND","Valor Unit"]
["Composição"," JMV-CRAS-152 ","Próprio","VIGA METÁLICA EM AÇO ESTRUTURAL, INCLUSO MÃO DE OBRA, TRANSPORTE E IÇAMENTO UTILIZANDO GUINDASTE - FORNECIMENTO E INSTALAÇÃO. AF_01/2020_PSA - BASEADA DA SINAPI (100763)","KG",1,15.18,15.18,null,null,null,null,null,"JMV-CRAS-152","VIGA METÁLICA EM AÇO ESTRUTURAL, INCLUSO MÃO DE OBRA, TRANSPORTE E IÇAMENTO UTILIZANDO GUINDASTE - FORNECIMENTO E INSTALAÇÃO. AF_01/2020_PSA - BASEADA DA SINAPI (100763)","KG",15.18]
["Composição Auxiliar"," 88240 ","SINAPI","AJUDANTE DE ESTRUTURA METÁLICA COM ENCARGOS COMPLEMENTARES","H",0.0047,21.63,0.1,null,null,null,null,null,"88240","AJUDANTE DE ESTRUTURA METÁLICA COM ENCARGOS COMPLEMENTARES","H",21.63]
["Composição Auxiliar"," 88278 ","SINAPI","MONTADOR DE ESTRUTURA METÁLICA COM ENCARGOS COMPLEMENTARES","H",0.029,27.68,0.8,null,null,null,null,null,"88278","MONTADOR DE ESTRUTURA METÁLICA COM ENCARGOS COMPLEMENTARES","H",27.68]
["Composição Auxiliar"," 93287 ","SINAPI","GUINDASTE HIDRÁULICO AUTOPROPELIDO, COM LANÇA TELESCÓPICA 40 M, CAPACIDADE MÁXIMA 60 T, POTÊNCIA 260 KW - CHP DIURNO. AF_03/2016","CHP",0.0041,319.15,1.3,null,null,null,null,null,"93287","GUINDASTE HIDRÁULICO AUTOPROPELIDO, COM LANÇA TELESCÓPICA 40 M, CAPACIDADE MÁXIMA 60 T, POTÊNCIA 260 KW - CHP DIURNO. AF_03/2016","CHP",{"$f":"G762","v":319.15}]
["Composição Auxiliar"," 93288 ","SINAPI","GUINDASTE HIDRÁULICO AUTOPROPELIDO, COM LANÇA TELESCÓPICA 40 M, CAPACIDADE MÁXIMA 60 T, POTÊNCIA 260 KW - CHI DIURNO. AF_03/2016","CHI",0.0038,154.22,0.58,null,null,null,null,null,"93288","GUINDASTE HIDRÁULICO AUTOPROPELIDO, COM LANÇA TELESCÓPICA 40 M, CAPACIDADE MÁXIMA 60 T, POTÊNCIA 260 KW - CHI DIURNO. AF_03/2016","CHI",154.22]
["Composição Auxiliar"," 100716 ","SINAPI","JATEAMENTO ABRASIVO COM GRANALHA DE AÇO EM PERFIL METÁLICO EM FÁBRICA. AF_01/2020","m²",0.0358,27.7,0.99,null,null,null,null,null,"100716","JATEAMENTO ABRASIVO COM GRANALHA DE AÇO EM PERFIL METÁLICO EM FÁBRICA. AF_01/2020","M²",27.7]
["Composição Auxiliar"," 100719 ","SINAPI","PINTURA COM TINTA ALQUÍDICA DE FUNDO (TIPO ZARCÃO) PULVERIZADA SOBRE PERFIL METÁLICO EXECUTADO EM FÁBRICA (POR DEMÃO). AF_01/2020_PE","m²",0.0358,11.34,0.4,null,null,null,null,null,"100719","PINTURA COM TINTA ALQUÍDICA DE FUNDO (TIPO ZARCÃO) PULVERIZADA SOBRE PERFIL METÁLICO EXECUTADO EM FÁBRICA (POR DEMÃO). AF_01/2020_PE","M²",11.34]
["Insumo"," JMV.CRAS.152 ","Próprio","TUBO QUADRADO 100X100X3,00 - ASTM A53","KG",1.091,10.1,11.01,null,null,null,null,null,"JMV.CRAS.152","TUBO QUADRADO 100X100X3,00 - ASTM A53","KG",10.1]
[null,null,null,null,"LS =>",0,"MO com LS =>",1.07,null,null,null,null,null,{"$f":"UPPER(TRIM(B767))","v":""},{"$f":"UPPER(TRIM(D767))","v":""},"LS =>","MO com LS =>"]
[null,null,null,null,null,"Valor sem BDI =>",null,15.18,null,null,null,null,null,"","","",0]
[null,null,null,null,null,null,null,null,null,null,null,null,null,"","","",0]
[" 20.1.1.3 ","Código","Banco","Descrição","Und","Quant.","Valor Unit","Total",null,null,null,null,null,"CÓDIGO","DESCRIÇÃO","UND","Valor Unit"]
["Composição"," JMV-CRAS-154 ","Próprio","PARAFUSO SEXTAVADO D = 1/2\" X 1.1/2\" - BASEADA DA AGETOP CIVIL (071870)","Un",1,3.68,3.68,null,null,null,null,null,"JMV-CRAS-154","PARAFUSO SEXTAVADO D = 1/2\" X 1.1/2\" - BASEADA DA AGETOP CIVIL (071870)","UN",3.68]
["Composição Auxiliar"," 88277 ","SINAPI","MONTADOR (TUBO AÇO/EQUIPAMENTOS) COM ENCARGOS COMPLEMENTARES","H",0.0066,30.46,0.2,null,null,null,null,null,"88277","MONTADOR (TUBO AÇO/EQUIPAMENTOS) COM ENCARGOS COMPLEMENTARES",{"$f":"UPPER(TRIM(E772))","v":"H"},30.46]
["Composição Auxiliar"," 88243 ","SINAPI","AJUDANTE ESPECIALIZADO COM ENCARGOS COMPLEMENTARES","H",0.0066,21.76,0.14,null,null,null,null,null,"88243","AJUDANTE ESPECIALIZADO COM ENCARGOS COMPLEMENTARES","H",21.76]
["Insumo"," 060021 ","SBC","PARAFUSO ACO SEXTAVADO ASTM A-325 1/2\" x 1.1/2\"","UN",1,3.34,3.34,null,null,null,null,null,"060021","PARAFUSO ACO SEXTAVADO ASTM A-325 1/2\" X 1.1/2\"","UN",3.34]
[null,null,null,null,"LS =>",0,"MO com LS =>",0.27,null,null,null,null,null,"","","LS =>","MO com LS =>"]
[null,null,null,null,null,"Valor sem BDI =>",null,3.68,null,null,null,null,null,"","","",0]
[null,null,null,null,null,null,null,null,null,null,null,null,null,"","","",0]
[" 20.1.1.4 ","Código","Banco","Descrição","Und","Quant.","Valor Unit","Total",null,null,null,null,null,"CÓDIGO","DESCRIÇÃO","UND","Valor Unit"]
["Composição"," JMV-CRAS-156 ","Próprio","FIXAÇÃO DE PARAFUSO 1/4\" - 14X3.1/4\" EM ESTRUTURA METÁLICA - BASEADA DA SICRO (4806395)","UND",1,7.34,7.34,null,null,null,null,null,"JMV-CRAS-156","FIXAÇÃO DE PARAFUSO 1/4\" - 14X3.1/4\" EM ESTRUTURA METÁLICA - BASEADA DA SICRO (4806395)","UND",7.34]
["Composição Auxiliar"," 88278 ","SINAPI","MONTADOR DE ESTRUTURA METÁLICA COM ENCARGOS COMPLEMENTARES","H",0.1,27.68,2.76,null,null,null,null,null,"88278","MONTADOR DE ESTRUTURA METÁLICA COM ENCARGOS COMPLEMENTARES","H",27.68]
["Composição Auxiliar"," 88243 ","SINAPI","AJUDANTE ESPECIALIZADO COM ENCARGOS COMPLEMENTARES","H",0.1,21.76,2.17,null,null,null,null,null,"88243","AJUDANTE ESPECIALIZADO COM ENCARGOS COMPLEMENTARES","H",21.76]
["Insumo"," JMV.CRAS.156 ","Próprio","PARAFUSO PB 12 1/4\" - 14X3.1/4\" P04","UND",1,2.41,2.41,null,null,null,null,null,"JMV.CRAS.156","PARAFUSO PB 12 1/4\" - 14X3.1/4\" P04","UND",2.41]
[null,null,null,null,"LS =>",0,"MO com LS =>",3.95,null,null,null,null,null,"","","LS =>","MO com LS =>"]
[null,null,null,null,null,"Valor sem BDI =>",null,7.34,null,null,null,null,null,"","","",0]
[null,null,null,null,null,null,null,null,null,null,null,null,null,"","","",0]
[" 20.1.1.5 ","Código","Banco","Descrição","Und","Quant.","Valor Unit","Total",null,null,null,null,null,"CÓDIGO","DESCRIÇÃO","UND","Valor Unit"]
["Composição"," JMV-CRAS-155 ","Próprio","FIXAÇÃO DE PARAFUSO 1/4\" 14X7/8\" EM ESTRUTURA METÁLICA - BASEADA DA SICRO (4806395)","UND",1,5.73,5.73,null,null,null,null,null,"JMV-CRAS-155","FIXAÇÃO DE PARAFUSO 1/4\" 14X7/8\" EM ESTRUTURA METÁLICA - BASEADA DA SICRO (4806395)","UND",5.73]
["Composição Auxiliar"," 88278 ","SINAPI","MONTADOR DE ESTRUTURA METÁLICA COM ENCARGOS COMPLEMENTARES","H",0.1,27.68,2.76,null,null,null,null,null,"88278","MONTADOR DE ESTRUTURA METÁLICA COM ENCARGOS COMPLEMENTARES","H",27.68]
["Composição Auxiliar"," 88243 ","SINAPI","AJUDANTE ESPECIALIZADO COM ENCARGOS COMPLEMENTARES","H",0.1,21.76,2.17,null,null,null,null,null,"88243","AJUDANTE ESPECIALIZADO COM ENCARGOS COMPLEMENTARES","H",21.76]
["Insumo"," JMV.CRAS.155 ","Próprio","PARAFUSO AUTO-BROCANTES PB 1/4\" 14X7/8\" P01","UND",1,0.8,0.8,null,null,null,null,null,"JMV.CRAS.155","PARAFUSO AUTO-BROCANTES PB 1/4\" 14X7/8\" P01","UND",0.8]
[null,null,null,null,"LS =>",0,"MO com LS =>",3.95,null,null,null,null,null,"","","LS =>","MO com LS =>"]
[null,null,null,null,null,"Valor sem BDI =>",null,5.73,null,null,null,null,null,"","","",0]
[null,null,null,null,null,null,null,null,null,null,null,null,null,"","","",0]
[" 20.1.1.6 ","Código","Banco","Descrição","Und","Quant.","Valor Unit","Total",null,null,null,null,null,"CÓDIGO","DESCRIÇÃO","UND","Valor Unit"]
["Composição"," JMV-CRAS-150 ","Próprio","BARRA ROSQUEADA D=5/16\" x 250MM - BASEADO EM ORSE (9819)","UN",1,2.35,2.35,null,null,null,null,null,"JMV-CRAS-150","BARRA ROSQUEADA D=5/16\" X 250MM - BASEADO EM ORSE (9819)","UN",2.35]
["Composição Auxiliar"," 88264 ","SINAPI","ELETRICISTA COM ENCARGOS COMPLEMENTARES","H",0.01,27.8,0.27,null,null,null,null,null,"88264","ELETRICISTA COM ENCARGOS COMPLEMENTARES","H",27.8]
["Insumo"," 10738 ","ORSE","Barra roscada zincada ø 5/16\" m","barra",0.25,8.33,2.08,null,null,null,null,null,"10738","BARRA ROSCADA ZINCADA Ø 5/16\" M","BARRA",8.33]
[null,null,null,null,"LS =>",0,"MO com LS =>",0.22,null,null,null,null,null,"","","LS =>","MO com LS =>"]
[null,null,null,null,null,"Valor sem BDI =>",null,2.35,null,null,null,null,null,"","","",0]
[null,null,null,null,null,null,null,null,null,null,null,null,null,"","","",0]
[" 21.1.1.1 ","Código","Banco","Descrição","Und","Quant.","Valor Unit","Total",null,null,null,null,null,"CÓDIGO","DESCRIÇÃO","UND","Valor Unit"]
["Composição"," JMV-CRAS-153 ","Próprio","TELHAMENTO COM TELHA SANDUICHE ISOTERMICA COLONIAL, COM MAIS DE 2 ÁGUAS, INCLUSO TRANSPORTE VERTICAL. AF_07/2019 - BASEADA DA SINAPI (94204)","m²",1,259.72,259.72,null,null,null,null,null,"JMV-CRAS-153","TELHAMENTO COM TELHA SANDUICHE ISOTERMICA COLONIAL, COM MAIS DE 2 ÁGUAS, INCLUSO TRANSPORTE VERTICAL. AF_07/2019 - BASEADA DA SINAPI (94204)","M²",259.72]
["Composição Auxiliar"," 88316 ","SINAPI","SERVENTE COM ENCARGOS COMPLEMENTARES","H",0.521,19.76,10.29,null,null,null,null,null,"88316","SERVENTE COM ENCARGOS COMPLEMENTARES","H",19.76]
["Composição Auxiliar"," 88323 ","SINAPI","TELHADISTA COM ENCARGOS COMPLEMENTARES","H",0.254,26.79,6.8,null,null,null,null,null,"88323","TELHADISTA COM ENCARGOS COMPLEMENTARES","H",26.79]
["Composição Auxiliar"," 93281 ","SINAPI","GUINCHO ELÉTRICO DE COLUNA, CAPACIDADE 400 KG, COM MOTO FREIO, MOTOR TRIFÁSICO DE 1,25 CV - CHP DIURNO. AF_03/2016","CHP",0.0372,28.89,1.07,null,null,null,null,null,"93281","GUINCHO ELÉTRICO DE COLUNA, CAPACIDADE 400 KG, COM MOTO FREIO, MOTOR TRIFÁSICO DE 1,25 CV - CHP DIURNO. AF_03/2016","CHP",28.89]
["Composição Auxiliar"," 93282 ","SINAPI","GUINCHO ELÉTRICO DE COLUNA, CAPACIDADE 400 KG, COM MOTO FREIO, MOTOR TRIFÁSICO DE 1,25 CV - CHI DIURNO. AF_03/2016","CHI",0.0516,28.09,1.44,null,null,null,null,null,"93282","GUINCHO ELÉTRICO DE COLUNA, CAPACIDADE 400 KG, COM MOTO FREIO, MOTOR TRIFÁSICO DE 1,25 CV - CHI DIURNO. AF_03/2016","CHI",28.09]
["Insumo"," JMV.CRAS.153 ","Próprio","TELHA SANDUICHE ISOTERMICA COLONIAL","m²",1,240.12,240.12,null,null,null,null,null,"JMV.CRAS.153","TELHA SANDUICHE ISOTERMICA COLONIAL","M²",240.12]
[null,null,null,null,"LS =>",0,"MO com LS =>",14.93,null,null,null,null,null,"","","LS =>","MO com LS =>"]
[null,null,null,null,null,"Valor sem BDI =>",null,259.72,null,null,null,null,null,"","","",0]
[null,null,null,null,null,null,null,null,null,null,null,null,null,"","","",0]
[null,null,null,null,null,null,null,null,null,null,null,null,null,"","","",0]
[null,null,null,null,null,null,null,null,null,null,null,null,null,"","","",0]
[null,null,null,null,null,null,null,null,null,null,null,null,null,"","","",0]
[null,null,null,null,null,null,null,null,null,null,null,null,null,"","","",0]
[null,null,null,null,null,null,null,null,null,null,null,null,null,"","","",0]
[null,null,null,null,null,null,null,null,null,null,null,null,null,"","","",0]
[null,null,null,null,null,null,null,null,null,null,null,null,null,"","","",0]
[null,null,null,null,null,null,null,null,null,null,null,null,null,"","","",0]
[null,null,null,null,null,null,null,null,null,null,null,null,null,"","","",0]
[null,null,null,null,null,null,null,null,null,null,null,null,null,"","","",0]
[null,null,null,null,null,null,null,null,null,null,null,null,null,"","","",0]
[null,null,null,null,null,null,null,null,null,null,null,null,null,"","","",0]
[null,null,null,null,null,null,null,null,null,null,null,null,null,"","","",0]
[null,null,null,null,null,null,null,null,null,null,null,null,null,"","","",0]
[null,null,null,null,null,null,null,null,null,null,null,null,null,"","","",0]
[null,null,null,null,null,null,null,null,null,null,null,null,null,"","","",{"$f":"G826","v":0}]
[null,null,null,null,null,null,null,null,null,null,null,null,null,"","","",0]
[null,null,null,null,null,null,null,null,null,null,null,null,null,"","","",0]
[null,null,null,null,null,null,null,null,null,null,null,null,null,"","","",0]
[null,null,null,null,null,null,null,null,null,null,null,null,null,"","","",0]
[null,null,null,null,null,null,null,null,null,null,null,null,null,{"$f":"UPPER(TRIM(B831))","v":""},{"$f":"UPPER(TRIM(D831))","v":""},"",0]
[null,null,null,null,null,null,null,null,null,null,null,null,null,"","","",0]
[null,null,null,null,null,null,null,null,null,null,null,null,null,"","","",0]
[null,null,null,null,null,null,null,null,null,null,null,null,null,"","","",0]
[null,null,null,null,null,null,null,null,null,null,null,null,null,"","","",0]
[null,null,null,null,null,null,null,null,null,null,null,null,null,"","",{"$f":"UPPER(TRIM(E836))","v":""},0]
[null,null,null,null,null,null,null,null,null,null,null,null,null,"","","",0]
[null,null,null,null,null,null,null,null,null,null,null,null,null,"","","",0]
[null,null,null,null,null,null,null,null,null,null,null,null,null,"","","",0]
[null,null,null,null,null,null,null,null,null,null,null,null,null,"","","",0]
[null,null,null,null,null,null,null,null,null,null,null,null,null,"","","",0]
[null,null,null,null,null,null,null,null,null,null,null,null,null,"","","",0]
[null,null,null,null,null,null,null,null,null,null,null,null,null,"","","",0]
[null,null,null,null,null,null,null,null,null,null,null,null,null,"","","",0]
[null,null,null,null,null,null,null,null,null,null,null,null,null,"","","",0]
[null,null,null,null,null,null,null,null,null,null,null,null,null,"","","",0]
[null,null,null,null,null,null,null,null,null,null,null,null,null,"","","",0]
[null,null,null,null,null,null,null,null,null,null,null,null,null,"","","",0]
[null,null,null,null,null,null,null,null,null,null,null,null,null,"","","",0]
[null,null,null,null,null,null,null,null,null,null,null,null,null,"","","",0]
[null,null,null,null,null,null,null,null,null,null,null,null,null,"","","",0]
[null,null,null,null,null,null,null,null,null,null,null,null,null,"","","",0]
[null,null,null,null,null,null,null,null,null,null,null,null,null,"","","",0]
[null,null,null,null,null,null,null,null,null,null,null,null,null,"","","",0]
[null,null,null,null,null,null,null,null,null,null,null,null,null,"","","",0]
[null,null,null,null,null,null,null,null,null,null,null,null,null,"","","",0]
[null,null,null,null,null,null,null,null,null,null,null,null,null,"","","",0]
[null,null,null,null,null,null,null,null,null,null,null,null,null,"","","",0]
[null,null,null,null,null,null,null,null,null,null,null,null,null,"","","",0]
[null,null,null,null,null,null,null,null,null,null,null,null,null,"","","",0]
[null,null,null,null,null,null,null,null,null,null,null,null,null,"","","",0]
[null,null,null,null,null,null,null,null,null,null,null,null,null,"","","",0]
[null,null,null,null,null,null,null,null,null,null,null,null,null,"","","",0]
[null,null,null,null,null,null,null,null,null,null,null,null,null,"","","",0]
[null,null,null,null,null,null,null,null,null,null,null,null,null,"","","",0]
[null,null,null,null,null,null,null,null,null,null,null,null,null,"","","",0]
[null,null,null,null,null,null,null,null,null,null,null,null,null,"","","",0]
[null,null,null,null,null,null,null,null,null,null,null,null,null,"","","",0]
[null,null,null,null,null,null,null,null,null,null,null,null,null,"","","",0]
[null,null,null,null,null,null,null,null,null,null,null,null,null,"","","",0]
[null,null,null,null,null,null,null,null,null,null,null,null,null,"","","",0]
[null,null,null,null,null,null,null,null,null,null,null,null,null,"","","",0]
[null,null,null,null,null,null,null,null,null,null,null,null,null,"","","",0]
[null,null,null,null,null,null,null,null,null,null,null,null,null,"","","",0]
[null,null,null,null,null,null,null,null,null,null,null,null,null,"","","",0]
[null,null,null,null,null,null,null,null,null,null,null,null,null,"","","",0]
[null,null,null,null,null,null,null,null,null,null,null,null,null,"","","",0]
[null,null,null,null,null,null,null,null,null,null,null,null,null,"","","",0]
[null,null,null,null,null,null,null,null,null,null,null,null,null,"","","",0]
[null,null,null,null,null,null,null,null,null,null,null,null,null,"","","",0]
[null,null,null,null,null,null,null,null,null,null,null,null,null,"","","",0]
[null,null,null,null,null,null,null,null,null,null,null,null,null,"","","",0]
[null,null,null,null,null,null,null,null,null,null,null,null,null,"","","",0]
[null,null,null,null,null,null,null,null,null,null,null,null,null,"","","",0]
[null,null,null,null,null,null,null,null,null,null,null,null,null,"","","",0]
[null,null,null,null,null,null,null,null,null,null,null,null,null,"","","",0]
[null,null,null,null,null,null,null,null,null,null,null,null,null,"","","",0]
[null,null,null,null,null,null,null,null,null,null,null,null,null,"","","",0]
[null,null,null,null,null,null,null,null,null,null,null,null,null,"","","",0]
[null,null,null,null,null,null,null,null,null,null,null,null,null,"","","",{"$f":"G890","v":0}]
[null,null,null,null,null,null,null,null,null,null,null,null,null,"","","",0]
[null,null,null,null,null,null,null,null,null,null,null,null,null,"","","",0]
[null,null,null,null,null,null,null,null,null,null,null,null,null,"","","",0]
[null,null,null,null,null,null,null,null,null,null,null,null,null,"","","",0]
[null,null,null,null,null,null,null,null,null,null,null,null,null,{"$f":"UPPER(TRIM(B895))","v":""},{"$f":"UPPER(TRIM(D895))","v":""},"",0]
[null,null,null,null,null,null,null,null,null,null,null,null,null,"","","",0]
[null,null,null,null,null,null,null,null,null,null,null,null,null,"","","",0]
[null,null,null,null,null,null,null,null,null,null,null,null,null,"","","",0]
[null,null,null,null,null,null,null,null,null,null,null,null,null,"","","",0]
[null,null,null,null,null,null,null,null,null,null,null,null,null,"","",{"$f":"UPPER(TRIM(E900))","v":""},0]
[null,null,null,null,null,null,null,null,null,null,null,null,null,"","","",0]
[null,null,null,null,null,null,null,null,null,null,null,null,null,"","","",0]
[null,null,null,null,null,null,null,null,null,null,null,null,null,"","","",0]
[null,null,null,null,null,null,null,null,null,null,null,null,null,"","","",0]
[null,null,null,null,null,null,null,null,null,null,null,null,null,"","","",0]
[null,null,null,null,null,null,null,null,null,null,null,null,null,"","","",0]
[null,null,null,null,null,null,null,null,null,null,null,null,null,"","","",0]
[null,null,null,null,null,null,null,null,null,null,null,null,null,"","","",0]
[null,null,null,null,null,null,null,null,null,null,null,null,null,"","","",0]
[null,null,null,null,null,null,null,null,null,null,null,null,null,"","","",0]
[null,null,null,null,null,null,null,null,null,null,null,null,null,"","","",0]
[null,null,null,null,null,null,null,null,null,null,null,null,null,"","","",0]
[null,null,null,null,null,null,null,null,null,null,null,null,null,"","","",0]
[null,null,null,null,null,null,null,null,null,null,null,null,null,"","","",0]
[null,null,null,null,null,null,null,null,null,null,null,null,null,"","","",0]
[null,null,null,null,null,null,null,null,null,null,null,null,null,"","","",0]
[null,null,null,null,null,null,null,null,null,null,null,null,null,"","","",0]
[null,null,null,null,null,null,null,null,null,null,null,null,null,"","","",0]
[null,null,null,null,null,null,null,null,null,null,null,null,null,"","","",0]
[null,null,null,null,null,null,null,null,null,null,null,null,null,"","","",0]
[null,null,null,null,null,null,null,null,null,null,null,null,null,"","","",0]
[null,null,null,null,null,null,null,null,null,null,null,null,null,"","","",0]
[null,null,null,null,null,null,null,null,null,null,null,null,null,"","","",0]
[null,null,null,null,null,null,null,null,null,null,null,null,null,"","","",0]
[null,null,null,null,null,null,null,null,null,null,null,null,null,"","","",0]
[null,null,null,null,null,null,null,null,null,null,null,null,null,"","","",0]
[null,null,null,null,null,null,null,null,null,null,null,null,null,"","","",0]
[null,null,null,null,null,null,null,null,null,null,null,null,null,"","","",0]
[null,null,null,null,null,null,null,null,null,null,null,null,null,"","","",0]
[null,null,null,null,null,null,null,null,null,null,null,null,null,"","","",0]
[null,null,null,null,null,null,null,null,null,null,null,null,null,"","","",0]
[null,null,null,null,null,null,null,null,null,null,null,null,null,"","","",0]
[null,null,null,null,null,null,null,null,null,null,null,null,null,"","","",0]
[null,null,null,null,null,null,null,null,null,null,null,null,null,"","","",0]
[null,null,null,null,null,null,null,null,null,null,null,null,null,"","","",0]
[null,null,null,null,null,null,null,null,null,null,null,null,null,"","","",0]
[null,null,null,null,null,null,null,null,null,null,null,null,null,"","","",0]
[null,null,null,null,null,null,null,null,null,null,null,null,null,"","","",0]
[null,null,null,null,null,null,null,null,null,null,null,null,null,"","","",0]
[null,null,null,null,null,null,null,null,null,null,null,null,null,"","","",0]
[null,null,null,null,null,null,null,null,null,null,null,null,null,"","","",0]
[null,null,null,null,null,null,null,null,null,null,null,null,null,"","","",0]
[null,null,null,null,null,null,null,null,null,null,null,null,null,"","","",0]
[null,null,null,null,null,null,null,null,null,null,null,null,null,"","","",0]
[null,null,null,null,null,null,null,null,null,null,null,null,null,"","","",0]
[null,null,null,null,null,null,null,null,null,null,null,null,null,"","","",0]
[null,null,null,null,null,null,null,null,null,null,null,null,null,"","","",0]
[null,null,null,null,null,null,null,null,null,null,null,null,null,"","","",0]
[null,null,null,null,null,null,null,null,null,null,null,null,null,"","","",0]
[null,null,null,null,null,null,null,null,null,null,null,null,null,"","","",0]
[null,null,null,null,null,null,null,null,null,null,null,null,null,"","","",0]
[null,null,null,null,null,null,null,null,null,null,null,null,null,"","","",0]
[null,null,null,null,null,null,null,null,null,null,null,null,null,"","","",0]
[null,null,null,null,null,null,null,null,null,null,null,null,null,"","","",{"$f":"G954","v":0}]
[null,null,null,null,null,null,null,null,null,null,null,null,null,"","","",0]
[null,null,null,null,null,null,null,null,null,null,null,null,null,"","","",0]
[null,null,null,null,null,null,null,null,null,null,null,null,null,"","","",0]
[null,null,null,null,null,null,null,null,null,null,null,null,null,"","","",0]
[null,null,null,null,null,null,null,null,null,null,null,null,null,{"$f":"UPPER(TRIM(B959))","v":""},{"$f":"UPPER(TRIM(D959))","v":""},"",0]
[null,null,null,null,null,null,null,null,null,null,null,null,null,"","","",0]
[null,null,null,null,null,null,null,null,null,null,null,null,null,"","","",0]
[null,null,null,null,null,null,null,null,null,null,null,null,null,"","","",0]
[null,null,null,null,null,null,null,null,null,null,null,null,null,"","","",0]
[null,null,null,null,null,null,null,null,null,null,null,null,null,"","",{"$f":"UPPER(TRIM(E964))","v":""},0]
[null,null,null,null,null,null,null,null,null,null,null,null,null,"","","",0]
[null,null,null,null,null,null,null,null,null,null,null,null,null,"","","",0]
[null,null,null,null,null,null,null,null,null,null,null,null,null,"","","",0]
[null,null,null,null,null,null,null,null,null,null,null,null,null,"","","",0]
[null,null,null,null,null,null,null,null,null,null,null,null,null,"","","",0]
[null,null,null,null,null,null,null,null,null,null,null,null,null,"","","",0]
[null,null,null,null,null,null,null,null,null,null,null,null,null,"","","",0]
[null,null,null,null,null,null,null,null,null,null,null,null,null,"","","",0]
[null,null,null,null,null,null,null,null,null,null,null,null,null,"","","",0]
[null,null,null,null,null,null,null,null,null,null,null,null,null,"","","",0]
[null,null,null,null,null,null,null,null,null,null,null,null,null,"","","",0]
[null,null,null,null,null,null,null,null,null,null,null,null,null,"","","",0]
[null,null,null,null,null,null,null,null,null,null,null,null,null,"","","",0]
[null,null,null,null,null,null,null,null,null,null,null,null,null,"","","",0]
[null,null,null,null,null,null,null,null,null,null,null,null,null,"","","",0]
[null,null,null,null,null,null,null,null,null,null,null,null,null,"","","",0]
[null,null,null,null,null,null,null,null,null,null,null,null,null,"","","",0]
[null,null,null,null,null,null,null,null,null,null,null,null,null,"","","",0]
[null,null,null,null,null,null,null,null,null,null,null,null,null,"","","",0]
[null,null,null,null,null,null,null,null,null,null,null,null,null,"","","",0]
[null,null,null,null,null,null,null,null,null,null,null,null,null,"","","",0]
[null,null,null,null,null,null,null,null,null,null,null,null,null,"","","",0]
[null,null,null,null,null,null,null,null,null,null,null,null,null,"","","",0]
[null,null,null,null,null,null,null,null,null,null,null,null,null,"","","",0]
[null,null,null,null,null,null,null,null,null,null,null,null,null,"","","",0]
[null,null,null,null,null,null,null,null,null,null,null,null,null,"","","",0]
[null,null,null,null,null,null,null,null,null,null,null,null,null,"","","",0]
[null,null,null,null,null,null,null,null,null,null,null,null,null,"","","",0]
[null,null,null,null,null,null,null,null,null,null,null,null,null,"","","",0]
[null,null,null,null,null,null,null,null,null,null,null,null,null,"","","",0]
[null,null,null,null,null,null,null,null,null,null,null,null,null,"","","",0]
[null,null,null,null,null,null,null,null,null,null,null,null,null,"","","",0]
[null,null,null,null,null,null,null,null,null,null,null,null,null,"","","",0]
[null,null,null,null,null,null,null,null,null,null,null,null,null,"","","",0]
[null,null,null,null,null,null,null,null,null,null,null,null,null,"","","",0]
[null,null,null,null,null,null,null,null,null,null,null,null,null,"","","",0]
[null,null,null,null,null,null,null,null,null,null,null,null,null,"","","",0]
[null,null,null,null,null,null,null,null,null,null,null,null,null,"","","",0]
[null,null,null,null,null,null,null,null,null,null,null,null,null,"","","",0]
[null,null,null,null,null,null,null,null,null,null,null,null,null,"","","",0]
[null,null,null,null,null,null,null,null,null,null,null,null,null,"","","",0]
[null,null,null,null,null,null,null,null,null,null,null,null,null,"","","",0]
[null,null,null,null,null,null,null,null,null,null,null,null,null,"","","",0]
[null,null,null,null,null,null,null,null,null,null,null,null,null,"","","",0]
[null,null,null,null,null,null,null,null,null,null,null,null,null,"","","",0]
[null,null,null,null,null,null,null,null,null,null,null,null,null,"","","",0]
[null,null,null,null,null,null,null,null,null,null,null,null,null,"","","",0]
[null,null,null,null,null,null,null,null,null,null,null,null,null,"","","",0]
[null,null,null,null,null,null,null,null,null,null,null,null,null,"","","",0]
[null,null,null,null,null,null,null,null,null,null,null,null,null,"","","",0]
[null,null,null,null,null,null,null,null,null,null,null,null,null,"","","",0]
[null,null,null,null,null,null,null,null,null,null,null,null,null,"","","",0]
[null,null,null,null,null,null,null,null,null,null,null,null,null,"","","",0]
[null,null,null,null,null,null,null,null,null,null,null,null,null,"","","",{"$f":"G1018","v":0}]
[null,null,null,null,null,null,null,null,null,null,null,null,null,"","","",0]
[null,null,null,null,null,null,null,null,null,null,null,null,null,"","","",0]
[null,null,null,null,null,null,null,null,null,null,null,null,null,"","","",0]
[null,null,null,null,null,null,null,null,null,null,null,null,null,"","","",0]
[null,null,null,null,null,null,null,null,null,null,null,null,null,{"$f":"UPPER(TRIM(B1023))","v":""},{"$f":"UPPER(TRIM(D1023))","v":""},"",0]
[null,null,null,null,null,null,null,null,null,null,null,null,null,"","","",0]
[null,null,null,null,null,null,null,null,null,null,null,null,null,"","","",0]
[null,null,null,null,null,null,null,null,null,null,null,null,null,"","","",0]
[null,null,null,null,null,null,null,null,null,null,null,null,null,"","","",0]
[null,null,null,null,null,null,null,null,null,null,null,null,null,"","",{"$f":"UPPER(TRIM(E1028))","v":""},0]
[null,null,null,null,null,null,null,null,null,null,null,null,null,"","","",0]
[null,null,null,null,null,null,null,null,null,null,null,null,null,"","","",0]
[null,null,null,null,null,null,null,null,null,null,null,null,null,"","","",0]
[null,null,null,null,null,null,null,null,null,null,null,null,null,"","","",0]
[null,null,null,null,null,null,null,null,null,null,null,null,null,"","","",0]
[null,null,null,null,null,null,null,null,null,null,null,null,null,"","","",0]
[null,null,null,null,null,null,null,null,null,null,null,null,null,"","","",0]
[null,null,null,null,null,null,null,null,null,null,null,null,null,"","","",0]
[null,null,null,null,null,null,null,null,null,null,null,null,null,"","","",0]
[null,null,null,null,null,null,null,null,null,null,null,null,null,"","","",0]
[null,null,null,null,null,null,null,null,null,null,null,null,null,"","","",0]
[null,null,null,null,null,null,null,null,null,null,null,null,null,"","","",0]
[null,null,null,null,null,null,null,null,null,null,null,null,null,"","","",0]
[null,null,null,null,null,null,null,null,null,null,null,null,null,"","","",0]
[null,null,null,null,null,null,null,null,null,null,null,null,null,"","","",0]
[null,null,null,null,null,null,null,null,null,null,null,null,null,"","","",0]
[null,null,null,null,null,null,null,null,null,null,null,null,null,"","","",0]
[null,null,null,null,null,null,null,null,null,null,null,null,null,"","","",0]
[null,null,null,null,null,null,null,null,null,null,null,null,null,"","","",0]
[null,null,null,null,null,null,null,null,null,null,null,null,null,"","","",0]
[null,null,null,null,null,null,null,null,null,null,null,null,null,"","","",0]
[null,null,null,null,null,null,null,null,null,null,null,null,null,"","","",0]
[null,null,null,null,null,null,null,null,null,null,null,null,null,"","","",0]
[null,null,null,null,null,null,null,null,null,null,null,null,null,"","","",0]
[null,null,null,null,null,null,null,null,null,null,null,null,null,"","","",0]
[null,null,null,null,null,null,null,null,null,null,null,null,null,"","","",0]
[null,null,null,null,null,null,null,null,null,null,null,null,null,"","","",0]
[null,null,null,null,null,null,null,null,null,null,null,null,null,"","","",0]
[null,null,null,null,null,null,null,null,null,null,null,null,null,"","","",0]
[null,null,null,null,null,null,null,null,null,null,null,null,null,"","","",0]
[null,null,null,null,null,null,null,null,null,null,null,null,null,"","","",0]
[null,null,null,null,null,null,null,null,null,null,null,null,null,"","","",0]
[null,null,null,null,null,null,null,null,null,null,null,null,null,"","","",0]
[null,null,null,null,null,null,null,null,null,null,null,null,null,"","","",0]
[null,null,null,null,null,null,null,null,null,null,null,null,null,"","","",0]
[null,null,null,null,null,null,null,null,null,null,null,null,null,"","","",0]
[null,null,null,null,null,null,null,null,null,null,null,null,null,"","","",0]
[null,null,null,null,null,null,null,null,null,null,null,null,null,"","","",0]
[null,null,null,null,null,null,null,null,null,null,null,null,null,"","","",0]
[null,null,null,null,null,null,null,null,null,null,null,null,null,"","","",0]
[null,null,null,null,null,null,null,null,null,null,null,null,null,"","","",0]
[null,null,null,null,null,null,null,null,null,null,null,null,null,"","","",0]
[null,null,null,null,null,null,null,null,null,null,null,null,null,"","","",0]
[null,null,null,null,null,null,null,null,null,null,null,null,null,"","","",0]
[null,null,null,null,null,null,null,null,null,null,null,null,null,"","","",0]
[null,null,null,null,null,null,null,null,null,null,null,null,null,"","","",0]
[null,null,null,null,null,null,null,null,null,null,null,null,null,"","","",0]
[null,null,null,null,null,null,null,null,null,null,null,null,null,"","","",0]
[null,null,null,null,null,null,null,null,null,null,null,null,null,"","","",0]
[null,null,null,null,null,null,null,null,null,null,null,null,null,"","","",0]
[null,null,null,null,null,null,null,null,null,null,null,null,null,"","","",0]
[null,null,null,null,null,null,null,null,null,null,null,null,null,"","","",0]
[null,null,null,null,null,null,null,null,null,null,null,null,null,"","","",0]
[null,null,null,null,null,null,null,null,null,null,null,null,null,"","","",{"$f":"G1082","v":0}]
[null,null,null,null,null,null,null,null,null,null,null,null,null,"","","",0]
[null,null,null,null,null,null,null,null,null,null,null,null,null,"","","",0]
[null,null,null,null,null,null,null,null,null,null,null,null,null,"","","",0]
[null,null,null,null,null,null,null,null,null,null,null,null,null,"","","",0]
[null,null,null,null,null,null,null,null,null,null,null,null,null,{"$f":"UPPER(TRIM(B1087))","v":""},{"$f":"UPPER(TRIM(D1087))","v":""},"",0]
[null,null,null,null,null,null,null,null,null,null,null,null,null,"","","",0]
[null,null,null,null,null,null,null,null,null,null,null,null,null,"","","",0]
[null,null,null,null,null,null,null,null,null,null,null,null,null,"","","",0]
[null,null,null,null,null,null,null,null,null,null,null,null,null,"","","",0]
[null,null,null,null,null,null,null,null,null,null,null,null,null,"","",{"$f":"UPPER(TRIM(E1092))","v":""},0]
[null,null,null,null,null,null,null,null,null,null,null,null,null,"","","",0]
[null,null,null,null,null,null,null,null,null,null,null,null,null,"","","",0]
[null,null,null,null,null,null,null,null,null,null,null,null,null,"","","",0]
[null,null,null,null,null,null,null,null,null,null,null,null,null,"","","",0]
[null,null,null,null,null,null,null,null,null,null,null,null,null,"","","",0]
[null,null,null,null,null,null,null,null,null,null,null,null,null,"","","",0]
[null,null,null,null,null,null,null,null,null,null,null,null,null,"","","",0]
[null,null,null,null,null,null,null,null,null,null,null,null,null,"","","",0]
[null,null,null,null,null,null,null,null,null,null,null,null,null,"","","",0]
[null,null,null,null,null,null,null,null,null,null,null,null,null,"","","",0]
[null,null,null,null,null,null,null,null,null,null,null,null,null,"","","",0]
[null,null,null,null,null,null,null,null,null,null,null,null,null,"","","",0]
[null,null,null,null,null,null,null,null,null,null,null,null,null,"","","",0]
[null,null,null,null,null,null,null,null,null,null,null,null,null,"","","",0]
[null,null,null,null,null,null,null,null,null,null,null,null,null,"","","",0]
[null,null,null,null,null,null,null,null,null,null,null,null,null,"","","",0]
[null,null,null,null,null,null,null,null,null,null,null,null,null,"","","",0]
[null,null,null,null,null,null,null,null,null,null,null,null,null,"","","",0]
[null,null,null,null,null,null,null,null,null,null,null,null,null,"","","",0]
[null,null,null,null,null,null,null,null,null,null,null,null,null,"","","",0]
[null,null,null,null,null,null,null,null,null,null,null,null,null,"","","",0]
[null,null,null,null,null,null,null,null,null,null,null,null,null,"","","",0]
[null,null,null,null,null,null,null,null,null,null,null,null,null,"","","",0]
[null,null,null,null,null,null,null,null,null,null,null,null,null,"","","",0]
[null,null,null,null,null,null,null,null,null,null,null,null,null,"","","",0]
[null,null,null,null,null,null,null,null,null,null,null,null,null,"","","",0]
[null,null,null,null,null,null,null,null,null,null,null,null,null,"","","",0]
[null,null,null,null,null,null,null,null,null,null,null,null,null,"","","",0]
[null,null,null,null,null,null,null,null,null,null,null,null,null,"","","",0]
[null,null,null,null,null,null,null,null,null,null,null,null,null,"","","",0]
[null,null,null,null,null,null,null,null,null,null,null,null,null,"","","",0]
[null,null,null,null,null,null,null,null,null,null,null,null,null,"","","",0]
[null,null,null,null,null,null,null,null,null,null,null,null,null,"","","",0]
[null,null,null,null,null,null,null,null,null,null,null,null,null,"","","",0]
[null,null,null,null,null,null,null,null,null,null,null,null,null,"","","",0]
[null,null,null,null,null,null,null,null,null,null,null,null,null,"","","",0]
[null,null,null,null,null,null,null,null,null,null,null,null,null,"","","",0]
[null,null,null,null,null,null,null,null,null,null,null,null,null,"","","",0]
[null,null,null,null,null,null,null,null,null,null,null,null,null,"","","",0]
[null,null,null,null,null,null,null,null,null,null,null,null,null,"","","",0]
[null,null,null,null,null,null,null,null,null,null,null,null,null,"","","",0]
[null,null,null,null,null,null,null,null,null,null,null,null,null,"","","",0]
[null,null,null,null,null,null,null,null,null,null,null,null,null,"","","",0]
[null,null,null,null,null,null,null,null,null,null,null,null,null,"","","",0]
[null,null,null,null,null,null,null,null,null,null,null,null,null,"","","",0]
[null,null,null,null,null,null,null,null,null,null,null,null,null,"","","",0]
[null,null,null,null,null,null,null,null,null,null,null,null,null,"","","",0]
[null,null,null,null,null,null,null,null,null,null,null,null,null,"","","",0]
[null,null,null,null,null,null,null,null,null,null,null,null,null,"","","",0]
[null,null,null,null,null,null,null,null,null,null,null,null,null,"","","",0]
[null,null,null,null,null,null,null,null,null,null,null,null,null,"","","",0]
[null,null,null,null,null,null,null,null,null,null,null,null,null,"","","",0]
[null,null,null,null,null,null,null,null,null,null,null,null,null,"","","",0]
[null,null,null,null,null,null,null,null,null,null,null,null,null,"","","",{"$f":"G1146","v":0}]
[null,null,null,null,null,null,null,null,null,null,null,null,null,"","","",0]
[null,null,null,null,null,null,null,null,null,null,null,null,null,"","","",0]
[null,null,null,null,null,null,null,null,null,null,null,null,null,"","","",0]
[null,null,null,null,null,null,null,null,null,null,null,null,null,"","","",0]
[null,null,null,null,null,null,null,null,null,null,null,null,null,{"$f":"UPPER(TRIM(B1151))","v":""},{"$f":"UPPER(TRIM(D1151))","v":""},"",0]
[null,null,null,null,null,null,null,null,null,null,null,null,null,"","","",0]
[null,null,null,null,null,null,null,null,null,null,null,null,null,"","","",0]
[null,null,null,null,null,null,null,null,null,null,null,null,null,"","","",0]
[null,null,null,null,null,null,null,null,null,null,null,null,null,"","","",0]
[null,null,null,null,null,null,null,null,null,null,null,null,null,"","",{"$f":"UPPER(TRIM(E1156))","v":""},0]
[null,null,null,null,null,null,null,null,null,null,null,null,null,"","","",0]
[null,null,null,null,null,null,null,null,null,null,null,null,null,"","","",0]
[null,null,null,null,null,null,null,null,null,null,null,null,null,"","","",0]
[null,null,null,null,null,null,null,null,null,null,null,null,null,"","","",0]
[null,null,null,null,null,null,null,null,null,null,null,null,null,"","","",0]
[null,null,null,null,null,null,null,null,null,null,null,null,null,"","","",0]
[null,null,null,null,null,null,null,null,null,null,null,null,null,"","","",0]
[null,null,null,null,null,null,null,null,null,null,null,null,null,"","","",0]
[null,null,null,null,null,null,null,null,null,null,null,null,null,"","","",0]
[null,null,null,null,null,null,null,null,null,null,null,null,null,"","","",0]
[null,null,null,null,null,null,null,null,null,null,null,null,null,"","","",0]
[null,null,null,null,null,null,null,null,null,null,null,null,null,"","","",0]
[null,null,null,null,null,null,null,null,null,null,null,null,null,"","","",0]
[null,null,null,null,null,null,null,null,null,null,null,null,null,"","","",0]
[null,null,null,null,null,null,null,null,null,null,null,null,null,"","","",0]
[null,null,null,null,null,null,null,null,null,null,null,null,null,"","","",0]
[null,null,null,null,null,null,null,null,null,null,null,null,null,"","","",0]
[null,null,null,null,null,null,null,null,null,null,null,null,null,"","","",0]
[null,null,null,null,null,null,null,null,null,null,null,null,null,"","","",0]
[null,null,null,null,null,null,null,null,null,null,null,null,null,"","","",0]
[null,null,null,null,null,null,null,null,null,null,null,null,null,"","","",0]
[null,null,null,null,null,null,null,null,null,null,null,null,null,"","","",0]
[null,null,null,null,null,null,null,null,null,null,null,null,null,"","","",0]
[null,null,null,null,null,null,null,null,null,null,null,null,null,"","","",0]
[null,null,null,null,null,null,null,null,null,null,null,null,null,"","","",0]
[null,null,null,null,null,null,null,null,null,null,null,null,null,"","","",0]
[null,null,null,null,null,null,null,null,null,null,null,null,null,"","","",0]
[null,null,null,null,null,null,null,null,null,null,null,null,null,"","","",0]
[null,null,null,null,null,null,null,null,null,null,null,null,null,"","","",0]
[null,null,null,null,null,null,null,null,null,null,null,null,null,"","","",0]
[null,null,null,null,null,null,null,null,null,null,null,null,null,"","","",0]
[null,null,null,null,null,null,null,null,null,null,null,null,null,"","","",0]
[null,null,null,null,null,null,null,null,null,null,null,null,null,"","","",0]
[null,null,null,null,null,null,null,null,null,null,null,null,null,"","","",0]
[null,null,null,null,null,null,null,null,null,null,null,null,null,"","","",0]
[null,null,null,null,null,null,null,null,null,null,null,null,null,"","","",0]
[null,null,null,null,null,null,null,null,null,null,null,null,null,"","","",0]
[null,null,null,null,null,null,null,null,null,null,null,null,null,"","","",0]
[null,null,null,null,null,null,null,null,null,null,null,null,null,"","","",0]
[null,null,null,null,null,null,null,null,null,null,null,null,null,"","","",0]
[null,null,null,null,null,null,null,null,null,null,null,null,null,"","","",0]
[null,null,null,null,null,null,null,null,null,null,null,null,null,"","","",0]
[null,null,null,null,null,null,null,null,null,null,null,null,null,"","","",0]
[null,null,null,null,null,null,null,null,null,null,null,null,null,"","","",0]
[null,null,null,null,null,null,null,null,null,null,null,null,null,"","","",0]
[null,null,null,null,null,null,null,null,null,null,null,null,null,"","","",0]
[null,null,null,null,null,null,null,null,null,null,null,null,null,"","","",0]
[null,null,null,null,null,null,null,null,null,null,null,null,null,"","","",0]
[null,null,null,null,null,null,null,null,null,null,null,null,null,"","","",0]
[null,null,null,null,null,null,null,null,null,null,null,null,null,"","","",0]
[null,null,null,null,null,null,null,null,null,null,null,null,null,"","","",0]
[null,null,null,null,null,null,null,null,null,null,null,null,null,"","","",0]
[null,null,null,null,null,null,null,null,null,null,null,null,null,"","","",0]
[null,null,null,null,null,null,null,null,null,null,null,null,null,"","","",{"$f":"G1210","v":0}]
[null,null,null,null,null,null,null,null,null,null,null,null,null,"","","",0]
[null,null,null,null,null,null,null,null,null,null,null,null,null,"","","",0]
[null,null,null,null,null,null,null,null,null,null,null,null,null,"","","",0]
[null,null,null,null,null,null,null,null,null,null,null,null,null,"","","",0]
[null,null,null,null,null,null,null,null,null,null,null,null,null,{"$f":"UPPER(TRIM(B1215))","v":""},{"$f":"UPPER(TRIM(D1215))","v":""},"",0]
[null,null,null,null,null,null,null,null,null,null,null,null,null,"","","",0]
[null,null,null,null,null,null,null,null,null,null,null,null,null,"","","",0]
[null,null,null,null,null,null,null,null,null,null,null,null,null,"","","",0]
[null,null,null,null,null,null,null,null,null,null,null,null,null,"","","",0]
[null,null,null,null,null,null,null,null,null,null,null,null,null,"","",{"$f":"UPPER(TRIM(E1220))","v":""},0]
[null,null,null,null,null,null,null,null,null,null,null,null,null,"","","",0]
[null,null,null,null,null,null,null,null,null,null,null,null,null,"","","",0]
[null,null,null,null,null,null,null,null,null,null,null,null,null,"","","",0]
[null,null,null,null,null,null,null,null,null,null,null,null,null,"","","",0]
[null,null,null,null,null,null,null,null,null,null,null,null,null,"","","",0]
[null,null,null,null,null,null,null,null,null,null,null,null,null,"","","",0]
[null,null,null,null,null,null,null,null,null,null,null,null,null,"","","",0]
[null,null,null,null,null,null,null,null,null,null,null,null,null,"","","",0]
[null,null,null,null,null,null,null,null,null,null,null,null,null,"","","",0]
[null,null,null,null,null,null,null,null,null,null,null,null,null,"","","",0]
[null,null,null,null,null,null,null,null,null,null,null,null,null,"","","",0]
[null,null,null,null,null,null,null,null,null,null,null,null,null,"","","",0]
[null,null,null,null,null,null,null,null,null,null,null,null,null,"","","",0]
[null,null,null,null,null,null,null,null,null,null,null,null,null,"","","",0]
[null,null,null,null,null,null,null,null,null,null,null,null,null,"","","",0]
[null,null,null,null,null,null,null,null,null,null,null,null,null,"","","",0]
[null,null,null,null,null,null,null,null,null,null,null,null,null,"","","",0]
[null,null,null,null,null,null,null,null,null,null,null,null,null,"","","",0]
[null,null,null,null,null,null,null,null,null,null,null,null,null,"","","",0]
[null,null,null,null,null,null,null,null,null,null,null,null,null,"","","",0]
[null,null,null,null,null,null,null,null,null,null,null,null,null,"","","",0]
[null,null,null,null,null,null,null,null,null,null,null,null,null,"","","",0]
[null,null,null,null,null,null,null,null,null,null,null,null,null,"","","",0]
[null,null,null,null,null,null,null,null,null,null,null,null,null,"","","",0]
[null,null,null,null,null,null,null,null,null,null,null,null,null,"","","",0]
[null,null,null,null,null,null,null,null,null,null,null,null,null,"","","",0]
[null,null,null,null,null,null,null,null,null,null,null,null,null,"","","",0]
[null,null,null,null,null,null,null,null,null,null,null,null,null,"","","",0]
[null,null,null,null,null,null,null,null,null,null,null,null,null,"","","",0]
[null,null,null,null,null,null,null,null,null,null,null,null,null,"","","",0]
[null,null,null,null,null,null,null,null,null,null,null,null,null,"","","",0]
[null,null,null,null,null,null,null,null,null,null,null,null,null,"","","",0]
[null,null,null,null,null,null,null,null,null,null,null,null,null,"","","",0]
[null,null,null,null,null,null,null,null,null,null,null,null,null,"","","",0]
[null,null,null,null,null,null,null,null,null,null,null,null,null,"","","",0]
[null,null,null,null,null,null,null,null,null,null,null,null,null,"","","",0]
[null,null,null,null,null,null,null,null,null,null,null,null,null,"","","",0]
[null,null,null,null,null,null,null,null,null,null,null,null,null,"","","",0]
[null,null,null,null,null,null,null,null,null,null,null,null,null,"","","",0]
[null,null,null,null,null,null,null,null,null,null,null,null,null,"","","",0]
[null,null,null,null,null,null,null,null,null,null,null,null,null,"","","",0]
[null,null,null,null,null,null,null,null,null,null,null,null,null,"","","",0]
[null,null,null,null,null,null,null,null,null,null,null,null,null,"","","",0]
[null,null,null,null,null,null,null,null,null,null,null,null,null,"","","",0]
[null,null,null,null,null,null,null,null,null,null,null,null,null,"","","",0]
[null,null,null,null,null,null,null,null,null,null,null,null,null,"","","",0]
[null,null,null,null,null,null,null,null,null,null,null,null,null,"","","",0]
[null,null,null,null,null,null,null,null,null,null,null,null,null,"","","",0]
[null,null,null,null,null,null,null,null,null,null,null,null,null,"","","",0]
[null,null,null,null,null,null,null,null,null,null,null,null,null,"","","",0]
[null,null,null,null,null,null,null,null,null,null,null,null,null,"","","",0]
[null,null,null,null,null,null,null,null,null,null,null,null,null,"","","",0]
[null,null,null,null,null,null,null,null,null,null,null,null,null,"","","",0]
[null,null,null,null,null,null,null,null,null,null,null,null,null,"","","",{"$f":"G1274","v":0}]
[null,null,null,null,null,null,null,null,null,null,null,null,null,"","","",0]
[null,null,null,null,null,null,null,null,null,null,null,null,null,"","","",0]
[null,null,null,null,null,null,null,null,null,null,null,null,null,"","","",0]
[null,null,null,null,null,null,null,null,null,null,null,null,null,"","","",0]
[null,null,null,null,null,null,null,null,null,null,null,null,null,{"$f":"UPPER(TRIM(B1279))","v":""},{"$f":"UPPER(TRIM(D1279))","v":""},"",0]
[null,null,null,null,null,null,null,null,null,null,null,null,null,"","","",0]
[null,null,null,null,null,null,null,null,null,null,null,null,null,"","","",0]
[null,null,null,null,null,null,null,null,null,null,null,null,null,"","","",0]
[null,null,null,null,null,null,null,null,null,null,null,null,null,"","","",0]
[null,null,null,null,null,null,null,null,null,null,null,null,null,"","",{"$f":"UPPER(TRIM(E1284))","v":""},0]
[null,null,null,null,null,null,null,null,null,null,null,null,null,"","","",0]
[null,null,null,null,null,null,null,null,null,null,null,null,null,"","","",0]
[null,null,null,null,null,null,null,null,null,null,null,null,null,"","","",0]
[null,null,null,null,null,null,null,null,null,null,null,null,null,"","","",0]
[null,null,null,null,null,null,null,null,null,null,null,null,null,"","","",0]
[null,null,null,null,null,null,null,null,null,null,null,null,null,"","","",0]
[null,null,null,null,null,null,null,null,null,null,null,null,null,"","","",0]
[null,null,null,null,null,null,null,null,null,null,null,null,null,"","","",0]
[null,null,null,null,null,null,null,null,null,null,null,null,null,"","","",0]
[null,null,null,null,null,null,null,null,null,null,null,null,null,"","","",0]
[null,null,null,null,null,null,null,null,null,null,null,null,null,"","","",0]
[null,null,null,null,null,null,null,null,null,null,null,null,null,"","","",0]
[null,null,null,null,null,null,null,null,null,null,null,null,null,"","","",0]
[null,null,null,null,null,null,null,null,null,null,null,null,null,"","","",0]
[null,null,null,null,null,null,null,null,null,null,null,null,null,"","","",0]
[null,null,null,null,null,null,null,null,null,null,null,null,null,"","","",0]
[null,null,null,null,null,null,null,null,null,null,null,null,null,"","","",0]
[null,null,null,null,null,null,null,null,null,null,null,null,null,"","","",0]
[null,null,null,null,null,null,null,null,null,null,null,null,null,"","","",0]
[null,null,null,null,null,null,null,null,null,null,null,null,null,"","","",0]
[null,null,null,null,null,null,null,null,null,null,null,null,null,"","","",0]
[null,null,null,null,null,null,null,null,null,null,null,null,null,"","","",0]
[null,null,null,null,null,null,null,null,null,null,null,null,null,"","","",0]
[null,null,null,null,null,null,null,null,null,null,null,null,null,"","","",0]
[null,null,null,null,null,null,null,null,null,null,null,null,null,"","","",0]
[null,null,null,null,null,null,null,null,null,null,null,null,null,"","","",0]
[null,null,null,null,null,null,null,null,null,null,null,null,null,"","","",0]
[null,null,null,null,null,null,null,null,null,null,null,null,null,"","","",0]
[null,null,null,null,null,null,null,null,null,null,null,null,null,"","","",0]
[null,null,null,null,null,null,null,null,null,null,null,null,null,"","","",0]
[null,null,null,null,null,null,null,null,null,null,null,null,null,"","","",0]
[null,null,null,null,null,null,null,null,null,null,null,null,null,"","","",0]
[null,null,null,null,null,null,null,null,null,null,null,null,null,"","","",0]
[null,null,null,null,null,null,null,null,null,null,null,null,null,"","","",0]
[null,null,null,null,null,null,null,null,null,null,null,null,null,"","","",0]
[null,null,null,null,null,null,null,null,null,null,null,null,null,"","","",0]
[null,null,null,null,null,null,null,null,null,null,null,null,null,"","","",0]
[null,null,null,null,null,null,null,null,null,null,null,null,null,"","","",0]
[null,null,null,null,null,null,null,null,null,null,null,null,null,"","","",0]
[null,null,null,null,null,null,null,null,null,null,null,null,null,"","","",0]
[null,null,null,null,null,null,null,null,null,null,null,null,null,"","","",0]
[null,null,null,null,null,null,null,null,null,null,null,null,null,"","","",0]
[null,null,null,null,null,null,null,null,null,null,null,null,null,"","","",0]
[null,null,null,null,null,null,null,null,null,null,null,null,null,"","","",0]
[null,null,null,null,null,null,null,null,null,null,null,null,null,"","","",0]
[null,null,null,null,null,null,null,null,null,null,null,null,null,"","","",0]
[null,null,null,null,null,null,null,null,null,null,null,null,null,"","","",0]
[null,null,null,null,null,null,null,null,null,null,null,null,null,"","","",0]
[null,null,null,null,null,null,null,null,null,null,null,null,null,"","","",0]
[null,null,null,null,null,null,null,null,null,null,null,null,null,"","","",0]
[null,null,null,null,null,null,null,null,null,null,null,null,null,"","","",0]
[null,null,null,null,null,null,null,null,null,null,null,null,null,"","","",0]
[null,null,null,null,null,null,null,null,null,null,null,null,null,"","","",0]
[null,null,null,null,null,null,null,null,null,null,null,null,null,"","","",{"$f":"G1338","v":0}]
[null,null,null,null,null,null,null,null,null,null,null,null,null,"","","",0]
[null,null,null,null,null,null,null,null,null,null,null,null,null,"","","",0]
[null,null,null,null,null,null,null,null,null,null,null,null,null,"","","",0]
[null,null,null,null,null,null,null,null,null,null,null,null,null,"","","",0]
[null,null,null,null,null,null,null,null,null,null,null,null,null,{"$f":"UPPER(TRIM(B1343))","v":""},{"$f":"UPPER(TRIM(D1343))","v":""},"",0]
[null,null,null,null,null,null,null,null,null,null,null,null,null,"","","",0]
[null,null,null,null,null,null,null,null,null,null,null,null,null,"","","",0]
[null,null,null,null,null,null,null,null,null,null,null,null,null,"","","",0]
[null,null,null,null,null,null,null,null,null,null,null,null,null,"","","",0]
[null,null,null,null,null,null,null,null,null,null,null,null,null,"","",{"$f":"UPPER(TRIM(E1348))","v":""},0]
[null,null,null,null,null,null,null,null,null,null,null,null,null,"","","",0]
[null,null,null,null,null,null,null,null,null,null,null,null,null,"","","",0]
[null,null,null,null,null,null,null,null,null,null,null,null,null,"","","",0]
[null,null,null,null,null,null,null,null,null,null,null,null,null,"","","",0]
[null,null,null,null,null,null,null,null,null,null,null,null,null,"","","",0]
[null,null,null,null,null,null,null,null,null,null,null,null,null,"","","",0]
[null,null,null,null,null,null,null,null,null,null,null,null,null,"","","",0]
[null,null,null,null,null,null,null,null,null,null,null,null,null,"","","",0]
[null,null,null,null,null,null,null,null,null,null,null,null,null,"","","",0]
[null,null,null,null,null,null,null,null,null,null,null,null,null,"","","",0]
[null,null,null,null,null,null,null,null,null,null,null,null,null,"","","",0]
[null,null,null,null,null,null,null,null,null,null,null,null,null,"","","",0]
[null,null,null,null,null,null,null,null,null,null,null,null,null,"","","",0]
[null,null,null,null,null,null,null,null,null,null,null,null,null,"","","",0]
[null,null,null,null,null,null,null,null,null,null,null,null,null,"","","",0]
[null,null,null,null,null,null,null,null,null,null,null,null,null,"","","",0]
[null,null,null,null,null,null,null,null,null,null,null,null,null,"","","",0]
[null,null,null,null,null,null,null,null,null,null,null,null,null,"","","",0]
[null,null,null,null,null,null,null,null,null,null,null,null,null,"","","",0]
[null,null,null,null,null,null,null,null,null,null,null,null,null,"","","",0]
[null,null,null,null,null,null,null,null,null,null,null,null,null,"","","",0]
[null,null,null,null,null,null,null,null,null,null,null,null,null,"","","",0]
[null,null,null,null,null,null,null,null,null,null,null,null,null,"","","",0]
[null,null,null,null,null,null,null,null,null,null,null,null,null,"","","",0]
[null,null,null,null,null,null,null,null,null,null,null,null,null,"","","",0]
[null,null,null,null,null,null,null,null,null,null,null,null,null,"","","",0]
[null,null,null,null,null,null,null,null,null,null,null,null,null,"","","",0]
[null,null,null,null,null,null,null,null,null,null,null,null,null,"","","",0]
[null,null,null,null,null,null,null,null,null,null,null,null,null,"","","",0]
[null,null,null,null,null,null,null,null,null,null,null,null,null,"","","",0]
[null,null,null,null,null,null,null,null,null,null,null,null,null,"","","",0]
[null,null,null,null,null,null,null,null,null,null,null,null,null,"","","",0]
[null,null,null,null,null,null,null,null,null,null,null,null,null,"","","",0]
[null,null,null,null,null,null,null,null,null,null,null,null,null,"","","",0]
[null,null,null,null,null,null,null,null,null,null,null,null,null,"","","",0]
[null,null,null,null,null,null,null,null,null,null,null,null,null,"","","",0]
[null,null,null,null,null,null,null,null,null,null,null,null,null,"","","",0]
[null,null,null,null,null,null,null,null,null,null,null,null,null,"","","",0]
[null,null,null,null,null,null,null,null,null,null,null,null,null,"","","",0]
[null,null,null,null,null,null,null,null,null,null,null,null,null,"","","",0]
[null,null,null,null,null,null,null,null,null,null,null,null,null,"","","",0]
[null,null,null,null,null,null,null,null,null,null,null,null,null,"","","",0]
[null,null,null,null,null,null,null,null,null,null,null,null,null,"","","",0]
[null,null,null,null,null,null,null,null,null,null,null,null,null,"","","",0]
[null,null,null,null,null,null,null,null,null,null,null,null,null,"","","",0]
[null,null,null,null,null,null,null,null,null,null,null,null,null,"","","",0]
[null,null,null,null,null,null,null,null,null,null,null,null,null,"","","",0]
[null,null,null,null,null,null,null,null,null,null,null,null,null,"","","",0]
[null,null,null,null,null,null,null,null,null,null,null,null,null,"","","",0]
[null,null,null,null,null,null,null,null,null,null,null,null,null,"","","",0]
[null,null,null,null,null,null,null,null,null,null,null,null,null,"","","",0]
[null,null,null,null,null,null,null,null,null,null,null,null,null,"","","",0]
[null,null,null,null,null,null,null,null,null,null,null,null,null,"","","",0]
[null,null,null,null,null,null,null,null,null,null,null,null,null,"","","",{"$f":"G1402","v":0}]
[null,null,null,null,null,null,null,null,null,null,null,null,null,"","","",0]
[null,null,null,null,null,null,null,null,null,null,null,null,null,"","","",0]
[null,null,null,null,null,null,null,null,null,null,null,null,null,"","","",0]
[null,null,null,null,null,null,null,null,null,null,null,null,null,"","","",0]
[null,null,null,null,null,null,null,null,null,null,null,null,null,{"$f":"UPPER(TRIM(B1407))","v":""},{"$f":"UPPER(TRIM(D1407))","v":""},"",0]
[null,null,null,null,null,null,null,null,null,null,null,null,null,"","","",0]
[null,null,null,null,null,null,null,null,null,null,null,null,null,"","","",0]
[null,null,null,null,null,null,null,null,null,null,null,null,null,"","","",0]
[null,null,null,null,null,null,null,null,null,null,null,null,null,"","","",0]
[null,null,null,null,null,null,null,null,null,null,null,null,null,"","",{"$f":"UPPER(TRIM(E1412))","v":""},0]
[null,null,null,null,null,null,null,null,null,null,null,null,null,"","","",0]
[null,null,null,null,null,null,null,null,null,null,null,null,null,"","","",0]
[null,null,null,null,null,null,null,null,null,null,null,null,null,"","","",0]
[null,null,null,null,null,null,null,null,null,null,null,null,null,"","","",0]
[null,null,null,null,null,null,null,null,null,null,null,null,null,"","","",0]
[null,null,null,null,null,null,null,null,null,null,null,null,null,"","","",0]
[null,null,null,null,null,null,null,null,null,null,null,null,null,"","","",0]
[null,null,null,null,null,null,null,null,null,null,null,null,null,"","","",0]
[null,null,null,null,null,null,null,null,null,null,null,null,null,"","","",0]
[null,null,null,null,null,null,null,null,null,null,null,null,null,"","","",0]
[null,null,null,null,null,null,null,null,null,null,null,null,null,"","","",0]
[null,null,null,null,null,null,null,null,null,null,null,null,null,"","","",0]
[null,null,null,null,null,null,null,null,null,null,null,null,null,"","","",0]
[null,null,null,null,null,null,null,null,null,null,null,null,null,"","","",0]
[null,null,null,null,null,null,null,null,null,null,null,null,null,"","","",0]
[null,null,null,null,null,null,null,null,null,null,null,null,null,"","","",0]
[null,null,null,null,null,null,null,null,null,null,null,null,null,"","","",0]
[null,null,null,null,null,null,null,null,null,null,null,null,null,"","","",0]
[null,null,null,null,null,null,null,null,null,null,null,null,null,"","","",0]
[null,null,null,null,null,null,null,null,null,null,null,null,null,"","","",0]
[null,null,null,null,null,null,null,null,null,null,null,null,null,"","","",0]
[null,null,null,null,null,null,null,null,null,null,null,null,null,"","","",0]
[null,null,null,null,null,null,null,null,null,null,null,null,null,"","","",0]
[null,null,null,null,null,null,null,null,null,null,null,null,null,"","","",0]
[null,null,null,null,null,null,null,null,null,null,null,null,null,"","","",0]
[null,null,null,null,null,null,null,null,null,null,null,null,null,"","","",0]
[null,null,null,null,null,null,null,null,null,null,null,null,null,"","","",0]
[null,null,null,null,null,null,null,null,null,null,null,null,null,"","","",0]
[null,null,null,null,null,null,null,null,null,null,null,null,null,"","","",0]
[null,null,null,null,null,null,null,null,null,null,null,null,null,"","","",0]
[null,null,null,null,null,null,null,null,null,null,null,null,null,"","","",0]
[null,null,null,null,null,null,null,null,null,null,null,null,null,"","","",0]
[null,null,null,null,null,null,null,null,null,null,null,null,null,"","","",0]
[null,null,null,null,null,null,null,null,null,null,null,null,null,"","","",0]
[null,null,null,null,null,null,null,null,null,null,null,null,null,"","","",0]
[null,null,null,null,null,null,null,null,null,null,null,null,null,"","","",0]
[null,null,null,null,null,null,null,null,null,null,null,null,null,"","","",0]
[null,null,null,null,null,null,null,null,null,null,null,null,null,"","","",0]
[null,null,null,null,null,null,null,null,null,null,null,null,null,"","","",0]
[null,null,null,null,null,null,null,null,null,null,null,null,null,"","","",0]
[null,null,null,null,null,null,null,null,null,null,null,null,null,"","","",0]
[null,null,null,null,null,null,null,null,null,null,null,null,null,"","","",0]
[null,null,null,null,null,null,null,null,null,null,null,null,null,"","","",0]
[null,null,null,null,null,null,null,null,null,null,null,null,null,"","","",0]
[null,null,null,null,null,null,null,null,null,null,null,null,null,"","","",0]
[null,null,null,null,null,null,null,null,null,null,null,null,null,"","","",0]
[null,null,null,null,null,null,null,null,null,null,null,null,null,"","","",0]
[null,null,null,null,null,null,null,null,null,null,null,null,null,"","","",0]
[null,null,null,null,null,null,null,null,null,null,null,null,null,"","","",0]
[null,null,null,null,null,null,null,null,null,null,null,null,null,"","","",0]
[null,null,null,null,null,null,null,null,null,null,null,null,null,"","","",0]
[null,null,null,null,null,null,null,null,null,null,null,null,null,"","","",0]
[null,null,null,null,null,null,null,null,null,null,null,null,null,"","","",0]
[null,null,null,null,null,null,null,null,null,null,null,null,null,"","","",{"$f":"G1466","v":0}]
[null,null,null,null,null,null,null,null,null,null,null,null,null,"","","",0]
[null,null,null,null,null,null,null,null,null,null,null,null,null,"","","",0]
[null,null,null,null,null,null,null,null,null,null,null,null,null,"","","",0]
[null,null,null,null,null,null,null,null,null,null,null,null,null,"","","",0]
[null,null,null,null,null,null,null,null,null,null,null,null,null,{"$f":"UPPER(TRIM(B1471))","v":""},{"$f":"UPPER(TRIM(D1471))","v":""},"",0]
[null,null,null,null,null,null,null,null,null,null,null,null,null,"","","",0]
[null,null,null,null,null,null,null,null,null,null,null,null,null,"","","",0]
[null,null,null,null,null,null,null,null,null,null,null,null,null,"","","",0]
[null,null,null,null,null,null,null,null,null,null,null,null,null,"","","",0]
[null,null,null,null,null,null,null,null,null,null,null,null,null,"","",{"$f":"UPPER(TRIM(E1476))","v":""},0]
[null,null,null,null,null,null,null,null,null,null,null,null,null,"","","",0]
[null,null,null,null,null,null,null,null,null,null,null,null,null,"","","",0]
[null,null,null,null,null,null,null,null,null,null,null,null,null,"","","",0]
[null,null,null,null,null,null,null,null,null,null,null,null,null,"","","",0]
[null,null,null,null,null,null,null,null,null,null,null,null,null,"","","",0]
[null,null,null,null,null,null,null,null,null,null,null,null,null,"","","",0]
[null,null,null,null,null,null,null,null,null,null,null,null,null,"","","",0]
[null,null,null,null,null,null,null,null,null,null,null,null,null,"","","",0]
[null,null,null,null,null,null,null,null,null,null,null,null,null,"","","",0]
[null,null,null,null,null,null,null,null,null,null,null,null,null,"","","",0]
[null,null,null,null,null,null,null,null,null,null,null,null,null,"","","",0]
[null,null,null,null,null,null,null,null,null,null,null,null,null,"","","",0]
[null,null,null,null,null,null,null,null,null,null,null,null,null,"","","",0]
[null,null,null,null,null,null,null,null,null,null,null,null,null,"","","",0]
[null,null,null,null,null,null,null,null,null,null,null,null,null,"","","",0]
[null,null,null,null,null,null,null,null,null,null,null,null,null,"","","",0]
[null,null,null,null,null,null,null,null,null,null,null,null,null,"","","",0]
[null,null,null,null,null,null,null,null,null,null,null,null,null,"","","",0]
[null,null,null,null,null,null,null,null,null,null,null,null,null,"","","",0]
[null,null,null,null,null,null,null,null,null,null,null,null,null,"","","",0]
[null,null,null,null,null,null,null,null,null,null,null,null,null,"","","",0]
[null,null,null,null,null,null,null,null,null,null,null,null,null,"","","",0]
[null,null,null,null,null,null,null,null,null,null,null,null,null,"","","",0]
[null,null,null,null,null,null,null,null,null,null,null,null,null,"","","",0]
[null,null,null,null,null,null,null,null,null,null,null,null,null,"","","",0]
[null,null,null,null,null,null,null,null,null,null,null,null,null,"","","",0]
[null,null,null,null,null,null,null,null,null,null,null,null,null,"","","",0]
[null,null,null,null,null,null,null,null,null,null,null,null,null,"","","",0]
[null,null,null,null,null,null,null,null,null,null,null,null,null,"","","",0]
[null,null,null,null,null,null,null,null,null,null,null,null,null,"","","",0]
[null,null,null,null,null,null,null,null,null,null,null,null,null,"","","",0]
[null,null,null,null,null,null,null,null,null,null,null,null,null,"","","",0]
[null,null,null,null,null,null,null,null,null,null,null,null,null,"","","",0]
[null,null,null,null,null,null,null,null,null,null,null,null,null,"","","",0]
[null,null,null,null,null,null,null,null,null,null,null,null,null,"","","",0]
[null,null,null,null,null,null,null,null,null,null,null,null,null,"","","",0]
[null,null,null,null,null,null,null,null,null,null,null,null,null,"","","",0]
[null,null,null,null,null,null,null,null,null,null,null,null,null,"","","",0]
[null,null,null,null,null,null,null,null,null,null,null,null,null,"","","",0]
[null,null,null,null,null,null,null,null,null,null,null,null,null,"","","",0]
[null,null,null,null,null,null,null,null,null,null,null,null,null,"","","",0]
[null,null,null,null,null,null,null,null,null,null,null,null,null,"","","",0]
[null,null,null,null,null,null,null,null,null,null,null,null,null,"","","",0]
[null,null,null,null,null,null,null,null,null,null,null,null,null,"","","",0]
[null,null,null,null,null,null,null,null,null,null,null,null,null,"","","",0]
[null,null,null,null,null,null,null,null,null,null,null,null,null,"","","",0]
[null,null,null,null,null,null,null,null,null,null,null,null,null,"","","",0]
[null,null,null,null,null,null,null,null,null,null,null,null,null,"","","",0]
[null,null,null,null,null,null,null,null,null,null,null,null,null,"","","",0]
[null,null,null,null,null,null,null,null,null,null,null,null,null,"","","",0]
[null,null,null,null,null,null,null,null,null,null,null,null,null,"","","",0]
[null,null,null,null,null,null,null,null,null,null,null,null,null,"","","",0]
[null,null,null,null,null,null,null,null,null,null,null,null,null,"","","",0]
[null,null,null,null,null,null,null,null,null,null,null,null,null,"","","",{"$f":"G1530","v":0}]
[null,null,null,null,null,null,null,null,null,null,null,null,null,"","","",0]
[null,null,null,null,null,null,null,null,null,null,null,null,null,"","","",0]
[null,null,null,null,null,null,null,null,null,null,null,null,null,"","","",0]
[null,null,null,null,null,null,null,null,null,null,null,null,null,"","","",0]
[null,null,null,null,null,null,null,null,null,null,null,null,null,{"$f":"UPPER(TRIM(B1535))","v":""},{"$f":"UPPER(TRIM(D1535))","v":""},"",0]
[null,null,null,null,null,null,null,null,null,null,null,null,null,"","","",0]
[null,null,null,null,null,null,null,null,null,null,null,null,null,"","","",0]
[null,null,null,null,null,null,null,null,null,null,null,null,null,"","","",0]
[null,null,null,null,null,null,null,null,null,null,null,null,null,"","","",0]
[null,null,null,null,null,null,null,null,null,null,null,null,null,"","",{"$f":"UPPER(TRIM(E1540))","v":""},0]
[null,null,null,null,null,null,null,null,null,null,null,null,null,"","","",0]
[null,null,null,null,null,null,null,null,null,null,null,null,null,"","","",0]
[null,null,null,null,null,null,null,null,null,null,null,null,null,"","","",0]
[null,null,null,null,null,null,null,null,null,null,null,null,null,"","","",0]
[null,null,null,null,null,null,null,null,null,null,null,null,null,"","","",0]
[null,null,null,null,null,null,null,null,null,null,null,null,null,"","","",0]
[null,null,null,null,null,null,null,null,null,null,null,null,null,"","","",0]
[null,null,null,null,null,null,null,null,null,null,null,null,null,"","","",0]
[null,null,null,null,null,null,null,null,null,null,null,null,null,"","","",0]
[null,null,null,null,null,null,null,null,null,null,null,null,null,"","","",0]
[null,null,null,null,null,null,null,null,null,null,null,null,null,"","","",0]
[null,null,null,null,null,null,null,null,null,null,null,null,null,"","","",0]
[null,null,null,null,null,null,null,null,null,null,null,null,null,"","","",0]
[null,null,null,null,null,null,null,null,null,null,null,null,null,"","","",0]
[null,null,null,null,null,null,null,null,null,null,null,null,null,"","","",0]
[null,null,null,null,null,null,null,null,null,null,null,null,null,"","","",0]
[null,null,null,null,null,null,null,null,null,null,null,null,null,"","","",0]
[null,null,null,null,null,null,null,null,null,null,null,null,null,"","","",0]
[null,null,null,null,null,null,null,null,null,null,null,null,null,"","","",0]
[null,null,null,null,null,null,null,null,null,null,null,null,null,"","","",0]
[null,null,null,null,null,null,null,null,null,null,null,null,null,"","","",0]
[null,null,null,null,null,null,null,null,null,null,null,null,null,"","","",0]
[null,null,null,null,null,null,null,null,null,null,null,null,null,"","","",0]
[null,null,null,null,null,null,null,null,null,null,null,null,null,"","","",0]
[null,null,null,null,null,null,null,null,null,null,null,null,null,"","","",0]
[null,null,null,null,null,null,null,null,null,null,null,null,null,"","","",0]
[null,null,null,null,null,null,null,null,null,null,null,null,null,"","","",0]
[null,null,null,null,null,null,null,null,null,null,null,null,null,"","","",0]
[null,null,null,null,null,null,null,null,null,null,null,null,null,"","","",0]
[null,null,null,null,null,null,null,null,null,null,null,null,null,"","","",0]
[null,null,null,null,null,null,null,null,null,null,null,null,null,"","","",0]
[null,null,null,null,null,null,null,null,null,null,null,null,null,"","","",0]
[null,null,null,null,null,null,null,null,null,null,null,null,null,"","","",0]
[null,null,null,null,null,null,null,null,null,null,null,null,null,"","","",0]
[null,null,null,null,null,null,null,null,null,null,null,null,null,"","","",0]
[null,null,null,null,null,null,null,null,null,null,null,null,null,"","","",0]
[null,null,null,null,null,null,null,null,null,null,null,null,null,"","","",0]
[null,null,null,null,null,null,null,null,null,null,null,null,null,"","","",0]
[null,null,null,null,null,null,null,null,null,null,null,null,null,"","","",0]
[null,null,null,null,null,null,null,null,null,null,null,null,null,"","","",0]
[null,null,null,null,null,null,null,null,null,null,null,null,null,"","","",0]
[null,null,null,null,null,null,null,null,null,null,null,null,null,"","","",0]
[null,null,null,null,null,null,null,null,null,null,null,null,null,"","","",0]
[null,null,null,null,null,null,null,null,null,null,null,null,null,"","","",0]
[null,null,null,null,null,null,null,null,null,null,null,null,null,"","","",0]
[null,null,null,null,null,null,null,null,null,null,null,null,null,"","","",0]
[null,null,null,null,null,null,null,null,null,null,null,null,null,"","","",0]
[null,null,null,null,null,null,null,null,null,null,null,null,null,"","","",0]
[null,null,null,null,null,null,null,null,null,null,null,null,null,"","","",0]
[null,null,null,null,null,null,null,null,null,null,null,null,null,"","","",0]
[null,null,null,null,null,null,null,null,null,null,null,null,null,"","","",0]
[null,null,null,null,null,null,null,null,null,null,null,null,null,"","","",0]
[null,null,null,null,null,null,null,null,null,null,null,null,null,"","","",0]
[null,null,null,null,null,null,null,null,null,null,null,null,null,"","","",{"$f":"G1594","v":0}]
[null,null,null,null,null,null,null,null,null,null,null,null,null,"","","",0]
[null,null,null,null,null,null,null,null,null,null,null,null,null,"","","",0]
[null,null,null,null,null,null,null,null,null,null,null,null,null,"","","",0]
[null,null,null,null,null,null,null,null,null,null,null,null,null,"","","",0]
[null,null,null,null,null,null,null,null,null,null,null,null,null,{"$f":"UPPER(TRIM(B1599))","v":""},{"$f":"UPPER(TRIM(D1599))","v":""},"",0]
[null,null,null,null,null,null,null,null,null,null,null,null,null,"","","",0]
[null,null,null,null,null,null,null,null,null,null,null,null,null,"","","",0]
[null,null,null,null,null,null,null,null,null,null,null,null,null,"","","",0]
[null,null,null,null,null,null,null,null,null,null,null,null,null,"","","",0]
[null,null,null,null,null,null,null,null,null,null,null,null,null,"","",{"$f":"UPPER(TRIM(E1604))","v":""},0]
[null,null,null,null,null,null,null,null,null,null,null,null,null,"","","",0]
[null,null,null,null,null,null,null,null,null,null,null,null,null,"","","",0]
[null,null,null,null,null,null,null,null,null,null,null,null,null,"","","",0]
[null,null,null,null,null,null,null,null,null,null,null,null,null,"","","",0]
[null,null,null,null,null,null,null,null,null,null,null,null,null,"","","",0]
[null,null,null,null,null,null,null,null,null,null,null,null,null,"","","",0]
[null,null,null,null,null,null,null,null,null,null,null,null,null,"","","",0]
[null,null,null,null,null,null,null,null,null,null,null,null,null,"","","",0]
[null,null,null,null,null,null,null,null,null,null,null,null,null,"","","",0]
[null,null,null,null,null,null,null,null,null,null,null,null,null,"","","",0]
[null,null,null,null,null,null,null,null,null,null,null,null,null,"","","",0]
[null,null,null,null,null,null,null,null,null,null,null,null,null,"","","",0]
[null,null,null,null,null,null,null,null,null,null,null,null,null,"","","",0]
[null,null,null,null,null,null,null,null,null,null,null,null,null,"","","",0]
[null,null,null,null,null,null,null,null,null,null,null,null,null,"","","",0]
[null,null,null,null,null,null,null,null,null,null,null,null,null,"","","",0]
[null,null,null,null,null,null,null,null,null,null,null,null,null,"","","",0]
[null,null,null,null,null,null,null,null,null,null,null,null,null,"","","",0]
[null,null,null,null,null,null,null,null,null,null,null,null,null,"","","",0]
[null,null,null,null,null,null,null,null,null,null,null,null,null,"","","",0]
[null,null,null,null,null,null,null,null,null,null,null,null,null,"","","",0]
[null,null,null,null,null,null,null,null,null,null,null,null,null,"","","",0]
[null,null,null,null,null,null,null,null,null,null,null,null,null,"","","",0]
[null,null,null,null,null,null,null,null,null,null,null,null,null,"","","",0]
[null,null,null,null,null,null,null,null,null,null,null,null,null,"","","",0]
[null,null,null,null,null,null,null,null,null,null,null,null,null,"","","",0]
[null,null,null,null,null,null,null,null,null,null,null,null,null,"","","",0]
[null,null,null,null,null,null,null,null,null,null,null,null,null,"","","",0]
[null,null,null,null,null,null,null,null,null,null,null,null,null,"","","",0]
[null,null,null,null,null,null,null,null,null,null,null,null,null,"","","",0]
[null,null,null,null,null,null,null,null,null,null,null,null,null,"","","",0]
[null,null,null,null,null,null,null,null,null,null,null,null,null,"","","",0]
[null,null,null,null,null,null,null,null,null,null,null,null,null,"","","",0]
[null,null,null,null,null,null,null,null,null,null,null,null,null,"","","",0]
[null,null,null,null,null,null,null,null,null,null,null,null,null,"","","",0]
[null,null,null,null,null,null,null,null,null,null,null,null,null,"","","",0]
[null,null,null,null,null,null,null,null,null,null,null,null,null,"","","",0]
[null,null,null,null,null,null,null,null,null,null,null,null,null,"","","",0]
[null,null,null,null,null,null,null,null,null,null,null,null,null,"","","",0]
[null,null,null,null,null,null,null,null,null,null,null,null,null,"","","",0]
[null,null,null,null,null,null,null,null,null,null,null,null,null,"","","",0]
[null,null,null,null,null,null,null,null,null,null,null,null,null,"","","",0]
[null,null,null,null,null,null,null,null,null,null,null,null,null,"","","",0]
[null,null,null,null,null,null,null,null,null,null,null,null,null,"","","",0]
[null,null,null,null,null,null,null,null,null,null,null,null,null,"","","",0]
[null,null,null,null,null,null,null,null,null,null,null,null,null,"","","",0]
[null,null,null,null,null,null,null,null,null,null,null,null,null,"","","",0]
[null,null,null,null,null,null,null,null,null,null,null,null,null,"","","",0]
[null,null,null,null,null,null,null,null,null,null,null,null,null,"","","",0]
[null,null,null,null,null,null,null,null,null,null,null,null,null,"","","",0]
[null,null,null,null,null,null,null,null,null,null,null,null,null,"","","",0]
[null,null,null,null,null,null,null,null,null,null,null,null,null,"","","",0]
[null,null,null,null,null,null,null,null,null,null,null,null,null,"","","",0]
[null,null,null,null,null,null,null,null,null,null,null,null,null,"","","",{"$f":"G1658","v":0}]
[null,null,null,null,null,null,null,null,null,null,null,null,null,"","","",0]
[null,null,null,null,null,null,null,null,null,null,null,null,null,"","","",0]
[null,null,null,null,null,null,null,null,null,null,null,null,null,"","","",0]
[null,null,null,null,null,null,null,null,null,null,null,null,null,"","","",0]
[null,null,null,null,null,null,null,null,null,null,null,null,null,{"$f":"UPPER(TRIM(B1663))","v":""},{"$f":"UPPER(TRIM(D1663))","v":""},"",0]
[null,null,null,null,null,null,null,null,null,null,null,null,null,"","","",0]
[null,null,null,null,null,null,null,null,null,null,null,null,null,"","","",0]
[null,null,null,null,null,null,null,null,null,null,null,null,null,"","","",0]
[null,null,null,null,null,null,null,null,null,null,null,null,null,"","","",0]
[null,null,null,null,null,null,null,null,null,null,null,null,null,"","",{"$f":"UPPER(TRIM(E1668))","v":""},0]
[null,null,null,null,null,null,null,null,null,null,null,null,null,"","","",0]
[null,null,null,null,null,null,null,null,null,null,null,null,null,"","","",0]
[null,null,null,null,null,null,null,null,null,null,null,null,null,"","","",0]
[null,null,null,null,null,null,null,null,null,null,null,null,null,"","","",0]
[null,null,null,null,null,null,null,null,null,null,null,null,null,"","","",0]
[null,null,null,null,null,null,null,null,null,null,null,null,null,"","","",0]
[null,null,null,null,null,null,null,null,null,null,null,null,null,"","","",0]
[null,null,null,null,null,null,null,null,null,null,null,null,null,"","","",0]
[null,null,null,null,null,null,null,null,null,null,null,null,null,"","","",0]
[null,null,null,null,null,null,null,null,null,null,null,null,null,"","","",0]
[null,null,null,null,null,null,null,null,null,null,null,null,null,"","","",0]
[null,null,null,null,null,null,null,null,null,null,null,null,null,"","","",0]
[null,null,null,null,null,null,null,null,null,null,null,null,null,"","","",0]
[null,null,null,null,null,null,null,null,null,null,null,null,null,"","","",0]
[null,null,null,null,null,null,null,null,null,null,null,null,null,"","","",0]
[null,null,null,null,null,null,null,null,null,null,null,null,null,"","","",0]
[null,null,null,null,null,null,null,null,null,null,null,null,null,"","","",0]
[null,null,null,null,null,null,null,null,null,null,null,null,null,"","","",0]
[null,null,null,null,null,null,null,null,null,null,null,null,null,"","","",0]
[null,null,null,null,null,null,null,null,null,null,null,null,null,"","","",0]
[null,null,null,null,null,null,null,null,null,null,null,null,null,"","","",0]
[null,null,null,null,null,null,null,null,null,null,null,null,null,"","","",0]
[null,null,null,null,null,null,null,null,null,null,null,null,null,"","","",0]
[null,null,null,null,null,null,null,null,null,null,null,null,null,"","","",0]
[null,null,null,null,null,null,null,null,null,null,null,null,null,"","","",0]
[null,null,null,null,null,null,null,null,null,null,null,null,null,"","","",0]
[null,null,null,null,null,null,null,null,null,null,null,null,null,"","","",0]
[null,null,null,null,null,null,null,null,null,null,null,null,null,"","","",0]
[null,null,null,null,null,null,null,null,null,null,null,null,null,"","","",0]
[null,null,null,null,null,null,null,null,null,null,null,null,null,"","","",0]
[null,null,null,null,null,null,null,null,null,null,null,null,null,"","","",0]
[null,null,null,null,null,null,null,null,null,null,null,null,null,"","","",0]
[null,null,null,null,null,null,null,null,null,null,null,null,null,"","","",0]
[null,null,null,null,null,null,null,null,null,null,null,null,null,"","","",0]
[null,null,null,null,null,null,null,null,null,null,null,null,null,"","","",0]
[null,null,null,null,null,null,null,null,null,null,null,null,null,"","","",0]
[null,null,null,null,null,null,null,null,null,null,null,null,null,"","","",0]
[null,null,null,null,null,null,null,null,null,null,null,null,null,"","","",0]
[null,null,null,null,null,null,null,null,null,null,null,null,null,"","","",0]
[null,null,null,null,null,null,null,null,null,null,null,null,null,"","","",0]
[null,null,null,null,null,null,null,null,null,null,null,null,null,"","","",0]
[null,null,null,null,null,null,null,null,null,null,null,null,null,"","","",0]
[null,null,null,null,null,null,null,null,null,null,null,null,null,"","","",0]
[null,null,null,null,null,null,null,null,null,null,null,null,null,"","","",0]
[null,null,null,null,null,null,null,null,null,null,null,null,null,"","","",0]
[null,null,null,null,null,null,null,null,null,null,null,null,null,"","","",0]
[null,null,null,null,null,null,null,null,null,null,null,null,null,"","","",0]
[null,null,null,null,null,null,null,null,null,null,null,null,null,"","","",0]
[null,null,null,null,null,null,null,null,null,null,null,null,null,"","","",0]
[null,null,null,null,null,null,null,null,null,null,null,null,null,"","","",0]
[null,null,null,null,null,null,null,null,null,null,null,null,null,"","","",0]
[null,null,null,null,null,null,null,null,null,null,null,null,null,"","","",0]
[null,null,null,null,null,null,null,null,null,null,null,null,null,"","","",0]
[null,null,null,null,null,null,null,null,null,null,null,null,null,"","","",{"$f":"G1722","v":0}]
[null,null,null,null,null,null,null,null,null,null,null,null,null,"","","",0]
[null,null,null,null,null,null,null,null,null,null,null,null,null,"","","",0]
[null,null,null,null,null,null,null,null,null,null,null,null,null,"","","",0]
[null,null,null,null,null,null,null,null,null,null,null,null,null,"","","",0]
[null,null,null,null,null,null,null,null,null,null,null,null,null,{"$f":"UPPER(TRIM(B1727))","v":""},{"$f":"UPPER(TRIM(D1727))","v":""},"",0]
[null,null,null,null,null,null,null,null,null,null,null,null,null,"","","",0]
[null,null,null,null,null,null,null,null,null,null,null,null,null,"","","",0]
[null,null,null,null,null,null,null,null,null,null,null,null,null,"","","",0]
[null,null,null,null,null,null,null,null,null,null,null,null,null,"","","",0]
[null,null,null,null,null,null,null,null,null,null,null,null,null,"","",{"$f":"UPPER(TRIM(E1732))","v":""},0]
[null,null,null,null,null,null,null,null,null,null,null,null,null,"","","",0]
[null,null,null,null,null,null,null,null,null,null,null,null,null,"","","",0]
[null,null,null,null,null,null,null,null,null,null,null,null,null,"","","",0]
[null,null,null,null,null,null,null,null,null,null,null,null,null,"","","",0]
[null,null,null,null,null,null,null,null,null,null,null,null,null,"","","",0]
[null,null,null,null,null,null,null,null,null,null,null,null,null,"","","",0]
[null,null,null,null,null,null,null,null,null,null,null,null,null,"","","",0]
[null,null,null,null,null,null,null,null,null,null,null,null,null,"","","",0]
[null,null,null,null,null,null,null,null,null,null,null,null,null,"","","",0]
[null,null,null,null,null,null,null,null,null,null,null,null,null,"","","",0]
[null,null,null,null,null,null,null,null,null,null,null,null,null,"","","",0]
[null,null,null,null,null,null,null,null,null,null,null,null,null,"","","",0]
[null,null,null,null,null,null,null,null,null,null,null,null,null,"","","",0]
[null,null,null,null,null,null,null,null,null,null,null,null,null,"","","",0]
[null,null,null,null,null,null,null,null,null,null,null,null,null,"","","",0]
[null,null,null,null,null,null,null,null,null,null,null,null,null,"","","",0]
[null,null,null,null,null,null,null,null,null,null,null,null,null,"","","",0]
[null,null,null,null,null,null,null,null,null,null,null,null,null,"","","",0]
[null,null,null,null,null,null,null,null,null,null,null,null,null,"","","",0]
[null,null,null,null,null,null,null,null,null,null,null,null,null,"","","",0]
[null,null,null,null,null,null,null,null,null,null,null,null,null,"","","",0]
[null,null,null,null,null,null,null,null,null,null,null,null,null,"","","",0]
[null,null,null,null,null,null,null,null,null,null,null,null,null,"","","",0]
[null,null,null,null,null,null,null,null,null,null,null,null,null,"","","",0]
[null,null,null,null,null,null,null,null,null,null,null,null,null,"","","",0]
[null,null,null,null,null,null,null,null,null,null,null,null,null,"","","",0]
[null,null,null,null,null,null,null,null,null,null,null,null,null,"","","",0]
[null,null,null,null,null,null,null,null,null,null,null,null,null,"","","",0]
[null,null,null,null,null,null,null,null,null,null,null,null,null,"","","",0]
[null,null,null,null,null,null,null,null,null,null,null,null,null,"","","",0]
[null,null,null,null,null,null,null,null,null,null,null,null,null,"","","",0]
[null,null,null,null,null,null,null,null,null,null,null,null,null,"","","",0]
[null,null,null,null,null,null,null,null,null,null,null,null,null,"","","",0]
[null,null,null,null,null,null,null,null,null,null,null,null,null,"","","",0]
[null,null,null,null,null,null,null,null,null,null,null,null,null,"","","",0]
[null,null,null,null,null,null,null,null,null,null,null,null,null,"","","",0]
[null,null,null,null,null,null,null,null,null,null,null,null,null,"","","",0]
[null,null,null,null,null,null,null,null,null,null,null,null,null,"","","",0]
[null,null,null,null,null,null,null,null,null,null,null,null,null,"","","",0]
[null,null,null,null,null,null,null,null,null,null,null,null,null,"","","",0]
[null,null,null,null,null,null,null,null,null,null,null,null,null,"","","",0]
[null,null,null,null,null,null,null,null,null,null,null,null,null,"","","",0]
[null,null,null,null,null,null,null,null,null,null,null,null,null,"","","",0]
[null,null,null,null,null,null,null,null,null,null,null,null,null,"","","",0]
[null,null,null,null,null,null,null,null,null,null,null,null,null,"","","",0]
[null,null,null,null,null,null,null,null,null,null,null,null,null,"","","",0]
[null,null,null,null,null,null,null,null,null,null,null,null,null,"","","",0]
[null,null,null,null,null,null,null,null,null,null,null,null,null,"","","",0]
[null,null,null,null,null,null,null,null,null,null,null,null,null,"","","",0]
[null,null,null,null,null,null,null,null,null,null,null,null,null,"","","",0]
[null,null,null,null,null,null,null,null,null,null,null,null,null,"","","",0]
[null,null,null,null,null,null,null,null,null,null,null,null,null,"","","",0]
[null,null,null,null,null,null,null,null,null,null,null,null,null,"","","",0]
[null,null,null,null,null,null,null,null,null,null,null,null,null,"","","",{"$f":"G1786","v":0}]
[null,null,null,null,null,null,null,null,null,null,null,null,null,"","","",0]
[null,null,null,null,null,null,null,null,null,null,null,null,null,"","","",0]
[null,null,null,null,null,null,null,null,null,null,null,null,null,"","","",0]
[null,null,null,null,null,null,null,null,null,null,null,null,null,"","","",0]
[null,null,null,null,null,null,null,null,null,null,null,null,null,{"$f":"UPPER(TRIM(B1791))","v":""},{"$f":"UPPER(TRIM(D1791))","v":""},"",0]
[null,null,null,null,null,null,null,null,null,null,null,null,null,"","","",0]
[null,null,null,null,null,null,null,null,null,null,null,null,null,"","","",0]
[null,null,null,null,null,null,null,null,null,null,null,null,null,"","","",0]
[null,null,null,null,null,null,null,null,null,null,null,null,null,"","","",0]
[null,null,null,null,null,null,null,null,null,null,null,null,null,"","",{"$f":"UPPER(TRIM(E1796))","v":""},0]
[null,null,null,null,null,null,null,null,null,null,null,null,null,"","","",0]
[null,null,null,null,null,null,null,null,null,null,null,null,null,"","","",0]
[null,null,null,null,null,null,null,null,null,null,null,null,null,"","","",0]
[null,null,null,null,null,null,null,null,null,null,null,null,null,"","","",0]
[null,null,null,null,null,null,null,null,null,null,null,null,null,"","","",0]
[null,null,null,null,null,null,null,null,null,null,null,null,null,"","","",0]
[null,null,null,null,null,null,null,null,null,null,null,null,null,"","","",0]
[null,null,null,null,null,null,null,null,null,null,null,null,null,"","","",0]
[null,null,null,null,null,null,null,null,null,null,null,null,null,"","","",0]
[null,null,null,null,null,null,null,null,null,null,null,null,null,"","","",0]
[null,null,null,null,null,null,null,null,null,null,null,null,null,"","","",0]
[null,null,null,null,null,null,null,null,null,null,null,null,null,"","","",0]
[null,null,null,null,null,null,null,null,null,null,null,null,null,"","","",0]
[null,null,null,null,null,null,null,null,null,null,null,null,null,"","","",0]
[null,null,null,null,null,null,null,null,null,null,null,null,null,"","","",0]
[null,null,null,null,null,null,null,null,null,null,null,null,null,"","","",0]
[null,null,null,null,null,null,null,null,null,null,null,null,null,"","","",0]
[null,null,null,null,null,null,null,null,null,null,null,null,null,"","","",0]
[null,null,null,null,null,null,null,null,null,null,null,null,null,"","","",0]
[null,null,null,null,null,null,null,null,null,null,null,null,null,"","","",0]
[null,null,null,null,null,null,null,null,null,null,null,null,null,"","","",0]
[null,null,null,null,null,null,null,null,null,null,null,null,null,"","","",0]
[null,null,null,null,null,null,null,null,null,null,null,null,null,"","","",0]
[null,null,null,null,null,null,null,null,null,null,null,null,null,"","","",0]
[null,null,null,null,null,null,null,null,null,null,null,null,null,"","","",0]
[null,null,null,null,null,null,null,null,null,null,null,null,null,"","","",0]
[null,null,null,null,null,null,null,null,null,null,null,null,null,"","","",0]
[null,null,null,null,null,null,null,null,null,null,null,null,null,"","","",0]
[null,null,null,null,null,null,null,null,null,null,null,null,null,"","","",0]
[null,null,null,null,null,null,null,null,null,null,null,null,null,"","","",0]
[null,null,null,null,null,null,null,null,null,null,null,null,null,"","","",0]
[null,null,null,null,null,null,null,null,null,null,null,null,null,"","","",0]
[null,null,null,null,null,null,null,null,null,null,null,null,null,"","","",0]
[null,null,null,null,null,null,null,null,null,null,null,null,null,"","","",0]
[null,null,null,null,null,null,null,null,null,null,null,null,null,"","","",0]
[null,null,null,null,null,null,null,null,null,null,null,null,null,"","","",0]
[null,null,null,null,null,null,null,null,null,null,null,null,null,"","","",0]
[null,null,null,null,null,null,null,null,null,null,null,null,null,"","","",0]
[null,null,null,null,null,null,null,null,null,null,null,null,null,"","","",0]
[null,null,null,null,null,null,null,null,null,null,null,null,null,"","","",0]
[null,null,null,null,null,null,null,null,null,null,null,null,null,"","","",0]
[null,null,null,null,null,null,null,null,null,null,null,null,null,"","","",0]
[null,null,null,null,null,null,null,null,null,null,null,null,null,"","","",0]
[null,null,null,null,null,null,null,null,null,null,null,null,null,"","","",0]
[null,null,null,null,null,null,null,null,null,null,null,null,null,"","","",0]
[null,null,null,null,null,null,null,null,null,null,null,null,null,"","","",0]
[null,null,null,null,null,null,null,null,null,null,null,null,null,"","","",0]
[null,null,null,null,null,null,null,null,null,null,null,null,null,"","","",0]
[null,null,null,null,null,null,null,null,null,null,null,null,null,"","","",0]
[null,null,null,null,null,null,null,null,null,null,null,null,null,"","","",0]
[null,null,null,null,null,null,null,null,null,null,null,null,null,"","","",0]
[null,null,null,null,null,null,null,null,null,null,null,null,null,"","","",0]
[null,null,null,null,null,null,null,null,null,null,null,null,null,"","","",0]
[null,null,null,null,null,null,null,null,null,null,null,null,null,"","","",{"$f":"G1850","v":0}]
[null,null,null,null,null,null,null,null,null,null,null,null,null,"","","",0]
[null,null,null,null,null,null,null,null,null,null,null,null,null,"","","",0]
[null,null,null,null,null,null,null,null,null,null,null,null,null,"","","",0]
[null,null,null,null,null,null,null,null,null,null,null,null,null,"","","",0]
[null,null,null,null,null,null,null,null,null,null,null,null,null,{"$f":"UPPER(TRIM(B1855))","v":""},{"$f":"UPPER(TRIM(D1855))","v":""},"",0]
[null,null,null,null,null,null,null,null,null,null,null,null,null,"","","",0]
[null,null,null,null,null,null,null,null,null,null,null,null,null,"","","",0]
[null,null,null,null,null,null,null,null,null,null,null,null,null,"","","",0]
[null,null,null,null,null,null,null,null,null,null,null,null,null,"","","",0]
[null,null,null,null,null,null,null,null,null,null,null,null,null,"","",{"$f":"UPPER(TRIM(E1860))","v":""},0]
[null,null,null,null,null,null,null,null,null,null,null,null,null,"","","",0]
[null,null,null,null,null,null,null,null,null,null,null,null,null,"","","",0]
[null,null,null,null,null,null,null,null,null,null,null,null,null,"","","",0]
[null,null,null,null,null,null,null,null,null,null,null,null,null,"","","",0]
[null,null,null,null,null,null,null,null,null,null,null,null,null,"","","",0]
[null,null,null,null,null,null,null,null,null,null,null,null,null,"","","",0]
[null,null,null,null,null,null,null,null,null,null,null,null,null,"","","",0]
[null,null,null,null,null,null,null,null,null,null,null,null,null,"","","",0]
[null,null,null,null,null,null,null,null,null,null,null,null,null,"","","",0]
[null,null,null,null,null,null,null,null,null,null,null,null,null,"","","",0]
[null,null,null,null,null,null,null,null,null,null,null,null,null,"","","",0]
[null,null,null,null,null,null,null,null,null,null,null,null,null,"","","",0]
[null,null,null,null,null,null,null,null,null,null,null,null,null,"","","",0]
[null,null,null,null,null,null,null,null,null,null,null,null,null,"","","",0]
[null,null,null,null,null,null,null,null,null,null,null,null,null,"","","",0]
[null,null,null,null,null,null,null,null,null,null,null,null,null,"","","",0]
[null,null,null,null,null,null,null,null,null,null,null,null,null,"","","",0]
[null,null,null,null,null,null,null,null,null,null,null,null,null,"","","",0]
[null,null,null,null,null,null,null,null,null,null,null,null,null,"","","",0]
[null,null,null,null,null,null,null,null,null,null,null,null,null,"","","",0]
[null,null,null,null,null,null,null,null,null,null,null,null,null,"","","",0]
[null,null,null,null,null,null,null,null,null,null,null,null,null,"","","",0]
[null,null,null,null,null,null,null,null,null,null,null,null,null,"","","",0]
[null,null,null,null,null,null,null,null,null,null,null,null,null,"","","",0]
[null,null,null,null,null,null,null,null,null,null,null,null,null,"","","",0]
[null,null,null,null,null,null,null,null,null,null,null,null,null,"","","",0]
[null,null,null,null,null,null,null,null,null,null,null,null,null,"","","",0]
[null,null,null,null,null,null,null,null,null,null,null,null,null,"","","",0]
[null,null,null,null,null,null,null,null,null,null,null,null,null,"","","",0]
[null,null,null,null,null,null,null,null,null,null,null,null,null,"","","",0]
[null,null,null,null,null,null,null,null,null,null,null,null,null,"","","",0]
[null,null,null,null,null,null,null,null,null,null,null,null,null,"","","",0]
[null,null,null,null,null,null,null,null,null,null,null,null,null,"","","",0]
[null,null,null,null,null,null,null,null,null,null,null,null,null,"","","",0]
[null,null,null,null,null,null,null,null,null,null,null,null,null,"","","",0]
[null,null,null,null,null,null,null,null,null,null,null,null,null,"","","",0]
[null,null,null,null,null,null,null,null,null,null,null,null,null,"","","",0]
[null,null,null,null,null,null,null,null,null,null,null,null,null,"","","",0]
[null,null,null,null,null,null,null,null,null,null,null,null,null,"","","",0]
[null,null,null,null,null,null,null,null,null,null,null,null,null,"","","",0]
[null,null,null,null,null,null,null,null,null,null,null,null,null,"","","",0]
[null,null,null,null,null,null,null,null,null,null,null,null,null,"","","",0]
[null,null,null,null,null,null,null,null,null,null,null,null,null,"","","",0]
[null,null,null,null,null,null,null,null,null,null,null,null,null,"","","",0]
[null,null,null,null,null,null,null,null,null,null,null,null,null,"","","",0]
[null,null,null,null,null,null,null,null,null,null,null,null,null,"","","",0]
[null,null,null,null,null,null,null,null,null,null,null,null,null,"","","",0]
[null,null,null,null,null,null,null,null,null,null,null,null,null,"","","",0]
[null,null,null,null,null,null,null,null,null,null,null,null,null,"","","",0]
[null,null,null,null,null,null,null,null,null,null,null,null,null,"","","",0]
[null,null,null,null,null,null,null,null,null,null,null,null,null,"","","",0]
[null,null,null,null,null,null,null,null,null,null,null,null,null,"","","",0]
[null,null,null,null,null,null,null,null,null,null,null,null,null,"","","",0]
[null,null,null,null,null,null,null,null,null,null,null,null,null,"","","",{"$f":"G1914","v":0}]
[null,null,null,null,null,null,null,null,null,null,null,null,null,"","","",0]
[null,null,null,null,null,null,null,null,null,null,null,null,null,"","","",0]
[null,null,null,null,null,null,null,null,null,null,null,null,null,"","","",0]
[null,null,null,null,null,null,null,null,null,null,null,null,null,"","","",0]
[null,null,null,null,null,null,null,null,null,null,null,null,null,{"$f":"UPPER(TRIM(B1919))","v":""},{"$f":"UPPER(TRIM(D1919))","v":""},"",0]
[null,null,null,null,null,null,null,null,null,null,null,null,null,"","","",0]
[null,null,null,null,null,null,null,null,null,null,null,null,null,"","","",0]
[null,null,null,null,null,null,null,null,null,null,null,null,null,"","","",0]
[null,null,null,null,null,null,null,null,null,null,null,null,null,"","","",0]
[null,null,null,null,null,null,null,null,null,null,null,null,null,"","",{"$f":"UPPER(TRIM(E1924))","v":""},0]
[null,null,null,null,null,null,null,null,null,null,null,null,null,"","","",0]
[null,null,null,null,null,null,null,null,null,null,null,null,null,"","","",0]
[null,null,null,null,null,null,null,null,null,null,null,null,null,"","","",0]
[null,null,null,null,null,null,null,null,null,null,null,null,null,"","","",0]
[null,null,null,null,null,null,null,null,null,null,null,null,null,"","","",0]
[null,null,null,null,null,null,null,null,null,null,null,null,null,"","","",0]
[null,null,null,null,null,null,null,null,null,null,null,null,null,"","","",0]
[null,null,null,null,null,null,null,null,null,null,null,null,null,"","","",0]
[null,null,null,null,null,null,null,null,null,null,null,null,null,"","","",0]
[null,null,null,null,null,null,null,null,null,null,null,null,null,"","","",0]
[null,null,null,null,null,null,null,null,null,null,null,null,null,"","","",0]
[null,null,null,null,null,null,null,null,null,null,null,null,null,"","","",0]
[null,null,null,null,null,null,null,null,null,null,null,null,null,"","","",0]
[null,null,null,null,null,null,null,null,null,null,null,null,null,"","","",0]
[null,null,null,null,null,null,null,null,null,null,null,null,null,"","","",0]
[null,null,null,null,null,null,null,null,null,null,null,null,null,"","","",0]
[null,null,null,null,null,null,null,null,null,null,null,null,null,"","","",0]
[null,null,null,null,null,null,null,null,null,null,null,null,null,"","","",0]
[null,null,null,null,null,null,null,null,null,null,null,null,null,"","","",0]
[null,null,null,null,null,null,null,null,null,null,null,null,null,"","","",0]
[null,null,null,null,null,null,null,null,null,null,null,null,null,"","","",0]
[null,null,null,null,null,null,null,null,null,null,null,null,null,"","","",0,null,null,"SERVIÇO"]
[null,null,null,null,null,null,null,null,null,null,null,null,null,"","","",0]
[null,null,null,null,null,null,null,null,null,null,null,null,null,"","","",0]
[null,null,null,null,null,null,null,null,null,null,null,null,null,"","","",0]
[null,null,null,null,null,null,null,null,null,null,null,null,null,"","","",0]
[null,null,null,null,null,null,null,null,null,null,null,null,null,"","","",0]
[null,null,null,null,null,null,null,null,null,null,null,null,null,"","","",0]
[null,null,null,null,null,null,null,null,null,null,null,null,null,"","","",0]
[null,null,null,null,null,null,null,null,null,null,null,null,null,"","","",0]
[null,null,null,null,null,null,null,null,null,null,null,null,null,"","","",0]
[null,null,null,null,null,null,null,null,null,null,null,null,null,"","","",0]
[null,null,null,null,null,null,null,null,null,null,null,null,null,"","","",0]
[null,null,null,null,null,null,null,null,null,null,null,null,null,"","","",0]
[null,null,null,null,null,null,null,null,null,null,null,null,null,"","","",0]
[null,null,null,null,null,null,null,null,null,null,null,null,null,"","","",0]
[null,null,null,null,null,null,null,null,null,null,null,null,null,"","","",0]
[null,null,null,null,null,null,null,null,null,null,null,null,null,"","","",0]
[null,null,null,null,null,null,null,null,null,null,null,null,null,"","","",0]
[null,null,null,null,null,null,null,null,null,null,null,null,null,"","","",0]
[null,null,null,null,null,null,null,null,null,null,null,null,null,"","","",0]
[null,null,null,null,null,null,null,null,null,null,null,null,null,"","","",0]
[null,null,null,null,null,null,null,null,null,null,null,null,null,"","","",0]
[null,null,null,null,null,null,null,null,null,null,null,null,null,"","","",0]
[null,null,null,null,null,null,null,null,null,null,null,null,null,"","","",0]
[null,null,null,null,null,null,null,null,null,null,null,null,null,"","","",0]
[null,null,null,null,null,null,null,null,null,null,null,null,null,"","","",0]
[null,null,null,null,null,null,null,null,null,null,null,null,null,"","","",0]
[null,null,null,null,null,null,null,null,null,null,null,null,null,"","","",0]
[null,null,null,null,null,null,null,null,null,null,null,null,null,"","","",0]
[null,null,null,null,null,null,null,null,null,null,null,null,null,"","","",0]
[null,null,null,null,null,null,null,null,null,null,null,null,null,"","","",0]
[null,null,null,null,null,null,null,null,null,null,null,null,null,"","","",0]
[null,null,null,null,null,null,null,null,null,null,null,null,null,"","","",{"$f":"G1978","v":0}]
[null,null,null,null,null,null,null,null,null,null,null,null,null,"","","",0]
[null,null,null,null,null,null,null,null,null,null,null,null,null,"","","",0]
[null,null,null,null,null,null,null,null,null,null,null,null,null,"","","",0]
[null,null,null,null,null,null,null,null,null,null,null,null,null,"","","",0]
[null,null,null,null,null,null,null,null,null,null,null,null,null,{"$f":"UPPER(TRIM(B1983))","v":""},{"$f":"UPPER(TRIM(D1983))","v":""},"",0]
[null,null,null,null,null,null,null,null,null,null,null,null,null,"","","",0]
[null,null,null,null,null,null,null,null,null,null,null,null,null,"","","",0]
[null,null,null,null,null,null,null,null,null,null,null,null,null,"","","",0]
[null,null,null,null,null,null,null,null,null,null,null,null,null,"","","",0]
[null,null,null,null,null,null,null,null,null,null,null,null,null,"","",{"$f":"UPPER(TRIM(E1988))","v":""},0]
[null,null,null,null,null,null,null,null,null,null,null,null,null,"","","",0]
[null,null,null,null,null,null,null,null,null,null,null,null,null,"","","",0]
[null,null,null,null,null,null,null,null,null,null,null,null,null,"","","",0]
[null,null,null,null,null,null,null,null,null,null,null,null,null,"","","",0]
[null,null,null,null,null,null,null,null,null,null,null,null,null,"","","",0]
[null,null,null,null,null,null,null,null,null,null,null,null,null,"","","",0]
[null,null,null,null,null,null,null,null,null,null,null,null,null,"","","",0]
[null,null,null,null,null,null,null,null,null,null,null,null,null,"","","",0]
[null,null,null,null,null,null,null,null,null,null,null,null,null,"","","",0]
[null,null,null,null,null,null,null,null,null,null,null,null,null,"","","",0]
[null,null,null,null,null,null,null,null,null,null,null,null,null,"","","",0]
[null,null,null,null,null,null,null,null,null,null,null,null,null,"","","",0]
[null,null,null,null,null,null,null,null,null,null,null,null,null,"","","",0]
[null,null,null,null,null,null,null,null,null,null,null,null,null,"","","",0]
[null,null,null,null,null,null,null,null,null,null,null,null,null,"","","",0]
[null,null,null,null,null,null,null,null,null,null,null,null,null,"","","",0]
[null,null,null,null,null,null,null,null,null,null,null,null,null,"","","",0]
[null,null,null,null,null,null,null,null,null,null,null,null,null,"","","",0]
[null,null,null,null,null,null,null,null,null,null,null,null,null,"","","",0]
[null,null,null,null,null,null,null,null,null,null,null,null,null,"","","",0]
[null,null,null,null,null,null,null,null,null,null,null,null,null,"","","",0]
[null,null,null,null,null,null,null,null,null,null,null,null,null,"","","",0]
[null,null,null,null,null,null,null,null,null,null,null,null,null,"","","",0]
[null,null,null,null,null,null,null,null,null,null,null,null,null,"","","",0]
[null,null,null,null,null,null,null,null,null,null,null,null,null,"","","",0]
[null,null,null,null,null,null,null,null,null,null,null,null,null,"","","",0]
[null,null,null,null,null,null,null,null,null,null,null,null,null,"","","",0]
[null,null,null,null,null,null,null,null,null,null,null,null,null,"","","",0]
[null,null,null,null,null,null,null,null,null,null,null,null,null,"","","",0]
[null,null,null,null,null,null,null,null,null,null,null,null,null,"","","",0]
[null,null,null,null,null,null,null,null,null,null,null,null,null,"","","",0]
[null,null,null,null,null,null,null,null,null,null,null,null,null,"","","",0]
[null,null,null,null,null,null,null,null,null,null,null,null,null,"","","",0]
[null,null,null,null,null,null,null,null,null,null,null,null,null,"","","",0]
[null,null,null,null,null,null,null,null,null,null,null,null,null,"","","",0]
[null,null,null,null,null,null,null,null,null,null,null,null,null,"","","",0]
[null,null,null,null,null,null,null,null,null,null,null,null,null,"","","",0]
[null,null,null,null,null,null,null,null,null,null,null,null,null,"","","",0]
[null,null,null,null,null,null,null,null,null,null,null,null,null,"","","",{"$f":"G2106","v":0}]
[null,null,null,null,null,null,null,null,null,null,null,null,null,"","","",0]
[null,null,null,null,null,null,null,null,null,null,null,null,null,"","","",0]
[null,null,null,null,null,null,null,null,null,null,null,null,null,"","","",0]
[null,null,null,null,null,null,null,null,null,null,null,null,null,"","","",0]
[null,null,null,null,null,null,null,null,null,null,null,null,null,"","","",0]
[null,null,null,null,null,null,null,null,null,null,null,null,null,"","","",0]
[null,null,null,null,null,null,null,null,null,null,null,null,null,"","","",0]
[null,null,null,null,null,null,null,null,null,null,null,null,null,"","","",0]
[null,null,null,null,null,null,null,null,null,null,null,null,null,"","","",0]
[null,null,null,null,null,null,null,null,null,null,null,null,null,"","","",0]
[null,null,null,null,null,null,null,null,null,null,null,null,null,"","","",0]
[null,null,null,null,null,null,null,null,null,null,null,null,null,"","","",0]
[null,null,null,null,null,null,null,null,null,null,null,null,null,"","","",0]
[null,null,null,null,null,null,null,null,null,null,null,null,null,"","","",0]
[null,null,null,null,null,null,null,null,null,null,null,null,null,"","","",0]
[null,null,null,null,null,null,null,null,null,null,null,null,null,"","","",0]
[null,null,null,null,null,null,null,null,null,null,null,null,null,"","","",{"$f":"G2170","v":0}]
[null,null,null,null,null,null,null,null,null,null,null,null,null,{"$f":"UPPER(TRIM(B2175))","v":""},{"$f":"UPPER(TRIM(D2175))","v":""},"",0]
[null,null,null,null,null,null,null,null,null,null,null,null,null,"","",{"$f":"UPPER(TRIM(E2180))","v":""},0]
[null,null,null,null,null,null,null,null,null,null,null,null,null,"","","",0]
[null,null,null,null,null,null,null,null,null,null,null,null,null,"","","",0]
[null,null,null,null,null,null,null,null,null,null,null,null,null,"","","",0]
[null,null,null,null,null,null,null,null,null,null,null,null,null,"","","",0]
[null,null,null,null,null,null,null,null,null,null,null,null,null,"","","",0]
[null,null,null,null,null,null,null,null,null,null,null,null,null,"","","",0]
[null,null,null,null,null,null,null,null,null,null,null,null,null,"","","",0]
[null,null,null,null,null,null,null,null,null,null,null,null,null,"","","",0]
[null,null,null,null,null,null,null,null,null,null,null,null,null,"","","",0]
[null,null,null,null,null,null,null,null,null,null,null,null,null,"","","",0]
[null,null,null,null,null,null,null,null,null,null,null,null,null,"","","",0]
[null,null,null,null,null,null,null,null,null,null,null,null,null,"","","",0]
[null,null,null,null,null,null,null,null,null,null,null,null,null,"","","",0]
[null,null,null,null,null,null,null,null,null,null,null,null,null,"","","",0]
[null,null,null,null,null,null,null,null,null,null,null,null,null,"","","",0]
[null,null,null,null,null,null,null,null,null,null,null,null,null,"","","",0]
[null,null,null,null,null,null,null,null,null,null,null,null,null,"","","",0]
[null,null,null,null,null,null,null,null,null,null,null,null,null,"","","",0]
[null,null,null,null,null,null,null,null,null,null,null,null,null,"","","",0]
[null,null,null,null,null,null,null,null,null,null,null,null,null,"","","",0]
[null,null,null,null,null,null,null,null,null,null,null,null,null,"","","",0]
[null,null,null,null,null,null,null,null,null,null,null,null,null,"","","",0]
[null,null,null,null,null,null,null,null,null,null,null,null,null,"","","",0]
[null,null,null,null,null,null,null,null,null,null,null,null,null,"","","",0]
[null,null,null,null,null,null,null,null,null,null,null,null,null,"","","",0]
[null,null,null,null,null,null,null,null,null,null,null,null,null,"","","",0]
[null,null,null,null,null,null,null,null,null,null,null,null,null,"","","",0]
[null,null,null,null,null,null,null,null,null,null,null,null,null,"","","",0]
[null,null,null,null,null,null,null,null,null,null,null,null,null,"","","",0]
[null,null,null,null,null,null,null,null,null,null,null,null,null,"","","",0]
[null,null,null,null,null,null,null,null,null,null,null,null,null,"","","",0]
[null,null,null,null,null,null,null,null,null,null,null,null,null,"","","",0]
[null,null,null,null,null,null,null,null,null,null,null,null,null,"","","",0]
[null,null,null,null,null,null,null,null,null,null,null,null,null,"","","",0]
[null,null,null,null,null,null,null,null,null,null,null,null,null,"","","",0]
[null,null,null,null,null,null,null,null,null,null,null,null,null,"","","",0]
[null,null,null,null,null,null,null,null,null,null,null,null,null,"","","",0]
[null,null,null,null,null,null,null,null,null,null,null,null,null,"","","",0]
[null,null,null,null,null,null,null,null,null,null,null,null,null,"","","",0]
[null,null,null,null,null,null,null,null,null,null,null,null,null,"","","",0]
[null,null,null,null,null,null,null,null,null,null,null,null,null,"","","",0]
[null,null,null,null,null,null,null,null,null,null,null,null,null,"","","",0]
[null,null,null,null,null,null,null,null,null,null,null,null,null,"","","",0]
[null,null,null,null,null,null,null,null,null,null,null,null,null,"","","",0]
[null,null,null,null,null,null,null,null,null,null,null,null,null,"","","",0]
[null,null,null,null,null,null,null,null,null,null,null,null,null,"","","",0]
[null,null,null,null,null,null,null,null,null,null,null,null,null,"","","",0]
[null,null,null,null,null,null,null,null,null,null,null,null,null,"","","",0]
[null,null,null,null,null,null,null,null,null,null,null,null,null,"","","",0]
[null,null,null,null,null,null,null,null,null,null,null,null,null,"","","",0]
[null,null,null,null,null,null,null,null,null,null,null,null,null,"","","",0]
[null,null,null,null,null,null,null,null,null,null,null,null,null,"","","",0]
[null,null,null,null,null,null,null,null,null,null,null,null,null,"","","",0]
[null,null,null,null,null,null,null,null,null,null,null,null,null,"","","",0]
[null,null,null,null,null,null,null,null,null,null,null,null,null,"","","",0]
[null,null,null,null,null,null,null,null,null,null,null,null,null,"","","",0]
[null,null,null,null,null,null,null,null,null,null,null,null,null,"","","",0]
[null,null,null,null,null,null,null,null,null,null,null,null,null,"","","",0]
[null,null,null,null,null,null,null,null,null,null,null,null,null,"","","",0]
[null,null,null,null,null,null,null,null,null,null,null,null,null,"","","",0]
[null,null,null,null,null,null,null,null,null,null,null,null,null,"","","",0]
[null,null,null,null,null,null,null,null,null,null,null,null,null,"","","",0]
[null,null,null,null,null,null,null,null,null,null,null,null,null,"","","",0]
[null,null,null,null,null,null,null,null,null,null,null,null,null,"","","",0]
[null,null,null,null,null,null,null,null,null,null,null,null,null,"","","",0]
[null,null,null,null,null,null,null,null,null,null,null,null,null,"","","",0]
[null,null,null,null,null,null,null,null,null,null,null,null,null,"","","",0]
[null,null,null,null,null,null,null,null,null,null,null,null,null,"","","",0]
[null,null,null,null,null,null,null,null,null,null,null,null,null,"","","",0]
[null,null,null,null,null,null,null,null,null,null,null,null,null,"","","",0]
[null,null,null,null,null,null,null,null,null,null,null,null,null,"","","",0]
[null,null,null,null,null,null,null,null,null,null,null,null,null,"","","",0]
[null,null,null,null,null,null,null,null,null,null,null,null,null,"","","",0]
[null,null,null,null,null,null,null,null,null,null,null,null,null,"","","",0]
[null,null,null,null,null,null,null,null,null,null,null,null,null,"","","",0]
[null,null,null,null,null,null,null,null,null,null,null,null,null,"","","",0]
[null,null,null,null,null,null,null,null,null,null,null,null,null,"","","",0]
[null,null,null,null,null,null,null,null,null,null,null,null,null,"","","",0]
[null,null,null,null,null,null,null,null,null,null,null,null,null,"","","",{"$f":"G2490","v":0}]
[null,null,null,null,null,null,null,null,null,null,null,null,null,{"$f":"UPPER(TRIM(B2495))","v":""},{"$f":"UPPER(TRIM(D2495))","v":""},"",0]
[null,null,null,null,null,null,null,null,null,null,null,null,null,"","",{"$f":"UPPER(TRIM(E2500))","v":""},0]
[null,null,null,null,null,null,null,null,null,null,null,null,null,"","","",0]
[null,null,null,null,null,null,null,null,null,null,null,null,null,"","","",0]
[null,null,null,null,null,null,null,null,null,null,null,null,null,"","","",0]
[null,null,null,null,null,null,null,null,null,null,null,null,null,"","","",0]
[null,null,null,null,null,null,null,null,null,null,null,null,null,"","","",0]
[null,null,null,null,null,null,null,null,null,null,null,null,null,"","","",0]
[null,null,null,null,null,null,null,null,null,null,null,null,null,"","","",0]
[null,null,null,null,null,null,null,null,null,null,null,null,null,"","","",0]
[null,null,null,null,null,null,null,null,null,null,null,null,null,"","","",0]
[null,null,null,null,null,null,null,null,null,null,null,null,null,"","","",0]
[null,null,null,null,null,null,null,null,null,null,null,null,null,"","","",0]
[null,null,null,null,null,null,null,null,null,null,null,null,null,"","","",0]
[null,null,null,null,null,null,null,null,null,null,null,null,null,"","","",0]
[null,null,null,null,null,null,null,null,null,null,null,null,null,"","","",0]
[null,null,null,null,null,null,null,null,null,null,null,null,null,"","","",0]
[null,null,null,null,null,null,null,null,null,null,null,null,null,"","","",0]
[null,null,null,null,null,null,null,null,null,null,null,null,null,"","",{"$f":"UPPER(TRIM(E2564))","v":""},0]
[null,null,null,null,null,null,null,null,null,null,null,null,null,"","","",0]
[null,null,null,null,null,null,null,null,null,null,null,null,null,"","","",0]
[null,null,null,null,null,null,null,null,null,null,null,null,null,"","","",0]
[null,null,null,null,null,null,null,null,null,null,null,null,null,"","","",0]
[null,null,null,null,null,null,null,null,null,null,null,null,null,"","","",0]
[null,null,null,null,null,null,null,null,null,null,null,null,null,"","","",0]
[null,null,null,null,null,null,null,null,null,null,null,null,null,"","","",0]
[null,null,null,null,null,null,null,null,null,null,null,null,null,"","","",0]
[null,null,null,null,null,null,null,null,null,null,null,null,null,"","","",0]
[null,null,null,null,null,null,null,null,null,null,null,null,null,"","","",0]
[null,null,null,null,null,null,null,null,null,null,null,null,null,"","","",0]
[null,null,null,null,null,null,null,null,null,null,null,null,null,"","","",0]
[null,null,null,null,null,null,null,null,null,null,null,null,null,"","","",0]
[null,null,null,null,null,null,null,null,null,null,null,null,null,"","","",0]
[null,null,null,null,null,null,null,null,null,null,null,null,null,"","","",0]
[null,null,null,null,null,null,null,null,null,null,null,null,null,"","","",0]
[null,null,null,null,null,null,null,null,null,null,null,null,null,"","","",0]
[null,null,null,null,null,null,null,null,null,null,null,null,null,"","","",0]
[null,null,null,null,null,null,null,null,null,null,null,null,null,"","","",0]
[null,null,null,null,null,null,null,null,null,null,null,null,null,"","","",0]
[null,null,null,null,null,null,null,null,null,null,null,null,null,"","","",0]
[null,null,null,null,null,null,null,null,null,null,null,null,null,"","","",0]
[null,null,null,null,null,null,null,null,null,null,null,null,null,"","","",0]
[null,null,null,null,null,null,null,null,null,null,null,null,null,"","","",0]
[null,null,null,null,null,null,null,null,null,null,null,null,null,"","","",0]
[null,null,null,null,null,null,null,null,null,null,null,null,null,"","","",0]
[null,null,null,null,null,null,null,null,null,null,null,null,null,"","","",0]
[null,null,null,null,null,null,null,null,null,null,null,null,null,"","","",0]
[null,null,null,null,null,null,null,null,null,null,null,null,null,"","","",0]
[null,null,null,null,null,null,null,null,null,null,null,null,null,"","","",0]
[null,null,null,null,null,null,null,null,null,null,null,null,null,"","","",0]
[null,null,null,null,null,null,null,null,null,null,null,null,null,"","","",0]
[null,null,null,null,null,null,null,null,null,null,null,null,null,"","","",0]
[null,null,null,null,null,null,null,null,null,null,null,null,null,"","","",0]
[null,null,null,null,null,null,null,null,null,null,null,null,null,"","","",0]
[null,null,null,null,null,null,null,null,null,null,null,null,null,"","","",0]
[null,null,null,null,null,null,null,null,null,null,null,null,null,"","","",0]
[null,null,null,null,null,null,null,null,null,null,null,null,null,"","","",0]
[null,null,null,null,null,null,null,null,null,null,null,null,null,"","","",0]
[null,null,null,null,null,null,null,null,null,null,null,null,null,"","","",0]
[null,null,null,null,null,null,null,null,null,null,null,null,null,"","","",0]
[null,null,null,null,null,null,null,null,null,null,null,null,null,"","","",0]
[null,null,null,null,null,null,null,null,null,null,null,null,null,"","","",0]
[null,null,null,null,null,null,null,null,null,null,null,null,null,"","","",0]
[null,null,null,null,null,null,null,null,null,null,null,null,null,"","","",0]
[null,null,null,null,null,null,null,null,null,null,null,null,null,"","","",0]
[null,null,null,null,null,null,null,null,null,null,null,null,null,"","","",0]
[null,null,null,null,null,null,null,null,null,null,null,null,null,"","","",0]
[null,null,null,null,null,null,null,null,null,null,null,null,null,"","","",0]
[null,null,null,null,null,null,null,null,null,null,null,null,null,"","","",0]
[null,null,null,null,null,null,null,null,null,null,null,null,null,"","","",0]
[null,null,null,null,null,null,null,null,null,null,null,null,null,"","","",0]
[null,null,null,null,null,null,null,null,null,null,null,null,null,"","","",0]
[null,null,null,null,null,null,null,null,null,null,null,null,null,"","","",0]
[null,null,null,null,null,null,null,null,null,null,null,null,null,"","","",0]
[null,null,null,null,null,null,null,null,null,null,null,null,null,"","","",0]
[null,null,null,null,null,null,null,null,null,null,null,null,null,"","","",0]
[null,null,null,null,null,null,null,null,null,null,null,null,null,"","","",0]
[null,null,null,null,null,null,null,null,null,null,null,null,null,"","","",0]
[null,null,null,null,null,null,null,null,null,null,null,null,null,"","","",0]
[null,null,null,null,null,null,null,null,null,null,null,null,null,"","","",0]
[null,null,null,null,null,null,null,null,null,null,null,null,null,"","","",{"$f":"G2810","v":0}]
[null,null,null,null,null,null,null,null,null,null,null,null,null,{"$f":"UPPER(TRIM(B2815))","v":""},{"$f":"UPPER(TRIM(D2815))","v":""},"",0]
[null,null,null,null,null,null,null,null,null,null,null,null,null,"","","",0]
[null,null,null,null,null,null,null,null,null,null,null,null,null,"","","",0]
[null,null,null,null,null,null,null,null,null,null,null,null,null,"","","",0]
[null,null,null,null,null,null,null,null,null,null,null,null,null,"","","",0]
[null,null,null,null,null,null,null,null,null,null,null,null,null,"","","",0]
[null,null,null,null,null,null,null,null,null,null,null,null,null,"","","",0]
[null,null,null,null,null,null,null,null,null,null,null,null,null,"","","",0]
[null,null,null,null,null,null,null,null,null,null,null,null,null,"","","",0]
[null,null,null,null,null,null,null,null,null,null,null,null,null,"","","",0]
[null,null,null,null,null,null,null,null,null,null,null,null,null,"","","",0]
[null,null,null,null,null,null,null,null,null,null,null,null,null,"","","",0]
[null,null,null,null,null,null,null,null,null,null,null,null,null,"","","",0]
[null,null,null,null,null,null,null,null,null,null,null,null,null,"","","",0]
[null,null,null,null,null,null,null,null,null,null,null,null,null,"","","",0]
[null,null,null,null,null,null,null,null,null,null,null,null,null,"","","",{"$f":"G2874","v":0}]
[null,null,null,null,null,null,null,null,null,null,null,null,null,"","","",0]
[null,null,null,null,null,null,null,null,null,null,null,null,null,{"$f":"UPPER(TRIM(B2879))","v":""},{"$f":"UPPER(TRIM(D2879))","v":""},"",0]
[null,null,null,null,null,null,null,null,null,null,null,null,null,"","",{"$f":"UPPER(TRIM(E2884))","v":""},0]
[null,null,null,null,null,null,null,null,null,null,null,null,null,"","","",0]
[null,null,null,null,null,null,null,null,null,null,null,null,null,"","","",0]
[null,null,null,null,null,null,null,null,null,null,null,null,null,"","","",0]
[null,null,null,null,null,null,null,null,null,null,null,null,null,"","","",0]
[null,null,null,null,null,null,null,null,null,null,null,null,null,"","","",0]
[null,null,null,null,null,null,null,null,null,null,null,null,null,"","","",0]
[null,null,null,null,null,null,null,null,null,null,null,null,null,"","","",0]
[null,null,null,null,null,null,null,null,null,null,null,null,null,"","","",0]
[null,null,null,null,null,null,null,null,null,null,null,null,null,"","","",0]
[null,null,null,null,null,null,null,null,null,null,null,null,null,"","","",0]
[null,null,null,null,null,null,null,null,null,null,null,null,null,"","","",0]
[null,null,null,null,null,null,null,null,null,null,null,null,null,"","","",0]
[null,null,null,null,null,null,null,null,null,null,null,null,null,"","","",0]
[null,null,null,null,null,null,null,null,null,null,null,null,null,"","","",0]
[null,null,null,null,null,null,null,null,null,null,null,null,null,"","","",0]
[null,null,null,null,null,null,null,null,null,null,null,null,null,"","","",0]
[null,null,null,null,null,null,null,null,null,null,null,null,null,"","","",0]
[null,null,null,null,null,null,null,null,null,null,null,null,null,"","","",0]
[null,null,null,null,null,null,null,null,null,null,null,null,null,"","","",0]
[null,null,null,null,null,null,null,null,null,null,null,null,null,"","","",0]
[null,null,null,null,null,null,null,null,null,null,null,null,null,"","","",0]
[null,null,null,null,null,null,null,null,null,null,null,null,null,"","","",0]
[null,null,null,null,null,null,null,null,null,null,null,null,null,"","","",0]
[null,null,null,null,null,null,null,null,null,null,null,null,null,"","","",0]
[null,null,null,null,null,null,null,null,null,null,null,null,null,"","","",0]
[null,null,null,null,null,null,null,null,null,null,null,null,null,"","","",0]
[null,null,null,null,null,null,null,null,null,null,null,null,null,"","","",0]
[null,null,null,null,null,null,null,null,null,null,null,null,null,"","","",0]
[null,null,null,null,null,null,null,null,null,null,null,null,null,"","","",0]
[null,null,null,null,null,null,null,null,null,null,null,null,null,"","","",0]
[null,null,null,null,null,null,null,null,null,null,null,null,null,"","","",0]
[null,null,null,null,null,null,null,null,null,null,null,null,null,"","",{"$f":"UPPER(TRIM(E3012))","v":""},0]
[null,null,null,null,null,null,null,null,null,null,null,null,null,"","","",0]
[null,null,null,null,null,null,null,null,null,null,null,null,null,"","","",0]
[null,null,null,null,null,null,null,null,null,null,null,null,null,"","","",0]
[null,null,null,null,null,null,null,null,null,null,null,null,null,"","","",0]
[null,null,null,null,null,null,null,null,null,null,null,null,null,"","","",0]
[null,null,null,null,null,null,null,null,null,null,null,null,null,"","","",0]
[null,null,null,null,null,null,null,null,null,null,null,null,null,"","","",0]
[null,null,null,null,null,null,null,null,null,null,null,null,null,"","","",0]
[null,null,null,null,null,null,null,null,null,null,null,null,null,"","","",0]
[null,null,null,null,null,null,null,null,null,null,null,null,null,"","","",0]
[null,null,null,null,null,null,null,null,null,null,null,null,null,"","","",0]
[null,null,null,null,null,null,null,null,null,null,null,null,null,"","","",0]
[null,null,null,null,null,null,null,null,null,null,null,null,null,"","","",0]
[null,null,null,null,null,null,null,null,null,null,null,null,null,"","","",0]
[null,null,null,null,null,null,null,null,null,null,null,null,null,"","","",0]
[null,null,null,null,null,null,null,null,null,null,null,null,null,"","","",0]
[null,null,null,null,null,null,null,null,null,null,null,null,null,"","","",0]
[null,null,null,null,null,null,null,null,null,null,null,null,null,"","","",0]
[null,null,null,null,null,null,null,null,null,null,null,null,null,"","","",0]
[null,null,null,null,null,null,null,null,null,null,null,null,null,"","","",0]
[null,null,null,null,null,null,null,null,null,null,null,null,null,"","","",0]
[null,null,null,null,null,null,null,null,null,null,null,null,null,"","","",0]
[null,null,null,null,null,null,null,null,null,null,null,null,null,"","","",0]
[null,null,null,null,null,null,null,null,null,null,null,null,null,"","","",0]
[null,null,null,null,null,null,null,null,null,null,null,null,null,"","","",0]
[null,null,null,null,null,null,null,null,null,null,null,null,null,"","","",0]
[null,null,null,null,null,null,null,null,null,null,null,null,null,"","","",0]
[null,null,null,null,null,null,null,null,null,null,null,null,null,"","","",0]
[null,null,null,null,null,null,null,null,null,null,null,null,null,"","","",0]
[null,null,null,null,null,null,null,null,null,null,null,null,null,"","","",0]
[null,null,null,null,null,null,null,null,null,null,null,null,null,"","","",0]
[null,null,null,null,null,null,null,null,null,null,null,null,null,"","","",0]
[null,null,null,null,null,null,null,null,null,null,null,null,null,"","","",0]
[null,null,null,null,null,null,null,null,null,null,null,null,null,"","","",0]
[null,null,null,null,null,null,null,null,null,null,null,null,null,"","","",0]
[null,null,null,null,null,null,null,null,null,null,null,null,null,"","","",0]
[null,null,null,null,null,null,null,null,null,null,null,null,null,"","","",0]
[null,null,null,null,null,null,null,null,null,null,null,null,null,"","","",0]
[null,null,null,null,null,null,null,null,null,null,null,null,null,"","","",0]
[null,null,null,null,null,null,null,null,null,null,null,null,null,"","","",0]
[null,null,null,null,null,null,null,null,null,null,null,null,null,"","","",0]
[null,null,null,null,null,null,null,null,null,null,null,null,null,"","","",0]
[null,null,null,null,null,null,null,null,null,null,null,null,null,"","","",0]
[null,null,null,null,null,null,null,null,null,null,null,null,null,"","","",0]
[null,null,null,null,null,null,null,null,null,null,null,null,null,"","","",0]
[null,null,null,null,null,null,null,null,null,null,null,null,null,"","","",{"$f":"G3194","v":0}]
[null,null,null,null,null,null,null,null,null,null,null,null,null,"","","",0]
[null,null,null,null,null,null,null,null,null,null,null,null,null,"","","",0]
[null,null,null,null,null,null,null,null,null,null,null,null,null,"","","",0]
[null,null,null,null,null,null,null,null,null,null,null,null,null,"","","",0]
[null,null,null,null,null,null,null,null,null,null,null,null,null,"","","",0]
[null,null,null,null,null,null,null,null,null,null,null,null,null,"","","",0]
[null,null,null,null,null,null,null,null,null,null,null,null,null,"","","",0]
[null,null,null,null,null,null,null,null,null,null,null,null,null,"","","",0]
[null,null,null,null,null,null,null,null,null,null,null,null,null,"","","",0]
[null,null,null,null,null,null,null,null,null,null,null,null,null,"","","",0]
[null,null,null,null,null,null,null,null,null,null,null,null,null,"","","",0]
[null,null,null,null,null,null,null,null,null,null,null,null,null,"","","",0]
[null,null,null,null,null,null,null,null,null,null,null,null,null,"","","",0]
[null,null,null,null,null,null,null,null,null,null,null,null,null,"","","",0]
[null,null,null,null,null,null,null,null,null,null,null,null,null,"","","",0]
[null,null,null,null,null,null,null,null,null,null,null,null,null,"","","",0]
[null,null,null,null,null,null,null,null,null,null,null,null,null,"","","",{"$f":"G3258","v":0}]
[null,null,null,null,null,null,null,null,null,null,null,null,null,{"$f":"UPPER(TRIM(B3263))","v":""},{"$f":"UPPER(TRIM(D3263))","v":""},"",0]
[null,null,null,null,null,null,null,null,null,null,null,null,null,"","",{"$f":"UPPER(TRIM(E3268))","v":""},0]
[null,null,null,null,null,null,null,null,null,null,null,null,null,"","","",0]
[null,null,null,null,null,null,null,null,null,null,null,null,null,"","","",0]
[null,null,null,null,null,null,null,null,null,null,null,null,null,"","","",0]
[null,null,null,null,null,null,null,null,null,null,null,null,null,"","","",0]
[null,null,null,null,null,null,null,null,null,null,null,null,null,"","","",0]
[null,null,null,null,null,null,null,null,null,null,null,null,null,"","","",0]
[null,null,null,null,null,null,null,null,null,null,null,null,null,"","","",0]
[null,null,null,null,null,null,null,null,null,null,null,null,null,"","","",0]
[null,null,null,null,null,null,null,null,null,null,null,null,null,"","","",0]
[null,null,null,null,null,null,null,null,null,null,null,null,null,"","","",0]
[null,null,null,null,null,null,null,null,null,null,null,null,null,"","","",0]
[null,null,null,null,null,null,null,null,null,null,null,null,null,"","","",0]
[null,null,null,null,null,null,null,null,null,null,null,null,null,"","","",0]
[null,null,null,null,null,null,null,null,null,null,null,null,null,"","","",0]
[null,null,null,null,null,null,null,null,null,null,null,null,null,"","","",0]
[null,null,null,null,null,null,null,null,null,null,null,null,null,"","","",0]
[null,null,null,null,null,null,null,null,null,null,null,null,null,"","","",0]
[null,null,null,null,null,null,null,null,null,null,null,null,null,"","","",0]
[null,null,null,null,null,null,null,null,null,null,null,null,null,"","","",0]
[null,null,null,null,null,null,null,null,null,null,null,null,null,"","","",0]
[null,null,null,null,null,null,null,null,null,null,null,null,null,"","","",0]
[null,null,null,null,null,null,null,null,null,null,null,null,null,"","","",0]
[null,null,null,null,null,null,null,null,null,null,null,null,null,"","","",0]
[null,null,null,null,null,null,null,null,null,null,null,null,null,"","","",0]
[null,null,null,null,null,null,null,null,null,null,null,null,null,"","","",0]
[null,null,null,null,null,null,null,null,null,null,null,null,null,"","","",0]
[null,null,null,null,null,null,null,null,null,null,null,null,null,"","","",0]
[null,null,null,null,null,null,null,null,null,null,null,null,null,"","","",0]
[null,null,null,null,null,null,null,null,null,null,null,null,null,"","","",0]
[null,null,null,null,null,null,null,null,null,null,null,null,null,"","","",0]
[null,null,null,null,null,null,null,null,null,null,null,null,null,"","","",0]
[null,null,null,null,null,null,null,null,null,null,null,null,null,"","","",0]
[null,null,null,null,null,null,null,null,null,null,null,null,null,"","","",0]
[null,null,null,null,null,null,null,null,null,null,null,null,null,"","","",0]
[null,null,null,null,null,null,null,null,null,null,null,null,null,"","","",0]
[null,null,null,null,null,null,null,null,null,null,null,null,null,"","","",0]
[null,null,null,null,null,null,null,null,null,null,null,null,null,"","","",0]
[null,null,null,null,null,null,null,null,null,null,null,null,null,"","","",0]
[null,null,null,null,null,null,null,null,null,null,null,null,null,"","","",0]
[null,null,null,null,null,null,null,null,null,null,null,null,null,"","","",0]
[null,null,null,null,null,null,null,null,null,null,null,null,null,"","","",0]
[null,null,null,null,null,null,null,null,null,null,null,null,null,"","","",0]
[null,null,null,null,null,null,null,null,null,null,null,null,null,"","","",0]
[null,null,null,null,null,null,null,null,null,null,null,null,null,"","","",0]
[null,null,null,null,null,null,null,null,null,null,null,null,null,"","","",0]
[null,null,null,null,null,null,null,null,null,null,null,null,null,"","","",0]
[null,null,null,null,null,null,null,null,null,null,null,null,null,"","","",0]
[null,null,null,null,null,null,null,null,null,null,null,null,null,"","","",0]
[null,null,null,null,null,null,null,null,null,null,null,null,null,"","","",0]
[null,null,null,null,null,null,null,null,null,null,null,null,null,"","","",0]
[null,null,null,null,null,null,null,null,null,null,null,null,null,"","","",0]
[null,null,null,null,null,null,null,null,null,null,null,null,null,"","","",0]
[null,null,null,null,null,null,null,null,null,null,null,null,null,"","","",0]
[null,null,null,null,null,null,null,null,null,null,null,null,null,"","","",0]
[null,null,null,null,null,null,null,null,null,null,null,null,null,"","","",0]
[null,null,null,null,null,null,null,null,null,null,null,null,null,"","","",0]
[null,null,null,null,null,null,null,null,null,null,null,null,null,"","","",0]
[null,null,null,null,null,null,null,null,null,null,null,null,null,"","","",0]
[null,null,null,null,null,null,null,null,null,null,null,null,null,"","","",0]
[null,null,null,null,null,null,null,null,null,null,null,null,null,"","","",0]
[null,null,null,null,null,null,null,null,null,null,null,null,null,"","","",0]
[null,null,null,null,null,null,null,null,null,null,null,null,null,"","","",0]
[null,null,null,null,null,null,null,null,null,null,null,null,null,"","","",0]
[null,null,null,null,null,null,null,null,null,null,null,null,null,"","","",0]
[null,null,null,null,null,null,null,null,null,null,null,null,null,"","","",0]
[null,null,null,null,null,null,null,null,null,null,null,null,null,"","","",0]
[null,null,null,null,null,null,null,null,null,null,null,null,null,"","","",0]
[null,null,null,null,null,null,null,null,null,null,null,null,null,"","","",0]
[null,null,null,null,null,null,null,null,null,null,null,null,null,"","","",0]
[null,null,null,null,null,null,null,null,null,null,null,null,null,"","","",0]
[null,null,null,null,null,null,null,null,null,null,null,null,null,"","","",0]
[null,null,null,null,null,null,null,null,null,null,null,null,null,"","","",0]
[null,null,null,null,null,null,null,null,null,null,null,null,null,"","","",0]
[null,null,null,null,null,null,null,null,null,null,null,null,null,"","","",0]
[null,null,null,null,null,null,null,null,null,null,null,null,null,"","","",0]
[null,null,null,null,null,null,null,null,null,null,null,null,null,"","","",0]
[null,null,null,null,null,null,null,null,null,null,null,null,null,"","","",0]
[null,null,null,null,null,null,null,null,null,null,null,null,null,"","","",0]
[null,null,null,null,null,null,null,null,null,null,null,null,null,"","","",{"$f":"G3578","v":0}]
[null,null,null,null,null,null,null,null,null,null,null,null,null,{"$f":"UPPER(TRIM(B3583))","v":""},{"$f":"UPPER(TRIM(D3583))","v":""},"",0]
[null,null,null,null,null,null,null,null,null,null,null,null,null,"","",{"$f":"UPPER(TRIM(E3588))","v":""},0]
[null,null,null,null,null,null,null,null,null,null,null,null,null,"","","",0]
[null,null,null,null,null,null,null,null,null,null,null,null,null,"","","",0]
[null,null,null,null,null,null,null,null,null,null,null,null,null,"","","",0]
[null,null,null,null,null,null,null,null,null,null,null,null,null,"","","",0]
[null,null,null,null,null,null,null,null,null,null,null,null,null,"","","",0]
[null,null,null,null,null,null,null,null,null,null,null,null,null,"","","",0]
[null,null,null,null,null,null,null,null,null,null,null,null,null,"","","",0]
[null,null,null,null,null,null,null,null,null,null,null,null,null,"","","",0]
[null,null,null,null,null,null,null,null,null,null,null,null,null,"","","",0]
[null,null,null,null,null,null,null,null,null,null,null,null,null,"","","",0]
[null,null,null,null,null,null,null,null,null,null,null,null,null,"","","",0]
[null,null,null,null,null,null,null,null,null,null,null,null,null,"","","",0]
[null,null,null,null,null,null,null,null,null,null,null,null,null,"","","",0]
[null,null,null,null,null,null,null,null,null,null,null,null,null,"","","",0]
[null,null,null,null,null,null,null,null,null,null,null,null,null,"","","",0]
[null,null,null,null,null,null,null,null,null,null,null,null,null,"","","",0]
[null,null,null,null,null,null,null,null,null,null,null,null,null,"","",{"$f":"UPPER(TRIM(E3652))","v":""},0]
[null,null,null,null,null,null,null,null,null,null,null,null,null,"","","",0]
[null,null,null,null,null,null,null,null,null,null,null,null,null,"","","",0]
[null,null,null,null,null,null,null,null,null,null,null,null,null,"","","",0]
[null,null,null,null,null,null,null,null,null,null,null,null,null,"","","",0]
[null,null,null,null,null,null,null,null,null,null,null,null,null,"","","",0]
[null,null,null,null,null,null,null,null,null,null,null,null,null,"","","",0]
[null,null,null,null,null,null,null,null,null,null,null,null,null,"","","",0]
[null,null,null,null,null,null,null,null,null,null,null,null,null,"","","",0]
[null,null,null,null,null,null,null,null,null,null,null,null,null,"","","",0]
[null,null,null,null,null,null,null,null,null,null,null,null,null,"","","",0]
[null,null,null,null,null,null,null,null,null,null,null,null,null,"","","",0]
[null,null,null,null,null,null,null,null,null,null,null,null,null,"","","",0]
[null,null,null,null,null,null,null,null,null,null,null,null,null,"","","",0]
[null,null,null,null,null,null,null,null,null,null,null,null,null,"","","",0]
[null,null,null,null,null,null,null,null,null,null,null,null,null,"","","",0]
[null,null,null,null,null,null,null,null,null,null,null,null,null,"","","",0]
[null,null,null,null,null,null,null,null,null,null,null,null,null,"","","",0]
[null,null,null,null,null,null,null,null,null,null,null,null,null,"","","",0]
[null,null,null,null,null,null,null,null,null,null,null,null,null,"","","",0]
[null,null,null,null,null,null,null,null,null,null,null,null,null,"","","",0]
[null,null,null,null,null,null,null,null,null,null,null,null,null,"","","",0]
[null,null,null,null,null,null,null,null,null,null,null,null,null,"","","",0]
[null,null,null,null,null,null,null,null,null,null,null,null,null,"","","",0]
[null,null,null,null,null,null,null,null,null,null,null,null,null,"","","",0]
[null,null,null,null,null,null,null,null,null,null,null,null,null,"","","",0]
[null,null,null,null,null,null,null,null,null,null,null,null,null,"","","",0]
[null,null,null,null,null,null,null,null,null,null,null,null,null,"","","",0]
[null,null,null,null,null,null,null,null,null,null,null,null,null,"","","",0]
[null,null,null,null,null,null,null,null,null,null,null,null,null,"","","",0]
[null,null,null,null,null,null,null,null,null,null,null,null,null,"","","",0]
[null,null,null,null,null,null,null,null,null,null,null,null,null,"","","",0]
[null,null,null,null,null,null,null,null,null,null,null,null,null,"","","",0]
[null,null,null,null,null,null,null,null,null,null,null,null,null,"","","",0]
[null,null,null,null,null,null,null,null,null,null,null,null,null,"","","",0]
[null,null,null,null,null,null,null,null,null,null,null,null,null,"","","",0]
[null,null,null,null,null,null,null,null,null,null,null,null,null,"","","",0]
[null,null,null,null,null,null,null,null,null,null,null,null,null,"","","",0]
[null,null,null,null,null,null,null,null,null,null,null,null,null,"","","",0]
[null,null,null,null,null,null,null,null,null,null,null,null,null,"","","",0]
[null,null,null,null,null,null,null,null,null,null,null,null,null,"","","",0]
[null,null,null,null,null,null,null,null,null,null,null,null,null,"","","",0]
[null,null,null,null,null,null,null,null,null,null,null,null,null,"","","",0]
[null,null,null,null,null,null,null,null,null,null,null,null,null,"","","",0]
[null,null,null,null,null,null,null,null,null,null,null,null,null,"","","",0]
[null,null,null,null,null,null,null,null,null,null,null,null,null,"","","",0]
[null,null,null,null,null,null,null,null,null,null,null,null,null,"","","",0]
[null,null,null,null,null,null,null,null,null,null,null,null,null,"","","",0]
[null,null,null,null,null,null,null,null,null,null,null,null,null,"","","",0]
[null,null,null,null,null,null,null,null,null,null,null,null,null,"","","",0]
[null,null,null,null,null,null,null,null,null,null,null,null,null,"","","",0]
[null,null,null,null,null,null,null,null,null,null,null,null,null,"","","",0]
[null,null,null,null,null,null,null,null,null,null,null,null,null,"","","",0]
[null,null,null,null,null,null,null,null,null,null,null,null,null,"","","",0]
[null,null,null,null,null,null,null,null,null,null,null,null,null,"","","",0]
[null,null,null,null,null,null,null,null,null,null,null,null,null,"","","",0]
[null,null,null,null,null,null,null,null,null,null,null,null,null,"","","",0]
[null,null,null,null,null,null,null,null,null,null,null,null,null,"","","",0]
[null,null,null,null,null,null,null,null,null,null,null,null,null,"","","",0]
[null,null,null,null,null,null,null,null,null,null,null,null,null,"","","",0]
[null,null,null,null,null,null,null,null,null,null,null,null,null,"","","",0]
[null,null,null,null,null,null,null,null,null,null,null,null,null,"","","",0]
[null,null,null,null,null,null,null,null,null,null,null,null,null,"","","",{"$f":"G3898","v":0}]
[null,null,null,null,null,null,null,null,null,null,null,null,null,{"$f":"UPPER(TRIM(B3903))","v":""},{"$f":"UPPER(TRIM(D3903))","v":""},"",0]
[null,null,null,null,null,null,null,null,null,null,null,null,null,"","","",0]
[null,null,null,null,null,null,null,null,null,null,null,null,null,"","","",0]
[null,null,null,null,null,null,null,null,null,null,null,null,null,"","","",0]
[null,null,null,null,null,null,null,null,null,null,null,null,null,"","","",0]
[null,null,null,null,null,null,null,null,null,null,null,null,null,"","","",0]
[null,null,null,null,null,null,null,null,null,null,null,null,null,"","","",0]
[null,null,null,null,null,null,null,null,null,null,null,null,null,"","","",0]
[null,null,null,null,null,null,null,null,null,null,null,null,null,"","","",0]
[null,null,null,null,null,null,null,null,null,null,null,null,null,"","","",0]
[null,null,null,null,null,null,null,null,null,null,null,null,null,"","","",0]
[null,null,null,null,null,null,null,null,null,null,null,null,null,"","","",0]
[null,null,null,null,null,null,null,null,null,null,null,null,null,"","","",0]
[null,null,null,null,null,null,null,null,null,null,null,null,null,"","","",0]
[null,null,null,null,null,null,null,null,null,null,null,null,null,"","","",0]
[null,null,null,null,null,null,null,null,null,null,null,null,null,"","","",0]
[null,null,null,null,null,null,null,null,null,null,null,null,null,"","","",0]
[null,null,null,null,null,null,null,null,null,null,null,null,null,{"$f":"UPPER(TRIM(B3967))","v":""},{"$f":"UPPER(TRIM(D3967))","v":""},"",0]
[null,null,null,null,null,null,null,null,null,null,null,null,null,"","",{"$f":"UPPER(TRIM(E3972))","v":""},0]
[null,null,null,null,null,null,null,null,null,null,null,null,null,"","","",0]
[null,null,null,null,null,null,null,null,null,null,null,null,null,"","","",0]
[null,null,null,null,null,null,null,null,null,null,null,null,null,"","","",0]
[null,null,null,null,null,null,null,null,null,null,null,null,null,"","","",0]
[null,null,null,null,null,null,null,null,null,null,null,null,null,"","","",0]
[null,null,null,null,null,null,null,null,null,null,null,null,null,"","","",0]
[null,null,null,null,null,null,null,null,null,null,null,null,null,"","","",0]
[null,null,null,null,null,null,null,null,null,null,null,null,null,"","","",0]
[null,null,null,null,null,null,null,null,null,null,null,null,null,"","","",0]
[null,null,null,null,null,null,null,null,null,null,null,null,null,"","","",0]
[null,null,null,null,null,null,null,null,null,null,null,null,null,"","","",0]
[null,null,null,null,null,null,null,null,null,null,null,null,null,"","","",0]
[null,null,null,null,null,null,null,null,null,null,null,null,null,"","","",0]
[null,null,null,null,null,null,null,null,null,null,null,null,null,"","","",0]
[null,null,null,null,null,null,null,null,null,null,null,null,null,"","","",0]
[null,null,null,null,null,null,null,null,null,null,null,null,null,"","","",0]
[null,null,null,null,null,null,null,null,null,null,null,null,null,"","","",0]
[null,null,null,null,null,null,null,null,null,null,null,null,null,"","","",0]
[null,null,null,null,null,null,null,null,null,null,null,null,null,"","","",0]
[null,null,null,null,null,null,null,null,null,null,null,null,null,"","","",0]
[null,null,null,null,null,null,null,null,null,null,null,null,null,"","","",0]
[null,null,null,null,null,null,null,null,null,null,null,null,null,"","","",0]
[null,null,null,null,null,null,null,null,null,null,null,null,null,"","","",0]
[null,null,null,null,null,null,null,null,null,null,null,null,null,"","","",0]
[null,null,null,null,null,null,null,null,null,null,null,null,null,"","","",0]
[null,null,null,null,null,null,null,null,null,null,null,null,null,"","","",0]
[null,null,null,null,null,null,null,null,null,null,null,null,null,"","","",0]
[null,null,null,null,null,null,null,null,null,null,null,null,null,"","","",0]
[null,null,null,null,null,null,null,null,null,null,null,null,null,"","","",0]
[null,null,null,null,null,null,null,null,null,null,null,null,null,"","","",0]
[null,null,null,null,null,null,null,null,null,null,null,null,null,"","","",0]
[null,null,null,null,null,null,null,null,null,null,null,null,null,"","","",0]
[null,null,null,null,null,null,null,null,null,null,null,null,null,"","","",0]
[null,null,null,null,null,null,null,null,null,null,null,null,null,"","","",0]
[null,null,null,null,null,null,null,null,null,null,null,null,null,"","","",0]
[null,null,null,null,null,null,null,null,null,null,null,null,null,"","","",0]
[null,null,null,null,null,null,null,null,null,null,null,null,null,"","","",0]
[null,null,null,null,null,null,null,null,null,null,null,null,null,"","","",0]
[null,null,null,null,null,null,null,null,null,null,null,null,null,"","","",0]
[null,null,null,null,null,null,null,null,null,null,null,null,null,"","","",0]
[null,null,null,null,null,null,null,null,null,null,null,null,null,"","","",0]
[null,null,null,null,null,null,null,null,null,null,null,null,null,"","","",0]
[null,null,null,null,null,null,null,null,null,null,null,null,null,"","","",0]
[null,null,null,null,null,null,null,null,null,null,null,null,null,"","","",0]
[null,null,null,null,null,null,null,null,null,null,null,null,null,"","","",0]
[null,null,null,null,null,null,null,null,null,null,null,null,null,"","","",0]
[null,null,null,null,null,null,null,null,null,null,null,null,null,{"$f":"UPPER(TRIM(B4159))","v":""},{"$f":"UPPER(TRIM(D4159))","v":""},"",0]
[null,null,null,null,null,null,null,null,null,null,null,null,null,"","","",0]
[null,null,null,null,null,null,null,null,null,null,null,null,null,"","","",0]
[null,null,null,null,null,null,null,null,null,null,null,null,null,"","","",0]
[null,null,null,null,null,null,null,null,null,null,null,null,null,"","","",0]
[null,null,null,null,null,null,null,null,null,null,null,null,null,"","","",0]
[null,null,null,null,null,null,null,null,null,null,null,null,null,"","","",0]
[null,null,null,null,null,null,null,null,null,null,null,null,null,"","","",0]
[null,null,null,null,null,null,null,null,null,null,null,null,null,"","","",0]
[null,null,null,null,null,null,null,null,null,null,null,null,null,"","","",0]
[null,null,null,null,null,null,null,null,null,null,null,null,null,"","","",0]
[null,null,null,null,null,null,null,null,null,null,null,null,null,"","","",0]
[null,null,null,null,null,null,null,null,null,null,null,null,null,"","","",0]
[null,null,null,null,null,null,null,null,null,null,null,null,null,"","","",0]
[null,null,null,null,null,null,null,null,null,null,null,null,null,"","","",0]
[null,null,null,null,null,null,null,null,null,null,null,null,null,"","","",0]
[null,null,null,null,null,null,null,null,null,null,null,null,null,"","","",0]
[null,null,null,null,null,null,null,null,null,null,null,null,null,"","","",0]
[null,null,null,null,null,null,null,null,null,null,null,null,null,"","","",0]
[null,null,null,null,null,null,null,null,null,null,null,null,null,"","","",0]
[null,null,null,null,null,null,null,null,null,null,null,null,null,"","","",0]
[null,null,null,null,null,null,null,null,null,null,null,null,null,"","","",0]
[null,null,null,null,null,null,null,null,null,null,null,null,null,"","","",0]
[null,null,null,null,null,null,null,null,null,null,null,null,null,"","","",0]
[null,null,null,null,null,null,null,null,null,null,null,null,null,"","","",0]
[null,null,null,null,null,null,null,null,null,null,null,null,null,"","","",0]
[null,null,null,null,null,null,null,null,null,null,null,null,null,"","","",0]
[null,null,null,null,null,null,null,null,null,null,null,null,null,"","","",0]
[null,null,null,null,null,null,null,null,null,null,null,null,null,"","","",0]
[null,null,null,null,null,null,null,null,null,null,null,null,null,"","","",0]
[null,null,null,null,null,null,null,null,null,null,null,null,null,"","","",0]
[null,null,null,null,null,null,null,null,null,null,null,null,null,"","","",{"$f":"G4282","v":0}]
[null,null,null,null,null,null,null,null,null,null,null,null,null,"","","",0]
[null,null,null,null,null,null,null,null,null,null,null,null,null,"","","",0]
[null,null,null,null,null,null,null,null,null,null,null,null,null,"","","",0]
[null,null,null,null,null,null,null,null,null,null,null,null,null,"","","",0]
[null,null,null,null,null,null,null,null,null,null,null,null,null,"","","",0]
[null,null,null,null,null,null,null,null,null,null,null,null,null,"","","",0]
[null,null,null,null,null,null,null,null,null,null,null,null,null,"","","",0]
[null,null,null,null,null,null,null,null,null,null,null,null,null,"","","",0]
[null,null,null,null,null,null,null,null,null,null,null,null,null,"","","",0]
[null,null,null,null,null,null,null,null,null,null,null,null,null,"","","",0]
[null,null,null,null,null,null,null,null,null,null,null,null,null,"","","",0]
[null,null,null,null,null,null,null,null,null,null,null,null,null,"","","",0]
[null,null,null,null,null,null,null,null,null,null,null,null,null,"","","",0]
[null,null,null,null,null,null,null,null,null,null,null,null,null,"","","",0]
[null,null,null,null,null,null,null,null,null,null,null,null,null,"","","",0]
[null,null,null,null,null,null,null,null,null,null,null,null,null,"","","",0]
[null,null,null,null,null,null,null,null,null,null,null,null,null,"","","",{"$f":"G4346","v":0}]
[null,null,null,null,null,null,null,null,null,null,null,null,null,{"$f":"UPPER(TRIM(B4351))","v":""},{"$f":"UPPER(TRIM(D4351))","v":""},"",0]
[null,null,null,null,null,null,null,null,null,null,null,null,null,"","",{"$f":"UPPER(TRIM(E4356))","v":""},0]
[null,null,null,null,null,null,null,null,null,null,null,null,null,"","","",0]
[null,null,null,null,null,null,null,null,null,null,null,null,null,"","","",0]
[null,null,null,null,null,null,null,null,null,null,null,null,null,"","","",0]
[null,null,null,null,null,null,null,null,null,null,null,null,null,"","","",0]
[null,null,null,null,null,null,null,null,null,null,null,null,null,"","","",0]
[null,null,null,null,null,null,null,null,null,null,null,null,null,"","","",0]
[null,null,null,null,null,null,null,null,null,null,null,null,null,"","","",0]
[null,null,null,null,null,null,null,null,null,null,null,null,null,"","","",0]
[null,null,null,null,null,null,null,null,null,null,null,null,null,"","","",0]
[null,null,null,null,null,null,null,null,null,null,null,null,null,"","","",0]
[null,null,null,null,null,null,null,null,null,null,null,null,null,"","","",0]
[null,null,null,null,null,null,null,null,null,null,null,null,null,"","","",0]
[null,null,null,null,null,null,null,null,null,null,null,null,null,"","","",0]
[null,null,null,null,null,null,null,null,null,null,null,null,null,"","","",0]
[null,null,null,null,null,null,null,null,null,null,null,null,null,"","","",0]
[null,null,null,null,null,null,null,null,null,null,null,null,null,"","","",0]
[null,null,null,null,null,null,null,null,null,null,null,null,null,"","","",0]
[null,null,null,null,null,null,null,null,null,null,null,null,null,"","","",0]
[null,null,null,null,null,null,null,null,null,null,null,null,null,"","","",0]
[null,null,null,null,null,null,null,null,null,null,null,null,null,"","","",0]
[null,null,null,null,null,null,null,null,null,null,null,null,null,{"$f":"UPPER(TRIM(B4439))","v":""},{"$f":"UPPER(TRIM(D4439))","v":""},{"$f":"UPPER(TRIM(E4439))","v":""},0]
[null,null,null,null,null,null,null,null,null,null,null,null,null,"","","",0]
[null,null,null,null,null,null,null,null,null,null,null,null,null,"","","",0]
[null,null,null,null,null,null,null,null,null,null,null,null,null,"","","",0]
[null,null,null,null,null,null,null,null,null,null,null,null,null,"","","",0]
[null,null,null,null,null,null,null,null,null,null,null,null,null,"","","",0]
[null,null,null,null,null,null,null,null,null,null,null,null,null,"","","",0]
[null,null,null,null,null,null,null,null,null,null,null,null,null,"","","",0]
[null,null,null,null,null,null,null,null,null,null,null,null,null,"","","",0]
[null,null,null,null,null,null,null,null,null,null,null,null,null,"","","",0]
[null,null,null,null,null,null,null,null,null,null,null,null,null,"","","",0]
[null,null,null,null,null,null,null,null,null,null,null,null,null,"","","",0]
[null,null,null,null,null,null,null,null,null,null,null,null,null,"","","",0]
[null,null,null,null,null,null,null,null,null,null,null,null,null,"","","",0]
[null,null,null,null,null,null,null,null,null,null,null,null,null,"","","",0]
[null,null,null,null,null,null,null,null,null,null,null,null,null,"","","",0]
[null,null,null,null,null,null,null,null,null,null,null,null,null,"","","",0]
[null,null,null,null,null,null,null,null,null,null,null,null,null,{"$f":"UPPER(TRIM(B4503))","v":""},{"$f":"UPPER(TRIM(D4503))","v":""},{"$f":"UPPER(TRIM(E4503))","v":""},0]
[null,null,null,null,null,null,null,null,null,null,null,null,null,"","","",0]
[null,null,null,null,null,null,null,null,null,null,null,null,null,"","","",0]
[null,null,null,null,null,null,null,null,null,null,null,null,null,"","","",0]
[null,null,null,null,null,null,null,null,null,null,null,null,null,"","","",0]
[null,null,null,null,null,null,null,null,null,null,null,null,null,"","","",0]
[null,null,null,null,null,null,null,null,null,null,null,null,null,"","","",0]
[null,null,null,null,null,null,null,null,null,null,null,null,null,"","","",0]
[null,null,null,null,null,null,null,null,null,null,null,null,null,"","","",0]
[null,null,null,null,null,null,null,null,null,null,null,null,null,"","","",0]
[null,null,null,null,null,null,null,null,null,null,null,null,null,"","","",0]
[null,null,null,null,null,null,null,null,null,null,null,null,null,"","","",0]
[null,null,null,null,null,null,null,null,null,null,null,null,null,"","","",0]
[null,null,null,null,null,null,null,null,null,null,null,null,null,"","","",0]
[null,null,null,null,null,null,null,null,null,null,null,null,null,"","","",0]
[null,null,null,null,null,null,null,null,null,null,null,null,null,"","","",0]
[null,null,null,null,null,null,null,null,null,null,null,null,null,"","","",0]
[null,null,null,null,null,null,null,null,null,null,null,null,null,"","","",0]
[null,null,null,null,null,null,null,null,null,null,null,null,null,"","","",0]
[null,null,null,null,null,null,null,null,null,null,null,null,null,"","","",0]
[null,null,null,null,null,null,null,null,null,null,null,null,null,"","","",0]
[null,null,null,null,null,null,null,null,null,null,null,null,null,"","","",0]
[null,null,null,null,null,null,null,null,null,null,null,null,null,"","","",0]
[null,null,null,null,null,null,null,null,null,null,null,null,null,"","","",0]
[null,null,null,null,null,null,null,null,null,null,null,null,null,"","","",0]
[null,null,null,null,null,null,null,null,null,null,null,null,null,"","","",0]
[null,null,null,null,null,null,null,null,null,null,null,null,null,"","","",0]
[null,null,null,null,null,null,null,null,null,null,null,null,null,"","","",0]
[null,null,null,null,null,null,null,null,null,null,null,null,null,"","","",0]
[null,null,null,null,null,null,null,null,null,null,null,null,null,"","","",0]
[null,null,null,null,null,null,null,null,null,null,null,null,null,"","","",0]
[null,null,null,null,null,null,null,null,null,null,null,null,null,"","","",0]
[null,null,null,null,null,null,null,null,null,null,null,null,null,"","","",0]
[null,null,null,null,null,null,null,null,null,null,null,null,null,"","","",0]
[null,null,null,null,null,null,null,null,null,null,null,null,null,"","","",0]
[null,null,null,null,null,null,null,null,null,null,null,null,null,"","","",0]
[null,null,null,null,null,null,null,null,null,null,null,null,null,"","","",0]
[null,null,null,null,null,null,null,null,null,null,null,null,null,"","","",0]
[null,null,null,null,null,null,null,null,null,null,null,null,null,"","","",0]
[null,null,null,null,null,null,null,null,null,null,null,null,null,"","","",0]
[null,null,null,null,null,null,null,null,null,null,null,null,null,"","","",0]
[null,null,null,null,null,null,null,null,null,null,null,null,null,"","","",{"$f":"G4666","v":0}]
[null,null,null,null,null,null,null,null,null,null,null,null,null,"","","",0]
[null,null,null,null,null,null,null,null,null,null,null,null,null,"","","",0]
[null,null,null,null,null,null,null,null,null,null,null,null,null,"","","",0]
[null,null,null,null,null,null,null,null,null,null,null,null,null,"","","",0]
[null,null,null,null,null,null,null,null,null,null,null,null,null,"","","",0]
[null,null,null,null,null,null,null,null,null,null,null,null,null,"","","",0]
[null,null,null,null,null,null,null,null,null,null,null,null,null,"","","",0]
[null,null,null,null,null,null,null,null,null,null,null,null,null,"","","",0]
[null,null,null,null,null,null,null,null,null,null,null,null,null,"","","",0]
[null,null,null,null,null,null,null,null,null,null,null,null,null,"","","",0]
[null,null,null,null,null,null,null,null,null,null,null,null,null,"","","",0]
[null,null,null,null,null,null,null,null,null,null,null,null,null,"","","",0]
[null,null,null,null,null,null,null,null,null,null,null,null,null,"","","",0]
[null,null,null,null,null,null,null,null,null,null,null,null,null,"","","",0]
[null,null,null,null,null,null,null,null,null,null,null,null,null,"","","",0]
[null,null,null,null,null,null,null,null,null,null,null,null,null,"","","",0]
[null,null,null,null,null,null,null,null,null,null,null,null,null,"","","",0]
[null,null,null,null,null,null,null,null,null,null,null,null,null,"","","",0]
[null,null,null,null,null,null,null,null,null,null,null,null,null,"","","",0]
[null,null,null,null,null,null,null,null,null,null,null,null,null,"","","",0]
[null,null,null,null,null,null,null,null,null,null,null,null,null,"","","",0]
[null,null,null,null,null,null,null,null,null,null,null,null,null,"","","",0]
[null,null,null,null,null,null,null,null,null,null,null,null,null,"","","",0]
[null,null,null,null,null,null,null,null,null,null,null,null,null,"","","",0]
[null,null,null,null,null,null,null,null,null,null,null,null,null,"","","",0]
[null,null,null,null,null,null,null,null,null,null,null,null,null,"","","",0]
[null,null,null,null,null,null,null,null,null,null,null,null,null,"","","",0]
[null,null,null,null,null,null,null,null,null,null,null,null,null,"","","",0]
[null,null,null,null,null,null,null,null,null,null,null,null,null,"","","",0]
[null,null,null,null,null,null,null,null,null,null,null,null,null,"","","",0]
[null,null,null,null,null,null,null,null,null,null,null,null,null,"","","",0]
[null,null,null,null,null,null,null,null,null,null,null,null,null,"","","",0]
[null,null,null,null,null,null,null,null,null,null,null,null,null,"","","",0]
[null,null,null,null,null,null,null,null,null,null,null,null,null,"","","",0]
[null,null,null,null,null,null,null,null,null,null,null,null,null,"","","",0]
[null,null,null,null,null,null,null,null,null,null,null,null,null,"","","",0]
[null,null,null,null,null,null,null,null,null,null,null,null,null,"","","",0]
[null,null,null,null,null,null,null,null,null,null,null,null,null,"","","",0]
[null,null,null,null,null,null,null,null,null,null,null,null,null,"","","",0]
[null,null,null,null,null,null,null,null,null,null,null,null,null,"","","",0]
[null,null,null,null,null,null,null,null,null,null,null,null,null,"","","",0]
[null,null,null,null,null,null,null,null,null,null,null,null,null,"","","",0]
[null,null,null,null,null,null,null,null,null,null,null,null,null,"","","",0]
[null,null,null,null,null,null,null,null,null,null,null,null,null,"","","",0]
[null,null,null,null,null,null,null,null,null,null,null,null,null,"","","",0]
[null,null,null,null,null,null,null,null,null,null,null,null,null,"","","",0]
[null,null,null,null,null,null,null,null,null,null,null,null,null,"","","",0]
[null,null,null,null,null,null,null,null,null,null,null,null,null,"","","",0]
[null,null,null,null,null,null,null,null,null,null,null,null,null,"","","",0]
[null,null,null,null,null,null,null,null,null,null,null,null,null,"","","",0]
[null,null,null,null,null,null,null,null,null,null,null,null,null,"","","",0]
[null,null,null,null,null,null,null,null,null,null,null,null,null,"","","",0]
[null,null,null,null,null,null,null,null,null,null,null,null,null,"","","",0]
[null,null,null,null,null,null,null,null,null,null,null,null,null,"","","",0]
[null,null,null,null,null,null,null,null,null,null,null,null,null,"","","",0]
[null,null,null,null,null,null,null,null,null,null,null,null,null,{"$f":"UPPER(TRIM(B4887))","v":""},{"$f":"UPPER(TRIM(D4887))","v":""},{"$f":"UPPER(TRIM(E4887))","v":""},0]
[null,null,null,null,null,null,null,null,null,null,null,null,null,"","","",0]
[null,null,null,null,null,null,null,null,null,null,null,null,null,"","","",0]
[null,null,null,null,null,null,null,null,null,null,null,null,null,"","","",0]
[null,null,null,null,null,null,null,null,null,null,null,null,null,"","","",0]
[null,null,null,null,null,null,null,null,null,null,null,null,null,"","","",0]
[null,null,null,null,null,null,null,null,null,null,null,null,null,"","","",0]
[null,null,null,null,null,null,null,null,null,null,null,null,null,"","","",0]
[null,null,null,null,null,null,null,null,null,null,null,null,null,"","","",0]
[null,null,null,null,null,null,null,null,null,null,null,null,null,"","","",0]
[null,null,null,null,null,null,null,null,null,null,null,null,null,"","","",0]
[null,null,null,null,null,null,null,null,null,null,null,null,null,"","","",0]
[null,null,null,null,null,null,null,null,null,null,null,null,null,"","","",0]
[null,null,null,null,null,null,null,null,null,null,null,null,null,"","","",0]
[null,null,null,null,null,null,null,null,null,null,null,null,null,"","","",0]
[null,null,null,null,null,null,null,null,null,null,null,null,null,"","","",0]
[null,null,null,null,null,null,null,null,null,null,null,null,null,"","","",0]
[null,null,null,null,null,null,null,null,null,null,null,null,null,"","","",0]
[null,null,null,null,null,null,null,null,null,null,null,null,null,"","","",0]
[null,null,null,null,null,null,null,null,null,null,null,null,null,"","","",0]
[null,null,null,null,null,null,null,null,null,null,null,null,null,"","","",0]
[null,null,null,null,null,null,null,null,null,null,null,null,null,"","","",0]
[null,null,null,null,null,null,null,null,null,null,null,null,null,"","","",0]
[null,null,null,null,null,null,null,null,null,null,null,null,null,"","","",0]
[null,null,null,null,null,null,null,null,null,null,null,null,null,"","","",0]
[null,null,null,null,null,null,null,null,null,null,null,null,null,"","","",{"$f":"G4986","v":0}]
[null,null,null,null,null,null,null,null,null,null,null,null,null,"","","",0]
[null,null,null,null,null,null,null,null,null,null,null,null,null,"","","",0]
[null,null,null,null,null,null,null,null,null,null,null,null,null,"","","",0]
[null,null,null,null,null,null,null,null,null,null,null,null,null,"","","",0]
[null,null,null,null,null,null,null,null,null,null,null,null,null,"","","",0]
[null,null,null,null,null,null,null,null,null,null,null,null,null,"","","",0]
[null,null,null,null,null,null,null,null,null,null,null,null,null,"","","",0]
[null,null,null,null,null,null,null,null,null,null,null,null,null,"","","",0]
[null,null,null,null,null,null,null,null,null,null,null,null,null,"","","",0]
[null,null,null,null,null,null,null,null,null,null,null,null,null,"","","",0]
[null,null,null,null,null,null,null,null,null,null,null,null,null,"","","",0]
[null,null,null,null,null,null,null,null,null,null,null,null,null,"","","",0]
[null,null,null,null,null,null,null,null,null,null,null,null,null,"","","",0]
[null,null,null,null,null,null,null,null,null,null,null,null,null,"","","",0]
[null,null,null,null,null,null,null,null,null,null,null,null,null,"","","",0]
[null,null,null,null,null,null,null,null,null,null,null,null,null,"","","",0]
[null,null,null,null,null,null,null,null,null,null,null,null,null,"","","",0]
[null,null,null,null,null,null,null,null,null,null,null,null,null,"","","",0]
[null,null,null,null,null,null,null,null,null,null,null,null,null,"","","",0]
[null,null,null,null,null,null,null,null,null,null,null,null,null,"","","",0]
[null,null,null,null,null,null,null,null,null,null,null,null,null,"","","",0]
[null,null,null,null,null,null,null,null,null,null,null,null,null,"","","",0]
[null,null,null,null,null,null,null,null,null,null,null,null,null,"","","",0]
[null,null,null,null,null,null,null,null,null,null,null,null,null,"","","",0]
[null,null,null,null,null,null,null,null,null,null,null,null,null,"","","",0]
[null,null,null,null,null,null,null,null,null,null,null,null,null,"","","",0]
[null,null,null,null,null,null,null,null,null,null,null,null,null,"","","",0]
[null,null,null,null,null,null,null,null,null,null,null,null,null,"","","",0]
[null,null,null,null,null,null,null,null,null,null,null,null,null,"","","",0]
[null,null,null,null,null,null,null,null,null,null,null,null,null,"","","",0]
[null,null,null,null,null,null,null,null,null,null,null,null,null,"","","",0]
[null,null,null,null,null,null,null,null,null,null,null,null,null,"","","",0]
[null,null,null,null,null,null,null,null,null,null,null,null,null,"","","",0]
[null,null,null,null,null,null,null,null,null,null,null,null,null,"","","",0]
[null,null,null,null,null,null,null,null,null,null,null,null,null,"","","",0]
[null,null,null,null,null,null,null,null,null,null,null,null,null,"","","",0]
[null,null,null,null,null,null,null,null,null,null,null,null,null,"","","",0]
[null,null,null,null,null,null,null,null,null,null,null,null,null,"","","",0]
[null,null,null,null,null,null,null,null,null,null,null,null,null,"","","",0]
[null,null,null,null,null,null,null,null,null,null,null,null,null,"","","",0]
[null,null,null,null,null,null,null,null,null,null,null,null,null,"","","",0]
[null,null,null,null,null,null,null,null,null,null,null,null,null,"","","",0]
[null,null,null,null,null,null,null,null,null,null,null,null,null,"","","",0]
[null,null,null,null,null,null,null,null,null,null,null,null,null,"","","",0]
[null,null,null,null,null,null,null,null,null,null,null,null,null,"","","",0]
[null,null,null,null,null,null,null,null,null,null,null,null,null,"","","",0]
[null,null,null,null,null,null,null,null,null,null,null,null,null,"","","",0]
[null,null,null,null,null,null,null,null,null,null,null,null,null,"","","",0]
[null,null,null,null,null,null,null,null,null,null,null,null,null,"","","",0]
[null,null,null,null,null,null,null,null,null,null,null,null,null,"","","",0]
[null,null,null,null,null,null,null,null,null,null,null,null,null,"","","",0]
[null,null,null,null,null,null,null,null,null,null,null,null,null,"","","",0]
[null,null,null,null,null,null,null,null,null,null,null,null,null,"","","",0]
[null,null,null,null,null,null,null,null,null,null,null,null,null,"","","",0]
[null,null,null,null,null,null,null,null,null,null,null,null,null,"","","",0]
[null,null,null,null,null,null,null,null,null,null,null,null,null,{"$f":"UPPER(TRIM(B5207))","v":""},{"$f":"UPPER(TRIM(D5207))","v":""},{"$f":"UPPER(TRIM(E5207))","v":""},0]
[null,null,null,null,null,null,null,null,null,null,null,null,null,"","","",0]
[null,null,null,null,null,null,null,null,null,null,null,null,null,"","","",0]
[null,null,null,null,null,null,null,null,null,null,null,null,null,"","","",0]
[null,null,null,null,null,null,null,null,null,null,null,null,null,"","","",0]
[null,null,null,null,null,null,null,null,null,null,null,null,null,"","","",0]
[null,null,null,null,null,null,null,null,null,null,null,null,null,"","","",0]
[null,null,null,null,null,null,null,null,null,null,null,null,null,"","","",0]
[null,null,null,null,null,null,null,null,null,null,null,null,null,"","","",0]
[null,null,null,null,null,null,null,null,null,null,null,null,null,"","","",0]
[null,null,null,null,null,null,null,null,null,null,null,null,null,"","","",0]
[null,null,null,null,null,null,null,null,null,null,null,null,null,"","","",0]
[null,null,null,null,null,null,null,null,null,null,null,null,null,"","","",0]
[null,null,null,null,null,null,null,null,null,null,null,null,null,"","","",0]
[null,null,null,null,null,null,null,null,null,null,null,null,null,"","","",0]
[null,null,null,null,null,null,null,null,null,null,null,null,null,"","","",0]
[null,null,null,null,null,null,null,null,null,null,null,null,null,"","","",0]
[null,null,null,null,null,null,null,null,null,null,null,null,null,"","","",0]
[null,null,null,null,null,null,null,null,null,null,null,null,null,"","","",0]
[null,null,null,null,null,null,null,null,null,null,null,null,null,"","","",0]
[null,null,null,null,null,null,null,null,null,null,null,null,null,"","","",0]
[null,null,null,null,null,null,null,null,null,null,null,null,null,"","","",0]
[null,null,null,null,null,null,null,null,null,null,null,null,null,"","","",0]
[null,null,null,null,null,null,null,null,null,null,null,null,null,"","","",0]
[null,null,null,null,null,null,null,null,null,null,null,null,null,"","","",0]
[null,null,null,null,null,null,null,null,null,null,null,null,null,"","","",{"$f":"G5306","v":0}]
[null,null,null,null,null,null,null,null,null,null,null,null,null,"","","",0]
[null,null,null,null,null,null,null,null,null,null,null,null,null,"","","",0]
[null,null,null,null,null,null,null,null,null,null,null,null,null,"","","",0]
[null,null,null,null,null,null,null,null,null,null,null,null,null,"","","",0]
[null,null,null,null,null,null,null,null,null,null,null,null,null,"","","",0]
[null,null,null,null,null,null,null,null,null,null,null,null,null,"","","",0]
[null,null,null,null,null,null,null,null,null,null,null,null,null,"","","",0]
[null,null,null,null,null,null,null,null,null,null,null,null,null,"","","",0]
[null,null,null,null,null,null,null,null,null,null,null,null,null,"","","",0]
[null,null,null,null,null,null,null,null,null,null,null,null,null,"","","",0]
[null,null,null,null,null,null,null,null,null,null,null,null,null,"","","",0]
[null,null,null,null,null,null,null,null,null,null,null,null,null,"","","",0]
[null,null,null,null,null,null,null,null,null,null,null,null,null,"","","",0]
[null,null,null,null,null,null,null,null,null,null,null,null,null,"","","",0]
[null,null,null,null,null,null,null,null,null,null,null,null,null,"","","",0]
[null,null,null,null,null,null,null,null,null,null,null,null,null,"","","",0]
[null,null,null,null,null,null,null,null,null,null,null,null,null,"","","",{"$f":"G5370","v":0}]
[null,null,null,null,null,null,null,null,null,null,null,null,null,"","","",0]
[null,null,null,null,null,null,null,null,null,null,null,null,null,"","","",0]
[null,null,null,null,null,null,null,null,null,null,null,null,null,"","","",0]
[null,null,null,null,null,null,null,null,null,null,null,null,null,"","","",0]
[null,null,null,null,null,null,null,null,null,null,null,null,null,"","","",0]
[null,null,null,null,null,null,null,null,null,null,null,null,null,"","","",0]
[null,null,null,null,null,null,null,null,null,null,null,null,null,"","","",0]
[null,null,null,null,null,null,null,null,null,null,null,null,null,"","","",0]
[null,null,null,null,null,null,null,null,null,null,null,null,null,"","","",0]
[null,null,null,null,null,null,null,null,null,null,null,null,null,"","","",0]
[null,null,null,null,null,null,null,null,null,null,null,null,null,"","","",0]
[null,null,null,null,null,null,null,null,null,null,null,null,null,"","","",0]
[null,null,null,null,null,null,null,null,null,null,null,null,null,"","","",0]
[null,null,null,null,null,null,null,null,null,null,null,null,null,"","","",0]
[null,null,null,null,null,null,null,null,null,null,null,null,null,"","","",0]
[null,null,null,null,null,null,null,null,null,null,null,null,null,"","","",{"$f":"G5434","v":0}]
[null,null,null,null,null,null,null,null,null,null,null,null,null,"","","",0]
[null,null,null,null,null,null,null,null,null,null,null,null,null,"","","",0]
[null,null,null,null,null,null,null,null,null,null,null,null,null,"","","",0]
[null,null,null,null,null,null,null,null,null,null,null,null,null,"","","",0]
[null,null,null,null,null,null,null,null,null,null,null,null,null,"","","",0]
[null,null,null,null,null,null,null,null,null,null,null,null,null,"","","",0]
[null,null,null,null,null,null,null,null,null,null,null,null,null,"","","",0]
[null,null,null,null,null,null,null,null,null,null,null,null,null,"","","",0]
[null,null,null,null,null,null,null,null,null,null,null,null,null,"","","",0]
[null,null,null,null,null,null,null,null,null,null,null,null,null,"","","",0]
[null,null,null,null,null,null,null,null,null,null,null,null,null,"","","",0]
[null,null,null,null,null,null,null,null,null,null,null,null,null,"","","",0]
[null,null,null,null,null,null,null,null,null,null,null,null,null,"","","",0]
[null,null,null,null,null,null,null,null,null,null,null,null,null,"","","",0]
[null,null,null,null,null,null,null,null,null,null,null,null,null,"","","",0]
[null,null,null,null,null,null,null,null,null,null,null,null,null,"","","",0]
[null,null,null,null,null,null,null,null,null,null,null,null,null,"","","",0]
[null,null,null,null,null,null,null,null,null,null,null,null,null,"","","",0]
[null,null,null,null,null,null,null,null,null,null,null,null,null,"","","",0]
[null,null,null,null,null,null,null,null,null,null,null,null,null,"","","",0]
[null,null,null,null,null,null,null,null,null,null,null,null,null,"","","",0]
[null,null,null,null,null,null,null,null,null,null,null,null,null,"","","",0]
[null,null,null,null,null,null,null,null,null,null,null,null,null,{"$f":"UPPER(TRIM(B5527))","v":""},{"$f":"UPPER(TRIM(D5527))","v":""},{"$f":"UPPER(TRIM(E5527))","v":""},0]
[null,null,null,null,null,null,null,null,null,null,null,null,null,"","","",0]
[null,null,null,null,null,null,null,null,null,null,null,null,null,"","","",0]
[null,null,null,null,null,null,null,null,null,null,null,null,null,"","","",0]
[null,null,null,null,null,null,null,null,null,null,null,null,null,"","","",0]
[null,null,null,null,null,null,null,null,null,null,null,null,null,"","","",0]
[null,null,null,null,null,null,null,null,null,null,null,null,null,"","","",0]
[null,null,null,null,null,null,null,null,null,null,null,null,null,"","","",0]
[null,null,null,null,null,null,null,null,null,null,null,null,null,"","","",0]
[null,null,null,null,null,null,null,null,null,null,null,null,null,"","","",0]
[null,null,null,null,null,null,null,null,null,null,null,null,null,"","","",0]
[null,null,null,null,null,null,null,null,null,null,null,null,null,"","","",0]
[null,null,null,null,null,null,null,null,null,null,null,null,null,"","","",0]
[null,null,null,null,null,null,null,null,null,null,null,null,null,"","","",0]
[null,null,null,null,null,null,null,null,null,null,null,null,null,"","","",0]
[null,null,null,null,null,null,null,null,null,null,null,null,null,"","","",0]
[null,null,null,null,null,null,null,null,null,null,null,null,null,"","","",0]
[null,null,null,null,null,null,null,null,null,null,null,null,null,{"$f":"UPPER(TRIM(B5591))","v":""},{"$f":"UPPER(TRIM(D5591))","v":""},{"$f":"UPPER(TRIM(E5591))","v":""},0]
[null,null,null,null,null,null,null,null,null,null,null,null,null,"","","",0]
[null,null,null,null,null,null,null,null,null,null,null,null,null,"","","",0]
[null,null,null,null,null,null,null,null,null,null,null,null,null,"","","",0]
[null,null,null,null,null,null,null,null,null,null,null,null,null,"","","",0]
[null,null,null,null,null,null,null,null,null,null,null,null,null,"","","",0]
[null,null,null,null,null,null,null,null,null,null,null,null,null,"","","",0]
[null,null,null,null,null,null,null,null,null,null,null,null,null,"","","",0]
[null,null,null,null,null,null,null,null,null,null,null,null,null,"","","",0]
[null,null,null,null,null,null,null,null,null,null,null,null,null,"","","",0]
[null,null,null,null,null,null,null,null,null,null,null,null,null,"","","",0]
[null,null,null,null,null,null,null,null,null,null,null,null,null,"","","",0]
[null,null,null,null,null,null,null,null,null,null,null,null,null,"","","",0]
[null,null,null,null,null,null,null,null,null,null,null,null,null,"","","",0]
[null,null,null,null,null,null,null,null,null,null,null,null,null,"","","",0]
[null,null,null,null,null,null,null,null,null,null,null,null,null,"","","",0]
[null,null,null,null,null,null,null,null,null,null,null,null,null,"","","",0]
[null,null,null,null,null,null,null,null,null,null,null,null,null,"","","",0]
[null,null,null,null,null,null,null,null,null,null,null,null,null,"","","",0]
[null,null,null,null,null,null,null,null,null,null,null,null,null,"","","",0]
[null,null,null,null,null,null,null,null,null,null,null,null,null,"","","",0]
[null,null,null,null,null,null,null,null,null,null,null,null,null,"","","",0]
[null,null,null,null,null,null,null,null,null,null,null,null,null,"","","",0]
[null,null,null,null,null,null,null,null,null,null,null,null,null,"","","",0]
[null,null,null,null,null,null,null,null,null,null,null,null,null,"","","",0]
[null,null,null,null,null,null,null,null,null,null,null,null,null,"","","",0]
[null,null,null,null,null,null,null,null,null,null,null,null,null,"","","",0]
[null,null,null,null,null,null,null,null,null,null,null,null,null,"","","",0]
[null,null,null,null,null,null,null,null,null,null,null,null,null,"","","",0]
[null,null,null,null,null,null,null,null,null,null,null,null,null,"","","",0]
[null,null,null,null,null,null,null,null,null,null,null,null,null,"","","",0]
[null,null,null,null,null,null,null,null,null,null,null,null,null,"","","",0]
[null,null,null,null,null,null,null,null,null,null,null,null,null,"","","",0]
[null,null,null,null,null,null,null,null,null,null,null,null,null,"","","",0]
[null,null,null,null,null,null,null,null,null,null,null,null,null,"","","",0]
[null,null,null,null,null,null,null,null,null,null,null,null,null,"","","",0]
[null,null,null,null,null,null,null,null,null,null,null,null,null,"","","",0]
[null,null,null,null,null,null,null,null,null,null,null,null,null,"","","",0]
[null,null,null,null,null,null,null,null,null,null,null,null,null,"","","",0]
[null,null,null,null,null,null,null,null,null,null,null,null,null,"","","",0]
[null,null,null,null,null,null,null,null,null,null,null,null,null,"","","",0]
[null,null,null,null,null,null,null,null,null,null,null,null,null,"","","",{"$f":"G5754","v":0}]
[null,null,null,null,null,null,null,null,null,null,null,null,null,"","","",0]
[null,null,null,null,null,null,null,null,null,null,null,null,null,"","","",0]
[null,null,null,null,null,null,null,null,null,null,null,null,null,"","","",0]
[null,null,null,null,null,null,null,null,null,null,null,null,null,"","","",0]
[null,null,null,null,null,null,null,null,null,null,null,null,null,"","","",0]
[null,null,null,null,null,null,null,null,null,null,null,null,null,"","","",0]
[null,null,null,null,null,null,null,null,null,null,null,null,null,"","","",0]
[null,null,null,null,null,null,null,null,null,null,null,null,null,"","","",0]
[null,null,null,null,null,null,null,null,null,null,null,null,null,"","","",0]
[null,null,null,null,null,null,null,null,null,null,null,null,null,"","","",0]
[null,null,null,null,null,null,null,null,null,null,null,null,null,"","","",0]
[null,null,null,null,null,null,null,null,null,null,null,null,null,"","","",0]
[null,null,null,null,null,null,null,null,null,null,null,null,null,"","","",0]
[null,null,null,null,null,null,null,null,null,null,null,null,null,"","","",0]
[null,null,null,null,null,null,null,null,null,null,null,null,null,"","","",0]
[null,null,null,null,null,null,null,null,null,null,null,null,null,"","","",0]
[null,null,null,null,null,null,null,null,null,null,null,null,null,"","","",0]
[null,null,null,null,null,null,null,null,null,null,null,null,null,"","","",0]
[null,null,null,null,null,null,null,null,null,null,null,null,null,"","","",0]
[null,null,null,null,null,null,null,null,null,null,null,null,null,"","","",0]
[null,null,null,null,null,null,null,null,null,null,null,null,null,"","","",0]
[null,null,null,null,null,null,null,null,null,null,null,null,null,"","","",0]
[null,null,null,null,null,null,null,null,null,null,null,null,null,"","","",0]
[null,null,null,null,null,null,null,null,null,null,null,null,null,"","","",0]
[null,null,null,null,null,null,null,null,null,null,null,null,null,"","","",0]
[null,null,null,null,null,null,null,null,null,null,null,null,null,"","","",0]
[null,null,null,null,null,null,null,null,null,null,null,null,null,"","","",0]
[null,null,null,null,null,null,null,null,null,null,null,null,null,"","","",0]
[null,null,null,null,null,null,null,null,null,null,null,null,null,"","","",0]
[null,null,null,null,null,null,null,null,null,null,null,null,null,"","","",0]
[null,null,null,null,null,null,null,null,null,null,null,null,null,"","","",0]
[null,null,null,null,null,null,null,null,null,null,null,null,null,"","","",0]
[null,null,null,null,null,null,null,null,null,null,null,null,null,"","","",0]
[null,null,null,null,null,null,null,null,null,null,null,null,null,"","","",0]
[null,null,null,null,null,null,null,null,null,null,null,null,null,"","","",0]
[null,null,null,null,null,null,null,null,null,null,null,null,null,"","","",0]
[null,null,null,null,null,null,null,null,null,null,null,null,null,"","","",0]
[null,null,null,null,null,null,null,null,null,null,null,null,null,"","","",0]
[null,null,null,null,null,null,null,null,null,null,null,null,null,"","","",0]
[null,null,null,null,null,null,null,null,null,null,null,null,null,{"$f":"UPPER(TRIM(B5911))","v":""},{"$f":"UPPER(TRIM(D5911))","v":""},{"$f":"UPPER(TRIM(E5911))","v":""},0]
[null,null,null,null,null,null,null,null,null,null,null,null,null,"","","",0]
[null,null,null,null,null,null,null,null,null,null,null,null,null,"","","",0]
[null,null,null,null,null,null,null,null,null,null,null,null,null,"","","",0]
[null,null,null,null,null,null,null,null,null,null,null,null,null,"","","",0]
[null,null,null,null,null,null,null,null,null,null,null,null,null,"","","",0]
[null,null,null,null,null,null,null,null,null,null,null,null,null,"","","",0]
[null,null,null,null,null,null,null,null,null,null,null,null,null,"","","",0]
[null,null,null,null,null,null,null,null,null,null,null,null,null,"","","",0]
[null,null,null,null,null,null,null,null,null,null,null,null,null,"","","",0]
[null,null,null,null,null,null,null,null,null,null,null,null,null,"","","",0]
[null,null,null,null,null,null,null,null,null,null,null,null,null,"","","",0]
[null,null,null,null,null,null,null,null,null,null,null,null,null,"","","",0]
[null,null,null,null,null,null,null,null,null,null,null,null,null,"","","",0]
[null,null,null,null,null,null,null,null,null,null,null,null,null,"","","",0]
[null,null,null,null,null,null,null,null,null,null,null,null,null,"","","",0]
[null,null,null,null,null,null,null,null,null,null,null,null,null,"","","",0]
[null,null,null,null,null,null,null,null,null,null,null,null,null,"","","",0]
[null,null,null,null,null,null,null,null,null,null,null,null,null,"","","",0]
[null,null,null,null,null,null,null,null,null,null,null,null,null,"","","",0]
[null,null,null,null,null,null,null,null,null,null,null,null,null,"","","",0]
[null,null,null,null,null,null,null,null,null,null,null,null,null,"","","",0]
[null,null,null,null,null,null,null,null,null,null,null,null,null,"","","",0]
[null,null,null,null,null,null,null,null,null,null,null,null,null,"","","",0]
[null,null,null,null,null,null,null,null,null,null,null,null,null,"","","",0]
[null,null,null,null,null,null,null,null,null,null,null,null,null,"","","",0]
[null,null,null,null,null,null,null,null,null,null,null,null,null,"","","",0]
[null,null,null,null,null,null,null,null,null,null,null,null,null,"","","",0]
[null,null,null,null,null,null,null,null,null,null,null,null,null,"","","",0]
[null,null,null,null,null,null,null,null,null,null,null,null,null,"","","",0]
[null,null,null,null,null,null,null,null,null,null,null,null,null,"","","",0]
[null,null,null,null,null,null,null,null,null,null,null,null,null,"","","",0]
[null,null,null,null,null,null,null,null,null,null,null,null,null,"","","",0]
[null,null,null,null,null,null,null,null,null,null,null,null,null,"","","",0]
[null,null,null,null,null,null,null,null,null,null,null,null,null,"","","",0]
[null,null,null,null,null,null,null,null,null,null,null,null,null,"","","",0]
[null,null,null,null,null,null,null,null,null,null,null,null,null,"","","",0]
[null,null,null,null,null,null,null,null,null,null,null,null,null,"","","",0]
[null,null,null,null,null,null,null,null,null,null,null,null,null,"","","",0]
[null,null,null,null,null,null,null,null,null,null,null,null,null,"","","",0]
[null,null,null,null,null,null,null,null,null,null,null,null,null,"","","",0]
[null,null,null,null,null,null,null,null,null,null,null,null,null,"","","",{"$f":"G6074","v":0}]
[null,null,null,null,null,null,null,null,null,null,null,null,null,"","","",0]
[null,null,null,null,null,null,null,null,null,null,null,null,null,"","","",0]
[null,null,null,null,null,null,null,null,null,null,null,null,null,"","","",0]
[null,null,null,null,null,null,null,null,null,null,null,null,null,"","","",0]
[null,null,null,null,null,null,null,null,null,null,null,null,null,"","","",0]
[null,null,null,null,null,null,null,null,null,null,null,null,null,"","","",0]
[null,null,null,null,null,null,null,null,null,null,null,null,null,"","","",0]
[null,null,null,null,null,null,null,null,null,null,null,null,null,"","","",0]
[null,null,null,null,null,null,null,null,null,null,null,null,null,"","","",0]
[null,null,null,null,null,null,null,null,null,null,null,null,null,"","","",0]
[null,null,null,null,null,null,null,null,null,null,null,null,null,"","","",0]
[null,null,null,null,null,null,null,null,null,null,null,null,null,"","","",0]
[null,null,null,null,null,null,null,null,null,null,null,null,null,"","","",0]
[null,null,null,null,null,null,null,null,null,null,null,null,null,"","","",0]
[null,null,null,null,null,null,null,null,null,null,null,null,null,"","","",0]
[null,null,null,null,null,null,null,null,null,null,null,null,null,"","","",0]
[null,null,null,null,null,null,null,null,null,null,null,null,null,"","","",0]
[null,null,null,null,null,null,null,null,null,null,null,null,null,"","","",0]
[null,null,null,null,null,null,null,null,null,null,null,null,null,"","","",0]
[null,null,null,null,null,null,null,null,null,null,null,null,null,"","","",0]
[null,null,null,null,null,null,null,null,null,null,null,null,null,"","","",0]
[null,null,null,null,null,null,null,null,null,null,null,null,null,"","","",0]
[null,null,null,null,null,null,null,null,null,null,null,null,null,"","","",0]
[null,null,null,null,null,null,null,null,null,null,null,null,null,"","","",0]
[null,null,null,null,null,null,null,null,null,null,null,null,null,"","","",0]
[null,null,null,null,null,null,null,null,null,null,null,null,null,"","","",0]
[null,null,null,null,null,null,null,null,null,null,null,null,null,"","","",0]
[null,null,null,null,null,null,null,null,null,null,null,null,null,"","","",0]
[null,null,null,null,null,null,null,null,null,null,null,null,null,"","","",0]
[null,null,null,null,null,null,null,null,null,null,null,null,null,"","","",0]
[null,null,null,null,null,null,null,null,null,null,null,null,null,"","","",0]
[null,null,null,null,null,null,null,null,null,null,null,null,null,"","","",0]
[null,null,null,null,null,null,null,null,null,null,null,null,null,"","","",0]
[null,null,null,null,null,null,null,null,null,null,null,null,null,"","","",0]
[null,null,null,null,null,null,null,null,null,null,null,null,null,"","","",0]
[null,null,null,null,null,null,null,null,null,null,null,null,null,"","","",0]
[null,null,null,null,null,null,null,null,null,null,null,null,null,"","","",0]
[null,null,null,null,null,null,null,null,null,null,null,null,null,"","","",0]
[null,null,null,null,null,null,null,null,null,null,null,null,null,"","","",0]
[null,null,null,null,null,null,null,null,null,null,null,null,null,"","","",0]
[null,null,null,null,null,null,null,null,null,null,null,null,null,"","","",0]
[null,null,null,null,null,null,null,null,null,null,null,null,null,"","","",0]
[null,null,null,null,null,null,null,null,null,null,null,null,null,"","","",0]
[null,null,null,null,null,null,null,null,null,null,null,null,null,"","","",0]
[null,null,null,null,null,null,null,null,null,null,null,null,null,"","","",0]
[null,null,null,null,null,null,null,null,null,null,null,null,null,"","","",0]
[null,null,null,null,null,null,null,null,null,null,null,null,null,"","","",0]
[null,null,null,null,null,null,null,null,null,null,null,null,null,"","","",0]
[null,null,null,null,null,null,null,null,null,null,null,null,null,"","","",0]
[null,null,null,null,null,null,null,null,null,null,null,null,null,"","","",0]
[null,null,null,null,null,null,null,null,null,null,null,null,null,"","","",0]
[null,null,null,null,null,null,null,null,null,null,null,null,null,"","","",0]
[null,null,null,null,null,null,null,null,null,null,null,null,null,"","","",0]
[null,null,null,null,null,null,null,null,null,null,null,null,null,"","","",0]
[null,null,null,null,null,null,null,null,null,null,null,null,null,"","","",0]
[null,null,null,null,null,null,null,null,null,null,null,null,null,{"$f":"UPPER(TRIM(B6295))","v":""},{"$f":"UPPER(TRIM(D6295))","v":""},{"$f":"UPPER(TRIM(E6295))","v":""},0]
[null,null,null,null,null,null,null,null,null,null,null,null,null,"","","",0]
[null,null,null,null,null,null,null,null,null,null,null,null,null,"","","",0]
[null,null,null,null,null,null,null,null,null,null,null,null,null,"","","",0]
[null,null,null,null,null,null,null,null,null,null,null,null,null,"","","",0]
[null,null,null,null,null,null,null,null,null,null,null,null,null,"","","",0]
[null,null,null,null,null,null,null,null,null,null,null,null,null,"","","",0]
[null,null,null,null,null,null,null,null,null,null,null,null,null,"","","",0]
[null,null,null,null,null,null,null,null,null,null,null,null,null,"","","",0]
[null,null,null,null,null,null,null,null,null,null,null,null,null,"","","",0]
[null,null,null,null,null,null,null,null,null,null,null,null,null,"","","",0]
[null,null,null,null,null,null,null,null,null,null,null,null,null,"","","",0]
[null,null,null,null,null,null,null,null,null,null,null,null,null,"","","",0]
[null,null,null,null,null,null,null,null,null,null,null,null,null,"","","",0]
[null,null,null,null,null,null,null,null,null,null,null,null,null,"","","",0]
[null,null,null,null,null,null,null,null,null,null,null,null,null,"","","",0]
[null,null,null,null,null,null,null,null,null,null,null,null,null,"","","",0]
[null,null,null,null,null,null,null,null,null,null,null,null,null,"","","",0]
[null,null,null,null,null,null,null,null,null,null,null,null,null,"","","",0]
[null,null,null,null,null,null,null,null,null,null,null,null,null,"","","",0]
[null,null,null,null,null,null,null,null,null,null,null,null,null,"","","",0]
[null,null,null,null,null,null,null,null,null,null,null,null,null,"","","",0]
[null,null,null,null,null,null,null,null,null,null,null,null,null,"","","",0]
[null,null,null,null,null,null,null,null,null,null,null,null,null,"","","",0]
[null,null,null,null,null,null,null,null,null,null,null,null,null,"","","",0]
[null,null,null,null,null,null,null,null,null,null,null,null,null,"","","",{"$f":"G6394","v":0}]
[null,null,null,null,null,null,null,null,null,null,null,null,null,"","","",0]
[null,null,null,null,null,null,null,null,null,null,null,null,null,"","","",0]
[null,null,null,null,null,null,null,null,null,null,null,null,null,"","","",0]
[null,null,null,null,null,null,null,null,null,null,null,null,null,"","","",0]
[null,null,null,null,null,null,null,null,null,null,null,null,null,"","","",0]
[null,null,null,null,null,null,null,null,null,null,null,null,null,"","","",0]
[null,null,null,null,null,null,null,null,null,null,null,null,null,"","","",0]
[null,null,null,null,null,null,null,null,null,null,null,null,null,"","","",0]
[null,null,null,null,null,null,null,null,null,null,null,null,null,"","","",0]
[null,null,null,null,null,null,null,null,null,null,null,null,null,"","","",0]
[null,null,null,null,null,null,null,null,null,null,null,null,null,"","","",0]
[null,null,null,null,null,null,null,null,null,null,null,null,null,"","","",0]
[null,null,null,null,null,null,null,null,null,null,null,null,null,"","","",0]
[null,null,null,null,null,null,null,null,null,null,null,null,null,"","","",0]
[null,null,null,null,null,null,null,null,null,null,null,null,null,"","","",0]
[null,null,null,null,null,null,null,null,null,null,null,null,null,"","","",0]
[null,null,null,null,null,null,null,null,null,null,null,null,null,"","","",{"$f":"G6458","v":0}]
[null,null,null,null,null,null,null,null,null,null,null,null,null,"","","",0]
[null,null,null,null,null,null,null,null,null,null,null,null,null,"","","",0]
[null,null,null,null,null,null,null,null,null,null,null,null,null,"","","",0]
[null,null,null,null,null,null,null,null,null,null,null,null,null,"","","",0]
[null,null,null,null,null,null,null,null,null,null,null,null,null,"","","",0]
[null,null,null,null,null,null,null,null,null,null,null,null,null,"","","",0]
[null,null,null,null,null,null,null,null,null,null,null,null,null,"","","",0]
[null,null,null,null,null,null,null,null,null,null,null,null,null,"","","",0]
[null,null,null,null,null,null,null,null,null,null,null,null,null,"","","",0]
[null,null,null,null,null,null,null,null,null,null,null,null,null,"","","",0]
[null,null,null,null,null,null,null,null,null,null,null,null,null,"","","",0]
[null,null,null,null,null,null,null,null,null,null,null,null,null,"","","",0]
[null,null,null,null,null,null,null,null,null,null,null,null,null,"","","",0]
[null,null,null,null,null,null,null,null,null,null,null,null,null,"","","",0]
[null,null,null,null,null,null,null,null,null,null,null,null,null,"","","",0]
[null,null,null,null,null,null,null,null,null,null,null,null,null,"","","",0]
[null,null,null,null,null,null,null,null,null,null,null,null,null,"","","",0]
[null,null,null,null,null,null,null,null,null,null,null,null,null,"","","",0]
[null,null,null,null,null,null,null,null,null,null,null,null,null,"","","",0]
[null,null,null,null,null,null,null,null,null,null,null,null,null,"","","",0]
[null,null,null,null,null,null,null,null,null,null,null,null,null,"","","",0]
[null,null,null,null,null,null,null,null,null,null,null,null,null,"","","",0]
[null,null,null,null,null,null,null,null,null,null,null,null,null,"","","",0]
[null,null,null,null,null,null,null,null,null,null,null,null,null,"","","",0]
[null,null,null,null,null,null,null,null,null,null,null,null,null,"","","",0]
[null,null,null,null,null,null,null,null,null,null,null,null,null,"","","",0]
[null,null,null,null,null,null,null,null,null,null,null,null,null,"","","",0]
[null,null,null,null,null,null,null,null,null,null,null,null,null,"","","",0]
[null,null,null,null,null,null,null,null,null,null,null,null,null,"","","",0]
[null,null,null,null,null,null,null,null,null,null,null,null,null,"","","",0]
[null,null,null,null,null,null,null,null,null,null,null,null,null,"","","",0]
[null,null,null,null,null,null,null,null,null,null,null,null,null,"","","",0]
[null,null,null,null,null,null,null,null,null,null,null,null,null,"","","",0]
[null,null,null,null,null,null,null,null,null,null,null,null,null,"","","",0]
[null,null,null,null,null,null,null,null,null,null,null,null,null,"","","",0]
[null,null,null,null,null,null,null,null,null,null,null,null,null,"","","",0]
[null,null,null,null,null,null,null,null,null,null,null,null,null,"","","",0]
[null,null,null,null,null,null,null,null,null,null,null,null,null,"","","",0]
[null,null,null,null,null,null,null,null,null,null,null,null,null,{"$f":"UPPER(TRIM(B6615))","v":""},{"$f":"UPPER(TRIM(D6615))","v":""},{"$f":"UPPER(TRIM(E6615))","v":""},0]
[null,null,null,null,null,null,null,null,null,null,null,null,null,"","","",0]
[null,null,null,null,null,null,null,null,null,null,null,null,null,"","","",0]
[null,null,null,null,null,null,null,null,null,null,null,null,null,"","","",0]
[null,null,null,null,null,null,null,null,null,null,null,null,null,"","","",0]
[null,null,null,null,null,null,null,null,null,null,null,null,null,"","","",0]
[null,null,null,null,null,null,null,null,null,null,null,null,null,"","","",0]
[null,null,null,null,null,null,null,null,null,null,null,null,null,"","","",0]
[null,null,null,null,null,null,null,null,null,null,null,null,null,"","","",0]
[null,null,null,null,null,null,null,null,null,null,null,null,null,"","","",0]
[null,null,null,null,null,null,null,null,null,null,null,null,null,"","","",0]
[null,null,null,null,null,null,null,null,null,null,null,null,null,"","","",0]
[null,null,null,null,null,null,null,null,null,null,null,null,null,"","","",0]
[null,null,null,null,null,null,null,null,null,null,null,null,null,"","","",0]
[null,null,null,null,null,null,null,null,null,null,null,null,null,"","","",0]
[null,null,null,null,null,null,null,null,null,null,null,null,null,"","","",0]
[null,null,null,null,null,null,null,null,null,null,null,null,null,"","","",0]
[null,null,null,null,null,null,null,null,null,null,null,null,null,{"$f":"UPPER(TRIM(B6679))","v":""},{"$f":"UPPER(TRIM(D6679))","v":""},{"$f":"UPPER(TRIM(E6679))","v":""},0]
[null,null,null,null,null,null,null,null,null,null,null,null,null,"","","",0]
[null,null,null,null,null,null,null,null,null,null,null,null,null,"","","",0]
[null,null,null,null,null,null,null,null,null,null,null,null,null,"","","",0]
[null,null,null,null,null,null,null,null,null,null,null,null,null,"","","",0]
[null,null,null,null,null,null,null,null,null,null,null,null,null,"","","",0]
[null,null,null,null,null,null,null,null,null,null,null,null,null,"","","",0]
[null,null,null,null,null,null,null,null,null,null,null,null,null,"","","",0]
[null,null,null,null,null,null,null,null,null,null,null,null,null,"","","",0]
[null,null,null,null,null,null,null,null,null,null,null,null,null,"","","",0]
[null,null,null,null,null,null,null,null,null,null,null,null,null,"","","",0]
[null,null,null,null,null,null,null,null,null,null,null,null,null,"","","",0]
[null,null,null,null,null,null,null,null,null,null,null,null,null,"","","",0]
[null,null,null,null,null,null,null,null,null,null,null,null,null,"","","",0]
[null,null,null,null,null,null,null,null,null,null,null,null,null,"","","",0]
[null,null,null,null,null,null,null,null,null,null,null,null,null,"","","",0]
[null,null,null,null,null,null,null,null,null,null,null,null,null,"","","",0]
[null,null,null,null,null,null,null,null,null,null,null,null,null,"","","",0]
[null,null,null,null,null,null,null,null,null,null,null,null,null,"","","",0]
[null,null,null,null,null,null,null,null,null,null,null,null,null,"","","",0]
[null,null,null,null,null,null,null,null,null,null,null,null,null,"","","",0]
[null,null,null,null,null,null,null,null,null,null,null,null,null,"","","",0]
[null,null,null,null,null,null,null,null,null,null,null,null,null,"","","",0]
[null,null,null,null,null,null,null,null,null,null,null,null,null,"","","",0]
[null,null,null,null,null,null,null,null,null,null,null,null,null,"","","",0]
[null,null,null,null,null,null,null,null,null,null,null,null,null,"","","",0]
[null,null,null,null,null,null,null,null,null,null,null,null,null,"","","",0]
[null,null,null,null,null,null,null,null,null,null,null,null,null,"","","",0]
[null,null,null,null,null,null,null,null,null,null,null,null,null,"","","",0]
[null,null,null,null,null,null,null,null,null,null,null,null,null,"","","",0]
[null,null,null,null,null,null,null,null,null,null,null,null,null,"","","",0]
[null,null,null,null,null,null,null,null,null,null,null,null,null,"","","",0]
[null,null,null,null,null,null,null,null,null,null,null,null,null,"","","",0]
[null,null,null,null,null,null,null,null,null,null,null,null,null,"","","",0]
[null,null,null,null,null,null,null,null,null,null,null,null,null,"","","",0]
[null,null,null,null,null,null,null,null,null,null,null,null,null,"","","",0]
[null,null,null,null,null,null,null,null,null,null,null,null,null,"","","",0]
[null,null,null,null,null,null,null,null,null,null,null,null,null,"","","",0]
[null,null,null,null,null,null,null,null,null,null,null,null,null,"","","",0]
[null,null,null,null,null,null,null,null,null,null,null,null,null,"","","",0]
[null,null,null,null,null,null,null,null,null,null,null,null,null,"","","",0]
[null,null,null,null,null,null,null,null,null,null,null,null,null,"","","",{"$f":"G6842","v":0}]
[null,null,null,null,null,null,null,null,null,null,null,null,null,"","","",0]
[null,null,null,null,null,null,null,null,null,null,null,null,null,"","","",0]
[null,null,null,null,null,null,null,null,null,null,null,null,null,"","","",0]
[null,null,null,null,null,null,null,null,null,null,null,null,null,"","","",0]
[null,null,null,null,null,null,null,null,null,null,null,null,null,"","","",0]
[null,null,null,null,null,null,null,null,null,null,null,null,null,"","","",0]
[null,null,null,null,null,null,null,null,null,null,null,null,null,"","","",0]
[null,null,null,null,null,null,null,null,null,null,null,null,null,"","","",0]
[null,null,null,null,null,null,null,null,null,null,null,null,null,"","","",0]
[null,null,null,null,null,null,null,null,null,null,null,null,null,"","","",0]
[null,null,null,null,null,null,null,null,null,null,null,null,null,"","","",0]
[null,null,null,null,null,null,null,null,null,null,null,null,null,"","","",0]
[null,null,null,null,null,null,null,null,null,null,null,null,null,"","","",0]
[null,null,null,null,null,null,null,null,null,null,null,null,null,"","","",0]
[null,null,null,null,null,null,null,null,null,null,null,null,null,"","","",0]
[null,null,null,null,null,null,null,null,null,null,null,null,null,"","","",0]
[null,null,null,null,null,null,null,null,null,null,null,null,null,"","","",0]
[null,null,null,null,null,null,null,null,null,null,null,null,null,"","","",0]
[null,null,null,null,null,null,null,null,null,null,null,null,null,"","","",0]
[null,null,null,null,null,null,null,null,null,null,null,null,null,"","","",0]
[null,null,null,null,null,null,null,null,null,null,null,null,null,"","","",0]
[null,null,null,null,null,null,null,null,null,null,null,null,null,"","","",0]
[null,null,null,null,null,null,null,null,null,null,null,null,null,"","","",0]
[null,null,null,null,null,null,null,null,null,null,null,null,null,"","","",0]
[null,null,null,null,null,null,null,null,null,null,null,null,null,"","","",0]
[null,null,null,null,null,null,null,null,null,null,null,null,null,"","","",0]
[null,null,null,null,null,null,null,null,null,null,null,null,null,"","","",0]
[null,null,null,null,null,null,null,null,null,null,null,null,null,"","","",0]
[null,null,null,null,null,null,null,null,null,null,null,null,null,"","","",0]
[null,null,null,null,null,null,null,null,null,null,null,null,null,"","","",0]
[null,null,null,null,null,null,null,null,null,null,null,null,null,"","","",0]
[null,null,null,null,null,null,null,null,null,null,null,null,null,"","","",0]
[null,null,null,null,null,null,null,null,null,null,null,null,null,"","","",0]
[null,null,null,null,null,null,null,null,null,null,null,null,null,"","","",0]
[null,null,null,null,null,null,null,null,null,null,null,null,null,"","","",0]
[null,null,null,null,null,null,null,null,null,null,null,null,null,"","","",0]
[null,null,null,null,null,null,null,null,null,null,null,null,null,"","","",0]
[null,null,null,null,null,null,null,null,null,null,null,null,null,"","","",0]
[null,null,null,null,null,null,null,null,null,null,null,null,null,"","","",0]
[null,null,null,null,null,null,null,null,null,null,null,null,null,{"$f":"UPPER(TRIM(B6999))","v":""},{"$f":"UPPER(TRIM(D6999))","v":""},{"$f":"UPPER(TRIM(E6999))","v":""},0]
[null,null,null,null,null,null,null,null,null,null,null,null,null,"","","",0]
[null,null,null,null,null,null,null,null,null,null,null,null,null,"","","",0]
[null,null,null,null,null,null,null,null,null,null,null,null,null,"","","",0]
[null,null,null,null,null,null,null,null,null,null,null,null,null,"","","",0]
[null,null,null,null,null,null,null,null,null,null,null,null,null,"","","",0]
[null,null,null,null,null,null,null,null,null,null,null,null,null,"","","",0]
[null,null,null,null,null,null,null,null,null,null,null,null,null,"","","",0]
[null,null,null,null,null,null,null,null,null,null,null,null,null,"","","",0]
[null,null,null,null,null,null,null,null,null,null,null,null,null,"","","",0]
[null,null,null,null,null,null,null,null,null,null,null,null,null,"","","",0]
[null,null,null,null,null,null,null,null,null,null,null,null,null,"","","",0]
[null,null,null,null,null,null,null,null,null,null,null,null,null,"","","",0]
[null,null,null,null,null,null,null,null,null,null,null,null,null,"","","",0]
[null,null,null,null,null,null,null,null,null,null,null,null,null,"","","",0]
[null,null,null,null,null,null,null,null,null,null,null,null,null,"","","",0]
[null,null,null,null,null,null,null,null,null,null,null,null,null,"","","",0]
[null,null,null,null,null,null,null,null,null,null,null,null,null,"","","",0]
[null,null,null,null,null,null,null,null,null,null,null,null,null,"","","",0]
[null,null,null,null,null,null,null,null,null,null,null,null,null,"","","",0]
[null,null,null,null,null,null,null,null,null,null,null,null,null,"","","",0]
[null,null,null,null,null,null,null,null,null,null,null,null,null,"","","",0]
[null,null,null,null,null,null,null,null,null,null,null,null,null,"","","",0]
[null,null,null,null,null,null,null,null,null,null,null,null,null,"","","",0]
[null,null,null,null,null,null,null,null,null,null,null,null,null,"","","",0]
[null,null,null,null,null,null,null,null,null,null,null,null,null,"","","",0]
[null,null,null,null,null,null,null,null,null,null,null,null,null,"","","",0]
[null,null,null,null,null,null,null,null,null,null,null,null,null,"","","",0]
[null,null,null,null,null,null,null,null,null,null,null,null,null,"","","",0]
[null,null,null,null,null,null,null,null,null,null,null,null,null,"","","",0]
[null,null,null,null,null,null,null,null,null,null,null,null,null,"","","",0]
[null,null,null,null,null,null,null,null,null,null,null,null,null,"","","",0]
[null,null,null,null,null,null,null,null,null,null,null,null,null,"","","",0]
[null,null,null,null,null,null,null,null,null,null,null,null,null,"","","",0]
[null,null,null,null,null,null,null,null,null,null,null,null,null,"","","",0]
[null,null,null,null,null,null,null,null,null,null,null,null,null,"","","",0]
[null,null,null,null,null,null,null,null,null,null,null,null,null,"","","",0]
[null,null,null,null,null,null,null,null,null,null,null,null,null,"","","",0]
[null,null,null,null,null,null,null,null,null,null,null,null,null,"","","",0]
[null,null,null,null,null,null,null,null,null,null,null,null,null,"","","",0]
[null,null,null,null,null,null,null,null,null,null,null,null,null,"","","",0]
[null,null,null,null,null,null,null,null,null,null,null,null,null,"","","",{"$f":"G7162","v":0}]
[null,null,null,null,null,null,null,null,null,null,null,null,null,"","","",0]
[null,null,null,null,null,null,null,null,null,null,null,null,null,"","","",0]
[null,null,null,null,null,null,null,null,null,null,null,null,null,"","","",0]
[null,null,null,null,null,null,null,null,null,null,null,null,null,"","","",0]
[null,null,null,null,null,null,null,null,null,null,null,null,null,"","","",0]
[null,null,null,null,null,null,null,null,null,null,null,null,null,"","","",0]
[null,null,null,null,null,null,null,null,null,null,null,null,null,"","","",0]
[null,null,null,null,null,null,null,null,null,null,null,null,null,"","","",0]
[null,null,null,null,null,null,null,null,null,null,null,null,null,"","","",0]
[null,null,null,null,null,null,null,null,null,null,null,null,null,"","","",0]
[null,null,null,null,null,null,null,null,null,null,null,null,null,"","","",0]
[null,null,null,null,null,null,null,null,null,null,null,null,null,"","","",0]
[null,null,null,null,null,null,null,null,null,null,null,null,null,"","","",0]
[null,null,null,null,null,null,null,null,null,null,null,null,null,"","","",0]
[null,null,null,null,null,null,null,null,null,null,null,null,null,"","","",0]
[null,null,null,null,null,null,null,null,null,null,null,null,null,"","","",0]
[null,null,null,null,null,null,null,null,null,null,null,null,null,"","","",0]
[null,null,null,null,null,null,null,null,null,null,null,null,null,"","","",0]
[null,null,null,null,null,null,null,null,null,null,null,null,null,"","","",0]
[null,null,null,null,null,null,null,null,null,null,null,null,null,"","","",0]
[null,null,null,null,null,null,null,null,null,null,null,null,null,"","","",0]
[null,null,null,null,null,null,null,null,null,null,null,null,null,"","","",0]
[null,null,null,null,null,null,null,null,null,null,null,null,null,"","","",0]
[null,null,null,null,null,null,null,null,null,null,null,null,null,{"$f":"UPPER(TRIM(B7255))","v":""},{"$f":"UPPER(TRIM(D7255))","v":""},{"$f":"UPPER(TRIM(E7255))","v":""},0]
[null,null,null,null,null,null,null,null,null,null,null,null,null,"","","",0]
[null,null,null,null,null,null,null,null,null,null,null,null,null,"","","",0]
[null,null,null,null,null,null,null,null,null,null,null,null,null,"","","",0]
[null,null,null,null,null,null,null,null,null,null,null,null,null,"","","",0]
[null,null,null,null,null,null,null,null,null,null,null,null,null,"","","",0]
[null,null,null,null,null,null,null,null,null,null,null,null,null,"","","",0]
[null,null,null,null,null,null,null,null,null,null,null,null,null,"","","",0]
[null,null,null,null,null,null,null,null,null,null,null,null,null,"","","",0]
[null,null,null,null,null,null,null,null,null,null,null,null,null,"","","",0]
[null,null,null,null,null,null,null,null,null,null,null,null,null,"","","",0]
[null,null,null,null,null,null,null,null,null,null,null,null,null,"","","",0]
[null,null,null,null,null,null,null,null,null,null,null,null,null,"","","",0]
[null,null,null,null,null,null,null,null,null,null,null,null,null,"","","",0]
[null,null,null,null,null,null,null,null,null,null,null,null,null,"","","",0]
[null,null,null,null,null,null,null,null,null,null,null,null,null,"","","",0]
[null,null,null,null,null,null,null,null,null,null,null,null,null,"","","",0]
[null,null,null,null,null,null,null,null,null,null,null,null,null,"","","",0]
[null,null,null,null,null,null,null,null,null,null,null,null,null,"","","",0]
[null,null,null,null,null,null,null,null,null,null,null,null,null,"","","",0]
[null,null,null,null,null,null,null,null,null,null,null,null,null,"","","",0]
[null,null,null,null,null,null,null,null,null,null,null,null,null,"","","",0]
[null,null,null,null,null,null,null,null,null,null,null,null,null,"","","",0]
[null,null,null,null,null,null,null,null,null,null,null,null,null,"","","",0]
[null,null,null,null,null,null,null,null,null,null,null,null,null,"","","",0]
[null,null,null,null,null,null,null,null,null,null,null,null,null,"","","",0]
[null,null,null,null,null,null,null,null,null,null,null,null,null,"","","",0]
[null,null,null,null,null,null,null,null,null,null,null,null,null,"","","",0]
[null,null,null,null,null,null,null,null,null,null,null,null,null,"","","",0]
[null,null,null,null,null,null,null,null,null,null,null,null,null,"","","",0]
[null,null,null,null,null,null,null,null,null,null,null,null,null,"","","",0]
[null,null,null,null,null,null,null,null,null,null,null,null,null,"","","",0]
[null,null,null,null,null,null,null,null,null,null,null,null,null,{"$f":"UPPER(TRIM(B7383))","v":""},{"$f":"UPPER(TRIM(D7383))","v":""},{"$f":"UPPER(TRIM(E7383))","v":""},0]
[null,null,null,null,null,null,null,null,null,null,null,null,null,"","","",0]
[null,null,null,null,null,null,null,null,null,null,null,null,null,"","","",0]
[null,null,null,null,null,null,null,null,null,null,null,null,null,"","","",0]
[null,null,null,null,null,null,null,null,null,null,null,null,null,"","","",0]
[null,null,null,null,null,null,null,null,null,null,null,null,null,"","","",0]
[null,null,null,null,null,null,null,null,null,null,null,null,null,"","","",0]
[null,null,null,null,null,null,null,null,null,null,null,null,null,"","","",0]
[null,null,null,null,null,null,null,null,null,null,null,null,null,"","","",0]
[null,null,null,null,null,null,null,null,null,null,null,null,null,"","","",0]
[null,null,null,null,null,null,null,null,null,null,null,null,null,"","","",0]
[null,null,null,null,null,null,null,null,null,null,null,null,null,"","","",0]
[null,null,null,null,null,null,null,null,null,null,null,null,null,"","","",0]
[null,null,null,null,null,null,null,null,null,null,null,null,null,"","","",0]
[null,null,null,null,null,null,null,null,null,null,null,null,null,"","","",0]
[null,null,null,null,null,null,null,null,null,null,null,null,null,"","","",0]
[null,null,null,null,null,null,null,null,null,null,null,null,null,"","","",0]
[null,null,null,null,null,null,null,null,null,null,null,null,null,"","","",0]
[null,null,null,null,null,null,null,null,null,null,null,null,null,"","","",0]
[null,null,null,null,null,null,null,null,null,null,null,null,null,"","","",0]
[null,null,null,null,null,null,null,null,null,null,null,null,null,"","","",0]
[null,null,null,null,null,null,null,null,null,null,null,null,null,"","","",0]
[null,null,null,null,null,null,null,null,null,null,null,null,null,"","","",0]
[null,null,null,null,null,null,null,null,null,null,null,null,null,"","","",0]
[null,null,null,null,null,null,null,null,null,null,null,null,null,"","","",0]
[null,null,null,null,null,null,null,null,null,null,null,null,null,"","","",{"$f":"G7482","v":0}]
[null,null,null,null,null,null,null,null,null,null,null,null,null,"","","",0]
[null,null,null,null,null,null,null,null,null,null,null,null,null,"","","",0]
[null,null,null,null,null,null,null,null,null,null,null,null,null,"","","",0]
[null,null,null,null,null,null,null,null,null,null,null,null,null,"","","",0]
[null,null,null,null,null,null,null,null,null,null,null,null,null,"","","",0]
[null,null,null,null,null,null,null,null,null,null,null,null,null,"","","",0]
[null,null,null,null,null,null,null,null,null,null,null,null,null,"","","",0]
[null,null,null,null,null,null,null,null,null,null,null,null,null,"","","",0]
[null,null,null,null,null,null,null,null,null,null,null,null,null,"","","",0]
[null,null,null,null,null,null,null,null,null,null,null,null,null,"","","",0]
[null,null,null,null,null,null,null,null,null,null,null,null,null,"","","",0]
[null,null,null,null,null,null,null,null,null,null,null,null,null,"","","",0]
[null,null,null,null,null,null,null,null,null,null,null,null,null,"","","",0]
[null,null,null,null,null,null,null,null,null,null,null,null,null,"","","",0]
[null,null,null,null,null,null,null,null,null,null,null,null,null,"","","",0]
[null,null,null,null,null,null,null,null,null,null,null,null,null,"","","",0]
[null,null,null,null,null,null,null,null,null,null,null,null,null,"","","",{"$f":"G7546","v":0}]
[null,null,null,null,null,null,null,null,null,null,null,null,null,"","","",0]
[null,null,null,null,null,null,null,null,null,null,null,null,null,"","","",0]
[null,null,null,null,null,null,null,null,null,null,null,null,null,"","","",0]
[null,null,null,null,null,null,null,null,null,null,null,null,null,"","","",0]
[null,null,null,null,null,null,null,null,null,null,null,null,null,"","","",0]
[null,null,null,null,null,null,null,null,null,null,null,null,null,"","","",0]
[null,null,null,null,null,null,null,null,null,null,null,null,null,"","","",0]
[null,null,null,null,null,null,null,null,null,null,null,null,null,"","","",0]
[null,null,null,null,null,null,null,null,null,null,null,null,null,"","","",0]
[null,null,null,null,null,null,null,null,null,null,null,null,null,"","","",0]
[null,null,null,null,null,null,null,null,null,null,null,null,null,"","","",0]
[null,null,null,null,null,null,null,null,null,null,null,null,null,"","","",0]
[null,null,null,null,null,null,null,null,null,null,null,null,null,"","","",0]
[null,null,null,null,null,null,null,null,null,null,null,null,null,"","","",0]
[null,null,null,null,null,null,null,null,null,null,null,null,null,"","","",0]
[null,null,null,null,null,null,null,null,null,null,null,null,null,"","","",0]
[null,null,null,null,null,null,null,null,null,null,null,null,null,"","","",0]
[null,null,null,null,null,null,null,null,null,null,null,null,null,"","","",0]
[null,null,null,null,null,null,null,null,null,null,null,null,null,"","","",0]
[null,null,null,null,null,null,null,null,null,null,null,null,null,"","","",0]
[null,null,null,null,null,null,null,null,null,null,null,null,null,"","","",0]
[null,null,null,null,null,null,null,null,null,null,null,null,null,"","","",0]
[null,null,null,null,null,null,null,null,null,null,null,null,null,"","","",0]
[null,null,null,null,null,null,null,null,null,null,null,null,null,"","","",0]
[null,null,null,null,null,null,null,null,null,null,null,null,null,"","","",0]
[null,null,null,null,null,null,null,null,null,null,null,null,null,"","","",0]
[null,null,null,null,null,null,null,null,null,null,null,null,null,"","","",0]
[null,null,null,null,null,null,null,null,null,null,null,null,null,"","","",0]
[null,null,null,null,null,null,null,null,null,null,null,null,null,"","","",0]
[null,null,null,null,null,null,null,null,null,null,null,null,null,"","","",0]
[null,null,null,null,null,null,null,null,null,null,null,null,null,"","","",0]
[null,null,null,null,null,null,null,null,null,null,null,null,null,"","","",0]
[null,null,null,null,null,null,null,null,null,null,null,null,null,"","","",0]
[null,null,null,null,null,null,null,null,null,null,null,null,null,"","","",0]
[null,null,null,null,null,null,null,null,null,null,null,null,null,"","","",0]
[null,null,null,null,null,null,null,null,null,null,null,null,null,"","","",0]
[null,null,null,null,null,null,null,null,null,null,null,null,null,"","","",0]
[null,null,null,null,null,null,null,null,null,null,null,null,null,"","","",0]
[null,null,null,null,null,null,null,null,null,null,null,null,null,{"$f":"UPPER(TRIM(B7703))","v":""},{"$f":"UPPER(TRIM(D7703))","v":""},{"$f":"UPPER(TRIM(E7703))","v":""},0]
[null,null,null,null,null,null,null,null,null,null,null,null,null,"","","",0]
[null,null,null,null,null,null,null,null,null,null,null,null,null,"","","",0]
[null,null,null,null,null,null,null,null,null,null,null,null,null,"","","",0]
[null,null,null,null,null,null,null,null,null,null,null,null,null,"","","",0]
[null,null,null,null,null,null,null,null,null,null,null,null,null,"","","",0]
[null,null,null,null,null,null,null,null,null,null,null,null,null,"","","",0]
[null,null,null,null,null,null,null,null,null,null,null,null,null,"","","",0]
[null,null,null,null,null,null,null,null,null,null,null,null,null,"","","",0]
[null,null,null,null,null,null,null,null,null,null,null,null,null,"","","",0]
[null,null,null,null,null,null,null,null,null,null,null,null,null,"","","",0]
[null,null,null,null,null,null,null,null,null,null,null,null,null,"","","",0]
[null,null,null,null,null,null,null,null,null,null,null,null,null,"","","",0]
[null,null,null,null,null,null,null,null,null,null,null,null,null,"","","",0]
[null,null,null,null,null,null,null,null,null,null,null,null,null,"","","",0]
[null,null,null,null,null,null,null,null,null,null,null,null,null,"","","",0]
[null,null,null,null,null,null,null,null,null,null,null,null,null,"","","",0]
[null,null,null,null,null,null,null,null,null,null,null,null,null,{"$f":"UPPER(TRIM(B7767))","v":""},{"$f":"UPPER(TRIM(D7767))","v":""},{"$f":"UPPER(TRIM(E7767))","v":""},0]
[null,null,null,null,null,null,null,null,null,null,null,null,null,"","","",0]
[null,null,null,null,null,null,null,null,null,null,null,null,null,"","","",0]
[null,null,null,null,null,null,null,null,null,null,null,null,null,"","","",0]
[null,null,null,null,null,null,null,null,null,null,null,null,null,"","","",0]
[null,null,null,null,null,null,null,null,null,null,null,null,null,"","","",0]
[null,null,null,null,null,null,null,null,null,null,null,null,null,"","","",0]
[null,null,null,null,null,null,null,null,null,null,null,null,null,"","","",0]
[null,null,null,null,null,null,null,null,null,null,null,null,null,"","","",0]
[null,null,null,null,null,null,null,null,null,null,null,null,null,"","","",0]
[null,null,null,null,null,null,null,null,null,null,null,null,null,"","","",0]
[null,null,null,null,null,null,null,null,null,null,null,null,null,"","","",0]
[null,null,null,null,null,null,null,null,null,null,null,null,null,"","","",0]
[null,null,null,null,null,null,null,null,null,null,null,null,null,"","","",0]
[null,null,null,null,null,null,null,null,null,null,null,null,null,"","","",0]
[null,null,null,null,null,null,null,null,null,null,null,null,null,"","","",0]
[null,null,null,null,null,null,null,null,null,null,null,null,null,"","","",0]
[null,null,null,null,null,null,null,null,null,null,null,null,null,"","","",0]
[null,null,null,null,null,null,null,null,null,null,null,null,null,"","","",0]
[null,null,null,null,null,null,null,null,null,null,null,null,null,"","","",0]
[null,null,null,null,null,null,null,null,null,null,null,null,null,"","","",0]
[null,null,null,null,null,null,null,null,null,null,null,null,null,"","","",0]
[null,null,null,null,null,null,null,null,null,null,null,null,null,"","","",0]
[null,null,null,null,null,null,null,null,null,null,null,null,null,"","","",0]
[null,null,null,null,null,null,null,null,null,null,null,null,null,"","","",0]
[null,null,null,null,null,null,null,null,null,null,null,null,null,"","","",{"$f":"G7866","v":0}]
[null,null,null,null,null,null,null,null,null,null,null,null,null,"","","",0]
[null,null,null,null,null,null,null,null,null,null,null,null,null,"","","",0]
[null,null,null,null,null,null,null,null,null,null,null,null,null,"","","",0]
[null,null,null,null,null,null,null,null,null,null,null,null,null,"","","",0]
[null,null,null,null,null,null,null,null,null,null,null,null,null,"","","",0]
[null,null,null,null,null,null,null,null,null,null,null,null,null,"","","",0]
[null,null,null,null,null,null,null,null,null,null,null,null,null,"","","",0]
[null,null,null,null,null,null,null,null,null,null,null,null,null,"","","",0]
[null,null,null,null,null,null,null,null,null,null,null,null,null,"","","",0]
[null,null,null,null,null,null,null,null,null,null,null,null,null,"","","",0]
[null,null,null,null,null,null,null,null,null,null,null,null,null,"","","",0]
[null,null,null,null,null,null,null,null,null,null,null,null,null,"","","",0]
[null,null,null,null,null,null,null,null,null,null,null,null,null,"","","",0]
[null,null,null,null,null,null,null,null,null,null,null,null,null,"","","",0]
[null,null,null,null,null,null,null,null,null,null,null,null,null,"","","",0]
[null,null,null,null,null,null,null,null,null,null,null,null,null,"","","",0]
[null,null,null,null,null,null,null,null,null,null,null,null,null,"","","",0]
[null,null,null,null,null,null,null,null,null,null,null,null,null,"","","",0]
[null,null,null,null,null,null,null,null,null,null,null,null,null,"","","",0]
[null,null,null,null,null,null,null,null,null,null,null,null,null,"","","",0]
[null,null,null,null,null,null,null,null,null,null,null,null,null,"","","",0]
[null,null,null,null,null,null,null,null,null,null,null,null,null,"","","",0]
[null,null,null,null,null,null,null,null,null,null,null,null,null,"","","",0]
[null,null,null,null,null,null,null,null,null,null,null,null,null,"","","",0]
[null,null,null,null,null,null,null,null,null,null,null,null,null,"","","",0]
[null,null,null,null,null,null,null,null,null,null,null,null,null,"","","",0]
[null,null,null,null,null,null,null,null,null,null,null,null,null,"","","",0]
[null,null,null,null,null,null,null,null,null,null,null,null,null,"","","",0]
[null,null,null,null,null,null,null,null,null,null,null,null,null,"","","",0]
[null,null,null,null,null,null,null,null,null,null,null,null,null,"","","",0]
[null,null,null,null,null,null,null,null,null,null,null,null,null,"","","",0]
[null,null,null,null,null,null,null,null,null,null,null,null,null,"","","",0]
[null,null,null,null,null,null,null,null,null,null,null,null,null,"","","",0]
[null,null,null,null,null,null,null,null,null,null,null,null,null,"","","",0]
[null,null,null,null,null,null,null,null,null,null,null,null,null,"","","",0]
[null,null,null,null,null,null,null,null,null,null,null,null,null,"","","",0]
[null,null,null,null,null,null,null,null,null,null,null,null,null,"","","",0]
[null,null,null,null,null,null,null,null,null,null,null,null,null,"","","",0]
[null,null,null,null,null,null,null,null,null,null,null,null,null,"","","",0]
[null,null,null,null,null,null,null,null,null,null,null,null,null,"","","",0]
[null,null,null,null,null,null,null,null,null,null,null,null,null,"","","",0]
[null,null,null,null,null,null,null,null,null,null,null,null,null,"","","",0]
[null,null,null,null,null,null,null,null,null,null,null,null,null,"","","",0]
[null,null,null,null,null,null,null,null,null,null,null,null,null,"","","",0]
[null,null,null,null,null,null,null,null,null,null,null,null,null,"","","",0]
[null,null,null,null,null,null,null,null,null,null,null,null,null,"","","",0]
[null,null,null,null,null,null,null,null,null,null,null,null,null,"","","",0]
[null,null,null,null,null,null,null,null,null,null,null,null,null,"","","",0]
[null,null,null,null,null,null,null,null,null,null,null,null,null,"","","",0]
[null,null,null,null,null,null,null,null,null,null,null,null,null,"","","",0]
[null,null,null,null,null,null,null,null,null,null,null,null,null,"","","",0]
[null,null,null,null,null,null,null,null,null,null,null,null,null,"","","",0]
[null,null,null,null,null,null,null,null,null,null,null,null,null,"","","",0]
[null,null,null,null,null,null,null,null,null,null,null,null,null,"","","",0]
[null,null,null,null,null,null,null,null,null,null,null,null,null,"","","",0]
[null,null,null,null,null,null,null,null,null,null,null,null,null,{"$f":"UPPER(TRIM(B8087))","v":""},{"$f":"UPPER(TRIM(D8087))","v":""},{"$f":"UPPER(TRIM(E8087))","v":""},0]
[null,null,null,null,null,null,null,null,null,null,null,null,null,"","","",0]
[null,null,null,null,null,null,null,null,null,null,null,null,null,"","","",0]
[null,null,null,null,null,null,null,null,null,null,null,null,null,"","","",0]
[null,null,null,null,null,null,null,null,null,null,null,null,null,"","","",0]
[null,null,null,null,null,null,null,null,null,null,null,null,null,"","","",0]
[null,null,null,null,null,null,null,null,null,null,null,null,null,"","","",0]
[null,null,null,null,null,null,null,null,null,null,null,null,null,"","","",0]
[null,null,null,null,null,null,null,null,null,null,null,null,null,"","","",0]
[null,null,null,null,null,null,null,null,null,null,null,null,null,"","","",0]
[null,null,null,null,null,null,null,null,null,null,null,null,null,"","","",0]
[null,null,null,null,null,null,null,null,null,null,null,null,null,"","","",0]
[null,null,null,null,null,null,null,null,null,null,null,null,null,"","","",0]
[null,null,null,null,null,null,null,null,null,null,null,null,null,"","","",0]
[null,null,null,null,null,null,null,null,null,null,null,null,null,"","","",0]
[null,null,null,null,null,null,null,null,null,null,null,null,null,"","","",0]
[null,null,null,null,null,null,null,null,null,null,null,null,null,"","","",0]
[null,null,null,null,null,null,null,null,null,null,null,null,null,"","","",0]
[null,null,null,null,null,null,null,null,null,null,null,null,null,"","","",0]
[null,null,null,null,null,null,null,null,null,null,null,null,null,"","","",0]
[null,null,null,null,null,null,null,null,null,null,null,null,null,"","","",0]
[null,null,null,null,null,null,null,null,null,null,null,null,null,"","","",0]
[null,null,null,null,null,null,null,null,null,null,null,null,null,"","","",0]
[null,null,null,null,null,null,null,null,null,null,null,null,null,"","","",0]
[null,null,null,null,null,null,null,null,null,null,null,null,null,"","","",0]
[null,null,null,null,null,null,null,null,null,null,null,null,null,"","","",0]
[null,null,null,null,null,null,null,null,null,null,null,null,null,"","","",0]
[null,null,null,null,null,null,null,null,null,null,null,null,null,"","","",0]
[null,null,null,null,null,null,null,null,null,null,null,null,null,"","","",0]
[null,null,null,null,null,null,null,null,null,null,null,null,null,"","","",0]
[null,null,null,null,null,null,null,null,null,null,null,null,null,"","","",0]
[null,null,null,null,null,null,null,null,null,null,null,null,null,"","","",0]
[null,null,null,null,null,null,null,null,null,null,null,null,null,"","","",0]
[null,null,null,null,null,null,null,null,null,null,null,null,null,"","","",0]
[null,null,null,null,null,null,null,null,null,null,null,null,null,"","","",0]
[null,null,null,null,null,null,null,null,null,null,null,null,null,"","","",0]
[null,null,null,null,null,null,null,null,null,null,null,null,null,"","","",0]
[null,null,null,null,null,null,null,null,null,null,null,null,null,"","","",0]
[null,null,null,null,null,null,null,null,null,null,null,null,null,"","","",0]
[null,null,null,null,null,null,null,null,null,null,null,null,null,"","","",0]
[null,null,null,null,null,null,null,null,null,null,null,null,null,"","","",0]
[null,null,null,null,null,null,null,null,null,null,null,null,null,"","","",{"$f":"G8250","v":0}]
[null,null,null,null,null,null,null,null,null,null,null,null,null,"","","",0]
[null,null,null,null,null,null,null,null,null,null,null,null,null,"","","",0]
[null,null,null,null,null,null,null,null,null,null,null,null,null,"","","",0]
[null,null,null,null,null,null,null,null,null,null,null,null,null,"","","",0]
[null,null,null,null,null,null,null,null,null,null,null,null,null,"","","",0]
[null,null,null,null,null,null,null,null,null,null,null,null,null,"","","",0]
[null,null,null,null,null,null,null,null,null,null,null,null,null,"","","",0]
[null,null,null,null,null,null,null,null,null,null,null,null,null,"","","",0]
[null,null,null,null,null,null,null,null,null,null,null,null,null,"","","",0]
[null,null,null,null,null,null,null,null,null,null,null,null,null,"","","",0]
[null,null,null,null,null,null,null,null,null,null,null,null,null,"","","",0]
[null,null,null,null,null,null,null,null,null,null,null,null,null,"","","",0]
[null,null,null,null,null,null,null,null,null,null,null,null,null,"","","",0]
[null,null,null,null,null,null,null,null,null,null,null,null,null,"","","",0]
[null,null,null,null,null,null,null,null,null,null,null,null,null,"","","",0]
[null,null,null,null,null,null,null,null,null,null,null,null,null,"","","",0]
[null,null,null,null,null,null,null,null,null,null,null,null,null,"","","",0]
[null,null,null,null,null,null,null,null,null,null,null,null,null,"","","",0]
[null,null,null,null,null,null,null,null,null,null,null,null,null,"","","",0]
[null,null,null,null,null,null,null,null,null,null,null,null,null,"","","",0]
[null,null,null,null,null,null,null,null,null,null,null,null,null,"","","",0]
[null,null,null,null,null,null,null,null,null,null,null,null,null,"","","",0]
[null,null,null,null,null,null,null,null,null,null,null,null,null,"","","",0]
[null,null,null,null,null,null,null,null,null,null,null,null,null,"","","",0]
[null,null,null,null,null,null,null,null,null,null,null,null,null,"","","",0]
[null,null,null,null,null,null,null,null,null,null,null,null,null,"","","",0]
[null,null,null,null,null,null,null,null,null,null,null,null,null,"","","",0]
[null,null,null,null,null,null,null,null,null,null,null,null,null,"","","",0]
[null,null,null,null,null,null,null,null,null,null,null,null,null,"","","",0]
[null,null,null,null,null,null,null,null,null,null,null,null,null,"","","",0]
[null,null,null,null,null,null,null,null,null,null,null,null,null,"","","",0]
[null,null,null,null,null,null,null,null,null,null,null,null,null,"","","",0]
[null,null,null,null,null,null,null,null,null,null,null,null,null,"","","",0]
[null,null,null,null,null,null,null,null,null,null,null,null,null,"","","",0]
[null,null,null,null,null,null,null,null,null,null,null,null,null,"","","",0]
[null,null,null,null,null,null,null,null,null,null,null,null,null,"","","",0]
[null,null,null,null,null,null,null,null,null,null,null,null,null,"","","",0]
[null,null,null,null,null,null,null,null,null,null,null,null,null,"","","",0]
[null,null,null,null,null,null,null,null,null,null,null,null,null,"","","",0]
[null,null,null,null,null,null,null,null,null,null,null,null,null,{"$f":"UPPER(TRIM(B8407))","v":""},{"$f":"UPPER(TRIM(D8407))","v":""},{"$f":"UPPER(TRIM(E8407))","v":""},0]
[null,null,null,null,null,null,null,null,null,null,null,null,null,"","","",0]
[null,null,null,null,null,null,null,null,null,null,null,null,null,"","","",0]
[null,null,null,null,null,null,null,null,null,null,null,null,null,"","","",0]
[null,null,null,null,null,null,null,null,null,null,null,null,null,"","","",0]
[null,null,null,null,null,null,null,null,null,null,null,null,null,"","","",0]
[null,null,null,null,null,null,null,null,null,null,null,null,null,"","","",0]
[null,null,null,null,null,null,null,null,null,null,null,null,null,"","","",0]
[null,null,null,null,null,null,null,null,null,null,null,null,null,"","","",0]
[null,null,null,null,null,null,null,null,null,null,null,null,null,"","","",0]
[null,null,null,null,null,null,null,null,null,null,null,null,null,"","","",0]
[null,null,null,null,null,null,null,null,null,null,null,null,null,"","","",0]
[null,null,null,null,null,null,null,null,null,null,null,null,null,"","","",0]
[null,null,null,null,null,null,null,null,null,null,null,null,null,"","","",0]
[null,null,null,null,null,null,null,null,null,null,null,null,null,"","","",0]
[null,null,null,null,null,null,null,null,null,null,null,null,null,"","","",0]
[null,null,null,null,null,null,null,null,null,null,null,null,null,"","","",0]
[null,null,null,null,null,null,null,null,null,null,null,null,null,"","","",0]
[null,null,null,null,null,null,null,null,null,null,null,null,null,"","","",0]
[null,null,null,null,null,null,null,null,null,null,null,null,null,"","","",0]
[null,null,null,null,null,null,null,null,null,null,null,null,null,"","","",0]
[null,null,null,null,null,null,null,null,null,null,null,null,null,"","","",0]
[null,null,null,null,null,null,null,null,null,null,null,null,null,"","","",0]
[null,null,null,null,null,null,null,null,null,null,null,null,null,"","","",0]
[null,null,null,null,null,null,null,null,null,null,null,null,null,"","","",0]
[null,null,null,null,null,null,null,null,null,null,null,null,null,"","","",0]
[null,null,null,null,null,null,null,null,null,null,null,null,null,"","","",0]
[null,null,null,null,null,null,null,null,null,null,null,null,null,"","","",0]
[null,null,null,null,null,null,null,null,null,null,null,null,null,"","","",0]
[null,null,null,null,null,null,null,null,null,null,null,null,null,"","","",0]
[null,null,null,null,null,null,null,null,null,null,null,null,null,"","","",0]
[null,null,null,null,null,null,null,null,null,null,null,null,null,"","","",0]
[null,null,null,null,null,null,null,null,null,null,null,null,null,"","","",0]
[null,null,null,null,null,null,null,null,null,null,null,null,null,"","","",0]
[null,null,null,null,null,null,null,null,null,null,null,null,null,"","","",0]
[null,null,null,null,null,null,null,null,null,null,null,null,null,"","","",0]
[null,null,null,null,null,null,null,null,null,null,null,null,null,"","","",0]
[null,null,null,null,null,null,null,null,null,null,null,null,null,"","","",0]
[null,null,null,null,null,null,null,null,null,null,null,null,null,"","","",0]
[null,null,null,null,null,null,null,null,null,null,null,null,null,"","","",0]
[null,null,null,null,null,null,null,null,null,null,null,null,null,"","","",0]
[null,null,null,null,null,null,null,null,null,null,null,null,null,"","","",{"$f":"G8570","v":0}]
[null,null,null,null,null,null,null,null,null,null,null,null,null,"","","",0]
[null,null,null,null,null,null,null,null,null,null,null,null,null,"","","",0]
[null,null,null,null,null,null,null,null,null,null,null,null,null,"","","",0]
[null,null,null,null,null,null,null,null,null,null,null,null,null,"","","",0]
[null,null,null,null,null,null,null,null,null,null,null,null,null,"","","",0]
[null,null,null,null,null,null,null,null,null,null,null,null,null,"","","",0]
[null,null,null,null,null,null,null,null,null,null,null,null,null,"","","",0]
[null,null,null,null,null,null,null,null,null,null,null,null,null,"","","",0]
[null,null,null,null,null,null,null,null,null,null,null,null,null,"","","",0]
[null,null,null,null,null,null,null,null,null,null,null,null,null,"","","",0]
[null,null,null,null,null,null,null,null,null,null,null,null,null,"","","",0]
[null,null,null,null,null,null,null,null,null,null,null,null,null,"","","",0]
[null,null,null,null,null,null,null,null,null,null,null,null,null,"","","",0]
[null,null,null,null,null,null,null,null,null,null,null,null,null,"","","",0]
[null,null,null,null,null,null,null,null,null,null,null,null,null,"","","",0]
[null,null,null,null,null,null,null,null,null,null,null,null,null,"","","",0]
[null,null,null,null,null,null,null,null,null,null,null,null,null,"","","",{"$f":"G8634","v":0}]
[null,null,null,null,null,null,null,null,null,null,null,null,null,"","","",0]
[null,null,null,null,null,null,null,null,null,null,null,null,null,"","","",0]
[null,null,null,null,null,null,null,null,null,null,null,null,null,"","","",0]
[null,null,null,null,null,null,null,null,null,null,null,null,null,"","","",0]
[null,null,null,null,null,null,null,null,null,null,null,null,null,"","","",0]
[null,null,null,null,null,null,null,null,null,null,null,null,null,"","","",0]
[null,null,null,null,null,null,null,null,null,null,null,null,null,"","","",0]
[null,null,null,null,null,null,null,null,null,null,null,null,null,"","","",0]
[null,null,null,null,null,null,null,null,null,null,null,null,null,"","","",0]
[null,null,null,null,null,null,null,null,null,null,null,null,null,"","","",0]
[null,null,null,null,null,null,null,null,null,null,null,null,null,"","","",0]
[null,null,null,null,null,null,null,null,null,null,null,null,null,"","","",0]
[null,null,null,null,null,null,null,null,null,null,null,null,null,"","","",0]
[null,null,null,null,null,null,null,null,null,null,null,null,null,"","","",0]
[null,null,null,null,null,null,null,null,null,null,null,null,null,"","","",0]
[null,null,null,null,null,null,null,null,null,null,null,null,null,"","","",0]
[null,null,null,null,null,null,null,null,null,null,null,null,null,"","","",0]
[null,null,null,null,null,null,null,null,null,null,null,null,null,"","","",0]
[null,null,null,null,null,null,null,null,null,null,null,null,null,"","","",0]
[null,null,null,null,null,null,null,null,null,null,null,null,null,"","","",0]
[null,null,null,null,null,null,null,null,null,null,null,null,null,"","","",0]
[null,null,null,null,null,null,null,null,null,null,null,null,null,"","","",0]
[null,null,null,null,null,null,null,null,null,null,null,null,null,"","","",0]
[null,null,null,null,null,null,null,null,null,null,null,null,null,"","","",0]
[null,null,null,null,null,null,null,null,null,null,null,null,null,"","","",0]
[null,null,null,null,null,null,null,null,null,null,null,null,null,"","","",0]
[null,null,null,null,null,null,null,null,null,null,null,null,null,"","","",0]
[null,null,null,null,null,null,null,null,null,null,null,null,null,"","","",0]
[null,null,null,null,null,null,null,null,null,null,null,null,null,"","","",0]
[null,null,null,null,null,null,null,null,null,null,null,null,null,"","","",0]
[null,null,null,null,null,null,null,null,null,null,null,null,null,"","","",0]
[null,null,null,null,null,null,null,null,null,null,null,null,null,"","","",0]
[null,null,null,null,null,null,null,null,null,null,null,null,null,"","","",0]
[null,null,null,null,null,null,null,null,null,null,null,null,null,"","","",0]
[null,null,null,null,null,null,null,null,null,null,null,null,null,"","","",0]
[null,null,null,null,null,null,null,null,null,null,null,null,null,"","","",0]
[null,null,null,null,null,null,null,null,null,null,null,null,null,"","","",0]
[null,null,null,null,null,null,null,null,null,null,null,null,null,"","","",0]
[null,null,null,null,null,null,null,null,null,null,null,null,null,{"$f":"UPPER(TRIM(B8791))","v":""},{"$f":"UPPER(TRIM(D8791))","v":""},{"$f":"UPPER(TRIM(E8791))","v":""},0]
[null,null,null,null,null,null,null,null,null,null,null,null,null,"","","",0]
[null,null,null,null,null,null,null,null,null,null,null,null,null,"","","",0]
[null,null,null,null,null,null,null,null,null,null,null,null,null,"","","",0]
[null,null,null,null,null,null,null,null,null,null,null,null,null,"","","",0]
[null,null,null,null,null,null,null,null,null,null,null,null,null,"","","",0]
[null,null,null,null,null,null,null,null,null,null,null,null,null,"","","",0]
[null,null,null,null,null,null,null,null,null,null,null,null,null,"","","",0]
[null,null,null,null,null,null,null,null,null,null,null,null,null,"","","",0]
[null,null,null,null,null,null,null,null,null,null,null,null,null,"","","",0]
[null,null,null,null,null,null,null,null,null,null,null,null,null,"","","",0]
[null,null,null,null,null,null,null,null,null,null,null,null,null,"","","",0]
[null,null,null,null,null,null,null,null,null,null,null,null,null,"","","",0]
[null,null,null,null,null,null,null,null,null,null,null,null,null,"","","",0]
[null,null,null,null,null,null,null,null,null,null,null,null,null,"","","",0]
[null,null,null,null,null,null,null,null,null,null,null,null,null,"","","",0]
[null,null,null,null,null,null,null,null,null,null,null,null,null,"","","",0]
[null,null,null,null,null,null,null,null,null,null,null,null,null,{"$f":"UPPER(TRIM(B8855))","v":""},{"$f":"UPPER(TRIM(D8855))","v":""},{"$f":"UPPER(TRIM(E8855))","v":""},0]
[null,null,null,null,null,null,null,null,null,null,null,null,null,"","","",0]
[null,null,null,null,null,null,null,null,null,null,null,null,null,"","","",0]
[null,null,null,null,null,null,null,null,null,null,null,null,null,"","","",0]
[null,null,null,null,null,null,null,null,null,null,null,null,null,"","","",0]
[null,null,null,null,null,null,null,null,null,null,null,null,null,"","","",0]
[null,null,null,null,null,null,null,null,null,null,null,null,null,"","","",0]
[null,null,null,null,null,null,null,null,null,null,null,null,null,"","","",0]
[null,null,null,null,null,null,null,null,null,null,null,null,null,"","","",0]
[null,null,null,null,null,null,null,null,null,null,null,null,null,"","","",0]
[null,null,null,null,null,null,null,null,null,null,null,null,null,"","","",0]
[null,null,null,null,null,null,null,null,null,null,null,null,null,"","","",0]
[null,null,null,null,null,null,null,null,null,null,null,null,null,"","","",0]
[null,null,null,null,null,null,null,null,null,null,null,null,null,"","","",0]
[null,null,null,null,null,null,null,null,null,null,null,null,null,"","","",0]
[null,null,null,null,null,null,null,null,null,null,null,null,null,"","","",0]
[null,null,null,null,null,null,null,null,null,null,null,null,null,"","","",0]
[null,null,null,null,null,null,null,null,null,null,null,null,null,"","","",0]
[null,null,null,null,null,null,null,null,null,null,null,null,null,"","","",0]
[null,null,null,null,null,null,null,null,null,null,null,null,null,"","","",0]
[null,null,null,null,null,null,null,null,null,null,null,null,null,"","","",0]
[null,null,null,null,null,null,null,null,null,null,null,null,null,"","","",0]
[null,null,null,null,null,null,null,null,null,null,null,null,null,"","","",0]
[null,null,null,null,null,null,null,null,null,null,null,null,null,"","","",0]
[null,null,null,null,null,null,null,null,null,null,null,null,null,"","","",0]
[null,null,null,null,null,null,null,null,null,null,null,null,null,"","","",{"$f":"G8954","v":0}]
[null,null,null,null,null,null,null,null,null,null,null,null,null,"","","",0]
[null,null,null,null,null,null,null,null,null,null,null,null,null,"","","",0]
[null,null,null,null,null,null,null,null,null,null,null,null,null,"","","",0]
[null,null,null,null,null,null,null,null,null,null,null,null,null,"","","",0]
[null,null,null,null,null,null,null,null,null,null,null,null,null,"","","",0]
[null,null,null,null,null,null,null,null,null,null,null,null,null,"","","",0]
[null,null,null,null,null,null,null,null,null,null,null,null,null,"","","",0]
[null,null,null,null,null,null,null,null,null,null,null,null,null,"","","",0]
[null,null,null,null,null,null,null,null,null,null,null,null,null,"","","",0]
[null,null,null,null,null,null,null,null,null,null,null,null,null,"","","",0]
[null,null,null,null,null,null,null,null,null,null,null,null,null,"","","",0]
[null,null,null,null,null,null,null,null,null,null,null,null,null,"","","",0]
[null,null,null,null,null,null,null,null,null,null,null,null,null,"","","",0]
[null,null,null,null,null,null,null,null,null,null,null,null,null,"","","",0]
[null,null,null,null,null,null,null,null,null,null,null,null,null,"","","",0]
[null,null,null,null,null,null,null,null,null,null,null,null,null,"","","",0]
[null,null,null,null,null,null,null,null,null,null,null,null,null,"","","",0]
[null,null,null,null,null,null,null,null,null,null,null,null,null,"","","",0]
[null,null,null,null,null,null,null,null,null,null,null,null,null,"","","",0]
[null,null,null,null,null,null,null,null,null,null,null,null,null,"","","",0]
[null,null,null,null,null,null,null,null,null,null,null,null,null,"","","",0]
[null,null,null,null,null,null,null,null,null,null,null,null,null,"","","",0]
[null,null,null,null,null,null,null,null,null,null,null,null,null,"","","",0]
[null,null,null,null,null,null,null,null,null,null,null,null,null,"","","",0]
[null,null,null,null,null,null,null,null,null,null,null,null,null,"","","",0]
[null,null,null,null,null,null,null,null,null,null,null,null,null,"","","",0]
[null,null,null,null,null,null,null,null,null,null,null,null,null,"","","",0]
[null,null,null,null,null,null,null,null,null,null,null,null,null,"","","",0]
[null,null,null,null,null,null,null,null,null,null,null,null,null,"","","",0]
[null,null,null,null,null,null,null,null,null,null,null,null,null,"","","",0]
[null,null,null,null,null,null,null,null,null,null,null,null,null,"","","",0]
[null,null,null,null,null,null,null,null,null,null,null,null,null,"","","",0]
[null,null,null,null,null,null,null,null,null,null,null,null,null,"","","",0]
[null,null,null,null,null,null,null,null,null,null,null,null,null,"","","",0]
[null,null,null,null,null,null,null,null,null,null,null,null,null,"","","",0]
[null,null,null,null,null,null,null,null,null,null,null,null,null,"","","",0]
[null,null,null,null,null,null,null,null,null,null,null,null,null,"","","",0]
[null,null,null,null,null,null,null,null,null,null,null,null,null,"","","",0]
[null,null,null,null,null,null,null,null,null,null,null,null,null,"","","",0]
[null,null,null,null,null,null,null,null,null,null,null,null,null,"","","",0]
[null,null,null,null,null,null,null,null,null,null,null,null,null,"","","",0]
[null,null,null,null,null,null,null,null,null,null,null,null,null,"","","",0]
[null,null,null,null,null,null,null,null,null,null,null,null,null,"","","",0]
[null,null,null,null,null,null,null,null,null,null,null,null,null,"","","",0]
[null,null,null,null,null,null,null,null,null,null,null,null,null,"","","",0]
[null,null,null,null,null,null,null,null,null,null,null,null,null,"","","",0]
[null,null,null,null,null,null,null,null,null,null,null,null,null,"","","",0]
[null,null,null,null,null,null,null,null,null,null,null,null,null,"","","",0]
[null,null,null,null,null,null,null,null,null,null,null,null,null,"","","",0]
[null,null,null,null,null,null,null,null,null,null,null,null,null,"","","",0]
[null,null,null,null,null,null,null,null,null,null,null,null,null,"","","",0]
[null,null,null,null,null,null,null,null,null,null,null,null,null,"","","",0]
[null,null,null,null,null,null,null,null,null,null,null,null,null,"","","",0]
[null,null,null,null,null,null,null,null,null,null,null,null,null,"","","",0]
[null,null,null,null,null,null,null,null,null,null,null,null,null,"","","",0]
[null,null,null,null,null,null,null,null,null,null,null,null,null,{"$f":"UPPER(TRIM(B9175))","v":""},{"$f":"UPPER(TRIM(D9175))","v":""},{"$f":"UPPER(TRIM(E9175))","v":""},0]
[null,null,null,null,null,null,null,null,null,null,null,null,null,"","","",0]
[null,null,null,null,null,null,null,null,null,null,null,null,null,"","","",0]
[null,null,null,null,null,null,null,null,null,null,null,null,null,"","","",0]
[null,null,null,null,null,null,null,null,null,null,null,null,null,"","","",0]
[null,null,null,null,null,null,null,null,null,null,null,null,null,"","","",0]
[null,null,null,null,null,null,null,null,null,null,null,null,null,"","","",0]
[null,null,null,null,null,null,null,null,null,null,null,null,null,"","","",0]
[null,null,null,null,null,null,null,null,null,null,null,null,null,"","","",0]
[null,null,null,null,null,null,null,null,null,null,null,null,null,"","","",{"$f":"G9210","v":0}]
[null,null,null,null,null,null,null,null,null,null,null,null,null,"","","",0]
[null,null,null,null,null,null,null,null,null,null,null,null,null,"","","",0]
[null,null,null,null,null,null,null,null,null,null,null,null,null,"","","",0]
[null,null,null,null,null,null,null,null,null,null,null,null,null,"","","",0]
[null,null,null,null,null,null,null,null,null,null,null,null,null,"","","",0]
[null,null,null,null,null,null,null,null,null,null,null,null,null,"","","",0]
[null,null,null,null,null,null,null,null,null,null,null,null,null,"","","",0]
[null,null,null,null,null,null,null,null,null,null,null,null,null,"","","",0]
[null,null,null,null,null,null,null,null,null,null,null,null,null,"","","",0]
[null,null,null,null,null,null,null,null,null,null,null,null,null,"","","",0]
[null,null,null,null,null,null,null,null,null,null,null,null,null,"","","",0]
[null,null,null,null,null,null,null,null,null,null,null,null,null,"","","",0]
[null,null,null,null,null,null,null,null,null,null,null,null,null,"","","",0]
[null,null,null,null,null,null,null,null,null,null,null,null,null,"","","",0]
[null,null,null,null,null,null,null,null,null,null,null,null,null,"","","",0]
[null,null,null,null,null,null,null,null,null,null,null,null,null,"","","",0]
[null,null,null,null,null,null,null,null,null,null,null,null,null,"","","",0]
[null,null,null,null,null,null,null,null,null,null,null,null,null,"","","",0]
[null,null,null,null,null,null,null,null,null,null,null,null,null,"","","",0]
[null,null,null,null,null,null,null,null,null,null,null,null,null,"","","",0]
[null,null,null,null,null,null,null,null,null,null,null,null,null,"","","",0]
[null,null,null,null,null,null,null,null,null,null,null,null,null,"","","",0]
[null,null,null,null,null,null,null,null,null,null,null,null,null,"","","",0]
[null,null,null,null,null,null,null,null,null,null,null,null,null,"","","",0]
[null,null,null,null,null,null,null,null,null,null,null,null,null,"","","",0]
[null,null,null,null,null,null,null,null,null,null,null,null,null,"","","",0]
[null,null,null,null,null,null,null,null,null,null,null,null,null,"","","",0]
[null,null,null,null,null,null,null,null,null,null,null,null,null,"","","",0]
[null,null,null,null,null,null,null,null,null,null,null,null,null,"","","",0]
[null,null,null,null,null,null,null,null,null,null,null,null,null,"","","",0]
[null,null,null,null,null,null,null,null,null,null,null,null,null,"","","",0]
[null,null,null,null,null,null,null,null,null,null,null,null,null,"","","",{"$f":"G9338","v":0}]
[null,null,null,null,null,null,null,null,null,null,null,null,null,"","","",0]
[null,null,null,null,null,null,null,null,null,null,null,null,null,"","","",0]
[null,null,null,null,null,null,null,null,null,null,null,null,null,"","","",0]
[null,null,null,null,null,null,null,null,null,null,null,null,null,"","","",0]
[null,null,null,null,null,null,null,null,null,null,null,null,null,"","","",0]
[null,null,null,null,null,null,null,null,null,null,null,null,null,"","","",0]
[null,null,null,null,null,null,null,null,null,null,null,null,null,"","","",0]
[null,null,null,null,null,null,null,null,null,null,null,null,null,"","","",0]
[null,null,null,null,null,null,null,null,null,null,null,null,null,"","","",0]
[null,null,null,null,null,null,null,null,null,null,null,null,null,"","","",0]
[null,null,null,null,null,null,null,null,null,null,null,null,null,"","","",0]
[null,null,null,null,null,null,null,null,null,null,null,null,null,"","","",0]
[null,null,null,null,null,null,null,null,null,null,null,null,null,"","","",0]
[null,null,null,null,null,null,null,null,null,null,null,null,null,"","","",0]
[null,null,null,null,null,null,null,null,null,null,null,null,null,"","","",0]
[null,null,null,null,null,null,null,null,null,null,null,null,null,"","","",0]
[null,null,null,null,null,null,null,null,null,null,null,null,null,"","","",0]
[null,null,null,null,null,null,null,null,null,null,null,null,null,"","","",0]
[null,null,null,null,null,null,null,null,null,null,null,null,null,"","","",0]
[null,null,null,null,null,null,null,null,null,null,null,null,null,"","","",0]
[null,null,null,null,null,null,null,null,null,null,null,null,null,"","","",0]
[null,null,null,null,null,null,null,null,null,null,null,null,null,"","","",0]
[null,null,null,null,null,null,null,null,null,null,null,null,null,"","","",0]
[null,null,null,null,null,null,null,null,null,null,null,null,null,"","","",0]
[null,null,null,null,null,null,null,null,null,null,null,null,null,"","","",0]
[null,null,null,null,null,null,null,null,null,null,null,null,null,"","","",0]
[null,null,null,null,null,null,null,null,null,null,null,null,null,"","","",0]
[null,null,null,null,null,null,null,null,null,null,null,null,null,"","","",0]
[null,null,null,null,null,null,null,null,null,null,null,null,null,"","","",0]
[null,null,null,null,null,null,null,null,null,null,null,null,null,"","","",0]
[null,null,null,null,null,null,null,null,null,null,null,null,null,"","","",0]
[null,null,null,null,null,null,null,null,null,null,null,null,null,"","","",0]
[null,null,null,null,null,null,null,null,null,null,null,null,null,"","","",0]
[null,null,null,null,null,null,null,null,null,null,null,null,null,"","","",0]
[null,null,null,null,null,null,null,null,null,null,null,null,null,"","","",0]
[null,null,null,null,null,null,null,null,null,null,null,null,null,"","","",0]
[null,null,null,null,null,null,null,null,null,null,null,null,null,"","","",0]
[null,null,null,null,null,null,null,null,null,null,null,null,null,"","","",0]
[null,null,null,null,null,null,null,null,null,null,null,null,null,"","","",0]
[null,null,null,null,null,null,null,null,null,null,null,null,null,{"$f":"UPPER(TRIM(B9495))","v":""},{"$f":"UPPER(TRIM(D9495))","v":""},{"$f":"UPPER(TRIM(E9495))","v":""},0]
[null,null,null,null,null,null,null,null,null,null,null,null,null,"","","",0]
[null,null,null,null,null,null,null,null,null,null,null,null,null,"","","",0]
[null,null,null,null,null,null,null,null,null,null,null,null,null,"","","",0]
[null,null,null,null,null,null,null,null,null,null,null,null,null,"","","",0]
[null,null,null,null,null,null,null,null,null,null,null,null,null,"","","",0]
[null,null,null,null,null,null,null,null,null,null,null,null,null,"","","",0]
[null,null,null,null,null,null,null,null,null,null,null,null,null,"","","",0]
[null,null,null,null,null,null,null,null,null,null,null,null,null,"","","",0]
[null,null,null,null,null,null,null,null,null,null,null,null,null,"","","",0]
[null,null,null,null,null,null,null,null,null,null,null,null,null,"","","",0]
[null,null,null,null,null,null,null,null,null,null,null,null,null,"","","",0]
[null,null,null,null,null,null,null,null,null,null,null,null,null,"","","",0]
[null,null,null,null,null,null,null,null,null,null,null,null,null,"","","",0]
[null,null,null,null,null,null,null,null,null,null,null,null,null,"","","",0]
[null,null,null,null,null,null,null,null,null,null,null,null,null,"","","",0]
[null,null,null,null,null,null,null,null,null,null,null,null,null,"","","",0]
[null,null,null,null,null,null,null,null,null,null,null,null,null,"","","",0]
[null,null,null,null,null,null,null,null,null,null,null,null,null,"","","",0]
[null,null,null,null,null,null,null,null,null,null,null,null,null,"","","",0]
[null,null,null,null,null,null,null,null,null,null,null,null,null,"","","",0]
[null,null,null,null,null,null,null,null,null,null,null,null,null,"","","",0]
[null,null,null,null,null,null,null,null,null,null,null,null,null,"","","",0]
[null,null,null,null,null,null,null,null,null,null,null,null,null,"","","",0]
[null,null,null,null,null,null,null,null,null,null,null,null,null,{"$f":"UPPER(TRIM(B9590))","v":""},{"$f":"UPPER(TRIM(D9590))","v":""},{"$f":"UPPER(TRIM(E9590))","v":""},0]
[null,null,null,null,null,null,null,null,null,null,null,null,null,"","","",0]
[null,null,null,null,null,null,null,null,null,null,null,null,null,"","","",0]
[null,null,null,null,null,null,null,null,null,null,null,null,null,"","","",0]
[null,null,null,null,null,null,null,null,null,null,null,null,null,"","","",0]
[null,null,null,null,null,null,null,null,null,null,null,null,null,"","","",0]
[null,null,null,null,null,null,null,null,null,null,null,null,null,"","","",0]
[null,null,null,null,null,null,null,null,null,null,null,null,null,"","","",0]
[null,null,null,null,null,null,null,null,null,null,null,null,null,"","","",0]
[null,null,null,null,null,null,null,null,null,null,null,null,null,"","","",0]
[null,null,null,null,null,null,null,null,null,null,null,null,null,"","","",0]
[null,null,null,null,null,null,null,null,null,null,null,null,null,"","","",0]
[null,null,null,null,null,null,null,null,null,null,null,null,null,"","","",0]
[null,null,null,null,null,null,null,null,null,null,null,null,null,"","","",0]
[null,null,null,null,null,null,null,null,null,null,null,null,null,"","","",0]
[null,null,null,null,null,null,null,null,null,null,null,null,null,"","","",0]
[null,null,null,null,null,null,null,null,null,null,null,null,null,"","","",0]
[null,null,null,null,null,null,null,null,null,null,null,null,null,"","","",{"$f":"G9658","v":0}]
[null,null,null,null,null,null,null,null,null,null,null,null,null,"","","",0]
[null,null,null,null,null,null,null,null,null,null,null,null,null,"","","",0]
[null,null,null,null,null,null,null,null,null,null,null,null,null,"","","",0]
[null,null,null,null,null,null,null,null,null,null,null,null,null,"","","",0]
[null,null,null,null,null,null,null,null,null,null,null,null,null,"","","",0]
[null,null,null,null,null,null,null,null,null,null,null,null,null,"","","",0]
[null,null,null,null,null,null,null,null,null,null,null,null,null,"","","",0]
[null,null,null,null,null,null,null,null,null,null,null,null,null,"","","",0]
[null,null,null,null,null,null,null,null,null,null,null,null,null,"","","",0]
[null,null,null,null,null,null,null,null,null,null,null,null,null,"","","",0]
[null,null,null,null,null,null,null,null,null,null,null,null,null,"","","",0]
[null,null,null,null,null,null,null,null,null,null,null,null,null,"","","",0]
[null,null,null,null,null,null,null,null,null,null,null,null,null,"","","",0]
[null,null,null,null,null,null,null,null,null,null,null,null,null,"","","",0]
[null,null,null,null,null,null,null,null,null,null,null,null,null,"","","",0]
[null,null,null,null,null,null,null,null,null,null,null,null,null,"","","",0]
[null,null,null,null,null,null,null,null,null,null,null,null,null,"","","",{"$f":"G9722","v":0}]
[null,null,null,null,null,null,null,null,null,null,null,null,null,"","","",0]
[null,null,null,null,null,null,null,null,null,null,null,null,null,"","","",0]
[null,null,null,null,null,null,null,null,null,null,null,null,null,"","","",0]
[null,null,null,null,null,null,null,null,null,null,null,null,null,"","","",0]
[null,null,null,null,null,null,null,null,null,null,null,null,null,"","","",0]
[null,null,null,null,null,null,null,null,null,null,null,null,null,"","","",0]
[null,null,null,null,null,null,null,null,null,null,null,null,null,"","","",0]
[null,null,null,null,null,null,null,null,null,null,null,null,null,"","","",0]
[null,null,null,null,null,null,null,null,null,null,null,null,null,"","","",0]
[null,null,null,null,null,null,null,null,null,null,null,null,null,"","","",0]
[null,null,null,null,null,null,null,null,null,null,null,null,null,"","","",0]
[null,null,null,null,null,null,null,null,null,null,null,null,null,"","","",0]
[null,null,null,null,null,null,null,null,null,null,null,null,null,"","","",0]
[null,null,null,null,null,null,null,null,null,null,null,null,null,"","","",0]
[null,null,null,null,null,null,null,null,null,null,null,null,null,"","","",0]
[null,null,null,null,null,null,null,null,null,null,null,null,null,"","","",0]
[null,null,null,null,null,null,null,null,null,null,null,null,null,"","","",0]
[null,null,null,null,null,null,null,null,null,null,null,null,null,"","","",0]
[null,null,null,null,null,null,null,null,null,null,null,null,null,"","","",0]
[null,null,null,null,null,null,null,null,null,null,null,null,null,"","","",0]
[null,null,null,null,null,null,null,null,null,null,null,null,null,"","","",0]
[null,null,null,null,null,null,null,null,null,null,null,null,null,"","","",0]
[null,null,null,null,null,null,null,null,null,null,null,null,null,"","","",0]
[null,null,null,null,null,null,null,null,null,null,null,null,null,"","","",0]
[null,null,null,null,null,null,null,null,null,null,null,null,null,"","","",0]
[null,null,null,null,null,null,null,null,null,null,null,null,null,"","","",0]
[null,null,null,null,null,null,null,null,null,null,null,null,null,"","","",0]
[null,null,null,null,null,null,null,null,null,null,null,null,null,"","","",0]
[null,null,null,null,null,null,null,null,null,null,null,null,null,"","","",0]
[null,null,null,null,null,null,null,null,null,null,null,null,null,"","","",0]
[null,null,null,null,null,null,null,null,null,null,null,null,null,"","","",0]
[null,null,null,null,null,null,null,null,null,null,null,null,null,"","","",0]
[null,null,null,null,null,null,null,null,null,null,null,null,null,"","","",0]
[null,null,null,null,null,null,null,null,null,null,null,null,null,"","","",0]
[null,null,null,null,null,null,null,null,null,null,null,null,null,"","","",0]
[null,null,null,null,null,null,null,null,null,null,null,null,null,"","","",0]
[null,null,null,null,null,null,null,null,null,null,null,null,null,"","","",0]
[null,null,null,null,null,null,null,null,null,null,null,null,null,"","","",0]
[null,null,null,null,null,null,null,null,null,null,null,null,null,"","","",0]
[null,null,null,null,null,null,null,null,null,null,null,null,null,"","","",0]
[null,null,null,null,null,null,null,null,null,null,null,null,null,"","","",0]
[null,null,null,null,null,null,null,null,null,null,null,null,null,"","","",0]
[null,null,null,null,null,null,null,null,null,null,null,null,null,"","","",0]
[null,null,null,null,null,null,null,null,null,null,null,null,null,"","","",0]
[null,null,null,null,null,null,null,null,null,null,null,null,null,"","","",0]
[null,null,null,null,null,null,null,null,null,null,null,null,null,"","","",0]
[null,null,null,null,null,null,null,null,null,null,null,null,null,"","","",0]
[null,null,null,null,null,null,null,null,null,null,null,null,null,"","","",0]
[null,null,null,null,null,null,null,null,null,null,null,null,null,"","","",0]
[null,null,null,null,null,null,null,null,null,null,null,null,null,"","","",0]
[null,null,null,null,null,null,null,null,null,null,null,null,null,"","","",0]
[null,null,null,null,null,null,null,null,null,null,null,null,null,"","","",0]
[null,null,null,null,null,null,null,null,null,null,null,null,null,"","","",0]
[null,null,null,null,null,null,null,null,null,null,null,null,null,"","","",0]
[null,null,null,null,null,null,null,null,null,null,null,null,null,"","","",0]
[null,null,null,null,null,null,null,null,null,null,null,null,null,"","","",0]
[null,null,null,null,null,null,null,null,null,null,null,null,null,"","","",0]
[null,null,null,null,null,null,null,null,null,null,null,null,null,"","","",0]
[null,null,null,null,null,null,null,null,null,null,null,null,null,"","","",0]
[null,null,null,null,null,null,null,null,null,null,null,null,null,"","","",0]
[null,null,null,null,null,null,null,null,null,null,null,null,null,"","","",0]
[null,null,null,null,null,null,null,null,null,null,null,null,null,"","","",0]
[null,null,null,null,null,null,null,null,null,null,null,null,null,"","","",0]
[null,null,null,null,null,null,null,null,null,null,null,null,null,"","","",0]
[null,null,null,null,null,null,null,null,null,null,null,null,null,"","","",0]
[null,null,null,null,null,null,null,null,null,null,null,null,null,"","","",0]
[null,null,null,null,null,null,null,null,null,null,null,null,null,{"$f":"UPPER(TRIM(B9910))","v":""},{"$f":"UPPER(TRIM(D9910))","v":""},{"$f":"UPPER(TRIM(E9910))","v":""},0]
[null,null,null,null,null,null,null,null,null,null,null,null,null,"","","",0]
[null,null,null,null,null,null,null,null,null,null,null,null,null,"","","",0]
[null,null,null,null,null,null,null,null,null,null,null,null,null,"","","",0]
[null,null,null,null,null,null,null,null,null,null,null,null,null,"","","",{"$f":"G9914","v":0}]
[null,null,null,null,null,null,null,null,null,null,null,null,null,"","","",0]
[null,null,null,null,null,null,null,null,null,null,null,null,null,"","","",0]
[null,null,null,null,null,null,null,null,null,null,null,null,null,"","","",0]
[null,null,null,null,null,null,null,null,null,null,null,null,null,"","","",0]
[null,null,null,null,null,null,null,null,null,null,null,null,null,"","","",0]
[null,null,null,null,null,null,null,null,null,null,null,null,null,"","","",0]
[null,null,null,null,null,null,null,null,null,null,null,null,null,"","","",0]
[null,null,null,null,null,null,null,null,null,null,null,null,null,"","","",0]
[null,null,null,null,null,null,null,null,null,null,null,null,null,"","","",0]
[null,null,null,null,null,null,null,null,null,null,null,null,null,"","","",0]
[null,null,null,null,null,null,null,null,null,null,null,null,null,"","","",0]
[null,null,null,null,null,null,null,null,null,null,null,null,null,"","","",0]
[null,null,null,null,null,null,null,null,null,null,null,null,null,"","","",0]
[null,null,null,null,null,null,null,null,null,null,null,null,null,"","","",0]
[null,null,null,null,null,null,null,null,null,null,null,null,null,"","","",0]
[null,null,null,null,null,null,null,null,null,null,null,null,null,"","","",0]
[null,null,null,null,null,null,null,null,null,null,null,null,null,"","","",0]
[null,null,null,null,null,null,null,null,null,null,null,null,null,"","","",0]
[null,null,null,null,null,null,null,null,null,null,null,null,null,"","","",0]
[null,null,null,null,null,null,null,null,null,null,null,null,null,"","","",0]
[null,null,null,null,null,null,null,null,null,null,null,null,null,"","","",0]
[null,null,null,null,null,null,null,null,null,null,null,null,null,"","","",0]
[null,null,null,null,null,null,null,null,null,null,null,null,null,"","","",0]
[null,null,null,null,null,null,null,null,null,null,null,null,null,"","","",0]
[null,null,null,null,null,null,null,null,null,null,null,null,null,"","","",0]
[null,null,null,null,null,null,null,null,null,null,null,null,null,"","","",0]
[null,null,null,null,null,null,null,null,null,null,null,null,null,"","","",0]
[null,null,null,null,null,null,null,null,null,null,null,null,null,"","","",0]
[null,null,null,null,null,null,null,null,null,null,null,null,null,"","","",0]
[null,null,null,null,null,null,null,null,null,null,null,null,null,"","","",0]
[null,null,null,null,null,null,null,null,null,null,null,null,null,"","","",0]
[null,null,null,null,null,null,null,null,null,null,null,null,null,"","","",0]
[null,null,null,null,null,null,null,null,null,null,null,null,null,"","","",0]
[null,null,null,null,null,null,null,null,null,null,null,null,null,"","","",0]
[null,null,null,null,null,null,null,null,null,null,null,null,null,"","","",0]
[null,null,null,null,null,null,null,null,null,null,null,null,null,"","","",0]
[null,null,null,null,null,null,null,null,null,null,null,null,null,"","","",0]
[null,null,null,null,null,null,null,null,null,null,null,null,null,"","","",0]
[null,null,null,null,null,null,null,null,null,null,null,null,null,"","","",0]
[null,null,null,null,null,null,null,null,null,null,null,null,null,"","","",0]
[null,null,null,null,null,null,null,null,null,null,null,null,null,"","","",0]
[null,null,null,null,null,null,null,null,null,null,null,null,null,"","","",0]
[null,null,null,null,null,null,null,null,null,null,null,null,null,"","","",0]
[null,null,null,null,null,null,null,null,null,null,null,null,null,"","","",0]
[null,null,null,null,null,null,null,null,null,null,null,null,null,"","","",0]
[null,null,null,null,null,null,null,null,null,null,null,null,null,"","","",0]
[null,null,null,null,null,null,null,null,null,null,null,null,null,"","","",0]
[null,null,null,null,null,null,null,null,null,null,null,null,null,"","","",0]
[null,null,null,null,null,null,null,null,null,null,null,null,null,"","","",0]
[null,null,null,null,null,null,null,null,null,null,null,null,null,"","","",0]
[null,null,null,null,null,null,null,null,null,null,null,null,null,"","","",0]
[null,null,null,null,null,null,null,null,null,null,null,null,null,"","","",0]
[null,null,null,null,null,null,null,null,null,null,null,null,null,"","","",0]
[null,null,null,null,null,null,null,null,null,null,null,null,null,"","","",0]
[null,null,null,null,null,null,null,null,null,null,null,null,null,"","","",0]
[null,null,null,null,null,null,null,null,null,null,null,null,null,"","","",0]
[null,null,null,null,null,null,null,null,null,null,null,null,null,"","","",0]
[null,null,null,null,null,null,null,null,null,null,null,null,null,"","","",0]
[null,null,null,null,null,null,null,null,null,null,null,null,null,"","","",0]
[null,null,null,null,null,null,null,null,null,null,null,null,null,{"$f":"UPPER(TRIM(B9974))","v":""},{"$f":"UPPER(TRIM(D9974))","v":""},{"$f":"UPPER(TRIM(E9974))","v":""},0]
[null,null,null,null,null,null,null,null,null,null,null,null,null,"","","",0]
[null,null,null,null,null,null,null,null,null,null,null,null,null,"","","",0]
[null,null,null,null,null,null,null,null,null,null,null,null,null,"","","",0]
[null,null,null,null,null,null,null,null,null,null,null,null,null,"","","",{"$f":"G9978","v":0}]
[null,null,null,null,null,null,null,null,null,null,null,null,null,"","","",0]
[null,null,null,null,null,null,null,null,null,null,null,null,null,"","","",0]
[null,null,null,null,null,null,null,null,null,null,null,null,null,"","","",0]
[null,null,null,null,null,null,null,null,null,null,null,null,null,"","","",0]
[null,null,null,null,null,null,null,null,null,null,null,null,null,"","","",0]
[null,null,null,null,null,null,null,null,null,null,null,null,null,"","","",0]
[null,null,null,null,null,null,null,null,null,null,null,null,null,"","","",0]
[null,null,null,null,null,null,null,null,null,null,null,null,null,"","","",0]
[null,null,null,null,null,null,null,null,null,null,null,null,null,"","","",0]
[null,null,null,null,null,null,null,null,null,null,null,null,null,"","","",0]
[null,null,null,null,null,null,null,null,null,null,null,null,null,"","","",0]
[null,null,null,null,null,null,null,null,null,null,null,null,null,"","","",0]
[null,null,null,null,null,null,null,null,null,null,null,null,null,"","","",0]
[null,null,null,null,null,null,null,null,null,null,null,null,null,"","","",0]
[null,null,null,null,null,null,null,null,null,null,null,null,null,"","","",0]
[null,null,null,null,null,null,null,null,null,null,null,null,null,"","","",0]
[null,null,null,null,null,null,null,null,null,null,null,null,null,"","","",0]
[null,null,null,null,null,null,null,null,null,null,null,null,null,"","","",0]
[null,null,null,null,null,null,null,null,null,null,null,null,null,"","","",0]
[null,null,null,null,null,null,null,null,null,null,null,null,null,"","","",0]
[null,null,null,null,null,null,null,null,null,null,null,null,null,"","","",0]
[null,null,null,null,null,null,null,null,null,null,null,null,null,"","","",0]
[null,null,null,null,null,null,null,null,null,null,null,null,null,"","","",0]
[null,null,null,null,null,null,null,null,null,null,null,null,null,"","","",0]
[null,null,null,null,null,null,null,null,null,null,null,null,null,"","","",0]
[null,null,null,null,null,null,null,null,null,null,null,null,null,"","","",0]
[null,null,null,null,null,null,null,null,null,null,null,null,null,"","","",0]
[null,null,null,null,null,null,null,null,null,null,null,null,null,"","","",0]
[null,null,null,null,null,null,null,null,null,null,null,null,null,"","","",0]
[null,null,null,null,null,null,null,null,null,null,null,null,null,"","","",0]
[null,null,null,null,null,null,null,null,null,null,null,null,null,"","","",0]
[null,null,null,null,null,null,null,null,null,null,null,null,null,"","","",0]
[null,null,null,null,null,null,null,null,null,null,null,null,null,"","","",0]
[null,null,null,null,null,null,null,null,null,null,null,null,null,"","","",0]
[null,null,null,null,null,null,null,null,null,null,null,null,null,"","","",0]
[null,null,null,null,null,null,null,null,null,null,null,null,null,"","","",0]
[null,null,null,null,null,null,null,null,null,null,null,null,null,"","","",0]
[null,null,null,null,null,null,null,null,null,null,null,null,null,"","","",0]
[null,null,null,null,null,null,null,null,null,null,null,null,null,"","","",0]
[null,null,null,null,null,null,null,null,null,null,null,null,null,"","","",0]
[null,null,null,null,null,null,null,null,null,null,null,null,null,"","","",0]
[null,null,null,null,null,null,null,null,null,null,null,null,null,"","","",0]
[null,null,null,null,null,null,null,null,null,null,null,null,null,"","","",0]
[null,null,null,null,null,null,null,null,null,null,null,null,null,"","","",0]
[null,null,null,null,null,null,null,null,null,null,null,null,null,"","","",0]
[null,null,null,null,null,null,null,null,null,null,null,null,null,"","","",0]
[null,null,null,null,null,null,null,null,null,null,null,null,null,"","","",0]
[null,null,null,null,null,null,null,null,null,null,null,null,null,"","","",0]
[null,null,null,null,null,null,null,null,null,null,null,null,null,"","","",0]
[null,null,null,null,null,null,null,null,null,null,null,null,null,"","","",0]
[null,null,null,null,null,null,null,null,null,null,null,null,null,"","","",0]
[null,null,null,null,null,null,null,null,null,null,null,null,null,"","","",0]
[null,null,null,null,null,null,null,null,null,null,null,null,null,"","","",0]
[null,null,null,null,null,null,null,null,null,null,null,null,null,"","","",0]
[null,null,null,null,null,null,null,null,null,null,null,null,null,"","","",0]
[null,null,null,null,null,null,null,null,null,null,null,null,null,"","","",0]
[null,null,null,null,null,null,null,null,null,null,null,null,null,"","","",0]
[null,null,null,null,null,null,null,null,null,null,null,null,null,"","","",0]
[null,null,null,null,null,null,null,null,null,null,null,null,null,"","","",0]
[null,null,null,null,null,null,null,null,null,null,null,null,null,{"$f":"UPPER(TRIM(B10038))","v":""},{"$f":"UPPER(TRIM(D10038))","v":""},{"$f":"UPPER(TRIM(E10038))","v":""},0]
[null,null,null,null,null,null,null,null,null,null,null,null,null,"","","",0]
[null,null,null,null,null,null,null,null,null,null,null,null,null,"","","",0]
[null,null,null,null,null,null,null,null,null,null,null,null,null,"","","",0]
[null,null,null,null,null,null,null,null,null,null,null,null,null,"","","",{"$f":"G10042","v":0}]
[null,null,null,null,null,null,null,null,null,null,null,null,null,"","","",0]
[null,null,null,null,null,null,null,null,null,null,null,null,null,"","","",0]
[null,null,null,null,null,null,null,null,null,null,null,null,null,"","","",0]
[null,null,null,null,null,null,null,null,null,null,null,null,null,"","","",0]
[null,null,null,null,null,null,null,null,null,null,null,null,null,"","","",0]
[null,null,null,null,null,null,null,null,null,null,null,null,null,"","","",0]
[null,null,null,null,null,null,null,null,null,null,null,null,null,"","","",0]
[null,null,null,null,null,null,null,null,null,null,null,null,null,"","","",0]
[null,null,null,null,null,null,null,null,null,null,null,null,null,"","","",0]
[null,null,null,null,null,null,null,null,null,null,null,null,null,"","","",0]
[null,null,null,null,null,null,null,null,null,null,null,null,null,"","","",0]
[null,null,null,null,null,null,null,null,null,null,null,null,null,"","","",0]
[null,null,null,null,null,null,null,null,null,null,null,null,null,"","","",0]
[null,null,null,null,null,null,null,null,null,null,null,null,null,"","","",0]
[null,null,null,null,null,null,null,null,null,null,null,null,null,"","","",0]
[null,null,null,null,null,null,null,null,null,null,null,null,null,"","","",0]
[null,null,null,null,null,null,null,null,null,null,null,null,null,"","","",0]
[null,null,null,null,null,null,null,null,null,null,null,null,null,"","","",0]
[null,null,null,null,null,null,null,null,null,null,null,null,null,"","","",0]
[null,null,null,null,null,null,null,null,null,null,null,null,null,"","","",0]
[null,null,null,null,null,null,null,null,null,null,null,null,null,"","","",0]
[null,null,null,null,null,null,null,null,null,null,null,null,null,"","","",0]
[null,null,null,null,null,null,null,null,null,null,null,null,null,"","","",0]
[null,null,null,null,null,null,null,null,null,null,null,null,null,"","","",0]
[null,null,null,null,null,null,null,null,null,null,null,null,null,"","","",0]
[null,null,null,null,null,null,null,null,null,null,null,null,null,"","","",0]
[null,null,null,null,null,null,null,null,null,null,null,null,null,"","","",0]
[null,null,null,null,null,null,null,null,null,null,null,null,null,"","","",0]
[null,null,null,null,null,null,null,null,null,null,null,null,null,"","","",0]
[null,null,null,null,null,null,null,null,null,null,null,null,null,"","","",0]
[null,null,null,null,null,null,null,null,null,null,null,null,null,"","","",0]
[null,null,null,null,null,null,null,null,null,null,null,null,null,"","","",0]
[null,null,null,null,null,null,null,null,null,null,null,null,null,"","","",0]
[null,null,null,null,null,null,null,null,null,null,null,null,null,"","","",0]
[null,null,null,null,null,null,null,null,null,null,null,null,null,"","","",0]
[null,null,null,null,null,null,null,null,null,null,null,null,null,"","","",0]
[null,null,null,null,null,null,null,null,null,null,null,null,null,"","","",0]
[null,null,null,null,null,null,null,null,null,null,null,null,null,"","","",0]
[null,null,null,null,null,null,null,null,null,null,null,null,null,"","","",0]
[null,null,null,null,null,null,null,null,null,null,null,null,null,"","","",0]
[null,null,null,null,null,null,null,null,null,null,null,null,null,"","","",0]
[null,null,null,null,null,null,null,null,null,null,null,null,null,"","","",0]
[null,null,null,null,null,null,null,null,null,null,null,null,null,"","","",0]
[null,null,null,null,null,null,null,null,null,null,null,null,null,"","","",0]
[null,null,null,null,null,null,null,null,null,null,null,null,null,"","","",0]
[null,null,null,null,null,null,null,null,null,null,null,null,null,"","","",0]
[null,null,null,null,null,null,null,null,null,null,null,null,null,"","","",0]
[null,null,null,null,null,null,null,null,null,null,null,null,null,"","","",0]
[null,null,null,null,null,null,null,null,null,null,null,null,null,"","","",0]
[null,null,null,null,null,null,null,null,null,null,null,null,null,"","","",0]
[null,null,null,null,null,null,null,null,null,null,null,null,null,"","","",0]
[null,null,null,null,null,null,null,null,null,null,null,null,null,"","","",0]
[null,null,null,null,null,null,null,null,null,null,null,null,null,"","","",0]
[null,null,null,null,null,null,null,null,null,null,null,null,null,"","","",0]
[null,null,null,null,null,null,null,null,null,null,null,null,null,"","","",0]
[null,null,null,null,null,null,null,null,null,null,null,null,null,"","","",0]
[null,null,null,null,null,null,null,null,null,null,null,null,null,"","","",0]
[null,null,null,null,null,null,null,null,null,null,null,null,null,"","","",0]
[null,null,null,null,null,null,null,null,null,null,null,null,null,"","","",0]
[null,null,null,null,null,null,null,null,null,null,null,null,null,{"$f":"UPPER(TRIM(B10102))","v":""},{"$f":"UPPER(TRIM(D10102))","v":""},{"$f":"UPPER(TRIM(E10102))","v":""},0]
[null,null,null,null,null,null,null,null,null,null,null,null,null,"","","",0]
[null,null,null,null,null,null,null,null,null,null,null,null,null,"","","",0]
[null,null,null,null,null,null,null,null,null,null,null,null,null,"","","",0]
[null,null,null,null,null,null,null,null,null,null,null,null,null,"","","",{"$f":"G10106","v":0}]
[null,null,null,null,null,null,null,null,null,null,null,null,null,"","","",0]
[null,null,null,null,null,null,null,null,null,null,null,null,null,"","","",0]
[null,null,null,null,null,null,null,null,null,null,null,null,null,"","","",0]
[null,null,null,null,null,null,null,null,null,null,null,null,null,"","","",0]
[null,null,null,null,null,null,null,null,null,null,null,null,null,"","","",0]
[null,null,null,null,null,null,null,null,null,null,null,null,null,"","","",0]
[null,null,null,null,null,null,null,null,null,null,null,null,null,"","","",0]
[null,null,null,null,null,null,null,null,null,null,null,null,null,"","","",0]
[null,null,null,null,null,null,null,null,null,null,null,null,null,"","","",0]
[null,null,null,null,null,null,null,null,null,null,null,null,null,"","","",0]
[null,null,null,null,null,null,null,null,null,null,null,null,null,"","","",0]
[null,null,null,null,null,null,null,null,null,null,null,null,null,"","","",0]
[null,null,null,null,null,null,null,null,null,null,null,null,null,"","","",0]
[null,null,null,null,null,null,null,null,null,null,null,null,null,"","","",0]
[null,null,null,null,null,null,null,null,null,null,null,null,null,"","","",0]
[null,null,null,null,null,null,null,null,null,null,null,null,null,"","","",0]
[null,null,null,null,null,null,null,null,null,null,null,null,null,"","","",0]
[null,null,null,null,null,null,null,null,null,null,null,null,null,"","","",0]
[null,null,null,null,null,null,null,null,null,null,null,null,null,"","","",0]
[null,null,null,null,null,null,null,null,null,null,null,null,null,"","","",0]
[null,null,null,null,null,null,null,null,null,null,null,null,null,"","","",0]
[null,null,null,null,null,null,null,null,null,null,null,null,null,"","","",0]
[null,null,null,null,null,null,null,null,null,null,null,null,null,"","","",0]
[null,null,null,null,null,null,null,null,null,null,null,null,null,"","","",0]
[null,null,null,null,null,null,null,null,null,null,null,null,null,"","","",0]
[null,null,null,null,null,null,null,null,null,null,null,null,null,"","","",0]
[null,null,null,null,null,null,null,null,null,null,null,null,null,"","","",0]
[null,null,null,null,null,null,null,null,null,null,null,null,null,"","","",0]
[null,null,null,null,null,null,null,null,null,null,null,null,null,"","","",0]
[null,null,null,null,null,null,null,null,null,null,null,null,null,"","","",0]
[null,null,null,null,null,null,null,null,null,null,null,null,null,"","","",0]
[null,null,null,null,null,null,null,null,null,null,null,null,null,"","","",0]
[null,null,null,null,null,null,null,null,null,null,null,null,null,"","","",0]
[null,null,null,null,null,null,null,null,null,null,null,null,null,"","","",0]
[null,null,null,null,null,null,null,null,null,null,null,null,null,"","","",0]
[null,null,null,null,null,null,null,null,null,null,null,null,null,"","","",0]
[null,null,null,null,null,null,null,null,null,null,null,null,null,"","","",0]
[null,null,null,null,null,null,null,null,null,null,null,null,null,"","","",0]
[null,null,null,null,null,null,null,null,null,null,null,null,null,"","","",0]
[null,null,null,null,null,null,null,null,null,null,null,null,null,"","","",0]
[null,null,null,null,null,null,null,null,null,null,null,null,null,"","","",0]
[null,null,null,null,null,null,null,null,null,null,null,null,null,"","","",0]
[null,null,null,null,null,null,null,null,null,null,null,null,null,"","","",0]
[null,null,null,null,null,null,null,null,null,null,null,null,null,"","","",0]
[null,null,null,null,null,null,null,null,null,null,null,null,null,"","","",0]
[null,null,null,null,null,null,null,null,null,null,null,null,null,"","","",0]
[null,null,null,null,null,null,null,null,null,null,null,null,null,"","","",0]
[null,null,null,null,null,null,null,null,null,null,null,null,null,"","","",0]
[null,null,null,null,null,null,null,null,null,null,null,null,null,"","","",0]
[null,null,null,null,null,null,null,null,null,null,null,null,null,"","","",0]
[null,null,null,null,null,null,null,null,null,null,null,null,null,"","","",0]
[null,null,null,null,null,null,null,null,null,null,null,null,null,"","","",0]
[null,null,null,null,null,null,null,null,null,null,null,null,null,"","","",0]
[null,null,null,null,null,null,null,null,null,null,null,null,null,"","","",0]
[null,null,null,null,null,null,null,null,null,null,null,null,null,"","","",0]
[null,null,null,null,null,null,null,null,null,null,null,null,null,"","","",0]
[null,null,null,null,null,null,null,null,null,null,null,null,null,"","","",0]
[null,null,null,null,null,null,null,null,null,null,null,null,null,"","","",0]
[null,null,null,null,null,null,null,null,null,null,null,null,null,"","","",0]
[null,null,null,null,null,null,null,null,null,null,null,null,null,{"$f":"UPPER(TRIM(B10166))","v":""},{"$f":"UPPER(TRIM(D10166))","v":""},{"$f":"UPPER(TRIM(E10166))","v":""},0]
[null,null,null,null,null,null,null,null,null,null,null,null,null,"","","",0]
[null,null,null,null,null,null,null,null,null,null,null,null,null,"","","",0]
[null,null,null,null,null,null,null,null,null,null,null,null,null,"","","",0]
[null,null,null,null,null,null,null,null,null,null,null,null,null,"","","",{"$f":"G10170","v":0}]
[null,null,null,null,null,null,null,null,null,null,null,null,null,"","","",0]
[null,null,null,null,null,null,null,null,null,null,null,null,null,"","","",0]
[null,null,null,null,null,null,null,null,null,null,null,null,null,"","","",0]
[null,null,null,null,null,null,null,null,null,null,null,null,null,"","","",0]
[null,null,null,null,null,null,null,null,null,null,null,null,null,"","","",0]
[null,null,null,null,null,null,null,null,null,null,null,null,null,"","","",0]
[null,null,null,null,null,null,null,null,null,null,null,null,null,"","","",0]
[null,null,null,null,null,null,null,null,null,null,null,null,null,"","","",0]
[null,null,null,null,null,null,null,null,null,null,null,null,null,"","","",0]
[null,null,null,null,null,null,null,null,null,null,null,null,null,"","","",0]
[null,null,null,null,null,null,null,null,null,null,null,null,null,"","","",0]
[null,null,null,null,null,null,null,null,null,null,null,null,null,"","","",0]
[null,null,null,null,null,null,null,null,null,null,null,null,null,"","","",0]
[null,null,null,null,null,null,null,null,null,null,null,null,null,"","","",0]
[null,null,null,null,null,null,null,null,null,null,null,null,null,"","","",0]
[null,null,null,null,null,null,null,null,null,null,null,null,null,"","","",0]
[null,null,null,null,null,null,null,null,null,null,null,null,null,"","","",0]
[null,null,null,null,null,null,null,null,null,null,null,null,null,"","","",0]
[null,null,null,null,null,null,null,null,null,null,null,null,null,"","","",0]
[null,null,null,null,null,null,null,null,null,null,null,null,null,"","","",0]
[null,null,null,null,null,null,null,null,null,null,null,null,null,"","","",0]
[null,null,null,null,null,null,null,null,null,null,null,null,null,"","","",0]
[null,null,null,null,null,null,null,null,null,null,null,null,null,"","","",0]
[null,null,null,null,null,null,null,null,null,null,null,null,null,"","","",0]
[null,null,null,null,null,null,null,null,null,null,null,null,null,"","","",0]
[null,null,null,null,null,null,null,null,null,null,null,null,null,"","","",0]
[null,null,null,null,null,null,null,null,null,null,null,null,null,"","","",0]
[null,null,null,null,null,null,null,null,null,null,null,null,null,"","","",0]
[null,null,null,null,null,null,null,null,null,null,null,null,null,"","","",0]
[null,null,null,null,null,null,null,null,null,null,null,null,null,"","","",0]
[null,null,null,null,null,null,null,null,null,null,null,null,null,"","","",0]
[null,null,null,null,null,null,null,null,null,null,null,null,null,"","","",0]
[null,null,null,null,null,null,null,null,null,null,null,null,null,"","","",0]
[null,null,null,null,null,null,null,null,null,null,null,null,null,"","","",0]
[null,null,null,null,null,null,null,null,null,null,null,null,null,"","","",0]
[null,null,null,null,null,null,null,null,null,null,null,null,null,"","","",0]
[null,null,null,null,null,null,null,null,null,null,null,null,null,"","","",0]
[null,null,null,null,null,null,null,null,null,null,null,null,null,"","","",0]
[null,null,null,null,null,null,null,null,null,null,null,null,null,"","","",0]
[null,null,null,null,null,null,null,null,null,null,null,null,null,"","","",0]
[null,null,null,null,null,null,null,null,null,null,null,null,null,"","","",0]
[null,null,null,null,null,null,null,null,null,null,null,null,null,"","","",0]
[null,null,null,null,null,null,null,null,null,null,null,null,null,"","","",0]
[null,null,null,null,null,null,null,null,null,null,null,null,null,"","","",0]
[null,null,null,null,null,null,null,null,null,null,null,null,null,"","","",0]
[null,null,null,null,null,null,null,null,null,null,null,null,null,"","","",0]
[null,null,null,null,null,null,null,null,null,null,null,null,null,"","","",0]
[null,null,null,null,null,null,null,null,null,null,null,null,null,"","","",0]
[null,null,null,null,null,null,null,null,null,null,null,null,null,"","","",0]
[null,null,null,null,null,null,null,null,null,null,null,null,null,"","","",0]
[null,null,null,null,null,null,null,null,null,null,null,null,null,"","","",0]
[null,null,null,null,null,null,null,null,null,null,null,null,null,"","","",0]
[null,null,null,null,null,null,null,null,null,null,null,null,null,"","","",0]
[null,null,null,null,null,null,null,null,null,null,null,null,null,"","","",0]
[null,null,null,null,null,null,null,null,null,null,null,null,null,"","","",0]
[null,null,null,null,null,null,null,null,null,null,null,null,null,"","","",0]
[null,null,null,null,null,null,null,null,null,null,null,null,null,"","","",0]
[null,null,null,null,null,null,null,null,null,null,null,null,null,"","","",0]
[null,null,null,null,null,null,null,null,null,null,null,null,null,"","","",0]
[null,null,null,null,null,null,null,null,null,null,null,null,null,{"$f":"UPPER(TRIM(B10230))","v":""},{"$f":"UPPER(TRIM(D10230))","v":""},{"$f":"UPPER(TRIM(E10230))","v":""},0]
[null,null,null,null,null,null,null,null,null,null,null,null,null,"","","",0]
[null,null,null,null,null,null,null,null,null,null,null,null,null,"","","",0]
[null,null,null,null,null,null,null,null,null,null,null,null,null,"","","",0]
[null,null,null,null,null,null,null,null,null,null,null,null,null,"","","",{"$f":"G10234","v":0}]
[null,null,null,null,null,null,null,null,null,null,null,null,null,"","","",0]
[null,null,null,null,null,null,null,null,null,null,null,null,null,"","","",0]
[null,null,null,null,null,null,null,null,null,null,null,null,null,"","","",0]
[null,null,null,null,null,null,null,null,null,null,null,null,null,"","","",0]
[null,null,null,null,null,null,null,null,null,null,null,null,null,"","","",0]
[null,null,null,null,null,null,null,null,null,null,null,null,null,"","","",0]
[null,null,null,null,null,null,null,null,null,null,null,null,null,"","","",0]
[null,null,null,null,null,null,null,null,null,null,null,null,null,"","","",0]
[null,null,null,null,null,null,null,null,null,null,null,null,null,"","","",0]
[null,null,null,null,null,null,null,null,null,null,null,null,null,"","","",0]
[null,null,null,null,null,null,null,null,null,null,null,null,null,"","","",0]
[null,null,null,null,null,null,null,null,null,null,null,null,null,"","","",0]
[null,null,null,null,null,null,null,null,null,null,null,null,null,"","","",0]
[null,null,null,null,null,null,null,null,null,null,null,null,null,"","","",0]
[null,null,null,null,null,null,null,null,null,null,null,null,null,"","","",0]
[null,null,null,null,null,null,null,null,null,null,null,null,null,"","","",0]
[null,null,null,null,null,null,null,null,null,null,null,null,null,"","","",0]
[null,null,null,null,null,null,null,null,null,null,null,null,null,"","","",0]
[null,null,null,null,null,null,null,null,null,null,null,null,null,"","","",0]
[null,null,null,null,null,null,null,null,null,null,null,null,null,"","","",0]
[null,null,null,null,null,null,null,null,null,null,null,null,null,"","","",0]
[null,null,null,null,null,null,null,null,null,null,null,null,null,"","","",0]
[null,null,null,null,null,null,null,null,null,null,null,null,null,"","","",0]
[null,null,null,null,null,null,null,null,null,null,null,null,null,"","","",0]
[null,null,null,null,null,null,null,null,null,null,null,null,null,"","","",0]
[null,null,null,null,null,null,null,null,null,null,null,null,null,"","","",0]
[null,null,null,null,null,null,null,null,null,null,null,null,null,"","","",0]
[null,null,null,null,null,null,null,null,null,null,null,null,null,"","","",0]
[null,null,null,null,null,null,null,null,null,null,null,null,null,"","","",0]
[null,null,null,null,null,null,null,null,null,null,null,null,null,"","","",0]
[null,null,null,null,null,null,null,null,null,null,null,null,null,"","","",0]
[null,null,null,null,null,null,null,null,null,null,null,null,null,"","","",0]
[null,null,null,null,null,null,null,null,null,null,null,null,null,"","","",0]
[null,null,null,null,null,null,null,null,null,null,null,null,null,"","","",0]
[null,null,null,null,null,null,null,null,null,null,null,null,null,"","","",0]
[null,null,null,null,null,null,null,null,null,null,null,null,null,"","","",0]
[null,null,null,null,null,null,null,null,null,null,null,null,null,"","","",0]
[null,null,null,null,null,null,null,null,null,null,null,null,null,"","","",0]
[null,null,null,null,null,null,null,null,null,null,null,null,null,"","","",0]
[null,null,null,null,null,null,null,null,null,null,null,null,null,"","","",0]
[null,null,null,null,null,null,null,null,null,null,null,null,null,"","","",0]
[null,null,null,null,null,null,null,null,null,null,null,null,null,"","","",0]
[null,null,null,null,null,null,null,null,null,null,null,null,null,"","","",0]
[null,null,null,null,null,null,null,null,null,null,null,null,null,"","","",0]
[null,null,null,null,null,null,null,null,null,null,null,null,null,"","","",0]
[null,null,null,null,null,null,null,null,null,null,null,null,null,"","","",0]
[null,null,null,null,null,null,null,null,null,null,null,null,null,"","","",0]
[null,null,null,null,null,null,null,null,null,null,null,null,null,"","","",0]
[null,null,null,null,null,null,null,null,null,null,null,null,null,"","","",0]
[null,null,null,null,null,null,null,null,null,null,null,null,null,"","","",0]
[null,null,null,null,null,null,null,null,null,null,null,null,null,"","","",0]
[null,null,null,null,null,null,null,null,null,null,null,null,null,"","","",0]
[null,null,null,null,null,null,null,null,null,null,null,null,null,"","","",0]
[null,null,null,null,null,null,null,null,null,null,null,null,null,"","","",0]
[null,null,null,null,null,null,null,null,null,null,null,null,null,"","","",0]
[null,null,null,null,null,null,null,null,null,null,null,null,null,"","","",0]
[null,null,null,null,null,null,null,null,null,null,null,null,null,"","","",0]
[null,null,null,null,null,null,null,null,null,null,null,null,null,"","","",0]
[null,null,null,null,null,null,null,null,null,null,null,null,null,"","","",0]
[null,null,null,null,null,null,null,null,null,null,null,null,null,{"$f":"UPPER(TRIM(B10294))","v":""},{"$f":"UPPER(TRIM(D10294))","v":""},{"$f":"UPPER(TRIM(E10294))","v":""},0]
[null,null,null,null,null,null,null,null,null,null,null,null,null,"","","",0]
[null,null,null,null,null,null,null,null,null,null,null,null,null,"","","",0]
[null,null,null,null,null,null,null,null,null,null,null,null,null,"","","",0]
[null,null,null,null,null,null,null,null,null,null,null,null,null,"","","",{"$f":"G10298","v":0}]
[null,null,null,null,null,null,null,null,null,null,null,null,null,"","","",0]
[null,null,null,null,null,null,null,null,null,null,null,null,null,"","","",0]
[null,null,null,null,null,null,null,null,null,null,null,null,null,"","","",0]
[null,null,null,null,null,null,null,null,null,null,null,null,null,"","","",0]
[null,null,null,null,null,null,null,null,null,null,null,null,null,"","","",0]
[null,null,null,null,null,null,null,null,null,null,null,null,null,"","","",0]
[null,null,null,null,null,null,null,null,null,null,null,null,null,"","","",0]
[null,null,null,null,null,null,null,null,null,null,null,null,null,"","","",0]
[null,null,null,null,null,null,null,null,null,null,null,null,null,"","","",0]
[null,null,null,null,null,null,null,null,null,null,null,null,null,"","","",0]
[null,null,null,null,null,null,null,null,null,null,null,null,null,"","","",0]
[null,null,null,null,null,null,null,null,null,null,null,null,null,"","","",0]
[null,null,null,null,null,null,null,null,null,null,null,null,null,"","","",0]
[null,null,null,null,null,null,null,null,null,null,null,null,null,"","","",0]
[null,null,null,null,null,null,null,null,null,null,null,null,null,"","","",0]
[null,null,null,null,null,null,null,null,null,null,null,null,null,"","","",0]
[null,null,null,null,null,null,null,null,null,null,null,null,null,"","","",0]
[null,null,null,null,null,null,null,null,null,null,null,null,null,"","","",0]
[null,null,null,null,null,null,null,null,null,null,null,null,null,"","","",0]
[null,null,null,null,null,null,null,null,null,null,null,null,null,"","","",0]
[null,null,null,null,null,null,null,null,null,null,null,null,null,"","","",0]
[null,null,null,null,null,null,null,null,null,null,null,null,null,"","","",0]
[null,null,null,null,null,null,null,null,null,null,null,null,null,"","","",0]
[null,null,null,null,null,null,null,null,null,null,null,null,null,"","","",0]
[null,null,null,null,null,null,null,null,null,null,null,null,null,"","","",0]
[null,null,null,null,null,null,null,null,null,null,null,null,null,"","","",0]
[null,null,null,null,null,null,null,null,null,null,null,null,null,"","","",0]
[null,null,null,null,null,null,null,null,null,null,null,null,null,"","","",0]
[null,null,null,null,null,null,null,null,null,null,null,null,null,"","","",0]
[null,null,null,null,null,null,null,null,null,null,null,null,null,"","","",0]
[null,null,null,null,null,null,null,null,null,null,null,null,null,"","","",0]
[null,null,null,null,null,null,null,null,null,null,null,null,null,"","","",0]
[null,null,null,null,null,null,null,null,null,null,null,null,null,"","","",0]
[null,null,null,null,null,null,null,null,null,null,null,null,null,"","","",0]
[null,null,null,null,null,null,null,null,null,null,null,null,null,"","","",0]
[null,null,null,null,null,null,null,null,null,null,null,null,null,"","","",0]
[null,null,null,null,null,null,null,null,null,null,null,null,null,"","","",0]
[null,null,null,null,null,null,null,null,null,null,null,null,null,"","","",0]
[null,null,null,null,null,null,null,null,null,null,null,null,null,"","","",0]
[null,null,null,null,null,null,null,null,null,null,null,null,null,"","","",0]
[null,null,null,null,null,null,null,null,null,null,null,null,null,"","","",0]
[null,null,null,null,null,null,null,null,null,null,null,null,null,"","","",0]
[null,null,null,null,null,null,null,null,null,null,null,null,null,"","","",0]
[null,null,null,null,null,null,null,null,null,null,null,null,null,"","","",0]
[null,null,null,null,null,null,null,null,null,null,null,null,null,"","","",0]
[null,null,null,null,null,null,null,null,null,null,null,null,null,"","","",0]
[null,null,null,null,null,null,null,null,null,null,null,null,null,"","","",0]
[null,null,null,null,null,null,null,null,null,null,null,null,null,"","","",0]
[null,null,null,null,null,null,null,null,null,null,null,null,null,"","","",0]
[null,null,null,null,null,null,null,null,null,null,null,null,null,"","","",0]
[null,null,null,null,null,null,null,null,null,null,null,null,null,"","","",0]
[null,null,null,null,null,null,null,null,null,null,null,null,null,"","","",0]
[null,null,null,null,null,null,null,null,null,null,null,null,null,"","","",0]
[null,null,null,null,null,null,null,null,null,null,null,null,null,"","","",0]
[null,null,null,null,null,null,null,null,null,null,null,null,null,"","","",0]
[null,null,null,null,null,null,null,null,null,null,null,null,null,"","","",0]
[null,null,null,null,null,null,null,null,null,null,null,null,null,"","","",0]
[null,null,null,null,null,null,null,null,null,null,null,null,null,"","","",0]
[null,null,null,null,null,null,null,null,null,null,null,null,null,"","","",0]
[null,null,null,null,null,null,null,null,null,null,null,null,null,{"$f":"UPPER(TRIM(B10358))","v":""},{"$f":"UPPER(TRIM(D10358))","v":""},{"$f":"UPPER(TRIM(E10358))","v":""},0]
[null,null,null,null,null,null,null,null,null,null,null,null,null,"","","",0]
[null,null,null,null,null,null,null,null,null,null,null,null,null,"","","",0]
[null,null,null,null,null,null,null,null,null,null,null,null,null,"","","",0]
[null,null,null,null,null,null,null,null,null,null,null,null,null,"","","",{"$f":"G10362","v":0}]
[null,null,null,null,null,null,null,null,null,null,null,null,null,"","","",0]
[null,null,null,null,null,null,null,null,null,null,null,null,null,"","","",0]
[null,null,null,null,null,null,null,null,null,null,null,null,null,"","","",0]
[null,null,null,null,null,null,null,null,null,null,null,null,null,"","","",0]
[null,null,null,null,null,null,null,null,null,null,null,null,null,"","","",0]
[null,null,null,null,null,null,null,null,null,null,null,null,null,"","","",0]
[null,null,null,null,null,null,null,null,null,null,null,null,null,"","","",0]
[null,null,null,null,null,null,null,null,null,null,null,null,null,"","","",0]
[null,null,null,null,null,null,null,null,null,null,null,null,null,"","","",0]
[null,null,null,null,null,null,null,null,null,null,null,null,null,"","","",0]
[null,null,null,null,null,null,null,null,null,null,null,null,null,"","","",0]
[null,null,null,null,null,null,null,null,null,null,null,null,null,"","","",0]
[null,null,null,null,null,null,null,null,null,null,null,null,null,"","","",0]
[null,null,null,null,null,null,null,null,null,null,null,null,null,"","","",0]
[null,null,null,null,null,null,null,null,null,null,null,null,null,"","","",0]
[null,null,null,null,null,null,null,null,null,null,null,null,null,"","","",0]
[null,null,null,null,null,null,null,null,null,null,null,null,null,"","","",0]
[null,null,null,null,null,null,null,null,null,null,null,null,null,"","","",0]
[null,null,null,null,null,null,null,null,null,null,null,null,null,"","","",0]
[null,null,null,null,null,null,null,null,null,null,null,null,null,"","","",0]
[null,null,null,null,null,null,null,null,null,null,null,null,null,"","","",0]

{"sheet":"Cotação","index":9,"n_rows":36,"n_cols":11,"rows_kept":36,"cut":false,"hidden":false,"merged":[[1,0,1,4]]}
[]
["COTAÇÃO DE PREÇOS",null,null,null,null,null,null,null,null,null,"MÉDIA"]
[{"$f":"Resumo!$A$2","v":"CONTRATANTE:"},{"$f":"Resumo!$B$2","v":"PREFEITURA MUNICIPAL DE JOÃO MONLEVADE-MG"},null,null,{"$f":"Resumo!$D$3","v":"REV_00"},null,null,null,null,null,"MEDIANA"]
[{"$f":"Resumo!$A$3","v":"CONTRATADA:"},{"$f":"Resumo!$B$3","v":"CONSÓRCIO PITÁGORAS"},null,null,{"$f":"Resumo!$D$4","v":"2023-04-20"}]
[{"$f":"Resumo!$A$4","v":"PROJETO:"},{"$f":"Resumo!$B$4","v":"CRAS III BEM VIVER"},null,"MÉDIA OU MEDIANA:","MEDIANA"]
[]
["COTAÇÃO","DESCRIÇÃO / FORNECEDOR","UNIDADE",null,"PREÇO"]
[]
["COT-01","RALO SIFONADO 100X150X50","UND",null,{"$f":"IFERROR(IF($E$5=\"MÉDIA\",AVERAGE(OFFSET(E9,1,0,):OFFSET(E13,-1,0,)),IF($E$5=\"MEDIANA\",MEDIAN(OFFSET(E9,1,0,):OFFSET(E13,-1,0,)),0)),0)","v":36}]
[{"$f":"IFERROR(OFFSET(A10,-1,0)+1,1)","v":1},"MAGAZINE LUIZA","UND","VALOR:",36]
[{"$f":"IFERROR(OFFSET(A11,-1,0)+1,1)","v":2},"MADEIRA MADEIRA","UND","VALOR:",33.32]
[3,"VILAÇA","UND","VALOR:",38.3]
["FIM"]
[]
["COT-02","TELHA SANDUICHE ISOTERMICA COLONIAL","UND",null,{"$f":"IFERROR(IF($E$5=\"MÉDIA\",AVERAGE(OFFSET(E15,1,0,):OFFSET(E19,-1,0,)),IF($E$5=\"MEDIANA\",MEDIAN(OFFSET(E15,1,0,):OFFSET(E19,-1,0,)),0)),0)","v":194.66}]
[{"$f":"IFERROR(OFFSET(A16,-1,0)+1,1)","v":1},"KINGSPAN","M2","VALOR:",194.66]
[{"$f":"IFERROR(OFFSET(A17,-1,0)+1,1)","v":2},"MEU TELHADO","M2","VALOR:",176.69]
[3,"CASA DA TELHA","M2","VALOR:",349]
["FIM"]
[]
["COT-03","TUBO QUADRADO 100X100X3,00 - ASTM A53","UND",null,{"$f":"IFERROR(IF($E$5=\"MÉDIA\",AVERAGE(OFFSET(E21,1,0,):OFFSET(E25,-1,0,)),IF($E$5=\"MEDIANA\",MEDIAN(OFFSET(E21,1,0,):OFFSET(E25,-1,0,)),0)),0)","v":10.1}]
[{"$f":"IFERROR(OFFSET(A22,-1,0)+1,1)","v":1},"CENTURY TUBOS","KG","VALOR:",11]
[{"$f":"IFERROR(OFFSET(A23,-1,0)+1,1)","v":2},"TUBOFACIL","KG","VALOR:",8.82]
[3,"TUBOS OLIVEIRA","KG","VALOR:",10.1]
["FIM"]
[]
["COT-04","PARAFUSO PB 12 1/4\" - 14X3.1/4\" P04","UND",null,{"$f":"IFERROR(IF($E$5=\"MÉDIA\",AVERAGE(OFFSET(E27,1,0,):OFFSET(E30,-1,0,)),IF($E$5=\"MEDIANA\",MEDIAN(OFFSET(E27,1,0,):OFFSET(E30,-1,0,)),0)),0)","v":2.415}]
[{"$f":"IFERROR(OFFSET(A28,-1,0)+1,1)","v":1},"HARD","UND","VALOR:",2.93]
[{"$f":"IFERROR(OFFSET(A29,-1,0)+1,1)","v":2},"AÇOSVITAL","UND","VALOR:",1.9]
["FIM"]
[]
["COT-05","PARAFUSO AUTO-BROCANTES PB 1/4\" 14X7/8\" P01","UND",null,{"$f":"IFERROR(IF($E$5=\"MÉDIA\",AVERAGE(OFFSET(E32,1,0,):OFFSET(E36,-1,0,)),IF($E$5=\"MEDIANA\",MEDIAN(OFFSET(E32,1,0,):OFFSET(E36,-1,0,)),0)),0)","v":0.8}]
[{"$f":"IFERROR(OFFSET(A33,-1,0)+1,1)","v":1},"AÇOSVITAL","UND","VALOR:",0.99]
[{"$f":"IFERROR(OFFSET(A34,-1,0)+1,1)","v":2},"ROYAL","UND","VALOR:",0.8]
[3,"CCP","UND","VALOR:",0.54]
["FIM"]

{"sheet":"Suporte","index":10,"n_rows":81,"n_cols":55,"rows_kept":81,"cut":false,"hidden":true,"merged":[]}
[{"$f":"V1&\".\"&W1&\".\"&X1&\".\"&Y1","v":{"$error":"#REF!"}},null,null,{"$f":"PROCURA_DESCRICAO_SERVICO","v":0},{"$f":"PROCURA_UNIDADE_SERVICO","v":0},null,{"$f":"PROCURA_PRECO_SERVICO","v":0},{"$f":"CUSTO_BDI_SERVICO","v":0},{"$f":"CUSTO_TOTAL_SERVICO","v":0},null,null,null,null,"SERVIÇO",null,null,null,"NIVEL 4","NIVEL 4","NIVEL 4","NIVEL 4",{"$f":"COUNTIF($R$1:$R1,\"NIVEL 1\")","v":0},{"$f":"IFERROR(COUNTIF(INDIRECT(Z1):S1,\"NIVEL 2\"),0)","v":0},{"$f":"COUNTIF(INDIRECT(AB1):T1,\"NIVEL 3\")","v":0},{"$f":"IF(U1=\"NIVEL 4\",OFFSET(Y1,-1,0)+1,0)","v":{"$error":"#REF!"}},{"$f":"ADDRESS(MATCH(COUNTIF($R$1:$R1,\"NIVEL 1\"),V:V,0),COLUMN(S1))","v":"$S$1"},{"$f":"ADDRESS(MATCH(COUNTIF($R$1:$R1,\"NIVEL 1\"),V:V,0),COLUMN(W1))","v":"$W$1"},{"$f":"ADDRESS((MATCH(COUNTIF(INDIRECT(Z1):$S1,\"NIVEL 2\"),INDIRECT(AA1):W1,0)+(MATCH(COUNTIF($R$1:$R1,\"NIVEL 1\"),V:V,0)-1)),COLUMN(T1))","v":"$T$1"},null,null,null,null,null,null,null,null,null,null,null,null,null,null,null,null,null,null,null,null,null,null,null,null,null,null,{"$f":"PROCURA_PRECO_SERVICO","v":0}]
[{"$error":"#REF!"},null,null,{"$f":"PROCURA_DESCRICAO_MATERIAL","v":{"$error":"#NAME?"}},{"$f":"PROCURA_UNIDADE_MATERIAL","v":{"$error":"#NAME?"}},null,{"$f":"PROCURA_PRECO_MATERIAL","v":{"$error":"#NAME?"}},{"$f":"CUSTO_BDI_MATERIAL","v":{"$error":"#NAME?"}},{"$f":"CUSTO_TOTAL_MATERIAL","v":{"$error":"#NAME?"}},null,null,null,null,"SERVIÇO",null,null,null,"NIVEL 4","NIVEL 4","NIVEL 4","NIVEL 4",{"$f":"COUNTIF($R$1:$R2,\"NIVEL 1\")","v":0},{"$f":"IFERROR(COUNTIF(INDIRECT(Z2):S2,\"NIVEL 2\"),0)","v":0},{"$f":"COUNTIF(INDIRECT(AB2):T2,\"NIVEL 3\")","v":0},{"$error":"#REF!"},{"$f":"ADDRESS(MATCH(COUNTIF($R$1:$R2,\"NIVEL 1\"),V:V,0),COLUMN(S2))","v":"$S$1"},{"$f":"ADDRESS(MATCH(COUNTIF($R$1:$R2,\"NIVEL 1\"),V:V,0),COLUMN(W2))","v":"$W$1"},{"$f":"ADDRESS((MATCH(COUNTIF(INDIRECT(Z2):$S2,\"NIVEL 2\"),INDIRECT(AA2):W2,0)+(MATCH(COUNTIF($R$1:$R2,\"NIVEL 1\"),V:V,0)-1)),COLUMN(T2))","v":"$T$1"}]
[]
[null,null,{"$f":"\"TOTAL DO ITEM - \"&A4&\"      :\"","v":"TOTAL DO ITEM -       :"}]
[]
[]
[]
[]
[]
[]
[]
[]
[]
[null,null,null,{"$f":"PROCURA_DESCRICAO_COMPOSIÇÃO","v":0},{"$f":"PROCURA_UNIDADE_COMPOSICAO","v":0},null,{"$f":"PROCURA_PRECO_COMPOSICAO","v":0},{"$f":"TRUNC(G14*F14,2)","v":0},null,null,null,{"$f":"B14","v":0},null,{"$f":"UPPER(TRIM(B14))","v":""},{"$f":"UPPER(TRIM(D14))","v":"0"},"0",{"$f":"G14","v":0},null,null,"SERVIÇO"]
[]
[]
[]
[]
["COMPOSIÇÃO",null,"SERVIÇO",null,null,1,{"$f":"H19","v":0},{"$f":"SUBTOTAL(9,OFFSET(H19,1,0):OFFSET(H22,-1,0))","v":0},null,null,null,{"$f":"B19","v":0},null,{"$f":"UPPER(TRIM(B19))","v":""},{"$f":"UPPER(TRIM(D19))","v":""},"",{"$f":"G19","v":0}]
[null,null,null,{"$f":"PROCURA_DESCRICAO_COMPOSIÇÃO","v":0},{"$f":"PROCURA_UNIDADE_COMPOSICAO","v":0},null,{"$f":"PROCURA_PRECO_COMPOSICAO","v":0},{"$f":"TRUNC(G20*F20,2)","v":0},null,null,null,{"$f":"B20","v":0},null,"","0","0",{"$f":"G20","v":0},null,null,"SERVIÇO"]
[null,null,null,{"$f":"PROCURA_DESCRICAO_COMPOSIÇÃO","v":0},{"$f":"PROCURA_UNIDADE_COMPOSICAO","v":0},null,{"$f":"PROCURA_PRECO_COMPOSICAO","v":0},0,null,null,null,0,null,"","0","0",0,null,null,"SERVIÇO"]
["FIM",null,null,null,null,null,null,null,null,null,null,{"$f":"B22","v":0},null,"","","",{"$f":"G22","v":0}]
[]
[]
[]
[]
[null,null,null,null,{"$f":"IFERROR(IF($E$5=\"MÉDIA\",AVERAGE(OFFSET(E27,1,0,):OFFSET(E33,-1,0,)),IF($E$5=\"MEDIANA\",MEDIAN(OFFSET(E27,1,0,):OFFSET(E33,-1,0,)),0)),0)","v":0}]
[{"$f":"IFERROR(OFFSET(A28,-1,0)+1,1)","v":1},null,null,"VALOR:"]
[{"$f":"IFERROR(OFFSET(A29,-1,0)+1,1)","v":2},null,null,"VALOR:"]
[3,null,null,"VALOR:"]
[4,null,null,"VALOR:"]
[5,null,null,"VALOR:"]
["FIM"]
[]
[]
[]
[]
[]
[]
[]
[null,null,null,null,null,null,null,null,null,null,null,null,null,null,null,null,null,null,null,null,null,null,null,null,null,null,null,null,null,null,null,null,null,null,null,null,null,null,null,null,null,null,null,null,null,null,null,null,null,null,null,null,null,null,{"$f":"PROCURA_PRECO_SERVICO","v":"112,59"}]
[{"$f":"V42","v":1},null,null,null,null,null,null,null,null,null,null,null,null,"ITEM_INICIO",null,null,null,"NIVEL 1",null,null,null,{"$f":"COUNTIF($R$2:$R42,\"NIVEL 1\")","v":1},{"$f":"IFERROR(COUNTIF(INDIRECT(Z42):S42,\"NIVEL 2\"),0)","v":0},{"$f":"COUNTIF(INDIRECT(AB42):T42,\"NIVEL 3\")","v":0},{"$f":"IF(U42=\"NIVEL 4\",OFFSET(Y42,-1,0)+1,0)","v":0},{"$f":"ADDRESS(MATCH(COUNTIF($R$2:$R42,\"NIVEL 1\"),V:V,0),COLUMN(S42))","v":"$S$42"},{"$f":"ADDRESS(MATCH(COUNTIF($R$2:$R42,\"NIVEL 1\"),V:V,0),COLUMN(W42))","v":"$W$42"},{"$f":"ADDRESS((MATCH(COUNTIF(INDIRECT(Z42):$S42,\"NIVEL 2\"),INDIRECT(AA42):W42,0)+(MATCH(COUNTIF($R$2:$R42,\"NIVEL 1\"),V:V,0)-1)),COLUMN(T42))","v":"$T$42"},null,{"$f":"A42","v":1},null,null,{"$f":"D42","v":0},{"$f":"I56","v":0},null,null,null,null,null,null,null,null,null,null,null,null,null,null,null,null,null,null,null,null,{"$f":"PROCURA_PRECO_SERVICO","v":"8.843,53"}]
[null,null,null,null,null,null,null,null,null,null,null,null,null,null,null,null,null,null,null,null,null,{"$f":"COUNTIF($R$2:$R43,\"NIVEL 1\")","v":1},0,0,0,{"$f":"ADDRESS(MATCH(COUNTIF($R$2:$R43,\"NIVEL 1\"),V:V,0),COLUMN(S43))","v":"$S$42"},{"$f":"ADDRESS(MATCH(COUNTIF($R$2:$R43,\"NIVEL 1\"),V:V,0),COLUMN(W43))","v":"$W$42"},{"$f":"ADDRESS((MATCH(COUNTIF(INDIRECT(Z43):$S43,\"NIVEL 2\"),INDIRECT(AA43):W43,0)+(MATCH(COUNTIF($R$2:$R43,\"NIVEL 1\"),V:V,0)-1)),COLUMN(T43))","v":"$T$42"},null,null,null,null,null,null,null,null,null,null,null,null,null,null,null,null,null,null,null,null,null,null,null,null,null,null,{"$f":"PROCURA_PRECO_SERVICO","v":0}]
[{"$f":"V44&\".\"&W44","v":"1.1"},null,null,null,null,null,null,null,null,null,null,null,null,"SUBITEM_INICIO",null,null,null,"NIVEL 2","NIVEL 2",null,null,{"$f":"COUNTIF($R$2:$R44,\"NIVEL 1\")","v":1},1,0,0,{"$f":"ADDRESS(MATCH(COUNTIF($R$2:$R44,\"NIVEL 1\"),V:V,0),COLUMN(S44))","v":"$S$42"},{"$f":"ADDRESS(MATCH(COUNTIF($R$2:$R44,\"NIVEL 1\"),V:V,0),COLUMN(W44))","v":"$W$42"},{"$f":"ADDRESS((MATCH(COUNTIF(INDIRECT(Z44):$S44,\"NIVEL 2\"),INDIRECT(AA44):W44,0)+(MATCH(COUNTIF($R$2:$R44,\"NIVEL 1\"),V:V,0)-1)),COLUMN(T44))","v":"$T$44"},null,null,null,null,null,null,null,null,null,null,null,null,null,null,null,null,null,null,null,null,null,null,null,null,null,null,{"$f":"PROCURA_PRECO_SERVICO","v":0}]
[null,null,null,null,null,null,null,null,null,null,null,null,null,null,null,null,null,null,null,null,null,{"$f":"COUNTIF($R$2:$R45,\"NIVEL 1\")","v":1},1,0,0,{"$f":"ADDRESS(MATCH(COUNTIF($R$2:$R45,\"NIVEL 1\"),V:V,0),COLUMN(S45))","v":"$S$42"},{"$f":"ADDRESS(MATCH(COUNTIF($R$2:$R45,\"NIVEL 1\"),V:V,0),COLUMN(W45))","v":"$W$42"},{"$f":"ADDRESS((MATCH(COUNTIF(INDIRECT(Z45):$S45,\"NIVEL 2\"),INDIRECT(AA45):W45,0)+(MATCH(COUNTIF($R$2:$R45,\"NIVEL 1\"),V:V,0)-1)),COLUMN(T45))","v":"$T$44"},null,null,null,null,null,null,null,null,null,null,null,null,null,null,null,null,null,null,null,null,null,null,null,null,null,null,{"$f":"PROCURA_PRECO_SERVICO","v":0}]
[{"$f":"V46&\".\"&W46&\".\"&X46","v":"1.1.1"},null,null,null,null,null,null,null,null,null,null,null,null,"SUBSUBITEM_INICIO",null,null,null,"NIVEL 3","NIVEL 3","NIVEL 3",null,{"$f":"COUNTIF($R$2:$R46,\"NIVEL 1\")","v":1},1,1,0,{"$f":"ADDRESS(MATCH(COUNTIF($R$2:$R46,\"NIVEL 1\"),V:V,0),COLUMN(S46))","v":"$S$42"},{"$f":"ADDRESS(MATCH(COUNTIF($R$2:$R46,\"NIVEL 1\"),V:V,0),COLUMN(W46))","v":"$W$42"},{"$f":"ADDRESS((MATCH(COUNTIF(INDIRECT(Z46):$S46,\"NIVEL 2\"),INDIRECT(AA46):W46,0)+(MATCH(COUNTIF($R$2:$R46,\"NIVEL 1\"),V:V,0)-1)),COLUMN(T46))","v":"$T$44"},null,null,null,null,null,null,null,null,null,null,null,null,null,null,null,null,null,null,null,null,null,null,null,null,null,null,{"$f":"PROCURA_PRECO_SERVICO","v":0}]
[null,null,null,null,null,null,null,null,null,null,null,null,null,null,null,null,null,null,null,null,null,{"$f":"COUNTIF($R$2:$R47,\"NIVEL 1\")","v":1},1,1,0,{"$f":"ADDRESS(MATCH(COUNTIF($R$2:$R47,\"NIVEL 1\"),V:V,0),COLUMN(S47))","v":"$S$42"},{"$f":"ADDRESS(MATCH(COUNTIF($R$2:$R47,\"NIVEL 1\"),V:V,0),COLUMN(W47))","v":"$W$42"},{"$f":"ADDRESS((MATCH(COUNTIF(INDIRECT(Z47):$S47,\"NIVEL 2\"),INDIRECT(AA47):W47,0)+(MATCH(COUNTIF($R$2:$R47,\"NIVEL 1\"),V:V,0)-1)),COLUMN(T47))","v":"$T$44"},null,null,null,null,null,null,null,null,null,null,null,null,null,null,null,null,null,null,null,null,null,null,null,null,null,null,{"$f":"PROCURA_PRECO_SERVICO","v":0}]
[{"$f":"V48&\".\"&W48&\".\"&X48&\".\"&Y48","v":"1.1.1.1"},null,null,{"$f":"PROCURA_DESCRICAO_SERVICO","v":0},{"$f":"PROCURA_UNIDADE_SERVICO","v":0},null,{"$f":"PROCURA_PRECO_SERVICO","v":0},{"$f":"CUSTO_BDI_SERVICO","v":0},{"$f":"CUSTO_TOTAL_SERVICO","v":0},null,null,null,null,"SERVIÇO",null,null,null,"NIVEL 4","NIVEL 4","NIVEL 4","NIVEL 4",{"$f":"COUNTIF($R$1:$R48,\"NIVEL 1\")","v":1},1,1,1,{"$f":"ADDRESS(MATCH(COUNTIF($R$1:$R48,\"NIVEL 1\"),V:V,0),COLUMN(S48))","v":"$S$42"},{"$f":"ADDRESS(MATCH(COUNTIF($R$1:$R48,\"NIVEL 1\"),V:V,0),COLUMN(W48))","v":"$W$42"},{"$f":"ADDRESS((MATCH(COUNTIF(INDIRECT(Z48):$S48,\"NIVEL 2\"),INDIRECT(AA48):W48,0)+(MATCH(COUNTIF($R$1:$R48,\"NIVEL 1\"),V:V,0)-1)),COLUMN(T48))","v":"$T$44"},null,null,null,null,null,null,null,null,null,null,null,null,null,null,null,null,null,null,null,null,null,null,null,null,null,null,{"$f":"PROCURA_PRECO_SERVICO","v":0}]
["1.1.1.2",null,null,{"$f":"PROCURA_DESCRICAO_SERVICO","v":0},{"$f":"PROCURA_UNIDADE_SERVICO","v":0},null,{"$f":"PROCURA_PRECO_SERVICO","v":0},0,0,null,null,null,null,"SERVIÇO",null,null,null,"NIVEL 4","NIVEL 4","NIVEL 4","NIVEL 4",{"$f":"COUNTIF($R$1:$R49,\"NIVEL 1\")","v":1},1,1,2,{"$f":"ADDRESS(MATCH(COUNTIF($R$1:$R49,\"NIVEL 1\"),V:V,0),COLUMN(S49))","v":"$S$42"},{"$f":"ADDRESS(MATCH(COUNTIF($R$1:$R49,\"NIVEL 1\"),V:V,0),COLUMN(W49))","v":"$W$42"},{"$f":"ADDRESS((MATCH(COUNTIF(INDIRECT(Z49):$S49,\"NIVEL 2\"),INDIRECT(AA49):W49,0)+(MATCH(COUNTIF($R$1:$R49,\"NIVEL 1\"),V:V,0)-1)),COLUMN(T49))","v":"$T$44"},null,null,null,null,null,null,null,null,null,null,null,null,null,null,null,null,null,null,null,null,null,null,null,null,null,null,{"$f":"PROCURA_PRECO_SERVICO","v":0}]
["1.1.1.3",null,null,{"$f":"PROCURA_DESCRICAO_SERVICO","v":0},{"$f":"PROCURA_UNIDADE_SERVICO","v":0},null,{"$f":"PROCURA_PRECO_SERVICO","v":0},0,0,null,null,null,null,"SERVIÇO",null,null,null,"NIVEL 4","NIVEL 4","NIVEL 4","NIVEL 4",{"$f":"COUNTIF($R$1:$R50,\"NIVEL 1\")","v":1},1,1,3,{"$f":"ADDRESS(MATCH(COUNTIF($R$1:$R50,\"NIVEL 1\"),V:V,0),COLUMN(S50))","v":"$S$42"},{"$f":"ADDRESS(MATCH(COUNTIF($R$1:$R50,\"NIVEL 1\"),V:V,0),COLUMN(W50))","v":"$W$42"},{"$f":"ADDRESS((MATCH(COUNTIF(INDIRECT(Z50):$S50,\"NIVEL 2\"),INDIRECT(AA50):W50,0)+(MATCH(COUNTIF($R$1:$R50,\"NIVEL 1\"),V:V,0)-1)),COLUMN(T50))","v":"$T$44"},null,null,null,null,null,null,null,null,null,null,null,null,null,null,null,null,null,null,null,null,null,null,null,null,null,null,{"$f":"PROCURA_PRECO_SERVICO","v":0}]
[null,null,null,null,null,null,null,null,null,null,null,null,null,null,null,null,null,null,null,null,null,{"$f":"COUNTIF($R$2:$R51,\"NIVEL 1\")","v":1},1,1,0,{"$f":"ADDRESS(MATCH(COUNTIF($R$2:$R51,\"NIVEL 1\"),V:V,0),COLUMN(S51))","v":"$S$42"},{"$f":"ADDRESS(MATCH(COUNTIF($R$2:$R51,\"NIVEL 1\"),V:V,0),COLUMN(W51))","v":"$W$42"},{"$f":"ADDRESS((MATCH(COUNTIF(INDIRECT(Z51):$S51,\"NIVEL 2\"),INDIRECT(AA51):W51,0)+(MATCH(COUNTIF($R$2:$R51,\"NIVEL 1\"),V:V,0)-1)),COLUMN(T51))","v":"$T$44"},null,null,null,null,null,null,null,null,null,null,null,null,null,null,null,null,null,null,null,null,null,null,null,null,null,null,{"$f":"PROCURA_PRECO_SERVICO","v":0}]
[null,null,null,{"$f":"\"SUBTOTAL DO ITEM - \"&A46","v":"SUBTOTAL DO ITEM - 1.1.1"},null,null,null,null,{"$f":"SUBTOTAL(9,OFFSET(I46,1,0):OFFSET(I52,-1,0))","v":0},null,null,null,null,"SUBSUBITEM_FIM",null,null,null,null,null,null,null,{"$f":"COUNTIF($R$2:$R52,\"NIVEL 1\")","v":1},1,1,0,{"$f":"ADDRESS(MATCH(COUNTIF($R$2:$R52,\"NIVEL 1\"),V:V,0),COLUMN(S52))","v":"$S$42"},{"$f":"ADDRESS(MATCH(COUNTIF($R$2:$R52,\"NIVEL 1\"),V:V,0),COLUMN(W52))","v":"$W$42"},{"$f":"ADDRESS((MATCH(COUNTIF(INDIRECT(Z52):$S52,\"NIVEL 2\"),INDIRECT(AA52):W52,0)+(MATCH(COUNTIF($R$2:$R52,\"NIVEL 1\"),V:V,0)-1)),COLUMN(T52))","v":"$T$44"},null,null,null,null,null,null,null,null,null,null,null,null,null,null,null,null,null,null,null,null,null,null,null,null,null,null,{"$f":"PROCURA_PRECO_SERVICO","v":0}]
[null,null,null,null,null,null,null,null,null,null,null,null,null,null,null,null,null,null,null,null,null,{"$f":"COUNTIF($R$2:$R53,\"NIVEL 1\")","v":1},1,1,0,{"$f":"ADDRESS(MATCH(COUNTIF($R$2:$R53,\"NIVEL 1\"),V:V,0),COLUMN(S53))","v":"$S$42"},{"$f":"ADDRESS(MATCH(COUNTIF($R$2:$R53,\"NIVEL 1\"),V:V,0),COLUMN(W53))","v":"$W$42"},{"$f":"ADDRESS((MATCH(COUNTIF(INDIRECT(Z53):$S53,\"NIVEL 2\"),INDIRECT(AA53):W53,0)+(MATCH(COUNTIF($R$2:$R53,\"NIVEL 1\"),V:V,0)-1)),COLUMN(T53))","v":"$T$44"},null,null,null,null,null,null,null,null,null,null,null,null,null,null,null,null,null,null,null,null,null,null,null,null,null,null,{"$f":"PROCURA_PRECO_SERVICO","v":0}]
[null,null,null,{"$f":"\"SUBTOTAL DO ITEM  - \"&A44","v":"SUBTOTAL DO ITEM  - 1.1"},null,null,null,null,{"$f":"SUBTOTAL(9,OFFSET(I44,1,0):OFFSET(I54,-1,0))","v":0},null,null,null,null,"SUBITEM_FIM",null,null,null,null,null,null,null,{"$f":"COUNTIF($R$2:$R54,\"NIVEL 1\")","v":1},1,1,0,{"$f":"ADDRESS(MATCH(COUNTIF($R$2:$R54,\"NIVEL 1\"),V:V,0),COLUMN(S54))","v":"$S$42"},{"$f":"ADDRESS(MATCH(COUNTIF($R$2:$R54,\"NIVEL 1\"),V:V,0),COLUMN(W54))","v":"$W$42"},{"$f":"ADDRESS((MATCH(COUNTIF(INDIRECT(Z54):$S54,\"NIVEL 2\"),INDIRECT(AA54):W54,0)+(MATCH(COUNTIF($R$2:$R54,\"NIVEL 1\"),V:V,0)-1)),COLUMN(T54))","v":"$T$44"},null,null,null,null,null,null,null,null,null,null,null,null,null,null,null,null,null,null,null,null,null,null,null,null,null,null,{"$f":"PROCURA_PRECO_SERVICO","v":0}]
[null,null,null,null,null,null,null,null,null,null,null,null,null,null,null,null,null,null,null,null,null,{"$f":"COUNTIF($R$2:$R55,\"NIVEL 1\")","v":1},1,1,0,{"$f":"ADDRESS(MATCH(COUNTIF($R$2:$R55,\"NIVEL 1\"),V:V,0),COLUMN(S55))","v":"$S$42"},{"$f":"ADDRESS(MATCH(COUNTIF($R$2:$R55,\"NIVEL 1\"),V:V,0),COLUMN(W55))","v":"$W$42"},{"$f":"ADDRESS((MATCH(COUNTIF(INDIRECT(Z55):$S55,\"NIVEL 2\"),INDIRECT(AA55):W55,0)+(MATCH(COUNTIF($R$2:$R55,\"NIVEL 1\"),V:V,0)-1)),COLUMN(T55))","v":"$T$44"},null,null,null,null,null,null,null,null,null,null,null,null,null,null,null,null,null,null,null,null,null,null,null,null,null,null,{"$f":"PROCURA_PRECO_SERVICO","v":0}]
[null,null,null,{"$f":"\"TOTAL DO ITEM - \"&A42","v":"TOTAL DO ITEM - 1"},null,null,null,null,{"$f":"SUBTOTAL(9,OFFSET(I42,1,0):OFFSET(I56,-1,0))","v":0},null,null,null,null,"ITEM_FIM",null,null,null,null,null,null,null,{"$f":"COUNTIF($R$2:$R56,\"NIVEL 1\")","v":1},1,1,0,{"$f":"ADDRESS(MATCH(COUNTIF($R$2:$R56,\"NIVEL 1\"),V:V,0),COLUMN(S56))","v":"$S$42"},{"$f":"ADDRESS(MATCH(COUNTIF($R$2:$R56,\"NIVEL 1\"),V:V,0),COLUMN(W56))","v":"$W$42"},{"$f":"ADDRESS((MATCH(COUNTIF(INDIRECT(Z56):$S56,\"NIVEL 2\"),INDIRECT(AA56):W56,0)+(MATCH(COUNTIF($R$2:$R56,\"NIVEL 1\"),V:V,0)-1)),COLUMN(T56))","v":"$T$44"},null,null,null,null,null,null,null,null,null,null,null,null,null,null,null,null,null,null,null,null,null,null,null,null,null,null,{"$f":"PROCURA_PRECO_SERVICO","v":1340.46}]
[]
[null,null,null,null,null,null,null,null,null,null,null,null,null,null,null,null,null,null,null,null,null,null,null,null,null,null,null,null,null,null,null,null,null,null,null,null,null,null,null,null,null,null,null,null,null,null,null,null,null,null,null,null,null,null,{"$f":"PROCURA_PRECO_SERVICO","v":0}]
[{"$f":"V59","v":2},null,null,null,null,null,null,null,null,null,null,null,null,"ITEM_INICIO",null,null,null,"NIVEL 1",null,null,null,{"$f":"COUNTIF($R$2:$R59,\"NIVEL 1\")","v":2},{"$f":"IFERROR(COUNTIF(INDIRECT(Z59):S59,\"NIVEL 2\"),0)","v":0},{"$f":"COUNTIF(INDIRECT(AB59):T59,\"NIVEL 3\")","v":0},{"$f":"IF(U59=\"NIVEL 4\",OFFSET(Y59,-1,0)+1,0)","v":0},{"$f":"ADDRESS(MATCH(COUNTIF($R$2:$R59,\"NIVEL 1\"),V:V,0),COLUMN(S59))","v":"$S$59"},{"$f":"ADDRESS(MATCH(COUNTIF($R$2:$R59,\"NIVEL 1\"),V:V,0),COLUMN(W59))","v":"$W$59"},{"$f":"ADDRESS((MATCH(COUNTIF(INDIRECT(Z59):$S59,\"NIVEL 2\"),INDIRECT(AA59):W59,0)+(MATCH(COUNTIF($R$2:$R59,\"NIVEL 1\"),V:V,0)-1)),COLUMN(T59))","v":"$T$59"},null,{"$f":"A59","v":2},null,null,{"$f":"D59","v":0},{"$f":"I73","v":8121.38},null,null,null,null,null,null,null,null,null,null,null,null,null,null,null,null,null,null,null,null,{"$f":"PROCURA_PRECO_SERVICO","v":0}]
[null,null,null,null,null,null,null,null,null,null,null,null,null,null,null,null,null,null,null,null,null,{"$f":"COUNTIF($R$2:$R60,\"NIVEL 1\")","v":2},0,0,0,{"$f":"ADDRESS(MATCH(COUNTIF($R$2:$R60,\"NIVEL 1\"),V:V,0),COLUMN(S60))","v":"$S$59"},{"$f":"ADDRESS(MATCH(COUNTIF($R$2:$R60,\"NIVEL 1\"),V:V,0),COLUMN(W60))","v":"$W$59"},{"$f":"ADDRESS((MATCH(COUNTIF(INDIRECT(Z60):$S60,\"NIVEL 2\"),INDIRECT(AA60):W60,0)+(MATCH(COUNTIF($R$2:$R60,\"NIVEL 1\"),V:V,0)-1)),COLUMN(T60))","v":"$T$59"},null,null,null,null,null,null,null,null,null,null,null,null,null,null,null,null,null,null,null,null,null,null,null,null,null,null,{"$f":"PROCURA_PRECO_SERVICO","v":0}]
[{"$f":"V61&\".\"&W61","v":"2.1"},null,null,null,null,null,null,null,null,null,null,null,null,"SUBITEM_INICIO",null,null,null,"NIVEL 2","NIVEL 2",null,null,{"$f":"COUNTIF($R$2:$R61,\"NIVEL 1\")","v":2},1,0,0,{"$f":"ADDRESS(MATCH(COUNTIF($R$2:$R61,\"NIVEL 1\"),V:V,0),COLUMN(S61))","v":"$S$59"},{"$f":"ADDRESS(MATCH(COUNTIF($R$2:$R61,\"NIVEL 1\"),V:V,0),COLUMN(W61))","v":"$W$59"},{"$f":"ADDRESS((MATCH(COUNTIF(INDIRECT(Z61):$S61,\"NIVEL 2\"),INDIRECT(AA61):W61,0)+(MATCH(COUNTIF($R$2:$R61,\"NIVEL 1\"),V:V,0)-1)),COLUMN(T61))","v":"$T$61"},null,null,null,null,null,null,null,null,null,null,null,null,null,null,null,null,null,null,null,null,null,null,null,null,null,null,{"$f":"PROCURA_PRECO_SERVICO","v":0}]
[null,null,null,null,null,null,null,null,null,null,null,null,null,null,null,null,null,null,null,null,null,{"$f":"COUNTIF($R$2:$R62,\"NIVEL 1\")","v":2},1,0,0,{"$f":"ADDRESS(MATCH(COUNTIF($R$2:$R62,\"NIVEL 1\"),V:V,0),COLUMN(S62))","v":"$S$59"},{"$f":"ADDRESS(MATCH(COUNTIF($R$2:$R62,\"NIVEL 1\"),V:V,0),COLUMN(W62))","v":"$W$59"},{"$f":"ADDRESS((MATCH(COUNTIF(INDIRECT(Z62):$S62,\"NIVEL 2\"),INDIRECT(AA62):W62,0)+(MATCH(COUNTIF($R$2:$R62,\"NIVEL 1\"),V:V,0)-1)),COLUMN(T62))","v":"$T$61"},null,null,null,null,null,null,null,null,null,null,null,null,null,null,null,null,null,null,null,null,null,null,null,null,null,null,{"$f":"PROCURA_PRECO_SERVICO","v":0}]
[{"$f":"V63&\".\"&W63&\".\"&X63","v":"2.1.1"},null,null,null,null,null,null,null,null,null,null,null,null,"SUBSUBITEM_INICIO",null,null,null,"NIVEL 3","NIVEL 3","NIVEL 3",null,{"$f":"COUNTIF($R$2:$R63,\"NIVEL 1\")","v":2},1,1,0,{"$f":"ADDRESS(MATCH(COUNTIF($R$2:$R63,\"NIVEL 1\"),V:V,0),COLUMN(S63))","v":"$S$59"},{"$f":"ADDRESS(MATCH(COUNTIF($R$2:$R63,\"NIVEL 1\"),V:V,0),COLUMN(W63))","v":"$W$59"},{"$f":"ADDRESS((MATCH(COUNTIF(INDIRECT(Z63):$S63,\"NIVEL 2\"),INDIRECT(AA63):W63,0)+(MATCH(COUNTIF($R$2:$R63,\"NIVEL 1\"),V:V,0)-1)),COLUMN(T63))","v":"$T$61"},null,null,null,null,null,null,null,null,null,null,null,null,null,null,null,null,null,null,null,null,null,null,null,null,null,null,{"$f":"PROCURA_PRECO_SERVICO","v":0}]
[null,null,null,null,null,null,null,null,null,null,null,null,null,null,null,null,null,null,null,null,null,{"$f":"COUNTIF($R$2:$R64,\"NIVEL 1\")","v":2},1,1,0,{"$f":"ADDRESS(MATCH(COUNTIF($R$2:$R64,\"NIVEL 1\"),V:V,0),COLUMN(S64))","v":"$S$59"},{"$f":"ADDRESS(MATCH(COUNTIF($R$2:$R64,\"NIVEL 1\"),V:V,0),COLUMN(W64))","v":"$W$59"},{"$f":"ADDRESS((MATCH(COUNTIF(INDIRECT(Z64):$S64,\"NIVEL 2\"),INDIRECT(AA64):W64,0)+(MATCH(COUNTIF($R$2:$R64,\"NIVEL 1\"),V:V,0)-1)),COLUMN(T64))","v":"$T$61"},null,null,null,null,null,null,null,null,null,null,null,null,null,null,null,null,null,null,null,null,null,null,null,null,null,null,{"$f":"PROCURA_PRECO_SERVICO","v":0}]
[{"$f":"V65&\".\"&W65&\".\"&X65&\".\"&Y65","v":"2.1.1.1"},null,null,{"$f":"PROCURA_DESCRICAO_SERVICO","v":0},{"$f":"PROCURA_UNIDADE_SERVICO","v":0},null,{"$f":"PROCURA_PRECO_SERVICO","v":0},{"$f":"CUSTO_BDI_SERVICO","v":0},{"$f":"CUSTO_TOTAL_SERVICO","v":0},null,null,null,null,"SERVIÇO",null,null,null,"NIVEL 4","NIVEL 4","NIVEL 4","NIVEL 4",{"$f":"COUNTIF($R$1:$R65,\"NIVEL 1\")","v":2},1,1,1,{"$f":"ADDRESS(MATCH(COUNTIF($R$1:$R65,\"NIVEL 1\"),V:V,0),COLUMN(S65))","v":"$S$59"},{"$f":"ADDRESS(MATCH(COUNTIF($R$1:$R65,\"NIVEL 1\"),V:V,0),COLUMN(W65))","v":"$W$59"},{"$f":"ADDRESS((MATCH(COUNTIF(INDIRECT(Z65):$S65,\"NIVEL 2\"),INDIRECT(AA65):W65,0)+(MATCH(COUNTIF($R$1:$R65,\"NIVEL 1\"),V:V,0)-1)),COLUMN(T65))","v":"$T$61"},null,null,null,null,null,null,null,null,null,null,null,null,null,null,null,null,null,null,null,null,null,null,null,null,null,null,{"$f":"PROCURA_PRECO_SERVICO","v":0}]
["2.1.1.2",null,null,{"$f":"PROCURA_DESCRICAO_SERVICO","v":"LOCAÇÃO DE OBRA COM GABARITO DE TÁBUAS CORRIDAS PONTALETADAS A CADA 2,00M, REAPROVEITAMENTO (2X), INCLUSIVE ACOMPANHAMENTO DE EQUIPE TOPOGRÁFICA PARA MARCAÇÃO DE PONTO TOPOGRÁFICO"},{"$f":"PROCURA_UNIDADE_SERVICO","v":"M"},null,{"$f":"PROCURA_PRECO_SERVICO","v":58.85},74.29,8121.38,null,null,null,null,"SERVIÇO",null,null,null,"NIVEL 4","NIVEL 4","NIVEL 4","NIVEL 4",{"$f":"COUNTIF($R$1:$R66,\"NIVEL 1\")","v":2},1,1,2,{"$f":"ADDRESS(MATCH(COUNTIF($R$1:$R66,\"NIVEL 1\"),V:V,0),COLUMN(S66))","v":"$S$59"},{"$f":"ADDRESS(MATCH(COUNTIF($R$1:$R66,\"NIVEL 1\"),V:V,0),COLUMN(W66))","v":"$W$59"},{"$f":"ADDRESS((MATCH(COUNTIF(INDIRECT(Z66):$S66,\"NIVEL 2\"),INDIRECT(AA66):W66,0)+(MATCH(COUNTIF($R$1:$R66,\"NIVEL 1\"),V:V,0)-1)),COLUMN(T66))","v":"$T$61"},null,null,null,null,null,null,null,null,null,null,null,null,null,null,null,null,null,null,null,null,null,null,null,null,null,null,{"$f":"PROCURA_PRECO_SERVICO","v":58.85}]
["2.1.1.3",null,null,{"$f":"PROCURA_DESCRICAO_SERVICO","v":0},{"$f":"PROCURA_UNIDADE_SERVICO","v":0},null,{"$f":"PROCURA_PRECO_SERVICO","v":0},{"$f":"CUSTO_BDI_SERVICO","v":0},{"$f":"CUSTO_TOTAL_SERVICO","v":0},null,null,null,null,"SERVIÇO",null,null,null,"NIVEL 4","NIVEL 4","NIVEL 4","NIVEL 4",{"$f":"COUNTIF($R$1:$R67,\"NIVEL 1\")","v":2},1,1,3,{"$f":"ADDRESS(MATCH(COUNTIF($R$1:$R67,\"NIVEL 1\"),V:V,0),COLUMN(S67))","v":"$S$59"},{"$f":"ADDRESS(MATCH(COUNTIF($R$1:$R67,\"NIVEL 1\"),V:V,0),COLUMN(W67))","v":"$W$59"},{"$f":"ADDRESS((MATCH(COUNTIF(INDIRECT(Z67):$S67,\"NIVEL 2\"),INDIRECT(AA67):W67,0)+(MATCH(COUNTIF($R$1:$R67,\"NIVEL 1\"),V:V,0)-1)),COLUMN(T67))","v":"$T$61"},null,null,null,null,null,null,null,null,null,null,null,null,null,null,null,null,null,null,null,null,null,null,null,null,null,null,{"$f":"PROCURA_PRECO_SERVICO","v":0}]
[null,null,null,null,null,null,null,null,null,null,null,null,null,null,null,null,null,null,null,null,null,{"$f":"COUNTIF($R$2:$R68,\"NIVEL 1\")","v":2},1,1,0,{"$f":"ADDRESS(MATCH(COUNTIF($R$2:$R68,\"NIVEL 1\"),V:V,0),COLUMN(S68))","v":"$S$59"},{"$f":"ADDRESS(MATCH(COUNTIF($R$2:$R68,\"NIVEL 1\"),V:V,0),COLUMN(W68))","v":"$W$59"},{"$f":"ADDRESS((MATCH(COUNTIF(INDIRECT(Z68):$S68,\"NIVEL 2\"),INDIRECT(AA68):W68,0)+(MATCH(COUNTIF($R$2:$R68,\"NIVEL 1\"),V:V,0)-1)),COLUMN(T68))","v":"$T$61"},null,null,null,null,null,null,null,null,null,null,null,null,null,null,null,null,null,null,null,null,null,null,null,null,null,null,{"$f":"PROCURA_PRECO_SERVICO","v":0}]
[null,null,null,{"$f":"\"SUBTOTAL DO ITEM - \"&A63","v":"SUBTOTAL DO ITEM - 2.1.1"},null,null,null,null,{"$f":"SUBTOTAL(9,OFFSET(I63,1,0):OFFSET(I69,-1,0))","v":8121.38},null,null,null,null,"SUBSUBITEM_FIM",null,null,null,null,null,null,null,{"$f":"COUNTIF($R$2:$R69,\"NIVEL 1\")","v":2},1,1,0,{"$f":"ADDRESS(MATCH(COUNTIF($R$2:$R69,\"NIVEL 1\"),V:V,0),COLUMN(S69))","v":"$S$59"},{"$f":"ADDRESS(MATCH(COUNTIF($R$2:$R69,\"NIVEL 1\"),V:V,0),COLUMN(W69))","v":"$W$59"},{"$f":"ADDRESS((MATCH(COUNTIF(INDIRECT(Z69):$S69,\"NIVEL 2\"),INDIRECT(AA69):W69,0)+(MATCH(COUNTIF($R$2:$R69,\"NIVEL 1\"),V:V,0)-1)),COLUMN(T69))","v":"$T$61"},null,null,null,null,null,null,null,null,null,null,null,null,null,null,null,null,null,null,null,null,null,null,null,null,null,null,{"$f":"PROCURA_PRECO_SERVICO","v":0}]
[null,null,null,null,null,null,null,null,null,null,null,null,null,null,null,null,null,null,null,null,null,{"$f":"COUNTIF($R$2:$R70,\"NIVEL 1\")","v":2},1,1,0,{"$f":"ADDRESS(MATCH(COUNTIF($R$2:$R70,\"NIVEL 1\"),V:V,0),COLUMN(S70))","v":"$S$59"},{"$f":"ADDRESS(MATCH(COUNTIF($R$2:$R70,\"NIVEL 1\"),V:V,0),COLUMN(W70))","v":"$W$59"},{"$f":"ADDRESS((MATCH(COUNTIF(INDIRECT(Z70):$S70,\"NIVEL 2\"),INDIRECT(AA70):W70,0)+(MATCH(COUNTIF($R$2:$R70,\"NIVEL 1\"),V:V,0)-1)),COLUMN(T70))","v":"$T$61"},null,null,null,null,null,null,null,null,null,null,null,null,null,null,null,null,null,null,null,null,null,null,null,null,null,null,{"$f":"PROCURA_PRECO_SERVICO","v":0}]
[null,null,null,{"$f":"\"SUBTOTAL DO ITEM  - \"&A61","v":"SUBTOTAL DO ITEM  - 2.1"},null,null,null,null,{"$f":"SUBTOTAL(9,OFFSET(I61,1,0):OFFSET(I71,-1,0))","v":8121.38},null,null,null,null,"SUBITEM_FIM",null,null,null,null,null,null,null,{"$f":"COUNTIF($R$2:$R71,\"NIVEL 1\")","v":2},1,1,0,{"$f":"ADDRESS(MATCH(COUNTIF($R$2:$R71,\"NIVEL 1\"),V:V,0),COLUMN(S71))","v":"$S$59"},{"$f":"ADDRESS(MATCH(COUNTIF($R$2:$R71,\"NIVEL 1\"),V:V,0),COLUMN(W71))","v":"$W$59"},{"$f":"ADDRESS((MATCH(COUNTIF(INDIRECT(Z71):$S71,\"NIVEL 2\"),INDIRECT(AA71):W71,0)+(MATCH(COUNTIF($R$2:$R71,\"NIVEL 1\"),V:V,0)-1)),COLUMN(T71))","v":"$T$61"},null,null,null,null,null,null,null,null,null,null,null,null,null,null,null,null,null,null,null,null,null,null,null,null,null,null,{"$f":"PROCURA_PRECO_SERVICO","v":0}]
[null,null,null,null,null,null,null,null,null,null,null,null,null,null,null,null,null,null,null,null,null,{"$f":"COUNTIF($R$2:$R72,\"NIVEL 1\")","v":2},1,1,0,{"$f":"ADDRESS(MATCH(COUNTIF($R$2:$R72,\"NIVEL 1\"),V:V,0),COLUMN(S72))","v":"$S$59"},{"$f":"ADDRESS(MATCH(COUNTIF($R$2:$R72,\"NIVEL 1\"),V:V,0),COLUMN(W72))","v":"$W$59"},{"$f":"ADDRESS((MATCH(COUNTIF(INDIRECT(Z72):$S72,\"NIVEL 2\"),INDIRECT(AA72):W72,0)+(MATCH(COUNTIF($R$2:$R72,\"NIVEL 1\"),V:V,0)-1)),COLUMN(T72))","v":"$T$61"},null,null,null,null,null,null,null,null,null,null,null,null,null,null,null,null,null,null,null,null,null,null,null,null,null,null,{"$f":"PROCURA_PRECO_SERVICO","v":0}]
[null,null,null,{"$f":"\"TOTAL DO ITEM - \"&A59","v":"TOTAL DO ITEM - 2"},null,null,null,null,{"$f":"SUBTOTAL(9,OFFSET(I59,1,0):OFFSET(I73,-1,0))","v":8121.38},null,null,null,null,"ITEM_FIM",null,null,null,null,null,null,null,{"$f":"COUNTIF($R$2:$R73,\"NIVEL 1\")","v":2},1,1,0,{"$f":"ADDRESS(MATCH(COUNTIF($R$2:$R73,\"NIVEL 1\"),V:V,0),COLUMN(S73))","v":"$S$59"},{"$f":"ADDRESS(MATCH(COUNTIF($R$2:$R73,\"NIVEL 1\"),V:V,0),COLUMN(W73))","v":"$W$59"},{"$f":"ADDRESS((MATCH(COUNTIF(INDIRECT(Z73):$S73,\"NIVEL 2\"),INDIRECT(AA73):W73,0)+(MATCH(COUNTIF($R$2:$R73,\"NIVEL 1\"),V:V,0)-1)),COLUMN(T73))","v":"$T$61"},null,null,null,null,null,null,null,null,null,null,null,null,null,null,null,null,null,null,null,null,null,null,null,null,null,null,{"$f":"PROCURA_PRECO_SERVICO","v":0}]
[null,null,null,null,null,null,null,null,null,null,null,null,null,null,null,null,null,null,null,null,null,{"$f":"COUNTIF($R$2:$R74,\"NIVEL 1\")","v":2},1,1,0,{"$f":"ADDRESS(MATCH(COUNTIF($R$2:$R74,\"NIVEL 1\"),V:V,0),COLUMN(S74))","v":"$S$59"},{"$f":"ADDRESS(MATCH(COUNTIF($R$2:$R74,\"NIVEL 1\"),V:V,0),COLUMN(W74))","v":"$W$59"},{"$f":"ADDRESS((MATCH(COUNTIF(INDIRECT(Z74):$S74,\"NIVEL 2\"),INDIRECT(AA74):W74,0)+(MATCH(COUNTIF($R$2:$R74,\"NIVEL 1\"),V:V,0)-1)),COLUMN(T74))","v":"$T$61"},null,null,null,null,null,null,null,null,null,null,null,null,null,null,null,null,null,null,null,null,null,null,null,null,null,null,{"$f":"PROCURA_PRECO_SERVICO","v":0}]
[]
[]
[]
[null,null,null,"DANILO VITOR SILVA","CREA MG: 201.381/D"]
[null,null,null,"JULIANA GONÇALVES OLIVEIRA","CREA MG: 239.787/D"]
[null,null,null,"LEANDRO FERREIRA ARÃES","CREA MG: 249.818/D"]
[null,null,null,"SÉRGIO HENRIQUE NOGUEIRA","CREA MG: 99.873/D"]

{"sheet":"Imagens","index":11,"n_rows":103,"n_cols":10,"rows_kept":103,"cut":false,"hidden":true,"merged":[]}
["PROJETA CONSULTORIA E SERVIÇOS LTDA."]
["OBJETIVA PROJETOS E SERVIÇOS LTDA."]
["PLATOR PROJETOS E SERVIÇOS AMBIENTAIS LTDA."]
["CONSÓRCIO PAS"]
["CONSÓRCIO PITÁGORAS"]
["CONSÓRCIO OPUS PROJETOS"]
["CONSÓRCIO MINAS PROJETOS"]
[]
[null,null,null,"PROJETA CONSULTORIA E SERVIÇOS LTDA."]
[null,null,null,"OBJETIVA PROJETOS E SERVIÇOS LTDA."]
[null,null,null,"PLATOR PROJETOS E SERVIÇOS AMBIENTAIS LTDA."]
[null,null,null,"CONSÓRCIO PAS"]
[null,null,null,"CONSÓRCIO PITÁGORAS"]
[null,null,null,"CONSÓRCIO OPUS PROJETOS"]
[null,null,null,"CONSÓRCIO MINAS PROJETOS"]
[]
[null,null,null,null,null,null,"PREFEITURA MUNICIPAL DE ALFENAS - MG",null,0.05,"http://www.alfenas.mg.gov.br"]
[null,null,null,null,null,null,"PREFEITURA MUNICIPAL DE ALMENARA -MG",null,0.05,"https://www.almenara.mg.gov.br"]
[null,null,null,null,null,null,"PREFEITURA MUNICIPAL DE ALVORADA DE MINAS - MG",null,0.05,"https://www.alvoradademinas.mg.gov.br"]
[null,null,null,null,null,null,"PREFEITURA MUNICPAL DE ANAPOLIS - MG",null,0.05,"https://www.anapolis.go.gov.br"]
[null,null,null,null,null,null,"PREFEITURA MUNICIPAL DE ARAGUARI - MG",null,0.05,"https://www.araguari.mg.gov.br"]
[null,null,null,null,null,null,"PREFEITURA MUNICIPAL DE ARAXÁ- MG",null,0.02,"https://www.araxa.mg.leg.br"]
[null,null,null,null,null,null,"PREFEITURA MUNICIPAL DE BARÃO DE COCAIS - MG",null,0.05]
[null,null,null,null,null,null,"PREFEITURA MUNICIPAL DE BELA VISTA DE MINAS-MG",null,0.05,"https://www.belavistademinas.mg.gov.br"]
[null,null,null,null,null,null,"PREFEITURA MUNICIPAL DE BELO VALE - MG",null,0.05,"http://www.belovale.mg.gov.br"]
[null,null,null,null,null,null,"PREFEITURA MUNICIPAL DE BOA ESPERANÇA- MG",null,0.045,"https://www.boaesperanca.mg.gov.br"]
[null,null,null,null,null,null,"PREFEITURA MUNICIPAL DE BOM DESPACHO - MG",null,0.05,"https://www.bomdespacho.mg.gov.br"]
[null,null,null,null,null,null,"PREFEITURA MUNICIPAL DE BONFIM - MG",null,0.05,"https://www.prefeiturabonfim.mg.gov.br "]
[null,null,null,null,null,null,"CAMARA MUNICIPAL DE BRUMADINHO - MG",null,0.05]
[null,null,null,null,null,null,"PREFEITURA MUNICIPAL DE CAMPANHA-MG",null,0.03,"https://www.campanha.mg.gov.br"]
[null,null,null,null,null,null,"PREFEITURA MUNICPAL DE CAMPOS ALTOS -MG ",null,0.03,"http://www.camposaltos.mg.gov.br"]
[null,null,null,null,null,null,"CAEMA - MA",null,0.05]
[null,null,null,null,null,null,"CEASA - MG",null,0.05]
[null,null,null,null,null,null,"CAMARA MUNICIPAL DE BRUMADINHO - MG",null,0.05]
[null,null,null,null,null,null,"CODEMGE",null,0.05]
[null,null,null,null,null,null,"PREFEITURA MUNICIPAL DE CARMÓPOLIS DE MINAS - MG",null,0.05,"https://carmopolisdeminas.mg.gov.br"]
[null,null,null,null,null,null,"PREFEITURA MUNICIPAL DE CARVOLHOPOLIS- MG ",null,0.05,"https://carvalhopolis.mg.gov.br"]
[null,null,null,null,null,null,"PREFEITURA MUNICIPAL DE CONCEIÇÃO DO MATO DENTRO - MG",null,0.05,"https://www.cmd.mg.gov.br"]
[null,null,null,null,null,null,"PREFEITURA MUNICPAL DE CACHOEIRA DA PRATA- MG",null,null,"https://sites.google.com/a/cachoeiradaprata.mg.gov.br"]
[null,null,null,null,null,null,"PREFEITURA MUNICPAL DE CONCEIÇÃO DO PARÁ-MG",null,null,"https://www.prefeituras.org/prefeitura-municipal-de-conceicao-do-para-mg"]
[null,null,null,null,null,null,"PREFEITURA MUNICIPAL DE CONSELHEIRO LAFAIETE-MG",null,0.03,"https://conselheirolafaiete.mg.gov.br/v2/"]
[null,null,null,null,null,null,"PREFEITURA MUNICIPAL DE CONGONHAS - MG",null,0.05,"https://www.congonhas.mg.gov.br"]
[null,null,null,null,null,null,"DEPARTAMENTO DE EDIFICAÇÕES E DE RODOVIAS DO ESPIRITO SANTO DER/ES",null,null,"https://der.es.gov.br"]
[null,null,null,null,null,null,"DEER - MG",null,0.05,"http://www.der.mg.gov.br"]
[null,null,null,null,null,null,"PREFEITURA MUNICIPAL DE DOM JOAQUIM - MG",null,0.05,"https://www.prefeituras.org/prefeitura-municipal-de-dom-joaquim-mg"]
[null,null,null,null,null,null,"PREFEITURA MUNICIPAL DE ENTRE RIOS DE MINAS - MG",null,0.05]
[null,null,null,null,null,null,"PREFEITURA MUNICIPAL DE ELÓI MENDES-MG",null,0.05,"https://eloimendes.mg.gov.br"]
[null,null,null,null,null,null,"PREFEITURA MUNICIPAL DE FERROS - MG",null,0.04,"https://ferros.mg.gov.br"]
[null,null,null,null,null,null,"INSTITUTO FEDERAL DE MINAS GERAIS - SUDESTE",null,0.05]
[null,null,null,null,null,null,"INSTITUTO FEDERAL DE MINAS GERAIS",null,0.05]
[null,null,null,null,null,null,"PREFEITURA MUNICIPAL DE GOIANIA ",null,null,"https://www.goiania.go.gov.br/"]
[null,null,null,null,null,null,"PREFEITURA MUNICIPAL DE GUANHÃES-MG",null,null,"https://guanhaes.mg.gov.br"]
[null,null,null,null,null,null,"PREFEITURA MUNICIPAL DE GUIMARÂNIA-MG",null,null,"https://www.guimarania.mg.gov.br"]
[null,null,null,null,null,null,"PREFEITURA MUNICIPAL DE ITAPEMIRIM-MG",null,null,"https://www.itapemirim.es.gov.br"]
[null,null,null,null,null,null,"PREFEITURA MUNICIPAL DE ITAGUARA-MG",null,0.05,"https://www.itaguara.mg.gov.br"]
[null,null,null,null,null,null,"PREFEITURA MUNICIPAL DE ILICÍNIA-MG",null,0.03,"https://www.ilicinea.mg.gov.br"]
[null,null,null,null,null,null,"PREFEITURA MUNICIPAL DE ITUMIRIM-MG",null,0.03,"http://itumirim.mg.gov.br"]
[null,null,null,null,null,null,"PREFEITURA MUNICIPAL DE IGARAPÉ - MG",null,0.05,"https://www.igarape.mg.gov.br"]
[null,null,null,null,null,null,"PREFEITURA MUNICIPAL DE ILHÉUS - BA",null,0.05]
[null,null,null,null,null,null,"PREFEITURA MUNICIPAL DE ITATIAIUÇU - MG",null,0.05]
[null,null,null,null,null,null,"PREFEITURA MUNICIPAL DE JABOTICATUBAS - MG",null,0.05,"https://www.jaboticatubas.mg.gov.br"]
[null,null,null,null,null,null,"PREFEITURA MUNICIPAL DE JOÃO MONLEVADE-MG",null,0.05,"https://pmjm.mg.gov.br"]
[null,null,null,null,null,null,"PREFEITURA MUNICIPAL DE LAGOA GRANDE",null,0.05]
[null,null,null,null,null,null,"PREFEITURA MUNICIPAL DE LAGOA SANTA - MG",null,0.05,"https://www.cmlagoasanta.mg.gov.br"]
[null,null,null,null,null,null,"PREFEITURA MUNICIPAL DE MARIANA - MG",null,0.05]
[null,null,null,null,null,null,"PREFEITURA MUNICIPAL DE MACHADO-MG",null,0.03,"http://www.machado.mg.gov.br"]
[null,null,null,null,null,null,"PREFEITURA MUNICIPAL DE MÁRIO CAMPOS - MG",null,0.05,"https://www.mariocampos.mg.gov.br"]
[null,null,null,null,null,null,"PREFEITURA MUNICIPAL DE MARTINHO CAMPOS-MG",null,0.05,"https://www.martinhocampos.mg.gov.br"]
[null,null,null,null,null,null,"PREFEITURA MUNICIPAL DE MATEUS LEME - MG",null,0.03,"https://mateusleme.mg.gov.br"]
[null,null,null,null,null,null,"PREFEITURA MUNICIPAL DE MOEMA-MG",null,0.05,"https://moema.mg.gov.br"]
[null,null,null,null,null,null,"PREFEITURA MUNICIPAL DE MONSENHOR PAULO - MG",null,0.05,"https://monsenhorpaulo.mg.gov.br"]
[null,null,null,null,null,null,"PREFEITURA MUNICIPAL DE OURO BRANCO - MG",null,0.05,"https://www.ourobranco.mg.gov.br"]
[null,null,null,null,null,null,"PREFEITURA MUNICIPAL DE OURO PRETO - MG",null,0.05,"https://ouropreto.mg.gov.br"]
[null,null,null,null,null,null,"PREFEITURA MUNICIPAL DE PARAGUAÇU-MG",null,0.03,"https://paraguacu.mg.gov.br"]
[null,null,null,null,null,null,"PREFEITURA MUNICIPAL DE PIEDADE DOS GERAIS - MG",null,0.05]
[null,null,null,null,null,null,"PREFEITURA MUNICIPAL DE PARACATU - MG",null,0.05,"https://www.paracatu.mg.gov.br"]
[null,null,null,null,null,null,"PREFEITURA MUNICIPAL DE PATOS DE MINAS - MG",null,0.02,"http://patosdeminas.mg.gov.br"]
[null,null,null,null,null,null,"PREFEITURA MUNICIPAL DE PERDÕES-MG",null,0.03,"https://perdoes.mg.gov.br"]
[null,null,null,null,null,null,"PREFEITURA MUNICIPAL DE POÇO FUNDO -MG",null,null,"https://www.pocofundo.mg.gov.br"]
[null,null,null,null,null,null,"POLÍCIA MILITAR DE MINAS GERAIS",null,0.05]
[null,null,null,null,null,null,"PREFEITURA MUNICIPAL DE RIO VERMELHO-MG",null,null,"https://riovermelho.mg.gov.br"]
[null,null,null,null,null,null,"PREFEITURA MUNICIPAL DE RIBEIRÃO DAS NEVES-MG",null,0.05,"https://www.ribeiraodasneves.mg.gov.br"]
[null,null,null,null,null,null,"PREFEITURA MUNICIPAL DE RIO BANANAL - ES",null,0.05]
[null,null,null,null,null,null,"PREFEITURA MUNICIPAL DE SANTA BÁRBARA - MG",null,0.05,"https://www.santabarbara.mg.gov.br"]
[null,null,null,null,null,null,"PREFEITURA MUNICIPAL DE SÃO JOAQUIM DE BICAS - MG",null,0.05,"https://www.saojoaquimdebicas.mg.gov.br"]
[null,null,null,null,null,null,"PREFEITURA MUNICIPAL DE SÃO GONÇALO DO RIO ABAIXO-MG",null,0.05,"https://www.saogoncalo.mg.gov.br"]
[null,null,null,null,null,null,"PREFEITURA MUNICIPAL DE SÃO SEBASTIÃO DO OESTE-MG",null,null,"https://saosebastiaodooeste.mg.gov.br"]
[null,null,null,null,null,null,"PREFEITURA MUNICIPAL DE SÃO JOSÉ DA LAPA - MG",null,0.03,"https://www.saojosedalapa.mg.gov.br"]
[null,null,null,null,null,null,"PREFEITURA MUNICIPAL DE SÃO LUÍS - MA",null,0.05]
[null,null,null,null,null,null,"PREFEITURA MUNICIPAL DE SARZEDO - MG",null,0.04,"https://www.sarzedo.mg.gov.br"]
[null,null,null,null,null,null,"PREFEITURA MUNICIPAL DE SERRA - ES",null,0.05,"http://www.serra.es.gov.br"]
[null,null,null,null,null,null,"PREFEITURA MUNICIPAL DE SERRANIA - MG",null,0.05,"https://www.serrania.mg.gov.br"]
[null,null,null,null,null,null,"PREFEITURA MUNICIPAL DE SERRO - MG",null,0.05]
[null,null,null,null,null,null,"PREFEITURA MUNICIPAL DE SETE LAGOAS - MG",null,0.05]
[null,null,null,null,null,null,"SECRETARIA DE SEGURANÇA PÚBLICA DO ESPÍRITO SANTO",null,0.05]
[null,null,null,null,null,null,"SEST SENAT",null,0.05]
[null,null,null,null,null,null,"PREFEITURA MUNICIPAL DE TRÊS PONTAS-MG",null,0.025,"https://www.trespontas.mg.gov.br"]
[null,null,null,null,null,null,"TRIBUNAL DE JUSTIÇA MILITAR DE MINAS GERAIS",null,0.05]
[null,null,null,null,null,null,"TRIBUNAL DE JUSTIÇA DE MINAS GERAIS",null,0.05,"http://tjmmg.jus.br"]
[null,null,null,null,null,null,"PREFEITURA MUNICIPAL DE UBERABA-MG",null,0.02,"https://portal.uberaba.mg.gov.br"]
[null,null,null,null,null,null,"PREFEITURA MUNICIPAL DE VESPASIANO - MG",null,0.05,"https://www.vespasiano.mg.gov.br"]
[null,null,null,null,null,null,"PREFEITURA MUNICIPAL DE VITÓRIA - ES",null,0.05]
[null,null,null,null,null,null,"PREFEITURA MUNICIPAL DE RIO ACIMA - MG",null,0.02,"http://www.prefeiturarioacima.mg.gov.br"]

{"sheet":"Banco_Servico","index":12,"n_rows":111249,"n_cols":32,"rows_kept":4500,"cut":true,"hidden":true,"merged":[],"bounds":{"rows_first":2000,"rows_last":500,"rows_between":2000,"halvings":0}}
["BASE","CÓDIGO","DESCRIÇÃO","UNIDADE",null,"PREÇO DESONERADO","PREÇO NÃO DESONERADO"]
[null,"SINAPI 02/2023 - MG"]
["SINAPI","97141","ASSENTAMENTO DE TUBO DE FERRO FUNDIDO PARA REDE DE ÁGUA, DN 80 MM, JUNTA ELÁSTICA, INSTALADO EM LOCAL COM NÍVEL ALTO DE INTERFERÊNCIAS (NÃO INCLUI FORNECIMENTO). AF_11/2017","M",null,8.24,"8,95"]
["SINAPI","97142","ASSENTAMENTO DE TUBO DE FERRO FUNDIDO PARA REDE DE ÁGUA, DN 100 MM, JUNTA ELÁSTICA, INSTALADO EM LOCAL COM NÍVEL ALTO DE INTERFERÊNCIAS (NÃO INCLUI FORNECIMENTO). AF_11/2017","M",null,9.16,"9,94"]
["SINAPI","97143","ASSENTAMENTO DE TUBO DE FERRO FUNDIDO PARA REDE DE ÁGUA, DN 150 MM, JUNTA ELÁSTICA, INSTALADO EM LOCAL COM NÍVEL ALTO DE INTERFERÊNCIAS (NÃO INCLUI FORNECIMENTO). AF_11/2017","M",null,11.46,"12,47"]
["SINAPI","97144","ASSENTAMENTO DE TUBO DE FERRO FUNDIDO PARA REDE DE ÁGUA, DN 200 MM, JUNTA ELÁSTICA, INSTALADO EM LOCAL COM NÍVEL ALTO DE INTERFERÊNCIAS (NÃO INCLUI FORNECIMENTO). AF_11/2017","M",null,13.73,"14,97"]
["SINAPI","97145","ASSENTAMENTO DE TUBO DE FERRO FUNDIDO PARA REDE DE ÁGUA, DN 250 MM, JUNTA ELÁSTICA, INSTALADO EM LOCAL COM NÍVEL ALTO DE INTERFERÊNCIAS (NÃO INCLUI FORNECIMENTO). AF_11/2017","M",null,16.04,"17,51"]
["SINAPI","97146","ASSENTAMENTO DE TUBO DE FERRO FUNDIDO PARA REDE DE ÁGUA, DN 300 MM, JUNTA ELÁSTICA, INSTALADO EM LOCAL COM NÍVEL ALTO DE INTERFERÊNCIAS (NÃO INCLUI FORNECIMENTO). AF_11/2017","M",null,18.36,"20,03"]
["SINAPI","97147","ASSENTAMENTO DE TUBO DE FERRO FUNDIDO PARA REDE DE ÁGUA, DN 350 MM, JUNTA ELÁSTICA, INSTALADO EM LOCAL COM NÍVEL ALTO DE INTERFERÊNCIAS (NÃO INCLUI FORNECIMENTO). AF_11/2017","M",null,20.67,"22,58"]
["SINAPI","97148","ASSENTAMENTO DE TUBO DE FERRO FUNDIDO PARA REDE DE ÁGUA, DN 400 MM, JUNTA ELÁSTICA, INSTALADO EM LOCAL COM NÍVEL ALTO DE INTERFERÊNCIAS (NÃO INCLUI FORNECIMENTO). AF_11/2017","M",null,22.96,"25,09"]
["SINAPI","97149","ASSENTAMENTO DE TUBO DE FERRO FUNDIDO PARA REDE DE ÁGUA, DN 450 MM, JUNTA ELÁSTICA, INSTALADO EM LOCAL COM NÍVEL ALTO DE INTERFERÊNCIAS (NÃO INCLUI FORNECIMENTO). AF_11/2017","M",null,25.3,"27,66"]
["SINAPI","97150","ASSENTAMENTO DE TUBO DE FERRO FUNDIDO PARA REDE DE ÁGUA, DN 500 MM, JUNTA ELÁSTICA, INSTALADO EM LOCAL COM NÍVEL ALTO DE INTERFERÊNCIAS (NÃO INCLUI FORNECIMENTO). AF_11/2017","M",null,32.15,"34,73"]
["SINAPI","97151","ASSENTAMENTO DE TUBO DE FERRO FUNDIDO PARA REDE DE ÁGUA, DN 600 MM, JUNTA ELÁSTICA, INSTALADO EM LOCAL COM NÍVEL ALTO DE INTERFERÊNCIAS (NÃO INCLUI FORNECIMENTO). AF_11/2017","M",null,37.46,"40,48"]
["SINAPI","97152","ASSENTAMENTO DE TUBO DE FERRO FUNDIDO PARA REDE DE ÁGUA, DN 700 MM, JUNTA ELÁSTICA, INSTALADO EM LOCAL COM NÍVEL ALTO DE INTERFERÊNCIAS (NÃO INCLUI FORNECIMENTO). AF_11/2017","M",null,42.53,"46,00"]
["SINAPI","97153","ASSENTAMENTO DE TUBO DE FERRO FUNDIDO PARA REDE DE ÁGUA, DN 800 MM, JUNTA ELÁSTICA, INSTALADO EM LOCAL COM NÍVEL ALTO DE INTERFERÊNCIAS (NÃO INCLUI FORNECIMENTO). AF_11/2017","M",null,47.74,"51,66"]
["SINAPI","97154","ASSENTAMENTO DE TUBO DE FERRO FUNDIDO PARA REDE DE ÁGUA, DN 900 MM, JUNTA ELÁSTICA, INSTALADO EM LOCAL COM NÍVEL ALTO DE INTERFERÊNCIAS (NÃO INCLUI FORNECIMENTO). AF_11/2017","M",null,52.97,"57,34"]
["SINAPI","97155","ASSENTAMENTO DE TUBO DE FERRO FUNDIDO PARA REDE DE ÁGUA, DN 1000 MM, JUNTA ELÁSTICA, INSTALADO EM LOCAL COM NÍVEL ALTO DE INTERFERÊNCIAS (NÃO INCLUI FORNECIMENTO). AF_11/2017","M",null,58.23,"63,04"]
["SINAPI","97156","ASSENTAMENTO DE TUBO DE FERRO FUNDIDO PARA REDE DE ÁGUA, DN 1200 MM, JUNTA ELÁSTICA, INSTALADO EM LOCAL COM NÍVEL ALTO DE INTERFERÊNCIAS (NÃO INCLUI FORNECIMENTO). AF_11/2017","M",null,69.08,"74,79"]
["SINAPI","97157","ASSENTAMENTO DE TUBO DE FERRO FUNDIDO PARA REDE DE ÁGUA, DN 80 MM, JUNTA ELÁSTICA, INSTALADO EM LOCAL COM NÍVEL BAIXO DE INTERFERÊNCIAS (NÃO INCLUI FORNECIMENTO). AF_11/2017","M",null,4.99,"5,40"]
["SINAPI","97158","ASSENTAMENTO DE TUBO DE FERRO FUNDIDO PARA REDE DE ÁGUA, DN 100 MM, JUNTA ELÁSTICA, INSTALADO EM LOCAL COM NÍVEL BAIXO DE INTERFERÊNCIAS (NÃO INCLUI FORNECIMENTO). AF_11/2017","M",null,5.56,"6,01"]
["SINAPI","97159","ASSENTAMENTO DE TUBO DE FERRO FUNDIDO PARA REDE DE ÁGUA, DN 150 MM, JUNTA ELÁSTICA, INSTALADO EM LOCAL COM NÍVEL BAIXO DE INTERFERÊNCIAS (NÃO INCLUI FORNECIMENTO). AF_11/2017","M",null,6.96,"7,53"]
["SINAPI","97160","ASSENTAMENTO DE TUBO DE FERRO FUNDIDO PARA REDE DE ÁGUA, DN 200 MM, JUNTA ELÁSTICA, INSTALADO EM LOCAL COM NÍVEL BAIXO DE INTERFERÊNCIAS (NÃO INCLUI FORNECIMENTO). AF_11/2017","M",null,8.33,"9,05"]
["SINAPI","97161","ASSENTAMENTO DE TUBO DE FERRO FUNDIDO PARA REDE DE ÁGUA, DN 250 MM, JUNTA ELÁSTICA, INSTALADO EM LOCAL COM NÍVEL BAIXO DE INTERFERÊNCIAS (NÃO INCLUI FORNECIMENTO). AF_11/2017","M",null,9.76,"10,61"]
["SINAPI","97162","ASSENTAMENTO DE TUBO DE FERRO FUNDIDO PARA REDE DE ÁGUA, DN 300 MM, JUNTA ELÁSTICA, INSTALADO EM LOCAL COM NÍVEL BAIXO DE INTERFERÊNCIAS (NÃO INCLUI FORNECIMENTO). AF_11/2017","M",null,11.17,"12,14"]
["SINAPI","97163","ASSENTAMENTO DE TUBO DE FERRO FUNDIDO PARA REDE DE ÁGUA, DN 350 MM, JUNTA ELÁSTICA, INSTALADO EM LOCAL COM NÍVEL BAIXO DE INTERFERÊNCIAS (NÃO INCLUI FORNECIMENTO). AF_11/2017","M",null,12.59,"13,69"]
["SINAPI","97164","ASSENTAMENTO DE TUBO DE FERRO FUNDIDO PARA REDE DE ÁGUA, DN 400 MM, JUNTA ELÁSTICA, INSTALADO EM LOCAL COM NÍVEL BAIXO DE INTERFERÊNCIAS (NÃO INCLUI FORNECIMENTO). AF_11/2017","M",null,13.99,"15,24"]
["SINAPI","97165","ASSENTAMENTO DE TUBO DE FERRO FUNDIDO PARA REDE DE ÁGUA, DN 450 MM, JUNTA ELÁSTICA, INSTALADO EM LOCAL COM NÍVEL BAIXO DE INTERFERÊNCIAS (NÃO INCLUI FORNECIMENTO). AF_11/2017","M",null,15.43,"16,81"]
["SINAPI","97166","ASSENTAMENTO DE TUBO DE FERRO FUNDIDO PARA REDE DE ÁGUA, DN 500 MM, JUNTA ELÁSTICA, INSTALADO EM LOCAL COM NÍVEL BAIXO DE INTERFERÊNCIAS (NÃO INCLUI FORNECIMENTO). AF_11/2017","M",null,19.63,"21,12"]
["SINAPI","97167","ASSENTAMENTO DE TUBO DE FERRO FUNDIDO PARA REDE DE ÁGUA, DN 600 MM, JUNTA ELÁSTICA, INSTALADO EM LOCAL COM NÍVEL BAIXO DE INTERFERÊNCIAS (NÃO INCLUI FORNECIMENTO). AF_11/2017","M",null,22.88,"24,65"]
["SINAPI","97168","ASSENTAMENTO DE TUBO DE FERRO FUNDIDO PARA REDE DE ÁGUA, DN 700 MM, JUNTA ELÁSTICA, INSTALADO EM LOCAL COM NÍVEL BAIXO DE INTERFERÊNCIAS (NÃO INCLUI FORNECIMENTO). AF_11/2017","M",null,25.92,"27,95"]
["SINAPI","97169","ASSENTAMENTO DE TUBO DE FERRO FUNDIDO PARA REDE DE ÁGUA, DN 800 MM, JUNTA ELÁSTICA, INSTALADO EM LOCAL COM NÍVEL BAIXO DE INTERFERÊNCIAS (NÃO INCLUI FORNECIMENTO). AF_11/2017","M",null,29.09,"31,39"]
["SINAPI","97170","ASSENTAMENTO DE TUBO DE FERRO FUNDIDO PARA REDE DE ÁGUA, DN 900 MM, JUNTA ELÁSTICA, INSTALADO EM LOCAL COM NÍVEL BAIXO DE INTERFERÊNCIAS (NÃO INCLUI FORNECIMENTO). AF_11/2017","M",null,32.29,"34,84"]
["SINAPI","97171","ASSENTAMENTO DE TUBO DE FERRO FUNDIDO PARA REDE DE ÁGUA, DN 1000 MM, JUNTA ELÁSTICA, INSTALADO EM LOCAL COM NÍVEL BAIXO DE INTERFERÊNCIAS (NÃO INCLUI FORNECIMENTO). AF_11/2017","M",null,35.52,"38,33"]
["SINAPI","97172","ASSENTAMENTO DE TUBO DE FERRO FUNDIDO PARA REDE DE ÁGUA, DN 1200 MM, JUNTA ELÁSTICA, INSTALADO EM LOCAL COM NÍVEL BAIXO DE INTERFERÊNCIAS (NÃO INCLUI FORNECIMENTO). AF_11/2017","M",null,42.3,"45,64"]
["SINAPI","97173","ASSENTAMENTO DE TUBO DE AÇO CARBONO PARA REDE DE ÁGUA, DN 600 MM (24\u0092\u0092), JUNTA SOLDADA, INSTALADO EM LOCAL COM NÍVEL ALTO DE INTERFERÊNCIAS (NÃO INCLUI FORNECIMENTO). AF_11/2017","M",null,40.02,"42,51"]
["SINAPI","97174","ASSENTAMENTO DE TUBO DE AÇO CARBONO PARA REDE DE ÁGUA, DN 700 MM (28\u0092\u0092), JUNTA SOLDADA, INSTALADO EM LOCAL COM NÍVEL ALTO DE INTERFERÊNCIAS (NÃO INCLUI FORNECIMENTO). AF_11/2017","M",null,46.37,"49,21"]
["SINAPI","97175","ASSENTAMENTO DE TUBO DE AÇO CARBONO PARA REDE DE ÁGUA, DN 800 MM (32\u0092\u0092), JUNTA SOLDADA, INSTALADO EM LOCAL COM NÍVEL ALTO DE INTERFERÊNCIAS (NÃO INCLUI FORNECIMENTO). AF_11/2017","M",null,52.72,"55,94"]
["SINAPI","97176","ASSENTAMENTO DE TUBO DE AÇO CARBONO PARA REDE DE ÁGUA, DN 900 MM (36\u0092\u0092), JUNTA SOLDADA, INSTALADO EM LOCAL COM NÍVEL ALTO DE INTERFERÊNCIAS (NÃO INCLUI FORNECIMENTO). AF_11/2017","M",null,59.04,"62,65"]
["SINAPI","97177","ASSENTAMENTO DE TUBO DE AÇO CARBONO PARA REDE DE ÁGUA, DN 1000 MM (40\u0092\u0092) OU DN 1100 MM (44\u0092\u0092), JUNTA SOLDADA, INSTALADO EM LOCAL COM NÍVEL ALTO DE INTERFERÊNCIAS (NÃO INCLUI FORNECIMENTO). AF_11/2017","M",null,71.76,"76,11"]
["SINAPI","97178","ASSENTAMENTO DE TUBO DE AÇO CARBONO PARA REDE DE ÁGUA, DN 1200 MM (48\u0092\u0092) OU DN 1300 MM (52\u0092\u0092), JUNTA SOLDADA, INSTALADO EM LOCAL COM NÍVEL ALTO DE INTERFERÊNCIAS (NÃO INCLUI FORNECIMENTO). AF_11/2017","M",null,84.45,"89,56"]
["SINAPI","97179","ASSENTAMENTO DE TUBO DE AÇO CARBONO PARA REDE DE ÁGUA, DN 1400 MM (56'') OU DN 1500 MM (60\u0092\u0092), JUNTA SOLDADA, INSTALADO EM LOCAL COM NÍVEL ALTO DE INTERFERÊNCIAS (NÃO INCLUI FORNECIMENTO). AF_11/2017","M",null,97.16,"103,01"]
["SINAPI","97180","ASSENTAMENTO DE TUBO DE AÇO CARBONO PARA REDE DE ÁGUA, DN 1600 MM (64\u0092\u0092) OU DN 1700 MM (68\u0092\u0092), JUNTA SOLDADA, INSTALADO EM LOCAL COM NÍVEL ALTO DE INTERFERÊNCIAS (NÃO INCLUI FORNECIMENTO). AF_11/2017","M",null,109.85,"116,45"]
["SINAPI","97181","ASSENTAMENTO DE TUBO DE AÇO CARBONO PARA REDE DE ÁGUA, DN 1800 MM (72\u0092\u0092) OU DN 1900 MM (76\u0092\u0092), JUNTA SOLDADA, INSTALADO EM LOCAL COM NÍVEL ALTO DE INTERFERÊNCIAS (NÃO INCLUI FORNECIMENTO). AF_11/2017","M",null,127.09,"134,43"]
["SINAPI","97182","ASSENTAMENTO DE TUBO DE AÇO CARBONO PARA REDE DE ÁGUA, DN 2000 MM (80\u0092\u0092) OU DN 2100 MM (84\u0092\u0092), JUNTA SOLDADA, INSTALADO EM LOCAL COM NÍVEL ALTO DE INTERFERÊNCIAS (NÃO INCLUI FORNECIMENTO). AF_11/2017","M",null,140.26,"148,36"]
["SINAPI","97183","ASSENTAMENTO DE TUBO DE AÇO CARBONO PARA REDE DE ÁGUA, DN 600 MM (24\u0092\u0092), JUNTA SOLDADA, INSTALADO EM LOCAL COM NÍVEL BAIXO DE INTERFERÊNCIAS (NÃO INCLUI FORNECIMENTO). AF_11/2017","M",null,32.99,"35,01"]
["SINAPI","97184","ASSENTAMENTO DE TUBO DE AÇO CARBONO PARA REDE DE ÁGUA, DN 700 MM (28\u0092\u0092), JUNTA SOLDADA, INSTALADO EM LOCAL COM NÍVEL BAIXO DE INTERFERÊNCIAS (NÃO INCLUI FORNECIMENTO). AF_11/2017","M",null,38.29,"40,62"]
["SINAPI","97185","ASSENTAMENTO DE TUBO DE AÇO CARBONO PARA REDE DE ÁGUA, DN 800 MM (32\u0092\u0092), JUNTA SOLDADA, INSTALADO EM LOCAL COM NÍVEL BAIXO DE INTERFERÊNCIAS (NÃO INCLUI FORNECIMENTO). AF_11/2017","M",null,43.61,"46,23"]
["SINAPI","97186","ASSENTAMENTO DE TUBO DE AÇO CARBONO PARA REDE DE ÁGUA, DN 900 MM (36\u0092\u0092), JUNTA SOLDADA, INSTALADO EM LOCAL COM NÍVEL BAIXO DE INTERFERÊNCIAS (NÃO INCLUI FORNECIMENTO). AF_11/2017","M",null,48.89,"51,85"]
["SINAPI","97187","ASSENTAMENTO DE TUBO DE AÇO CARBONO PARA REDE DE ÁGUA, DN 1000 MM (40  ) OU DN 1100 MM (44  ), JUNTA SOLDADA, INSTALADO EM LOCAL COM NÍVEL BAIXO DE INTERFERÊNCIAS (NÃO INCLUI FORNECIMENTO). AF_11/2017","M",null,59.52,"63,09"]
["SINAPI","97188","ASSENTAMENTO DE TUBO DE AÇO CARBONO PARA REDE DE ÁGUA, DN 1200 MM (48\u0092\u0092) OU DN 1300 MM (52\u0092\u0092), JUNTA SOLDADA, INSTALADO EM LOCAL COM NÍVEL BAIXO DE INTERFERÊNCIAS (NÃO INCLUI FORNECIMENTO). AF_11/2017","M",null,70.12,"74,33"]
["SINAPI","97189","ASSENTAMENTO DE TUBO DE AÇO CARBONO PARA REDE DE ÁGUA, DN 1400 MM (56'') OU DN 1500 MM (60\u0092\u0092), JUNTA SOLDADA, INSTALADO EM LOCAL COM NÍVEL BAIXO DE INTERFERÊNCIAS (NÃO INCLUI FORNECIMENTO). AF_11/2017","M",null,80.74,"85,56"]
["SINAPI","97190","ASSENTAMENTO DE TUBO DE AÇO CARBONO PARA REDE DE ÁGUA, DN 1600 MM (64\u0092\u0092) OU DN 1700 MM (68\u0092\u0092), JUNTA SOLDADA, INSTALADO EM LOCAL COM NÍVEL BAIXO DE INTERFERÊNCIAS (NÃO INCLUI FORNECIMENTO). AF_11/2017","M",null,91.34,"96,79"]
["SINAPI","97191","ASSENTAMENTO DE TUBO DE AÇO CARBONO PARA REDE DE ÁGUA, DN 1800 MM (72\u0092\u0092) OU DN 1900 MM (76\u0092\u0092), JUNTA SOLDADA, INSTALADO EM LOCAL COM NÍVEL BAIXO DE INTERFERÊNCIAS (NÃO INCLUI FORNECIMENTO). AF_11/2017","M",null,105.27,"111,35"]
["SINAPI","97192","ASSENTAMENTO DE TUBO DE AÇO CARBONO PARA REDE DE ÁGUA, DN 2000 MM (80\u0092\u0092) OU DN 2100 MM (84\u0092\u0092), JUNTA SOLDADA, INSTALADO EM LOCAL COM NÍVEL BAIXO DE INTERFERÊNCIAS (NÃO INCLUI FORNECIMENTO). AF_11/2017","M",null,116.24,"122,93"]
["SINAPI","90694","TUBO DE PVC PARA REDE COLETORA DE ESGOTO DE PAREDE MACIÇA, DN 100 MM, JUNTA ELÁSTICA - FORNECIMENTO E ASSENTAMENTO. AF_01/2021","M",null,53.14,"53,53"]
["SINAPI","90695","TUBO DE PVC PARA REDE COLETORA DE ESGOTO DE PAREDE MACIÇA, DN 150 MM, JUNTA ELÁSTICA  - FORNECIMENTO E ASSENTAMENTO. AF_01/2021","M",null,101.65,"102,12"]
["SINAPI","90696","TUBO DE PVC PARA REDE COLETORA DE ESGOTO DE PAREDE MACIÇA, DN 200 MM, JUNTA ELÁSTICA - FORNECIMENTO E ASSENTAMENTO. AF_01/2021","M",null,170.4,"170,93"]
["SINAPI","90697","TUBO DE PVC PARA REDE COLETORA DE ESGOTO DE PAREDE MACIÇA, DN 250 MM, JUNTA ELÁSTICA  - FORNECIMENTO E ASSENTAMENTO. AF_01/2021","M",null,264.9,"265,51"]
["SINAPI","90698","TUBO DE PVC PARA REDE COLETORA DE ESGOTO DE PAREDE MACIÇA, DN 300 MM, JUNTA ELÁSTICA,  FORNECIMENTO E ASSENTAMENTO. AF_01/2021","M",null,405.5,"406,18"]
["SINAPI","90699","TUBO DE PVC PARA REDE COLETORA DE ESGOTO DE PAREDE MACIÇA, DN 350 MM, JUNTA ELÁSTICA  - FORNECIMENTO E ASSENTAMENTO. AF_01/2021","M",null,571.23,"571,98"]
["SINAPI","90700","TUBO DE PVC PARA REDE COLETORA DE ESGOTO DE PAREDE MACIÇA, DN 400 MM, JUNTA ELÁSTICA  FORNECIMENTO E ASSENTAMENTO. AF_01/2021","M",null,666.96,"667,61"]
["SINAPI","90701","TUBO DE PVC CORRUGADO DE DUPLA PAREDE PARA REDE COLETORA DE ESGOTO, DN 150 MM, JUNTA ELÁSTICA - FORNECIMENTO E ASSENTAMENTO. AF_01/2021","M",null,79.24,"79,76"]
["SINAPI","90702","TUBO DE PVC CORRUGADO DE DUPLA PAREDE PARA REDE COLETORA DE ESGOTO, DN 200 MM, JUNTA ELÁSTICA - FORNECIMENTO E ASSENTAMENTO. AF_01/2021","M",null,131.86,"132,45"]
["SINAPI","90703","TUBO DE PVC CORRUGADO DE DUPLA PAREDE PARA REDE COLETORA DE ESGOTO, DN 250 MM, JUNTA ELÁSTICA - FORNECIMENTO E ASSENTAMENTO. AF_01/2021","M",null,206.8,"207,47"]
["SINAPI","90704","TUBO DE PVC CORRUGADO DE DUPLA PAREDE PARA REDE COLETORA DE ESGOTO, DN 300 MM, JUNTA ELÁSTICA - FORNECIMENTO E ASSENTAMENTO. AF_01/2021","M",null,307.23,"307,97"]
["SINAPI","90705","TUBO DE PVC CORRUGADO DE DUPLA PAREDE PARA REDE COLETORA DE ESGOTO, DN 350 MM, JUNTA ELÁSTICA - FORNECIMENTO E ASSENTAMENTO. AF_01/2021","M",null,403.15,"403,96"]
["SINAPI","90706","TUBO DE PVC CORRUGADO DE DUPLA PAREDE PARA REDE COLETORA DE ESGOTO, DN 400 MM, JUNTA ELÁSTICA - FORNECIMENTO E ASSENTAMENTO. AF_01/2021","M",null,534.32,"535,04"]
["SINAPI","90708","TUBO DE PEAD CORRUGADO DE DUPLA PAREDE PARA REDE COLETORA DE ESGOTO, DN 600 MM, JUNTA ELÁSTICA INTEGRADA - FORNECIMENTO E ASSENTAMENTO. AF_01/2021","M",null,796.74,"797,70"]
["SINAPI","90724","JUNTA ARGAMASSADA ENTRE TUBO DN 100 MM E O POÇO DE VISITA/ CAIXA DE CONCRETO OU ALVENARIA EM REDES DE ESGOTO. AF_01/2021","UN",null,22.63,"25,31"]
["SINAPI","90725","JUNTA ARGAMASSADA ENTRE TUBO DN 150 MM E O POÇO DE VISITA/ CAIXA DE CONCRETO OU ALVENARIA EM REDES DE ESGOTO. AF_01/2021","UN",null,27.85,"31,15"]
["SINAPI","90726","JUNTA ARGAMASSADA ENTRE TUBO DN 200 MM E O POÇO/ CAIXA DE CONCRETO OU ALVENARIA EM REDES DE ESGOTO. AF_01/2021","UN",null,33.14,"37,04"]
["SINAPI","90727","JUNTA ARGAMASSADA ENTRE TUBO DN 250 MM E O POÇO DE VISITA/ CAIXA DE CONCRETO OU ALVENARIA EM REDES DE ESGOTO. AF_01/2021","UN",null,38.38,"42,88"]
["SINAPI","90728","JUNTA ARGAMASSADA ENTRE TUBO DN 300 MM E O POÇO DE VISITA/ CAIXA DE CONCRETO OU ALVENARIA EM REDES DE ESGOTO. AF_01/2021","UN",null,43.6,"48,69"]
["SINAPI","90729","JUNTA ARGAMASSADA ENTRE TUBO DN 350 MM E O POÇO DE VISITA/ CAIXA DE CONCRETO OU ALVENARIA EM REDES DE ESGOTO. AF_01/2021","UN",null,48.83,"54,53"]
["SINAPI","90730","JUNTA ARGAMASSADA ENTRE TUBO DN 400 MM E O POÇO DE VISITA/ CAIXA DE CONCRETO OU ALVENARIA EM REDES DE ESGOTO. AF_01/2021","UN",null,54.05,"60,36"]
["SINAPI","90731","JUNTA ARGAMASSADA ENTRE TUBO DN 450 MM E O POÇO DE VISITA/ CAIXA DE CONCRETO OU ALVENARIA EM REDES DE ESGOTO. AF_01/2021","UN",null,59.29,"66,20"]
["SINAPI","90732","JUNTA ARGAMASSADA ENTRE TUBO DN 600 MM E O POÇO DE VISITA/ CAIXA DE CONCRETO OU ALVENARIA EM REDES DE ESGOTO. AF_01/2021","UN",null,74.97,"83,68"]
["SINAPI","90733","ASSENTAMENTO DE TUBO DE PVC PARA REDE COLETORA DE ESGOTO DE PAREDE MACIÇA, DN 100 MM, JUNTA ELÁSTICA (NÃO INCLUI FORNECIMENTO). AF_01/2021","M",null,3.17,"3,56"]
["SINAPI","90734","ASSENTAMENTO DE TUBO DE PVC PARA REDE COLETORA DE ESGOTO DE PAREDE MACIÇA, DN 150 MM, JUNTA ELÁSTICA,  (NÃO INCLUI FORNECIMENTO). AF_01/2021","M",null,3.76,"4,23"]
["SINAPI","90735","ASSENTAMENTO DE TUBO DE PVC PARA REDE COLETORA DE ESGOTO DE PAREDE MACIÇA, DN 200 MM, JUNTA ELÁSTICA (NÃO INCLUI FORNECIMENTO). AF_01/2021","M",null,4.35,"4,88"]
["SINAPI","90736","ASSENTAMENTO DE TUBO DE PVC PARA REDE COLETORA DE ESGOTO DE PAREDE MACIÇA, DN 250 MM, JUNTA ELÁSTICA (NÃO INCLUI FORNECIMENTO). AF_01/2021","M",null,4.93,"5,54"]
["SINAPI","90737","ASSENTAMENTO DE TUBO DE PVC PARA REDE COLETORA DE ESGOTO DE PAREDE MACIÇA, DN 300 MM, JUNTA ELÁSTICA  (NÃO INCLUI FORNECIMENTO). AF_01/2021","M",null,5.52,"6,20"]
["SINAPI","90738","ASSENTAMENTO DE TUBO DE PVC PARA REDE COLETORA DE ESGOTO DE PAREDE MACIÇA, DN 350 MM, JUNTA ELÁSTICA (NÃO INCLUI FORNECIMENTO). AF_01/2021","M",null,6.11,"6,86"]
["SINAPI","90739","ASSENTAMENTO DE TUBO DE PVC PARA REDE COLETORA DE ESGOTO DE PAREDE MACIÇA, DN 400 MM, JUNTA ELÁSTICA (NÃO INCLUI FORNECIMENTO). AF_01/2021","M",null,8.83,"9,48"]
["SINAPI","90740","ASSENTAMENTO DE TUBO DE PVC CORRUGADO DE DUPLA PAREDE PARA REDE COLETORA DE ESGOTO, DN 150 MM, JUNTA ELÁSTICA (NÃO INCLUI FORNECIMENTO). AF_01/2021","M",null,4.19,"4,71"]
["SINAPI","90741","ASSENTAMENTO DE TUBO DE PVC CORRUGADO DE DUPLA PAREDE PARA REDE COLETORA DE ESGOTO, DN 200 MM, JUNTA ELÁSTICA (NÃO INCLUI FORNECIMENTO). AF_01/2021","M",null,4.78,"5,37"]
["SINAPI","90742","ASSENTAMENTO DE TUBO DE PVC CORRUGADO DE DUPLA PAREDE PARA REDE COLETORA DE ESGOTO, DN 250 MM, JUNTA ELÁSTICA (NÃO INCLUI FORNECIMENTO). AF_01/2021","M",null,5.36,"6,03"]
["SINAPI","90743","ASSENTAMENTO DE TUBO DE PVC CORRUGADO DE DUPLA PAREDE PARA REDE COLETORA DE ESGOTO, DN 300 MM, JUNTA ELÁSTICA (NÃO INCLUI FORNECIMENTO). AF_01/2021","M",null,5.95,"6,69"]
["SINAPI","90744","ASSENTAMENTO DE TUBO DE PVC CORRUGADO DE DUPLA PAREDE PARA REDE COLETORA DE ESGOTO, DN 350 MM, JUNTA ELÁSTICA (NÃO INCLUI FORNECIMENTO). AF_01/2021","M",null,6.54,"7,35"]
["SINAPI","90745","ASSENTAMENTO DE TUBO DE PVC CORRUGADO DE DUPLA PAREDE PARA REDE COLETORA DE ESGOTO, DN 400 MM, JUNTA ELÁSTICA  (NÃO INCLUI FORNECIMENTO). AF_01/2021","M",null,9.86,"10,58"]
["SINAPI","90746","ASSENTAMENTO DE TUBO DE PEAD CORRUGADO DE DUPLA PAREDE PARA REDE COLETORA DE ESGOTO, DN 450 MM, JUNTA ELÁSTICA INTEGRADA (NÃO INCLUI FORNECIMENTO). AF_01/2021","M",null,3.43,"3,85"]
["SINAPI","90747","ASSENTAMENTO DE TUBO DE PEAD CORRUGADO DE DUPLA PAREDE PARA REDE COLETORA DE ESGOTO, DN 600 MM, JUNTA ELÁSTICA INTEGRADA (NÃO INCLUI FORNECIMENTO). AF_01/2021","M",null,16.58,"17,54"]
["SINAPI","94869","TUBO DE PEAD CORRUGADO DE DUPLA PAREDE PARA REDE COLETORA DE ESGOTO, DN 250 MM, JUNTA ELÁSTICA INTEGRADA - FORNECIMENTO E ASSENTAMENTO. AF_01/2021","M",null,140.44,"140,54"]
["SINAPI","94870","ASSENTAMENTO DE TUBO DE PEAD CORRUGADO DE DUPLA PAREDE PARA REDE COLETORA DE ESGOTO, DN 250 MM, JUNTA ELÁSTICA INTEGRADA (NÃO INCLUI FORNECIMENTO). AF_01/2021","M",null,1.73,"1,83"]
["SINAPI","94871","TUBO DE PEAD CORRUGADO DE DUPLA PAREDE PARA REDE COLETORA DE ESGOTO, DN 300 MM, JUNTA ELÁSTICA INTEGRADA - FORNECIMENTO E ASSENTAMENTO. AF_01/2021","M",null,219.77,"219,94"]
["SINAPI","94872","ASSENTAMENTO DE TUBO DE PEAD CORRUGADO DE DUPLA PAREDE PARA REDE COLETORA DE ESGOTO, DN 300 MM, JUNTA ELÁSTICA INTEGRADA  (NÃO INCLUI FORNECIMENTO). AF_01/2021","M",null,2.45,"2,62"]
["SINAPI","94875","TUBO DE PEAD CORRUGADO DE DUPLA PAREDE PARA REDE COLETORA DE ESGOTO, DN 800 MM, JUNTA ELÁSTICA INTEGRADA - FORNECIMENTO E ASSENTAMENTO. AF_01/2021","M",null,1293.84,"1.295,28"]
["SINAPI","94876","ASSENTAMENTO DE TUBO DE PEAD CORRUGADO DE DUPLA PAREDE PARA REDE COLETORA DE ESGOTO, DN 800 MM, JUNTA ELÁSTICA INTEGRADA  (NÃO INCLUI FORNECIMENTO). AF_01/2021","M",null,27.56,"29,00"]
["SINAPI","94878","ASSENTAMENTO DE TUBO DE PEAD CORRUGADO DE DUPLA PAREDE PARA REDE COLETORA DE ESGOTO, DN 900 MM, JUNTA ELÁSTICA INTEGRADA (NÃO INCLUI FORNECIMENTO). AF_01/2021","M",null,31.93,"33,61"]
["SINAPI","94879","TUBO DE PEAD CORRUGADO DE DUPLA PAREDE PARA REDE COLETORA DE ESGOTO, DN 1000 MM, JUNTA ELÁSTICA INTEGRADA - FORNECIMENTO E ASSENTAMENTO. AF_01/2021","M",null,1991.69,"1.993,78"]
["SINAPI","94880","ASSENTAMENTO DE TUBO DE PEAD CORRUGADO DE DUPLA PAREDE PARA REDE COLETORA DE ESGOTO, DN 1000 MM, JUNTA ELÁSTICA INTEGRADA (NÃO INCLUI FORNECIMENTO). AF_01/2021","M",null,40.99,"43,08"]
["SINAPI","94881","TUBO DE PEAD CORRUGADO DE DUPLA PAREDE PARA REDE COLETORA DE ESGOTO, DN 1200 MM, JUNTA ELÁSTICA INTEGRADA - FORNECIMENTO E ASSENTAMENTO. AF_01/2021","M",null,2743.71,"2.746,15"]
["SINAPI","94882","ASSENTAMENTO DE TUBO DE PEAD CORRUGADO DE DUPLA PAREDE PARA REDE COLETORA DE ESGOTO, DN 1200 MM, JUNTA ELÁSTICA INTEGRADA (NÃO INCLUI FORNECIMENTO). AF_01/2021","M",null,47.72,"50,16"]
["SINAPI","94884","ASSENTAMENTO DE TUBO DE PEAD CORRUGADO DE DUPLA PAREDE PARA REDE COLETORA DE ESGOTO, DN 1500 MM, JUNTA ELÁSTICA INTEGRADA (NÃO INCLUI FORNECIMENTO). AF_01/2021","M",null,61.34,"64,58"]
["SINAPI","97121","ASSENTAMENTO DE TUBO DE PVC PBA PARA REDE DE ÁGUA, DN 50 MM, JUNTA ELÁSTICA INTEGRADA, INSTALADO EM LOCAL COM NÍVEL ALTO DE INTERFERÊNCIAS (NÃO INCLUI FORNECIMENTO). AF_11/2017","M",null,1.89,"2,12"]
["SINAPI","97122","ASSENTAMENTO DE TUBO DE PVC PBA PARA REDE DE ÁGUA, DN 75 MM, JUNTA ELÁSTICA INTEGRADA, INSTALADO EM LOCAL COM NÍVEL ALTO DE INTERFERÊNCIAS (NÃO INCLUI FORNECIMENTO). AF_11/2017","M",null,2.62,"2,93"]
["SINAPI","97123","ASSENTAMENTO DE TUBO DE PVC PBA PARA REDE DE ÁGUA, DN 100 MM, JUNTA ELÁSTICA INTEGRADA, INSTALADO EM LOCAL COM NÍVEL ALTO DE INTERFERÊNCIAS (NÃO INCLUI FORNECIMENTO). AF_11/2017","M",null,3.32,"3,71"]
["SINAPI","97124","ASSENTAMENTO DE TUBO DE PVC PBA PARA REDE DE ÁGUA, DN 50 MM, JUNTA ELÁSTICA INTEGRADA, INSTALADO EM LOCAL COM NÍVEL BAIXO DE INTERFERÊNCIAS (NÃO INCLUI FORNECIMENTO). AF_11/2017","M",null,0.84,"0,92"]
["SINAPI","97125","ASSENTAMENTO DE TUBO DE PVC PBA PARA REDE DE ÁGUA, DN 75 MM, JUNTA ELÁSTICA INTEGRADA, INSTALADO EM LOCAL COM NÍVEL BAIXO DE INTERFERÊNCIAS (NÃO INCLUI FORNECIMENTO). AF_11/2017","M",null,1.18,"1,30"]
["SINAPI","97126","ASSENTAMENTO DE TUBO DE PVC PBA PARA REDE DE ÁGUA, DN 100 MM, JUNTA ELÁSTICA INTEGRADA, INSTALADO EM LOCAL COM NÍVEL BAIXO DE INTERFERÊNCIAS (NÃO INCLUI FORNECIMENTO). AF_11/2017","M",null,1.5,"1,66"]
["SINAPI","102264","TUBO DE PVC BRANCO PARA REDE COLETORA DE ESGOTO CONDOMINIAL DE PAREDE MACIÇA, DN 100 MM, JUNTA ELÁSTICA - FORNECIMENTO E ASSENTAMENTO. AF_01/2021","M",null,22.42,"22,81"]
["SINAPI","102265","JUNTA ARGAMASSADA ENTRE TUBO DN 800 MM E O POÇO DE VISITA/ CAIXA DE CONCRETO OU ALVENARIA EM REDES DE ESGOTO. AF_01/2021","UN",null,95.88,"107,00"]
["SINAPI","102266","JUNTA ARGAMASSADA ENTRE TUBO DN 900 MM E O POÇO DE VISITA/ CAIXA DE CONCRETO OU ALVENARIA EM REDES DE ESGOTO. AF_01/2021","UN",null,106.33,"118,65"]
["SINAPI","102267","JUNTA ARGAMASSADA ENTRE TUBO DN 1000 MM E O POÇO DE VISITA/ CAIXA DE CONCRETO OU ALVENARIA EM REDES DE ESGOTO. AF_01/2021","UN",null,122.08,"136,21"]
["SINAPI","102268","JUNTA ARGAMASSADA ENTRE TUBO DN 1200 MM E O POÇO DE VISITA/ CAIXA DE CONCRETO OU ALVENARIA EM REDES DE ESGOTO. AF_01/2021","UN",null,137.76,"153,70"]
["SINAPI","102269","JUNTA ARGAMASSADA ENTRE TUBO DN 1500 MM E O POÇO DE VISITA/ CAIXA DE CONCRETO OU ALVENARIA EM REDES DE ESGOTO. AF_01/2021","UN",null,169.12,"188,67"]
["SINAPI","92833","TUBO DE CONCRETO PARA REDES COLETORAS DE ESGOTO SANITÁRIO, DIÂMETRO DE 300 MM, JUNTA ELÁSTICA, INSTALADO EM LOCAL COM BAIXO NÍVEL DE INTERFERÊNCIAS - FORNECIMENTO E ASSENTAMENTO. AF_12/2015","M",null,230.79,"231,40"]
["SINAPI","92834","ASSENTAMENTO DE TUBO DE CONCRETO PARA REDES COLETORAS DE ESGOTO SANITÁRIO, DIÂMETRO DE 300 MM, JUNTA ELÁSTICA, INSTALADO EM LOCAL COM BAIXO NÍVEL DE INTERFERÊNCIAS (NÃO INCLUI FORNECIMENTO). AF_12/2015","M",null,8.79,"9,40"]
["SINAPI","92835","TUBO DE CONCRETO PARA REDES COLETORAS DE ESGOTO SANITÁRIO, DIÂMETRO DE 400 MM, JUNTA ELÁSTICA, INSTALADO EM LOCAL COM BAIXO NÍVEL DE INTERFERÊNCIAS - FORNECIMENTO E ASSENTAMENTO. AF_12/2015","M",null,240.79,"241,56"]
["SINAPI","92836","ASSENTAMENTO DE TUBO DE CONCRETO PARA REDES COLETORAS DE ESGOTO SANITÁRIO, DIÂMETRO DE 400 MM, JUNTA ELÁSTICA, INSTALADO EM LOCAL COM BAIXO NÍVEL DE INTERFERÊNCIAS (NÃO INCLUI FORNECIMENTO). AF_12/2015","M",null,11.24,"12,01"]
["SINAPI","92837","TUBO DE CONCRETO PARA REDES COLETORAS DE ESGOTO SANITÁRIO, DIÂMETRO DE 500 MM, JUNTA ELÁSTICA, INSTALADO EM LOCAL COM BAIXO NÍVEL DE INTERFERÊNCIAS - FORNECIMENTO E ASSENTAMENTO. AF_12/2015","M",null,429.46,"430,40"]
["SINAPI","92838","ASSENTAMENTO DE TUBO DE CONCRETO PARA REDES COLETORAS DE ESGOTO SANITÁRIO, DIÂMETRO DE 500 MM, JUNTA ELÁSTICA, INSTALADO EM LOCAL COM BAIXO NÍVEL DE INTERFERÊNCIAS (NÃO INCLUI FORNECIMENTO). AF_12/2015","M",null,13.46,"14,40"]
["SINAPI","92839","TUBO DE CONCRETO PARA REDES COLETORAS DE ESGOTO SANITÁRIO, DIÂMETRO DE 600 MM, JUNTA ELÁSTICA, INSTALADO EM LOCAL COM BAIXO NÍVEL DE INTERFERÊNCIAS - FORNECIMENTO E ASSENTAMENTO. AF_12/2015","M",null,525.8,"526,89"]
["SINAPI","92840","ASSENTAMENTO DE TUBO DE CONCRETO PARA REDES COLETORAS DE ESGOTO SANITÁRIO, DIÂMETRO DE 600 MM, JUNTA ELÁSTICA, INSTALADO EM LOCAL COM BAIXO NÍVEL DE INTERFERÊNCIAS (NÃO INCLUI FORNECIMENTO). AF_12/2015","M",null,15.98,"17,07"]
["SINAPI","92841","TUBO DE CONCRETO PARA REDES COLETORAS DE ESGOTO SANITÁRIO, DIÂMETRO DE 700 MM, JUNTA ELÁSTICA, INSTALADO EM LOCAL COM BAIXO NÍVEL DE INTERFERÊNCIAS - FORNECIMENTO E ASSENTAMENTO. AF_12/2015","M",null,685.18,"686,45"]
["SINAPI","92842","ASSENTAMENTO DE TUBO DE CONCRETO PARA REDES COLETORAS DE ESGOTO SANITÁRIO, DIÂMETRO DE 700 MM, JUNTA ELÁSTICA, INSTALADO EM LOCAL COM BAIXO NÍVEL DE INTERFERÊNCIAS (NÃO INCLUI FORNECIMENTO). AF_12/2015","M",null,18.22,"19,49"]
["SINAPI","92843","TUBO DE CONCRETO PARA REDES COLETORAS DE ESGOTO SANITÁRIO, DIÂMETRO DE 800 MM, JUNTA ELÁSTICA, INSTALADO EM LOCAL COM BAIXO NÍVEL DE INTERFERÊNCIAS - FORNECIMENTO E ASSENTAMENTO. AF_12/2015","M",null,707.76,"709,19"]
["SINAPI","92844","ASSENTAMENTO DE TUBO DE CONCRETO PARA REDES COLETORAS DE ESGOTO SANITÁRIO, DIÂMETRO DE 800 MM, JUNTA ELÁSTICA, INSTALADO EM LOCAL COM BAIXO NÍVEL DE INTERFERÊNCIAS (NÃO INCLUI FORNECIMENTO). AF_12/2015","M",null,20.73,"22,16"]
["SINAPI","92845","TUBO DE CONCRETO PARA REDES COLETORAS DE ESGOTO SANITÁRIO, DIÂMETRO DE 900 MM, JUNTA ELÁSTICA, INSTALADO EM LOCAL COM BAIXO NÍVEL DE INTERFERÊNCIAS - FORNECIMENTO E ASSENTAMENTO. AF_12/2015","M",null,1053.55,"1.055,12"]
["SINAPI","92846","ASSENTAMENTO DE TUBO DE CONCRETO PARA REDES COLETORAS DE ESGOTO SANITÁRIO, DIÂMETRO DE 900 MM, JUNTA ELÁSTICA, INSTALADO EM LOCAL COM BAIXO NÍVEL DE INTERFERÊNCIAS (NÃO INCLUI FORNECIMENTO). AF_12/2015","M",null,22.97,"24,54"]
["SINAPI","92847","TUBO DE CONCRETO PARA REDES COLETORAS DE ESGOTO SANITÁRIO, DIÂMETRO DE 1000 MM, JUNTA ELÁSTICA, INSTALADO EM LOCAL COM BAIXO NÍVEL DE INTERFERÊNCIAS - FORNECIMENTO E ASSENTAMENTO. AF_12/2015","M",null,1079.44,"1.081,19"]
["SINAPI","92848","ASSENTAMENTO DE TUBO DE CONCRETO PARA REDES COLETORAS DE ESGOTO SANITÁRIO, DIÂMETRO DE 1000 MM, JUNTA ELÁSTICA, INSTALADO EM LOCAL COM BAIXO NÍVEL DE INTERFERÊNCIAS (NÃO INCLUI FORNECIMENTO). AF_12/2015","M",null,25.49,"27,24"]
["SINAPI","92849","TUBO DE CONCRETO PARA REDES COLETORAS DE ESGOTO SANITÁRIO, DIÂMETRO DE 300 MM, JUNTA ELÁSTICA, INSTALADO EM LOCAL COM ALTO NÍVEL DE INTERFERÊNCIAS - FORNECIMENTO E ASSENTAMENTO. AF_12/2015","M",null,238.64,"239,78"]
["SINAPI","92850","ASSENTAMENTO DE TUBO DE CONCRETO PARA REDES COLETORAS DE ESGOTO SANITÁRIO, DIÂMETRO DE 300 MM, JUNTA ELÁSTICA, INSTALADO EM LOCAL COM ALTO NÍVEL DE INTERFERÊNCIAS (NÃO INCLUI FORNECIMENTO). AF_12/2015","M",null,16.64,"17,78"]
["SINAPI","92851","TUBO DE CONCRETO PARA REDES COLETORAS DE ESGOTO SANITÁRIO, DIÂMETRO DE 400 MM, JUNTA ELÁSTICA, INSTALADO EM LOCAL COM ALTO NÍVEL DE INTERFERÊNCIAS - FORNECIMENTO E ASSENTAMENTO. AF_12/2015","M",null,250.55,"251,99"]
["SINAPI","92852","ASSENTAMENTO DE TUBO DE CONCRETO PARA REDES COLETORAS DE ESGOTO SANITÁRIO, DIÂMETRO DE 400 MM, JUNTA ELÁSTICA, INSTALADO EM LOCAL COM ALTO NÍVEL DE INTERFERÊNCIAS (NÃO INCLUI FORNECIMENTO). AF_12/2015","M",null,21,"22,44"]
["SINAPI","92853","TUBO DE CONCRETO PARA REDES COLETORAS DE ESGOTO SANITÁRIO, DIÂMETRO DE 500 MM, JUNTA ELÁSTICA, INSTALADO EM LOCAL COM ALTO NÍVEL DE INTERFERÊNCIAS - FORNECIMENTO E ASSENTAMENTO. AF_12/2015","M",null,441.57,"443,33"]
["SINAPI","92854","ASSENTAMENTO DE TUBO DE CONCRETO PARA REDES COLETORAS DE ESGOTO SANITÁRIO, DIÂMETRO DE 500 MM, JUNTA ELÁSTICA, INSTALADO EM LOCAL COM ALTO NÍVEL DE INTERFERÊNCIAS (NÃO INCLUI FORNECIMENTO). AF_12/2015","M",null,25.57,"27,33"]
["SINAPI","92855","TUBO DE CONCRETO PARA REDES COLETORAS DE ESGOTO SANITÁRIO, DIÂMETRO DE 600 MM, JUNTA ELÁSTICA, INSTALADO EM LOCAL COM ALTO NÍVEL DE INTERFERÊNCIAS - FORNECIMENTO E ASSENTAMENTO. AF_12/2015","M",null,539.97,"542,03"]
["SINAPI","92856","ASSENTAMENTO DE TUBO DE CONCRETO PARA REDES COLETORAS DE ESGOTO SANITÁRIO, DIÂMETRO DE 600 MM, JUNTA ELÁSTICA, INSTALADO EM LOCAL COM ALTO NÍVEL DE INTERFERÊNCIAS (NÃO INCLUI FORNECIMENTO). AF_12/2015","M",null,30.15,"32,21"]
["SINAPI","92857","TUBO DE CONCRETO PARA REDES COLETORAS DE ESGOTO SANITÁRIO, DIÂMETRO DE 700 MM, JUNTA ELÁSTICA, INSTALADO EM LOCAL COM ALTO NÍVEL DE INTERFERÊNCIAS - FORNECIMENTO E ASSENTAMENTO. AF_12/2015","M",null,701.45,"703,83"]
["SINAPI","92858","ASSENTAMENTO DE TUBO DE CONCRETO PARA REDES COLETORAS DE ESGOTO SANITÁRIO, DIÂMETRO DE 700 MM, JUNTA ELÁSTICA, INSTALADO EM LOCAL COM ALTO NÍVEL DE INTERFERÊNCIAS (NÃO INCLUI FORNECIMENTO). AF_12/2015","M",null,34.49,"36,87"]
["SINAPI","92859","TUBO DE CONCRETO PARA REDES COLETORAS DE ESGOTO SANITÁRIO, DIÂMETRO DE 800 MM, JUNTA ELÁSTICA, INSTALADO EM LOCAL COM ALTO NÍVEL DE INTERFERÊNCIAS - FORNECIMENTO E ASSENTAMENTO. AF_12/2015","M",null,726.19,"728,89"]
["SINAPI","92860","ASSENTAMENTO DE TUBO DE CONCRETO PARA REDES COLETORAS DE ESGOTO SANITÁRIO, DIÂMETRO DE 800 MM, JUNTA ELÁSTICA, INSTALADO EM LOCAL COM ALTO NÍVEL DE INTERFERÊNCIAS (NÃO INCLUI FORNECIMENTO). AF_12/2015","M",null,39.16,"41,86"]
["SINAPI","92861","TUBO DE CONCRETO PARA REDES COLETORAS DE ESGOTO SANITÁRIO, DIÂMETRO DE 900 MM, JUNTA ELÁSTICA, INSTALADO EM LOCAL COM ALTO NÍVEL DE INTERFERÊNCIAS - FORNECIMENTO E ASSENTAMENTO. AF_12/2015","M",null,1074.29,"1.077,30"]
["SINAPI","92862","ASSENTAMENTO DE TUBO DE CONCRETO PARA REDES COLETORAS DE ESGOTO SANITÁRIO, DIÂMETRO DE 900 MM, JUNTA ELÁSTICA, INSTALADO EM LOCAL COM ALTO NÍVEL DE INTERFERÊNCIAS (NÃO INCLUI FORNECIMENTO). AF_12/2015","M",null,43.71,"46,72"]
["SINAPI","92863","TUBO DE CONCRETO PARA REDES COLETORAS DE ESGOTO SANITÁRIO, DIÂMETRO DE 1000 MM, JUNTA ELÁSTICA, INSTALADO EM LOCAL COM ALTO NÍVEL DE INTERFERÊNCIAS - FORNECIMENTO E ASSENTAMENTO. AF_12/2015","M",null,1102.23,"1.105,55"]
["SINAPI","92864","ASSENTAMENTO DE TUBO DE CONCRETO PARA REDES COLETORAS DE ESGOTO SANITÁRIO, DIÂMETRO DE 1000 MM, JUNTA ELÁSTICA, INSTALADO EM LOCAL COM ALTO NÍVEL DE INTERFERÊNCIAS (NÃO INCLUI FORNECIMENTO). AF_12/2015","M",null,48.28,"51,60"]
["SINAPI","92210","TUBO DE CONCRETO PARA REDES COLETORAS DE ÁGUAS PLUVIAIS, DIÂMETRO DE 400 MM, JUNTA RÍGIDA, INSTALADO EM LOCAL COM BAIXO NÍVEL DE INTERFERÊNCIAS - FORNECIMENTO E ASSENTAMENTO. AF_12/2015","M",null,183.93,"187,36"]
["SINAPI","92211","TUBO DE CONCRETO PARA REDES COLETORAS DE ÁGUAS PLUVIAIS, DIÂMETRO DE 500 MM, JUNTA RÍGIDA, INSTALADO EM LOCAL COM BAIXO NÍVEL DE INTERFERÊNCIAS - FORNECIMENTO E ASSENTAMENTO. AF_12/2015","M",null,220.93,"225,12"]
["SINAPI","92212","TUBO DE CONCRETO PARA REDES COLETORAS DE ÁGUAS PLUVIAIS, DIÂMETRO DE 600 MM, JUNTA RÍGIDA, INSTALADO EM LOCAL COM BAIXO NÍVEL DE INTERFERÊNCIAS - FORNECIMENTO E ASSENTAMENTO. AF_12/2015","M",null,331.26,"336,20"]
["SINAPI","92213","TUBO DE CONCRETO PARA REDES COLETORAS DE ÁGUAS PLUVIAIS, DIÂMETRO DE 700 MM, JUNTA RÍGIDA, INSTALADO EM LOCAL COM BAIXO NÍVEL DE INTERFERÊNCIAS - FORNECIMENTO E ASSENTAMENTO. AF_12/2015","M",null,436.41,"442,11"]
["SINAPI","92214","TUBO DE CONCRETO PARA REDES COLETORAS DE ÁGUAS PLUVIAIS, DIÂMETRO DE 800 MM, JUNTA RÍGIDA, INSTALADO EM LOCAL COM BAIXO NÍVEL DE INTERFERÊNCIAS - FORNECIMENTO E ASSENTAMENTO. AF_12/2015","M",null,527.64,"534,15"]
["SINAPI","92215","TUBO DE CONCRETO PARA REDES COLETORAS DE ÁGUAS PLUVIAIS, DIÂMETRO DE 900 MM, JUNTA RÍGIDA, INSTALADO EM LOCAL COM BAIXO NÍVEL DE INTERFERÊNCIAS - FORNECIMENTO E ASSENTAMENTO. AF_12/2015","M",null,605.91,"613,25"]
["SINAPI","92216","TUBO DE CONCRETO PARA REDES COLETORAS DE ÁGUAS PLUVIAIS, DIÂMETRO DE 1000 MM, JUNTA RÍGIDA, INSTALADO EM LOCAL COM BAIXO NÍVEL DE INTERFERÊNCIAS - FORNECIMENTO E ASSENTAMENTO. AF_12/2015","M",null,632.29,"640,53"]
["SINAPI","92219","TUBO DE CONCRETO PARA REDES COLETORAS DE ÁGUAS PLUVIAIS, DIÂMETRO DE 400 MM, JUNTA RÍGIDA, INSTALADO EM LOCAL COM ALTO NÍVEL DE INTERFERÊNCIAS - FORNECIMENTO E ASSENTAMENTO. AF_12/2015","M",null,193.68,"197,82"]
["SINAPI","92220","TUBO DE CONCRETO PARA REDES COLETORAS DE ÁGUAS PLUVIAIS, DIÂMETRO DE 500 MM, JUNTA RÍGIDA, INSTALADO EM LOCAL COM ALTO NÍVEL DE INTERFERÊNCIAS - FORNECIMENTO E ASSENTAMENTO. AF_12/2015","M",null,233.04,"238,05"]
["SINAPI","92221","TUBO DE CONCRETO PARA REDES COLETORAS DE ÁGUAS PLUVIAIS, DIÂMETRO DE 600 MM, JUNTA RÍGIDA, INSTALADO EM LOCAL COM ALTO NÍVEL DE INTERFERÊNCIAS - FORNECIMENTO E ASSENTAMENTO. AF_12/2015","M",null,345.42,"351,35"]
["SINAPI","92222","TUBO DE CONCRETO PARA REDES COLETORAS DE ÁGUAS PLUVIAIS, DIÂMETRO DE 700 MM, JUNTA RÍGIDA, INSTALADO EM LOCAL COM ALTO NÍVEL DE INTERFERÊNCIAS - FORNECIMENTO E ASSENTAMENTO. AF_12/2015","M",null,452.9,"459,73"]
["SINAPI","92223","TUBO DE CONCRETO PARA REDES COLETORAS DE ÁGUAS PLUVIAIS, DIÂMETRO DE 800 MM, JUNTA RÍGIDA, INSTALADO EM LOCAL COM ALTO NÍVEL DE INTERFERÊNCIAS - FORNECIMENTO E ASSENTAMENTO. AF_12/2015","M",null,546.08,"553,85"]
["SINAPI","92224","TUBO DE CONCRETO PARA REDES COLETORAS DE ÁGUAS PLUVIAIS, DIÂMETRO DE 900 MM, JUNTA RÍGIDA, INSTALADO EM LOCAL COM ALTO NÍVEL DE INTERFERÊNCIAS - FORNECIMENTO E ASSENTAMENTO. AF_12/2015","M",null,626.36,"635,12"]
["SINAPI","92226","TUBO DE CONCRETO PARA REDES COLETORAS DE ÁGUAS PLUVIAIS, DIÂMETRO DE 1000 MM, JUNTA RÍGIDA, INSTALADO EM LOCAL COM ALTO NÍVEL DE INTERFERÊNCIAS - FORNECIMENTO E ASSENTAMENTO. AF_12/2015","M",null,655.21,"665,00"]
["SINAPI","92808","ASSENTAMENTO DE TUBO DE CONCRETO PARA REDES COLETORAS DE ÁGUAS PLUVIAIS, DIÂMETRO DE 300 MM, JUNTA RÍGIDA, INSTALADO EM LOCAL COM BAIXO NÍVEL DE INTERFERÊNCIAS (NÃO INCLUI FORNECIMENTO). AF_12/2015","M",null,39.63,"42,33"]
["SINAPI","92809","ASSENTAMENTO DE TUBO DE CONCRETO PARA REDES COLETORAS DE ÁGUAS PLUVIAIS, DIÂMETRO DE 400 MM, JUNTA RÍGIDA, INSTALADO EM LOCAL COM BAIXO NÍVEL DE INTERFERÊNCIAS (NÃO INCLUI FORNECIMENTO). AF_12/2015","M",null,50.86,"54,29"]
["SINAPI","92810","ASSENTAMENTO DE TUBO DE CONCRETO PARA REDES COLETORAS DE ÁGUAS PLUVIAIS, DIÂMETRO DE 500 MM, JUNTA RÍGIDA, INSTALADO EM LOCAL COM BAIXO NÍVEL DE INTERFERÊNCIAS (NÃO INCLUI FORNECIMENTO). AF_12/2015","M",null,61.89,"66,08"]
["SINAPI","92811","ASSENTAMENTO DE TUBO DE CONCRETO PARA REDES COLETORAS DE ÁGUAS PLUVIAIS, DIÂMETRO DE 600 MM, JUNTA RÍGIDA, INSTALADO EM LOCAL COM BAIXO NÍVEL DE INTERFERÊNCIAS (NÃO INCLUI FORNECIMENTO). AF_12/2015","M",null,73.76,"78,70"]
["SINAPI","92812","ASSENTAMENTO DE TUBO DE CONCRETO PARA REDES COLETORAS DE ÁGUAS PLUVIAIS, DIÂMETRO DE 700 MM, JUNTA RÍGIDA, INSTALADO EM LOCAL COM BAIXO NÍVEL DE INTERFERÊNCIAS (NÃO INCLUI FORNECIMENTO). AF_12/2015","M",null,85.44,"91,14"]
["SINAPI","92813","ASSENTAMENTO DE TUBO DE CONCRETO PARA REDES COLETORAS DE ÁGUAS PLUVIAIS, DIÂMETRO DE 800 MM, JUNTA RÍGIDA, INSTALADO EM LOCAL COM BAIXO NÍVEL DE INTERFERÊNCIAS (NÃO INCLUI FORNECIMENTO). AF_12/2015","M",null,99.21,"105,72"]
["SINAPI","92814","ASSENTAMENTO DE TUBO DE CONCRETO PARA REDES COLETORAS DE ÁGUAS PLUVIAIS, DIÂMETRO DE 900 MM, JUNTA RÍGIDA, INSTALADO EM LOCAL COM BAIXO NÍVEL DE INTERFERÊNCIAS (NÃO INCLUI FORNECIMENTO). AF_12/2015","M",null,113.64,"120,98"]
["SINAPI","92815","ASSENTAMENTO DE TUBO DE CONCRETO PARA REDES COLETORAS DE ÁGUAS PLUVIAIS, DIÂMETRO DE 1000 MM, JUNTA RÍGIDA, INSTALADO EM LOCAL COM BAIXO NÍVEL DE INTERFERÊNCIAS (NÃO INCLUI FORNECIMENTO). AF_12/2015","M",null,130.28,"138,52"]
["SINAPI","92816","TUBO DE CONCRETO PARA REDES COLETORAS DE ÁGUAS PLUVIAIS, DIÂMETRO DE 1200 MM, JUNTA RÍGIDA, INSTALADO EM LOCAL COM BAIXO NÍVEL DE INTERFERÊNCIAS - FORNECIMENTO E ASSENTAMENTO. AF_12/2015","M",null,912.8,"923,10"]
["SINAPI","92817","ASSENTAMENTO DE TUBO DE CONCRETO PARA REDES COLETORAS DE ÁGUAS PLUVIAIS, DIÂMETRO DE 1200 MM, JUNTA RÍGIDA, INSTALADO EM LOCAL COM BAIXO NÍVEL DE INTERFERÊNCIAS (NÃO INCLUI FORNECIMENTO). AF_12/2015","M",null,163.03,"173,33"]
["SINAPI","92818","TUBO DE CONCRETO PARA REDES COLETORAS DE ÁGUAS PLUVIAIS, DIÂMETRO DE 1500 MM, JUNTA RÍGIDA, INSTALADO EM LOCAL COM BAIXO NÍVEL DE INTERFERÊNCIAS - FORNECIMENTO E ASSENTAMENTO. AF_12/2015","M",null,1305.71,"1.319,56"]
["SINAPI","92819","ASSENTAMENTO DE TUBO DE CONCRETO PARA REDES COLETORAS DE ÁGUAS PLUVIAIS, DIÂMETRO DE 1500 MM, JUNTA RÍGIDA, INSTALADO EM LOCAL COM BAIXO NÍVEL DE INTERFERÊNCIAS (NÃO INCLUI FORNECIMENTO). AF_12/2015","M",null,219.46,"233,31"]
["SINAPI","92820","ASSENTAMENTO DE TUBO DE CONCRETO PARA REDES COLETORAS DE ÁGUAS PLUVIAIS, DIÂMETRO DE 300 MM, JUNTA RÍGIDA, INSTALADO EM LOCAL COM ALTO NÍVEL DE INTERFERÊNCIAS (NÃO INCLUI FORNECIMENTO). AF_12/2015","M",null,47.26,"50,49"]
["SINAPI","92821","ASSENTAMENTO DE TUBO DE CONCRETO PARA REDES COLETORAS DE ÁGUAS PLUVIAIS, DIÂMETRO DE 400 MM, JUNTA RÍGIDA, INSTALADO EM LOCAL COM ALTO NÍVEL DE INTERFERÊNCIAS (NÃO INCLUI FORNECIMENTO). AF_12/2015","M",null,60.61,"64,75"]
["SINAPI","92822","ASSENTAMENTO DE TUBO DE CONCRETO PARA REDES COLETORAS DE ÁGUAS PLUVIAIS, DIÂMETRO DE 500 MM, JUNTA RÍGIDA, INSTALADO EM LOCAL COM ALTO NÍVEL DE INTERFERÊNCIAS (NÃO INCLUI FORNECIMENTO). AF_12/2015","M",null,74,"79,01"]
["SINAPI","92824","ASSENTAMENTO DE TUBO DE CONCRETO PARA REDES COLETORAS DE ÁGUAS PLUVIAIS, DIÂMETRO DE 600 MM, JUNTA RÍGIDA, INSTALADO EM LOCAL COM ALTO NÍVEL DE INTERFERÊNCIAS (NÃO INCLUI FORNECIMENTO). AF_12/2015","M",null,87.92,"93,85"]
["SINAPI","92825","ASSENTAMENTO DE TUBO DE CONCRETO PARA REDES COLETORAS DE ÁGUAS PLUVIAIS, DIÂMETRO DE 700 MM, JUNTA RÍGIDA, INSTALADO EM LOCAL COM ALTO NÍVEL DE INTERFERÊNCIAS (NÃO INCLUI FORNECIMENTO). AF_12/2015","M",null,101.93,"108,76"]
["SINAPI","92826","ASSENTAMENTO DE TUBO DE CONCRETO PARA REDES COLETORAS DE ÁGUAS PLUVIAIS, DIÂMETRO DE 800 MM, JUNTA RÍGIDA, INSTALADO EM LOCAL COM ALTO NÍVEL DE INTERFERÊNCIAS (NÃO INCLUI FORNECIMENTO). AF_12/2015","M",null,117.65,"125,42"]
["SINAPI","92827","ASSENTAMENTO DE TUBO DE CONCRETO PARA REDES COLETORAS DE ÁGUAS PLUVIAIS, DIÂMETRO DE 900 MM, JUNTA RÍGIDA, INSTALADO EM LOCAL COM ALTO NÍVEL DE INTERFERÊNCIAS (NÃO INCLUI FORNECIMENTO). AF_12/2015","M",null,134.09,"142,85"]
["SINAPI","92828","ASSENTAMENTO DE TUBO DE CONCRETO PARA REDES COLETORAS DE ÁGUAS PLUVIAIS, DIÂMETRO DE 1000 MM, JUNTA RÍGIDA, INSTALADO EM LOCAL COM ALTO NÍVEL DE INTERFERÊNCIAS (NÃO INCLUI FORNECIMENTO). AF_12/2015","M",null,153.2,"162,99"]
["SINAPI","92829","TUBO DE CONCRETO PARA REDES COLETORAS DE ÁGUAS PLUVIAIS, DIÂMETRO DE 1200 MM, JUNTA RÍGIDA, INSTALADO EM LOCAL COM ALTO NÍVEL DE INTERFERÊNCIAS - FORNECIMENTO E ASSENTAMENTO. AF_12/2015","M",null,939.82,"951,97"]
["SINAPI","92830","ASSENTAMENTO DE TUBO DE CONCRETO PARA REDES COLETORAS DE ÁGUAS PLUVIAIS, DIÂMETRO DE 1200 MM, JUNTA RÍGIDA, INSTALADO EM LOCAL COM ALTO NÍVEL DE INTERFERÊNCIAS (NÃO INCLUI FORNECIMENTO). AF_12/2015","M",null,190.05,"202,20"]
["SINAPI","92831","TUBO DE CONCRETO PARA REDES COLETORAS DE ÁGUAS PLUVIAIS, DIÂMETRO DE 1500 MM, JUNTA RÍGIDA, INSTALADO EM LOCAL COM ALTO NÍVEL DE INTERFERÊNCIAS - FORNECIMENTO E ASSENTAMENTO. AF_12/2015","M",null,1338.89,"1.355,04"]
["SINAPI","92832","ASSENTAMENTO DE TUBO DE CONCRETO PARA REDES COLETORAS DE ÁGUAS PLUVIAIS, DIÂMETRO DE 1500 MM, JUNTA RÍGIDA, INSTALADO EM LOCAL COM ALTO NÍVEL DE INTERFERÊNCIAS (NÃO INCLUI FORNECIMENTO). AF_12/2015","M",null,252.64,"268,79"]
["SINAPI","95565","TUBO DE CONCRETO PARA REDES COLETORAS DE ÁGUAS PLUVIAIS, DIÂMETRO DE 300MM, JUNTA RÍGIDA, INSTALADO EM LOCAL COM BAIXO NÍVEL DE INTERFERÊNCIAS - FORNECIMENTO E ASSENTAMENTO. AF_12/2015","M",null,157.55,"160,25"]
["SINAPI","95566","TUBO DE CONCRETO PARA REDES COLETORAS DE ÁGUAS PLUVIAIS, DIÂMETRO DE 300MM, JUNTA RÍGIDA, INSTALADO EM LOCAL COM ALTO NÍVEL DE INTERFERÊNCIAS - FORNECIMENTO E ASSENTAMENTO. AF_12/2015","M",null,165.18,"168,41"]
["SINAPI","95567","TUBO DE CONCRETO (SIMPLES) PARA REDES COLETORAS DE ÁGUAS PLUVIAIS, DIÂMETRO DE 300 MM, JUNTA RÍGIDA, INSTALADO EM LOCAL COM BAIXO NÍVEL DE INTERFERÊNCIAS - FORNECIMENTO E ASSENTAMENTO. AF_12/2015","M",null,118.42,"121,12"]
["SINAPI","95568","TUBO DE CONCRETO (SIMPLES) PARA REDES COLETORAS DE ÁGUAS PLUVIAIS, DIÂMETRO DE 400 MM, JUNTA RÍGIDA, INSTALADO EM LOCAL COM BAIXO NÍVEL DE INTERFERÊNCIAS - FORNECIMENTO E ASSENTAMENTO. AF_12/2015","M",null,143.97,"147,40"]
["SINAPI","95569","TUBO DE CONCRETO (SIMPLES) PARA REDES COLETORAS DE ÁGUAS PLUVIAIS, DIÂMETRO DE 500 MM, JUNTA RÍGIDA, INSTALADO EM LOCAL COM BAIXO NÍVEL DE INTERFERÊNCIAS - FORNECIMENTO E ASSENTAMENTO. AF_12/2015","M",null,200.46,"204,65"]
["SINAPI","95570","TUBO DE CONCRETO (SIMPLES) PARA REDES COLETORAS DE ÁGUAS PLUVIAIS, DIÂMETRO DE 300 MM, JUNTA RÍGIDA, INSTALADO EM LOCAL COM ALTO NÍVEL DE INTERFERÊNCIAS - FORNECIMENTO E ASSENTAMENTO. AF_12/2015","M",null,126.05,"129,28"]
["SINAPI","95571","TUBO DE CONCRETO (SIMPLES) PARA REDES COLETORAS DE ÁGUAS PLUVIAIS, DIÂMETRO DE 400 MM, JUNTA RÍGIDA, INSTALADO EM LOCAL COM ALTO NÍVEL DE INTERFERÊNCIAS - FORNECIMENTO E ASSENTAMENTO. AF_12/2015","M",null,153.72,"157,86"]
["SINAPI","95572","TUBO DE CONCRETO (SIMPLES) PARA REDES COLETORAS DE ÁGUAS PLUVIAIS, DIÂMETRO DE 500 MM, JUNTA RÍGIDA, INSTALADO EM LOCAL COM ALTO NÍVEL DE INTERFERÊNCIAS - FORNECIMENTO E ASSENTAMENTO. AF_12/2015","M",null,212.57,"217,58"]
["SINAPI","97127","ASSENTAMENTO DE TUBO DE PVC DEFOFO OU PRFV OU RPVC PARA REDE DE ÁGUA, DN 150 MM, JUNTA ELÁSTICA INTEGRADA, INSTALADO EM LOCAL COM NÍVEL ALTO DE INTERFERÊNCIAS (NÃO INCLUI FORNECIMENTO). AF_11/2017","M",null,4.77,"5,32"]
["SINAPI","97128","ASSENTAMENTO DE TUBO DE PVC DEFOFO OU PRFV OU RPVC PARA REDE DE ÁGUA, DN 200 MM, JUNTA ELÁSTICA INTEGRADA, INSTALADO EM LOCAL COM NÍVEL ALTO DE INTERFERÊNCIAS (NÃO INCLUI FORNECIMENTO). AF_11/2017","M",null,9.96,"10,85"]
["SINAPI","97129","ASSENTAMENTO DE TUBO DE PVC DEFOFO OU PRFV OU RPVC PARA REDE DE ÁGUA, DN 250 MM, JUNTA ELÁSTICA INTEGRADA, INSTALADO EM LOCAL COM NÍVEL ALTO DE INTERFERÊNCIAS (NÃO INCLUI FORNECIMENTO). AF_11/2017","M",null,12.23,"13,35"]
["SINAPI","97130","ASSENTAMENTO DE TUBO DE PVC DEFOFO OU PRFV OU RPVC PARA REDE DE ÁGUA, DN 300 MM, JUNTA ELÁSTICA INTEGRADA, INSTALADO EM LOCAL COM NÍVEL ALTO DE INTERFERÊNCIAS (NÃO INCLUI FORNECIMENTO). AF_11/2017","M",null,14.53,"15,85"]
["SINAPI","97131","ASSENTAMENTO DE TUBO DE PVC DEFOFO OU PRFV OU RPVC PARA REDE DE ÁGUA, DN 350 MM, JUNTA ELÁSTICA INTEGRADA, INSTALADO EM LOCAL COM NÍVEL ALTO DE INTERFERÊNCIAS (NÃO INCLUI FORNECIMENTO). AF_11/2017","M",null,16.8,"18,32"]
["SINAPI","97132","ASSENTAMENTO DE TUBO DE PVC DEFOFO OU PRFV OU RPVC PARA REDE DE ÁGUA, DN 400 MM, JUNTA ELÁSTICA INTEGRADA, INSTALADO EM LOCAL COM NÍVEL ALTO DE INTERFERÊNCIAS (NÃO INCLUI FORNECIMENTO). AF_11/2017","M",null,19.07,"20,82"]
["SINAPI","97133","ASSENTAMENTO DE TUBO DE PVC DEFOFO OU PRFV OU RPVC PARA REDE DE ÁGUA, DN 500 MM, JUNTA ELÁSTICA INTEGRADA, INSTALADO EM LOCAL COM NÍVEL ALTO DE INTERFERÊNCIAS (NÃO INCLUI FORNECIMENTO). AF_11/2017","M",null,23.65,"25,81"]
["SINAPI","97134","ASSENTAMENTO DE TUBO DE PVC DEFOFO OU PRFV OU RPVC PARA REDE DE ÁGUA, DN 150 MM, JUNTA ELÁSTICA INTEGRADA, INSTALADO EM LOCAL COM NÍVEL BAIXO DE INTERFERÊNCIAS (NÃO INCLUI FORNECIMENTO). AF_11/2017","M",null,2.17,"2,40"]
["SINAPI","97135","ASSENTAMENTO DE TUBO DE PVC DEFOFO OU PRFV OU RPVC PARA REDE DE ÁGUA, DN 200 MM, JUNTA ELÁSTICA INTEGRADA, INSTALADO EM LOCAL COM NÍVEL BAIXO DE INTERFERÊNCIAS (NÃO INCLUI FORNECIMENTO). AF_11/2017","M",null,5.06,"5,46"]
["SINAPI","97136","ASSENTAMENTO DE TUBO DE PVC DEFOFO OU PRFV OU RPVC PARA REDE DE ÁGUA, DN 250 MM, JUNTA ELÁSTICA INTEGRADA, INSTALADO EM LOCAL COM NÍVEL BAIXO DE INTERFERÊNCIAS (NÃO INCLUI FORNECIMENTO). AF_11/2017","M",null,6.23,"6,71"]
["SINAPI","97137","ASSENTAMENTO DE TUBO DE PVC DEFOFO OU PRFV OU RPVC PARA REDE DE ÁGUA, DN 300 MM, JUNTA ELÁSTICA INTEGRADA, INSTALADO EM LOCAL COM NÍVEL BAIXO DE INTERFERÊNCIAS (NÃO INCLUI FORNECIMENTO). AF_11/2017","M",null,7.4,"7,98"]
["SINAPI","97138","ASSENTAMENTO DE TUBO DE PVC DEFOFO OU PRFV OU RPVC PARA REDE DE ÁGUA, DN 350 MM, JUNTA ELÁSTICA INTEGRADA, INSTALADO EM LOCAL COM NÍVEL BAIXO DE INTERFERÊNCIAS (NÃO INCLUI FORNECIMENTO). AF_11/2017","M",null,8.56,"9,22"]
["SINAPI","97139","ASSENTAMENTO DE TUBO DE PVC DEFOFO OU PRFV OU RPVC PARA REDE DE ÁGUA, DN 400 MM, JUNTA ELÁSTICA INTEGRADA, INSTALADO EM LOCAL COM NÍVEL BAIXO DE INTERFERÊNCIAS (NÃO INCLUI FORNECIMENTO). AF_11/2017","M",null,9.72,"10,48"]
["SINAPI","97140","ASSENTAMENTO DE TUBO DE PVC DEFOFO OU PRFV OU RPVC PARA REDE DE ÁGUA, DN 500 MM, JUNTA ELÁSTICA INTEGRADA, INSTALADO EM LOCAL COM NÍVEL BAIXO DE INTERFERÊNCIAS (NÃO INCLUI FORNECIMENTO). AF_11/2017","M",null,12.05,"12,99"]
["SINAPI","103089","ASSENTAMENTO DE TUBO DE FERRO FUNDIDO PARA REDE DE ÁGUA, DN 80 MM, JUNTA FLANGEADA (NÃO INCLUI O FORNECIMENTO). AF_09/2021","M",null,10.27,"10,89"]
["SINAPI","103090","ASSENTAMENTO DE TUBO DE FERRO FUNDIDO PARA REDE DE ÁGUA, DN 100 MM, JUNTA FLANGEADA (NÃO INCLUI O FORNECIMENTO). AF_09/2021","M",null,12.27,"13,04"]
["SINAPI","103091","ASSENTAMENTO DE TUBO DE FERRO FUNDIDO PARA REDE DE ÁGUA, DN 150 MM, JUNTA FLANGEADA (NÃO INCLUI O FORNECIMENTO). AF_09/2021","M",null,17.24,"18,35"]
["SINAPI","103092","ASSENTAMENTO DE TUBO DE FERRO FUNDIDO PARA REDE DE ÁGUA, DN 200 MM, JUNTA FLANGEADA (NÃO INCLUI O FORNECIMENTO). AF_09/2021","M",null,22.24,"23,67"]
["SINAPI","103093","ASSENTAMENTO DE TUBO DE FERRO FUNDIDO PARA REDE DE ÁGUA, DN 250 MM, JUNTA FLANGEADA (NÃO INCLUI O FORNECIMENTO). AF_09/2021","M",null,33.98,"36,20"]
["SINAPI","103094","ASSENTAMENTO DE TUBO DE FERRO FUNDIDO PARA REDE DE ÁGUA, DN 300 MM, JUNTA FLANGEADA (NÃO INCLUI O FORNECIMENTO). AF_09/2021","M",null,39,"41,55"]
["SINAPI","103095","ASSENTAMENTO DE TUBO DE FERRO FUNDIDO PARA REDE DE ÁGUA, DN 350 MM, JUNTA FLANGEADA (NÃO INCLUI O FORNECIMENTO). AF_09/2021","M",null,50.72,"54,04"]
["SINAPI","103096","ASSENTAMENTO DE TUBO DE FERRO FUNDIDO PARA REDE DE ÁGUA, DN 400 MM, JUNTA FLANGEADA (NÃO INCLUI O FORNECIMENTO). AF_09/2021","M",null,55.73,"59,39"]
["SINAPI","103097","ASSENTAMENTO DE TUBO DE FERRO FUNDIDO PARA REDE DE ÁGUA, DN 450 MM, JUNTA FLANGEADA (NÃO INCLUI O FORNECIMENTO). AF_09/2021","M",null,67.47,"71,90"]
["SINAPI","103098","ASSENTAMENTO DE TUBO DE FERRO FUNDIDO PARA REDE DE ÁGUA, DN 500 MM, JUNTA FLANGEADA (NÃO INCLUI O FORNECIMENTO). AF_09/2021","M",null,72.47,"77,24"]
["SINAPI","103099","ASSENTAMENTO DE TUBO DE FERRO FUNDIDO PARA REDE DE ÁGUA, DN 600 MM, JUNTA FLANGEADA (NÃO INCLUI O FORNECIMENTO). AF_09/2021","M",null,82.43,"87,89"]
["SINAPI","103100","ASSENTAMENTO DE TUBO DE FERRO FUNDIDO PARA REDE DE ÁGUA, DN 700 MM, JUNTA FLANGEADA (NÃO INCLUI O FORNECIMENTO). AF_09/2021","M",null,87.95,"93,80"]
["SINAPI","103101","ASSENTAMENTO DE TUBO DE FERRO FUNDIDO PARA REDE DE ÁGUA, DN 800 MM, JUNTA FLANGEADA (NÃO INCLUI O FORNECIMENTO). AF_09/2021","M",null,96.87,"103,33"]
["SINAPI","103102","ASSENTAMENTO DE TUBO DE FERRO FUNDIDO PARA REDE DE ÁGUA, DN 900 MM, JUNTA FLANGEADA (NÃO INCLUI O FORNECIMENTO). AF_09/2021","M",null,111.55,"118,99"]
["SINAPI","103103","ASSENTAMENTO DE TUBO DE FERRO FUNDIDO PARA REDE DE ÁGUA, DN 1000 MM, JUNTA FLANGEADA (NÃO INCLUI O FORNECIMENTO). AF_09/2021","M",null,120.46,"128,50"]
["SINAPI","103104","ASSENTAMENTO DE TUBO DE FERRO FUNDIDO PARA REDE DE ÁGUA, DN 1200 MM, JUNTA FLANGEADA (NÃO INCLUI O FORNECIMENTO). AF_09/2021","M",null,144.08,"153,71"]
["SINAPI","103105","ASSENTAMENTO DE CONEXÃO COM 2 ACESSOS, FERRO FUNDIDO PARA REDE DE ÁGUA, DN  80 MM, JUNTA FLANGEADA (NÃO INCLUI O FORNECIMENTO). AF_09/2021","UN",null,43.37,"45,54"]
["SINAPI","103106","ASSENTAMENTO DE CONEXÃO COM 2 ACESSOS, FERRO FUNDIDO PARA REDE DE ÁGUA, DN  100 MM, JUNTA FLANGEADA (NÃO INCLUI O FORNECIMENTO). AF_09/2021","UN",null,51.73,"54,43"]
["SINAPI","103107","ASSENTAMENTO DE CONEXÃO COM 2 ACESSOS, FERRO FUNDIDO PARA REDE DE ÁGUA, DN  150 MM, JUNTA FLANGEADA (NÃO INCLUI O FORNECIMENTO). AF_09/2021","UN",null,72.62,"76,66"]
["SINAPI","103108","ASSENTAMENTO DE CONEXÃO COM 2 ACESSOS, FERRO FUNDIDO PARA REDE DE ÁGUA, DN  200 MM, JUNTA FLANGEADA (NÃO INCLUI O FORNECIMENTO). AF_09/2021","UN",null,93.52,"98,87"]
["SINAPI","103109","ASSENTAMENTO DE CONEXÃO COM 2 ACESSOS, FERRO FUNDIDO PARA REDE DE ÁGUA, DN  250 MM, JUNTA FLANGEADA (NÃO INCLUI O FORNECIMENTO). AF_09/2021","UN",null,153.65,"162,84"]
["SINAPI","103110","ASSENTAMENTO DE CONEXÃO COM 2 ACESSOS, FERRO FUNDIDO PARA REDE DE ÁGUA, DN  300 MM, JUNTA FLANGEADA (NÃO INCLUI O FORNECIMENTO). AF_09/2021","UN",null,174.55,"185,07"]
["SINAPI","103111","ASSENTAMENTO DE CONEXÃO COM 2 ACESSOS, FERRO FUNDIDO PARA REDE DE ÁGUA, DN  350 MM, JUNTA FLANGEADA (NÃO INCLUI O FORNECIMENTO). AF_09/2021","UN",null,234.67,"249,03"]
["SINAPI","103112","ASSENTAMENTO DE CONEXÃO COM 2 ACESSOS, FERRO FUNDIDO PARA REDE DE ÁGUA, DN  400 MM, JUNTA FLANGEADA (NÃO INCLUI O FORNECIMENTO). AF_09/2021","UN",null,255.57,"271,26"]
["SINAPI","103113","ASSENTAMENTO DE CONEXÃO COM 2 ACESSOS, FERRO FUNDIDO PARA REDE DE ÁGUA, DN  450 MM, JUNTA FLANGEADA (NÃO INCLUI O FORNECIMENTO). AF_09/2021","UN",null,315.69,"335,22"]
["SINAPI","103114","ASSENTAMENTO DE CONEXÃO COM 2 ACESSOS, FERRO FUNDIDO PARA REDE DE ÁGUA, DN  500 MM, JUNTA FLANGEADA (NÃO INCLUI O FORNECIMENTO). AF_09/2021","UN",null,336.59,"357,45"]
["SINAPI","103115","ASSENTAMENTO DE CONEXÃO COM 2 ACESSOS, FERRO FUNDIDO PARA REDE DE ÁGUA, DN  600 MM, JUNTA FLANGEADA (NÃO INCLUI O FORNECIMENTO). AF_09/2021","UN",null,378.37,"401,90"]
["SINAPI","103116","ASSENTAMENTO DE CONEXÃO COM 2 ACESSOS, FERRO FUNDIDO PARA REDE DE ÁGUA, DN  700 MM, JUNTA FLANGEADA (NÃO INCLUI O FORNECIMENTO). AF_09/2021","UN",null,459.39,"488,09"]
["SINAPI","103117","ASSENTAMENTO DE CONEXÃO COM 2 ACESSOS, FERRO FUNDIDO PARA REDE DE ÁGUA, DN  800 MM, JUNTA FLANGEADA (NÃO INCLUI O FORNECIMENTO). AF_09/2021","UN",null,501.16,"532,53"]
["SINAPI","103118","ASSENTAMENTO DE CONEXÃO COM 2 ACESSOS, FERRO FUNDIDO PARA REDE DE ÁGUA, DN  900 MM, JUNTA FLANGEADA (NÃO INCLUI O FORNECIMENTO). AF_09/2021","UN",null,582.19,"618,72"]
["SINAPI","103119","ASSENTAMENTO DE CONEXÃO COM 2 ACESSOS, FERRO FUNDIDO PARA REDE DE ÁGUA, DN  1000 MM, JUNTA FLANGEADA (NÃO INCLUI O FORNECIMENTO). AF_09/2021","UN",null,623.97,"663,16"]
["SINAPI","103120","ASSENTAMENTO DE CONEXÃO COM 2 ACESSOS, FERRO FUNDIDO PARA REDE DE ÁGUA, DN  1200 MM, JUNTA FLANGEADA (NÃO INCLUI O FORNECIMENTO). AF_09/2021","UN",null,746.78,"793,80"]
["SINAPI","103121","ASSENTAMENTO DE CONEXÃO COM 3 ACESSOS, FERRO FUNDIDO PARA REDE DE ÁGUA, DN  80 MM, JUNTA FLANGEADA (NÃO INCLUI O FORNECIMENTO). AF_09/2021","UN",null,56.91,"59,94"]
["SINAPI","103122","ASSENTAMENTO DE CONEXÃO COM 3 ACESSOS, FERRO FUNDIDO PARA REDE DE ÁGUA, DN  100 MM, JUNTA FLANGEADA (NÃO INCLUI O FORNECIMENTO). AF_09/2021","UN",null,69.43,"73,27"]
["SINAPI","103123","ASSENTAMENTO DE CONEXÃO COM 3 ACESSOS, FERRO FUNDIDO PARA REDE DE ÁGUA, DN  150 MM, JUNTA FLANGEADA (NÃO INCLUI O FORNECIMENTO). AF_09/2021","UN",null,100.79,"106,60"]
["SINAPI","103124","ASSENTAMENTO DE CONEXÃO COM 3 ACESSOS, FERRO FUNDIDO PARA REDE DE ÁGUA, DN  200 MM, JUNTA FLANGEADA (NÃO INCLUI O FORNECIMENTO). AF_09/2021","UN",null,132.1,"139,92"]
["SINAPI","103125","ASSENTAMENTO DE CONEXÃO COM 3 ACESSOS, FERRO FUNDIDO PARA REDE DE ÁGUA, DN  250 MM, JUNTA FLANGEADA (NÃO INCLUI O FORNECIMENTO). AF_09/2021","UN",null,222.32,"235,90"]
["SINAPI","103126","ASSENTAMENTO DE CONEXÃO COM 3 ACESSOS, FERRO FUNDIDO PARA REDE DE ÁGUA, DN  300 MM, JUNTA FLANGEADA (NÃO INCLUI O FORNECIMENTO). AF_09/2021","UN",null,253.64,"269,21"]
["SINAPI","103127","ASSENTAMENTO DE CONEXÃO COM 3 ACESSOS, FERRO FUNDIDO PARA REDE DE ÁGUA, DN  350 MM, JUNTA FLANGEADA (NÃO INCLUI O FORNECIMENTO). AF_09/2021","UN",null,343.86,"365,19"]
["SINAPI","103128","ASSENTAMENTO DE CONEXÃO COM 3 ACESSOS, FERRO FUNDIDO PARA REDE DE ÁGUA, DN  400 MM, JUNTA FLANGEADA (NÃO INCLUI O FORNECIMENTO). AF_09/2021","UN",null,375.18,"398,50"]
["SINAPI","103129","ASSENTAMENTO DE CONEXÃO COM 3 ACESSOS, FERRO FUNDIDO PARA REDE DE ÁGUA, DN  450 MM, JUNTA FLANGEADA (NÃO INCLUI O FORNECIMENTO). AF_09/2021","UN",null,465.39,"494,47"]
["SINAPI","103130","ASSENTAMENTO DE CONEXÃO COM 3 ACESSOS, FERRO FUNDIDO PARA REDE DE ÁGUA, DN  500 MM, JUNTA FLANGEADA (NÃO INCLUI O FORNECIMENTO). AF_09/2021","UN",null,496.72,"527,79"]
["SINAPI","103131","ASSENTAMENTO DE CONEXÃO COM 3 ACESSOS, FERRO FUNDIDO PARA REDE DE ÁGUA, DN  600 MM, JUNTA FLANGEADA (NÃO INCLUI O FORNECIMENTO). AF_09/2021","UN",null,559.39,"594,44"]
["SINAPI","103132","ASSENTAMENTO DE CONEXÃO COM 3 ACESSOS, FERRO FUNDIDO PARA REDE DE ÁGUA, DN  700 MM, JUNTA FLANGEADA (NÃO INCLUI O FORNECIMENTO). AF_09/2021","UN",null,680.92,"723,73"]
["SINAPI","103133","ASSENTAMENTO DE CONEXÃO COM 3 ACESSOS, FERRO FUNDIDO PARA REDE DE ÁGUA, DN  800 MM, JUNTA FLANGEADA (NÃO INCLUI O FORNECIMENTO). AF_09/2021","UN",null,743.57,"790,41"]
["SINAPI","103134","ASSENTAMENTO DE CONEXÃO COM 3 ACESSOS, FERRO FUNDIDO PARA REDE DE ÁGUA, DN  900 MM, JUNTA FLANGEADA (NÃO INCLUI O FORNECIMENTO). AF_09/2021","UN",null,865.12,"919,69"]
["SINAPI","103135","ASSENTAMENTO DE CONEXÃO COM 3 ACESSOS, FERRO FUNDIDO PARA REDE DE ÁGUA, DN  1000 MM, JUNTA FLANGEADA (NÃO INCLUI O FORNECIMENTO). AF_09/2021","UN",null,927.79,"986,35"]
["SINAPI","103136","ASSENTAMENTO DE CONEXÃO COM 3 ACESSOS, FERRO FUNDIDO PARA REDE DE ÁGUA, DN  1200 MM, JUNTA FLANGEADA (NÃO INCLUI O FORNECIMENTO). AF_09/2021","UN",null,1111.98,"1.182,30"]
["SINAPI","103137","ASSENTAMENTO DE CONEXÃO COM 1 ACESSO, FERRO FUNDIDO PARA REDE DE ÁGUA, DN  80 MM, JUNTA FLANGEADA (NÃO INCLUI O FORNECIMENTO). AF_09/2021","UN",null,29.88,"31,18"]
["SINAPI","103138","ASSENTAMENTO DE CONEXÃO COM 1 ACESSO, FERRO FUNDIDO PARA REDE DE ÁGUA, DN  100 MM, JUNTA FLANGEADA (NÃO INCLUI O FORNECIMENTO). AF_09/2021","UN",null,34.03,"35,61"]
["SINAPI","103139","ASSENTAMENTO DE CONEXÃO COM 1 ACESSO, FERRO FUNDIDO PARA REDE DE ÁGUA, DN  150 MM, JUNTA FLANGEADA (NÃO INCLUI O FORNECIMENTO). AF_09/2021","UN",null,44.5,"46,73"]
["SINAPI","103140","ASSENTAMENTO DE CONEXÃO COM 1 ACESSO, FERRO FUNDIDO PARA REDE DE ÁGUA, DN  200 MM, JUNTA FLANGEADA (NÃO INCLUI O FORNECIMENTO). AF_09/2021","UN",null,54.92,"57,84"]
["SINAPI","103141","ASSENTAMENTO DE CONEXÃO COM 1 ACESSO, FERRO FUNDIDO PARA REDE DE ÁGUA, DN  250 MM, JUNTA FLANGEADA (NÃO INCLUI O FORNECIMENTO). AF_09/2021","UN",null,85,"89,83"]
["SINAPI","103142","ASSENTAMENTO DE CONEXÃO COM 1 ACESSO, FERRO FUNDIDO PARA REDE DE ÁGUA, DN  300 MM, JUNTA FLANGEADA (NÃO INCLUI O FORNECIMENTO). AF_09/2021","UN",null,95.44,"100,93"]
["SINAPI","103143","ASSENTAMENTO DE CONEXÃO COM 1 ACESSO, FERRO FUNDIDO PARA REDE DE ÁGUA, DN  350 MM, JUNTA FLANGEADA (NÃO INCLUI O FORNECIMENTO). AF_09/2021","UN",null,125.52,"132,92"]
["SINAPI","103144","ASSENTAMENTO DE CONEXÃO COM 1 ACESSO, FERRO FUNDIDO PARA REDE DE ÁGUA, DN  400 MM, JUNTA FLANGEADA (NÃO INCLUI O FORNECIMENTO). AF_09/2021","UN",null,135.95,"144,02"]
["SINAPI","103145","ASSENTAMENTO DE CONEXÃO COM 1 ACESSO, FERRO FUNDIDO PARA REDE DE ÁGUA, DN  450 MM, JUNTA FLANGEADA (NÃO INCLUI O FORNECIMENTO). AF_09/2021","UN",null,166.03,"176,02"]
["SINAPI","103146","ASSENTAMENTO DE CONEXÃO COM 1 ACESSO, FERRO FUNDIDO PARA REDE DE ÁGUA, DN  500 MM, JUNTA FLANGEADA (NÃO INCLUI O FORNECIMENTO). AF_09/2021","UN",null,176.46,"187,11"]
["SINAPI","103147","ASSENTAMENTO DE CONEXÃO COM 1 ACESSO, FERRO FUNDIDO PARA REDE DE ÁGUA, DN  600 MM, JUNTA FLANGEADA (NÃO INCLUI O FORNECIMENTO). AF_09/2021","UN",null,197.36,"209,34"]
["SINAPI","103148","ASSENTAMENTO DE CONEXÃO COM 1 ACESSO, FERRO FUNDIDO PARA REDE DE ÁGUA, DN  700 MM, JUNTA FLANGEADA (NÃO INCLUI O FORNECIMENTO). AF_09/2021","UN",null,237.86,"252,43"]
["SINAPI","103149","ASSENTAMENTO DE CONEXÃO COM 1 ACESSO, FERRO FUNDIDO PARA REDE DE ÁGUA, DN  800 MM, JUNTA FLANGEADA (NÃO INCLUI O FORNECIMENTO). AF_09/2021","UN",null,258.74,"274,66"]
["SINAPI","103150","ASSENTAMENTO DE CONEXÃO COM 1 ACESSO, FERRO FUNDIDO PARA REDE DE ÁGUA, DN  900 MM, JUNTA FLANGEADA (NÃO INCLUI O FORNECIMENTO). AF_09/2021","UN",null,299.21,"317,71"]
["SINAPI","103151","ASSENTAMENTO DE CONEXÃO COM 1 ACESSO, FERRO FUNDIDO PARA REDE DE ÁGUA, DN  1000 MM, JUNTA FLANGEADA (NÃO INCLUI O FORNECIMENTO). AF_09/2021","UN",null,320.15,"339,98"]
["SINAPI","103152","ASSENTAMENTO DE CONEXÃO COM 1 ACESSO, FERRO FUNDIDO PARA REDE DE ÁGUA, DN  1200 MM, JUNTA FLANGEADA (NÃO INCLUI O FORNECIMENTO). AF_09/2021","UN",null,381.56,"405,29"]
["SINAPI","103372","TUBO PEAD LISO PARA REDE DE ÁGUA OU ESGOTO, DIÂMETRO DE 20 MM, JUNTA SOLDADA (NÃO INCLUI A EXECUÇÃO DE SOLDA) - FORNECIMENTO E ASSENTAMENTO. AF_12/2021","M",null,5.81,"5,83"]
["SINAPI","103373","TUBO PEAD LISO PARA REDE DE ÁGUA OU ESGOTO, DIÂMETRO DE 32 MM, JUNTA SOLDADA (NÃO INCLUI A EXECUÇÃO DE SOLDA) - FORNECIMENTO E ASSENTAMENTO. AF_12/2021","M",null,11.4,"11,43"]
["SINAPI","103376","TUBO PEAD LISO PARA REDE DE ÁGUA OU ESGOTO, DIÂMETRO DE 110 MM, JUNTA SOLDADA (NÃO INCLUI A EXECUÇÃO DE SOLDA) - FORNECIMENTO E ASSENTAMENTO. AF_12/2021","M",null,136.21,"136,35"]
["SINAPI","103377","TUBO PEAD LISO PARA REDE DE ÁGUA OU ESGOTO, DIÂMETRO DE 160 MM, JUNTA SOLDADA (NÃO INCLUI A EXECUÇÃO DE SOLDA) - FORNECIMENTO E ASSENTAMENTO. AF_12/2021","M",null,291.62,"291,81"]
["SINAPI","103379","TUBO PEAD LISO PARA REDE DE ÁGUA OU ESGOTO, DIÂMETRO DE 200 MM, JUNTA SOLDADA (NÃO INCLUI A EXECUÇÃO DE SOLDA) - FORNECIMENTO E ASSENTAMENTO. AF_12/2021","M",null,454.11,"454,36"]
["SINAPI","103383","TUBO PEAD LISO PARA REDE DE ÁGUA OU ESGOTO, DIÂMETRO DE 315 MM, JUNTA SOLDADA (NÃO INCLUI A EXECUÇÃO DE SOLDA) - FORNECIMENTO E ASSENTAMENTO. AF_12/2021","M",null,1113.22,"1.113,45"]
["SINAPI","103385","TUBO PEAD LISO PARA REDE DE ÁGUA OU ESGOTO, DIÂMETRO DE 400 MM, JUNTA SOLDADA (NÃO INCLUI A EXECUÇÃO DE SOLDA) - FORNECIMENTO E ASSENTAMENTO. AF_12/2021","M",null,1794.65,"1.795,09"]
["SINAPI","103387","TUBO PEAD LISO PARA REDE DE ÁGUA OU ESGOTO, DIÂMETRO DE 500 MM, JUNTA SOLDADA (NÃO INCLUI A EXECUÇÃO DE SOLDA) - FORNECIMENTO E ASSENTAMENTO. AF_12/2021","M",null,3148.72,"3.149,43"]
["SINAPI","103389","TUBO PEAD LISO PARA REDE DE ÁGUA OU ESGOTO, DIÂMETRO DE 630 MM, JUNTA SOLDADA (NÃO INCLUI A EXECUÇÃO DE SOLDA) - FORNECIMENTO E ASSENTAMENTO. AF_12/2021","M",null,4682.73,"4.683,75"]
["SINAPI","103391","TUBO PEAD LISO PARA REDE DE ÁGUA OU ESGOTO, DIÂMETRO DE 800 MM, JUNTA SOLDADA (NÃO INCLUI A EXECUÇÃO DE SOLDA) - FORNECIMENTO E ASSENTAMENTO. AF_12/2021","M",null,3082.01,"3.083,47"]
["SINAPI","103392","TUBO PEAD LISO PARA REDE DE ÁGUA OU ESGOTO, DIÂMETRO DE 900 MM, JUNTA SOLDADA (NÃO INCLUI A EXECUÇÃO DE SOLDA) - FORNECIMENTO E ASSENTAMENTO. AF_12/2021","M",null,5039.93,"5.041,64"]
["SINAPI","103393","TUBO PEAD LISO PARA REDE DE ÁGUA OU ESGOTO, DIÂMETRO DE 1000 MM, JUNTA SOLDADA (NÃO INCLUI A EXECUÇÃO DE SOLDA) - FORNECIMENTO E ASSENTAMENTO. AF_12/2021","M",null,5558.54,"5.560,49"]
["SINAPI","103394","TUBO PEAD LISO PARA REDE DE ÁGUA OU ESGOTO, DIÂMETRO DE 1200 MM, JUNTA SOLDADA (NÃO INCLUI A EXECUÇÃO DE SOLDA) - FORNECIMENTO E ASSENTAMENTO. AF_12/2021","M",null,4116.08,"4.118,57"]
["SINAPI","103395","TUBO PEAD LISO PARA REDE DE ÁGUA OU ESGOTO, DIÂMETRO DE 1400 MM, JUNTA SOLDADA (NÃO INCLUI A EXECUÇÃO DE SOLDA) - FORNECIMENTO E ASSENTAMENTO. AF_12/2021","M",null,2042.42,"2.045,40"]
["SINAPI","103396","TUBO PEAD LISO PARA REDE DE ÁGUA OU ESGOTO, DIÂMETRO DE 1600 MM, JUNTA SOLDADA (NÃO INCLUI A EXECUÇÃO DE SOLDA) - FORNECIMENTO E ASSENTAMENTO. AF_12/2021","M",null,1376.32,"1.379,80"]
["SINAPI","103397","ASSENTAMENTO DE CONEXÃO COM 2 ACESSOS, EM PEAD LISO PARA REDE DE ÁGUA OU ESGOTO, DIÂMETRO DE 20 MM, JUNTA SOLDADA (NÃO INCLUI O FORNECIMENTO E EXECUÇÃO DE SOLDA). AF_12/2021","UN",null,3.46,"3,88"]
["SINAPI","103398","ASSENTAMENTO DE CONEXÃO COM 2 ACESSOS, EM PEAD LISO PARA REDE DE ÁGUA OU ESGOTO, DIÂMETRO DE 32 MM, JUNTA SOLDADA (NÃO INCLUI O FORNECIMENTO E EXECUÇÃO DE SOLDA). AF_12/2021","UN",null,5.54,"6,21"]
["SINAPI","103399","ASSENTAMENTO DE CONEXÃO COM 2 ACESSOS, EM PEAD LISO PARA REDE DE ÁGUA OU ESGOTO, DIÂMETRO DE 63 MM, JUNTA SOLDADA (NÃO INCLUI O FORNECIMENTO E EXECUÇÃO DE SOLDA). AF_12/2021","UN",null,10.91,"12,22"]
["SINAPI","103400","ASSENTAMENTO DE CONEXÃO COM 2 ACESSOS, EM PEAD LISO PARA REDE DE ÁGUA OU ESGOTO, DIÂMETRO DE 90 MM, JUNTA SOLDADA (NÃO INCLUI O FORNECIMENTO E EXECUÇÃO DE SOLDA). AF_12/2021","UN",null,15.59,"17,46"]
["SINAPI","103401","ASSENTAMENTO DE CONEXÃO COM 2 ACESSOS, EM PEAD LISO PARA REDE DE ÁGUA OU ESGOTO, DIÂMETRO DE 110 MM, JUNTA SOLDADA (NÃO INCLUI O FORNECIMENTO E EXECUÇÃO DE SOLDA). AF_12/2021","UN",null,19.06,"21,35"]
["SINAPI","103402","ASSENTAMENTO DE CONEXÃO COM 2 ACESSOS, EM PEAD LISO PARA REDE DE ÁGUA OU ESGOTO, DIÂMETRO DE 160 MM, JUNTA SOLDADA (NÃO INCLUI O FORNECIMENTO E EXECUÇÃO DE SOLDA). AF_12/2021","UN",null,27.73,"31,06"]
["SINAPI","103403","ASSENTAMENTO DE CONEXÃO COM 2 ACESSOS, EM PEAD LISO PARA REDE DE ÁGUA OU ESGOTO, DIÂMETRO DE 180 MM, JUNTA SOLDADA (NÃO INCLUI O FORNECIMENTO E EXECUÇÃO DE SOLDA). AF_12/2021","UN",null,31.19,"34,94"]
["SINAPI","103404","ASSENTAMENTO DE CONEXÃO COM 2 ACESSOS, EM PEAD LISO PARA REDE DE ÁGUA OU ESGOTO, DIÂMETRO DE 200 MM, JUNTA SOLDADA (NÃO INCLUI O FORNECIMENTO E EXECUÇÃO DE SOLDA). AF_12/2021","UN",null,34.66,"38,82"]
["SINAPI","103405","ASSENTAMENTO DE CONEXÃO COM 2 ACESSOS, EM PEAD LISO PARA REDE DE ÁGUA OU ESGOTO, DIÂMETRO DE 225 MM, JUNTA SOLDADA (NÃO INCLUI O FORNECIMENTO E EXECUÇÃO DE SOLDA). AF_12/2021","UN",null,38.99,"43,68"]
["SINAPI","103406","ASSENTAMENTO DE CONEXÃO COM 2 ACESSOS, EM PEAD LISO PARA REDE DE ÁGUA OU ESGOTO, DIÂMETRO DE 250 MM, JUNTA SOLDADA (NÃO INCLUI O FORNECIMENTO E EXECUÇÃO DE SOLDA). AF_12/2021","UN",null,43.32,"48,53"]
["SINAPI","103407","ASSENTAMENTO DE CONEXÃO COM 2 ACESSOS, EM PEAD LISO PARA REDE DE ÁGUA OU ESGOTO, DIÂMETRO DE 280 MM, JUNTA SOLDADA (NÃO INCLUI O FORNECIMENTO E EXECUÇÃO DE SOLDA). AF_12/2021","UN",null,48.53,"54,36"]
["SINAPI","103408","ASSENTAMENTO DE CONEXÃO COM 2 ACESSOS, EM PEAD LISO PARA REDE DE ÁGUA OU ESGOTO, DIÂMETRO DE 315 MM, JUNTA SOLDADA (NÃO INCLUI O FORNECIMENTO E EXECUÇÃO DE SOLDA). AF_12/2021","UN",null,54.59,"61,15"]
["SINAPI","103409","ASSENTAMENTO DE CONEXÃO COM 2 ACESSOS, EM PEAD LISO PARA REDE DE ÁGUA OU ESGOTO, DIÂMETRO DE 355 MM, JUNTA SOLDADA (NÃO INCLUI O FORNECIMENTO E EXECUÇÃO DE SOLDA). AF_12/2021","UN",null,61.53,"68,92"]
["SINAPI","103410","ASSENTAMENTO DE CONEXÃO COM 2 ACESSOS, EM PEAD LISO PARA REDE DE ÁGUA OU ESGOTO, DIÂMETRO DE 400 MM, JUNTA SOLDADA (NÃO INCLUI O FORNECIMENTO E EXECUÇÃO DE SOLDA). AF_12/2021","UN",null,69.33,"77,66"]
["SINAPI","103411","ASSENTAMENTO DE CONEXÃO COM 3 ACESSOS, EM PEAD LISO PARA REDE DE ÁGUA OU ESGOTO, DIÂMETRO DE 20 MM, JUNTA SOLDADA (NÃO INCLUI O FORNECIMENTO E EXECUÇÃO DE SOLDA). AF_12/2021","UN",null,6.93,"7,76"]
["SINAPI","103412","ASSENTAMENTO DE CONEXÃO COM 3 ACESSOS, EM PEAD LISO PARA REDE DE ÁGUA OU ESGOTO, DIÂMETRO DE 32 MM, JUNTA SOLDADA (NÃO INCLUI O FORNECIMENTO E EXECUÇÃO DE SOLDA). AF_12/2021","UN",null,11.08,"12,42"]
["SINAPI","103413","ASSENTAMENTO DE CONEXÃO COM 3 ACESSOS, EM PEAD LISO PARA REDE DE ÁGUA OU ESGOTO, DIÂMETRO DE 63 MM, JUNTA SOLDADA (NÃO INCLUI O FORNECIMENTO E EXECUÇÃO DE SOLDA). AF_12/2021","UN",null,21.83,"24,45"]
["SINAPI","103414","ASSENTAMENTO DE CONEXÃO COM 3 ACESSOS, EM PEAD LISO PARA REDE DE ÁGUA OU ESGOTO, DIÂMETRO DE 90 MM, JUNTA SOLDADA (NÃO INCLUI O FORNECIMENTO E EXECUÇÃO DE SOLDA). AF_12/2021","UN",null,31.19,"34,94"]
["SINAPI","103415","ASSENTAMENTO DE CONEXÃO COM 3 ACESSOS, EM PEAD LISO PARA REDE DE ÁGUA OU ESGOTO, DIÂMETRO DE 110 MM, JUNTA SOLDADA (NÃO INCLUI O FORNECIMENTO E EXECUÇÃO DE SOLDA). AF_12/2021","UN",null,38.13,"42,70"]
["SINAPI","103416","ASSENTAMENTO DE CONEXÃO COM 3 ACESSOS, EM PEAD LISO PARA REDE DE ÁGUA OU ESGOTO, DIÂMETRO DE 160 MM, JUNTA SOLDADA (NÃO INCLUI O FORNECIMENTO E EXECUÇÃO DE SOLDA). AF_12/2021","UN",null,55.47,"62,12"]
["SINAPI","103417","ASSENTAMENTO DE CONEXÃO COM 3 ACESSOS, EM PEAD LISO PARA REDE DE ÁGUA OU ESGOTO, DIÂMETRO DE 180 MM, JUNTA SOLDADA (NÃO INCLUI O FORNECIMENTO E EXECUÇÃO DE SOLDA). AF_12/2021","UN",null,62.4,"69,90"]
["SINAPI","103418","ASSENTAMENTO DE CONEXÃO COM 3 ACESSOS, EM PEAD LISO PARA REDE DE ÁGUA OU ESGOTO, DIÂMETRO DE 200 MM, JUNTA SOLDADA (NÃO INCLUI O FORNECIMENTO E EXECUÇÃO DE SOLDA). AF_12/2021","UN",null,69.33,"77,66"]
["SINAPI","103419","ASSENTAMENTO DE CONEXÃO COM 3 ACESSOS, EM PEAD LISO PARA REDE DE ÁGUA OU ESGOTO, DIÂMETRO DE 225 MM, JUNTA SOLDADA (NÃO INCLUI O FORNECIMENTO E EXECUÇÃO DE SOLDA). AF_12/2021","UN",null,78.01,"87,37"]
["SINAPI","103420","ASSENTAMENTO DE CONEXÃO COM 3 ACESSOS, EM PEAD LISO PARA REDE DE ÁGUA OU ESGOTO, DIÂMETRO DE 250 MM, JUNTA SOLDADA (NÃO INCLUI O FORNECIMENTO E EXECUÇÃO DE SOLDA). AF_12/2021","UN",null,86.66,"97,07"]
["SINAPI","103421","ASSENTAMENTO DE CONEXÃO COM 3 ACESSOS, EM PEAD LISO PARA REDE DE ÁGUA OU ESGOTO, DIÂMETRO DE 280 MM, JUNTA SOLDADA (NÃO INCLUI O FORNECIMENTO E EXECUÇÃO DE SOLDA). AF_12/2021","UN",null,97.07,"108,73"]
["SINAPI","103422","ASSENTAMENTO DE CONEXÃO COM 3 ACESSOS, EM PEAD LISO PARA REDE DE ÁGUA OU ESGOTO, DIÂMETRO DE 315 MM, JUNTA SOLDADA (NÃO INCLUI O FORNECIMENTO E EXECUÇÃO DE SOLDA). AF_12/2021","UN",null,109.2,"122,32"]
["SINAPI","103423","ASSENTAMENTO DE CONEXÃO COM 3 ACESSOS, EM PEAD LISO PARA REDE DE ÁGUA OU ESGOTO, DIÂMETRO DE 355 MM, JUNTA SOLDADA (NÃO INCLUI O FORNECIMENTO E EXECUÇÃO DE SOLDA). AF_12/2021","UN",null,123.07,"137,85"]
["SINAPI","103424","ASSENTAMENTO DE CONEXÃO COM 3 ACESSOS, EM PEAD LISO PARA REDE DE ÁGUA OU ESGOTO, DIÂMETRO DE 400 MM, JUNTA SOLDADA (NÃO INCLUI O FORNECIMENTO E EXECUÇÃO DE SOLDA). AF_12/2021","UN",null,138.67,"155,32"]
["SINAPI","103425","LUVA, EM PEAD LISO PARA REDE DE ÁGUA OU ESGOTO, DIÂMETRO DE 20 MM, JUNTA SOLDADA POR ELETROFUSÃO (NÃO INCLUI A EXECUÇÃO DE SOLDA). AF_12/2021","UN",null,16.17,"16,59"]
["SINAPI","103426","LUVA, EM PEAD LISO PARA REDE DE ÁGUA OU ESGOTO, DIÂMETRO DE 32 MM, JUNTA SOLDADA POR ELETROFUSÃO (NÃO INCLUI A EXECUÇÃO DE SOLDA). AF_12/2021","UN",null,19.24,"19,91"]
["SINAPI","103427","LUVA, EM PEAD LISO PARA REDE DE ÁGUA OU ESGOTO, DIÂMETRO DE 63 MM, JUNTA SOLDADA POR ELETROFUSÃO (NÃO INCLUI A EXECUÇÃO DE SOLDA). AF_12/2021","UN",null,38.57,"39,88"]
["SINAPI","103428","LUVA, EM PEAD LISO PARA REDE DE ÁGUA OU ESGOTO, DIÂMETRO DE 200 MM, JUNTA SOLDADA POR ELETROFUSÃO (NÃO INCLUI A EXECUÇÃO DE SOLDA). AF_12/2021","UN",null,262.1,"266,26"]
["SINAPI","103429","LUVA, EM PEAD LISO PARA REDE DE ÁGUA OU ESGOTO, DIÂMETRO DE 400 MM, JUNTA SOLDADA POR ELETROFUSÃO (NÃO INCLUI A EXECUÇÃO DE SOLDA). AF_12/2021","UN",null,2945.49,"2.953,82"]
["SINAPI","103430","COTOVELO 45 GRAUS, EM PEAD LISO PARA REDE DE ÁGUA OU ESGOTO, DIÂMETRO DE 32 MM, JUNTA SOLDADA POR ELETROFUSÃO (NÃO INCLUI A EXECUÇÃO DE SOLDA). AF_12/2021","UN",null,34.98,"35,65"]
["SINAPI","103431","COTOVELO 45 GRAUS, EM PEAD LISO PARA REDE DE ÁGUA OU ESGOTO, DIÂMETRO DE 63 MM, JUNTA SOLDADA POR ELETROFUSÃO (NÃO INCLUI A EXECUÇÃO DE SOLDA). AF_12/2021","UN",null,61.17,"62,48"]
["SINAPI","103432","COTOVELO 45 GRAUS, EM PEAD LISO PARA REDE DE ÁGUA OU ESGOTO, DIÂMETRO DE 200 MM, JUNTA SOLDADA POR ELETROFUSÃO (NÃO INCLUI A EXECUÇÃO DE SOLDA). AF_12/2021","UN",null,1672.7,"1.676,86"]
["SINAPI","103433","COTOVELO 90 GRAUS, EM PEAD LISO PARA REDE DE ÁGUA OU ESGOTO, DIÂMETRO DE 20 MM, JUNTA SOLDADA POR ELETROFUSÃO (NÃO INCLUI A EXECUÇÃO DE SOLDA). AF_12/2021","UN",null,34.86,"35,28"]
["SINAPI","103434","COTOVELO 90 GRAUS, EM PEAD LISO PARA REDE DE ÁGUA OU ESGOTO, DIÂMETRO DE 32 MM, JUNTA SOLDADA POR ELETROFUSÃO (NÃO INCLUI A EXECUÇÃO DE SOLDA). AF_12/2021","UN",null,48.13,"48,80"]
["SINAPI","103435","COTOVELO 90 GRAUS, EM PEAD LISO PARA REDE DE ÁGUA OU ESGOTO, DIÂMETRO DE 63 MM, JUNTA SOLDADA POR ELETROFUSÃO (NÃO INCLUI A EXECUÇÃO DE SOLDA). AF_12/2021","UN",null,89.47,"90,78"]
["SINAPI","103436","COTOVELO 90 GRAUS, POLIETILENO DE ALTA DENSIDADE (PEAD) PARA REDE DE ÁGUA OU ESGOTO, DIÂMETRO DE 200 MM, JUNTA SOLDADA POR ELETROFUSÃO (NÃO INCLUI A EXECUÇÃO DE SOLDA). AF_12/2021","UN",null,2370.72,"2.374,88"]
["SINAPI","103437","TÊ DE SERVIÇO, EM PEAD LISO PARA REDE DE ÁGUA OU ESGOTO, DIÂMETRO DE 63 X 20 MM, JUNTA SOLDADA POR ELETROFUSÃO (NÃO INCLUI A EXECUÇÃO DE SOLDA). AF_12/2021","UN",null,185.73,"188,35"]
["SINAPI","103438","TÊ DE SERVIÇO, EM PEAD LISO PARA REDE DE ÁGUA OU ESGOTO, DIÂMETRO DE 63 X 32 MM, JUNTA SOLDADA POR ELETROFUSÃO (NÃO INCLUI A EXECUÇÃO DE SOLDA). AF_12/2021","UN",null,185.73,"188,35"]
["SINAPI","103439","TÊ DE SERVIÇO, EM PEAD LISO PARA REDE DE ÁGUA OU ESGOTO, DIÂMETRO DE 63 X 63 MM, JUNTA SOLDADA POR ELETROFUSÃO (NÃO INCLUI A EXECUÇÃO DE SOLDA). AF_12/2021","UN",null,219.24,"221,86"]
["SINAPI","103440","TÊ DE SERVIÇO, EM PEAD LISO PARA REDE DE ÁGUA OU ESGOTO, DIÂMETRO DE 200 X 20 MM, JUNTA SOLDADA POR ELETROFUSÃO (NÃO INCLUI A EXECUÇÃO DE SOLDA). AF_12/2021","UN",null,416.33,"424,66"]
["SINAPI","103441","TÊ DE SERVIÇO, EM PEAD LISO PARA REDE DE ÁGUA OU ESGOTO, DIÂMETRO DE 200 X 32 MM, JUNTA SOLDADA POR ELETROFUSÃO (NÃO INCLUI A EXECUÇÃO DE SOLDA). AF_12/2021","UN",null,421.76,"430,09"]
["SINAPI","103442","TÊ DE SERVIÇO, EM PEAD LISO PARA REDE DE ÁGUA OU ESGOTO, DIÂMETRO DE 200 X 63 MM, JUNTA SOLDADA POR ELETROFUSÃO (NÃO INCLUI A EXECUÇÃO DE SOLDA). AF_12/2021","UN",null,552.75,"561,08"]
["SINAPI","93206","EXECUÇÃO DE ESCRITÓRIO EM CANTEIRO DE OBRA EM ALVENARIA, NÃO INCLUSO MOBILIÁRIO E EQUIPAMENTOS. AF_02/2016","M2",null,1128.67,"1.178,84"]
["SINAPI","93207","EXECUÇÃO DE ESCRITÓRIO EM CANTEIRO DE OBRA EM CHAPA DE MADEIRA COMPENSADA, NÃO INCLUSO MOBILIÁRIO E EQUIPAMENTOS. AF_02/2016","M2",null,1271.2,"1.301,35"]
["SINAPI","93208","EXECUÇÃO DE ALMOXARIFADO EM CANTEIRO DE OBRA EM CHAPA DE MADEIRA COMPENSADA, INCLUSO PRATELEIRAS. AF_02/2016","M2",null,1081.12,"1.103,02"]
["SINAPI","93209","EXECUÇÃO DE ALMOXARIFADO EM CANTEIRO DE OBRA EM ALVENARIA, INCLUSO PRATELEIRAS. AF_02/2016","M2",null,977.02,"1.014,75"]
["SINAPI","93210","EXECUÇÃO DE REFEITÓRIO EM CANTEIRO DE OBRA EM CHAPA DE MADEIRA COMPENSADA, NÃO INCLUSO MOBILIÁRIO E EQUIPAMENTOS. AF_02/2016","M2",null,648.89,"667,41"]
["SINAPI","93211","EXECUÇÃO DE REFEITÓRIO EM CANTEIRO DE OBRA EM ALVENARIA, NÃO INCLUSO MOBILIÁRIO E EQUIPAMENTOS. AF_02/2016","M2",null,610.55,"633,44"]
["SINAPI","93212","EXECUÇÃO DE SANITÁRIO E VESTIÁRIO EM CANTEIRO DE OBRA EM CHAPA DE MADEIRA COMPENSADA, NÃO INCLUSO MOBILIÁRIO. AF_02/2016","M2",null,1115.87,"1.146,69"]
["SINAPI","93213","EXECUÇÃO DE SANITÁRIO E VESTIÁRIO EM CANTEIRO DE OBRA EM ALVENARIA, NÃO INCLUSO MOBILIÁRIO. AF_02/2016","M2",null,1020.67,"1.061,32"]
["SINAPI","93214","EXECUÇÃO DE RESERVATÓRIO ELEVADO DE ÁGUA (1000 LITROS) EM CANTEIRO DE OBRA, APOIADO EM ESTRUTURA DE MADEIRA. AF_02/2016_PA","UN",null,8473.39,"8.523,10"]
["SINAPI","93243","EXECUÇÃO DE RESERVATÓRIO ELEVADO DE ÁGUA (2000 LITROS) EM CANTEIRO DE OBRA, APOIADO EM ESTRUTURA DE MADEIRA. AF_02/2016_PA","UN",null,12905.14,"12.970,58"]
["SINAPI","93582","EXECUÇÃO DE CENTRAL DE ARMADURA EM CANTEIRO DE OBRA, NÃO INCLUSO MOBILIÁRIO E EQUIPAMENTOS. AF_04/2016","M2",null,314.99,"322,55"]
["SINAPI","93583","EXECUÇÃO DE CENTRAL DE FÔRMAS, PRODUÇÃO DE ARGAMASSA OU CONCRETO EM CANTEIRO DE OBRA, NÃO INCLUSO MOBILIÁRIO E EQUIPAMENTOS. AF_04/2016","M2",null,489.92,"502,35"]
["SINAPI","93584","EXECUÇÃO DE DEPÓSITO EM CANTEIRO DE OBRA EM CHAPA DE MADEIRA COMPENSADA, NÃO INCLUSO MOBILIÁRIO. AF_04/2016","M2",null,1056.66,"1.080,50"]
["SINAPI","93585","EXECUÇÃO DE GUARITA EM CANTEIRO DE OBRA EM CHAPA DE MADEIRA COMPENSADA, NÃO INCLUSO MOBILIÁRIO. AF_04/2016","M2",null,1436.81,"1.465,45"]
["SINAPI","98441","PAREDE DE MADEIRA COMPENSADA PARA CONSTRUÇÃO TEMPORÁRIA EM CHAPA SIMPLES, EXTERNA, COM ÁREA LÍQUIDA MAIOR OU IGUAL A 6 M², SEM VÃO. AF_05/2018","M2",null,195.15,"198,14"]
["SINAPI","98442","PAREDE DE MADEIRA COMPENSADA PARA CONSTRUÇÃO TEMPORÁRIA EM CHAPA SIMPLES, EXTERNA, COM ÁREA LÍQUIDA MENOR QUE 6 M², SEM VÃO. AF_05/2018","M2",null,198.12,"201,45"]
["SINAPI","98443","PAREDE DE MADEIRA COMPENSADA PARA CONSTRUÇÃO TEMPORÁRIA EM CHAPA SIMPLES, INTERNA, COM ÁREA LÍQUIDA MAIOR OU IGUAL A 6 M², SEM VÃO. AF_05/2018","M2",null,173.61,"175,23"]
["SINAPI","98444","PAREDE DE MADEIRA COMPENSADA PARA CONSTRUÇÃO TEMPORÁRIA EM CHAPA SIMPLES, INTERNA, COM ÁREA LÍQUIDA MENOR QUE 6 M², SEM VÃO. AF_05/2018","M2",null,175.73,"177,60"]
["SINAPI","98445","PAREDE DE MADEIRA COMPENSADA PARA CONSTRUÇÃO TEMPORÁRIA EM CHAPA SIMPLES, EXTERNA, COM ÁREA LÍQUIDA MAIOR OU IGUAL A 6 M², COM VÃO. AF_05/2018","M2",null,236.66,"240,99"]
["SINAPI","98446","PAREDE DE MADEIRA COMPENSADA PARA CONSTRUÇÃO TEMPORÁRIA EM CHAPA SIMPLES, EXTERNA, COM ÁREA LÍQUIDA MENOR QUE 6 M², COM VÃO. AF_05/2018","M2",null,302.53,"309,61"]
["SINAPI","98447","PAREDE DE MADEIRA COMPENSADA PARA CONSTRUÇÃO TEMPORÁRIA EM CHAPA SIMPLES, INTERNA, COM ÁREA LÍQUIDA MAIOR OU IGUAL A 6 M², COM VÃO. AF_05/2018","M2",null,206.34,"208,80"]
["SINAPI","98448","PAREDE DE MADEIRA COMPENSADA PARA CONSTRUÇÃO TEMPORÁRIA EM CHAPA SIMPLES, INTERNA, COM ÁREA LÍQUIDA MENOR QUE 6 M², COM VÃO. AF_05/2018","M2",null,258.82,"263,27"]
["SINAPI","98449","PAREDE DE MADEIRA COMPENSADA PARA CONSTRUÇÃO TEMPORÁRIA EM CHAPA DUPLA, EXTERNA, COM ÁREA LÍQUIDA MAIOR OU IGUAL A 6 M², SEM VÃO. AF_05/2018","M2",null,231.5,"235,02"]
["SINAPI","98450","PAREDE DE MADEIRA COMPENSADA PARA CONSTRUÇÃO TEMPORÁRIA EM CHAPA DUPLA, EXTERNA, COM ÁREA LÍQUIDA MENOR QUE 6 M², SEM VÃO. AF_05/2018","M2",null,235.81,"239,87"]
["SINAPI","98451","PAREDE DE MADEIRA COMPENSADA PARA CONSTRUÇÃO TEMPORÁRIA EM CHAPA DUPLA, INTERNA, COM ÁREA LÍQUIDA MAIOR OU IGUAL A 6 M², SEM VÃO. AF_05/2018","M2",null,207.4,"209,25"]
["SINAPI","98452","PAREDE DE MADEIRA COMPENSADA PARA CONSTRUÇÃO TEMPORÁRIA EM CHAPA DUPLA, INTERNA, COM ÁREA LÍQUIDA MENOR QUE 6 M², SEM VÃO. AF_05/2018","M2",null,210.02,"212,18"]
["SINAPI","98453","PAREDE DE MADEIRA COMPENSADA PARA CONSTRUÇÃO TEMPORÁRIA EM CHAPA DUPLA, EXTERNA, COM ÁREA LÍQUIDA MAIOR OU IGUAL A QUE 6 M², COM VÃO. AF_05/2018","M2",null,278.19,"283,66"]
["SINAPI","98454","PAREDE DE MADEIRA COMPENSADA PARA CONSTRUÇÃO TEMPORÁRIA EM CHAPA DUPLA, EXTERNA, COM ÁREA LÍQUIDA MENOR QUE 6 M², COM VÃO. AF_05/2018","M2",null,356.54,"366,26"]
["SINAPI","98455","PAREDE DE MADEIRA COMPENSADA PARA CONSTRUÇÃO TEMPORÁRIA EM CHAPA DUPLA, INTERNA, COM ÁREA LÍQUIDA MAIOR OU IGUAL A 6 M², COM VÃO. AF_05/2018","M2",null,245.31,"248,60"]
["SINAPI","98456","PAREDE DE MADEIRA COMPENSADA PARA CONSTRUÇÃO TEMPORÁRIA EM CHAPA DUPLA, INTERNA, COM ÁREA LÍQUIDA MENOR QUE 6 M², COM VÃO. AF_05/2018","M2",null,309.43,"316,08"]
["SINAPI","98458","TAPUME COM COMPENSADO DE MADEIRA. AF_05/2018","M2",null,189.96,"192,35"]
["SINAPI","98459","TAPUME COM TELHA METÁLICA. AF_05/2018","M2",null,148.87,"151,10"]
["SINAPI","98460","PISO PARA CONSTRUÇÃO TEMPORÁRIA EM MADEIRA, SEM REAPROVEITAMENTO. AF_05/2018","M2",null,226.41,"227,46"]
["SINAPI","98461","ESTRUTURA DE MADEIRA PROVISÓRIA PARA SUPORTE DE CAIXA D ÁGUA ELEVADA DE 1000 LITROS. AF_05/2018_PS","UN",null,7620.06,"7.649,33"]
["SINAPI","98462","ESTRUTURA DE MADEIRA PROVISÓRIA PARA SUPORTE DE CAIXA D ÁGUA ELEVADA DE 3000 LITROS. AF_05/2018_PS","UN",null,11425.59,"11.469,89"]
["SINAPI","5631","ESCAVADEIRA HIDRÁULICA SOBRE ESTEIRAS, CAÇAMBA 0,80 M3, PESO OPERACIONAL 17 T, POTENCIA BRUTA 111 HP - CHP DIURNO. AF_06/2014","CHP",null,209.76,"213,75"]
["SINAPI","5678","RETROESCAVADEIRA SOBRE RODAS COM CARREGADEIRA, TRAÇÃO 4X4, POTÊNCIA LÍQ. 88 HP, CAÇAMBA CARREG. CAP. MÍN. 1 M3, CAÇAMBA RETRO CAP. 0,26 M3, PESO OPERACIONAL MÍN. 6.674 KG, PROFUNDIDADE ESCAVAÇÃO MÁX. 4,37 M - CHP DIURNO. AF_06/2014","CHP",null,144.51,"148,50"]
["SINAPI","5680","RETROESCAVADEIRA SOBRE RODAS COM CARREGADEIRA, TRAÇÃO 4X2, POTÊNCIA LÍQ. 79 HP, CAÇAMBA CARREG. CAP. MÍN. 1 M3, CAÇAMBA RETRO CAP. 0,20 M3, PESO OPERACIONAL MÍN. 6.570 KG, PROFUNDIDADE ESCAVAÇÃO MÁX. 4,37 M - CHP DIURNO. AF_06/2014","CHP",null,132.18,"136,17"]
["SINAPI","5684","ROLO COMPACTADOR VIBRATÓRIO DE UM CILINDRO AÇO LISO, POTÊNCIA 80 HP, PESO OPERACIONAL MÁXIMO 8,1 T, IMPACTO DINÂMICO 16,15 / 9,5 T, LARGURA DE TRABALHO 1,68 M - CHP DIURNO. AF_06/2014","CHP",null,138.16,"141,09"]
["SINAPI","5689","GRADE DE DISCO CONTROLE REMOTO REBOCÁVEL, COM 24 DISCOS 24 X 6 MM COM PNEUS PARA TRANSPORTE - CHP DIURNO. AF_06/2014","CHP",null,7.17,"7,17"]
["SINAPI","5795","MARTELETE OU ROMPEDOR PNEUMÁTICO MANUAL, 28 KG, COM SILENCIADOR - CHP DIURNO. AF_07/2016","CHP",null,25.81,"28,62"]
["SINAPI","5811","CAMINHÃO BASCULANTE 6 M3, PESO BRUTO TOTAL 16.000 KG, CARGA ÚTIL MÁXIMA 13.071 KG, DISTÂNCIA ENTRE EIXOS 4,80 M, POTÊNCIA 230 CV INCLUSIVE CAÇAMBA METÁLICA - CHP DIURNO. AF_06/2014","CHP",null,188.11,"191,18"]
["SINAPI","5823","USINA DE CONCRETO FIXA, CAPACIDADE NOMINAL DE 90 A 120 M3/H, SEM SILO - CHP DIURNO. AF_07/2016","CHP",null,185.03,"196,26"]
["SINAPI","5824","CAMINHÃO TOCO, PBT 16.000 KG, CARGA ÚTIL MÁX. 10.685 KG, DIST. ENTRE EIXOS 4,8 M, POTÊNCIA 189 CV, INCLUSIVE CARROCERIA FIXA ABERTA DE MADEIRA P/ TRANSPORTE GERAL DE CARGA SECA, DIMEN. APROX. 2,5 X 7,00 X 0,50 M - CHP DIURNO. AF_06/2014","CHP",null,200.95,"204,21"]
["SINAPI","5835","VIBROACABADORA DE ASFALTO SOBRE ESTEIRAS, LARGURA DE PAVIMENTAÇÃO 1,90 M A 5,30 M, POTÊNCIA 105 HP CAPACIDADE 450 T/H - CHP DIURNO. AF_11/2014","CHP",null,394.68,"398,49"]
["SINAPI","5839","VASSOURA MECÂNICA REBOCÁVEL COM ESCOVA CILÍNDRICA, LARGURA ÚTIL DE VARRIMENTO DE 2,44 M - CHP DIURNO. AF_06/2014","CHP",null,10.78,"10,78"]
["SINAPI","5843","TRATOR DE PNEUS, POTÊNCIA 122 CV, TRAÇÃO 4X4, PESO COM LASTRO DE 4.510 KG - CHP DIURNO. AF_06/2014","CHP",null,168.63,"172,20"]
["SINAPI","5847","TRATOR DE ESTEIRAS, POTÊNCIA 170 HP, PESO OPERACIONAL 19 T, CAÇAMBA 5,2 M3 - CHP DIURNO. AF_06/2014","CHP",null,248.39,"251,96"]
["SINAPI","5851","TRATOR DE ESTEIRAS, POTÊNCIA 150 HP, PESO OPERACIONAL 16,7 T, COM RODA MOTRIZ ELEVADA E LÂMINA 3,18 M3 - CHP DIURNO. AF_06/2014","CHP",null,237.18,"240,75"]
["SINAPI","5855","TRATOR DE ESTEIRAS, POTÊNCIA 347 HP, PESO OPERACIONAL 38,5 T, COM LÂMINA 8,70 M3 - CHP DIURNO. AF_06/2014","CHP",null,629.89,"633,46"]
["SINAPI","5863","ROLO COMPACTADOR VIBRATÓRIO REBOCÁVEL, CILINDRO DE AÇO LISO, POTÊNCIA DE TRAÇÃO DE 65 CV, PESO 4,7 T, IMPACTO DINÂMICO 18,3 T, LARGURA DE TRABALHO 1,67 M - CHP DIURNO. AF_02/2016","CHP",null,18.37,"18,37"]
["SINAPI","5867","ROLO COMPACTADOR VIBRATÓRIO TANDEM AÇO LISO, POTÊNCIA 58 HP, PESO SEM/COM LASTRO 6,5 / 9,4 T, LARGURA DE TRABALHO 1,2 M - CHP DIURNO. AF_06/2014","CHP",null,136.49,"139,42"]
["SINAPI","5875","RETROESCAVADEIRA SOBRE RODAS COM CARREGADEIRA, TRAÇÃO 4X4, POTÊNCIA LÍQ. 72 HP, CAÇAMBA CARREG. CAP. MÍN. 0,79 M3, CAÇAMBA RETRO CAP. 0,18 M3, PESO OPERACIONAL MÍN. 7.140 KG, PROFUNDIDADE ESCAVAÇÃO MÁX. 4,50 M - CHP DIURNO. AF_06/2014","CHP",null,133.3,"137,29"]
["SINAPI","5879","ROLO COMPACTADOR VIBRATÓRIO PÉ DE CARNEIRO, OPERADO POR CONTROLE REMOTO, POTÊNCIA 12,5 KW, PESO OPERACIONAL 1,675 T, LARGURA DE TRABALHO 0,85 M - CHP DIURNO. AF_02/2016","CHP",null,117.3,"120,23"]
["SINAPI","5882","USINA DE LAMA ASFÁLTICA, PROD 30 A 50 T/H, SILO DE AGREGADO 7 M3, RESERVATÓRIOS PARA EMULSÃO E ÁGUA DE 2,3 M3 CADA, MISTURADOR TIPO PUG MILL A SER MONTADO SOBRE CAMINHÃO - CHP DIURNO. AF_10/2014","CHP",null,108.53,"110,52"]
["SINAPI","5890","CAMINHÃO TOCO, PESO BRUTO TOTAL 14.300 KG, CARGA ÚTIL MÁXIMA 9590 KG, DISTÂNCIA ENTRE EIXOS 4,76 M, POTÊNCIA 185 CV (NÃO INCLUI CARROCERIA) - CHP DIURNO. AF_06/2014","CHP",null,188.81,"192,07"]
["SINAPI","5894","CAMINHÃO TOCO, PESO BRUTO TOTAL 16.000 KG, CARGA ÚTIL MÁXIMA DE 10.685 KG, DISTÂNCIA ENTRE EIXOS 4,80 M, POTÊNCIA 189 CV EXCLUSIVE CARROCERIA - CHP DIURNO. AF_06/2014","CHP",null,196.56,"199,82"]
["SINAPI","5901","CAMINHÃO PIPA 10.000 L TRUCADO, PESO BRUTO TOTAL 23.000 KG, CARGA ÚTIL MÁXIMA 15.935 KG, DISTÂNCIA ENTRE EIXOS 4,8 M, POTÊNCIA 230 CV, INCLUSIVE TANQUE DE AÇO PARA TRANSPORTE DE ÁGUA - CHP DIURNO. AF_06/2014","CHP",null,296.26,"299,52"]
["SINAPI","5909","ESPARGIDOR DE ASFALTO PRESSURIZADO COM TANQUE DE 2500 L, REBOCÁVEL COM MOTOR A GASOLINA POTÊNCIA 3,4 HP - CHP DIURNO. AF_07/2014","CHP",null,28.57,"30,56"]
["SINAPI","5921","GRADE DE DISCO REBOCÁVEL COM 20 DISCOS 24\" X 6 MM COM PNEUS PARA TRANSPORTE - CHP DIURNO. AF_06/2014","CHP",null,5.63,"5,63"]
["SINAPI","5928","GUINDAUTO HIDRÁULICO, CAPACIDADE MÁXIMA DE CARGA 6200 KG, MOMENTO MÁXIMO DE CARGA 11,7 TM, ALCANCE MÁXIMO HORIZONTAL 9,70 M, INCLUSIVE CAMINHÃO TOCO PBT 16.000 KG, POTÊNCIA DE 189 CV - CHP DIURNO. AF_06/2014","CHP",null,256.39,"259,80"]
["SINAPI","5932","MOTONIVELADORA POTÊNCIA BÁSICA LÍQUIDA (PRIMEIRA MARCHA) 125 HP, PESO BRUTO 13032 KG, LARGURA DA LÂMINA DE 3,7 M - CHP DIURNO. AF_06/2014","CHP",null,245.85,"250,38"]
["SINAPI","5940","PÁ CARREGADEIRA SOBRE RODAS, POTÊNCIA LÍQUIDA 128 HP, CAPACIDADE DA CAÇAMBA 1,7 A 2,8 M3, PESO OPERACIONAL 11632 KG - CHP DIURNO. AF_06/2014","CHP",null,206.51,"210,46"]
["SINAPI","5944","PÁ CARREGADEIRA SOBRE RODAS, POTÊNCIA 197 HP, CAPACIDADE DA CAÇAMBA 2,5 A 3,5 M3, PESO OPERACIONAL 18338 KG - CHP DIURNO. AF_06/2014","CHP",null,247.77,"251,72"]
["SINAPI","5953","COMPRESSOR DE AR REBOCÁVEL, VAZÃO 189 PCM, PRESSÃO EFETIVA DE TRABALHO 102 PSI, MOTOR DIESEL, POTÊNCIA 63 CV - CHP DIURNO. AF_06/2015","CHP",null,57.19,"57,19"]
["SINAPI","6259","CAMINHÃO PIPA 6.000 L, PESO BRUTO TOTAL 13.000 KG, DISTÂNCIA ENTRE EIXOS 4,80 M, POTÊNCIA 189 CV INCLUSIVE TANQUE DE AÇO PARA TRANSPORTE DE ÁGUA, CAPACIDADE 6 M3 - CHP DIURNO. AF_06/2014","CHP",null,238.64,"241,90"]
["SINAPI","6879","ROLO COMPACTADOR DE PNEUS ESTÁTICO, PRESSÃO VARIÁVEL, POTÊNCIA 111 HP, PESO SEM/COM LASTRO 9,5 / 26 T, LARGURA DE TRABALHO 1,90 M - CHP DIURNO. AF_07/2014","CHP",null,179.42,"182,35"]
["SINAPI","7030","TANQUE DE ASFALTO ESTACIONÁRIO COM SERPENTINA, CAPACIDADE 30.000 L - CHP DIURNO. AF_06/2014","CHP",null,256.16,"256,16"]
["SINAPI","7042","MOTOBOMBA TRASH (PARA ÁGUA SUJA) AUTO ESCORVANTE, MOTOR GASOLINA DE 6,41 HP, DIÂMETROS DE SUCÇÃO X RECALQUE: 3\" X 3\", HM/Q = 10 MCA / 60 M3/H A 23 MCA / 0 M3/H - CHP DIURNO. AF_10/2014","CHP",null,20.43,"20,43"]
["SINAPI","7049","ROLO COMPACTADOR PE DE CARNEIRO VIBRATORIO, POTENCIA 125 HP, PESO OPERACIONAL SEM/COM LASTRO 11,95 / 13,30 T, IMPACTO DINAMICO 38,5 / 22,5 T, LARGURA DE TRABALHO 2,15 M - CHP DIURNO. AF_06/2014","CHP",null,192.4,"195,33"]
["SINAPI","67826","CAMINHÃO BASCULANTE 6 M3 TOCO, PESO BRUTO TOTAL 16.000 KG, CARGA ÚTIL MÁXIMA 11.130 KG, DISTÂNCIA ENTRE EIXOS 5,36 M, POTÊNCIA 185 CV, INCLUSIVE CAÇAMBA METÁLICA - CHP DIURNO. AF_06/2014","CHP",null,171.52,"174,59"]
["SINAPI","73417","GRUPO GERADOR ESTACIONÁRIO, MOTOR DIESEL POTÊNCIA 170 KVA - CHP DIURNO. AF_02/2016","CHP",null,183.64,"183,64"]
["SINAPI","73436","ROLO COMPACTADOR VIBRATÓRIO PÉ DE CARNEIRO PARA SOLOS, POTÊNCIA 80 HP, PESO OPERACIONAL SEM/COM LASTRO 7,4 / 8,8 T, LARGURA DE TRABALHO 1,68 M - CHP DIURNO. AF_02/2016","CHP",null,185.9,"194,69"]
["SINAPI","73467","CAMINHÃO TOCO, PBT 14.300 KG, CARGA ÚTIL MÁX. 9.710 KG, DIST. ENTRE EIXOS 3,56 M, POTÊNCIA 185 CV, INCLUSIVE CARROCERIA FIXA ABERTA DE MADEIRA P/ TRANSPORTE GERAL DE CARGA SECA, DIMEN. APROX. 2,50 X 6,50 X 0,50 M - CHP DIURNO. AF_06/2014","CHP",null,231.85,"235,11"]
["SINAPI","73536","MOTOBOMBA CENTRÍFUGA, MOTOR A GASOLINA, POTÊNCIA 5,42 HP, BOCAIS 1 1/2\" X 1\", DIÂMETRO ROTOR 143 MM HM/Q = 6 MCA / 16,8 M3/H A 38 MCA / 6,6 M3/H - CHP DIURNO. AF_06/2014","CHP",null,17.29,"17,29"]
["SINAPI","83362","ESPARGIDOR DE ASFALTO PRESSURIZADO, TANQUE 6 M3 COM ISOLAÇÃO TÉRMICA, AQUECIDO COM 2 MAÇARICOS, COM BARRA ESPARGIDORA 3,60 M, MONTADO SOBRE CAMINHÃO  TOCO, PBT 14.300 KG, POTÊNCIA 185 CV - CHP DIURNO. AF_08/2015","CHP",null,246.15,"249,41"]
["SINAPI","83765","GRUPO DE SOLDAGEM COM GERADOR A DIESEL 60 CV PARA SOLDA ELÉTRICA, SOBRE 04 RODAS, COM MOTOR 4 CILINDROS 600 A - CHP DIURNO. AF_02/2016","CHP",null,92.58,"95,56"]
["SINAPI","87445","BETONEIRA CAPACIDADE NOMINAL 400 L, CAPACIDADE DE MISTURA 310 L, MOTOR A DIESEL POTÊNCIA 5,0 HP, SEM CARREGADOR - CHP DIURNO. AF_06/2014","CHP",null,5.21,"5,21"]
["SINAPI","88386","MISTURADOR DE ARGAMASSA, EIXO HORIZONTAL, CAPACIDADE DE MISTURA 300 KG, MOTOR ELÉTRICO POTÊNCIA 5 CV - CHP DIURNO. AF_06/2014","CHP",null,4.45,"4,45"]
["SINAPI","88393","MISTURADOR DE ARGAMASSA, EIXO HORIZONTAL, CAPACIDADE DE MISTURA 600 KG, MOTOR ELÉTRICO POTÊNCIA 7,5 CV - CHP DIURNO. AF_06/2014","CHP",null,6,"6,00"]
["SINAPI","88399","MISTURADOR DE ARGAMASSA, EIXO HORIZONTAL, CAPACIDADE DE MISTURA 160 KG, MOTOR ELÉTRICO POTÊNCIA 3 CV - CHP DIURNO. AF_06/2014","CHP",null,3.43,"3,43"]
["SINAPI","88418","PROJETOR DE ARGAMASSA, CAPACIDADE DE PROJEÇÃO 1,5 M3/H, ALCANCE DE 30 ATÉ 60 M, MOTOR ELÉTRICO POTÊNCIA 7,5 HP - CHP DIURNO. AF_06/2014","CHP",null,15.33,"15,33"]
["SINAPI","88433","PROJETOR DE ARGAMASSA, CAPACIDADE DE PROJEÇÃO 2 M3/H, ALCANCE ATÉ 50 M, MOTOR ELÉTRICO POTÊNCIA 7,5 HP - CHP DIURNO. AF_06/2014","CHP",null,20.08,"20,08"]
["SINAPI","88830","BETONEIRA CAPACIDADE NOMINAL DE 400 L, CAPACIDADE DE MISTURA 280 L, MOTOR ELÉTRICO TRIFÁSICO POTÊNCIA DE 2 CV, SEM CARREGADOR - CHP DIURNO. AF_10/2014","CHP",null,1.72,"1,72"]
["SINAPI","88843","TRATOR DE ESTEIRAS, POTÊNCIA 125 HP, PESO OPERACIONAL 12,9 T, COM LÂMINA 2,7 M3 - CHP DIURNO. AF_10/2014","CHP",null,198.96,"202,53"]
["SINAPI","88907","ESCAVADEIRA HIDRÁULICA SOBRE ESTEIRAS, CAÇAMBA 1,20 M3, PESO OPERACIONAL 21 T, POTÊNCIA BRUTA 155 HP - CHP DIURNO. AF_06/2014","CHP",null,247.49,"251,48"]
["SINAPI","89021","BOMBA SUBMERSÍVEL ELÉTRICA TRIFÁSICA, POTÊNCIA 2,96 HP, Ø ROTOR 144 MM SEMI-ABERTO, BOCAL DE SAÍDA Ø 2\u0094, HM/Q = 2 MCA / 38,8 M3/H A 28 MCA / 5 M3/H - CHP DIURNO. AF_06/2014","CHP",null,2.41,"2,41"]
["SINAPI","89028","TANQUE DE ASFALTO ESTACIONÁRIO COM MAÇARICO, CAPACIDADE 20.000 L - CHP DIURNO. AF_06/2014","CHP",null,172.37,"172,37"]
["SINAPI","89032","TRATOR DE ESTEIRAS, POTÊNCIA 100 HP, PESO OPERACIONAL 9,4 T, COM LÂMINA 2,19 M3 - CHP DIURNO. AF_06/2014","CHP",null,179.62,"183,19"]
["SINAPI","89035","TRATOR DE PNEUS, POTÊNCIA 85 CV, TRAÇÃO 4X4, PESO COM LASTRO DE 4.675 KG - CHP DIURNO. AF_06/2014","CHP",null,127.37,"130,94"]
["SINAPI","89225","BETONEIRA CAPACIDADE NOMINAL DE 600 L, CAPACIDADE DE MISTURA 360 L, MOTOR ELÉTRICO TRIFÁSICO POTÊNCIA DE 4 CV, SEM CARREGADOR - CHP DIURNO. AF_11/2014","CHP",null,5.18,"5,18"]
["SINAPI","89234","FRESADORA DE ASFALTO A FRIO SOBRE RODAS, LARGURA FRESAGEM DE 1,0 M, POTÊNCIA 208 HP - CHP DIURNO. AF_11/2014","CHP",null,602.26,"606,07"]
["SINAPI","89242","FRESADORA DE ASFALTO A FRIO SOBRE RODAS, LARGURA FRESAGEM DE 2,0 M, POTÊNCIA 550 HP - CHP DIURNO. AF_11/2014","CHP",null,1418.59,"1.422,40"]
["SINAPI","89250","RECICLADORA DE ASFALTO A FRIO SOBRE RODAS, LARGURA FRESAGEM DE 2,0 M, POTÊNCIA 422 HP - CHP DIURNO. AF_11/2014","CHP",null,1229.38,"1.233,19"]
["SINAPI","89257","VIBROACABADORA DE ASFALTO SOBRE ESTEIRAS, LARGURA DE PAVIMENTAÇÃO 2,13 M A 4,55 M, POTÊNCIA 100 HP CAPACIDADE 400 T/H - CHP DIURNO. AF_11/2014","CHP",null,339.82,"343,63"]
["SINAPI","89272","GUINDASTE HIDRÁULICO AUTOPROPELIDO, COM LANÇA TELESCÓPICA 28,80 M, CAPACIDADE MÁXIMA 30 T, POTÊNCIA 97 KW, TRAÇÃO 4 X 4 - CHP DIURNO. AF_11/2014","CHP",null,198.39,"201,41"]
["SINAPI","89278","BETONEIRA CAPACIDADE NOMINAL DE 600 L, CAPACIDADE DE MISTURA 440 L, MOTOR A DIESEL POTÊNCIA 10 HP, COM CARREGADOR - CHP DIURNO. AF_11/2014","CHP",null,12.41,"12,41"]
["SINAPI","89843","BATE-ESTACAS POR GRAVIDADE, POTÊNCIA DE 160 HP, PESO DO MARTELO ATÉ 3 TONELADAS - CHP DIURNO. AF_11/2014","CHP",null,208.69,"216,81"]
["SINAPI","89876","CAMINHÃO BASCULANTE 14 M3, COM CAVALO MECÂNICO DE CAPACIDADE MÁXIMA DE TRAÇÃO COMBINADO DE 36000 KG, POTÊNCIA 286 CV, INCLUSIVE SEMIREBOQUE COM CAÇAMBA METÁLICA - CHP DIURNO. AF_12/2014","CHP",null,308.89,"311,96"]
["SINAPI","89883","CAMINHÃO BASCULANTE 18 M3, COM CAVALO MECÂNICO DE CAPACIDADE MÁXIMA DE TRAÇÃO COMBINADO DE 45000 KG, POTÊNCIA 330 CV, INCLUSIVE SEMIREBOQUE COM CAÇAMBA METÁLICA - CHP DIURNO. AF_12/2014","CHP",null,342.38,"345,45"]
["SINAPI","90586","VIBRADOR DE IMERSÃO, DIÂMETRO DE PONTEIRA 45MM, MOTOR ELÉTRICO TRIFÁSICO POTÊNCIA DE 2 CV - CHP DIURNO. AF_06/2015","CHP",null,1.22,"1,22"]
["SINAPI","90625","PERFURATRIZ MANUAL, TORQUE MÁXIMO 83 N.M, POTÊNCIA 5 CV, COM DIÂMETRO MÁXIMO 4\" - CHP DIURNO. AF_06/2015","CHP",null,7.39,"7,39"]
["SINAPI","90631","PERFURATRIZ SOBRE ESTEIRA, TORQUE MÁXIMO 600 KGF, PESO MÉDIO 1000 KG, POTÊNCIA 20 HP, DIÂMETRO MÁXIMO 10\" - CHP DIURNO. AF_06/2015","CHP",null,147.82,"151,22"]
["SINAPI","90637","MISTURADOR DUPLO HORIZONTAL DE ALTA TURBULÊNCIA, CAPACIDADE / VOLUME 2 X 500 LITROS, MOTORES ELÉTRICOS MÍNIMO 5 CV CADA, PARA NATA CIMENTO, ARGAMASSA E OUTROS - CHP DIURNO. AF_06/2015","CHP",null,14.97,"14,97"]
["SINAPI","90643","BOMBA TRIPLEX, PARA INJEÇÃO DE NATA DE CIMENTO, VAZÃO MÁXIMA DE 100 LITROS/MINUTO, PRESSÃO MÁXIMA DE 70 BAR - CHP DIURNO. AF_06/2015","CHP",null,27.64,"27,64"]
["SINAPI","90650","BOMBA CENTRÍFUGA MONOESTÁGIO COM MOTOR ELÉTRICO MONOFÁSICO, POTÊNCIA 15 HP, DIÂMETRO DO ROTOR 173 MM, HM/Q = 30 MCA / 90 M3/H A 45 MCA / 55 M3/H - CHP DIURNO. AF_06/2015","CHP",null,8.95,"8,95"]
["SINAPI","90656","BOMBA DE PROJEÇÃO DE CONCRETO SECO, POTÊNCIA 10 CV, VAZÃO 3 M3/H - CHP DIURNO. AF_06/2015","CHP",null,14.8,"14,80"]
["SINAPI","90662","BOMBA DE PROJEÇÃO DE CONCRETO SECO, POTÊNCIA 10 CV, VAZÃO 6 M3/H - CHP DIURNO. AF_06/2015","CHP",null,15.53,"15,53"]
["SINAPI","90668","PROJETOR PNEUMÁTICO DE ARGAMASSA PARA CHAPISCO E REBOCO COM RECIPIENTE ACOPLADO, TIPO CANEQUINHA, COM COMPRESSOR DE AR REBOCÁVEL VAZÃO 89 PCM E MOTOR DIESEL DE 20 CV - CHP DIURNO. AF_06/2015","CHP",null,30.6,"30,60"]
["SINAPI","90674","PERFURATRIZ COM TORRE METÁLICA PARA EXECUÇÃO DE ESTACA HÉLICE CONTÍNUA, PROFUNDIDADE MÁXIMA DE 30 M, DIÂMETRO MÁXIMO DE 800 MM, POTÊNCIA INSTALADA DE 268 HP, MESA ROTATIVA COM TORQUE MÁXIMO DE 170 KNM - CHP DIURNO. AF_06/2015","CHP",null,696.41,"699,81"]
["SINAPI","90680","PERFURATRIZ HIDRÁULICA SOBRE CAMINHÃO COM TRADO CURTO ACOPLADO, PROFUNDIDADE MÁXIMA DE 20 M, DIÂMETRO MÁXIMO DE 1500 MM, POTÊNCIA INSTALADA DE 137 HP, MESA ROTATIVA COM TORQUE MÁXIMO DE 30 KNM - CHP DIURNO. AF_06/2015","CHP",null,406.94,"410,34"]
["SINAPI","90686","MANIPULADOR TELESCÓPICO, POTÊNCIA DE 85 HP, CAPACIDADE DE CARGA DE 3.500 KG, ALTURA MÁXIMA DE ELEVAÇÃO DE 12,3 M - CHP DIURNO. AF_06/2015","CHP",null,142.57,"146,52"]
["SINAPI","90692","MINICARREGADEIRA SOBRE RODAS, POTÊNCIA LÍQUIDA DE 47 HP, CAPACIDADE NOMINAL DE OPERAÇÃO DE 646 KG - CHP DIURNO. AF_06/2015","CHP",null,118.88,"122,83"]
["SINAPI","90964","COMPRESSOR DE AR REBOCÁVEL, VAZÃO 89 PCM, PRESSÃO EFETIVA DE TRABALHO 102 PSI, MOTOR DIESEL, POTÊNCIA 20 CV - CHP DIURNO. AF_06/2015","CHP",null,30.5,"30,50"]
["SINAPI","90972","COMPRESSOR DE AR REBOCAVEL, VAZÃO 250 PCM, PRESSAO DE TRABALHO 102 PSI, MOTOR A DIESEL POTÊNCIA 81 CV - CHP DIURNO. AF_06/2015","CHP",null,74.18,"74,18"]
["SINAPI","90979","COMPRESSOR DE AR REBOCÁVEL, VAZÃO 748 PCM, PRESSÃO EFETIVA DE TRABALHO 102 PSI, MOTOR DIESEL, POTÊNCIA 210 CV - CHP DIURNO. AF_06/2015","CHP",null,191.57,"191,57"]
["SINAPI","90991","ESCAVADEIRA HIDRÁULICA SOBRE ESTEIRAS, CAÇAMBA 0,80 M3, PESO OPERACIONAL 17,8 T, POTÊNCIA LÍQUIDA 110 HP - CHP DIURNO. AF_10/2014","CHP",null,203.73,"207,72"]
["SINAPI","90999","COMPRESSOR DE AR REBOCAVEL, VAZÃO 400 PCM, PRESSAO DE TRABALHO 102 PSI, MOTOR A DIESEL POTÊNCIA 110 CV - CHP DIURNO. AF_06/2015","CHP",null,97.96,"97,96"]
["SINAPI","91031","CAMINHÃO TRUCADO (C/ TERCEIRO EIXO) ELETRÔNICO - POTÊNCIA 231CV - PBT = 22000KG - DIST. ENTRE EIXOS 5170 MM - INCLUI CARROCERIA FIXA ABERTA DE MADEIRA - CHP DIURNO. AF_06/2015","CHP",null,241.36,"244,62"]
["SINAPI","91277","PLACA VIBRATÓRIA REVERSÍVEL COM MOTOR 4 TEMPOS A GASOLINA, FORÇA CENTRÍFUGA DE 25 KN (2500 KGF), POTÊNCIA 5,5 CV - CHP DIURNO. AF_08/2015","CHP",null,7.98,"7,98"]
["SINAPI","91283","CORTADORA DE PISO COM MOTOR 4 TEMPOS A GASOLINA, POTÊNCIA DE 13 HP, COM DISCO DE CORTE DIAMANTADO SEGMENTADO PARA CONCRETO, DIÂMETRO DE 350 MM, FURO DE 1\" (14 X 1\") - CHP DIURNO. AF_08/2015","CHP",null,8.79,"8,79"]
["SINAPI","91386","CAMINHÃO BASCULANTE 10 M3, TRUCADO CABINE SIMPLES, PESO BRUTO TOTAL 23.000 KG, CARGA ÚTIL MÁXIMA 15.935 KG, DISTÂNCIA ENTRE EIXOS 4,80 M, POTÊNCIA 230 CV INCLUSIVE CAÇAMBA METÁLICA - CHP DIURNO. AF_06/2014","CHP",null,248.14,"251,21"]
["SINAPI","91533","COMPACTADOR DE SOLOS DE PERCUSSÃO (SOQUETE) COM MOTOR A GASOLINA 4 TEMPOS, POTÊNCIA 4 CV - CHP DIURNO. AF_08/2015","CHP",null,32.05,"35,45"]
["SINAPI","91634","GUINDAUTO HIDRÁULICO, CAPACIDADE MÁXIMA DE CARGA 6500 KG, MOMENTO MÁXIMO DE CARGA 5,8 TM, ALCANCE MÁXIMO HORIZONTAL 7,60 M, INCLUSIVE CAMINHÃO TOCO PBT 9.700 KG, POTÊNCIA DE 160 CV - CHP DIURNO. AF_08/2015","CHP",null,217.06,"220,47"]
["SINAPI","91645","CAMINHÃO DE TRANSPORTE DE MATERIAL ASFÁLTICO 30.000 L, COM CAVALO MECÂNICO DE CAPACIDADE MÁXIMA DE TRAÇÃO COMBINADO DE 66.000 KG, POTÊNCIA 360 CV, INCLUSIVE TANQUE DE ASFALTO COM SERPENTINA - CHP DIURNO. AF_08/2015","CHP",null,443.01,"447,35"]
["SINAPI","91692","SERRA CIRCULAR DE BANCADA COM MOTOR ELÉTRICO POTÊNCIA DE 5HP, COM COIFA PARA DISCO 10\" - CHP DIURNO. AF_08/2015","CHP",null,26.7,"30,10"]
["SINAPI","92043","DISTRIBUIDOR DE AGREGADOS REBOCAVEL, CAPACIDADE 1,9 M³, LARGURA DE TRABALHO 3,66 M - CHP DIURNO. AF_11/2015","CHP",null,11.48,"11,48"]
["SINAPI","92106","CAMINHÃO PARA EQUIPAMENTO DE LIMPEZA A SUCÇÃO, COM CAMINHÃO TRUCADO DE PESO BRUTO TOTAL 23000 KG, CARGA ÚTIL MÁXIMA 15935 KG, DISTÂNCIA ENTRE EIXOS 4,80 M, POTÊNCIA 230 CV, INCLUSIVE LIMPADORA A SUCÇÃO, TANQUE 12000 L - CHP DIURNO. AF_11/2015","CHP",null,326.09,"329,35"]
["SINAPI","92112","PENEIRA ROTATIVA COM MOTOR ELÉTRICO TRIFÁSICO DE 2 CV, CILINDRO DE 1 M X 0,60 M, COM FUROS DE 3,17 MM - CHP DIURNO. AF_11/2015","CHP",null,3.51,"3,51"]
["SINAPI","92118","DOSADOR DE AREIA, CAPACIDADE DE 26 LITROS - CHP DIURNO. AF_11/2015","CHP",null,0.49,"0,49"]
["SINAPI","92138","CAMINHONETE COM MOTOR A DIESEL, POTÊNCIA 180 CV, CABINE DUPLA, 4X4 - CHP DIURNO. AF_11/2015","CHP",null,89.2,"92,15"]
["SINAPI","92145","CAMINHONETE CABINE SIMPLES COM MOTOR 1.6 FLEX, CÂMBIO MANUAL, POTÊNCIA 101/104 CV, 2 PORTAS - CHP DIURNO. AF_11/2015","CHP",null,67.34,"70,29"]
["SINAPI","92242","CAMINHÃO DE TRANSPORTE DE MATERIAL ASFÁLTICO 20.000 L, COM CAVALO MECÂNICO DE CAPACIDADE MÁXIMA DE TRAÇÃO COMBINADO DE 45.000 KG, POTÊNCIA 330 CV, INCLUSIVE TANQUE DE ASFALTO COM MAÇARICO - CHP DIURNO. AF_12/2015","CHP",null,385.22,"389,56"]
["SINAPI","92716","APARELHO PARA CORTE E SOLDA OXI-ACETILENO SOBRE RODAS, INCLUSIVE CILINDROS E MAÇARICOS - CHP DIURNO. AF_12/2015","CHP",null,97.53,"97,53"]
["SINAPI","92960","MÁQUINA EXTRUSORA DE CONCRETO PARA GUIAS E SARJETAS, MOTOR A DIESEL, POTÊNCIA 14 CV - CHP DIURNO. AF_12/2015","CHP",null,19.72,"19,72"]
["SINAPI","92966","MARTELO PERFURADOR PNEUMÁTICO MANUAL, HASTE 25 X 75 MM, 21 KG - CHP DIURNO. AF_12/2015","CHP",null,25.92,"28,73"]
["SINAPI","93224","PERFURATRIZ COM TORRE METÁLICA PARA EXECUÇÃO DE ESTACA HÉLICE CONTÍNUA, PROFUNDIDADE MÁXIMA DE 32 M, DIÂMETRO MÁXIMO DE 1000 MM, POTÊNCIA INSTALADA DE 350 HP, MESA ROTATIVA COM TORQUE MÁXIMO DE 263 KNM - CHP DIURNO. AF_01/2016","CHP",null,1040.24,"1.043,64"]
["SINAPI","93233","BETONEIRA CAPACIDADE NOMINAL 400 L, CAPACIDADE DE MISTURA 310 L, MOTOR A GASOLINA POTÊNCIA 5,5 HP, SEM CARREGADOR - CHP DIURNO. AF_02/2016","CHP",null,4.85,"4,85"]
["SINAPI","93272","GRUA ASCENSIONAL, LANCA DE 30 M, CAPACIDADE DE 1,0 T A 30 M, ALTURA ATE 39 M - CHP DIURNO. AF_03/2016","CHP",null,85.98,"89,00"]
["SINAPI","93281","GUINCHO ELÉTRICO DE COLUNA, CAPACIDADE 400 KG, COM MOTO FREIO, MOTOR TRIFÁSICO DE 1,25 CV - CHP DIURNO. AF_03/2016","CHP",null,25.65,"28,89"]
["SINAPI","93287","GUINDASTE HIDRÁULICO AUTOPROPELIDO, COM LANÇA TELESCÓPICA 40 M, CAPACIDADE MÁXIMA 60 T, POTÊNCIA 260 KW - CHP DIURNO. AF_03/2016","CHP",null,316.13,"319,15"]
["SINAPI","93402","GUINDAUTO HIDRÁULICO, CAPACIDADE MÁXIMA DE CARGA 3300 KG, MOMENTO MÁXIMO DE CARGA 5,8 TM, ALCANCE MÁXIMO HORIZONTAL 7,60 M, INCLUSIVE CAMINHÃO TOCO PBT 16.000 KG, POTÊNCIA DE 189 CV - CHP DIURNO. AF_03/2016","CHP",null,250.85,"254,26"]
["SINAPI","93408","MÁQUINA JATO DE PRESSAO PORTÁTIL, CAMARA DE 1 SAIDA, CAPACIDADE 280 L, DIAMETRO 670 MM, BICO DE JATO CURTO VENTURI DE 5/16'' , MANGUEIRA DE 1'' COM COMPRESSOR DE AR REBOCÁVEL 189 PCM E MOTOR DIESEL 63 CV - CHP DIURNO. AF_03/2016","CHP",null,89.13,"92,70"]
["SINAPI","93415","GERADOR PORTÁTIL MONOFÁSICO, POTÊNCIA 5500 VA, MOTOR A GASOLINA, POTÊNCIA DO MOTOR 13 CV - CHP DIURNO. AF_03/2016","CHP",null,12.81,"12,81"]
["SINAPI","93421","GRUPO GERADOR REBOCÁVEL, POTÊNCIA 66 KVA, MOTOR A DIESEL - CHP DIURNO. AF_03/2016","CHP",null,73.32,"73,32"]
["SINAPI","93427","GRUPO GERADOR ESTACIONÁRIO, POTÊNCIA 150 KVA, MOTOR A DIESEL- CHP DIURNO. AF_03/2016","CHP",null,166.26,"166,26"]
["SINAPI","93433","USINA DE MISTURA ASFÁLTICA À QUENTE, TIPO CONTRA FLUXO, PROD 40 A 80 TON/HORA - CHP DIURNO. AF_03/2016","CHP",null,2458.37,"2.469,60"]
["SINAPI","93439","USINA DE ASFALTO À FRIO, CAPACIDADE DE 40 A 60 TON/HORA, ELÉTRICA POTÊNCIA 30 CV - CHP DIURNO. AF_03/2016","CHP",null,219.14,"230,37"]
["SINAPI","95121","USINA MISTURADORA DE SOLOS, CAPACIDADE DE 200 A 500 TON/H, POTENCIA 75KW - CHP DIURNO. AF_07/2016","CHP",null,271.8,"283,03"]
["SINAPI","95127","DISTRIBUIDOR DE AGREGADOS AUTOPROPELIDO, CAP 3 M3, A DIESEL, POTÊNCIA 176CV - CHP DIURNO. AF_07/2016","CHP",null,203.19,"206,59"]
["SINAPI","95133","MÁQUINA DEMARCADORA DE FAIXA DE TRÁFEGO À FRIO, AUTOPROPELIDA, POTÊNCIA 38 HP - CHP DIURNO. AF_07/2016","CHP",null,161.38,"165,01"]
["SINAPI","95139","TALHA MANUAL DE CORRENTE, CAPACIDADE DE 2 TON. COM ELEVAÇÃO DE 3 M - CHP DIURNO. AF_07/2016","CHP",null,0.05,"0,05"]
["SINAPI","95212","GRUA ASCENCIONAL, LANCA DE 42 M, CAPACIDADE DE 1,5 T A 30 M, ALTURA ATE 39 M - CHP DIURNO. AF_08/2016","CHP",null,145.36,"148,38"]
["SINAPI","95258","MARTELO DEMOLIDOR PNEUMÁTICO MANUAL, 32 KG - CHP DIURNO. AF_09/2016","CHP",null,25.38,"28,19"]
["SINAPI","95264","COMPACTADOR DE SOLOS DE PERCUSÃO (SOQUETE) COM MOTOR A GASOLINA, POTÊNCIA 3 CV - CHP DIURNO. AF_09/2016","CHP",null,5.95,"5,95"]
["SINAPI","95270","RÉGUA VIBRATÓRIA DUPLA PARA CONCRETO, PESO DE 60KG, COMPRIMENTO 4 M, COM MOTOR A GASOLINA, POTÊNCIA 5,5 HP - CHP DIURNO. AF_09/2016","CHP",null,8.05,"8,05"]
["SINAPI","95276","POLIDORA DE PISO (POLITRIZ), PESO DE 100KG, DIÂMETRO 450 MM, MOTOR ELÉTRICO, POTÊNCIA 4 HP - CHP DIURNO. AF_09/2016","CHP",null,2.74,"2,74"]
["SINAPI","95282","DESEMPENADEIRA DE CONCRETO, PESO DE 78 KG, 4 PÁS, MOTOR A GASOLINA, POTÊNCIA 5,5 HP - CHP DIURNO. AF_09/2016","CHP",null,8.25,"8,25"]
["SINAPI","95620","PERFURATRIZ PNEUMATICA MANUAL DE PESO MEDIO, MARTELETE, 18KG, COMPRIMENTO MÁXIMO DE CURSO DE 6 M, DIAMETRO DO PISTAO DE 5,5 CM - CHP DIURNO. AF_11/2016","CHP",null,24.76,"27,57"]
["SINAPI","95631","ROLO COMPACTADOR VIBRATORIO TANDEM, ACO LISO, POTENCIA 125 HP, PESO SEM/COM LASTRO 10,20/11,65 T, LARGURA DE TRABALHO 1,73 M - CHP DIURNO. AF_11/2016","CHP",null,199.09,"202,02"]
["SINAPI","95702","PERFURATRIZ MANUAL, TORQUE MAXIMO 55 KGF.M, POTENCIA 5 CV, COM DIAMETRO MAXIMO 8 1/2\" - CHP DIURNO. AF_11/2016","CHP",null,39.28,"42,68"]
["SINAPI","95708","PERFURATRIZ SOBRE ESTEIRA, TORQUE MÁXIMO 600 KGF, POTÊNCIA ENTRE 50 E 60 HP, DIÂMETRO MÁXIMO 10\u0094 - CHP DIURNO. AF_11/2016","CHP",null,144.66,"148,06"]
["SINAPI","95714","ESCAVADEIRA HIDRAULICA SOBRE ESTEIRA, COM GARRA GIRATORIA DE MANDIBULAS, PESO OPERACIONAL ENTRE 22,00 E 25,50 TON, POTENCIA LIQUIDA ENTRE 150 E 160 HP - CHP DIURNO. AF_11/2016","CHP",null,254.63,"258,62"]
["SINAPI","95720","ESCAVADEIRA HIDRAULICA SOBRE ESTEIRA, EQUIPADA COM CLAMSHELL, COM CAPACIDADE DA CAÇAMBA ENTRE 1,20 E 1,50 M3, PESO OPERACIONAL ENTRE 20,00 E 22,00 TON, POTENCIA LIQUIDA ENTRE 150 E 160 HP - CHP DIURNO. AF_11/2016","CHP",null,249.43,"253,42"]
["SINAPI","95872","GRUPO GERADOR COM CARENAGEM, MOTOR DIESEL POTÊNCIA STANDART ENTRE 250 E 260 KVA - CHP DIURNO. AF_12/2016","CHP",null,281.88,"281,88"]
["SINAPI","96013","TRATOR DE PNEUS COM POTÊNCIA DE 122 CV, TRAÇÃO 4X4, COM VASSOURA MECÂNICA ACOPLADA - CHP DIURNO. AF_02/2017","CHP",null,178.22,"181,79"]
["SINAPI","96020","TRATOR DE PNEUS COM POTÊNCIA DE 122 CV, TRAÇÃO 4X4, COM GRADE DE DISCOS ACOPLADA - CHP DIURNO. AF_02/2017","CHP",null,177.69,"181,26"]
["SINAPI","96028","TRATOR DE PNEUS COM POTÊNCIA DE 85 CV, TRAÇÃO 4X4, COM GRADE DE DISCOS ACOPLADA - CHP DIURNO. AF_02/2017","CHP",null,136.43,"140,00"]
["SINAPI","96035","CAMINHÃO BASCULANTE 10 M3, TRUCADO, POTÊNCIA 230 CV, INCLUSIVE CAÇAMBA METÁLICA, COM DISTRIBUIDOR DE AGREGADOS ACOPLADO - CHP DIURNO. AF_02/2017","CHP",null,257.06,"260,13"]
["SINAPI","96157","TRATOR DE PNEUS COM POTÊNCIA DE 85 CV, TRAÇÃO 4X4, COM VASSOURA MECÂNICA ACOPLADA - CHP DIURNO. AF_03/2017","CHP",null,136.96,"140,53"]
["SINAPI","96158","MINICARREGADEIRA SOBRE RODAS POTENCIA 47HP CAPACIDADE OPERACAO 646 KG, COM VASSOURA MECÂNICA ACOPLADA - CHP DIURNO. AF_03/2017","CHP",null,134.06,"138,01"]
["SINAPI","96245","MINIESCAVADEIRA SOBRE ESTEIRAS, POTENCIA LIQUIDA DE *30* HP, PESO OPERACIONAL DE *3.500* KG - CHP DIURNO. AF_04/2017","CHP",null,101.66,"105,65"]
["SINAPI","96463","ROLO COMPACTADOR DE PNEUS, ESTATICO, PRESSAO VARIAVEL, POTENCIA 110 HP, PESO SEM/COM LASTRO 10,8/27 T, LARGURA DE ROLAGEM 2,30 M - CHP DIURNO. AF_06/2017","CHP",null,184.7,"187,63"]
["SINAPI","98764","INVERSOR DE SOLDA MONOFÁSICO DE 160 A, POTÊNCIA DE 5400 W, TENSÃO DE 220 V, PARA SOLDA COM ELETRODOS DE 2,0 A 4,0 MM E PROCESSO TIG - CHP DIURNO. AF_06/2018","CHP",null,3.44,"3,44"]
["SINAPI","99833","LAVADORA DE ALTA PRESSAO (LAVA-JATO) PARA AGUA FRIA, PRESSAO DE OPERACAO ENTRE 1400 E 1900 LIB/POL2, VAZAO MAXIMA ENTRE 400 E 700 L/H - CHP DIURNO. AF_04/2019","CHP",null,3.49,"3,49"]
["SINAPI","100641","USINA DE MISTURA ASFÁLTICA À QUENTE, TIPO CONTRA FLUXO, PROD 100 A 140 TON/HORA - CHP DIURNO. AF_12/2019","CHP",null,4515.74,"4.519,01"]
["SINAPI","100647","USINA DE ASFALTO, TIPO GRAVIMÉTRICA, PROD 150 TON/HORA - CHP DIURNO. AF_12/2019","CHP",null,6056.27,"6.059,54"]
["SINAPI","102275","MARTELO DEMOLIDOR ELÉTRICO, COM POTÊNCIA DE 2.000 W, 1.000 IMPACTOS POR MINUTO, PESO DE 30 KG - CHP DIURNO. AF_01/2021","CHP",null,24.85,"27,66"]
["SINAPI","104091","TERMOFUSORA PARA TUBOS E CONEXÕES EM PPR COM DIÂMETROS DE 20 A 63 MM, POTÊNCIA DE 800 W, TENSAO 220 V - CHP DIURNO. AF_05/2022","CHP",null,0.65,"0,65"]
["SINAPI","104097","TERMOFUSORA PARA TUBOS E CONEXÕES EM PPR COM DIÂMETROS DE 75 A 110 MM, POTÊNCIA DE *1100* W, TENSÃO 220 V - CHP DIURNO. AF_05/2022","CHP",null,0.92,"0,92"]
["SINAPI","5632","ESCAVADEIRA HIDRÁULICA SOBRE ESTEIRAS, CAÇAMBA 0,80 M3, PESO OPERACIONAL 17 T, POTENCIA BRUTA 111 HP - CHI DIURNO. AF_06/2014","CHI",null,85.86,"89,85"]
["SINAPI","5679","RETROESCAVADEIRA SOBRE RODAS COM CARREGADEIRA, TRAÇÃO 4X4, POTÊNCIA LÍQ. 88 HP, CAÇAMBA CARREG. CAP. MÍN. 1 M3, CAÇAMBA RETRO CAP. 0,26 M3, PESO OPERACIONAL MÍN. 6.674 KG, PROFUNDIDADE ESCAVAÇÃO MÁX. 4,37 M - CHI DIURNO. AF_06/2014","CHI",null,60.9,"64,89"]
["SINAPI","5681","RETROESCAVADEIRA SOBRE RODAS COM CARREGADEIRA, TRAÇÃO 4X2, POTÊNCIA LÍQ. 79 HP, CAÇAMBA CARREG. CAP. MÍN. 1 M3, CAÇAMBA RETRO CAP. 0,20 M3, PESO OPERACIONAL MÍN. 6.570 KG, PROFUNDIDADE ESCAVAÇÃO MÁX. 4,37 M - CHI DIURNO. AF_06/2014","CHI",null,57.4,"61,39"]
["SINAPI","5685","ROLO COMPACTADOR VIBRATÓRIO DE UM CILINDRO AÇO LISO, POTÊNCIA 80 HP, PESO OPERACIONAL MÁXIMO 8,1 T, IMPACTO DINÂMICO 16,15 / 9,5 T, LARGURA DE TRABALHO 1,68 M - CHI DIURNO. AF_06/2014","CHI",null,51.66,"54,59"]
["SINAPI","5690","GRADE DE DISCO CONTROLE REMOTO REBOCÁVEL, COM 24 DISCOS 24\u0094 X 6 MM COM PNEUS PARA TRANSPORTE - CHI DIURNO. AF_06/2014","CHI",null,4.45,"4,45"]
["SINAPI","5806","MOTOBOMBA CENTRÍFUGA, MOTOR A GASOLINA, POTÊNCIA 5,42 HP, BOCAIS 1 1/2\" X 1\", DIÂMETRO ROTOR 143 MM HM/Q = 6 MCA / 16,8 M3/H A 38 MCA / 6,6 M3/H - CHI DIURNO. AF_06/2014","CHI",null,0.27,"0,27"]
["SINAPI","5826","CAMINHÃO TOCO, PBT 16.000 KG, CARGA ÚTIL MÁX. 10.685 KG, DIST. ENTRE EIXOS 4,8 M, POTÊNCIA 189 CV, INCLUSIVE CARROCERIA FIXA ABERTA DE MADEIRA P/ TRANSPORTE GERAL DE CARGA SECA, DIMEN. APROX. 2,5 X 7,00 X 0,50 M - CHI DIURNO. AF_06/2014","CHI",null,52.48,"55,74"]
["SINAPI","5829","USINA DE CONCRETO FIXA, CAPACIDADE NOMINAL DE 90 A 120 M3/H, SEM SILO - CHI DIURNO. AF_07/2016","CHI",null,132.9,"144,13"]
["SINAPI","5837","VIBROACABADORA DE ASFALTO SOBRE ESTEIRAS, LARGURA DE PAVIMENTAÇÃO 1,90 M A 5,30 M, POTÊNCIA 105 HP CAPACIDADE 450 T/H - CHI DIURNO. AF_11/2014","CHI",null,147.27,"151,08"]
["SINAPI","5841","VASSOURA MECÂNICA REBOCÁVEL COM ESCOVA CILÍNDRICA, LARGURA ÚTIL DE VARRIMENTO DE 2,44 M - CHI DIURNO. AF_06/2014","CHI",null,5.13,"5,13"]
["SINAPI","5845","TRATOR DE PNEUS, POTÊNCIA 122 CV, TRAÇÃO 4X4, PESO COM LASTRO DE 4.510 KG - CHI DIURNO. AF_06/2014","CHI",null,51.94,"55,51"]
["SINAPI","5849","TRATOR DE ESTEIRAS, POTÊNCIA 170 HP, PESO OPERACIONAL 19 T, CAÇAMBA 5,2 M3 - CHI DIURNO. AF_06/2014","CHI",null,75.53,"79,10"]
["SINAPI","5853","TRATOR DE ESTEIRAS, POTÊNCIA 150 HP, PESO OPERACIONAL 16,7 T, COM RODA MOTRIZ ELEVADA E LÂMINA 3,18 M3 - CHI DIURNO. AF_06/2014","CHI",null,75.83,"79,40"]
["SINAPI","5857","TRATOR DE ESTEIRAS, POTÊNCIA 347 HP, PESO OPERACIONAL 38,5 T, COM LÂMINA 8,70 M3 - CHI DIURNO. AF_06/2014","CHI",null,187.67,"191,24"]
["SINAPI","5865","ROLO COMPACTADOR VIBRATÓRIO REBOCÁVEL, CILINDRO DE AÇO LISO, POTÊNCIA DE TRAÇÃO DE 65 CV, PESO 4,7 T, IMPACTO DINÂMICO 18,3 T, LARGURA DE TRABALHO 1,67 M - CHI DIURNO. AF_02/2016","CHI",null,8.75,"8,75"]
["SINAPI","5869","ROLO COMPACTADOR VIBRATÓRIO TANDEM AÇO LISO, POTÊNCIA 58 HP, PESO SEM/COM LASTRO 6,5 / 9,4 T, LARGURA DE TRABALHO 1,2 M - CHI DIURNO. AF_06/2014","CHI",null,58.28,"61,21"]
["SINAPI","5877","RETROESCAVADEIRA SOBRE RODAS COM CARREGADEIRA, TRAÇÃO 4X4, POTÊNCIA LÍQ. 72 HP, CAÇAMBA CARREG. CAP. MÍN. 0,79 M3, CAÇAMBA RETRO CAP. 0,18 M3, PESO OPERACIONAL MÍN. 7.140 KG, PROFUNDIDADE ESCAVAÇÃO MÁX. 4,50 M - CHI DIURNO. AF_06/2014","CHI",null,59.78,"63,77"]
["SINAPI","5881","ROLO COMPACTADOR VIBRATÓRIO PÉ DE CARNEIRO, OPERADO POR CONTROLE REMOTO, POTÊNCIA 12,5 KW, PESO OPERACIONAL 1,675 T, LARGURA DE TRABALHO 0,85 M - CHI DIURNO. AF_02/2016","CHI",null,62.3,"65,23"]
["SINAPI","5884","USINA DE LAMA ASFÁLTICA, PROD 30 A 50 T/H, SILO DE AGREGADO 7 M3, RESERVATÓRIOS PARA EMULSÃO E ÁGUA DE 2,3 M3 CADA, MISTURADOR TIPO PUG MILL A SER MONTADO SOBRE CAMINHÃO - CHI DIURNO. AF_10/2014","CHI",null,43.03,"45,02"]
["SINAPI","5892","CAMINHÃO TOCO, PESO BRUTO TOTAL 14.300 KG, CARGA ÚTIL MÁXIMA 9590 KG, DISTÂNCIA ENTRE EIXOS 4,76 M, POTÊNCIA 185 CV (NÃO INCLUI CARROCERIA) - CHI DIURNO. AF_06/2014","CHI",null,48.01,"51,27"]
["SINAPI","5896","CAMINHÃO TOCO, PESO BRUTO TOTAL 16.000 KG, CARGA ÚTIL MÁXIMA DE 10.685 KG, DISTÂNCIA ENTRE EIXOS 4,80 M, POTÊNCIA 189 CV EXCLUSIVE CARROCERIA - CHI DIURNO. AF_06/2014","CHI",null,50.3,"53,56"]
["SINAPI","5903","CAMINHÃO PIPA 10.000 L TRUCADO, PESO BRUTO TOTAL 23.000 KG, CARGA ÚTIL MÁXIMA 15.935 KG, DISTÂNCIA ENTRE EIXOS 4,8 M, POTÊNCIA 230 CV, INCLUSIVE TANQUE DE AÇO PARA TRANSPORTE DE ÁGUA - CHI DIURNO. AF_06/2014","CHI",null,62.62,"65,88"]
["SINAPI","5911","ESPARGIDOR DE ASFALTO PRESSURIZADO COM TANQUE DE 2500 L, REBOCÁVEL COM MOTOR A GASOLINA POTÊNCIA 3,4 HP - CHI DIURNO. AF_07/2014","CHI",null,22,"23,99"]
["SINAPI","5923","GRADE DE DISCO REBOCÁVEL COM 20 DISCOS 24\" X 6 MM COM PNEUS PARA TRANSPORTE - CHI DIURNO. AF_06/2014","CHI",null,3.5,"3,50"]
["SINAPI","5930","GUINDAUTO HIDRÁULICO, CAPACIDADE MÁXIMA DE CARGA 6200 KG, MOMENTO MÁXIMO DE CARGA 11,7 TM, ALCANCE MÁXIMO HORIZONTAL 9,70 M, INCLUSIVE CAMINHÃO TOCO PBT 16.000 KG, POTÊNCIA DE 189 CV - CHI DIURNO. AF_06/2014","CHI",null,60.7,"64,11"]
["SINAPI","5934","MOTONIVELADORA POTÊNCIA BÁSICA LÍQUIDA (PRIMEIRA MARCHA) 125 HP, PESO BRUTO 13032 KG, LARGURA DA LÂMINA DE 3,7 M - CHI DIURNO. AF_06/2014","CHI",null,89,"93,53"]
["SINAPI","5942","PÁ CARREGADEIRA SOBRE RODAS, POTÊNCIA LÍQUIDA 128 HP, CAPACIDADE DA CAÇAMBA 1,7 A 2,8 M3, PESO OPERACIONAL 11632 KG - CHI DIURNO. AF_06/2014","CHI",null,81.06,"85,01"]
["SINAPI","5946","PÁ CARREGADEIRA SOBRE RODAS, POTÊNCIA 197 HP, CAPACIDADE DA CAÇAMBA 2,5 A 3,5 M3, PESO OPERACIONAL 18338 KG - CHI DIURNO. AF_06/2014","CHI",null,101.16,"105,11"]
["SINAPI","5952","MARTELETE OU ROMPEDOR PNEUMÁTICO MANUAL, 28 KG, COM SILENCIADOR - CHI DIURNO. AF_07/2016","CHI",null,23.77,"26,58"]
["SINAPI","5954","COMPRESSOR DE AR REBOCÁVEL, VAZÃO 189 PCM, PRESSÃO EFETIVA DE TRABALHO 102 PSI, MOTOR DIESEL, POTÊNCIA 63 CV - CHI DIURNO. AF_06/2015","CHI",null,5.77,"5,77"]
["SINAPI","5961","CAMINHÃO BASCULANTE 6 M3, PESO BRUTO TOTAL 16.000 KG, CARGA ÚTIL MÁXIMA 13.071 KG, DISTÂNCIA ENTRE EIXOS 4,80 M, POTÊNCIA 230 CV INCLUSIVE CAÇAMBA METÁLICA - CHI DIURNO. AF_06/2014","CHI",null,52.59,"55,66"]
["SINAPI","6260","CAMINHÃO PIPA 6.000 L, PESO BRUTO TOTAL 13.000 KG, DISTÂNCIA ENTRE EIXOS 4,80 M, POTÊNCIA 189 CV INCLUSIVE TANQUE DE AÇO PARA TRANSPORTE DE ÁGUA, CAPACIDADE 6 M3 - CHI DIURNO. AF_06/2014","CHI",null,51.97,"55,23"]
["SINAPI","6880","ROLO COMPACTADOR DE PNEUS ESTÁTICO, PRESSÃO VARIÁVEL, POTÊNCIA 111 HP, PESO SEM/COM LASTRO 9,5 / 26 T, LARGURA DE TRABALHO 1,90 M - CHI DIURNO. AF_07/2014","CHI",null,67.99,"70,92"]
["SINAPI","7031","TANQUE DE ASFALTO ESTACIONÁRIO COM SERPENTINA, CAPACIDADE 30.000 L - CHI DIURNO. AF_06/2014","CHI",null,5.34,"5,34"]
["SINAPI","7043","MOTOBOMBA TRASH (PARA ÁGUA SUJA) AUTO ESCORVANTE, MOTOR GASOLINA DE 6,41 HP, DIÂMETROS DE SUCÇÃO X RECALQUE: 3\" X 3\", HM/Q = 10 MCA / 60 M3/H A 23 MCA / 0 M3/H - CHI DIURNO. AF_10/2014","CHI",null,0.33,"0,33"]
["SINAPI","7050","ROLO COMPACTADOR PE DE CARNEIRO VIBRATORIO, POTENCIA 125 HP, PESO OPERACIONAL SEM/COM LASTRO 11,95 / 13,30 T, IMPACTO DINAMICO 38,5 / 22,5 T, LARGURA DE TRABALHO 2,15 M - CHI DIURNO. AF_06/2014","CHI",null,62.87,"65,80"]
["SINAPI","67827","CAMINHÃO BASCULANTE 6 M3 TOCO, PESO BRUTO TOTAL 16.000 KG, CARGA ÚTIL MÁXIMA 11.130 KG, DISTÂNCIA ENTRE EIXOS 5,36 M, POTÊNCIA 185 CV, INCLUSIVE CAÇAMBA METÁLICA - CHI DIURNO. AF_06/2014","CHI",null,53.6,"56,67"]
["SINAPI","73395","GRUPO GERADOR ESTACIONÁRIO, MOTOR DIESEL POTÊNCIA 170 KVA - CHI DIURNO. AF_02/2016","CHI",null,8.33,"8,33"]
["SINAPI","83766","GRUPO DE SOLDAGEM COM GERADOR A DIESEL 60 CV PARA SOLDA ELÉTRICA, SOBRE 04 RODAS, COM MOTOR 4 CILINDROS 600 A - CHI DIURNO. AF_02/2016","CHI",null,36.19,"39,17"]
["SINAPI","84013","ESCAVADEIRA HIDRÁULICA SOBRE ESTEIRAS, CAÇAMBA 0,80 M3, PESO OPERACIONAL 17,8 T, POTÊNCIA LÍQUIDA 110 HP - CHI DIURNO. AF_10/2014","CHI",null,83.26,"87,25"]
["SINAPI","87446","BETONEIRA CAPACIDADE NOMINAL 400 L, CAPACIDADE DE MISTURA 310 L, MOTOR A DIESEL POTÊNCIA 5,0 HP, SEM CARREGADOR - CHI DIURNO. AF_06/2014","CHI",null,0.57,"0,57"]
["SINAPI","88392","MISTURADOR DE ARGAMASSA, EIXO HORIZONTAL, CAPACIDADE DE MISTURA 300 KG, MOTOR ELÉTRICO POTÊNCIA 5 CV - CHI DIURNO. AF_06/2014","CHI",null,1.11,"1,11"]
["SINAPI","88398","MISTURADOR DE ARGAMASSA, EIXO HORIZONTAL, CAPACIDADE DE MISTURA 600 KG, MOTOR ELÉTRICO POTÊNCIA 7,5 CV - CHI DIURNO. AF_06/2014","CHI",null,1.33,"1,33"]
["SINAPI","88404","MISTURADOR DE ARGAMASSA, EIXO HORIZONTAL, CAPACIDADE DE MISTURA 160 KG, MOTOR ELÉTRICO POTÊNCIA 3 CV - CHI DIURNO. AF_06/2014","CHI",null,1.05,"1,05"]
["SINAPI","88430","PROJETOR DE ARGAMASSA, CAPACIDADE DE PROJEÇÃO 1,5 M3/H, ALCANCE DE 30 ATÉ 60 M, MOTOR ELÉTRICO POTÊNCIA 7,5 HP - CHI DIURNO. AF_06/2014","CHI",null,6.88,"6,88"]
["SINAPI","88438","PROJETOR DE ARGAMASSA, CAPACIDADE DE PROJEÇÃO 2 M3/H, ALCANCE ATÉ 50 M, MOTOR ELÉTRICO POTÊNCIA 7,5 HP - CHI DIURNO. AF_06/2014","CHI",null,9.12,"9,12"]
["SINAPI","88831","BETONEIRA CAPACIDADE NOMINAL DE 400 L, CAPACIDADE DE MISTURA 280 L, MOTOR ELÉTRICO TRIFÁSICO POTÊNCIA DE 2 CV, SEM CARREGADOR - CHI DIURNO. AF_10/2014","CHI",null,0.41,"0,41"]
["SINAPI","88844","TRATOR DE ESTEIRAS, POTÊNCIA 125 HP, PESO OPERACIONAL 12,9 T, COM LÂMINA 2,7 M3 - CHI DIURNO. AF_10/2014","CHI",null,66.36,"69,93"]
["SINAPI","88908","ESCAVADEIRA HIDRÁULICA SOBRE ESTEIRAS, CAÇAMBA 1,20 M3, PESO OPERACIONAL 21 T, POTÊNCIA BRUTA 155 HP - CHI DIURNO. AF_06/2014","CHI",null,92.22,"96,21"]
["SINAPI","89022","BOMBA SUBMERSÍVEL ELÉTRICA TRIFÁSICA, POTÊNCIA 2,96 HP, Ø ROTOR 144 MM SEMI-ABERTO, BOCAL DE SAÍDA Ø 2\u0094, HM/Q = 2 MCA / 38,8 M3/H A 28 MCA / 5 M3/H - CHI DIURNO. AF_06/2014","CHI",null,0.51,"0,51"]
["SINAPI","89027","TANQUE DE ASFALTO ESTACIONÁRIO COM MAÇARICO, CAPACIDADE 20.000 L - CHI DIURNO. AF_06/2014","CHI",null,4.34,"4,34"]
["SINAPI","89031","TRATOR DE ESTEIRAS, POTÊNCIA 100 HP, PESO OPERACIONAL 9,4 T, COM LÂMINA 2,19 M3 - CHI DIURNO. AF_06/2014","CHI",null,64.59,"68,16"]
["SINAPI","89036","TRATOR DE PNEUS, POTÊNCIA 85 CV, TRAÇÃO 4X4, PESO COM LASTRO DE 4.675 KG - CHI DIURNO. AF_06/2014","CHI",null,45.19,"48,76"]
["SINAPI","89218","BATE-ESTACAS POR GRAVIDADE, POTÊNCIA DE 160 HP, PESO DO MARTELO ATÉ 3 TONELADAS - CHI DIURNO. AF_11/2014","CHI",null,92.78,"100,90"]
["SINAPI","89226","BETONEIRA CAPACIDADE NOMINAL DE 600 L, CAPACIDADE DE MISTURA 360 L, MOTOR ELÉTRICO TRIFÁSICO POTÊNCIA DE 4 CV, SEM CARREGADOR - CHI DIURNO. AF_11/2014","CHI",null,1.71,"1,71"]
["SINAPI","89235","FRESADORA DE ASFALTO A FRIO SOBRE RODAS, LARGURA FRESAGEM DE 1,0 M, POTÊNCIA 208 HP - CHI DIURNO. AF_11/2014","CHI",null,191.29,"195,10"]
["SINAPI","89243","FRESADORA DE ASFALTO A FRIO SOBRE RODAS, LARGURA FRESAGEM DE 2,0 M, POTÊNCIA 550 HP - CHI DIURNO. AF_11/2014","CHI",null,409.27,"413,08"]
["SINAPI","89251","RECICLADORA DE ASFALTO A FRIO SOBRE RODAS, LARGURA FRESAGEM DE 2,0 M, POTÊNCIA 422 HP - CHI DIURNO. AF_11/2014","CHI",null,359.32,"363,13"]
["SINAPI","89258","VIBROACABADORA DE ASFALTO SOBRE ESTEIRAS, LARGURA DE PAVIMENTAÇÃO 2,13 M A 4,55 M, POTÊNCIA 100 HP, CAPACIDADE 400 T/H - CHI DIURNO. AF_11/2014","CHI",null,125.77,"129,58"]
["SINAPI","89273","GUINDASTE HIDRÁULICO AUTOPROPELIDO, COM LANÇA TELESCÓPICA 28,80 M, CAPACIDADE MÁXIMA 30 T, POTÊNCIA 97 KW, TRAÇÃO 4 X 4 - CHI DIURNO. AF_11/2014","CHI",null,89.75,"92,77"]
["SINAPI","89279","BETONEIRA CAPACIDADE NOMINAL DE 600 L, CAPACIDADE DE MISTURA 440 L, MOTOR A DIESEL POTÊNCIA 10 HP, COM CARREGADOR - CHI DIURNO. AF_11/2014","CHI",null,2.08,"2,08"]
["SINAPI","89877","CAMINHÃO BASCULANTE 14 M3, COM CAVALO MECÂNICO DE CAPACIDADE MÁXIMA DE TRAÇÃO COMBINADO DE 36000 KG, POTÊNCIA 286 CV, INCLUSIVE SEMIREBOQUE COM CAÇAMBA METÁLICA - CHI DIURNO. AF_12/2014","CHI",null,74.51,"77,58"]
["SINAPI","89884","CAMINHÃO BASCULANTE 18 M3, COM CAVALO MECÂNICO DE CAPACIDADE MÁXIMA DE TRAÇÃO COMBINADO DE 45000 KG, POTÊNCIA 330 CV, INCLUSIVE SEMIREBOQUE COM CAÇAMBA METÁLICA - CHI DIURNO. AF_12/2014","CHI",null,77.99,"81,06"]
["SINAPI","90587","VIBRADOR DE IMERSÃO, DIÂMETRO DE PONTEIRA 45MM, MOTOR ELÉTRICO TRIFÁSICO POTÊNCIA DE 2 CV - CHI DIURNO. AF_06/2015","CHI",null,0.5,"0,50"]
["SINAPI","90626","PERFURATRIZ MANUAL, TORQUE MÁXIMO 83 N.M, POTÊNCIA 5 CV, COM DIÂMETRO MÁXIMO 4\" - CHI DIURNO. AF_06/2015","CHI",null,2.42,"2,42"]
["SINAPI","90632","PERFURATRIZ SOBRE ESTEIRA, TORQUE MÁXIMO 600 KGF, PESO MÉDIO 1000 KG, POTÊNCIA 20 HP, DIÂMETRO MÁXIMO 10\" - CHI DIURNO. AF_06/2015","CHI",null,83.27,"86,67"]
["SINAPI","90638","MISTURADOR DUPLO HORIZONTAL DE ALTA TURBULÊNCIA, CAPACIDADE / VOLUME 2 X 500 LITROS, MOTORES ELÉTRICOS MÍNIMO 5 CV CADA, PARA NATA CIMENTO, ARGAMASSA E OUTROS - CHI DIURNO. AF_06/2015","CHI",null,5.29,"5,29"]
["SINAPI","90644","BOMBA TRIPLEX, PARA INJEÇÃO DE NATA DE CIMENTO, VAZÃO MÁXIMA DE 100 LITROS/MINUTO, PRESSÃO MÁXIMA DE 70 BAR - CHI DIURNO. AF_06/2015","CHI",null,7.9,"7,90"]
["SINAPI","90651","BOMBA CENTRÍFUGA MONOESTÁGIO COM MOTOR ELÉTRICO MONOFÁSICO, POTÊNCIA 15 HP, DIÂMETRO DO ROTOR 173 MM, HM/Q = 30 MCA / 90 M3/H A 45 MCA / 55 M3/H - CHI DIURNO. AF_06/2015","CHI",null,0.97,"0,97"]
["SINAPI","90657","BOMBA DE PROJEÇÃO DE CONCRETO SECO, POTÊNCIA 10 CV, VAZÃO 3 M3/H - CHI DIURNO. AF_06/2015","CHI",null,5.14,"5,14"]
["SINAPI","90663","BOMBA DE PROJEÇÃO DE CONCRETO SECO, POTÊNCIA 10 CV, VAZÃO 6 M3/H - CHI DIURNO. AF_06/2015","CHI",null,5.51,"5,51"]
["SINAPI","90669","PROJETOR PNEUMÁTICO DE ARGAMASSA PARA CHAPISCO E REBOCO COM RECIPIENTE ACOPLADO, TIPO CANEQUINHA, COM COMPRESSOR DE AR REBOCÁVEL VAZÃO 89 PCM E MOTOR DIESEL DE 20 CV - CHI DIURNO. AF_06/2015","CHI",null,7.77,"7,77"]
["SINAPI","90675","PERFURATRIZ COM TORRE METÁLICA PARA EXECUÇÃO DE ESTACA HÉLICE CONTÍNUA, PROFUNDIDADE MÁXIMA DE 30 M, DIÂMETRO MÁXIMO DE 800 MM, POTÊNCIA INSTALADA DE 268 HP, MESA ROTATIVA COM TORQUE MÁXIMO DE 170 KNM - CHI DIURNO. AF_06/2015","CHI",null,290.73,"294,13"]
["SINAPI","90681","PERFURATRIZ HIDRÁULICA SOBRE CAMINHÃO COM TRADO CURTO ACOPLADO, PROFUNDIDADE MÁXIMA DE 20 M, DIÂMETRO MÁXIMO DE 1500 MM, POTÊNCIA INSTALADA DE 137 HP, MESA ROTATIVA COM TORQUE MÁXIMO DE 30 KNM - CHI DIURNO. AF_06/2015","CHI",null,166.71,"170,11"]
["SINAPI","90687","MANIPULADOR TELESCÓPICO, POTÊNCIA DE 85 HP, CAPACIDADE DE CARGA DE 3.500 KG, ALTURA MÁXIMA DE ELEVAÇÃO DE 12,3 M - CHI DIURNO. AF_06/2015","CHI",null,58.96,"62,91"]
["SINAPI","90693","MINICARREGADEIRA SOBRE RODAS, POTÊNCIA LÍQUIDA DE 47 HP, CAPACIDADE NOMINAL DE OPERAÇÃO DE 646 KG - CHI DIURNO. AF_06/2015","CHI",null,53.29,"57,24"]
["SINAPI","90965","COMPRESSOR DE AR REBOCÁVEL, VAZÃO 89 PCM, PRESSÃO EFETIVA DE TRABALHO 102 PSI, MOTOR DIESEL, POTÊNCIA 20 CV - CHI DIURNO. AF_06/2015","CHI",null,7.72,"7,72"]
["SINAPI","90973","COMPRESSOR DE AR REBOCAVEL, VAZÃO 250 PCM, PRESSAO DE TRABALHO 102 PSI, MOTOR A DIESEL POTÊNCIA 81 CV - CHI DIURNO. AF_06/2015","CHI",null,7.74,"7,74"]
["SINAPI","90982","COMPRESSOR DE AR REBOCÁVEL, VAZÃO 748 PCM, PRESSÃO EFETIVA DE TRABALHO 102 PSI, MOTOR DIESEL, POTÊNCIA 210 CV - CHI DIURNO. AF_06/2015","CHI",null,19.65,"19,65"]
["SINAPI","91001","COMPRESSOR DE AR REBOCAVEL, VAZÃO 400 PCM, PRESSAO DE TRABALHO 102 PSI, MOTOR A DIESEL POTÊNCIA 110 CV - CHI DIURNO. AF_06/2015","CHI",null,9.17,"9,17"]
["SINAPI","91032","CAMINHÃO TRUCADO (C/ TERCEIRO EIXO) ELETRÔNICO - POTÊNCIA 231CV - PBT = 22000KG - DIST. ENTRE EIXOS 5170 MM - INCLUI CARROCERIA FIXA ABERTA DE MADEIRA - CHI DIURNO. AF_06/2015","CHI",null,57.34,"60,60"]
["SINAPI","91278","PLACA VIBRATÓRIA REVERSÍVEL COM MOTOR 4 TEMPOS A GASOLINA, FORÇA CENTRÍFUGA DE 25 KN (2500 KGF), POTÊNCIA 5,5 CV - CHI DIURNO. AF_08/2015","CHI",null,0.46,"0,46"]
["SINAPI","91285","CORTADORA DE PISO COM MOTOR 4 TEMPOS A GASOLINA, POTÊNCIA DE 13 HP, COM DISCO DE CORTE DIAMANTADO SEGMENTADO PARA CONCRETO, DIÂMETRO DE 350 MM, FURO DE 1\" (14 X 1\") - CHI DIURNO. AF_08/2015","CHI",null,0.81,"0,81"]
["SINAPI","91387","CAMINHÃO BASCULANTE 10 M3, TRUCADO CABINE SIMPLES, PESO BRUTO TOTAL 23.000 KG, CARGA ÚTIL MÁXIMA 15.935 KG, DISTÂNCIA ENTRE EIXOS 4,80 M, POTÊNCIA 230 CV INCLUSIVE CAÇAMBA METÁLICA - CHI DIURNO. AF_06/2014","CHI",null,61.75,"64,82"]
["SINAPI","91395","CAMINHÃO TOCO, PBT 14.300 KG, CARGA ÚTIL MÁX. 9.710 KG, DIST. ENTRE EIXOS 3,56 M, POTÊNCIA 185 CV, INCLUSIVE CARROCERIA FIXA ABERTA DE MADEIRA P/ TRANSPORTE GERAL DE CARGA SECA, DIMEN. APROX. 2,50 X 6,50 X 0,50 M - CHI DIURNO. AF_06/2014","CHI",null,50.04,"53,30"]
["SINAPI","91486","ESPARGIDOR DE ASFALTO PRESSURIZADO, TANQUE 6 M3 COM ISOLAÇÃO TÉRMICA, AQUECIDO COM 2 MAÇARICOS, COM BARRA ESPARGIDORA 3,60 M, MONTADO SOBRE CAMINHÃO  TOCO, PBT 14.300 KG, POTÊNCIA 185 CV - CHI DIURNO. AF_08/2015","CHI",null,57.44,"60,70"]
["SINAPI","91534","COMPACTADOR DE SOLOS DE PERCUSSÃO (SOQUETE) COM MOTOR A GASOLINA 4 TEMPOS, POTÊNCIA 4 CV - CHI DIURNO. AF_08/2015","CHI",null,26.28,"29,68"]
["SINAPI","91635","GUINDAUTO HIDRÁULICO, CAPACIDADE MÁXIMA DE CARGA 6500 KG, MOMENTO MÁXIMO DE CARGA 5,8 TM, ALCANCE MÁXIMO HORIZONTAL 7,60 M, INCLUSIVE CAMINHÃO TOCO PBT 9.700 KG, POTÊNCIA DE 160 CV - CHI DIURNO. AF_08/2015","CHI",null,53.48,"56,89"]
["SINAPI","91646","CAMINHÃO DE TRANSPORTE DE MATERIAL ASFÁLTICO 30.000 L, COM CAVALO MECÂNICO DE CAPACIDADE MÁXIMA DE TRAÇÃO COMBINADO DE 66.000 KG, POTÊNCIA 360 CV, INCLUSIVE TANQUE DE ASFALTO COM SERPENTINA - CHI DIURNO. AF_08/2015","CHI",null,84.85,"89,19"]
["SINAPI","91693","SERRA CIRCULAR DE BANCADA COM MOTOR ELÉTRICO POTÊNCIA DE 5HP, COM COIFA PARA DISCO 10\" - CHI DIURNO. AF_08/2015","CHI",null,25.68,"29,08"]
["SINAPI","92044","DISTRIBUIDOR DE AGREGADOS REBOCAVEL, CAPACIDADE 1,9 M³, LARGURA DE TRABALHO 3,66 M - CHI DIURNO. AF_11/2015","CHI",null,6.54,"6,54"]
["SINAPI","92107","CAMINHÃO PARA EQUIPAMENTO DE LIMPEZA A SUCÇÃO COM CAMINHÃO TRUCADO DE PESO BRUTO TOTAL 23000 KG, CARGA ÚTIL MÁXIMA 15935 KG, DISTÂNCIA ENTRE EIXOS 4,80 M, POTÊNCIA 230 CV, INCLUSIVE LIMPADORA A SUCÇÃO, TANQUE 12000 L - CHI DIURNO. AF_11/2015","CHI",null,77.01,"80,27"]
["SINAPI","92113","PENEIRA ROTATIVA COM MOTOR ELÉTRICO TRIFÁSICO DE 2 CV, CILINDRO DE 1 M X 0,60 M, COM FUROS DE 3,17 MM - CHI DIURNO. AF_11/2015","CHI",null,1.23,"1,23"]
["SINAPI","92119","DOSADOR DE AREIA, CAPACIDADE DE 26 LITROS - CHI DIURNO. AF_11/2015","CHI",null,0.3,"0,30"]
["SINAPI","92139","CAMINHONETE COM MOTOR A DIESEL, POTÊNCIA 180 CV, CABINE DUPLA, 4X4 - CHI DIURNO. AF_11/2015","CHI",null,39.35,"42,30"]
["SINAPI","92146","CAMINHONETE CABINE SIMPLES COM MOTOR 1.6 FLEX, CÂMBIO MANUAL, POTÊNCIA 101/104 CV, 2 PORTAS - CHI DIURNO. AF_11/2015","CHI",null,28.84,"31,79"]
["SINAPI","92243","CAMINHÃO DE TRANSPORTE DE MATERIAL ASFÁLTICO 20.000 L, COM CAVALO MECÂNICO DE CAPACIDADE MÁXIMA DE TRAÇÃO COMBINADO DE 45.000 KG, POTÊNCIA 330 CV, INCLUSIVE TANQUE DE ASFALTO COM MAÇARICO - CHI DIURNO. AF_12/2015","CHI",null,70.34,"74,68"]
["SINAPI","92717","APARELHO PARA CORTE E SOLDA OXI-ACETILENO SOBRE RODAS, INCLUSIVE CILINDROS E MAÇARICOS - CHI DIURNO. AF_12/2015","CHI",null,0.19,"0,19"]
["SINAPI","92961","MÁQUINA EXTRUSORA DE CONCRETO PARA GUIAS E SARJETAS, MOTOR A DIESEL, POTÊNCIA 14 CV - CHI DIURNO. AF_12/2015","CHI",null,5.49,"5,49"]
["SINAPI","92967","MARTELO PERFURADOR PNEUMÁTICO MANUAL, HASTE 25 X 75 MM, 21 KG - CHI DIURNO. AF_12/2015","CHI",null,23.82,"26,63"]
["SINAPI","93225","PERFURATRIZ COM TORRE METÁLICA PARA EXECUÇÃO DE ESTACA HÉLICE CONTÍNUA, PROFUNDIDADE MÁXIMA DE 32 M, DIÂMETRO MÁXIMO DE 1000 MM, POTÊNCIA INSTALADA DE 350 HP, MESA ROTATIVA COM TORQUE MÁXIMO DE 263 KNM - CHI DIURNO. AF_01/2016","CHI",null,437.87,"441,27"]
["SINAPI","93234","BETONEIRA CAPACIDADE NOMINAL 400 L, CAPACIDADE DE MISTURA 310 L, MOTOR A GASOLINA POTÊNCIA 5,5 HP, SEM CARREGADOR - CHI DIURNO. AF_02/2016","CHI",null,0.52,"0,52"]
["SINAPI","93244","ROLO COMPACTADOR VIBRATÓRIO PÉ DE CARNEIRO PARA SOLOS, POTÊNCIA 80 HP, PESO OPERACIONAL SEM/COM LASTRO 7,4 / 8,8 T, LARGURA DE TRABALHO 1,68 M - CHI DIURNO. AF_02/2016","CHI",null,52.82,"55,75"]
["SINAPI","93274","GRUA ASCENSIONAL, LANÇA DE 30 M, CAPACIDADE DE 1,0 T A 30 M, ALTURA ATÉ 39 M - CHI DIURNO. AF_03/2016","CHI",null,54.07,"57,09"]
["SINAPI","93282","GUINCHO ELÉTRICO DE COLUNA, CAPACIDADE 400 KG, COM MOTO FREIO, MOTOR TRIFÁSICO DE 1,25 CV - CHI DIURNO. AF_03/2016","CHI",null,24.85,"28,09"]
["SINAPI","93288","GUINDASTE HIDRÁULICO AUTOPROPELIDO, COM LANÇA TELESCÓPICA 40 M, CAPACIDADE MÁXIMA 60 T, POTÊNCIA 260 KW - CHI DIURNO. AF_03/2016","CHI",null,151.2,"154,22"]
["SINAPI","93403","GUINDAUTO HIDRÁULICO, CAPACIDADE MÁXIMA DE CARGA 3300 KG, MOMENTO MÁXIMO DE CARGA 5,8 TM, ALCANCE MÁXIMO HORIZONTAL 7,60 M, INCLUSIVE CAMINHÃO TOCO PBT 16.000 KG, POTÊNCIA DE 189 CV - CHI DIURNO. AF_03/2016","CHI",null,57.95,"61,36"]
["SINAPI","93409","MÁQUINA JATO DE PRESSAO PORTÁTIL, CAMARA DE 1 SAIDA, CAPACIDADE 280 L, DIAMETRO 670 MM, BICO DE JATO CURTO VENTURI DE 5/16'' , MANGUEIRA DE 1'' COM COMPRESSOR DE AR REBOCÁVEL 189 PCM E MOTOR DIESEL 63 CV - CHI DIURNO. AF_03/2016","CHI",null,35.09,"38,66"]
["SINAPI","93416","GERADOR PORTÁTIL MONOFÁSICO, POTÊNCIA 5500 VA, MOTOR A GASOLINA, POTÊNCIA DO MOTOR 13 CV - CHI DIURNO. AF_03/2016","CHI",null,0.39,"0,39"]
["SINAPI","93422","GRUPO GERADOR REBOCÁVEL, POTÊNCIA 66 KVA, MOTOR A DIESEL - CHI DIURNO. AF_03/2016","CHI",null,5.24,"5,24"]
["SINAPI","93428","GRUPO GERADOR ESTACIONÁRIO, POTÊNCIA 150 KVA, MOTOR A DIESEL- CHI DIURNO. AF_03/2016","CHI",null,7.42,"7,42"]
["SINAPI","93434","USINA DE MISTURA ASFÁLTICA À QUENTE, TIPO CONTRA FLUXO, PROD 40 A 80 TON/HORA - CHI DIURNO. AF_03/2016","CHI",null,241.64,"252,87"]
["SINAPI","93440","USINA DE ASFALTO À FRIO, CAPACIDADE DE 40 A 60 TON/HORA, ELÉTRICA POTÊNCIA 30 CV - CHI DIURNO. AF_03/2016","CHI",null,104.05,"115,28"]
["SINAPI","95122","USINA MISTURADORA DE SOLOS, CAPACIDADE DE 200 A 500 TON/H, POTENCIA 75KW - CHI DIURNO. AF_07/2016","CHI",null,162.71,"173,94"]
["SINAPI","95128","DISTRIBUIDOR DE AGREGADOS AUTOPROPELIDO, CAP 3 M3, A DIESEL, POTÊNCIA 176CV - CHI DIURNO. AF_07/2016","CHI",null,44.53,"47,93"]
["SINAPI","95140","TALHA MANUAL DE CORRENTE, CAPACIDADE DE 2 TON. COM ELEVAÇÃO DE 3 M - CHI DIURNO. AF_07/2016","CHI",null,0.03,"0,03"]
["SINAPI","95213","GRUA ASCENCIONAL, LANÇA DE 42 M, CAPACIDADE DE 1,5 T A 30 M, ALTURA ATÉ 39 M - CHI DIURNO. AF_08/2016","CHI",null,81.57,"84,59"]
["SINAPI","95259","MARTELO DEMOLIDOR PNEUMÁTICO MANUAL, 32 KG - CHI DIURNO. AF_09/2016","CHI",null,23.57,"26,38"]
["SINAPI","95265","COMPACTADOR DE SOLOS DE PERCUSÃO (SOQUETE) COM MOTOR A GASOLINA, POTÊNCIA 3 CV - CHI DIURNO. AF_09/2016","CHI",null,0.65,"0,65"]
["SINAPI","95271","RÉGUA VIBRATÓRIA DUPLA PARA CONCRETO, PESO DE 60KG, COMPRIMENTO 4 M, COM MOTOR A GASOLINA, POTÊNCIA 5,5 HP - CHI DIURNO. AF_09/2016","CHI",null,0.55,"0,55"]
["SINAPI","95277","POLIDORA DE PISO (POLITRIZ), PESO DE 100KG, DIÂMETRO 450 MM, MOTOR ELÉTRICO, POTÊNCIA 4 HP - CHI DIURNO. AF_09/2016","CHI",null,0.54,"0,54"]
["SINAPI","95283","DESEMPENADEIRA DE CONCRETO, PESO DE 78 KG, 4 PÁS, MOTOR A GASOLINA, POTÊNCIA 5,5 HP - CHI DIURNO. AF_09/2016","CHI",null,0.66,"0,66"]
["SINAPI","95621","PERFURATRIZ PNEUMATICA MANUAL DE PESO MEDIO, MARTELETE, 18KG, COMPRIMENTO MÁXIMO DE CURSO DE 6 M, DIAMETRO DO PISTAO DE 5,5 CM - CHI DIURNO. AF_11/2016","CHI",null,23.28,"26,09"]
["SINAPI","95632","ROLO COMPACTADOR VIBRATORIO TANDEM, ACO LISO, POTENCIA 125 HP, PESO SEM/COM LASTRO 10,20/11,65 T, LARGURA DE TRABALHO 1,73 M - CHI DIURNO. AF_11/2016","CHI",null,66.06,"68,99"]
["SINAPI","95703","PERFURATRIZ MANUAL, TORQUE MAXIMO 55 KGF.M, POTENCIA 5 CV, COM DIAMETRO MAXIMO 8 1/2\" - CHI DIURNO. AF_11/2016","CHI",null,31,"34,40"]
["SINAPI","95709","PERFURATRIZ SOBRE ESTEIRA, TORQUE MÁXIMO 600 KGF, POTÊNCIA ENTRE 50 E 60 HP, DIÂMETRO MÁXIMO 10\u0094 - CHI DIURNO. AF_11/2016","CHI",null,80.87,"84,27"]
["SINAPI","95715","ESCAVADEIRA HIDRAULICA SOBRE ESTEIRA, COM GARRA GIRATORIA DE MANDIBULAS, PESO OPERACIONAL ENTRE 22,00 E 25,50 TON, POTENCIA LIQUIDA ENTRE 150 E 160 HP - CHI DIURNO. AF_11/2016","CHI",null,95.62,"99,61"]
["SINAPI","95721","ESCAVADEIRA HIDRAULICA SOBRE ESTEIRA, EQUIPADA COM CLAMSHELL, COM CAPACIDADE DA CAÇAMBA ENTRE 1,20 E 1,50 M3, PESO OPERACIONAL ENTRE 20,00 E 22,00 TON, POTENCIA LIQUIDA ENTRE 150 E 160 HP - CHI DIURNO. AF_11/2016","CHI",null,93.14,"97,13"]
["SINAPI","95873","GRUPO GERADOR COM CARENAGEM, MOTOR DIESEL POTÊNCIA STANDART ENTRE 250 E 260 KVA - CHI DIURNO. AF_12/2016","CHI",null,11.85,"11,85"]
["SINAPI","96014","TRATOR DE PNEUS COM POTÊNCIA DE 122 CV, TRAÇÃO 4X4, COM VASSOURA MECÂNICA ACOPLADA - CHI DIURNO. AF_02/2017","CHI",null,56.83,"60,40"]
["SINAPI","96021","TRATOR DE PNEUS COM POTÊNCIA DE 122 CV, TRAÇÃO 4X4, COM GRADE DE DISCOS ACOPLADA - CHI DIURNO. AF_02/2017","CHI",null,56.56,"60,13"]
["SINAPI","96029","TRATOR DE PNEUS COM POTÊNCIA DE 85 CV, TRAÇÃO 4X4, COM GRADE DE DISCOS ACOPLADA - CHI DIURNO. AF_02/2017","CHI",null,49.81,"53,38"]
["SINAPI","96036","CAMINHÃO BASCULANTE 10 M3, TRUCADO, POTÊNCIA 230 CV, INCLUSIVE CAÇAMBA METÁLICA, COM DISTRIBUIDOR DE AGREGADOS ACOPLADO - CHI DIURNO. AF_02/2017","CHI",null,66.56,"69,63"]
["SINAPI","96155","TRATOR DE PNEUS COM POTÊNCIA DE 85 CV, TRAÇÃO 4X4, COM VASSOURA MECÂNICA ACOPLADA - CHI DIURNO. AF_02/2017","CHI",null,50.08,"53,65"]
["SINAPI","96156","MINICARREGADEIRA SOBRE RODAS POTENCIA 47HP CAPACIDADE OPERACAO 646 KG, COM VASSOURA MECÂNICA ACOPLADA - CHI DIURNO. AF_03/2017","CHI",null,60.4,"64,35"]
["SINAPI","96159","MÁQUINA DEMARCADORA DE FAIXA DE TRÁFEGO À FRIO, AUTOPROPELIDA, POTÊNCIA 38 HP - CHI DIURNO. AF_07/2016","CHI",null,78.96,"82,59"]
["SINAPI","96246","MINIESCAVADEIRA SOBRE ESTEIRAS, POTENCIA LIQUIDA DE *30* HP, PESO OPERACIONAL DE *3.500* KG - CHI DIURNO. AF_04/2017","CHI",null,55.8,"59,79"]
["SINAPI","96464","ROLO COMPACTADOR DE PNEUS, ESTATICO, PRESSAO VARIAVEL, POTENCIA 110 HP, PESO SEM/COM LASTRO 10,8/27 T, LARGURA DE ROLAGEM 2,30 M - CHI DIURNO. AF_06/2017","CHI",null,70.78,"73,71"]
["SINAPI","98765","INVERSOR DE SOLDA MONOFÁSICO DE 160 A, POTÊNCIA DE 5400 W, TENSÃO DE 220 V, PARA SOLDA COM ELETRODOS DE 2,0 A 4,0 MM E PROCESSO TIG - CHI DIURNO. AF_06/2018","CHI",null,0.06,"0,06"]
["SINAPI","99834","LAVADORA DE ALTA PRESSAO (LAVA-JATO) PARA AGUA FRIA, PRESSAO DE OPERACAO ENTRE 1400 E 1900 LIB/POL2, VAZAO MAXIMA ENTRE 400 E 700 L/H - CHI DIURNO. AF_04/2019","CHI",null,0.19,"0,19"]
["SINAPI","100642","USINA DE MISTURA ASFÁLTICA À QUENTE, TIPO CONTRA FLUXO, PROD 100 A 140 TON/HORA - CHI DIURNO. AF_12/2019","CHI",null,203.84,"207,11"]
["SINAPI","100648","USINA DE ASFALTO, TIPO GRAVIMÉTRICA, PROD 150 TON/HORA - CHI DIURNO. AF_12/2019","CHI",null,398.78,"402,05"]
["SINAPI","102274","MARTELO DEMOLIDOR ELÉTRICO, COM POTÊNCIA DE 2.000 W, 1.000 IMPACTOS POR MINUTO, PESO DE 30 KG -  CHI DIURNO. AF_01/2021","CHI",null,22.74,"25,55"]
["SINAPI","104092","TERMOFUSORA PARA TUBOS E CONEXÕES EM PPR COM DIÂMETROS DE 20 A 63 MM, POTÊNCIA DE 800 W, TENSAO 220 V - CHI DIURNO. AF_05/2022","CHI",null,0.11,"0,11"]
["SINAPI","104098","TERMOFUSORA PARA TUBOS E CONEXÕES EM PPR COM DIÂMETROS DE 75 A 110 MM, POTÊNCIA DE *1100* W, TENSÃO 220 V - CHI DIURNO. AF_05/2022","CHI",null,0.16,"0,16"]
["SINAPI","5089","ROLO COMPACTADOR VIBRATÓRIO PÉ DE CARNEIRO PARA SOLOS, POTÊNCIA 80 HP, PESO OPERACIONAL SEM/COM LASTRO 7,4 / 8,8 T, LARGURA DE TRABALHO 1,68 M - MANUTENÇÃO. AF_02/2016","H",null,33.14,"33,14"]
["SINAPI","5627","ESCAVADEIRA HIDRÁULICA SOBRE ESTEIRAS, CAÇAMBA 0,80 M3, PESO OPERACIONAL 17 T, POTENCIA BRUTA 111 HP - DEPRECIAÇÃO. AF_06/2014","H",null,49.84,"49,84"]
["SINAPI","5628","ESCAVADEIRA HIDRÁULICA SOBRE ESTEIRAS, CAÇAMBA 0,80 M3, PESO OPERACIONAL 17 T, POTENCIA BRUTA 111 HP - JUROS. AF_06/2014","H",null,6.76,"6,76"]
["SINAPI","5629","ESCAVADEIRA HIDRÁULICA SOBRE ESTEIRAS, CAÇAMBA 0,80 M3, PESO OPERACIONAL 17 T, POTENCIA BRUTA 111 HP - MANUTENÇÃO. AF_06/2014","H",null,62.3,"62,30"]
["SINAPI","5630","ESCAVADEIRA HIDRÁULICA SOBRE ESTEIRAS, CAÇAMBA 0,80 M3, PESO OPERACIONAL 17 T, POTENCIA BRUTA 111 HP - MATERIAIS NA OPERAÇÃO. AF_06/2014","H",null,61.6,"61,60"]
["SINAPI","5658","GRADE DE DISCO CONTROLE REMOTO REBOCÁVEL, COM 24 DISCOS 24\u0094 X 6 MM COM PNEUS PARA TRANSPORTE - MANUTENÇÃO. AF_06/2014","H",null,2.72,"2,72"]
["SINAPI","5664","RETROESCAVADEIRA SOBRE RODAS COM CARREGADEIRA, TRAÇÃO 4X4, POTÊNCIA LÍQ. 88 HP, CAÇAMBA CARREG. CAP. MÍN. 1 M3, CAÇAMBA RETRO CAP. 0,26 M3, PESO OPERACIONAL MÍN. 6.674 KG, PROFUNDIDADE ESCAVAÇÃO MÁX. 4,37 M - MANUTENÇÃO. AF_06/2014","H",null,34.82,"34,82"]
["SINAPI","5667","RETROESCAVADEIRA SOBRE RODAS COM CARREGADEIRA, TRAÇÃO 4X2, POTÊNCIA LÍQ. 79 HP, CAÇAMBA CARREG. CAP. MÍN. 1 M3, CAÇAMBA RETRO CAP. 0,20 M3, PESO OPERACIONAL MÍN. 6.570 KG, PROFUNDIDADE ESCAVAÇÃO MÁX. 4,37 M - MANUTENÇÃO. AF_06/2014","H",null,30.97,"30,97"]
["SINAPI","5668","RETROESCAVADEIRA SOBRE RODAS COM CARREGADEIRA, TRAÇÃO 4X2, POTÊNCIA LÍQ. 79 HP, CAÇAMBA CARREG. CAP. MÍN. 1 M3, CAÇAMBA RETRO CAP. 0,20 M3, PESO OPERACIONAL MÍN. 6.570 KG, PROFUNDIDADE ESCAVAÇÃO MÁX. 4,37 M - MATERIAIS NA OPERAÇÃO. AF_06/2014","H",null,43.81,"43,81"]
["SINAPI","5674","ROLO COMPACTADOR VIBRATÓRIO DE UM CILINDRO AÇO LISO, POTÊNCIA 80 HP, PESO OPERACIONAL MÁXIMO 8,1 T, IMPACTO DINÂMICO 16,15 / 9,5 T, LARGURA DE TRABALHO 1,68 M - MANUTENÇÃO. AF_06/2014","H",null,31.88,"31,88"]
["SINAPI","5692","MOTOBOMBA CENTRÍFUGA, MOTOR A GASOLINA, POTÊNCIA 5,42 HP, BOCAIS 1 1/2\" X 1\", DIÂMETRO ROTOR 143 MM HM/Q = 6 MCA / 16,8 M3/H A 38 MCA / 6,6 M3/H - MANUTENÇÃO. AF_06/2014","H",null,0.27,"0,27"]
["SINAPI","5693","MOTOBOMBA CENTRÍFUGA, MOTOR A GASOLINA, POTÊNCIA 5,42 HP, BOCAIS 1 1/2\" X 1\", DIÂMETRO ROTOR 143 MM HM/Q = 6 MCA / 16,8 M3/H A 38 MCA / 6,6 M3/H - MATERIAIS NA OPERAÇÃO. AF_06/2014","H",null,16.75,"16,75"]
["SINAPI","5695","CAMINHÃO BASCULANTE 6 M3, PESO BRUTO TOTAL 16.000 KG, CARGA ÚTIL MÁXIMA 13.071 KG, DISTÂNCIA ENTRE EIXOS 4,80 M, POTÊNCIA 230 CV INCLUSIVE CAÇAMBA METÁLICA - MANUTENÇÃO. AF_06/2014","H",null,38.69,"38,69"]
["SINAPI","5703","USINA DE CONCRETO FIXA, CAPACIDADE NOMINAL DE 90 A 120 M3/H, SEM SILO - MATERIAIS NA OPERAÇÃO. AF_07/2016","H",null,17.13,"17,13"]
["SINAPI","5705","CAMINHÃO TOCO, PBT 16.000 KG, CARGA ÚTIL MÁX. 10.685 KG, DIST. ENTRE EIXOS 4,8 M, POTÊNCIA 189 CV, INCLUSIVE CARROCERIA FIXA ABERTA DE MADEIRA P/ TRANSPORTE GERAL DE CARGA SECA, DIMEN. APROX. 2,5 X 7,00 X 0,50 M - MANUTENÇÃO. AF_06/2014","H",null,37.11,"37,11"]
["SINAPI","5707","USINA MISTURADORA DE SOLOS, CAPACIDADE DE 200 A 500 TON/H, POTENCIA 75KW - MANUTENÇÃO. AF_07/2016","H",null,63.19,"63,19"]
["SINAPI","5710","VIBROACABADORA DE ASFALTO SOBRE ESTEIRAS, LARGURA DE PAVIMENTAÇÃO 1,90 M A 5,30 M, POTÊNCIA 105 HP CAPACIDADE 450 T/H - MANUTENÇÃO. AF_11/2014","H",null,162.3,"162,30"]
["SINAPI","5711","VIBROACABADORA DE ASFALTO SOBRE ESTEIRAS, LARGURA DE PAVIMENTAÇÃO 1,90 M A 5,30 M, POTÊNCIA 105 HP CAPACIDADE 450 T/H - MATERIAIS NA OPERAÇÃO. AF_11/2014","H",null,85.11,"85,11"]
["SINAPI","5714","TRATOR DE PNEUS, POTÊNCIA 85 CV, TRAÇÃO 4X4, PESO COM LASTRO DE 4.675 KG - MANUTENÇÃO. AF_06/2014","H",null,17.78,"17,78"]
["SINAPI","5715","TRATOR DE PNEUS, POTÊNCIA 85 CV, TRAÇÃO 4X4, PESO COM LASTRO DE 4.675 KG - MATERIAIS NA OPERAÇÃO. AF_06/2014","H",null,64.4,"64,40"]
["SINAPI","5718","TRATOR DE ESTEIRAS, POTÊNCIA 170 HP, PESO OPERACIONAL 19 T, CAÇAMBA 5,2 M3 - MATERIAIS NA OPERAÇÃO. AF_06/2014","H",null,101.58,"101,58"]
["SINAPI","5721","TRATOR DE ESTEIRAS, POTÊNCIA 150 HP, PESO OPERACIONAL 16,7 T, COM RODA MOTRIZ ELEVADA E LÂMINA 3,18 M3 - MATERIAIS NA OPERAÇÃO. AF_06/2014","H",null,89.63,"89,63"]
["SINAPI","5722","TRATOR DE ESTEIRAS, POTÊNCIA 347 HP, PESO OPERACIONAL 38,5 T, COM LÂMINA 8,70 M3 - MATERIAIS NA OPERAÇÃO. AF_06/2014","H",null,207.29,"207,29"]
["SINAPI","5724","TRATOR DE ESTEIRAS, POTÊNCIA 100 HP, PESO OPERACIONAL 9,4 T, COM LÂMINA 2,19 M3 - MANUTENÇÃO. AF_06/2014","H",null,55.32,"55,32"]
["SINAPI","5727","ROLO COMPACTADOR VIBRATÓRIO REBOCÁVEL, CILINDRO DE AÇO LISO, POTÊNCIA DE TRAÇÃO DE 65 CV, PESO 4,7 T, IMPACTO DINÂMICO 18,3 T, LARGURA DE TRABALHO 1,67 M - MANUTENÇÃO. AF_02/2016","H",null,9.62,"9,62"]
["SINAPI","5729","ROLO COMPACTADOR VIBRATÓRIO TANDEM AÇO LISO, POTÊNCIA 58 HP, PESO SEM/COM LASTRO 6,5 / 9,4 T, LARGURA DE TRABALHO 1,2 M - MANUTENÇÃO. AF_06/2014","H",null,39.15,"39,15"]
["SINAPI","5730","ROLO COMPACTADOR VIBRATÓRIO TANDEM AÇO LISO, POTÊNCIA 58 HP, PESO SEM/COM LASTRO 6,5 / 9,4 T, LARGURA DE TRABALHO 1,2 M - MATERIAIS NA OPERAÇÃO. AF_06/2014","H",null,39.06,"39,06"]
["SINAPI","5735","RETROESCAVADEIRA SOBRE RODAS COM CARREGADEIRA, TRAÇÃO 4X4, POTÊNCIA LÍQ. 72 HP, CAÇAMBA CARREG. CAP. MÍN. 0,79 M3, CAÇAMBA RETRO CAP. 0,18 M3, PESO OPERACIONAL MÍN. 7.140 KG, PROFUNDIDADE ESCAVAÇÃO MÁX. 4,50 M - MANUTENÇÃO. AF_06/2014","H",null,33.6,"33,60"]
["SINAPI","5736","RETROESCAVADEIRA SOBRE RODAS COM CARREGADEIRA, TRAÇÃO 4X4, POTÊNCIA LÍQ. 72 HP, CAÇAMBA CARREG. CAP. MÍN. 0,79 M3, CAÇAMBA RETRO CAP. 0,18 M3, PESO OPERACIONAL MÍN. 7.140 KG, PROFUNDIDADE ESCAVAÇÃO MÁX. 4,50 M - MATERIAIS NA OPERAÇÃO. AF_06/2014","H",null,39.92,"39,92"]
["SINAPI","5738","ROLO COMPACTADOR VIBRATÓRIO PÉ DE CARNEIRO, OPERADO POR CONTROLE REMOTO, POTÊNCIA 12,5 KW, PESO OPERACIONAL 1,675 T, LARGURA DE TRABALHO 0,85 M - DEPRECIAÇÃO. AF_02/2016","H",null,34.81,"34,81"]
["SINAPI","5739","ROLO COMPACTADOR VIBRATÓRIO PÉ DE CARNEIRO, OPERADO POR CONTROLE REMOTO, POTÊNCIA 12,5 KW, PESO OPERACIONAL 1,675 T, LARGURA DE TRABALHO 0,85 M - MANUTENÇÃO. AF_02/2016","H",null,43.56,"43,56"]
["SINAPI","5741","USINA DE LAMA ASFÁLTICA, PROD 30 A 50 T/H, SILO DE AGREGADO 7 M3, RESERVATÓRIOS PARA EMULSÃO E ÁGUA DE 2,3 M3 CADA, MISTURADOR TIPO PUG MILL A SER MONTADO SOBRE CAMINHÃO - MANUTENÇÃO. AF_10/2014","H",null,39.14,"39,14"]
["SINAPI","5742","USINA DE LAMA ASFÁLTICA, PROD 30 A 50 T/H, SILO DE AGREGADO 7 M3, RESERVATÓRIOS PARA EMULSÃO E ÁGUA DE 2,3 M3 CADA, MISTURADOR TIPO PUG MILL A SER MONTADO SOBRE CAMINHÃO - MATERIAIS NA OPERAÇÃO. AF_10/2014","H",null,26.36,"26,36"]
["SINAPI","5747","CAMINHÃO PIPA 6.000 L, PESO BRUTO TOTAL 13.000 KG, DISTÂNCIA ENTRE EIXOS 4,80 M, POTÊNCIA 189 CV INCLUSIVE TANQUE DE AÇO PARA TRANSPORTE DE ÁGUA, CAPACIDADE 6 M3 - MATERIAIS NA OPERAÇÃO. AF_06/2014","H",null,151.17,"151,17"]
["SINAPI","5751","CAMINHÃO TOCO, PESO BRUTO TOTAL 14.300 KG, CARGA ÚTIL MÁXIMA 9590 KG, DISTÂNCIA ENTRE EIXOS 4,76 M, POTÊNCIA 185 CV (NÃO INCLUI CARROCERIA) - MANUTENÇÃO. AF_06/2014","H",null,31.78,"31,78"]
["SINAPI","5754","CAMINHÃO TOCO, PESO BRUTO TOTAL 16.000 KG, CARGA ÚTIL MÁXIMA DE 10.685 KG, DISTÂNCIA ENTRE EIXOS 4,80 M, POTÊNCIA 189 CV EXCLUSIVE CARROCERIA - MANUTENÇÃO. AF_06/2014","H",null,34.9,"34,90"]
["SINAPI","5763","CAMINHÃO PIPA 10.000 L TRUCADO, PESO BRUTO TOTAL 23.000 KG, CARGA ÚTIL MÁXIMA 15.935 KG, DISTÂNCIA ENTRE EIXOS 4,8 M, POTÊNCIA 230 CV, INCLUSIVE TANQUE DE AÇO PARA TRANSPORTE DE ÁGUA - MANUTENÇÃO. AF_06/2014","H",null,49.69,"49,69"]
["SINAPI","5765","ESPARGIDOR DE ASFALTO PRESSURIZADO COM TANQUE DE 2500 L, REBOCÁVEL COM MOTOR A GASOLINA POTÊNCIA 3,4 HP - MANUTENÇÃO. AF_07/2014","H",null,4.24,"4,24"]
["SINAPI","5766","ESPARGIDOR DE ASFALTO PRESSURIZADO COM TANQUE DE 2500 L, REBOCÁVEL COM MOTOR A GASOLINA POTÊNCIA 3,4 HP - MATERIAIS NA OPERAÇÃO. AF_07/2014","H",null,2.33,"2,33"]
["SINAPI","5779","MOTONIVELADORA POTÊNCIA BÁSICA LÍQUIDA (PRIMEIRA MARCHA) 125 HP, PESO BRUTO 13032 KG, LARGURA DA LÂMINA DE 3,7 M - MANUTENÇÃO. AF_06/2014","H",null,76.83,"76,83"]
["SINAPI","5787","PÁ CARREGADEIRA SOBRE RODAS, POTÊNCIA 197 HP, CAPACIDADE DA CAÇAMBA 2,5 A 3,5 M3, PESO OPERACIONAL 18338 KG - MATERIAIS NA OPERAÇÃO. AF_06/2014","H",null,67.26,"67,26"]
["SINAPI","5797","COMPRESSOR DE AR REBOCÁVEL, VAZÃO 189 PCM, PRESSÃO EFETIVA DE TRABALHO 102 PSI, MOTOR DIESEL, POTÊNCIA 63 CV - MANUTENÇÃO. AF_06/2015","H",null,6.35,"6,35"]
["SINAPI","5800","BOMBA SUBMERSÍVEL ELÉTRICA TRIFÁSICA, POTÊNCIA 2,96 HP, Ø ROTOR 144 MM SEMI-ABERTO, BOCAL DE SAÍDA Ø 2\u0094, HM/Q = 2 MCA / 38,8 M3/H A 28 MCA / 5 M3/H - MANUTENÇÃO. AF_06/2014","H",null,0.51,"0,51"]
["SINAPI","7032","TANQUE DE ASFALTO ESTACIONÁRIO COM SERPENTINA, CAPACIDADE 30.000 L - DEPRECIAÇÃO. AF_06/2014","H",null,4.54,"4,54"]
["SINAPI","7033","TANQUE DE ASFALTO ESTACIONÁRIO COM SERPENTINA, CAPACIDADE 30.000 L - JUROS. AF_06/2014","H",null,0.8,"0,80"]
["SINAPI","7034","TANQUE DE ASFALTO ESTACIONÁRIO COM SERPENTINA, CAPACIDADE 30.000 L - MANUTENÇÃO. AF_06/2014","H",null,5.67,"5,67"]
["SINAPI","7035","TANQUE DE ASFALTO ESTACIONÁRIO COM SERPENTINA, CAPACIDADE 30.000 L - MATERIAIS NA OPERAÇÃO. AF_06/2014","H",null,245.15,"245,15"]
["SINAPI","7038","ROLO COMPACTADOR DE PNEUS ESTÁTICO, PRESSÃO VARIÁVEL, POTÊNCIA 111 HP, PESO SEM/COM LASTRO 9,5 / 26 T, LARGURA DE TRABALHO 1,90 M - DEPRECIAÇÃO. AF_07/2014","H",null,39.81,"39,81"]
["SINAPI","7039","ROLO COMPACTADOR DE PNEUS ESTÁTICO, PRESSÃO VARIÁVEL, POTÊNCIA 111 HP, PESO SEM/COM LASTRO 9,5 / 26 T, LARGURA DE TRABALHO 1,90 M - JUROS. AF_07/2014","H",null,5.52,"5,52"]
["SINAPI","7040","ROLO COMPACTADOR DE PNEUS ESTÁTICO, PRESSÃO VARIÁVEL, POTÊNCIA 111 HP, PESO SEM/COM LASTRO 9,5 / 26 T, LARGURA DE TRABALHO 1,90 M - MANUTENÇÃO. AF_07/2014","H",null,49.83,"49,83"]
["SINAPI","7044","MOTOBOMBA TRASH (PARA ÁGUA SUJA) AUTO ESCORVANTE, MOTOR GASOLINA DE 6,41 HP, DIÂMETROS DE SUCÇÃO X RECALQUE: 3\" X 3\", HM/Q = 10 MCA / 60 M3/H A 23 MCA / 0 M3/H - DEPRECIAÇÃO. AF_10/2014","H",null,0.3,"0,30"]
["SINAPI","7045","MOTOBOMBA TRASH (PARA ÁGUA SUJA) AUTO ESCORVANTE, MOTOR GASOLINA DE 6,41 HP, DIÂMETROS DE SUCÇÃO X RECALQUE: 3\" X 3\", HM/Q = 10 MCA / 60 M3/H A 23 MCA / 0 M3/H - JUROS. AF_10/2014","H",null,0.03,"0,03"]
["SINAPI","7046","MOTOBOMBA TRASH (PARA ÁGUA SUJA) AUTO ESCORVANTE, MOTOR GASOLINA DE 6,41 HP, DIÂMETROS DE SUCÇÃO X RECALQUE: 3\" X 3\", HM/Q = 10 MCA / 60 M3/H A 23 MCA / 0 M3/H - MANUTENÇÃO. AF_10/2014","H",null,0.33,"0,33"]
["SINAPI","7047","MOTOBOMBA TRASH (PARA ÁGUA SUJA) AUTO ESCORVANTE, MOTOR GASOLINA DE 6,41 HP, DIÂMETROS DE SUCÇÃO X RECALQUE: 3\" X 3\", HM/Q = 10 MCA / 60 M3/H A 23 MCA / 0 M3/H - MATERIAIS NA OPERAÇÃO. AF_10/2014","H",null,19.77,"19,77"]
["SINAPI","7051","ROLO COMPACTADOR PE DE CARNEIRO VIBRATORIO, POTENCIA 125 HP, PESO OPERACIONAL SEM/COM LASTRO 11,95 / 13,30 T, IMPACTO DINAMICO 38,5 / 22,5 T, LARGURA DE TRABALHO 2,15 M - DEPRECIAÇÃO. AF_06/2014","H",null,35.31,"35,31"]
["SINAPI","7052","ROLO COMPACTADOR PE DE CARNEIRO VIBRATORIO, POTENCIA 125 HP, PESO OPERACIONAL SEM/COM LASTRO 11,95 / 13,30 T, IMPACTO DINAMICO 38,5 / 22,5 T, LARGURA DE TRABALHO 2,15 M - JUROS. AF_06/2014","H",null,4.9,"4,90"]
["SINAPI","7053","ROLO COMPACTADOR PE DE CARNEIRO VIBRATORIO, POTENCIA 125 HP, PESO OPERACIONAL SEM/COM LASTRO 11,95 / 13,30 T, IMPACTO DINAMICO 38,5 / 22,5 T, LARGURA DE TRABALHO 2,15 M - MANUTENÇÃO. AF_06/2014","H",null,44.19,"44,19"]
["SINAPI","7054","ROLO COMPACTADOR PE DE CARNEIRO VIBRATORIO, POTENCIA 125 HP, PESO OPERACIONAL SEM/COM LASTRO 11,95 / 13,30 T, IMPACTO DINAMICO 38,5 / 22,5 T, LARGURA DE TRABALHO 2,15 M - MATERIAIS NA OPERAÇÃO. AF_06/2014","H",null,85.34,"85,34"]
["SINAPI","7058","CAMINHÃO BASCULANTE 6 M3 TOCO, PESO BRUTO TOTAL 16.000 KG, CARGA ÚTIL MÁXIMA 11.130 KG, DISTÂNCIA ENTRE EIXOS 5,36 M, POTÊNCIA 185 CV, INCLUSIVE CAÇAMBA METÁLICA - DEPRECIAÇÃO. AF_06/2014","H",null,22.24,"22,24"]
["SINAPI","7059","CAMINHÃO BASCULANTE 6 M3 TOCO, PESO BRUTO TOTAL 16.000 KG, CARGA ÚTIL MÁXIMA 11.130 KG, DISTÂNCIA ENTRE EIXOS 5,36 M, POTÊNCIA 185 CV, INCLUSIVE CAÇAMBA METÁLICA - JUROS. AF_06/2014","H",null,4.35,"4,35"]
["SINAPI","7060","CAMINHÃO BASCULANTE 6 M3 TOCO, PESO BRUTO TOTAL 16.000 KG, CARGA ÚTIL MÁXIMA 11.130 KG, DISTÂNCIA ENTRE EIXOS 5,36 M, POTÊNCIA 185 CV, INCLUSIVE CAÇAMBA METÁLICA - MANUTENÇÃO. AF_06/2014","H",null,40.02,"40,02"]
["SINAPI","7061","CAMINHÃO BASCULANTE 6 M3 TOCO, PESO BRUTO TOTAL 16.000 KG, CARGA ÚTIL MÁXIMA 11.130 KG, DISTÂNCIA ENTRE EIXOS 5,36 M, POTÊNCIA 185 CV, INCLUSIVE CAÇAMBA METÁLICA - MATERIAIS NA OPERAÇÃO. AF_06/2014","H",null,77.9,"77,90"]
["SINAPI","7063","TRATOR DE PNEUS, POTÊNCIA 122 CV, TRAÇÃO 4X4, PESO COM LASTRO DE 4.510 KG - DEPRECIAÇÃO. AF_06/2014","H",null,22.18,"22,18"]
["SINAPI","7064","TRATOR DE PNEUS, POTÊNCIA 122 CV, TRAÇÃO 4X4, PESO COM LASTRO DE 4.510 KG - JUROS. AF_06/2014","H",null,3.07,"3,07"]
["SINAPI","7065","TRATOR DE PNEUS, POTÊNCIA 122 CV, TRAÇÃO 4X4, PESO COM LASTRO DE 4.510 KG - MANUTENÇÃO. AF_06/2014","H",null,24.26,"24,26"]
["SINAPI","7066","TRATOR DE PNEUS, POTÊNCIA 122 CV, TRAÇÃO 4X4, PESO COM LASTRO DE 4.510 KG - MATERIAIS NA OPERAÇÃO. AF_06/2014","H",null,92.43,"92,43"]
["SINAPI","53786","RETROESCAVADEIRA SOBRE RODAS COM CARREGADEIRA, TRAÇÃO 4X4, POTÊNCIA LÍQ. 88 HP, CAÇAMBA CARREG. CAP. MÍN. 1 M3, CAÇAMBA RETRO CAP. 0,26 M3, PESO OPERACIONAL MÍN. 6.674 KG, PROFUNDIDADE ESCAVAÇÃO MÁX. 4,37 M - MATERIAIS NA OPERAÇÃO. AF_06/2014","H",null,48.79,"48,79"]
["SINAPI","53788","ROLO COMPACTADOR VIBRATÓRIO DE UM CILINDRO AÇO LISO, POTÊNCIA 80 HP, PESO OPERACIONAL MÁXIMO 8,1 T, IMPACTO DINÂMICO 16,15 / 9,5 T, LARGURA DE TRABALHO 1,68 M - MATERIAIS NA OPERAÇÃO. AF_06/2014","H",null,54.62,"54,62"]
["SINAPI","53792","CAMINHÃO BASCULANTE 6 M3, PESO BRUTO TOTAL 16.000 KG, CARGA ÚTIL MÁXIMA 13.071 KG, DISTÂNCIA ENTRE EIXOS 4,80 M, POTÊNCIA 230 CV INCLUSIVE CAÇAMBA METÁLICA - MATERIAIS NA OPERAÇÃO. AF_06/2014","H",null,96.83,"96,83"]
["SINAPI","53794","USINA DE CONCRETO FIXA, CAPACIDADE NOMINAL DE 90 A 120 M3/H, SEM SILO - MANUTENÇÃO. AF_07/2016","H",null,35,"35,00"]
["SINAPI","53797","CAMINHÃO TOCO, PBT 16.000 KG, CARGA ÚTIL MÁX. 10.685 KG, DIST. ENTRE EIXOS 4,8 M, POTÊNCIA 189 CV, INCLUSIVE CARROCERIA FIXA ABERTA DE MADEIRA P/ TRANSPORTE GERAL DE CARGA SECA, DIMEN. APROX. 2,5 X 7,00 X 0,50 M - MATERIAIS NA OPERAÇÃO. AF_06/2014","H",null,111.36,"111,36"]
["SINAPI","53804","VASSOURA MECÂNICA REBOCÁVEL COM ESCOVA CILÍNDRICA, LARGURA ÚTIL DE VARRIMENTO DE 2,44 M - MANUTENÇÃO. AF_06/2014","H",null,5.65,"5,65"]
["SINAPI","53806","TRATOR DE ESTEIRAS, POTÊNCIA 170 HP, PESO OPERACIONAL 19 T, CAÇAMBA 5,2 M3 - MANUTENÇÃO. AF_06/2014","H",null,71.28,"71,28"]
["SINAPI","53810","TRATOR DE ESTEIRAS, POTÊNCIA 150 HP, PESO OPERACIONAL 16,7 T, COM RODA MOTRIZ ELEVADA E LÂMINA 3,18 M3 - MANUTENÇÃO. AF_06/2014","H",null,71.72,"71,72"]
["SINAPI","53814","TRATOR DE ESTEIRAS, POTÊNCIA 347 HP, PESO OPERACIONAL 38,5 T, COM LÂMINA 8,70 M3 - MANUTENÇÃO. AF_06/2014","H",null,234.93,"234,93"]
["SINAPI","53817","TRATOR DE ESTEIRAS, POTÊNCIA 100 HP, PESO OPERACIONAL 9,4 T, COM LÂMINA 2,19 M3 - MATERIAIS NA OPERAÇÃO. AF_06/2014","H",null,59.71,"59,71"]
["SINAPI","53818","ROLO COMPACTADOR VIBRATÓRIO REBOCÁVEL, CILINDRO DE AÇO LISO, POTÊNCIA DE TRAÇÃO DE 65 CV, PESO 4,7 T, IMPACTO DINÂMICO 18,3 T, LARGURA DE TRABALHO 1,67 M - DEPRECIAÇÃO. AF_02/2016","H",null,7.69,"7,69"]
["SINAPI","53827","CAMINHÃO TOCO, PESO BRUTO TOTAL 14.300 KG, CARGA ÚTIL MÁXIMA 9590 KG, DISTÂNCIA ENTRE EIXOS 4,76 M, POTÊNCIA 185 CV (NÃO INCLUI CARROCERIA) - MATERIAIS NA OPERAÇÃO. AF_06/2014","H",null,109.02,"109,02"]
["SINAPI","53829","CAMINHÃO TOCO, PESO BRUTO TOTAL 16.000 KG, CARGA ÚTIL MÁXIMA DE 10.685 KG, DISTÂNCIA ENTRE EIXOS 4,80 M, POTÊNCIA 189 CV EXCLUSIVE CARROCERIA - MATERIAIS NA OPERAÇÃO. AF_06/2014","H",null,111.36,"111,36"]
["SINAPI","53831","CAMINHÃO PIPA 10.000 L TRUCADO, PESO BRUTO TOTAL 23.000 KG, CARGA ÚTIL MÁXIMA 15.935 KG, DISTÂNCIA ENTRE EIXOS 4,8 M, POTÊNCIA 230 CV, INCLUSIVE TANQUE DE AÇO PARA TRANSPORTE DE ÁGUA - MATERIAIS NA OPERAÇÃO. AF_06/2014","H",null,183.95,"183,95"]
["SINAPI","53840","GRADE DE DISCO REBOCÁVEL COM 20 DISCOS 24\" X 6 MM COM PNEUS PARA TRANSPORTE - DEPRECIAÇÃO. AF_06/2014","H",null,3.07,"3,07"]
["SINAPI","53841","GRADE DE DISCO REBOCÁVEL COM 20 DISCOS 24\" X 6 MM COM PNEUS PARA TRANSPORTE - MANUTENÇÃO. AF_06/2014","H",null,2.13,"2,13"]
["SINAPI","53849","MOTONIVELADORA POTÊNCIA BÁSICA LÍQUIDA (PRIMEIRA MARCHA) 125 HP, PESO BRUTO 13032 KG, LARGURA DA LÂMINA DE 3,7 M - MATERIAIS NA OPERAÇÃO. AF_06/2014","H",null,80.02,"80,02"]
["SINAPI","53857","PÁ CARREGADEIRA SOBRE RODAS, POTÊNCIA LÍQUIDA 128 HP, CAPACIDADE DA CAÇAMBA 1,7 A 2,8 M3, PESO OPERACIONAL 11632 KG - MANUTENÇÃO. AF_06/2014","H",null,81.75,"81,75"]
["SINAPI","53858","PÁ CARREGADEIRA SOBRE RODAS, POTÊNCIA LÍQUIDA 128 HP, CAPACIDADE DA CAÇAMBA 1,7 A 2,8 M3, PESO OPERACIONAL 11632 KG - MATERIAIS NA OPERAÇÃO. AF_06/2014","H",null,43.7,"43,70"]
["SINAPI","53861","PÁ CARREGADEIRA SOBRE RODAS, POTÊNCIA 197 HP, CAPACIDADE DA CAÇAMBA 2,5 A 3,5 M3, PESO OPERACIONAL 18338 KG - MANUTENÇÃO. AF_06/2014","H",null,79.35,"79,35"]
["SINAPI","53863","MARTELETE OU ROMPEDOR PNEUMÁTICO MANUAL, 28 KG, COM SILENCIADOR - MANUTENÇÃO. AF_07/2016","H",null,2.04,"2,04"]
["SINAPI","53865","COMPRESSOR DE AR REBOCÁVEL, VAZÃO 189 PCM, PRESSÃO EFETIVA DE TRABALHO 102 PSI, MOTOR DIESEL, POTÊNCIA 63 CV - MATERIAIS NA OPERAÇÃO. AF_06/2015","H",null,45.07,"45,07"]
["SINAPI","53866","BOMBA SUBMERSÍVEL ELÉTRICA TRIFÁSICA, POTÊNCIA 2,96 HP, Ø ROTOR 144 MM SEMI-ABERTO, BOCAL DE SAÍDA Ø 2\u0094, HM/Q = 2 MCA / 38,8 M3/H A 28 MCA / 5 M3/H - MATERIAIS NA OPERAÇÃO. AF_06/2014","H",null,1.39,"1,39"]
["SINAPI","53882","CAMINHÃO PIPA 6.000 L, PESO BRUTO TOTAL 13.000 KG, DISTÂNCIA ENTRE EIXOS 4,80 M, POTÊNCIA 189 CV INCLUSIVE TANQUE DE AÇO PARA TRANSPORTE DE ÁGUA, CAPACIDADE 6 M3 - MANUTENÇÃO. AF_06/2014","H",null,35.5,"35,50"]
["SINAPI","55263","ROLO COMPACTADOR DE PNEUS ESTÁTICO, PRESSÃO VARIÁVEL, POTÊNCIA 111 HP, PESO SEM/COM LASTRO 9,5 / 26 T, LARGURA DE TRABALHO 1,90 M - MATERIAIS NA OPERAÇÃO. AF_07/2014","H",null,61.6,"61,60"]
["SINAPI","73303","GRUPO GERADOR ESTACIONÁRIO, MOTOR DIESEL POTÊNCIA 170 KVA - DEPRECIAÇÃO. AF_02/2016","H",null,7.06,"7,06"]
["SINAPI","73307","GRUPO GERADOR ESTACIONÁRIO, MOTOR DIESEL POTÊNCIA 170 KVA - MANUTENÇÃO. AF_02/2016","H",null,6.3,"6,30"]
["SINAPI","73309","ROLO COMPACTADOR VIBRATÓRIO PÉ DE CARNEIRO PARA SOLOS, POTÊNCIA 80 HP, PESO OPERACIONAL SEM/COM LASTRO 7,4 / 8,8 T, LARGURA DE TRABALHO 1,68 M - DEPRECIAÇÃO. AF_02/2016","H",null,26.49,"26,49"]
["SINAPI","73311","GRUPO GERADOR ESTACIONÁRIO, MOTOR DIESEL POTÊNCIA 170 KVA - MATERIAIS NA OPERAÇÃO. AF_02/2016","H",null,170.28,"170,28"]
["SINAPI","73313","ROLO COMPACTADOR VIBRATÓRIO PÉ DE CARNEIRO PARA SOLOS, POTÊNCIA 80 HP, PESO OPERACIONAL SEM/COM LASTRO 7,4 / 8,8 T, LARGURA DE TRABALHO 1,68 M - JUROS. AF_02/2016","H",null,3.67,"3,67"]
["SINAPI","73315","ROLO COMPACTADOR VIBRATÓRIO PÉ DE CARNEIRO PARA SOLOS, POTÊNCIA 80 HP, PESO OPERACIONAL SEM/COM LASTRO 7,4 / 8,8 T, LARGURA DE TRABALHO 1,68 M - MATERIAIS NA OPERAÇÃO. AF_02/2016","H",null,54.62,"54,62"]
["SINAPI","73335","CAMINHÃO TOCO, PBT 14.300 KG, CARGA ÚTIL MÁX. 9.710 KG, DIST. ENTRE EIXOS 3,56 M, POTÊNCIA 185 CV, INCLUSIVE CARROCERIA FIXA ABERTA DE MADEIRA P/ TRANSPORTE GERAL DE CARGA SECA, DIMEN. APROX. 2,50 X 6,50 X 0,50 M - MANUTENÇÃO. AF_06/2014","H",null,33.84,"33,84"]
["SINAPI","73340","CAMINHÃO TOCO, PBT 14.300 KG, CARGA ÚTIL MÁX. 9.710 KG, DIST. ENTRE EIXOS 3,56 M, POTÊNCIA 185 CV, INCLUSIVE CARROCERIA FIXA ABERTA DE MADEIRA P/ TRANSPORTE GERAL DE CARGA SECA, DIMEN. APROX. 2,50 X 6,50 X 0,50 M - MATERIAIS NA OPERAÇÃO. AF_06/2014","H",null,147.97,"147,97"]
["SINAPI","83361","ESPARGIDOR DE ASFALTO PRESSURIZADO, TANQUE 6 M3 COM ISOLAÇÃO TÉRMICA, AQUECIDO COM 2 MAÇARICOS, COM BARRA ESPARGIDORA 3,60 M, MONTADO SOBRE CAMINHÃO  TOCO, PBT 14.300 KG, POTÊNCIA 185 CV - MANUTENÇÃO. AF_08/2015","H",null,40.74,"40,74"]
["SINAPI","83761","GRUPO DE SOLDAGEM COM GERADOR A DIESEL 60 CV PARA SOLDA ELÉTRICA, SOBRE 04 RODAS, COM MOTOR 4 CILINDROS 600 A - DEPRECIAÇÃO. AF_02/2016","H",null,9.41,"9,41"]
["SINAPI","83762","GRUPO DE SOLDAGEM COM GERADOR A DIESEL 60 CV PARA SOLDA ELÉTRICA, SOBRE 04 RODAS, COM MOTOR 4 CILINDROS 600 A - MANUTENÇÃO. AF_02/2016","H",null,8.4,"8,40"]
["SINAPI","83763","GRUPO DE SOLDAGEM COM GERADOR A DIESEL 60 CV PARA SOLDA ELÉTRICA, SOBRE 04 RODAS, COM MOTOR 4 CILINDROS 600 A - MATERIAIS NA OPERAÇÃO. AF_02/2016","H",null,47.99,"47,99"]
["SINAPI","83764","GRUPO DE SOLDAGEM COM GERADOR A DIESEL 60 CV PARA SOLDA ELÉTRICA, SOBRE 04 RODAS, COM MOTOR 4 CILINDROS 600 A - JUROS. AF_02/2016","H",null,1.69,"1,69"]
["SINAPI","87026","GRADE DE DISCO REBOCÁVEL COM 20 DISCOS 24\" X 6 MM COM PNEUS PARA TRANSPORTE - JUROS. AF_06/2014","H",null,0.43,"0,43"]
["SINAPI","87441","BETONEIRA CAPACIDADE NOMINAL 400 L, CAPACIDADE DE MISTURA 310 L, MOTOR A DIESEL POTÊNCIA 5,0 CV, SEM CARREGADOR - DEPRECIAÇÃO. AF_06/2014","H",null,0.51,"0,51"]
["SINAPI","87442","BETONEIRA CAPACIDADE NOMINAL 400 L, CAPACIDADE DE MISTURA 310 L, MOTOR A DIESEL POTÊNCIA 5,0 CV, SEM CARREGADOR - JUROS. AF_06/2014","H",null,0.06,"0,06"]
["SINAPI","87443","BETONEIRA CAPACIDADE NOMINAL 400 L, CAPACIDADE DE MISTURA 310 L, MOTOR A DIESEL POTÊNCIA 5,0 CV, SEM CARREGADOR - MANUTENÇÃO. AF_06/2014","H",null,0.64,"0,64"]
["SINAPI","87444","BETONEIRA CAPACIDADE NOMINAL 400 L, CAPACIDADE DE MISTURA 310 L, MOTOR A DIESEL POTÊNCIA 5,0 CV, SEM CARREGADOR - MATERIAIS NA OPERAÇÃO. AF_06/2014","H",null,4,"4,00"]
["SINAPI","88387","MISTURADOR DE ARGAMASSA, EIXO HORIZONTAL, CAPACIDADE DE MISTURA 300 KG, MOTOR ELÉTRICO POTÊNCIA 5 CV - DEPRECIAÇÃO. AF_06/2014","H",null,1,"1,00"]
["SINAPI","88389","MISTURADOR DE ARGAMASSA, EIXO HORIZONTAL, CAPACIDADE DE MISTURA 300 KG, MOTOR ELÉTRICO POTÊNCIA 5 CV - JUROS. AF_06/2014","H",null,0.11,"0,11"]
["SINAPI","88390","MISTURADOR DE ARGAMASSA, EIXO HORIZONTAL, CAPACIDADE DE MISTURA 300 KG, MOTOR ELÉTRICO POTÊNCIA 5 CV - MANUTENÇÃO. AF_06/2014","H",null,1.09,"1,09"]
["SINAPI","88391","MISTURADOR DE ARGAMASSA, EIXO HORIZONTAL, CAPACIDADE DE MISTURA 300 KG, MOTOR ELÉTRICO POTÊNCIA 5 CV - MATERIAIS NA OPERAÇÃO. AF_06/2014","H",null,2.25,"2,25"]
["SINAPI","88394","MISTURADOR DE ARGAMASSA, EIXO HORIZONTAL, CAPACIDADE DE MISTURA 600 KG, MOTOR ELÉTRICO POTÊNCIA 7,5 CV - DEPRECIAÇÃO. AF_06/2014","H",null,1.19,"1,19"]
["SINAPI","88395","MISTURADOR DE ARGAMASSA, EIXO HORIZONTAL, CAPACIDADE DE MISTURA 600 KG, MOTOR ELÉTRICO POTÊNCIA 7,5 CV - JUROS. AF_06/2014","H",null,0.14,"0,14"]
["SINAPI","88396","MISTURADOR DE ARGAMASSA, EIXO HORIZONTAL, CAPACIDADE DE MISTURA 600 KG, MOTOR ELÉTRICO POTÊNCIA 7,5 CV - MANUTENÇÃO. AF_06/2014","H",null,1.3,"1,30"]
["SINAPI","88397","MISTURADOR DE ARGAMASSA, EIXO HORIZONTAL, CAPACIDADE DE MISTURA 600 KG, MOTOR ELÉTRICO POTÊNCIA 7,5 CV - MATERIAIS NA OPERAÇÃO. AF_06/2014","H",null,3.37,"3,37"]
["SINAPI","88400","MISTURADOR DE ARGAMASSA, EIXO HORIZONTAL, CAPACIDADE DE MISTURA 160 KG, MOTOR ELÉTRICO POTÊNCIA 3 CV - DEPRECIAÇÃO. AF_06/2014","H",null,0.94,"0,94"]
["SINAPI","88401","MISTURADOR DE ARGAMASSA, EIXO HORIZONTAL, CAPACIDADE DE MISTURA 160 KG, MOTOR ELÉTRICO POTÊNCIA 3 CV - JUROS. AF_06/2014","H",null,0.11,"0,11"]
["SINAPI","88402","MISTURADOR DE ARGAMASSA, EIXO HORIZONTAL, CAPACIDADE DE MISTURA 160 KG, MOTOR ELÉTRICO POTÊNCIA 3 CV - MANUTENÇÃO. AF_06/2014","H",null,1.03,"1,03"]
["SINAPI","88403","MISTURADOR DE ARGAMASSA, EIXO HORIZONTAL, CAPACIDADE DE MISTURA 160 KG, MOTOR ELÉTRICO POTÊNCIA 3 CV - MATERIAIS NA OPERAÇÃO. AF_06/2014","H",null,1.35,"1,35"]
["SINAPI","88419","PROJETOR DE ARGAMASSA, CAPACIDADE DE PROJEÇÃO 1,5 M3/H, ALCANCE DE 30 ATÉ 60 M, MOTOR ELÉTRICO POTÊNCIA 7,5 HP - DEPRECIAÇÃO. AF_06/2014","H",null,6.15,"6,15"]
["SINAPI","88422","PROJETOR DE ARGAMASSA, CAPACIDADE DE PROJEÇÃO 1,5 M3/H, ALCANCE DE 30 ATÉ 60 M, MOTOR ELÉTRICO POTÊNCIA 7,5 HP - JUROS. AF_06/2014","H",null,0.73,"0,73"]
["SINAPI","88425","PROJETOR DE ARGAMASSA, CAPACIDADE DE PROJEÇÃO 1,5 M3/H, ALCANCE DE 30 ATÉ 60 M, MOTOR ELÉTRICO POTÊNCIA 7,5 HP - MANUTENÇÃO. AF_06/2014","H",null,7.69,"7,69"]
["SINAPI","88427","PROJETOR DE ARGAMASSA, CAPACIDADE DE PROJEÇÃO 1,5 M3/H, ALCANCE DE 30 ATÉ 60 M, MOTOR ELÉTRICO POTÊNCIA 7,5 HP - MATERIAIS NA OPERAÇÃO. AF_06/2014","H",null,0.76,"0,76"]
["SINAPI","88434","PROJETOR DE ARGAMASSA, CAPACIDADE DE PROJEÇÃO 2 M3/H, ALCANCE ATÉ 50 M, MOTOR ELÉTRICO POTÊNCIA 7,5 HP - DEPRECIAÇÃO. AF_06/2014","H",null,8.16,"8,16"]
["SINAPI","88435","PROJETOR DE ARGAMASSA, CAPACIDADE DE PROJEÇÃO 2 M3/H, ALCANCE ATÉ 50 M, MOTOR ELÉTRICO POTÊNCIA 7,5 HP - JUROS. AF_06/2014","H",null,0.96,"0,96"]
["SINAPI","88436","PROJETOR DE ARGAMASSA, CAPACIDADE DE PROJEÇÃO 2 M3/H, ALCANCE ATÉ 50 M, MOTOR ELÉTRICO POTÊNCIA 7,5 HP - MANUTENÇÃO. AF_06/2014","H",null,10.2,"10,20"]
["SINAPI","88437","PROJETOR DE ARGAMASSA, CAPACIDADE DE PROJEÇÃO 2 M3/H, ALCANCE ATÉ 50 M, MOTOR ELÉTRICO POTÊNCIA 7,5 HP - MATERIAIS NA OPERAÇÃO. AF_06/2014","H",null,0.76,"0,76"]
["SINAPI","88569","ESPARGIDOR DE ASFALTO PRESSURIZADO COM TANQUE DE 2500 L, REBOCÁVEL COM MOTOR A GASOLINA POTÊNCIA 3,4 HP - DEPRECIAÇÃO. AF_07/2014","H",null,3.63,"3,63"]
["SINAPI","88570","ESPARGIDOR DE ASFALTO PRESSURIZADO COM TANQUE DE 2500 L, REBOCÁVEL COM MOTOR A GASOLINA POTÊNCIA 3,4 HP - JUROS. AF_07/2014","H",null,0.6,"0,60"]
["SINAPI","88826","BETONEIRA CAPACIDADE NOMINAL DE 400 L, CAPACIDADE DE MISTURA 280 L, MOTOR ELÉTRICO TRIFÁSICO POTÊNCIA DE 2 CV, SEM CARREGADOR - DEPRECIAÇÃO. AF_10/2014","H",null,0.37,"0,37"]
["SINAPI","88827","BETONEIRA CAPACIDADE NOMINAL DE 400 L, CAPACIDADE DE MISTURA 280 L, MOTOR ELÉTRICO TRIFÁSICO POTÊNCIA DE 2 CV, SEM CARREGADOR - JUROS. AF_10/2014","H",null,0.04,"0,04"]
["SINAPI","88828","BETONEIRA CAPACIDADE NOMINAL DE 400 L, CAPACIDADE DE MISTURA 280 L, MOTOR ELÉTRICO TRIFÁSICO POTÊNCIA DE 2 CV, SEM CARREGADOR - MANUTENÇÃO. AF_10/2014","H",null,0.41,"0,41"]
["SINAPI","88829","BETONEIRA CAPACIDADE NOMINAL DE 400 L, CAPACIDADE DE MISTURA 280 L, MOTOR ELÉTRICO TRIFÁSICO POTÊNCIA DE 2 CV, SEM CARREGADOR - MATERIAIS NA OPERAÇÃO. AF_10/2014","H",null,0.9,"0,90"]
["SINAPI","88832","ESCAVADEIRA HIDRÁULICA SOBRE ESTEIRAS, CAÇAMBA 0,80 M3, PESO OPERACIONAL 17,8 T, POTÊNCIA LÍQUIDA 110 HP - DEPRECIAÇÃO. AF_10/2014","H",null,47.55,"47,55"]
["SINAPI","88834","ESCAVADEIRA HIDRÁULICA SOBRE ESTEIRAS, CAÇAMBA 0,80 M3, PESO OPERACIONAL 17,8 T, POTÊNCIA LÍQUIDA 110 HP - JUROS. AF_10/2014","H",null,6.45,"6,45"]
["SINAPI","88835","ESCAVADEIRA HIDRÁULICA SOBRE ESTEIRAS, CAÇAMBA 0,80 M3, PESO OPERACIONAL 17,8 T, POTÊNCIA LÍQUIDA 110 HP - MANUTENÇÃO. AF_10/2014","H",null,59.44,"59,44"]
["SINAPI","88836","ESCAVADEIRA HIDRÁULICA SOBRE ESTEIRAS, CAÇAMBA 0,80 M3, PESO OPERACIONAL 17,8 T, POTÊNCIA LÍQUIDA 110 HP - MATERIAIS NA OPERAÇÃO. AF_10/2014","H",null,61.03,"61,03"]
["SINAPI","88839","TRATOR DE ESTEIRAS, POTÊNCIA 125 HP, PESO OPERACIONAL 12,9 T, COM LÂMINA 2,7 M3 - DEPRECIAÇÃO. AF_10/2014","H",null,32.38,"32,38"]
["SINAPI","88840","TRATOR DE ESTEIRAS, POTÊNCIA 125 HP, PESO OPERACIONAL 12,9 T, COM LÂMINA 2,7 M3 - JUROS. AF_10/2014","H",null,7.29,"7,29"]
["SINAPI","88841","TRATOR DE ESTEIRAS, POTÊNCIA 125 HP, PESO OPERACIONAL 12,9 T, COM LÂMINA 2,7 M3 - MANUTENÇÃO. AF_10/2014","H",null,57.9,"57,90"]
["SINAPI","88842","TRATOR DE ESTEIRAS, POTÊNCIA 125 HP, PESO OPERACIONAL 12,9 T, COM LÂMINA 2,7 M3 - MATERIAIS NA OPERAÇÃO. AF_10/2014","H",null,74.7,"74,70"]
["SINAPI","88847","USINA DE LAMA ASFÁLTICA, PROD 30 A 50 T/H, SILO DE AGREGADO 7 M3, RESERVATÓRIOS PARA EMULSÃO E ÁGUA DE 2,3 M3 CADA, MISTURADOR TIPO PUG MILL A SER MONTADO SOBRE CAMINHÃO - DEPRECIAÇÃO. AF_10/2014","H",null,20.88,"20,88"]
["SINAPI","88848","USINA DE LAMA ASFÁLTICA, PROD 30 A 50 T/H, SILO DE AGREGADO 7 M3, RESERVATÓRIOS PARA EMULSÃO E ÁGUA DE 2,3 M3 CADA, MISTURADOR TIPO PUG MILL A SER MONTADO SOBRE CAMINHÃO - JUROS. AF_10/2014","H",null,4.38,"4,38"]
["SINAPI","88853","MOTOBOMBA CENTRÍFUGA, MOTOR A GASOLINA, POTÊNCIA 5,42 HP, BOCAIS 1 1/2\" X 1\", DIÂMETRO ROTOR 143 MM HM/Q = 6 MCA / 16,8 M3/H A 38 MCA / 6,6 M3/H - DEPRECIAÇÃO. AF_06/2014","H",null,0.25,"0,25"]
["SINAPI","88854","MOTOBOMBA CENTRÍFUGA, MOTOR A GASOLINA, POTÊNCIA 5,42 HP, BOCAIS 1 1/2\" X 1\", DIÂMETRO ROTOR 143 MM HM/Q = 6 MCA / 16,8 M3/H A 38 MCA / 6,6 M3/H - JUROS. AF_06/2014","H",null,0.02,"0,02"]
["SINAPI","88855","GRADE DE DISCO CONTROLE REMOTO REBOCÁVEL, COM 24 DISCOS 24\u0094 X 6 MM COM PNEUS PARA TRANSPORTE - DEPRECIAÇÃO. AF_06/2014","H",null,3.91,"3,91"]
["SINAPI","88856","GRADE DE DISCO CONTROLE REMOTO REBOCÁVEL, COM 24 DISCOS 24\u0094 X 6 MM COM PNEUS PARA TRANSPORTE - JUROS. AF_06/2014","H",null,0.54,"0,54"]
["SINAPI","88857","RETROESCAVADEIRA SOBRE RODAS COM CARREGADEIRA, TRAÇÃO 4X4, POTÊNCIA LÍQ. 88 HP, CAÇAMBA CARREG. CAP. MÍN. 1 M3, CAÇAMBA RETRO CAP. 0,26 M3, PESO OPERACIONAL MÍN. 6.674 KG, PROFUNDIDADE ESCAVAÇÃO MÁX. 4,37 M - DEPRECIAÇÃO. AF_06/2014","H",null,27.86,"27,86"]
["SINAPI","88858","RETROESCAVADEIRA SOBRE RODAS COM CARREGADEIRA, TRAÇÃO 4X4, POTÊNCIA LÍQ. 88 HP, CAÇAMBA CARREG. CAP. MÍN. 1 M3, CAÇAMBA RETRO CAP. 0,26 M3, PESO OPERACIONAL MÍN. 6.674 KG, PROFUNDIDADE ESCAVAÇÃO MÁX. 4,37 M - JUROS. AF_06/2014","H",null,3.78,"3,78"]
["SINAPI","88859","RETROESCAVADEIRA SOBRE RODAS COM CARREGADEIRA, TRAÇÃO 4X2, POTÊNCIA LÍQ. 79 HP, CAÇAMBA CARREG. CAP. MÍN. 1 M3, CAÇAMBA RETRO CAP. 0,20 M3, PESO OPERACIONAL MÍN. 6.570 KG, PROFUNDIDADE ESCAVAÇÃO MÁX. 4,37 M - DEPRECIAÇÃO. AF_06/2014","H",null,24.78,"24,78"]
["SINAPI","88860","RETROESCAVADEIRA SOBRE RODAS COM CARREGADEIRA, TRAÇÃO 4X2, POTÊNCIA LÍQ. 79 HP, CAÇAMBA CARREG. CAP. MÍN. 1 M3, CAÇAMBA RETRO CAP. 0,20 M3, PESO OPERACIONAL MÍN. 6.570 KG, PROFUNDIDADE ESCAVAÇÃO MÁX. 4,37 M - JUROS. AF_06/2014","H",null,3.36,"3,36"]
["SINAPI","88900","ESCAVADEIRA HIDRÁULICA SOBRE ESTEIRAS, CAÇAMBA 1,20 M3, PESO OPERACIONAL 21 T, POTÊNCIA BRUTA 155 HP - DEPRECIAÇÃO. AF_06/2014","H",null,55.44,"55,44"]
["SINAPI","88902","ESCAVADEIRA HIDRÁULICA SOBRE ESTEIRAS, CAÇAMBA 1,20 M3, PESO OPERACIONAL 21 T, POTÊNCIA BRUTA 155 HP - JUROS. AF_06/2014","H",null,7.52,"7,52"]
["SINAPI","88903","ESCAVADEIRA HIDRÁULICA SOBRE ESTEIRAS, CAÇAMBA 1,20 M3, PESO OPERACIONAL 21 T, POTÊNCIA BRUTA 155 HP - MANUTENÇÃO. AF_06/2014","H",null,69.3,"69,30"]
["SINAPI","88904","ESCAVADEIRA HIDRÁULICA SOBRE ESTEIRAS, CAÇAMBA 1,20 M3, PESO OPERACIONAL 21 T, POTÊNCIA BRUTA 155 HP - MATERIAIS NA OPERAÇÃO. AF_06/2014","H",null,85.97,"85,97"]
["SINAPI","89009","TRATOR DE ESTEIRAS, POTÊNCIA 150 HP, PESO OPERACIONAL 16,7 T, COM RODA MOTRIZ ELEVADA E LÂMINA 3,18 M3 - DEPRECIAÇÃO. AF_06/2014","H",null,40.11,"40,11"]
["SINAPI","89010","TRATOR DE ESTEIRAS, POTÊNCIA 150 HP, PESO OPERACIONAL 16,7 T, COM RODA MOTRIZ ELEVADA E LÂMINA 3,18 M3 - JUROS. AF_06/2014","H",null,9.03,"9,03"]
["SINAPI","89011","RETROESCAVADEIRA SOBRE RODAS COM CARREGADEIRA, TRAÇÃO 4X4, POTÊNCIA LÍQ. 72 HP, CAÇAMBA CARREG. CAP. MÍN. 0,79 M3, CAÇAMBA RETRO CAP. 0,18 M3, PESO OPERACIONAL MÍN. 7.140 KG, PROFUNDIDADE ESCAVAÇÃO MÁX. 4,50 M - DEPRECIAÇÃO. AF_06/2014","H",null,26.88,"26,88"]
["SINAPI","89012","RETROESCAVADEIRA SOBRE RODAS COM CARREGADEIRA, TRAÇÃO 4X4, POTÊNCIA LÍQ. 72 HP, CAÇAMBA CARREG. CAP. MÍN. 0,79 M3, CAÇAMBA RETRO CAP. 0,18 M3, PESO OPERACIONAL MÍN. 7.140 KG, PROFUNDIDADE ESCAVAÇÃO MÁX. 4,50 M - JUROS. AF_06/2014","H",null,3.64,"3,64"]
["SINAPI","89013","TRATOR DE ESTEIRAS, POTÊNCIA 347 HP, PESO OPERACIONAL 38,5 T, COM LÂMINA 8,70 M3 - DEPRECIAÇÃO. AF_06/2014","H",null,131.41,"131,41"]
["SINAPI","89014","TRATOR DE ESTEIRAS, POTÊNCIA 347 HP, PESO OPERACIONAL 38,5 T, COM LÂMINA 8,70 M3 - JUROS. AF_06/2014","H",null,29.57,"29,57"]
["SINAPI","89015","VASSOURA MECÂNICA REBOCÁVEL COM ESCOVA CILÍNDRICA, LARGURA ÚTIL DE VARRIMENTO DE 2,44 M - DEPRECIAÇÃO. AF_06/2014","H",null,4.52,"4,52"]
["SINAPI","89016","VASSOURA MECÂNICA REBOCÁVEL COM ESCOVA CILÍNDRICA, LARGURA ÚTIL DE VARRIMENTO DE 2,44 M - JUROS. AF_06/2014","H",null,0.61,"0,61"]
["SINAPI","89017","TRATOR DE ESTEIRAS, POTÊNCIA 170 HP, PESO OPERACIONAL 19 T, CAÇAMBA 5,2 M3 - DEPRECIAÇÃO. AF_06/2014","H",null,39.87,"39,87"]
["SINAPI","89018","TRATOR DE ESTEIRAS, POTÊNCIA 170 HP, PESO OPERACIONAL 19 T, CAÇAMBA 5,2 M3 - JUROS. AF_06/2014","H",null,8.97,"8,97"]
["SINAPI","89019","BOMBA SUBMERSÍVEL ELÉTRICA TRIFÁSICA, POTÊNCIA 2,96 HP, Ø ROTOR 144 MM SEMI-ABERTO, BOCAL DE SAÍDA Ø 2\u0094, HM/Q = 2 MCA / 38,8 M3/H A 28 MCA / 5 M3/H - DEPRECIAÇÃO. AF_06/2014","H",null,0.46,"0,46"]
["SINAPI","89020","BOMBA SUBMERSÍVEL ELÉTRICA TRIFÁSICA, POTÊNCIA 2,96 HP, Ø ROTOR 144 MM SEMI-ABERTO, BOCAL DE SAÍDA Ø 2\u0094, HM/Q = 2 MCA / 38,8 M3/H A 28 MCA / 5 M3/H - JUROS. AF_06/2014","H",null,0.05,"0,05"]
["SINAPI","89023","TANQUE DE ASFALTO ESTACIONÁRIO COM MAÇARICO, CAPACIDADE 20.000 L - DEPRECIAÇÃO. AF_06/2014","H",null,3.69,"3,69"]
["SINAPI","89024","TANQUE DE ASFALTO ESTACIONÁRIO COM MAÇARICO, CAPACIDADE 20.000 L - JUROS. AF_06/2014","H",null,0.65,"0,65"]
["SINAPI","89025","TANQUE DE ASFALTO ESTACIONÁRIO COM MAÇARICO, CAPACIDADE 20.000 L - MANUTENÇÃO. AF_06/2014","H",null,4.61,"4,61"]
["SINAPI","89026","TANQUE DE ASFALTO ESTACIONÁRIO COM MAÇARICO, CAPACIDADE 20.000 L - MATERIAIS NA OPERAÇÃO. AF_06/2014","H",null,163.42,"163,42"]
["SINAPI","89029","TRATOR DE ESTEIRAS, POTÊNCIA 100 HP, PESO OPERACIONAL 9,4 T, COM LÂMINA 2,19 M3 - DEPRECIAÇÃO. AF_06/2014","H",null,30.94,"30,94"]
["SINAPI","89030","TRATOR DE ESTEIRAS, POTÊNCIA 100 HP, PESO OPERACIONAL 9,4 T, COM LÂMINA 2,19 M3 - JUROS. AF_06/2014","H",null,6.96,"6,96"]
["SINAPI","89033","TRATOR DE PNEUS, POTÊNCIA 85 CV, TRAÇÃO 4X4, PESO COM LASTRO DE 4.675 KG - DEPRECIAÇÃO. AF_06/2014","H",null,16.25,"16,25"]
["SINAPI","89034","TRATOR DE PNEUS, POTÊNCIA 85 CV, TRAÇÃO 4X4, PESO COM LASTRO DE 4.675 KG - JUROS. AF_06/2014","H",null,2.25,"2,25"]
["SINAPI","89128","PÁ CARREGADEIRA SOBRE RODAS, POTÊNCIA LÍQUIDA 128 HP, CAPACIDADE DA CAÇAMBA 1,7 A 2,8 M3, PESO OPERACIONAL 11632 KG - DEPRECIAÇÃO. AF_06/2014","H",null,45.78,"45,78"]
["SINAPI","89129","PÁ CARREGADEIRA SOBRE RODAS, POTÊNCIA LÍQUIDA 128 HP, CAPACIDADE DA CAÇAMBA 1,7 A 2,8 M3, PESO OPERACIONAL 11632 KG - JUROS. AF_06/2014","H",null,6.21,"6,21"]
["SINAPI","89130","PÁ CARREGADEIRA SOBRE RODAS, POTÊNCIA 197 HP, CAPACIDADE DA CAÇAMBA 2,5 A 3,5 M3, PESO OPERACIONAL 18338 KG - DEPRECIAÇÃO. AF_06/2014","H",null,63.48,"63,48"]
["SINAPI","89131","PÁ CARREGADEIRA SOBRE RODAS, POTÊNCIA 197 HP, CAPACIDADE DA CAÇAMBA 2,5 A 3,5 M3, PESO OPERACIONAL 18338 KG - JUROS. AF_06/2014","H",null,8.61,"8,61"]
["SINAPI","89210","ROLO COMPACTADOR VIBRATÓRIO DE UM CILINDRO AÇO LISO, POTÊNCIA 80 HP, PESO OPERACIONAL MÁXIMO 8,1 T, IMPACTO DINÂMICO 16,15 / 9,5 T, LARGURA DE TRABALHO 1,68 M - DEPRECIAÇÃO. AF_06/2014","H",null,25.47,"25,47"]
["SINAPI","89211","ROLO COMPACTADOR VIBRATÓRIO DE UM CILINDRO AÇO LISO, POTÊNCIA 80 HP, PESO OPERACIONAL MÁXIMO 8,1 T, IMPACTO DINÂMICO 16,15 / 9,5 T, LARGURA DE TRABALHO 1,68 M - JUROS. AF_06/2014","H",null,3.53,"3,53"]
["SINAPI","89212","BATE-ESTACAS POR GRAVIDADE, POTÊNCIA DE 160 HP, PESO DO MARTELO ATÉ 3 TONELADAS - DEPRECIAÇÃO. AF_11/2014","H",null,28.91,"28,91"]
["SINAPI","89213","BATE-ESTACAS POR GRAVIDADE, POTÊNCIA DE 160 HP, PESO DO MARTELO ATÉ 3 TONELADAS - JUROS. AF_11/2014","H",null,4.55,"4,55"]
["SINAPI","89214","BATE-ESTACAS POR GRAVIDADE, POTÊNCIA DE 160 HP, PESO DO MARTELO ATÉ 3 TONELADAS - MANUTENÇÃO. AF_11/2014","H",null,27.14,"27,14"]
["SINAPI","89215","BATE-ESTACAS POR GRAVIDADE, POTÊNCIA DE 160 HP, PESO DO MARTELO ATÉ 3 TONELADAS - MATERIAIS NA OPERAÇÃO. AF_11/2014","H",null,88.77,"88,77"]
["SINAPI","89221","BETONEIRA CAPACIDADE NOMINAL DE 600 L, CAPACIDADE DE MISTURA 360 L, MOTOR ELÉTRICO TRIFÁSICO POTÊNCIA DE 4 CV, SEM CARREGADOR - DEPRECIAÇÃO. AF_11/2014","H",null,1.53,"1,53"]
["SINAPI","89222","BETONEIRA CAPACIDADE NOMINAL DE 600 L, CAPACIDADE DE MISTURA 360 L, MOTOR ELÉTRICO TRIFÁSICO POTÊNCIA DE 4 CV, SEM CARREGADOR - JUROS. AF_11/2014","H",null,0.18,"0,18"]
["SINAPI","89223","BETONEIRA CAPACIDADE NOMINAL DE 600 L, CAPACIDADE DE MISTURA 360 L, MOTOR ELÉTRICO TRIFÁSICO POTÊNCIA DE 4 CV, SEM CARREGADOR - MANUTENÇÃO. AF_11/2014","H",null,1.67,"1,67"]
["SINAPI","89224","BETONEIRA CAPACIDADE NOMINAL DE 600 L, CAPACIDADE DE MISTURA 360 L, MOTOR ELÉTRICO TRIFÁSICO POTÊNCIA DE 4 CV, SEM CARREGADOR - MATERIAIS NA OPERAÇÃO. AF_11/2014","H",null,1.8,"1,80"]
["SINAPI","89228","MOTONIVELADORA POTÊNCIA BÁSICA LÍQUIDA (PRIMEIRA MARCHA) 125 HP, PESO BRUTO 13032 KG, LARGURA DA LÂMINA DE 3,7 M - DEPRECIAÇÃO. AF_06/2014","H",null,47.8,"47,80"]
["SINAPI","89229","MOTONIVELADORA POTÊNCIA BÁSICA LÍQUIDA (PRIMEIRA MARCHA) 125 HP, PESO BRUTO 13032 KG, LARGURA DA LÂMINA DE 3,7 M - JUROS. AF_06/2014","H",null,8.6,"8,60"]
["SINAPI","89230","FRESADORA DE ASFALTO A FRIO SOBRE RODAS, LARGURA FRESAGEM DE 1,0 M, POTÊNCIA 208 HP - DEPRECIAÇÃO. AF_11/2014","H",null,140.84,"140,84"]
["SINAPI","89231","FRESADORA DE ASFALTO A FRIO SOBRE RODAS, LARGURA FRESAGEM DE 1,0 M, POTÊNCIA 208 HP - JUROS. AF_11/2014","H",null,22.31,"22,31"]
["SINAPI","89232","FRESADORA DE ASFALTO A FRIO SOBRE RODAS, LARGURA FRESAGEM DE 1,0 M, POTÊNCIA 208 HP - MANUTENÇÃO. AF_11/2014","H",null,251.22,"251,22"]
["SINAPI","89233","FRESADORA DE ASFALTO A FRIO SOBRE RODAS, LARGURA FRESAGEM DE 1,0 M, POTÊNCIA 208 HP - MATERIAIS NA OPERAÇÃO. AF_11/2014","H",null,159.75,"159,75"]
["SINAPI","89236","FRESADORA DE ASFALTO A FRIO SOBRE RODAS, LARGURA FRESAGEM DE 2,0 M, POTÊNCIA 550 HP - DEPRECIAÇÃO. AF_11/2014","H",null,329,"329,00"]
["SINAPI","89237","FRESADORA DE ASFALTO A FRIO SOBRE RODAS, LARGURA FRESAGEM DE 2,0 M, POTÊNCIA 550 HP - JUROS. AF_11/2014","H",null,52.13,"52,13"]
["SINAPI","89238","FRESADORA DE ASFALTO A FRIO SOBRE RODAS, LARGURA FRESAGEM DE 2,0 M, POTÊNCIA 550 HP - MANUTENÇÃO. AF_11/2014","H",null,586.85,"586,85"]
["SINAPI","89239","FRESADORA DE ASFALTO A FRIO SOBRE RODAS, LARGURA FRESAGEM DE 2,0 M, POTÊNCIA 550 HP - MATERIAIS NA OPERAÇÃO. AF_11/2014","H",null,422.47,"422,47"]
["SINAPI","89240","VIBROACABADORA DE ASFALTO SOBRE ESTEIRAS, LARGURA DE PAVIMENTAÇÃO 1,90 M A 5,30 M, POTÊNCIA 105 HP CAPACIDADE 450 T/H - DEPRECIAÇÃO. AF_11/2014","H",null,100.96,"100,96"]
["SINAPI","89241","VIBROACABADORA DE ASFALTO SOBRE ESTEIRAS, LARGURA DE PAVIMENTAÇÃO 1,90 M A 5,30 M, POTÊNCIA 105 HP CAPACIDADE 450 T/H - JUROS. AF_11/2014","H",null,18.17,"18,17"]
["SINAPI","89246","RECICLADORA DE ASFALTO A FRIO SOBRE RODAS, LARGURA FRESAGEM DE 2,0 M, POTÊNCIA 422 HP - DEPRECIAÇÃO. AF_11/2014","H",null,285.88,"285,88"]
["SINAPI","89247","RECICLADORA DE ASFALTO A FRIO SOBRE RODAS, LARGURA FRESAGEM DE 2,0 M, POTÊNCIA 422 HP - JUROS. AF_11/2014","H",null,45.3,"45,30"]
["SINAPI","89248","RECICLADORA DE ASFALTO A FRIO SOBRE RODAS, LARGURA FRESAGEM DE 2,0 M, POTÊNCIA 422 HP - MANUTENÇÃO. AF_11/2014","H",null,509.93,"509,93"]
["SINAPI","89249","RECICLADORA DE ASFALTO A FRIO SOBRE RODAS, LARGURA FRESAGEM DE 2,0 M, POTÊNCIA 422 HP - MATERIAIS NA OPERAÇÃO. AF_11/2014","H",null,360.13,"360,13"]
["SINAPI","89253","VIBROACABADORA DE ASFALTO SOBRE ESTEIRAS, LARGURA DE PAVIMENTAÇÃO 2,13 M A 4,55 M, POTÊNCIA 100 HP, CAPACIDADE 400 T/H - DEPRECIAÇÃO. AF_11/2014","H",null,82.74,"82,74"]
["SINAPI","89254","VIBROACABADORA DE ASFALTO SOBRE ESTEIRAS, LARGURA DE PAVIMENTAÇÃO 2,13 M A 4,55 M, POTÊNCIA 100 HP, CAPACIDADE 400 T/H - JUROS. AF_11/2014","H",null,14.89,"14,89"]
["SINAPI","89255","VIBROACABADORA DE ASFALTO SOBRE ESTEIRAS, LARGURA DE PAVIMENTAÇÃO 2,13 M A 4,55 M, POTÊNCIA 100 HP, CAPACIDADE 400 T/H - MANUTENÇÃO. AF_11/2014","H",null,133,"133,00"]
["SINAPI","89256","VIBROACABADORA DE ASFALTO SOBRE ESTEIRAS, LARGURA DE PAVIMENTAÇÃO 2,13 M A 4,55 M, POTÊNCIA 100 HP, CAPACIDADE 400 T/H - MATERIAIS NA OPERAÇÃO. AF_11/2014","H",null,81.05,"81,05"]
["SINAPI","89259","GUINDAUTO HIDRÁULICO, CAPACIDADE MÁXIMA DE CARGA 6200 KG, MOMENTO MÁXIMO DE CARGA 11,7 TM, ALCANCE MÁXIMO HORIZONTAL 9,70 M, INCLUSIVE CAMINHÃO TOCO PBT 16.000 KG, POTÊNCIA DE 189 CV - DEPRECIAÇÃO. AF_06/2014","H",null,26.3,"26,30"]
["SINAPI","89260","GUINDAUTO HIDRÁULICO, CAPACIDADE MÁXIMA DE CARGA 6200 KG, MOMENTO MÁXIMO DE CARGA 11,7 TM, ALCANCE MÁXIMO HORIZONTAL 9,70 M, INCLUSIVE CAMINHÃO TOCO PBT 16.000 KG, POTÊNCIA DE 189 CV - JUROS. AF_06/2014","H",null,4.91,"4,91"]
["SINAPI","89262","GUINDAUTO HIDRÁULICO, CAPACIDADE MÁXIMA DE CARGA 6200 KG, MOMENTO MÁXIMO DE CARGA 11,7 TM, ALCANCE MÁXIMO HORIZONTAL 9,70 M, INCLUSIVE CAMINHÃO TOCO PBT 16.000 KG, POTÊNCIA DE 189 CV - MANUTENÇÃO. AF_06/2014","H",null,44.52,"44,52"]
["SINAPI","89264","CAMINHÃO TOCO, PBT 16.000 KG, CARGA ÚTIL MÁX. 10.685 KG, DIST. ENTRE EIXOS 4,8 M, POTÊNCIA 189 CV, INCLUSIVE CARROCERIA FIXA ABERTA DE MADEIRA P/ TRANSPORTE GERAL DE CARGA SECA, DIMEN. APROX. 2,5 X 7,00 X 0,50 M - DEPRECIAÇÃO. AF_06/2014","H",null,20.38,"20,38"]
["SINAPI","89265","CAMINHÃO TOCO, PBT 16.000 KG, CARGA ÚTIL MÁX. 10.685 KG, DIST. ENTRE EIXOS 4,8 M, POTÊNCIA 189 CV, INCLUSIVE CARROCERIA FIXA ABERTA DE MADEIRA P/ TRANSPORTE GERAL DE CARGA SECA, DIMEN. APROX. 2,5 X 7,00 X 0,50 M - JUROS. AF_06/2014","H",null,4.13,"4,13"]
["SINAPI","89266","CAMINHÃO TOCO, PBT 16.000 KG, CARGA ÚTIL MÁX. 10.685 KG, DIST. ENTRE EIXOS 4,8 M, POTÊNCIA 189 CV, INCLUSIVE CARROCERIA FIXA ABERTA DE MADEIRA P/ TRANSPORTE GERAL DE CARGA SECA, DIMEN. APROX. 2,5 X 7,00 X 0,50 M - IMPOSTOS E SEGUROS. AF_06/2014","H",null,3.27,"3,27"]
["SINAPI","89267","GUINDASTE HIDRÁULICO AUTOPROPELIDO, COM LANÇA TELESCÓPICA 28,80 M, CAPACIDADE MÁXIMA 30 T, POTÊNCIA 97 KW, TRAÇÃO 4 X 4 - DEPRECIAÇÃO. AF_11/2014","H",null,50.32,"50,32"]
["SINAPI","89268","GUINDASTE HIDRÁULICO AUTOPROPELIDO, COM LANÇA TELESCÓPICA 28,80 M, CAPACIDADE MÁXIMA 30 T, POTÊNCIA 97 KW, TRAÇÃO 4 X 4 - JUROS. AF_11/2014","H",null,9.05,"9,05"]
["SINAPI","89269","GUINDASTE HIDRÁULICO AUTOPROPELIDO, COM LANÇA TELESCÓPICA 28,80 M, CAPACIDADE MÁXIMA 30 T, POTÊNCIA 97 KW, TRAÇÃO 4 X 4 - IMPOSTOS E SEGUROS. AF_11/2014","H",null,7.17,"7,17"]
["SINAPI","89270","GUINDASTE HIDRÁULICO AUTOPROPELIDO, COM LANÇA TELESCÓPICA 28,80 M, CAPACIDADE MÁXIMA 30 T, POTÊNCIA 97 KW, TRAÇÃO 4 X 4 - MANUTENÇÃO. AF_11/2014","H",null,80.9,"80,90"]
["SINAPI","89271","GUINDASTE HIDRÁULICO AUTOPROPELIDO, COM LANÇA TELESCÓPICA 28,80 M, CAPACIDADE MÁXIMA 30 T, POTÊNCIA 97 KW, TRAÇÃO 4 X 4 - MATERIAIS NA OPERAÇÃO. AF_11/2014","H",null,27.74,"27,74"]
["SINAPI","89274","BETONEIRA CAPACIDADE NOMINAL DE 600 L, CAPACIDADE DE MISTURA 440 L, MOTOR A DIESEL POTÊNCIA 10 CV, COM CARREGADOR - DEPRECIAÇÃO. AF_11/2014","H",null,1.86,"1,86"]
["SINAPI","89275","BETONEIRA CAPACIDADE NOMINAL DE 600 L, CAPACIDADE DE MISTURA 440 L, MOTOR A DIESEL POTÊNCIA 10 CV, COM CARREGADOR - JUROS. AF_11/2014","H",null,0.22,"0,22"]
["SINAPI","89276","BETONEIRA CAPACIDADE NOMINAL DE 600 L, CAPACIDADE DE MISTURA 440 L, MOTOR A DIESEL POTÊNCIA 10 CV, COM CARREGADOR - MANUTENÇÃO. AF_11/2014","H",null,2.33,"2,33"]
["SINAPI","89277","BETONEIRA CAPACIDADE NOMINAL DE 600 L, CAPACIDADE DE MISTURA 440 L, MOTOR A DIESEL POTÊNCIA 10 CV, COM CARREGADOR - MATERIAIS NA OPERAÇÃO. AF_11/2014","H",null,8,"8,00"]
["SINAPI","89280","ROLO COMPACTADOR VIBRATÓRIO TANDEM AÇO LISO, POTÊNCIA 58 HP, PESO SEM/COM LASTRO 6,5 / 9,4 T, LARGURA DE TRABALHO 1,2 M - DEPRECIAÇÃO. AF_06/2014","H",null,31.28,"31,28"]
["SINAPI","89281","ROLO COMPACTADOR VIBRATÓRIO TANDEM AÇO LISO, POTÊNCIA 58 HP, PESO SEM/COM LASTRO 6,5 / 9,4 T, LARGURA DE TRABALHO 1,2 M - JUROS. AF_06/2014","H",null,4.34,"4,34"]
["SINAPI","89870","CAMINHÃO BASCULANTE 14 M3, COM CAVALO MECÂNICO DE CAPACIDADE MÁXIMA DE TRAÇÃO COMBINADO DE 36000 KG, POTÊNCIA 286 CV, INCLUSIVE SEMIREBOQUE COM CAÇAMBA METÁLICA - DEPRECIAÇÃO. AF_12/2014","H",null,38.63,"38,63"]
["SINAPI","89871","CAMINHÃO BASCULANTE 14 M3, COM CAVALO MECÂNICO DE CAPACIDADE MÁXIMA DE TRAÇÃO COMBINADO DE 36000 KG, POTÊNCIA 286 CV, INCLUSIVE SEMIREBOQUE COM CAÇAMBA METÁLICA - JUROS. AF_12/2014","H",null,6.87,"6,87"]
["SINAPI","89872","CAMINHÃO BASCULANTE 14 M3, COM CAVALO MECÂNICO DE CAPACIDADE MÁXIMA DE TRAÇÃO COMBINADO DE 36000 KG, POTÊNCIA 286 CV, INCLUSIVE SEMIREBOQUE COM CAÇAMBA METÁLICA - IMPOSTOS E SEGUROS. AF_12/2014","H",null,5.45,"5,45"]
["SINAPI","89873","CAMINHÃO BASCULANTE 14 M3, COM CAVALO MECÂNICO DE CAPACIDADE MÁXIMA DE TRAÇÃO COMBINADO DE 36000 KG, POTÊNCIA 286 CV, INCLUSIVE SEMIREBOQUE COM CAÇAMBA METÁLICA - MANUTENÇÃO. AF_12/2014","H",null,65.82,"65,82"]
["SINAPI","89874","CAMINHÃO BASCULANTE 14 M3, COM CAVALO MECÂNICO DE CAPACIDADE MÁXIMA DE TRAÇÃO COMBINADO DE 36000 KG, POTÊNCIA 286 CV, INCLUSIVE SEMIREBOQUE COM CAÇAMBA METÁLICA - MATERIAIS NA OPERAÇÃO. AF_12/2014","H",null,168.56,"168,56"]
["SINAPI","89878","CAMINHÃO BASCULANTE 18 M3, COM CAVALO MECÂNICO DE CAPACIDADE MÁXIMA DE TRAÇÃO COMBINADO DE 45000 KG, POTÊNCIA 330 CV, INCLUSIVE SEMIREBOQUE COM CAÇAMBA METÁLICA - DEPRECIAÇÃO. AF_12/2014","H",null,41.45,"41,45"]
["SINAPI","89879","CAMINHÃO BASCULANTE 18 M3, COM CAVALO MECÂNICO DE CAPACIDADE MÁXIMA DE TRAÇÃO COMBINADO DE 45000 KG, POTÊNCIA 330 CV, INCLUSIVE SEMIREBOQUE COM CAÇAMBA METÁLICA - JUROS. AF_12/2014","H",null,7.24,"7,24"]
["SINAPI","89880","CAMINHÃO BASCULANTE 18 M3, COM CAVALO MECÂNICO DE CAPACIDADE MÁXIMA DE TRAÇÃO COMBINADO DE 45000 KG, POTÊNCIA 330 CV, INCLUSIVE SEMIREBOQUE COM CAÇAMBA METÁLICA - IMPOSTOS E SEGUROS. AF_12/2014","H",null,5.74,"5,74"]
["SINAPI","89881","CAMINHÃO BASCULANTE 18 M3, COM CAVALO MECÂNICO DE CAPACIDADE MÁXIMA DE TRAÇÃO COMBINADO DE 45000 KG, POTÊNCIA 330 CV, INCLUSIVE SEMIREBOQUE COM CAÇAMBA METÁLICA - MANUTENÇÃO. AF_12/2014","H",null,69.91,"69,91"]
["SINAPI","89882","CAMINHÃO BASCULANTE 18 M3, COM CAVALO MECÂNICO DE CAPACIDADE MÁXIMA DE TRAÇÃO COMBINADO DE 45000 KG, POTÊNCIA 330 CV, INCLUSIVE SEMIREBOQUE COM CAÇAMBA METÁLICA - MATERIAIS NA OPERAÇÃO. AF_12/2014","H",null,194.48,"194,48"]
["SINAPI","90582","VIBRADOR DE IMERSÃO, DIÂMETRO DE PONTEIRA 45MM, MOTOR ELÉTRICO TRIFÁSICO POTÊNCIA DE 2 CV - DEPRECIAÇÃO. AF_06/2015","H",null,0.45,"0,45"]
["SINAPI","90583","VIBRADOR DE IMERSÃO, DIÂMETRO DE PONTEIRA 45MM, MOTOR ELÉTRICO TRIFÁSICO POTÊNCIA DE 2 CV - JUROS. AF_06/2015","H",null,0.05,"0,05"]
["SINAPI","90584","VIBRADOR DE IMERSÃO, DIÂMETRO DE PONTEIRA 45MM, MOTOR ELÉTRICO TRIFÁSICO POTÊNCIA DE 2 CV - MANUTENÇÃO. AF_06/2015","H",null,0.35,"0,35"]
["SINAPI","90585","VIBRADOR DE IMERSÃO, DIÂMETRO DE PONTEIRA 45MM, MOTOR ELÉTRICO TRIFÁSICO POTÊNCIA DE 2 CV - MATERIAIS NA OPERAÇÃO. AF_06/2015","H",null,0.37,"0,37"]
["SINAPI","90621","PERFURATRIZ MANUAL, TORQUE MÁXIMO 83 N.M, POTÊNCIA 5 CV, COM DIÂMETRO MÁXIMO 4\" - DEPRECIAÇÃO. AF_06/2015","H",null,2.17,"2,17"]
["SINAPI","90622","PERFURATRIZ MANUAL, TORQUE MÁXIMO 83 N.M, POTÊNCIA 5 CV, COM DIÂMETRO MÁXIMO 4\" - JUROS. AF_06/2015","H",null,0.25,"0,25"]
["SINAPI","90623","PERFURATRIZ MANUAL, TORQUE MÁXIMO 83 N.M, POTÊNCIA 5 CV, COM DIÂMETRO MÁXIMO 4\" - MANUTENÇÃO. AF_06/2015","H",null,2.72,"2,72"]
["SINAPI","90624","PERFURATRIZ MANUAL, TORQUE MÁXIMO 83 N.M, POTÊNCIA 5 CV, COM DIÂMETRO MÁXIMO 4\" - MATERIAIS NA OPERAÇÃO. AF_06/2015","H",null,2.25,"2,25"]
["SINAPI","90627","PERFURATRIZ SOBRE ESTEIRA, TORQUE MÁXIMO 600 KGF, PESO MÉDIO 1000 KG, POTÊNCIA 20 HP, DIÂMETRO MÁXIMO 10\" - DEPRECIAÇÃO. AF_06/2015","H",null,50.73,"50,73"]
["SINAPI","90628","PERFURATRIZ SOBRE ESTEIRA, TORQUE MÁXIMO 600 KGF, PESO MÉDIO 1000 KG, POTÊNCIA 20 HP, DIÂMETRO MÁXIMO 10\" - JUROS. AF_06/2015","H",null,6.94,"6,94"]
["SINAPI","90629","PERFURATRIZ SOBRE ESTEIRA, TORQUE MÁXIMO 600 KGF, PESO MÉDIO 1000 KG, POTÊNCIA 20 HP, DIÂMETRO MÁXIMO 10\" - MANUTENÇÃO. AF_06/2015","H",null,63.48,"63,48"]
["SINAPI","90630","PERFURATRIZ SOBRE ESTEIRA, TORQUE MÁXIMO 600 KGF, PESO MÉDIO 1000 KG, POTÊNCIA 20 HP, DIÂMETRO MÁXIMO 10\" - MATERIAIS NA OPERAÇÃO. AF_06/2015","H",null,1.07,"1,07"]
["SINAPI","90633","MISTURADOR DUPLO HORIZONTAL DE ALTA TURBULÊNCIA, CAPACIDADE / VOLUME 2 X 500 LITROS, MOTORES ELÉTRICOS MÍNIMO 5 CV CADA, PARA NATA CIMENTO, ARGAMASSA E OUTROS - DEPRECIAÇÃO. AF_06/2015","H",null,4.73,"4,73"]
["SINAPI","90634","MISTURADOR DUPLO HORIZONTAL DE ALTA TURBULÊNCIA, CAPACIDADE / VOLUME 2 X 500 LITROS, MOTORES ELÉTRICOS MÍNIMO 5 CV CADA, PARA NATA CIMENTO, ARGAMASSA E OUTROS - JUROS. AF_06/2015","H",null,0.56,"0,56"]
["SINAPI","90635","MISTURADOR DUPLO HORIZONTAL DE ALTA TURBULÊNCIA, CAPACIDADE / VOLUME 2 X 500 LITROS, MOTORES ELÉTRICOS MÍNIMO 5 CV CADA, PARA NATA CIMENTO, ARGAMASSA E OUTROS - MANUTENÇÃO. AF_06/2015","H",null,5.18,"5,18"]
["SINAPI","90636","MISTURADOR DUPLO HORIZONTAL DE ALTA TURBULÊNCIA, CAPACIDADE / VOLUME 2 X 500 LITROS, MOTORES ELÉTRICOS MÍNIMO 5 CV CADA, PARA NATA CIMENTO, ARGAMASSA E OUTROS - MATERIAIS NA OPERAÇÃO. AF_06/2015","H",null,4.5,"4,50"]
["SINAPI","90639","BOMBA TRIPLEX, PARA INJEÇÃO DE NATA DE CIMENTO, VAZÃO MÁXIMA DE 100 LITROS/MINUTO, PRESSÃO MÁXIMA DE 70 BAR - DEPRECIAÇÃO. AF_06/2015","H",null,7.07,"7,07"]
["SINAPI","90640","BOMBA TRIPLEX, PARA INJEÇÃO DE NATA DE CIMENTO, VAZÃO MÁXIMA DE 100 LITROS/MINUTO, PRESSÃO MÁXIMA DE 70 BAR - JUROS. AF_06/2015","H",null,0.83,"0,83"]
["SINAPI","90641","BOMBA TRIPLEX, PARA INJEÇÃO DE NATA DE CIMENTO, VAZÃO MÁXIMA DE 100 LITROS/MINUTO, PRESSÃO MÁXIMA DE 70 BAR - MANUTENÇÃO. AF_06/2015","H",null,7.73,"7,73"]
["SINAPI","90642","BOMBA TRIPLEX, PARA INJEÇÃO DE NATA DE CIMENTO, VAZÃO MÁXIMA DE 100 LITROS/MINUTO, PRESSÃO MÁXIMA DE 70 BAR - MATERIAIS NA OPERAÇÃO. AF_06/2015","H",null,12.01,"12,01"]
["SINAPI","90646","BOMBA CENTRÍFUGA MONOESTÁGIO COM MOTOR ELÉTRICO MONOFÁSICO, POTÊNCIA 15 HP, DIÂMETRO DO ROTOR 173 MM, HM/Q = 30 MCA / 90 M3/H A 45 MCA / 55 M3/H - DEPRECIAÇÃO. AF_06/2015","H",null,0.87,"0,87"]
["SINAPI","90647","BOMBA CENTRÍFUGA MONOESTÁGIO COM MOTOR ELÉTRICO MONOFÁSICO, POTÊNCIA 15 HP, DIÂMETRO DO ROTOR 173 MM, HM/Q = 30 MCA / 90 M3/H A 45 MCA / 55 M3/H - JUROS. AF_06/2015","H",null,0.1,"0,10"]
["SINAPI","90648","BOMBA CENTRÍFUGA MONOESTÁGIO COM MOTOR ELÉTRICO MONOFÁSICO, POTÊNCIA 15 HP, DIÂMETRO DO ROTOR 173 MM, HM/Q = 30 MCA / 90 M3/H A 45 MCA / 55 M3/H - MANUTENÇÃO. AF_06/2015","H",null,0.95,"0,95"]
["SINAPI","90649","BOMBA CENTRÍFUGA MONOESTÁGIO COM MOTOR ELÉTRICO MONOFÁSICO, POTÊNCIA 15 HP, DIÂMETRO DO ROTOR 173 MM, HM/Q = 30 MCA / 90 M3/H A 45 MCA / 55 M3/H - MATERIAIS NA OPERAÇÃO. AF_06/2015","H",null,7.03,"7,03"]
["SINAPI","90652","BOMBA DE PROJEÇÃO DE CONCRETO SECO, POTÊNCIA 10 CV, VAZÃO 3 M3/H - DEPRECIAÇÃO. AF_06/2015","H",null,4.6,"4,60"]
["SINAPI","90653","BOMBA DE PROJEÇÃO DE CONCRETO SECO, POTÊNCIA 10 CV, VAZÃO 3 M3/H - JUROS. AF_06/2015","H",null,0.54,"0,54"]
["SINAPI","90654","BOMBA DE PROJEÇÃO DE CONCRETO SECO, POTÊNCIA 10 CV, VAZÃO 3 M3/H - MANUTENÇÃO. AF_06/2015","H",null,5.03,"5,03"]
["SINAPI","90655","BOMBA DE PROJEÇÃO DE CONCRETO SECO, POTÊNCIA 10 CV, VAZÃO 3 M3/H - MATERIAIS NA OPERAÇÃO. AF_06/2015","H",null,4.63,"4,63"]
["SINAPI","90658","BOMBA DE PROJEÇÃO DE CONCRETO SECO, POTÊNCIA 10 CV, VAZÃO 6 M3/H - DEPRECIAÇÃO. AF_06/2015","H",null,4.93,"4,93"]
["SINAPI","90659","BOMBA DE PROJEÇÃO DE CONCRETO SECO, POTÊNCIA 10 CV, VAZÃO 6 M3/H - JUROS. AF_06/2015","H",null,0.58,"0,58"]
["SINAPI","90660","BOMBA DE PROJEÇÃO DE CONCRETO SECO, POTÊNCIA 10 CV, VAZÃO 6 M3/H - MANUTENÇÃO. AF_06/2015","H",null,5.39,"5,39"]
["SINAPI","90661","BOMBA DE PROJEÇÃO DE CONCRETO SECO, POTÊNCIA 10 CV, VAZÃO 6 M3/H - MATERIAIS NA OPERAÇÃO. AF_06/2015","H",null,4.63,"4,63"]
["SINAPI","90664","PROJETOR PNEUMÁTICO DE ARGAMASSA PARA CHAPISCO E REBOCO COM RECIPIENTE ACOPLADO, TIPO CANEQUINHA, COM COMPRESSOR DE AR REBOCÁVEL VAZÃO 89 PCM E MOTOR DIESEL DE 20 CV - DEPRECIAÇÃO. AF_06/2015","H",null,6.83,"6,83"]
["SINAPI","90665","PROJETOR PNEUMÁTICO DE ARGAMASSA PARA CHAPISCO E REBOCO COM RECIPIENTE ACOPLADO, TIPO CANEQUINHA, COM COMPRESSOR DE AR REBOCÁVEL VAZÃO 89 PCM E MOTOR DIESEL DE 20 CV - JUROS. AF_06/2015","H",null,0.94,"0,94"]
["SINAPI","90666","PROJETOR PNEUMÁTICO DE ARGAMASSA PARA CHAPISCO E REBOCO COM RECIPIENTE ACOPLADO, TIPO CANEQUINHA, COM COMPRESSOR DE AR REBOCÁVEL VAZÃO 89 PCM E MOTOR DIESEL DE 20 CV - MANUTENÇÃO. AF_06/2015","H",null,8.53,"8,53"]
["SINAPI","90667","PROJETOR PNEUMÁTICO DE ARGAMASSA PARA CHAPISCO E REBOCO COM RECIPIENTE ACOPLADO, TIPO CANEQUINHA, COM COMPRESSOR DE AR REBOCÁVEL VAZÃO 89 PCM E MOTOR DIESEL DE 20 CV - MATERIAIS NA OPERAÇÃO. AF_06/2015","H",null,14.3,"14,30"]
["SINAPI","90670","PERFURATRIZ COM TORRE METÁLICA PARA EXECUÇÃO DE ESTACA HÉLICE CONTÍNUA, PROFUNDIDADE MÁXIMA DE 30 M, DIÂMETRO MÁXIMO DE 800 MM, POTÊNCIA INSTALADA DE 268 HP, MESA ROTATIVA COM TORQUE MÁXIMO DE 170 KNM - DEPRECIAÇÃO. AF_06/2015","H",null,232.81,"232,81"]
["SINAPI","90671","PERFURATRIZ COM TORRE METÁLICA PARA EXECUÇÃO DE ESTACA HÉLICE CONTÍNUA, PROFUNDIDADE MÁXIMA DE 30 M, DIÂMETRO MÁXIMO DE 800 MM, POTÊNCIA INSTALADA DE 268 HP, MESA ROTATIVA COM TORQUE MÁXIMO DE 170 KNM - JUROS. AF_06/2015","H",null,32.32,"32,32"]
["SINAPI","90672","PERFURATRIZ COM TORRE METÁLICA PARA EXECUÇÃO DE ESTACA HÉLICE CONTÍNUA, PROFUNDIDADE MÁXIMA DE 30 M, DIÂMETRO MÁXIMO DE 800 MM, POTÊNCIA INSTALADA DE 268 HP, MESA ROTATIVA COM TORQUE MÁXIMO DE 170 KNM - MANUTENÇÃO. AF_06/2015","H",null,291.34,"291,34"]
["SINAPI","90673","PERFURATRIZ COM TORRE METÁLICA PARA EXECUÇÃO DE ESTACA HÉLICE CONTÍNUA, PROFUNDIDADE MÁXIMA DE 30 M, DIÂMETRO MÁXIMO DE 800 MM, POTÊNCIA INSTALADA DE 268 HP, MESA ROTATIVA COM TORQUE MÁXIMO DE 170 KNM - MATERIAIS NA OPERAÇÃO. AF_06/2015","H",null,114.34,"114,34"]
["SINAPI","90676","PERFURATRIZ HIDRÁULICA SOBRE CAMINHÃO COM TRADO CURTO ACOPLADO, PROFUNDIDADE MÁXIMA DE 20 M, DIÂMETRO MÁXIMO DE 1500 MM, POTÊNCIA INSTALADA DE 137 HP, MESA ROTATIVA COM TORQUE MÁXIMO DE 30 KNM - DEPRECIAÇÃO. AF_06/2015","H",null,110.81,"110,81"]
["SINAPI","90677","PERFURATRIZ HIDRÁULICA SOBRE CAMINHÃO COM TRADO CURTO ACOPLADO, PROFUNDIDADE MÁXIMA DE 20 M, DIÂMETRO MÁXIMO DE 1500 MM, POTÊNCIA INSTALADA DE 137 HP, MESA ROTATIVA COM TORQUE MÁXIMO DE 30 KNM - JUROS. AF_06/2015","H",null,16.97,"16,97"]
["SINAPI","90678","PERFURATRIZ HIDRÁULICA SOBRE CAMINHÃO COM TRADO CURTO ACOPLADO, PROFUNDIDADE MÁXIMA DE 20 M, DIÂMETRO MÁXIMO DE 1500 MM, POTÊNCIA INSTALADA DE 137 HP, MESA ROTATIVA COM TORQUE MÁXIMO DE 30 KNM - MANUTENÇÃO. AF_06/2015","H",null,152.55,"152,55"]
["SINAPI","90679","PERFURATRIZ HIDRÁULICA SOBRE CAMINHÃO COM TRADO CURTO ACOPLADO, PROFUNDIDADE MÁXIMA DE 20 M, DIÂMETRO MÁXIMO DE 1500 MM, POTÊNCIA INSTALADA DE 137 HP, MESA ROTATIVA COM TORQUE MÁXIMO DE 30 KNM - MATERIAIS NA OPERAÇÃO. AF_06/2015","H",null,87.68,"87,68"]
["SINAPI","90682","MANIPULADOR TELESCÓPICO, POTÊNCIA DE 85 HP, CAPACIDADE DE CARGA DE 3.500 KG, ALTURA MÁXIMA DE ELEVAÇÃO DE 12,3 M - DEPRECIAÇÃO. AF_06/2015","H",null,26.72,"26,72"]
["SINAPI","90683","MANIPULADOR TELESCÓPICO, POTÊNCIA DE 85 HP, CAPACIDADE DE CARGA DE 3.500 KG, ALTURA MÁXIMA DE ELEVAÇÃO DE 12,3 M - JUROS. AF_06/2015","H",null,3.17,"3,17"]
["SINAPI","90684","MANIPULADOR TELESCÓPICO, POTÊNCIA DE 85 HP, CAPACIDADE DE CARGA DE 3.500 KG, ALTURA MÁXIMA DE ELEVAÇÃO DE 12,3 M - MANUTENÇÃO. AF_06/2015","H",null,29.22,"29,22"]
["SINAPI","90685","MANIPULADOR TELESCÓPICO, POTÊNCIA DE 85 HP, CAPACIDADE DE CARGA DE 3.500 KG, ALTURA MÁXIMA DE ELEVAÇÃO DE 12,3 M - MATERIAIS NA OPERAÇÃO. AF_06/2015","H",null,54.39,"54,39"]
["SINAPI","90688","MINICARREGADEIRA SOBRE RODAS, POTÊNCIA LÍQUIDA DE 47 HP, CAPACIDADE NOMINAL DE OPERAÇÃO DE 646 KG - DEPRECIAÇÃO. AF_06/2015","H",null,22,"22,00"]
["SINAPI","90689","MINICARREGADEIRA SOBRE RODAS, POTÊNCIA LÍQUIDA DE 47 HP, CAPACIDADE NOMINAL DE OPERAÇÃO DE 646 KG - JUROS. AF_06/2015","H",null,2.22,"2,22"]
["SINAPI","90690","MINICARREGADEIRA SOBRE RODAS, POTÊNCIA LÍQUIDA DE 47 HP, CAPACIDADE NOMINAL DE OPERAÇÃO DE 646 KG - MANUTENÇÃO. AF_06/2015","H",null,27.5,"27,50"]
["SINAPI","90691","MINICARREGADEIRA SOBRE RODAS, POTÊNCIA LÍQUIDA DE 47 HP, CAPACIDADE NOMINAL DE OPERAÇÃO DE 646 KG - MATERIAIS NA OPERAÇÃO. AF_06/2015","H",null,38.09,"38,09"]
["SINAPI","90957","COMPRESSOR DE AR REBOCÁVEL, VAZÃO 189 PCM, PRESSÃO EFETIVA DE TRABALHO 102 PSI, MOTOR DIESEL, POTÊNCIA 63 CV - DEPRECIAÇÃO. AF_06/2015","H",null,5.07,"5,07"]
["SINAPI","90958","COMPRESSOR DE AR REBOCÁVEL, VAZÃO 189 PCM, PRESSÃO EFETIVA DE TRABALHO 102 PSI, MOTOR DIESEL, POTÊNCIA 63 CV - JUROS. AF_06/2015","H",null,0.7,"0,70"]
["SINAPI","90960","COMPRESSOR DE AR REBOCÁVEL, VAZÃO 89 PCM, PRESSÃO EFETIVA DE TRABALHO 102 PSI, MOTOR DIESEL, POTÊNCIA 20 CV - DEPRECIAÇÃO. AF_06/2015","H",null,6.78,"6,78"]
["SINAPI","90961","COMPRESSOR DE AR REBOCÁVEL, VAZÃO 89 PCM, PRESSÃO EFETIVA DE TRABALHO 102 PSI, MOTOR DIESEL, POTÊNCIA 20 CV - JUROS. AF_06/2015","H",null,0.94,"0,94"]
["SINAPI","90962","COMPRESSOR DE AR REBOCÁVEL, VAZÃO 89 PCM, PRESSÃO EFETIVA DE 